{"text_format":"2","workbook":"xlsx","n_sheets":29,"sheets":["RESUMO MODULO TOTAL","CRONOGRAMA TOTAL"," CONSUMO DE MAT. B TOTAL","Mob"," Canteiro","CPU CODEVASF2","CPU CODEVASF","Adm Local","Projeto Executivo","BDI","ENC. SOCIAIS","Transporte Cap 50-70","Transporte EAI","Transporte RR-1C","RESUMO_Transp","MOMENTO DE TRANSPORTE - PRINC","MOMENTO DE TRANSPORTE - AUX","MC MODULO","ANP ESTADO","ANP REGIÃO","MATERIAL SICRO","Pessoal Sicro","Equipamentos","SINTÉTICO SICRO","INSUMOS SINAPI","COMP Sint. Sinapi","Tabela 1","Tabelas 1 e 2","Tabelas 2 e 3 mob"],"not_rendered":{"charts":0,"images":19,"macros":0,"external_links":215,"defined_names":36864,"comments":3,"pivot_tables":0},"unopened":[],"bounds":{"document_bytes":16777216,"sheet_cells":100000,"run_cost":"one","rows_first":2000,"rows_last":500,"rows_between":2000,"halvings":0,"cell_chars":16384,"cell_head_chars":4096},"cells_cut":0,"cells_raw":0,"read":"whole","date_system":"1900"}

{"sheet":"RESUMO MODULO TOTAL","index":0,"n_rows":64,"n_cols":36,"rows_kept":64,"cut":false,"hidden":false,"merged":[[48,4,48,7],[1,1,3,11],[9,4,9,7],[32,4,32,7],[30,4,30,7],[28,4,28,7],[29,4,29,7],[21,4,21,7],[22,4,22,7],[23,4,23,7],[16,4,16,7],[10,4,10,7],[13,4,13,7],[14,4,14,7],[12,4,12,7],[17,4,17,7],[11,4,11,7],[25,4,25,7],[37,4,37,7],[39,4,39,7],[31,4,31,7],[24,4,24,7],[35,4,35,7],[33,4,33,7],[26,4,26,7],[15,4,15,7],[58,4,58,7],[55,4,55,7],[4,1,4,13],[5,1,8,1],[5,2,8,2],[5,3,8,3],[5,4,8,7],[6,9,7,9],[6,12,8,12],[6,13,8,13],[18,4,18,7],[19,4,19,7],[20,4,20,7],[42,4,42,7],[27,4,27,7],[34,4,34,7],[56,4,56,7],[57,4,57,7],[61,1,61,12],[36,4,36,7],[38,4,38,7],[44,4,44,7],[46,4,46,7],[59,4,59,7],[49,4,49,7],[50,4,50,7],[51,4,51,7],[52,4,52,7],[53,4,53,7],[54,4,54,7],[60,4,60,7],[41,4,41,7]]}
[null,"CONTRATAÇÃO DE SERVIÇOS DE EXECUÇÃO DE PAVIMENTAÇÃO ASFÁLTICA COM CONCRETO BETUMINOSO USINADO A QUENTE (CBUQ) EM VIAS DE DIVERSOS MUNICÍPIOS DO ESTADO PARÁ INSERIDOS NA ÁREA DE ATUAÇÃO DO ESCRITÓRIO DE REPRESENTAÇÃO DE BELÉM - REGIÃO MARAJÓ"]
[{"$nulls":12},"SICRO:",{"$f":"'SINTÉTICO SICRO'!B2","v":"Pará - Abril/2024"}]
[{"$nulls":12},"SINAPI:",{"$f":"RIGHT('INSUMOS SINAPI'!A3,7)","v":"07/2024"}]
[{"$nulls":12},"Data Base do Orçamento","2024-09-01"]
[null,{"$f":"B1","v":"CONTRATAÇÃO DE SERVIÇOS DE EXECUÇÃO DE PAVIMENTAÇÃO ASFÁLTICA COM CONCRETO BETUMINOSO USINADO A QUENTE (CBUQ) EM VIAS DE DIVERSOS MUNICÍPIOS DO ESTADO PARÁ INSERIDOS NA ÁREA DE ATUAÇÃO DO ESCRITÓRIO DE REPRESENTAÇÃO DE BELÉM - REGIÃO MARAJÓ"}]
[null,"ITEM","ORIGEM\nCOMPOSIÇÃO","CÓDIGO\nCOMPOSIÇÃO","DISCRIMINAÇÃO DOS SERVIÇOS",null,null,null,"BDI % = ",{"$f":"BDI!C17","v":0.2339},"BDI  DIFERENCIADO% =",{"$f":"BDI!C68","v":0.15},"R$/m²",{"$f":"N62/I8","v":184.46}]
[{"$nulls":8},"Total de m²","Encargos Sociais:","Horista","Mensalista","PREÇO UNITÁRIO COM BDI","PREÇO TOTAL COM BDI "]
[{"$nulls":8},{"$f":"'MC MODULO'!G1*'MC MODULO'!C1*'MC MODULO'!C2","v":280000},null,{"$f":"'ENC. SOCIAIS'!$E$51","v":111.58},{"$f":"'ENC. SOCIAIS'!$F$51","v":66.339999999999989}]
[{"$nulls":8},"UND","QTDE.","BDI","PREÇO UNITÁRIO "]
[{"$nulls":4},"MOBILIZAÇÃO/DESMOBILIZAÇÃO"]
[null,1,"Codevasf","Mob","Mobilização",null,null,null,"kmxfrente",{"$f":"Mob!B65*Mob!H6","v":5160},{"$f":"(M11/L11-1)","v":0.2339},{"$f":"Mob!B62","v":278.15924500000011},{"$f":"Mob!B64","v":343.22069240550013},{"$f":"M11*J11","v":1771018.7728123807},{"$f":"N11/$N$62","v":3.428964027842623E-2},"INCC",null,"N1","TERRAPLENAGEM",{"$f":"(SUMIF(P:P,\"TERRAPLENAGEM\",N:N)/$N$62)","v":2.3552867443193262E-2},{"$f":"(SUMIF(P:P,\"TERRAPLENAGEM\",N:N))","v":1216477.3400000001}]
[null,2,"Codevasf","Mob","Desmobilização",null,null,null,"kmxfrente",{"$f":"Mob!B65*Mob!H6","v":5160},{"$f":"(M12/L12-1)","v":0.2339},{"$f":"Mob!B62","v":278.15924500000011},{"$f":"Mob!B64","v":343.22069240550013},{"$f":"M12*J12","v":1771018.7728123807},{"$f":"N12/$N$62","v":3.428964027842623E-2},"INCC",null,"N2","PAVIMENTAÇÃO",{"$f":"SUMIF(P:P,\"PAVIMENTAÇÃO\",N:N)/$N$62","v":0.72215536082154852},{"$f":"(SUMIF(P:P,\"PAVIMENTAÇÃO\",N:N))","v":37298457.799999997}]
[{"$nulls":4},"INSTALAÇÃO DE CANTEIRO",{"$nulls":12},"N3","CONSULTORIA",{"$f":"SUMIF(P:P,\"CONSULTORIA\",N:N)/$N$62","v":0},{"$f":"(SUMIF(P:P,\"CONSULTORIA\",N:N))","v":0}]
[null,3,"Codevasf","Canteiro","Canteiro de Obras e Almoxarifado",null,null,null,"frente",{"$f":"'MC MODULO'!G1","v":20},{"$f":"(M14/L14-1)","v":0.2339},{"$f":"' Canteiro'!F11","v":19147.439999999999},{"$f":"' Canteiro'!F13","v":23626.026215999998},{"$f":"ROUND(ROUND(J14,2)*ROUND(M14,6),2)","v":472520.52},{"$f":"N14/N62","v":9.1487221387524988E-3},"INCC",null,"N4","DRENAGEM",{"$f":"SUMIF(P:P,\"DRENAGEM\",N:N)/$N$62","v":6.9205122287449086E-2},{"$f":"(SUMIF(P:P,\"DRENAGEM\",N:N))","v":3574361.52}]
[null,4,"SINAPI",103689,"Fornecimento e instalação de placa de obra com chapa galvanizada e estrutura de madeira. af_03/2022_ps",null,null,null,"m²",{"$f":"'MC MODULO'!H25","v":320},{"$f":"(M15/L15-1)","v":0.2339},{"$f":"VLOOKUP(D15,'COMP Sint. Sinapi'!G7:K1048576,5,0)","v":313.39999999999998},{"$f":"L15*(1+$J$6)","v":386.70425999999998},{"$f":"ROUND(ROUND(J15,2)*ROUND(M15,6),2)","v":123745.36},null,"INCC",null,"N5","ADMINISTRAÇÃO LOCAL",{"$f":"SUMIF(P:P,\"ADMINISTRAÇÃO LOCAL\",N:N)/$N$62","v":0},{"$f":"(SUMIF(P:P,\"ADMINISTRAÇÃO LOCAL\",N:N))","v":0}]
[null,6,"SICRO",903810,{"$f":"VLOOKUP(D16,'SINTÉTICO SICRO'!$A$4:$D$1048576,2,0)","v":"Instalação da usina de asfalto a quente capacidade de 120 t/h"},null,null,null,"und",{"$f":"INT('MC MODULO'!G1/2)","v":10},{"$f":"M16/L16-1","v":0.2339},{"$f":"ROUND(IF(C16=\"CODEVASF\",VLOOKUP(D16,'CPU CODEVASF'!E:I,5,FALSE),VLOOKUP(D16,'SINTÉTICO SICRO'!A:D,4,FALSE)),6)","v":209487.94},{"$f":"ROUND(IF(C16=\"CODEVASF\",VLOOKUP(D16,'CPU CODEVASF'!E:H,4,FALSE),VLOOKUP(D16,'SINTÉTICO SICRO'!A:D,4,FALSE)*(1+$J$6)),6)","v":258487.16916600001},{"$f":"ROUND(ROUND(J16,2)*ROUND(M16,6),2)","v":2584871.69},null,"INCC",null,"N9","IMPRIMAÇÃO",{"$f":"(SUMIF(P:P,\"IMPRIMAÇÃO\",N:N))/$N$62","v":0},{"$f":"(SUMIF(P:P,\"IMPRIMAÇÃO\",N:N))","v":0}]
[{"$nulls":4},"ADMINISTRAÇÃO LOCAL DA OBRA",{"$nulls":12},"N6","SINALIZAÇÃO VERTICAL",{"$f":"SUMIF(P:P,\"SINALIZAÇÃO VERTICAL\",N:N)/$N$62","v":0},{"$f":"(SUMIF(P:P,\"SINALIZAÇÃO VERTICAL\",N:N))","v":0}]
[null,7,"Codevasf","Adm Local","Administração Local da Obra",null,null,null,"und",1,{"$f":"(M18/L18-1)","v":0.2339},{"$f":"'Adm Local'!J249","v":1308786.1756138559},{"$f":"'Adm Local'!I251","v":1614911.2620899368},{"$f":"ROUND(ROUND(J18,2)*ROUND(M18,6),2)","v":1614911.26},{"$f":"N18/N62","v":3.1267159353169871E-2},"INCC",null,"N7","SINALIZAÇÃO HORIZONTAL",{"$f":"SUMIF(P:P,\"SINALIZAÇÃO HORIZONTAL\",N:N)/$N$62","v":0},{"$f":"(SUMIF(P:P,\"SINALIZAÇÃO HORIZONTAL\",N:N))","v":0}]
[{"$nulls":4},"TERRAPLANAGEM",{"$nulls":12},"N8","CAP",{"$f":"(SUMIF(P:P,\"CAP\",N:N))/$N$62","v":0},{"$f":"(SUMIF(P:P,\"CAP\",N:N))","v":0}]
[null,8,"SICRO",5502114,{"$f":"VLOOKUP(D20,'SINTÉTICO SICRO'!$A$4:$D$1048576,2,0)","v":"Escavação, carga e transporte de material de 1ª categoria - DMT de 1.000 a 1.200 m - caminho de serviço em leito natural - com escavadeira e caminhão basculante de 14 m³"},null,null,null,"m³",{"$f":"'MC MODULO'!H37","v":98000},{"$f":"M20/L20-1","v":0.23390000000000022},{"$f":"ROUND(IF(C20=\"CODEVASF\",VLOOKUP(D20,'CPU CODEVASF'!E:I,5,FALSE),VLOOKUP(D20,'SINTÉTICO SICRO'!A:D,4,FALSE)),6)","v":8.0299999999999994},{"$f":"ROUND(IF(C20=\"CODEVASF\",VLOOKUP(D20,'CPU CODEVASF'!E:H,4,FALSE),VLOOKUP(D20,'SINTÉTICO SICRO'!A:D,4,FALSE)*(1+$J$6)),6)","v":9.9082170000000005},{"$f":"ROUND(ROUND(J20,2)*ROUND(M20,6),2)","v":971005.27},null,"TERRAPLENAGEM",null,"N9","IMPRIMAÇÃO",{"$f":"(SUMIF(P:P,\"IMPRIMAÇÃO\",N:N))/$N$62","v":0},{"$f":"(SUMIF(P:P,\"IMPRIMAÇÃO\",N:N))","v":0}]
[null,9,"SICRO",4413942,{"$f":"VLOOKUP(D21,'SINTÉTICO SICRO'!$A$4:$D$1048576,2,0)","v":"Espalhamento de material em bota-fora"},null,null,null,"m³",{"$f":"'MC MODULO'!H44","v":98000},0.23390000000000022,{"$f":"ROUND(IF(C21=\"CODEVASF\",VLOOKUP(D21,'CPU CODEVASF'!E:I,5,FALSE),VLOOKUP(D21,'SINTÉTICO SICRO'!A:D,4,FALSE)),6)","v":2.0299999999999998},{"$f":"ROUND(IF(C21=\"CODEVASF\",VLOOKUP(D21,'CPU CODEVASF'!E:H,4,FALSE),VLOOKUP(D21,'SINTÉTICO SICRO'!A:D,4,FALSE)*(1+$J$6)),6)","v":2.5048170000000001},245472.07,null,"TERRAPLENAGEM",null,"N10","EMULSÃO ASFÁLTICA",{"$f":"(SUMIF(P:P,\"EMULSÃO ASFÁLTICA\",N:N))/$N$62","v":0},{"$f":"(SUMIF(P:P,\"EMULSÃO ASFÁLTICA\",N:N))","v":0},{"$nulls":14},1]
[{"$nulls":4},"PAVIMENTAÇÃO",{"$nulls":9},0.3,null,null,"N11","OBRAS COMPLEMENTARES",{"$f":"(SUMIF(P:P,\"OBRAS COMPLEMENTARES\",N:N))/$N$62","v":0},{"$f":"(SUMIF(P:P,\"OBRAS COMPLEMENTARES\",N:N))","v":0}]
[null,10,"SICRO",4011463,{"$f":"VLOOKUP(D23,'SINTÉTICO SICRO'!$A$4:$D$1048576,2,0)","v":"Concreto asfáltico - faixa C - areia e brita comerciais"},null,null,null,"t",{"$f":"'MC MODULO'!H51","v":33600},{"$f":"M23/L23-1","v":0.2339},{"$f":"ROUND(IF(C23=\"CODEVASF\",VLOOKUP(D23,'CPU CODEVASF'!E:I,5,FALSE),VLOOKUP(D23,'SINTÉTICO SICRO'!A:D,4,FALSE)),6)","v":230.28},{"$f":"ROUND(IF(C23=\"CODEVASF\",VLOOKUP(D23,'CPU CODEVASF'!E:H,4,FALSE),VLOOKUP(D23,'SINTÉTICO SICRO'!A:D,4,FALSE)*(1+$J$6)),6)","v":284.142492},{"$f":"ROUND(ROUND(J23,2)*ROUND(M23,6),2)","v":9547187.7300000004},{"$f":"J23*O22","v":10080},"PAVIMENTAÇÃO",null,"N12","MOBILIZAÇÃO",{"$f":"(SUMIF(P:P,\"MOBILIZAÇÃO\",N:N))/$N$62","v":0},{"$f":"(SUMIF(P:P,\"MOBILIZAÇÃO\",N:N))","v":0}]
[null,11,"SICRO",4011352,{"$f":"VLOOKUP(D24,'SINTÉTICO SICRO'!$A$4:$D$1048576,2,0)","v":"Imprimação com emulsão asfáltica"},null,null,null,"m²",{"$f":"'MC MODULO'!H57","v":280000},0.2339,{"$f":"ROUND(IF(C24=\"CODEVASF\",VLOOKUP(D24,'CPU CODEVASF'!E:I,5,FALSE),VLOOKUP(D24,'SINTÉTICO SICRO'!A:D,4,FALSE)),6)","v":0.4},{"$f":"ROUND(IF(C24=\"CODEVASF\",VLOOKUP(D24,'CPU CODEVASF'!E:H,4,FALSE),VLOOKUP(D24,'SINTÉTICO SICRO'!A:D,4,FALSE)*(1+$J$6)),6)","v":0.49356},138196.79999999999,null,"PAVIMENTAÇÃO",null,"N13","INCC",{"$f":"(SUMIF(P:P,\"INCC\",N:N))/$N$62","v":0.18508666485232494},{"$f":"(SUMIF(P:P,\"INCC\",N:N))","v":9559504.1356247608}]
[null,12,"SICRO",4011353,{"$f":"VLOOKUP(D25,'SINTÉTICO SICRO'!$A$4:$D$1048576,2,0)","v":"Pintura de ligação"},null,null,null,"m²",{"$f":"'MC MODULO'!H63","v":280000},0.2339,{"$f":"ROUND(IF(C25=\"CODEVASF\",VLOOKUP(D25,'CPU CODEVASF'!E:I,5,FALSE),VLOOKUP(D25,'SINTÉTICO SICRO'!A:D,4,FALSE)),6)","v":0.28000000000000003},{"$f":"ROUND(IF(C25=\"CODEVASF\",VLOOKUP(D25,'CPU CODEVASF'!E:H,4,FALSE),VLOOKUP(D25,'SINTÉTICO SICRO'!A:D,4,FALSE)*(1+$J$6)),6)","v":0.34549200000000002},96737.76,null,"PAVIMENTAÇÃO"]
[null,13,"CODEVASF","CPU-20","BASE ESTABILIZADA GRANULOMETRICAMENTE COM MISTURA SOLO AREIA (70% - 30%) NA PISTA COM MATERIAL DE JAZIDA E AREIA COMERCIAL",null,null,null,"m³",{"$f":"'MC MODULO'!H68","v":42000},0.2339,{"$f":"'CPU CODEVASF2'!I36","v":75.992077164369036},{"$f":"L26+(L26*J6)","v":93.766624013114949},3938198.21,{"$f":"J26*O22","v":12600},"PAVIMENTAÇÃO"]
[null,14,"SICRO",4011227,{"$f":"VLOOKUP(D27,'SINTÉTICO SICRO'!$A$4:$D$1048576,2,0)","v":"Sub-base de solo estabilizado granulometricamente sem mistura com material de jazida"},null,null,null,"m³",{"$f":"'MC MODULO'!H74","v":42000},0.2339,{"$f":"ROUND(IF(C27=\"CODEVASF\",VLOOKUP(D27,'CPU CODEVASF'!E:I,5,FALSE),VLOOKUP(D27,'SINTÉTICO SICRO'!A:D,4,FALSE)),6)","v":11.76},{"$f":"ROUND(IF(C27=\"CODEVASF\",VLOOKUP(D27,'CPU CODEVASF'!E:H,4,FALSE),VLOOKUP(D27,'SINTÉTICO SICRO'!A:D,4,FALSE)*(1+$J$6)),6)","v":14.510664},609447.89,null,"PAVIMENTAÇÃO"]
[null,15,"SICRO",4011209,{"$f":"VLOOKUP(D28,'SINTÉTICO SICRO'!$A$4:$D$1048576,2,0)","v":"Regularização do subleito"},null,null,null,"m²",{"$f":"'MC MODULO'!H80","v":280000},0.2339,{"$f":"ROUND(IF(C28=\"CODEVASF\",VLOOKUP(D28,'CPU CODEVASF'!E:I,5,FALSE),VLOOKUP(D28,'SINTÉTICO SICRO'!A:D,4,FALSE)),6)","v":1.19},{"$f":"ROUND(IF(C28=\"CODEVASF\",VLOOKUP(D28,'CPU CODEVASF'!E:H,4,FALSE),VLOOKUP(D28,'SINTÉTICO SICRO'!A:D,4,FALSE)*(1+$J$6)),6)","v":1.4683409999999999},411135.48,null,"PAVIMENTAÇÃO"]
[{"$nulls":4},"AQUISIÇÃO E TRANSPORTE DO MATERIAL BETUMINOSO"]
[null,16,"CODEVASF","CPU-13","AQUISIÇÃO DE CIMENTO ASFALTICO CAP 50/70",null,null,null,"t",{"$f":"' CONSUMO DE MAT. B TOTAL'!P13","v":2166.86},{"$f":"M30/L30-1","v":0.1500000001523043},{"$f":"ROUND(IF(C30=\"CODEVASF\",VLOOKUP(D30,'CPU CODEVASF'!E:I,5,FALSE),VLOOKUP(D30,'SINTÉTICO SICRO'!A:D,4,FALSE)),6)","v":4596.0610619999998},{"$f":"ROUND(IF(C30=\"CODEVASF\",VLOOKUP(D30,'CPU CODEVASF'!E:H,4,FALSE),VLOOKUP(D30,'SINTÉTICO SICRO'!A:D,4,FALSE)*(1+$J$6)),6)","v":5285.4702219999999},{"$f":"ROUND(ROUND(J30,2)*ROUND(M30,6),2)","v":11452874.01},null,"PAVIMENTAÇÃO"]
[null,17,"CODEVASF","CPU-17","TRANSPORTE CAP 50/70",null,null,null,"t",{"$f":"' CONSUMO DE MAT. B TOTAL'!P13","v":2166.86},0.14999999999999991,{"$f":"ROUND(IF(C31=\"CODEVASF\",VLOOKUP(D31,'CPU CODEVASF'!E:I,5,FALSE),VLOOKUP(D31,'SINTÉTICO SICRO'!A:D,4,FALSE)),6)","v":1235.46},{"$f":"ROUND(IF(C31=\"CODEVASF\",VLOOKUP(D31,'CPU CODEVASF'!E:H,4,FALSE),VLOOKUP(D31,'SINTÉTICO SICRO'!A:D,4,FALSE)*(1+$J$6)),6)","v":1420.779},3078629.18,null,"PAVIMENTAÇÃO"]
[null,18,"CODEVASF","CPU-14","AQUISIÇÃO DE EAI",null,null,null,"t",{"$f":"' CONSUMO DE MAT. B TOTAL'!P8","v":364},0.15000000005457603,{"$f":"ROUND(IF(C32=\"CODEVASF\",VLOOKUP(D32,'CPU CODEVASF'!E:I,5,FALSE),VLOOKUP(D32,'SINTÉTICO SICRO'!A:D,4,FALSE)),6)","v":2748.4535190000001},{"$f":"ROUND(IF(C32=\"CODEVASF\",VLOOKUP(D32,'CPU CODEVASF'!E:H,4,FALSE),VLOOKUP(D32,'SINTÉTICO SICRO'!A:D,4,FALSE)*(1+$J$6)),6)","v":3160.7215470000001},1150502.6399999999,null,"PAVIMENTAÇÃO"]
[null,19,"CODEVASF","CPU-18","TRANSPORTE DE EAI",null,null,null,"t",{"$f":"' CONSUMO DE MAT. B TOTAL'!P8","v":364},0.14999999974296974,{"$f":"ROUND(IF(C33=\"CODEVASF\",VLOOKUP(D33,'CPU CODEVASF'!E:I,5,FALSE),VLOOKUP(D33,'SINTÉTICO SICRO'!A:D,4,FALSE)),6)","v":1750.767143},{"$f":"ROUND(IF(C33=\"CODEVASF\",VLOOKUP(D33,'CPU CODEVASF'!E:H,4,FALSE),VLOOKUP(D33,'SINTÉTICO SICRO'!A:D,4,FALSE)*(1+$J$6)),6)","v":2013.382214},732871.13,null,"PAVIMENTAÇÃO"]
[null,20,"CODEVASF","CPU-15","AQUISIÇÃO DE EMULSÃO ASFÁLTICA RR-1C",null,null,null,"t",{"$f":"' CONSUMO DE MAT. B TOTAL'!P11","v":126},0.15000002560360493,{"$f":"ROUND(IF(C34=\"CODEVASF\",VLOOKUP(D34,'CPU CODEVASF'!E:I,5,FALSE),VLOOKUP(D34,'SINTÉTICO SICRO'!A:D,4,FALSE)),6)","v":3274.9294410000002},{"$f":"ROUND(IF(C34=\"CODEVASF\",VLOOKUP(D34,'CPU CODEVASF'!E:H,4,FALSE),VLOOKUP(D34,'SINTÉTICO SICRO'!A:D,4,FALSE)*(1+$J$6)),6)","v":3766.1689409999999},474537.29,null,"PAVIMENTAÇÃO"]
[null,21,"CODEVASF","CPU-19","TRANSPORTE RR-1C",null,null,null,"t",{"$f":"' CONSUMO DE MAT. B TOTAL'!P11","v":126},0.15000000013301507,{"$f":"ROUND(IF(C35=\"CODEVASF\",VLOOKUP(D35,'CPU CODEVASF'!E:I,5,FALSE),VLOOKUP(D35,'SINTÉTICO SICRO'!A:D,4,FALSE)),6)","v":1503.590952},{"$f":"ROUND(IF(C35=\"CODEVASF\",VLOOKUP(D35,'CPU CODEVASF'!E:H,4,FALSE),VLOOKUP(D35,'SINTÉTICO SICRO'!A:D,4,FALSE)*(1+$J$6)),6)","v":1729.1295950000001},217870.33,null,"PAVIMENTAÇÃO"]
[{"$nulls":4},"SINALIZAÇÃO"]
[null,22,"SICRO",5213440,{"$f":"VLOOKUP(D37,'SINTÉTICO SICRO'!$A$4:$D$1048576,2,0)","v":"Placa de regulamentação em aço D = 0,60 m - película retrorrefletiva tipo I + SI - fornecimento e implantação"},null,null,null,"und",{"$f":"'MC MODULO'!H87","v":120},{"$f":"M37/L37-1","v":0.2339},{"$f":"ROUND(IF(C37=\"CODEVASF\",VLOOKUP(D37,'CPU CODEVASF'!E:I,5,FALSE),VLOOKUP(D37,'SINTÉTICO SICRO'!A:D,4,FALSE)),6)","v":258.97000000000003},{"$f":"ROUND(IF(C37=\"CODEVASF\",VLOOKUP(D37,'CPU CODEVASF'!E:H,4,FALSE),VLOOKUP(D37,'SINTÉTICO SICRO'!A:D,4,FALSE)*(1+$J$6)),6)","v":319.54308300000002},{"$f":"ROUND(ROUND(J37,2)*ROUND(M37,6),2)","v":38345.17},null,"INCC"]
[null,23,"SICRO",5213464,{"$f":"VLOOKUP(D38,'SINTÉTICO SICRO'!$A$4:$D$1048576,2,0)","v":"Placa de advertência em aço, lado de 0,60 m - película retrorrefletiva tipo I + SI - fornecimento e implantação"},null,null,null,"und",{"$f":"'MC MODULO'!H92","v":120},{"$f":"M38/L38-1","v":0.2339},{"$f":"ROUND(IF(C38=\"CODEVASF\",VLOOKUP(D38,'CPU CODEVASF'!E:I,5,FALSE),VLOOKUP(D38,'SINTÉTICO SICRO'!A:D,4,FALSE)),6)","v":259},{"$f":"ROUND(IF(C38=\"CODEVASF\",VLOOKUP(D38,'CPU CODEVASF'!E:H,4,FALSE),VLOOKUP(D38,'SINTÉTICO SICRO'!A:D,4,FALSE)*(1+$J$6)),6)","v":319.58010000000002},{"$f":"ROUND(ROUND(J38,2)*ROUND(M38,6),2)","v":38349.61},null,"INCC"]
[null,24,"SICRO",5213863,{"$f":"VLOOKUP(D39,'SINTÉTICO SICRO'!$A$4:$D$1048576,2,0)","v":"Suporte metálico galvanizado para placa de advertência ou regulamentação - lado ou diâmetro de 0,60 m - fornecimento e implantação"},null,null,null,"und",{"$f":"'MC MODULO'!H98","v":240},0.2339,{"$f":"ROUND(IF(C39=\"CODEVASF\",VLOOKUP(D39,'CPU CODEVASF'!E:I,5,FALSE),VLOOKUP(D39,'SINTÉTICO SICRO'!A:D,4,FALSE)),6)","v":455.77},{"$f":"ROUND(IF(C39=\"CODEVASF\",VLOOKUP(D39,'CPU CODEVASF'!E:H,4,FALSE),VLOOKUP(D39,'SINTÉTICO SICRO'!A:D,4,FALSE)*(1+$J$6)),6)","v":562.37460299999998},134969.9,null,"INCC"]
[null,25,"SICRO",5213400,{"$f":"VLOOKUP(D40,'SINTÉTICO SICRO'!$A$4:$D$1048576,2,0)","v":"Pintura de faixa com tinta acrílica - espessura de 0,4 mm"},null,null,null,"m²",{"$f":"'MC MODULO'!H103+'MC MODULO'!H108","v":11200},0.2339,{"$f":"ROUND(IF(C40=\"CODEVASF\",VLOOKUP(D40,'CPU CODEVASF'!E:I,5,FALSE),VLOOKUP(D40,'SINTÉTICO SICRO'!A:D,4,FALSE)),6)","v":24.84},{"$f":"ROUND(IF(C40=\"CODEVASF\",VLOOKUP(D40,'CPU CODEVASF'!E:H,4,FALSE),VLOOKUP(D40,'SINTÉTICO SICRO'!A:D,4,FALSE)*(1+$J$6)),6)","v":30.650075999999999},343280.85,null,"INCC"]
[{"$nulls":4},"DRENAGEM",{"$nulls":9},0.15]
[null,26,"SICRO",2003943,{"$f":"VLOOKUP(D42,'SINTÉTICO SICRO'!$A$4:$D$1048576,2,0)","v":"Meio-fio de concreto - MFC 03 moldado no local com extrusora e concreto usinado - areia e brita comerciais"},null,null,null,"m",{"$f":"'MC MODULO'!H115","v":80000},{"$f":"M42/L42-1","v":0.2339},{"$f":"ROUND(IF(C42=\"CODEVASF\",VLOOKUP(D42,'CPU CODEVASF'!E:I,5,FALSE),VLOOKUP(D42,'SINTÉTICO SICRO'!A:D,4,FALSE)),6)","v":36.21},{"$f":"ROUND(IF(C42=\"CODEVASF\",VLOOKUP(D42,'CPU CODEVASF'!E:H,4,FALSE),VLOOKUP(D42,'SINTÉTICO SICRO'!A:D,4,FALSE)*(1+$J$6)),6)","v":44.679518999999999},{"$f":"ROUND(ROUND(J42,2)*ROUND(M42,6),2)","v":3574361.52},{"$f":"J42*O41","v":12000},"DRENAGEM"]
[null,27,"SICRO",4915724,{"$f":"VLOOKUP(D43,'SINTÉTICO SICRO'!$A$4:$D$1048576,2,0)","v":"Caiação mecanizada com fixador de cal"},null,null,null,"m²",{"$f":"'MC MODULO'!H120","v":9600},{"$f":"(M43/L43-1)","v":0.2339},{"$f":"ROUND(IF(C43=\"CODEVASF\",VLOOKUP(D43,'CPU CODEVASF'!E:I,5,FALSE),VLOOKUP(D43,'SINTÉTICO SICRO'!A:D,4,FALSE)),6)","v":2.0099999999999998},{"$f":"ROUND(IF(C43=\"CODEVASF\",VLOOKUP(D43,'CPU CODEVASF'!E:H,4,FALSE),VLOOKUP(D43,'SINTÉTICO SICRO'!A:D,4,FALSE)*(1+$J$6)),6)","v":2.4801389999999999},{"$f":"ROUND(ROUND(J43,2)*ROUND(M43,6),2)","v":23809.33},null,"INCC",{"$nulls":14},4514640]
[{"$nulls":4},"SERVIÇOS COMPLEMENTARES"]
[null,28,"Codevasf","CPU-12","Conserto de quebra no ramal na rua sem pavimento com fornecimento de material hidráulico",null,null,null,"m",{"$f":"'MC MODULO'!H127","v":4000},{"$f":"M45/L45-1","v":0.23390001782549619},{"$f":"ROUND(IF(C45=\"CODEVASF\",VLOOKUP(D45,'CPU CODEVASF'!E:I,5,FALSE),VLOOKUP(D45,'SINTÉTICO SICRO'!A:D,4,FALSE)),6)","v":16.43713},{"$f":"ROUND(IF(C45=\"CODEVASF\",VLOOKUP(D45,'CPU CODEVASF'!E:H,4,FALSE),VLOOKUP(D45,'SINTÉTICO SICRO'!A:D,4,FALSE)*(1+$J$6)),6)","v":20.281775},{"$f":"ROUND(ROUND(J45,2)*ROUND(M45,6),2)","v":81127.100000000006},null,"INCC"]
[{"$nulls":4},"PROJETO EXECUTIVO"]
[null,29,"Codevasf","Composição Própria","Projeto Executivo",null,null,null,"m²",{"$f":"'MC MODULO'!H134","v":280000},{"$f":"M47/L47-1","v":0.23390011333138916},{"$f":"ROUND(('Projeto Executivo'!G27)/(1+$J$6),6)","v":1.6253219999999999},{"$f":"ROUND(('Projeto Executivo'!G27),6)","v":2.0054850000000002},{"$f":"ROUND(ROUND(J47,2)*ROUND(M47,6),2)","v":561535.80000000005},null,"INCC"]
[{"$nulls":4},"MOMENTO DE TRANSPORTE"]
[null,30,"SICRO",5919716,{"$f":"VLOOKUP(D49,'SINTÉTICO SICRO'!$A$4:$D$1048576,2,0)","v":"Transporte fluvial de materiais diversos com pontão flutuante - capacidade de 500 t"},null,null,null,"km",{"$f":"'MC MODULO'!H167","v":5160},{"$f":"M49/L49-1","v":0.2339},{"$f":"ROUND(IF(C49=\"CODEVASF\",VLOOKUP(D49,'CPU CODEVASF'!E:I,5,FALSE),VLOOKUP(D49,'SINTÉTICO SICRO'!A:D,4,FALSE)),6)","v":196.59},{"$f":"ROUND(IF(C49=\"CODEVASF\",VLOOKUP(D49,'CPU CODEVASF'!E:H,4,FALSE),VLOOKUP(D49,'SINTÉTICO SICRO'!A:D,4,FALSE)*(1+$J$6)),6)","v":242.57240100000001},{"$f":"ROUND(ROUND(J49,2)*ROUND(M49,6),2)","v":1251673.5900000001},null,"PAVIMENTAÇÃO"]
[null,31,"SICRO",5914359,{"$f":"VLOOKUP(D50,'SINTÉTICO SICRO'!$A$4:$D$1048576,2,0)","v":"Transporte com caminhão basculante de 10 m³ - rodovia em leito natural"},null,null,null,"tkm",{"$f":"ROUND(SUMIF('MOMENTO DE TRANSPORTE - PRINC'!A:A,'RESUMO MODULO TOTAL'!D50,'MOMENTO DE TRANSPORTE - PRINC'!K:K)+SUMIF('MOMENTO DE TRANSPORTE - AUX'!A:A,'RESUMO MODULO TOTAL'!D50,'MOMENTO DE TRANSPORTE - AUX'!K:K),2)","v":0},{"$f":"M50/L50-1","v":0.2339},{"$f":"ROUND(IF(C50=\"CODEVASF\",VLOOKUP(D50,'CPU CODEVASF'!E:I,5,FALSE),VLOOKUP(D50,'SINTÉTICO SICRO'!A:D,4,FALSE)),6)","v":1.25},{"$f":"ROUND(IF(C50=\"CODEVASF\",VLOOKUP(D50,'CPU CODEVASF'!E:H,4,FALSE),VLOOKUP(D50,'SINTÉTICO SICRO'!A:D,4,FALSE)*(1+$J$6)),6)","v":1.5423750000000001},{"$f":"ROUND(ROUND(J50,2)*ROUND(M50,6),2)","v":0},null,"PAVIMENTAÇÃO"]
[null,32,"SICRO",5914374,{"$f":"VLOOKUP(D51,'SINTÉTICO SICRO'!$A$4:$D$1048576,2,0)","v":"Transporte com caminhão basculante de 10 m³ - rodovia em revestimento primário"},null,null,null,"tkm",{"$f":"ROUND(SUMIF('MOMENTO DE TRANSPORTE - PRINC'!A:A,'RESUMO MODULO TOTAL'!D51,'MOMENTO DE TRANSPORTE - PRINC'!K:K)+SUMIF('MOMENTO DE TRANSPORTE - AUX'!A:A,'RESUMO MODULO TOTAL'!D51,'MOMENTO DE TRANSPORTE - AUX'!K:K),2)","v":0},0.2339,{"$f":"ROUND(IF(C51=\"CODEVASF\",VLOOKUP(D51,'CPU CODEVASF'!E:I,5,FALSE),VLOOKUP(D51,'SINTÉTICO SICRO'!A:D,4,FALSE)),6)","v":1},{"$f":"ROUND(IF(C51=\"CODEVASF\",VLOOKUP(D51,'CPU CODEVASF'!E:H,4,FALSE),VLOOKUP(D51,'SINTÉTICO SICRO'!A:D,4,FALSE)*(1+$J$6)),6)","v":1.2339},0,null,"PAVIMENTAÇÃO"]
[null,33,"SICRO",5914389,{"$f":"VLOOKUP(D52,'SINTÉTICO SICRO'!$A$4:$D$1048576,2,0)","v":"Transporte com caminhão basculante de 10 m³ - rodovia pavimentada"},null,null,null,"tkm",{"$f":"ROUND(SUMIF('MOMENTO DE TRANSPORTE - PRINC'!A:A,'RESUMO MODULO TOTAL'!D52,'MOMENTO DE TRANSPORTE - PRINC'!K:K)+SUMIF('MOMENTO DE TRANSPORTE - AUX'!A:A,'RESUMO MODULO TOTAL'!D52,'MOMENTO DE TRANSPORTE - AUX'!K:K),2)","v":4195318.4800000004},0.2339,{"$f":"ROUND(IF(C52=\"CODEVASF\",VLOOKUP(D52,'CPU CODEVASF'!E:I,5,FALSE),VLOOKUP(D52,'SINTÉTICO SICRO'!A:D,4,FALSE)),6)","v":0.8},{"$f":"ROUND(IF(C52=\"CODEVASF\",VLOOKUP(D52,'CPU CODEVASF'!E:H,4,FALSE),VLOOKUP(D52,'SINTÉTICO SICRO'!A:D,4,FALSE)*(1+$J$6)),6)","v":0.98712},4141282.78,null,"PAVIMENTAÇÃO"]
[null,34,"SICRO",5914449,{"$f":"VLOOKUP(D53,'SINTÉTICO SICRO'!$A$4:$D$1048576,2,0)","v":"Transporte com caminhão carroceria de 15 t - rodovia em leito natural"},null,null,null,"tkm",{"$f":"ROUND(SUMIF('MOMENTO DE TRANSPORTE - PRINC'!A:A,'RESUMO MODULO TOTAL'!D53,'MOMENTO DE TRANSPORTE - PRINC'!K:K)+SUMIF('MOMENTO DE TRANSPORTE - AUX'!A:A,'RESUMO MODULO TOTAL'!D53,'MOMENTO DE TRANSPORTE - AUX'!K:K),2)","v":0},0.2339,{"$f":"ROUND(IF(C53=\"CODEVASF\",VLOOKUP(D53,'CPU CODEVASF'!E:I,5,FALSE),VLOOKUP(D53,'SINTÉTICO SICRO'!A:D,4,FALSE)),6)","v":1.1200000000000001},{"$f":"ROUND(IF(C53=\"CODEVASF\",VLOOKUP(D53,'CPU CODEVASF'!E:H,4,FALSE),VLOOKUP(D53,'SINTÉTICO SICRO'!A:D,4,FALSE)*(1+$J$6)),6)","v":1.3819680000000001},0,null,"PAVIMENTAÇÃO"]
[null,35,"SICRO",5914464,{"$f":"VLOOKUP(D54,'SINTÉTICO SICRO'!$A$4:$D$1048576,2,0)","v":"Transporte com caminhão carroceria de 15 t - rodovia em revestimento primário"},null,null,null,"tkm",{"$f":"ROUND(SUMIF('MOMENTO DE TRANSPORTE - PRINC'!A:A,'RESUMO MODULO TOTAL'!D54,'MOMENTO DE TRANSPORTE - PRINC'!K:K)+SUMIF('MOMENTO DE TRANSPORTE - AUX'!A:A,'RESUMO MODULO TOTAL'!D54,'MOMENTO DE TRANSPORTE - AUX'!K:K),2)","v":0},0.2339,{"$f":"ROUND(IF(C54=\"CODEVASF\",VLOOKUP(D54,'CPU CODEVASF'!E:I,5,FALSE),VLOOKUP(D54,'SINTÉTICO SICRO'!A:D,4,FALSE)),6)","v":0.89},{"$f":"ROUND(IF(C54=\"CODEVASF\",VLOOKUP(D54,'CPU CODEVASF'!E:H,4,FALSE),VLOOKUP(D54,'SINTÉTICO SICRO'!A:D,4,FALSE)*(1+$J$6)),6)","v":1.098171},0,null,"PAVIMENTAÇÃO"]
[null,36,"SICRO",5914479,{"$f":"VLOOKUP(D55,'SINTÉTICO SICRO'!$A$4:$D$1048576,2,0)","v":"Transporte com caminhão carroceria de 15 t - rodovia pavimentada"},null,null,null,"tkm",{"$f":"ROUND(SUMIF('MOMENTO DE TRANSPORTE - PRINC'!A:A,'RESUMO MODULO TOTAL'!D55,'MOMENTO DE TRANSPORTE - PRINC'!K:K)+SUMIF('MOMENTO DE TRANSPORTE - AUX'!A:A,'RESUMO MODULO TOTAL'!D55,'MOMENTO DE TRANSPORTE - AUX'!K:K),2)","v":0},0.2339,{"$f":"ROUND(IF(C55=\"CODEVASF\",VLOOKUP(D55,'CPU CODEVASF'!E:I,5,FALSE),VLOOKUP(D55,'SINTÉTICO SICRO'!A:D,4,FALSE)),6)","v":0.71},{"$f":"ROUND(IF(C55=\"CODEVASF\",VLOOKUP(D55,'CPU CODEVASF'!E:H,4,FALSE),VLOOKUP(D55,'SINTÉTICO SICRO'!A:D,4,FALSE)*(1+$J$6)),6)","v":0.87606899999999999},0,null,"PAVIMENTAÇÃO"]
[null,37,"SICRO",5914364,{"$f":"VLOOKUP(D56,'SINTÉTICO SICRO'!$A$4:$D$1048576,2,0)","v":"Transporte de cimento ou cal hidratada a granel com caminhão silo de 30 m³ - rodovia em leito natural"},null,null,null,"tkm",{"$f":"ROUND(SUMIF('MOMENTO DE TRANSPORTE - PRINC'!A:A,'RESUMO MODULO TOTAL'!D56,'MOMENTO DE TRANSPORTE - PRINC'!K:K)+SUMIF('MOMENTO DE TRANSPORTE - AUX'!A:A,'RESUMO MODULO TOTAL'!D56,'MOMENTO DE TRANSPORTE - AUX'!K:K),2)","v":0},{"$f":"M56/L56-1","v":0.2339},{"$f":"ROUND(IF(C56=\"CODEVASF\",VLOOKUP(D56,'CPU CODEVASF'!E:I,5,FALSE),VLOOKUP(D56,'SINTÉTICO SICRO'!A:D,4,FALSE)),6)","v":0.91},{"$f":"ROUND(IF(C56=\"CODEVASF\",VLOOKUP(D56,'CPU CODEVASF'!E:H,4,FALSE),VLOOKUP(D56,'SINTÉTICO SICRO'!A:D,4,FALSE)*(1+$J$6)),6)","v":1.122849},{"$f":"ROUND(ROUND(J56,2)*ROUND(M56,6),2)","v":0},null,"PAVIMENTAÇÃO"]
[null,38,"SICRO",5914365,{"$f":"VLOOKUP(D57,'SINTÉTICO SICRO'!$A$4:$D$1048576,2,0)","v":"Transporte de cimento ou cal hidratada a granel com caminhão silo de 30 m³ - rodovia em revestimento primário"},null,null,null,"tkm",{"$f":"ROUND(SUMIF('MOMENTO DE TRANSPORTE - PRINC'!A:A,'RESUMO MODULO TOTAL'!D57,'MOMENTO DE TRANSPORTE - PRINC'!K:K)+SUMIF('MOMENTO DE TRANSPORTE - AUX'!A:A,'RESUMO MODULO TOTAL'!D57,'MOMENTO DE TRANSPORTE - AUX'!K:K),2)","v":0},0.2339,{"$f":"ROUND(IF(C57=\"CODEVASF\",VLOOKUP(D57,'CPU CODEVASF'!E:I,5,FALSE),VLOOKUP(D57,'SINTÉTICO SICRO'!A:D,4,FALSE)),6)","v":0.73},{"$f":"ROUND(IF(C57=\"CODEVASF\",VLOOKUP(D57,'CPU CODEVASF'!E:H,4,FALSE),VLOOKUP(D57,'SINTÉTICO SICRO'!A:D,4,FALSE)*(1+$J$6)),6)","v":0.90074699999999996},0,null,"PAVIMENTAÇÃO"]
[null,39,"SICRO",5914366,{"$f":"VLOOKUP(D58,'SINTÉTICO SICRO'!$A$4:$D$1048576,2,0)","v":"Transporte de cimento ou cal hidratada a granel com caminhão silo de 30 m³ - rodovia pavimentada"},null,null,null,"tkm",{"$f":"ROUND(SUMIF('MOMENTO DE TRANSPORTE - PRINC'!A:A,'RESUMO MODULO TOTAL'!D58,'MOMENTO DE TRANSPORTE - PRINC'!K:K)+SUMIF('MOMENTO DE TRANSPORTE - AUX'!A:A,'RESUMO MODULO TOTAL'!D58,'MOMENTO DE TRANSPORTE - AUX'!K:K),2)","v":0},{"$f":"M58/L58-1","v":0.23390000000000022},{"$f":"ROUND(IF(C58=\"CODEVASF\",VLOOKUP(D58,'CPU CODEVASF'!E:I,5,FALSE),VLOOKUP(D58,'SINTÉTICO SICRO'!A:D,4,FALSE)),6)","v":0.57999999999999996},{"$f":"ROUND(IF(C58=\"CODEVASF\",VLOOKUP(D58,'CPU CODEVASF'!E:H,4,FALSE),VLOOKUP(D58,'SINTÉTICO SICRO'!A:D,4,FALSE)*(1+$J$6)),6)","v":0.71566200000000002},{"$f":"ROUND(ROUND(J58,2)*ROUND(M58,6),2)","v":0},null,"PAVIMENTAÇÃO"]
[null,40,"SICRO",5914539,{"$f":"VLOOKUP(D59,'SINTÉTICO SICRO'!$A$4:$D$1048576,2,0)","v":"Transporte com caminhão betoneira - rodovia em leito natural"},null,null,null,"tkm",{"$f":"ROUND(SUMIF('MOMENTO DE TRANSPORTE - PRINC'!A:A,'RESUMO MODULO TOTAL'!D59,'MOMENTO DE TRANSPORTE - PRINC'!K:K)+SUMIF('MOMENTO DE TRANSPORTE - AUX'!A:A,'RESUMO MODULO TOTAL'!D59,'MOMENTO DE TRANSPORTE - AUX'!K:K),2)","v":0},0.2339,{"$f":"ROUND(IF(C59=\"CODEVASF\",VLOOKUP(D59,'CPU CODEVASF'!E:I,5,FALSE),VLOOKUP(D59,'SINTÉTICO SICRO'!A:D,4,FALSE)),6)","v":1.01},{"$f":"ROUND(IF(C59=\"CODEVASF\",VLOOKUP(D59,'CPU CODEVASF'!E:H,4,FALSE),VLOOKUP(D59,'SINTÉTICO SICRO'!A:D,4,FALSE)*(1+$J$6)),6)","v":1.2462390000000001},0,null,"PAVIMENTAÇÃO"]
[null,41,"SICRO",5914554,{"$f":"VLOOKUP(D60,'SINTÉTICO SICRO'!$A$4:$D$1048576,2,0)","v":"Transporte com caminhão betoneira - rodovia em revestimento primário"},null,null,null,"tkm",{"$f":"ROUND(SUMIF('MOMENTO DE TRANSPORTE - PRINC'!A:A,'RESUMO MODULO TOTAL'!D60,'MOMENTO DE TRANSPORTE - PRINC'!K:K)+SUMIF('MOMENTO DE TRANSPORTE - AUX'!A:A,'RESUMO MODULO TOTAL'!D60,'MOMENTO DE TRANSPORTE - AUX'!K:K),2)","v":0},0.2339,{"$f":"ROUND(IF(C60=\"CODEVASF\",VLOOKUP(D60,'CPU CODEVASF'!E:I,5,FALSE),VLOOKUP(D60,'SINTÉTICO SICRO'!A:D,4,FALSE)),6)","v":0.81},{"$f":"ROUND(IF(C60=\"CODEVASF\",VLOOKUP(D60,'CPU CODEVASF'!E:H,4,FALSE),VLOOKUP(D60,'SINTÉTICO SICRO'!A:D,4,FALSE)*(1+$J$6)),6)","v":0.99945899999999999},0,null,"PAVIMENTAÇÃO"]
[null,42,"SICRO",5914569,{"$f":"VLOOKUP(D61,'SINTÉTICO SICRO'!$A$4:$D$1048576,2,0)","v":"Transporte com caminhão betoneira - rodovia pavimentada"},null,null,null,"tkm",{"$f":"ROUND(SUMIF('MOMENTO DE TRANSPORTE - PRINC'!A:A,'RESUMO MODULO TOTAL'!D61,'MOMENTO DE TRANSPORTE - PRINC'!K:K)+SUMIF('MOMENTO DE TRANSPORTE - AUX'!A:A,'RESUMO MODULO TOTAL'!D61,'MOMENTO DE TRANSPORTE - AUX'!K:K),2)","v":72576},{"$f":"M61/L61-1","v":0.2339},{"$f":"ROUND(IF(C61=\"CODEVASF\",VLOOKUP(D61,'CPU CODEVASF'!E:I,5,FALSE),VLOOKUP(D61,'SINTÉTICO SICRO'!A:D,4,FALSE)),6)","v":0.64},{"$f":"ROUND(IF(C61=\"CODEVASF\",VLOOKUP(D61,'CPU CODEVASF'!E:H,4,FALSE),VLOOKUP(D61,'SINTÉTICO SICRO'!A:D,4,FALSE)*(1+$J$6)),6)","v":0.78969599999999995},{"$f":"ROUND(ROUND(J61,2)*ROUND(M61,6),2)","v":57312.98},null,"PAVIMENTAÇÃO"]
[null,"VALOR TOTAL DO SRP",{"$nulls":11},{"$f":"INT(SUM(N11:N61))","v":51648800}]
[null,"Obs.: Os valores estão apresentados com apenas 2 casas decimais, mas os valores da presente planilha foram calculados utilizando a precisão de 6 casas decimais. "]
[{"$nulls":13},{"$f":"184.46*280000","v":51648800}]

{"sheet":"CRONOGRAMA TOTAL","index":1,"n_rows":36,"n_cols":17,"rows_kept":36,"cut":false,"hidden":false,"merged":[[30,0,30,1],[1,0,1,14],[2,0,2,14],[27,0,27,1],[28,0,28,1],[29,0,29,1]]}
[]
[{"$f":"'RESUMO MODULO TOTAL'!B1","v":"CONTRATAÇÃO DE SERVIÇOS DE EXECUÇÃO DE PAVIMENTAÇÃO ASFÁLTICA COM CONCRETO BETUMINOSO USINADO A QUENTE (CBUQ) EM VIAS DE DIVERSOS MUNICÍPIOS DO ESTADO PARÁ INSERIDOS NA ÁREA DE ATUAÇÃO DO ESCRITÓRIO DE REPRESENTAÇÃO DE BELÉM - REGIÃO MARAJÓ"}]
["Cronograma Físico e Financeiro "]
["Item","Descrição","Total Por Etapa","30 DIAS","60 DIAS","90 DIAS","120 DIAS","150 DIAS","180 DIAS","210 DIAS","240 DIAS","270 DIAS","300 DIAS","330 DIAS","360 DIAS"]
[null,{"$f":"'RESUMO MODULO TOTAL'!E10","v":"MOBILIZAÇÃO/DESMOBILIZAÇÃO"},{"$f":"SUM(D5:O5)","v":1},0.5,{"$nulls":10},0.5]
[null,null,{"$f":"SUM('RESUMO MODULO TOTAL'!N11:N12)","v":3542037.5456247614},{"$f":"$C$6*D5","v":1771018.7728123807},{"$nulls":10},{"$f":"$C$6*O5","v":1771018.7728123807},{"$f":"SUM(D6:O6)","v":3542037.5456247614},{"$f":"IF(P6=C6,\"OK\",\"\")","v":"OK"}]
[null,{"$f":"'RESUMO MODULO TOTAL'!E13","v":"INSTALAÇÃO DE CANTEIRO"},{"$f":"SUM(D7:O7)","v":1},0.1,0.5,0.4]
[null,null,{"$f":"SUM('RESUMO MODULO TOTAL'!N14:N16)","v":3181137.57},{"$f":"$C$8*D7","v":318113.75699999998},{"$f":"$C$8*E7","v":1590568.7849999999},1272455.0279999999,0,0,0,0,0,0,0,0,0,{"$f":"SUM(D8:O8)","v":3181137.57},{"$f":"IF(P8=C8,\"OK\",\"\")","v":"OK"}]
[null,{"$f":"'RESUMO MODULO TOTAL'!E17","v":"ADMINISTRAÇÃO LOCAL DA OBRA"},{"$f":"SUM(D9:O9)","v":1.0000000159017173},{"$f":"(D6+D8+D12+D14+D16+D18+D20+D22+D24+D26)/($O$33-$C$10)","v":5.2977459809021042E-2},3.1789829354767034E-2,4.240328608125693E-2,1.6971422597443303E-2,1.7782144110831712E-2,0.12931744581069579,0.11698187949668717,0.11698187949668717,0.11698187949668717,0.11698187949668717,0.15293921701943913,{"$f":"(O6+O8+O12+O14+O16+O18+O20+O22+O24+O26)/($O$33-$C$10)","v":8.7891693131513737E-2}]
[null,null,{"$f":"SUM('RESUMO MODULO TOTAL'!N18)","v":1614911.26},{"$f":"$C$10*D9","v":85553.896371785537},{"$f":"$C$10*E9","v":51337.75337849182},{"$f":"$C$10*F9","v":68477.544153623094},27407.341450829637,28716.584751524821,208836.19935413246,188915.35441516325,188915.35441516325,188915.35441516325,188915.35441516325,246983.2636602759,141937.2848985462,{"$f":"SUM(D10:O10)","v":1614911.2856798626},{"$f":"IF(P10=C10,\"OK\",\"\")","v":""}]
[null,{"$f":"'RESUMO MODULO TOTAL'!E19","v":"TERRAPLANAGEM"},{"$f":"SUM(D11:O11)","v":1},null,null,{"$f":"1/4","v":0.25},{"$f":"1/4","v":0.25},{"$f":"1/4","v":0.25},{"$f":"1/4","v":0.25}]
[null,null,{"$f":"SUM('RESUMO MODULO TOTAL'!N20:N21)","v":1216477.3400000001},{"$f":"$C$14*D11","v":0},{"$f":"$C$12*E11","v":0},304119.33500000002,304119.33500000002,304119.33500000002,304119.33500000002,0,0,0,0,0,0,{"$f":"SUM(D12:O12)","v":1216477.3400000001},{"$f":"IF(P12=C12,\"OK\",\"\")","v":"OK"}]
[null,{"$f":"'RESUMO MODULO TOTAL'!E22","v":"PAVIMENTAÇÃO"},{"$f":"SUM(D13:O13)","v":0.99999999999999989},{"$nulls":5},{"$f":"1/6","v":0.16666666666666666},{"$f":"1/6","v":0.16666666666666666},0.16666666666666666,0.16666666666666666,0.16666666666666666,0.16666666666666666]
[null,null,{"$f":"SUM('RESUMO MODULO TOTAL'!N23:N28)","v":14740903.870000001},{"$f":"$C$14*D13","v":0},{"$f":"$C$14*E13","v":0},0,0,0,2456817.3116666665,2456817.3116666665,2456817.3116666665,2456817.3116666665,2456817.3116666665,2456817.3116666665,0,{"$f":"SUM(D14:O14)","v":14740903.870000001},{"$f":"IF(P14=C14,\"OK\",\"\")","v":"OK"}]
[null,"AQUISIÇÃO E TRANSPORTE DE MATERIAL BETUMINOSO",{"$f":"SUM(D15:O15)","v":0.99999999999999989},{"$nulls":5},{"$f":"1/6","v":0.16666666666666666},0.16666666666666666,0.16666666666666666,0.16666666666666666,0.16666666666666666,0.16666666666666666]
[null,null,{"$f":"SUM('RESUMO MODULO TOTAL'!N30:N35)","v":17107284.579999998},{"$f":"$C$16*D15","v":0},{"$f":"$C$16*E15","v":0},0,0,0,2851214.0966666662,2851214.0966666662,2851214.0966666662,2851214.0966666662,2851214.0966666662,2851214.0966666662,0,{"$f":"SUM(D16:O16)","v":17107284.579999998},{"$f":"IF(P16=C16,\"OK\",\"\")","v":"OK"}]
[null,{"$f":"'RESUMO MODULO TOTAL'!E36","v":"SINALIZAÇÃO"},{"$f":"SUM(D17:O17)","v":1},{"$nulls":11},1]
[null,null,{"$f":"SUM('RESUMO MODULO TOTAL'!N37:N40)","v":554945.53},{"$f":"$C$18*D17","v":0},{"$f":"$C$18*E17","v":0},0,0,0,0,0,0,0,0,0,554945.53,{"$f":"SUM(D18:O18)","v":554945.53},{"$f":"IF(P18=C18,\"OK\",\"\")","v":"OK"}]
[null,{"$f":"'RESUMO MODULO TOTAL'!E41","v":"DRENAGEM"},{"$f":"SUM(D19:O19)","v":1},{"$nulls":10},0.5,0.5]
[null,null,{"$f":"SUM('RESUMO MODULO TOTAL'!N42:N43)","v":3598170.85},{"$f":"$C$20*D19","v":0},{"$f":"$C$20*E19","v":0},0,0,0,0,0,0,0,0,1799085.425,1799085.425,{"$f":"SUM(D20:O20)","v":3598170.85},{"$f":"IF(P20=C20,\"OK\",\"\")","v":"OK"}]
[null,{"$f":"'RESUMO MODULO TOTAL'!E44","v":"SERVIÇOS COMPLEMENTARES"},{"$f":"SUM(D21:O21)","v":1},{"$nulls":4},0.5,0.5]
[null,null,{"$f":"SUM('RESUMO MODULO TOTAL'!N45)","v":81127.100000000006},{"$f":"$C$22*D21","v":0},{"$f":"$C$22*E21","v":0},0,0,40563.550000000003,40563.550000000003,0,0,0,0,0,0,{"$f":"SUM(D22:O22)","v":81127.100000000006},{"$f":"IF(P22=C22,\"OK\",\"\")","v":"OK"}]
[null,{"$f":"'RESUMO MODULO TOTAL'!E46","v":"PROJETO EXECUTIVO"},{"$f":"SUM(D23:O23)","v":1},1]
[null,null,{"$f":"'RESUMO MODULO TOTAL'!N47","v":561535.80000000005},{"$f":"$C$24*D23","v":561535.80000000005},{"$f":"$C$24*E23","v":0},0,0,0,0,0,0,0,0,0,0,{"$f":"SUM(D24:O24)","v":561535.80000000005},{"$f":"IF(P24=C24,\"OK\",\"\")","v":"OK"}]
[null,{"$f":"'RESUMO MODULO TOTAL'!E48","v":"MOMENTO DE TRANSPORTE"},{"$f":"SUM(D25:O25)","v":1},null,null,0.1,0.1,0.1,0.15,0.1,0.1,0.1,0.1,0.1,0.05]
[null,null,{"$f":"SUM('RESUMO MODULO TOTAL'!N49:N61)","v":5450269.3500000006},{"$f":"$C$26*D25","v":0},{"$f":"$C$26*E25","v":0},545026.93500000006,545026.93500000006,545026.93500000006,817540.40250000008,545026.93500000006,545026.93500000006,545026.93500000006,545026.93500000006,545026.93500000006,272513.46750000003,{"$f":"SUM(D26:O26)","v":5450269.3500000006},{"$f":"IF(P26=C26,\"OK\",\"\")","v":"OK"}]
[]
["Porcentagem",null,null,{"$f":"SUM(D6+D8+D10+D12+D14+D16+D18+D20+D22+D24+D26)/$O$33","v":5.2977459809021042E-2},{"$f":"SUM(E6+E8+E10+E12+E14+E16+E18+E20+E22+E24+E26)/$O$33","v":3.1789829354767041E-2},4.240328608125693E-2,1.6971422597443307E-2,1.7782144110831712E-2,0.12931744581069579,0.11698187949668719,0.11698187949668719,0.11698187949668719,0.11698187949668719,0.15293921701943916,{"$f":"SUM(O6+O8+O10+O12+O14+O16+O18+O20+O22+O24+O26)/$O$33","v":8.7891693131513751E-2}]
["Custo",null,null,{"$f":"$O$33*D28","v":2736222.226184166},{"$f":"$O$33*E28","v":1641906.538378492},{"$f":"$O$33*F28","v":2190078.8421536228},876553.61145082989,918426.40475152491,6679090.8951874645,6041973.6977484971,6041973.6977484971,6041973.6977484971,6041973.6977484971,7899127.0319936089,4539500.4802109273]
["Porcentagem Acumulado",null,null,{"$f":"D28","v":5.2977459809021042E-2},{"$f":"D30+E28","v":8.476728916378809E-2},{"$f":"E30+F28","v":0.12717057524504502},0.14414199784248832,0.16192414195332003,0.29124158776401582,0.40822346726070302,0.52520534675739017,0.64218722625407731,0.75916910575076446,0.91210832277020359,{"$f":"N30+O28","v":1.0000000159017173}]
["Custo Acumulado",null,null,{"$f":"D29","v":2736222.226184166},{"$f":"D31+E29","v":4378128.764562658},6568207.6067162808,7444761.2181671103,8363187.6229186356,15042278.518106099,21084252.215854596,27126225.913603093,33168199.611351591,39210173.309100091,47109300.341093704,{"$f":"INT(N31+O29)","v":51648800}]
[]
[null,null,null,"Total Geral",{"$nulls":9},"R$",{"$f":"INT(C6+C8+C10+C12+C14+C16+C18+C20+C22+C24+C26)","v":51648800}]
[]
[]
[{"$nulls":14},{"$f":"O31-O33","v":0}]

{"sheet":" CONSUMO DE MAT. B TOTAL","index":2,"n_rows":17,"n_cols":16,"rows_kept":17,"cut":false,"hidden":false,"merged":[[15,1,15,15],[17,1,17,15],[6,1,6,15],[9,1,9,15],[11,1,11,15],[13,1,13,15],[0,1,1,15],[2,1,3,15],[4,1,4,2],[4,3,4,11],[4,12,4,15]]}
[]
[]
[null,"CONSUMO DO MATERIAL BETUMINOSO TOTAL"]
[]
[null,"TRECHO",null,"QUANTIDADES",{"$nulls":8},"MAT. BETUMINOSO"]
[null,"Inicio           (km)","Fim              (km)","Extensão     (m)","Largura       (m)","Espess.       (m)","Área            (m2)","Volume              (m3)","Densidade (t/m3)","Massa            (t)","Unid","Quant.","Tipo","Consumo Taxa de Aplicação","Unid. ","Quant."]
[null,"IMPRIMAÇÃO"]
[{"$nulls":5},1,{"$f":"'MC MODULO'!H57","v":280000},{"$nulls":5},"EAI","1,3 l/m2","t",{"$f":"ROUND((G8*1.3)/1000,2)","v":364}]
[{"$nulls":5},1,null,{"$f":"G9*F9","v":0},{"$nulls":4},"CM-30","1,2 l/m2","t",{"$f":"ROUND((G9*1.2)/1000,2)","v":0}]
[null,"PINTURA DE LIGAÇÃO"]
[{"$nulls":5},1,{"$f":"'MC MODULO'!H63","v":280000},{"$f":"G11*F11","v":280000},{"$nulls":4},"RR-1C","0,45 l/m2","t",{"$f":"ROUND((G11*0.45)/1000,2)","v":126}]
[null,"CBUQ FAIXA \"C\""]
[{"$nulls":7},{"$f":"G13*F13","v":0},null,{"$f":"'MC MODULO'!H51","v":33600},null,null,"CAP-50/70","64,49 t/m3","t",{"$f":"ROUND((J13*64.49)/1000,2)","v":2166.86}]
[null,"CBUQ FAIXA \"B\""]
[{"$nulls":7},{"$f":"G15*F15","v":0},{"$nulls":4},"CAP-50/70","56,60 t/m3","t",{"$f":"ROUND((J15*56.6)/1000,2)","v":0}]
[]
[{"$nulls":7},{"$f":"G17*F17","v":0}]

{"sheet":"Mob","index":3,"n_rows":66,"n_cols":9,"rows_kept":66,"cut":false,"hidden":false,"merged":[[10,6,10,7],[59,0,59,1],[10,0,11,0],[10,1,11,1],[10,2,11,2],[10,3,11,3],[10,4,11,4],[10,5,11,5],[3,0,3,7],[4,0,8,4],[4,5,4,6],[5,5,6,6],[5,7,6,7],[7,5,8,6],[7,7,8,7]]}
[]
[]
[]
[{"$f":"'RESUMO MODULO TOTAL'!B1","v":"CONTRATAÇÃO DE SERVIÇOS DE EXECUÇÃO DE PAVIMENTAÇÃO ASFÁLTICA COM CONCRETO BETUMINOSO USINADO A QUENTE (CBUQ) EM VIAS DE DIVERSOS MUNICÍPIOS DO ESTADO PARÁ INSERIDOS NA ÁREA DE ATUAÇÃO DO ESCRITÓRIO DE REPRESENTAÇÃO DE BELÉM - REGIÃO MARAJÓ"}]
["MOBILIZAÇÃO/DESMOBILIZAÇÃO (MOB)",{"$nulls":4},"Frentes de serviços",null,{"$f":"'MC MODULO'!G1","v":20}]
[{"$nulls":5},"Distância da Capital ao Canteiro:",null,258,"Fica a cargo de cada SR colocar a distancia adequada de acordo com o historico de mobilização"]
[]
[{"$nulls":5},"Velocidade média de transporte (pavim.):",null,60]
[]
["Transporte dos equipamentos"]
["CODIGO","EQUIPAMENTO","VEÍCULO TRANSPORTADOR","QTDE","K","FU","CUSTO DO TRANSPORTE"]
[{"$nulls":6},"(R$/h)","(R$)/km"]
["E9524",{"$f":"VLOOKUP(A13,Equipamentos!$A:$K,2,FALSE)","v":"Motoniveladora - 93 kW"},{"$f":"IFERROR(INDEX('Tabelas 2 e 3 mob'!A:K,MATCH(A13,'Tabelas 2 e 3 mob'!A:A,0),9),\"ERRO\")","v":"E9665"},1,2,1,{"$f":"IF(C13=\"Veículo(s) da própria frota.\",0,INDEX(Equipamentos!B:K,MATCH(C13,Equipamentos!A:A,0),9))","v":389.39940000000001},{"$f":"((D13*E13*F13)/$H$8)*G13","v":12.979979999999999}]
["E9526",{"$f":"VLOOKUP(A14,Equipamentos!$A:$K,2,FALSE)","v":"Retroescavadeira de pneus - capacidade da caçamba da pá-carregadeira de 0,76 m³ e da retroescavadeira de 0,29 m³ - 58 kW "},{"$f":"IFERROR(INDEX('Tabelas 2 e 3 mob'!A:K,MATCH(A14,'Tabelas 2 e 3 mob'!A:A,0),9),\"ERRO\")","v":"E9665"},1,2,1,{"$f":"IF(C14=\"Veículo(s) da própria frota.\",0,INDEX(Equipamentos!B:K,MATCH(C14,Equipamentos!A:A,0),9))","v":389.39940000000001},{"$f":"((D14*E14*F14)/$H$8)*G14","v":12.979979999999999}]
["E9577",{"$f":"VLOOKUP(A15,Equipamentos!$A:$K,2,FALSE)","v":"Trator agrícola sobre pneus - 77 kW"},{"$f":"IFERROR(INDEX('Tabelas 2 e 3 mob'!A:K,MATCH(A15,'Tabelas 2 e 3 mob'!A:A,0),9),\"ERRO\")","v":"E9665"},1,2,0.5,{"$f":"IF(C15=\"Veículo(s) da própria frota.\",0,INDEX(Equipamentos!B:K,MATCH(C15,Equipamentos!A:A,0),9))","v":389.39940000000001},6.4899899999999997]
["E9518",{"$f":"VLOOKUP(A16,Equipamentos!$A:$K,2,FALSE)","v":"Grade de 24 discos rebocável de D = 60 cm (24\")"},{"$f":"IFERROR(INDEX('Tabelas 2 e 3 mob'!A:K,MATCH(A16,'Tabelas 2 e 3 mob'!A:A,0),9),\"ERRO\")","v":"Veículo(s) da própria frota."},1,2,0,{"$f":"IF(C16=\"Veículo(s) da própria frota.\",0,INDEX(Equipamentos!B:K,MATCH(C16,Equipamentos!A:A,0),9))","v":0},0]
["E9689",{"$f":"VLOOKUP(A17,Equipamentos!$A:$K,2,FALSE)","v":"Usina de asfalto a quente gravimétrica com capacidade de 100/140 t/h - 260 kW"},{"$f":"IFERROR(INDEX('Tabelas 2 e 3 mob'!A:K,MATCH(A17,'Tabelas 2 e 3 mob'!A:A,0),9),\"ERRO\")","v":"E9666"},1,2,3,{"$f":"IF(C17=\"Veículo(s) da própria frota.\",0,INDEX(Equipamentos!B:K,MATCH(C17,Equipamentos!A:A,0),9))","v":414.84980000000002},{"$f":"((D17*E17*F17)/$H$8)*G17","v":41.484980000000007}]
["E9530",{"$f":"VLOOKUP(A18,Equipamentos!$A:$K,2,FALSE)","v":"Rolo compactador liso vibratório autopropelido por pneus de 11 t - 97 kW"},{"$f":"IFERROR(INDEX('Tabelas 2 e 3 mob'!A:K,MATCH(A18,'Tabelas 2 e 3 mob'!A:A,0),9),\"ERRO\")","v":"E9666"},1,2,0.5,{"$f":"IF(C18=\"Veículo(s) da própria frota.\",0,INDEX(Equipamentos!B:K,MATCH(C18,Equipamentos!A:A,0),9))","v":414.84980000000002},6.9141633333333337]
["E9558",{"$f":"VLOOKUP(A19,Equipamentos!$A:$K,2,FALSE)","v":"Tanque de estocagem de asfalto com capacidade de 30.000 l"},{"$f":"IFERROR(INDEX('Tabelas 2 e 3 mob'!A:K,MATCH(A19,'Tabelas 2 e 3 mob'!A:A,0),9),\"ERRO\")","v":"E9665"},1,2,1,{"$f":"IF(C19=\"Veículo(s) da própria frota.\",0,INDEX(Equipamentos!B:K,MATCH(C19,Equipamentos!A:A,0),9))","v":389.39940000000001},12.979979999999999]
["E9758",{"$f":"VLOOKUP(A20,Equipamentos!$A:$K,2,FALSE)","v":"Vibroacabadora de asfalto sobre pneus - 82 kW"},{"$f":"IFERROR(INDEX('Tabelas 2 e 3 mob'!A:K,MATCH(A20,'Tabelas 2 e 3 mob'!A:A,0),9),\"ERRO\")","v":"E9018"},1,2,0.5,{"$f":"IF(C20=\"Veículo(s) da própria frota.\",0,INDEX(Equipamentos!B:K,MATCH(C20,Equipamentos!A:A,0),9))","v":522.74860000000001},8.7124766666666673]
["E9685",{"$f":"VLOOKUP(A21,Equipamentos!$A:$K,2,FALSE)","v":"Rolo compactador pé de carneiro vibratório autopropelido por pneus de 11,6 t - 82 kW"},{"$f":"IFERROR(INDEX('Tabelas 2 e 3 mob'!A:K,MATCH(A21,'Tabelas 2 e 3 mob'!A:A,0),9),\"ERRO\")","v":"E9666"},1,2,0.5,{"$f":"IF(C21=\"Veículo(s) da própria frota.\",0,INDEX(Equipamentos!B:K,MATCH(C21,Equipamentos!A:A,0),9))","v":414.84980000000002},6.9141633333333337]
["E9605",{"$f":"VLOOKUP(A22,Equipamentos!$A:$K,2,FALSE)","v":"Caminhão tanque com capacidade de 6.000 l - 136 kW"},{"$f":"IFERROR(INDEX('Tabelas 2 e 3 mob'!A:K,MATCH(A22,'Tabelas 2 e 3 mob'!A:A,0),9),\"ERRO\")","v":"E9605"},1,1,1,{"$f":"IF(C22=\"Veículo(s) da própria frota.\",0,INDEX(Equipamentos!B:K,MATCH(C22,Equipamentos!A:A,0),9))","v":248.1275},4.1354583333333332]
["E9579",{"$f":"VLOOKUP(A23,Equipamentos!$A:$K,2,FALSE)","v":"Caminhão basculante com capacidade de 10 m³ - 210 kW"},{"$f":"IFERROR(INDEX('Tabelas 2 e 3 mob'!A:K,MATCH(A23,'Tabelas 2 e 3 mob'!A:A,0),9),\"ERRO\")","v":"E9579"},5,1,1,{"$f":"IF(C23=\"Veículo(s) da própria frota.\",0,INDEX(Equipamentos!B:K,MATCH(C23,Equipamentos!A:A,0),9))","v":298.33550000000002},24.861291666666666]
["E9509",{"$f":"VLOOKUP(A24,Equipamentos!$A:$K,2,FALSE)","v":"Caminhão tanque distribuidor de asfalto com capacidade de 6.000 l - 7 kW/136 kW"},{"$f":"IFERROR(INDEX('Tabelas 2 e 3 mob'!A:K,MATCH(A24,'Tabelas 2 e 3 mob'!A:A,0),9),\"ERRO\")","v":"E9509"},1,1,1,{"$f":"IF(C24=\"Veículo(s) da própria frota.\",0,INDEX(Equipamentos!B:K,MATCH(C24,Equipamentos!A:A,0),9))","v":259.274},4.3212333333333337]
["E9762",{"$f":"VLOOKUP(A25,Equipamentos!$A:$K,2,FALSE)","v":"Rolo compactador de pneus autopropelido de 27 t - 85 kW"},{"$f":"IFERROR(INDEX('Tabelas 2 e 3 mob'!A:K,MATCH(A25,'Tabelas 2 e 3 mob'!A:A,0),9),\"ERRO\")","v":"E9666"},1,2,0.5,{"$f":"IF(C25=\"Veículo(s) da própria frota.\",0,INDEX(Equipamentos!B:K,MATCH(C25,Equipamentos!A:A,0),9))","v":414.84980000000002},6.9141633333333337]
["E9681",{"$f":"VLOOKUP(A26,Equipamentos!$A:$K,2,FALSE)","v":"Rolo compactador liso tandem vibratório autopropelido de 10,4 t - 82 kW"},{"$f":"IFERROR(INDEX('Tabelas 2 e 3 mob'!A:K,MATCH(A26,'Tabelas 2 e 3 mob'!A:A,0),9),\"ERRO\")","v":"E9666"},1,2,0.5,{"$f":"IF(C26=\"Veículo(s) da própria frota.\",0,INDEX(Equipamentos!B:K,MATCH(C26,Equipamentos!A:A,0),9))","v":414.84980000000002},6.9141633333333337]
["E9545",{"$f":"VLOOKUP(A27,Equipamentos!$A:$K,2,FALSE)","v":"Vibroacabadora de asfalto sobre esteiras - 82 kW"},{"$f":"IFERROR(INDEX('Tabelas 2 e 3 mob'!A:K,MATCH(A27,'Tabelas 2 e 3 mob'!A:A,0),9),\"ERRO\")","v":"E9018"},1,2,0.5,{"$f":"IF(C27=\"Veículo(s) da própria frota.\",0,INDEX(Equipamentos!B:K,MATCH(C27,Equipamentos!A:A,0),9))","v":522.74860000000001},8.7124766666666673]
["E9571",{"$f":"VLOOKUP(A28,Equipamentos!$A:$K,2,FALSE)","v":"Caminhão tanque com capacidade de 10.000 l - 188 kW"},{"$f":"IFERROR(INDEX('Tabelas 2 e 3 mob'!A:K,MATCH(A28,'Tabelas 2 e 3 mob'!A:A,0),9),\"ERRO\")","v":"E9571"},1,1,1,{"$f":"IF(C28=\"Veículo(s) da própria frota.\",0,INDEX(Equipamentos!B:K,MATCH(C28,Equipamentos!A:A,0),9))","v":324.55779999999999},5.4092966666666662]
["E9514",{"$f":"VLOOKUP(A29,Equipamentos!$A:$K,2,FALSE)","v":"Distribuidor de agregados sobre pneus autopropelido - 130 kW"},{"$f":"IFERROR(INDEX('Tabelas 2 e 3 mob'!A:K,MATCH(A29,'Tabelas 2 e 3 mob'!A:A,0),9),\"ERRO\")","v":"E9665"},1,2,0.5,{"$f":"IF(C29=\"Veículo(s) da própria frota.\",0,INDEX(Equipamentos!B:K,MATCH(C29,Equipamentos!A:A,0),9))","v":389.39940000000001},6.4899899999999997]
["E9511",{"$f":"VLOOKUP(A30,Equipamentos!$A:$K,2,FALSE)","v":"Carregadeira de pneus com capacidade de 3,40 m³ - 195 kW"},{"$f":"IFERROR(INDEX('Tabelas 2 e 3 mob'!A:K,MATCH(A30,'Tabelas 2 e 3 mob'!A:A,0),9),\"ERRO\")","v":"E9665"},1,2,1,{"$f":"IF(C30=\"Veículo(s) da própria frota.\",0,INDEX(Equipamentos!B:K,MATCH(C30,Equipamentos!A:A,0),9))","v":389.39940000000001},12.979979999999999]
["E9779",{"$f":"VLOOKUP(A31,Equipamentos!$A:$K,2,FALSE)","v":"Grupo gerador - 113 kVA"},{"$f":"IFERROR(INDEX('Tabelas 2 e 3 mob'!A:K,MATCH(A31,'Tabelas 2 e 3 mob'!A:A,0),9),\"ERRO\")","v":"Veículo(s) da própria frota."},1,2,0,{"$f":"IF(C31=\"Veículo(s) da própria frota.\",0,INDEX(Equipamentos!B:K,MATCH(C31,Equipamentos!A:A,0),9))","v":0},0]
["E9559",{"$f":"VLOOKUP(A32,Equipamentos!$A:$K,2,FALSE)","v":"Aquecedor de fluido térmico - 12 kW"},{"$f":"IFERROR(INDEX('Tabelas 2 e 3 mob'!A:K,MATCH(A32,'Tabelas 2 e 3 mob'!A:A,0),9),\"ERRO\")","v":"Veículo(s) da própria frota."},1,2,0,{"$f":"IF(C32=\"Veículo(s) da própria frota.\",0,INDEX(Equipamentos!B:K,MATCH(C32,Equipamentos!A:A,0),9))","v":0},0]
["E9584",{"$f":"VLOOKUP(A33,Equipamentos!$A:$K,2,FALSE)","v":"Carregadeira de pneus com capacidade de 1,72 m³ - 113 kW"},{"$f":"IFERROR(INDEX('Tabelas 2 e 3 mob'!A:K,MATCH(A33,'Tabelas 2 e 3 mob'!A:A,0),9),\"ERRO\")","v":"E9665"},1,2,1,{"$f":"IF(C33=\"Veículo(s) da própria frota.\",0,INDEX(Equipamentos!B:K,MATCH(C33,Equipamentos!A:A,0),9))","v":389.39940000000001},12.979979999999999]
["E9021",{"$f":"VLOOKUP(A34,Equipamentos!$A:$K,2,FALSE)","v":"Grupo gerador - 456 kVA"},{"$f":"IFERROR(INDEX('Tabelas 2 e 3 mob'!A:K,MATCH(A34,'Tabelas 2 e 3 mob'!A:A,0),9),\"ERRO\")","v":"E9508"},1,2,1,{"$f":"IF(C34=\"Veículo(s) da própria frota.\",0,INDEX(Equipamentos!B:K,MATCH(C34,Equipamentos!A:A,0),9))","v":184.0574},6.1352466666666663]
["E9687",{"$f":"VLOOKUP(A35,Equipamentos!$A:$K,2,FALSE)","v":"Caminhão carroceria com capacidade de 5 t - 115 kW"},{"$f":"IFERROR(INDEX('Tabelas 2 e 3 mob'!A:K,MATCH(A35,'Tabelas 2 e 3 mob'!A:A,0),9),\"ERRO\")","v":"E9687"},1,1,1,{"$f":"IF(C35=\"Veículo(s) da própria frota.\",0,INDEX(Equipamentos!B:K,MATCH(C35,Equipamentos!A:A,0),9))","v":151.36000000000001},2.5226666666666668]
["E9667",{"$f":"VLOOKUP(A36,Equipamentos!$A:$K,2,FALSE)","v":"Caminhão basculante com capacidade de 14 m³ - 210 kW"},{"$f":"IFERROR(INDEX('Tabelas 2 e 3 mob'!A:K,MATCH(A36,'Tabelas 2 e 3 mob'!A:A,0),9),\"ERRO\")","v":"E9667"},1,1,1,{"$f":"IF(C36=\"Veículo(s) da própria frota.\",0,INDEX(Equipamentos!B:K,MATCH(C36,Equipamentos!A:A,0),9))","v":299.41090000000003},4.9901816666666674]
["E9644",{"$f":"VLOOKUP(A37,Equipamentos!$A:$K,2,FALSE)","v":"Caminhão demarcador de faixas com sistema de pintura a frio - 28 kW/115 kW"},{"$f":"IFERROR(INDEX('Tabelas 2 e 3 mob'!A:K,MATCH(A37,'Tabelas 2 e 3 mob'!A:A,0),9),\"ERRO\")","v":"E9644"},1,1,1,{"$f":"IF(C37=\"Veículo(s) da própria frota.\",0,INDEX(Equipamentos!B:K,MATCH(C37,Equipamentos!A:A,0),9))","v":376.6816},6.2780266666666664]
["E9592",{"$f":"VLOOKUP(A38,Equipamentos!$A:$K,2,FALSE)","v":"Caminhão carroceria com capacidade de 15 t - 188 kW"},{"$f":"IFERROR(INDEX('Tabelas 2 e 3 mob'!A:K,MATCH(A38,'Tabelas 2 e 3 mob'!A:A,0),9),\"ERRO\")","v":"E9592"},1,1,1,{"$f":"IF(C38=\"Veículo(s) da própria frota.\",0,INDEX(Equipamentos!B:K,MATCH(C38,Equipamentos!A:A,0),9))","v":265.59269999999998},4.426545]
["E9540",{"$f":"VLOOKUP(A39,Equipamentos!$A:$K,2,FALSE)","v":"Trator sobre esteiras com lâmina - 127 kW"},{"$f":"IFERROR(INDEX('Tabelas 2 e 3 mob'!A:K,MATCH(A39,'Tabelas 2 e 3 mob'!A:A,0),9),\"ERRO\")","v":"E9018"},1,2,0.5,{"$f":"IF(C39=\"Veículo(s) da própria frota.\",0,INDEX(Equipamentos!B:K,MATCH(C39,Equipamentos!A:A,0),9))","v":522.74860000000001},8.7124766666666673]
["E9515",{"$f":"VLOOKUP(A40,Equipamentos!$A:$K,2,FALSE)","v":"Escavadeira hidráulica sobre esteiras com caçamba com capacidade de 1,56 m³ - 118 kW"},{"$f":"IFERROR(INDEX('Tabelas 2 e 3 mob'!A:K,MATCH(A40,'Tabelas 2 e 3 mob'!A:A,0),9),\"ERRO\")","v":"E9666"},1,2,1,{"$f":"IF(C40=\"Veículo(s) da própria frota.\",0,INDEX(Equipamentos!B:K,MATCH(C40,Equipamentos!A:A,0),9))","v":414.84980000000002},13.828326666666667]
["E9506",{"$f":"VLOOKUP(A41,Equipamentos!$A:$K,2,FALSE)","v":"Caminhão basculante com capacidade de 6 m³ - 136 kW"},{"$f":"IFERROR(INDEX('Tabelas 2 e 3 mob'!A:K,MATCH(A41,'Tabelas 2 e 3 mob'!A:A,0),9),\"ERRO\")","v":"E9506"},1,1,1,{"$f":"IF(C41=\"Veículo(s) da própria frota.\",0,INDEX(Equipamentos!B:K,MATCH(C41,Equipamentos!A:A,0),9))","v":184.68639999999999},3.0781066666666663]
["E9256",{"$f":"VLOOKUP(A42,Equipamentos!$A:$K,2,FALSE)","v":"Equipamento para pintura com cal rebocável com dois bicos aplicadores e capacidade de 2.200 l"},{"$f":"IFERROR(INDEX('Tabelas 2 e 3 mob'!A:K,MATCH(A42,'Tabelas 2 e 3 mob'!A:A,0),9),\"ERRO\")","v":"Veículo(s) da própria frota."},1,2,0,{"$f":"IF(C42=\"Veículo(s) da própria frota.\",0,INDEX(Equipamentos!B:K,MATCH(C42,Equipamentos!A:A,0),9))","v":0},0]
["E9156",{"$f":"VLOOKUP(A43,Equipamentos!$A:$K,2,FALSE)","v":"Soprador de ar costal - 2,6 kW"},{"$f":"IFERROR(INDEX('Tabelas 2 e 3 mob'!A:K,MATCH(A43,'Tabelas 2 e 3 mob'!A:A,0),9),\"ERRO\")","v":"Veículo(s) da própria frota."},1,2,0,{"$f":"IF(C43=\"Veículo(s) da própria frota.\",0,INDEX(Equipamentos!B:K,MATCH(C43,Equipamentos!A:A,0),9))","v":0},0]
["E9146",{"$f":"VLOOKUP(A44,Equipamentos!$A:$K,2,FALSE)","v":"Caminhão silo com capacidade de 30 m³ - 265 kW"},{"$f":"IFERROR(INDEX('Tabelas 2 e 3 mob'!A:K,MATCH(A44,'Tabelas 2 e 3 mob'!A:A,0),9),\"ERRO\")","v":"E9146"},1,1,1,{"$f":"IF(C44=\"Veículo(s) da própria frota.\",0,INDEX(Equipamentos!B:K,MATCH(C44,Equipamentos!A:A,0),9))","v":455.3381},7.5889683333333329]
["E9599",{"$f":"VLOOKUP(A45,Equipamentos!$A:$K,2,FALSE)","v":"Central de concreto com capacidade de 30 m³/h - dosadora RS"},{"$f":"IFERROR(INDEX('Tabelas 2 e 3 mob'!A:K,MATCH(A45,'Tabelas 2 e 3 mob'!A:A,0),9),\"ERRO\")","v":"E9018"},1,2,1,{"$f":"IF(C45=\"Veículo(s) da própria frota.\",0,INDEX(Equipamentos!B:K,MATCH(C45,Equipamentos!A:A,0),9))","v":522.74860000000001},17.424953333333335]
["E9103",{"$f":"VLOOKUP(A46,Equipamentos!$A:$K,2,FALSE)","v":"Extrusora para meio-fio de concreto - 10,44 kW"},{"$f":"IFERROR(INDEX('Tabelas 2 e 3 mob'!A:K,MATCH(A46,'Tabelas 2 e 3 mob'!A:A,0),9),\"ERRO\")","v":"Veículo(s) da própria frota."},1,2,0,{"$f":"IF(C46=\"Veículo(s) da própria frota.\",0,INDEX(Equipamentos!B:K,MATCH(C46,Equipamentos!A:A,0),9))","v":0},0]
["E9071",{"$f":"VLOOKUP(A47,Equipamentos!$A:$K,2,FALSE)","v":"Transportador manual carrinho de mão com capacidade de 80 l"},{"$f":"IFERROR(INDEX('Tabelas 2 e 3 mob'!A:K,MATCH(A47,'Tabelas 2 e 3 mob'!A:A,0),9),\"ERRO\")","v":"Veículo(s) da própria frota."},0,2,0,{"$f":"IF(C47=\"Veículo(s) da própria frota.\",0,INDEX(Equipamentos!B:K,MATCH(C47,Equipamentos!A:A,0),9))","v":0},0]
["E9064",{"$f":"VLOOKUP(A48,Equipamentos!$A:$K,2,FALSE)","v":"Transportador manual gerica com capacidade de 180 l"},{"$f":"IFERROR(INDEX('Tabelas 2 e 3 mob'!A:K,MATCH(A48,'Tabelas 2 e 3 mob'!A:A,0),9),\"ERRO\")","v":"Veículo(s) da própria frota."},0,2,0,{"$f":"IF(C48=\"Veículo(s) da própria frota.\",0,INDEX(Equipamentos!B:K,MATCH(C48,Equipamentos!A:A,0),9))","v":0},0]
["E9066",{"$f":"VLOOKUP(A49,Equipamentos!$A:$K,2,FALSE)","v":"Grupo gerador - 14 kVA"},{"$f":"IFERROR(INDEX('Tabelas 2 e 3 mob'!A:K,MATCH(A49,'Tabelas 2 e 3 mob'!A:A,0),9),\"ERRO\")","v":"Veículo(s) da própria frota."},0,2,0,{"$f":"IF(C49=\"Veículo(s) da própria frota.\",0,INDEX(Equipamentos!B:K,MATCH(C49,Equipamentos!A:A,0),9))","v":0},0]
["E9535",{"$f":"VLOOKUP(A50,Equipamentos!$A:$K,2,FALSE)","v":"Serra circular com bancada - D = 30 cm - 4 kW"},{"$f":"IFERROR(INDEX('Tabelas 2 e 3 mob'!A:K,MATCH(A50,'Tabelas 2 e 3 mob'!A:A,0),9),\"ERRO\")","v":"Veículo(s) da própria frota."},0,2,0,{"$f":"IF(C50=\"Veículo(s) da própria frota.\",0,INDEX(Equipamentos!B:K,MATCH(C50,Equipamentos!A:A,0),9))","v":0},0]
["E9507",{"$f":"VLOOKUP(A51,Equipamentos!$A:$K,2,FALSE)","v":"Plotadora de recorte com computador e programa computacional"},{"$f":"IFERROR(INDEX('Tabelas 2 e 3 mob'!A:K,MATCH(A51,'Tabelas 2 e 3 mob'!A:A,0),9),\"ERRO\")","v":"Veículo(s) da própria frota."},0,2,0,{"$f":"IF(C51=\"Veículo(s) da própria frota.\",0,INDEX(Equipamentos!B:K,MATCH(C51,Equipamentos!A:A,0),9))","v":0},0]
["E9568",{"$f":"VLOOKUP(A52,Equipamentos!$A:$K,2,FALSE)","v":"Furadeira de impacto de 12,5 mm - 0,80 kW"},{"$f":"IFERROR(INDEX('Tabelas 2 e 3 mob'!A:K,MATCH(A52,'Tabelas 2 e 3 mob'!A:A,0),9),\"ERRO\")","v":"Veículo(s) da própria frota."},0,2,0,{"$f":"IF(C52=\"Veículo(s) da própria frota.\",0,INDEX(Equipamentos!B:K,MATCH(C52,Equipamentos!A:A,0),9))","v":0},0]
["E9753",{"$f":"VLOOKUP(A53,Equipamentos!$A:$K,2,FALSE)","v":"Grupo gerador - 23 kVA"},{"$f":"IFERROR(INDEX('Tabelas 2 e 3 mob'!A:K,MATCH(A53,'Tabelas 2 e 3 mob'!A:A,0),9),\"ERRO\")","v":"Veículo(s) da própria frota."},0,2,0,{"$f":"IF(C53=\"Veículo(s) da própria frota.\",0,INDEX(Equipamentos!B:K,MATCH(C53,Equipamentos!A:A,0),9))","v":0},0]
["E9623",{"$f":"VLOOKUP(A54,Equipamentos!$A:$K,2,FALSE)","v":"Máquina de bancada guilhotina - 4,00 kW"},{"$f":"IFERROR(INDEX('Tabelas 2 e 3 mob'!A:K,MATCH(A54,'Tabelas 2 e 3 mob'!A:A,0),9),\"ERRO\")","v":"Veículo(s) da própria frota."},0,2,0,{"$f":"IF(C54=\"Veículo(s) da própria frota.\",0,INDEX(Equipamentos!B:K,MATCH(C54,Equipamentos!A:A,0),9))","v":0},0]
["E9622",{"$f":"VLOOKUP(A55,Equipamentos!$A:$K,2,FALSE)","v":"Máquina de bancada universal para corte de chapa - 1,50 kW"},{"$f":"IFERROR(INDEX('Tabelas 2 e 3 mob'!A:K,MATCH(A55,'Tabelas 2 e 3 mob'!A:A,0),9),\"ERRO\")","v":"Veículo(s) da própria frota."},0,2,0,{"$f":"IF(C55=\"Veículo(s) da própria frota.\",0,INDEX(Equipamentos!B:K,MATCH(C55,Equipamentos!A:A,0),9))","v":0},0]
["E9678",{"$f":"VLOOKUP(A56,Equipamentos!$A:$K,2,FALSE)","v":"Fresadora a frio - 455 kW"},{"$f":"IFERROR(INDEX('Tabelas 2 e 3 mob'!A:K,MATCH(A56,'Tabelas 2 e 3 mob'!A:A,0),9),\"ERRO\")","v":"E9666"},0,2,1,{"$f":"IF(C56=\"Veículo(s) da própria frota.\",0,INDEX(Equipamentos!B:K,MATCH(C56,Equipamentos!A:A,0),9))","v":414.84980000000002},0]
[{"$nulls":6},"TOTAL",{"$f":"SUM(H13:H56)","v":278.15924500000011}]
[]
[]
["CUSTO TOTAL MOBILIZAÇÃO E DESMOBILIZAÇÃO"]
["DESCRIÇÃO","VALOR"]
["Custo Mobilização (km)",{"$f":"H57","v":278.15924500000011}]
["BDI (%)",{"$f":"BDI!C17","v":0.2339}]
["Custo Mobilização (R$/km) com BDI",{"$f":"B62+(B62*B63)","v":343.22069240550013}]
["Total de Frentes",{"$f":"'MC MODULO'!G1","v":20}]
["Custo Mobilização (frentes x distancia)",{"$f":"B64*H6*B65","v":1771018.7728123807}]

{"sheet":" Canteiro","index":4,"n_rows":13,"n_cols":6,"rows_kept":13,"cut":false,"hidden":false,"merged":[[3,0,3,5],[3,9,4,9],[4,7,4,8],[9,3,9,4],[12,3,12,4]]}
[]
[]
[]
["CANTEIRO DE OBRAS PARA CONSTRUÇAO RODOVIÁRIA"]
["Descrição dos serviços","Tipo de container","Unidade","Quantidade","Preço unitário (R$)","Total (R$)"]
["Escritório e seção técnica"]
[{"$f":"VLOOKUP(B7,'INSUMOS SINAPI'!A:E,2,0)","v":"LOCACAO DE CONTAINER 2,30 X 6,00 M, ALT. 2,50 M, PARA ESCRITORIO, SEM DIVISORIAS INTERNAS E SEM SANITARIO (NAO INCLUI MOBILIZACAO/DESMOBILIZACAO)                                                                                                                                                                                                                                                                                                                                                         "},10776,"und",1,{"$f":"VLOOKUP(B7,'INSUMOS SINAPI'!A:E,5,0)","v":650.39},{"$f":"TRUNC(D7*E7,2)","v":650.39}]
["Banheiro e vestiário"]
[{"$f":"VLOOKUP(B9,'INSUMOS SINAPI'!A:E,2,0)","v":"LOCACAO DE CONTAINER 2,30 X 4,30 M, ALT. 2,50 M, PARA SANITARIO, COM 3 BACIAS, 4 CHUVEIROS, 1 LAVATORIO E 1 MICTORIO (NAO INCLUI MOBILIZACAO/DESMOBILIZACAO)                                                                                                                                                                                                                                                                                                                                              "},10777,"und",1,{"$f":"VLOOKUP(B9,'INSUMOS SINAPI'!A:E,5,0)","v":945.23},{"$f":"TRUNC(D9*E9,2)","v":945.23}]
[null,null,null,"TOTAL DO CANTEIRO",null,{"$f":"SUM(F7:F9)","v":1595.62}]
[null,null,null,"DURAÇÃO (MESES)",12,{"$f":"F10*E11","v":19147.439999999999}]
[null,null,null,"BDI",null,{"$f":"BDI!C17","v":0.2339}]
[null,null,null,"TOTAL DO CANTEIRO (com BDI)",null,{"$f":"F11+(F11*F12)","v":23626.026215999998}]

{"sheet":"CPU CODEVASF2","index":5,"n_rows":36,"n_cols":9,"rows_kept":36,"cut":false,"hidden":false,"merged":[[34,0,34,7],[35,0,35,7],[30,0,30,7],[31,1,31,2],[31,5,31,7],[32,1,32,2],[32,5,32,7],[33,1,33,2],[33,5,33,7],[29,1,29,2],[29,5,29,7],[21,0,21,7],[22,0,22,7],[23,0,23,7],[24,0,24,7],[25,1,25,2],[25,5,25,7],[26,1,26,2],[26,5,26,7],[27,0,27,7],[28,1,28,2],[28,5,28,7],[17,1,17,2],[18,0,18,7],[19,1,19,2],[19,5,19,7],[20,1,20,2],[20,5,20,7],[10,8,11,8],[12,1,12,2],[13,1,13,2],[14,1,14,2],[15,1,15,2],[10,4,10,5],[10,6,10,7],[16,1,16,2],[9,0,9,1],[10,0,11,0],[10,1,11,2],[10,3,11,3],[6,0,6,1],[6,2,6,8],[7,0,7,1],[7,2,7,8],[8,0,8,1],[8,2,8,8],[0,0,2,8],[3,0,3,8],[4,0,4,1],[4,2,4,8],[5,0,5,1],[5,2,5,8]]}
[]
[]
[]
[{"$f":"'RESUMO MODULO TOTAL'!B1","v":"CONTRATAÇÃO DE SERVIÇOS DE EXECUÇÃO DE PAVIMENTAÇÃO ASFÁLTICA COM CONCRETO BETUMINOSO USINADO A QUENTE (CBUQ) EM VIAS DE DIVERSOS MUNICÍPIOS DO ESTADO PARÁ INSERIDOS NA ÁREA DE ATUAÇÃO DO ESCRITÓRIO DE REPRESENTAÇÃO DE BELÉM - REGIÃO MARAJÓ"}]
["Código",null,"CPU-20"]
["Descrição",null,"BASE ESTABILIZADA GRANULOMETRICAMENTE COM MISTURA SOLO AREIA (70% - 30%) NA PISTA COM MATERIAL DE JAZIDA E AREIA COMERCIAL"]
["Data",null,"Sicro 04/2024 "]
["Estado",null,"Pará"]
["Unidade",null,"M³"]
["Produção de Equipe",null,150.88,"m³"]
["A","Equipamentos",null,"Quant.","Utilização",null,"Custo Operacional",null,"Custo Horário"]
[{"$nulls":4},"Operativa","Improdutiva","Operativa","Improdutiva"]
["E9571","Caminhão tanque com capacidade de 10.000 l - 188 kW",null,"1,00000","0,83","0,17",324.56,86.54,{"$f":"((E13*G13)+(F13*H13))*D13","v":284.09659999999997}]
["E9518","Grade de 24 discos rebocável de D = 60 cm (24\")",null,"1,00000","0,62","0,38",4.91,3.42,{"$f":"((E14*G14)+(F14*H14))*D14","v":4.3437999999999999}]
["E9524","Motoniveladora - 93 kW",null,"1,00000","1,00","0,00",288.81,128.03,288.81]
["E9762","Rolo compactador de pneus autopropelido de 27 t - 85 kW",null,"1,00000","0,86","0,14",257.24,127.29,239.04700000000003]
["E9685","Rolo compactador pé de carneiro vibratório autopropelido por pneus de 11,6 t - 82 kW",null,"1,00000","0,90","0,10",221.52,101.23,209.49100000000001]
["E9577","Trator agrícola sobre pneus - 77 kW",null,"1,00000","0,62","0,38",146.99,55.31,112.1516]
["Custo Horário de Equipamentos",{"$nulls":7},{"$f":"SUM(I13:I18)","v":1137.9399999999998}]
["B","Mão de Obra",null,"Quant.","Unidade","Custo Horário",null,null,"Custo Horário"]
["P9824","Servente",null,"1,00000","h",21.56,null,null,{"$f":"D21*F21","v":21.56}]
["Custo horário total de mão de obra",{"$nulls":7},{"$f":"I21","v":21.56}]
["Custo horário total de execução",{"$nulls":7},{"$f":"I19+I22","v":1159.4999999999998}]
["Custo Unitário de Execução",{"$nulls":7},{"$f":"I23/C10","v":7.6849151643690341}]
["Fator de Influencia da Chuva - FIC",{"$nulls":7},0.34300000000000003]
["C","Material",null,"Quant.","Unidade","Preço Unitário",null,null,"Custo Horário"]
["M0028","Areia média",null,"0,41260","m³",152.87,null,null,{"$f":"D27*F27","v":63.074162000000008}]
["Custo unitário total de material",{"$nulls":7},{"$f":"I27","v":63.074162000000008}]
["D","Atividades Auxiliares",null,"Quant.","Unidade","Preço Unitário",null,null,"Custo Horário"]
[4016096,"Escavação e carga de material de jazida com escavadeira hidráulica de 1,56 m³",null,"0,77019","m³",1.41,null,null,"1,12"]
["Custo Total das Atividades",{"$nulls":7},{"$f":"I30","v":"1,12"}]
["E","Tempos Fixos",null,"Quant.","Unidade","Preço Unitário",null,null,"Custo Horário"]
["4016096 - 5914354","Escavação e carga de material de jazida com escavadeira hidráulica de 1,56 m³ - Carga, manobra e descarga de agregados ou solos em caminhão basculante de 10 m³ - carga com escavadeira de 1,56 m³ (exclusa) e descarga livre",null,"1,44411","t",1.84,null,null,"2,67"]
["M0028 - 5914647","Areia média - Carga, manobra e descarga de agregados ou solos em caminhão basculante de 10 m³ - carga com carregadeira de 3,40 m³ (exclusa) e descarga livre",null,"0,61890","t",1.77,null,null,"1,10"]
["Custo Total dos Tempos Fixos",{"$nulls":7},{"$f":"I33+I34","v":3.77}]
["Custo Unitário Direto Total",{"$nulls":7},{"$f":"I24+I25+I28+I31+I35","v":75.992077164369036}]

{"sheet":"CPU CODEVASF","index":6,"n_rows":67,"n_cols":9,"rows_kept":67,"cut":false,"hidden":false,"merged":[[60,7,61,7],[63,4,63,6],[66,5,66,6],[52,5,53,5],[52,6,53,6],[55,4,55,6],[58,5,58,6],[60,5,61,5],[60,6,61,6],[52,7,53,7],[60,0,61,0],[60,1,61,1],[60,2,61,2],[60,3,61,3],[60,4,61,4],[44,0,45,0],[44,1,45,1],[44,2,45,2],[44,3,45,3],[44,4,45,4],[44,5,45,5],[44,6,45,6],[44,7,45,7],[47,4,47,6],[50,5,50,6],[52,0,53,0],[52,1,53,1],[52,2,53,2],[52,3,53,3],[52,4,53,4],[36,7,37,7],[39,4,39,6],[28,7,29,7],[31,4,31,6],[42,5,42,6],[34,5,34,6],[36,5,37,5],[36,6,37,6],[28,4,29,4],[36,0,37,0],[36,1,37,1],[36,2,37,2],[36,3,37,3],[36,4,37,4],[20,0,21,0],[20,1,21,1],[20,2,21,2],[20,3,21,3],[28,0,29,0],[28,1,29,1],[28,2,29,2],[28,3,29,3],[8,7,9,7],[20,4,21,4],[20,5,21,5],[20,6,21,6],[20,7,21,7],[8,5,9,5],[8,6,9,6],[15,4,15,6],[23,4,23,6],[26,5,26,6],[28,5,29,5],[28,6,29,6],[18,5,18,6],[8,0,9,0],[8,1,9,1],[8,2,9,2],[8,3,9,3],[8,4,9,4],[7,0,7,7],[0,0,2,7],[3,0,3,7],[4,0,6,3],[4,6,4,7],[5,4,6,5]]}
[]
[]
[]
[{"$f":"'RESUMO MODULO TOTAL'!B1","v":"CONTRATAÇÃO DE SERVIÇOS DE EXECUÇÃO DE PAVIMENTAÇÃO ASFÁLTICA COM CONCRETO BETUMINOSO USINADO A QUENTE (CBUQ) EM VIAS DE DIVERSOS MUNICÍPIOS DO ESTADO PARÁ INSERIDOS NA ÁREA DE ATUAÇÃO DO ESCRITÓRIO DE REPRESENTAÇÃO DE BELÉM - REGIÃO MARAJÓ"}]
[{"$nulls":5},"BDI %:",{"$f":"BDI!$C$17","v":0.2339}]
[{"$nulls":4},"Encargos Sociais:",null,"Horista","Mensalista"]
[{"$nulls":6},{"$f":"'ENC. SOCIAIS'!E51/100","v":1.1157999999999999},{"$f":"'ENC. SOCIAIS'!F51/100","v":0.66339999999999988}]
["COMPOSIÇÕES DE CUSTO UNITARIO"]
["CPU-12","CODEVASF",null,"Correção de vazamentos no ramal na rua sem pavimento com fornecimento do material hidráulico","M","COEF.","PRECO UNITÁRIO (R$)","TOTAL (R$)"]
[]
["SICRO","SICRO","P9824",{"$f":"VLOOKUP(C11,'Pessoal Sicro'!$A$5:$G$1048576,2,0)","v":"Servente"},"H",0.2,{"$f":"VLOOKUP(C11,'Pessoal Sicro'!$A$5:$G$1048576,6,0)","v":21.563400000000001},{"$f":"F11*G11","v":4.3126800000000003}]
["SICRO","SICRO","P9807",{"$f":"VLOOKUP(C12,'Pessoal Sicro'!$A$5:$G$1048576,2,0)","v":"Bombeiro hidráulico"},"H",0.1,{"$f":"VLOOKUP(C12,'Pessoal Sicro'!$A$5:$G$1048576,6,0)","v":35.444499999999998},3.5444499999999999]
["INS. SINAPI","SINAPI",9867,"TUBO PVC, SOLDAVEL, DN 20 MM, AGUA FRIA (NBR-5648)","m",1,{"$f":"IFERROR(VLOOKUP(C13,'INSUMOS SINAPI'!A:E,5,FALSE),VLOOKUP(C13,'COMP Sint. Sinapi'!G:K,5,FALSE))","v":3.83},3.83]
["INSUMO","ORSE",10585,"Arco de serra","un",0.1,19.899999999999999,1.99]
["INS. SINAPI","SINAPI",3859,"LUVA SOLDAVEL COM ROSCA, PVC, 20 MM X 1/2\", PARA AGUA FRIA PREDIAL","un",2,{"$f":"IFERROR(VLOOKUP(C15,'INSUMOS SINAPI'!A:E,5,FALSE),VLOOKUP(C15,'COMP Sint. Sinapi'!G:K,5,FALSE))","v":1.38},2.76]
[{"$nulls":4},"Sub total:",null,null,{"$f":"SUM(H11:H15)","v":16.43713}]
[{"$nulls":5},"BDI",{"$f":"BDI!$C$17","v":0.2339},{"$f":"H16*G17","v":3.8446447070000001}]
[{"$nulls":6},"Total Serviços:",{"$f":"H16+H17","v":20.281774707}]
[{"$nulls":4},{"$f":"A9","v":"CPU-12"},"PREÇO UNITÁRIO TOTAL:",null,{"$f":"H18","v":20.281774707},{"$f":"H16","v":16.43713}]
[]
["CPU-13","CODEVASF",null,"AQUISIÇÃO DE CIMENTO ASFALTICO CAP 50/70","t","COEF.","PRECO UNITÁRIO (R$)","TOTAL (R$)"]
[]
[null,null,null,"CIMENTO ASFALTICO 50/70","t",1,{"$f":"RESUMO_Transp!$V$17","v":4596.0610624326464},{"$f":"F23*G23","v":4596.0610624326464}]
[{"$nulls":4},"Sub total:",null,null,{"$f":"SUM(H23)","v":4596.0610624326464}]
[{"$nulls":5},"BDI",0.15,{"$f":"H24*G25","v":689.40915936489694}]
[{"$nulls":6},"Total Serviços:",{"$f":"H24+H25","v":5285.4702217975437}]
[{"$nulls":4},{"$f":"A21","v":"CPU-13"},"PREÇO UNITÁRIO TOTAL:",null,{"$f":"H26","v":5285.4702217975437},{"$f":"H24","v":4596.0610624326464}]
[]
["CPU-14","CODEVASF",null,"AQUISIÇÃO DE EAI","t","COEF.","PRECO UNITÁRIO (R$)","TOTAL (R$)"]
[]
[null,null,null,"EAI","t",1,{"$f":"RESUMO_Transp!$V$35","v":2748.4535193030847},{"$f":"F31*G31","v":2748.4535193030847}]
[{"$nulls":4},"Sub total:",null,null,{"$f":"SUM(H31)","v":2748.4535193030847}]
[{"$nulls":5},"BDI",0.15,{"$f":"H32*G33","v":412.26802789546269}]
[{"$nulls":6},"Total Serviços:",{"$f":"H32+H33","v":3160.7215471985473}]
[{"$nulls":4},{"$f":"A29","v":"CPU-14"},"PREÇO UNITÁRIO TOTAL:",null,{"$f":"H34","v":3160.7215471985473},{"$f":"H32","v":2748.4535193030847}]
[]
["CPU-15","CODEVASF",null,"AQUISIÇÃO DE EMULSÃO ASFÁLTICA RR-1C","t","COEF.","PRECO UNITÁRIO (R$)","TOTAL (R$)"]
[]
[null,null,null,"EMULSÃO ASFÁLTICA RR-1C","t",1,{"$f":"RESUMO_Transp!$V$42","v":3274.9294409196782},{"$f":"F39*G39","v":3274.9294409196782}]
[{"$nulls":4},"Sub total:",null,null,{"$f":"SUM(H39)","v":3274.9294409196782}]
[{"$nulls":5},"BDI",0.15,{"$f":"ROUND(H40,2)*ROUND(G41,4)","v":491.23949999999996}]
[{"$nulls":6},"Total Serviços:",{"$f":"H40+H41","v":3766.1689409196783}]
[{"$nulls":4},{"$f":"A37","v":"CPU-15"},"PREÇO UNITÁRIO TOTAL:",null,{"$f":"H42","v":3766.1689409196783},{"$f":"H40","v":3274.9294409196782}]
[]
["CPU-17","CODEVASF",null,"TRANSPORTE DE CIMENTO ASFALTICO CAP 50/70","t","COEF.","PRECO UNITÁRIO (R$)","TOTAL (R$)"]
[]
[null,null,null,"TRANSPORTE DE CIMENTO ASFALTICO 50/70","t",1,{"$f":"RESUMO_Transp!$U$17","v":1235.46},{"$f":"F47*G47","v":1235.46}]
[{"$nulls":4},"Sub total:",null,null,{"$f":"SUM(H47)","v":1235.46}]
[{"$nulls":5},"BDI",0.15,{"$f":"H48*G49","v":185.31899999999999}]
[{"$nulls":6},"Total Serviços:",{"$f":"H48+H49","v":1420.779}]
[{"$nulls":4},{"$f":"A45","v":"CPU-17"},"PREÇO UNITÁRIO TOTAL:",null,{"$f":"H50","v":1420.779},{"$f":"H48","v":1235.46}]
[]
["CPU-18","CODEVASF",null,"TRANSPORTE DE EAI","t","COEF.","PRECO UNITÁRIO (R$)","TOTAL (R$)"]
[]
[null,null,null,"TRANSPORTE DE EAI","t",1,{"$f":"RESUMO_Transp!$U$35","v":1750.767142857143},{"$f":"F55*G55","v":1750.767142857143}]
[{"$nulls":4},"Sub total:",null,null,{"$f":"SUM(H55)","v":1750.767142857143}]
[{"$nulls":5},"BDI",0.15,{"$f":"H56*G57","v":262.61507142857141}]
[{"$nulls":6},"Total Serviços:",{"$f":"H56+H57","v":2013.3822142857143}]
[{"$nulls":4},{"$f":"A53","v":"CPU-18"},"PREÇO UNITÁRIO TOTAL:",null,{"$f":"H58","v":2013.3822142857143},{"$f":"H56","v":1750.767142857143}]
[]
["CPU-19","CODEVASF",null,"TRANSPORTE DE EMULSÃO ASFÁLTICA RR-1C","t","COEF.","PRECO UNITÁRIO (R$)","TOTAL (R$)"]
[]
[null,null,null,"TRANSPORTE DE EMULSÃO ASFÁLTICA RR-1C","t",1,{"$f":"RESUMO_Transp!$U$42","v":1503.5909523809523},{"$f":"F63*G63","v":1503.5909523809523}]
[{"$nulls":4},"Sub total:",null,null,{"$f":"SUM(H63)","v":1503.5909523809523}]
[{"$nulls":5},"BDI",0.15,{"$f":"H64*G65","v":225.53864285714283}]
[{"$nulls":6},"Total Serviços:",{"$f":"H64+H65","v":1729.1295952380951}]
[{"$nulls":4},{"$f":"A61","v":"CPU-19"},"PREÇO UNITÁRIO TOTAL:",null,{"$f":"H66","v":1729.1295952380951},{"$f":"H64","v":1503.5909523809523}]

{"sheet":"Adm Local","index":7,"n_rows":251,"n_cols":10,"rows_kept":251,"cut":false,"hidden":false,"merged":[[85,3,85,4],[85,5,85,6],[85,7,85,8],[86,3,86,4],[86,5,86,6],[86,7,86,8],[87,5,87,6],[87,7,87,8],[229,3,229,4],[229,5,229,6],[152,3,152,4],[152,5,152,6],[152,7,152,8],[190,1,190,4],[225,3,225,4],[225,5,225,6],[225,7,225,8],[226,3,226,4],[226,5,226,6],[226,7,226,8],[188,1,188,4],[187,0,187,8],[189,1,189,4],[220,0,220,8],[74,7,74,8],[75,5,75,6],[75,7,75,8],[82,0,82,8],[83,3,83,4],[83,5,83,6],[83,7,83,8],[84,3,84,4],[84,5,84,6],[84,7,84,8],[244,3,244,4],[244,5,244,6],[244,7,244,8],[245,3,245,4],[245,5,245,6],[245,7,245,8],[242,3,242,4],[242,5,242,6],[240,3,240,4],[240,5,240,6],[240,7,240,8],[241,3,241,4],[241,5,241,6],[241,7,241,8],[242,7,242,8],[243,3,243,4],[243,5,243,6],[243,7,243,8],[249,3,249,4],[249,5,249,6],[250,3,250,4],[250,5,250,6],[246,7,246,8],[247,3,247,4],[247,5,247,6],[247,7,247,8],[248,3,248,4],[248,5,248,6],[248,7,248,8],[238,3,238,4],[238,5,238,6],[238,7,238,8],[239,3,239,4],[239,5,239,6],[231,3,231,4],[231,5,231,6],[231,7,231,8],[232,3,232,4],[232,5,232,6],[232,7,232,8],[236,7,236,8],[233,3,233,4],[233,5,233,6],[233,7,233,8],[234,3,234,4],[234,5,234,6],[234,7,234,8],[235,3,235,4],[235,5,235,6],[235,7,235,8],[236,3,236,4],[236,5,236,6],[239,7,239,8],[229,7,229,8],[223,3,223,4],[223,5,223,6],[223,7,223,8],[224,3,224,4],[224,5,224,6],[224,7,224,8],[237,3,237,4],[237,5,237,6],[237,7,237,8],[230,3,230,4],[230,5,230,6],[230,7,230,8],[206,3,206,4],[206,5,206,6],[206,7,206,8],[207,3,207,4],[207,5,207,6],[227,3,227,4],[227,5,227,6],[227,7,227,8],[228,3,228,4],[228,5,228,6],[228,7,228,8],[221,3,221,4],[221,5,221,6],[221,7,221,8],[222,3,222,4],[222,5,222,6],[222,7,222,8],[215,3,215,4],[215,5,215,6],[215,7,215,8],[216,7,216,8],[213,3,213,4],[213,5,213,6],[213,7,213,8],[207,7,207,8],[214,3,214,4],[214,5,214,6],[214,7,214,8],[211,3,211,4],[211,5,211,6],[211,7,211,8],[212,3,212,4],[212,5,212,6],[212,7,212,8],[208,3,208,4],[208,5,208,6],[208,7,208,8],[210,3,210,4],[210,5,210,6],[210,7,210,8],[204,3,204,4],[204,5,204,6],[204,7,204,8],[205,3,205,4],[205,5,205,6],[205,7,205,8],[202,3,202,4],[202,5,202,6],[202,7,202,8],[203,3,203,4],[203,5,203,6],[203,7,203,8],[154,3,154,4],[154,5,154,6],[154,7,154,8],[155,5,155,6],[155,7,155,8],[201,0,201,8],[151,3,151,4],[151,5,151,6],[151,7,151,8],[153,3,153,4],[153,5,153,6],[153,7,153,8],[194,0,194,8],[195,1,195,4],[198,1,198,4],[196,1,196,4],[197,1,197,4],[191,1,191,4],[157,0,157,8],[159,1,159,4],[158,0,158,8],[172,0,172,8],[173,0,173,8],[174,1,174,4],[149,3,149,4],[149,5,149,6],[149,7,149,8],[150,3,150,4],[150,5,150,6],[150,7,150,8],[145,3,145,4],[145,5,145,6],[145,7,145,8],[146,5,146,6],[146,7,146,8],[148,0,148,8],[143,3,143,4],[143,5,143,6],[143,7,143,8],[144,3,144,4],[144,5,144,6],[144,7,144,8],[139,3,139,4],[139,5,139,6],[139,7,139,8],[140,5,140,6],[140,7,140,8],[142,0,142,8],[137,3,137,4],[137,5,137,6],[137,7,137,8],[138,3,138,4],[138,5,138,6],[138,7,138,8],[135,3,135,4],[135,5,135,6],[135,7,135,8],[136,3,136,4],[136,5,136,6],[136,7,136,8],[133,3,133,4],[133,5,133,6],[133,7,133,8],[134,3,134,4],[134,5,134,6],[134,7,134,8],[129,5,129,6],[129,7,129,8],[131,0,131,8],[132,3,132,4],[132,5,132,6],[132,7,132,8],[128,3,128,4],[128,5,128,6],[128,7,128,8],[124,3,124,4],[124,5,124,6],[124,7,124,8],[125,3,125,4],[125,5,125,6],[125,7,125,8],[126,3,126,4],[126,5,126,6],[126,7,126,8],[127,3,127,4],[127,5,127,6],[127,7,127,8],[120,3,120,4],[120,5,120,6],[120,7,120,8],[121,5,121,6],[121,7,121,8],[123,0,123,8],[118,3,118,4],[118,5,118,6],[118,7,118,8],[119,3,119,4],[119,5,119,6],[119,7,119,8],[114,5,114,6],[114,7,114,8],[116,0,116,8],[117,3,117,4],[117,5,117,6],[117,7,117,8],[112,3,112,4],[112,5,112,6],[112,7,112,8],[113,3,113,4],[113,5,113,6],[113,7,113,8],[110,3,110,4],[110,5,110,6],[110,7,110,8],[111,3,111,4],[111,5,111,6],[111,7,111,8],[108,3,108,4],[108,5,108,6],[108,7,108,8],[109,3,109,4],[109,5,109,6],[109,7,109,8],[99,3,99,4],[99,5,99,6],[99,7,99,8],[100,5,100,6],[100,7,100,8],[107,0,107,8],[97,3,97,4],[97,5,97,6],[97,7,97,8],[98,3,98,4],[98,5,98,6],[98,7,98,8],[95,3,95,4],[95,5,95,6],[95,7,95,8],[96,3,96,4],[96,5,96,6],[96,7,96,8],[62,3,62,4],[62,5,62,6],[62,7,62,8],[63,5,63,6],[63,7,63,8],[94,0,94,8],[70,0,70,8],[71,3,71,4],[71,5,71,6],[71,7,71,8],[72,3,72,4],[72,5,72,6],[72,7,72,8],[73,3,73,4],[73,5,73,6],[73,7,73,8],[74,3,74,4],[74,5,74,6],[60,3,60,4],[60,5,60,6],[60,7,60,8],[61,3,61,4],[61,5,61,6],[61,7,61,8],[51,5,51,6],[51,7,51,8],[58,0,58,8],[59,3,59,4],[59,5,59,6],[59,7,59,8],[49,3,49,4],[49,5,49,6],[49,7,49,8],[50,3,50,4],[50,5,50,6],[50,7,50,8],[30,0,30,8],[46,0,46,8],[47,3,47,4],[47,5,47,6],[47,7,47,8],[48,3,48,4],[48,5,48,6],[48,7,48,8],[26,3,26,4],[26,5,26,6],[26,7,26,8],[27,3,27,4],[27,5,27,6],[27,7,27,8],[24,3,24,4],[24,5,24,6],[24,7,24,8],[25,3,25,4],[25,5,25,6],[25,7,25,8],[22,3,22,4],[22,5,22,6],[22,7,22,8],[23,3,23,4],[23,5,23,6],[23,7,23,8],[20,3,20,4],[20,5,20,6],[20,7,20,8],[21,3,21,4],[21,5,21,6],[21,7,21,8],[18,3,18,4],[18,5,18,6],[18,7,18,8],[19,3,19,4],[19,5,19,6],[19,7,19,8],[16,3,16,4],[16,5,16,6],[16,7,16,8],[17,3,17,4],[17,5,17,6],[17,7,17,8],[14,3,14,4],[14,5,14,6],[14,7,14,8],[15,3,15,4],[15,5,15,6],[15,7,15,8],[12,3,12,4],[12,5,12,6],[12,7,12,8],[13,3,13,4],[13,5,13,6],[13,7,13,8],[10,3,10,4],[10,5,10,6],[10,7,10,8],[11,3,11,4],[11,5,11,6],[11,7,11,8],[8,3,8,4],[8,5,8,6],[8,7,8,8],[9,3,9,4],[9,5,9,6],[9,7,9,8],[7,3,7,4],[7,5,7,6],[7,7,7,8],[4,3,4,4],[4,5,4,6],[4,7,4,8],[5,3,5,4],[5,5,5,6],[5,7,5,8],[0,0,0,8],[1,0,1,8],[2,3,2,4],[2,5,2,6],[2,7,2,8],[3,3,3,4],[3,5,3,6],[3,7,3,8],[6,3,6,4],[6,5,6,6],[6,7,6,8]]}
[]
["parcela fixa da administração local \n(mão de obra)"]
["Código","Discriminação ","Unidade"," Quantidade ",null,"Custo Unitário (R$)",null," Custo Total (R$)"]
[null,"Mão de Obra"]
[null,"Gerência Técnica"]
[null,"Geral"]
["P9955","Engenheiro chefe","mês",0.5,null,{"$f":"VLOOKUP(A7,'Pessoal Sicro'!$A$6:$G$118,6,0)","v":28745.6944},null,{"$f":"F7*D7","v":14372.8472}]
["P9840","Encarregado geral","mês",0.5,null,{"$f":"VLOOKUP(A8,'Pessoal Sicro'!$A$6:$G$118,6,0)","v":12824.151900000001},null,{"$f":"F8*D8","v":6412.0759500000004}]
["P9897","Técnico de meio ambiente","mês",0,null,{"$f":"VLOOKUP(A9,'Pessoal Sicro'!$A$6:$G$118,6,0)","v":7780.0995000000003},null,{"$f":"F9*D9","v":0}]
["P9948","Motorista","mês",0,null,{"$f":"VLOOKUP(A10,'Pessoal Sicro'!$A$6:$G$118,6,0)","v":4999.9467999999997},null,{"$f":"F10*D10","v":0}]
["P9878","Secretária","mês",0,null,{"$f":"VLOOKUP(A11,'Pessoal Sicro'!$A$6:$G$118,6,0)","v":6355.6849000000002},null,{"$f":"F11*D11","v":0}]
[{"$nulls":5},"Subtotal do Item 1.1",null,{"$f":"SUM(H7:I11)","v":20784.923150000002}]
[null,"Auxiliar"]
["P9946","Engenheiro auxiliar","mês",1,null,{"$f":"VLOOKUP(A14,'Pessoal Sicro'!$A$6:$G$118,6,0)","v":22135.5046},null,{"$f":"D14*F14","v":22135.5046}]
["P9903","Auxiliar técnico","mês",0,null,{"$f":"VLOOKUP(A15,'Pessoal Sicro'!$A$6:$G$118,6,0)","v":4854.8434999999999},null,{"$f":"D15*F15","v":0}]
[{"$nulls":5},"Subtotal do Item 1.2",null,{"$f":"SUM(H14:I15)","v":22135.5046}]
[null,"Gerência Administrativa"]
[null,"Geral"]
["P9883","Chefe do setor administrativo","mês",1,null,{"$f":"VLOOKUP(A19,'Pessoal Sicro'!$A$6:$G$118,6,0)","v":8062.5712000000003},null,{"$f":"F19*D19","v":8062.5712000000003}]
["P9809","Encarregado administrativo","mês",0,null,{"$f":"VLOOKUP(A20,'Pessoal Sicro'!$A$6:$G$118,6,0)","v":8062.2785000000003},null,{"$f":"F20*D20","v":0}]
["P9896","Porteiro","mês",0,null,{"$f":"VLOOKUP(A21,'Pessoal Sicro'!$A$6:$G$118,6,0)","v":4527.0950999999995},null,{"$f":"F21*D21","v":0}]
["P9827","Vigia","mês",0,null,{"$f":"VLOOKUP(A22,'Pessoal Sicro'!$A$6:$G$118,6,0)","v":4916.3847999999998},null,{"$f":"F22*D22","v":0}]
["P9948","Motorista","mês",0,null,{"$f":"VLOOKUP(A23,'Pessoal Sicro'!$A$6:$G$118,6,0)","v":4999.9467999999997},null,{"$f":"F23*D23","v":0}]
[{"$nulls":5},"Subtotal do Item 1.3",null,{"$f":"SUM(H19:I23)","v":8062.5712000000003}]
[null,"Auxiliar"]
["P9806","Auxiliar administrativo","mês",1,null,{"$f":"VLOOKUP(A26,'Pessoal Sicro'!$A$6:$G$118,6,0)","v":5037.1862000000001},null,{"$f":"F26*D26","v":5037.1862000000001}]
["P9842","Faxineiro","mês",0,null,{"$f":"VLOOKUP(A27,'Pessoal Sicro'!$A$6:$G$118,6,0)","v":4165.3060999999998},null,{"$f":"F27*D27","v":0}]
[{"$nulls":5},"Subtotal do Item 1.4",null,{"$f":"SUM(H26:I27)","v":5037.1862000000001}]
[{"$nulls":7},"Total da Mão de Obra da Parcela Fixa",{"$f":"H28+H24+H16+H12","v":56020.185150000005}]
[]
["parcela fixa da administração local \n(veículos)"]
["Código","Discriminação ","Unidade"," Quantidade ","Utilização Produtiva","Utilização Improdutiva","Custo Horário \nProdutivo (R$)","Custo Horário Improdutivo (R$)","Custo Total (R$)"]
[2,"Veículos"]
[null,"Gerência Técnica"]
["2.1","Geral"]
["E9093","Veículo Leve 53 kw","mês",1,44,176,{"$f":"VLOOKUP(A36,Equipamentos!$A$4:$K$541,10,0)","v":34.692500000000003},{"$f":"VLOOKUP(A36,Equipamentos!$A$4:$K$541,11,0)","v":6.1203000000000003},{"$f":"((E36*G36)+(F36*H36))*D36","v":2603.6428000000001}]
["E9560","Ônibus coletivo - 175 kw","mês",0,44,176,{"$f":"VLOOKUP(A37,Equipamentos!$A$4:$K$541,10,0)","v":350.88},{"$f":"VLOOKUP(A37,Equipamentos!$A$4:$K$541,11,0)","v":105.9093},{"$f":"((E37*G37)+(F37*H37))*D37","v":0}]
[{"$nulls":7},"Subtotal do Item 2",{"$f":"SUM(I36:I37)","v":2603.6428000000001}]
["2.2","Auxiliar"]
["E9093","Veículo Leve 53 kw","mês",0,44,176,{"$f":"G36","v":34.692500000000003},{"$f":"H36","v":6.1203000000000003},{"$f":"((E40*G40)+(F40*H40))*D40","v":0}]
[{"$nulls":7},"Subtotal do Item 2",{"$f":"SUM(I40)","v":0}]
["2.3","Gerência Administrativa"]
["E9093","Veículo Leve 53 kw","mês",0,44,176,{"$f":"G36","v":34.692500000000003},{"$f":"H36","v":6.1203000000000003},{"$f":"((E43*G43)+(F43*H43))*D43","v":0}]
[{"$nulls":7},"Subtotal do Item 2",{"$f":"I43","v":0}]
[{"$nulls":7},"Total dos Veículos da Parcela Fixa",{"$f":"I44+I41+I38","v":2603.6428000000001}]
[]
["Composição de custo da equipe de produção de terraplenagem"]
["Código","Discriminação ","Unidade"," Quantidade ",null,"Custo Unitário (R$)",null," Custo Total (R$)"]
[null,"Equipe de Produção de Terraplenagem"]
["3.1","Mão de Obra"]
["P9884","Encarregado de produção ","mês",1,null,{"$f":"VLOOKUP(A51,'Pessoal Sicro'!$A$6:$G$118,6,0)","v":8879.5861999999997},null,{"$f":"F51*D51","v":8879.5861999999997}]
[{"$nulls":5},"Subtotal do Item 3.1",null,{"$f":"SUM(H51:H51)","v":8879.5861999999997}]
["Código","Discriminação ","Unidade"," Quantidade ","Utilização Produtiva","Utilização Improdutiva","Custo Horário \nProdutivo (R$)","Custo Horário Improdutivo (R$)","Custo Total (R$)"]
["3.2","Veículos"]
[null,"Veículo Leve 53 kw","mês",1,44,176,{"$f":"G36","v":34.692500000000003},{"$f":"H36","v":6.1203000000000003},{"$f":"((E55*G55)+(F55*H55))*D55","v":2603.6428000000001}]
[{"$nulls":7},"Subtotal do Item 3.2",{"$f":"SUM(I55:I55)","v":2603.6428000000001}]
[{"$nulls":7},"Total da Equipe de Produção de Terraplenagem",{"$f":"I56+H52","v":11483.228999999999}]
[]
["Composição de custo da equipe de produção de pavimentação"]
["Código","Discriminação ","Unidade"," Quantidade ",null,"Custo Unitário (R$)",null," Custo Total (R$)"]
[null,"Equipe de Produção de Pavimentação"]
["3.1","Mão de Obra"]
["P9893","Encarregado de produção ","mês",1,null,{"$f":"VLOOKUP(A63,'Pessoal Sicro'!$A$6:$G$118,6,0)","v":8879.5861999999997},null,{"$f":"F63*D63","v":8879.5861999999997}]
[{"$nulls":5},"Subtotal do Item 3.1",null,{"$f":"SUM(H63:H63)","v":8879.5861999999997}]
["Código","Discriminação ","Unidade"," Quantidade ","Utilização Produtiva","Utilização Improdutiva","Custo Horário \nProdutivo (R$)","Custo Horário Improdutivo (R$)","Custo Total (R$)"]
["3.2","Veículos"]
[null,"Veículo Leve 53 kw","mês",1,44,176,{"$f":"$G$36","v":34.692500000000003},{"$f":"$H$36","v":6.1203000000000003},{"$f":"((E67*G67)+(F67*H67))*D67","v":2603.6428000000001}]
[{"$nulls":7},"Subtotal do Item 3.2",{"$f":"SUM(I67:I67)","v":2603.6428000000001}]
[{"$nulls":7},"Total da Equipe de Produção de Pavimentação",{"$f":"I68+H64","v":11483.228999999999}]
[]
["Composição de custo da equipe de produção de drenagem"]
["Código","Discriminação ","Unidade"," Quantidade ",null,"Custo Unitário (R$)",null," Custo Total (R$)"]
[null,"Equipe de Produção de Pavimentação"]
["3.1","Mão de Obra"]
["P9893","Encarregado de produção ","mês",1,null,{"$f":"VLOOKUP(A75,'Pessoal Sicro'!$A$6:$G$118,6,0)","v":8879.5861999999997},null,{"$f":"F75*D75","v":8879.5861999999997}]
[{"$nulls":5},"Subtotal do Item 3.1",null,{"$f":"SUM(H75:H75)","v":8879.5861999999997}]
["Código","Discriminação ","Unidade"," Quantidade ","Utilização Produtiva","Utilização Improdutiva","Custo Horário \nProdutivo (R$)","Custo Horário Improdutivo (R$)","Custo Total (R$)"]
["3.2","Veículos"]
[null,"Veículo Leve 53 kw","mês",1,44,176,{"$f":"$G$36","v":34.692500000000003},{"$f":"$H$36","v":6.1203000000000003},{"$f":"((E79*G79)+(F79*H79))*D79","v":2603.6428000000001}]
[{"$nulls":7},"Subtotal do Item 3.2",{"$f":"SUM(I79:I79)","v":2603.6428000000001}]
[{"$nulls":7},"Total da Equipe de Produção de Pavimentação",{"$f":"I80+H76","v":11483.228999999999}]
[]
["Composição de custo da equipe de produção de sinalização"]
["Código","Discriminação ","Unidade"," Quantidade ",null,"Custo Unitário (R$)",null," Custo Total (R$)"]
[null,"Equipe de Produção de Pavimentação"]
["3.1","Mão de Obra"]
["P9893","Encarregado de produção ","mês",1,null,{"$f":"VLOOKUP(A87,'Pessoal Sicro'!$A$6:$G$118,6,0)","v":8879.5861999999997},null,{"$f":"F87*D87","v":8879.5861999999997}]
[{"$nulls":5},"Subtotal do Item 3.1",null,{"$f":"SUM(H87:H87)","v":8879.5861999999997}]
["Código","Discriminação ","Unidade"," Quantidade ","Utilização Produtiva","Utilização Improdutiva","Custo Horário \nProdutivo (R$)","Custo Horário Improdutivo (R$)","Custo Total (R$)"]
["3.2","Veículos"]
[null,"Veículo Leve 53 kw","mês",1,44,176,{"$f":"$G$36","v":34.692500000000003},{"$f":"$H$36","v":6.1203000000000003},{"$f":"((E91*G91)+(F91*H91))*D91","v":2603.6428000000001}]
[{"$nulls":7},"Subtotal do Item 3.2",{"$f":"SUM(I91:I91)","v":2603.6428000000001}]
[{"$nulls":7},"Total da Equipe de Produção de Pavimentação",{"$f":"I92+H88","v":11483.228999999999}]
[]
["Composição de custo da equipe topografia"]
["Código","Discriminação ","Unidade"," Quantidade ",null,"Custo Unitário (R$)",null," Custo Total (R$)"]
[null,"Equipe de Topografia"]
["3.1","Mão de Obra"]
["P9949","Topográfo","mês",1,null,{"$f":"VLOOKUP(A99,'Pessoal Sicro'!$A$6:$G$118,6,0)","v":7980.0823},null,{"$f":"F99*D99","v":7980.0823}]
["P9950","Auxiliar de topografia","mês",1,null,{"$f":"VLOOKUP(A100,'Pessoal Sicro'!$A$6:$G$118,6,0)","v":4573.2700999999997},null,{"$f":"F100*D100","v":4573.2700999999997}]
[{"$nulls":5},"Subtotal do Item 3.1",null,{"$f":"SUM(H99:I100)","v":12553.3524}]
["Código","Discriminação ","Unidade"," Quantidade ","Utilização Produtiva","Utilização Improdutiva","Custo Horário \nProdutivo (R$)","Custo Horário Improdutivo (R$)","Custo Total (R$)"]
["3.2","Veículos"]
[null,"Veículo Leve 53 kw","mês",1,44,176,{"$f":"G36","v":34.692500000000003},{"$f":"H36","v":6.1203000000000003},{"$f":"((E104*G104)+(F104*H104))*D104","v":2603.6428000000001}]
[{"$nulls":7},"Subtotal do Item 3.2",{"$f":"SUM(I104:I104)","v":2603.6428000000001}]
[{"$nulls":7},"Total da Equipe de Produção de Topografia",{"$f":"I105+H101","v":15156.995199999999}]
[]
["Composição de custo do setor de medicina e segurança do trabalho"]
["Código","Discriminação ","Unidade"," Quantidade ",null,"Custo Unitário (R$)",null," Custo Total (R$)"]
[4,"Setor de Medicina e Segurança do Trabalho"]
["P9876","Técnico de segurança do trabalho","mês",1,null,{"$f":"VLOOKUP(A111,'Pessoal Sicro'!$A$6:$G$118,6,0)","v":7912.0998},null,{"$f":"F111*D111","v":7912.0998}]
["P9864","Engenheiro de segurança do trabalho","mês",0,null,{"$f":"VLOOKUP(A112,'Pessoal Sicro'!$A$6:$G$118,6,0)","v":22615.456200000001},null,{"$f":"F112*D112","v":0}]
["P9851","Médico do trabalho","mês",0,null,{"$f":"VLOOKUP(A113,'Pessoal Sicro'!$A$6:$G$118,6,0)","v":18434.5124},null,{"$f":"F113*D113","v":0}]
["P9951","Médico de câmara hiperbárica","mês",0,null,{"$f":"VLOOKUP(A114,'Pessoal Sicro'!$A$6:$G$118,6,0)","v":20383.229800000001},null,{"$f":"F114*D114","v":0}]
[{"$nulls":5},"Subtotal do Item 4",null,{"$f":"SUM(H111:I114)","v":7912.0998}]
[]
["Parcela Variável - Composição de custo da equipe de frente de serviço"]
["Código","Discriminação ","Unidade"," Quantidade ",null,"Custo Unitário (R$)",null," Custo Total (R$)"]
[5,"Equipe de Frente de Serviço","equipexmês"]
["P9875","Encarregado de Turma","mês",1,null,{"$f":"VLOOKUP(A120,'Pessoal Sicro'!$A$6:$G$118,6,0)","v":5884.3028999999997},null,{"$f":"F120*D120","v":5884.3028999999997}]
["P9804","Apontador","mês",0.5,null,{"$f":"VLOOKUP(A121,'Pessoal Sicro'!$A$6:$G$118,6,0)","v":5025.3567999999996},null,{"$f":"F121*D121","v":2512.6783999999998}]
[{"$nulls":5},"Subtotal do Item 5",null,{"$f":"SUM(H120:I121)","v":8396.9812999999995}]
[]
["Parcela Variável - Composição de custo da equipe de frente de serviço (Terraplenagem) - Somente Compactação "]
["Código","Discriminação ","Unidade"," Quantidade ",null,"Produção Horária \n(und/h)",null,"Efs"]
["5.1","Equipe de Frente de Serviço","equipexmês"]
[null,null,"mês",{"$nulls":4},{"$f":"(D127)/(F127*182.49)","v":{"$error":"#DIV/0!"}}]
[null,null,"mês",{"$nulls":4},{"$f":"(D128)/(F128*182.49)","v":{"$error":"#DIV/0!"}}]
[null,null,"mês",{"$nulls":4},{"$f":"(D129)/(F129*182.49)","v":{"$error":"#DIV/0!"}}]
[{"$nulls":5},"Total de Equipes para Terraplenagem",null,{"$f":"SUM(H129:I129)","v":{"$error":"#DIV/0!"}}]
[]
["Parcela Variável - Composição de custo da acompanhamento das frentes de serviço de pavimentação"]
["Código","Discriminação ","Unidade"," Quantidade ",null,"Produção Horária \n(und/h)",null,"Efs"]
["5.2","Equipe de Frente de Serviço","equipe x mês"]
[4011463,{"$f":"VLOOKUP(A135,'SINTÉTICO SICRO'!$A$4:$D$6373,2,0)","v":"Concreto asfáltico - faixa C - areia e brita comerciais"},"m²",{"$f":"'RESUMO MODULO TOTAL'!J23","v":33600},null,99.6,null,{"$f":"(D135)/(F135*182.49)","v":1.8485911424755408}]
[4011351,{"$f":"VLOOKUP(A136,'SINTÉTICO SICRO'!$A$4:$D$6373,2,0)","v":"Imprimação com asfalto diluído"},"m²",{"$f":"'RESUMO MODULO TOTAL'!J24","v":280000},null,1125,null,1.3638494651152879]
[4011353,{"$f":"VLOOKUP(A137,'SINTÉTICO SICRO'!$A$4:$D$6373,2,0)","v":"Pintura de ligação"},"m²",{"$f":"'RESUMO MODULO TOTAL'!J25","v":280000},null,1500,null,1.022887098836466]
[4011268,{"$f":"VLOOKUP(A138,'SINTÉTICO SICRO'!$A$4:$D$6373,2,0)","v":"Base estabilizada granulometricamente com mistura solo brita (70% - 30%) em usina com material de jazida e brita comercial"},"m³",{"$f":"'RESUMO MODULO TOTAL'!J26","v":42000},null,120.7,null,1.9067903665137103]
[4011235,{"$f":"VLOOKUP(A139,'SINTÉTICO SICRO'!$A$4:$D$6373,2,0)","v":"Sub-base estabilizada granulometricamente com mistura solo brita (70% - 30%) em usina com material de jazida e brita comercial"},"m³",{"$f":"'RESUMO MODULO TOTAL'!J27","v":42000},null,120.7,null,1.9067903665137103]
[4011209,{"$f":"VLOOKUP(A140,'SINTÉTICO SICRO'!$A$4:$D$6373,2,0)","v":"Regularização do subleito"},"m²",{"$f":"'RESUMO MODULO TOTAL'!J28","v":280000},null,1121.33,null,1.3683132068656854]
[{"$nulls":5},"Total de Equipes para Pavimentação",null,{"$f":"SUM(H135:I140)","v":9.4172216463204013}]
[]
["Parcela Variável - Composição de custo da acompanhamento das frentes de serviço de drenagem"]
["Código","Discriminação ","Unidade"," Quantidade ",null,"Efsdu",null,"Efs"]
["5.3","Frentes de Serviço para Drenagem","equipe x mês"]
[{"$f":"'RESUMO MODULO TOTAL'!D42","v":2003943},{"$f":"VLOOKUP(A146,'SINTÉTICO SICRO'!$A$4:$D$6373,2,0)","v":"Meio-fio de concreto - MFC 03 moldado no local com extrusora e concreto usinado - areia e brita comerciais"},"m",{"$f":"'RESUMO MODULO TOTAL'!J42","v":80000},null,2.1000000000000001E-4,null,{"$f":"D146*F146","v":16.8}]
[{"$nulls":5},"Total de Equipes para Drenagem",null,{"$f":"H146","v":16.8}]
[]
["Parcela Variável - Composição de custo da acompanhamento das frentes de serviço de sinalização"]
["Código","Discriminação ","Unidade"," Quantidade ",null,"Produção Horária (und/h)",null,"Efs"]
["5.4","Frentes de Serviço para Sinalização","equipe x mês"]
[{"$f":"'RESUMO MODULO TOTAL'!D37","v":5213440},{"$f":"VLOOKUP(A152,'SINTÉTICO SICRO'!$A$4:$D$6373,2,0)","v":"Placa de regulamentação em aço D = 0,60 m - película retrorrefletiva tipo I + SI - fornecimento e implantação"},"Unidade",{"$f":"'RESUMO MODULO TOTAL'!J37","v":120},null,3,null,{"$f":"0.2*((D152)/(F152*182.49))","v":4.3838018521562827E-2}]
[{"$f":"'RESUMO MODULO TOTAL'!D38","v":5213464},{"$f":"VLOOKUP(A153,'SINTÉTICO SICRO'!$A$4:$D$6373,2,0)","v":"Placa de advertência em aço, lado de 0,60 m - película retrorrefletiva tipo I + SI - fornecimento e implantação"},"Unidade",{"$f":"'RESUMO MODULO TOTAL'!J38","v":120},null,3,null,{"$f":"0.2*((D153)/(F153*182.49))","v":4.3838018521562827E-2}]
[{"$f":"'RESUMO MODULO TOTAL'!D39","v":5213863},{"$f":"VLOOKUP(A154,'SINTÉTICO SICRO'!$A$4:$D$6373,2,0)","v":"Suporte metálico galvanizado para placa de advertência ou regulamentação - lado ou diâmetro de 0,60 m - fornecimento e implantação"},"Unidade",{"$f":"'RESUMO MODULO TOTAL'!J39","v":240},null,4.0999999999999996,null,{"$f":"0.2*((D154)/(F154*182.49))","v":6.4153197836433404E-2}]
[{"$f":"'RESUMO MODULO TOTAL'!D40","v":5213400},{"$f":"VLOOKUP(A155,'SINTÉTICO SICRO'!$A$4:$D$6373,2,0)","v":"Pintura de faixa com tinta acrílica - espessura de 0,4 mm"},"m²",{"$f":"'RESUMO MODULO TOTAL'!J40","v":11200},null,177.07,null,6.9320862856709728E-2]
[{"$nulls":5},"Total de Equipes para Sinalização",null,{"$f":"SUM(H152:I155)","v":0.22115009773626881},null,{"$f":"H156+H147","v":17.021150097736271}]
[]
["3. PARCELA VARIÁVEL - EQUIPE DE CONTROLE TECNOLÓGICO"]
["LABORATÓRIO DE SOLOS"]
["Item","Discriminação",null,null,null,"Unidade","Quantidade","Custo Unitário (R$)","Custo Total (R$)"]
[null,"Laboratório de Solos (equipe x mês)"]
[null,"Mão de Obra"]
["P9858","Laboratorista",null,null,null,"func./mês",1,{"$f":"VLOOKUP(A163,'Pessoal Sicro'!$A$6:$G$118,6,0)","v":6739.0536000000002},{"$f":"TRUNC(G163*H163,2)","v":6739.05}]
["P9833","Auxiliar de laboratório",null,null,null,"func./mês",1,{"$f":"VLOOKUP(A164,'Pessoal Sicro'!$A$6:$G$118,6,0)","v":4598.2295999999997},{"$f":"TRUNC(G164*H164,2)","v":4598.22}]
[{"$nulls":7},"Subtotal do Item",{"$f":"SUM(I163:I164)","v":11337.27}]
["Item","Discriminação","Und","Quant","Utilização Produtiva","Utilização Improdutiva","Horário Produtivo (R$)","Horário Improdutivo (R$)","Total (R$)"]
[null,"Equipe de Controle Tecnológico"]
[null,"Veículos"]
["E9125","Van furgão a diesel - 93 kW","veic./mês",0.5,44,176,{"$f":"VLOOKUP(A169,Equipamentos!$A$4:$K$533,10,0)","v":80.857500000000002},{"$f":"VLOOKUP(A169,Equipamentos!$A$4:$K$533,11,0)","v":44.724699999999999},{"$f":"D169*((E169*G169)+(F169*H169))","v":5714.6386000000002}]
[{"$nulls":7},"Subtotal do Item",{"$f":"SUM(I169:I169)","v":5714.6386000000002}]
[{"$nulls":7},"Total da Equipe do Laboratório de Solos",{"$f":"I165+I170","v":17051.908600000002}]
[]
["3. PARCELA VARIÁVEL - EQUIPE DE CONTROLE TECNOLÓGICO"]
["LABORATÓRIO DE ASFALTOS"]
["Item","Discriminação",null,null,null,"Unidade","Quantidade","Custo Unitário (R$)","Custo Total (R$)"]
[null,"Laboratório de Solos (equipe x mês)"]
[null,"Mão de Obra"]
["P9858","Laboratorista",null,null,null,"func./mês",1,{"$f":"VLOOKUP(A178,'Pessoal Sicro'!$A$6:$G$118,6,0)","v":6739.0536000000002},{"$f":"TRUNC(G178*H178,2)","v":6739.05}]
["P9833","Auxiliar de laboratório",null,null,null,"func./mês",1,{"$f":"VLOOKUP(A179,'Pessoal Sicro'!$A$6:$G$118,6,0)","v":4598.2295999999997},{"$f":"TRUNC(G179*H179,2)","v":4598.22}]
[{"$nulls":7},"Subtotal do Item",{"$f":"SUM(I178:I179)","v":11337.27}]
["Item","Discriminação","Und","Quant","Utilização Produtiva","Utilização Improdutiva","Horário Produtivo (R$)","Horário Improdutivo (R$)","Total (R$)"]
[null,"Equipe de Controle Tecnológico"]
[null,"Veículos"]
["E9125","Van furgão a diesel - 93 kW","veic./mês",0.5,44,176,{"$f":"VLOOKUP(A184,Equipamentos!$A$4:$K$533,10,0)","v":80.857500000000002},{"$f":"VLOOKUP(A184,Equipamentos!$A$4:$K$533,11,0)","v":44.724699999999999},{"$f":"D184*((E184*G184)+(F184*H184))","v":5714.6386000000002}]
[{"$nulls":7},"Subtotal do Item",{"$f":"SUM(I184:I184)","v":5714.6386000000002}]
[{"$nulls":7},"Total da Equipe do Laboratório de Asfaltos",{"$f":"I180+I185","v":17051.908600000002}]
[]
["Equipes de laboratório de solos para pavimentação"]
["Item","Discriminação",null,null,null,"Und","Quant","QE","Els"]
[{"$f":"'RESUMO MODULO TOTAL'!D26","v":"CPU-20"},{"$f":"VLOOKUP(A190,'SINTÉTICO SICRO'!A:D,2,0)","v":{"$error":"#N/A"}},null,null,null,{"$f":"VLOOKUP(A190,'SINTÉTICO SICRO'!A:D,3,0)","v":{"$error":"#N/A"}},{"$f":"'RESUMO MODULO TOTAL'!J26","v":42000},21900,{"$f":"G190/H190","v":1.9178082191780821}]
[{"$f":"'RESUMO MODULO TOTAL'!D27","v":4011227},{"$f":"VLOOKUP(A191,'SINTÉTICO SICRO'!A:D,2,0)","v":"Sub-base de solo estabilizado granulometricamente sem mistura com material de jazida"},null,null,null,{"$f":"VLOOKUP(A191,'SINTÉTICO SICRO'!A:D,3,0)","v":"m³"},{"$f":"'RESUMO MODULO TOTAL'!J27","v":42000},21900,{"$f":"G191/H191","v":1.9178082191780821}]
[{"$f":"'RESUMO MODULO TOTAL'!D28","v":4011209},{"$f":"VLOOKUP(A192,'SINTÉTICO SICRO'!A:D,2,0)","v":"Regularização do subleito"},null,null,null,{"$f":"VLOOKUP(A192,'SINTÉTICO SICRO'!A:D,3,0)","v":"m²"},{"$f":"'RESUMO MODULO TOTAL'!J28","v":280000},21900,{"$f":"G192/H192","v":12.785388127853881}]
[{"$nulls":7},"Total de equipes de Laboratório de Solos para Pavimentação",{"$f":"SUM(I190:I192)","v":16.621004566210047}]
[]
["Equipes de laboratório de Asfalto"]
["Item","Discriminação",null,null,null,"Und","Quant","QE","Ela"]
[{"$f":"'RESUMO MODULO TOTAL'!D23","v":4011463},{"$f":"VLOOKUP(A197,'SINTÉTICO SICRO'!A:D,2,0)","v":"Concreto asfáltico - faixa C - areia e brita comerciais"},null,null,null,{"$f":"VLOOKUP(A197,'SINTÉTICO SICRO'!A:D,3,0)","v":"t"},{"$f":"'RESUMO MODULO TOTAL'!J23","v":33600},9000,{"$f":"G197/H197","v":3.7333333333333334}]
[{"$f":"'RESUMO MODULO TOTAL'!D24","v":4011352},{"$f":"VLOOKUP(A198,'SINTÉTICO SICRO'!A:D,2,0)","v":"Imprimação com emulsão asfáltica"},null,null,null,{"$f":"VLOOKUP(A198,'SINTÉTICO SICRO'!A:D,3,0)","v":"m²"},{"$f":"'RESUMO MODULO TOTAL'!J24","v":280000},1610000,{"$f":"G198/H198","v":0.17391304347826086}]
[{"$f":"'RESUMO MODULO TOTAL'!D25","v":4011353},{"$f":"VLOOKUP(A199,'SINTÉTICO SICRO'!A:D,2,0)","v":"Pintura de ligação"},null,null,null,{"$f":"VLOOKUP(A199,'SINTÉTICO SICRO'!A:D,3,0)","v":"m²"},{"$f":"'RESUMO MODULO TOTAL'!J25","v":280000},3610000,{"$f":"G199/H199","v":7.7562326869806089E-2}]
[{"$nulls":7},"Total de equipes de Laboratório de Asfaltos",{"$f":"SUM(I197:I199)","v":3.9848087036814004}]
[]
["manutenção do canteiro de obras e acampamentos"]
["Código","Discriminação ","Unidade"," Quantidade ",null,"Custo Unitário (R$)",null," Custo Total (R$)"]
[null,"Manutenção do Canteiro de Obras e Acampamentos"]
["6.1","Mão de Obra"]
["P9952","Pedreiro","mês",0,null,{"$f":"VLOOKUP(A206,'Pessoal Sicro'!$A$6:$G$118,6,0)","v":5001.5029000000004},null,{"$f":"F206*D206","v":0}]
["P9954","Servente","mês",0,null,{"$f":"VLOOKUP(A207,'Pessoal Sicro'!$A$6:$G$118,6,0)","v":3990.7093},null,{"$f":"F207*D207","v":0}]
["P9953","Eletricista","mês",0,null,{"$f":"VLOOKUP(A208,'Pessoal Sicro'!$A$6:$G$118,6,0)","v":5726.9587000000001},null,{"$f":"F208*D208","v":0}]
[{"$nulls":5},"Subtotal do Item 6.1",null,{"$f":"SUM(H206:I208)","v":0}]
[]
["Código","Discriminação ","Unidade"," Quantidade ",null,"Custo Produtivo (R$)",null," Custo Total (R$)"]
["6.2","Equipamentos"]
[null,"Caminhão guindauto de 6 toneladas","h/mês",0,null,null,null,{"$f":"F213*D213","v":0}]
[null,"Caminhão tanque de 8.000 litros","h/mês",0,null,null,null,{"$f":"F214*D214","v":0}]
["E9524","Motoniveladora","h/mês",0,null,{"$f":"VLOOKUP(A215,Equipamentos!$A$4:$K$541,10,0)","v":288.80759999999998},null,{"$f":"F215*D215","v":0}]
[{"$nulls":5},"Subtotal do Item 6.2",null,{"$f":"SUM(H213:I215)","v":0}]
[{"$nulls":6},"Total da Manutenção do Canteiro de Obras e Acampamentos",{"$f":"H216+H209","v":0}]
[]
[]
[]
["Resumo das parcelas de administração local"]
["Código","Discriminação ","Unidade"," Quantidade ",null,"Custo Unitário (R$)",null," Custo Total (R$)"]
[null,"Parcela Fixa"]
[null,"Mão de Obra","mês",5,null,{"$f":"H12+H16+H24+H28","v":56020.185150000005},null,{"$f":"F224*D224","v":280100.92575000005}]
[null,"Veículos","mês",5,null,{"$f":"I45","v":2603.6428000000001},null,{"$f":"F225*D225","v":13018.214}]
[{"$nulls":5},"Subtotal do Item 1",null,{"$f":"SUM(H224:I225)","v":293119.13975000003}]
[null,"Parcela Vinculada"]
[null,"Equipe de produção de terraplenagem","mês",4,null,{"$f":"I57","v":11483.228999999999},null,{"$f":"F228*D228","v":45932.915999999997}]
[null,"Equipe de produção de pavimentação","mês",6,null,{"$f":"I69","v":11483.228999999999},null,68899.373999999996]
[null,"Equipe de produção de drenagem","mês",2,null,{"$f":"I81","v":11483.228999999999},null,22966.457999999999]
[null,"Equipe de produção de sinalização","mês",1,null,{"$f":"I93","v":11483.228999999999},null,11483.228999999999]
[null,"Equipe de topografia","mês",10,null,{"$f":"I106","v":15156.995199999999},null,151569.95199999999]
[null,"Equipe de medicina e segurança do trabalho","mês",10,null,{"$f":"H115","v":7912.0998},null,79120.997999999992]
[null,"Técnicos especializados","mês",0,null,null,null,0]
[{"$nulls":5},"Subtotal do Item 2",null,{"$f":"SUM(H228:I234)","v":379972.92700000003}]
[null,"Parcela Variável"]
[null,"Acompanhamento da Terraplenagem","equipe x mês","-",null,{"$f":"$H$122","v":8396.9812999999995},null,"-"]
[null,"Acompanhamento da Pavimentação","equipe x mês",{"$f":"H141","v":9.4172216463204013},null,{"$f":"$H$122","v":8396.9812999999995},null,{"$f":"F238*D238","v":79076.234062107615}]
[null,"Acompanhamento da Drenagem","equipe x mês",{"$f":"H147","v":16.8},null,8396.9812999999995,null,{"$f":"F239*D239","v":141069.28584}]
[null,"Acompanhamento da Sinalização","equipe x mês",{"$f":"H156","v":0.22115009773626881},null,8396.9812999999995,null,{"$f":"F240*D240","v":1856.9932351846214}]
[null,"Laboratório de Solos","equipe x mês",{"$f":"I193","v":16.621004566210047},null,{"$f":"I171","v":17051.908600000002},null,{"$f":"F241*D241","v":283419.85070319643}]
[null,"Laboratório de asfaltos","equipe x mês",{"$f":"I200","v":3.9848087036814004},null,{"$f":"I186","v":17051.908600000002},null,{"$f":"F242*D242","v":67948.593803659736}]
[{"$nulls":5},"Subtotal do Item 3",null,{"$f":"SUM(H237:I242)","v":573370.95764414838}]
[null,"Manutenção dos Canteiros de Obras e Acampamentos"]
[null,"Equipe de manutenção","mês",0,null,{"$f":"H217","v":0},null,{"$f":"F245*D245","v":0}]
[{"$nulls":5},"Subtotal do Item 4",null,{"$f":"SUM(H245:I245)","v":0}]
[{"$nulls":6},"Subtotal",{"$f":"H246+H243+H235+H226","v":1246463.0243941485}]
[null,"Despesas Diversas","%",0.05,null,"-",null,{"$f":"D248*H247","v":62323.151219707426}]
[{"$nulls":5},"TOTAL",null,{"$f":"H247+H248","v":1308786.1756138559},null,{"$f":"H249","v":1308786.1756138559}]
[{"$nulls":5},"BDI",null,null,{"$f":"H249*BDI!C17","v":306125.08647608088}]
[{"$nulls":5},"TOTAL COM BDI",null,null,{"$f":"I250+H249","v":1614911.2620899368}]

{"sheet":"Projeto Executivo","index":8,"n_rows":27,"n_cols":7,"rows_kept":27,"cut":false,"hidden":false,"merged":[[0,0,0,6],[3,0,3,1],[1,0,1,6],[2,2,4,4],[25,0,25,1],[14,0,14,1],[23,0,23,1],[24,0,24,1],[18,0,18,1]]}
[]
["COMPOSIÇAO PREÇO PROJETO EXECUTIVO"]
[]
["DISCRIMINAÇAO",{"$nulls":4},"Pr. Unit.","Pr. Total"]
[]
["A· EOUIPE TECNICA",{"$nulls":5},{"$f":"G7+G10","v":14421.1909275}]
[null,"A. 1 - Pessoal de Nível Superior","Unidade","Quantitativo","SICRO e Rel.Custos Gerais",null,{"$f":"G8+G9","v":11422.110415000001}]
[null,"Engenheiro","mês",0.4,"P9812",{"$f":"VLOOKUP(E8,'Pessoal Sicro'!A:G,6,0)","v":23567.724600000001},{"$f":"F8*D8","v":9427.0898400000005}]
[null,"Topógrafo","mês",0.25,"P9949",{"$f":"VLOOKUP(E9,'Pessoal Sicro'!A:G,6,0)","v":7980.0823},{"$f":"F9*D9","v":1995.020575}]
[null,"A.2 - Pessoal de Nível Técnico e Aux.",{"$nulls":4},{"$f":"G11+G12","v":2999.0805124999997}]
[null,"Auxiliar de topógrafo","mês",0.125,"P9950",{"$f":"VLOOKUP(E11,'Pessoal Sicro'!A:G,6,0)","v":4573.2700999999997},{"$f":"F11*D11","v":571.65876249999997}]
[null,"Auxiliar Técnico/Assistente de Engenharia ","mês",0.5,"P9903",{"$f":"VLOOKUP(E12,'Pessoal Sicro'!A:G,6,0)","v":4854.8434999999999},{"$f":"F12*D12","v":2427.42175}]
["B - ENCARGOS SOCIAIS",{"$nulls":5},{"$f":"G14","v":0}]
[null,{"$f":"CONCATENATE(\"Taxas \",'ENC. SOCIAIS'!E51,\"%\")","v":"Taxas 111,58%"},"JÁ INCLUSAS EM \"A\""]
["C - DESPESAS GERAIS",{"$nulls":5},{"$f":"G16+G18+G17","v":4913.9377435112738}]
[null,"C.1 - MATERIAIS DE CONSUMO","Estimativa % como referência de equipe técnica com encargos sociais ",0.03,null,{"$f":"G6+G14","v":14421.1909275},{"$f":"F16*D16","v":432.635727825}]
[null,"C.2 - VEÍCULOS (Veículo leve picape 4 x 4 com capacidade de 1,10 t - 147 kW)","h",40,"E9684",{"$f":"VLOOKUP(E17,Equipamentos!A:K,10,0)","v":105.37649999999999},{"$f":"F17*D17","v":4215.0599999999995}]
[null,"C.3 - Estação total eletrônica com alcance máximo de 3.000 m","h",52.475957049486475,"E9553",{"$f":"VLOOKUP(E18,Equipamentos!A:K,10,0)","v":5.0735999999999999},{"$f":"F18*D18","v":266.24201568627456}]
["D - ENSAIOS",{"$nulls":5},{"$f":"SUM(G20:G23)","v":3419.3833500000001}]
[null,"Laboratorista","mês",{"$f":"1/4","v":0.25},"P9858",{"$f":"VLOOKUP(E20,'Pessoal Sicro'!A:G,6,0)","v":6739.0536000000002},{"$f":"F20*D20","v":1684.7634}]
[null,"Auxiliar de Laboratório","mês",{"$f":"1/8","v":0.125},"P9833",{"$f":"VLOOKUP(E21,'Pessoal Sicro'!A:G,6,0)","v":4598.2295999999997},{"$f":"F21*D21","v":574.77869999999996}]
[null,"Laboratório de solos","mês",{"$f":"1/8","v":0.125},"B8957",{"$f":"VLOOKUP(E22,'Tabelas 1 e 2'!C14:G23,5,0)","v":4073.25},{"$f":"F22*D22","v":509.15625}]
[null,"Laboratório de asfalto","mês",0.125,"B8955",{"$f":"VLOOKUP(E23,'Tabelas 1 e 2'!C15:G24,5,0)","v":5205.4799999999996},{"$f":"F23*D23","v":650.68499999999995}]
["I - SOMA (A+B+C+D)",{"$nulls":5},{"$f":"G6+G13+G15+G19","v":22754.512021011273}]
["II - CUSTOS ADMINISTRATIVOS",null,null,{"$f":"BDI!C17","v":0.2339},null,null,{"$f":"D25*G24","v":5322.2803617145364}]
[" TOTAL",{"$nulls":5},{"$f":"G24+G25","v":28076.792382725809}]
[{"$nulls":5},"Por m²:",{"$f":"G26/('MC MODULO'!C1*'MC MODULO'!C2)","v":2.0054851701947007}]

{"sheet":"BDI","index":9,"n_rows":69,"n_cols":3,"rows_kept":69,"cut":false,"hidden":false,"merged":[[5,0,5,2],[4,0,4,2],[69,0,69,1],[70,0,70,1],[72,0,72,2],[56,1,56,2],[54,0,54,3],[55,0,55,3]]}
[]
["OBRA:"]
["LOCAL: "]
["DATA BASE: "]
["DETALHAMENTO DO BDI  - SEM DESONERAÇÃO"]
[{"$f":"'RESUMO MODULO TOTAL'!B1","v":"CONTRATAÇÃO DE SERVIÇOS DE EXECUÇÃO DE PAVIMENTAÇÃO ASFÁLTICA COM CONCRETO BETUMINOSO USINADO A QUENTE (CBUQ) EM VIAS DE DIVERSOS MUNICÍPIOS DO ESTADO PARÁ INSERIDOS NA ÁREA DE ATUAÇÃO DO ESCRITÓRIO DE REPRESENTAÇÃO DE BELÉM - REGIÃO MARAJÓ"}]
["DESCRIÇÃO DOS SERVIÇOS","PREÇO DE VENDA (%)","CUSTO DIRETO (%)"]
["ADMINISTRAÇÃO CENTRAL",null,0.06]
["DESPESA FINANCEIRAS",1.0200000000000001E-2]
["SEGUROS E GARANTIAS CONTRATUAIS",2.5000000000000001E-3]
["RISCOS",5.0000000000000001E-3]
["LUCRO OPERACIONAL",null,7.0000000000000007E-2]
["PIS",6.4999999999999997E-3]
["COFINS",0.03]
["ISSQN",0.03]
["Contribuição Previdenciaria",0]
[null,"BDI",{"$f":"ROUND((1+(C8+C12))/(1-(B9+B10+B11+B13+B14+B15+B16))-1,4)","v":0.2339}]
["Observação: O percentual de ISSQN aqui utilizado consiste apenas em um referencial médio."]
[null," O valor real do ISSQN a ser adotado deve ser aquele proveniente das alíquotas dos municípios situados na área de "]
[null,"influência das obras."]
{"$rows_empty":34}
["DETALHAMENTO DO BDI DIFERENCIADO  - SEM DESONERAÇÃO"]
[{"$f":"'RESUMO MODULO TOTAL'!B1","v":"CONTRATAÇÃO DE SERVIÇOS DE EXECUÇÃO DE PAVIMENTAÇÃO ASFÁLTICA COM CONCRETO BETUMINOSO USINADO A QUENTE (CBUQ) EM VIAS DE DIVERSOS MUNICÍPIOS DO ESTADO PARÁ INSERIDOS NA ÁREA DE ATUAÇÃO DO ESCRITÓRIO DE REPRESENTAÇÃO DE BELÉM - REGIÃO MARAJÓ"}]
[]
["DESCRIÇÃO DOS SERVIÇOS","PREÇO DE VENDA (%)","CUSTO DIRETO (%)"]
["ADMINISTRAÇÃO CENTRAL",null,3.7699999999999997E-2]
["DESPESA FINANCEIRAS",1.0200000000000001E-2]
["SEGUROS E GARANTIAS CONTRATUAIS",2.5000000000000001E-3]
["RISCOS",5.0000000000000001E-3]
["LUCRO OPERACIONAL",null,0.05]
["PIS",6.4999999999999997E-3]
["COFINS",0.03]
["ISSQN",0]
["Contribuição Previdenciaria",0]
[null,"BDI",{"$f":"ROUND((1+(C59+C63))/(1-(B60+B61+B62+B64+B65+B66+B67))-1,4)","v":0.15}]
["Fonte da composição, valores de referência e fórmula do BDI:  Instrução Normativa N° 62/DNIT SEDE"]

{"sheet":"ENC. SOCIAIS","index":10,"n_rows":51,"n_cols":8,"rows_kept":51,"cut":false,"hidden":false,"merged":[[8,0,9,5],[50,0,50,1],[10,0,10,5],[11,2,11,3],[11,4,11,5],[12,0,12,5],[13,0,14,1],[13,2,14,2],[13,3,14,3],[13,4,14,4],[13,5,14,5],[15,0,15,5],[26,0,26,5],[38,0,38,5],[45,0,45,5],[49,0,49,5]]}
[]
[]
[]
[]
[]
["NOME DA CONCORRENTE:"]
["EDITAL:"]
["FOLHA:"]
[{"$f":"'RESUMO MODULO TOTAL'!B1","v":"CONTRATAÇÃO DE SERVIÇOS DE EXECUÇÃO DE PAVIMENTAÇÃO ASFÁLTICA COM CONCRETO BETUMINOSO USINADO A QUENTE (CBUQ) EM VIAS DE DIVERSOS MUNICÍPIOS DO ESTADO PARÁ INSERIDOS NA ÁREA DE ATUAÇÃO DO ESCRITÓRIO DE REPRESENTAÇÃO DE BELÉM - REGIÃO MARAJÓ"}]
[]
["DETALHAMENTO DOS ENCARGOS SOCIAIS (%)"]
["VIGÊNCIA A PARTIR DE 12/2023",null,"COM DESONERAÇÃO",null,"SEM DESONERAÇÃO"]
[]
[null,null,"HORISTA","MENSALISTA","HORISTA","MENSALISTA"]
[]
["GRUPO A"]
["A1","INSS",0,0,20,20]
["A2","SESI",1.5,1.5,1.5,1.5]
["A3","SENAI",1,1,1,1]
["A4","INCRA",0.2,0.2,0.2,0.2]
["A5","SEBRAE",0.6,0.6,0.6,0.6]
["A6","Salário Educação",2.5,2.5,2.5,2.5]
["A7","Seguro Contra Acidentes de Trabalho",3,3,3,3]
["A8","FGTS",8,8,8,8]
["A9","SECONCI",1,1,0,0]
["A","Total",{"$f":"SUM(C17:C25)","v":17.8},{"$f":"SUM(D17:D25)","v":17.8},{"$f":"SUM(E17:E25)","v":36.799999999999997},{"$f":"SUM(F17:F25)","v":36.799999999999997}]
["GRUPO B"]
["B1","Repouso Semanal Remunerado",17.88,"-",18.149999999999999,"-"]
["B2","Feriados",3.94,"-",4.16,"-"]
["B3","Auxílio-enfermidade",0.91,0.69,0.88,0.64]
["B4","13° salário",10.98,8.33,11.38,8.33]
["B5","Licença-paternidade",7.0000000000000007E-2,0.06,0.06,0.04]
["B6","Faltas Justificadas",0.73,0.56000000000000005,0.76,0.56000000000000005]
["B7","Dias de chuva",1.45,"-",2.87,"-"]
["B8","Auxílio Acidente de Trabalho",0.11,0.09,0.1,0.08]
["B9","Férias Gozadas",11.35,8.6199999999999992,0,0]
["B10","Salário Maternidade",0.03,0.03,0.04,0.03]
["B","Total ",{"$f":"SUM(C28:C37)","v":47.45},{"$f":"SUM(D28:D37)","v":18.380000000000003},{"$f":"SUM(E28:E37)","v":38.4},{"$f":"SUM(F28:F37)","v":9.68}]
["GRUPO C"]
["C1","Aviso Prévio Indenizado",6.76,5.14,5.89,4.32]
["C2","Aviso Prévio Trabalhado",0.16,0.12,0.14000000000000001,0.1]
["C3","Férias Indenizadas",2.2799999999999998,1.73,12.65,9.27]
["C4","Depósito Rescisão Sem Justa Causa",3.81,2.89,2.5499999999999998,1.87]
["C5","Indenização Adicional",0.56999999999999995,0.43,0.5,0.36]
["C","Total ",{"$f":"SUM(C40:C44)","v":13.58},{"$f":"SUM(D40:D44)","v":10.31},{"$f":"SUM(E40:E44)","v":21.73},{"$f":"SUM(F40:F44)","v":15.919999999999998}]
["GRUPO D"]
["D1","Reincidência de A sobre B",8.4499999999999993,3.27,14.13,3.56]
["D2","Reincidência de Grupo A sobre Aviso Prévio Trabalhado e Reincidência do FGTS sobre Aviso Prévio Indenizado",0.56999999999999995,0.43,0.52,0.38]
["D","Total",{"$f":"SUM(C47:C48)","v":9.02},{"$f":"SUM(D47:D48)","v":3.7},{"$f":"SUM(E47:E48)","v":14.65},{"$f":"SUM(F47:F48)","v":3.94}]
[]
["T O T A L (%)",null,{"$f":"C26+C38+C45+C49","v":87.85},{"$f":"D26+D38+D45+D49","v":50.190000000000012},{"$f":"E26+E38+E45+E49","v":111.58},{"$f":"F26+F38+F45+F49","v":66.339999999999989},null,"Fonte: Sinapi Cálculos e Parâmetros 6ª Edição - Atualizada em Junho 2024"]

{"sheet":"Transporte Cap 50-70","index":11,"n_rows":92,"n_cols":34,"rows_kept":92,"cut":false,"hidden":false,"merged":[[10,4,10,8],[10,9,10,10],[10,22,10,23],[12,3,25,3],[1,2,3,26],[6,2,8,2],[6,5,6,7],[6,12,8,12],[7,4,7,5],[7,6,8,6],[7,19,7,20]]}
[]
[null,null,"MEMÓRIA DE CÁLCULO"]
[]
[]
[]
[]
[null,null,"REAJUSTE",null,null,"TIPOLOGIA DO MATERIAL",null,null,"CIMENTOS ASFÁLTICOS CAP-50-70",null,null,null,"IMPOSTOS","COFINS",6.4999999999999997E-3,6.4999999999999997E-3]
[{"$nulls":6},"ÍNDICE DE PAVIMENTAÇÃO DNIT","2014-07-01","ÍNDICE INICIAL",270.23700000000002,null,null,null,"PIS",0.03,0.03,null,null,null,"LEGENDA",{"$nulls":8},"As empresas tributadas pelo Lucro Presumido pagam 0,65% de PIS e 3% de COFINS"]
[{"$nulls":7},"2024-07-01","ÍNDICE FINAL",574.25699999999995,null,null,null," ICMS",0.18,0.18,{"$f":"1-(O9/1)","v":0.82000000000000006},{"$f":"1-(P9/1)","v":0.82000000000000006},{"$f":"1-(Q9/1)","v":0.17999999999999994},"ENTRADA DE DADOS",{"$nulls":8},"As empresas tributadas pelo Lucro Real pagam 1,65% de PIS e 7,60% de COFINS"]
[{"$nulls":5},"CAP50/70","Data ANP",{"$f":"H9","v":"2024-07-01"}]
[null,null,"DATA-BASE","PRODUTOS","LOCALIDADES",{"$nulls":4},"CUSTO ANP (R$/Kg)",null,"CUSTO ANP","IMPOSTOS DO PRODUTO","CUSTO DO PRODUTO COM IMPOSTOS","DMT's","DMT's FLUVIAL","CUSTO DO TRANSPORTE RODOVIA PAVIMENTADA","CUSTO DO TRANSPORTE FLUVIAL","CUSTO DO TRANSPORTE TOTAL","ICMS","ATUALIZAÇÃO DO CUSTO DE TRANSPORTE","CUSTO DO TRANSPORTE RODOVIA PAVIMENTADA COM IMPOSTOS E ATUALIZAÇÃO MONETÁRIA","PEDÁGIO ",null,"TOTAL TRANSPORTE","AQUISIÇÃO DO PRODUTO","TOTAL GERAL ( TRANSP + AQUISIÇÃO)",null,1,2,3]
[null,null,{"$f":"H9","v":"2024-07-01"},null,"REFINARIAS","ENDEREÇO","ESTADO","CIDADE","DESTINO","ESTADO","REGIÃO","R$/t","R$/t","R$/t","KM","KM","R$/t","R$/t","R$/t","R$/t","R$/t","R$/t","CUSTO ","R$/t","R$/t","R$/t","R$/t",null,"TOTAL GERAL ( TRANSP + AQUISIÇÃO)","TOTAL TRANSPORTE","AQUISIÇÃO DO PRODUTO"]
[null,{"$f":"AA13","v":6467.944986872144},1,{"$f":"I7","v":"CIMENTOS ASFÁLTICOS CAP-50-70"},"Refinaria Abreu e Lima","Rodovia PE 60, Km 10 - Ipojuca - PE CEP:55590-000","Pernambuco","IPOJUCA - PE","Breves - PA",{"$f":"VLOOKUP('Transporte Cap 50-70'!G13,OFFSET('ANP ESTADO'!$A$1,MATCH('Transporte Cap 50-70'!$I$7,'ANP ESTADO'!B:B,0)+MATCH('Transporte Cap 50-70'!$H$10,OFFSET('ANP ESTADO'!$A$1,MATCH('Transporte Cap 50-70'!$I$7,'ANP ESTADO'!B:B,0),0,100000,1),0),2,100000,2),2,FALSE)","v":"-"},{"$f":"VLOOKUP($H$10,OFFSET('ANP REGIÃO'!$A$9,MATCH('Transporte Cap 50-70'!$I$7,'ANP REGIÃO'!A:A,0),1,10000,10000),MATCH('Transporte Cap 50-70'!AH13,'ANP REGIÃO'!$B$8:$G$8,0),FALSE)","v":3.8238049868721431},{"$f":"IF(AND(J13=\"-\",K13=\"-\"),\"\",IF(AND(J13<>0,K13=\"-\"),J13*1000,IF(AND(J13=\"-\",K13<>0),K13*1000,IF(AND(J13<>0,K13<>0),J13*1000,\"\"))))","v":3823.8049868721432},{"$f":"ROUND(((L13/(1-$O$7-$O$8-$O$9))-L13),2)","v":1056.6099999999999},{"$f":"L13+M13","v":4880.4149868721433},2055,{"$f":"258","v":258},{"$f":"ROUND((26.939+0.253*O13),2)","v":546.85},{"$f":"ROUND((24.3894+0.1603*P13),2)","v":65.75},{"$f":"Q13+R13","v":612.6},{"$f":"TRUNC(S13*($O$9/(1-$O$9)),2)","v":134.47},{"$f":"TRUNC(IF($J$8=\"\",\"\",(($J$9-$J$8)/$J$8)*(S13+T13)),2)","v":840.46},{"$f":"S13+T13+U13","v":1587.5300000000002},0,{"$f":"EVEN(' CONSUMO DE MAT. B TOTAL'!$P$13*2/28)*W13/' CONSUMO DE MAT. B TOTAL'!$P$13","v":0},{"$f":"IF(AND(Q13=\"\",T13=\"\"),\"\",V13+X13)","v":1587.5300000000002},{"$f":"IF(OR(L13=\"\",M13=\"\"),\"\",L13+M13)","v":4880.4149868721433},{"$f":"IF(OR(Y13=\"\",Z13=\"\"),\"\",Y13+Z13)","v":6467.944986872144},null,{"$f":"AA13","v":6467.944986872144},{"$f":"Y13","v":1587.5300000000002},{"$f":"Z13","v":4880.4149868721433},null,null,{"$f":"IF(OR(G13=$D$52,G13=$D$53,G13=$D$55,G13=$D$61,G13=$D$45,G13=$D$41,G13=$D$37,G13=$D$50,G13=$D$40),\"NORDESTE\",IF(OR(G13=$D$36,G13=$D$38,G13=$D$39,G13=$D$49,G13=$D$57,G13=$D$58,G13=$D$62),\"NORTE\",IF(OR(G13=$D$42,G13=$D$44,G13=$D$46,G13=$D$47),\"CENTRO-OESTE\",IF(OR(G13=$D$60,G13=$D$54,G13=$D$48,G13=$D$43),\"SUDESTE\",IF(OR(G13=$D$59,G13=$D$51,G13=$D$56),\"SUL\",\"\")))))","v":"NORDESTE"}]
[null,{"$f":"AA14","v":7789.4232199341168},2,null,"ISAC SAABA","Rua Rio Quixito, 1, Vila Buriti - Distrito Industrial - Manaus - AM\nCEP: 69072-070","Amazonas","MANAUS-AM","Breves - PA",{"$f":"VLOOKUP('Transporte Cap 50-70'!G14,OFFSET('ANP ESTADO'!$A$1,MATCH('Transporte Cap 50-70'!$I$7,'ANP ESTADO'!B:B,0)+MATCH('Transporte Cap 50-70'!$H$10,OFFSET('ANP ESTADO'!$A$1,MATCH('Transporte Cap 50-70'!$I$7,'ANP ESTADO'!B:B,0),0,100000,1),0),2,100000,2),2,FALSE)","v":4.3763632199341167},{"$f":"VLOOKUP($H$10,OFFSET('ANP REGIÃO'!$A$9,MATCH('Transporte Cap 50-70'!$I$7,'ANP REGIÃO'!A:A,0),1,10000,10000),MATCH('Transporte Cap 50-70'!AH14,'ANP REGIÃO'!$B$8:$G$8,0),FALSE)","v":3.8698393882693298},{"$f":"IF(AND(J14=\"-\",K14=\"\"),\"\",IF(AND(J14<>0,K14=\"\"),J14*1000,IF(AND(J14=\"-\",K14<>0),K14*1000,IF(AND(J14<>0,K14<>0),J14*1000,\"\"))))","v":4376.3632199341164},{"$f":"ROUND(((L14/(1-$O$7-$O$8-$O$9))-L14),2)","v":1209.3},{"$f":"L14+M14","v":5585.6632199341166},2994,{"$f":"1.4+258","v":259.39999999999998},{"$f":"ROUND((26.939+0.253*O14),2)","v":784.42},{"$f":"ROUND((24.3894+0.1603*P14),2)","v":65.97},{"$f":"Q14+R14","v":850.39},{"$f":"TRUNC(S14*($O$9/(1-$O$9)),2)","v":186.67},{"$f":"TRUNC(IF($J$8=\"\",\"\",(($J$9-$J$8)/$J$8)*(S14+T14)),2)","v":1166.7},{"$f":"S14+T14+U14","v":2203.7600000000002},0,{"$f":"EVEN(' CONSUMO DE MAT. B TOTAL'!$P$13*2/28)*W14/' CONSUMO DE MAT. B TOTAL'!$P$13","v":0},2203.7600000000002,5585.6632199341166,{"$f":"IF(OR(Y14=\"\",Z14=\"\"),\"\",Y14+Z14)","v":7789.4232199341168},null,{"$f":"AA14","v":7789.4232199341168},{"$f":"Y14","v":2203.7600000000002},5585.6632199341166,null,null,{"$f":"IF(OR(G14=$D$52,G14=$D$53,G14=$D$55,G14=$D$61,G14=$D$45,G14=$D$41,G14=$D$37,G14=$D$50,G14=$D$40),\"NORDESTE\",IF(OR(G14=$D$36,G14=$D$38,G14=$D$39,G14=$D$49,G14=$D$57,G14=$D$58,G14=$D$62),\"NORTE\",IF(OR(G14=$D$42,G14=$D$44,G14=$D$46,G14=$D$47),\"CENTRO-OESTE\",IF(OR(G14=$D$60,G14=$D$54,G14=$D$48,G14=$D$43),\"SUDESTE\",IF(OR(G14=$D$59,G14=$D$51,G14=$D$56),\"SUL\",\"\")))))","v":"NORTE"}]
[null,6325.6749868721436,2,null,"Refinaria Potiguar Clara Camarão","Rodovia RN 221, KM 25 - Guamaré - RN CEP:59598-000","Rio Grande do Norte","GUAMARÉ - RN","Breves - PA",{"$f":"VLOOKUP('Transporte Cap 50-70'!G15,OFFSET('ANP ESTADO'!$A$1,MATCH('Transporte Cap 50-70'!$I$7,'ANP ESTADO'!B:B,0)+MATCH('Transporte Cap 50-70'!$H$10,OFFSET('ANP ESTADO'!$A$1,MATCH('Transporte Cap 50-70'!$I$7,'ANP ESTADO'!B:B,0),0,100000,1),0),2,100000,2),2,FALSE)","v":"-"},{"$f":"VLOOKUP($H$10,OFFSET('ANP REGIÃO'!$A$9,MATCH('Transporte Cap 50-70'!$I$7,'ANP REGIÃO'!A:A,0),1,10000,10000),MATCH('Transporte Cap 50-70'!AH15,'ANP REGIÃO'!$B$8:$G$8,0),FALSE)","v":3.8238049868721431},3823.8049868721432,{"$f":"ROUND(((L15/(1-$O$7-$O$8-$O$9))-L15),2)","v":1056.6099999999999},4880.4149868721433,1838,258,{"$f":"ROUND((26.939+0.253*O15),2)","v":491.95},65.75,557.70000000000005,122.42,765.14,1445.26,0,{"$f":"EVEN(' CONSUMO DE MAT. B TOTAL'!$P$13*2/28)*W15/' CONSUMO DE MAT. B TOTAL'!$P$13","v":0},1445.26,4880.4149868721433,6325.6749868721436,null,6325.6749868721436,1445.26,4880.4149868721433,null,null,"NORDESTE"]
[null,6588.2004896804901,3,null,"Refinaria Landulpho Alves (RLAM)","Rodovia BA 523, KM 4 – Mataripe São Francisco do Conde - BA CEP:43900-000","Bahia","SÃO FRANCISCO DO CONDE - BA","Breves - PA",{"$f":"VLOOKUP('Transporte Cap 50-70'!G16,OFFSET('ANP ESTADO'!$A$1,MATCH('Transporte Cap 50-70'!$I$7,'ANP ESTADO'!B:B,0)+MATCH('Transporte Cap 50-70'!$H$10,OFFSET('ANP ESTADO'!$A$1,MATCH('Transporte Cap 50-70'!$I$7,'ANP ESTADO'!B:B,0),0,100000,1),0),2,100000,2),2,FALSE)","v":3.9349604896804897},{"$f":"VLOOKUP($H$10,OFFSET('ANP REGIÃO'!$A$9,MATCH('Transporte Cap 50-70'!$I$7,'ANP REGIÃO'!A:A,0),1,10000,10000),MATCH('Transporte Cap 50-70'!AH16,'ANP REGIÃO'!$B$8:$G$8,0),FALSE)","v":3.8238049868721431},3934.9604896804899,{"$f":"ROUND(((L16/(1-$O$7-$O$8-$O$9))-L16),2)","v":1087.32},5022.2804896804901,2022,258,{"$f":"ROUND((26.939+0.253*O16),2)","v":538.51},65.75,604.26,132.63999999999999,829.02,1565.92,0,{"$f":"EVEN(' CONSUMO DE MAT. B TOTAL'!$P$13*2/28)*W16/' CONSUMO DE MAT. B TOTAL'!$P$13","v":0},1565.92,5022.2804896804901,6588.2004896804901,null,6588.2004896804901,1565.92,5022.2804896804901,null,null,"NORDESTE"]
[2403,5831.5210624326464,4,null,"Refinaria Lubrificantes e Derivados do Nordeste (Lubnor)","Av. Leite Barbosa, s/nº - Mucuripe Fortaleza - Ceará CEP:60180-420","Ceará","FORTALEZA - CE","Breves - PA",{"$f":"VLOOKUP('Transporte Cap 50-70'!G17,OFFSET('ANP ESTADO'!$A$1,MATCH('Transporte Cap 50-70'!$I$7,'ANP ESTADO'!B:B,0)+MATCH('Transporte Cap 50-70'!$H$10,OFFSET('ANP ESTADO'!$A$1,MATCH('Transporte Cap 50-70'!$I$7,'ANP ESTADO'!B:B,0),0,100000,1),0),2,100000,2),2,FALSE)","v":3.6010110624326463},{"$f":"VLOOKUP($H$10,OFFSET('ANP REGIÃO'!$A$9,MATCH('Transporte Cap 50-70'!$I$7,'ANP REGIÃO'!A:A,0),1,10000,10000),MATCH('Transporte Cap 50-70'!AH17,'ANP REGIÃO'!$B$8:$G$8,0),FALSE)","v":3.8238049868721431},{"$f":"IF(AND(J17=\"-\",K17=\"\"),\"\",IF(AND(J17<>0,K17=\"\"),J17*1000,IF(AND(J17=\"-\",K17<>0),K17*1000,IF(AND(J17<>0,K17<>0),J17*1000,\"\"))))","v":3601.0110624326462},{"$f":"ROUND(((L17/(1-$O$7-$O$8-$O$9))-L17),2)","v":995.05},4596.0610624326464,1518,258,410.99,65.75,476.74,104.65,654.07000000000005,1235.46,0,{"$f":"EVEN(' CONSUMO DE MAT. B TOTAL'!$P$13*2/28)*W17/' CONSUMO DE MAT. B TOTAL'!$P$13","v":0},1235.46,4596.0610624326464,5831.5210624326464,null,5831.5210624326464,1235.46,4596.0610624326464,null,null,"NORDESTE"]
[null,6478.7971229519717,5,null,"Refinaria Capuava (Recap)","Av. Alberto Soares Sampaio, 2122-A Capuava – Mauá - SP","São Paulo","MAUÁ - SP","Breves - PA",{"$f":"VLOOKUP('Transporte Cap 50-70'!G18,OFFSET('ANP ESTADO'!$A$1,MATCH('Transporte Cap 50-70'!$I$7,'ANP ESTADO'!B:B,0)+MATCH('Transporte Cap 50-70'!$H$10,OFFSET('ANP ESTADO'!$A$1,MATCH('Transporte Cap 50-70'!$I$7,'ANP ESTADO'!B:B,0),0,100000,1),0),2,100000,2),2,FALSE)","v":3.3412816275346398},{"$f":"VLOOKUP($H$10,OFFSET('ANP REGIÃO'!$A$9,MATCH('Transporte Cap 50-70'!$I$7,'ANP REGIÃO'!A:A,0),1,10000,10000),MATCH('Transporte Cap 50-70'!AH18,'ANP REGIÃO'!$B$8:$G$8,0),FALSE)","v":3.3437458887367963},3341.2816275346399,{"$f":"ROUND(((L18/(1-$O$7-$O$8-$O$9))-L18),2)","v":923.28},4264.5616275346401,2844,{"$f":"1.4+11+258","v":270.39999999999998},746.47,67.73,814.2,178.72,1117.04,2109.96,1448.4,{"$f":"EVEN(' CONSUMO DE MAT. B TOTAL'!$P$13*2/28)*W18/' CONSUMO DE MAT. B TOTAL'!$P$13","v":104.275495417332},2214.235495417332,4264.5616275346401,6478.7971229519717,null,6478.7971229519717,2214.235495417332,4264.5616275346401,null,null,"SUDESTE"]
[null,6464.5997918243138,6,null,"Refinaria Duque de Caxias (Reduc)","Rodovia Washington Luiz, km 113,7 Campos Elíseos – Duque de Caxias - RJ CEP:25213-005","Rio de Janeiro","DUQUE DE CAXIAS - RJ","Breves - PA",{"$f":"VLOOKUP('Transporte Cap 50-70'!G19,OFFSET('ANP ESTADO'!$A$1,MATCH('Transporte Cap 50-70'!$I$7,'ANP ESTADO'!B:B,0)+MATCH('Transporte Cap 50-70'!$H$10,OFFSET('ANP ESTADO'!$A$1,MATCH('Transporte Cap 50-70'!$I$7,'ANP ESTADO'!B:B,0),0,100000,1),0),2,100000,2),2,FALSE)","v":3.2256672377137572},{"$f":"VLOOKUP($H$10,OFFSET('ANP REGIÃO'!$A$9,MATCH('Transporte Cap 50-70'!$I$7,'ANP REGIÃO'!A:A,0),1,10000,10000),MATCH('Transporte Cap 50-70'!AH19,'ANP REGIÃO'!$B$8:$G$8,0),FALSE)","v":3.3437458887367963},3225.667237713757,891.33,4116.9972377137574,3086,270.39999999999998,807.7,67.73,875.43000000000006,192.16,1201.05,2268.6400000000003,1096.8,{"$f":"EVEN(' CONSUMO DE MAT. B TOTAL'!$P$13*2/28)*W19/' CONSUMO DE MAT. B TOTAL'!$P$13","v":78.962554110556283},2347.6025541105564,4116.9972377137574,6464.5997918243138,null,6464.5997918243138,2347.6025541105564,4116.9972377137574,null,null,"SUDESTE"]
[null,7319.3961837743645,7,null,"Refinaria Alberto Pasqualini (Refap)","Avenida Getúlio Vargas, 11001 - Bairro Brigadeira Canoas - RS - Brasil CEP:92420-221","Rio grande do sul","CANOAS - RS","Breves - PA",{"$f":"VLOOKUP('Transporte Cap 50-70'!G20,OFFSET('ANP ESTADO'!$A$1,MATCH('Transporte Cap 50-70'!$I$7,'ANP ESTADO'!B:B,0)+MATCH('Transporte Cap 50-70'!$H$10,OFFSET('ANP ESTADO'!$A$1,MATCH('Transporte Cap 50-70'!$I$7,'ANP ESTADO'!B:B,0),0,100000,1),0),2,100000,2),2,FALSE)","v":3.4172435971744006},{"$f":"VLOOKUP($H$10,OFFSET('ANP REGIÃO'!$A$9,MATCH('Transporte Cap 50-70'!$I$7,'ANP REGIÃO'!A:A,0),1,10000,10000),MATCH('Transporte Cap 50-70'!AH20,'ANP REGIÃO'!$B$8:$G$8,0),FALSE)","v":3.4173222318022667},3417.2435971744007,944.27,4361.5135971744003,3908,270.39999999999998,1015.66,67.73,1083.3899999999999,237.81,1486.36,2807.5599999999995,2088,{"$f":"EVEN(' CONSUMO DE MAT. B TOTAL'!$P$13*2/28)*W20/' CONSUMO DE MAT. B TOTAL'!$P$13","v":150.32258659996492},2957.8825865999643,4361.5135971744003,7319.3961837743645,null,7319.3961837743645,2957.8825865999643,4361.5135971744003,null,null,"SUL"]
[null,6756.2651146959879,8,null,"Unidade de Industrialização do Xisto (SIX)","Rodovia do Xisto, BR 476, km 153 São Mateus do Sul – PR CEP 83900-000","Paraná","SÃO MATEUS DO SUL - PR","Breves - PA",{"$f":"VLOOKUP('Transporte Cap 50-70'!G21,OFFSET('ANP ESTADO'!$A$1,MATCH('Transporte Cap 50-70'!$I$7,'ANP ESTADO'!B:B,0)+MATCH('Transporte Cap 50-70'!$H$10,OFFSET('ANP ESTADO'!$A$1,MATCH('Transporte Cap 50-70'!$I$7,'ANP ESTADO'!B:B,0),0,100000,1),0),2,100000,2),2,FALSE)","v":3.417370179444057},{"$f":"VLOOKUP($H$10,OFFSET('ANP REGIÃO'!$A$9,MATCH('Transporte Cap 50-70'!$I$7,'ANP REGIÃO'!A:A,0),1,10000,10000),MATCH('Transporte Cap 50-70'!AH21,'ANP REGIÃO'!$B$8:$G$8,0),FALSE)","v":3.4173222318022667},3417.3701794440572,944.3,4361.6701794440569,3130,270.39999999999998,818.83,67.73,886.56000000000006,194.61,1216.32,2297.4899999999998,1348.8,{"$f":"EVEN(' CONSUMO DE MAT. B TOTAL'!$P$13*2/28)*W21/' CONSUMO DE MAT. B TOTAL'!$P$13","v":97.104935251931352},2394.594935251931,4361.6701794440569,6756.2651146959879,null,6756.2651146959879,2394.594935251931,4361.6701794440569,null,null,"SUL"]
[null,6274.9913519185939,9,null,"Refinaria Gabriel Passos (Regap)","Av. Refinaria Gabriel Passos, 690 Distrito Industrial Paulo Camilo Sul Betim - MG CEP:32669-205","Minas Gerais","BETIM - MG","Breves - PA",{"$f":"VLOOKUP('Transporte Cap 50-70'!G22,OFFSET('ANP ESTADO'!$A$1,MATCH('Transporte Cap 50-70'!$I$7,'ANP ESTADO'!B:B,0)+MATCH('Transporte Cap 50-70'!$H$10,OFFSET('ANP ESTADO'!$A$1,MATCH('Transporte Cap 50-70'!$I$7,'ANP ESTADO'!B:B,0),0,100000,1),0),2,100000,2),2,FALSE)","v":3.307833192646652},{"$f":"VLOOKUP($H$10,OFFSET('ANP REGIÃO'!$A$9,MATCH('Transporte Cap 50-70'!$I$7,'ANP REGIÃO'!A:A,0),1,10000,10000),MATCH('Transporte Cap 50-70'!AH22,'ANP REGIÃO'!$B$8:$G$8,0),FALSE)","v":3.3437458887367963},3307.8331926466522,914.03,4221.8631926466524,2678,270.39999999999998,704.47,67.73,772.2,169.5,1059.42,2001.1200000000001,722.4,{"$f":"EVEN(' CONSUMO DE MAT. B TOTAL'!$P$13*2/28)*W22/' CONSUMO DE MAT. B TOTAL'!$P$13","v":52.008159271941885},2053.128159271942,4221.8631926466524,{"$f":"IF(OR(Y22=\"\",Z22=\"\"),\"\",Y22+Z22)","v":6274.9913519185939},null,6274.9913519185939,2053.128159271942,4221.8631926466524,null,null,"SUDESTE"]
[null,6774.5350264577082,10,null,"Refinaria Presidente Getúlio Vargas (Repar)","Rodovia do Xisto, BR 476, km 16 Araucária - PR CEP:83707-440","Paraná","ARAUCÁRIA - PR","Breves - PA",{"$f":"VLOOKUP('Transporte Cap 50-70'!G23,OFFSET('ANP ESTADO'!$A$1,MATCH('Transporte Cap 50-70'!$I$7,'ANP ESTADO'!B:B,0)+MATCH('Transporte Cap 50-70'!$H$10,OFFSET('ANP ESTADO'!$A$1,MATCH('Transporte Cap 50-70'!$I$7,'ANP ESTADO'!B:B,0),0,100000,1),0),2,100000,2),2,FALSE)","v":3.417370179444057},{"$f":"VLOOKUP($H$10,OFFSET('ANP REGIÃO'!$A$9,MATCH('Transporte Cap 50-70'!$I$7,'ANP REGIÃO'!A:A,0),1,10000,10000),MATCH('Transporte Cap 50-70'!AH23,'ANP REGIÃO'!$B$8:$G$8,0),FALSE)","v":3.4173222318022667},3417.3701794440572,944.3,4361.6701794440569,3129,270.39999999999998,818.58,67.73,886.31000000000006,194.55,1215.98,2296.84,1611.6,{"$f":"EVEN(' CONSUMO DE MAT. B TOTAL'!$P$13*2/28)*W23/' CONSUMO DE MAT. B TOTAL'!$P$13","v":116.02484701365107},2412.8648470136513,4361.6701794440569,6774.5350264577082,null,6774.5350264577082,2412.8648470136513,4361.6701794440569,null,null,"SUL"]
[null,6494.5271229519713,11,null,"Refinaria Presidente Bernardes (RPBC)","Av. 9 de abril, 777 - Jardim das Indústrias Cubatão - SP CEP:11505-000","São Paulo","CUBATÃO - SP","Breves - PA",{"$f":"VLOOKUP('Transporte Cap 50-70'!G24,OFFSET('ANP ESTADO'!$A$1,MATCH('Transporte Cap 50-70'!$I$7,'ANP ESTADO'!B:B,0)+MATCH('Transporte Cap 50-70'!$H$10,OFFSET('ANP ESTADO'!$A$1,MATCH('Transporte Cap 50-70'!$I$7,'ANP ESTADO'!B:B,0),0,100000,1),0),2,100000,2),2,FALSE)","v":3.3412816275346398},{"$f":"VLOOKUP($H$10,OFFSET('ANP REGIÃO'!$A$9,MATCH('Transporte Cap 50-70'!$I$7,'ANP REGIÃO'!A:A,0),1,10000,10000),MATCH('Transporte Cap 50-70'!AH24,'ANP REGIÃO'!$B$8:$G$8,0),FALSE)","v":3.3437458887367963},3341.2816275346399,923.28,4264.5616275346401,2868,270.39999999999998,752.54,67.73,820.27,180.05,1125.3699999999999,2125.6899999999996,1448.4,{"$f":"EVEN(' CONSUMO DE MAT. B TOTAL'!$P$13*2/28)*W24/' CONSUMO DE MAT. B TOTAL'!$P$13","v":104.275495417332},2229.9654954173316,4264.5616275346401,6494.5271229519713,null,6494.5271229519713,2229.9654954173316,4264.5616275346401,null,null,"SUDESTE"]
[null,6371.9225173936993,12,null,"Refinaria de Paulínia (Replan)","Rodovia SP 332 - Km. 130 Bonfim - Paulínia – SP CEP:13140-000","São Paulo","PAULÍNIA - SP","Breves - PA",{"$f":"VLOOKUP('Transporte Cap 50-70'!G25,OFFSET('ANP ESTADO'!$A$1,MATCH('Transporte Cap 50-70'!$I$7,'ANP ESTADO'!B:B,0)+MATCH('Transporte Cap 50-70'!$H$10,OFFSET('ANP ESTADO'!$A$1,MATCH('Transporte Cap 50-70'!$I$7,'ANP ESTADO'!B:B,0),0,100000,1),0),2,100000,2),2,FALSE)","v":3.3412816275346398},{"$f":"VLOOKUP($H$10,OFFSET('ANP REGIÃO'!$A$9,MATCH('Transporte Cap 50-70'!$I$7,'ANP REGIÃO'!A:A,0),1,10000,10000),MATCH('Transporte Cap 50-70'!AH25,'ANP REGIÃO'!$B$8:$G$8,0),FALSE)","v":3.3437458887367963},3341.2816275346399,923.28,4264.5616275346401,2698,270.39999999999998,709.53,67.73,777.26,170.61,1066.3599999999999,2014.23,1293.5999999999999,{"$f":"EVEN(' CONSUMO DE MAT. B TOTAL'!$P$13*2/28)*W25/' CONSUMO DE MAT. B TOTAL'!$P$13","v":93.130889859058712},2107.3608898590587,4264.5616275346401,6371.9225173936993,null,6371.9225173936993,2107.3608898590587,4264.5616275346401,null,null,"SUDESTE"]
[null,6496.0868599908208,13,null,"Refinaria Henrique Lage (Revap)","Rodovia Presidente Dutra, KM 143, S/N Bairro Jardim Diamante - São José dos Campos – SP CEP:12223-900","São Paulo","SÃO JOSÉ DOS CAMPOS - SP","Breves - PA",{"$f":"VLOOKUP('Transporte Cap 50-70'!G26,OFFSET('ANP ESTADO'!$A$1,MATCH('Transporte Cap 50-70'!$I$7,'ANP ESTADO'!B:B,0)+MATCH('Transporte Cap 50-70'!$H$10,OFFSET('ANP ESTADO'!$A$1,MATCH('Transporte Cap 50-70'!$I$7,'ANP ESTADO'!B:B,0),0,100000,1),0),2,100000,2),2,FALSE)","v":3.3412816275346398},{"$f":"VLOOKUP($H$10,OFFSET('ANP REGIÃO'!$A$9,MATCH('Transporte Cap 50-70'!$I$7,'ANP REGIÃO'!A:A,0),1,10000,10000),MATCH('Transporte Cap 50-70'!AH26,'ANP REGIÃO'!$B$8:$G$8,0),FALSE)","v":3.3437458887367963},3341.2816275346399,923.28,4264.5616275346401,2859,270.39999999999998,750.27,67.73,818,179.56,1122.26,2119.8199999999997,1551.6,{"$f":"EVEN(' CONSUMO DE MAT. B TOTAL'!$P$13*2/28)*W26/' CONSUMO DE MAT. B TOTAL'!$P$13","v":111.70523245618081},2231.5252324561807,4264.5616275346401,6496.0868599908208,null,6496.0868599908208,2231.5252324561807,4264.5616275346401,null,null,"SUDESTE"]
{"$rows_empty":9}
[null,null,null,"Acre"]
[null,null,null,"Alagoas"]
[null,null,null,"Amapá"]
[null,null,null,"Amazonas"]
[null,null,null,"Bahia"]
[null,null,null,"Ceará"]
[null,null,null,"Distrito Federal"]
[null,null,null,"Espírito Santo"]
[null,null,null,"Goiás"]
[null,null,null,"Maranhão"]
[null,null,null,"Mato Grosso"]
[null,null,null,"Mato Grosso do Sul"]
[null,null,null,"Minas Gerais"]
[null,null,null,"Pará"]
[null,null,null,"Paraíba"]
[null,null,null,"Paraná"]
[null,null,null,"Pernambuco"]
[null,null,null,"Piauí"]
[null,null,null,"Rio de Janeiro"]
[null,null,null,"Rio Grande do Norte"]
[null,null,null,"Rio Grande do Sul"]
[null,null,null,"Rondônia"]
[null,null,null,"Roraima"]
[null,null,null,"Santa Catarina"]
[null,null,null,"São Paulo"]
[null,null,null,"Sergipe"]
[null,null,null,"Tocantins"]
[]
[]
[]
[null,null,null,"ASFALTOS DILUÍDOS CM-30"]
[null,null,null,"ASFALTOS DILUÍDOS CM-70"]
[null,null,null,"ASFALTOS DILUÍDOS CR-250"]
[null,null,null,"ASFALTOS DILUÍDOS CR-70"]
[null,null,null,"CAP MODIFICADO POR BORRACHA DE PNEU AB22"]
[null,null,null,"CAP MODIFICADO POR BORRACHA DE PNEU AB8"]
[null,null,null,"CAP MODIFICADO POR POLÍMERO 55-75-E"]
[null,null,null,"CAP MODIFICADO POR POLÍMERO 60-85-E"]
[null,null,null,"CAP MODIFICADO POR POLÍMERO 65-90-E"]
[null,null,null,"CIMENTOS ASFÁLTICOS CAP-150-200"]
[null,null,null,"CIMENTOS ASFÁLTICOS CAP-30-45"]
[null,null,null,"CIMENTOS ASFÁLTICOS CAP-50-70"]
[null,null,null,"CIMENTOS ASFÁLTICOS CAP-85-100"]
[null,null,null,"EMULSÃO ASFÁLTICA CATIÔNICA DE RUPTURA CONTROLADA PARA SERVIÇO DE LAMA ASFÁLTICA"]
[null,null,null,"EMULSÃO ASFÁLTICA DE RUPTURA LENTA CATIÔNICA PARA SERVIÇO DE LAMA ASFÁLTICA"]
[null,null,null,"EMULSÃO ASFÁLTICA DE RUPTURA LENTA DE CARGA NEUTRA PARA SERVIÇO DE LAMA ASFÁLTICA"]
[null,null,null,"EMULSÃO ASFÁLTICA PARA SERVIÇO DE IMPRIMAÇÃO"]
[null,null,null,"EMULSÕES ASF. MOD. POR POLÍMEROS RC1C-E"]
[null,null,null,"EMULSÕES ASF. MOD. POR POLÍMEROS RL1C-E"]
[null,null,null,"EMULSÕES ASF. MOD. POR POLÍMEROS RM1C-E"]
[null,null,null,"EMULSÕES ASF. MOD. POR POLÍMEROS RR1C-E"]
[null,null,null,"EMULSÕES ASF. MOD. POR POLÍMEROS RR2C-E"]
[null,null,null,"EMULSÕES ASFÁLTICAS RL-1C"]
[null,null,null,"EMULSÕES ASFÁLTICAS RM-1C"]
[null,null,null,"EMULSÕES ASFÁLTICAS RM-2C"]
[null,null,null,"EMULSÕES ASFÁLTICAS RR-1C"]
[null,null,null,"EMULSÕES ASFÁLTICAS RR-2C"]

{"sheet":"Transporte EAI","index":12,"n_rows":99,"n_cols":34,"rows_kept":99,"cut":false,"hidden":false,"merged":[[10,4,10,8],[10,9,10,10],[10,22,10,23],[12,3,32,3],[1,2,3,26],[6,2,8,2],[6,5,6,7],[6,12,8,12],[7,4,7,5],[7,6,8,6],[7,19,7,20]]}
[]
[null,null,"MEMÓRIA DE CÁLCULO"]
[]
[]
[]
[]
[null,null,"REAJUSTE",null,null,"TIPOLOGIA DO MATERIAL",null,null,"EMULSÃO ASFÁLTICA PARA SERVIÇO DE IMPRIMAÇÃO",null,null,null,"IMPOSTOS","COFINS",6.4999999999999997E-3,6.4999999999999997E-3]
[{"$nulls":6},"ÍNDICE DE PAVIMENTAÇÃO DNIT","2014-07-01","ÍNDICE INICIAL",270.23700000000002,null,null,null,"PIS",0.03,0.03,null,null,null,"LEGENDA",{"$nulls":8},"As empresas tributadas pelo Lucro Presumido pagam 0,65% de PIS e 3% de COFINS"]
[{"$nulls":7},{"$f":"'Transporte Cap 50-70'!H9","v":"2024-07-01"},"ÍNDICE FINAL",{"$f":"'Transporte Cap 50-70'!J9","v":574.25699999999995},null,null,null," ICMS",0.18,0.18,{"$f":"1-(O9/1)","v":0.82000000000000006},{"$f":"1-(P9/1)","v":0.82000000000000006},{"$f":"1-(Q9/1)","v":0.17999999999999994},"ENTRADA DE DADOS",{"$nulls":8},"As empresas tributadas pelo Lucro Real pagam 1,65% de PIS e 7,60% de COFINS"]
[{"$nulls":6},"Data ANP",{"$f":"'Transporte Cap 50-70'!H9","v":"2024-07-01"}]
[null,null,"DATA-BASE","PRODUTOS","LOCALIDADES",{"$nulls":4},"CUSTO ANP (R$/Kg)",null,"CUSTO ANP","IMPOSTOS DO PRODUTO","CUSTO DO PRODUTO COM IMPOSTOS","DMT's","DMT'S FLUVIAL","CUSTO DO TRANSPORTE RODOVIA PAVIMENTADA","CUSTO DO TRANSPORTE FLUVIAL","CUSTO DO TRANSPORTE TOTAL","ICMS","ATUALIZAÇÃO DO CUSTO DE TRANSPORTE","CUSTO DO TRANSPORTE RODOVIA PAVIMENTADA COM IMPOSTOS E ATUALIZAÇÃO MONETÁRIA","PEDÁGIO ",null,"TOTAL TRANSPORTE","AQUISIÇÃO DO PRODUTO","TOTAL GERAL ( TRANSP + AQUISIÇÃO)",null,1,2,3]
[null,null,{"$f":"H9","v":"2024-07-01"},null,"REFINARIAS","ENDEREÇO","ESTADO","CIDADE","DESTINO","ESTADO","REGIÃO","R$/t","R$/t","R$/t","KM","KM","R$/t","R$/t","R$/t","R$/t","R$/t","R$/t","CUSTO ","R$/t","R$/t","R$/t","R$/t",null,"TOTAL GERAL ( TRANSP + AQUISIÇÃO)","TOTAL TRANSPORTE","AQUISIÇÃO DO PRODUTO"]
[null,{"$f":"AA13","v":4992.4462651570157},1,{"$f":"I7","v":"EMULSÃO ASFÁLTICA PARA SERVIÇO DE IMPRIMAÇÃO"},"'CENTRO OESTE ASFALTOS LTDA.","SETOR DE INFLAMÁVEIS, S/N TRECHO 02 - LOTE 1.100 - GUARÁ - CEP:71225-000","Distrito Federal","BRASÍLIA - DF","Breves - PA",{"$f":"VLOOKUP(G13,OFFSET('ANP ESTADO'!$A$1,MATCH($I$7,'ANP ESTADO'!B:B,0)+MATCH($H$10,OFFSET('ANP ESTADO'!$A$1,MATCH($I$7,'ANP ESTADO'!B:B,0),0,100000,1),0),2,100000,2),2,FALSE)","v":"-"},{"$f":"VLOOKUP($H$10,OFFSET('ANP REGIÃO'!$A$9,MATCH('Transporte EAI'!$I$7,'ANP REGIÃO'!A:A,0),1,10000,10000),MATCH('Transporte EAI'!AH13,'ANP REGIÃO'!$B$8:$G$8,0),FALSE)","v":2.7308762651570158},{"$f":"IF(AND(J13=\"-\",K13=\"-\"),\"\",IF(AND(J13<>0,K13=\"-\"),J13*1000,IF(AND(J13=\"-\",K13<>0),K13*1000,IF(AND(J13<>0,K13<>0),J13*1000,\"\"))))","v":2730.876265157016},{"$f":"ROUND(((L13/(1-$O$7-$O$8-$O$9))-L13),2)","v":754.61},{"$f":"L13+M13","v":3485.4862651570161},1893,{"$f":"1.4+11+258","v":270.39999999999998},{"$f":"ROUND((26.939+0.253*O13),2)","v":505.87},{"$f":"ROUND((20.7256+0.1603*P13),2)","v":64.069999999999993},{"$f":"Q13+R13","v":569.94000000000005},{"$f":"TRUNC(S13*($O$9/(1-$O$9)),2)","v":125.1},{"$f":"TRUNC(IF($J$8=\"\",\"\",(($J$9-$J$8)/$J$8)*(S13+T13)),2)","v":781.92},{"$f":"S13+T13+U13","v":1476.96},420,{"$f":"EVEN(' CONSUMO DE MAT. B TOTAL'!$P$8*2/28)*W13/' CONSUMO DE MAT. B TOTAL'!$P$8","v":30},{"$f":"IF(AND(Q13=\"\",T13=\"\"),\"\",V13+X13)","v":1506.96},{"$f":"IF(OR(L13=\"\",M13=\"\"),\"\",L13+M13)","v":3485.4862651570161},{"$f":"IF(OR(Y13=\"\",Z13=\"\"),\"\",Y13+Z13)","v":4992.4462651570157},null,{"$f":"AA13","v":4992.4462651570157},{"$f":"Y13","v":1506.96},{"$f":"Z13","v":3485.4862651570161},null,null,{"$f":"IF(OR(G13=$D$59,G13=$D$60,G13=$D$62,G13=$D$68,G13=$D$52,G13=$D$48,G13=$D$44,G13=$D$57,G13=$D$47),\"NORDESTE\",IF(OR(G13=$D$43,G13=$D$45,G13=$D$46,G13=$D$56,G13=$D$64,G13=$D$65,G13=$D$69),\"NORTE\",IF(OR(G13=$D$49,G13=$D$51,G13=$D$53,G13=$D$54),\"CENTRO-OESTE\",IF(OR(G13=$D$67,G13=$D$61,G13=$D$55,G13=$D$50),\"SUDESTE\",IF(OR(G13=$D$66,G13=$D$58,G13=$D$63),\"SUL\",\"\")))))","v":"CENTRO-OESTE"}]
[null,{"$f":"AA14","v":5827.6844628704039},2,null,"ISAC SAABA","Rua Rio Quixito, 1, Vila Buriti - Distrito Industrial - Manaus - AM\nCEP: 69072-070","Amazonas","MANAUS - AM","Breves - PA",{"$f":"VLOOKUP(G14,OFFSET('ANP ESTADO'!$A$1,MATCH($I$7,'ANP ESTADO'!B:B,0)+MATCH($H$10,OFFSET('ANP ESTADO'!$A$1,MATCH($I$7,'ANP ESTADO'!B:B,0),0,100000,1),0),2,100000,2),2,FALSE)","v":"-"},{"$f":"VLOOKUP($H$10,OFFSET('ANP REGIÃO'!$A$9,MATCH('Transporte EAI'!$I$7,'ANP REGIÃO'!A:A,0),1,10000,10000),MATCH('Transporte EAI'!AH14,'ANP REGIÃO'!$B$8:$G$8,0),FALSE)","v":2.8467844628704033},{"$f":"IF(AND(J14=\"-\",K14=\"-\"),\"\",IF(AND(J14<>0,K14=\"-\"),J14*1000,IF(AND(J14=\"-\",K14<>0),K14*1000,IF(AND(J14<>0,K14<>0),J14*1000,\"\"))))","v":2846.7844628704033},{"$f":"ROUND(((L14/(1-$O$7-$O$8-$O$9))-L14),2)","v":786.64},{"$f":"L14+M14","v":3633.4244628704032},2994,{"$f":"1.4+258","v":259.39999999999998},{"$f":"ROUND((26.939+0.253*O14),2)","v":784.42},{"$f":"ROUND((20.7256+0.1603*P14),2)","v":62.31},{"$f":"Q14+R14","v":846.73},{"$f":"TRUNC(S14*($O$9/(1-$O$9)),2)","v":185.86},{"$f":"TRUNC(IF($J$8=\"\",\"\",(($J$9-$J$8)/$J$8)*(S14+T14)),2)","v":1161.67},{"$f":"S14+T14+U14","v":2194.2600000000002},0,{"$f":"EVEN(' CONSUMO DE MAT. B TOTAL'!$P$8*2/28)*W14/' CONSUMO DE MAT. B TOTAL'!$P$8","v":0},2194.2600000000002,3633.4244628704032,{"$f":"IF(OR(Y14=\"\",Z14=\"\"),\"\",Y14+Z14)","v":5827.6844628704039},null,{"$f":"AA14","v":5827.6844628704039},{"$f":"Y14","v":2194.2600000000002},3633.4244628704032,null,null,{"$f":"IF(OR(G14=$D$59,G14=$D$60,G14=$D$62,G14=$D$68,G14=$D$52,G14=$D$48,G14=$D$44,G14=$D$57,G14=$D$47),\"NORDESTE\",IF(OR(G14=$D$43,G14=$D$45,G14=$D$46,G14=$D$56,G14=$D$64,G14=$D$65,G14=$D$69),\"NORTE\",IF(OR(G14=$D$49,G14=$D$51,G14=$D$53,G14=$D$54),\"CENTRO-OESTE\",IF(OR(G14=$D$67,G14=$D$61,G14=$D$55,G14=$D$50),\"SUDESTE\",IF(OR(G14=$D$66,G14=$D$58,G14=$D$63),\"SUL\",\"\")))))","v":"NORTE"}]
[null,4578.2446299694193,2,null,"STRATURA ASFALTOS S/A","AVENIDA PRESIDENTE WILSON, 08  - JUNDIAÍ - CEP:75115-100","Goiás","ANÁPOLIS - GO","Breves - PA",{"$f":"VLOOKUP(G15,OFFSET('ANP ESTADO'!$A$1,MATCH($I$7,'ANP ESTADO'!B:B,0)+MATCH($H$10,OFFSET('ANP ESTADO'!$A$1,MATCH($I$7,'ANP ESTADO'!B:B,0),0,100000,1),0),2,100000,2),2,FALSE)","v":2.412151772826562},{"$f":"VLOOKUP($H$10,OFFSET('ANP REGIÃO'!$A$9,MATCH('Transporte EAI'!$I$7,'ANP REGIÃO'!A:A,0),1,10000,10000),MATCH('Transporte EAI'!AH15,'ANP REGIÃO'!$B$8:$G$8,0),FALSE)","v":2.7308762651570158},2412.1517728265621,666.54,3078.6917728265621,1872,{"$f":"1.4+11+258","v":270.39999999999998},500.56,64.069999999999993,564.63,123.94,774.64,1463.21,508.8,{"$f":"EVEN(' CONSUMO DE MAT. B TOTAL'!$P$8*2/28)*W15/' CONSUMO DE MAT. B TOTAL'!$P$8","v":36.342857142857149},1499.5528571428572,3078.6917728265621,4578.2446299694193,null,4578.2446299694193,1499.5528571428572,3078.6917728265621,null,null,"CENTRO-OESTE"]
[null,4611.0346299694193,3,null,"DISTRIBUIDORA BRASILEIRA DE ASFALTO SA - DISBRAL","VIA PRIMARIA 8, S/N QD-18, MODS. 24/47 - DAIAG - CEP:74980-970","Goiás","APARECIDA DE GOIANIA - GO","Breves - PA",{"$f":"VLOOKUP(G16,OFFSET('ANP ESTADO'!$A$1,MATCH($I$7,'ANP ESTADO'!B:B,0)+MATCH($H$10,OFFSET('ANP ESTADO'!$A$1,MATCH($I$7,'ANP ESTADO'!B:B,0),0,100000,1),0),2,100000,2),2,FALSE)","v":2.412151772826562},{"$f":"VLOOKUP($H$10,OFFSET('ANP REGIÃO'!$A$9,MATCH('Transporte EAI'!$I$7,'ANP REGIÃO'!A:A,0),1,10000,10000),MATCH('Transporte EAI'!AH16,'ANP REGIÃO'!$B$8:$G$8,0),FALSE)","v":2.7308762651570158},2412.1517728265621,666.54,3078.6917728265621,1922,{"$f":"1.4+11+258","v":270.39999999999998},513.21,64.069999999999993,577.28,126.72,792,1496,508.8,{"$f":"EVEN(' CONSUMO DE MAT. B TOTAL'!$P$8*2/28)*W16/' CONSUMO DE MAT. B TOTAL'!$P$8","v":36.342857142857149},1532.3428571428572,3078.6917728265621,4611.0346299694193,null,4611.0346299694193,1532.3428571428572,3078.6917728265621,null,null,"CENTRO-OESTE"]
[2403,4591.9946299694193,4,null,"INDÚSTRIA NACIONAL DE ASFALTOS LTDA.","VIA PRIMEIRA E SEGUNDA 3, S/N.º LOTES 01 A 10 - DISTRITO AGROINDUSTRIAL - CEP:75370-000","Goiás","GOIANIRA - GO","Breves - PA",{"$f":"VLOOKUP(G17,OFFSET('ANP ESTADO'!$A$1,MATCH($I$7,'ANP ESTADO'!B:B,0)+MATCH($H$10,OFFSET('ANP ESTADO'!$A$1,MATCH($I$7,'ANP ESTADO'!B:B,0),0,100000,1),0),2,100000,2),2,FALSE)","v":2.412151772826562},{"$f":"VLOOKUP($H$10,OFFSET('ANP REGIÃO'!$A$9,MATCH('Transporte EAI'!$I$7,'ANP REGIÃO'!A:A,0),1,10000,10000),MATCH('Transporte EAI'!AH17,'ANP REGIÃO'!$B$8:$G$8,0),FALSE)","v":2.7308762651570158},2412.1517728265621,666.54,3078.6917728265621,1893,{"$f":"1.4+11+258","v":270.39999999999998},505.87,64.069999999999993,569.94000000000005,125.1,781.92,1476.96,508.8,{"$f":"EVEN(' CONSUMO DE MAT. B TOTAL'!$P$8*2/28)*W17/' CONSUMO DE MAT. B TOTAL'!$P$8","v":36.342857142857149},1513.3028571428572,3078.6917728265621,4591.9946299694193,null,4591.9946299694193,1513.3028571428572,3078.6917728265621,null,null,"CENTRO-OESTE"]
[null,4499.8606621602275,5,null,"STRATURA ASFALTOS S/A","RUA VICTOR RODRIGUES RESENDE, 333  - DISTRITO IND. DE UBERLÂNDIA - CEP:38405-440","Minas Gerais","UBERLANDIA - MG","Breves - PA",{"$f":"VLOOKUP(G18,OFFSET('ANP ESTADO'!$A$1,MATCH($I$7,'ANP ESTADO'!B:B,0)+MATCH($H$10,OFFSET('ANP ESTADO'!$A$1,MATCH($I$7,'ANP ESTADO'!B:B,0),0,100000,1),0),2,100000,2),2,FALSE)","v":2.1534135193030846},{"$f":"VLOOKUP($H$10,OFFSET('ANP REGIÃO'!$A$9,MATCH('Transporte EAI'!$I$7,'ANP REGIÃO'!A:A,0),1,10000,10000),MATCH('Transporte EAI'!AH18,'ANP REGIÃO'!$B$8:$G$8,0),FALSE)","v":2.2487735151282049},2153.4135193030847,595.04,2748.4535193030847,2238,{"$f":"1.4+11+258","v":270.39999999999998},593.15,64.069999999999993,657.22,144.26,901.67,1703.15,675.6,{"$f":"EVEN(' CONSUMO DE MAT. B TOTAL'!$P$8*2/28)*W18/' CONSUMO DE MAT. B TOTAL'!$P$8","v":48.25714285714286},1751.4071428571428,2748.4535193030847,4499.8606621602275,null,4499.8606621602275,1751.4071428571428,2748.4535193030847,null,null,"SUDESTE"]
[null,4499.2206621602272,6,null,"BETUNEL INDÚSTRIA E COMÉRCIO LTDA.","RUA   VICTOR RODRIGUES DE REZENDE, 185  - DISTRITO INDUSTRIAL - CEP:38402-334","Minas Gerais","UBERLANDIA - MG","Breves - PA",{"$f":"VLOOKUP(G19,OFFSET('ANP ESTADO'!$A$1,MATCH($I$7,'ANP ESTADO'!B:B,0)+MATCH($H$10,OFFSET('ANP ESTADO'!$A$1,MATCH($I$7,'ANP ESTADO'!B:B,0),0,100000,1),0),2,100000,2),2,FALSE)","v":2.1534135193030846},{"$f":"VLOOKUP($H$10,OFFSET('ANP REGIÃO'!$A$9,MATCH('Transporte EAI'!$I$7,'ANP REGIÃO'!A:A,0),1,10000,10000),MATCH('Transporte EAI'!AH19,'ANP REGIÃO'!$B$8:$G$8,0),FALSE)","v":2.2487735151282049},2153.4135193030847,595.04,2748.4535193030847,2237,{"$f":"1.4+11+258","v":270.39999999999998},592.9,64.069999999999993,656.97,144.21,901.33,1702.5100000000002,675.6,{"$f":"EVEN(' CONSUMO DE MAT. B TOTAL'!$P$8*2/28)*W19/' CONSUMO DE MAT. B TOTAL'!$P$8","v":48.25714285714286},1750.767142857143,2748.4535193030847,4499.2206621602272,null,4499.2206621602272,1750.767142857143,2748.4535193030847,null,null,"SUDESTE"]
[null,5080.3567755807735,7,null,"ARAPETRO DISTRIBUIDORA DE PETRÓLEO LTDA.","RUA 04, S/N° LOTES 17 A 20. - DISTRITO INDUSTRIAL 1/8 - CEP:78600-000","Mato grosso","BARRA DO GARCAS - MT","Breves - PA",{"$f":"VLOOKUP(G20,OFFSET('ANP ESTADO'!$A$1,MATCH($I$7,'ANP ESTADO'!B:B,0)+MATCH($H$10,OFFSET('ANP ESTADO'!$A$1,MATCH($I$7,'ANP ESTADO'!B:B,0),0,100000,1),0),2,100000,2),2,FALSE)","v":2.8134167755807735},{"$f":"VLOOKUP($H$10,OFFSET('ANP REGIÃO'!$A$9,MATCH('Transporte EAI'!$I$7,'ANP REGIÃO'!A:A,0),1,10000,10000),MATCH('Transporte EAI'!AH20,'ANP REGIÃO'!$B$8:$G$8,0),FALSE)","v":2.7308762651570158},{"$f":"IF(AND(J20=\"-\",K20=\"-\"),\"\",IF(AND(J20<>0,K20=\"-\"),J20*1000,IF(AND(J20=\"-\",K20<>0),K20*1000,IF(AND(J20<>0,K20<>0),J20*1000,\"\"))))","v":2813.4167755807734},{"$f":"ROUND(((L20/(1-$O$7-$O$8-$O$9))-L20),2)","v":777.42},3590.8367755807735,1913,{"$f":"11+258","v":269},510.93,63.85,574.78,126.17,788.57,1489.52,0,{"$f":"EVEN(' CONSUMO DE MAT. B TOTAL'!$P$8*2/28)*W20/' CONSUMO DE MAT. B TOTAL'!$P$8","v":0},1489.52,3590.8367755807735,5080.3567755807735,{"$nulls":6},"CENTRO-OESTE"]
[null,4772.0135193030846,8,null,"DISTRIBUIDORA BRASILEIRA DE ASFALTO SA - DISBRAL","SÃO JUDAS TADEU, 288  - DISTRITO INDUSTRIAL - CEP:32450-000","Minas Gerais","SARZEDO - MG","Breves - PA",{"$f":"VLOOKUP(G21,OFFSET('ANP ESTADO'!$A$1,MATCH($I$7,'ANP ESTADO'!B:B,0)+MATCH($H$10,OFFSET('ANP ESTADO'!$A$1,MATCH($I$7,'ANP ESTADO'!B:B,0),0,100000,1),0),2,100000,2),2,FALSE)","v":2.1534135193030846},{"$f":"VLOOKUP($H$10,OFFSET('ANP REGIÃO'!$A$9,MATCH('Transporte EAI'!$I$7,'ANP REGIÃO'!A:A,0),1,10000,10000),MATCH('Transporte EAI'!AH21,'ANP REGIÃO'!$B$8:$G$8,0),FALSE)","v":2.2487735151282049},2153.4135193030847,595.04,2748.4535193030847,2648,{"$f":"1.4+11+258","v":270.39999999999998},696.88,64.069999999999993,760.95,167.03,1043.98,1971.96,722.4,{"$f":"EVEN(' CONSUMO DE MAT. B TOTAL'!$P$8*2/28)*W21/' CONSUMO DE MAT. B TOTAL'!$P$8","v":51.599999999999994},2023.56,2748.4535193030847,4772.0135193030846,{"$nulls":6},"SUDESTE"]
[null,4658.0744628704033,9,null,"'INDÚSTRIA NACIONAL DE ASFALTOS LTDA.","INDÚSTRIA NACIONAL DE ASFALTOS LTDA - CEP:77053-080","Tocantins"," PALMAS - TO","Breves - PA",{"$f":"VLOOKUP(G22,OFFSET('ANP ESTADO'!$A$1,MATCH($I$7,'ANP ESTADO'!B:B,0)+MATCH($H$10,OFFSET('ANP ESTADO'!$A$1,MATCH($I$7,'ANP ESTADO'!B:B,0),0,100000,1),0),2,100000,2),2,FALSE)","v":"-"},{"$f":"VLOOKUP($H$10,OFFSET('ANP REGIÃO'!$A$9,MATCH('Transporte EAI'!$I$7,'ANP REGIÃO'!A:A,0),1,10000,10000),MATCH('Transporte EAI'!AH22,'ANP REGIÃO'!$B$8:$G$8,0),FALSE)","v":2.8467844628704033},2846.7844628704033,786.64,3633.4244628704032,1211,258,333.32,62.08,395.4,86.79,542.46,1024.6500000000001,0,{"$f":"EVEN(' CONSUMO DE MAT. B TOTAL'!$P$8*2/28)*W22/' CONSUMO DE MAT. B TOTAL'!$P$8","v":0},1024.6500000000001,3633.4244628704032,4658.0744628704033,{"$nulls":6},"NORTE"]
[null,5208.6876174779763,10,null,"'NTA - NOVAS TÉCNICAS DE ASFALTOS S/A","RUA SOFIA ATAURI FADIN, 150 SALA A - B. SANTA TEREZINHA - CEP:13140-000","São Paulo","PAULINIA - SP","Breves - PA",{"$f":"VLOOKUP(G23,OFFSET('ANP ESTADO'!$A$1,MATCH($I$7,'ANP ESTADO'!B:B,0)+MATCH($H$10,OFFSET('ANP ESTADO'!$A$1,MATCH($I$7,'ANP ESTADO'!B:B,0),0,100000,1),0),2,100000,2),2,FALSE)","v":2.4378876174779767},{"$f":"VLOOKUP($H$10,OFFSET('ANP REGIÃO'!$A$9,MATCH('Transporte EAI'!$I$7,'ANP REGIÃO'!A:A,0),1,10000,10000),MATCH('Transporte EAI'!AH23,'ANP REGIÃO'!$B$8:$G$8,0),FALSE)","v":2.2487735151282049},2437.8876174779766,{"$f":"ROUND(((L23/(1-$O$7-$O$8-$O$9))-L23),2)","v":673.65},3111.5376174779767,2698,{"$f":"1.4+11+258","v":270.39999999999998},709.53,64.069999999999993,773.59999999999991,169.81,1061.3399999999999,2004.7499999999998,1293.5999999999999,{"$f":"EVEN(' CONSUMO DE MAT. B TOTAL'!$P$8*2/28)*W23/' CONSUMO DE MAT. B TOTAL'!$P$8","v":92.399999999999991},2097.1499999999996,3111.5376174779767,5208.6876174779763,null,5208.6876174779763,2097.1499999999996,3111.5376174779767,null,null,"SUDESTE"]
[null,5282.0861889065482,11,null,"COMPANHIA BRASILEIRA DE ASFALTOS DA AMAZÔNIA - IMPORTAÇÃO E EXPORTAÇÃO","Avenida Doutor Olindo Dártora 2451, Galpão 02, Morro Grande - CEP:07726-555","São Paulo","CAIEIRAS - SP","Breves - PA",{"$f":"VLOOKUP(G24,OFFSET('ANP ESTADO'!$A$1,MATCH($I$7,'ANP ESTADO'!B:B,0)+MATCH($H$10,OFFSET('ANP ESTADO'!$A$1,MATCH($I$7,'ANP ESTADO'!B:B,0),0,100000,1),0),2,100000,2),2,FALSE)","v":2.4378876174779767},{"$f":"VLOOKUP($H$10,OFFSET('ANP REGIÃO'!$A$9,MATCH('Transporte EAI'!$I$7,'ANP REGIÃO'!A:A,0),1,10000,10000),MATCH('Transporte EAI'!AH24,'ANP REGIÃO'!$B$8:$G$8,0),FALSE)","v":2.2487735151282049},2437.8876174779766,{"$f":"ROUND(((L24/(1-$O$7-$O$8-$O$9))-L24),2)","v":673.65},3111.5376174779767,2791,{"$f":"1.4+11+258","v":270.39999999999998},733.06,64.069999999999993,797.12999999999988,174.97,1093.6199999999999,2065.7199999999998,1467.6,{"$f":"EVEN(' CONSUMO DE MAT. B TOTAL'!$P$8*2/28)*W24/' CONSUMO DE MAT. B TOTAL'!$P$8","v":104.82857142857142},2170.5485714285714,3111.5376174779767,5282.0861889065482,{"$nulls":6},"SUDESTE"]
[null,5452.5734823378389,12,null,"BETUNEL INDÚSTRIA E COMÉRCIO LTDA.","R 16 , 82, Vila Nova Campo Grande - CEP:79.103-834","Mato Grosso do Sul","CAMPO GRANDE - MS","Breves - PA",{"$f":"VLOOKUP(G25,OFFSET('ANP ESTADO'!$A$1,MATCH($I$7,'ANP ESTADO'!B:B,0)+MATCH($H$10,OFFSET('ANP ESTADO'!$A$1,MATCH($I$7,'ANP ESTADO'!B:B,0),0,100000,1),0),2,100000,2),2,FALSE)","v":2.6422377680521243},{"$f":"VLOOKUP($H$10,OFFSET('ANP REGIÃO'!$A$9,MATCH('Transporte EAI'!$I$7,'ANP REGIÃO'!A:A,0),1,10000,10000),MATCH('Transporte EAI'!AH25,'ANP REGIÃO'!$B$8:$G$8,0),FALSE)","v":2.7308762651570158},2642.2377680521245,{"$f":"ROUND(((L25/(1-$O$7-$O$8-$O$9))-L25),2)","v":730.11},3372.3477680521246,2753,{"$f":"1.4+11+258","v":270.39999999999998},723.45,64.069999999999993,787.52,172.87,1080.45,2040.8400000000001,551.4,{"$f":"EVEN(' CONSUMO DE MAT. B TOTAL'!$P$8*2/28)*W25/' CONSUMO DE MAT. B TOTAL'!$P$8","v":39.385714285714286},2080.2257142857143,3372.3477680521246,5452.5734823378389,{"$nulls":6},"CENTRO-OESTE"]
[null,5389.7024898664877,13,null,"CENTRO OESTE ASFALTOS LTDA.","RUA   N, S/N.º LOTES 39/43 E LOTES 129/133 - DISTRITO INDUSTRIAL - CEP:78098-400","Mato Grosso","CUIABA - MT","Breves - PA",{"$f":"VLOOKUP(G26,OFFSET('ANP ESTADO'!$A$1,MATCH($I$7,'ANP ESTADO'!B:B,0)+MATCH($H$10,OFFSET('ANP ESTADO'!$A$1,MATCH($I$7,'ANP ESTADO'!B:B,0),0,100000,1),0),2,100000,2),2,FALSE)","v":2.8134167755807735},{"$f":"VLOOKUP($H$10,OFFSET('ANP REGIÃO'!$A$9,MATCH('Transporte EAI'!$I$7,'ANP REGIÃO'!A:A,0),1,10000,10000),MATCH('Transporte EAI'!AH26,'ANP REGIÃO'!$B$8:$G$8,0),FALSE)","v":2.7308762651570158},2813.4167755807734,777.42,3590.8367755807735,2317,{"$f":"11+258","v":269},613.14,63.85,676.99,148.6,928.79,1754.38,622.79999999999995,{"$f":"EVEN(' CONSUMO DE MAT. B TOTAL'!$P$8*2/28)*W26/' CONSUMO DE MAT. B TOTAL'!$P$8","v":44.48571428571428},1798.8657142857144,3590.8367755807735,5389.7024898664877,{"$nulls":6},"CENTRO-OESTE"]
[null,5403.4724898664881,14,null,"BETUNEL INDÚSTRIA E COMÉRCIO LTDA.","RUA N ESQUINA COM RUA X, S/N QD. IND. 7 L 01/08 - DIST. IND. - CEP:78015-285","Mato Grosso","CUIABA - MT","Breves - PA",{"$f":"VLOOKUP(G27,OFFSET('ANP ESTADO'!$A$1,MATCH($I$7,'ANP ESTADO'!B:B,0)+MATCH($H$10,OFFSET('ANP ESTADO'!$A$1,MATCH($I$7,'ANP ESTADO'!B:B,0),0,100000,1),0),2,100000,2),2,FALSE)","v":2.8134167755807735},{"$f":"VLOOKUP($H$10,OFFSET('ANP REGIÃO'!$A$9,MATCH('Transporte EAI'!$I$7,'ANP REGIÃO'!A:A,0),1,10000,10000),MATCH('Transporte EAI'!AH27,'ANP REGIÃO'!$B$8:$G$8,0),FALSE)","v":2.7308762651570158},2813.4167755807734,777.42,3590.8367755807735,2338,{"$f":"11+258","v":269},618.45000000000005,63.85,682.30000000000007,149.77000000000001,936.08,1768.15,622.79999999999995,{"$f":"EVEN(' CONSUMO DE MAT. B TOTAL'!$P$8*2/28)*W27/' CONSUMO DE MAT. B TOTAL'!$P$8","v":44.48571428571428},1812.6357142857144,3590.8367755807735,5403.4724898664881,{"$nulls":6},"CENTRO-OESTE"]
[null,5402.8224898664876,15,null,"EMAM - EMULSÕES E TRANSPORTES LTDA.","RODOVIA DOS IMIGRANTES, S/Nº KM 8,6 -  - CEP:60035-351","Mato Grosso","VARZEA GRANDE - MT","Breves - PA",{"$f":"VLOOKUP(G28,OFFSET('ANP ESTADO'!$A$1,MATCH($I$7,'ANP ESTADO'!B:B,0)+MATCH($H$10,OFFSET('ANP ESTADO'!$A$1,MATCH($I$7,'ANP ESTADO'!B:B,0),0,100000,1),0),2,100000,2),2,FALSE)","v":2.8134167755807735},{"$f":"VLOOKUP($H$10,OFFSET('ANP REGIÃO'!$A$9,MATCH('Transporte EAI'!$I$7,'ANP REGIÃO'!A:A,0),1,10000,10000),MATCH('Transporte EAI'!AH28,'ANP REGIÃO'!$B$8:$G$8,0),FALSE)","v":2.7308762651570158},2813.4167755807734,777.42,3590.8367755807735,2337,{"$f":"11+258","v":269},618.20000000000005,63.85,682.05000000000007,149.71,935.74,1767.5,622.79999999999995,{"$f":"EVEN(' CONSUMO DE MAT. B TOTAL'!$P$8*2/28)*W28/' CONSUMO DE MAT. B TOTAL'!$P$8","v":44.48571428571428},1811.9857142857143,3590.8367755807735,5402.8224898664876,null,5402.8224898664876,1811.9857142857143,3590.8367755807735,null,null,"CENTRO-OESTE"]
[null,5350.3961889065476,16,null,"VIAPOL LTDA.","VITO ARDITO, 6401 KM 118,5 - JARDIM CAMPO GRANDE - CEP:12282-535","São Paulo","CACAPAVA - SP","Breves - PA",{"$f":"VLOOKUP(G29,OFFSET('ANP ESTADO'!$A$1,MATCH($I$7,'ANP ESTADO'!B:B,0)+MATCH($H$10,OFFSET('ANP ESTADO'!$A$1,MATCH($I$7,'ANP ESTADO'!B:B,0),0,100000,1),0),2,100000,2),2,FALSE)","v":2.4378876174779767},{"$f":"VLOOKUP($H$10,OFFSET('ANP REGIÃO'!$A$9,MATCH('Transporte EAI'!$I$7,'ANP REGIÃO'!A:A,0),1,10000,10000),MATCH('Transporte EAI'!AH29,'ANP REGIÃO'!$B$8:$G$8,0),FALSE)","v":2.2487735151282049},2437.8876174779766,673.65,3111.5376174779767,2886,{"$f":"1.4+11+258","v":270.39999999999998},757.1,64.069999999999993,821.17000000000007,180.25,1126.6099999999999,2128.0299999999997,1551.6,{"$f":"EVEN(' CONSUMO DE MAT. B TOTAL'!$P$8*2/28)*W29/' CONSUMO DE MAT. B TOTAL'!$P$8","v":110.82857142857142},2238.8585714285709,3111.5376174779767,5350.3961889065476,null,5350.3961889065476,2238.8585714285709,3111.5376174779767,null,null,"SUDESTE"]
[null,5208.3063722710622,17,null,"STRATURA ASFALTOS S/A","RUA LUIS DE CAMÕES, 26  - CAMPOS ELÍSEOS - CEP:25225-030","Rio de Janeiro","DUQUE DE CAXIAS - RJ","Breves - PA",{"$f":"VLOOKUP(G30,OFFSET('ANP ESTADO'!$A$1,MATCH($I$7,'ANP ESTADO'!B:B,0)+MATCH($H$10,OFFSET('ANP ESTADO'!$A$1,MATCH($I$7,'ANP ESTADO'!B:B,0),0,100000,1),0),2,100000,2),2,FALSE)","v":"-"},{"$f":"VLOOKUP($H$10,OFFSET('ANP REGIÃO'!$A$9,MATCH('Transporte EAI'!$I$7,'ANP REGIÃO'!A:A,0),1,10000,10000),MATCH('Transporte EAI'!AH30,'ANP REGIÃO'!$B$8:$G$8,0),FALSE)","v":2.2487735151282049},2248.773515128205,621.39,2870.1635151282048,3087,{"$f":"1.4+11+258","v":270.39999999999998},807.95,64.069999999999993,872.02,191.41,1196.3699999999999,2259.8000000000002,1096.8,{"$f":"EVEN(' CONSUMO DE MAT. B TOTAL'!$P$8*2/28)*W30/' CONSUMO DE MAT. B TOTAL'!$P$8","v":78.342857142857142},2338.1428571428573,2870.1635151282048,5208.3063722710622,null,5208.3063722710622,{"$f":"Y30","v":2338.1428571428573},2870.1635151282048,null,null,"SUDESTE"]
[null,5216.1863722710623,18,null,"PROBITEC - PRODUTOS BETUMINOSOS E TECNOLOGIA DE APLICAÇÃO LTDA.","AVENIDA CANAL DA PAVUNA, 620  - PAVUNA - CEP:21535-630","Rio de Janeiro","RIO DE JANEIRO - RJ","Breves - PA",{"$f":"VLOOKUP(G31,OFFSET('ANP ESTADO'!$A$1,MATCH($I$7,'ANP ESTADO'!B:B,0)+MATCH($H$10,OFFSET('ANP ESTADO'!$A$1,MATCH($I$7,'ANP ESTADO'!B:B,0),0,100000,1),0),2,100000,2),2,FALSE)","v":"-"},{"$f":"VLOOKUP($H$10,OFFSET('ANP REGIÃO'!$A$9,MATCH('Transporte EAI'!$I$7,'ANP REGIÃO'!A:A,0),1,10000,10000),MATCH('Transporte EAI'!AH31,'ANP REGIÃO'!$B$8:$G$8,0),FALSE)","v":2.2487735151282049},2248.773515128205,621.39,2870.1635151282048,3099,{"$f":"1.4+11+258","v":270.39999999999998},810.99,64.069999999999993,875.06,192.08,1200.54,2267.6799999999998,1096.8,{"$f":"EVEN(' CONSUMO DE MAT. B TOTAL'!$P$8*2/28)*W31/' CONSUMO DE MAT. B TOTAL'!$P$8","v":78.342857142857142},2346.022857142857,2870.1635151282048,5216.1863722710623,null,5216.1863722710623,2346.022857142857,2870.1635151282048,null,null,"SUDESTE"]
[null,5626.9011594089461,19,null,"CASA DO ASFALTO DISTRIBUIDORA, INDÚSTRIA E COMÉRCIO DE ASFALTO LTDA.","BR 376, PARQUE INDUSTRIAL, S/N LOTE 6/7/7-A-3-1 - GL.PATR.MARIALVA - CEP:86990-000","Paraná","MARIALVA - PR","Breves - PA",{"$f":"VLOOKUP(G32,OFFSET('ANP ESTADO'!$A$1,MATCH($I$7,'ANP ESTADO'!B:B,0)+MATCH($H$10,OFFSET('ANP ESTADO'!$A$1,MATCH($I$7,'ANP ESTADO'!B:B,0),0,100000,1),0),2,100000,2),2,FALSE)","v":2.6770740165518037},{"$f":"VLOOKUP($H$10,OFFSET('ANP REGIÃO'!$A$9,MATCH('Transporte EAI'!$I$7,'ANP REGIÃO'!A:A,0),1,10000,10000),MATCH('Transporte EAI'!AH32,'ANP REGIÃO'!$B$8:$G$8,0),FALSE)","v":2.671186451783333},2677.0740165518037,739.74,3416.8140165518034,2879,{"$f":"1.4+11+258","v":270.39999999999998},755.33,64.069999999999993,819.40000000000009,179.86,1124.17,2123.4300000000003,1213.2,{"$f":"EVEN(' CONSUMO DE MAT. B TOTAL'!$P$8*2/28)*W32/' CONSUMO DE MAT. B TOTAL'!$P$8","v":86.657142857142858},2210.0871428571431,3416.8140165518034,5626.9011594089461,null,5626.9011594089461,2210.0871428571431,3416.8140165518034,null,null,"SUL"]
[null,5731.0068736946614,20,null,"PETROBRAS DISTRIBUIDORA S.A.","RUA MAQUINISTA  ELEODORO JACINTO, 100  - OFICINAS - CEP:84045-170","Paraná","PONTA GROSSA - PR","Breves - PA",{"$f":"VLOOKUP(G33,OFFSET('ANP ESTADO'!$A$1,MATCH($I$7,'ANP ESTADO'!B:B,0)+MATCH($H$10,OFFSET('ANP ESTADO'!$A$1,MATCH($I$7,'ANP ESTADO'!B:B,0),0,100000,1),0),2,100000,2),2,FALSE)","v":2.6770740165518037},{"$f":"VLOOKUP($H$10,OFFSET('ANP REGIÃO'!$A$9,MATCH('Transporte EAI'!$I$7,'ANP REGIÃO'!A:A,0),1,10000,10000),MATCH('Transporte EAI'!AH33,'ANP REGIÃO'!$B$8:$G$8,0),FALSE)","v":2.671186451783333},2677.0740165518037,739.74,3416.8140165518034,3023,{"$f":"1.4+11+258","v":270.39999999999998},791.76,64.069999999999993,855.82999999999993,187.86,1174.1600000000001,2217.8500000000004,1348.8,{"$f":"EVEN(' CONSUMO DE MAT. B TOTAL'!$P$8*2/28)*W33/' CONSUMO DE MAT. B TOTAL'!$P$8","v":96.342857142857127},2314.1928571428575,3416.8140165518034,5731.0068736946614,null,5731.0068736946614,2314.1928571428575,3416.8140165518034,null,null,"SUL"]
{"$rows_empty":9}
[null,null,null,"Acre"]
[null,null,null,"Alagoas"]
[null,null,null,"Amapá"]
[null,null,null,"Amazonas"]
[null,null,null,"Bahia"]
[null,null,null,"Ceará"]
[null,null,null,"Distrito Federal"]
[null,null,null,"Espírito Santo"]
[null,null,null,"Goiás"]
[null,null,null,"Maranhão"]
[null,null,null,"Mato Grosso"]
[null,null,null,"Mato Grosso do Sul"]
[null,null,null,"Minas Gerais"]
[null,null,null,"Pará"]
[null,null,null,"Paraíba"]
[null,null,null,"Paraná"]
[null,null,null,"Pernambuco"]
[null,null,null,"Piauí"]
[null,null,null,"Rio de Janeiro"]
[null,null,null,"Rio Grande do Norte"]
[null,null,null,"Rio Grande do Sul"]
[null,null,null,"Rondônia"]
[null,null,null,"Roraima"]
[null,null,null,"Santa Catarina"]
[null,null,null,"São Paulo"]
[null,null,null,"Sergipe"]
[null,null,null,"Tocantins"]
[]
[]
[]
[null,null,null,"ASFALTOS DILUÍDOS CM-30"]
[null,null,null,"ASFALTOS DILUÍDOS CM-70"]
[null,null,null,"ASFALTOS DILUÍDOS CR-250"]
[null,null,null,"ASFALTOS DILUÍDOS CR-70"]
[null,null,null,"CAP MODIFICADO POR BORRACHA DE PNEU AB22"]
[null,null,null,"CAP MODIFICADO POR BORRACHA DE PNEU AB8"]
[null,null,null,"CAP MODIFICADO POR POLÍMERO 55-75-E"]
[null,null,null,"CAP MODIFICADO POR POLÍMERO 60-85-E"]
[null,null,null,"CAP MODIFICADO POR POLÍMERO 65-90-E"]
[null,null,null,"CIMENTOS ASFÁLTICOS CAP-150-200"]
[null,null,null,"CIMENTOS ASFÁLTICOS CAP-30-45"]
[null,null,null,"CIMENTOS ASFÁLTICOS CAP-50-70"]
[null,null,null,"CIMENTOS ASFÁLTICOS CAP-85-100"]
[null,null,null,"EMULSÃO ASFÁLTICA CATIÔNICA DE RUPTURA CONTROLADA PARA SERVIÇO DE LAMA ASFÁLTICA"]
[null,null,null,"EMULSÃO ASFÁLTICA DE RUPTURA LENTA CATIÔNICA PARA SERVIÇO DE LAMA ASFÁLTICA"]
[null,null,null,"EMULSÃO ASFÁLTICA DE RUPTURA LENTA DE CARGA NEUTRA PARA SERVIÇO DE LAMA ASFÁLTICA"]
[null,null,null,"EMULSÃO ASFÁLTICA PARA SERVIÇO DE IMPRIMAÇÃO"]
[null,null,null,"EMULSÕES ASF. MOD. POR POLÍMEROS RC1C-E"]
[null,null,null,"EMULSÕES ASF. MOD. POR POLÍMEROS RL1C-E"]
[null,null,null,"EMULSÕES ASF. MOD. POR POLÍMEROS RM1C-E"]
[null,null,null,"EMULSÕES ASF. MOD. POR POLÍMEROS RR1C-E"]
[null,null,null,"EMULSÕES ASF. MOD. POR POLÍMEROS RR2C-E"]
[null,null,null,"EMULSÕES ASFÁLTICAS RL-1C"]
[null,null,null,"EMULSÕES ASFÁLTICAS RM-1C"]
[null,null,null,"EMULSÕES ASFÁLTICAS RM-2C"]
[null,null,null,"EMULSÕES ASFÁLTICAS RR-1C"]
[null,null,null,"EMULSÕES ASFÁLTICAS RR-2C"]

{"sheet":"Transporte RR-1C","index":13,"n_rows":99,"n_cols":34,"rows_kept":99,"cut":false,"hidden":false,"merged":[[10,4,10,8],[10,9,10,10],[10,22,10,23],[12,3,32,3],[1,2,3,26],[6,2,8,2],[6,5,6,7],[6,12,8,12],[7,4,7,5],[7,6,8,6],[7,19,7,20]]}
[]
[null,null,"MEMÓRIA DE CÁLCULO"]
[]
[]
[]
[]
[null,null,"REAJUSTE",null,null,"TIPOLOGIA DO MATERIAL",null,null,"EMULSÕES ASFÁLTICAS RR-1C",null,null,null,"IMPOSTOS","COFINS",6.4999999999999997E-3,6.4999999999999997E-3]
[{"$nulls":6},"ÍNDICE DE PAVIMENTAÇÃO DNIT","2014-07-01","ÍNDICE INICIAL",270.23700000000002,null,null,null,"PIS",0.03,0.03,null,null,null,"LEGENDA",{"$nulls":8},"As empresas tributadas pelo Lucro Presumido pagam 0,65% de PIS e 3% de COFINS"]
[{"$nulls":7},{"$f":"'Transporte Cap 50-70'!H9","v":"2024-07-01"},"ÍNDICE FINAL",{"$f":"'Transporte Cap 50-70'!J9","v":574.25699999999995},null,null,null," ICMS",0.18,0.18,{"$f":"1-(O9/1)","v":0.82000000000000006},{"$f":"1-(P9/1)","v":0.82000000000000006},{"$f":"1-(Q9/1)","v":0.17999999999999994},"ENTRADA DE DADOS",{"$nulls":8},"As empresas tributadas pelo Lucro Real pagam 1,65% de PIS e 7,60% de COFINS"]
[{"$nulls":6},"Data ANP",{"$f":"'Transporte Cap 50-70'!H9","v":"2024-07-01"}]
[null,null,"DATA-BASE","PRODUTOS","LOCALIDADES",{"$nulls":4},"CUSTO ANP (R$/Kg)",null,"CUSTO ANP","IMPOSTOS DO PRODUTO","CUSTO DO PRODUTO COM IMPOSTOS","DMT's","DMT'S FLUVIAL","CUSTO DO TRANSPORTE RODOVIA PAVIMENTADA","CUSTO DO TRANSPORTE FLUVIAL","CUSTO DO TRANSPORTE TOTAL","ICMS","ATUALIZAÇÃO DO CUSTO DE TRANSPORTE","CUSTO DO TRANSPORTE RODOVIA PAVIMENTADA COM IMPOSTOS E ATUALIZAÇÃO MONETÁRIA","PEDÁGIO ",null,"TOTAL TRANSPORTE","AQUISIÇÃO DO PRODUTO","TOTAL GERAL ( TRANSP + AQUISIÇÃO)",null,1,2,3]
[null,null,{"$f":"H9","v":"2024-07-01"},null,"REFINARIAS","ENDEREÇO","ESTADO","CIDADE","DESTINO","ESTADO","REGIÃO","R$/t","R$/t","R$/t","KM","KM","R$/t","R$/t","R$/t","R$/t","R$/t","R$/t","CUSTO ","R$/t","R$/t","R$/t","R$/t",null,"TOTAL GERAL ( TRANSP + AQUISIÇÃO)","TOTAL TRANSPORTE","AQUISIÇÃO DO PRODUTO"]
[null,{"$f":"AA13","v":5054.962972640732},1,{"$f":"I7","v":"EMULSÕES ASFÁLTICAS RR-1C"},"'CENTRO OESTE ASFALTOS LTDA.","SETOR DE INFLAMÁVEIS, S/N TRECHO 02 - LOTE 1.100 - GUARÁ - CEP:71225-000","Distrito Federal","BRASÍLIA - DF",{"$f":"'Transporte EAI'!I13","v":"Breves - PA"},{"$f":"VLOOKUP(G13,OFFSET('ANP ESTADO'!$A$1,MATCH($I$7,'ANP ESTADO'!B:B,0)+MATCH($H$10,OFFSET('ANP ESTADO'!$A$1,MATCH($I$7,'ANP ESTADO'!B:B,0),0,100000,1),0),2,100000,2),2,FALSE)","v":"-"},{"$f":"VLOOKUP($H$10,OFFSET('ANP REGIÃO'!$A$9,MATCH('Transporte RR-1C'!$I$7,'ANP REGIÃO'!A:A,0),1,10000,10000),MATCH('Transporte RR-1C'!AH13,'ANP REGIÃO'!$B$8:$G$8,0),FALSE)","v":2.7772496393073984},{"$f":"IF(AND(J13=\"-\",K13=\"-\"),\"\",IF(AND(J13<>0,K13=\"-\"),J13*1000,IF(AND(J13=\"-\",K13<>0),K13*1000,IF(AND(J13<>0,K13<>0),J13*1000,\"\"))))","v":2777.2496393073984},{"$f":"ROUND(((L13/(1-$O$7-$O$8-$O$9))-L13),2)","v":767.42},{"$f":"L13+M13","v":3544.6696393073985},{"$f":"'Transporte EAI'!O13","v":1893},{"$f":"'Transporte EAI'!P13","v":270.39999999999998},{"$f":"ROUND((26.939+0.253*O13),2)","v":505.87},{"$f":"ROUND((20.7256+0.1603*P13),2)","v":64.069999999999993},{"$f":"Q13+R13","v":569.94000000000005},{"$f":"TRUNC(S13*($O$9/(1-$O$9)),2)","v":125.1},{"$f":"TRUNC(IF($J$8=\"\",\"\",(($J$9-$J$8)/$J$8)*(S13+T13)),2)","v":781.92},{"$f":"S13+T13+U13","v":1476.96},{"$f":"'Transporte EAI'!W13","v":420},{"$f":"EVEN(' CONSUMO DE MAT. B TOTAL'!$P$11*2/28)*W13/' CONSUMO DE MAT. B TOTAL'!$P$11","v":33.333333333333336},{"$f":"IF(AND(Q13=\"\",T13=\"\"),\"\",V13+X13)","v":1510.2933333333333},{"$f":"IF(OR(L13=\"\",M13=\"\"),\"\",L13+M13)","v":3544.6696393073985},{"$f":"IF(OR(Y13=\"\",Z13=\"\"),\"\",Y13+Z13)","v":5054.962972640732},null,{"$f":"AA13","v":5054.962972640732},{"$f":"Y13","v":1510.2933333333333},{"$f":"Z13","v":3544.6696393073985},null,null,{"$f":"IF(OR(G13=$D$59,G13=$D$60,G13=$D$62,G13=$D$68,G13=$D$52,G13=$D$48,G13=$D$44,G13=$D$57,G13=$D$47),\"NORDESTE\",IF(OR(G13=$D$43,G13=$D$45,G13=$D$46,G13=$D$56,G13=$D$64,G13=$D$65,G13=$D$69),\"NORTE\",IF(OR(G13=$D$49,G13=$D$51,G13=$D$53,G13=$D$54),\"CENTRO-OESTE\",IF(OR(G13=$D$67,G13=$D$61,G13=$D$55,G13=$D$50),\"SUDESTE\",IF(OR(G13=$D$66,G13=$D$58,G13=$D$63),\"SUL\",\"\")))))","v":"CENTRO-OESTE"}]
[null,{"$f":"AA14","v":6789.9586171154388},2,null,"ISAC SAABA","Rua Rio Quixito, 1, Vila Buriti - Distrito Industrial - Manaus - AM\nCEP: 69072-070","Amazonas","MANAUS - AM",{"$f":"'Transporte EAI'!I14","v":"Breves - PA"},{"$f":"VLOOKUP(G14,OFFSET('ANP ESTADO'!$A$1,MATCH($I$7,'ANP ESTADO'!B:B,0)+MATCH($H$10,OFFSET('ANP ESTADO'!$A$1,MATCH($I$7,'ANP ESTADO'!B:B,0),0,100000,1),0),2,100000,2),2,FALSE)","v":3.6007286171154385},{"$f":"VLOOKUP($H$10,OFFSET('ANP REGIÃO'!$A$9,MATCH('Transporte RR-1C'!$I$7,'ANP REGIÃO'!A:A,0),1,10000,10000),MATCH('Transporte RR-1C'!AH14,'ANP REGIÃO'!$B$8:$G$8,0),FALSE)","v":3.6013393270141432},{"$f":"IF(AND(J14=\"-\",K14=\"-\"),\"\",IF(AND(J14<>0,K14=\"-\"),J14*1000,IF(AND(J14=\"-\",K14<>0),K14*1000,IF(AND(J14<>0,K14<>0),J14*1000,\"\"))))","v":3600.7286171154383},{"$f":"ROUND(((L14/(1-$O$7-$O$8-$O$9))-L14),2)","v":994.97},{"$f":"L14+M14","v":4595.6986171154385},{"$f":"'Transporte EAI'!O14","v":2994},{"$f":"'Transporte EAI'!P14","v":259.39999999999998},{"$f":"ROUND((26.939+0.253*O14),2)","v":784.42},{"$f":"ROUND((20.7256+0.1603*P14),2)","v":62.31},{"$f":"Q14+R14","v":846.73},{"$f":"TRUNC(S14*($O$9/(1-$O$9)),2)","v":185.86},{"$f":"TRUNC(IF($J$8=\"\",\"\",(($J$9-$J$8)/$J$8)*(S14+T14)),2)","v":1161.67},{"$f":"S14+T14+U14","v":2194.2600000000002},{"$f":"'Transporte EAI'!W14","v":0},{"$f":"EVEN(' CONSUMO DE MAT. B TOTAL'!$P$11*2/28)*W14/' CONSUMO DE MAT. B TOTAL'!$P$11","v":0},2194.2600000000002,4595.6986171154385,{"$f":"IF(OR(Y14=\"\",Z14=\"\"),\"\",Y14+Z14)","v":6789.9586171154388},null,{"$f":"AA14","v":6789.9586171154388},{"$f":"Y14","v":2194.2600000000002},4595.6986171154385,null,null,{"$f":"IF(OR(G14=$D$59,G14=$D$60,G14=$D$62,G14=$D$68,G14=$D$52,G14=$D$48,G14=$D$44,G14=$D$57,G14=$D$47),\"NORDESTE\",IF(OR(G14=$D$43,G14=$D$45,G14=$D$46,G14=$D$56,G14=$D$64,G14=$D$65,G14=$D$69),\"NORTE\",IF(OR(G14=$D$49,G14=$D$51,G14=$D$53,G14=$D$54),\"CENTRO-OESTE\",IF(OR(G14=$D$67,G14=$D$61,G14=$D$55,G14=$D$50),\"SUDESTE\",IF(OR(G14=$D$66,G14=$D$58,G14=$D$63),\"SUL\",\"\")))))","v":"NORTE"}]
[null,4778.5203933006305,2,null,"STRATURA ASFALTOS S/A","AVENIDA PRESIDENTE WILSON, 08  - JUNDIAÍ - CEP:75115-100","Goiás","ANÁPOLIS - GO",{"$f":"'Transporte EAI'!I15","v":"Breves - PA"},{"$f":"VLOOKUP(G15,OFFSET('ANP ESTADO'!$A$1,MATCH($I$7,'ANP ESTADO'!B:B,0)+MATCH($H$10,OFFSET('ANP ESTADO'!$A$1,MATCH($I$7,'ANP ESTADO'!B:B,0),0,100000,1),0),2,100000,2),2,FALSE)","v":2.5659094409196781},{"$f":"VLOOKUP($H$10,OFFSET('ANP REGIÃO'!$A$9,MATCH('Transporte RR-1C'!$I$7,'ANP REGIÃO'!A:A,0),1,10000,10000),MATCH('Transporte RR-1C'!AH15,'ANP REGIÃO'!$B$8:$G$8,0),FALSE)","v":2.7772496393073984},2565.9094409196782,709.02,3274.9294409196782,{"$f":"'Transporte EAI'!O15","v":1872},{"$f":"'Transporte EAI'!P15","v":270.39999999999998},500.56,64.069999999999993,564.63,123.94,774.64,1463.21,{"$f":"'Transporte EAI'!W15","v":508.8},{"$f":"EVEN(' CONSUMO DE MAT. B TOTAL'!$P$11*2/28)*W15/' CONSUMO DE MAT. B TOTAL'!$P$11","v":40.38095238095238},1503.5909523809523,3274.9294409196782,4778.5203933006305,null,4778.5203933006305,1503.5909523809523,3274.9294409196782,null,null,"CENTRO-OESTE"]
[null,4811.3103933006305,3,null,"DISTRIBUIDORA BRASILEIRA DE ASFALTO SA - DISBRAL","VIA PRIMARIA 8, S/N QD-18, MODS. 24/47 - DAIAG - CEP:74980-970","Goiás","APARECIDA DE GOIANIA - GO",{"$f":"'Transporte EAI'!I16","v":"Breves - PA"},{"$f":"VLOOKUP(G16,OFFSET('ANP ESTADO'!$A$1,MATCH($I$7,'ANP ESTADO'!B:B,0)+MATCH($H$10,OFFSET('ANP ESTADO'!$A$1,MATCH($I$7,'ANP ESTADO'!B:B,0),0,100000,1),0),2,100000,2),2,FALSE)","v":2.5659094409196781},{"$f":"VLOOKUP($H$10,OFFSET('ANP REGIÃO'!$A$9,MATCH('Transporte RR-1C'!$I$7,'ANP REGIÃO'!A:A,0),1,10000,10000),MATCH('Transporte RR-1C'!AH16,'ANP REGIÃO'!$B$8:$G$8,0),FALSE)","v":2.7772496393073984},2565.9094409196782,709.02,3274.9294409196782,{"$f":"'Transporte EAI'!O16","v":1922},{"$f":"'Transporte EAI'!P16","v":270.39999999999998},513.21,64.069999999999993,577.28,126.72,792,1496,{"$f":"'Transporte EAI'!W16","v":508.8},{"$f":"EVEN(' CONSUMO DE MAT. B TOTAL'!$P$11*2/28)*W16/' CONSUMO DE MAT. B TOTAL'!$P$11","v":40.38095238095238},1536.3809523809523,3274.9294409196782,4811.3103933006305,null,4811.3103933006305,1536.3809523809523,3274.9294409196782,null,null,"CENTRO-OESTE"]
[2403,4792.2703933006305,4,null,"INDÚSTRIA NACIONAL DE ASFALTOS LTDA.","VIA PRIMEIRA E SEGUNDA 3, S/N.º LOTES 01 A 10 - DISTRITO AGROINDUSTRIAL - CEP:75370-000","Goiás","GOIANIRA - GO",{"$f":"'Transporte EAI'!I17","v":"Breves - PA"},{"$f":"VLOOKUP(G17,OFFSET('ANP ESTADO'!$A$1,MATCH($I$7,'ANP ESTADO'!B:B,0)+MATCH($H$10,OFFSET('ANP ESTADO'!$A$1,MATCH($I$7,'ANP ESTADO'!B:B,0),0,100000,1),0),2,100000,2),2,FALSE)","v":2.5659094409196781},{"$f":"VLOOKUP($H$10,OFFSET('ANP REGIÃO'!$A$9,MATCH('Transporte RR-1C'!$I$7,'ANP REGIÃO'!A:A,0),1,10000,10000),MATCH('Transporte RR-1C'!AH17,'ANP REGIÃO'!$B$8:$G$8,0),FALSE)","v":2.7772496393073984},2565.9094409196782,709.02,3274.9294409196782,{"$f":"'Transporte EAI'!O17","v":1893},{"$f":"'Transporte EAI'!P17","v":270.39999999999998},505.87,64.069999999999993,569.94000000000005,125.1,781.92,1476.96,{"$f":"'Transporte EAI'!W17","v":508.8},{"$f":"EVEN(' CONSUMO DE MAT. B TOTAL'!$P$11*2/28)*W17/' CONSUMO DE MAT. B TOTAL'!$P$11","v":40.38095238095238},1517.3409523809523,3274.9294409196782,4792.2703933006305,null,4792.2703933006305,1517.3409523809523,3274.9294409196782,null,null,"CENTRO-OESTE"]
[null,4838.6205606765252,5,null,"STRATURA ASFALTOS S/A","RUA VICTOR RODRIGUES RESENDE, 333  - DISTRITO IND. DE UBERLÂNDIA - CEP:38405-440","Minas Gerais","UBERLANDIA - MG",{"$f":"'Transporte EAI'!I18","v":"Breves - PA"},{"$f":"VLOOKUP(G18,OFFSET('ANP ESTADO'!$A$1,MATCH($I$7,'ANP ESTADO'!B:B,0)+MATCH($H$10,OFFSET('ANP ESTADO'!$A$1,MATCH($I$7,'ANP ESTADO'!B:B,0),0,100000,1),0),2,100000,2),2,FALSE)","v":2.4146315130574774},{"$f":"VLOOKUP($H$10,OFFSET('ANP REGIÃO'!$A$9,MATCH('Transporte RR-1C'!$I$7,'ANP REGIÃO'!A:A,0),1,10000,10000),MATCH('Transporte RR-1C'!AH18,'ANP REGIÃO'!$B$8:$G$8,0),FALSE)","v":2.5568047096927602},2414.6315130574772,667.22,3081.851513057477,{"$f":"'Transporte EAI'!O18","v":2238},{"$f":"'Transporte EAI'!P18","v":270.39999999999998},593.15,64.069999999999993,657.22,144.26,901.67,1703.15,{"$f":"'Transporte EAI'!W18","v":675.6},{"$f":"EVEN(' CONSUMO DE MAT. B TOTAL'!$P$11*2/28)*W18/' CONSUMO DE MAT. B TOTAL'!$P$11","v":53.61904761904762},1756.7690476190478,3081.851513057477,4838.6205606765252,null,4838.6205606765252,1756.7690476190478,3081.851513057477,null,null,"SUDESTE"]
[null,4837.9805606765249,6,null,"BETUNEL INDÚSTRIA E COMÉRCIO LTDA.","RUA   VICTOR RODRIGUES DE REZENDE, 185  - DISTRITO INDUSTRIAL - CEP:38402-334","Minas Gerais","UBERLANDIA - MG",{"$f":"'Transporte EAI'!I19","v":"Breves - PA"},{"$f":"VLOOKUP(G19,OFFSET('ANP ESTADO'!$A$1,MATCH($I$7,'ANP ESTADO'!B:B,0)+MATCH($H$10,OFFSET('ANP ESTADO'!$A$1,MATCH($I$7,'ANP ESTADO'!B:B,0),0,100000,1),0),2,100000,2),2,FALSE)","v":2.4146315130574774},{"$f":"VLOOKUP($H$10,OFFSET('ANP REGIÃO'!$A$9,MATCH('Transporte RR-1C'!$I$7,'ANP REGIÃO'!A:A,0),1,10000,10000),MATCH('Transporte RR-1C'!AH19,'ANP REGIÃO'!$B$8:$G$8,0),FALSE)","v":2.5568047096927602},2414.6315130574772,667.22,3081.851513057477,{"$f":"'Transporte EAI'!O19","v":2237},{"$f":"'Transporte EAI'!P19","v":270.39999999999998},592.9,64.069999999999993,656.97,144.21,901.33,1702.5100000000002,{"$f":"'Transporte EAI'!W19","v":675.6},{"$f":"EVEN(' CONSUMO DE MAT. B TOTAL'!$P$11*2/28)*W19/' CONSUMO DE MAT. B TOTAL'!$P$11","v":53.61904761904762},1756.1290476190479,3081.851513057477,4837.9805606765249,null,4837.9805606765249,1756.1290476190479,3081.851513057477,null,null,"SUDESTE"]
[null,6806.048505322402,7,null,"ARAPETRO DISTRIBUIDORA DE PETRÓLEO LTDA.","RUA 04, S/N° LOTES 17 A 20. - DISTRITO INDUSTRIAL 1/8 - CEP:78600-000","Mato grosso","BARRA DO GARCAS - MT",{"$f":"'Transporte EAI'!I20","v":"Breves - PA"},{"$f":"VLOOKUP(G20,OFFSET('ANP ESTADO'!$A$1,MATCH($I$7,'ANP ESTADO'!B:B,0)+MATCH($H$10,OFFSET('ANP ESTADO'!$A$1,MATCH($I$7,'ANP ESTADO'!B:B,0),0,100000,1),0),2,100000,2),2,FALSE)","v":4.165498505322403},{"$f":"VLOOKUP($H$10,OFFSET('ANP REGIÃO'!$A$9,MATCH('Transporte RR-1C'!$I$7,'ANP REGIÃO'!A:A,0),1,10000,10000),MATCH('Transporte RR-1C'!AH20,'ANP REGIÃO'!$B$8:$G$8,0),FALSE)","v":2.7772496393073984},{"$f":"IF(AND(J20=\"-\",K20=\"-\"),\"\",IF(AND(J20<>0,K20=\"-\"),J20*1000,IF(AND(J20=\"-\",K20<>0),K20*1000,IF(AND(J20<>0,K20<>0),J20*1000,\"\"))))","v":4165.4985053224027},{"$f":"ROUND(((L20/(1-$O$7-$O$8-$O$9))-L20),2)","v":1151.03},5316.5285053224025,{"$f":"'Transporte EAI'!O20","v":1913},{"$f":"'Transporte EAI'!P20","v":269},510.93,63.85,574.78,126.17,788.57,1489.52,{"$f":"'Transporte EAI'!W20","v":0},{"$f":"EVEN(' CONSUMO DE MAT. B TOTAL'!$P$11*2/28)*W20/' CONSUMO DE MAT. B TOTAL'!$P$11","v":0},1489.52,5316.5285053224025,6806.048505322402,{"$nulls":6},"CENTRO-OESTE"]
[null,5111.14484639081,8,null,"DISTRIBUIDORA BRASILEIRA DE ASFALTO SA - DISBRAL","SÃO JUDAS TADEU, 288  - DISTRITO INDUSTRIAL - CEP:32450-000","Minas Gerais","SARZEDO - MG",{"$f":"'Transporte EAI'!I21","v":"Breves - PA"},{"$f":"VLOOKUP(G21,OFFSET('ANP ESTADO'!$A$1,MATCH($I$7,'ANP ESTADO'!B:B,0)+MATCH($H$10,OFFSET('ANP ESTADO'!$A$1,MATCH($I$7,'ANP ESTADO'!B:B,0),0,100000,1),0),2,100000,2),2,FALSE)","v":2.4146315130574774},{"$f":"VLOOKUP($H$10,OFFSET('ANP REGIÃO'!$A$9,MATCH('Transporte RR-1C'!$I$7,'ANP REGIÃO'!A:A,0),1,10000,10000),MATCH('Transporte RR-1C'!AH21,'ANP REGIÃO'!$B$8:$G$8,0),FALSE)","v":2.5568047096927602},2414.6315130574772,667.22,3081.851513057477,{"$f":"'Transporte EAI'!O21","v":2648},{"$f":"'Transporte EAI'!P21","v":270.39999999999998},696.88,64.069999999999993,760.95,167.03,1043.98,1971.96,{"$f":"'Transporte EAI'!W21","v":722.4},{"$f":"EVEN(' CONSUMO DE MAT. B TOTAL'!$P$11*2/28)*W21/' CONSUMO DE MAT. B TOTAL'!$P$11","v":57.333333333333336},2029.2933333333333,3081.851513057477,5111.14484639081,{"$nulls":6},"SUDESTE"]
[null,5621.1293270141432,9,null,"'INDÚSTRIA NACIONAL DE ASFALTOS LTDA.","INDÚSTRIA NACIONAL DE ASFALTOS LTDA - CEP:77053-080","Tocantins"," PALMAS - TO",{"$f":"'Transporte EAI'!I22","v":"Breves - PA"},{"$f":"VLOOKUP(G22,OFFSET('ANP ESTADO'!$A$1,MATCH($I$7,'ANP ESTADO'!B:B,0)+MATCH($H$10,OFFSET('ANP ESTADO'!$A$1,MATCH($I$7,'ANP ESTADO'!B:B,0),0,100000,1),0),2,100000,2),2,FALSE)","v":"-"},{"$f":"VLOOKUP($H$10,OFFSET('ANP REGIÃO'!$A$9,MATCH('Transporte RR-1C'!$I$7,'ANP REGIÃO'!A:A,0),1,10000,10000),MATCH('Transporte RR-1C'!AH22,'ANP REGIÃO'!$B$8:$G$8,0),FALSE)","v":3.6013393270141432},3601.3393270141432,995.14,4596.4793270141436,{"$f":"'Transporte EAI'!O22","v":1211},{"$f":"'Transporte EAI'!P22","v":258},333.32,62.08,395.4,86.79,542.46,1024.6500000000001,{"$f":"'Transporte EAI'!W22","v":0},{"$f":"EVEN(' CONSUMO DE MAT. B TOTAL'!$P$11*2/28)*W22/' CONSUMO DE MAT. B TOTAL'!$P$11","v":0},1024.6500000000001,4596.4793270141436,5621.1293270141432,{"$nulls":6},"NORTE"]
[null,5708.0349684909088,10,null,"'NTA - NOVAS TÉCNICAS DE ASFALTOS S/A","RUA SOFIA ATAURI FADIN, 150 SALA A - B. SANTA TEREZINHA - CEP:13140-000","São Paulo","PAULINIA - SP",{"$f":"'Transporte EAI'!I23","v":"Breves - PA"},{"$f":"VLOOKUP(G23,OFFSET('ANP ESTADO'!$A$1,MATCH($I$7,'ANP ESTADO'!B:B,0)+MATCH($H$10,OFFSET('ANP ESTADO'!$A$1,MATCH($I$7,'ANP ESTADO'!B:B,0),0,100000,1),0),2,100000,2),2,FALSE)","v":2.8210883018242425},{"$f":"VLOOKUP($H$10,OFFSET('ANP REGIÃO'!$A$9,MATCH('Transporte RR-1C'!$I$7,'ANP REGIÃO'!A:A,0),1,10000,10000),MATCH('Transporte RR-1C'!AH23,'ANP REGIÃO'!$B$8:$G$8,0),FALSE)","v":2.5568047096927602},2821.0883018242425,{"$f":"ROUND(((L23/(1-$O$7-$O$8-$O$9))-L23),2)","v":779.53},3600.6183018242427,{"$f":"'Transporte EAI'!O23","v":2698},{"$f":"'Transporte EAI'!P23","v":270.39999999999998},709.53,64.069999999999993,773.59999999999991,169.81,1061.3399999999999,2004.7499999999998,{"$f":"'Transporte EAI'!W23","v":1293.5999999999999},{"$f":"EVEN(' CONSUMO DE MAT. B TOTAL'!$P$11*2/28)*W23/' CONSUMO DE MAT. B TOTAL'!$P$11","v":102.66666666666667},2107.4166666666665,3600.6183018242427,5708.0349684909088,null,5708.0349684909088,2107.4166666666665,3600.6183018242427,null,null,"SUDESTE"]
[null,5782.8144923004329,11,null,"COMPANHIA BRASILEIRA DE ASFALTOS DA AMAZÔNIA - IMPORTAÇÃO E EXPORTAÇÃO","Avenida Doutor Olindo Dártora 2451, Galpão 02, Morro Grande - CEP:07726-555","São Paulo","CAIEIRAS - SP",{"$f":"'Transporte EAI'!I24","v":"Breves - PA"},{"$f":"VLOOKUP(G24,OFFSET('ANP ESTADO'!$A$1,MATCH($I$7,'ANP ESTADO'!B:B,0)+MATCH($H$10,OFFSET('ANP ESTADO'!$A$1,MATCH($I$7,'ANP ESTADO'!B:B,0),0,100000,1),0),2,100000,2),2,FALSE)","v":2.8210883018242425},{"$f":"VLOOKUP($H$10,OFFSET('ANP REGIÃO'!$A$9,MATCH('Transporte RR-1C'!$I$7,'ANP REGIÃO'!A:A,0),1,10000,10000),MATCH('Transporte RR-1C'!AH24,'ANP REGIÃO'!$B$8:$G$8,0),FALSE)","v":2.5568047096927602},2821.0883018242425,{"$f":"ROUND(((L24/(1-$O$7-$O$8-$O$9))-L24),2)","v":779.53},3600.6183018242427,{"$f":"'Transporte EAI'!O24","v":2791},{"$f":"'Transporte EAI'!P24","v":270.39999999999998},733.06,64.069999999999993,797.12999999999988,174.97,1093.6199999999999,2065.7199999999998,{"$f":"'Transporte EAI'!W24","v":1467.6},{"$f":"EVEN(' CONSUMO DE MAT. B TOTAL'!$P$11*2/28)*W24/' CONSUMO DE MAT. B TOTAL'!$P$11","v":116.47619047619048},2182.1961904761902,3600.6183018242427,5782.8144923004329,{"$nulls":6},"SUDESTE"]
[null,5608.5453801062285,12,null,"BETUNEL INDÚSTRIA E COMÉRCIO LTDA.","R 16 , 82, Vila Nova Campo Grande - CEP:79.103-834","Mato Grosso do Sul","CAMPO GRANDE - MS",{"$f":"'Transporte EAI'!I25","v":"Breves - PA"},{"$f":"VLOOKUP(G25,OFFSET('ANP ESTADO'!$A$1,MATCH($I$7,'ANP ESTADO'!B:B,0)+MATCH($H$10,OFFSET('ANP ESTADO'!$A$1,MATCH($I$7,'ANP ESTADO'!B:B,0),0,100000,1),0),2,100000,2),2,FALSE)","v":2.7610134753443241},{"$f":"VLOOKUP($H$10,OFFSET('ANP REGIÃO'!$A$9,MATCH('Transporte RR-1C'!$I$7,'ANP REGIÃO'!A:A,0),1,10000,10000),MATCH('Transporte RR-1C'!AH25,'ANP REGIÃO'!$B$8:$G$8,0),FALSE)","v":2.7772496393073984},2761.013475344324,{"$f":"ROUND(((L25/(1-$O$7-$O$8-$O$9))-L25),2)","v":762.93},3523.9434753443238,{"$f":"'Transporte EAI'!O25","v":2753},{"$f":"'Transporte EAI'!P25","v":270.39999999999998},723.45,64.069999999999993,787.52,172.87,1080.45,2040.8400000000001,{"$f":"'Transporte EAI'!W25","v":551.4},{"$f":"EVEN(' CONSUMO DE MAT. B TOTAL'!$P$11*2/28)*W25/' CONSUMO DE MAT. B TOTAL'!$P$11","v":43.761904761904759},2084.6019047619047,3523.9434753443238,5608.5453801062285,{"$nulls":6},"CENTRO-OESTE"]
[null,7120.3370767509741,13,null,"CENTRO OESTE ASFALTOS LTDA.","RUA   N, S/N.º LOTES 39/43 E LOTES 129/133 - DISTRITO INDUSTRIAL - CEP:78098-400","Mato Grosso","CUIABA - MT",{"$f":"'Transporte EAI'!I26","v":"Breves - PA"},{"$f":"VLOOKUP(G26,OFFSET('ANP ESTADO'!$A$1,MATCH($I$7,'ANP ESTADO'!B:B,0)+MATCH($H$10,OFFSET('ANP ESTADO'!$A$1,MATCH($I$7,'ANP ESTADO'!B:B,0),0,100000,1),0),2,100000,2),2,FALSE)","v":4.165498505322403},{"$f":"VLOOKUP($H$10,OFFSET('ANP REGIÃO'!$A$9,MATCH('Transporte RR-1C'!$I$7,'ANP REGIÃO'!A:A,0),1,10000,10000),MATCH('Transporte RR-1C'!AH26,'ANP REGIÃO'!$B$8:$G$8,0),FALSE)","v":2.7772496393073984},4165.4985053224027,1151.03,5316.5285053224025,{"$f":"'Transporte EAI'!O26","v":2317},{"$f":"'Transporte EAI'!P26","v":269},613.14,63.85,676.99,148.6,928.79,1754.38,{"$f":"'Transporte EAI'!W26","v":622.79999999999995},{"$f":"EVEN(' CONSUMO DE MAT. B TOTAL'!$P$11*2/28)*W26/' CONSUMO DE MAT. B TOTAL'!$P$11","v":49.428571428571431},1803.8085714285714,5316.5285053224025,7120.3370767509741,{"$nulls":6},"CENTRO-OESTE"]
[null,7134.1070767509736,14,null,"BETUNEL INDÚSTRIA E COMÉRCIO LTDA.","RUA N ESQUINA COM RUA X, S/N QD. IND. 7 L 01/08 - DIST. IND. - CEP:78015-285","Mato Grosso","CUIABA - MT",{"$f":"'Transporte EAI'!I27","v":"Breves - PA"},{"$f":"VLOOKUP(G27,OFFSET('ANP ESTADO'!$A$1,MATCH($I$7,'ANP ESTADO'!B:B,0)+MATCH($H$10,OFFSET('ANP ESTADO'!$A$1,MATCH($I$7,'ANP ESTADO'!B:B,0),0,100000,1),0),2,100000,2),2,FALSE)","v":4.165498505322403},{"$f":"VLOOKUP($H$10,OFFSET('ANP REGIÃO'!$A$9,MATCH('Transporte RR-1C'!$I$7,'ANP REGIÃO'!A:A,0),1,10000,10000),MATCH('Transporte RR-1C'!AH27,'ANP REGIÃO'!$B$8:$G$8,0),FALSE)","v":2.7772496393073984},4165.4985053224027,1151.03,5316.5285053224025,{"$f":"'Transporte EAI'!O27","v":2338},{"$f":"'Transporte EAI'!P27","v":269},618.45000000000005,63.85,682.30000000000007,149.77000000000001,936.08,1768.15,{"$f":"'Transporte EAI'!W27","v":622.79999999999995},{"$f":"EVEN(' CONSUMO DE MAT. B TOTAL'!$P$11*2/28)*W27/' CONSUMO DE MAT. B TOTAL'!$P$11","v":49.428571428571431},1817.5785714285714,5316.5285053224025,7134.1070767509736,{"$nulls":6},"CENTRO-OESTE"]
[null,7133.457076750974,15,null,"EMAM - EMULSÕES E TRANSPORTES LTDA.","RODOVIA DOS IMIGRANTES, S/Nº KM 8,6 -  - CEP:60035-351","Mato Grosso","VARZEA GRANDE - MT",{"$f":"'Transporte EAI'!I28","v":"Breves - PA"},{"$f":"VLOOKUP(G28,OFFSET('ANP ESTADO'!$A$1,MATCH($I$7,'ANP ESTADO'!B:B,0)+MATCH($H$10,OFFSET('ANP ESTADO'!$A$1,MATCH($I$7,'ANP ESTADO'!B:B,0),0,100000,1),0),2,100000,2),2,FALSE)","v":4.165498505322403},{"$f":"VLOOKUP($H$10,OFFSET('ANP REGIÃO'!$A$9,MATCH('Transporte RR-1C'!$I$7,'ANP REGIÃO'!A:A,0),1,10000,10000),MATCH('Transporte RR-1C'!AH28,'ANP REGIÃO'!$B$8:$G$8,0),FALSE)","v":2.7772496393073984},4165.4985053224027,1151.03,5316.5285053224025,{"$f":"'Transporte EAI'!O28","v":2337},{"$f":"'Transporte EAI'!P28","v":269},618.20000000000005,63.85,682.05000000000007,149.71,935.74,1767.5,{"$f":"'Transporte EAI'!W28","v":622.79999999999995},{"$f":"EVEN(' CONSUMO DE MAT. B TOTAL'!$P$11*2/28)*W28/' CONSUMO DE MAT. B TOTAL'!$P$11","v":49.428571428571431},1816.9285714285713,5316.5285053224025,7133.457076750974,null,7133.457076750974,1816.9285714285713,5316.5285053224025,null,null,"CENTRO-OESTE"]
[null,5851.7911589671003,16,null,"VIAPOL LTDA.","VITO ARDITO, 6401 KM 118,5 - JARDIM CAMPO GRANDE - CEP:12282-535","São Paulo","CACAPAVA - SP",{"$f":"'Transporte EAI'!I29","v":"Breves - PA"},{"$f":"VLOOKUP(G29,OFFSET('ANP ESTADO'!$A$1,MATCH($I$7,'ANP ESTADO'!B:B,0)+MATCH($H$10,OFFSET('ANP ESTADO'!$A$1,MATCH($I$7,'ANP ESTADO'!B:B,0),0,100000,1),0),2,100000,2),2,FALSE)","v":2.8210883018242425},{"$f":"VLOOKUP($H$10,OFFSET('ANP REGIÃO'!$A$9,MATCH('Transporte RR-1C'!$I$7,'ANP REGIÃO'!A:A,0),1,10000,10000),MATCH('Transporte RR-1C'!AH29,'ANP REGIÃO'!$B$8:$G$8,0),FALSE)","v":2.5568047096927602},2821.0883018242425,779.53,3600.6183018242427,{"$f":"'Transporte EAI'!O29","v":2886},{"$f":"'Transporte EAI'!P29","v":270.39999999999998},757.1,64.069999999999993,821.17000000000007,180.25,1126.6099999999999,2128.0299999999997,{"$f":"'Transporte EAI'!W29","v":1551.6},{"$f":"EVEN(' CONSUMO DE MAT. B TOTAL'!$P$11*2/28)*W29/' CONSUMO DE MAT. B TOTAL'!$P$11","v":123.14285714285714},2251.1728571428571,3600.6183018242427,5851.7911589671003,null,5851.7911589671003,2251.1728571428571,3600.6183018242427,null,null,"SUDESTE"]
[null,5610.16232874038,17,null,"STRATURA ASFALTOS S/A","RUA LUIS DE CAMÕES, 26  - CAMPOS ELÍSEOS - CEP:25225-030","Rio de Janeiro","DUQUE DE CAXIAS - RJ",{"$f":"'Transporte EAI'!I30","v":"Breves - PA"},{"$f":"VLOOKUP(G30,OFFSET('ANP ESTADO'!$A$1,MATCH($I$7,'ANP ESTADO'!B:B,0)+MATCH($H$10,OFFSET('ANP ESTADO'!$A$1,MATCH($I$7,'ANP ESTADO'!B:B,0),0,100000,1),0),2,100000,2),2,FALSE)","v":"-"},{"$f":"VLOOKUP($H$10,OFFSET('ANP REGIÃO'!$A$9,MATCH('Transporte RR-1C'!$I$7,'ANP REGIÃO'!A:A,0),1,10000,10000),MATCH('Transporte RR-1C'!AH30,'ANP REGIÃO'!$B$8:$G$8,0),FALSE)","v":2.5568047096927602},2556.8047096927603,706.51,3263.3147096927605,{"$f":"'Transporte EAI'!O30","v":3087},{"$f":"'Transporte EAI'!P30","v":270.39999999999998},807.95,64.069999999999993,872.02,191.41,1196.3699999999999,2259.8000000000002,{"$f":"'Transporte EAI'!W30","v":1096.8},{"$f":"EVEN(' CONSUMO DE MAT. B TOTAL'!$P$11*2/28)*W30/' CONSUMO DE MAT. B TOTAL'!$P$11","v":87.047619047619051},2346.8476190476194,3263.3147096927605,5610.16232874038,null,5610.16232874038,{"$f":"Y30","v":2346.8476190476194},3263.3147096927605,null,null,"SUDESTE"]
[null,5618.0423287403792,18,null,"PROBITEC - PRODUTOS BETUMINOSOS E TECNOLOGIA DE APLICAÇÃO LTDA.","AVENIDA CANAL DA PAVUNA, 620  - PAVUNA - CEP:21535-630","Rio de Janeiro","RIO DE JANEIRO - RJ",{"$f":"'Transporte EAI'!I31","v":"Breves - PA"},{"$f":"VLOOKUP(G31,OFFSET('ANP ESTADO'!$A$1,MATCH($I$7,'ANP ESTADO'!B:B,0)+MATCH($H$10,OFFSET('ANP ESTADO'!$A$1,MATCH($I$7,'ANP ESTADO'!B:B,0),0,100000,1),0),2,100000,2),2,FALSE)","v":"-"},{"$f":"VLOOKUP($H$10,OFFSET('ANP REGIÃO'!$A$9,MATCH('Transporte RR-1C'!$I$7,'ANP REGIÃO'!A:A,0),1,10000,10000),MATCH('Transporte RR-1C'!AH31,'ANP REGIÃO'!$B$8:$G$8,0),FALSE)","v":2.5568047096927602},2556.8047096927603,706.51,3263.3147096927605,{"$f":"'Transporte EAI'!O31","v":3099},{"$f":"'Transporte EAI'!P31","v":270.39999999999998},810.99,64.069999999999993,875.06,192.08,1200.54,2267.6799999999998,{"$f":"'Transporte EAI'!W31","v":1096.8},{"$f":"EVEN(' CONSUMO DE MAT. B TOTAL'!$P$11*2/28)*W31/' CONSUMO DE MAT. B TOTAL'!$P$11","v":87.047619047619051},2354.7276190476191,3263.3147096927605,5618.0423287403792,null,5618.0423287403792,2354.7276190476191,3263.3147096927605,null,null,"SUDESTE"]
[null,5367.6516083727693,19,null,"CASA DO ASFALTO DISTRIBUIDORA, INDÚSTRIA E COMÉRCIO DE ASFALTO LTDA.","BR 376, PARQUE INDUSTRIAL, S/N LOTE 6/7/7-A-3-1 - GL.PATR.MARIALVA - CEP:86990-000","Paraná","MARIALVA - PR",{"$f":"'Transporte EAI'!I32","v":"Breves - PA"},{"$f":"VLOOKUP(G32,OFFSET('ANP ESTADO'!$A$1,MATCH($I$7,'ANP ESTADO'!B:B,0)+MATCH($H$10,OFFSET('ANP ESTADO'!$A$1,MATCH($I$7,'ANP ESTADO'!B:B,0),0,100000,1),0),2,100000,2),2,FALSE)","v":2.4664058940870555},{"$f":"VLOOKUP($H$10,OFFSET('ANP REGIÃO'!$A$9,MATCH('Transporte RR-1C'!$I$7,'ANP REGIÃO'!A:A,0),1,10000,10000),MATCH('Transporte RR-1C'!AH32,'ANP REGIÃO'!$B$8:$G$8,0),FALSE)","v":2.468814007400201},2466.4058940870555,681.53,3147.9358940870552,{"$f":"'Transporte EAI'!O32","v":2879},{"$f":"'Transporte EAI'!P32","v":270.39999999999998},755.33,64.069999999999993,819.40000000000009,179.86,1124.17,2123.4300000000003,{"$f":"'Transporte EAI'!W32","v":1213.2},{"$f":"EVEN(' CONSUMO DE MAT. B TOTAL'!$P$11*2/28)*W32/' CONSUMO DE MAT. B TOTAL'!$P$11","v":96.285714285714292},2219.7157142857145,3147.9358940870552,5367.6516083727693,null,5367.6516083727693,2219.7157142857145,3147.9358940870552,null,null,"SUL"]
[null,5472.8335131346748,20,null,"PETROBRAS DISTRIBUIDORA S.A.","RUA MAQUINISTA  ELEODORO JACINTO, 100  - OFICINAS - CEP:84045-170","Paraná","PONTA GROSSA - PR",{"$f":"'Transporte EAI'!I33","v":"Breves - PA"},{"$f":"VLOOKUP(G33,OFFSET('ANP ESTADO'!$A$1,MATCH($I$7,'ANP ESTADO'!B:B,0)+MATCH($H$10,OFFSET('ANP ESTADO'!$A$1,MATCH($I$7,'ANP ESTADO'!B:B,0),0,100000,1),0),2,100000,2),2,FALSE)","v":2.4664058940870555},{"$f":"VLOOKUP($H$10,OFFSET('ANP REGIÃO'!$A$9,MATCH('Transporte RR-1C'!$I$7,'ANP REGIÃO'!A:A,0),1,10000,10000),MATCH('Transporte RR-1C'!AH33,'ANP REGIÃO'!$B$8:$G$8,0),FALSE)","v":2.468814007400201},2466.4058940870555,681.53,3147.9358940870552,{"$f":"'Transporte EAI'!O33","v":3023},{"$f":"'Transporte EAI'!P33","v":270.39999999999998},791.76,64.069999999999993,855.82999999999993,187.86,1174.1600000000001,2217.8500000000004,{"$f":"'Transporte EAI'!W33","v":1348.8},{"$f":"EVEN(' CONSUMO DE MAT. B TOTAL'!$P$11*2/28)*W33/' CONSUMO DE MAT. B TOTAL'!$P$11","v":107.04761904761905},2324.8976190476196,3147.9358940870552,5472.8335131346748,null,5472.8335131346748,2324.8976190476196,3147.9358940870552,null,null,"SUL"]
{"$rows_empty":9}
[null,null,null,"Acre"]
[null,null,null,"Alagoas"]
[null,null,null,"Amapá"]
[null,null,null,"Amazonas"]
[null,null,null,"Bahia"]
[null,null,null,"Ceará"]
[null,null,null,"Distrito Federal"]
[null,null,null,"Espírito Santo"]
[null,null,null,"Goiás"]
[null,null,null,"Maranhão"]
[null,null,null,"Mato Grosso"]
[null,null,null,"Mato Grosso do Sul"]
[null,null,null,"Minas Gerais"]
[null,null,null,"Pará"]
[null,null,null,"Paraíba"]
[null,null,null,"Paraná"]
[null,null,null,"Pernambuco"]
[null,null,null,"Piauí"]
[null,null,null,"Rio de Janeiro"]
[null,null,null,"Rio Grande do Norte"]
[null,null,null,"Rio Grande do Sul"]
[null,null,null,"Rondônia"]
[null,null,null,"Roraima"]
[null,null,null,"Santa Catarina"]
[null,null,null,"São Paulo"]
[null,null,null,"Sergipe"]
[null,null,null,"Tocantins"]
[]
[]
[]
[null,null,null,"ASFALTOS DILUÍDOS CM-30"]
[null,null,null,"ASFALTOS DILUÍDOS CM-70"]
[null,null,null,"ASFALTOS DILUÍDOS CR-250"]
[null,null,null,"ASFALTOS DILUÍDOS CR-70"]
[null,null,null,"CAP MODIFICADO POR BORRACHA DE PNEU AB22"]
[null,null,null,"CAP MODIFICADO POR BORRACHA DE PNEU AB8"]
[null,null,null,"CAP MODIFICADO POR POLÍMERO 55-75-E"]
[null,null,null,"CAP MODIFICADO POR POLÍMERO 60-85-E"]
[null,null,null,"CAP MODIFICADO POR POLÍMERO 65-90-E"]
[null,null,null,"CIMENTOS ASFÁLTICOS CAP-150-200"]
[null,null,null,"CIMENTOS ASFÁLTICOS CAP-30-45"]
[null,null,null,"CIMENTOS ASFÁLTICOS CAP-50-70"]
[null,null,null,"CIMENTOS ASFÁLTICOS CAP-85-100"]
[null,null,null,"EMULSÃO ASFÁLTICA CATIÔNICA DE RUPTURA CONTROLADA PARA SERVIÇO DE LAMA ASFÁLTICA"]
[null,null,null,"EMULSÃO ASFÁLTICA DE RUPTURA LENTA CATIÔNICA PARA SERVIÇO DE LAMA ASFÁLTICA"]
[null,null,null,"EMULSÃO ASFÁLTICA DE RUPTURA LENTA DE CARGA NEUTRA PARA SERVIÇO DE LAMA ASFÁLTICA"]
[null,null,null,"EMULSÃO ASFÁLTICA PARA SERVIÇO DE IMPRIMAÇÃO"]
[null,null,null,"EMULSÕES ASF. MOD. POR POLÍMEROS RC1C-E"]
[null,null,null,"EMULSÕES ASF. MOD. POR POLÍMEROS RL1C-E"]
[null,null,null,"EMULSÕES ASF. MOD. POR POLÍMEROS RM1C-E"]
[null,null,null,"EMULSÕES ASF. MOD. POR POLÍMEROS RR1C-E"]
[null,null,null,"EMULSÕES ASF. MOD. POR POLÍMEROS RR2C-E"]
[null,null,null,"EMULSÕES ASFÁLTICAS RL-1C"]
[null,null,null,"EMULSÕES ASFÁLTICAS RM-1C"]
[null,null,null,"EMULSÕES ASFÁLTICAS RM-2C"]
[null,null,null,"EMULSÕES ASFÁLTICAS RR-1C"]
[null,null,null,"EMULSÕES ASFÁLTICAS RR-2C"]

{"sheet":"RESUMO_Transp","index":14,"n_rows":47,"n_cols":23,"rows_kept":47,"cut":false,"hidden":false,"merged":[[41,2,46,2],[14,18,14,19],[16,2,21,2],[27,2,32,2],[34,2,39,2],[14,3,14,6],[14,7,14,8],[10,1,12,1],[10,4,10,5],[10,6,10,7],[10,10,12,10],[11,15,11,16],[7,1,7,19],[2,1,2,8],[3,1,3,8],[4,1,4,8],[5,1,5,8],[6,1,6,22]]}
{"$rows_empty":10}
[null,"ÍNDICE DE PAVIMENTAÇÃO DNIT",null,null,"TIPOLOGIA DO MATERIAL",null,"LIGANTE BETUMINOSO",null,null,null,"IMPOSTOS","COFINS",{"$f":"'Transporte Cap 50-70'!O7","v":6.4999999999999997E-3}]
[null,null,"DATA INICIAL",null,null,"2014-07-01","ÍNDICE INICIAL",{"$f":"'Transporte Cap 50-70'!J8","v":270.23700000000002},null,null,null,"PIS",{"$f":"'Transporte Cap 50-70'!O8","v":0.03},null,null,"LEGENDA"]
[null,null,"DATA FINAL",null,null,"2024-07-01","ÍNDICE FINAL",{"$f":"'Transporte Cap 50-70'!J9","v":574.25699999999995},null,null,null," ICMS",{"$f":"'Transporte Cap 50-70'!O9","v":0.18},null,null,"ENTRADA DE DADOS"]
[]
[null,"DATA-BASE","PRODUTOS","LOCALIDADES",null,null,null,"CUSTO ANP (R$/Kg)",null,"CUSTO ANP","IMPOSTOS DO PRODUTO","CUSTO DO PRODUTO COM IMPOSTOS","DMT's","DMT's","CUSTO DO TRANSPORTE TOTAL","ICMS","ATUALIZAÇÃO DO CUSTO DE TRANSPORTE","CUSTO DO TRANSPORTE RODOVIA PAVIMENTADA COM IMPOSTOS E ATUALIZAÇÃO MONETÁRIA","PEDÁGIO ",null,"TOTAL TRANSPORTE","TOTAL PRODUTO","TOTAL GERAL"]
[null,{"$f":"F13","v":"2024-07-01"},null,"REFINARIAS","ENDEREÇO","ORIGEM\nREFINARIAS / DISTRIBUIDORAS","DESTINO","ESTADO","REGIÃO","R$/t","R$/t","R$/t","KM","KM","R$/t","R$/t","R$/t","R$/t","CUSTO POR EIXO","R$/t","R$/t","R$/t","R$/t"]
[null,1,"CAP 50/70","Refinaria Abreu e Lima","Rodovia PE 60, Km 10 - Ipojuca - PE CEP:55590-000",{"$f":"VLOOKUP($W17,'Transporte Cap 50-70'!$B:$AA,7,FALSE)","v":"FORTALEZA - CE"},{"$f":"VLOOKUP($W17,'Transporte Cap 50-70'!$B:$AA,8,FALSE)","v":"Breves - PA"},{"$f":"VLOOKUP($W17,'Transporte Cap 50-70'!$B:$AA,9,FALSE)","v":3.6010110624326463},{"$f":"VLOOKUP($W17,'Transporte Cap 50-70'!$B:$AA,10,FALSE)","v":3.8238049868721431},{"$f":"VLOOKUP($W17,'Transporte Cap 50-70'!$B:$AA,11,FALSE)","v":3601.0110624326462},{"$f":"VLOOKUP($W17,'Transporte Cap 50-70'!$B:$AA,12,FALSE)","v":995.05},{"$f":"VLOOKUP($W17,'Transporte Cap 50-70'!$B:$AA,13,FALSE)","v":4596.0610624326464},{"$f":"VLOOKUP($W17,'Transporte Cap 50-70'!$B:$AA,14,FALSE)","v":1518},{"$f":"VLOOKUP($W17,'Transporte Cap 50-70'!$B:$AA,15,FALSE)","v":258},{"$f":"VLOOKUP($W17,'Transporte Cap 50-70'!$B:$AA,18,FALSE)","v":476.74},{"$f":"VLOOKUP($W17,'Transporte Cap 50-70'!$B:$AA,19,FALSE)","v":104.65},{"$f":"VLOOKUP($W17,'Transporte Cap 50-70'!$B:$AA,20,FALSE)","v":654.07000000000005},{"$f":"VLOOKUP($W17,'Transporte Cap 50-70'!$B:$AA,21,FALSE)","v":1235.46},{"$f":"VLOOKUP($W17,'Transporte Cap 50-70'!$B:$AA,22,FALSE)","v":0},{"$f":"VLOOKUP($W17,'Transporte Cap 50-70'!$B:$AA,23,FALSE)","v":0},{"$f":"VLOOKUP($W17,'Transporte Cap 50-70'!$B:$AA,24,FALSE)","v":1235.46},{"$f":"VLOOKUP($W17,'Transporte Cap 50-70'!$B:$AA,25,FALSE)","v":4596.0610624326464},{"$f":"SMALL('Transporte Cap 50-70'!$AA$13:$AA$26,1)","v":5831.5210624326464}]
[null,2,null,"Refinaria Potiguar Clara Camarão","Rodovia RN 221, KM 25 - Guamaré - RN CEP:59598-000",{"$f":"VLOOKUP($W18,'Transporte Cap 50-70'!$B:$AA,7,FALSE)","v":"BETIM - MG"},{"$f":"VLOOKUP($W18,'Transporte Cap 50-70'!$B:$AA,8,FALSE)","v":"Breves - PA"},{"$f":"VLOOKUP($W18,'Transporte Cap 50-70'!$B:$AA,9,FALSE)","v":3.307833192646652},{"$f":"VLOOKUP($W18,'Transporte Cap 50-70'!$B:$AA,10,FALSE)","v":3.3437458887367963},{"$f":"VLOOKUP($W18,'Transporte Cap 50-70'!$B:$AA,11,FALSE)","v":3307.8331926466522},{"$f":"VLOOKUP($W18,'Transporte Cap 50-70'!$B:$AA,12,FALSE)","v":914.03},{"$f":"VLOOKUP($W18,'Transporte Cap 50-70'!$B:$AA,13,FALSE)","v":4221.8631926466524},{"$f":"VLOOKUP($W18,'Transporte Cap 50-70'!$B:$AA,14,FALSE)","v":2678},{"$f":"VLOOKUP($W18,'Transporte Cap 50-70'!$B:$AA,15,FALSE)","v":270.39999999999998},{"$f":"VLOOKUP($W18,'Transporte Cap 50-70'!$B:$AA,18,FALSE)","v":772.2},{"$f":"VLOOKUP($W18,'Transporte Cap 50-70'!$B:$AA,19,FALSE)","v":169.5},{"$f":"VLOOKUP($W18,'Transporte Cap 50-70'!$B:$AA,20,FALSE)","v":1059.42},{"$f":"VLOOKUP($W18,'Transporte Cap 50-70'!$B:$AA,21,FALSE)","v":2001.1200000000001},{"$f":"VLOOKUP($W18,'Transporte Cap 50-70'!$B:$AA,22,FALSE)","v":722.4},{"$f":"VLOOKUP($W18,'Transporte Cap 50-70'!$B:$AA,23,FALSE)","v":52.008159271941885},{"$f":"VLOOKUP($W18,'Transporte Cap 50-70'!$B:$AA,24,FALSE)","v":2053.128159271942},{"$f":"VLOOKUP($W18,'Transporte Cap 50-70'!$B:$AA,25,FALSE)","v":4221.8631926466524},{"$f":"SMALL('Transporte Cap 50-70'!$AA$13:$AA$26,2)","v":6274.9913519185939}]
[null,3,null,"Complexo Petroquímico do Rio de Janeiro (Comperj)","Rodovia Estadual RJ-116 - Km 5,2 - Acesso A-1, s/n, Complemento Sambaetiba - Zona Urbana do 4º Distrito de Itaboraí - RJ CEP:24841-203",{"$f":"VLOOKUP($W19,'Transporte Cap 50-70'!$B:$AA,7,FALSE)","v":"GUAMARÉ - RN"},{"$f":"VLOOKUP($W19,'Transporte Cap 50-70'!$B:$AA,8,FALSE)","v":"Breves - PA"},{"$f":"VLOOKUP($W19,'Transporte Cap 50-70'!$B:$AA,9,FALSE)","v":"-"},{"$f":"VLOOKUP($W19,'Transporte Cap 50-70'!$B:$AA,10,FALSE)","v":3.8238049868721431},{"$f":"VLOOKUP($W19,'Transporte Cap 50-70'!$B:$AA,11,FALSE)","v":3823.8049868721432},{"$f":"VLOOKUP($W19,'Transporte Cap 50-70'!$B:$AA,12,FALSE)","v":1056.6099999999999},{"$f":"VLOOKUP($W19,'Transporte Cap 50-70'!$B:$AA,13,FALSE)","v":4880.4149868721433},{"$f":"VLOOKUP($W19,'Transporte Cap 50-70'!$B:$AA,14,FALSE)","v":1838},{"$f":"VLOOKUP($W19,'Transporte Cap 50-70'!$B:$AA,15,FALSE)","v":258},{"$f":"VLOOKUP($W19,'Transporte Cap 50-70'!$B:$AA,18,FALSE)","v":557.70000000000005},{"$f":"VLOOKUP($W19,'Transporte Cap 50-70'!$B:$AA,19,FALSE)","v":122.42},{"$f":"VLOOKUP($W19,'Transporte Cap 50-70'!$B:$AA,20,FALSE)","v":765.14},{"$f":"VLOOKUP($W19,'Transporte Cap 50-70'!$B:$AA,21,FALSE)","v":1445.26},{"$f":"VLOOKUP($W19,'Transporte Cap 50-70'!$B:$AA,22,FALSE)","v":0},{"$f":"VLOOKUP($W19,'Transporte Cap 50-70'!$B:$AA,23,FALSE)","v":0},{"$f":"VLOOKUP($W19,'Transporte Cap 50-70'!$B:$AA,24,FALSE)","v":1445.26},{"$f":"VLOOKUP($W19,'Transporte Cap 50-70'!$B:$AA,25,FALSE)","v":4880.4149868721433},{"$f":"SMALL('Transporte Cap 50-70'!$AA$13:$AA$26,3)","v":6325.6749868721436}]
[null,4,null,null,null,{"$f":"VLOOKUP($W20,'Transporte Cap 50-70'!$B:$AA,7,FALSE)","v":"PAULÍNIA - SP"},{"$f":"VLOOKUP($W20,'Transporte Cap 50-70'!$B:$AA,8,FALSE)","v":"Breves - PA"},{"$f":"VLOOKUP($W20,'Transporte Cap 50-70'!$B:$AA,9,FALSE)","v":3.3412816275346398},{"$f":"VLOOKUP($W20,'Transporte Cap 50-70'!$B:$AA,10,FALSE)","v":3.3437458887367963},{"$f":"VLOOKUP($W20,'Transporte Cap 50-70'!$B:$AA,11,FALSE)","v":3341.2816275346399},{"$f":"VLOOKUP($W20,'Transporte Cap 50-70'!$B:$AA,12,FALSE)","v":923.28},{"$f":"VLOOKUP($W20,'Transporte Cap 50-70'!$B:$AA,13,FALSE)","v":4264.5616275346401},{"$f":"VLOOKUP($W20,'Transporte Cap 50-70'!$B:$AA,14,FALSE)","v":2698},{"$f":"VLOOKUP($W20,'Transporte Cap 50-70'!$B:$AA,15,FALSE)","v":270.39999999999998},{"$f":"VLOOKUP($W20,'Transporte Cap 50-70'!$B:$AA,18,FALSE)","v":777.26},{"$f":"VLOOKUP($W20,'Transporte Cap 50-70'!$B:$AA,19,FALSE)","v":170.61},{"$f":"VLOOKUP($W20,'Transporte Cap 50-70'!$B:$AA,20,FALSE)","v":1066.3599999999999},{"$f":"VLOOKUP($W20,'Transporte Cap 50-70'!$B:$AA,21,FALSE)","v":2014.23},{"$f":"VLOOKUP($W20,'Transporte Cap 50-70'!$B:$AA,22,FALSE)","v":1293.5999999999999},{"$f":"VLOOKUP($W20,'Transporte Cap 50-70'!$B:$AA,23,FALSE)","v":93.130889859058712},{"$f":"VLOOKUP($W20,'Transporte Cap 50-70'!$B:$AA,24,FALSE)","v":2107.3608898590587},{"$f":"VLOOKUP($W20,'Transporte Cap 50-70'!$B:$AA,25,FALSE)","v":4264.5616275346401},{"$f":"SMALL('Transporte Cap 50-70'!$AA$13:$AA$26,4)","v":6371.9225173936993}]
[null,5,null,null,null,{"$f":"VLOOKUP($W21,'Transporte Cap 50-70'!$B:$AA,7,FALSE)","v":"DUQUE DE CAXIAS - RJ"},{"$f":"VLOOKUP($W21,'Transporte Cap 50-70'!$B:$AA,8,FALSE)","v":"Breves - PA"},{"$f":"VLOOKUP($W21,'Transporte Cap 50-70'!$B:$AA,9,FALSE)","v":3.2256672377137572},{"$f":"VLOOKUP($W21,'Transporte Cap 50-70'!$B:$AA,10,FALSE)","v":3.3437458887367963},{"$f":"VLOOKUP($W21,'Transporte Cap 50-70'!$B:$AA,11,FALSE)","v":3225.667237713757},{"$f":"VLOOKUP($W21,'Transporte Cap 50-70'!$B:$AA,12,FALSE)","v":891.33},{"$f":"VLOOKUP($W21,'Transporte Cap 50-70'!$B:$AA,13,FALSE)","v":4116.9972377137574},{"$f":"VLOOKUP($W21,'Transporte Cap 50-70'!$B:$AA,14,FALSE)","v":3086},{"$f":"VLOOKUP($W21,'Transporte Cap 50-70'!$B:$AA,15,FALSE)","v":270.39999999999998},{"$f":"VLOOKUP($W21,'Transporte Cap 50-70'!$B:$AA,18,FALSE)","v":875.43000000000006},{"$f":"VLOOKUP($W21,'Transporte Cap 50-70'!$B:$AA,19,FALSE)","v":192.16},{"$f":"VLOOKUP($W21,'Transporte Cap 50-70'!$B:$AA,20,FALSE)","v":1201.05},{"$f":"VLOOKUP($W21,'Transporte Cap 50-70'!$B:$AA,21,FALSE)","v":2268.6400000000003},{"$f":"VLOOKUP($W21,'Transporte Cap 50-70'!$B:$AA,22,FALSE)","v":1096.8},{"$f":"VLOOKUP($W21,'Transporte Cap 50-70'!$B:$AA,23,FALSE)","v":78.962554110556283},{"$f":"VLOOKUP($W21,'Transporte Cap 50-70'!$B:$AA,24,FALSE)","v":2347.6025541105564},{"$f":"VLOOKUP($W21,'Transporte Cap 50-70'!$B:$AA,25,FALSE)","v":4116.9972377137574},{"$f":"SMALL('Transporte Cap 50-70'!$AA$13:$AA$26,5)","v":6464.5997918243138}]
[null,6,null,null,null,{"$f":"VLOOKUP($W22,'Transporte Cap 50-70'!$B:$AA,7,FALSE)","v":"IPOJUCA - PE"},{"$f":"VLOOKUP($W22,'Transporte Cap 50-70'!$B:$AA,8,FALSE)","v":"Breves - PA"},{"$f":"VLOOKUP($W22,'Transporte Cap 50-70'!$B:$AA,9,FALSE)","v":"-"},{"$f":"VLOOKUP($W22,'Transporte Cap 50-70'!$B:$AA,10,FALSE)","v":3.8238049868721431},{"$f":"VLOOKUP($W22,'Transporte Cap 50-70'!$B:$AA,11,FALSE)","v":3823.8049868721432},{"$f":"VLOOKUP($W22,'Transporte Cap 50-70'!$B:$AA,12,FALSE)","v":1056.6099999999999},{"$f":"VLOOKUP($W22,'Transporte Cap 50-70'!$B:$AA,13,FALSE)","v":4880.4149868721433},{"$f":"VLOOKUP($W22,'Transporte Cap 50-70'!$B:$AA,14,FALSE)","v":2055},{"$f":"VLOOKUP($W22,'Transporte Cap 50-70'!$B:$AA,15,FALSE)","v":258},{"$f":"VLOOKUP($W22,'Transporte Cap 50-70'!$B:$AA,18,FALSE)","v":612.6},{"$f":"VLOOKUP($W22,'Transporte Cap 50-70'!$B:$AA,19,FALSE)","v":134.47},{"$f":"VLOOKUP($W22,'Transporte Cap 50-70'!$B:$AA,20,FALSE)","v":840.46},{"$f":"VLOOKUP($W22,'Transporte Cap 50-70'!$B:$AA,21,FALSE)","v":1587.5300000000002},{"$f":"VLOOKUP($W22,'Transporte Cap 50-70'!$B:$AA,22,FALSE)","v":0},{"$f":"VLOOKUP($W22,'Transporte Cap 50-70'!$B:$AA,23,FALSE)","v":0},{"$f":"VLOOKUP($W22,'Transporte Cap 50-70'!$B:$AA,24,FALSE)","v":1587.5300000000002},{"$f":"VLOOKUP($W22,'Transporte Cap 50-70'!$B:$AA,25,FALSE)","v":4880.4149868721433},{"$f":"SMALL('Transporte Cap 50-70'!$AA$13:$AA$26,6)","v":6467.944986872144}]
[{"$nulls":14},{"$f":"VLOOKUP($W23,#REF!,18,FALSE)","v":{"$error":"#REF!"}},null,null,{"$f":"VLOOKUP($W23,#REF!,21,FALSE)","v":{"$error":"#REF!"}}]
[{"$nulls":14},{"$f":"VLOOKUP($W24,#REF!,18,FALSE)","v":{"$error":"#REF!"}},null,null,{"$f":"VLOOKUP($W24,#REF!,21,FALSE)","v":{"$error":"#REF!"}}]
[{"$nulls":14},{"$f":"VLOOKUP($W25,#REF!,18,FALSE)","v":{"$error":"#REF!"}},null,null,{"$f":"VLOOKUP($W25,#REF!,21,FALSE)","v":{"$error":"#REF!"}}]
[{"$nulls":14},{"$f":"VLOOKUP($W26,#REF!,18,FALSE)","v":{"$error":"#REF!"}},null,null,{"$f":"VLOOKUP($W26,#REF!,21,FALSE)","v":{"$error":"#REF!"}}]
[{"$nulls":14},{"$f":"VLOOKUP($W27,#REF!,18,FALSE)","v":{"$error":"#REF!"}},null,null,{"$f":"VLOOKUP($W27,#REF!,21,FALSE)","v":{"$error":"#REF!"}}]
[null,1,"CAP MODIF. C/ POLÍMERO 60/85","Refinaria Abreu e Lima","Rodovia PE 60, Km 10 - Ipojuca - PE CEP:55590-000","Transporte EAI'!","Palmas - TO",2.2618949483203123,2.3534139050749991,2261.8949483203123,393.19,2655.0849483203124,1181,1181,{"$f":"VLOOKUP($W28,#REF!,18,FALSE)","v":{"$error":"#REF!"}},44.41,202.55,{"$f":"VLOOKUP($W28,#REF!,21,FALSE)","v":{"$error":"#REF!"}},102,102,674.69,2655.0849483203124,3329.7749483203124]
[null,2,null,"Refinaria Potiguar Clara Camarão","Rodovia RN 221, KM 25 - Guamaré - RN CEP:59598-000","UBERLANDIA - MG","Palmas - TO",2.2618949483203123,2.3534139050749991,2261.8949483203123,393.19,2655.0849483203124,1182,1182,{"$f":"VLOOKUP($W29,#REF!,18,FALSE)","v":{"$error":"#REF!"}},44.45,202.71,{"$f":"VLOOKUP($W29,#REF!,21,FALSE)","v":{"$error":"#REF!"}},102,102,675.14,2655.0849483203124,3330.2249483203123]
[null,3,null,"Complexo Petroquímico do Rio de Janeiro (Comperj)","Rodovia Estadual RJ-116 - Km 5,2 - Acesso A-1, s/n, Complemento Sambaetiba - Zona Urbana do 4º Distrito de Itaboraí - RJ CEP:24841-203","GOIANIRA - GO","Palmas - TO","",2.5552069552432553,2555.2069552432554,444.18,2999.3869552432552,814,814,{"$f":"VLOOKUP($W30,#REF!,18,FALSE)","v":{"$error":"#REF!"}},31.75,144.81,{"$f":"VLOOKUP($W30,#REF!,21,FALSE)","v":{"$error":"#REF!"}},0,0,409.44,2999.3869552432552,3408.8269552432553]
[null,4,null,null,null,"BRASÍLIA - DF","Palmas - TO","",2.5552069552432553,2555.2069552432554,444.18,2999.3869552432552,822,822,{"$f":"VLOOKUP($W31,#REF!,18,FALSE)","v":{"$error":"#REF!"}},32.03,146.07,{"$f":"VLOOKUP($W31,#REF!,21,FALSE)","v":{"$error":"#REF!"}},0,0,413,2999.3869552432552,3412.3869552432552]
[null,5,null,null,null,"APARECIDA DE GOIANIA - GO","Palmas - TO","",2.5552069552432553,2555.2069552432554,444.18,2999.3869552432552,842,842,{"$f":"VLOOKUP($W32,#REF!,18,FALSE)","v":{"$error":"#REF!"}},32.72,149.22,{"$f":"VLOOKUP($W32,#REF!,21,FALSE)","v":{"$error":"#REF!"}},0,0,421.9,2999.3869552432552,3421.2869552432553]
[null,6,null,null,null,"ANÁPOLIS - GO","Palmas - TO","",2.5552069552432553,2555.2069552432554,444.18,2999.3869552432552,950,950,{"$f":"VLOOKUP($W33,#REF!,18,FALSE)","v":{"$error":"#REF!"}},36.44,166.21,{"$f":"VLOOKUP($W33,#REF!,21,FALSE)","v":{"$error":"#REF!"}},0,0,469.92999999999995,2999.3869552432552,3469.3169552432551]
[]
[null,1,"EAI","Refinaria Abreu e Lima","Rodovia PE 60, Km 10 - Ipojuca - PE CEP:55590-000",{"$f":"VLOOKUP($W35,'Transporte EAI'!$B$13:$AA$33,7,FALSE)","v":"UBERLANDIA - MG"},{"$f":"VLOOKUP($W35,'Transporte EAI'!$B$13:$AA$33,8,FALSE)","v":"Breves - PA"},{"$f":"VLOOKUP($W35,'Transporte EAI'!$B$13:$AA$33,9,FALSE)","v":2.1534135193030846},{"$f":"VLOOKUP($W35,'Transporte EAI'!$B$13:$AA$33,10,FALSE)","v":2.2487735151282049},{"$f":"VLOOKUP($W35,'Transporte EAI'!$B$13:$AA$33,11,FALSE)","v":2153.4135193030847},{"$f":"VLOOKUP($W35,'Transporte EAI'!$B$13:$AA$33,12,FALSE)","v":595.04},{"$f":"VLOOKUP($W35,'Transporte EAI'!$B$13:$AA$33,13,FALSE)","v":2748.4535193030847},{"$f":"VLOOKUP($W35,'Transporte EAI'!$B$13:$AA$33,14,FALSE)","v":2237},{"$f":"VLOOKUP($W35,'Transporte EAI'!$B$13:$AA$33,15,FALSE)","v":270.39999999999998},{"$f":"VLOOKUP($W35,'Transporte EAI'!$B$13:$AA$33,18,FALSE)","v":656.97},{"$f":"VLOOKUP($W35,'Transporte EAI'!$B$13:$AA$33,19,FALSE)","v":144.21},{"$f":"VLOOKUP($W35,'Transporte EAI'!$B$13:$AA$33,20,FALSE)","v":901.33},{"$f":"VLOOKUP($W35,'Transporte EAI'!$B$13:$AA$33,21,FALSE)","v":1702.5100000000002},{"$f":"VLOOKUP($W35,'Transporte EAI'!$B$13:$AA$33,22,FALSE)","v":675.6},{"$f":"VLOOKUP($W35,'Transporte EAI'!$B$13:$AA$33,23,FALSE)","v":48.25714285714286},{"$f":"VLOOKUP($W35,'Transporte EAI'!$B$13:$AA$33,24,FALSE)","v":1750.767142857143},{"$f":"VLOOKUP($W35,'Transporte EAI'!$B$13:$AA$33,25,FALSE)","v":2748.4535193030847},{"$f":"SMALL('Transporte EAI'!$AA$13:$AA$33,1)","v":4499.2206621602272}]
[null,2,null,"Refinaria Potiguar Clara Camarão","Rodovia RN 221, KM 25 - Guamaré - RN CEP:59598-000",{"$f":"VLOOKUP($W36,'Transporte EAI'!$B$13:$AA$33,7,FALSE)","v":"UBERLANDIA - MG"},{"$f":"VLOOKUP($W36,'Transporte EAI'!$B$13:$AA$33,8,FALSE)","v":"Breves - PA"},{"$f":"VLOOKUP($W36,'Transporte EAI'!$B$13:$AA$33,9,FALSE)","v":2.1534135193030846},{"$f":"VLOOKUP($W36,'Transporte EAI'!$B$13:$AA$33,10,FALSE)","v":2.2487735151282049},{"$f":"VLOOKUP($W36,'Transporte EAI'!$B$13:$AA$33,11,FALSE)","v":2153.4135193030847},{"$f":"VLOOKUP($W36,'Transporte EAI'!$B$13:$AA$33,12,FALSE)","v":595.04},{"$f":"VLOOKUP($W36,'Transporte EAI'!$B$13:$AA$33,13,FALSE)","v":2748.4535193030847},{"$f":"VLOOKUP($W36,'Transporte EAI'!$B$13:$AA$33,14,FALSE)","v":2238},{"$f":"VLOOKUP($W36,'Transporte EAI'!$B$13:$AA$33,15,FALSE)","v":270.39999999999998},{"$f":"VLOOKUP($W36,'Transporte EAI'!$B$13:$AA$33,18,FALSE)","v":657.22},{"$f":"VLOOKUP($W36,'Transporte EAI'!$B$13:$AA$33,19,FALSE)","v":144.26},{"$f":"VLOOKUP($W36,'Transporte EAI'!$B$13:$AA$33,20,FALSE)","v":901.67},{"$f":"VLOOKUP($W36,'Transporte EAI'!$B$13:$AA$33,21,FALSE)","v":1703.15},{"$f":"VLOOKUP($W36,'Transporte EAI'!$B$13:$AA$33,22,FALSE)","v":675.6},{"$f":"VLOOKUP($W36,'Transporte EAI'!$B$13:$AA$33,23,FALSE)","v":48.25714285714286},{"$f":"VLOOKUP($W36,'Transporte EAI'!$B$13:$AA$33,24,FALSE)","v":1751.4071428571428},{"$f":"VLOOKUP($W36,'Transporte EAI'!$B$13:$AA$33,25,FALSE)","v":2748.4535193030847},{"$f":"SMALL('Transporte EAI'!$AA$13:$AA$33,2)","v":4499.8606621602275}]
[null,3,null,"Complexo Petroquímico do Rio de Janeiro (Comperj)","Rodovia Estadual RJ-116 - Km 5,2 - Acesso A-1, s/n, Complemento Sambaetiba - Zona Urbana do 4º Distrito de Itaboraí - RJ CEP:24841-203",{"$f":"VLOOKUP($W37,'Transporte EAI'!$B$13:$AA$33,7,FALSE)","v":"ANÁPOLIS - GO"},{"$f":"VLOOKUP($W37,'Transporte EAI'!$B$13:$AA$33,8,FALSE)","v":"Breves - PA"},{"$f":"VLOOKUP($W37,'Transporte EAI'!$B$13:$AA$33,9,FALSE)","v":2.412151772826562},{"$f":"VLOOKUP($W37,'Transporte EAI'!$B$13:$AA$33,10,FALSE)","v":2.7308762651570158},{"$f":"VLOOKUP($W37,'Transporte EAI'!$B$13:$AA$33,11,FALSE)","v":2412.1517728265621},{"$f":"VLOOKUP($W37,'Transporte EAI'!$B$13:$AA$33,12,FALSE)","v":666.54},{"$f":"VLOOKUP($W37,'Transporte EAI'!$B$13:$AA$33,13,FALSE)","v":3078.6917728265621},{"$f":"VLOOKUP($W37,'Transporte EAI'!$B$13:$AA$33,14,FALSE)","v":1872},{"$f":"VLOOKUP($W37,'Transporte EAI'!$B$13:$AA$33,15,FALSE)","v":270.39999999999998},{"$f":"VLOOKUP($W37,'Transporte EAI'!$B$13:$AA$33,18,FALSE)","v":564.63},{"$f":"VLOOKUP($W37,'Transporte EAI'!$B$13:$AA$33,19,FALSE)","v":123.94},{"$f":"VLOOKUP($W37,'Transporte EAI'!$B$13:$AA$33,20,FALSE)","v":774.64},{"$f":"VLOOKUP($W37,'Transporte EAI'!$B$13:$AA$33,21,FALSE)","v":1463.21},{"$f":"VLOOKUP($W37,'Transporte EAI'!$B$13:$AA$33,22,FALSE)","v":508.8},{"$f":"VLOOKUP($W37,'Transporte EAI'!$B$13:$AA$33,23,FALSE)","v":36.342857142857149},{"$f":"VLOOKUP($W37,'Transporte EAI'!$B$13:$AA$33,24,FALSE)","v":1499.5528571428572},{"$f":"VLOOKUP($W37,'Transporte EAI'!$B$13:$AA$33,25,FALSE)","v":3078.6917728265621},{"$f":"SMALL('Transporte EAI'!$AA$13:$AA$33,3)","v":4578.2446299694193}]
[null,4,null,null,null,{"$f":"VLOOKUP($W38,'Transporte EAI'!$B$13:$AA$33,7,FALSE)","v":"GOIANIRA - GO"},{"$f":"VLOOKUP($W38,'Transporte EAI'!$B$13:$AA$33,8,FALSE)","v":"Breves - PA"},{"$f":"VLOOKUP($W38,'Transporte EAI'!$B$13:$AA$33,9,FALSE)","v":2.412151772826562},{"$f":"VLOOKUP($W38,'Transporte EAI'!$B$13:$AA$33,10,FALSE)","v":2.7308762651570158},{"$f":"VLOOKUP($W38,'Transporte EAI'!$B$13:$AA$33,11,FALSE)","v":2412.1517728265621},{"$f":"VLOOKUP($W38,'Transporte EAI'!$B$13:$AA$33,12,FALSE)","v":666.54},{"$f":"VLOOKUP($W38,'Transporte EAI'!$B$13:$AA$33,13,FALSE)","v":3078.6917728265621},{"$f":"VLOOKUP($W38,'Transporte EAI'!$B$13:$AA$33,14,FALSE)","v":1893},{"$f":"VLOOKUP($W38,'Transporte EAI'!$B$13:$AA$33,15,FALSE)","v":270.39999999999998},{"$f":"VLOOKUP($W38,'Transporte EAI'!$B$13:$AA$33,18,FALSE)","v":569.94000000000005},{"$f":"VLOOKUP($W38,'Transporte EAI'!$B$13:$AA$33,19,FALSE)","v":125.1},{"$f":"VLOOKUP($W38,'Transporte EAI'!$B$13:$AA$33,20,FALSE)","v":781.92},{"$f":"VLOOKUP($W38,'Transporte EAI'!$B$13:$AA$33,21,FALSE)","v":1476.96},{"$f":"VLOOKUP($W38,'Transporte EAI'!$B$13:$AA$33,22,FALSE)","v":508.8},{"$f":"VLOOKUP($W38,'Transporte EAI'!$B$13:$AA$33,23,FALSE)","v":36.342857142857149},{"$f":"VLOOKUP($W38,'Transporte EAI'!$B$13:$AA$33,24,FALSE)","v":1513.3028571428572},{"$f":"VLOOKUP($W38,'Transporte EAI'!$B$13:$AA$33,25,FALSE)","v":3078.6917728265621},{"$f":"SMALL('Transporte EAI'!$AA$13:$AA$33,4)","v":4591.9946299694193}]
[null,5,null,null,null,{"$f":"VLOOKUP($W39,'Transporte EAI'!$B$13:$AA$33,7,FALSE)","v":"APARECIDA DE GOIANIA - GO"},{"$f":"VLOOKUP($W39,'Transporte EAI'!$B$13:$AA$33,8,FALSE)","v":"Breves - PA"},{"$f":"VLOOKUP($W39,'Transporte EAI'!$B$13:$AA$33,9,FALSE)","v":2.412151772826562},{"$f":"VLOOKUP($W39,'Transporte EAI'!$B$13:$AA$33,10,FALSE)","v":2.7308762651570158},{"$f":"VLOOKUP($W39,'Transporte EAI'!$B$13:$AA$33,11,FALSE)","v":2412.1517728265621},{"$f":"VLOOKUP($W39,'Transporte EAI'!$B$13:$AA$33,12,FALSE)","v":666.54},{"$f":"VLOOKUP($W39,'Transporte EAI'!$B$13:$AA$33,13,FALSE)","v":3078.6917728265621},{"$f":"VLOOKUP($W39,'Transporte EAI'!$B$13:$AA$33,14,FALSE)","v":1922},{"$f":"VLOOKUP($W39,'Transporte EAI'!$B$13:$AA$33,15,FALSE)","v":270.39999999999998},{"$f":"VLOOKUP($W39,'Transporte EAI'!$B$13:$AA$33,18,FALSE)","v":577.28},{"$f":"VLOOKUP($W39,'Transporte EAI'!$B$13:$AA$33,19,FALSE)","v":126.72},{"$f":"VLOOKUP($W39,'Transporte EAI'!$B$13:$AA$33,20,FALSE)","v":792},{"$f":"VLOOKUP($W39,'Transporte EAI'!$B$13:$AA$33,21,FALSE)","v":1496},{"$f":"VLOOKUP($W39,'Transporte EAI'!$B$13:$AA$33,22,FALSE)","v":508.8},{"$f":"VLOOKUP($W39,'Transporte EAI'!$B$13:$AA$33,23,FALSE)","v":36.342857142857149},{"$f":"VLOOKUP($W39,'Transporte EAI'!$B$13:$AA$33,24,FALSE)","v":1532.3428571428572},{"$f":"VLOOKUP($W39,'Transporte EAI'!$B$13:$AA$33,25,FALSE)","v":3078.6917728265621},{"$f":"SMALL('Transporte EAI'!$AA$13:$AA$33,5)","v":4611.0346299694193}]
[null,6,null,null,null,{"$f":"VLOOKUP($W40,'Transporte EAI'!$B$13:$AA$33,7,FALSE)","v":" PALMAS - TO"},{"$f":"VLOOKUP($W40,'Transporte EAI'!$B$13:$AA$33,8,FALSE)","v":"Breves - PA"},{"$f":"VLOOKUP($W40,'Transporte EAI'!$B$13:$AA$33,9,FALSE)","v":"-"},{"$f":"VLOOKUP($W40,'Transporte EAI'!$B$13:$AA$33,10,FALSE)","v":2.8467844628704033},{"$f":"VLOOKUP($W40,'Transporte EAI'!$B$13:$AA$33,11,FALSE)","v":2846.7844628704033},{"$f":"VLOOKUP($W40,'Transporte EAI'!$B$13:$AA$33,12,FALSE)","v":786.64},{"$f":"VLOOKUP($W40,'Transporte EAI'!$B$13:$AA$33,13,FALSE)","v":3633.4244628704032},{"$f":"VLOOKUP($W40,'Transporte EAI'!$B$13:$AA$33,14,FALSE)","v":1211},{"$f":"VLOOKUP($W40,'Transporte EAI'!$B$13:$AA$33,15,FALSE)","v":258},{"$f":"VLOOKUP($W40,'Transporte EAI'!$B$13:$AA$33,18,FALSE)","v":395.4},{"$f":"VLOOKUP($W40,'Transporte EAI'!$B$13:$AA$33,19,FALSE)","v":86.79},{"$f":"VLOOKUP($W40,'Transporte EAI'!$B$13:$AA$33,20,FALSE)","v":542.46},{"$f":"VLOOKUP($W40,'Transporte EAI'!$B$13:$AA$33,21,FALSE)","v":1024.6500000000001},{"$f":"VLOOKUP($W40,'Transporte EAI'!$B$13:$AA$33,22,FALSE)","v":0},{"$f":"VLOOKUP($W40,'Transporte EAI'!$B$13:$AA$33,23,FALSE)","v":0},{"$f":"VLOOKUP($W40,'Transporte EAI'!$B$13:$AA$33,24,FALSE)","v":1024.6500000000001},{"$f":"VLOOKUP($W40,'Transporte EAI'!$B$13:$AA$33,25,FALSE)","v":3633.4244628704032},{"$f":"SMALL('Transporte EAI'!$AA$13:$AA$33,6)","v":4658.0744628704033}]
[]
[null,1,"RR1-C","Refinaria Abreu e Lima","Rodovia PE 60, Km 10 - Ipojuca - PE CEP:55590-000",{"$f":"VLOOKUP($W42,'Transporte RR-1C'!$B:$AA,7,FALSE)","v":"ANÁPOLIS - GO"},{"$f":"VLOOKUP($W42,'Transporte RR-1C'!$B:$AA,8,FALSE)","v":"Breves - PA"},{"$f":"VLOOKUP($W42,'Transporte RR-1C'!$B:$AA,9,FALSE)","v":2.5659094409196781},{"$f":"VLOOKUP($W42,'Transporte RR-1C'!$B:$AA,10,FALSE)","v":2.7772496393073984},{"$f":"VLOOKUP($W42,'Transporte RR-1C'!$B:$AA,11,FALSE)","v":2565.9094409196782},{"$f":"VLOOKUP($W42,'Transporte RR-1C'!$B:$AA,12,FALSE)","v":709.02},{"$f":"VLOOKUP($W42,'Transporte RR-1C'!$B:$AA,13,FALSE)","v":3274.9294409196782},{"$f":"VLOOKUP($W42,'Transporte RR-1C'!$B:$AA,14,FALSE)","v":1872},{"$f":"VLOOKUP($W42,'Transporte RR-1C'!$B:$AA,15,FALSE)","v":270.39999999999998},{"$f":"VLOOKUP($W42,'Transporte RR-1C'!$B:$AA,18,FALSE)","v":564.63},{"$f":"VLOOKUP($W42,'Transporte RR-1C'!$B:$AA,19,FALSE)","v":123.94},{"$f":"VLOOKUP($W42,'Transporte RR-1C'!$B:$AA,20,FALSE)","v":774.64},{"$f":"VLOOKUP($W42,'Transporte RR-1C'!$B:$AA,21,FALSE)","v":1463.21},{"$f":"VLOOKUP($W42,'Transporte RR-1C'!$B:$AA,22,FALSE)","v":508.8},{"$f":"VLOOKUP($W42,'Transporte RR-1C'!$B:$AA,23,FALSE)","v":40.38095238095238},{"$f":"VLOOKUP($W42,'Transporte RR-1C'!$B:$AA,24,FALSE)","v":1503.5909523809523},{"$f":"VLOOKUP($W42,'Transporte RR-1C'!$B:$AA,25,FALSE)","v":3274.9294409196782},{"$f":"SMALL('Transporte RR-1C'!$AA$13:$AA$33,1)","v":4778.5203933006305}]
[null,2,null,"Refinaria Potiguar Clara Camarão","Rodovia RN 221, KM 25 - Guamaré - RN CEP:59598-000",{"$f":"VLOOKUP($W43,'Transporte RR-1C'!$B:$AA,7,FALSE)","v":"GOIANIRA - GO"},{"$f":"VLOOKUP($W43,'Transporte RR-1C'!$B:$AA,8,FALSE)","v":"Breves - PA"},{"$f":"VLOOKUP($W43,'Transporte RR-1C'!$B:$AA,9,FALSE)","v":2.5659094409196781},{"$f":"VLOOKUP($W43,'Transporte RR-1C'!$B:$AA,10,FALSE)","v":2.7772496393073984},{"$f":"VLOOKUP($W43,'Transporte RR-1C'!$B:$AA,11,FALSE)","v":2565.9094409196782},{"$f":"VLOOKUP($W43,'Transporte RR-1C'!$B:$AA,12,FALSE)","v":709.02},{"$f":"VLOOKUP($W43,'Transporte RR-1C'!$B:$AA,13,FALSE)","v":3274.9294409196782},{"$f":"VLOOKUP($W43,'Transporte RR-1C'!$B:$AA,14,FALSE)","v":1893},{"$f":"VLOOKUP($W43,'Transporte RR-1C'!$B:$AA,15,FALSE)","v":270.39999999999998},{"$f":"VLOOKUP($W43,'Transporte RR-1C'!$B:$AA,18,FALSE)","v":569.94000000000005},{"$f":"VLOOKUP($W43,'Transporte RR-1C'!$B:$AA,19,FALSE)","v":125.1},{"$f":"VLOOKUP($W43,'Transporte RR-1C'!$B:$AA,20,FALSE)","v":781.92},{"$f":"VLOOKUP($W43,'Transporte RR-1C'!$B:$AA,21,FALSE)","v":1476.96},{"$f":"VLOOKUP($W43,'Transporte RR-1C'!$B:$AA,22,FALSE)","v":508.8},{"$f":"VLOOKUP($W43,'Transporte RR-1C'!$B:$AA,23,FALSE)","v":40.38095238095238},{"$f":"VLOOKUP($W43,'Transporte RR-1C'!$B:$AA,24,FALSE)","v":1517.3409523809523},{"$f":"VLOOKUP($W43,'Transporte RR-1C'!$B:$AA,25,FALSE)","v":3274.9294409196782},{"$f":"SMALL('Transporte RR-1C'!$AA$13:$AA$33,2)","v":4792.2703933006305}]
[null,3,null,"Complexo Petroquímico do Rio de Janeiro (Comperj)","Rodovia Estadual RJ-116 - Km 5,2 - Acesso A-1, s/n, Complemento Sambaetiba - Zona Urbana do 4º Distrito de Itaboraí - RJ CEP:24841-203",{"$f":"VLOOKUP($W44,'Transporte RR-1C'!$B:$AA,7,FALSE)","v":"APARECIDA DE GOIANIA - GO"},{"$f":"VLOOKUP($W44,'Transporte RR-1C'!$B:$AA,8,FALSE)","v":"Breves - PA"},{"$f":"VLOOKUP($W44,'Transporte RR-1C'!$B:$AA,9,FALSE)","v":2.5659094409196781},{"$f":"VLOOKUP($W44,'Transporte RR-1C'!$B:$AA,10,FALSE)","v":2.7772496393073984},{"$f":"VLOOKUP($W44,'Transporte RR-1C'!$B:$AA,11,FALSE)","v":2565.9094409196782},{"$f":"VLOOKUP($W44,'Transporte RR-1C'!$B:$AA,12,FALSE)","v":709.02},{"$f":"VLOOKUP($W44,'Transporte RR-1C'!$B:$AA,13,FALSE)","v":3274.9294409196782},{"$f":"VLOOKUP($W44,'Transporte RR-1C'!$B:$AA,14,FALSE)","v":1922},{"$f":"VLOOKUP($W44,'Transporte RR-1C'!$B:$AA,15,FALSE)","v":270.39999999999998},{"$f":"VLOOKUP($W44,'Transporte RR-1C'!$B:$AA,18,FALSE)","v":577.28},{"$f":"VLOOKUP($W44,'Transporte RR-1C'!$B:$AA,19,FALSE)","v":126.72},{"$f":"VLOOKUP($W44,'Transporte RR-1C'!$B:$AA,20,FALSE)","v":792},{"$f":"VLOOKUP($W44,'Transporte RR-1C'!$B:$AA,21,FALSE)","v":1496},{"$f":"VLOOKUP($W44,'Transporte RR-1C'!$B:$AA,22,FALSE)","v":508.8},{"$f":"VLOOKUP($W44,'Transporte RR-1C'!$B:$AA,23,FALSE)","v":40.38095238095238},{"$f":"VLOOKUP($W44,'Transporte RR-1C'!$B:$AA,24,FALSE)","v":1536.3809523809523},{"$f":"VLOOKUP($W44,'Transporte RR-1C'!$B:$AA,25,FALSE)","v":3274.9294409196782},{"$f":"SMALL('Transporte RR-1C'!$AA$13:$AA$33,3)","v":4811.3103933006305}]
[null,4,null,"Refinaria Abreu e Lima","Rodovia PE 60, Km 10 - Ipojuca - PE CEP:55590-000",{"$f":"VLOOKUP($W45,'Transporte RR-1C'!$B:$AA,7,FALSE)","v":"UBERLANDIA - MG"},{"$f":"VLOOKUP($W45,'Transporte RR-1C'!$B:$AA,8,FALSE)","v":"Breves - PA"},{"$f":"VLOOKUP($W45,'Transporte RR-1C'!$B:$AA,9,FALSE)","v":2.4146315130574774},{"$f":"VLOOKUP($W45,'Transporte RR-1C'!$B:$AA,10,FALSE)","v":2.5568047096927602},{"$f":"VLOOKUP($W45,'Transporte RR-1C'!$B:$AA,11,FALSE)","v":2414.6315130574772},{"$f":"VLOOKUP($W45,'Transporte RR-1C'!$B:$AA,12,FALSE)","v":667.22},{"$f":"VLOOKUP($W45,'Transporte RR-1C'!$B:$AA,13,FALSE)","v":3081.851513057477},{"$f":"VLOOKUP($W45,'Transporte RR-1C'!$B:$AA,14,FALSE)","v":2237},{"$f":"VLOOKUP($W45,'Transporte RR-1C'!$B:$AA,15,FALSE)","v":270.39999999999998},{"$f":"VLOOKUP($W45,'Transporte RR-1C'!$B:$AA,18,FALSE)","v":656.97},{"$f":"VLOOKUP($W45,'Transporte RR-1C'!$B:$AA,19,FALSE)","v":144.21},{"$f":"VLOOKUP($W45,'Transporte RR-1C'!$B:$AA,20,FALSE)","v":901.33},{"$f":"VLOOKUP($W45,'Transporte RR-1C'!$B:$AA,21,FALSE)","v":1702.5100000000002},{"$f":"VLOOKUP($W45,'Transporte RR-1C'!$B:$AA,22,FALSE)","v":675.6},{"$f":"VLOOKUP($W45,'Transporte RR-1C'!$B:$AA,23,FALSE)","v":53.61904761904762},{"$f":"VLOOKUP($W45,'Transporte RR-1C'!$B:$AA,24,FALSE)","v":1756.1290476190479},{"$f":"VLOOKUP($W45,'Transporte RR-1C'!$B:$AA,25,FALSE)","v":3081.851513057477},{"$f":"SMALL('Transporte RR-1C'!$AA$13:$AA$33,4)","v":4837.9805606765249}]
[null,5,null,"Refinaria Potiguar Clara Camarão","Rodovia RN 221, KM 25 - Guamaré - RN CEP:59598-000",{"$f":"VLOOKUP($W46,'Transporte RR-1C'!$B:$AA,7,FALSE)","v":"UBERLANDIA - MG"},{"$f":"VLOOKUP($W46,'Transporte RR-1C'!$B:$AA,8,FALSE)","v":"Breves - PA"},{"$f":"VLOOKUP($W46,'Transporte RR-1C'!$B:$AA,9,FALSE)","v":2.4146315130574774},{"$f":"VLOOKUP($W46,'Transporte RR-1C'!$B:$AA,10,FALSE)","v":2.5568047096927602},{"$f":"VLOOKUP($W46,'Transporte RR-1C'!$B:$AA,11,FALSE)","v":2414.6315130574772},{"$f":"VLOOKUP($W46,'Transporte RR-1C'!$B:$AA,12,FALSE)","v":667.22},{"$f":"VLOOKUP($W46,'Transporte RR-1C'!$B:$AA,13,FALSE)","v":3081.851513057477},{"$f":"VLOOKUP($W46,'Transporte RR-1C'!$B:$AA,14,FALSE)","v":2238},{"$f":"VLOOKUP($W46,'Transporte RR-1C'!$B:$AA,15,FALSE)","v":270.39999999999998},{"$f":"VLOOKUP($W46,'Transporte RR-1C'!$B:$AA,18,FALSE)","v":657.22},{"$f":"VLOOKUP($W46,'Transporte RR-1C'!$B:$AA,19,FALSE)","v":144.26},{"$f":"VLOOKUP($W46,'Transporte RR-1C'!$B:$AA,20,FALSE)","v":901.67},{"$f":"VLOOKUP($W46,'Transporte RR-1C'!$B:$AA,21,FALSE)","v":1703.15},{"$f":"VLOOKUP($W46,'Transporte RR-1C'!$B:$AA,22,FALSE)","v":675.6},{"$f":"VLOOKUP($W46,'Transporte RR-1C'!$B:$AA,23,FALSE)","v":53.61904761904762},{"$f":"VLOOKUP($W46,'Transporte RR-1C'!$B:$AA,24,FALSE)","v":1756.7690476190478},{"$f":"VLOOKUP($W46,'Transporte RR-1C'!$B:$AA,25,FALSE)","v":3081.851513057477},{"$f":"SMALL('Transporte RR-1C'!$AA$13:$AA$33,5)","v":4838.6205606765252}]
[null,6,null,"Complexo Petroquímico do Rio de Janeiro (Comperj)","Rodovia Estadual RJ-116 - Km 5,2 - Acesso A-1, s/n, Complemento Sambaetiba - Zona Urbana do 4º Distrito de Itaboraí - RJ CEP:24841-203",{"$f":"VLOOKUP($W47,'Transporte RR-1C'!$B:$AA,7,FALSE)","v":"BRASÍLIA - DF"},{"$f":"VLOOKUP($W47,'Transporte RR-1C'!$B:$AA,8,FALSE)","v":"Breves - PA"},{"$f":"VLOOKUP($W47,'Transporte RR-1C'!$B:$AA,9,FALSE)","v":"-"},{"$f":"VLOOKUP($W47,'Transporte RR-1C'!$B:$AA,10,FALSE)","v":2.7772496393073984},{"$f":"VLOOKUP($W47,'Transporte RR-1C'!$B:$AA,11,FALSE)","v":2777.2496393073984},{"$f":"VLOOKUP($W47,'Transporte RR-1C'!$B:$AA,12,FALSE)","v":767.42},{"$f":"VLOOKUP($W47,'Transporte RR-1C'!$B:$AA,13,FALSE)","v":3544.6696393073985},{"$f":"VLOOKUP($W47,'Transporte RR-1C'!$B:$AA,14,FALSE)","v":1893},{"$f":"VLOOKUP($W47,'Transporte RR-1C'!$B:$AA,15,FALSE)","v":270.39999999999998},{"$f":"VLOOKUP($W47,'Transporte RR-1C'!$B:$AA,18,FALSE)","v":569.94000000000005},{"$f":"VLOOKUP($W47,'Transporte RR-1C'!$B:$AA,19,FALSE)","v":125.1},{"$f":"VLOOKUP($W47,'Transporte RR-1C'!$B:$AA,20,FALSE)","v":781.92},{"$f":"VLOOKUP($W47,'Transporte RR-1C'!$B:$AA,21,FALSE)","v":1476.96},{"$f":"VLOOKUP($W47,'Transporte RR-1C'!$B:$AA,22,FALSE)","v":420},{"$f":"VLOOKUP($W47,'Transporte RR-1C'!$B:$AA,23,FALSE)","v":33.333333333333336},{"$f":"VLOOKUP($W47,'Transporte RR-1C'!$B:$AA,24,FALSE)","v":1510.2933333333333},{"$f":"VLOOKUP($W47,'Transporte RR-1C'!$B:$AA,25,FALSE)","v":3544.6696393073985},{"$f":"SMALL('Transporte RR-1C'!$AA$13:$AA$33,6)","v":5054.962972640732}]

{"sheet":"MOMENTO DE TRANSPORTE - PRINC","index":15,"n_rows":175,"n_cols":11,"rows_kept":175,"cut":false,"hidden":false,"merged":[[4,1,4,10],[68,3,68,7],[69,1,70,2],[69,3,70,3],[69,4,70,4],[69,5,69,7],[63,2,63,7],[63,9,63,10],[64,7,64,10],[51,9,51,10],[52,7,52,10],[58,5,58,7],[54,3,54,7],[55,1,56,2],[55,3,56,3],[27,2,27,7],[27,9,27,10],[30,3,30,7],[28,7,28,10],[31,1,32,2],[31,3,32,3],[31,4,32,4],[31,5,31,7],[34,5,34,7],[55,4,56,4],[55,5,55,7],[51,2,51,7],[39,2,39,7],[39,9,39,10],[40,7,40,10],[42,3,42,7],[43,1,44,2],[43,3,44,3],[43,4,44,4],[43,5,43,7],[46,5,46,7],[78,9,78,10],[79,7,79,10],[81,3,81,7],[82,1,83,2],[82,3,83,3],[82,4,83,4],[82,5,82,7],[85,5,85,7],[78,2,78,7],[102,2,102,7],[102,9,102,10],[90,2,90,7],[90,9,90,10],[91,7,91,10],[93,3,93,7],[94,1,95,2],[94,3,95,3],[94,4,95,4],[94,5,94,7],[97,5,97,7],[115,7,115,10],[103,7,103,10],[105,3,105,7],[106,1,107,2],[106,3,107,3],[106,4,107,4],[106,5,106,7],[109,5,109,7],[114,2,114,7],[114,9,114,10],[119,3,119,7],[120,1,121,2],[120,3,121,3],[120,4,121,4],[120,5,120,7],[129,2,129,7],[129,9,129,10],[130,7,130,10],[132,3,132,7],[133,1,134,2],[133,3,134,3],[133,4,134,4],[133,5,133,7],[136,5,136,7],[153,2,153,7],[153,9,153,10],[154,7,154,10],[166,7,166,10],[141,2,141,7],[141,9,141,10],[142,7,142,10],[144,3,144,7],[145,1,146,2],[145,3,146,3],[145,4,146,4],[145,5,145,7],[148,5,148,7],[170,3,170,7],[171,1,172,2],[171,3,172,3],[171,4,172,4],[171,5,171,7],[165,2,165,7],[165,9,165,10],[156,3,156,7],[157,1,158,2],[157,3,158,3],[157,4,158,4],[157,5,157,7],[160,5,160,7]]}
[]
[]
[]
[]
[null,{"$f":"'RESUMO MODULO TOTAL'!B1","v":"CONTRATAÇÃO DE SERVIÇOS DE EXECUÇÃO DE PAVIMENTAÇÃO ASFÁLTICA COM CONCRETO BETUMINOSO USINADO A QUENTE (CBUQ) EM VIAS DE DIVERSOS MUNICÍPIOS DO ESTADO PARÁ INSERIDOS NA ÁREA DE ATUAÇÃO DO ESCRITÓRIO DE REPRESENTAÇÃO DE BELÉM - REGIÃO MARAJÓ"}]
[null,"DATA BASE:",{"$f":"'RESUMO MODULO TOTAL'!N2","v":"Pará - Abril/2024"}]
[]
[null,null,"RESUMO DO TRANSPORTE PRINCIPAL"]
[null,"CODIGO ","DESCRIÇÃO","TKM"]
[null,5914359,{"$f":"VLOOKUP(B10,'SINTÉTICO SICRO'!$A:$D,2,0)","v":"Transporte com caminhão basculante de 10 m³ - rodovia em leito natural"},{"$f":"ROUND(SUMIF('MOMENTO DE TRANSPORTE - PRINC'!A:A,B10,'MOMENTO DE TRANSPORTE - PRINC'!K:K),2)","v":0}]
[null,5914374,{"$f":"VLOOKUP(B11,'SINTÉTICO SICRO'!$A:$D,2,0)","v":"Transporte com caminhão basculante de 10 m³ - rodovia em revestimento primário"},{"$f":"ROUND(SUMIF('MOMENTO DE TRANSPORTE - PRINC'!A:A,B11,'MOMENTO DE TRANSPORTE - PRINC'!K:K),2)","v":0}]
[null,5914389,{"$f":"VLOOKUP(B12,'SINTÉTICO SICRO'!$A:$D,2,0)","v":"Transporte com caminhão basculante de 10 m³ - rodovia pavimentada"},{"$f":"ROUND(SUMIF('MOMENTO DE TRANSPORTE - PRINC'!A:A,B12,'MOMENTO DE TRANSPORTE - PRINC'!K:K),2)","v":1634139.36}]
[null,5914449,{"$f":"VLOOKUP(B13,'SINTÉTICO SICRO'!$A:$D,2,0)","v":"Transporte com caminhão carroceria de 15 t - rodovia em leito natural"},{"$f":"ROUND(SUMIF('MOMENTO DE TRANSPORTE - PRINC'!A:A,B13,'MOMENTO DE TRANSPORTE - PRINC'!K:K),2)","v":0}]
[null,5914464,{"$f":"VLOOKUP(B14,'SINTÉTICO SICRO'!$A:$D,2,0)","v":"Transporte com caminhão carroceria de 15 t - rodovia em revestimento primário"},{"$f":"ROUND(SUMIF('MOMENTO DE TRANSPORTE - PRINC'!A:A,B14,'MOMENTO DE TRANSPORTE - PRINC'!K:K),2)","v":0}]
[null,5914479,{"$f":"VLOOKUP(B15,'SINTÉTICO SICRO'!$A:$D,2,0)","v":"Transporte com caminhão carroceria de 15 t - rodovia pavimentada"},{"$f":"ROUND(SUMIF('MOMENTO DE TRANSPORTE - PRINC'!A:A,B15,'MOMENTO DE TRANSPORTE - PRINC'!K:K),2)","v":0}]
[null,5914364,{"$f":"VLOOKUP(B16,'SINTÉTICO SICRO'!$A:$D,2,0)","v":"Transporte de cimento ou cal hidratada a granel com caminhão silo de 30 m³ - rodovia em leito natural"},{"$f":"ROUND(SUMIF('MOMENTO DE TRANSPORTE - PRINC'!A:A,B16,'MOMENTO DE TRANSPORTE - PRINC'!K:K),2)","v":0}]
[null,5914365,{"$f":"VLOOKUP(B17,'SINTÉTICO SICRO'!$A:$D,2,0)","v":"Transporte de cimento ou cal hidratada a granel com caminhão silo de 30 m³ - rodovia em revestimento primário"},{"$f":"ROUND(SUMIF('MOMENTO DE TRANSPORTE - PRINC'!A:A,B17,'MOMENTO DE TRANSPORTE - PRINC'!K:K),2)","v":0}]
[null,5914366,{"$f":"VLOOKUP(B18,'SINTÉTICO SICRO'!$A:$D,2,0)","v":"Transporte de cimento ou cal hidratada a granel com caminhão silo de 30 m³ - rodovia pavimentada"},{"$f":"ROUND(SUMIF('MOMENTO DE TRANSPORTE - PRINC'!A:A,B18,'MOMENTO DE TRANSPORTE - PRINC'!K:K),2)","v":0}]
[null,5914539,{"$f":"VLOOKUP(B19,'SINTÉTICO SICRO'!$A:$D,2,0)","v":"Transporte com caminhão betoneira - rodovia em leito natural"},{"$f":"ROUND(SUMIF('MOMENTO DE TRANSPORTE - PRINC'!A:A,B19,'MOMENTO DE TRANSPORTE - PRINC'!K:K),2)","v":0}]
[null,5914554,{"$f":"VLOOKUP(B20,'SINTÉTICO SICRO'!$A:$D,2,0)","v":"Transporte com caminhão betoneira - rodovia em revestimento primário"},{"$f":"ROUND(SUMIF('MOMENTO DE TRANSPORTE - PRINC'!A:A,B20,'MOMENTO DE TRANSPORTE - PRINC'!K:K),2)","v":0}]
[null,5914569,{"$f":"VLOOKUP(B21,'SINTÉTICO SICRO'!$A:$D,2,0)","v":"Transporte com caminhão betoneira - rodovia pavimentada"},{"$f":"ROUND(SUMIF('MOMENTO DE TRANSPORTE - PRINC'!A:A,B21,'MOMENTO DE TRANSPORTE - PRINC'!K:K),2)","v":72576}]
[]
[null,"TIPO (P, RP ou LN)","DMT ESTIMADA (DISTRIBUIÇÃO DO ITEM NA PISTA"]
[null,"P",null,"Fica a cargo de cada SR colocar a distancia de distribuição"]
[]
[null,"SISTEMA DE CUSTOS REFERENCIAIS DE OBRAS - SICRO"]
[null,"Custo Unitário de Referência",{"$nulls":6},"Quantitativo",null,"t"]
[null,4011463,"Concreto asfáltico - faixa C - areia e brita comerciais",{"$nulls":5},{"$f":"SUMIF('RESUMO MODULO TOTAL'!D:D,B28,'RESUMO MODULO TOTAL'!J:J)*0.9","v":30240}]
[null,"D - ATIVIDADES AUXILIARES",null,"Quantidade","Unidade"]
[null,6416078,"Usinagem de concreto asfáltico - faixa C - areia e brita comerciais",1.02,"t"]
[]
[null,"F - MOMENTO DE TRANSPORTE",null,"Quantidade","Unidade","CÓDIGO TRANSPORTE"]
[{"$nulls":5},"LN","RP","P","TIPO (P, RP ou LN)","DMT ESTIMADA (km)","QUANTITATIVO TOTAL DE TRANSPORTE (tkm)"]
[{"$f":"IF(I34=\"P\",H34,IF(I34=\"RP\",G34,IF(I34=\"LN\",F34,\"\")))","v":5914389},"6416078","Usinagem de concreto asfáltico - faixa C - areia e brita comerciais - Caminhão basculante 10 m³",1.02,"tkm",5914359,5914374,5914389,{"$f":"$B$24","v":"P"},10,{"$f":"IF(ISBLANK(J34),\"\",J34*D34)*I28","v":308448}]
[""]
["","Obs."]
[""]
[{"$f":"IF(I38=\"P\",H38,IF(I38=\"RP\",G38,IF(I38=\"LN\",F38,\"\")))","v":""}]
["","Custo Unitário de Referência",null,null,{"$f":"$C$6","v":"Pará - Abril/2024"},null,null,null,"Quantitativo",null,"un"]
["",{"$f":"'RESUMO MODULO TOTAL'!$D$26","v":"CPU-20"},"Base estabilizada granulometricamente com mistura solo areia (70% - 30%) na pista com material de jazida e areia comercial",{"$nulls":5},{"$f":"SUMIF('RESUMO MODULO TOTAL'!D:D,B40,'RESUMO MODULO TOTAL'!J:J)*0.9","v":37800}]
["","D - ATIVIDADES AUXILIARES",null,"Quantidade","Unidade"]
["",4016096,{"$f":"VLOOKUP(B42,'SINTÉTICO SICRO'!$A$4:$D$1048576,2,0)","v":"Escavação e carga de material de jazida com escavadeira hidráulica de 1,56 m³"},"0,77019","m³"]
[""]
["","F - MOMENTO DE TRANSPORTE",null,"Quantidade","Unidade","CÓDIGO TRANSPORTE"]
["",{"$nulls":4},"LN","RP","P","TIPO (P, RP ou LN)","DMT ESTIMADA (km)","QUANTITATIVO TOTAL DE TRANSPORTE (tkm)"]
[5914389,4016096,{"$f":"VLOOKUP(B46,'SINTÉTICO SICRO'!$A$4:$D$1048576,2,0)","v":"Escavação e carga de material de jazida com escavadeira hidráulica de 1,56 m³"},"1,44411","tkm",5914359,5914374,5914389,{"$f":"$B$24","v":"P"},10,{"$f":"IF(ISBLANK(J46),\"\",J46*D46)*I40","v":545873.58000000007}]
[""]
[""]
[""]
["","SISTEMA DE CUSTOS REFERENCIAIS DE OBRAS - SICRO"]
["","Custo Unitário de Referência",{"$nulls":6},"Quantitativo",null,"m³"]
["",4011227,{"$f":"VLOOKUP(B52,'SINTÉTICO SICRO'!A:D,2,0)","v":"Sub-base de solo estabilizado granulometricamente sem mistura com material de jazida"},{"$nulls":5},{"$f":"SUMIF('RESUMO MODULO TOTAL'!D:D,B52,'RESUMO MODULO TOTAL'!J:J)*0.9","v":37800}]
["","D - ATIVIDADES AUXILIARES",null,"Quantidade","Unidade"]
["",4016096,{"$f":"VLOOKUP(B54,'SINTÉTICO SICRO'!A:D,2,0)","v":"Escavação e carga de material de jazida com escavadeira hidráulica de 1,56 m³"},1.1002700000000001,"m³"]
[""]
["","F - MOMENTO DE TRANSPORTE",null,"Quantidade","Unidade","CÓDIGO TRANSPORTE"]
["",{"$nulls":4},"LN","RP","P","TIPO (P, RP ou LN)","DMT ESTIMADA (km)","QUANTITATIVO TOTAL DE TRANSPORTE (tkm)"]
[{"$f":"IF(I58=\"P\",H58,IF(I58=\"RP\",G58,IF(I58=\"LN\",F58,\"\")))","v":5914389},4016096,{"$f":"VLOOKUP(B58,'SINTÉTICO SICRO'!A:D,2,0)","v":"Escavação e carga de material de jazida com escavadeira hidráulica de 1,56 m³"},2.0630099999999998,"tkm",5914359,5914374,5914389,{"$f":"$B$24","v":"P"},10,{"$f":"IF(ISBLANK(J58),\"\",J58*D58)*I52","v":779817.77999999991}]
[""]
[null,"Obs."]
[]
["","SISTEMA DE CUSTOS REFERENCIAIS DE OBRAS - SICRO"]
["","Custo Unitário de Referência",{"$nulls":6},"Quantitativo",null,"m"]
["",2003943,{"$f":"VLOOKUP(B64,'SINTÉTICO SICRO'!A:D,2,0)","v":"Meio-fio de concreto - MFC 03 moldado no local com extrusora e concreto usinado - areia e brita comerciais"},{"$nulls":5},{"$f":"SUMIF('RESUMO MODULO TOTAL'!D:D,B64,'RESUMO MODULO TOTAL'!J:J)*0.9","v":72000}]
["","D - ATIVIDADES AUXILIARES",null,"Quantidade","Unidade"]
[null,1107928,{"$f":"VLOOKUP(B66,'SINTÉTICO SICRO'!A:D,2,0)","v":"Concreto fck = 20 MPa - confecção em central dosadora de 30 m³/h - areia e brita comerciais"},4.2000000000000003E-2,"m³"]
[null,2003842,{"$f":"VLOOKUP(B67,'SINTÉTICO SICRO'!A:D,2,0)","v":"Enchimento de junta de concreto com argamassa asfáltica de densidade 1.700 kg/m³ - espessura de 1 cm"},5.9499999999999997E-2,"kg"]
[null,4805750,{"$f":"VLOOKUP(B68,'SINTÉTICO SICRO'!A:D,2,0)","v":"Escavação manual em material de 1ª categoria na profundidade de até 1 m"},0.03,"m³"]
[""]
["","F - MOMENTO DE TRANSPORTE",null,"Quantidade","Unidade","CÓDIGO TRANSPORTE"]
["",{"$nulls":4},"LN","RP","P","TIPO (P, RP ou LN)","DMT ESTIMADA (km)","QUANTITATIVO TOTAL DE TRANSPORTE (tkm)"]
[{"$f":"IF(I72=\"P\",H72,IF(I72=\"RP\",G72,IF(I72=\"LN\",F72,\"\")))","v":5914569},1107928,{"$f":"VLOOKUP(B72,'SINTÉTICO SICRO'!A:D,2,0)","v":"Concreto fck = 20 MPa - confecção em central dosadora de 30 m³/h - areia e brita comerciais"},0.1008,"tkm",5914539,5914554,5914569,{"$f":"$B$24","v":"P"},10,{"$f":"IF(ISBLANK(J72),\"\",J72*D72)*I64","v":72576}]
[null,"Obs."]
[null,"TIPO (P, RP ou LN)","DMT ESTIMADA (DISTRIBUIÇÃO DO ITEM NA PISTA"]
[null,"RP",{"$f":"$C$24","v":0},"Fica a cargo de cada SR colocar a distancia de distribuição"]
[]
[null,"SISTEMA DE CUSTOS REFERENCIAIS DE OBRAS - SICRO"]
[null,"Custo Unitário de Referência",{"$nulls":6},"Quantitativo",null,"t"]
[null,4011463,"Concreto asfáltico - faixa C - areia e brita comerciais",{"$nulls":5},{"$f":"SUMIF('RESUMO MODULO TOTAL'!D:D,B79,'RESUMO MODULO TOTAL'!J:J)*0","v":0}]
[null,"D - ATIVIDADES AUXILIARES",null,"Quantidade","Unidade"]
[null,6416078,"Usinagem de concreto asfáltico - faixa C - areia e brita comerciais",1.02,"t"]
[]
[null,"F - MOMENTO DE TRANSPORTE",null,"Quantidade","Unidade","CÓDIGO TRANSPORTE"]
[{"$nulls":5},"LN","RP","P","TIPO (P, RP ou LN)","DMT ESTIMADA (km)","QUANTITATIVO TOTAL DE TRANSPORTE (tkm)"]
[{"$f":"IF(I85=\"P\",H85,IF(I85=\"RP\",G85,IF(I85=\"LN\",F85,\"\")))","v":5914374},"6416078","Usinagem de concreto asfáltico - faixa C - areia e brita comerciais - Caminhão basculante 10 m³",1.02,"tkm",5914359,5914374,5914389,{"$f":"$B$75","v":"RP"},{"$f":"$C$75","v":0},{"$f":"IF(ISBLANK(J85),\"\",J85*D85)*I79","v":0}]
[""]
["","Obs."]
[]
[{"$f":"IF(I89=\"P\",H89,IF(I89=\"RP\",G89,IF(I89=\"LN\",F89,\"\")))","v":""}]
["","Custo Unitário de Referência",null,null,{"$f":"$C$6","v":"Pará - Abril/2024"},null,null,null,"Quantitativo",null,"un"]
["",{"$f":"'RESUMO MODULO TOTAL'!$D$26","v":"CPU-20"},"Base estabilizada granulometricamente com mistura solo areia (70% - 30%) na pista com material de jazida e areia comercial",{"$nulls":5},{"$f":"SUMIF('RESUMO MODULO TOTAL'!D:D,B91,'RESUMO MODULO TOTAL'!J:J)*0.9","v":37800}]
["","D - ATIVIDADES AUXILIARES",null,"Quantidade","Unidade"]
["",4016096,{"$f":"VLOOKUP(B93,'SINTÉTICO SICRO'!$A$4:$D$1048576,2,0)","v":"Escavação e carga de material de jazida com escavadeira hidráulica de 1,56 m³"},"0,77019","m³"]
[""]
["","F - MOMENTO DE TRANSPORTE",null,"Quantidade","Unidade","CÓDIGO TRANSPORTE"]
["",{"$nulls":4},"LN","RP","P","TIPO (P, RP ou LN)","DMT ESTIMADA (km)","QUANTITATIVO TOTAL DE TRANSPORTE (tkm)"]
[5914374,4016096,{"$f":"VLOOKUP(B97,'SINTÉTICO SICRO'!$A$4:$D$1048576,2,0)","v":"Escavação e carga de material de jazida com escavadeira hidráulica de 1,56 m³"},"1,44411","tkm",5914359,5914374,5914389,{"$f":"$B$75","v":"RP"},{"$f":"$C$75","v":0},{"$f":"IF(ISBLANK(J97),\"\",J97*D97)*I91","v":0}]
[""]
[""]
[""]
["","SISTEMA DE CUSTOS REFERENCIAIS DE OBRAS - SICRO"]
["","Custo Unitário de Referência",{"$nulls":6},"Quantitativo",null,"m³"]
["",4011227,{"$f":"VLOOKUP(B103,'SINTÉTICO SICRO'!A:D,2,0)","v":"Sub-base de solo estabilizado granulometricamente sem mistura com material de jazida"},{"$nulls":5},{"$f":"SUMIF('RESUMO MODULO TOTAL'!D:D,B103,'RESUMO MODULO TOTAL'!J:J)*0","v":0}]
["","D - ATIVIDADES AUXILIARES",null,"Quantidade","Unidade"]
["",4016096,{"$f":"VLOOKUP(B105,'SINTÉTICO SICRO'!A:D,2,0)","v":"Escavação e carga de material de jazida com escavadeira hidráulica de 1,56 m³"},1.1002700000000001,"m³"]
[""]
["","F - MOMENTO DE TRANSPORTE",null,"Quantidade","Unidade","CÓDIGO TRANSPORTE"]
["",{"$nulls":4},"LN","RP","P","TIPO (P, RP ou LN)","DMT ESTIMADA (km)","QUANTITATIVO TOTAL DE TRANSPORTE (tkm)"]
[{"$f":"IF(I109=\"P\",H109,IF(I109=\"RP\",G109,IF(I109=\"LN\",F109,\"\")))","v":5914374},4016096,{"$f":"VLOOKUP(B109,'SINTÉTICO SICRO'!A:D,2,0)","v":"Escavação e carga de material de jazida com escavadeira hidráulica de 1,56 m³"},2.0630099999999998,"tkm",5914359,5914374,5914389,{"$f":"$B$75","v":"RP"},{"$f":"$C$75","v":0},{"$f":"IF(ISBLANK(J109),\"\",J109*D109)*I103","v":0}]
[""]
[null,"Obs."]
[]
["","SISTEMA DE CUSTOS REFERENCIAIS DE OBRAS - SICRO"]
["","Custo Unitário de Referência",{"$nulls":6},"Quantitativo",null,"m"]
["",2003943,{"$f":"VLOOKUP(B115,'SINTÉTICO SICRO'!A:D,2,0)","v":"Meio-fio de concreto - MFC 03 moldado no local com extrusora e concreto usinado - areia e brita comerciais"},{"$nulls":5},{"$f":"SUMIF('RESUMO MODULO TOTAL'!D:D,B115,'RESUMO MODULO TOTAL'!J:J)*0","v":0}]
["","D - ATIVIDADES AUXILIARES",null,"Quantidade","Unidade"]
[null,1107928,{"$f":"VLOOKUP(B117,'SINTÉTICO SICRO'!A:D,2,0)","v":"Concreto fck = 20 MPa - confecção em central dosadora de 30 m³/h - areia e brita comerciais"},4.2000000000000003E-2,"m³"]
[null,2003842,{"$f":"VLOOKUP(B118,'SINTÉTICO SICRO'!A:D,2,0)","v":"Enchimento de junta de concreto com argamassa asfáltica de densidade 1.700 kg/m³ - espessura de 1 cm"},5.9499999999999997E-2,"kg"]
[null,4805750,{"$f":"VLOOKUP(B119,'SINTÉTICO SICRO'!A:D,2,0)","v":"Escavação manual em material de 1ª categoria na profundidade de até 1 m"},0.03,"m³"]
[""]
["","F - MOMENTO DE TRANSPORTE",null,"Quantidade","Unidade","CÓDIGO TRANSPORTE"]
["",{"$nulls":4},"LN","RP","P","TIPO (P, RP ou LN)","DMT ESTIMADA (km)","QUANTITATIVO TOTAL DE TRANSPORTE (tkm)"]
[{"$f":"IF(I123=\"P\",H123,IF(I123=\"RP\",G123,IF(I123=\"LN\",F123,\"\")))","v":5914554},1107928,{"$f":"VLOOKUP(B123,'SINTÉTICO SICRO'!A:D,2,0)","v":"Concreto fck = 20 MPa - confecção em central dosadora de 30 m³/h - areia e brita comerciais"},0.1008,"tkm",5914539,5914554,5914569,{"$f":"$B$75","v":"RP"},{"$f":"$C$75","v":0},{"$f":"IF(ISBLANK(J123),\"\",J123*D123)*I115","v":0}]
[null,"Obs."]
[null,"TIPO (P, RP ou LN)","DMT ESTIMADA (DISTRIBUIÇÃO DO ITEM NA PISTA"]
[null,"LN",{"$f":"C24","v":0},"Fica a cargo de cada SR colocar a distancia de distribuição"]
[]
[null,"SISTEMA DE CUSTOS REFERENCIAIS DE OBRAS - SICRO"]
[null,"Custo Unitário de Referência",{"$nulls":6},"Quantitativo",null,"t"]
[null,4011463,"Concreto asfáltico - faixa C - areia e brita comerciais",{"$nulls":5},{"$f":"SUMIF('RESUMO MODULO TOTAL'!D:D,B130,'RESUMO MODULO TOTAL'!J:J)*0.1","v":3360}]
[null,"D - ATIVIDADES AUXILIARES",null,"Quantidade","Unidade"]
[null,6416078,"Usinagem de concreto asfáltico - faixa C - areia e brita comerciais",1.02,"t"]
[]
[null,"F - MOMENTO DE TRANSPORTE",null,"Quantidade","Unidade","CÓDIGO TRANSPORTE"]
[{"$nulls":5},"LN","RP","P","TIPO (P, RP ou LN)","DMT ESTIMADA (km)","QUANTITATIVO TOTAL DE TRANSPORTE (tkm)"]
[{"$f":"IF(I136=\"P\",H136,IF(I136=\"RP\",G136,IF(I136=\"LN\",F136,\"\")))","v":5914359},"6416078","Usinagem de concreto asfáltico - faixa C - areia e brita comerciais - Caminhão basculante 10 m³",1.02,"tkm",5914359,5914374,5914389,{"$f":"$B$126","v":"LN"},{"$f":"$C$126","v":0},{"$f":"IF(ISBLANK(J136),\"\",J136*D136)*I130","v":0}]
[""]
["","Obs."]
[]
[{"$f":"IF(I140=\"P\",H140,IF(I140=\"RP\",G140,IF(I140=\"LN\",F140,\"\")))","v":""}]
["","Custo Unitário de Referência",null,null,{"$f":"$C$6","v":"Pará - Abril/2024"},null,null,null,"Quantitativo",null,"un"]
["",{"$f":"'RESUMO MODULO TOTAL'!$D$26","v":"CPU-20"},"Base estabilizada granulometricamente com mistura solo areia (70% - 30%) na pista com material de jazida e areia comercial",{"$nulls":5},{"$f":"SUMIF('RESUMO MODULO TOTAL'!D:D,B142,'RESUMO MODULO TOTAL'!J:J)*0.9","v":37800}]
["","D - ATIVIDADES AUXILIARES",null,"Quantidade","Unidade"]
["",4016096,{"$f":"VLOOKUP(B144,'SINTÉTICO SICRO'!$A$4:$D$1048576,2,0)","v":"Escavação e carga de material de jazida com escavadeira hidráulica de 1,56 m³"},"0,77019","m³"]
[""]
["","F - MOMENTO DE TRANSPORTE",null,"Quantidade","Unidade","CÓDIGO TRANSPORTE"]
["",{"$nulls":4},"LN","RP","P","TIPO (P, RP ou LN)","DMT ESTIMADA (km)","QUANTITATIVO TOTAL DE TRANSPORTE (tkm)"]
[5914359,4016096,{"$f":"VLOOKUP(B148,'SINTÉTICO SICRO'!$A$4:$D$1048576,2,0)","v":"Escavação e carga de material de jazida com escavadeira hidráulica de 1,56 m³"},"1,44411","tkm",5914359,5914374,5914389,{"$f":"$B$126","v":"LN"},{"$f":"$C$126","v":0},{"$f":"IF(ISBLANK(J148),\"\",J148*D148)*I142","v":0}]
[""]
[""]
[""]
["","SISTEMA DE CUSTOS REFERENCIAIS DE OBRAS - SICRO"]
["","Custo Unitário de Referência",{"$nulls":6},"Quantitativo",null,"m³"]
["",4011227,{"$f":"VLOOKUP(B154,'SINTÉTICO SICRO'!A:D,2,0)","v":"Sub-base de solo estabilizado granulometricamente sem mistura com material de jazida"},{"$nulls":5},{"$f":"SUMIF('RESUMO MODULO TOTAL'!D:D,B154,'RESUMO MODULO TOTAL'!J:J)*0.1","v":4200}]
["","D - ATIVIDADES AUXILIARES",null,"Quantidade","Unidade"]
["",4016096,{"$f":"VLOOKUP(B156,'SINTÉTICO SICRO'!A:D,2,0)","v":"Escavação e carga de material de jazida com escavadeira hidráulica de 1,56 m³"},1.1002700000000001,"m³"]
[""]
["","F - MOMENTO DE TRANSPORTE",null,"Quantidade","Unidade","CÓDIGO TRANSPORTE"]
["",{"$nulls":4},"LN","RP","P","TIPO (P, RP ou LN)","DMT ESTIMADA (km)","QUANTITATIVO TOTAL DE TRANSPORTE (tkm)"]
[{"$f":"IF(I160=\"P\",H160,IF(I160=\"RP\",G160,IF(I160=\"LN\",F160,\"\")))","v":5914359},4016096,{"$f":"VLOOKUP(B160,'SINTÉTICO SICRO'!A:D,2,0)","v":"Escavação e carga de material de jazida com escavadeira hidráulica de 1,56 m³"},2.0630099999999998,"tkm",5914359,5914374,5914389,{"$f":"$B$126","v":"LN"},{"$f":"$C$126","v":0},{"$f":"IF(ISBLANK(J160),\"\",J160*D160)*I154","v":0}]
[""]
[null,"Obs."]
[]
["","SISTEMA DE CUSTOS REFERENCIAIS DE OBRAS - SICRO"]
["","Custo Unitário de Referência",{"$nulls":6},"Quantitativo",null,"m"]
["",2003943,{"$f":"VLOOKUP(B166,'SINTÉTICO SICRO'!A:D,2,0)","v":"Meio-fio de concreto - MFC 03 moldado no local com extrusora e concreto usinado - areia e brita comerciais"},{"$nulls":5},{"$f":"SUMIF('RESUMO MODULO TOTAL'!D:D,B166,'RESUMO MODULO TOTAL'!J:J)*0.1","v":8000}]
["","D - ATIVIDADES AUXILIARES",null,"Quantidade","Unidade"]
[null,1107928,{"$f":"VLOOKUP(B168,'SINTÉTICO SICRO'!A:D,2,0)","v":"Concreto fck = 20 MPa - confecção em central dosadora de 30 m³/h - areia e brita comerciais"},4.2000000000000003E-2,"m³"]
[null,2003842,{"$f":"VLOOKUP(B169,'SINTÉTICO SICRO'!A:D,2,0)","v":"Enchimento de junta de concreto com argamassa asfáltica de densidade 1.700 kg/m³ - espessura de 1 cm"},5.9499999999999997E-2,"kg"]
[null,4805750,{"$f":"VLOOKUP(B170,'SINTÉTICO SICRO'!A:D,2,0)","v":"Escavação manual em material de 1ª categoria na profundidade de até 1 m"},0.03,"m³"]
[""]
["","F - MOMENTO DE TRANSPORTE",null,"Quantidade","Unidade","CÓDIGO TRANSPORTE"]
["",{"$nulls":4},"LN","RP","P","TIPO (P, RP ou LN)","DMT ESTIMADA (km)","QUANTITATIVO TOTAL DE TRANSPORTE (tkm)"]
[{"$f":"IF(I174=\"P\",H174,IF(I174=\"RP\",G174,IF(I174=\"LN\",F174,\"\")))","v":5914539},1107928,{"$f":"VLOOKUP(B174,'SINTÉTICO SICRO'!A:D,2,0)","v":"Concreto fck = 20 MPa - confecção em central dosadora de 30 m³/h - areia e brita comerciais"},0.1008,"tkm",5914539,5914554,5914569,{"$f":"$B$126","v":"LN"},{"$f":"$C$126","v":0},{"$f":"IF(ISBLANK(J174),\"\",J174*D174)*I166","v":0}]
[null,"Obs."]

{"sheet":"MOMENTO DE TRANSPORTE - AUX","index":16,"n_rows":127,"n_cols":11,"rows_kept":127,"cut":false,"hidden":false,"merged":[[122,5,122,7],[114,5,114,7],[118,2,118,7],[118,9,118,10],[119,1,120,2],[119,3,120,3],[119,4,120,4],[119,5,119,7],[106,2,106,7],[106,9,106,10],[107,1,108,2],[107,3,108,3],[107,4,108,4],[107,5,107,7],[102,5,102,7],[79,5,79,7],[83,2,83,7],[83,9,83,10],[84,1,85,2],[84,3,85,3],[84,4,85,4],[84,5,84,7],[87,5,87,7],[94,2,94,7],[94,9,94,10],[95,1,96,2],[95,3,96,3],[95,4,96,4],[95,5,95,7],[72,1,73,2],[72,3,73,3],[72,4,73,4],[72,5,72,7],[71,2,71,7],[71,9,71,10],[52,5,52,7],[67,5,67,7],[59,2,59,7],[59,9,59,10],[60,1,61,2],[60,3,61,3],[60,4,61,4],[60,5,60,7],[44,5,44,7],[48,2,48,7],[48,9,48,10],[49,1,50,2],[49,3,50,3],[49,4,50,4],[49,5,49,7],[4,1,4,10],[24,2,24,7],[24,9,24,10],[25,1,26,2],[25,3,26,3],[25,4,26,4],[25,5,25,7],[32,5,32,7],[36,9,36,10],[37,1,38,2],[37,3,38,3],[37,4,38,4],[37,5,37,7],[36,2,36,7]]}
[]
[]
[]
[]
[null,{"$f":"'RESUMO MODULO TOTAL'!B1","v":"CONTRATAÇÃO DE SERVIÇOS DE EXECUÇÃO DE PAVIMENTAÇÃO ASFÁLTICA COM CONCRETO BETUMINOSO USINADO A QUENTE (CBUQ) EM VIAS DE DIVERSOS MUNICÍPIOS DO ESTADO PARÁ INSERIDOS NA ÁREA DE ATUAÇÃO DO ESCRITÓRIO DE REPRESENTAÇÃO DE BELÉM - REGIÃO MARAJÓ"}]
[null,"DATA BASE:",{"$f":"'RESUMO MODULO TOTAL'!N2","v":"Pará - Abril/2024"}]
[]
[null,null,"RESUMO DO TRANSPORTE AUXILIAR"]
[null,"CODIGO ","DESCRIÇÃO","TKM"]
[null,5914359,{"$f":"VLOOKUP(B10,'SINTÉTICO SICRO'!$A:$D,2,0)","v":"Transporte com caminhão basculante de 10 m³ - rodovia em leito natural"},{"$f":"ROUND(SUMIF($A:$A,B10,$K:$K),2)","v":0}]
[null,5914374,{"$f":"VLOOKUP(B11,'SINTÉTICO SICRO'!$A:$D,2,0)","v":"Transporte com caminhão basculante de 10 m³ - rodovia em revestimento primário"},0]
[null,5914389,{"$f":"VLOOKUP(B12,'SINTÉTICO SICRO'!$A:$D,2,0)","v":"Transporte com caminhão basculante de 10 m³ - rodovia pavimentada"},2561179.12]
[null,5914449,{"$f":"VLOOKUP(B13,'SINTÉTICO SICRO'!$A:$D,2,0)","v":"Transporte com caminhão carroceria de 15 t - rodovia em leito natural"},0]
[null,5914464,{"$f":"VLOOKUP(B14,'SINTÉTICO SICRO'!$A:$D,2,0)","v":"Transporte com caminhão carroceria de 15 t - rodovia em revestimento primário"},0]
[null,5914479,{"$f":"VLOOKUP(B15,'SINTÉTICO SICRO'!$A:$D,2,0)","v":"Transporte com caminhão carroceria de 15 t - rodovia pavimentada"},0]
[null,5914364,{"$f":"VLOOKUP(B16,'SINTÉTICO SICRO'!$A:$D,2,0)","v":"Transporte de cimento ou cal hidratada a granel com caminhão silo de 30 m³ - rodovia em leito natural"},0]
[null,5914365,{"$f":"VLOOKUP(B17,'SINTÉTICO SICRO'!$A:$D,2,0)","v":"Transporte de cimento ou cal hidratada a granel com caminhão silo de 30 m³ - rodovia em revestimento primário"},0]
[null,5914366,{"$f":"VLOOKUP(B18,'SINTÉTICO SICRO'!$A:$D,2,0)","v":"Transporte de cimento ou cal hidratada a granel com caminhão silo de 30 m³ - rodovia pavimentada"},0]
[]
[null,"TIPO (P, RP ou LN)","DMT ATÉ 50 KM NÃO DEVE SER PAGA","SOMENTE DEVE SER ADICIONADO A DISTÂNCIA EXCEDENTE A 50 KM"]
[null,"P"]
[]
[null,"SISTEMA DE CUSTOS REFERENCIAIS DE OBRAS - SICRO",{"$nulls":6},"Quantitivo"]
[null,"Custo Unitário de Referência",null,null,{"$f":"$C$6","v":"Pará - Abril/2024"},null,null,null,"(Coeficiente na composição principal) x (quantidade da principal no orçamento)",null,"t"]
[null,6416078,{"$f":"VLOOKUP(B25,'SINTÉTICO SICRO'!A:D,2,0)","v":"Usinagem de concreto asfáltico - faixa C - areia e brita comerciais"},{"$nulls":5},{"$f":"'MOMENTO DE TRANSPORTE - PRINC'!D30*(VLOOKUP(C34,'RESUMO MODULO TOTAL'!D:O,7,FALSE))","v":34272}]
[null,"F - MOMENTO DE TRANSPORTE",null,"Quantidade","Unidade","DMT"]
[{"$nulls":5},"LN","RP","P","TIPO (P, RP ou LN)","DMT ESTIMADA (km)","QUANTITATIVO TOTAL DE TRANSPORTE DE MATERIAL (tkm)"]
[{"$f":"IF(I28=\"P\",H28,IF(I28=\"RP\",G28,IF(I28=\"LN\",F28,\"\")))","v":5914389},"M0028","Areia média - Caminhão basculante 10 m³",0.48713000000000001,"tkm",5914359,5914374,5914389,{"$f":"$B$21","v":"P"},{"$f":"$D$21","v":0},{"$f":"IF(ISBLANK(J28),\"\",J28*(D28*$I$25))","v":0}]
[{"$f":"IF(I29=\"P\",H29,IF(I29=\"RP\",G29,IF(I29=\"LN\",F29,\"\")))","v":5914389},"M0005","Brita 0 - Caminhão basculante 10 m³",9.3679999999999999E-2,"tkm",5914359,5914374,5914389,{"$f":"$B$21","v":"P"},{"$f":"199-50","v":149},{"$f":"IF(ISBLANK(J29),\"\",J29*(D29*$I$25))","v":478379.54303999996}]
[5914389,"M0191","Brita 1 - Caminhão basculante 10 m³",9.3679999999999999E-2,"tkm",5914359,5914374,5914389,"P",{"$f":"199-50","v":149},{"$f":"IF(ISBLANK(J30),\"\",J30*(D30*$I$25))","v":478379.54303999996}]
[5914366,"M0344","Cal hidratada - a granel - Caminhão silo 30 m³",5.62E-2,"tkm",5914364,5914365,5914366,"P",{"$f":"$D$21","v":0},{"$f":"IF(ISBLANK(J31),\"\",J31*(D31*$I$25))","v":0}]
[5914389,"M1103","Pedrisco - Caminhão basculante 10 m³",0.20609,"tkm",5914359,5914374,5914389,"P",{"$f":"199-50","v":149},{"$f":"IF(ISBLANK(J32),\"\",J32*(D32*$I$25))","v":1052404.35552}]
[""]
[null,"PRINCIPAL:",4011463]
["","SISTEMA DE CUSTOS REFERENCIAIS DE OBRAS - SICRO",{"$nulls":6},"Quantitivo"]
["","Custo Unitário de Referência",null,null,{"$f":"$C$6","v":"Pará - Abril/2024"},null,null,null,"(Coeficiente na composição principal) x (quantidade da principal no orçamento)",null,"m³"]
["",1107892,"Concreto fck = 20 MPa - confecção em betoneira e lançamento manual - areia e brita comerciais",{"$nulls":5},{"$f":"'MOMENTO DE TRANSPORTE - PRINC'!D66*(VLOOKUP(C46,'RESUMO MODULO TOTAL'!D:O,7,FALSE))","v":3360}]
["","F - MOMENTO DE TRANSPORTE",null,"Quantidade","Unidade","DMT"]
["",{"$nulls":4},"LN","RP","P","TIPO (P, RP ou LN)","DMT ESTIMADA (km)","QUANTITATIVO TOTAL DE TRANSPORTE DE MATERIAL (tkm)"]
[{"$f":"IF(I40=\"P\",H40,IF(I40=\"RP\",G40,IF(I40=\"LN\",F40,\"\")))","v":5914479},"M0030","Aditivo plastificante e retardador de pega para concreto e argamassa - Caminhão carroceria 15 t",8.1999999999999998E-4,"tkm",5914449,5914464,5914479,{"$f":"$B$21","v":"P"},{"$f":"$D$21","v":0},{"$f":"IF(ISBLANK(J40),\"\",J40*(D40*$I$37))","v":0}]
[{"$f":"IF(I41=\"P\",H41,IF(I41=\"RP\",G41,IF(I41=\"LN\",F41,\"\")))","v":5914389},"M0082","Areia média lavada - Caminhão basculante 10 m³",0.95638999999999996,"tkm",5914359,5914374,5914389,{"$f":"$B$21","v":"P"},0,{"$f":"IF(ISBLANK(J41),\"\",J41*(D41*$I$37))","v":0}]
[5914389,"M0191","Brita 1 - Caminhão basculante 10 m³",0.55130999999999997,"tkm",5914359,5914374,5914389,"P",{"$f":"199-50","v":149},{"$f":"IF(ISBLANK(J42),\"\",J42*(D42*$I$37))","v":276007.83840000001}]
[5914389,"M0192","Brita 2 - Caminhão basculante 10 m³",0.55130999999999997,"tkm",5914359,5914374,5914389,"P",{"$f":"199-50","v":149},{"$f":"IF(ISBLANK(J43),\"\",J43*(D43*$I$37))","v":276007.83840000001}]
[5914479,"M0424","Cimento Portland CP II - 32 - saco - Caminhão carroceria 15 t",0.27464,"tkm",5914449,5914464,5914479,"P",0,{"$f":"IF(ISBLANK(J44),\"\",J44*(D44*$I$37))","v":0}]
[""]
[null,"PRINCIPAL:",2003943]
["","SISTEMA DE CUSTOS REFERENCIAIS DE OBRAS - SICRO",{"$nulls":6},"Quantitivo"]
["","Custo Unitário de Referência",null,null,{"$f":"$C$6","v":"Pará - Abril/2024"},null,null,null,"(Coeficiente na composição principal) x (quantidade da principal no orçamento)",null,"kg"]
["",2003842,"Enchimento de junta de concreto com argamassa asfáltica de densidade 1.700 kg/m³ - espessura de 1 cm",{"$nulls":5},{"$f":"'MOMENTO DE TRANSPORTE - PRINC'!D67*(VLOOKUP(C54,'RESUMO MODULO TOTAL'!D:O,7,FALSE))","v":4760}]
["","F - MOMENTO DE TRANSPORTE",null,"Quantidade","Unidade","DMT"]
["",{"$nulls":4},"LN","RP","P","TIPO (P, RP ou LN)","DMT ESTIMADA (km)","QUANTITATIVO TOTAL DE TRANSPORTE DE MATERIAL (tkm)"]
[{"$f":"IF(I52=\"P\",H52,IF(I52=\"RP\",G52,IF(I52=\"LN\",F52,\"\")))","v":5914479},"M2158","Argamassa asfáltica - Caminhão carroceria com capacidade de 15 t - 188 Kw",1E-3,"tkm",5914449,5914464,5914479,{"$f":"$B$21","v":"P"},{"$f":"$D$21","v":0},{"$f":"IF(ISBLANK(J52),\"\",J52*(D52*$I$49))","v":0}]
[]
[null,"PRINCIPAL:",2003943]
[null,"TIPO (P, RP ou LN)","DMT ATÉ 50 KM NÃO DEVE SER PAGA","SOMENTE DEVE SER ADICIONADO A DISTÂNCIA EXCEDENTE A 50 KM"]
[null,"RP",null,0]
[]
[null,"SISTEMA DE CUSTOS REFERENCIAIS DE OBRAS - SICRO",{"$nulls":6},"Quantitivo"]
[null,"Custo Unitário de Referência",null,null,{"$f":"$C$6","v":"Pará - Abril/2024"},null,null,null,"(Coeficiente na composição principal) x (quantidade da principal no orçamento)",null,"t"]
[null,6416078,{"$f":"VLOOKUP(B60,'SINTÉTICO SICRO'!A:D,2,0)","v":"Usinagem de concreto asfáltico - faixa C - areia e brita comerciais"},{"$nulls":5},{"$f":"'MOMENTO DE TRANSPORTE - PRINC'!D81*(VLOOKUP(C69,'RESUMO MODULO TOTAL'!D:O,7,FALSE)*0)","v":0}]
[null,"F - MOMENTO DE TRANSPORTE",null,"Quantidade","Unidade","DMT"]
[{"$nulls":5},"LN","RP","P","TIPO (P, RP ou LN)","DMT ESTIMADA (km)","QUANTITATIVO TOTAL DE TRANSPORTE DE MATERIAL (tkm)"]
[{"$f":"IF(I63=\"P\",H63,IF(I63=\"RP\",G63,IF(I63=\"LN\",F63,\"\")))","v":5914374},"M0028","Areia média - Caminhão basculante 10 m³",0.48713000000000001,"tkm",5914359,5914374,5914389,{"$f":"$B$56","v":"RP"},{"$f":"$D$56","v":0},{"$f":"IF(ISBLANK(J63),\"\",J63*(D63*$I$60))","v":0}]
[{"$f":"IF(I64=\"P\",H64,IF(I64=\"RP\",G64,IF(I64=\"LN\",F64,\"\")))","v":5914374},"M0005","Brita 0 - Caminhão basculante 10 m³",9.3679999999999999E-2,"tkm",5914359,5914374,5914389,{"$f":"$B$56","v":"RP"},{"$f":"$D$56","v":0},{"$f":"IF(ISBLANK(J64),\"\",J64*(D64*$I$60))","v":0}]
[5914374,"M0191","Brita 1 - Caminhão basculante 10 m³",9.3679999999999999E-2,"tkm",5914359,5914374,5914389,"RP",0,0]
[5914365,"M0344","Cal hidratada - a granel - Caminhão silo 30 m³",5.62E-2,"tkm",5914364,5914365,5914366,"RP",0,0]
[5914374,"M1103","Pedrisco - Caminhão basculante 10 m³",0.20609,"tkm",5914359,5914374,5914389,"RP",0,0]
[""]
[null,"PRINCIPAL:",4011463]
["","SISTEMA DE CUSTOS REFERENCIAIS DE OBRAS - SICRO",{"$nulls":6},"Quantitivo"]
["","Custo Unitário de Referência",null,null,{"$f":"$C$6","v":"Pará - Abril/2024"},null,null,null,"(Coeficiente na composição principal) x (quantidade da principal no orçamento)",null,"m³"]
["",1107892,"Concreto fck = 20 MPa - confecção em betoneira e lançamento manual - areia e brita comerciais",{"$nulls":5},{"$f":"'MOMENTO DE TRANSPORTE - PRINC'!D117*(VLOOKUP(C81,'RESUMO MODULO TOTAL'!D:O,7,FALSE)*0)","v":0}]
["","F - MOMENTO DE TRANSPORTE",null,"Quantidade","Unidade","DMT"]
["",{"$nulls":4},"LN","RP","P","TIPO (P, RP ou LN)","DMT ESTIMADA (km)","QUANTITATIVO TOTAL DE TRANSPORTE DE MATERIAL (tkm)"]
[{"$f":"IF(I75=\"P\",H75,IF(I75=\"RP\",G75,IF(I75=\"LN\",F75,\"\")))","v":5914464},"M0030","Aditivo plastificante e retardador de pega para concreto e argamassa - Caminhão carroceria 15 t",8.1999999999999998E-4,"tkm",5914449,5914464,5914479,{"$f":"$B$56","v":"RP"},{"$f":"$D$56","v":0},{"$f":"IF(ISBLANK(J75),\"\",J75*(D75*$I$72))","v":0}]
[{"$f":"IF(I76=\"P\",H76,IF(I76=\"RP\",G76,IF(I76=\"LN\",F76,\"\")))","v":5914374},"M0082","Areia média lavada - Caminhão basculante 10 m³",0.95638999999999996,"tkm",5914359,5914374,5914389,"RP",0,{"$f":"IF(ISBLANK(J76),\"\",J76*(D76*$I$72))","v":0}]
[5914374,"M0191","Brita 1 - Caminhão basculante 10 m³",0.55130999999999997,"tkm",5914359,5914374,5914389,"RP",0,0]
[5914374,"M0192","Brita 2 - Caminhão basculante 10 m³",0.55130999999999997,"tkm",5914359,5914374,5914389,"RP",0,0]
[5914464,"M0424","Cimento Portland CP II - 32 - saco - Caminhão carroceria 15 t",0.27464,"tkm",5914449,5914464,5914479,"RP",0,0]
[""]
[null,"PRINCIPAL:",2003943]
["","SISTEMA DE CUSTOS REFERENCIAIS DE OBRAS - SICRO",{"$nulls":6},"Quantitivo"]
["","Custo Unitário de Referência",null,null,{"$f":"$C$6","v":"Pará - Abril/2024"},null,null,null,"(Coeficiente na composição principal) x (quantidade da principal no orçamento)",null,"kg"]
["",2003842,"Enchimento de junta de concreto com argamassa asfáltica de densidade 1.700 kg/m³ - espessura de 1 cm",{"$nulls":5},{"$f":"'MOMENTO DE TRANSPORTE - PRINC'!D118*(VLOOKUP(C89,'RESUMO MODULO TOTAL'!D:O,7,FALSE)*0)","v":0}]
["","F - MOMENTO DE TRANSPORTE",null,"Quantidade","Unidade","DMT"]
["",{"$nulls":4},"LN","RP","P","TIPO (P, RP ou LN)","DMT ESTIMADA (km)","QUANTITATIVO TOTAL DE TRANSPORTE DE MATERIAL (tkm)"]
[{"$f":"IF(I87=\"P\",H87,IF(I87=\"RP\",G87,IF(I87=\"LN\",F87,\"\")))","v":5914464},"M2158","Argamassa asfáltica - Caminhão carroceria com capacidade de 15 t - 188 Kw",1E-3,"tkm",5914449,5914464,5914479,{"$f":"$B$56","v":"RP"},{"$f":"$D$56","v":0},{"$f":"IF(ISBLANK(J87),\"\",J87*(D87*$I$84))","v":0}]
[]
[null,"PRINCIPAL:",2003943]
[null,"TIPO (P, RP ou LN)","DMT ATÉ 50 KM NÃO DEVE SER PAGA","SOMENTE DEVE SER ADICIONADO A DISTÂNCIA EXCEDENTE A 50 KM"]
[null,"LN",null,0]
[]
[null,"SISTEMA DE CUSTOS REFERENCIAIS DE OBRAS - SICRO",{"$nulls":6},"Quantitivo"]
[null,"Custo Unitário de Referência",null,null,{"$f":"$C$6","v":"Pará - Abril/2024"},null,null,null,"(Coeficiente na composição principal) x (quantidade da principal no orçamento)",null,"t"]
[null,6416078,{"$f":"VLOOKUP(B95,'SINTÉTICO SICRO'!A:D,2,0)","v":"Usinagem de concreto asfáltico - faixa C - areia e brita comerciais"},{"$nulls":5},{"$f":"'MOMENTO DE TRANSPORTE - PRINC'!D132*(VLOOKUP(C104,'RESUMO MODULO TOTAL'!D:O,7,FALSE)*0)","v":0}]
[null,"F - MOMENTO DE TRANSPORTE",null,"Quantidade","Unidade","DMT"]
[{"$nulls":5},"LN","RP","P","TIPO (P, RP ou LN)","DMT ESTIMADA (km)","QUANTITATIVO TOTAL DE TRANSPORTE DE MATERIAL (tkm)"]
[{"$f":"IF(I98=\"P\",H98,IF(I98=\"RP\",G98,IF(I98=\"LN\",F98,\"\")))","v":5914359},"M0028","Areia média - Caminhão basculante 10 m³",0.48713000000000001,"tkm",5914359,5914374,5914389,{"$f":"$B$91","v":"LN"},{"$f":"$D$91","v":0},{"$f":"IF(ISBLANK(J98),\"\",J98*(D98*$I$95))","v":0}]
[{"$f":"IF(I99=\"P\",H99,IF(I99=\"RP\",G99,IF(I99=\"LN\",F99,\"\")))","v":5914359},"M0005","Brita 0 - Caminhão basculante 10 m³",9.3679999999999999E-2,"tkm",5914359,5914374,5914389,{"$f":"$B$91","v":"LN"},{"$f":"$D$91","v":0},{"$f":"IF(ISBLANK(J99),\"\",J99*(D99*$I$95))","v":0}]
[5914359,"M0191","Brita 1 - Caminhão basculante 10 m³",9.3679999999999999E-2,"tkm",5914359,5914374,5914389,"LN",0,0]
[5914364,"M0344","Cal hidratada - a granel - Caminhão silo 30 m³",5.62E-2,"tkm",5914364,5914365,5914366,"LN",0,0]
[5914359,"M1103","Pedrisco - Caminhão basculante 10 m³",0.20609,"tkm",5914359,5914374,5914389,"LN",0,0]
[""]
[null,"PRINCIPAL:",4011463]
["","SISTEMA DE CUSTOS REFERENCIAIS DE OBRAS - SICRO",{"$nulls":6},"Quantitivo"]
["","Custo Unitário de Referência",null,null,{"$f":"$C$6","v":"Pará - Abril/2024"},null,null,null,"(Coeficiente na composição principal) x (quantidade da principal no orçamento)",null,"m³"]
["",1107892,"Concreto fck = 20 MPa - confecção em betoneira e lançamento manual - areia e brita comerciais",{"$nulls":5},{"$f":"'MOMENTO DE TRANSPORTE - PRINC'!D168*(VLOOKUP(C116,'RESUMO MODULO TOTAL'!D:O,7,FALSE)*0)","v":0}]
["","F - MOMENTO DE TRANSPORTE",null,"Quantidade","Unidade","DMT"]
["",{"$nulls":4},"LN","RP","P","TIPO (P, RP ou LN)","DMT ESTIMADA (km)","QUANTITATIVO TOTAL DE TRANSPORTE DE MATERIAL (tkm)"]
[{"$f":"IF(I110=\"P\",H110,IF(I110=\"RP\",G110,IF(I110=\"LN\",F110,\"\")))","v":5914449},"M0030","Aditivo plastificante e retardador de pega para concreto e argamassa - Caminhão carroceria 15 t",8.1999999999999998E-4,"tkm",5914449,5914464,5914479,{"$f":"$B$91","v":"LN"},{"$f":"$D$91","v":0},{"$f":"IF(ISBLANK(J110),\"\",J110*(D110*$I$107))","v":0}]
[{"$f":"IF(I111=\"P\",H111,IF(I111=\"RP\",G111,IF(I111=\"LN\",F111,\"\")))","v":5914359},"M0082","Areia média lavada - Caminhão basculante 10 m³",0.95638999999999996,"tkm",5914359,5914374,5914389,"LN",0,{"$f":"IF(ISBLANK(J111),\"\",J111*(D111*$I$107))","v":0}]
[5914359,"M0191","Brita 1 - Caminhão basculante 10 m³",0.55130999999999997,"tkm",5914359,5914374,5914389,"LN",0,0]
[5914359,"M0192","Brita 2 - Caminhão basculante 10 m³",0.55130999999999997,"tkm",5914359,5914374,5914389,"LN",0,0]
[5914449,"M0424","Cimento Portland CP II - 32 - saco - Caminhão carroceria 15 t",0.27464,"tkm",5914449,5914464,5914479,"LN",0,0]
[""]
[null,"PRINCIPAL:",2003943]
["","SISTEMA DE CUSTOS REFERENCIAIS DE OBRAS - SICRO",{"$nulls":6},"Quantitivo"]
["","Custo Unitário de Referência",null,null,{"$f":"$C$6","v":"Pará - Abril/2024"},null,null,null,"(Coeficiente na composição principal) x (quantidade da principal no orçamento)",null,"kg"]
["",2003842,"Enchimento de junta de concreto com argamassa asfáltica de densidade 1.700 kg/m³ - espessura de 1 cm",{"$nulls":5},{"$f":"'MOMENTO DE TRANSPORTE - PRINC'!D169*(VLOOKUP(C124,'RESUMO MODULO TOTAL'!D:O,7,FALSE))","v":4760}]
["","F - MOMENTO DE TRANSPORTE",null,"Quantidade","Unidade","DMT"]
["",{"$nulls":4},"LN","RP","P","TIPO (P, RP ou LN)","DMT ESTIMADA (km)","QUANTITATIVO TOTAL DE TRANSPORTE DE MATERIAL (tkm)"]
[{"$f":"IF(I122=\"P\",H122,IF(I122=\"RP\",G122,IF(I122=\"LN\",F122,\"\")))","v":5914449},"M2158","Argamassa asfáltica - Caminhão carroceria com capacidade de 15 t - 188 Kw",1E-3,"tkm",5914449,5914464,5914479,{"$f":"$B$91","v":"LN"},{"$f":"$D$91","v":0},{"$f":"IF(ISBLANK(J122),\"\",J122*(D122*$I$119))","v":0}]
[]
[null,"PRINCIPAL:",2003943]
[]
[]
[{"$f":"IF(I127=\"P\",H127,IF(I127=\"RP\",G127,IF(I127=\"LN\",F127,\"\")))","v":""}]

{"sheet":"MC MODULO","index":17,"n_rows":167,"n_cols":8,"rows_kept":167,"cut":false,"hidden":false,"merged":[[147,0,147,4],[16,1,16,4],[21,1,21,4],[83,1,83,4],[64,1,64,5],[70,1,70,4],[76,1,76,4],[53,1,53,4],[59,1,59,4],[88,1,88,4],[6,1,6,4],[11,1,11,4],[47,1,47,5],[28,1,28,4],[33,1,33,4],[40,1,40,4]]}
["Extensão","=",2000,"m",null,"QUANTIDADE DE MODULOS",20]
["Largura","=",7,"m"]
[]
["Extensão","=",2,"km"]
[]
[null,"MOBUILIZAÇÃO"]
[1,"Implantação da obra"]
[]
[null,"Módulos(un)",null,"Módulos(un)"]
[null,{"$f":"G1","v":20},"=",{"$f":"B10","v":20}]
[]
[2,"Administração da obra"]
[]
[null,"Módulos(un)",null,"Módulos(un)"]
[null,{"$f":"G1","v":20},"=",{"$f":"B15","v":20}]
[]
[3,"Canteiro de Obras e Almoxarifado"]
[]
[null,"Módulos(un)",null,"Módulos(un)"]
[null,{"$f":"G1","v":20},"=",{"$f":"B20","v":20}]
[]
[4,"Placa de Obra em Chapa de Aço Galvanizado"]
[]
[null,"Módulos(un)","Comprimento(m)","Largura (m)",null,null,null,"Total de Area de placa (m²)"]
[null,{"$f":"G1","v":20},2,4,null,null,null,{"$f":"C25*D25*B25*2","v":320}]
[]
[null,"TERRAPLENAGEM"]
[]
[5,"serviços topográficos para pavimentação, inclusive notas de serviços, acompanhamento e greide"]
[]
[null,"Extensão (m)",null,"Largura (m)",null,null,null,"area (m2)"]
[null,{"$f":"C1*$G$1","v":40000},"x",{"$f":"$C$2","v":7},null,null,"=",{"$f":"B32*D32","v":280000}]
[]
[6,"Escavação, carga e transporte de material de 1ª categoria - DMT de 1.000 a 1.200 m - caminho de serviço em leito natural - com escavadeira e caminhão basculante de 14 m³"]
[]
[null,"Extensão (m)",null,"Largura (m)",null,"Espessura (m)",null,"Volume (m3)"]
[null,{"$f":"C1*$G$1","v":40000},"x",{"$f":"$C$2","v":7},"x",0.35,"=",{"$f":"B37*D37*F37","v":98000}]
[]
[]
[]
[7,"Espalhamento de material em bota-fora"]
[]
[null,"Extensão (m)",null,"Largura (m)",null,"Espessura (m)",null,"Volume (m3)"]
[null,{"$f":"C1*$G$1","v":40000},"x",{"$f":"$C$2","v":7},"x",0.35,"=",{"$f":"B44*D44*F44","v":98000}]
[]
[null,"PAVIMENTAÇÃO"]
[]
[8,"Concreto asfáltico - faixa C - areia e brita comerciais"]
[]
[null,"Extensão (m)","Largura (m)","Espessura (m)","Densidade (t/m³)",null,null,"Volume (t)"]
[null,{"$f":"$C$1*G1","v":40000},{"$f":"$C$2","v":7},0.05,2.4,null,"=",{"$f":"B51*C51*D51*E51","v":33600}]
[]
[]
[9,"Imprimação com emulsão asfáltica"]
[]
[null,"Extensão (m)",null,"Largura (m)",null,null,null,"area (m2)"]
[null,{"$f":"$C$1*G1","v":40000},"x",{"$f":"$C$2","v":7},null,null,"=",{"$f":"B57*D57","v":280000}]
[]
[]
[10,"Pintura de ligação"]
[]
[null,"Extensão (m)",null,"Largura (m)",null,null,null,"area (m2)"]
[null,{"$f":"$C$1*G1","v":40000},"x",{"$f":"$C$2","v":7},null,null,"=",{"$f":"B63*D63","v":280000}]
[]
[11,"Base ou sub-base de brita graduada com brita comercial"]
[]
[null,"Extensão (m)",null,"Largura (m)",null,"Espessura (m)",null,"Volume (m3)"]
[null,{"$f":"C1*$G$1","v":40000},"x",{"$f":"$C$2","v":7},"x",0.15,"=",{"$f":"B68*D68*F68","v":42000}]
[]
[]
[12,"Sub-base estabilizada granulometricamente com mistura de solos na pista com material de jazida"]
[]
[null,"Extensão (m)",null,"Largura (m)",null,"Espessura (m)",null,"Volume (m3)"]
[null,{"$f":"C1*$G$1","v":40000},"x",{"$f":"$C$2","v":7},"x",0.15,"=",{"$f":"B74*D74*F74","v":42000}]
[]
[]
[13,"Regularização do subleito"]
[]
[null,"Extensão (m)",null,"Largura (m)",null,null,null,"area (m2)"]
[null,{"$f":"C1*$G$1","v":40000},"x",{"$f":"$C$2","v":7},null,null,"=",{"$f":"B80*D80","v":280000}]
[]
[null,"SINALIZAÇÃO"]
[]
[20,"Fornecimento e implantação de placa de regulamentação em aço D = 0,60 m - película retrorrefletiva tipo I + SI"]
[]
[null,"Extensão (km)",null,"Quant. (un)",null,null,null,"Quant. (un)"]
[null,{"$f":"$C$4*$G$1","v":40},"x",3,null,null,"=",{"$f":"B87*D87","v":120}]
[]
[20,"Placa de advertência em aço, lado de 0,60 m - película retrorrefletiva tipo I + SI - fornecimento e implantação"]
[]
[null,"Extensão (km)",null,"Quant. (un)",null,null,null,"Quant. (un)"]
[null,{"$f":"$C$4*$G$1","v":40},"x",3,null,null,"=",{"$f":"B92*D92","v":120}]
[]
[]
[21,"Fornecimento e implantação de suporte metálico galvanizado para placa de regulamentação - D = 0,60 m"]
[]
[null,"Extensão (km)",null,"Quant. (un)",null,null,null,"Quant. (un)"]
[null,{"$f":"$C$4*$G$1","v":40},"x",{"$f":"D87","v":3},null,null,"=",{"$f":"H87+H92","v":240}]
[]
[22,"Pintura de faixa com tinta acrílica - espessura de 0,4 mm (bordos)"]
[]
[null,"Extensão (m)",null,"Espessura (m)",null,null,null,"Quant. (m²)"]
[null,{"$f":"C1*G1","v":40000},"x",0.1,null,null,"=",{"$f":"B103*D103*2","v":8000}]
[]
[null,"Pintura de faixa com tinta acrílica - espessura de 0,4 mm (faixa central)"]
[]
[{"$nulls":7},"Quant. (m²)"]
[{"$nulls":7},{"$f":"H103*0.4","v":3200}]
[]
[]
[null,"DRENAGEM"]
[23,"Meio-fio de concreto - MFC 03 - areia e brita comerciais - fôrma de madeira"]
[]
[null,"Extensão (m)",null,"Quant. (un)",null,null,null,"Extensão(m)"]
[null,{"$f":"$C$1*$G$1","v":40000},"x",2,null,null,"=",{"$f":"B115*D115","v":80000}]
[]
[19,"Caiação mecanizada com fixador de cal"]
[]
[null,"Extensão (m)",null,"Perimetro (m)",null,null,null,"Area (m²)"]
[null,{"$f":"$C$1*$G$1","v":40000},"x",{"$f":"0.24","v":0.24},null,null,"=",{"$f":"B120*D120","v":9600}]
[]
[]
[null,"SERVIÇOS COMPLEMENTARES"]
[24]
[]
[null,"Extensão (m)",null,"Largura (m)",null,null,0.1,"extensão (m)"]
[null,{"$f":"$C$1*G1","v":40000},"x",1,"x",null,"=",{"$f":"G126*B127","v":4000}]
[]
[]
[null,"PROJETO EXECUTIVO"]
[25,"Projeto Executivo"]
[]
[null,"Extensão (m)",null,"Largura (m)",null,"Quant. (un)",null,"Área (m²)"]
[null,{"$f":"$C$1*G1","v":40000},"x",{"$f":"C2","v":7},"x",1,"=",{"$f":"B134*D134","v":280000}]
[]
[null,"CONTROLE TECNOLOGICO - OBRA"]
[26,"Projeto Executivo"]
[]
[null,"Extensão (m)",null,"Largura (m)",null,"Quant. (un)",null,"meses"]
[{"$nulls":6},"=",{"$f":"0.5*G1","v":10}]
[]
[]
[]
[]
[{"$nulls":5},"   Perímetro caiação = 0,09 + 0,15"]
{"$rows_empty":18}
[28,"Transporte fluvial de materiais diversos com pontão flutuante - capacidade de 500 t"]
[]
[null,"Extensão (m)",null,"Numero de viagens",null,null,null,"extensão"]
[null,258,null,{"$f":"G1","v":20},null,null,"=",{"$f":"B167*D167","v":5160}]

{"sheet":"ANP ESTADO","index":18,"n_rows":99614,"n_cols":4,"rows_kept":4500,"cut":true,"hidden":false,"merged":[[4,0,4,3],[4,7,4,13]],"bounds":{"rows_first":2000,"rows_last":500,"rows_between":2000,"halvings":0}}
["                       Agência Nacional do Petróleo, Gás Natural e Biocombustíveis"]
["                       Superintendência de Defesa da Concorrência"]
[]
[]
["PREÇO MÉDIO MENSAL PONDERADO PRATICADO PELOS DISTRIBUIDORES DE PRODUTOS ASFÁLTICOS (R$/KG)"]
[]
["Importante:","Quando não houver declaração de venda do produto selecionado, ou quando a declaração de venda do produto ocorrer por menos de 03 (três) distribuidoras, a tabela indicará campo vazio."]
["Mês","Produto","Estado","Preço"]
["2013-01-01","ASFALTOS DILUÍDOS CM-30","Acre","-"]
["2013-01-01","ASFALTOS DILUÍDOS CM-30","Alagoas","-"]
["2013-01-01","ASFALTOS DILUÍDOS CM-30","Amapá","-"]
["2013-01-01","ASFALTOS DILUÍDOS CM-30","Amazonas",1.4535270214060187]
["2013-01-01","ASFALTOS DILUÍDOS CM-30","Bahia",1.4640441420517516]
["2013-01-01","ASFALTOS DILUÍDOS CM-30","Ceará",1.4479979339846571]
["2013-01-01","ASFALTOS DILUÍDOS CM-30","Distrito Federal","-"]
["2013-01-01","ASFALTOS DILUÍDOS CM-30","Espírito Santo","-"]
["2013-01-01","ASFALTOS DILUÍDOS CM-30","Goiás",1.6863830648778011]
["2013-01-01","ASFALTOS DILUÍDOS CM-30","Maranhão","-"]
["2013-01-01","ASFALTOS DILUÍDOS CM-30","Mato Grosso","-"]
["2013-01-01","ASFALTOS DILUÍDOS CM-30","Mato Grosso do Sul","-"]
["2013-01-01","ASFALTOS DILUÍDOS CM-30","Minas Gerais",1.4511061136949568]
["2013-01-01","ASFALTOS DILUÍDOS CM-30","Pará","-"]
["2013-01-01","ASFALTOS DILUÍDOS CM-30","Paraíba","-"]
["2013-01-01","ASFALTOS DILUÍDOS CM-30","Paraná",1.5201250313327568]
["2013-01-01","ASFALTOS DILUÍDOS CM-30","Pernambuco","-"]
["2013-01-01","ASFALTOS DILUÍDOS CM-30","Piauí","-"]
["2013-01-01","ASFALTOS DILUÍDOS CM-30","Rio de Janeiro",1.3304751064278189]
["2013-01-01","ASFALTOS DILUÍDOS CM-30","Rio Grande do Norte","-"]
["2013-01-01","ASFALTOS DILUÍDOS CM-30","Rio Grande do Sul",1.5986110742416622]
["2013-01-01","ASFALTOS DILUÍDOS CM-30","Rondônia","-"]
["2013-01-01","ASFALTOS DILUÍDOS CM-30","Roraima","-"]
["2013-01-01","ASFALTOS DILUÍDOS CM-30","Santa Catarina","-"]
["2013-01-01","ASFALTOS DILUÍDOS CM-30","São Paulo",1.4710084232194318]
["2013-01-01","ASFALTOS DILUÍDOS CM-30","Sergipe","-"]
["2013-01-01","ASFALTOS DILUÍDOS CM-30","Tocantins","-"]
["2013-02-01","ASFALTOS DILUÍDOS CM-30","Acre","-"]
["2013-02-01","ASFALTOS DILUÍDOS CM-30","Alagoas","-"]
["2013-02-01","ASFALTOS DILUÍDOS CM-30","Amapá","-"]
["2013-02-01","ASFALTOS DILUÍDOS CM-30","Amazonas",1.4855781787830731]
["2013-02-01","ASFALTOS DILUÍDOS CM-30","Bahia",1.4570141012974054]
["2013-02-01","ASFALTOS DILUÍDOS CM-30","Ceará",1.4131923360976373]
["2013-02-01","ASFALTOS DILUÍDOS CM-30","Distrito Federal","-"]
["2013-02-01","ASFALTOS DILUÍDOS CM-30","Espírito Santo","-"]
["2013-02-01","ASFALTOS DILUÍDOS CM-30","Goiás",1.6674597105953242]
["2013-02-01","ASFALTOS DILUÍDOS CM-30","Maranhão","-"]
["2013-02-01","ASFALTOS DILUÍDOS CM-30","Mato Grosso","-"]
["2013-02-01","ASFALTOS DILUÍDOS CM-30","Mato Grosso do Sul","-"]
["2013-02-01","ASFALTOS DILUÍDOS CM-30","Minas Gerais",1.4521211168848078]
["2013-02-01","ASFALTOS DILUÍDOS CM-30","Pará","-"]
["2013-02-01","ASFALTOS DILUÍDOS CM-30","Paraíba","-"]
["2013-02-01","ASFALTOS DILUÍDOS CM-30","Paraná",1.4937831726234798]
["2013-02-01","ASFALTOS DILUÍDOS CM-30","Pernambuco","-"]
["2013-02-01","ASFALTOS DILUÍDOS CM-30","Piauí","-"]
["2013-02-01","ASFALTOS DILUÍDOS CM-30","Rio de Janeiro",1.4182349010292952]
["2013-02-01","ASFALTOS DILUÍDOS CM-30","Rio Grande do Norte","-"]
["2013-02-01","ASFALTOS DILUÍDOS CM-30","Rio Grande do Sul",1.4358617819236099]
["2013-02-01","ASFALTOS DILUÍDOS CM-30","Rondônia","-"]
["2013-02-01","ASFALTOS DILUÍDOS CM-30","Roraima","-"]
["2013-02-01","ASFALTOS DILUÍDOS CM-30","Santa Catarina","-"]
["2013-02-01","ASFALTOS DILUÍDOS CM-30","São Paulo",1.4341902042953412]
["2013-02-01","ASFALTOS DILUÍDOS CM-30","Sergipe","-"]
["2013-02-01","ASFALTOS DILUÍDOS CM-30","Tocantins","-"]
["2013-03-01","ASFALTOS DILUÍDOS CM-30","Acre","-"]
["2013-03-01","ASFALTOS DILUÍDOS CM-30","Alagoas","-"]
["2013-03-01","ASFALTOS DILUÍDOS CM-30","Amapá","-"]
["2013-03-01","ASFALTOS DILUÍDOS CM-30","Amazonas",1.5079239205862709]
["2013-03-01","ASFALTOS DILUÍDOS CM-30","Bahia",1.4494403251178087]
["2013-03-01","ASFALTOS DILUÍDOS CM-30","Ceará",1.4016074852948124]
["2013-03-01","ASFALTOS DILUÍDOS CM-30","Distrito Federal","-"]
["2013-03-01","ASFALTOS DILUÍDOS CM-30","Espírito Santo","-"]
["2013-03-01","ASFALTOS DILUÍDOS CM-30","Goiás",1.6617587007265764]
["2013-03-01","ASFALTOS DILUÍDOS CM-30","Maranhão","-"]
["2013-03-01","ASFALTOS DILUÍDOS CM-30","Mato Grosso","-"]
["2013-03-01","ASFALTOS DILUÍDOS CM-30","Mato Grosso do Sul","-"]
["2013-03-01","ASFALTOS DILUÍDOS CM-30","Minas Gerais",1.4432433296645579]
["2013-03-01","ASFALTOS DILUÍDOS CM-30","Pará","-"]
["2013-03-01","ASFALTOS DILUÍDOS CM-30","Paraíba","-"]
["2013-03-01","ASFALTOS DILUÍDOS CM-30","Paraná",1.4689959959501271]
["2013-03-01","ASFALTOS DILUÍDOS CM-30","Pernambuco","-"]
["2013-03-01","ASFALTOS DILUÍDOS CM-30","Piauí","-"]
["2013-03-01","ASFALTOS DILUÍDOS CM-30","Rio de Janeiro",1.4380555738810545]
["2013-03-01","ASFALTOS DILUÍDOS CM-30","Rio Grande do Norte","-"]
["2013-03-01","ASFALTOS DILUÍDOS CM-30","Rio Grande do Sul",1.5814258782658748]
["2013-03-01","ASFALTOS DILUÍDOS CM-30","Rondônia","-"]
["2013-03-01","ASFALTOS DILUÍDOS CM-30","Roraima","-"]
["2013-03-01","ASFALTOS DILUÍDOS CM-30","Santa Catarina","-"]
["2013-03-01","ASFALTOS DILUÍDOS CM-30","São Paulo",1.4660617024058002]
["2013-03-01","ASFALTOS DILUÍDOS CM-30","Sergipe","-"]
["2013-03-01","ASFALTOS DILUÍDOS CM-30","Tocantins","-"]
["2013-04-01","ASFALTOS DILUÍDOS CM-30","Acre","-"]
["2013-04-01","ASFALTOS DILUÍDOS CM-30","Alagoas","-"]
["2013-04-01","ASFALTOS DILUÍDOS CM-30","Amapá","-"]
["2013-04-01","ASFALTOS DILUÍDOS CM-30","Amazonas",1.4847966561231034]
["2013-04-01","ASFALTOS DILUÍDOS CM-30","Bahia",1.454836546307112]
["2013-04-01","ASFALTOS DILUÍDOS CM-30","Ceará",1.3870739617974539]
["2013-04-01","ASFALTOS DILUÍDOS CM-30","Distrito Federal","-"]
["2013-04-01","ASFALTOS DILUÍDOS CM-30","Espírito Santo","-"]
["2013-04-01","ASFALTOS DILUÍDOS CM-30","Goiás",1.6734818355604775]
["2013-04-01","ASFALTOS DILUÍDOS CM-30","Maranhão","-"]
["2013-04-01","ASFALTOS DILUÍDOS CM-30","Mato Grosso",1.9219384218389803]
["2013-04-01","ASFALTOS DILUÍDOS CM-30","Mato Grosso do Sul","-"]
["2013-04-01","ASFALTOS DILUÍDOS CM-30","Minas Gerais",1.4565566827656029]
["2013-04-01","ASFALTOS DILUÍDOS CM-30","Pará","-"]
["2013-04-01","ASFALTOS DILUÍDOS CM-30","Paraíba","-"]
["2013-04-01","ASFALTOS DILUÍDOS CM-30","Paraná",1.5344194983914978]
["2013-04-01","ASFALTOS DILUÍDOS CM-30","Pernambuco","-"]
["2013-04-01","ASFALTOS DILUÍDOS CM-30","Piauí","-"]
["2013-04-01","ASFALTOS DILUÍDOS CM-30","Rio de Janeiro",1.4184195161224069]
["2013-04-01","ASFALTOS DILUÍDOS CM-30","Rio Grande do Norte","-"]
["2013-04-01","ASFALTOS DILUÍDOS CM-30","Rio Grande do Sul",1.572582456389797]
["2013-04-01","ASFALTOS DILUÍDOS CM-30","Rondônia","-"]
["2013-04-01","ASFALTOS DILUÍDOS CM-30","Roraima","-"]
["2013-04-01","ASFALTOS DILUÍDOS CM-30","Santa Catarina","-"]
["2013-04-01","ASFALTOS DILUÍDOS CM-30","São Paulo",1.4757643482956038]
["2013-04-01","ASFALTOS DILUÍDOS CM-30","Sergipe","-"]
["2013-04-01","ASFALTOS DILUÍDOS CM-30","Tocantins","-"]
["2013-05-01","ASFALTOS DILUÍDOS CM-30","Acre","-"]
["2013-05-01","ASFALTOS DILUÍDOS CM-30","Alagoas","-"]
["2013-05-01","ASFALTOS DILUÍDOS CM-30","Amapá","-"]
["2013-05-01","ASFALTOS DILUÍDOS CM-30","Amazonas","-"]
["2013-05-01","ASFALTOS DILUÍDOS CM-30","Bahia",1.4925874242145125]
["2013-05-01","ASFALTOS DILUÍDOS CM-30","Ceará",1.3762630205188797]
["2013-05-01","ASFALTOS DILUÍDOS CM-30","Distrito Federal","-"]
["2013-05-01","ASFALTOS DILUÍDOS CM-30","Espírito Santo","-"]
["2013-05-01","ASFALTOS DILUÍDOS CM-30","Goiás",1.6682148189524701]
["2013-05-01","ASFALTOS DILUÍDOS CM-30","Maranhão","-"]
["2013-05-01","ASFALTOS DILUÍDOS CM-30","Mato Grosso",1.9030981590145519]
["2013-05-01","ASFALTOS DILUÍDOS CM-30","Mato Grosso do Sul","-"]
["2013-05-01","ASFALTOS DILUÍDOS CM-30","Minas Gerais",1.4647097164454981]
["2013-05-01","ASFALTOS DILUÍDOS CM-30","Pará","-"]
["2013-05-01","ASFALTOS DILUÍDOS CM-30","Paraíba","-"]
["2013-05-01","ASFALTOS DILUÍDOS CM-30","Paraná",1.4890278492054516]
["2013-05-01","ASFALTOS DILUÍDOS CM-30","Pernambuco","-"]
["2013-05-01","ASFALTOS DILUÍDOS CM-30","Piauí","-"]
["2013-05-01","ASFALTOS DILUÍDOS CM-30","Rio de Janeiro",1.3992560478193556]
["2013-05-01","ASFALTOS DILUÍDOS CM-30","Rio Grande do Norte","-"]
["2013-05-01","ASFALTOS DILUÍDOS CM-30","Rio Grande do Sul",1.5396369613878009]
["2013-05-01","ASFALTOS DILUÍDOS CM-30","Rondônia","-"]
["2013-05-01","ASFALTOS DILUÍDOS CM-30","Roraima","-"]
["2013-05-01","ASFALTOS DILUÍDOS CM-30","Santa Catarina","-"]
["2013-05-01","ASFALTOS DILUÍDOS CM-30","São Paulo",1.4512159364340786]
["2013-05-01","ASFALTOS DILUÍDOS CM-30","Sergipe","-"]
["2013-05-01","ASFALTOS DILUÍDOS CM-30","Tocantins","-"]
["2013-06-01","ASFALTOS DILUÍDOS CM-30","Acre","-"]
["2013-06-01","ASFALTOS DILUÍDOS CM-30","Alagoas","-"]
["2013-06-01","ASFALTOS DILUÍDOS CM-30","Amapá","-"]
["2013-06-01","ASFALTOS DILUÍDOS CM-30","Amazonas",1.5863258175048849]
["2013-06-01","ASFALTOS DILUÍDOS CM-30","Bahia",1.448129069812556]
["2013-06-01","ASFALTOS DILUÍDOS CM-30","Ceará",1.3827009885251489]
["2013-06-01","ASFALTOS DILUÍDOS CM-30","Distrito Federal","-"]
["2013-06-01","ASFALTOS DILUÍDOS CM-30","Espírito Santo","-"]
["2013-06-01","ASFALTOS DILUÍDOS CM-30","Goiás",1.6996138671289776]
["2013-06-01","ASFALTOS DILUÍDOS CM-30","Maranhão","-"]
["2013-06-01","ASFALTOS DILUÍDOS CM-30","Mato Grosso",1.9159756577927578]
["2013-06-01","ASFALTOS DILUÍDOS CM-30","Mato Grosso do Sul","-"]
["2013-06-01","ASFALTOS DILUÍDOS CM-30","Minas Gerais",1.4753668962896909]
["2013-06-01","ASFALTOS DILUÍDOS CM-30","Pará","-"]
["2013-06-01","ASFALTOS DILUÍDOS CM-30","Paraíba","-"]
["2013-06-01","ASFALTOS DILUÍDOS CM-30","Paraná",1.4321669740385425]
["2013-06-01","ASFALTOS DILUÍDOS CM-30","Pernambuco","-"]
["2013-06-01","ASFALTOS DILUÍDOS CM-30","Piauí","-"]
["2013-06-01","ASFALTOS DILUÍDOS CM-30","Rio de Janeiro",1.5274202263737213]
["2013-06-01","ASFALTOS DILUÍDOS CM-30","Rio Grande do Norte","-"]
["2013-06-01","ASFALTOS DILUÍDOS CM-30","Rio Grande do Sul",1.5986834901348475]
["2013-06-01","ASFALTOS DILUÍDOS CM-30","Rondônia","-"]
["2013-06-01","ASFALTOS DILUÍDOS CM-30","Roraima","-"]
["2013-06-01","ASFALTOS DILUÍDOS CM-30","Santa Catarina","-"]
["2013-06-01","ASFALTOS DILUÍDOS CM-30","São Paulo",1.4327481873578112]
["2013-06-01","ASFALTOS DILUÍDOS CM-30","Sergipe","-"]
["2013-06-01","ASFALTOS DILUÍDOS CM-30","Tocantins","-"]
["2013-07-01","ASFALTOS DILUÍDOS CM-30","Acre","-"]
["2013-07-01","ASFALTOS DILUÍDOS CM-30","Alagoas","-"]
["2013-07-01","ASFALTOS DILUÍDOS CM-30","Amapá","-"]
["2013-07-01","ASFALTOS DILUÍDOS CM-30","Amazonas",1.5098909307114052]
["2013-07-01","ASFALTOS DILUÍDOS CM-30","Bahia",1.4361500161396077]
["2013-07-01","ASFALTOS DILUÍDOS CM-30","Ceará",1.4248358446083929]
["2013-07-01","ASFALTOS DILUÍDOS CM-30","Distrito Federal","-"]
["2013-07-01","ASFALTOS DILUÍDOS CM-30","Espírito Santo","-"]
["2013-07-01","ASFALTOS DILUÍDOS CM-30","Goiás",1.6637784537782818]
["2013-07-01","ASFALTOS DILUÍDOS CM-30","Maranhão","-"]
["2013-07-01","ASFALTOS DILUÍDOS CM-30","Mato Grosso",1.9305895506226753]
["2013-07-01","ASFALTOS DILUÍDOS CM-30","Mato Grosso do Sul","-"]
["2013-07-01","ASFALTOS DILUÍDOS CM-30","Minas Gerais",1.4765723524617482]
["2013-07-01","ASFALTOS DILUÍDOS CM-30","Pará","-"]
["2013-07-01","ASFALTOS DILUÍDOS CM-30","Paraíba","-"]
["2013-07-01","ASFALTOS DILUÍDOS CM-30","Paraná",1.4771672738531896]
["2013-07-01","ASFALTOS DILUÍDOS CM-30","Pernambuco","-"]
["2013-07-01","ASFALTOS DILUÍDOS CM-30","Piauí","-"]
["2013-07-01","ASFALTOS DILUÍDOS CM-30","Rio de Janeiro",1.5844647130872824]
["2013-07-01","ASFALTOS DILUÍDOS CM-30","Rio Grande do Norte","-"]
["2013-07-01","ASFALTOS DILUÍDOS CM-30","Rio Grande do Sul",1.6124879253037883]
["2013-07-01","ASFALTOS DILUÍDOS CM-30","Rondônia","-"]
["2013-07-01","ASFALTOS DILUÍDOS CM-30","Roraima","-"]
["2013-07-01","ASFALTOS DILUÍDOS CM-30","Santa Catarina","-"]
["2013-07-01","ASFALTOS DILUÍDOS CM-30","São Paulo",1.5078449085221559]
["2013-07-01","ASFALTOS DILUÍDOS CM-30","Sergipe","-"]
["2013-07-01","ASFALTOS DILUÍDOS CM-30","Tocantins","-"]
["2013-08-01","ASFALTOS DILUÍDOS CM-30","Acre","-"]
["2013-08-01","ASFALTOS DILUÍDOS CM-30","Alagoas","-"]
["2013-08-01","ASFALTOS DILUÍDOS CM-30","Amapá","-"]
["2013-08-01","ASFALTOS DILUÍDOS CM-30","Amazonas",1.5092756412465567]
["2013-08-01","ASFALTOS DILUÍDOS CM-30","Bahia",1.4166993230667961]
["2013-08-01","ASFALTOS DILUÍDOS CM-30","Ceará",1.4474033636621826]
["2013-08-01","ASFALTOS DILUÍDOS CM-30","Distrito Federal","-"]
["2013-08-01","ASFALTOS DILUÍDOS CM-30","Espírito Santo","-"]
["2013-08-01","ASFALTOS DILUÍDOS CM-30","Goiás",1.733407290687675]
["2013-08-01","ASFALTOS DILUÍDOS CM-30","Maranhão","-"]
["2013-08-01","ASFALTOS DILUÍDOS CM-30","Mato Grosso",1.9368734488373014]
["2013-08-01","ASFALTOS DILUÍDOS CM-30","Mato Grosso do Sul","-"]
["2013-08-01","ASFALTOS DILUÍDOS CM-30","Minas Gerais",1.497135866276361]
["2013-08-01","ASFALTOS DILUÍDOS CM-30","Pará","-"]
["2013-08-01","ASFALTOS DILUÍDOS CM-30","Paraíba","-"]
["2013-08-01","ASFALTOS DILUÍDOS CM-30","Paraná",1.5549604317647849]
["2013-08-01","ASFALTOS DILUÍDOS CM-30","Pernambuco","-"]
["2013-08-01","ASFALTOS DILUÍDOS CM-30","Piauí","-"]
["2013-08-01","ASFALTOS DILUÍDOS CM-30","Rio de Janeiro",1.610072132228562]
["2013-08-01","ASFALTOS DILUÍDOS CM-30","Rio Grande do Norte","-"]
["2013-08-01","ASFALTOS DILUÍDOS CM-30","Rio Grande do Sul",1.4857528885719486]
["2013-08-01","ASFALTOS DILUÍDOS CM-30","Rondônia","-"]
["2013-08-01","ASFALTOS DILUÍDOS CM-30","Roraima","-"]
["2013-08-01","ASFALTOS DILUÍDOS CM-30","Santa Catarina","-"]
["2013-08-01","ASFALTOS DILUÍDOS CM-30","São Paulo",1.4933707014182394]
["2013-08-01","ASFALTOS DILUÍDOS CM-30","Sergipe","-"]
["2013-08-01","ASFALTOS DILUÍDOS CM-30","Tocantins","-"]
["2013-09-01","ASFALTOS DILUÍDOS CM-30","Acre","-"]
["2013-09-01","ASFALTOS DILUÍDOS CM-30","Alagoas","-"]
["2013-09-01","ASFALTOS DILUÍDOS CM-30","Amapá","-"]
["2013-09-01","ASFALTOS DILUÍDOS CM-30","Amazonas",1.4609016726129569]
["2013-09-01","ASFALTOS DILUÍDOS CM-30","Bahia",1.4552257782611762]
["2013-09-01","ASFALTOS DILUÍDOS CM-30","Ceará",1.4832578566834698]
["2013-09-01","ASFALTOS DILUÍDOS CM-30","Distrito Federal","-"]
["2013-09-01","ASFALTOS DILUÍDOS CM-30","Espírito Santo","-"]
["2013-09-01","ASFALTOS DILUÍDOS CM-30","Goiás",1.7695439322713993]
["2013-09-01","ASFALTOS DILUÍDOS CM-30","Maranhão","-"]
["2013-09-01","ASFALTOS DILUÍDOS CM-30","Mato Grosso",1.9944491035094916]
["2013-09-01","ASFALTOS DILUÍDOS CM-30","Mato Grosso do Sul","-"]
["2013-09-01","ASFALTOS DILUÍDOS CM-30","Minas Gerais",1.5520445899980486]
["2013-09-01","ASFALTOS DILUÍDOS CM-30","Pará","-"]
["2013-09-01","ASFALTOS DILUÍDOS CM-30","Paraíba","-"]
["2013-09-01","ASFALTOS DILUÍDOS CM-30","Paraná",1.4988253631307897]
["2013-09-01","ASFALTOS DILUÍDOS CM-30","Pernambuco","-"]
["2013-09-01","ASFALTOS DILUÍDOS CM-30","Piauí","-"]
["2013-09-01","ASFALTOS DILUÍDOS CM-30","Rio de Janeiro",1.5485200882073553]
["2013-09-01","ASFALTOS DILUÍDOS CM-30","Rio Grande do Norte","-"]
["2013-09-01","ASFALTOS DILUÍDOS CM-30","Rio Grande do Sul",1.466231451400871]
["2013-09-01","ASFALTOS DILUÍDOS CM-30","Rondônia","-"]
["2013-09-01","ASFALTOS DILUÍDOS CM-30","Roraima","-"]
["2013-09-01","ASFALTOS DILUÍDOS CM-30","Santa Catarina","-"]
["2013-09-01","ASFALTOS DILUÍDOS CM-30","São Paulo",1.5183323308106733]
["2013-09-01","ASFALTOS DILUÍDOS CM-30","Sergipe","-"]
["2013-09-01","ASFALTOS DILUÍDOS CM-30","Tocantins","-"]
["2013-10-01","ASFALTOS DILUÍDOS CM-30","Acre","-"]
["2013-10-01","ASFALTOS DILUÍDOS CM-30","Alagoas","-"]
["2013-10-01","ASFALTOS DILUÍDOS CM-30","Amapá","-"]
["2013-10-01","ASFALTOS DILUÍDOS CM-30","Amazonas",1.5243349537611375]
["2013-10-01","ASFALTOS DILUÍDOS CM-30","Bahia",1.4727836719438803]
["2013-10-01","ASFALTOS DILUÍDOS CM-30","Ceará",1.4803412015757087]
["2013-10-01","ASFALTOS DILUÍDOS CM-30","Distrito Federal","-"]
["2013-10-01","ASFALTOS DILUÍDOS CM-30","Espírito Santo","-"]
["2013-10-01","ASFALTOS DILUÍDOS CM-30","Goiás",1.7002748519093238]
["2013-10-01","ASFALTOS DILUÍDOS CM-30","Maranhão","-"]
["2013-10-01","ASFALTOS DILUÍDOS CM-30","Mato Grosso",1.9560474873532938]
["2013-10-01","ASFALTOS DILUÍDOS CM-30","Mato Grosso do Sul","-"]
["2013-10-01","ASFALTOS DILUÍDOS CM-30","Minas Gerais",1.5061274599279553]
["2013-10-01","ASFALTOS DILUÍDOS CM-30","Pará",1.7431022484656087]
["2013-10-01","ASFALTOS DILUÍDOS CM-30","Paraíba","-"]
["2013-10-01","ASFALTOS DILUÍDOS CM-30","Paraná",1.5123431624357759]
["2013-10-01","ASFALTOS DILUÍDOS CM-30","Pernambuco","-"]
["2013-10-01","ASFALTOS DILUÍDOS CM-30","Piauí","-"]
["2013-10-01","ASFALTOS DILUÍDOS CM-30","Rio de Janeiro",1.5104848924413496]
["2013-10-01","ASFALTOS DILUÍDOS CM-30","Rio Grande do Norte","-"]
["2013-10-01","ASFALTOS DILUÍDOS CM-30","Rio Grande do Sul",1.4366665414429234]
["2013-10-01","ASFALTOS DILUÍDOS CM-30","Rondônia","-"]
["2013-10-01","ASFALTOS DILUÍDOS CM-30","Roraima","-"]
["2013-10-01","ASFALTOS DILUÍDOS CM-30","Santa Catarina","-"]
["2013-10-01","ASFALTOS DILUÍDOS CM-30","São Paulo",1.4793466955826844]
["2013-10-01","ASFALTOS DILUÍDOS CM-30","Sergipe","-"]
["2013-10-01","ASFALTOS DILUÍDOS CM-30","Tocantins","-"]
["2013-11-01","ASFALTOS DILUÍDOS CM-30","Acre","-"]
["2013-11-01","ASFALTOS DILUÍDOS CM-30","Alagoas","-"]
["2013-11-01","ASFALTOS DILUÍDOS CM-30","Amapá","-"]
["2013-11-01","ASFALTOS DILUÍDOS CM-30","Amazonas",1.4995512809893463]
["2013-11-01","ASFALTOS DILUÍDOS CM-30","Bahia",1.5008772738611229]
["2013-11-01","ASFALTOS DILUÍDOS CM-30","Ceará",1.4875621424174903]
["2013-11-01","ASFALTOS DILUÍDOS CM-30","Distrito Federal","-"]
["2013-11-01","ASFALTOS DILUÍDOS CM-30","Espírito Santo","-"]
["2013-11-01","ASFALTOS DILUÍDOS CM-30","Goiás",1.792940583041257]
["2013-11-01","ASFALTOS DILUÍDOS CM-30","Maranhão","-"]
["2013-11-01","ASFALTOS DILUÍDOS CM-30","Mato Grosso",1.943476204233427]
["2013-11-01","ASFALTOS DILUÍDOS CM-30","Mato Grosso do Sul","-"]
["2013-11-01","ASFALTOS DILUÍDOS CM-30","Minas Gerais",1.4851520732604662]
["2013-11-01","ASFALTOS DILUÍDOS CM-30","Pará",1.7240862433505024]
["2013-11-01","ASFALTOS DILUÍDOS CM-30","Paraíba","-"]
["2013-11-01","ASFALTOS DILUÍDOS CM-30","Paraná",1.5581010922628975]
["2013-11-01","ASFALTOS DILUÍDOS CM-30","Pernambuco","-"]
["2013-11-01","ASFALTOS DILUÍDOS CM-30","Piauí","-"]
["2013-11-01","ASFALTOS DILUÍDOS CM-30","Rio de Janeiro",1.5673390277834358]
["2013-11-01","ASFALTOS DILUÍDOS CM-30","Rio Grande do Norte","-"]
["2013-11-01","ASFALTOS DILUÍDOS CM-30","Rio Grande do Sul",1.4257711845847554]
["2013-11-01","ASFALTOS DILUÍDOS CM-30","Rondônia","-"]
["2013-11-01","ASFALTOS DILUÍDOS CM-30","Roraima","-"]
["2013-11-01","ASFALTOS DILUÍDOS CM-30","Santa Catarina","-"]
["2013-11-01","ASFALTOS DILUÍDOS CM-30","São Paulo",1.4885140871545035]
["2013-11-01","ASFALTOS DILUÍDOS CM-30","Sergipe","-"]
["2013-11-01","ASFALTOS DILUÍDOS CM-30","Tocantins","-"]
["2013-12-01","ASFALTOS DILUÍDOS CM-30","Acre","-"]
["2013-12-01","ASFALTOS DILUÍDOS CM-30","Alagoas","-"]
["2013-12-01","ASFALTOS DILUÍDOS CM-30","Amapá","-"]
["2013-12-01","ASFALTOS DILUÍDOS CM-30","Amazonas",1.5260290448360885]
["2013-12-01","ASFALTOS DILUÍDOS CM-30","Bahia",1.4767110358523383]
["2013-12-01","ASFALTOS DILUÍDOS CM-30","Ceará",1.5036028855664643]
["2013-12-01","ASFALTOS DILUÍDOS CM-30","Distrito Federal","-"]
["2013-12-01","ASFALTOS DILUÍDOS CM-30","Espírito Santo","-"]
["2013-12-01","ASFALTOS DILUÍDOS CM-30","Goiás",1.8117439845237926]
["2013-12-01","ASFALTOS DILUÍDOS CM-30","Maranhão","-"]
["2013-12-01","ASFALTOS DILUÍDOS CM-30","Mato Grosso",1.9339186491243692]
["2013-12-01","ASFALTOS DILUÍDOS CM-30","Mato Grosso do Sul","-"]
["2013-12-01","ASFALTOS DILUÍDOS CM-30","Minas Gerais",1.4674477520485494]
["2013-12-01","ASFALTOS DILUÍDOS CM-30","Pará",1.7439002309289962]
["2013-12-01","ASFALTOS DILUÍDOS CM-30","Paraíba","-"]
["2013-12-01","ASFALTOS DILUÍDOS CM-30","Paraná",1.6568745232341642]
["2013-12-01","ASFALTOS DILUÍDOS CM-30","Pernambuco","-"]
["2013-12-01","ASFALTOS DILUÍDOS CM-30","Piauí","-"]
["2013-12-01","ASFALTOS DILUÍDOS CM-30","Rio de Janeiro",1.5550002197863031]
["2013-12-01","ASFALTOS DILUÍDOS CM-30","Rio Grande do Norte","-"]
["2013-12-01","ASFALTOS DILUÍDOS CM-30","Rio Grande do Sul",1.4462951563408815]
["2013-12-01","ASFALTOS DILUÍDOS CM-30","Rondônia","-"]
["2013-12-01","ASFALTOS DILUÍDOS CM-30","Roraima","-"]
["2013-12-01","ASFALTOS DILUÍDOS CM-30","Santa Catarina","-"]
["2013-12-01","ASFALTOS DILUÍDOS CM-30","São Paulo",1.5130913326024036]
["2013-12-01","ASFALTOS DILUÍDOS CM-30","Sergipe","-"]
["2013-12-01","ASFALTOS DILUÍDOS CM-30","Tocantins","-"]
["2014-01-01","ASFALTOS DILUÍDOS CM-30","Acre","-"]
["2014-01-01","ASFALTOS DILUÍDOS CM-30","Alagoas","-"]
["2014-01-01","ASFALTOS DILUÍDOS CM-30","Amapá","-"]
["2014-01-01","ASFALTOS DILUÍDOS CM-30","Amazonas",1.5470449444452594]
["2014-01-01","ASFALTOS DILUÍDOS CM-30","Bahia",1.4920329063705282]
["2014-01-01","ASFALTOS DILUÍDOS CM-30","Ceará",1.5006530489663283]
["2014-01-01","ASFALTOS DILUÍDOS CM-30","Distrito Federal","-"]
["2014-01-01","ASFALTOS DILUÍDOS CM-30","Espírito Santo","-"]
["2014-01-01","ASFALTOS DILUÍDOS CM-30","Goiás",1.7738596671771081]
["2014-01-01","ASFALTOS DILUÍDOS CM-30","Maranhão","-"]
["2014-01-01","ASFALTOS DILUÍDOS CM-30","Mato Grosso",1.9580558459311677]
["2014-01-01","ASFALTOS DILUÍDOS CM-30","Mato Grosso do Sul","-"]
["2014-01-01","ASFALTOS DILUÍDOS CM-30","Minas Gerais",1.4379164016219708]
["2014-01-01","ASFALTOS DILUÍDOS CM-30","Pará","-"]
["2014-01-01","ASFALTOS DILUÍDOS CM-30","Paraíba","-"]
["2014-01-01","ASFALTOS DILUÍDOS CM-30","Paraná",1.5931626552185376]
["2014-01-01","ASFALTOS DILUÍDOS CM-30","Pernambuco","-"]
["2014-01-01","ASFALTOS DILUÍDOS CM-30","Piauí","-"]
["2014-01-01","ASFALTOS DILUÍDOS CM-30","Rio de Janeiro",1.5297024806741535]
["2014-01-01","ASFALTOS DILUÍDOS CM-30","Rio Grande do Norte","-"]
["2014-01-01","ASFALTOS DILUÍDOS CM-30","Rio Grande do Sul",1.4383576433809089]
["2014-01-01","ASFALTOS DILUÍDOS CM-30","Rondônia","-"]
["2014-01-01","ASFALTOS DILUÍDOS CM-30","Roraima","-"]
["2014-01-01","ASFALTOS DILUÍDOS CM-30","Santa Catarina","-"]
["2014-01-01","ASFALTOS DILUÍDOS CM-30","São Paulo",1.5095089837973203]
["2014-01-01","ASFALTOS DILUÍDOS CM-30","Sergipe","-"]
["2014-01-01","ASFALTOS DILUÍDOS CM-30","Tocantins","-"]
["2014-02-01","ASFALTOS DILUÍDOS CM-30","Acre","-"]
["2014-02-01","ASFALTOS DILUÍDOS CM-30","Alagoas","-"]
["2014-02-01","ASFALTOS DILUÍDOS CM-30","Amapá","-"]
["2014-02-01","ASFALTOS DILUÍDOS CM-30","Amazonas",1.5421134264326049]
["2014-02-01","ASFALTOS DILUÍDOS CM-30","Bahia",1.4756850145413278]
["2014-02-01","ASFALTOS DILUÍDOS CM-30","Ceará",1.4903963045347111]
["2014-02-01","ASFALTOS DILUÍDOS CM-30","Distrito Federal","-"]
["2014-02-01","ASFALTOS DILUÍDOS CM-30","Espírito Santo","-"]
["2014-02-01","ASFALTOS DILUÍDOS CM-30","Goiás",1.7497348023305683]
["2014-02-01","ASFALTOS DILUÍDOS CM-30","Maranhão","-"]
["2014-02-01","ASFALTOS DILUÍDOS CM-30","Mato Grosso",1.9452610169953894]
["2014-02-01","ASFALTOS DILUÍDOS CM-30","Mato Grosso do Sul","-"]
["2014-02-01","ASFALTOS DILUÍDOS CM-30","Minas Gerais",1.5017209391402084]
["2014-02-01","ASFALTOS DILUÍDOS CM-30","Pará","-"]
["2014-02-01","ASFALTOS DILUÍDOS CM-30","Paraíba","-"]
["2014-02-01","ASFALTOS DILUÍDOS CM-30","Paraná",1.5623699544647331]
["2014-02-01","ASFALTOS DILUÍDOS CM-30","Pernambuco","-"]
["2014-02-01","ASFALTOS DILUÍDOS CM-30","Piauí","-"]
["2014-02-01","ASFALTOS DILUÍDOS CM-30","Rio de Janeiro",1.5704259723558247]
["2014-02-01","ASFALTOS DILUÍDOS CM-30","Rio Grande do Norte","-"]
["2014-02-01","ASFALTOS DILUÍDOS CM-30","Rio Grande do Sul",1.4471249920171849]
["2014-02-01","ASFALTOS DILUÍDOS CM-30","Rondônia","-"]
["2014-02-01","ASFALTOS DILUÍDOS CM-30","Roraima","-"]
["2014-02-01","ASFALTOS DILUÍDOS CM-30","Santa Catarina","-"]
["2014-02-01","ASFALTOS DILUÍDOS CM-30","São Paulo",1.4940466155892476]
["2014-02-01","ASFALTOS DILUÍDOS CM-30","Sergipe","-"]
["2014-02-01","ASFALTOS DILUÍDOS CM-30","Tocantins","-"]
["2014-03-01","ASFALTOS DILUÍDOS CM-30","Acre","-"]
["2014-03-01","ASFALTOS DILUÍDOS CM-30","Alagoas","-"]
["2014-03-01","ASFALTOS DILUÍDOS CM-30","Amapá","-"]
["2014-03-01","ASFALTOS DILUÍDOS CM-30","Amazonas",1.6042410511452168]
["2014-03-01","ASFALTOS DILUÍDOS CM-30","Bahia",1.4923505234971217]
["2014-03-01","ASFALTOS DILUÍDOS CM-30","Ceará",1.4823896656165243]
["2014-03-01","ASFALTOS DILUÍDOS CM-30","Distrito Federal","-"]
["2014-03-01","ASFALTOS DILUÍDOS CM-30","Espírito Santo","-"]
["2014-03-01","ASFALTOS DILUÍDOS CM-30","Goiás","-"]
["2014-03-01","ASFALTOS DILUÍDOS CM-30","Maranhão","-"]
["2014-03-01","ASFALTOS DILUÍDOS CM-30","Mato Grosso",2.0148421096338178]
["2014-03-01","ASFALTOS DILUÍDOS CM-30","Mato Grosso do Sul","-"]
["2014-03-01","ASFALTOS DILUÍDOS CM-30","Minas Gerais",1.4808934616073539]
["2014-03-01","ASFALTOS DILUÍDOS CM-30","Pará",1.7897777414216498]
["2014-03-01","ASFALTOS DILUÍDOS CM-30","Paraíba","-"]
["2014-03-01","ASFALTOS DILUÍDOS CM-30","Paraná",1.5533261261551996]
["2014-03-01","ASFALTOS DILUÍDOS CM-30","Pernambuco","-"]
["2014-03-01","ASFALTOS DILUÍDOS CM-30","Piauí","-"]
["2014-03-01","ASFALTOS DILUÍDOS CM-30","Rio de Janeiro",1.5525373138742444]
["2014-03-01","ASFALTOS DILUÍDOS CM-30","Rio Grande do Norte","-"]
["2014-03-01","ASFALTOS DILUÍDOS CM-30","Rio Grande do Sul",1.4385954794679006]
["2014-03-01","ASFALTOS DILUÍDOS CM-30","Rondônia","-"]
["2014-03-01","ASFALTOS DILUÍDOS CM-30","Roraima","-"]
["2014-03-01","ASFALTOS DILUÍDOS CM-30","Santa Catarina","-"]
["2014-03-01","ASFALTOS DILUÍDOS CM-30","São Paulo",1.5332047694123538]
["2014-03-01","ASFALTOS DILUÍDOS CM-30","Sergipe","-"]
["2014-03-01","ASFALTOS DILUÍDOS CM-30","Tocantins","-"]
["2014-04-01","ASFALTOS DILUÍDOS CM-30","Acre","-"]
["2014-04-01","ASFALTOS DILUÍDOS CM-30","Alagoas","-"]
["2014-04-01","ASFALTOS DILUÍDOS CM-30","Amapá","-"]
["2014-04-01","ASFALTOS DILUÍDOS CM-30","Amazonas","-"]
["2014-04-01","ASFALTOS DILUÍDOS CM-30","Bahia",1.4934269589846085]
["2014-04-01","ASFALTOS DILUÍDOS CM-30","Ceará",1.5100887018000997]
["2014-04-01","ASFALTOS DILUÍDOS CM-30","Distrito Federal","-"]
["2014-04-01","ASFALTOS DILUÍDOS CM-30","Espírito Santo","-"]
["2014-04-01","ASFALTOS DILUÍDOS CM-30","Goiás",1.7163165296459324]
["2014-04-01","ASFALTOS DILUÍDOS CM-30","Maranhão","-"]
["2014-04-01","ASFALTOS DILUÍDOS CM-30","Mato Grosso",1.8750689335459321]
["2014-04-01","ASFALTOS DILUÍDOS CM-30","Mato Grosso do Sul","-"]
["2014-04-01","ASFALTOS DILUÍDOS CM-30","Minas Gerais",1.5067285578610157]
["2014-04-01","ASFALTOS DILUÍDOS CM-30","Pará","-"]
["2014-04-01","ASFALTOS DILUÍDOS CM-30","Paraíba","-"]
["2014-04-01","ASFALTOS DILUÍDOS CM-30","Paraná",1.5652882738397911]
["2014-04-01","ASFALTOS DILUÍDOS CM-30","Pernambuco","-"]
["2014-04-01","ASFALTOS DILUÍDOS CM-30","Piauí","-"]
["2014-04-01","ASFALTOS DILUÍDOS CM-30","Rio de Janeiro",1.5716035990804058]
["2014-04-01","ASFALTOS DILUÍDOS CM-30","Rio Grande do Norte","-"]
["2014-04-01","ASFALTOS DILUÍDOS CM-30","Rio Grande do Sul",1.4746121856656131]
["2014-04-01","ASFALTOS DILUÍDOS CM-30","Rondônia","-"]
["2014-04-01","ASFALTOS DILUÍDOS CM-30","Roraima","-"]
["2014-04-01","ASFALTOS DILUÍDOS CM-30","Santa Catarina","-"]
["2014-04-01","ASFALTOS DILUÍDOS CM-30","São Paulo",1.5535714551516715]
["2014-04-01","ASFALTOS DILUÍDOS CM-30","Sergipe","-"]
["2014-04-01","ASFALTOS DILUÍDOS CM-30","Tocantins","-"]
["2014-05-01","ASFALTOS DILUÍDOS CM-30","Acre","-"]
["2014-05-01","ASFALTOS DILUÍDOS CM-30","Alagoas","-"]
["2014-05-01","ASFALTOS DILUÍDOS CM-30","Amapá","-"]
["2014-05-01","ASFALTOS DILUÍDOS CM-30","Amazonas",1.491238559599193]
["2014-05-01","ASFALTOS DILUÍDOS CM-30","Bahia",1.4910322714256705]
["2014-05-01","ASFALTOS DILUÍDOS CM-30","Ceará",1.5001648961941585]
["2014-05-01","ASFALTOS DILUÍDOS CM-30","Distrito Federal","-"]
["2014-05-01","ASFALTOS DILUÍDOS CM-30","Espírito Santo","-"]
["2014-05-01","ASFALTOS DILUÍDOS CM-30","Goiás",1.7308835228244213]
["2014-05-01","ASFALTOS DILUÍDOS CM-30","Maranhão","-"]
["2014-05-01","ASFALTOS DILUÍDOS CM-30","Mato Grosso",2.0018030360469137]
["2014-05-01","ASFALTOS DILUÍDOS CM-30","Mato Grosso do Sul","-"]
["2014-05-01","ASFALTOS DILUÍDOS CM-30","Minas Gerais",1.4950885405291816]
["2014-05-01","ASFALTOS DILUÍDOS CM-30","Pará",1.9122589243672752]
["2014-05-01","ASFALTOS DILUÍDOS CM-30","Paraíba","-"]
["2014-05-01","ASFALTOS DILUÍDOS CM-30","Paraná",1.6033534205593318]
["2014-05-01","ASFALTOS DILUÍDOS CM-30","Pernambuco","-"]
["2014-05-01","ASFALTOS DILUÍDOS CM-30","Piauí","-"]
["2014-05-01","ASFALTOS DILUÍDOS CM-30","Rio de Janeiro",1.5178603140588416]
["2014-05-01","ASFALTOS DILUÍDOS CM-30","Rio Grande do Norte","-"]
["2014-05-01","ASFALTOS DILUÍDOS CM-30","Rio Grande do Sul",1.5079021745611556]
["2014-05-01","ASFALTOS DILUÍDOS CM-30","Rondônia","-"]
["2014-05-01","ASFALTOS DILUÍDOS CM-30","Roraima","-"]
["2014-05-01","ASFALTOS DILUÍDOS CM-30","Santa Catarina","-"]
["2014-05-01","ASFALTOS DILUÍDOS CM-30","São Paulo",1.5043134366224236]
["2014-05-01","ASFALTOS DILUÍDOS CM-30","Sergipe","-"]
["2014-05-01","ASFALTOS DILUÍDOS CM-30","Tocantins","-"]
["2014-06-01","ASFALTOS DILUÍDOS CM-30","Acre","-"]
["2014-06-01","ASFALTOS DILUÍDOS CM-30","Alagoas","-"]
["2014-06-01","ASFALTOS DILUÍDOS CM-30","Amapá","-"]
["2014-06-01","ASFALTOS DILUÍDOS CM-30","Amazonas","-"]
["2014-06-01","ASFALTOS DILUÍDOS CM-30","Bahia",1.4921439411298603]
["2014-06-01","ASFALTOS DILUÍDOS CM-30","Ceará",1.5140383304480589]
["2014-06-01","ASFALTOS DILUÍDOS CM-30","Distrito Federal","-"]
["2014-06-01","ASFALTOS DILUÍDOS CM-30","Espírito Santo","-"]
["2014-06-01","ASFALTOS DILUÍDOS CM-30","Goiás",1.7753981100443417]
["2014-06-01","ASFALTOS DILUÍDOS CM-30","Maranhão","-"]
["2014-06-01","ASFALTOS DILUÍDOS CM-30","Mato Grosso",1.973799719364099]
["2014-06-01","ASFALTOS DILUÍDOS CM-30","Mato Grosso do Sul","-"]
["2014-06-01","ASFALTOS DILUÍDOS CM-30","Minas Gerais",1.4929416860704192]
["2014-06-01","ASFALTOS DILUÍDOS CM-30","Pará",1.8215155232669991]
["2014-06-01","ASFALTOS DILUÍDOS CM-30","Paraíba","-"]
["2014-06-01","ASFALTOS DILUÍDOS CM-30","Paraná",1.5321487292538272]
["2014-06-01","ASFALTOS DILUÍDOS CM-30","Pernambuco","-"]
["2014-06-01","ASFALTOS DILUÍDOS CM-30","Piauí","-"]
["2014-06-01","ASFALTOS DILUÍDOS CM-30","Rio de Janeiro",1.5638897266082119]
["2014-06-01","ASFALTOS DILUÍDOS CM-30","Rio Grande do Norte","-"]
["2014-06-01","ASFALTOS DILUÍDOS CM-30","Rio Grande do Sul",1.5009990038777468]
["2014-06-01","ASFALTOS DILUÍDOS CM-30","Rondônia","-"]
["2014-06-01","ASFALTOS DILUÍDOS CM-30","Roraima","-"]
["2014-06-01","ASFALTOS DILUÍDOS CM-30","Santa Catarina","-"]
["2014-06-01","ASFALTOS DILUÍDOS CM-30","São Paulo",1.5057881434128739]
["2014-06-01","ASFALTOS DILUÍDOS CM-30","Sergipe","-"]
["2014-06-01","ASFALTOS DILUÍDOS CM-30","Tocantins","-"]
["2014-07-01","ASFALTOS DILUÍDOS CM-30","Acre","-"]
["2014-07-01","ASFALTOS DILUÍDOS CM-30","Alagoas","-"]
["2014-07-01","ASFALTOS DILUÍDOS CM-30","Amapá","-"]
["2014-07-01","ASFALTOS DILUÍDOS CM-30","Amazonas",1.5126303356963178]
["2014-07-01","ASFALTOS DILUÍDOS CM-30","Bahia",1.4865607590218506]
["2014-07-01","ASFALTOS DILUÍDOS CM-30","Ceará",1.5092975223588267]
["2014-07-01","ASFALTOS DILUÍDOS CM-30","Distrito Federal","-"]
["2014-07-01","ASFALTOS DILUÍDOS CM-30","Espírito Santo","-"]
["2014-07-01","ASFALTOS DILUÍDOS CM-30","Goiás",1.5204314593094017]
["2014-07-01","ASFALTOS DILUÍDOS CM-30","Maranhão","-"]
["2014-07-01","ASFALTOS DILUÍDOS CM-30","Mato Grosso",1.8910040312227305]
["2014-07-01","ASFALTOS DILUÍDOS CM-30","Mato Grosso do Sul","-"]
["2014-07-01","ASFALTOS DILUÍDOS CM-30","Minas Gerais",1.4541998107237146]
["2014-07-01","ASFALTOS DILUÍDOS CM-30","Pará",1.8277620727484787]
["2014-07-01","ASFALTOS DILUÍDOS CM-30","Paraíba","-"]
["2014-07-01","ASFALTOS DILUÍDOS CM-30","Paraná",1.5101803739883815]
["2014-07-01","ASFALTOS DILUÍDOS CM-30","Pernambuco","-"]
["2014-07-01","ASFALTOS DILUÍDOS CM-30","Piauí","-"]
["2014-07-01","ASFALTOS DILUÍDOS CM-30","Rio de Janeiro",1.4398284027895898]
["2014-07-01","ASFALTOS DILUÍDOS CM-30","Rio Grande do Norte","-"]
["2014-07-01","ASFALTOS DILUÍDOS CM-30","Rio Grande do Sul",1.4952781410015059]
["2014-07-01","ASFALTOS DILUÍDOS CM-30","Rondônia","-"]
["2014-07-01","ASFALTOS DILUÍDOS CM-30","Roraima","-"]
["2014-07-01","ASFALTOS DILUÍDOS CM-30","Santa Catarina","-"]
["2014-07-01","ASFALTOS DILUÍDOS CM-30","São Paulo",1.5692258942286532]
["2014-07-01","ASFALTOS DILUÍDOS CM-30","Sergipe","-"]
["2014-07-01","ASFALTOS DILUÍDOS CM-30","Tocantins","-"]
["2014-08-01","ASFALTOS DILUÍDOS CM-30","Acre","-"]
["2014-08-01","ASFALTOS DILUÍDOS CM-30","Alagoas","-"]
["2014-08-01","ASFALTOS DILUÍDOS CM-30","Amapá","-"]
["2014-08-01","ASFALTOS DILUÍDOS CM-30","Amazonas",1.5208056700949988]
["2014-08-01","ASFALTOS DILUÍDOS CM-30","Bahia",1.4785035368511479]
["2014-08-01","ASFALTOS DILUÍDOS CM-30","Ceará",1.5155192196954475]
["2014-08-01","ASFALTOS DILUÍDOS CM-30","Distrito Federal","-"]
["2014-08-01","ASFALTOS DILUÍDOS CM-30","Espírito Santo","-"]
["2014-08-01","ASFALTOS DILUÍDOS CM-30","Goiás",1.4631698899687411]
["2014-08-01","ASFALTOS DILUÍDOS CM-30","Maranhão","-"]
["2014-08-01","ASFALTOS DILUÍDOS CM-30","Mato Grosso",1.9304625910887303]
["2014-08-01","ASFALTOS DILUÍDOS CM-30","Mato Grosso do Sul","-"]
["2014-08-01","ASFALTOS DILUÍDOS CM-30","Minas Gerais",1.4992368480293596]
["2014-08-01","ASFALTOS DILUÍDOS CM-30","Pará","-"]
["2014-08-01","ASFALTOS DILUÍDOS CM-30","Paraíba","-"]
["2014-08-01","ASFALTOS DILUÍDOS CM-30","Paraná",1.5240305304383157]
["2014-08-01","ASFALTOS DILUÍDOS CM-30","Pernambuco","-"]
["2014-08-01","ASFALTOS DILUÍDOS CM-30","Piauí","-"]
["2014-08-01","ASFALTOS DILUÍDOS CM-30","Rio de Janeiro",1.4057851625188353]
["2014-08-01","ASFALTOS DILUÍDOS CM-30","Rio Grande do Norte","-"]
["2014-08-01","ASFALTOS DILUÍDOS CM-30","Rio Grande do Sul",1.4702143171540545]
["2014-08-01","ASFALTOS DILUÍDOS CM-30","Rondônia","-"]
["2014-08-01","ASFALTOS DILUÍDOS CM-30","Roraima","-"]
["2014-08-01","ASFALTOS DILUÍDOS CM-30","Santa Catarina","-"]
["2014-08-01","ASFALTOS DILUÍDOS CM-30","São Paulo",1.4709698804392817]
["2014-08-01","ASFALTOS DILUÍDOS CM-30","Sergipe","-"]
["2014-08-01","ASFALTOS DILUÍDOS CM-30","Tocantins","-"]
["2014-09-01","ASFALTOS DILUÍDOS CM-30","Acre","-"]
["2014-09-01","ASFALTOS DILUÍDOS CM-30","Alagoas","-"]
["2014-09-01","ASFALTOS DILUÍDOS CM-30","Amapá","-"]
["2014-09-01","ASFALTOS DILUÍDOS CM-30","Amazonas",1.5135246591078624]
["2014-09-01","ASFALTOS DILUÍDOS CM-30","Bahia",1.5106624163262905]
["2014-09-01","ASFALTOS DILUÍDOS CM-30","Ceará",1.5673309453351099]
["2014-09-01","ASFALTOS DILUÍDOS CM-30","Distrito Federal","-"]
["2014-09-01","ASFALTOS DILUÍDOS CM-30","Espírito Santo","-"]
["2014-09-01","ASFALTOS DILUÍDOS CM-30","Goiás",1.7775777087436746]
["2014-09-01","ASFALTOS DILUÍDOS CM-30","Maranhão","-"]
["2014-09-01","ASFALTOS DILUÍDOS CM-30","Mato Grosso",2.0381650401319003]
["2014-09-01","ASFALTOS DILUÍDOS CM-30","Mato Grosso do Sul","-"]
["2014-09-01","ASFALTOS DILUÍDOS CM-30","Minas Gerais",1.4837917343054126]
["2014-09-01","ASFALTOS DILUÍDOS CM-30","Pará",1.859235925091449]
["2014-09-01","ASFALTOS DILUÍDOS CM-30","Paraíba","-"]
["2014-09-01","ASFALTOS DILUÍDOS CM-30","Paraná",1.5760080238683634]
["2014-09-01","ASFALTOS DILUÍDOS CM-30","Pernambuco","-"]
["2014-09-01","ASFALTOS DILUÍDOS CM-30","Piauí","-"]
["2014-09-01","ASFALTOS DILUÍDOS CM-30","Rio de Janeiro",1.478368244997909]
["2014-09-01","ASFALTOS DILUÍDOS CM-30","Rio Grande do Norte","-"]
["2014-09-01","ASFALTOS DILUÍDOS CM-30","Rio Grande do Sul",1.5572015458379578]
["2014-09-01","ASFALTOS DILUÍDOS CM-30","Rondônia","-"]
["2014-09-01","ASFALTOS DILUÍDOS CM-30","Roraima","-"]
["2014-09-01","ASFALTOS DILUÍDOS CM-30","Santa Catarina","-"]
["2014-09-01","ASFALTOS DILUÍDOS CM-30","São Paulo",1.5347052685785783]
["2014-09-01","ASFALTOS DILUÍDOS CM-30","Sergipe","-"]
["2014-09-01","ASFALTOS DILUÍDOS CM-30","Tocantins","-"]
["2014-10-01","ASFALTOS DILUÍDOS CM-30","Acre","-"]
["2014-10-01","ASFALTOS DILUÍDOS CM-30","Alagoas","-"]
["2014-10-01","ASFALTOS DILUÍDOS CM-30","Amapá","-"]
["2014-10-01","ASFALTOS DILUÍDOS CM-30","Amazonas",1.5696035731770417]
["2014-10-01","ASFALTOS DILUÍDOS CM-30","Bahia",1.5092353108857854]
["2014-10-01","ASFALTOS DILUÍDOS CM-30","Ceará",1.5110947008960001]
["2014-10-01","ASFALTOS DILUÍDOS CM-30","Distrito Federal","-"]
["2014-10-01","ASFALTOS DILUÍDOS CM-30","Espírito Santo","-"]
["2014-10-01","ASFALTOS DILUÍDOS CM-30","Goiás",1.6246091857755052]
["2014-10-01","ASFALTOS DILUÍDOS CM-30","Maranhão","-"]
["2014-10-01","ASFALTOS DILUÍDOS CM-30","Mato Grosso",1.938107946368246]
["2014-10-01","ASFALTOS DILUÍDOS CM-30","Mato Grosso do Sul","-"]
["2014-10-01","ASFALTOS DILUÍDOS CM-30","Minas Gerais",1.4769173807887346]
["2014-10-01","ASFALTOS DILUÍDOS CM-30","Pará",1.914772444513813]
["2014-10-01","ASFALTOS DILUÍDOS CM-30","Paraíba","-"]
["2014-10-01","ASFALTOS DILUÍDOS CM-30","Paraná",1.4365746213828052]
["2014-10-01","ASFALTOS DILUÍDOS CM-30","Pernambuco","-"]
["2014-10-01","ASFALTOS DILUÍDOS CM-30","Piauí","-"]
["2014-10-01","ASFALTOS DILUÍDOS CM-30","Rio de Janeiro",1.4391131019560579]
["2014-10-01","ASFALTOS DILUÍDOS CM-30","Rio Grande do Norte","-"]
["2014-10-01","ASFALTOS DILUÍDOS CM-30","Rio Grande do Sul",1.4898313701464032]
["2014-10-01","ASFALTOS DILUÍDOS CM-30","Rondônia","-"]
["2014-10-01","ASFALTOS DILUÍDOS CM-30","Roraima","-"]
["2014-10-01","ASFALTOS DILUÍDOS CM-30","Santa Catarina","-"]
["2014-10-01","ASFALTOS DILUÍDOS CM-30","São Paulo",1.4701726717799346]
["2014-10-01","ASFALTOS DILUÍDOS CM-30","Sergipe","-"]
["2014-10-01","ASFALTOS DILUÍDOS CM-30","Tocantins","-"]
["2014-11-01","ASFALTOS DILUÍDOS CM-30","Acre","-"]
["2014-11-01","ASFALTOS DILUÍDOS CM-30","Alagoas","-"]
["2014-11-01","ASFALTOS DILUÍDOS CM-30","Amapá","-"]
["2014-11-01","ASFALTOS DILUÍDOS CM-30","Amazonas",1.4787561973043968]
["2014-11-01","ASFALTOS DILUÍDOS CM-30","Bahia",1.5527867574076128]
["2014-11-01","ASFALTOS DILUÍDOS CM-30","Ceará",1.5926739084744492]
["2014-11-01","ASFALTOS DILUÍDOS CM-30","Distrito Federal","-"]
["2014-11-01","ASFALTOS DILUÍDOS CM-30","Espírito Santo","-"]
["2014-11-01","ASFALTOS DILUÍDOS CM-30","Goiás",1.5756791219070552]
["2014-11-01","ASFALTOS DILUÍDOS CM-30","Maranhão","-"]
["2014-11-01","ASFALTOS DILUÍDOS CM-30","Mato Grosso",1.9929676876804618]
["2014-11-01","ASFALTOS DILUÍDOS CM-30","Mato Grosso do Sul","-"]
["2014-11-01","ASFALTOS DILUÍDOS CM-30","Minas Gerais",1.4390341232191841]
["2014-11-01","ASFALTOS DILUÍDOS CM-30","Pará","-"]
["2014-11-01","ASFALTOS DILUÍDOS CM-30","Paraíba","-"]
["2014-11-01","ASFALTOS DILUÍDOS CM-30","Paraná",1.5536667225006813]
["2014-11-01","ASFALTOS DILUÍDOS CM-30","Pernambuco","-"]
["2014-11-01","ASFALTOS DILUÍDOS CM-30","Piauí","-"]
["2014-11-01","ASFALTOS DILUÍDOS CM-30","Rio de Janeiro",1.4800545091789903]
["2014-11-01","ASFALTOS DILUÍDOS CM-30","Rio Grande do Norte","-"]
["2014-11-01","ASFALTOS DILUÍDOS CM-30","Rio Grande do Sul",1.4925691951028917]
["2014-11-01","ASFALTOS DILUÍDOS CM-30","Rondônia","-"]
["2014-11-01","ASFALTOS DILUÍDOS CM-30","Roraima","-"]
["2014-11-01","ASFALTOS DILUÍDOS CM-30","Santa Catarina","-"]
["2014-11-01","ASFALTOS DILUÍDOS CM-30","São Paulo",1.5122719109415648]
["2014-11-01","ASFALTOS DILUÍDOS CM-30","Sergipe","-"]
["2014-11-01","ASFALTOS DILUÍDOS CM-30","Tocantins","-"]
["2014-12-01","ASFALTOS DILUÍDOS CM-30","Acre","-"]
["2014-12-01","ASFALTOS DILUÍDOS CM-30","Alagoas","-"]
["2014-12-01","ASFALTOS DILUÍDOS CM-30","Amapá","-"]
["2014-12-01","ASFALTOS DILUÍDOS CM-30","Amazonas",1.5822282822117755]
["2014-12-01","ASFALTOS DILUÍDOS CM-30","Bahia",1.6787212780815806]
["2014-12-01","ASFALTOS DILUÍDOS CM-30","Ceará",1.7166321668508724]
["2014-12-01","ASFALTOS DILUÍDOS CM-30","Distrito Federal","-"]
["2014-12-01","ASFALTOS DILUÍDOS CM-30","Espírito Santo","-"]
["2014-12-01","ASFALTOS DILUÍDOS CM-30","Goiás",1.9356190000626918]
["2014-12-01","ASFALTOS DILUÍDOS CM-30","Maranhão","-"]
["2014-12-01","ASFALTOS DILUÍDOS CM-30","Mato Grosso",2.0111752628723014]
["2014-12-01","ASFALTOS DILUÍDOS CM-30","Mato Grosso do Sul","-"]
["2014-12-01","ASFALTOS DILUÍDOS CM-30","Minas Gerais",1.6701488187808902]
["2014-12-01","ASFALTOS DILUÍDOS CM-30","Pará",1.966710274793229]
["2014-12-01","ASFALTOS DILUÍDOS CM-30","Paraíba","-"]
["2014-12-01","ASFALTOS DILUÍDOS CM-30","Paraná",1.6886910460398328]
["2014-12-01","ASFALTOS DILUÍDOS CM-30","Pernambuco","-"]
["2014-12-01","ASFALTOS DILUÍDOS CM-30","Piauí","-"]
["2014-12-01","ASFALTOS DILUÍDOS CM-30","Rio de Janeiro",1.5883843361265459]
["2014-12-01","ASFALTOS DILUÍDOS CM-30","Rio Grande do Norte","-"]
["2014-12-01","ASFALTOS DILUÍDOS CM-30","Rio Grande do Sul",1.6099653147945927]
["2014-12-01","ASFALTOS DILUÍDOS CM-30","Rondônia","-"]
["2014-12-01","ASFALTOS DILUÍDOS CM-30","Roraima","-"]
["2014-12-01","ASFALTOS DILUÍDOS CM-30","Santa Catarina","-"]
["2014-12-01","ASFALTOS DILUÍDOS CM-30","São Paulo",1.5955305071648389]
["2014-12-01","ASFALTOS DILUÍDOS CM-30","Sergipe","-"]
["2014-12-01","ASFALTOS DILUÍDOS CM-30","Tocantins","-"]
["2015-01-01","ASFALTOS DILUÍDOS CM-30","Acre","-"]
["2015-01-01","ASFALTOS DILUÍDOS CM-30","Alagoas","-"]
["2015-01-01","ASFALTOS DILUÍDOS CM-30","Amapá","-"]
["2015-01-01","ASFALTOS DILUÍDOS CM-30","Amazonas",1.8436752973061763]
["2015-01-01","ASFALTOS DILUÍDOS CM-30","Bahia",2.0380652186303823]
["2015-01-01","ASFALTOS DILUÍDOS CM-30","Ceará",2.0263385958659481]
["2015-01-01","ASFALTOS DILUÍDOS CM-30","Distrito Federal","-"]
["2015-01-01","ASFALTOS DILUÍDOS CM-30","Espírito Santo","-"]
["2015-01-01","ASFALTOS DILUÍDOS CM-30","Goiás",2.2253787624257231]
["2015-01-01","ASFALTOS DILUÍDOS CM-30","Maranhão","-"]
["2015-01-01","ASFALTOS DILUÍDOS CM-30","Mato Grosso",2.4857849412190269]
["2015-01-01","ASFALTOS DILUÍDOS CM-30","Mato Grosso do Sul","-"]
["2015-01-01","ASFALTOS DILUÍDOS CM-30","Minas Gerais",1.810863619344774]
["2015-01-01","ASFALTOS DILUÍDOS CM-30","Pará","-"]
["2015-01-01","ASFALTOS DILUÍDOS CM-30","Paraíba","-"]
["2015-01-01","ASFALTOS DILUÍDOS CM-30","Paraná",1.8470965182058714]
["2015-01-01","ASFALTOS DILUÍDOS CM-30","Pernambuco","-"]
["2015-01-01","ASFALTOS DILUÍDOS CM-30","Piauí","-"]
["2015-01-01","ASFALTOS DILUÍDOS CM-30","Rio de Janeiro",1.9044150109151972]
["2015-01-01","ASFALTOS DILUÍDOS CM-30","Rio Grande do Norte","-"]
["2015-01-01","ASFALTOS DILUÍDOS CM-30","Rio Grande do Sul",1.9850377917343058]
["2015-01-01","ASFALTOS DILUÍDOS CM-30","Rondônia","-"]
["2015-01-01","ASFALTOS DILUÍDOS CM-30","Roraima","-"]
["2015-01-01","ASFALTOS DILUÍDOS CM-30","Santa Catarina","-"]
["2015-01-01","ASFALTOS DILUÍDOS CM-30","São Paulo",1.9806267067549681]
["2015-01-01","ASFALTOS DILUÍDOS CM-30","Sergipe","-"]
["2015-01-01","ASFALTOS DILUÍDOS CM-30","Tocantins","-"]
["2015-02-01","ASFALTOS DILUÍDOS CM-30","Acre","-"]
["2015-02-01","ASFALTOS DILUÍDOS CM-30","Alagoas","-"]
["2015-02-01","ASFALTOS DILUÍDOS CM-30","Amapá","-"]
["2015-02-01","ASFALTOS DILUÍDOS CM-30","Amazonas",1.9057393108376339]
["2015-02-01","ASFALTOS DILUÍDOS CM-30","Bahia",1.9590368302280883]
["2015-02-01","ASFALTOS DILUÍDOS CM-30","Ceará",2.0116737615833107]
["2015-02-01","ASFALTOS DILUÍDOS CM-30","Distrito Federal","-"]
["2015-02-01","ASFALTOS DILUÍDOS CM-30","Espírito Santo","-"]
["2015-02-01","ASFALTOS DILUÍDOS CM-30","Goiás","-"]
["2015-02-01","ASFALTOS DILUÍDOS CM-30","Maranhão","-"]
["2015-02-01","ASFALTOS DILUÍDOS CM-30","Mato Grosso",2.4281981196581195]
["2015-02-01","ASFALTOS DILUÍDOS CM-30","Mato Grosso do Sul","-"]
["2015-02-01","ASFALTOS DILUÍDOS CM-30","Minas Gerais",1.7916464381814869]
["2015-02-01","ASFALTOS DILUÍDOS CM-30","Pará","-"]
["2015-02-01","ASFALTOS DILUÍDOS CM-30","Paraíba","-"]
["2015-02-01","ASFALTOS DILUÍDOS CM-30","Paraná",1.9195190758091181]
["2015-02-01","ASFALTOS DILUÍDOS CM-30","Pernambuco","-"]
["2015-02-01","ASFALTOS DILUÍDOS CM-30","Piauí","-"]
["2015-02-01","ASFALTOS DILUÍDOS CM-30","Rio de Janeiro",1.8487725159583641]
["2015-02-01","ASFALTOS DILUÍDOS CM-30","Rio Grande do Norte","-"]
["2015-02-01","ASFALTOS DILUÍDOS CM-30","Rio Grande do Sul",1.9364837098056416]
["2015-02-01","ASFALTOS DILUÍDOS CM-30","Rondônia","-"]
["2015-02-01","ASFALTOS DILUÍDOS CM-30","Roraima","-"]
["2015-02-01","ASFALTOS DILUÍDOS CM-30","Santa Catarina","-"]
["2015-02-01","ASFALTOS DILUÍDOS CM-30","São Paulo",2.0779300602464215]
["2015-02-01","ASFALTOS DILUÍDOS CM-30","Sergipe","-"]
["2015-02-01","ASFALTOS DILUÍDOS CM-30","Tocantins","-"]
["2015-03-01","ASFALTOS DILUÍDOS CM-30","Acre","-"]
["2015-03-01","ASFALTOS DILUÍDOS CM-30","Alagoas","-"]
["2015-03-01","ASFALTOS DILUÍDOS CM-30","Amapá","-"]
["2015-03-01","ASFALTOS DILUÍDOS CM-30","Amazonas",1.8035811153205663]
["2015-03-01","ASFALTOS DILUÍDOS CM-30","Bahia",1.9797124584142363]
["2015-03-01","ASFALTOS DILUÍDOS CM-30","Ceará",1.9514548417981805]
["2015-03-01","ASFALTOS DILUÍDOS CM-30","Distrito Federal","-"]
["2015-03-01","ASFALTOS DILUÍDOS CM-30","Espírito Santo","-"]
["2015-03-01","ASFALTOS DILUÍDOS CM-30","Goiás",2.1927332565679687]
["2015-03-01","ASFALTOS DILUÍDOS CM-30","Maranhão","-"]
["2015-03-01","ASFALTOS DILUÍDOS CM-30","Mato Grosso","-"]
["2015-03-01","ASFALTOS DILUÍDOS CM-30","Mato Grosso do Sul","-"]
["2015-03-01","ASFALTOS DILUÍDOS CM-30","Minas Gerais",1.8592465471486697]
["2015-03-01","ASFALTOS DILUÍDOS CM-30","Pará","-"]
["2015-03-01","ASFALTOS DILUÍDOS CM-30","Paraíba","-"]
["2015-03-01","ASFALTOS DILUÍDOS CM-30","Paraná",1.9391008524288935]
["2015-03-01","ASFALTOS DILUÍDOS CM-30","Pernambuco","-"]
["2015-03-01","ASFALTOS DILUÍDOS CM-30","Piauí","-"]
["2015-03-01","ASFALTOS DILUÍDOS CM-30","Rio de Janeiro",1.8656178637387386]
["2015-03-01","ASFALTOS DILUÍDOS CM-30","Rio Grande do Norte","-"]
["2015-03-01","ASFALTOS DILUÍDOS CM-30","Rio Grande do Sul",1.9221134951609518]
["2015-03-01","ASFALTOS DILUÍDOS CM-30","Rondônia","-"]
["2015-03-01","ASFALTOS DILUÍDOS CM-30","Roraima","-"]
["2015-03-01","ASFALTOS DILUÍDOS CM-30","Santa Catarina","-"]
["2015-03-01","ASFALTOS DILUÍDOS CM-30","São Paulo",1.9826086541770989]
["2015-03-01","ASFALTOS DILUÍDOS CM-30","Sergipe","-"]
["2015-03-01","ASFALTOS DILUÍDOS CM-30","Tocantins","-"]
["2015-04-01","ASFALTOS DILUÍDOS CM-30","Acre","-"]
["2015-04-01","ASFALTOS DILUÍDOS CM-30","Alagoas","-"]
["2015-04-01","ASFALTOS DILUÍDOS CM-30","Amapá","-"]
["2015-04-01","ASFALTOS DILUÍDOS CM-30","Amazonas","-"]
["2015-04-01","ASFALTOS DILUÍDOS CM-30","Bahia",2.0182186531283861]
["2015-04-01","ASFALTOS DILUÍDOS CM-30","Ceará",1.9780990107053897]
["2015-04-01","ASFALTOS DILUÍDOS CM-30","Distrito Federal","-"]
["2015-04-01","ASFALTOS DILUÍDOS CM-30","Espírito Santo","-"]
["2015-04-01","ASFALTOS DILUÍDOS CM-30","Goiás",2.2520955108331857]
["2015-04-01","ASFALTOS DILUÍDOS CM-30","Maranhão","-"]
["2015-04-01","ASFALTOS DILUÍDOS CM-30","Mato Grosso",2.4706438955823291]
["2015-04-01","ASFALTOS DILUÍDOS CM-30","Mato Grosso do Sul","-"]
["2015-04-01","ASFALTOS DILUÍDOS CM-30","Minas Gerais",1.8213234721222389]
["2015-04-01","ASFALTOS DILUÍDOS CM-30","Pará","-"]
["2015-04-01","ASFALTOS DILUÍDOS CM-30","Paraíba","-"]
["2015-04-01","ASFALTOS DILUÍDOS CM-30","Paraná",1.9699006009485249]
["2015-04-01","ASFALTOS DILUÍDOS CM-30","Pernambuco","-"]
["2015-04-01","ASFALTOS DILUÍDOS CM-30","Piauí","-"]
["2015-04-01","ASFALTOS DILUÍDOS CM-30","Rio de Janeiro",1.84082279677077]
["2015-04-01","ASFALTOS DILUÍDOS CM-30","Rio Grande do Norte","-"]
["2015-04-01","ASFALTOS DILUÍDOS CM-30","Rio Grande do Sul",1.9063036026996054]
["2015-04-01","ASFALTOS DILUÍDOS CM-30","Rondônia","-"]
["2015-04-01","ASFALTOS DILUÍDOS CM-30","Roraima","-"]
["2015-04-01","ASFALTOS DILUÍDOS CM-30","Santa Catarina","-"]
["2015-04-01","ASFALTOS DILUÍDOS CM-30","São Paulo",1.9037344995322731]
["2015-04-01","ASFALTOS DILUÍDOS CM-30","Sergipe","-"]
["2015-04-01","ASFALTOS DILUÍDOS CM-30","Tocantins","-"]
["2015-05-01","ASFALTOS DILUÍDOS CM-30","Acre","-"]
["2015-05-01","ASFALTOS DILUÍDOS CM-30","Alagoas","-"]
["2015-05-01","ASFALTOS DILUÍDOS CM-30","Amapá","-"]
["2015-05-01","ASFALTOS DILUÍDOS CM-30","Amazonas",1.9113516812739166]
["2015-05-01","ASFALTOS DILUÍDOS CM-30","Bahia",1.9643649797612657]
["2015-05-01","ASFALTOS DILUÍDOS CM-30","Ceará",1.9385491692040848]
["2015-05-01","ASFALTOS DILUÍDOS CM-30","Distrito Federal","-"]
["2015-05-01","ASFALTOS DILUÍDOS CM-30","Espírito Santo","-"]
["2015-05-01","ASFALTOS DILUÍDOS CM-30","Goiás",2.2060183742674941]
["2015-05-01","ASFALTOS DILUÍDOS CM-30","Maranhão","-"]
["2015-05-01","ASFALTOS DILUÍDOS CM-30","Mato Grosso",2.4085516525116026]
["2015-05-01","ASFALTOS DILUÍDOS CM-30","Mato Grosso do Sul","-"]
["2015-05-01","ASFALTOS DILUÍDOS CM-30","Minas Gerais",1.7646930202805851]
["2015-05-01","ASFALTOS DILUÍDOS CM-30","Pará","-"]
["2015-05-01","ASFALTOS DILUÍDOS CM-30","Paraíba","-"]
["2015-05-01","ASFALTOS DILUÍDOS CM-30","Paraná",2.076263791769934]
["2015-05-01","ASFALTOS DILUÍDOS CM-30","Pernambuco","-"]
["2015-05-01","ASFALTOS DILUÍDOS CM-30","Piauí","-"]
["2015-05-01","ASFALTOS DILUÍDOS CM-30","Rio de Janeiro",1.8513092086219372]
["2015-05-01","ASFALTOS DILUÍDOS CM-30","Rio Grande do Norte","-"]
["2015-05-01","ASFALTOS DILUÍDOS CM-30","Rio Grande do Sul",1.9467232328850232]
["2015-05-01","ASFALTOS DILUÍDOS CM-30","Rondônia","-"]
["2015-05-01","ASFALTOS DILUÍDOS CM-30","Roraima","-"]
["2015-05-01","ASFALTOS DILUÍDOS CM-30","Santa Catarina","-"]
["2015-05-01","ASFALTOS DILUÍDOS CM-30","São Paulo",1.8818684385874191]
["2015-05-01","ASFALTOS DILUÍDOS CM-30","Sergipe","-"]
["2015-05-01","ASFALTOS DILUÍDOS CM-30","Tocantins","-"]
["2015-06-01","ASFALTOS DILUÍDOS CM-30","Acre","-"]
["2015-06-01","ASFALTOS DILUÍDOS CM-30","Alagoas","-"]
["2015-06-01","ASFALTOS DILUÍDOS CM-30","Amapá","-"]
["2015-06-01","ASFALTOS DILUÍDOS CM-30","Amazonas","-"]
["2015-06-01","ASFALTOS DILUÍDOS CM-30","Bahia",2.0649718823529417]
["2015-06-01","ASFALTOS DILUÍDOS CM-30","Ceará",1.9220120292246414]
["2015-06-01","ASFALTOS DILUÍDOS CM-30","Distrito Federal","-"]
["2015-06-01","ASFALTOS DILUÍDOS CM-30","Espírito Santo","-"]
["2015-06-01","ASFALTOS DILUÍDOS CM-30","Goiás",2.2506241829455722]
["2015-06-01","ASFALTOS DILUÍDOS CM-30","Maranhão","-"]
["2015-06-01","ASFALTOS DILUÍDOS CM-30","Mato Grosso",2.4281963182153974]
["2015-06-01","ASFALTOS DILUÍDOS CM-30","Mato Grosso do Sul","-"]
["2015-06-01","ASFALTOS DILUÍDOS CM-30","Minas Gerais",1.8123355726191646]
["2015-06-01","ASFALTOS DILUÍDOS CM-30","Pará","-"]
["2015-06-01","ASFALTOS DILUÍDOS CM-30","Paraíba","-"]
["2015-06-01","ASFALTOS DILUÍDOS CM-30","Paraná",2.0003676800884533]
["2015-06-01","ASFALTOS DILUÍDOS CM-30","Pernambuco","-"]
["2015-06-01","ASFALTOS DILUÍDOS CM-30","Piauí","-"]
["2015-06-01","ASFALTOS DILUÍDOS CM-30","Rio de Janeiro",1.7576409243237323]
["2015-06-01","ASFALTOS DILUÍDOS CM-30","Rio Grande do Norte","-"]
["2015-06-01","ASFALTOS DILUÍDOS CM-30","Rio Grande do Sul",1.9147810265331728]
["2015-06-01","ASFALTOS DILUÍDOS CM-30","Rondônia","-"]
["2015-06-01","ASFALTOS DILUÍDOS CM-30","Roraima","-"]
["2015-06-01","ASFALTOS DILUÍDOS CM-30","Santa Catarina","-"]
["2015-06-01","ASFALTOS DILUÍDOS CM-30","São Paulo",1.9205662879414436]
["2015-06-01","ASFALTOS DILUÍDOS CM-30","Sergipe","-"]
["2015-06-01","ASFALTOS DILUÍDOS CM-30","Tocantins","-"]
["2015-07-01","ASFALTOS DILUÍDOS CM-30","Acre","-"]
["2015-07-01","ASFALTOS DILUÍDOS CM-30","Alagoas","-"]
["2015-07-01","ASFALTOS DILUÍDOS CM-30","Amapá","-"]
["2015-07-01","ASFALTOS DILUÍDOS CM-30","Amazonas","-"]
["2015-07-01","ASFALTOS DILUÍDOS CM-30","Bahia",1.9525683196479859]
["2015-07-01","ASFALTOS DILUÍDOS CM-30","Ceará",2.0101001823224549]
["2015-07-01","ASFALTOS DILUÍDOS CM-30","Distrito Federal","-"]
["2015-07-01","ASFALTOS DILUÍDOS CM-30","Espírito Santo","-"]
["2015-07-01","ASFALTOS DILUÍDOS CM-30","Goiás",1.9893052477758781]
["2015-07-01","ASFALTOS DILUÍDOS CM-30","Maranhão","-"]
["2015-07-01","ASFALTOS DILUÍDOS CM-30","Mato Grosso",2.2406543645944623]
["2015-07-01","ASFALTOS DILUÍDOS CM-30","Mato Grosso do Sul","-"]
["2015-07-01","ASFALTOS DILUÍDOS CM-30","Minas Gerais",1.7224794943222455]
["2015-07-01","ASFALTOS DILUÍDOS CM-30","Pará","-"]
["2015-07-01","ASFALTOS DILUÍDOS CM-30","Paraíba","-"]
["2015-07-01","ASFALTOS DILUÍDOS CM-30","Paraná",1.9309299283677583]
["2015-07-01","ASFALTOS DILUÍDOS CM-30","Pernambuco","-"]
["2015-07-01","ASFALTOS DILUÍDOS CM-30","Piauí","-"]
["2015-07-01","ASFALTOS DILUÍDOS CM-30","Rio de Janeiro",1.8306578794329917]
["2015-07-01","ASFALTOS DILUÍDOS CM-30","Rio Grande do Norte","-"]
["2015-07-01","ASFALTOS DILUÍDOS CM-30","Rio Grande do Sul",1.9332156955241173]
["2015-07-01","ASFALTOS DILUÍDOS CM-30","Rondônia","-"]
["2015-07-01","ASFALTOS DILUÍDOS CM-30","Roraima","-"]
["2015-07-01","ASFALTOS DILUÍDOS CM-30","Santa Catarina","-"]
["2015-07-01","ASFALTOS DILUÍDOS CM-30","São Paulo",1.8809198059801582]
["2015-07-01","ASFALTOS DILUÍDOS CM-30","Sergipe","-"]
["2015-07-01","ASFALTOS DILUÍDOS CM-30","Tocantins","-"]
["2015-08-01","ASFALTOS DILUÍDOS CM-30","Acre","-"]
["2015-08-01","ASFALTOS DILUÍDOS CM-30","Alagoas","-"]
["2015-08-01","ASFALTOS DILUÍDOS CM-30","Amapá","-"]
["2015-08-01","ASFALTOS DILUÍDOS CM-30","Amazonas","-"]
["2015-08-01","ASFALTOS DILUÍDOS CM-30","Bahia",1.9943519145464235]
["2015-08-01","ASFALTOS DILUÍDOS CM-30","Ceará",2.0461120563062565]
["2015-08-01","ASFALTOS DILUÍDOS CM-30","Distrito Federal","-"]
["2015-08-01","ASFALTOS DILUÍDOS CM-30","Espírito Santo","-"]
["2015-08-01","ASFALTOS DILUÍDOS CM-30","Goiás",2.229564821198819]
["2015-08-01","ASFALTOS DILUÍDOS CM-30","Maranhão","-"]
["2015-08-01","ASFALTOS DILUÍDOS CM-30","Mato Grosso",2.3919524221003194]
["2015-08-01","ASFALTOS DILUÍDOS CM-30","Mato Grosso do Sul","-"]
["2015-08-01","ASFALTOS DILUÍDOS CM-30","Minas Gerais",1.8251850363982463]
["2015-08-01","ASFALTOS DILUÍDOS CM-30","Pará","-"]
["2015-08-01","ASFALTOS DILUÍDOS CM-30","Paraíba","-"]
["2015-08-01","ASFALTOS DILUÍDOS CM-30","Paraná",1.9779824672606272]
["2015-08-01","ASFALTOS DILUÍDOS CM-30","Pernambuco","-"]
["2015-08-01","ASFALTOS DILUÍDOS CM-30","Piauí","-"]
["2015-08-01","ASFALTOS DILUÍDOS CM-30","Rio de Janeiro",1.7638437876840007]
["2015-08-01","ASFALTOS DILUÍDOS CM-30","Rio Grande do Norte","-"]
["2015-08-01","ASFALTOS DILUÍDOS CM-30","Rio Grande do Sul",1.8718989442759211]
["2015-08-01","ASFALTOS DILUÍDOS CM-30","Rondônia","-"]
["2015-08-01","ASFALTOS DILUÍDOS CM-30","Roraima","-"]
["2015-08-01","ASFALTOS DILUÍDOS CM-30","Santa Catarina","-"]
["2015-08-01","ASFALTOS DILUÍDOS CM-30","São Paulo",1.8560040924101151]
["2015-08-01","ASFALTOS DILUÍDOS CM-30","Sergipe","-"]
["2015-08-01","ASFALTOS DILUÍDOS CM-30","Tocantins","-"]
["2015-09-01","ASFALTOS DILUÍDOS CM-30","Acre","-"]
["2015-09-01","ASFALTOS DILUÍDOS CM-30","Alagoas","-"]
["2015-09-01","ASFALTOS DILUÍDOS CM-30","Amapá","-"]
["2015-09-01","ASFALTOS DILUÍDOS CM-30","Amazonas","-"]
["2015-09-01","ASFALTOS DILUÍDOS CM-30","Bahia",2.0777484395203141]
["2015-09-01","ASFALTOS DILUÍDOS CM-30","Ceará",2.093157706468161]
["2015-09-01","ASFALTOS DILUÍDOS CM-30","Distrito Federal","-"]
["2015-09-01","ASFALTOS DILUÍDOS CM-30","Espírito Santo","-"]
["2015-09-01","ASFALTOS DILUÍDOS CM-30","Goiás",2.2631444264273126]
["2015-09-01","ASFALTOS DILUÍDOS CM-30","Maranhão","-"]
["2015-09-01","ASFALTOS DILUÍDOS CM-30","Mato Grosso",2.4318366613694042]
["2015-09-01","ASFALTOS DILUÍDOS CM-30","Mato Grosso do Sul","-"]
["2015-09-01","ASFALTOS DILUÍDOS CM-30","Minas Gerais",1.9186203798107475]
["2015-09-01","ASFALTOS DILUÍDOS CM-30","Pará","-"]
["2015-09-01","ASFALTOS DILUÍDOS CM-30","Paraíba","-"]
["2015-09-01","ASFALTOS DILUÍDOS CM-30","Paraná",2.0515291933218358]
["2015-09-01","ASFALTOS DILUÍDOS CM-30","Pernambuco","-"]
["2015-09-01","ASFALTOS DILUÍDOS CM-30","Piauí","-"]
["2015-09-01","ASFALTOS DILUÍDOS CM-30","Rio de Janeiro",1.9160395782594835]
["2015-09-01","ASFALTOS DILUÍDOS CM-30","Rio Grande do Norte","-"]
["2015-09-01","ASFALTOS DILUÍDOS CM-30","Rio Grande do Sul",1.9340445959748491]
["2015-09-01","ASFALTOS DILUÍDOS CM-30","Rondônia","-"]
["2015-09-01","ASFALTOS DILUÍDOS CM-30","Roraima","-"]
["2015-09-01","ASFALTOS DILUÍDOS CM-30","Santa Catarina","-"]
["2015-09-01","ASFALTOS DILUÍDOS CM-30","São Paulo",1.9898352439836042]
["2015-09-01","ASFALTOS DILUÍDOS CM-30","Sergipe","-"]
["2015-09-01","ASFALTOS DILUÍDOS CM-30","Tocantins","-"]
["2015-10-01","ASFALTOS DILUÍDOS CM-30","Acre","-"]
["2015-10-01","ASFALTOS DILUÍDOS CM-30","Alagoas","-"]
["2015-10-01","ASFALTOS DILUÍDOS CM-30","Amapá","-"]
["2015-10-01","ASFALTOS DILUÍDOS CM-30","Amazonas",2.0822279651190119]
["2015-10-01","ASFALTOS DILUÍDOS CM-30","Bahia",2.2050839063869145]
["2015-10-01","ASFALTOS DILUÍDOS CM-30","Ceará",2.1476263351797829]
["2015-10-01","ASFALTOS DILUÍDOS CM-30","Distrito Federal","-"]
["2015-10-01","ASFALTOS DILUÍDOS CM-30","Espírito Santo","-"]
["2015-10-01","ASFALTOS DILUÍDOS CM-30","Goiás",2.3525589866195058]
["2015-10-01","ASFALTOS DILUÍDOS CM-30","Maranhão","-"]
["2015-10-01","ASFALTOS DILUÍDOS CM-30","Mato Grosso",2.5328747515467649]
["2015-10-01","ASFALTOS DILUÍDOS CM-30","Mato Grosso do Sul","-"]
["2015-10-01","ASFALTOS DILUÍDOS CM-30","Minas Gerais",1.9920239420005064]
["2015-10-01","ASFALTOS DILUÍDOS CM-30","Pará","-"]
["2015-10-01","ASFALTOS DILUÍDOS CM-30","Paraíba","-"]
["2015-10-01","ASFALTOS DILUÍDOS CM-30","Paraná",2.1713156086738969]
["2015-10-01","ASFALTOS DILUÍDOS CM-30","Pernambuco","-"]
["2015-10-01","ASFALTOS DILUÍDOS CM-30","Piauí","-"]
["2015-10-01","ASFALTOS DILUÍDOS CM-30","Rio de Janeiro",1.9995862311835897]
["2015-10-01","ASFALTOS DILUÍDOS CM-30","Rio Grande do Norte","-"]
["2015-10-01","ASFALTOS DILUÍDOS CM-30","Rio Grande do Sul",2.0477011168422026]
["2015-10-01","ASFALTOS DILUÍDOS CM-30","Rondônia","-"]
["2015-10-01","ASFALTOS DILUÍDOS CM-30","Roraima","-"]
["2015-10-01","ASFALTOS DILUÍDOS CM-30","Santa Catarina","-"]
["2015-10-01","ASFALTOS DILUÍDOS CM-30","São Paulo",2.1378872305508949]
["2015-10-01","ASFALTOS DILUÍDOS CM-30","Sergipe","-"]
["2015-10-01","ASFALTOS DILUÍDOS CM-30","Tocantins","-"]
["2015-11-01","ASFALTOS DILUÍDOS CM-30","Acre","-"]
["2015-11-01","ASFALTOS DILUÍDOS CM-30","Alagoas","-"]
["2015-11-01","ASFALTOS DILUÍDOS CM-30","Amapá","-"]
["2015-11-01","ASFALTOS DILUÍDOS CM-30","Amazonas","-"]
["2015-11-01","ASFALTOS DILUÍDOS CM-30","Bahia",2.4911649286714614]
["2015-11-01","ASFALTOS DILUÍDOS CM-30","Ceará",2.4076158807045194]
["2015-11-01","ASFALTOS DILUÍDOS CM-30","Distrito Federal","-"]
["2015-11-01","ASFALTOS DILUÍDOS CM-30","Espírito Santo","-"]
["2015-11-01","ASFALTOS DILUÍDOS CM-30","Goiás",2.6519842901030324]
["2015-11-01","ASFALTOS DILUÍDOS CM-30","Maranhão","-"]
["2015-11-01","ASFALTOS DILUÍDOS CM-30","Mato Grosso",2.7763479134869371]
["2015-11-01","ASFALTOS DILUÍDOS CM-30","Mato Grosso do Sul","-"]
["2015-11-01","ASFALTOS DILUÍDOS CM-30","Minas Gerais",2.2476605808400301]
["2015-11-01","ASFALTOS DILUÍDOS CM-30","Pará","-"]
["2015-11-01","ASFALTOS DILUÍDOS CM-30","Paraíba","-"]
["2015-11-01","ASFALTOS DILUÍDOS CM-30","Paraná",2.3898134886474796]
["2015-11-01","ASFALTOS DILUÍDOS CM-30","Pernambuco","-"]
["2015-11-01","ASFALTOS DILUÍDOS CM-30","Piauí","-"]
["2015-11-01","ASFALTOS DILUÍDOS CM-30","Rio de Janeiro",2.2904409806707129]
["2015-11-01","ASFALTOS DILUÍDOS CM-30","Rio Grande do Norte","-"]
["2015-11-01","ASFALTOS DILUÍDOS CM-30","Rio Grande do Sul",2.2418652592516231]
["2015-11-01","ASFALTOS DILUÍDOS CM-30","Rondônia","-"]
["2015-11-01","ASFALTOS DILUÍDOS CM-30","Roraima","-"]
["2015-11-01","ASFALTOS DILUÍDOS CM-30","Santa Catarina","-"]
["2015-11-01","ASFALTOS DILUÍDOS CM-30","São Paulo",2.3526086354638163]
["2015-11-01","ASFALTOS DILUÍDOS CM-30","Sergipe","-"]
["2015-11-01","ASFALTOS DILUÍDOS CM-30","Tocantins","-"]
["2015-12-01","ASFALTOS DILUÍDOS CM-30","Acre","-"]
["2015-12-01","ASFALTOS DILUÍDOS CM-30","Alagoas","-"]
["2015-12-01","ASFALTOS DILUÍDOS CM-30","Amapá","-"]
["2015-12-01","ASFALTOS DILUÍDOS CM-30","Amazonas",2.656570216126068]
["2015-12-01","ASFALTOS DILUÍDOS CM-30","Bahia",2.4679276024920083]
["2015-12-01","ASFALTOS DILUÍDOS CM-30","Ceará",2.3617221705871208]
["2015-12-01","ASFALTOS DILUÍDOS CM-30","Distrito Federal","-"]
["2015-12-01","ASFALTOS DILUÍDOS CM-30","Espírito Santo","-"]
["2015-12-01","ASFALTOS DILUÍDOS CM-30","Goiás","-"]
["2015-12-01","ASFALTOS DILUÍDOS CM-30","Maranhão","-"]
["2015-12-01","ASFALTOS DILUÍDOS CM-30","Mato Grosso",2.7808890417718604]
["2015-12-01","ASFALTOS DILUÍDOS CM-30","Mato Grosso do Sul","-"]
["2015-12-01","ASFALTOS DILUÍDOS CM-30","Minas Gerais",2.2162136349846078]
["2015-12-01","ASFALTOS DILUÍDOS CM-30","Pará","-"]
["2015-12-01","ASFALTOS DILUÍDOS CM-30","Paraíba","-"]
["2015-12-01","ASFALTOS DILUÍDOS CM-30","Paraná",2.5178176258303084]
["2015-12-01","ASFALTOS DILUÍDOS CM-30","Pernambuco","-"]
["2015-12-01","ASFALTOS DILUÍDOS CM-30","Piauí","-"]
["2015-12-01","ASFALTOS DILUÍDOS CM-30","Rio de Janeiro",2.2919812498533041]
["2015-12-01","ASFALTOS DILUÍDOS CM-30","Rio Grande do Norte","-"]
["2015-12-01","ASFALTOS DILUÍDOS CM-30","Rio Grande do Sul",2.2498893477167123]
["2015-12-01","ASFALTOS DILUÍDOS CM-30","Rondônia","-"]
["2015-12-01","ASFALTOS DILUÍDOS CM-30","Roraima","-"]
["2015-12-01","ASFALTOS DILUÍDOS CM-30","Santa Catarina","-"]
["2015-12-01","ASFALTOS DILUÍDOS CM-30","São Paulo",2.4276249474799352]
["2015-12-01","ASFALTOS DILUÍDOS CM-30","Sergipe","-"]
["2015-12-01","ASFALTOS DILUÍDOS CM-30","Tocantins","-"]
["2016-01-01","ASFALTOS DILUÍDOS CM-30","Acre","-"]
["2016-01-01","ASFALTOS DILUÍDOS CM-30","Alagoas","-"]
["2016-01-01","ASFALTOS DILUÍDOS CM-30","Amapá","-"]
["2016-01-01","ASFALTOS DILUÍDOS CM-30","Amazonas",2.6918765083698539]
["2016-01-01","ASFALTOS DILUÍDOS CM-30","Bahia",2.4471459891549925]
["2016-01-01","ASFALTOS DILUÍDOS CM-30","Ceará",2.3121224180770299]
["2016-01-01","ASFALTOS DILUÍDOS CM-30","Distrito Federal","-"]
["2016-01-01","ASFALTOS DILUÍDOS CM-30","Espírito Santo","-"]
["2016-01-01","ASFALTOS DILUÍDOS CM-30","Goiás","-"]
["2016-01-01","ASFALTOS DILUÍDOS CM-30","Maranhão","-"]
["2016-01-01","ASFALTOS DILUÍDOS CM-30","Mato Grosso",3.1073730637847641]
["2016-01-01","ASFALTOS DILUÍDOS CM-30","Mato Grosso do Sul","-"]
["2016-01-01","ASFALTOS DILUÍDOS CM-30","Minas Gerais",2.2423714141725015]
["2016-01-01","ASFALTOS DILUÍDOS CM-30","Pará","-"]
["2016-01-01","ASFALTOS DILUÍDOS CM-30","Paraíba","-"]
["2016-01-01","ASFALTOS DILUÍDOS CM-30","Paraná",2.2194313166148851]
["2016-01-01","ASFALTOS DILUÍDOS CM-30","Pernambuco","-"]
["2016-01-01","ASFALTOS DILUÍDOS CM-30","Piauí","-"]
["2016-01-01","ASFALTOS DILUÍDOS CM-30","Rio de Janeiro",2.2977123128616763]
["2016-01-01","ASFALTOS DILUÍDOS CM-30","Rio Grande do Norte","-"]
["2016-01-01","ASFALTOS DILUÍDOS CM-30","Rio Grande do Sul",2.2461993368983952]
["2016-01-01","ASFALTOS DILUÍDOS CM-30","Rondônia","-"]
["2016-01-01","ASFALTOS DILUÍDOS CM-30","Roraima","-"]
["2016-01-01","ASFALTOS DILUÍDOS CM-30","Santa Catarina","-"]
["2016-01-01","ASFALTOS DILUÍDOS CM-30","São Paulo",2.2560637318955679]
["2016-01-01","ASFALTOS DILUÍDOS CM-30","Sergipe","-"]
["2016-01-01","ASFALTOS DILUÍDOS CM-30","Tocantins","-"]
["2016-02-01","ASFALTOS DILUÍDOS CM-30","Acre","-"]
["2016-02-01","ASFALTOS DILUÍDOS CM-30","Alagoas","-"]
["2016-02-01","ASFALTOS DILUÍDOS CM-30","Amapá","-"]
["2016-02-01","ASFALTOS DILUÍDOS CM-30","Amazonas",2.4455823166213881]
["2016-02-01","ASFALTOS DILUÍDOS CM-30","Bahia",2.5877462311345574]
["2016-02-01","ASFALTOS DILUÍDOS CM-30","Ceará",2.4143394514772587]
["2016-02-01","ASFALTOS DILUÍDOS CM-30","Distrito Federal","-"]
["2016-02-01","ASFALTOS DILUÍDOS CM-30","Espírito Santo","-"]
["2016-02-01","ASFALTOS DILUÍDOS CM-30","Goiás","-"]
["2016-02-01","ASFALTOS DILUÍDOS CM-30","Maranhão","-"]
["2016-02-01","ASFALTOS DILUÍDOS CM-30","Mato Grosso",2.9804877610805089]
["2016-02-01","ASFALTOS DILUÍDOS CM-30","Mato Grosso do Sul","-"]
["2016-02-01","ASFALTOS DILUÍDOS CM-30","Minas Gerais",2.2482721103311611]
["2016-02-01","ASFALTOS DILUÍDOS CM-30","Pará","-"]
["2016-02-01","ASFALTOS DILUÍDOS CM-30","Paraíba","-"]
["2016-02-01","ASFALTOS DILUÍDOS CM-30","Paraná",2.3818384064321081]
["2016-02-01","ASFALTOS DILUÍDOS CM-30","Pernambuco","-"]
["2016-02-01","ASFALTOS DILUÍDOS CM-30","Piauí","-"]
["2016-02-01","ASFALTOS DILUÍDOS CM-30","Rio de Janeiro","-"]
["2016-02-01","ASFALTOS DILUÍDOS CM-30","Rio Grande do Norte","-"]
["2016-02-01","ASFALTOS DILUÍDOS CM-30","Rio Grande do Sul",2.3211147518245867]
["2016-02-01","ASFALTOS DILUÍDOS CM-30","Rondônia","-"]
["2016-02-01","ASFALTOS DILUÍDOS CM-30","Roraima","-"]
["2016-02-01","ASFALTOS DILUÍDOS CM-30","Santa Catarina","-"]
["2016-02-01","ASFALTOS DILUÍDOS CM-30","São Paulo",2.4229083378074496]
["2016-02-01","ASFALTOS DILUÍDOS CM-30","Sergipe","-"]
["2016-02-01","ASFALTOS DILUÍDOS CM-30","Tocantins","-"]
["2016-03-01","ASFALTOS DILUÍDOS CM-30","Acre","-"]
["2016-03-01","ASFALTOS DILUÍDOS CM-30","Alagoas","-"]
["2016-03-01","ASFALTOS DILUÍDOS CM-30","Amapá","-"]
["2016-03-01","ASFALTOS DILUÍDOS CM-30","Amazonas",2.3018474813314462]
["2016-03-01","ASFALTOS DILUÍDOS CM-30","Bahia",2.6029586722164404]
["2016-03-01","ASFALTOS DILUÍDOS CM-30","Ceará",2.4111578450534923]
["2016-03-01","ASFALTOS DILUÍDOS CM-30","Distrito Federal","-"]
["2016-03-01","ASFALTOS DILUÍDOS CM-30","Espírito Santo","-"]
["2016-03-01","ASFALTOS DILUÍDOS CM-30","Goiás",2.7119422907572592]
["2016-03-01","ASFALTOS DILUÍDOS CM-30","Maranhão","-"]
["2016-03-01","ASFALTOS DILUÍDOS CM-30","Mato Grosso",2.9865881517279105]
["2016-03-01","ASFALTOS DILUÍDOS CM-30","Mato Grosso do Sul","-"]
["2016-03-01","ASFALTOS DILUÍDOS CM-30","Minas Gerais",2.2101264518541166]
["2016-03-01","ASFALTOS DILUÍDOS CM-30","Pará","-"]
["2016-03-01","ASFALTOS DILUÍDOS CM-30","Paraíba","-"]
["2016-03-01","ASFALTOS DILUÍDOS CM-30","Paraná",2.5717608308910718]
["2016-03-01","ASFALTOS DILUÍDOS CM-30","Pernambuco","-"]
["2016-03-01","ASFALTOS DILUÍDOS CM-30","Piauí","-"]
["2016-03-01","ASFALTOS DILUÍDOS CM-30","Rio de Janeiro",2.1024523015217649]
["2016-03-01","ASFALTOS DILUÍDOS CM-30","Rio Grande do Norte","-"]
["2016-03-01","ASFALTOS DILUÍDOS CM-30","Rio Grande do Sul",2.2380876528155205]
["2016-03-01","ASFALTOS DILUÍDOS CM-30","Rondônia","-"]
["2016-03-01","ASFALTOS DILUÍDOS CM-30","Roraima","-"]
["2016-03-01","ASFALTOS DILUÍDOS CM-30","Santa Catarina","-"]
["2016-03-01","ASFALTOS DILUÍDOS CM-30","São Paulo",2.3578378881486142]
["2016-03-01","ASFALTOS DILUÍDOS CM-30","Sergipe","-"]
["2016-03-01","ASFALTOS DILUÍDOS CM-30","Tocantins","-"]
["2016-04-01","ASFALTOS DILUÍDOS CM-30","Acre","-"]
["2016-04-01","ASFALTOS DILUÍDOS CM-30","Alagoas","-"]
["2016-04-01","ASFALTOS DILUÍDOS CM-30","Amapá","-"]
["2016-04-01","ASFALTOS DILUÍDOS CM-30","Amazonas","-"]
["2016-04-01","ASFALTOS DILUÍDOS CM-30","Bahia",2.7312179952104003]
["2016-04-01","ASFALTOS DILUÍDOS CM-30","Ceará",2.7467442426145636]
["2016-04-01","ASFALTOS DILUÍDOS CM-30","Distrito Federal","-"]
["2016-04-01","ASFALTOS DILUÍDOS CM-30","Espírito Santo","-"]
["2016-04-01","ASFALTOS DILUÍDOS CM-30","Goiás",2.6770226925296279]
["2016-04-01","ASFALTOS DILUÍDOS CM-30","Maranhão","-"]
["2016-04-01","ASFALTOS DILUÍDOS CM-30","Mato Grosso",3.0260257767863572]
["2016-04-01","ASFALTOS DILUÍDOS CM-30","Mato Grosso do Sul","-"]
["2016-04-01","ASFALTOS DILUÍDOS CM-30","Minas Gerais",2.5061684692681112]
["2016-04-01","ASFALTOS DILUÍDOS CM-30","Pará","-"]
["2016-04-01","ASFALTOS DILUÍDOS CM-30","Paraíba","-"]
["2016-04-01","ASFALTOS DILUÍDOS CM-30","Paraná",2.8512277071323795]
["2016-04-01","ASFALTOS DILUÍDOS CM-30","Pernambuco","-"]
["2016-04-01","ASFALTOS DILUÍDOS CM-30","Piauí","-"]
["2016-04-01","ASFALTOS DILUÍDOS CM-30","Rio de Janeiro",2.6128697042039191]
["2016-04-01","ASFALTOS DILUÍDOS CM-30","Rio Grande do Norte","-"]
["2016-04-01","ASFALTOS DILUÍDOS CM-30","Rio Grande do Sul",2.5896347572273033]
["2016-04-01","ASFALTOS DILUÍDOS CM-30","Rondônia","-"]
["2016-04-01","ASFALTOS DILUÍDOS CM-30","Roraima","-"]
["2016-04-01","ASFALTOS DILUÍDOS CM-30","Santa Catarina","-"]
["2016-04-01","ASFALTOS DILUÍDOS CM-30","São Paulo",2.5814042171999265]
["2016-04-01","ASFALTOS DILUÍDOS CM-30","Sergipe","-"]
["2016-04-01","ASFALTOS DILUÍDOS CM-30","Tocantins","-"]
["2016-05-01","ASFALTOS DILUÍDOS CM-30","Acre","-"]
["2016-05-01","ASFALTOS DILUÍDOS CM-30","Alagoas","-"]
["2016-05-01","ASFALTOS DILUÍDOS CM-30","Amapá","-"]
["2016-05-01","ASFALTOS DILUÍDOS CM-30","Amazonas","-"]
["2016-05-01","ASFALTOS DILUÍDOS CM-30","Bahia",2.7469681153744698]
["2016-05-01","ASFALTOS DILUÍDOS CM-30","Ceará",2.6236072150419449]
["2016-05-01","ASFALTOS DILUÍDOS CM-30","Distrito Federal","-"]
["2016-05-01","ASFALTOS DILUÍDOS CM-30","Espírito Santo","-"]
["2016-05-01","ASFALTOS DILUÍDOS CM-30","Goiás",2.6880514741728891]
["2016-05-01","ASFALTOS DILUÍDOS CM-30","Maranhão","-"]
["2016-05-01","ASFALTOS DILUÍDOS CM-30","Mato Grosso",3.1569652897949845]
["2016-05-01","ASFALTOS DILUÍDOS CM-30","Mato Grosso do Sul","-"]
["2016-05-01","ASFALTOS DILUÍDOS CM-30","Minas Gerais",2.583800422481481]
["2016-05-01","ASFALTOS DILUÍDOS CM-30","Pará","-"]
["2016-05-01","ASFALTOS DILUÍDOS CM-30","Paraíba","-"]
["2016-05-01","ASFALTOS DILUÍDOS CM-30","Paraná",2.939177789203085]
["2016-05-01","ASFALTOS DILUÍDOS CM-30","Pernambuco","-"]
["2016-05-01","ASFALTOS DILUÍDOS CM-30","Piauí","-"]
["2016-05-01","ASFALTOS DILUÍDOS CM-30","Rio de Janeiro",2.566846185590939]
["2016-05-01","ASFALTOS DILUÍDOS CM-30","Rio Grande do Norte","-"]
["2016-05-01","ASFALTOS DILUÍDOS CM-30","Rio Grande do Sul",2.6476469066541997]
["2016-05-01","ASFALTOS DILUÍDOS CM-30","Rondônia","-"]
["2016-05-01","ASFALTOS DILUÍDOS CM-30","Roraima","-"]
["2016-05-01","ASFALTOS DILUÍDOS CM-30","Santa Catarina","-"]
["2016-05-01","ASFALTOS DILUÍDOS CM-30","São Paulo",2.5628439622449348]
["2016-05-01","ASFALTOS DILUÍDOS CM-30","Sergipe","-"]
["2016-05-01","ASFALTOS DILUÍDOS CM-30","Tocantins","-"]
["2016-06-01","ASFALTOS DILUÍDOS CM-30","Acre","-"]
["2016-06-01","ASFALTOS DILUÍDOS CM-30","Alagoas","-"]
["2016-06-01","ASFALTOS DILUÍDOS CM-30","Amapá","-"]
["2016-06-01","ASFALTOS DILUÍDOS CM-30","Amazonas",2.4521280960493224]
["2016-06-01","ASFALTOS DILUÍDOS CM-30","Bahia",2.6917980657906662]
["2016-06-01","ASFALTOS DILUÍDOS CM-30","Ceará",2.5980629252470804]
["2016-06-01","ASFALTOS DILUÍDOS CM-30","Distrito Federal","-"]
["2016-06-01","ASFALTOS DILUÍDOS CM-30","Espírito Santo","-"]
["2016-06-01","ASFALTOS DILUÍDOS CM-30","Goiás",2.8016739239319675]
["2016-06-01","ASFALTOS DILUÍDOS CM-30","Maranhão","-"]
["2016-06-01","ASFALTOS DILUÍDOS CM-30","Mato Grosso",3.1930815665959793]
["2016-06-01","ASFALTOS DILUÍDOS CM-30","Mato Grosso do Sul","-"]
["2016-06-01","ASFALTOS DILUÍDOS CM-30","Minas Gerais",2.6912620512264622]
["2016-06-01","ASFALTOS DILUÍDOS CM-30","Pará","-"]
["2016-06-01","ASFALTOS DILUÍDOS CM-30","Paraíba","-"]
["2016-06-01","ASFALTOS DILUÍDOS CM-30","Paraná",2.7805116884537893]
["2016-06-01","ASFALTOS DILUÍDOS CM-30","Pernambuco","-"]
["2016-06-01","ASFALTOS DILUÍDOS CM-30","Piauí","-"]
["2016-06-01","ASFALTOS DILUÍDOS CM-30","Rio de Janeiro",2.6951715237977347]
["2016-06-01","ASFALTOS DILUÍDOS CM-30","Rio Grande do Norte","-"]
["2016-06-01","ASFALTOS DILUÍDOS CM-30","Rio Grande do Sul",2.5920306772157864]
["2016-06-01","ASFALTOS DILUÍDOS CM-30","Rondônia","-"]
["2016-06-01","ASFALTOS DILUÍDOS CM-30","Roraima","-"]
["2016-06-01","ASFALTOS DILUÍDOS CM-30","Santa Catarina","-"]
["2016-06-01","ASFALTOS DILUÍDOS CM-30","São Paulo",2.5595021402880116]
["2016-06-01","ASFALTOS DILUÍDOS CM-30","Sergipe","-"]
["2016-06-01","ASFALTOS DILUÍDOS CM-30","Tocantins","-"]
["2016-07-01","ASFALTOS DILUÍDOS CM-30","Acre","-"]
["2016-07-01","ASFALTOS DILUÍDOS CM-30","Alagoas","-"]
["2016-07-01","ASFALTOS DILUÍDOS CM-30","Amapá","-"]
["2016-07-01","ASFALTOS DILUÍDOS CM-30","Amazonas","-"]
["2016-07-01","ASFALTOS DILUÍDOS CM-30","Bahia",2.7113870130164122]
["2016-07-01","ASFALTOS DILUÍDOS CM-30","Ceará",2.5356660574301033]
["2016-07-01","ASFALTOS DILUÍDOS CM-30","Distrito Federal","-"]
["2016-07-01","ASFALTOS DILUÍDOS CM-30","Espírito Santo","-"]
["2016-07-01","ASFALTOS DILUÍDOS CM-30","Goiás",2.8865516122086179]
["2016-07-01","ASFALTOS DILUÍDOS CM-30","Maranhão","-"]
["2016-07-01","ASFALTOS DILUÍDOS CM-30","Mato Grosso",3.2169503278506348]
["2016-07-01","ASFALTOS DILUÍDOS CM-30","Mato Grosso do Sul","-"]
["2016-07-01","ASFALTOS DILUÍDOS CM-30","Minas Gerais",2.588305254846484]
["2016-07-01","ASFALTOS DILUÍDOS CM-30","Pará","-"]
["2016-07-01","ASFALTOS DILUÍDOS CM-30","Paraíba","-"]
["2016-07-01","ASFALTOS DILUÍDOS CM-30","Paraná",2.7495566091936428]
["2016-07-01","ASFALTOS DILUÍDOS CM-30","Pernambuco","-"]
["2016-07-01","ASFALTOS DILUÍDOS CM-30","Piauí","-"]
["2016-07-01","ASFALTOS DILUÍDOS CM-30","Rio de Janeiro",2.618681083486802]
["2016-07-01","ASFALTOS DILUÍDOS CM-30","Rio Grande do Norte","-"]
["2016-07-01","ASFALTOS DILUÍDOS CM-30","Rio Grande do Sul",2.581287630580603]
["2016-07-01","ASFALTOS DILUÍDOS CM-30","Rondônia","-"]
["2016-07-01","ASFALTOS DILUÍDOS CM-30","Roraima","-"]
["2016-07-01","ASFALTOS DILUÍDOS CM-30","Santa Catarina","-"]
["2016-07-01","ASFALTOS DILUÍDOS CM-30","São Paulo",2.6258306371135975]
["2016-07-01","ASFALTOS DILUÍDOS CM-30","Sergipe","-"]
["2016-07-01","ASFALTOS DILUÍDOS CM-30","Tocantins","-"]
["2016-08-01","ASFALTOS DILUÍDOS CM-30","Acre","-"]
["2016-08-01","ASFALTOS DILUÍDOS CM-30","Alagoas","-"]
["2016-08-01","ASFALTOS DILUÍDOS CM-30","Amapá","-"]
["2016-08-01","ASFALTOS DILUÍDOS CM-30","Amazonas",2.6299263123263175]
["2016-08-01","ASFALTOS DILUÍDOS CM-30","Bahia",2.6986666709865879]
["2016-08-01","ASFALTOS DILUÍDOS CM-30","Ceará",2.5996674167770033]
["2016-08-01","ASFALTOS DILUÍDOS CM-30","Distrito Federal","-"]
["2016-08-01","ASFALTOS DILUÍDOS CM-30","Espírito Santo","-"]
["2016-08-01","ASFALTOS DILUÍDOS CM-30","Goiás",2.8670692918288951]
["2016-08-01","ASFALTOS DILUÍDOS CM-30","Maranhão","-"]
["2016-08-01","ASFALTOS DILUÍDOS CM-30","Mato Grosso",3.126852323553289]
["2016-08-01","ASFALTOS DILUÍDOS CM-30","Mato Grosso do Sul","-"]
["2016-08-01","ASFALTOS DILUÍDOS CM-30","Minas Gerais",2.714753149937978]
["2016-08-01","ASFALTOS DILUÍDOS CM-30","Pará","-"]
["2016-08-01","ASFALTOS DILUÍDOS CM-30","Paraíba","-"]
["2016-08-01","ASFALTOS DILUÍDOS CM-30","Paraná",2.8536093855539137]
["2016-08-01","ASFALTOS DILUÍDOS CM-30","Pernambuco","-"]
["2016-08-01","ASFALTOS DILUÍDOS CM-30","Piauí","-"]
["2016-08-01","ASFALTOS DILUÍDOS CM-30","Rio de Janeiro",2.5675301561048132]
["2016-08-01","ASFALTOS DILUÍDOS CM-30","Rio Grande do Norte","-"]
["2016-08-01","ASFALTOS DILUÍDOS CM-30","Rio Grande do Sul",2.6449414865112861]
["2016-08-01","ASFALTOS DILUÍDOS CM-30","Rondônia","-"]
["2016-08-01","ASFALTOS DILUÍDOS CM-30","Roraima","-"]
["2016-08-01","ASFALTOS DILUÍDOS CM-30","Santa Catarina","-"]
["2016-08-01","ASFALTOS DILUÍDOS CM-30","São Paulo",2.6465830655558436]
["2016-08-01","ASFALTOS DILUÍDOS CM-30","Sergipe","-"]
["2016-08-01","ASFALTOS DILUÍDOS CM-30","Tocantins","-"]
["2016-09-01","ASFALTOS DILUÍDOS CM-30","Acre","-"]
["2016-09-01","ASFALTOS DILUÍDOS CM-30","Alagoas","-"]
["2016-09-01","ASFALTOS DILUÍDOS CM-30","Amapá","-"]
["2016-09-01","ASFALTOS DILUÍDOS CM-30","Amazonas","-"]
["2016-09-01","ASFALTOS DILUÍDOS CM-30","Bahia",2.6372801915404365]
["2016-09-01","ASFALTOS DILUÍDOS CM-30","Ceará",2.4488915101973379]
["2016-09-01","ASFALTOS DILUÍDOS CM-30","Distrito Federal","-"]
["2016-09-01","ASFALTOS DILUÍDOS CM-30","Espírito Santo","-"]
["2016-09-01","ASFALTOS DILUÍDOS CM-30","Goiás",2.7830674796008013]
["2016-09-01","ASFALTOS DILUÍDOS CM-30","Maranhão","-"]
["2016-09-01","ASFALTOS DILUÍDOS CM-30","Mato Grosso",2.8643657377691047]
["2016-09-01","ASFALTOS DILUÍDOS CM-30","Mato Grosso do Sul","-"]
["2016-09-01","ASFALTOS DILUÍDOS CM-30","Minas Gerais",2.4918739840447541]
["2016-09-01","ASFALTOS DILUÍDOS CM-30","Pará","-"]
["2016-09-01","ASFALTOS DILUÍDOS CM-30","Paraíba","-"]
["2016-09-01","ASFALTOS DILUÍDOS CM-30","Paraná",2.4421200073310203]
["2016-09-01","ASFALTOS DILUÍDOS CM-30","Pernambuco","-"]
["2016-09-01","ASFALTOS DILUÍDOS CM-30","Piauí","-"]
["2016-09-01","ASFALTOS DILUÍDOS CM-30","Rio de Janeiro",2.4485622617516789]
["2016-09-01","ASFALTOS DILUÍDOS CM-30","Rio Grande do Norte","-"]
["2016-09-01","ASFALTOS DILUÍDOS CM-30","Rio Grande do Sul",2.3330569365213263]
["2016-09-01","ASFALTOS DILUÍDOS CM-30","Rondônia","-"]
["2016-09-01","ASFALTOS DILUÍDOS CM-30","Roraima","-"]
["2016-09-01","ASFALTOS DILUÍDOS CM-30","Santa Catarina","-"]
["2016-09-01","ASFALTOS DILUÍDOS CM-30","São Paulo",2.6107531549532244]
["2016-09-01","ASFALTOS DILUÍDOS CM-30","Sergipe","-"]
["2016-09-01","ASFALTOS DILUÍDOS CM-30","Tocantins","-"]
["2016-10-01","ASFALTOS DILUÍDOS CM-30","Acre","-"]
["2016-10-01","ASFALTOS DILUÍDOS CM-30","Alagoas","-"]
["2016-10-01","ASFALTOS DILUÍDOS CM-30","Amapá","-"]
["2016-10-01","ASFALTOS DILUÍDOS CM-30","Amazonas","-"]
["2016-10-01","ASFALTOS DILUÍDOS CM-30","Bahia",2.5017436213909163]
["2016-10-01","ASFALTOS DILUÍDOS CM-30","Ceará",2.3940726515109807]
["2016-10-01","ASFALTOS DILUÍDOS CM-30","Distrito Federal","-"]
["2016-10-01","ASFALTOS DILUÍDOS CM-30","Espírito Santo","-"]
["2016-10-01","ASFALTOS DILUÍDOS CM-30","Goiás",2.7675757181765634]
["2016-10-01","ASFALTOS DILUÍDOS CM-30","Maranhão","-"]
["2016-10-01","ASFALTOS DILUÍDOS CM-30","Mato Grosso",2.8803239746962288]
["2016-10-01","ASFALTOS DILUÍDOS CM-30","Mato Grosso do Sul","-"]
["2016-10-01","ASFALTOS DILUÍDOS CM-30","Minas Gerais",2.5162790547111911]
["2016-10-01","ASFALTOS DILUÍDOS CM-30","Pará",2.6664320277681481]
["2016-10-01","ASFALTOS DILUÍDOS CM-30","Paraíba","-"]
["2016-10-01","ASFALTOS DILUÍDOS CM-30","Paraná",2.4296834277271606]
["2016-10-01","ASFALTOS DILUÍDOS CM-30","Pernambuco","-"]
["2016-10-01","ASFALTOS DILUÍDOS CM-30","Piauí","-"]
["2016-10-01","ASFALTOS DILUÍDOS CM-30","Rio de Janeiro",2.3020178102766797]
["2016-10-01","ASFALTOS DILUÍDOS CM-30","Rio Grande do Norte","-"]
["2016-10-01","ASFALTOS DILUÍDOS CM-30","Rio Grande do Sul",2.3639318840468322]
["2016-10-01","ASFALTOS DILUÍDOS CM-30","Rondônia","-"]
["2016-10-01","ASFALTOS DILUÍDOS CM-30","Roraima","-"]
["2016-10-01","ASFALTOS DILUÍDOS CM-30","Santa Catarina","-"]
["2016-10-01","ASFALTOS DILUÍDOS CM-30","São Paulo",2.5441346985392479]
["2016-10-01","ASFALTOS DILUÍDOS CM-30","Sergipe","-"]
["2016-10-01","ASFALTOS DILUÍDOS CM-30","Tocantins","-"]
["2016-11-01","ASFALTOS DILUÍDOS CM-30","Acre","-"]
["2016-11-01","ASFALTOS DILUÍDOS CM-30","Alagoas","-"]
["2016-11-01","ASFALTOS DILUÍDOS CM-30","Amapá","-"]
["2016-11-01","ASFALTOS DILUÍDOS CM-30","Amazonas",2.2843667899593663]
["2016-11-01","ASFALTOS DILUÍDOS CM-30","Bahia","-"]
["2016-11-01","ASFALTOS DILUÍDOS CM-30","Ceará",2.3328574466821759]
["2016-11-01","ASFALTOS DILUÍDOS CM-30","Distrito Federal","-"]
["2016-11-01","ASFALTOS DILUÍDOS CM-30","Espírito Santo","-"]
["2016-11-01","ASFALTOS DILUÍDOS CM-30","Goiás",3.2333979234489894]
["2016-11-01","ASFALTOS DILUÍDOS CM-30","Maranhão","-"]
["2016-11-01","ASFALTOS DILUÍDOS CM-30","Mato Grosso",2.7493124575239305]
["2016-11-01","ASFALTOS DILUÍDOS CM-30","Mato Grosso do Sul","-"]
["2016-11-01","ASFALTOS DILUÍDOS CM-30","Minas Gerais",2.4173114909834532]
["2016-11-01","ASFALTOS DILUÍDOS CM-30","Pará","-"]
["2016-11-01","ASFALTOS DILUÍDOS CM-30","Paraíba","-"]
["2016-11-01","ASFALTOS DILUÍDOS CM-30","Paraná",2.4686306348138056]
["2016-11-01","ASFALTOS DILUÍDOS CM-30","Pernambuco","-"]
["2016-11-01","ASFALTOS DILUÍDOS CM-30","Piauí","-"]
["2016-11-01","ASFALTOS DILUÍDOS CM-30","Rio de Janeiro","-"]
["2016-11-01","ASFALTOS DILUÍDOS CM-30","Rio Grande do Norte","-"]
["2016-11-01","ASFALTOS DILUÍDOS CM-30","Rio Grande do Sul",2.3084806817918744]
["2016-11-01","ASFALTOS DILUÍDOS CM-30","Rondônia","-"]
["2016-11-01","ASFALTOS DILUÍDOS CM-30","Roraima","-"]
["2016-11-01","ASFALTOS DILUÍDOS CM-30","Santa Catarina","-"]
["2016-11-01","ASFALTOS DILUÍDOS CM-30","São Paulo",2.6043368181526549]
["2016-11-01","ASFALTOS DILUÍDOS CM-30","Sergipe","-"]
["2016-11-01","ASFALTOS DILUÍDOS CM-30","Tocantins","-"]
["2016-12-01","ASFALTOS DILUÍDOS CM-30","Acre","-"]
["2016-12-01","ASFALTOS DILUÍDOS CM-30","Alagoas","-"]
["2016-12-01","ASFALTOS DILUÍDOS CM-30","Amapá","-"]
["2016-12-01","ASFALTOS DILUÍDOS CM-30","Amazonas",2.2830533156309567]
["2016-12-01","ASFALTOS DILUÍDOS CM-30","Bahia",3.0030689295725295]
["2016-12-01","ASFALTOS DILUÍDOS CM-30","Ceará",2.2189181963258533]
["2016-12-01","ASFALTOS DILUÍDOS CM-30","Distrito Federal","-"]
["2016-12-01","ASFALTOS DILUÍDOS CM-30","Espírito Santo","-"]
["2016-12-01","ASFALTOS DILUÍDOS CM-30","Goiás","-"]
["2016-12-01","ASFALTOS DILUÍDOS CM-30","Maranhão","-"]
["2016-12-01","ASFALTOS DILUÍDOS CM-30","Mato Grosso",2.8655321072542455]
["2016-12-01","ASFALTOS DILUÍDOS CM-30","Mato Grosso do Sul","-"]
["2016-12-01","ASFALTOS DILUÍDOS CM-30","Minas Gerais",2.6274174642643748]
["2016-12-01","ASFALTOS DILUÍDOS CM-30","Pará","-"]
["2016-12-01","ASFALTOS DILUÍDOS CM-30","Paraíba","-"]
["2016-12-01","ASFALTOS DILUÍDOS CM-30","Paraná",2.5107862213117542]
["2016-12-01","ASFALTOS DILUÍDOS CM-30","Pernambuco","-"]
["2016-12-01","ASFALTOS DILUÍDOS CM-30","Piauí","-"]
["2016-12-01","ASFALTOS DILUÍDOS CM-30","Rio de Janeiro","-"]
["2016-12-01","ASFALTOS DILUÍDOS CM-30","Rio Grande do Norte","-"]
["2016-12-01","ASFALTOS DILUÍDOS CM-30","Rio Grande do Sul",2.2810473330070038]
["2016-12-01","ASFALTOS DILUÍDOS CM-30","Rondônia","-"]
["2016-12-01","ASFALTOS DILUÍDOS CM-30","Roraima","-"]
["2016-12-01","ASFALTOS DILUÍDOS CM-30","Santa Catarina","-"]
["2016-12-01","ASFALTOS DILUÍDOS CM-30","São Paulo",2.5582033119841081]
["2016-12-01","ASFALTOS DILUÍDOS CM-30","Sergipe","-"]
["2016-12-01","ASFALTOS DILUÍDOS CM-30","Tocantins","-"]
["2017-01-01","ASFALTOS DILUÍDOS CM-30","Acre","-"]
["2017-01-01","ASFALTOS DILUÍDOS CM-30","Alagoas","-"]
["2017-01-01","ASFALTOS DILUÍDOS CM-30","Amapá","-"]
["2017-01-01","ASFALTOS DILUÍDOS CM-30","Amazonas","-"]
["2017-01-01","ASFALTOS DILUÍDOS CM-30","Bahia","-"]
["2017-01-01","ASFALTOS DILUÍDOS CM-30","Ceará",2.1898095821449988]
["2017-01-01","ASFALTOS DILUÍDOS CM-30","Distrito Federal","-"]
["2017-01-01","ASFALTOS DILUÍDOS CM-30","Espírito Santo","-"]
["2017-01-01","ASFALTOS DILUÍDOS CM-30","Goiás","-"]
["2017-01-01","ASFALTOS DILUÍDOS CM-30","Maranhão","-"]
["2017-01-01","ASFALTOS DILUÍDOS CM-30","Mato Grosso",2.8395329452054794]
["2017-01-01","ASFALTOS DILUÍDOS CM-30","Mato Grosso do Sul","-"]
["2017-01-01","ASFALTOS DILUÍDOS CM-30","Minas Gerais",2.5192293580760783]
["2017-01-01","ASFALTOS DILUÍDOS CM-30","Pará","-"]
["2017-01-01","ASFALTOS DILUÍDOS CM-30","Paraíba","-"]
["2017-01-01","ASFALTOS DILUÍDOS CM-30","Paraná",2.4342778643485037]
["2017-01-01","ASFALTOS DILUÍDOS CM-30","Pernambuco","-"]
["2017-01-01","ASFALTOS DILUÍDOS CM-30","Piauí","-"]
["2017-01-01","ASFALTOS DILUÍDOS CM-30","Rio de Janeiro","-"]
["2017-01-01","ASFALTOS DILUÍDOS CM-30","Rio Grande do Norte","-"]
["2017-01-01","ASFALTOS DILUÍDOS CM-30","Rio Grande do Sul",2.3438676041624324]
["2017-01-01","ASFALTOS DILUÍDOS CM-30","Rondônia","-"]
["2017-01-01","ASFALTOS DILUÍDOS CM-30","Roraima","-"]
["2017-01-01","ASFALTOS DILUÍDOS CM-30","Santa Catarina","-"]
["2017-01-01","ASFALTOS DILUÍDOS CM-30","São Paulo",2.6107681898879123]
["2017-01-01","ASFALTOS DILUÍDOS CM-30","Sergipe","-"]
["2017-01-01","ASFALTOS DILUÍDOS CM-30","Tocantins","-"]
["2017-02-01","ASFALTOS DILUÍDOS CM-30","Acre","-"]
["2017-02-01","ASFALTOS DILUÍDOS CM-30","Alagoas","-"]
["2017-02-01","ASFALTOS DILUÍDOS CM-30","Amapá","-"]
["2017-02-01","ASFALTOS DILUÍDOS CM-30","Amazonas","-"]
["2017-02-01","ASFALTOS DILUÍDOS CM-30","Bahia","-"]
["2017-02-01","ASFALTOS DILUÍDOS CM-30","Ceará",2.2339391847804735]
["2017-02-01","ASFALTOS DILUÍDOS CM-30","Distrito Federal","-"]
["2017-02-01","ASFALTOS DILUÍDOS CM-30","Espírito Santo","-"]
["2017-02-01","ASFALTOS DILUÍDOS CM-30","Goiás","-"]
["2017-02-01","ASFALTOS DILUÍDOS CM-30","Maranhão","-"]
["2017-02-01","ASFALTOS DILUÍDOS CM-30","Mato Grosso",2.7731096434953537]
["2017-02-01","ASFALTOS DILUÍDOS CM-30","Mato Grosso do Sul","-"]
["2017-02-01","ASFALTOS DILUÍDOS CM-30","Minas Gerais",2.5819261618305358]
["2017-02-01","ASFALTOS DILUÍDOS CM-30","Pará","-"]
["2017-02-01","ASFALTOS DILUÍDOS CM-30","Paraíba","-"]
["2017-02-01","ASFALTOS DILUÍDOS CM-30","Paraná",2.5419959466782269]
["2017-02-01","ASFALTOS DILUÍDOS CM-30","Pernambuco","-"]
["2017-02-01","ASFALTOS DILUÍDOS CM-30","Piauí","-"]
["2017-02-01","ASFALTOS DILUÍDOS CM-30","Rio de Janeiro","-"]
["2017-02-01","ASFALTOS DILUÍDOS CM-30","Rio Grande do Norte","-"]
["2017-02-01","ASFALTOS DILUÍDOS CM-30","Rio Grande do Sul",2.2606895837957826]
["2017-02-01","ASFALTOS DILUÍDOS CM-30","Rondônia","-"]
["2017-02-01","ASFALTOS DILUÍDOS CM-30","Roraima","-"]
["2017-02-01","ASFALTOS DILUÍDOS CM-30","Santa Catarina","-"]
["2017-02-01","ASFALTOS DILUÍDOS CM-30","São Paulo",2.5541887469266427]
["2017-02-01","ASFALTOS DILUÍDOS CM-30","Sergipe","-"]
["2017-02-01","ASFALTOS DILUÍDOS CM-30","Tocantins","-"]
["2017-03-01","ASFALTOS DILUÍDOS CM-30","Acre","-"]
["2017-03-01","ASFALTOS DILUÍDOS CM-30","Alagoas","-"]
["2017-03-01","ASFALTOS DILUÍDOS CM-30","Amapá","-"]
["2017-03-01","ASFALTOS DILUÍDOS CM-30","Amazonas","-"]
["2017-03-01","ASFALTOS DILUÍDOS CM-30","Bahia",2.8070822016629586]
["2017-03-01","ASFALTOS DILUÍDOS CM-30","Ceará",2.3073185749652794]
["2017-03-01","ASFALTOS DILUÍDOS CM-30","Distrito Federal","-"]
["2017-03-01","ASFALTOS DILUÍDOS CM-30","Espírito Santo","-"]
["2017-03-01","ASFALTOS DILUÍDOS CM-30","Goiás","-"]
["2017-03-01","ASFALTOS DILUÍDOS CM-30","Maranhão","-"]
["2017-03-01","ASFALTOS DILUÍDOS CM-30","Mato Grosso",2.7880354710071207]
["2017-03-01","ASFALTOS DILUÍDOS CM-30","Mato Grosso do Sul","-"]
["2017-03-01","ASFALTOS DILUÍDOS CM-30","Minas Gerais",2.3507018286946719]
["2017-03-01","ASFALTOS DILUÍDOS CM-30","Pará","-"]
["2017-03-01","ASFALTOS DILUÍDOS CM-30","Paraíba","-"]
["2017-03-01","ASFALTOS DILUÍDOS CM-30","Paraná",2.391212659137234]
["2017-03-01","ASFALTOS DILUÍDOS CM-30","Pernambuco","-"]
["2017-03-01","ASFALTOS DILUÍDOS CM-30","Piauí","-"]
["2017-03-01","ASFALTOS DILUÍDOS CM-30","Rio de Janeiro",2.2805468541780449]
["2017-03-01","ASFALTOS DILUÍDOS CM-30","Rio Grande do Norte","-"]
["2017-03-01","ASFALTOS DILUÍDOS CM-30","Rio Grande do Sul",2.2386522173953449]
["2017-03-01","ASFALTOS DILUÍDOS CM-30","Rondônia","-"]
["2017-03-01","ASFALTOS DILUÍDOS CM-30","Roraima","-"]
["2017-03-01","ASFALTOS DILUÍDOS CM-30","Santa Catarina","-"]
["2017-03-01","ASFALTOS DILUÍDOS CM-30","São Paulo",2.5084269679051565]
["2017-03-01","ASFALTOS DILUÍDOS CM-30","Sergipe","-"]
["2017-03-01","ASFALTOS DILUÍDOS CM-30","Tocantins","-"]
["2017-04-01","ASFALTOS DILUÍDOS CM-30","Acre","-"]
["2017-04-01","ASFALTOS DILUÍDOS CM-30","Alagoas","-"]
["2017-04-01","ASFALTOS DILUÍDOS CM-30","Amapá","-"]
["2017-04-01","ASFALTOS DILUÍDOS CM-30","Amazonas",2.4379095337222316]
["2017-04-01","ASFALTOS DILUÍDOS CM-30","Bahia","-"]
["2017-04-01","ASFALTOS DILUÍDOS CM-30","Ceará",2.2128107534674903]
["2017-04-01","ASFALTOS DILUÍDOS CM-30","Distrito Federal","-"]
["2017-04-01","ASFALTOS DILUÍDOS CM-30","Espírito Santo","-"]
["2017-04-01","ASFALTOS DILUÍDOS CM-30","Goiás",2.9329097686983978]
["2017-04-01","ASFALTOS DILUÍDOS CM-30","Maranhão","-"]
["2017-04-01","ASFALTOS DILUÍDOS CM-30","Mato Grosso",2.6034040154984148]
["2017-04-01","ASFALTOS DILUÍDOS CM-30","Mato Grosso do Sul","-"]
["2017-04-01","ASFALTOS DILUÍDOS CM-30","Minas Gerais",2.2279008686757944]
["2017-04-01","ASFALTOS DILUÍDOS CM-30","Pará","-"]
["2017-04-01","ASFALTOS DILUÍDOS CM-30","Paraíba","-"]
["2017-04-01","ASFALTOS DILUÍDOS CM-30","Paraná",2.2554913928021132]
["2017-04-01","ASFALTOS DILUÍDOS CM-30","Pernambuco","-"]
["2017-04-01","ASFALTOS DILUÍDOS CM-30","Piauí","-"]
["2017-04-01","ASFALTOS DILUÍDOS CM-30","Rio de Janeiro","-"]
["2017-04-01","ASFALTOS DILUÍDOS CM-30","Rio Grande do Norte","-"]
["2017-04-01","ASFALTOS DILUÍDOS CM-30","Rio Grande do Sul",2.257216228266326]
["2017-04-01","ASFALTOS DILUÍDOS CM-30","Rondônia","-"]
["2017-04-01","ASFALTOS DILUÍDOS CM-30","Roraima","-"]
["2017-04-01","ASFALTOS DILUÍDOS CM-30","Santa Catarina","-"]
["2017-04-01","ASFALTOS DILUÍDOS CM-30","São Paulo",2.5460269244089608]
["2017-04-01","ASFALTOS DILUÍDOS CM-30","Sergipe","-"]
["2017-04-01","ASFALTOS DILUÍDOS CM-30","Tocantins","-"]
["2017-05-01","ASFALTOS DILUÍDOS CM-30","Acre","-"]
["2017-05-01","ASFALTOS DILUÍDOS CM-30","Alagoas","-"]
["2017-05-01","ASFALTOS DILUÍDOS CM-30","Amapá","-"]
["2017-05-01","ASFALTOS DILUÍDOS CM-30","Amazonas",2.1072414588415693]
["2017-05-01","ASFALTOS DILUÍDOS CM-30","Bahia",2.8255076173726867]
["2017-05-01","ASFALTOS DILUÍDOS CM-30","Ceará",2.1232136956115517]
["2017-05-01","ASFALTOS DILUÍDOS CM-30","Distrito Federal","-"]
["2017-05-01","ASFALTOS DILUÍDOS CM-30","Espírito Santo","-"]
["2017-05-01","ASFALTOS DILUÍDOS CM-30","Goiás","-"]
["2017-05-01","ASFALTOS DILUÍDOS CM-30","Maranhão","-"]
["2017-05-01","ASFALTOS DILUÍDOS CM-30","Mato Grosso",2.6509194930537472]
["2017-05-01","ASFALTOS DILUÍDOS CM-30","Mato Grosso do Sul","-"]
["2017-05-01","ASFALTOS DILUÍDOS CM-30","Minas Gerais",2.2115516694248365]
["2017-05-01","ASFALTOS DILUÍDOS CM-30","Pará","-"]
["2017-05-01","ASFALTOS DILUÍDOS CM-30","Paraíba","-"]
["2017-05-01","ASFALTOS DILUÍDOS CM-30","Paraná",2.2482531859735966]
["2017-05-01","ASFALTOS DILUÍDOS CM-30","Pernambuco","-"]
["2017-05-01","ASFALTOS DILUÍDOS CM-30","Piauí","-"]
["2017-05-01","ASFALTOS DILUÍDOS CM-30","Rio de Janeiro",2.0497993063133277]
["2017-05-01","ASFALTOS DILUÍDOS CM-30","Rio Grande do Norte","-"]
["2017-05-01","ASFALTOS DILUÍDOS CM-30","Rio Grande do Sul",2.1673345511727939]
["2017-05-01","ASFALTOS DILUÍDOS CM-30","Rondônia","-"]
["2017-05-01","ASFALTOS DILUÍDOS CM-30","Roraima","-"]
["2017-05-01","ASFALTOS DILUÍDOS CM-30","Santa Catarina","-"]
["2017-05-01","ASFALTOS DILUÍDOS CM-30","São Paulo",2.4310485580011854]
["2017-05-01","ASFALTOS DILUÍDOS CM-30","Sergipe","-"]
["2017-05-01","ASFALTOS DILUÍDOS CM-30","Tocantins","-"]
["2017-06-01","ASFALTOS DILUÍDOS CM-30","Acre","-"]
["2017-06-01","ASFALTOS DILUÍDOS CM-30","Alagoas","-"]
["2017-06-01","ASFALTOS DILUÍDOS CM-30","Amapá","-"]
["2017-06-01","ASFALTOS DILUÍDOS CM-30","Amazonas",2.1914498809123826]
["2017-06-01","ASFALTOS DILUÍDOS CM-30","Bahia",2.6691566300274787]
["2017-06-01","ASFALTOS DILUÍDOS CM-30","Ceará",2.1496881129872563]
["2017-06-01","ASFALTOS DILUÍDOS CM-30","Distrito Federal","-"]
["2017-06-01","ASFALTOS DILUÍDOS CM-30","Espírito Santo","-"]
["2017-06-01","ASFALTOS DILUÍDOS CM-30","Goiás",2.8652699667413559]
["2017-06-01","ASFALTOS DILUÍDOS CM-30","Maranhão","-"]
["2017-06-01","ASFALTOS DILUÍDOS CM-30","Mato Grosso",2.6906001056943172]
["2017-06-01","ASFALTOS DILUÍDOS CM-30","Mato Grosso do Sul","-"]
["2017-06-01","ASFALTOS DILUÍDOS CM-30","Minas Gerais",2.1995635974369794]
["2017-06-01","ASFALTOS DILUÍDOS CM-30","Pará","-"]
["2017-06-01","ASFALTOS DILUÍDOS CM-30","Paraíba","-"]
["2017-06-01","ASFALTOS DILUÍDOS CM-30","Paraná",2.3662771826357658]
["2017-06-01","ASFALTOS DILUÍDOS CM-30","Pernambuco","-"]
["2017-06-01","ASFALTOS DILUÍDOS CM-30","Piauí","-"]
["2017-06-01","ASFALTOS DILUÍDOS CM-30","Rio de Janeiro",2.1221875413894478]
["2017-06-01","ASFALTOS DILUÍDOS CM-30","Rio Grande do Norte","-"]
["2017-06-01","ASFALTOS DILUÍDOS CM-30","Rio Grande do Sul",2.2665980885976702]
["2017-06-01","ASFALTOS DILUÍDOS CM-30","Rondônia","-"]
["2017-06-01","ASFALTOS DILUÍDOS CM-30","Roraima","-"]
["2017-06-01","ASFALTOS DILUÍDOS CM-30","Santa Catarina","-"]
["2017-06-01","ASFALTOS DILUÍDOS CM-30","São Paulo",2.3429759037194846]
["2017-06-01","ASFALTOS DILUÍDOS CM-30","Sergipe","-"]
["2017-06-01","ASFALTOS DILUÍDOS CM-30","Tocantins","-"]
["2017-07-01","ASFALTOS DILUÍDOS CM-30","Acre","-"]
["2017-07-01","ASFALTOS DILUÍDOS CM-30","Alagoas","-"]
["2017-07-01","ASFALTOS DILUÍDOS CM-30","Amapá","-"]
["2017-07-01","ASFALTOS DILUÍDOS CM-30","Amazonas",2.3430741722241324]
["2017-07-01","ASFALTOS DILUÍDOS CM-30","Bahia","-"]
["2017-07-01","ASFALTOS DILUÍDOS CM-30","Ceará",2.2049699275262094]
["2017-07-01","ASFALTOS DILUÍDOS CM-30","Distrito Federal","-"]
["2017-07-01","ASFALTOS DILUÍDOS CM-30","Espírito Santo","-"]
["2017-07-01","ASFALTOS DILUÍDOS CM-30","Goiás","-"]
["2017-07-01","ASFALTOS DILUÍDOS CM-30","Maranhão","-"]
["2017-07-01","ASFALTOS DILUÍDOS CM-30","Mato Grosso",2.6621260012070911]
["2017-07-01","ASFALTOS DILUÍDOS CM-30","Mato Grosso do Sul","-"]
["2017-07-01","ASFALTOS DILUÍDOS CM-30","Minas Gerais",2.4534135084238162]
["2017-07-01","ASFALTOS DILUÍDOS CM-30","Pará","-"]
["2017-07-01","ASFALTOS DILUÍDOS CM-30","Paraíba","-"]
["2017-07-01","ASFALTOS DILUÍDOS CM-30","Paraná",2.3514182303854048]
["2017-07-01","ASFALTOS DILUÍDOS CM-30","Pernambuco","-"]
["2017-07-01","ASFALTOS DILUÍDOS CM-30","Piauí","-"]
["2017-07-01","ASFALTOS DILUÍDOS CM-30","Rio de Janeiro","-"]
["2017-07-01","ASFALTOS DILUÍDOS CM-30","Rio Grande do Norte","-"]
["2017-07-01","ASFALTOS DILUÍDOS CM-30","Rio Grande do Sul",2.2122317787802839]
["2017-07-01","ASFALTOS DILUÍDOS CM-30","Rondônia","-"]
["2017-07-01","ASFALTOS DILUÍDOS CM-30","Roraima","-"]
["2017-07-01","ASFALTOS DILUÍDOS CM-30","Santa Catarina","-"]
["2017-07-01","ASFALTOS DILUÍDOS CM-30","São Paulo",2.334729585186484]
["2017-07-01","ASFALTOS DILUÍDOS CM-30","Sergipe","-"]
["2017-07-01","ASFALTOS DILUÍDOS CM-30","Tocantins","-"]
["2017-08-01","ASFALTOS DILUÍDOS CM-30","Acre","-"]
["2017-08-01","ASFALTOS DILUÍDOS CM-30","Alagoas","-"]
["2017-08-01","ASFALTOS DILUÍDOS CM-30","Amapá","-"]
["2017-08-01","ASFALTOS DILUÍDOS CM-30","Amazonas",2.2035632961867035]
["2017-08-01","ASFALTOS DILUÍDOS CM-30","Bahia","-"]
["2017-08-01","ASFALTOS DILUÍDOS CM-30","Ceará",2.1351537238509102]
["2017-08-01","ASFALTOS DILUÍDOS CM-30","Distrito Federal","-"]
["2017-08-01","ASFALTOS DILUÍDOS CM-30","Espírito Santo","-"]
["2017-08-01","ASFALTOS DILUÍDOS CM-30","Goiás",2.6408628105674561]
["2017-08-01","ASFALTOS DILUÍDOS CM-30","Maranhão","-"]
["2017-08-01","ASFALTOS DILUÍDOS CM-30","Mato Grosso",2.6210476772710893]
["2017-08-01","ASFALTOS DILUÍDOS CM-30","Mato Grosso do Sul","-"]
["2017-08-01","ASFALTOS DILUÍDOS CM-30","Minas Gerais",2.3778984391475357]
["2017-08-01","ASFALTOS DILUÍDOS CM-30","Pará",2.7005776462557516]
["2017-08-01","ASFALTOS DILUÍDOS CM-30","Paraíba","-"]
["2017-08-01","ASFALTOS DILUÍDOS CM-30","Paraná",2.1018217767356706]
["2017-08-01","ASFALTOS DILUÍDOS CM-30","Pernambuco","-"]
["2017-08-01","ASFALTOS DILUÍDOS CM-30","Piauí","-"]
["2017-08-01","ASFALTOS DILUÍDOS CM-30","Rio de Janeiro","-"]
["2017-08-01","ASFALTOS DILUÍDOS CM-30","Rio Grande do Norte","-"]
["2017-08-01","ASFALTOS DILUÍDOS CM-30","Rio Grande do Sul",2.2245410140593309]
["2017-08-01","ASFALTOS DILUÍDOS CM-30","Rondônia","-"]
["2017-08-01","ASFALTOS DILUÍDOS CM-30","Roraima","-"]
["2017-08-01","ASFALTOS DILUÍDOS CM-30","Santa Catarina","-"]
["2017-08-01","ASFALTOS DILUÍDOS CM-30","São Paulo",2.2125572921987979]
["2017-08-01","ASFALTOS DILUÍDOS CM-30","Sergipe","-"]
["2017-08-01","ASFALTOS DILUÍDOS CM-30","Tocantins","-"]
["2017-09-01","ASFALTOS DILUÍDOS CM-30","Acre","-"]
["2017-09-01","ASFALTOS DILUÍDOS CM-30","Alagoas","-"]
["2017-09-01","ASFALTOS DILUÍDOS CM-30","Amapá","-"]
["2017-09-01","ASFALTOS DILUÍDOS CM-30","Amazonas",2.3313814246144298]
["2017-09-01","ASFALTOS DILUÍDOS CM-30","Bahia","-"]
["2017-09-01","ASFALTOS DILUÍDOS CM-30","Ceará",2.1213200204992875]
["2017-09-01","ASFALTOS DILUÍDOS CM-30","Distrito Federal","-"]
["2017-09-01","ASFALTOS DILUÍDOS CM-30","Espírito Santo","-"]
["2017-09-01","ASFALTOS DILUÍDOS CM-30","Goiás",2.6367790282923997]
["2017-09-01","ASFALTOS DILUÍDOS CM-30","Maranhão","-"]
["2017-09-01","ASFALTOS DILUÍDOS CM-30","Mato Grosso",2.6973094634419126]
["2017-09-01","ASFALTOS DILUÍDOS CM-30","Mato Grosso do Sul","-"]
["2017-09-01","ASFALTOS DILUÍDOS CM-30","Minas Gerais",2.5108870171893933]
["2017-09-01","ASFALTOS DILUÍDOS CM-30","Pará",2.7090399230733149]
["2017-09-01","ASFALTOS DILUÍDOS CM-30","Paraíba","-"]
["2017-09-01","ASFALTOS DILUÍDOS CM-30","Paraná",2.3966583600605942]
["2017-09-01","ASFALTOS DILUÍDOS CM-30","Pernambuco","-"]
["2017-09-01","ASFALTOS DILUÍDOS CM-30","Piauí","-"]
["2017-09-01","ASFALTOS DILUÍDOS CM-30","Rio de Janeiro","-"]
["2017-09-01","ASFALTOS DILUÍDOS CM-30","Rio Grande do Norte","-"]
["2017-09-01","ASFALTOS DILUÍDOS CM-30","Rio Grande do Sul",2.1912136176600714]
["2017-09-01","ASFALTOS DILUÍDOS CM-30","Rondônia","-"]
["2017-09-01","ASFALTOS DILUÍDOS CM-30","Roraima","-"]
["2017-09-01","ASFALTOS DILUÍDOS CM-30","Santa Catarina","-"]
["2017-09-01","ASFALTOS DILUÍDOS CM-30","São Paulo",2.3097402254780932]
["2017-09-01","ASFALTOS DILUÍDOS CM-30","Sergipe","-"]
["2017-09-01","ASFALTOS DILUÍDOS CM-30","Tocantins","-"]
["2017-10-01","ASFALTOS DILUÍDOS CM-30","Acre","-"]
["2017-10-01","ASFALTOS DILUÍDOS CM-30","Alagoas","-"]
["2017-10-01","ASFALTOS DILUÍDOS CM-30","Amapá","-"]
["2017-10-01","ASFALTOS DILUÍDOS CM-30","Amazonas",2.2091843585441406]
["2017-10-01","ASFALTOS DILUÍDOS CM-30","Bahia","-"]
["2017-10-01","ASFALTOS DILUÍDOS CM-30","Ceará",2.1602377541654674]
["2017-10-01","ASFALTOS DILUÍDOS CM-30","Distrito Federal","-"]
["2017-10-01","ASFALTOS DILUÍDOS CM-30","Espírito Santo","-"]
["2017-10-01","ASFALTOS DILUÍDOS CM-30","Goiás",2.5482166017803656]
["2017-10-01","ASFALTOS DILUÍDOS CM-30","Maranhão","-"]
["2017-10-01","ASFALTOS DILUÍDOS CM-30","Mato Grosso",2.7848612850779202]
["2017-10-01","ASFALTOS DILUÍDOS CM-30","Mato Grosso do Sul","-"]
["2017-10-01","ASFALTOS DILUÍDOS CM-30","Minas Gerais",2.6378402947764998]
["2017-10-01","ASFALTOS DILUÍDOS CM-30","Pará","-"]
["2017-10-01","ASFALTOS DILUÍDOS CM-30","Paraíba","-"]
["2017-10-01","ASFALTOS DILUÍDOS CM-30","Paraná",2.2164802653122195]
["2017-10-01","ASFALTOS DILUÍDOS CM-30","Pernambuco","-"]
["2017-10-01","ASFALTOS DILUÍDOS CM-30","Piauí","-"]
["2017-10-01","ASFALTOS DILUÍDOS CM-30","Rio de Janeiro","-"]
["2017-10-01","ASFALTOS DILUÍDOS CM-30","Rio Grande do Norte","-"]
["2017-10-01","ASFALTOS DILUÍDOS CM-30","Rio Grande do Sul",2.1731030244417089]
["2017-10-01","ASFALTOS DILUÍDOS CM-30","Rondônia","-"]
["2017-10-01","ASFALTOS DILUÍDOS CM-30","Roraima","-"]
["2017-10-01","ASFALTOS DILUÍDOS CM-30","Santa Catarina","-"]
["2017-10-01","ASFALTOS DILUÍDOS CM-30","São Paulo",2.2040938860607304]
["2017-10-01","ASFALTOS DILUÍDOS CM-30","Sergipe","-"]
["2017-10-01","ASFALTOS DILUÍDOS CM-30","Tocantins","-"]
["2017-11-01","ASFALTOS DILUÍDOS CM-30","Acre","-"]
["2017-11-01","ASFALTOS DILUÍDOS CM-30","Alagoas","-"]
["2017-11-01","ASFALTOS DILUÍDOS CM-30","Amapá","-"]
["2017-11-01","ASFALTOS DILUÍDOS CM-30","Amazonas",2.3845668336706232]
["2017-11-01","ASFALTOS DILUÍDOS CM-30","Bahia","-"]
["2017-11-01","ASFALTOS DILUÍDOS CM-30","Ceará",2.3883317473788224]
["2017-11-01","ASFALTOS DILUÍDOS CM-30","Distrito Federal","-"]
["2017-11-01","ASFALTOS DILUÍDOS CM-30","Espírito Santo","-"]
["2017-11-01","ASFALTOS DILUÍDOS CM-30","Goiás",2.9942342482453217]
["2017-11-01","ASFALTOS DILUÍDOS CM-30","Maranhão","-"]
["2017-11-01","ASFALTOS DILUÍDOS CM-30","Mato Grosso",2.8890161775549332]
["2017-11-01","ASFALTOS DILUÍDOS CM-30","Mato Grosso do Sul","-"]
["2017-11-01","ASFALTOS DILUÍDOS CM-30","Minas Gerais",2.5727077361724571]
["2017-11-01","ASFALTOS DILUÍDOS CM-30","Pará",2.7305834766489605]
["2017-11-01","ASFALTOS DILUÍDOS CM-30","Paraíba","-"]
["2017-11-01","ASFALTOS DILUÍDOS CM-30","Paraná",2.4817734287475437]
["2017-11-01","ASFALTOS DILUÍDOS CM-30","Pernambuco","-"]
["2017-11-01","ASFALTOS DILUÍDOS CM-30","Piauí","-"]
["2017-11-01","ASFALTOS DILUÍDOS CM-30","Rio de Janeiro","-"]
["2017-11-01","ASFALTOS DILUÍDOS CM-30","Rio Grande do Norte","-"]
["2017-11-01","ASFALTOS DILUÍDOS CM-30","Rio Grande do Sul",2.3295898682450842]
["2017-11-01","ASFALTOS DILUÍDOS CM-30","Rondônia","-"]
["2017-11-01","ASFALTOS DILUÍDOS CM-30","Roraima","-"]
["2017-11-01","ASFALTOS DILUÍDOS CM-30","Santa Catarina","-"]
["2017-11-01","ASFALTOS DILUÍDOS CM-30","São Paulo",2.6140330131825049]
["2017-11-01","ASFALTOS DILUÍDOS CM-30","Sergipe","-"]
["2017-11-01","ASFALTOS DILUÍDOS CM-30","Tocantins","-"]
["2017-12-01","ASFALTOS DILUÍDOS CM-30","Acre","-"]
["2017-12-01","ASFALTOS DILUÍDOS CM-30","Alagoas","-"]
["2017-12-01","ASFALTOS DILUÍDOS CM-30","Amapá","-"]
["2017-12-01","ASFALTOS DILUÍDOS CM-30","Amazonas",2.3343161659391405]
["2017-12-01","ASFALTOS DILUÍDOS CM-30","Bahia","-"]
["2017-12-01","ASFALTOS DILUÍDOS CM-30","Ceará",2.4048099862247136]
["2017-12-01","ASFALTOS DILUÍDOS CM-30","Distrito Federal","-"]
["2017-12-01","ASFALTOS DILUÍDOS CM-30","Espírito Santo","-"]
["2017-12-01","ASFALTOS DILUÍDOS CM-30","Goiás","-"]
["2017-12-01","ASFALTOS DILUÍDOS CM-30","Maranhão","-"]
["2017-12-01","ASFALTOS DILUÍDOS CM-30","Mato Grosso",3.0400681246400181]
["2017-12-01","ASFALTOS DILUÍDOS CM-30","Mato Grosso do Sul","-"]
["2017-12-01","ASFALTOS DILUÍDOS CM-30","Minas Gerais",2.724012173098652]
["2017-12-01","ASFALTOS DILUÍDOS CM-30","Pará","-"]
["2017-12-01","ASFALTOS DILUÍDOS CM-30","Paraíba","-"]
["2017-12-01","ASFALTOS DILUÍDOS CM-30","Paraná",2.439778885422506]
["2017-12-01","ASFALTOS DILUÍDOS CM-30","Pernambuco","-"]
["2017-12-01","ASFALTOS DILUÍDOS CM-30","Piauí","-"]
["2017-12-01","ASFALTOS DILUÍDOS CM-30","Rio de Janeiro","-"]
["2017-12-01","ASFALTOS DILUÍDOS CM-30","Rio Grande do Norte","-"]
["2017-12-01","ASFALTOS DILUÍDOS CM-30","Rio Grande do Sul",2.395712291642154]
["2017-12-01","ASFALTOS DILUÍDOS CM-30","Rondônia","-"]
["2017-12-01","ASFALTOS DILUÍDOS CM-30","Roraima","-"]
["2017-12-01","ASFALTOS DILUÍDOS CM-30","Santa Catarina","-"]
["2017-12-01","ASFALTOS DILUÍDOS CM-30","São Paulo",2.5688433802616917]
["2017-12-01","ASFALTOS DILUÍDOS CM-30","Sergipe","-"]
["2017-12-01","ASFALTOS DILUÍDOS CM-30","Tocantins","-"]
["2018-01-01","ASFALTOS DILUÍDOS CM-30","Acre","-"]
["2018-01-01","ASFALTOS DILUÍDOS CM-30","Alagoas","-"]
["2018-01-01","ASFALTOS DILUÍDOS CM-30","Amapá","-"]
["2018-01-01","ASFALTOS DILUÍDOS CM-30","Amazonas",2.8296097314706135]
["2018-01-01","ASFALTOS DILUÍDOS CM-30","Bahia",2.6390775075266859]
["2018-01-01","ASFALTOS DILUÍDOS CM-30","Ceará",2.6594696460134326]
["2018-01-01","ASFALTOS DILUÍDOS CM-30","Distrito Federal","-"]
["2018-01-01","ASFALTOS DILUÍDOS CM-30","Espírito Santo","-"]
["2018-01-01","ASFALTOS DILUÍDOS CM-30","Goiás","-"]
["2018-01-01","ASFALTOS DILUÍDOS CM-30","Maranhão","-"]
["2018-01-01","ASFALTOS DILUÍDOS CM-30","Mato Grosso",2.9353776201156889]
["2018-01-01","ASFALTOS DILUÍDOS CM-30","Mato Grosso do Sul","-"]
["2018-01-01","ASFALTOS DILUÍDOS CM-30","Minas Gerais",2.7077414103788602]
["2018-01-01","ASFALTOS DILUÍDOS CM-30","Pará","-"]
["2018-01-01","ASFALTOS DILUÍDOS CM-30","Paraíba","-"]
["2018-01-01","ASFALTOS DILUÍDOS CM-30","Paraná",2.7148437604254174]
["2018-01-01","ASFALTOS DILUÍDOS CM-30","Pernambuco","-"]
["2018-01-01","ASFALTOS DILUÍDOS CM-30","Piauí","-"]
["2018-01-01","ASFALTOS DILUÍDOS CM-30","Rio de Janeiro","-"]
["2018-01-01","ASFALTOS DILUÍDOS CM-30","Rio Grande do Norte","-"]
["2018-01-01","ASFALTOS DILUÍDOS CM-30","Rio Grande do Sul",2.4958208532309234]
["2018-01-01","ASFALTOS DILUÍDOS CM-30","Rondônia","-"]
["2018-01-01","ASFALTOS DILUÍDOS CM-30","Roraima","-"]
["2018-01-01","ASFALTOS DILUÍDOS CM-30","Santa Catarina","-"]
["2018-01-01","ASFALTOS DILUÍDOS CM-30","São Paulo",2.5734313176188577]
["2018-01-01","ASFALTOS DILUÍDOS CM-30","Sergipe","-"]
["2018-01-01","ASFALTOS DILUÍDOS CM-30","Tocantins","-"]
["2018-02-01","ASFALTOS DILUÍDOS CM-30","Acre","-"]
["2018-02-01","ASFALTOS DILUÍDOS CM-30","Alagoas","-"]
["2018-02-01","ASFALTOS DILUÍDOS CM-30","Amapá","-"]
["2018-02-01","ASFALTOS DILUÍDOS CM-30","Amazonas",2.7677157537344117]
["2018-02-01","ASFALTOS DILUÍDOS CM-30","Bahia","-"]
["2018-02-01","ASFALTOS DILUÍDOS CM-30","Ceará",2.6714016746816038]
["2018-02-01","ASFALTOS DILUÍDOS CM-30","Distrito Federal","-"]
["2018-02-01","ASFALTOS DILUÍDOS CM-30","Espírito Santo","-"]
["2018-02-01","ASFALTOS DILUÍDOS CM-30","Goiás","-"]
["2018-02-01","ASFALTOS DILUÍDOS CM-30","Maranhão","-"]
["2018-02-01","ASFALTOS DILUÍDOS CM-30","Mato Grosso",3.4155191774270679]
["2018-02-01","ASFALTOS DILUÍDOS CM-30","Mato Grosso do Sul","-"]
["2018-02-01","ASFALTOS DILUÍDOS CM-30","Minas Gerais",2.5914875887943971]
["2018-02-01","ASFALTOS DILUÍDOS CM-30","Pará","-"]
["2018-02-01","ASFALTOS DILUÍDOS CM-30","Paraíba","-"]
["2018-02-01","ASFALTOS DILUÍDOS CM-30","Paraná",2.602121434923506]
["2018-02-01","ASFALTOS DILUÍDOS CM-30","Pernambuco","-"]
["2018-02-01","ASFALTOS DILUÍDOS CM-30","Piauí","-"]
["2018-02-01","ASFALTOS DILUÍDOS CM-30","Rio de Janeiro","-"]
["2018-02-01","ASFALTOS DILUÍDOS CM-30","Rio Grande do Norte","-"]
["2018-02-01","ASFALTOS DILUÍDOS CM-30","Rio Grande do Sul",2.5200169090270457]
["2018-02-01","ASFALTOS DILUÍDOS CM-30","Rondônia","-"]
["2018-02-01","ASFALTOS DILUÍDOS CM-30","Roraima","-"]
["2018-02-01","ASFALTOS DILUÍDOS CM-30","Santa Catarina","-"]
["2018-02-01","ASFALTOS DILUÍDOS CM-30","São Paulo",2.6492281970571878]
["2018-02-01","ASFALTOS DILUÍDOS CM-30","Sergipe","-"]
["2018-02-01","ASFALTOS DILUÍDOS CM-30","Tocantins","-"]
["2018-03-01","ASFALTOS DILUÍDOS CM-30","Acre","-"]
["2018-03-01","ASFALTOS DILUÍDOS CM-30","Alagoas","-"]
["2018-03-01","ASFALTOS DILUÍDOS CM-30","Amapá","-"]
["2018-03-01","ASFALTOS DILUÍDOS CM-30","Amazonas","-"]
["2018-03-01","ASFALTOS DILUÍDOS CM-30","Bahia","-"]
["2018-03-01","ASFALTOS DILUÍDOS CM-30","Ceará",2.5305352367021676]
["2018-03-01","ASFALTOS DILUÍDOS CM-30","Distrito Federal","-"]
["2018-03-01","ASFALTOS DILUÍDOS CM-30","Espírito Santo","-"]
["2018-03-01","ASFALTOS DILUÍDOS CM-30","Goiás",2.572307561889156]
["2018-03-01","ASFALTOS DILUÍDOS CM-30","Maranhão","-"]
["2018-03-01","ASFALTOS DILUÍDOS CM-30","Mato Grosso","-"]
["2018-03-01","ASFALTOS DILUÍDOS CM-30","Mato Grosso do Sul","-"]
["2018-03-01","ASFALTOS DILUÍDOS CM-30","Minas Gerais",2.5803170789611758]
["2018-03-01","ASFALTOS DILUÍDOS CM-30","Pará","-"]
["2018-03-01","ASFALTOS DILUÍDOS CM-30","Paraíba","-"]
["2018-03-01","ASFALTOS DILUÍDOS CM-30","Paraná",2.6388981150381152]
["2018-03-01","ASFALTOS DILUÍDOS CM-30","Pernambuco","-"]
["2018-03-01","ASFALTOS DILUÍDOS CM-30","Piauí","-"]
["2018-03-01","ASFALTOS DILUÍDOS CM-30","Rio de Janeiro","-"]
["2018-03-01","ASFALTOS DILUÍDOS CM-30","Rio Grande do Norte","-"]
["2018-03-01","ASFALTOS DILUÍDOS CM-30","Rio Grande do Sul",2.5392107312231169]
["2018-03-01","ASFALTOS DILUÍDOS CM-30","Rondônia","-"]
["2018-03-01","ASFALTOS DILUÍDOS CM-30","Roraima","-"]
["2018-03-01","ASFALTOS DILUÍDOS CM-30","Santa Catarina","-"]
["2018-03-01","ASFALTOS DILUÍDOS CM-30","São Paulo",2.5654464302248843]
["2018-03-01","ASFALTOS DILUÍDOS CM-30","Sergipe","-"]
["2018-03-01","ASFALTOS DILUÍDOS CM-30","Tocantins","-"]
["2018-04-01","ASFALTOS DILUÍDOS CM-30","Acre","-"]
["2018-04-01","ASFALTOS DILUÍDOS CM-30","Alagoas","-"]
["2018-04-01","ASFALTOS DILUÍDOS CM-30","Amapá","-"]
["2018-04-01","ASFALTOS DILUÍDOS CM-30","Amazonas","-"]
["2018-04-01","ASFALTOS DILUÍDOS CM-30","Bahia","-"]
["2018-04-01","ASFALTOS DILUÍDOS CM-30","Ceará",2.5690595772621418]
["2018-04-01","ASFALTOS DILUÍDOS CM-30","Distrito Federal","-"]
["2018-04-01","ASFALTOS DILUÍDOS CM-30","Espírito Santo","-"]
["2018-04-01","ASFALTOS DILUÍDOS CM-30","Goiás","-"]
["2018-04-01","ASFALTOS DILUÍDOS CM-30","Maranhão","-"]
["2018-04-01","ASFALTOS DILUÍDOS CM-30","Mato Grosso",3.0150090266152541]
["2018-04-01","ASFALTOS DILUÍDOS CM-30","Mato Grosso do Sul","-"]
["2018-04-01","ASFALTOS DILUÍDOS CM-30","Minas Gerais",2.6038937002962359]
["2018-04-01","ASFALTOS DILUÍDOS CM-30","Pará","-"]
["2018-04-01","ASFALTOS DILUÍDOS CM-30","Paraíba","-"]
["2018-04-01","ASFALTOS DILUÍDOS CM-30","Paraná",2.5665385485097514]
["2018-04-01","ASFALTOS DILUÍDOS CM-30","Pernambuco","-"]
["2018-04-01","ASFALTOS DILUÍDOS CM-30","Piauí","-"]
["2018-04-01","ASFALTOS DILUÍDOS CM-30","Rio de Janeiro","-"]
["2018-04-01","ASFALTOS DILUÍDOS CM-30","Rio Grande do Norte","-"]
["2018-04-01","ASFALTOS DILUÍDOS CM-30","Rio Grande do Sul",2.522731708836123]
["2018-04-01","ASFALTOS DILUÍDOS CM-30","Rondônia","-"]
["2018-04-01","ASFALTOS DILUÍDOS CM-30","Roraima","-"]
["2018-04-01","ASFALTOS DILUÍDOS CM-30","Santa Catarina","-"]
["2018-04-01","ASFALTOS DILUÍDOS CM-30","São Paulo",2.6267079083009608]
["2018-04-01","ASFALTOS DILUÍDOS CM-30","Sergipe","-"]
["2018-04-01","ASFALTOS DILUÍDOS CM-30","Tocantins","-"]
["2018-05-01","ASFALTOS DILUÍDOS CM-30","Acre","-"]
["2018-05-01","ASFALTOS DILUÍDOS CM-30","Alagoas","-"]
["2018-05-01","ASFALTOS DILUÍDOS CM-30","Amapá","-"]
["2018-05-01","ASFALTOS DILUÍDOS CM-30","Amazonas","-"]
["2018-05-01","ASFALTOS DILUÍDOS CM-30","Bahia","-"]
["2018-05-01","ASFALTOS DILUÍDOS CM-30","Ceará",2.6703791605319718]
["2018-05-01","ASFALTOS DILUÍDOS CM-30","Distrito Federal","-"]
["2018-05-01","ASFALTOS DILUÍDOS CM-30","Espírito Santo","-"]
["2018-05-01","ASFALTOS DILUÍDOS CM-30","Goiás",2.6850186796693611]
["2018-05-01","ASFALTOS DILUÍDOS CM-30","Maranhão","-"]
["2018-05-01","ASFALTOS DILUÍDOS CM-30","Mato Grosso",3.2947766768306357]
["2018-05-01","ASFALTOS DILUÍDOS CM-30","Mato Grosso do Sul","-"]
["2018-05-01","ASFALTOS DILUÍDOS CM-30","Minas Gerais",2.6930583411764712]
["2018-05-01","ASFALTOS DILUÍDOS CM-30","Pará","-"]
["2018-05-01","ASFALTOS DILUÍDOS CM-30","Paraíba","-"]
["2018-05-01","ASFALTOS DILUÍDOS CM-30","Paraná",2.7220166776716588]
["2018-05-01","ASFALTOS DILUÍDOS CM-30","Pernambuco","-"]
["2018-05-01","ASFALTOS DILUÍDOS CM-30","Piauí","-"]
["2018-05-01","ASFALTOS DILUÍDOS CM-30","Rio de Janeiro","-"]
["2018-05-01","ASFALTOS DILUÍDOS CM-30","Rio Grande do Norte","-"]
["2018-05-01","ASFALTOS DILUÍDOS CM-30","Rio Grande do Sul",2.7692185328116663]
["2018-05-01","ASFALTOS DILUÍDOS CM-30","Rondônia","-"]
["2018-05-01","ASFALTOS DILUÍDOS CM-30","Roraima","-"]
["2018-05-01","ASFALTOS DILUÍDOS CM-30","Santa Catarina","-"]
["2018-05-01","ASFALTOS DILUÍDOS CM-30","São Paulo",2.687341200490164]
["2018-05-01","ASFALTOS DILUÍDOS CM-30","Sergipe","-"]
["2018-05-01","ASFALTOS DILUÍDOS CM-30","Tocantins","-"]
["2018-06-01","ASFALTOS DILUÍDOS CM-30","Acre","-"]
["2018-06-01","ASFALTOS DILUÍDOS CM-30","Alagoas","-"]
["2018-06-01","ASFALTOS DILUÍDOS CM-30","Amapá","-"]
["2018-06-01","ASFALTOS DILUÍDOS CM-30","Amazonas","-"]
["2018-06-01","ASFALTOS DILUÍDOS CM-30","Bahia",3.9829596999099728]
["2018-06-01","ASFALTOS DILUÍDOS CM-30","Ceará",2.82207177352455]
["2018-06-01","ASFALTOS DILUÍDOS CM-30","Distrito Federal","-"]
["2018-06-01","ASFALTOS DILUÍDOS CM-30","Espírito Santo","-"]
["2018-06-01","ASFALTOS DILUÍDOS CM-30","Goiás",3.0409220275377606]
["2018-06-01","ASFALTOS DILUÍDOS CM-30","Maranhão","-"]
["2018-06-01","ASFALTOS DILUÍDOS CM-30","Mato Grosso",3.3874427450109641]
["2018-06-01","ASFALTOS DILUÍDOS CM-30","Mato Grosso do Sul","-"]
["2018-06-01","ASFALTOS DILUÍDOS CM-30","Minas Gerais",2.8193514811925677]
["2018-06-01","ASFALTOS DILUÍDOS CM-30","Pará","-"]
["2018-06-01","ASFALTOS DILUÍDOS CM-30","Paraíba","-"]
["2018-06-01","ASFALTOS DILUÍDOS CM-30","Paraná",2.9999996830949947]
["2018-06-01","ASFALTOS DILUÍDOS CM-30","Pernambuco","-"]
["2018-06-01","ASFALTOS DILUÍDOS CM-30","Piauí","-"]
["2018-06-01","ASFALTOS DILUÍDOS CM-30","Rio de Janeiro","-"]
["2018-06-01","ASFALTOS DILUÍDOS CM-30","Rio Grande do Norte","-"]
["2018-06-01","ASFALTOS DILUÍDOS CM-30","Rio Grande do Sul",2.8766923463356977]
["2018-06-01","ASFALTOS DILUÍDOS CM-30","Rondônia","-"]
["2018-06-01","ASFALTOS DILUÍDOS CM-30","Roraima","-"]
["2018-06-01","ASFALTOS DILUÍDOS CM-30","Santa Catarina","-"]
["2018-06-01","ASFALTOS DILUÍDOS CM-30","São Paulo",2.8970185401166977]
["2018-06-01","ASFALTOS DILUÍDOS CM-30","Sergipe","-"]
["2018-06-01","ASFALTOS DILUÍDOS CM-30","Tocantins","-"]
["2018-07-01","ASFALTOS DILUÍDOS CM-30","Acre","-"]
["2018-07-01","ASFALTOS DILUÍDOS CM-30","Alagoas","-"]
["2018-07-01","ASFALTOS DILUÍDOS CM-30","Amapá","-"]
["2018-07-01","ASFALTOS DILUÍDOS CM-30","Amazonas",3.2498407212934874]
["2018-07-01","ASFALTOS DILUÍDOS CM-30","Bahia","-"]
["2018-07-01","ASFALTOS DILUÍDOS CM-30","Ceará",3.0054814489721133]
["2018-07-01","ASFALTOS DILUÍDOS CM-30","Distrito Federal","-"]
["2018-07-01","ASFALTOS DILUÍDOS CM-30","Espírito Santo","-"]
["2018-07-01","ASFALTOS DILUÍDOS CM-30","Goiás",3.115987180273057]
["2018-07-01","ASFALTOS DILUÍDOS CM-30","Maranhão","-"]
["2018-07-01","ASFALTOS DILUÍDOS CM-30","Mato Grosso",3.7325159531332806]
["2018-07-01","ASFALTOS DILUÍDOS CM-30","Mato Grosso do Sul","-"]
["2018-07-01","ASFALTOS DILUÍDOS CM-30","Minas Gerais",3.012014723009933]
["2018-07-01","ASFALTOS DILUÍDOS CM-30","Pará","-"]
["2018-07-01","ASFALTOS DILUÍDOS CM-30","Paraíba","-"]
["2018-07-01","ASFALTOS DILUÍDOS CM-30","Paraná",3.2795499850299406]
["2018-07-01","ASFALTOS DILUÍDOS CM-30","Pernambuco","-"]
["2018-07-01","ASFALTOS DILUÍDOS CM-30","Piauí","-"]
["2018-07-01","ASFALTOS DILUÍDOS CM-30","Rio de Janeiro","-"]
["2018-07-01","ASFALTOS DILUÍDOS CM-30","Rio Grande do Norte","-"]
["2018-07-01","ASFALTOS DILUÍDOS CM-30","Rio Grande do Sul",2.9644315188544867]
["2018-07-01","ASFALTOS DILUÍDOS CM-30","Rondônia","-"]
["2018-07-01","ASFALTOS DILUÍDOS CM-30","Roraima","-"]
["2018-07-01","ASFALTOS DILUÍDOS CM-30","Santa Catarina","-"]
["2018-07-01","ASFALTOS DILUÍDOS CM-30","São Paulo",3.112294930119142]
["2018-07-01","ASFALTOS DILUÍDOS CM-30","Sergipe","-"]
["2018-07-01","ASFALTOS DILUÍDOS CM-30","Tocantins","-"]
["2018-08-01","ASFALTOS DILUÍDOS CM-30","Acre","-"]
["2018-08-01","ASFALTOS DILUÍDOS CM-30","Alagoas","-"]
["2018-08-01","ASFALTOS DILUÍDOS CM-30","Amapá","-"]
["2018-08-01","ASFALTOS DILUÍDOS CM-30","Amazonas",3.4297362657296939]
["2018-08-01","ASFALTOS DILUÍDOS CM-30","Bahia",5.2119298517501713]
["2018-08-01","ASFALTOS DILUÍDOS CM-30","Ceará",3.3082803267785774]
["2018-08-01","ASFALTOS DILUÍDOS CM-30","Distrito Federal","-"]
["2018-08-01","ASFALTOS DILUÍDOS CM-30","Espírito Santo","-"]
["2018-08-01","ASFALTOS DILUÍDOS CM-30","Goiás",3.5604512797943237]
["2018-08-01","ASFALTOS DILUÍDOS CM-30","Maranhão","-"]
["2018-08-01","ASFALTOS DILUÍDOS CM-30","Mato Grosso",3.8920958187750792]
["2018-08-01","ASFALTOS DILUÍDOS CM-30","Mato Grosso do Sul","-"]
["2018-08-01","ASFALTOS DILUÍDOS CM-30","Minas Gerais",3.4957452123385426]
["2018-08-01","ASFALTOS DILUÍDOS CM-30","Pará","-"]
["2018-08-01","ASFALTOS DILUÍDOS CM-30","Paraíba","-"]
["2018-08-01","ASFALTOS DILUÍDOS CM-30","Paraná",3.3526853406497201]
["2018-08-01","ASFALTOS DILUÍDOS CM-30","Pernambuco","-"]
["2018-08-01","ASFALTOS DILUÍDOS CM-30","Piauí","-"]
["2018-08-01","ASFALTOS DILUÍDOS CM-30","Rio de Janeiro","-"]
["2018-08-01","ASFALTOS DILUÍDOS CM-30","Rio Grande do Norte","-"]
["2018-08-01","ASFALTOS DILUÍDOS CM-30","Rio Grande do Sul",3.3613976442899554]
["2018-08-01","ASFALTOS DILUÍDOS CM-30","Rondônia","-"]
["2018-08-01","ASFALTOS DILUÍDOS CM-30","Roraima","-"]
["2018-08-01","ASFALTOS DILUÍDOS CM-30","Santa Catarina","-"]
["2018-08-01","ASFALTOS DILUÍDOS CM-30","São Paulo",3.3334899424424513]
["2018-08-01","ASFALTOS DILUÍDOS CM-30","Sergipe","-"]
["2018-08-01","ASFALTOS DILUÍDOS CM-30","Tocantins","-"]
["2018-09-01","ASFALTOS DILUÍDOS CM-30","Acre","-"]
["2018-09-01","ASFALTOS DILUÍDOS CM-30","Alagoas","-"]
["2018-09-01","ASFALTOS DILUÍDOS CM-30","Amapá","-"]
["2018-09-01","ASFALTOS DILUÍDOS CM-30","Amazonas","-"]
["2018-09-01","ASFALTOS DILUÍDOS CM-30","Bahia",4.7018911439574138]
["2018-09-01","ASFALTOS DILUÍDOS CM-30","Ceará",3.3527405183330341]
["2018-09-01","ASFALTOS DILUÍDOS CM-30","Distrito Federal","-"]
["2018-09-01","ASFALTOS DILUÍDOS CM-30","Espírito Santo","-"]
["2018-09-01","ASFALTOS DILUÍDOS CM-30","Goiás","-"]
["2018-09-01","ASFALTOS DILUÍDOS CM-30","Maranhão","-"]
["2018-09-01","ASFALTOS DILUÍDOS CM-30","Mato Grosso",3.958684192041694]
["2018-09-01","ASFALTOS DILUÍDOS CM-30","Mato Grosso do Sul","-"]
["2018-09-01","ASFALTOS DILUÍDOS CM-30","Minas Gerais",3.3366588100114543]
["2018-09-01","ASFALTOS DILUÍDOS CM-30","Pará",2.9665387918733632]
["2018-09-01","ASFALTOS DILUÍDOS CM-30","Paraíba","-"]
["2018-09-01","ASFALTOS DILUÍDOS CM-30","Paraná",3.701188612682242]
["2018-09-01","ASFALTOS DILUÍDOS CM-30","Pernambuco","-"]
["2018-09-01","ASFALTOS DILUÍDOS CM-30","Piauí","-"]
["2018-09-01","ASFALTOS DILUÍDOS CM-30","Rio de Janeiro","-"]
["2018-09-01","ASFALTOS DILUÍDOS CM-30","Rio Grande do Norte","-"]
["2018-09-01","ASFALTOS DILUÍDOS CM-30","Rio Grande do Sul",3.4224156424271772]
["2018-09-01","ASFALTOS DILUÍDOS CM-30","Rondônia","-"]
["2018-09-01","ASFALTOS DILUÍDOS CM-30","Roraima","-"]
["2018-09-01","ASFALTOS DILUÍDOS CM-30","Santa Catarina","-"]
["2018-09-01","ASFALTOS DILUÍDOS CM-30","São Paulo",3.4525863891043875]
["2018-09-01","ASFALTOS DILUÍDOS CM-30","Sergipe","-"]
["2018-09-01","ASFALTOS DILUÍDOS CM-30","Tocantins","-"]
["2018-10-01","ASFALTOS DILUÍDOS CM-30","Acre","-"]
["2018-10-01","ASFALTOS DILUÍDOS CM-30","Alagoas","-"]
["2018-10-01","ASFALTOS DILUÍDOS CM-30","Amapá","-"]
["2018-10-01","ASFALTOS DILUÍDOS CM-30","Amazonas","-"]
["2018-10-01","ASFALTOS DILUÍDOS CM-30","Bahia",3.6442821123509042]
["2018-10-01","ASFALTOS DILUÍDOS CM-30","Ceará",3.4328021437376575]
["2018-10-01","ASFALTOS DILUÍDOS CM-30","Distrito Federal","-"]
["2018-10-01","ASFALTOS DILUÍDOS CM-30","Espírito Santo","-"]
["2018-10-01","ASFALTOS DILUÍDOS CM-30","Goiás","-"]
["2018-10-01","ASFALTOS DILUÍDOS CM-30","Maranhão","-"]
["2018-10-01","ASFALTOS DILUÍDOS CM-30","Mato Grosso",3.9925874569193076]
["2018-10-01","ASFALTOS DILUÍDOS CM-30","Mato Grosso do Sul","-"]
["2018-10-01","ASFALTOS DILUÍDOS CM-30","Minas Gerais",3.500456168648173]
["2018-10-01","ASFALTOS DILUÍDOS CM-30","Pará","-"]
["2018-10-01","ASFALTOS DILUÍDOS CM-30","Paraíba","-"]
["2018-10-01","ASFALTOS DILUÍDOS CM-30","Paraná",3.7650016169150518]
["2018-10-01","ASFALTOS DILUÍDOS CM-30","Pernambuco","-"]
["2018-10-01","ASFALTOS DILUÍDOS CM-30","Piauí","-"]
["2018-10-01","ASFALTOS DILUÍDOS CM-30","Rio de Janeiro","-"]
["2018-10-01","ASFALTOS DILUÍDOS CM-30","Rio Grande do Norte","-"]
["2018-10-01","ASFALTOS DILUÍDOS CM-30","Rio Grande do Sul",3.3743601784009032]
["2018-10-01","ASFALTOS DILUÍDOS CM-30","Rondônia","-"]
["2018-10-01","ASFALTOS DILUÍDOS CM-30","Roraima","-"]
["2018-10-01","ASFALTOS DILUÍDOS CM-30","Santa Catarina","-"]
["2018-10-01","ASFALTOS DILUÍDOS CM-30","São Paulo",3.3592440562824275]
["2018-10-01","ASFALTOS DILUÍDOS CM-30","Sergipe","-"]
["2018-10-01","ASFALTOS DILUÍDOS CM-30","Tocantins","-"]
["2018-11-01","ASFALTOS DILUÍDOS CM-30","Acre","-"]
["2018-11-01","ASFALTOS DILUÍDOS CM-30","Alagoas","-"]
["2018-11-01","ASFALTOS DILUÍDOS CM-30","Amapá","-"]
["2018-11-01","ASFALTOS DILUÍDOS CM-30","Amazonas","-"]
["2018-11-01","ASFALTOS DILUÍDOS CM-30","Bahia","-"]
["2018-11-01","ASFALTOS DILUÍDOS CM-30","Ceará",3.785586218989748]
["2018-11-01","ASFALTOS DILUÍDOS CM-30","Distrito Federal","-"]
["2018-11-01","ASFALTOS DILUÍDOS CM-30","Espírito Santo","-"]
["2018-11-01","ASFALTOS DILUÍDOS CM-30","Goiás","-"]
["2018-11-01","ASFALTOS DILUÍDOS CM-30","Maranhão","-"]
["2018-11-01","ASFALTOS DILUÍDOS CM-30","Mato Grosso",4.4419016627822279]
["2018-11-01","ASFALTOS DILUÍDOS CM-30","Mato Grosso do Sul","-"]
["2018-11-01","ASFALTOS DILUÍDOS CM-30","Minas Gerais",4.4644363107069855]
["2018-11-01","ASFALTOS DILUÍDOS CM-30","Pará","-"]
["2018-11-01","ASFALTOS DILUÍDOS CM-30","Paraíba","-"]
["2018-11-01","ASFALTOS DILUÍDOS CM-30","Paraná",4.1721586269154907]
["2018-11-01","ASFALTOS DILUÍDOS CM-30","Pernambuco","-"]
["2018-11-01","ASFALTOS DILUÍDOS CM-30","Piauí","-"]
["2018-11-01","ASFALTOS DILUÍDOS CM-30","Rio de Janeiro","-"]
["2018-11-01","ASFALTOS DILUÍDOS CM-30","Rio Grande do Norte","-"]
["2018-11-01","ASFALTOS DILUÍDOS CM-30","Rio Grande do Sul",3.680466132698728]
["2018-11-01","ASFALTOS DILUÍDOS CM-30","Rondônia","-"]
["2018-11-01","ASFALTOS DILUÍDOS CM-30","Roraima","-"]
["2018-11-01","ASFALTOS DILUÍDOS CM-30","Santa Catarina","-"]
["2018-11-01","ASFALTOS DILUÍDOS CM-30","São Paulo",3.9215744747245598]
["2018-11-01","ASFALTOS DILUÍDOS CM-30","Sergipe","-"]
["2018-11-01","ASFALTOS DILUÍDOS CM-30","Tocantins","-"]
["2018-12-01","ASFALTOS DILUÍDOS CM-30","Acre","-"]
["2018-12-01","ASFALTOS DILUÍDOS CM-30","Alagoas","-"]
["2018-12-01","ASFALTOS DILUÍDOS CM-30","Amapá","-"]
["2018-12-01","ASFALTOS DILUÍDOS CM-30","Amazonas","-"]
["2018-12-01","ASFALTOS DILUÍDOS CM-30","Bahia","-"]
["2018-12-01","ASFALTOS DILUÍDOS CM-30","Ceará",3.8755857630086408]
["2018-12-01","ASFALTOS DILUÍDOS CM-30","Distrito Federal","-"]
["2018-12-01","ASFALTOS DILUÍDOS CM-30","Espírito Santo","-"]
["2018-12-01","ASFALTOS DILUÍDOS CM-30","Goiás","-"]
["2018-12-01","ASFALTOS DILUÍDOS CM-30","Maranhão","-"]
["2018-12-01","ASFALTOS DILUÍDOS CM-30","Mato Grosso",4.6329895471646472]
["2018-12-01","ASFALTOS DILUÍDOS CM-30","Mato Grosso do Sul","-"]
["2018-12-01","ASFALTOS DILUÍDOS CM-30","Minas Gerais",3.8118114359421065]
["2018-12-01","ASFALTOS DILUÍDOS CM-30","Pará","-"]
["2018-12-01","ASFALTOS DILUÍDOS CM-30","Paraíba","-"]
["2018-12-01","ASFALTOS DILUÍDOS CM-30","Paraná",4.016919099795988]
["2018-12-01","ASFALTOS DILUÍDOS CM-30","Pernambuco","-"]
["2018-12-01","ASFALTOS DILUÍDOS CM-30","Piauí","-"]
["2018-12-01","ASFALTOS DILUÍDOS CM-30","Rio de Janeiro","-"]
["2018-12-01","ASFALTOS DILUÍDOS CM-30","Rio Grande do Norte","-"]
["2018-12-01","ASFALTOS DILUÍDOS CM-30","Rio Grande do Sul",3.8229929656067489]
["2018-12-01","ASFALTOS DILUÍDOS CM-30","Rondônia","-"]
["2018-12-01","ASFALTOS DILUÍDOS CM-30","Roraima","-"]
["2018-12-01","ASFALTOS DILUÍDOS CM-30","Santa Catarina","-"]
["2018-12-01","ASFALTOS DILUÍDOS CM-30","São Paulo",4.0561653274987419]
["2018-12-01","ASFALTOS DILUÍDOS CM-30","Sergipe","-"]
["2018-12-01","ASFALTOS DILUÍDOS CM-30","Tocantins","-"]
["2019-01-01","ASFALTOS DILUÍDOS CM-30","Acre","-"]
["2019-01-01","ASFALTOS DILUÍDOS CM-30","Alagoas","-"]
["2019-01-01","ASFALTOS DILUÍDOS CM-30","Amapá","-"]
["2019-01-01","ASFALTOS DILUÍDOS CM-30","Amazonas","-"]
["2019-01-01","ASFALTOS DILUÍDOS CM-30","Bahia","-"]
["2019-01-01","ASFALTOS DILUÍDOS CM-30","Ceará",3.8049328982055437]
["2019-01-01","ASFALTOS DILUÍDOS CM-30","Distrito Federal","-"]
["2019-01-01","ASFALTOS DILUÍDOS CM-30","Espírito Santo","-"]
["2019-01-01","ASFALTOS DILUÍDOS CM-30","Goiás","-"]
["2019-01-01","ASFALTOS DILUÍDOS CM-30","Maranhão","-"]
["2019-01-01","ASFALTOS DILUÍDOS CM-30","Mato Grosso","-"]
["2019-01-01","ASFALTOS DILUÍDOS CM-30","Mato Grosso do Sul","-"]
["2019-01-01","ASFALTOS DILUÍDOS CM-30","Minas Gerais",3.9111667577286124]
["2019-01-01","ASFALTOS DILUÍDOS CM-30","Pará","-"]
["2019-01-01","ASFALTOS DILUÍDOS CM-30","Paraíba","-"]
["2019-01-01","ASFALTOS DILUÍDOS CM-30","Paraná",4.3746054506287839]
["2019-01-01","ASFALTOS DILUÍDOS CM-30","Pernambuco","-"]
["2019-01-01","ASFALTOS DILUÍDOS CM-30","Piauí","-"]
["2019-01-01","ASFALTOS DILUÍDOS CM-30","Rio de Janeiro","-"]
["2019-01-01","ASFALTOS DILUÍDOS CM-30","Rio Grande do Norte","-"]
["2019-01-01","ASFALTOS DILUÍDOS CM-30","Rio Grande do Sul",3.8213292687809988]
["2019-01-01","ASFALTOS DILUÍDOS CM-30","Rondônia","-"]
["2019-01-01","ASFALTOS DILUÍDOS CM-30","Roraima","-"]
["2019-01-01","ASFALTOS DILUÍDOS CM-30","Santa Catarina","-"]
["2019-01-01","ASFALTOS DILUÍDOS CM-30","São Paulo",4.0145503757959125]
["2019-01-01","ASFALTOS DILUÍDOS CM-30","Sergipe","-"]
["2019-01-01","ASFALTOS DILUÍDOS CM-30","Tocantins","-"]
["2019-02-01","ASFALTOS DILUÍDOS CM-30","Acre","-"]
["2019-02-01","ASFALTOS DILUÍDOS CM-30","Alagoas","-"]
["2019-02-01","ASFALTOS DILUÍDOS CM-30","Amapá","-"]
["2019-02-01","ASFALTOS DILUÍDOS CM-30","Amazonas","-"]
["2019-02-01","ASFALTOS DILUÍDOS CM-30","Bahia","-"]
["2019-02-01","ASFALTOS DILUÍDOS CM-30","Ceará",4.0057287469787459]
["2019-02-01","ASFALTOS DILUÍDOS CM-30","Distrito Federal","-"]
["2019-02-01","ASFALTOS DILUÍDOS CM-30","Espírito Santo","-"]
["2019-02-01","ASFALTOS DILUÍDOS CM-30","Goiás","-"]
["2019-02-01","ASFALTOS DILUÍDOS CM-30","Maranhão","-"]
["2019-02-01","ASFALTOS DILUÍDOS CM-30","Mato Grosso","-"]
["2019-02-01","ASFALTOS DILUÍDOS CM-30","Mato Grosso do Sul","-"]
["2019-02-01","ASFALTOS DILUÍDOS CM-30","Minas Gerais",4.61189041500994]
["2019-02-01","ASFALTOS DILUÍDOS CM-30","Pará","-"]
["2019-02-01","ASFALTOS DILUÍDOS CM-30","Paraíba","-"]
["2019-02-01","ASFALTOS DILUÍDOS CM-30","Paraná",4.4203608777625165]
["2019-02-01","ASFALTOS DILUÍDOS CM-30","Pernambuco","-"]
["2019-02-01","ASFALTOS DILUÍDOS CM-30","Piauí","-"]
["2019-02-01","ASFALTOS DILUÍDOS CM-30","Rio de Janeiro","-"]
["2019-02-01","ASFALTOS DILUÍDOS CM-30","Rio Grande do Norte","-"]
["2019-02-01","ASFALTOS DILUÍDOS CM-30","Rio Grande do Sul",4.1843438560846566]
["2019-03-01","ASFALTOS DILUÍDOS CM-30","Amazonas","-"]
["2019-05-01","ASFALTOS DILUÍDOS CM-30","Bahia","-"]
["2019-07-01","ASFALTOS DILUÍDOS CM-30","Tocantins","-"]
["2019-08-01","ASFALTOS DILUÍDOS CM-30","Rio Grande do Norte","-"]
["2019-11-01","ASFALTOS DILUÍDOS CM-30","Alagoas","-"]
["2019-12-01","ASFALTOS DILUÍDOS CM-30","Piauí","-"]
["2020-02-01","ASFALTOS DILUÍDOS CM-30","Amazonas","-"]
["2020-04-01","ASFALTOS DILUÍDOS CM-30","Ceará",3.7141513663692782]
["2020-06-01","ASFALTOS DILUÍDOS CM-30","Rio Grande do Norte","-"]
["2020-08-01","ASFALTOS DILUÍDOS CM-30","Distrito Federal","-"]
["2020-08-01","ASFALTOS DILUÍDOS CM-30","Roraima","-"]
["2020-11-01","ASFALTOS DILUÍDOS CM-30","Goiás",4.1927996461681944]
["2020-12-01","ASFALTOS DILUÍDOS CM-30","Mato Grosso",4.6922215021636369]
["2021-03-01","ASFALTOS DILUÍDOS CM-30","Paraná",4.1677767979160407]
["2021-03-01","ASFALTOS DILUÍDOS CM-30","Sergipe","-"]
["2021-06-01","ASFALTOS DILUÍDOS CM-30","Piauí","-"]
["2021-09-01","ASFALTOS DILUÍDOS CM-30","Goiás",4.9479754126186899]
["2021-10-01","ASFALTOS DILUÍDOS CM-30","Mato Grosso",5.5081266723433249]
["2021-12-01","ASFALTOS DILUÍDOS CM-30","Rio Grande do Sul",4.9567186766034332]
["2022-01-01","ASFALTOS DILUÍDOS CM-30","Sergipe","-"]
["2022-03-01","ASFALTOS DILUÍDOS CM-30","Roraima","-"]
["2022-05-01","ASFALTOS DILUÍDOS CM-30","Pará","-"]
["2022-06-01","ASFALTOS DILUÍDOS CM-30","São Paulo","-"]
["2022-09-01","ASFALTOS DILUÍDOS CM-30","Mato Grosso do Sul","-"]
["2022-09-01","ASFALTOS DILUÍDOS CM-30","Tocantins","-"]
["2022-12-01","ASFALTOS DILUÍDOS CM-30","Tocantins","-"]
["2023-02-01","ASFALTOS DILUÍDOS CM-30","Alagoas","-"]
["2023-04-01","ASFALTOS DILUÍDOS CM-30","Amapá","-"]
["2023-05-01","ASFALTOS DILUÍDOS CM-30","Pernambuco","-"]
["2023-07-01","ASFALTOS DILUÍDOS CM-30","Bahia","-"]
["2023-09-01","ASFALTOS DILUÍDOS CM-30","Bahia","-"]
["2023-11-01","ASFALTOS DILUÍDOS CM-30","Mato Grosso do Sul","-"]
["2023-12-01","ASFALTOS DILUÍDOS CM-30","Rio Grande do Norte","-"]
["2024-02-01","ASFALTOS DILUÍDOS CM-30","Pará","-"]
["2024-04-01","ASFALTOS DILUÍDOS CM-30","Piauí","-"]
["2024-07-01","ASFALTOS DILUÍDOS CM-30","Bahia","-"]
["2013-01-01","ASFALTOS DILUÍDOS CM-70","Pernambuco","-"]
["2013-03-01","ASFALTOS DILUÍDOS CM-70","Rio Grande do Norte","-"]
["2013-04-01","ASFALTOS DILUÍDOS CM-70","Rio de Janeiro","-"]
["2013-07-01","ASFALTOS DILUÍDOS CM-70","Piauí","-"]
["2013-07-01","ASFALTOS DILUÍDOS CM-70","Rio Grande do Sul","-"]
["2013-11-01","ASFALTOS DILUÍDOS CM-70","Ceará","-"]
["2013-12-01","ASFALTOS DILUÍDOS CM-70","Pernambuco","-"]
["2014-02-01","ASFALTOS DILUÍDOS CM-70","Rio Grande do Sul","-"]
["2014-03-01","ASFALTOS DILUÍDOS CM-70","Roraima","-"]
["2014-04-01","ASFALTOS DILUÍDOS CM-70","Sergipe","-"]
["2014-07-01","ASFALTOS DILUÍDOS CM-70","Mato Grosso","-"]
["2014-09-01","ASFALTOS DILUÍDOS CM-70","Ceará","-"]
["2014-10-01","ASFALTOS DILUÍDOS CM-70","Sergipe","-"]
["2014-12-01","ASFALTOS DILUÍDOS CM-70","Espírito Santo","-"]
["2015-02-01","ASFALTOS DILUÍDOS CM-70","Pará","-"]
["2015-05-01","ASFALTOS DILUÍDOS CM-70","Amazonas","-"]
["2015-06-01","ASFALTOS DILUÍDOS CM-70","Mato Grosso do Sul","-"]
["2015-07-01","ASFALTOS DILUÍDOS CM-70","Amazonas","-"]
["2015-09-01","ASFALTOS DILUÍDOS CM-70","Minas Gerais","-"]
["2015-10-01","ASFALTOS DILUÍDOS CM-70","Rio de Janeiro","-"]
["2015-12-01","ASFALTOS DILUÍDOS CM-70","Paraíba","-"]
["2016-02-01","ASFALTOS DILUÍDOS CM-70","Pernambuco","-"]
["2016-05-01","ASFALTOS DILUÍDOS CM-70","Mato Grosso","-"]
["2016-06-01","ASFALTOS DILUÍDOS CM-70","Bahia","-"]
["2016-07-01","ASFALTOS DILUÍDOS CM-70","Santa Catarina","-"]
["2016-09-01","ASFALTOS DILUÍDOS CM-70","Rio Grande do Norte","-"]
["2016-12-01","ASFALTOS DILUÍDOS CM-70","Pernambuco","-"]
["2017-02-01","ASFALTOS DILUÍDOS CM-70","Paraná","-"]
["2017-04-01","ASFALTOS DILUÍDOS CM-70","Bahia","-"]
["2017-05-01","ASFALTOS DILUÍDOS CM-70","Alagoas","-"]
["2017-07-01","ASFALTOS DILUÍDOS CM-70","Rio Grande do Norte","-"]
["2017-09-01","ASFALTOS DILUÍDOS CM-70","São Paulo","-"]
["2017-11-01","ASFALTOS DILUÍDOS CM-70","Piauí","-"]
["2017-12-01","ASFALTOS DILUÍDOS CM-70","Tocantins","-"]
["2018-03-01","ASFALTOS DILUÍDOS CM-70","Ceará","-"]
["2018-03-01","ASFALTOS DILUÍDOS CM-70","São Paulo","-"]
["2018-05-01","ASFALTOS DILUÍDOS CM-70","Goiás","-"]
["2018-07-01","ASFALTOS DILUÍDOS CM-70","Roraima","-"]
["2018-10-01","ASFALTOS DILUÍDOS CM-70","Bahia","-"]
["2018-11-01","ASFALTOS DILUÍDOS CM-70","Mato Grosso","-"]
["2019-01-01","ASFALTOS DILUÍDOS CM-70","Distrito Federal","-"]
["2019-02-01","ASFALTOS DILUÍDOS CM-70","Sergipe","-"]
["2019-05-01","ASFALTOS DILUÍDOS CM-70","Roraima","-"]
["2019-07-01","ASFALTOS DILUÍDOS CM-70","Maranhão","-"]
["2019-09-01","ASFALTOS DILUÍDOS CM-70","Mato Grosso","-"]
["2019-09-01","ASFALTOS DILUÍDOS CM-70","Roraima","-"]
["2019-12-01","ASFALTOS DILUÍDOS CM-70","Sergipe","-"]
["2020-02-01","ASFALTOS DILUÍDOS CM-70","Rio de Janeiro","-"]
["2020-04-01","ASFALTOS DILUÍDOS CM-70","Pará","-"]
["2020-05-01","ASFALTOS DILUÍDOS CM-70","Rio Grande do Sul","-"]
["2020-06-01","ASFALTOS DILUÍDOS CM-70","Pernambuco","-"]
["2020-09-01","ASFALTOS DILUÍDOS CM-70","Amazonas","-"]
["2020-10-01","ASFALTOS DILUÍDOS CM-70","Amapá","-"]
["2021-01-01","ASFALTOS DILUÍDOS CM-70","Alagoas","-"]
["2021-02-01","ASFALTOS DILUÍDOS CM-70","Sergipe","-"]
["2021-04-01","ASFALTOS DILUÍDOS CM-70","Pernambuco","-"]
["2021-06-01","ASFALTOS DILUÍDOS CM-70","Acre","-"]
["2021-08-01","ASFALTOS DILUÍDOS CM-70","Bahia","-"]
["2021-10-01","ASFALTOS DILUÍDOS CM-70","Espírito Santo","-"]
["2021-11-01","ASFALTOS DILUÍDOS CM-70","Rio Grande do Norte","-"]
["2021-12-01","ASFALTOS DILUÍDOS CM-70","Rondônia","-"]
["2022-03-01","ASFALTOS DILUÍDOS CM-70","Ceará","-"]
["2022-04-01","ASFALTOS DILUÍDOS CM-70","Maranhão","-"]
["2022-07-01","ASFALTOS DILUÍDOS CM-70","Minas Gerais","-"]
["2022-07-01","ASFALTOS DILUÍDOS CM-70","São Paulo","-"]
["2022-10-01","ASFALTOS DILUÍDOS CM-70","Paraíba","-"]
["2022-11-01","ASFALTOS DILUÍDOS CM-70","Roraima","-"]
["2023-01-01","ASFALTOS DILUÍDOS CM-70","Pernambuco","-"]
["2023-03-01","ASFALTOS DILUÍDOS CM-70","Mato Grosso","-"]
["2023-05-01","ASFALTOS DILUÍDOS CM-70","São Paulo","-"]
["2023-07-01","ASFALTOS DILUÍDOS CM-70","Rio Grande do Norte","-"]
["2023-09-01","ASFALTOS DILUÍDOS CM-70","Roraima","-"]
["2023-10-01","ASFALTOS DILUÍDOS CM-70","Rondônia","-"]
["2024-01-01","ASFALTOS DILUÍDOS CM-70","Mato Grosso","-"]
["2024-01-01","ASFALTOS DILUÍDOS CM-70","Santa Catarina","-"]
["2024-04-01","ASFALTOS DILUÍDOS CM-70","Sergipe","-"]
["2024-06-01","ASFALTOS DILUÍDOS CM-70","Amazonas","-"]
["2013-01-01","ASFALTOS DILUÍDOS CR-250","Pará","-"]
["2013-02-01","ASFALTOS DILUÍDOS CR-250","Paraná","-"]
["2013-05-01","ASFALTOS DILUÍDOS CR-250","Distrito Federal","-"]
["2013-06-01","ASFALTOS DILUÍDOS CR-250","Amazonas","-"]
["2013-08-01","ASFALTOS DILUÍDOS CR-250","Goiás","-"]
["2013-09-01","ASFALTOS DILUÍDOS CR-250","Rio de Janeiro","-"]
["2013-11-01","ASFALTOS DILUÍDOS CR-250","Mato Grosso","-"]
["2014-01-01","ASFALTOS DILUÍDOS CR-250","Pernambuco","-"]
["2014-02-01","ASFALTOS DILUÍDOS CR-250","Minas Gerais","-"]
["2014-05-01","ASFALTOS DILUÍDOS CR-250","Bahia","-"]
["2014-06-01","ASFALTOS DILUÍDOS CR-250","Distrito Federal","-"]
["2014-08-01","ASFALTOS DILUÍDOS CR-250","Paraná","-"]
["2014-09-01","ASFALTOS DILUÍDOS CR-250","Rondônia","-"]
["2014-11-01","ASFALTOS DILUÍDOS CR-250","Piauí","-"]
["2015-01-01","ASFALTOS DILUÍDOS CR-250","Maranhão","-"]
["2015-03-01","ASFALTOS DILUÍDOS CR-250","São Paulo","-"]
["2015-04-01","ASFALTOS DILUÍDOS CR-250","São Paulo","-"]
["2015-06-01","ASFALTOS DILUÍDOS CR-250","Tocantins","-"]
["2015-08-01","ASFALTOS DILUÍDOS CR-250","Minas Gerais","-"]
["2015-11-01","ASFALTOS DILUÍDOS CR-250","Maranhão","-"]
["2016-01-01","ASFALTOS DILUÍDOS CR-250","Amapá","-"]
["2016-02-01","ASFALTOS DILUÍDOS CR-250","São Paulo","-"]
["2016-04-01","ASFALTOS DILUÍDOS CR-250","Bahia","-"]
["2016-06-01","ASFALTOS DILUÍDOS CR-250","Roraima","-"]
["2016-07-01","ASFALTOS DILUÍDOS CR-250","Distrito Federal","-"]
["2016-10-01","ASFALTOS DILUÍDOS CR-250","Mato Grosso","-"]
["2016-12-01","ASFALTOS DILUÍDOS CR-250","Amapá","-"]
["2017-01-01","ASFALTOS DILUÍDOS CR-250","Sergipe","-"]
["2017-03-01","ASFALTOS DILUÍDOS CR-250","Acre","-"]
["2017-04-01","ASFALTOS DILUÍDOS CR-250","Mato Grosso do Sul","-"]
["2017-06-01","ASFALTOS DILUÍDOS CR-250","Paraná","-"]
["2017-09-01","ASFALTOS DILUÍDOS CR-250","Espírito Santo","-"]
["2017-10-01","ASFALTOS DILUÍDOS CR-250","Amazonas","-"]
["2017-11-01","ASFALTOS DILUÍDOS CR-250","Rio Grande do Sul","-"]
["2018-01-01","ASFALTOS DILUÍDOS CR-250","Rio de Janeiro","-"]
["2018-04-01","ASFALTOS DILUÍDOS CR-250","Pernambuco","-"]
["2018-05-01","ASFALTOS DILUÍDOS CR-250","Pernambuco","-"]
["2018-08-01","ASFALTOS DILUÍDOS CR-250","Amazonas","-"]
["2018-08-01","ASFALTOS DILUÍDOS CR-250","Sergipe","-"]
["2018-11-01","ASFALTOS DILUÍDOS CR-250","Rio de Janeiro","-"]
["2018-12-01","ASFALTOS DILUÍDOS CR-250","Acre","-"]
["2019-01-01","ASFALTOS DILUÍDOS CR-250","Rondônia","-"]
["2019-04-01","ASFALTOS DILUÍDOS CR-250","Santa Catarina","-"]
["2019-05-01","ASFALTOS DILUÍDOS CR-250","Maranhão","-"]
["2019-08-01","ASFALTOS DILUÍDOS CR-250","Distrito Federal","-"]
["2019-09-01","ASFALTOS DILUÍDOS CR-250","Ceará","-"]
["2019-11-01","ASFALTOS DILUÍDOS CR-250","Rondônia","-"]
["2020-02-01","ASFALTOS DILUÍDOS CR-250","Alagoas","-"]
["2020-03-01","ASFALTOS DILUÍDOS CR-250","Maranhão","-"]
["2020-04-01","ASFALTOS DILUÍDOS CR-250","Paraíba","-"]
["2020-06-01","ASFALTOS DILUÍDOS CR-250","São Paulo","-"]
["2020-09-01","ASFALTOS DILUÍDOS CR-250","Mato Grosso","-"]
["2020-10-01","ASFALTOS DILUÍDOS CR-250","Minas Gerais","-"]
["2020-11-01","ASFALTOS DILUÍDOS CR-250","Paraíba","-"]
["2021-01-01","ASFALTOS DILUÍDOS CR-250","Rio Grande do Norte","-"]
["2021-03-01","ASFALTOS DILUÍDOS CR-250","Amapá","-"]
["2021-04-01","ASFALTOS DILUÍDOS CR-250","Rondônia","-"]
["2021-07-01","ASFALTOS DILUÍDOS CR-250","Acre","-"]
["2021-09-01","ASFALTOS DILUÍDOS CR-250","Piauí","-"]
["2021-10-01","ASFALTOS DILUÍDOS CR-250","Paraná","-"]
["2021-12-01","ASFALTOS DILUÍDOS CR-250","Rio Grande do Norte","-"]
["2022-02-01","ASFALTOS DILUÍDOS CR-250","Amazonas","-"]
["2022-05-01","ASFALTOS DILUÍDOS CR-250","Acre","-"]
["2022-06-01","ASFALTOS DILUÍDOS CR-250","Roraima","-"]
["2022-08-01","ASFALTOS DILUÍDOS CR-250","Paraná","-"]
["2022-09-01","ASFALTOS DILUÍDOS CR-250","Goiás","-"]
["2022-12-01","ASFALTOS DILUÍDOS CR-250","Amazonas","-"]
["2023-02-01","ASFALTOS DILUÍDOS CR-250","Bahia","-"]
["2023-03-01","ASFALTOS DILUÍDOS CR-250","Rio de Janeiro","-"]
["2023-05-01","ASFALTOS DILUÍDOS CR-250","Distrito Federal","-"]
["2023-07-01","ASFALTOS DILUÍDOS CR-250","Pernambuco","-"]
["2023-08-01","ASFALTOS DILUÍDOS CR-250","Goiás","-"]
["2023-09-01","ASFALTOS DILUÍDOS CR-250","Paraná","-"]
["2023-11-01","ASFALTOS DILUÍDOS CR-250","Santa Catarina","-"]
["2024-02-01","ASFALTOS DILUÍDOS CR-250","Mato Grosso do Sul","-"]
["2024-03-01","ASFALTOS DILUÍDOS CR-250","Rondônia","-"]
["2024-05-01","ASFALTOS DILUÍDOS CR-250","Pará","-"]
["2024-07-01","ASFALTOS DILUÍDOS CR-250","Maranhão","-"]
["2013-02-01","ASFALTOS DILUÍDOS CR-70","Rio Grande do Sul","-"]
["2013-03-01","ASFALTOS DILUÍDOS CR-70","São Paulo","-"]
["2013-04-01","ASFALTOS DILUÍDOS CR-70","Tocantins","-"]
["2013-07-01","ASFALTOS DILUÍDOS CR-70","Rio de Janeiro","-"]
["2013-08-01","ASFALTOS DILUÍDOS CR-70","Paraíba","-"]
["2013-11-01","ASFALTOS DILUÍDOS CR-70","Sergipe","-"]
["2013-12-01","ASFALTOS DILUÍDOS CR-70","Amapá","-"]
["2014-03-01","ASFALTOS DILUÍDOS CR-70","Acre","-"]
["2014-03-01","ASFALTOS DILUÍDOS CR-70","Piauí","-"]
["2014-06-01","ASFALTOS DILUÍDOS CR-70","Amapá","-"]
["2014-07-01","ASFALTOS DILUÍDOS CR-70","Paraná","-"]
["2014-10-01","ASFALTOS DILUÍDOS CR-70","Amapá","-"]
["2014-12-01","ASFALTOS DILUÍDOS CR-70","Ceará","-"]
["2015-02-01","ASFALTOS DILUÍDOS CR-70","Acre","-"]
["2015-03-01","ASFALTOS DILUÍDOS CR-70","Espírito Santo","-"]
["2015-05-01","ASFALTOS DILUÍDOS CR-70","Paraná","-"]
["2015-06-01","ASFALTOS DILUÍDOS CR-70","Maranhão","-"]
["2015-09-01","ASFALTOS DILUÍDOS CR-70","Amazonas","-"]
["2015-10-01","ASFALTOS DILUÍDOS CR-70","Pernambuco","-"]
["2015-12-01","ASFALTOS DILUÍDOS CR-70","Rio de Janeiro","-"]
["2016-01-01","ASFALTOS DILUÍDOS CR-70","Rio Grande do Sul","-"]
["2016-04-01","ASFALTOS DILUÍDOS CR-70","Rio Grande do Norte","-"]
["2016-05-01","ASFALTOS DILUÍDOS CR-70","Goiás","-"]
["2016-07-01","ASFALTOS DILUÍDOS CR-70","Rondônia","-"]
["2016-08-01","ASFALTOS DILUÍDOS CR-70","Santa Catarina","-"]
["2016-10-01","ASFALTOS DILUÍDOS CR-70","Santa Catarina","-"]
["2016-12-01","ASFALTOS DILUÍDOS CR-70","Rondônia","-"]
["2017-01-01","ASFALTOS DILUÍDOS CR-70","Sergipe","-"]
["2017-04-01","ASFALTOS DILUÍDOS CR-70","Maranhão","-"]
["2017-06-01","ASFALTOS DILUÍDOS CR-70","Santa Catarina","-"]
["2017-08-01","ASFALTOS DILUÍDOS CR-70","Alagoas","-"]
["2017-10-01","ASFALTOS DILUÍDOS CR-70","Rondônia","-"]
["2017-11-01","ASFALTOS DILUÍDOS CR-70","Amazonas","-"]
["2018-02-01","ASFALTOS DILUÍDOS CR-70","Maranhão","-"]
["2018-03-01","ASFALTOS DILUÍDOS CR-70","Mato Grosso","-"]
["2018-05-01","ASFALTOS DILUÍDOS CR-70","São Paulo","-"]
["2018-06-01","ASFALTOS DILUÍDOS CR-70","Minas Gerais","-"]
["2018-09-01","ASFALTOS DILUÍDOS CR-70","Minas Gerais","-"]
["2018-10-01","ASFALTOS DILUÍDOS CR-70","Paraíba","-"]
["2018-12-01","ASFALTOS DILUÍDOS CR-70","Paraná","-"]
["2019-02-01","ASFALTOS DILUÍDOS CR-70","Amapá","-"]
["2019-03-01","ASFALTOS DILUÍDOS CR-70","Piauí","-"]
["2019-06-01","ASFALTOS DILUÍDOS CR-70","Acre","-"]
["2019-06-01","ASFALTOS DILUÍDOS CR-70","Rio Grande do Norte","-"]
["2019-09-01","ASFALTOS DILUÍDOS CR-70","Paraná","-"]
["2019-10-01","ASFALTOS DILUÍDOS CR-70","Espírito Santo","-"]
["2019-12-01","ASFALTOS DILUÍDOS CR-70","Roraima","-"]
["2020-02-01","ASFALTOS DILUÍDOS CR-70","Ceará","-"]
["2020-03-01","ASFALTOS DILUÍDOS CR-70","São Paulo","-"]
["2020-05-01","ASFALTOS DILUÍDOS CR-70","Rio Grande do Sul","-"]
["2020-08-01","ASFALTOS DILUÍDOS CR-70","Rio Grande do Sul","-"]
["2020-09-01","ASFALTOS DILUÍDOS CR-70","Goiás","-"]
["2020-11-01","ASFALTOS DILUÍDOS CR-70","Distrito Federal","-"]
["2020-12-01","ASFALTOS DILUÍDOS CR-70","Santa Catarina","-"]
["2021-03-01","ASFALTOS DILUÍDOS CR-70","Rio Grande do Sul","-"]
["2021-05-01","ASFALTOS DILUÍDOS CR-70","Maranhão","-"]
["2021-07-01","ASFALTOS DILUÍDOS CR-70","Goiás","-"]
["2021-08-01","ASFALTOS DILUÍDOS CR-70","Mato Grosso do Sul","-"]
["2021-10-01","ASFALTOS DILUÍDOS CR-70","Santa Catarina","-"]
["2021-11-01","ASFALTOS DILUÍDOS CR-70","Pará","-"]
["2022-02-01","ASFALTOS DILUÍDOS CR-70","Rondônia","-"]
["2022-04-01","ASFALTOS DILUÍDOS CR-70","Maranhão","-"]
["2022-06-01","ASFALTOS DILUÍDOS CR-70","Maranhão","-"]
["2022-07-01","ASFALTOS DILUÍDOS CR-70","Alagoas","-"]
["2022-08-01","ASFALTOS DILUÍDOS CR-70","Rio de Janeiro","-"]
["2022-10-01","ASFALTOS DILUÍDOS CR-70","Tocantins","-"]
["2023-01-01","ASFALTOS DILUÍDOS CR-70","Paraíba","-"]
["2023-02-01","ASFALTOS DILUÍDOS CR-70","Paraíba","-"]
["2023-04-01","ASFALTOS DILUÍDOS CR-70","Acre","-"]
["2023-06-01","ASFALTOS DILUÍDOS CR-70","Amapá","-"]
["2023-08-01","ASFALTOS DILUÍDOS CR-70","Santa Catarina","-"]
["2023-09-01","ASFALTOS DILUÍDOS CR-70","Piauí","-"]
["2023-12-01","ASFALTOS DILUÍDOS CR-70","Paraíba","-"]
["2024-01-01","ASFALTOS DILUÍDOS CR-70","Ceará","-"]
["2024-04-01","ASFALTOS DILUÍDOS CR-70","Amapá","-"]
["2024-04-01","ASFALTOS DILUÍDOS CR-70","Espírito Santo","-"]
["2024-06-01","ASFALTOS DILUÍDOS CR-70","Ceará","-"]
["2013-02-01","CAP MODIFICADO POR BORRACHA DE PNEU AB22","Amazonas","-"]
["2013-02-01","CAP MODIFICADO POR BORRACHA DE PNEU AB22","Rio Grande do Sul","-"]
["2013-05-01","CAP MODIFICADO POR BORRACHA DE PNEU AB22","Ceará","-"]
["2013-06-01","CAP MODIFICADO POR BORRACHA DE PNEU AB22","Goiás","-"]
["2013-09-01","CAP MODIFICADO POR BORRACHA DE PNEU AB22","Ceará","-"]
["2013-11-01","CAP MODIFICADO POR BORRACHA DE PNEU AB22","Goiás","-"]
["2013-12-01","CAP MODIFICADO POR BORRACHA DE PNEU AB22","Rio Grande do Sul","-"]
["2014-02-01","CAP MODIFICADO POR BORRACHA DE PNEU AB22","Mato Grosso","-"]
["2014-04-01","CAP MODIFICADO POR BORRACHA DE PNEU AB22","Goiás","-"]
["2014-06-01","CAP MODIFICADO POR BORRACHA DE PNEU AB22","Piauí","-"]
["2014-07-01","CAP MODIFICADO POR BORRACHA DE PNEU AB22","Santa Catarina","-"]
["2014-09-01","CAP MODIFICADO POR BORRACHA DE PNEU AB22","Rio Grande do Norte","-"]
["2014-11-01","CAP MODIFICADO POR BORRACHA DE PNEU AB22","Rondônia","-"]
["2014-12-01","CAP MODIFICADO POR BORRACHA DE PNEU AB22","Pará","-"]
["2015-02-01","CAP MODIFICADO POR BORRACHA DE PNEU AB22","Alagoas","-"]
["2015-04-01","CAP MODIFICADO POR BORRACHA DE PNEU AB22","Alagoas","-"]
["2015-06-01","CAP MODIFICADO POR BORRACHA DE PNEU AB22","São Paulo","-"]
["2015-07-01","CAP MODIFICADO POR BORRACHA DE PNEU AB22","Tocantins","-"]
["2015-09-01","CAP MODIFICADO POR BORRACHA DE PNEU AB22","Tocantins","-"]
["2015-11-01","CAP MODIFICADO POR BORRACHA DE PNEU AB22","Paraíba","-"]
["2016-01-01","CAP MODIFICADO POR BORRACHA DE PNEU AB22","Alagoas","-"]
["2016-03-01","CAP MODIFICADO POR BORRACHA DE PNEU AB22","Amapá","-"]
["2016-05-01","CAP MODIFICADO POR BORRACHA DE PNEU AB22","Tocantins","-"]
["2016-07-01","CAP MODIFICADO POR BORRACHA DE PNEU AB22","Bahia","-"]
["2016-09-01","CAP MODIFICADO POR BORRACHA DE PNEU AB22","Paraíba","-"]
["2016-11-01","CAP MODIFICADO POR BORRACHA DE PNEU AB22","Mato Grosso do Sul","-"]
["2017-01-01","CAP MODIFICADO POR BORRACHA DE PNEU AB22","Amapá","-"]
["2017-02-01","CAP MODIFICADO POR BORRACHA DE PNEU AB22","Pará","-"]
["2017-04-01","CAP MODIFICADO POR BORRACHA DE PNEU AB22","Piauí","-"]
["2017-05-01","CAP MODIFICADO POR BORRACHA DE PNEU AB22","Paraná","-"]
["2017-06-01","CAP MODIFICADO POR BORRACHA DE PNEU AB22","Rio Grande do Sul","-"]
["2017-09-01","CAP MODIFICADO POR BORRACHA DE PNEU AB22","Espírito Santo","-"]
["2017-11-01","CAP MODIFICADO POR BORRACHA DE PNEU AB22","Rio de Janeiro","-"]
["2018-01-01","CAP MODIFICADO POR BORRACHA DE PNEU AB22","Ceará","-"]
["2018-02-01","CAP MODIFICADO POR BORRACHA DE PNEU AB22","Rio Grande do Sul","-"]
["2018-04-01","CAP MODIFICADO POR BORRACHA DE PNEU AB22","Rio Grande do Sul","-"]
["2018-05-01","CAP MODIFICADO POR BORRACHA DE PNEU AB22","Roraima","-"]
["2018-08-01","CAP MODIFICADO POR BORRACHA DE PNEU AB22","Goiás","-"]
["2018-10-01","CAP MODIFICADO POR BORRACHA DE PNEU AB22","Amapá","-"]
["2018-11-01","CAP MODIFICADO POR BORRACHA DE PNEU AB22","Santa Catarina","-"]
["2018-12-01","CAP MODIFICADO POR BORRACHA DE PNEU AB22","Sergipe","-"]
["2019-03-01","CAP MODIFICADO POR BORRACHA DE PNEU AB22","Acre","-"]
["2019-04-01","CAP MODIFICADO POR BORRACHA DE PNEU AB22","Pará","-"]
["2019-07-01","CAP MODIFICADO POR BORRACHA DE PNEU AB22","Espírito Santo","-"]
["2019-08-01","CAP MODIFICADO POR BORRACHA DE PNEU AB22","Alagoas","-"]
["2019-10-01","CAP MODIFICADO POR BORRACHA DE PNEU AB22","Maranhão","-"]
["2019-11-01","CAP MODIFICADO POR BORRACHA DE PNEU AB22","Tocantins","-"]
["2020-02-01","CAP MODIFICADO POR BORRACHA DE PNEU AB22","Pará","-"]
["2020-04-01","CAP MODIFICADO POR BORRACHA DE PNEU AB22","Minas Gerais","-"]
["2020-06-01","CAP MODIFICADO POR BORRACHA DE PNEU AB22","Alagoas","-"]
["2020-07-01","CAP MODIFICADO POR BORRACHA DE PNEU AB22","Paraíba","-"]
["2020-09-01","CAP MODIFICADO POR BORRACHA DE PNEU AB22","Tocantins","-"]
["2020-10-01","CAP MODIFICADO POR BORRACHA DE PNEU AB22","Pernambuco","-"]
["2021-01-01","CAP MODIFICADO POR BORRACHA DE PNEU AB22","Paraíba","-"]
["2021-02-01","CAP MODIFICADO POR BORRACHA DE PNEU AB22","Santa Catarina","-"]
["2021-05-01","CAP MODIFICADO POR BORRACHA DE PNEU AB22","Amapá","-"]
["2021-06-01","CAP MODIFICADO POR BORRACHA DE PNEU AB22","Bahia","-"]
["2021-07-01","CAP MODIFICADO POR BORRACHA DE PNEU AB22","Rondônia","-"]
["2021-09-01","CAP MODIFICADO POR BORRACHA DE PNEU AB22","Rio Grande do Norte","-"]
["2021-12-01","CAP MODIFICADO POR BORRACHA DE PNEU AB22","Alagoas","-"]
["2022-01-01","CAP MODIFICADO POR BORRACHA DE PNEU AB22","Espírito Santo","-"]
["2022-03-01","CAP MODIFICADO POR BORRACHA DE PNEU AB22","Amazonas","-"]
["2022-04-01","CAP MODIFICADO POR BORRACHA DE PNEU AB22","Roraima","-"]
["2022-06-01","CAP MODIFICADO POR BORRACHA DE PNEU AB22","Ceará","-"]
["2022-08-01","CAP MODIFICADO POR BORRACHA DE PNEU AB22","Rio Grande do Sul","-"]
["2022-11-01","CAP MODIFICADO POR BORRACHA DE PNEU AB22","Espírito Santo","-"]
["2022-12-01","CAP MODIFICADO POR BORRACHA DE PNEU AB22","Goiás","-"]
["2023-01-01","CAP MODIFICADO POR BORRACHA DE PNEU AB22","Mato Grosso","-"]
["2023-03-01","CAP MODIFICADO POR BORRACHA DE PNEU AB22","Mato Grosso","-"]
["2023-04-01","CAP MODIFICADO POR BORRACHA DE PNEU AB22","Sergipe","-"]
["2023-08-01","CAP MODIFICADO POR BORRACHA DE PNEU AB22","Distrito Federal","-"]
["2023-08-01","CAP MODIFICADO POR BORRACHA DE PNEU AB22","Pará","-"]
["2023-10-01","CAP MODIFICADO POR BORRACHA DE PNEU AB22","Rio Grande do Norte","-"]
["2023-12-01","CAP MODIFICADO POR BORRACHA DE PNEU AB22","Alagoas","-"]
["2024-02-01","CAP MODIFICADO POR BORRACHA DE PNEU AB22","Sergipe","-"]
["2024-03-01","CAP MODIFICADO POR BORRACHA DE PNEU AB22","Piauí","-"]
["2024-06-01","CAP MODIFICADO POR BORRACHA DE PNEU AB22","Pará","-"]
["2024-07-01","CAP MODIFICADO POR BORRACHA DE PNEU AB22","São Paulo","-"]
["2013-03-01","CAP MODIFICADO POR BORRACHA DE PNEU AB8","Alagoas","-"]
["2013-03-01","CAP MODIFICADO POR BORRACHA DE PNEU AB8","Tocantins","-"]
["2013-06-01","CAP MODIFICADO POR BORRACHA DE PNEU AB8","Tocantins","-"]
["2013-08-01","CAP MODIFICADO POR BORRACHA DE PNEU AB8","Roraima","-"]
["2013-10-01","CAP MODIFICADO POR BORRACHA DE PNEU AB8","Paraíba","-"]
["2013-11-01","CAP MODIFICADO POR BORRACHA DE PNEU AB8","Distrito Federal","-"]
["2014-01-01","CAP MODIFICADO POR BORRACHA DE PNEU AB8","Bahia","-"]
["2014-03-01","CAP MODIFICADO POR BORRACHA DE PNEU AB8","Bahia","-"]
["2014-06-01","CAP MODIFICADO POR BORRACHA DE PNEU AB8","Acre","-"]
["2014-06-01","CAP MODIFICADO POR BORRACHA DE PNEU AB8","Rio Grande do Norte","-"]
["2014-08-01","CAP MODIFICADO POR BORRACHA DE PNEU AB8","Pará","-"]
["2014-10-01","CAP MODIFICADO POR BORRACHA DE PNEU AB8","Espírito Santo","-"]
["2015-01-01","CAP MODIFICADO POR BORRACHA DE PNEU AB8","Maranhão","-"]
["2015-01-01","CAP MODIFICADO POR BORRACHA DE PNEU AB8","Roraima","-"]
["2015-04-01","CAP MODIFICADO POR BORRACHA DE PNEU AB8","Rio Grande do Norte","-"]
["2015-05-01","CAP MODIFICADO POR BORRACHA DE PNEU AB8","Rio de Janeiro","-"]
["2015-08-01","CAP MODIFICADO POR BORRACHA DE PNEU AB8","Espírito Santo","-"]
["2015-08-01","CAP MODIFICADO POR BORRACHA DE PNEU AB8","Rio Grande do Sul","-"]
["2015-11-01","CAP MODIFICADO POR BORRACHA DE PNEU AB8","Roraima","-"]
["2016-01-01","CAP MODIFICADO POR BORRACHA DE PNEU AB8","Pernambuco","-"]
["2016-03-01","CAP MODIFICADO POR BORRACHA DE PNEU AB8","Rio Grande do Sul","-"]
["2016-04-01","CAP MODIFICADO POR BORRACHA DE PNEU AB8","Rio de Janeiro","-"]
["2016-07-01","CAP MODIFICADO POR BORRACHA DE PNEU AB8","Goiás","-"]
["2016-08-01","CAP MODIFICADO POR BORRACHA DE PNEU AB8","Mato Grosso","-"]
["2016-10-01","CAP MODIFICADO POR BORRACHA DE PNEU AB8","Rondônia","-"]
["2016-11-01","CAP MODIFICADO POR BORRACHA DE PNEU AB8","Sergipe","-"]
["2017-01-01","CAP MODIFICADO POR BORRACHA DE PNEU AB8","Santa Catarina","-"]
["2017-03-01","CAP MODIFICADO POR BORRACHA DE PNEU AB8","Pará","-"]
["2017-06-01","CAP MODIFICADO POR BORRACHA DE PNEU AB8","Amazonas","-"]
["2017-07-01","CAP MODIFICADO POR BORRACHA DE PNEU AB8","Alagoas","-"]
["2017-09-01","CAP MODIFICADO POR BORRACHA DE PNEU AB8","Ceará","-"]
["2017-10-01","CAP MODIFICADO POR BORRACHA DE PNEU AB8","Pernambuco","-"]
["2017-11-01","CAP MODIFICADO POR BORRACHA DE PNEU AB8","Rio de Janeiro","-"]
["2018-01-01","CAP MODIFICADO POR BORRACHA DE PNEU AB8","Paraíba","-"]
["2018-03-01","CAP MODIFICADO POR BORRACHA DE PNEU AB8","Distrito Federal","-"]
["2018-06-01","CAP MODIFICADO POR BORRACHA DE PNEU AB8","Mato Grosso","-"]
["2018-07-01","CAP MODIFICADO POR BORRACHA DE PNEU AB8","Bahia","-"]
["2018-09-01","CAP MODIFICADO POR BORRACHA DE PNEU AB8","Minas Gerais","-"]
["2018-10-01","CAP MODIFICADO POR BORRACHA DE PNEU AB8","Rio Grande do Norte","-"]
["2019-01-01","CAP MODIFICADO POR BORRACHA DE PNEU AB8","Distrito Federal","-"]
["2019-03-01","CAP MODIFICADO POR BORRACHA DE PNEU AB8","Paraná",2.9481913114504175]
["2019-05-01","CAP MODIFICADO POR BORRACHA DE PNEU AB8","Bahia","-"]
["2019-06-01","CAP MODIFICADO POR BORRACHA DE PNEU AB8","Piauí","-"]
["2019-08-01","CAP MODIFICADO POR BORRACHA DE PNEU AB8","Rio Grande do Norte","-"]
["2019-10-01","CAP MODIFICADO POR BORRACHA DE PNEU AB8","São Paulo","-"]
["2019-12-01","CAP MODIFICADO POR BORRACHA DE PNEU AB8","Espírito Santo","-"]
["2020-01-01","CAP MODIFICADO POR BORRACHA DE PNEU AB8","Tocantins","-"]
["2020-03-01","CAP MODIFICADO POR BORRACHA DE PNEU AB8","Roraima","-"]
["2020-04-01","CAP MODIFICADO POR BORRACHA DE PNEU AB8","São Paulo","-"]
["2020-06-01","CAP MODIFICADO POR BORRACHA DE PNEU AB8","Goiás","-"]
["2020-08-01","CAP MODIFICADO POR BORRACHA DE PNEU AB8","Minas Gerais","-"]
["2020-11-01","CAP MODIFICADO POR BORRACHA DE PNEU AB8","Bahia","-"]
["2020-12-01","CAP MODIFICADO POR BORRACHA DE PNEU AB8","Acre","-"]
["2021-02-01","CAP MODIFICADO POR BORRACHA DE PNEU AB8","Distrito Federal","-"]
["2021-03-01","CAP MODIFICADO POR BORRACHA DE PNEU AB8","Sergipe","-"]
["2021-05-01","CAP MODIFICADO POR BORRACHA DE PNEU AB8","Goiás","-"]
["2021-07-01","CAP MODIFICADO POR BORRACHA DE PNEU AB8","Pará","-"]
["2021-08-01","CAP MODIFICADO POR BORRACHA DE PNEU AB8","Paraná",4.2051372341964477]
["2021-11-01","CAP MODIFICADO POR BORRACHA DE PNEU AB8","Mato Grosso do Sul","-"]
["2021-12-01","CAP MODIFICADO POR BORRACHA DE PNEU AB8","Amazonas","-"]
["2022-02-01","CAP MODIFICADO POR BORRACHA DE PNEU AB8","Pará","-"]
["2022-05-01","CAP MODIFICADO POR BORRACHA DE PNEU AB8","Pará","-"]
["2022-06-01","CAP MODIFICADO POR BORRACHA DE PNEU AB8","Rio Grande do Sul","-"]
["2022-09-01","CAP MODIFICADO POR BORRACHA DE PNEU AB8","Alagoas","-"]
["2022-09-01","CAP MODIFICADO POR BORRACHA DE PNEU AB8","Roraima","-"]
["2022-11-01","CAP MODIFICADO POR BORRACHA DE PNEU AB8","Bahia","-"]
["2023-01-01","CAP MODIFICADO POR BORRACHA DE PNEU AB8","Rio de Janeiro","-"]
["2023-03-01","CAP MODIFICADO POR BORRACHA DE PNEU AB8","Sergipe","-"]
["2023-05-01","CAP MODIFICADO POR BORRACHA DE PNEU AB8","Distrito Federal","-"]
["2023-07-01","CAP MODIFICADO POR BORRACHA DE PNEU AB8","Acre","-"]
["2023-09-01","CAP MODIFICADO POR BORRACHA DE PNEU AB8","Bahia","-"]
["2023-10-01","CAP MODIFICADO POR BORRACHA DE PNEU AB8","Amapá","-"]
["2023-12-01","CAP MODIFICADO POR BORRACHA DE PNEU AB8","Rio Grande do Norte","-"]
["2024-02-01","CAP MODIFICADO POR BORRACHA DE PNEU AB8","Sergipe","-"]
["2024-04-01","CAP MODIFICADO POR BORRACHA DE PNEU AB8","Espírito Santo","-"]
["2024-05-01","CAP MODIFICADO POR BORRACHA DE PNEU AB8","Maranhão","-"]
["2024-07-01","CAP MODIFICADO POR BORRACHA DE PNEU AB8","Espírito Santo","-"]
["2015-09-01","CAP MODIFICADO POR POLÍMERO 55-75-E","São Paulo","-"]
["2015-12-01","CAP MODIFICADO POR POLÍMERO 55-75-E","Paraíba","-"]
["2016-01-01","CAP MODIFICADO POR POLÍMERO 55-75-E","Minas Gerais","-"]
["2016-03-01","CAP MODIFICADO POR POLÍMERO 55-75-E","Pernambuco","-"]
["2016-05-01","CAP MODIFICADO POR POLÍMERO 55-75-E","Acre","-"]
["2016-06-01","CAP MODIFICADO POR POLÍMERO 55-75-E","Rio de Janeiro","-"]
["2016-08-01","CAP MODIFICADO POR POLÍMERO 55-75-E","Sergipe","-"]
["2016-11-01","CAP MODIFICADO POR POLÍMERO 55-75-E","Minas Gerais","-"]
["2016-12-01","CAP MODIFICADO POR POLÍMERO 55-75-E","Rondônia","-"]
["2017-03-01","CAP MODIFICADO POR POLÍMERO 55-75-E","Acre","-"]
["2017-03-01","CAP MODIFICADO POR POLÍMERO 55-75-E","Santa Catarina","-"]
["2017-06-01","CAP MODIFICADO POR POLÍMERO 55-75-E","Sergipe","-"]
["2017-08-01","CAP MODIFICADO POR POLÍMERO 55-75-E","Rio Grande do Norte","-"]
["2017-10-01","CAP MODIFICADO POR POLÍMERO 55-75-E","Pará","-"]
["2017-11-01","CAP MODIFICADO POR POLÍMERO 55-75-E","Ceará","-"]
["2018-02-01","CAP MODIFICADO POR POLÍMERO 55-75-E","Alagoas","-"]
["2018-03-01","CAP MODIFICADO POR POLÍMERO 55-75-E","Amazonas","-"]
["2018-04-01","CAP MODIFICADO POR POLÍMERO 55-75-E","Amazonas","-"]
["2018-06-01","CAP MODIFICADO POR POLÍMERO 55-75-E","Rio de Janeiro","-"]
["2018-08-01","CAP MODIFICADO POR POLÍMERO 55-75-E","Mato Grosso","-"]
["2018-10-01","CAP MODIFICADO POR POLÍMERO 55-75-E","Distrito Federal","-"]
["2018-11-01","CAP MODIFICADO POR POLÍMERO 55-75-E","Minas Gerais","-"]
["2019-02-01","CAP MODIFICADO POR POLÍMERO 55-75-E","Bahia","-"]
["2019-04-01","CAP MODIFICADO POR POLÍMERO 55-75-E","Goiás","-"]
["2019-05-01","CAP MODIFICADO POR POLÍMERO 55-75-E","Rio Grande do Norte","-"]
["2019-08-01","CAP MODIFICADO POR POLÍMERO 55-75-E","Distrito Federal","-"]
["2019-08-01","CAP MODIFICADO POR POLÍMERO 55-75-E","Piauí","-"]
["2019-10-01","CAP MODIFICADO POR POLÍMERO 55-75-E","Maranhão","-"]
["2020-01-01","CAP MODIFICADO POR POLÍMERO 55-75-E","Pará","-"]
["2020-01-01","CAP MODIFICADO POR POLÍMERO 55-75-E","São Paulo","-"]
["2020-04-01","CAP MODIFICADO POR POLÍMERO 55-75-E","Paraná",2.8150395467212963]
["2020-05-01","CAP MODIFICADO POR POLÍMERO 55-75-E","Minas Gerais","-"]
["2020-07-01","CAP MODIFICADO POR POLÍMERO 55-75-E","Alagoas","-"]
["2020-09-01","CAP MODIFICADO POR POLÍMERO 55-75-E","Acre","-"]
["2020-11-01","CAP MODIFICADO POR POLÍMERO 55-75-E","São Paulo","-"]
["2021-01-01","CAP MODIFICADO POR POLÍMERO 55-75-E","Bahia","-"]
["2021-03-01","CAP MODIFICADO POR POLÍMERO 55-75-E","Minas Gerais","-"]
["2021-04-01","CAP MODIFICADO POR POLÍMERO 55-75-E","Distrito Federal","-"]
["2021-07-01","CAP MODIFICADO POR POLÍMERO 55-75-E","Acre","-"]
["2021-09-01","CAP MODIFICADO POR POLÍMERO 55-75-E","Amapá","-"]
["2021-10-01","CAP MODIFICADO POR POLÍMERO 55-75-E","Sergipe","-"]
["2021-11-01","CAP MODIFICADO POR POLÍMERO 55-75-E","Piauí","-"]
["2022-01-01","CAP MODIFICADO POR POLÍMERO 55-75-E","Mato Grosso do Sul","-"]
["2022-03-01","CAP MODIFICADO POR POLÍMERO 55-75-E","Paraná",3.9323116035883006]
["2022-06-01","CAP MODIFICADO POR POLÍMERO 55-75-E","Espírito Santo","-"]
["2022-07-01","CAP MODIFICADO POR POLÍMERO 55-75-E","Amazonas","-"]
["2022-09-01","CAP MODIFICADO POR POLÍMERO 55-75-E","Maranhão","-"]
["2022-10-01","CAP MODIFICADO POR POLÍMERO 55-75-E","Rio de Janeiro","-"]
["2022-11-01","CAP MODIFICADO POR POLÍMERO 55-75-E","Roraima","-"]
["2023-02-01","CAP MODIFICADO POR POLÍMERO 55-75-E","Distrito Federal","-"]
["2023-05-01","CAP MODIFICADO POR POLÍMERO 55-75-E","Amazonas","-"]
["2023-06-01","CAP MODIFICADO POR POLÍMERO 55-75-E","Paraíba","-"]
["2023-08-01","CAP MODIFICADO POR POLÍMERO 55-75-E","Rio de Janeiro","-"]
["2023-09-01","CAP MODIFICADO POR POLÍMERO 55-75-E","Acre","-"]
["2023-12-01","CAP MODIFICADO POR POLÍMERO 55-75-E","Distrito Federal","-"]
["2024-01-01","CAP MODIFICADO POR POLÍMERO 55-75-E","Santa Catarina","-"]
["2024-02-01","CAP MODIFICADO POR POLÍMERO 55-75-E","Maranhão","-"]
["2024-04-01","CAP MODIFICADO POR POLÍMERO 55-75-E","Sergipe","-"]
["2024-05-01","CAP MODIFICADO POR POLÍMERO 55-75-E","São Paulo","-"]
["2015-09-01","CAP MODIFICADO POR POLÍMERO 60-85-E","Mato Grosso do Sul","-"]
["2015-12-01","CAP MODIFICADO POR POLÍMERO 60-85-E","Alagoas","-"]
["2016-01-01","CAP MODIFICADO POR POLÍMERO 60-85-E","Maranhão","-"]
["2016-03-01","CAP MODIFICADO POR POLÍMERO 60-85-E","Amazonas","-"]
["2016-04-01","CAP MODIFICADO POR POLÍMERO 60-85-E","São Paulo",2.301563988502926]
["2016-06-01","CAP MODIFICADO POR POLÍMERO 60-85-E","Ceará","-"]
["2016-08-01","CAP MODIFICADO POR POLÍMERO 60-85-E","Minas Gerais",2.1721482542249899]
["2016-10-01","CAP MODIFICADO POR POLÍMERO 60-85-E","Minas Gerais",1.4543314903379034]
["2016-12-01","CAP MODIFICADO POR POLÍMERO 60-85-E","Acre","-"]
["2017-01-01","CAP MODIFICADO POR POLÍMERO 60-85-E","Amapá","-"]
["2017-02-01","CAP MODIFICADO POR POLÍMERO 60-85-E","Rondônia","-"]
["2017-04-01","CAP MODIFICADO POR POLÍMERO 60-85-E","Piauí","-"]
["2017-07-01","CAP MODIFICADO POR POLÍMERO 60-85-E","Piauí","-"]
["2017-08-01","CAP MODIFICADO POR POLÍMERO 60-85-E","Ceará","-"]
["2017-10-01","CAP MODIFICADO POR POLÍMERO 60-85-E","Rio Grande do Norte","-"]
["2017-12-01","CAP MODIFICADO POR POLÍMERO 60-85-E","Amazonas","-"]
["2018-01-01","CAP MODIFICADO POR POLÍMERO 60-85-E","Rondônia","-"]
["2018-03-01","CAP MODIFICADO POR POLÍMERO 60-85-E","Rio de Janeiro","-"]
["2018-06-01","CAP MODIFICADO POR POLÍMERO 60-85-E","Paraná",2.3711622365530407]
["2018-07-01","CAP MODIFICADO POR POLÍMERO 60-85-E","São Paulo",2.7907990137773249]
["2018-10-01","CAP MODIFICADO POR POLÍMERO 60-85-E","Amazonas","-"]
["2018-10-01","CAP MODIFICADO POR POLÍMERO 60-85-E","Tocantins","-"]
["2019-01-01","CAP MODIFICADO POR POLÍMERO 60-85-E","Rio de Janeiro","-"]
["2019-03-01","CAP MODIFICADO POR POLÍMERO 60-85-E","Distrito Federal","-"]
["2019-05-01","CAP MODIFICADO POR POLÍMERO 60-85-E","Distrito Federal","-"]
["2019-06-01","CAP MODIFICADO POR POLÍMERO 60-85-E","Goiás","-"]
["2019-08-01","CAP MODIFICADO POR POLÍMERO 60-85-E","Rondônia","-"]
["2019-09-01","CAP MODIFICADO POR POLÍMERO 60-85-E","Santa Catarina","-"]
["2019-12-01","CAP MODIFICADO POR POLÍMERO 60-85-E","Mato Grosso do Sul","-"]
["2020-01-01","CAP MODIFICADO POR POLÍMERO 60-85-E","Mato Grosso do Sul","-"]
["2020-03-01","CAP MODIFICADO POR POLÍMERO 60-85-E","Pará","-"]
["2020-05-01","CAP MODIFICADO POR POLÍMERO 60-85-E","Maranhão","-"]
["2020-06-01","CAP MODIFICADO POR POLÍMERO 60-85-E","Paraná",2.8484283213915553]
["2020-08-01","CAP MODIFICADO POR POLÍMERO 60-85-E","São Paulo",2.9758383989612995]
["2020-11-01","CAP MODIFICADO POR POLÍMERO 60-85-E","Mato Grosso do Sul","-"]
["2020-12-01","CAP MODIFICADO POR POLÍMERO 60-85-E","Minas Gerais",3.4405185077956948]
["2021-01-01","CAP MODIFICADO POR POLÍMERO 60-85-E","Paraíba","-"]
["2021-03-01","CAP MODIFICADO POR POLÍMERO 60-85-E","Rio Grande do Sul","-"]
["2021-05-01","CAP MODIFICADO POR POLÍMERO 60-85-E","Amapá","-"]
["2021-06-01","CAP MODIFICADO POR POLÍMERO 60-85-E","Roraima","-"]
["2021-08-01","CAP MODIFICADO POR POLÍMERO 60-85-E","Piauí","-"]
["2021-11-01","CAP MODIFICADO POR POLÍMERO 60-85-E","Amapá","-"]
["2021-12-01","CAP MODIFICADO POR POLÍMERO 60-85-E","Ceará",4.8991315953840893]
["2022-02-01","CAP MODIFICADO POR POLÍMERO 60-85-E","Bahia","-"]
["2022-04-01","CAP MODIFICADO POR POLÍMERO 60-85-E","Amazonas","-"]
["2022-06-01","CAP MODIFICADO POR POLÍMERO 60-85-E","Piauí","-"]
["2022-08-01","CAP MODIFICADO POR POLÍMERO 60-85-E","Espírito Santo","-"]
["2022-10-01","CAP MODIFICADO POR POLÍMERO 60-85-E","Ceará",5.0046780418321752]
["2022-11-01","CAP MODIFICADO POR POLÍMERO 60-85-E","Maranhão","-"]
["2023-02-01","CAP MODIFICADO POR POLÍMERO 60-85-E","Amazonas","-"]
["2023-04-01","CAP MODIFICADO POR POLÍMERO 60-85-E","Ceará","-"]
["2023-05-01","CAP MODIFICADO POR POLÍMERO 60-85-E","Rio de Janeiro","-"]
["2023-06-01","CAP MODIFICADO POR POLÍMERO 60-85-E","Rio de Janeiro","-"]
["2023-09-01","CAP MODIFICADO POR POLÍMERO 60-85-E","Distrito Federal","-"]
["2023-10-01","CAP MODIFICADO POR POLÍMERO 60-85-E","Goiás","-"]
["2023-11-01","CAP MODIFICADO POR POLÍMERO 60-85-E","Pernambuco","-"]
["2024-01-01","CAP MODIFICADO POR POLÍMERO 60-85-E","Santa Catarina","-"]
["2024-03-01","CAP MODIFICADO POR POLÍMERO 60-85-E","Santa Catarina","-"]
["2024-05-01","CAP MODIFICADO POR POLÍMERO 60-85-E","Mato Grosso do Sul","-"]
["2024-06-01","CAP MODIFICADO POR POLÍMERO 60-85-E","Sergipe","-"]
["2015-09-01","CAP MODIFICADO POR POLÍMERO 65-90-E","Tocantins","-"]
["2015-12-01","CAP MODIFICADO POR POLÍMERO 65-90-E","Santa Catarina","-"]
["2016-02-01","CAP MODIFICADO POR POLÍMERO 65-90-E","Alagoas","-"]
["2016-04-01","CAP MODIFICADO POR POLÍMERO 65-90-E","Mato Grosso do Sul","-"]
["2016-05-01","CAP MODIFICADO POR POLÍMERO 65-90-E","Amazonas","-"]
["2016-06-01","CAP MODIFICADO POR POLÍMERO 65-90-E","Paraíba","-"]
["2016-09-01","CAP MODIFICADO POR POLÍMERO 65-90-E","Tocantins","-"]
["2016-10-01","CAP MODIFICADO POR POLÍMERO 65-90-E","Amapá","-"]
["2017-01-01","CAP MODIFICADO POR POLÍMERO 65-90-E","Alagoas","-"]
["2017-03-01","CAP MODIFICADO POR POLÍMERO 65-90-E","Minas Gerais","-"]
["2017-04-01","CAP MODIFICADO POR POLÍMERO 65-90-E","Paraíba","-"]
["2017-05-01","CAP MODIFICADO POR POLÍMERO 65-90-E","Mato Grosso","-"]
["2017-08-01","CAP MODIFICADO POR POLÍMERO 65-90-E","Amapá","-"]
["2017-09-01","CAP MODIFICADO POR POLÍMERO 65-90-E","Piauí","-"]
["2017-11-01","CAP MODIFICADO POR POLÍMERO 65-90-E","Piauí","-"]
["2017-12-01","CAP MODIFICADO POR POLÍMERO 65-90-E","Rio Grande do Norte","-"]
["2018-03-01","CAP MODIFICADO POR POLÍMERO 65-90-E","Ceará","-"]
["2018-05-01","CAP MODIFICADO POR POLÍMERO 65-90-E","Paraná","-"]
["2018-07-01","CAP MODIFICADO POR POLÍMERO 65-90-E","Amazonas","-"]
["2018-07-01","CAP MODIFICADO POR POLÍMERO 65-90-E","Roraima","-"]
["2018-09-01","CAP MODIFICADO POR POLÍMERO 65-90-E","São Paulo","-"]
["2018-11-01","CAP MODIFICADO POR POLÍMERO 65-90-E","Mato Grosso","-"]
["2019-02-01","CAP MODIFICADO POR POLÍMERO 65-90-E","Rio Grande do Sul","-"]
["2019-03-01","CAP MODIFICADO POR POLÍMERO 65-90-E","Goiás","-"]
["2019-05-01","CAP MODIFICADO POR POLÍMERO 65-90-E","Roraima","-"]
["2019-06-01","CAP MODIFICADO POR POLÍMERO 65-90-E","Santa Catarina","-"]
["2019-08-01","CAP MODIFICADO POR POLÍMERO 65-90-E","Goiás","-"]
["2019-10-01","CAP MODIFICADO POR POLÍMERO 65-90-E","Mato Grosso do Sul","-"]
["2020-01-01","CAP MODIFICADO POR POLÍMERO 65-90-E","Goiás","-"]
["2020-03-01","CAP MODIFICADO POR POLÍMERO 65-90-E","Acre","-"]
["2020-04-01","CAP MODIFICADO POR POLÍMERO 65-90-E","Santa Catarina","-"]
["2020-05-01","CAP MODIFICADO POR POLÍMERO 65-90-E","Pará","-"]
["2020-08-01","CAP MODIFICADO POR POLÍMERO 65-90-E","Mato Grosso do Sul","-"]
["2020-10-01","CAP MODIFICADO POR POLÍMERO 65-90-E","Maranhão","-"]
["2020-11-01","CAP MODIFICADO POR POLÍMERO 65-90-E","Tocantins","-"]
["2021-01-01","CAP MODIFICADO POR POLÍMERO 65-90-E","Mato Grosso do Sul","-"]
["2021-03-01","CAP MODIFICADO POR POLÍMERO 65-90-E","São Paulo","-"]
["2021-04-01","CAP MODIFICADO POR POLÍMERO 65-90-E","Pernambuco","-"]
["2021-07-01","CAP MODIFICADO POR POLÍMERO 65-90-E","Paraíba","-"]
["2021-08-01","CAP MODIFICADO POR POLÍMERO 65-90-E","Paraíba","-"]
["2021-10-01","CAP MODIFICADO POR POLÍMERO 65-90-E","Pernambuco","-"]
["2021-12-01","CAP MODIFICADO POR POLÍMERO 65-90-E","Amapá","-"]
["2022-01-01","CAP MODIFICADO POR POLÍMERO 65-90-E","Rio de Janeiro","-"]
["2022-03-01","CAP MODIFICADO POR POLÍMERO 65-90-E","Piauí","-"]
["2022-05-01","CAP MODIFICADO POR POLÍMERO 65-90-E","Sergipe","-"]
["2022-07-01","CAP MODIFICADO POR POLÍMERO 65-90-E","Ceará","-"]
["2022-08-01","CAP MODIFICADO POR POLÍMERO 65-90-E","Espírito Santo","-"]
["2022-10-01","CAP MODIFICADO POR POLÍMERO 65-90-E","Espírito Santo","-"]
["2022-11-01","CAP MODIFICADO POR POLÍMERO 65-90-E","Roraima","-"]
["2023-03-01","CAP MODIFICADO POR POLÍMERO 65-90-E","Amazonas","-"]
["2023-05-01","CAP MODIFICADO POR POLÍMERO 65-90-E","Ceará","-"]
["2023-06-01","CAP MODIFICADO POR POLÍMERO 65-90-E","Ceará","-"]
["2023-07-01","CAP MODIFICADO POR POLÍMERO 65-90-E","Goiás","-"]
["2023-09-01","CAP MODIFICADO POR POLÍMERO 65-90-E","Espírito Santo","-"]
["2023-10-01","CAP MODIFICADO POR POLÍMERO 65-90-E","Santa Catarina","-"]
["2024-01-01","CAP MODIFICADO POR POLÍMERO 65-90-E","Mato Grosso","-"]
["2024-03-01","CAP MODIFICADO POR POLÍMERO 65-90-E","Mato Grosso","-"]
["2024-05-01","CAP MODIFICADO POR POLÍMERO 65-90-E","Goiás","-"]
["2024-06-01","CAP MODIFICADO POR POLÍMERO 65-90-E","Minas Gerais",4.4499115408230994]
["2013-01-01","CIMENTO ASFÁLTICO MODIFICADO POR POLÍMERO SBS 50-65","Santa Catarina","-"]
["2013-03-01","CIMENTO ASFÁLTICO MODIFICADO POR POLÍMERO SBS 50-65","Rio Grande do Norte","-"]
["2013-05-01","CIMENTO ASFÁLTICO MODIFICADO POR POLÍMERO SBS 50-65","Mato Grosso do Sul","-"]
["2013-06-01","CIMENTO ASFÁLTICO MODIFICADO POR POLÍMERO SBS 50-65","Rondônia","-"]
["2013-08-01","CIMENTO ASFÁLTICO MODIFICADO POR POLÍMERO SBS 50-65","Tocantins","-"]
["2013-10-01","CIMENTO ASFÁLTICO MODIFICADO POR POLÍMERO SBS 50-65","Alagoas","-"]
["2013-12-01","CIMENTO ASFÁLTICO MODIFICADO POR POLÍMERO SBS 50-65","São Paulo","-"]
["2014-01-01","CIMENTO ASFÁLTICO MODIFICADO POR POLÍMERO SBS 50-65","Pernambuco","-"]
["2014-03-01","CIMENTO ASFÁLTICO MODIFICADO POR POLÍMERO SBS 50-65","Tocantins","-"]
["2014-05-01","CIMENTO ASFÁLTICO MODIFICADO POR POLÍMERO SBS 50-65","Paraíba","-"]
["2014-07-01","CIMENTO ASFÁLTICO MODIFICADO POR POLÍMERO SBS 50-65","Alagoas","-"]
["2014-09-01","CIMENTO ASFÁLTICO MODIFICADO POR POLÍMERO SBS 50-65","Amapá","-"]
["2014-11-01","CIMENTO ASFÁLTICO MODIFICADO POR POLÍMERO SBS 50-65","São Paulo","-"]
["2014-12-01","CIMENTO ASFÁLTICO MODIFICADO POR POLÍMERO SBS 50-65","Piauí","-"]
["2015-03-01","CIMENTO ASFÁLTICO MODIFICADO POR POLÍMERO SBS 50-65","Paraíba","-"]
["2015-04-01","CIMENTO ASFÁLTICO MODIFICADO POR POLÍMERO SBS 50-65","Distrito Federal","-"]
["2015-07-01","CIMENTO ASFÁLTICO MODIFICADO POR POLÍMERO SBS 50-65","Amapá","-"]
["2015-07-01","CIMENTO ASFÁLTICO MODIFICADO POR POLÍMERO SBS 50-65","Goiás","-"]
["2013-02-01","CIMENTO ASFÁLTICO MODIFICADO POR POLÍMERO SBS 55-75","Piauí","-"]
["2013-03-01","CIMENTO ASFÁLTICO MODIFICADO POR POLÍMERO SBS 55-75","Paraná","-"]
["2013-06-01","CIMENTO ASFÁLTICO MODIFICADO POR POLÍMERO SBS 55-75","Ceará","-"]
["2013-07-01","CIMENTO ASFÁLTICO MODIFICADO POR POLÍMERO SBS 55-75","Espírito Santo","-"]
["2013-09-01","CIMENTO ASFÁLTICO MODIFICADO POR POLÍMERO SBS 55-75","Rio de Janeiro","-"]
["2013-10-01","CIMENTO ASFÁLTICO MODIFICADO POR POLÍMERO SBS 55-75","Roraima","-"]
["2013-12-01","CIMENTO ASFÁLTICO MODIFICADO POR POLÍMERO SBS 55-75","Rio Grande do Sul","-"]
["2014-02-01","CIMENTO ASFÁLTICO MODIFICADO POR POLÍMERO SBS 55-75","Mato Grosso","-"]
["2014-03-01","CIMENTO ASFÁLTICO MODIFICADO POR POLÍMERO SBS 55-75","Roraima","-"]
["2014-06-01","CIMENTO ASFÁLTICO MODIFICADO POR POLÍMERO SBS 55-75","Goiás","-"]
["2014-08-01","CIMENTO ASFÁLTICO MODIFICADO POR POLÍMERO SBS 55-75","Rio de Janeiro","-"]
["2014-09-01","CIMENTO ASFÁLTICO MODIFICADO POR POLÍMERO SBS 55-75","Santa Catarina","-"]
["2014-10-01","CIMENTO ASFÁLTICO MODIFICADO POR POLÍMERO SBS 55-75","Paraná","-"]
["2015-01-01","CIMENTO ASFÁLTICO MODIFICADO POR POLÍMERO SBS 55-75","Acre","-"]
["2015-02-01","CIMENTO ASFÁLTICO MODIFICADO POR POLÍMERO SBS 55-75","Pará","-"]
["2015-04-01","CIMENTO ASFÁLTICO MODIFICADO POR POLÍMERO SBS 55-75","Amapá","-"]
["2015-06-01","CIMENTO ASFÁLTICO MODIFICADO POR POLÍMERO SBS 55-75","Alagoas","-"]
["2015-08-01","CIMENTO ASFÁLTICO MODIFICADO POR POLÍMERO SBS 55-75","Maranhão","-"]
["2013-01-01","CIMENTO ASFÁLTICO MODIFICADO POR POLÍMERO SBS 60-85","Pernambuco","-"]
["2013-03-01","CIMENTO ASFÁLTICO MODIFICADO POR POLÍMERO SBS 60-85","Mato Grosso do Sul","-"]
["2013-05-01","CIMENTO ASFÁLTICO MODIFICADO POR POLÍMERO SBS 60-85","Bahia","-"]
["2013-08-01","CIMENTO ASFÁLTICO MODIFICADO POR POLÍMERO SBS 60-85","Alagoas","-"]
["2013-09-01","CIMENTO ASFÁLTICO MODIFICADO POR POLÍMERO SBS 60-85","Paraíba","-"]
["2013-11-01","CIMENTO ASFÁLTICO MODIFICADO POR POLÍMERO SBS 60-85","Pernambuco","-"]
["2013-12-01","CIMENTO ASFÁLTICO MODIFICADO POR POLÍMERO SBS 60-85","Pernambuco","-"]
["2014-03-01","CIMENTO ASFÁLTICO MODIFICADO POR POLÍMERO SBS 60-85","Paraíba","-"]
["2014-05-01","CIMENTO ASFÁLTICO MODIFICADO POR POLÍMERO SBS 60-85","Minas Gerais",1.6293451885002099]
["2014-07-01","CIMENTO ASFÁLTICO MODIFICADO POR POLÍMERO SBS 60-85","Amapá","-"]
["2014-08-01","CIMENTO ASFÁLTICO MODIFICADO POR POLÍMERO SBS 60-85","Paraíba","-"]
["2014-10-01","CIMENTO ASFÁLTICO MODIFICADO POR POLÍMERO SBS 60-85","Piauí","-"]
["2014-11-01","CIMENTO ASFÁLTICO MODIFICADO POR POLÍMERO SBS 60-85","Rio Grande do Norte","-"]
["2014-12-01","CIMENTO ASFÁLTICO MODIFICADO POR POLÍMERO SBS 60-85","Santa Catarina","-"]
["2015-03-01","CIMENTO ASFÁLTICO MODIFICADO POR POLÍMERO SBS 60-85","Espírito Santo","-"]
["2015-05-01","CIMENTO ASFÁLTICO MODIFICADO POR POLÍMERO SBS 60-85","Rio Grande do Norte","-"]
["2015-06-01","CIMENTO ASFÁLTICO MODIFICADO POR POLÍMERO SBS 60-85","Roraima","-"]
["2015-08-01","CIMENTO ASFÁLTICO MODIFICADO POR POLÍMERO SBS 60-85","Ceará","-"]
["2013-02-01","CIMENTO ASFÁLTICO MODIFICADO POR POLÍMERO SBS 65-90","Mato Grosso","-"]
["2013-05-01","CIMENTO ASFÁLTICO MODIFICADO POR POLÍMERO SBS 65-90","Alagoas","-"]
["2013-06-01","CIMENTO ASFÁLTICO MODIFICADO POR POLÍMERO SBS 65-90","Goiás","-"]
["2013-08-01","CIMENTO ASFÁLTICO MODIFICADO POR POLÍMERO SBS 65-90","Roraima","-"]
["2013-09-01","CIMENTO ASFÁLTICO MODIFICADO POR POLÍMERO SBS 65-90","Mato Grosso","-"]
["2013-12-01","CIMENTO ASFÁLTICO MODIFICADO POR POLÍMERO SBS 65-90","Mato Grosso","-"]
["2014-02-01","CIMENTO ASFÁLTICO MODIFICADO POR POLÍMERO SBS 65-90","Distrito Federal","-"]
["2014-02-01","CIMENTO ASFÁLTICO MODIFICADO POR POLÍMERO SBS 65-90","Pará","-"]
["2014-05-01","CIMENTO ASFÁLTICO MODIFICADO POR POLÍMERO SBS 65-90","Goiás","-"]
["2014-06-01","CIMENTO ASFÁLTICO MODIFICADO POR POLÍMERO SBS 65-90","Alagoas","-"]
["2014-08-01","CIMENTO ASFÁLTICO MODIFICADO POR POLÍMERO SBS 65-90","Mato Grosso","-"]
["2014-09-01","CIMENTO ASFÁLTICO MODIFICADO POR POLÍMERO SBS 65-90","Pernambuco","-"]
["2014-12-01","CIMENTO ASFÁLTICO MODIFICADO POR POLÍMERO SBS 65-90","Pará","-"]
["2015-02-01","CIMENTO ASFÁLTICO MODIFICADO POR POLÍMERO SBS 65-90","Pará","-"]
["2015-04-01","CIMENTO ASFÁLTICO MODIFICADO POR POLÍMERO SBS 65-90","Alagoas","-"]
["2015-04-01","CIMENTO ASFÁLTICO MODIFICADO POR POLÍMERO SBS 65-90","Tocantins","-"]
["2015-07-01","CIMENTO ASFÁLTICO MODIFICADO POR POLÍMERO SBS 65-90","Pernambuco","-"]
["2013-01-01","CIMENTOS ASFÁLTICOS CAP-150-200","Roraima","-"]
["2013-03-01","CIMENTOS ASFÁLTICOS CAP-150-200","Bahia","-"]
["2013-04-01","CIMENTOS ASFÁLTICOS CAP-150-200","São Paulo","-"]
["2013-07-01","CIMENTOS ASFÁLTICOS CAP-150-200","Amapá","-"]
["2013-07-01","CIMENTOS ASFÁLTICOS CAP-150-200","Rondônia","-"]
["2013-11-01","CIMENTOS ASFÁLTICOS CAP-150-200","Acre","-"]
["2013-11-01","CIMENTOS ASFÁLTICOS CAP-150-200","Rio Grande do Norte","-"]
["2014-02-01","CIMENTOS ASFÁLTICOS CAP-150-200","Amapá","-"]
["2014-03-01","CIMENTOS ASFÁLTICOS CAP-150-200","Espírito Santo","-"]
["2014-05-01","CIMENTOS ASFÁLTICOS CAP-150-200","Bahia","-"]
["2014-06-01","CIMENTOS ASFÁLTICOS CAP-150-200","Roraima","-"]
["2014-09-01","CIMENTOS ASFÁLTICOS CAP-150-200","Mato Grosso do Sul","-"]
["2014-10-01","CIMENTOS ASFÁLTICOS CAP-150-200","Mato Grosso","-"]
["2015-01-01","CIMENTOS ASFÁLTICOS CAP-150-200","Espírito Santo","-"]
["2015-02-01","CIMENTOS ASFÁLTICOS CAP-150-200","Maranhão","-"]
["2015-04-01","CIMENTOS ASFÁLTICOS CAP-150-200","Roraima","-"]
["2015-06-01","CIMENTOS ASFÁLTICOS CAP-150-200","Pernambuco","-"]
["2015-08-01","CIMENTOS ASFÁLTICOS CAP-150-200","Mato Grosso","-"]
["2015-09-01","CIMENTOS ASFÁLTICOS CAP-150-200","Rio de Janeiro","-"]
["2015-10-01","CIMENTOS ASFÁLTICOS CAP-150-200","Pará","-"]
["2016-01-01","CIMENTOS ASFÁLTICOS CAP-150-200","Acre","-"]
["2016-03-01","CIMENTOS ASFÁLTICOS CAP-150-200","Rondônia","-"]
["2016-04-01","CIMENTOS ASFÁLTICOS CAP-150-200","Paraná","-"]
["2016-06-01","CIMENTOS ASFÁLTICOS CAP-150-200","Santa Catarina","-"]
["2016-08-01","CIMENTOS ASFÁLTICOS CAP-150-200","Pará","-"]
["2016-09-01","CIMENTOS ASFÁLTICOS CAP-150-200","Sergipe","-"]
["2016-12-01","CIMENTOS ASFÁLTICOS CAP-150-200","Alagoas","-"]
["2017-02-01","CIMENTOS ASFÁLTICOS CAP-150-200","Ceará","-"]
["2017-03-01","CIMENTOS ASFÁLTICOS CAP-150-200","Pernambuco","-"]
["2017-04-01","CIMENTOS ASFÁLTICOS CAP-150-200","Rio de Janeiro","-"]
["2017-07-01","CIMENTOS ASFÁLTICOS CAP-150-200","Amazonas","-"]
["2017-08-01","CIMENTOS ASFÁLTICOS CAP-150-200","Distrito Federal","-"]
["2017-11-01","CIMENTOS ASFÁLTICOS CAP-150-200","Mato Grosso","-"]
["2017-11-01","CIMENTOS ASFÁLTICOS CAP-150-200","Rondônia","-"]
["2018-02-01","CIMENTOS ASFÁLTICOS CAP-150-200","Minas Gerais","-"]
["2018-03-01","CIMENTOS ASFÁLTICOS CAP-150-200","Maranhão","-"]
["2018-05-01","CIMENTOS ASFÁLTICOS CAP-150-200","Paraíba","-"]
["2018-07-01","CIMENTOS ASFÁLTICOS CAP-150-200","Espírito Santo","-"]
["2018-09-01","CIMENTOS ASFÁLTICOS CAP-150-200","Rondônia","-"]
["2018-11-01","CIMENTOS ASFÁLTICOS CAP-150-200","Piauí","-"]
["2019-01-01","CIMENTOS ASFÁLTICOS CAP-150-200","Rio Grande do Norte","-"]
["2019-02-01","CIMENTOS ASFÁLTICOS CAP-150-200","Rio Grande do Norte","-"]
["2019-05-01","CIMENTOS ASFÁLTICOS CAP-150-200","Espírito Santo","-"]
["2019-05-01","CIMENTOS ASFÁLTICOS CAP-150-200","Rondônia","-"]
["2019-08-01","CIMENTOS ASFÁLTICOS CAP-150-200","Roraima","-"]
["2019-10-01","CIMENTOS ASFÁLTICOS CAP-150-200","Alagoas","-"]
["2019-12-01","CIMENTOS ASFÁLTICOS CAP-150-200","Mato Grosso","-"]
["2020-01-01","CIMENTOS ASFÁLTICOS CAP-150-200","Minas Gerais","-"]
["2020-02-01","CIMENTOS ASFÁLTICOS CAP-150-200","Tocantins","-"]
["2020-05-01","CIMENTOS ASFÁLTICOS CAP-150-200","Acre","-"]
["2020-07-01","CIMENTOS ASFÁLTICOS CAP-150-200","Distrito Federal","-"]
["2020-08-01","CIMENTOS ASFÁLTICOS CAP-150-200","Paraná","-"]
["2020-10-01","CIMENTOS ASFÁLTICOS CAP-150-200","Goiás","-"]
["2020-12-01","CIMENTOS ASFÁLTICOS CAP-150-200","Pará","-"]
["2021-03-01","CIMENTOS ASFÁLTICOS CAP-150-200","Bahia","-"]
["2021-04-01","CIMENTOS ASFÁLTICOS CAP-150-200","Alagoas","-"]
["2021-06-01","CIMENTOS ASFÁLTICOS CAP-150-200","Paraná","-"]
["2021-07-01","CIMENTOS ASFÁLTICOS CAP-150-200","Pará","-"]
["2021-08-01","CIMENTOS ASFÁLTICOS CAP-150-200","Rio de Janeiro","-"]
["2021-10-01","CIMENTOS ASFÁLTICOS CAP-150-200","Paraná","-"]
["2021-12-01","CIMENTOS ASFÁLTICOS CAP-150-200","Distrito Federal","-"]
["2022-02-01","CIMENTOS ASFÁLTICOS CAP-150-200","Roraima","-"]
["2022-03-01","CIMENTOS ASFÁLTICOS CAP-150-200","Rondônia","-"]
["2022-05-01","CIMENTOS ASFÁLTICOS CAP-150-200","São Paulo","-"]
["2022-09-01","CIMENTOS ASFÁLTICOS CAP-150-200","Bahia","-"]
["2022-10-01","CIMENTOS ASFÁLTICOS CAP-150-200","Distrito Federal","-"]
["2022-12-01","CIMENTOS ASFÁLTICOS CAP-150-200","Acre","-"]
["2023-01-01","CIMENTOS ASFÁLTICOS CAP-150-200","Rondônia","-"]
["2023-03-01","CIMENTOS ASFÁLTICOS CAP-150-200","Amapá","-"]
["2023-05-01","CIMENTOS ASFÁLTICOS CAP-150-200","Maranhão","-"]
["2023-07-01","CIMENTOS ASFÁLTICOS CAP-150-200","Sergipe","-"]
["2023-09-01","CIMENTOS ASFÁLTICOS CAP-150-200","Espírito Santo","-"]
["2023-11-01","CIMENTOS ASFÁLTICOS CAP-150-200","Acre","-"]
["2023-12-01","CIMENTOS ASFÁLTICOS CAP-150-200","Roraima","-"]
["2024-01-01","CIMENTOS ASFÁLTICOS CAP-150-200","São Paulo","-"]
["2024-03-01","CIMENTOS ASFÁLTICOS CAP-150-200","Maranhão","-"]
["2024-05-01","CIMENTOS ASFÁLTICOS CAP-150-200","Minas Gerais","-"]
["2013-01-01","CIMENTOS ASFÁLTICOS CAP-30-45","Ceará","-"]
["2013-02-01","CIMENTOS ASFÁLTICOS CAP-30-45","Acre","-"]
["2013-03-01","CIMENTOS ASFÁLTICOS CAP-30-45","Rio de Janeiro",0.86290345638098809]
["2013-05-01","CIMENTOS ASFÁLTICOS CAP-30-45","Paraná","-"]
["2013-08-01","CIMENTOS ASFÁLTICOS CAP-30-45","Paraíba","-"]
["2013-09-01","CIMENTOS ASFÁLTICOS CAP-30-45","Amazonas","-"]
["2013-12-01","CIMENTOS ASFÁLTICOS CAP-30-45","Acre","-"]
["2013-12-01","CIMENTOS ASFÁLTICOS CAP-30-45","Santa Catarina","-"]
["2014-03-01","CIMENTOS ASFÁLTICOS CAP-30-45","Paraná","-"]
["2014-05-01","CIMENTOS ASFÁLTICOS CAP-30-45","Rio Grande do Norte","-"]
["2014-07-01","CIMENTOS ASFÁLTICOS CAP-30-45","Pará","-"]
["2014-08-01","CIMENTOS ASFÁLTICOS CAP-30-45","Rondônia","-"]
["2014-11-01","CIMENTOS ASFÁLTICOS CAP-30-45","Alagoas","-"]
["2014-11-01","CIMENTOS ASFÁLTICOS CAP-30-45","Santa Catarina","-"]
["2015-02-01","CIMENTOS ASFÁLTICOS CAP-30-45","Pernambuco","-"]
["2015-03-01","CIMENTOS ASFÁLTICOS CAP-30-45","Rio de Janeiro","-"]
["2015-05-01","CIMENTOS ASFÁLTICOS CAP-30-45","Tocantins","-"]
["2015-07-01","CIMENTOS ASFÁLTICOS CAP-30-45","Distrito Federal","-"]
["2015-08-01","CIMENTOS ASFÁLTICOS CAP-30-45","Minas Gerais",1.0897715149988636]
["2015-10-01","CIMENTOS ASFÁLTICOS CAP-30-45","Rondônia","-"]
["2016-01-01","CIMENTOS ASFÁLTICOS CAP-30-45","Goiás","-"]
["2016-02-01","CIMENTOS ASFÁLTICOS CAP-30-45","Maranhão","-"]
["2016-03-01","CIMENTOS ASFÁLTICOS CAP-30-45","Mato Grosso do Sul","-"]
["2016-05-01","CIMENTOS ASFÁLTICOS CAP-30-45","Piauí","-"]
["2016-06-01","CIMENTOS ASFÁLTICOS CAP-30-45","Tocantins","-"]
["2016-10-01","CIMENTOS ASFÁLTICOS CAP-30-45","Pará","-"]
["2016-10-01","CIMENTOS ASFÁLTICOS CAP-30-45","Paraíba","-"]
["2017-01-01","CIMENTOS ASFÁLTICOS CAP-30-45","Paraná",1.5408481562981815]
["2017-02-01","CIMENTOS ASFÁLTICOS CAP-30-45","Minas Gerais",1.3549472525292474]
["2017-04-01","CIMENTOS ASFÁLTICOS CAP-30-45","Piauí","-"]
["2017-06-01","CIMENTOS ASFÁLTICOS CAP-30-45","Acre","-"]
["2017-08-01","CIMENTOS ASFÁLTICOS CAP-30-45","São Paulo",1.3899424720177787]
["2017-10-01","CIMENTOS ASFÁLTICOS CAP-30-45","Rio Grande do Sul","-"]
["2017-12-01","CIMENTOS ASFÁLTICOS CAP-30-45","Minas Gerais",1.440680155247229]
["2018-01-01","CIMENTOS ASFÁLTICOS CAP-30-45","Roraima","-"]
["2018-04-01","CIMENTOS ASFÁLTICOS CAP-30-45","Acre","-"]
["2018-06-01","CIMENTOS ASFÁLTICOS CAP-30-45","Amapá","-"]
["2018-07-01","CIMENTOS ASFÁLTICOS CAP-30-45","Paraná",1.9621106232935688]
["2018-09-01","CIMENTOS ASFÁLTICOS CAP-30-45","Bahia","-"]
["2018-11-01","CIMENTOS ASFÁLTICOS CAP-30-45","Pará","-"]
["2018-12-01","CIMENTOS ASFÁLTICOS CAP-30-45","Ceará","-"]
["2019-03-01","CIMENTOS ASFÁLTICOS CAP-30-45","Espírito Santo","-"]
["2019-03-01","CIMENTOS ASFÁLTICOS CAP-30-45","Rio Grande do Sul","-"]
["2019-06-01","CIMENTOS ASFÁLTICOS CAP-30-45","Maranhão","-"]
["2019-07-01","CIMENTOS ASFÁLTICOS CAP-30-45","Rio de Janeiro",2.6151834141262826]
["2019-09-01","CIMENTOS ASFÁLTICOS CAP-30-45","Mato Grosso do Sul","-"]
["2019-11-01","CIMENTOS ASFÁLTICOS CAP-30-45","Distrito Federal","-"]
["2019-12-01","CIMENTOS ASFÁLTICOS CAP-30-45","Pará","-"]
["2020-02-01","CIMENTOS ASFÁLTICOS CAP-30-45","Rondônia","-"]
["2020-05-01","CIMENTOS ASFÁLTICOS CAP-30-45","Rio de Janeiro",2.4205146189856341]
["2020-06-01","CIMENTOS ASFÁLTICOS CAP-30-45","Pernambuco","-"]
["2020-09-01","CIMENTOS ASFÁLTICOS CAP-30-45","Distrito Federal","-"]
["2020-10-01","CIMENTOS ASFÁLTICOS CAP-30-45","Santa Catarina","-"]
["2020-12-01","CIMENTOS ASFÁLTICOS CAP-30-45","Rondônia","-"]
["2021-01-01","CIMENTOS ASFÁLTICOS CAP-30-45","Sergipe","-"]
["2021-04-01","CIMENTOS ASFÁLTICOS CAP-30-45","Maranhão","-"]
["2021-05-01","CIMENTOS ASFÁLTICOS CAP-30-45","Acre","-"]
["2021-06-01","CIMENTOS ASFÁLTICOS CAP-30-45","Minas Gerais",3.3606417325774358]
["2021-08-01","CIMENTOS ASFÁLTICOS CAP-30-45","Tocantins","-"]
["2021-11-01","CIMENTOS ASFÁLTICOS CAP-30-45","Amazonas","-"]
["2021-12-01","CIMENTOS ASFÁLTICOS CAP-30-45","Paraíba","-"]
["2022-02-01","CIMENTOS ASFÁLTICOS CAP-30-45","Ceará","-"]
["2022-04-01","CIMENTOS ASFÁLTICOS CAP-30-45","Minas Gerais",4.4833323807394034]
["2022-05-01","CIMENTOS ASFÁLTICOS CAP-30-45","Espírito Santo",4.3633937350899705]
["2022-08-01","CIMENTOS ASFÁLTICOS CAP-30-45","Acre","-"]
["2022-09-01","CIMENTOS ASFÁLTICOS CAP-30-45","Paraíba","-"]
["2022-11-01","CIMENTOS ASFÁLTICOS CAP-30-45","Paraná","-"]
["2022-12-01","CIMENTOS ASFÁLTICOS CAP-30-45","Piauí","-"]
["2023-02-01","CIMENTOS ASFÁLTICOS CAP-30-45","Minas Gerais",3.031678092930064]
["2023-04-01","CIMENTOS ASFÁLTICOS CAP-30-45","Ceará","-"]
["2023-06-01","CIMENTOS ASFÁLTICOS CAP-30-45","Rio Grande do Norte","-"]
["2023-07-01","CIMENTOS ASFÁLTICOS CAP-30-45","Rio Grande do Sul","-"]
["2023-09-01","CIMENTOS ASFÁLTICOS CAP-30-45","Rondônia","-"]
["2023-11-01","CIMENTOS ASFÁLTICOS CAP-30-45","Rio de Janeiro",3.2754332209254668]
["2023-12-01","CIMENTOS ASFÁLTICOS CAP-30-45","Santa Catarina","-"]
["2024-03-01","CIMENTOS ASFÁLTICOS CAP-30-45","Distrito Federal","-"]
["2024-05-01","CIMENTOS ASFÁLTICOS CAP-30-45","Rio Grande do Sul","-"]
["2024-06-01","CIMENTOS ASFÁLTICOS CAP-30-45","Tocantins","-"]
["2013-02-01","CIMENTOS ASFÁLTICOS CAP-50-70","Rio de Janeiro",0.90637359933923067]
["2013-03-01","CIMENTOS ASFÁLTICOS CAP-50-70","Alagoas","-"]
["2013-06-01","CIMENTOS ASFÁLTICOS CAP-50-70","Distrito Federal","-"]
["2013-07-01","CIMENTOS ASFÁLTICOS CAP-50-70","São Paulo",0.88536328418446031]
["2013-09-01","CIMENTOS ASFÁLTICOS CAP-50-70","Rondônia","-"]
["2013-10-01","CIMENTOS ASFÁLTICOS CAP-50-70","Mato Grosso",1.3742794581734932]
["2014-01-01","CIMENTOS ASFÁLTICOS CAP-50-70","Maranhão","-"]
["2014-02-01","CIMENTOS ASFÁLTICOS CAP-50-70","Mato Grosso do Sul","-"]
["2014-04-01","CIMENTOS ASFÁLTICOS CAP-50-70","Pará",1.1644017233748014]
["2014-05-01","CIMENTOS ASFÁLTICOS CAP-50-70","Tocantins","-"]
["2014-07-01","CIMENTOS ASFÁLTICOS CAP-50-70","Paraná",0.90978812341994886]
["2014-09-01","CIMENTOS ASFÁLTICOS CAP-50-70","Paraíba","-"]
["2014-10-01","CIMENTOS ASFÁLTICOS CAP-50-70","Piauí","-"]
["2015-01-01","CIMENTOS ASFÁLTICOS CAP-50-70","Minas Gerais",1.095688259529803]
["2015-03-01","CIMENTOS ASFÁLTICOS CAP-50-70","Pará","-"]
["2015-05-01","CIMENTOS ASFÁLTICOS CAP-50-70","Acre","-"]
["2015-06-01","CIMENTOS ASFÁLTICOS CAP-50-70","Amapá","-"]
["2015-07-01","CIMENTOS ASFÁLTICOS CAP-50-70","Roraima","-"]
["2015-09-01","CIMENTOS ASFÁLTICOS CAP-50-70","Piauí","-"]
["2015-12-01","CIMENTOS ASFÁLTICOS CAP-50-70","Rio de Janeiro",1.3967647494942139]
["2016-01-01","CIMENTOS ASFÁLTICOS CAP-50-70","Ceará",1.550181495708322]
["2016-03-01","CIMENTOS ASFÁLTICOS CAP-50-70","Bahia",1.559388010262394]
["2016-04-01","CIMENTOS ASFÁLTICOS CAP-50-70","Rio Grande do Sul",1.5521735620869268]
["2016-07-01","CIMENTOS ASFÁLTICOS CAP-50-70","Piauí","-"]
["2016-09-01","CIMENTOS ASFÁLTICOS CAP-50-70","Santa Catarina","-"]
["2016-11-01","CIMENTOS ASFÁLTICOS CAP-50-70","Ceará",1.5089346928494358]
["2016-12-01","CIMENTOS ASFÁLTICOS CAP-50-70","Maranhão","-"]
["2017-02-01","CIMENTOS ASFÁLTICOS CAP-50-70","Rio Grande do Sul",1.3905698453947235]
["2017-03-01","CIMENTOS ASFÁLTICOS CAP-50-70","Mato Grosso do Sul","-"]
["2017-06-01","CIMENTOS ASFÁLTICOS CAP-50-70","Rio de Janeiro",1.3251186255745027]
["2017-08-01","CIMENTOS ASFÁLTICOS CAP-50-70","Espírito Santo","-"]
["2017-10-01","CIMENTOS ASFÁLTICOS CAP-50-70","Distrito Federal","-"]
["2017-10-01","CIMENTOS ASFÁLTICOS CAP-50-70","Sergipe","-"]
["2017-12-01","CIMENTOS ASFÁLTICOS CAP-50-70","Pernambuco","-"]
["2018-02-01","CIMENTOS ASFÁLTICOS CAP-50-70","Santa Catarina","-"]
["2018-05-01","CIMENTOS ASFÁLTICOS CAP-50-70","Minas Gerais",1.6751124290383712]
["2018-06-01","CIMENTOS ASFÁLTICOS CAP-50-70","Mato Grosso do Sul","-"]
["2018-08-01","CIMENTOS ASFÁLTICOS CAP-50-70","Paraíba","-"]
["2018-09-01","CIMENTOS ASFÁLTICOS CAP-50-70","Tocantins","-"]
["2018-12-01","CIMENTOS ASFÁLTICOS CAP-50-70","Rondônia","-"]
["2019-01-01","CIMENTOS ASFÁLTICOS CAP-50-70","Paraíba","-"]
["2019-04-01","CIMENTOS ASFÁLTICOS CAP-50-70","Mato Grosso do Sul","-"]
["2019-05-01","CIMENTOS ASFÁLTICOS CAP-50-70","Amazonas",2.7712310243027498]
["2019-07-01","CIMENTOS ASFÁLTICOS CAP-50-70","Tocantins","-"]
["2019-08-01","CIMENTOS ASFÁLTICOS CAP-50-70","Ceará",2.3462432673928615]
["2019-11-01","CIMENTOS ASFÁLTICOS CAP-50-70","Paraíba","-"]
["2020-01-01","CIMENTOS ASFÁLTICOS CAP-50-70","Alagoas","-"]
["2020-01-01","CIMENTOS ASFÁLTICOS CAP-50-70","Piauí","-"]
["2020-04-01","CIMENTOS ASFÁLTICOS CAP-50-70","Amazonas","-"]
["2020-05-01","CIMENTOS ASFÁLTICOS CAP-50-70","Ceará",2.1159048809637953]
["2020-08-01","CIMENTOS ASFÁLTICOS CAP-50-70","Amapá","-"]
["2020-10-01","CIMENTOS ASFÁLTICOS CAP-50-70","Distrito Federal","-"]
["2020-11-01","CIMENTOS ASFÁLTICOS CAP-50-70","Piauí","-"]
["2021-01-01","CIMENTOS ASFÁLTICOS CAP-50-70","Goiás",2.8870922124623672]
["2021-03-01","CIMENTOS ASFÁLTICOS CAP-50-70","Ceará",2.6081209551957767]
["2021-05-01","CIMENTOS ASFÁLTICOS CAP-50-70","Paraná",3.4744232045773842]
["2021-06-01","CIMENTOS ASFÁLTICOS CAP-50-70","Rio Grande do Sul",3.4406072016728473]
["2021-08-01","CIMENTOS ASFÁLTICOS CAP-50-70","Piauí","-"]
["2021-10-01","CIMENTOS ASFÁLTICOS CAP-50-70","Goiás",3.5492714768175651]
["2021-11-01","CIMENTOS ASFÁLTICOS CAP-50-70","Mato Grosso",4.5623885195618348]
["2021-12-01","CIMENTOS ASFÁLTICOS CAP-50-70","Tocantins",3.7436175661677109]
["2022-02-01","CIMENTOS ASFÁLTICOS CAP-50-70","Sergipe","-"]
["2022-05-01","CIMENTOS ASFÁLTICOS CAP-50-70","Roraima","-"]
["2022-06-01","CIMENTOS ASFÁLTICOS CAP-50-70","Santa Catarina","-"]
["2022-08-01","CIMENTOS ASFÁLTICOS CAP-50-70","São Paulo",4.173690708823119]
["2022-10-01","CIMENTOS ASFÁLTICOS CAP-50-70","Mato Grosso do Sul",3.3489252995718886]
["2022-11-01","CIMENTOS ASFÁLTICOS CAP-50-70","Tocantins",3.6920694857447929]
["2023-01-01","CIMENTOS ASFÁLTICOS CAP-50-70","Tocantins",3.4411878115114383]
["2023-04-01","CIMENTOS ASFÁLTICOS CAP-50-70","Santa Catarina","-"]
["2023-06-01","CIMENTOS ASFÁLTICOS CAP-50-70","Amapá","-"]
["2023-08-01","CIMENTOS ASFÁLTICOS CAP-50-70","Mato Grosso do Sul",3.2122981049580615]
["2023-09-01","CIMENTOS ASFÁLTICOS CAP-50-70","Bahia",3.4391359674105799]
["2023-11-01","CIMENTOS ASFÁLTICOS CAP-50-70","Tocantins",3.3014991666784597]
["2024-01-01","CIMENTOS ASFÁLTICOS CAP-50-70","Mato Grosso do Sul",3.3108529345347244]
["2024-03-01","CIMENTOS ASFÁLTICOS CAP-50-70","Paraíba","-"]
["2024-04-01","CIMENTOS ASFÁLTICOS CAP-50-70","Pará","-"]
["2024-07-01","CIMENTOS ASFÁLTICOS CAP-50-70","Minas Gerais",3.307833192646652]
["2013-01-01","CIMENTOS ASFÁLTICOS CAP-85-100","Bahia","-"]
["2013-03-01","CIMENTOS ASFÁLTICOS CAP-85-100","Pernambuco","-"]
["2013-04-01","CIMENTOS ASFÁLTICOS CAP-85-100","Rio Grande do Norte","-"]
["2013-06-01","CIMENTOS ASFÁLTICOS CAP-85-100","Rio de Janeiro","-"]
["2013-08-01","CIMENTOS ASFÁLTICOS CAP-85-100","Piauí","-"]
["2013-09-01","CIMENTOS ASFÁLTICOS CAP-85-100","Rio Grande do Sul","-"]
["2013-12-01","CIMENTOS ASFÁLTICOS CAP-85-100","Ceará","-"]
["2014-02-01","CIMENTOS ASFÁLTICOS CAP-85-100","Acre","-"]
["2014-03-01","CIMENTOS ASFÁLTICOS CAP-85-100","Rio Grande do Sul","-"]
["2014-04-01","CIMENTOS ASFÁLTICOS CAP-85-100","Roraima","-"]
["2014-06-01","CIMENTOS ASFÁLTICOS CAP-85-100","Sergipe","-"]
["2014-08-01","CIMENTOS ASFÁLTICOS CAP-85-100","Mato Grosso","-"]
["2014-11-01","CIMENTOS ASFÁLTICOS CAP-85-100","Ceará","-"]
["2014-11-01","CIMENTOS ASFÁLTICOS CAP-85-100","Sergipe","-"]
["2015-02-01","CIMENTOS ASFÁLTICOS CAP-85-100","Espírito Santo","-"]
["2015-03-01","CIMENTOS ASFÁLTICOS CAP-85-100","Pará","-"]
["2015-05-01","CIMENTOS ASFÁLTICOS CAP-85-100","Maranhão","-"]
["2015-07-01","CIMENTOS ASFÁLTICOS CAP-85-100","Mato Grosso do Sul","-"]
["2015-09-01","CIMENTOS ASFÁLTICOS CAP-85-100","Sergipe","-"]
["2015-11-01","CIMENTOS ASFÁLTICOS CAP-85-100","Minas Gerais","-"]
["2016-01-01","CIMENTOS ASFÁLTICOS CAP-85-100","Santa Catarina","-"]
["2016-02-01","CIMENTOS ASFÁLTICOS CAP-85-100","Paraíba","-"]
["2016-05-01","CIMENTOS ASFÁLTICOS CAP-85-100","Mato Grosso do Sul","-"]
["2016-07-01","CIMENTOS ASFÁLTICOS CAP-85-100","Mato Grosso","-"]
["2016-08-01","CIMENTOS ASFÁLTICOS CAP-85-100","Tocantins","-"]
["2016-10-01","CIMENTOS ASFÁLTICOS CAP-85-100","Alagoas","-"]
["2016-11-01","CIMENTOS ASFÁLTICOS CAP-85-100","Rio Grande do Norte","-"]
["2017-01-01","CIMENTOS ASFÁLTICOS CAP-85-100","Pernambuco","-"]
["2017-03-01","CIMENTOS ASFÁLTICOS CAP-85-100","Tocantins","-"]
["2017-05-01","CIMENTOS ASFÁLTICOS CAP-85-100","Bahia","-"]
["2017-07-01","CIMENTOS ASFÁLTICOS CAP-85-100","Alagoas","-"]
["2017-08-01","CIMENTOS ASFÁLTICOS CAP-85-100","Rio Grande do Norte","-"]
["2017-10-01","CIMENTOS ASFÁLTICOS CAP-85-100","Amazonas","-"]
["2017-12-01","CIMENTOS ASFÁLTICOS CAP-85-100","Piauí","-"]
["2018-03-01","CIMENTOS ASFÁLTICOS CAP-85-100","Bahia","-"]
["2018-04-01","CIMENTOS ASFÁLTICOS CAP-85-100","Distrito Federal","-"]
["2018-06-01","CIMENTOS ASFÁLTICOS CAP-85-100","Rio Grande do Norte","-"]
["2018-07-01","CIMENTOS ASFÁLTICOS CAP-85-100","Goiás","-"]
["2018-10-01","CIMENTOS ASFÁLTICOS CAP-85-100","Piauí","-"]
["2018-12-01","CIMENTOS ASFÁLTICOS CAP-85-100","Bahia","-"]
["2019-02-01","CIMENTOS ASFÁLTICOS CAP-85-100","Ceará","-"]
["2019-02-01","CIMENTOS ASFÁLTICOS CAP-85-100","Piauí","-"]
["2019-05-01","CIMENTOS ASFÁLTICOS CAP-85-100","Rio Grande do Sul","-"]
["2019-06-01","CIMENTOS ASFÁLTICOS CAP-85-100","Roraima","-"]
["2019-09-01","CIMENTOS ASFÁLTICOS CAP-85-100","Maranhão","-"]
["2019-10-01","CIMENTOS ASFÁLTICOS CAP-85-100","Mato Grosso","-"]
["2019-11-01","CIMENTOS ASFÁLTICOS CAP-85-100","Roraima","-"]
["2020-01-01","CIMENTOS ASFÁLTICOS CAP-85-100","Sergipe","-"]
["2020-02-01","CIMENTOS ASFÁLTICOS CAP-85-100","São Paulo","-"]
["2020-05-01","CIMENTOS ASFÁLTICOS CAP-85-100","Pará","-"]
["2020-07-01","CIMENTOS ASFÁLTICOS CAP-85-100","Rio Grande do Sul","-"]
["2020-09-01","CIMENTOS ASFÁLTICOS CAP-85-100","Mato Grosso do Sul","-"]
["2020-10-01","CIMENTOS ASFÁLTICOS CAP-85-100","Amazonas","-"]
["2020-12-01","CIMENTOS ASFÁLTICOS CAP-85-100","Amapá","-"]
["2021-02-01","CIMENTOS ASFÁLTICOS CAP-85-100","Alagoas","-"]
["2021-04-01","CIMENTOS ASFÁLTICOS CAP-85-100","Sergipe","-"]
["2021-05-01","CIMENTOS ASFÁLTICOS CAP-85-100","Pernambuco","-"]
["2021-08-01","CIMENTOS ASFÁLTICOS CAP-85-100","Acre","-"]
["2021-09-01","CIMENTOS ASFÁLTICOS CAP-85-100","Bahia","-"]
["2021-12-01","CIMENTOS ASFÁLTICOS CAP-85-100","Espírito Santo","-"]
["2021-12-01","CIMENTOS ASFÁLTICOS CAP-85-100","Rio Grande do Norte","-"]
["2022-03-01","CIMENTOS ASFÁLTICOS CAP-85-100","Pernambuco","-"]
["2022-04-01","CIMENTOS ASFÁLTICOS CAP-85-100","Pernambuco","-"]
["2022-07-01","CIMENTOS ASFÁLTICOS CAP-85-100","Bahia","-"]
["2022-07-01","CIMENTOS ASFÁLTICOS CAP-85-100","Rio de Janeiro","-"]
["2022-10-01","CIMENTOS ASFÁLTICOS CAP-85-100","Rio Grande do Norte","-"]
["2022-12-01","CIMENTOS ASFÁLTICOS CAP-85-100","Paraíba","-"]
["2023-02-01","CIMENTOS ASFÁLTICOS CAP-85-100","Piauí","-"]
["2023-03-01","CIMENTOS ASFÁLTICOS CAP-85-100","Pernambuco","-"]
["2023-06-01","CIMENTOS ASFÁLTICOS CAP-85-100","Ceará","-"]
["2023-06-01","CIMENTOS ASFÁLTICOS CAP-85-100","São Paulo","-"]
["2023-09-01","CIMENTOS ASFÁLTICOS CAP-85-100","Rio Grande do Norte","-"]
["2023-10-01","CIMENTOS ASFÁLTICOS CAP-85-100","Roraima","-"]
["2023-12-01","CIMENTOS ASFÁLTICOS CAP-85-100","Rondônia","-"]
["2024-02-01","CIMENTOS ASFÁLTICOS CAP-85-100","Mato Grosso","-"]
["2024-05-01","CIMENTOS ASFÁLTICOS CAP-85-100","Alagoas","-"]
["2024-05-01","CIMENTOS ASFÁLTICOS CAP-85-100","Sergipe","-"]
["2015-09-01","EMULSÃO ASFÁLTICA CATIÔNICA DE RUPTURA CONTROLADA PARA SERVIÇO DE LAMA ASFÁLTICA","Amazonas","-"]
["2015-10-01","EMULSÃO ASFÁLTICA CATIÔNICA DE RUPTURA CONTROLADA PARA SERVIÇO DE LAMA ASFÁLTICA","Pará","-"]
["2016-01-01","EMULSÃO ASFÁLTICA CATIÔNICA DE RUPTURA CONTROLADA PARA SERVIÇO DE LAMA ASFÁLTICA","Mato Grosso","-"]
["2016-01-01","EMULSÃO ASFÁLTICA CATIÔNICA DE RUPTURA CONTROLADA PARA SERVIÇO DE LAMA ASFÁLTICA","Minas Gerais","-"]
["2016-04-01","EMULSÃO ASFÁLTICA CATIÔNICA DE RUPTURA CONTROLADA PARA SERVIÇO DE LAMA ASFÁLTICA","Sergipe","-"]
["2016-06-01","EMULSÃO ASFÁLTICA CATIÔNICA DE RUPTURA CONTROLADA PARA SERVIÇO DE LAMA ASFÁLTICA","Goiás","-"]
["2016-08-01","EMULSÃO ASFÁLTICA CATIÔNICA DE RUPTURA CONTROLADA PARA SERVIÇO DE LAMA ASFÁLTICA","Pará","-"]
["2016-09-01","EMULSÃO ASFÁLTICA CATIÔNICA DE RUPTURA CONTROLADA PARA SERVIÇO DE LAMA ASFÁLTICA","Mato Grosso","-"]
["2016-10-01","EMULSÃO ASFÁLTICA CATIÔNICA DE RUPTURA CONTROLADA PARA SERVIÇO DE LAMA ASFÁLTICA","Pernambuco","-"]
["2016-12-01","EMULSÃO ASFÁLTICA CATIÔNICA DE RUPTURA CONTROLADA PARA SERVIÇO DE LAMA ASFÁLTICA","Minas Gerais","-"]
["2017-02-01","EMULSÃO ASFÁLTICA CATIÔNICA DE RUPTURA CONTROLADA PARA SERVIÇO DE LAMA ASFÁLTICA","Bahia","-"]
["2017-05-01","EMULSÃO ASFÁLTICA CATIÔNICA DE RUPTURA CONTROLADA PARA SERVIÇO DE LAMA ASFÁLTICA","Alagoas","-"]
["2017-06-01","EMULSÃO ASFÁLTICA CATIÔNICA DE RUPTURA CONTROLADA PARA SERVIÇO DE LAMA ASFÁLTICA","Paraná","-"]
["2017-08-01","EMULSÃO ASFÁLTICA CATIÔNICA DE RUPTURA CONTROLADA PARA SERVIÇO DE LAMA ASFÁLTICA","Pernambuco","-"]
["2017-09-01","EMULSÃO ASFÁLTICA CATIÔNICA DE RUPTURA CONTROLADA PARA SERVIÇO DE LAMA ASFÁLTICA","Piauí","-"]
["2017-12-01","EMULSÃO ASFÁLTICA CATIÔNICA DE RUPTURA CONTROLADA PARA SERVIÇO DE LAMA ASFÁLTICA","Bahia","-"]
["2018-01-01","EMULSÃO ASFÁLTICA CATIÔNICA DE RUPTURA CONTROLADA PARA SERVIÇO DE LAMA ASFÁLTICA","São Paulo","-"]
["2018-03-01","EMULSÃO ASFÁLTICA CATIÔNICA DE RUPTURA CONTROLADA PARA SERVIÇO DE LAMA ASFÁLTICA","Rio Grande do Norte","-"]
["2018-04-01","EMULSÃO ASFÁLTICA CATIÔNICA DE RUPTURA CONTROLADA PARA SERVIÇO DE LAMA ASFÁLTICA","Rondônia","-"]
["2018-06-01","EMULSÃO ASFÁLTICA CATIÔNICA DE RUPTURA CONTROLADA PARA SERVIÇO DE LAMA ASFÁLTICA","Distrito Federal","-"]
["2018-08-01","EMULSÃO ASFÁLTICA CATIÔNICA DE RUPTURA CONTROLADA PARA SERVIÇO DE LAMA ASFÁLTICA","Maranhão","-"]
["2018-11-01","EMULSÃO ASFÁLTICA CATIÔNICA DE RUPTURA CONTROLADA PARA SERVIÇO DE LAMA ASFÁLTICA","Amapá","-"]
["2018-11-01","EMULSÃO ASFÁLTICA CATIÔNICA DE RUPTURA CONTROLADA PARA SERVIÇO DE LAMA ASFÁLTICA","São Paulo","-"]
["2019-02-01","EMULSÃO ASFÁLTICA CATIÔNICA DE RUPTURA CONTROLADA PARA SERVIÇO DE LAMA ASFÁLTICA","Bahia","-"]
["2019-03-01","EMULSÃO ASFÁLTICA CATIÔNICA DE RUPTURA CONTROLADA PARA SERVIÇO DE LAMA ASFÁLTICA","Roraima","-"]
["2019-05-01","EMULSÃO ASFÁLTICA CATIÔNICA DE RUPTURA CONTROLADA PARA SERVIÇO DE LAMA ASFÁLTICA","Distrito Federal","-"]
["2019-07-01","EMULSÃO ASFÁLTICA CATIÔNICA DE RUPTURA CONTROLADA PARA SERVIÇO DE LAMA ASFÁLTICA","Mato Grosso","-"]
["2019-09-01","EMULSÃO ASFÁLTICA CATIÔNICA DE RUPTURA CONTROLADA PARA SERVIÇO DE LAMA ASFÁLTICA","São Paulo","-"]
["2019-11-01","EMULSÃO ASFÁLTICA CATIÔNICA DE RUPTURA CONTROLADA PARA SERVIÇO DE LAMA ASFÁLTICA","Maranhão","-"]
["2020-01-01","EMULSÃO ASFÁLTICA CATIÔNICA DE RUPTURA CONTROLADA PARA SERVIÇO DE LAMA ASFÁLTICA","Roraima","-"]
["2020-02-01","EMULSÃO ASFÁLTICA CATIÔNICA DE RUPTURA CONTROLADA PARA SERVIÇO DE LAMA ASFÁLTICA","Mato Grosso do Sul","-"]
["2020-05-01","EMULSÃO ASFÁLTICA CATIÔNICA DE RUPTURA CONTROLADA PARA SERVIÇO DE LAMA ASFÁLTICA","Mato Grosso","-"]
["2020-06-01","EMULSÃO ASFÁLTICA CATIÔNICA DE RUPTURA CONTROLADA PARA SERVIÇO DE LAMA ASFÁLTICA","Rio de Janeiro","-"]
["2020-08-01","EMULSÃO ASFÁLTICA CATIÔNICA DE RUPTURA CONTROLADA PARA SERVIÇO DE LAMA ASFÁLTICA","Sergipe","-"]
["2020-09-01","EMULSÃO ASFÁLTICA CATIÔNICA DE RUPTURA CONTROLADA PARA SERVIÇO DE LAMA ASFÁLTICA","Rio Grande do Sul","-"]
["2020-12-01","EMULSÃO ASFÁLTICA CATIÔNICA DE RUPTURA CONTROLADA PARA SERVIÇO DE LAMA ASFÁLTICA","Pará","-"]
["2021-01-01","EMULSÃO ASFÁLTICA CATIÔNICA DE RUPTURA CONTROLADA PARA SERVIÇO DE LAMA ASFÁLTICA","Paraná","-"]
["2021-03-01","EMULSÃO ASFÁLTICA CATIÔNICA DE RUPTURA CONTROLADA PARA SERVIÇO DE LAMA ASFÁLTICA","Santa Catarina","-"]
["2021-05-01","EMULSÃO ASFÁLTICA CATIÔNICA DE RUPTURA CONTROLADA PARA SERVIÇO DE LAMA ASFÁLTICA","Amazonas","-"]
["2021-06-01","EMULSÃO ASFÁLTICA CATIÔNICA DE RUPTURA CONTROLADA PARA SERVIÇO DE LAMA ASFÁLTICA","Sergipe","-"]
["2021-09-01","EMULSÃO ASFÁLTICA CATIÔNICA DE RUPTURA CONTROLADA PARA SERVIÇO DE LAMA ASFÁLTICA","Alagoas","-"]
["2021-10-01","EMULSÃO ASFÁLTICA CATIÔNICA DE RUPTURA CONTROLADA PARA SERVIÇO DE LAMA ASFÁLTICA","Acre","-"]
["2021-12-01","EMULSÃO ASFÁLTICA CATIÔNICA DE RUPTURA CONTROLADA PARA SERVIÇO DE LAMA ASFÁLTICA","Pernambuco","-"]
["2022-02-01","EMULSÃO ASFÁLTICA CATIÔNICA DE RUPTURA CONTROLADA PARA SERVIÇO DE LAMA ASFÁLTICA","Santa Catarina","-"]
["2022-04-01","EMULSÃO ASFÁLTICA CATIÔNICA DE RUPTURA CONTROLADA PARA SERVIÇO DE LAMA ASFÁLTICA","Bahia","-"]
["2022-05-01","EMULSÃO ASFÁLTICA CATIÔNICA DE RUPTURA CONTROLADA PARA SERVIÇO DE LAMA ASFÁLTICA","Distrito Federal","-"]
["2022-07-01","EMULSÃO ASFÁLTICA CATIÔNICA DE RUPTURA CONTROLADA PARA SERVIÇO DE LAMA ASFÁLTICA","Ceará","-"]
["2022-08-01","EMULSÃO ASFÁLTICA CATIÔNICA DE RUPTURA CONTROLADA PARA SERVIÇO DE LAMA ASFÁLTICA","Rondônia","-"]
["2022-12-01","EMULSÃO ASFÁLTICA CATIÔNICA DE RUPTURA CONTROLADA PARA SERVIÇO DE LAMA ASFÁLTICA","Alagoas","-"]
["2022-12-01","EMULSÃO ASFÁLTICA CATIÔNICA DE RUPTURA CONTROLADA PARA SERVIÇO DE LAMA ASFÁLTICA","Maranhão","-"]
["2023-02-01","EMULSÃO ASFÁLTICA CATIÔNICA DE RUPTURA CONTROLADA PARA SERVIÇO DE LAMA ASFÁLTICA","Paraíba","-"]
["2023-03-01","EMULSÃO ASFÁLTICA CATIÔNICA DE RUPTURA CONTROLADA PARA SERVIÇO DE LAMA ASFÁLTICA","São Paulo","-"]
["2023-05-01","EMULSÃO ASFÁLTICA CATIÔNICA DE RUPTURA CONTROLADA PARA SERVIÇO DE LAMA ASFÁLTICA","Pernambuco","-"]
["2023-07-01","EMULSÃO ASFÁLTICA CATIÔNICA DE RUPTURA CONTROLADA PARA SERVIÇO DE LAMA ASFÁLTICA","Roraima","-"]
["2023-10-01","EMULSÃO ASFÁLTICA CATIÔNICA DE RUPTURA CONTROLADA PARA SERVIÇO DE LAMA ASFÁLTICA","Maranhão","-"]
["2023-11-01","EMULSÃO ASFÁLTICA CATIÔNICA DE RUPTURA CONTROLADA PARA SERVIÇO DE LAMA ASFÁLTICA","Rio Grande do Norte","-"]
["2024-01-01","EMULSÃO ASFÁLTICA CATIÔNICA DE RUPTURA CONTROLADA PARA SERVIÇO DE LAMA ASFÁLTICA","São Paulo","-"]
["2024-02-01","EMULSÃO ASFÁLTICA CATIÔNICA DE RUPTURA CONTROLADA PARA SERVIÇO DE LAMA ASFÁLTICA","Rondônia","-"]
["2024-05-01","EMULSÃO ASFÁLTICA CATIÔNICA DE RUPTURA CONTROLADA PARA SERVIÇO DE LAMA ASFÁLTICA","Roraima","-"]
["2024-07-01","EMULSÃO ASFÁLTICA CATIÔNICA DE RUPTURA CONTROLADA PARA SERVIÇO DE LAMA ASFÁLTICA","Piauí","-"]
["2015-10-01","EMULSÃO ASFÁLTICA DE RUPTURA LENTA CATIÔNICA PARA SERVIÇO DE LAMA ASFÁLTICA","Mato Grosso","-"]
["2015-11-01","EMULSÃO ASFÁLTICA DE RUPTURA LENTA CATIÔNICA PARA SERVIÇO DE LAMA ASFÁLTICA","Rio Grande do Norte","-"]
["2016-01-01","EMULSÃO ASFÁLTICA DE RUPTURA LENTA CATIÔNICA PARA SERVIÇO DE LAMA ASFÁLTICA","Sergipe","-"]
["2016-03-01","EMULSÃO ASFÁLTICA DE RUPTURA LENTA CATIÔNICA PARA SERVIÇO DE LAMA ASFÁLTICA","Acre","-"]
["2016-05-01","EMULSÃO ASFÁLTICA DE RUPTURA LENTA CATIÔNICA PARA SERVIÇO DE LAMA ASFÁLTICA","Roraima","-"]
["2016-06-01","EMULSÃO ASFÁLTICA DE RUPTURA LENTA CATIÔNICA PARA SERVIÇO DE LAMA ASFÁLTICA","Paraná","-"]
["2016-08-01","EMULSÃO ASFÁLTICA DE RUPTURA LENTA CATIÔNICA PARA SERVIÇO DE LAMA ASFÁLTICA","Goiás","-"]
["2016-10-01","EMULSÃO ASFÁLTICA DE RUPTURA LENTA CATIÔNICA PARA SERVIÇO DE LAMA ASFÁLTICA","Amazonas","-"]
["2016-11-01","EMULSÃO ASFÁLTICA DE RUPTURA LENTA CATIÔNICA PARA SERVIÇO DE LAMA ASFÁLTICA","Mato Grosso","-"]
["2017-01-01","EMULSÃO ASFÁLTICA DE RUPTURA LENTA CATIÔNICA PARA SERVIÇO DE LAMA ASFÁLTICA","Rio de Janeiro","-"]
["2017-04-01","EMULSÃO ASFÁLTICA DE RUPTURA LENTA CATIÔNICA PARA SERVIÇO DE LAMA ASFÁLTICA","Distrito Federal","-"]
["2017-05-01","EMULSÃO ASFÁLTICA DE RUPTURA LENTA CATIÔNICA PARA SERVIÇO DE LAMA ASFÁLTICA","Pernambuco","-"]
["2017-08-01","EMULSÃO ASFÁLTICA DE RUPTURA LENTA CATIÔNICA PARA SERVIÇO DE LAMA ASFÁLTICA","Amazonas","-"]
["2017-08-01","EMULSÃO ASFÁLTICA DE RUPTURA LENTA CATIÔNICA PARA SERVIÇO DE LAMA ASFÁLTICA","Paraná","-"]
["2017-10-01","EMULSÃO ASFÁLTICA DE RUPTURA LENTA CATIÔNICA PARA SERVIÇO DE LAMA ASFÁLTICA","Distrito Federal","-"]
["2018-01-01","EMULSÃO ASFÁLTICA DE RUPTURA LENTA CATIÔNICA PARA SERVIÇO DE LAMA ASFÁLTICA","Mato Grosso do Sul","-"]
["2018-01-01","EMULSÃO ASFÁLTICA DE RUPTURA LENTA CATIÔNICA PARA SERVIÇO DE LAMA ASFÁLTICA","Rondônia","-"]
["2018-04-01","EMULSÃO ASFÁLTICA DE RUPTURA LENTA CATIÔNICA PARA SERVIÇO DE LAMA ASFÁLTICA","Pará","-"]
["2018-05-01","EMULSÃO ASFÁLTICA DE RUPTURA LENTA CATIÔNICA PARA SERVIÇO DE LAMA ASFÁLTICA","Maranhão","-"]
["2018-08-01","EMULSÃO ASFÁLTICA DE RUPTURA LENTA CATIÔNICA PARA SERVIÇO DE LAMA ASFÁLTICA","Rio Grande do Sul","-"]
["2018-08-01","EMULSÃO ASFÁLTICA DE RUPTURA LENTA CATIÔNICA PARA SERVIÇO DE LAMA ASFÁLTICA","São Paulo","-"]
["2018-11-01","EMULSÃO ASFÁLTICA DE RUPTURA LENTA CATIÔNICA PARA SERVIÇO DE LAMA ASFÁLTICA","Rondônia","-"]
["2019-01-01","EMULSÃO ASFÁLTICA DE RUPTURA LENTA CATIÔNICA PARA SERVIÇO DE LAMA ASFÁLTICA","Rio de Janeiro","-"]
["2019-03-01","EMULSÃO ASFÁLTICA DE RUPTURA LENTA CATIÔNICA PARA SERVIÇO DE LAMA ASFÁLTICA","Maranhão","-"]
["2019-04-01","EMULSÃO ASFÁLTICA DE RUPTURA LENTA CATIÔNICA PARA SERVIÇO DE LAMA ASFÁLTICA","Bahia","-"]
["2019-06-01","EMULSÃO ASFÁLTICA DE RUPTURA LENTA CATIÔNICA PARA SERVIÇO DE LAMA ASFÁLTICA","São Paulo","-"]
["2019-09-01","EMULSÃO ASFÁLTICA DE RUPTURA LENTA CATIÔNICA PARA SERVIÇO DE LAMA ASFÁLTICA","Acre","-"]
["2019-10-01","EMULSÃO ASFÁLTICA DE RUPTURA LENTA CATIÔNICA PARA SERVIÇO DE LAMA ASFÁLTICA","Roraima","-"]
["2019-12-01","EMULSÃO ASFÁLTICA DE RUPTURA LENTA CATIÔNICA PARA SERVIÇO DE LAMA ASFÁLTICA","Amapá","-"]
["2020-02-01","EMULSÃO ASFÁLTICA DE RUPTURA LENTA CATIÔNICA PARA SERVIÇO DE LAMA ASFÁLTICA","Mato Grosso","-"]
["2020-03-01","EMULSÃO ASFÁLTICA DE RUPTURA LENTA CATIÔNICA PARA SERVIÇO DE LAMA ASFÁLTICA","Amapá","-"]
["2020-06-01","EMULSÃO ASFÁLTICA DE RUPTURA LENTA CATIÔNICA PARA SERVIÇO DE LAMA ASFÁLTICA","Ceará","-"]
["2020-07-01","EMULSÃO ASFÁLTICA DE RUPTURA LENTA CATIÔNICA PARA SERVIÇO DE LAMA ASFÁLTICA","Acre","-"]
["2020-09-01","EMULSÃO ASFÁLTICA DE RUPTURA LENTA CATIÔNICA PARA SERVIÇO DE LAMA ASFÁLTICA","Espírito Santo","-"]
["2020-10-01","EMULSÃO ASFÁLTICA DE RUPTURA LENTA CATIÔNICA PARA SERVIÇO DE LAMA ASFÁLTICA","Paraná","-"]
["2021-01-01","EMULSÃO ASFÁLTICA DE RUPTURA LENTA CATIÔNICA PARA SERVIÇO DE LAMA ASFÁLTICA","Paraíba","-"]
["2021-02-01","EMULSÃO ASFÁLTICA DE RUPTURA LENTA CATIÔNICA PARA SERVIÇO DE LAMA ASFÁLTICA","Amazonas","-"]
["2021-05-01","EMULSÃO ASFÁLTICA DE RUPTURA LENTA CATIÔNICA PARA SERVIÇO DE LAMA ASFÁLTICA","Acre","-"]
["2021-06-01","EMULSÃO ASFÁLTICA DE RUPTURA LENTA CATIÔNICA PARA SERVIÇO DE LAMA ASFÁLTICA","Minas Gerais","-"]
["2021-08-01","EMULSÃO ASFÁLTICA DE RUPTURA LENTA CATIÔNICA PARA SERVIÇO DE LAMA ASFÁLTICA","Paraná","-"]
["2021-08-01","EMULSÃO ASFÁLTICA DE RUPTURA LENTA CATIÔNICA PARA SERVIÇO DE LAMA ASFÁLTICA","Sergipe","-"]
["2021-12-01","EMULSÃO ASFÁLTICA DE RUPTURA LENTA CATIÔNICA PARA SERVIÇO DE LAMA ASFÁLTICA","Amazonas","-"]
["2022-01-01","EMULSÃO ASFÁLTICA DE RUPTURA LENTA CATIÔNICA PARA SERVIÇO DE LAMA ASFÁLTICA","Rondônia","-"]
["2022-03-01","EMULSÃO ASFÁLTICA DE RUPTURA LENTA CATIÔNICA PARA SERVIÇO DE LAMA ASFÁLTICA","Rio de Janeiro","-"]
["2022-04-01","EMULSÃO ASFÁLTICA DE RUPTURA LENTA CATIÔNICA PARA SERVIÇO DE LAMA ASFÁLTICA","Santa Catarina","-"]
["2022-07-01","EMULSÃO ASFÁLTICA DE RUPTURA LENTA CATIÔNICA PARA SERVIÇO DE LAMA ASFÁLTICA","Pernambuco","-"]
["2022-08-01","EMULSÃO ASFÁLTICA DE RUPTURA LENTA CATIÔNICA PARA SERVIÇO DE LAMA ASFÁLTICA","Goiás","-"]
["2022-10-01","EMULSÃO ASFÁLTICA DE RUPTURA LENTA CATIÔNICA PARA SERVIÇO DE LAMA ASFÁLTICA","Tocantins","-"]
["2022-12-01","EMULSÃO ASFÁLTICA DE RUPTURA LENTA CATIÔNICA PARA SERVIÇO DE LAMA ASFÁLTICA","Distrito Federal","-"]
["2023-02-01","EMULSÃO ASFÁLTICA DE RUPTURA LENTA CATIÔNICA PARA SERVIÇO DE LAMA ASFÁLTICA","Alagoas","-"]
["2023-03-01","EMULSÃO ASFÁLTICA DE RUPTURA LENTA CATIÔNICA PARA SERVIÇO DE LAMA ASFÁLTICA","Rondônia","-"]
["2023-05-01","EMULSÃO ASFÁLTICA DE RUPTURA LENTA CATIÔNICA PARA SERVIÇO DE LAMA ASFÁLTICA","Amazonas","-"]
["2023-07-01","EMULSÃO ASFÁLTICA DE RUPTURA LENTA CATIÔNICA PARA SERVIÇO DE LAMA ASFÁLTICA","Maranhão","-"]
["2023-09-01","EMULSÃO ASFÁLTICA DE RUPTURA LENTA CATIÔNICA PARA SERVIÇO DE LAMA ASFÁLTICA","Mato Grosso","-"]
["2023-10-01","EMULSÃO ASFÁLTICA DE RUPTURA LENTA CATIÔNICA PARA SERVIÇO DE LAMA ASFÁLTICA","São Paulo","-"]
["2023-11-01","EMULSÃO ASFÁLTICA DE RUPTURA LENTA CATIÔNICA PARA SERVIÇO DE LAMA ASFÁLTICA","Tocantins","-"]
["2024-02-01","EMULSÃO ASFÁLTICA DE RUPTURA LENTA CATIÔNICA PARA SERVIÇO DE LAMA ASFÁLTICA","Goiás","-"]
["2024-03-01","EMULSÃO ASFÁLTICA DE RUPTURA LENTA CATIÔNICA PARA SERVIÇO DE LAMA ASFÁLTICA","Paraíba","-"]
["2024-06-01","EMULSÃO ASFÁLTICA DE RUPTURA LENTA CATIÔNICA PARA SERVIÇO DE LAMA ASFÁLTICA","Paraná","-"]
["2024-07-01","EMULSÃO ASFÁLTICA DE RUPTURA LENTA CATIÔNICA PARA SERVIÇO DE LAMA ASFÁLTICA","Amapá","-"]
["2015-10-01","EMULSÃO ASFÁLTICA DE RUPTURA LENTA DE CARGA NEUTRA PARA SERVIÇO DE LAMA ASFÁLTICA","Piauí","-"]
["2015-12-01","EMULSÃO ASFÁLTICA DE RUPTURA LENTA DE CARGA NEUTRA PARA SERVIÇO DE LAMA ASFÁLTICA","Acre","-"]
["2016-01-01","EMULSÃO ASFÁLTICA DE RUPTURA LENTA DE CARGA NEUTRA PARA SERVIÇO DE LAMA ASFÁLTICA","Rio Grande do Norte","-"]
["2016-03-01","EMULSÃO ASFÁLTICA DE RUPTURA LENTA DE CARGA NEUTRA PARA SERVIÇO DE LAMA ASFÁLTICA","Paraná","-"]
["2016-06-01","EMULSÃO ASFÁLTICA DE RUPTURA LENTA DE CARGA NEUTRA PARA SERVIÇO DE LAMA ASFÁLTICA","Amapá","-"]
["2016-07-01","EMULSÃO ASFÁLTICA DE RUPTURA LENTA DE CARGA NEUTRA PARA SERVIÇO DE LAMA ASFÁLTICA","Roraima","-"]
["2016-10-01","EMULSÃO ASFÁLTICA DE RUPTURA LENTA DE CARGA NEUTRA PARA SERVIÇO DE LAMA ASFÁLTICA","Acre","-"]
["2016-10-01","EMULSÃO ASFÁLTICA DE RUPTURA LENTA DE CARGA NEUTRA PARA SERVIÇO DE LAMA ASFÁLTICA","São Paulo","-"]
["2017-01-01","EMULSÃO ASFÁLTICA DE RUPTURA LENTA DE CARGA NEUTRA PARA SERVIÇO DE LAMA ASFÁLTICA","Paraná","-"]
["2017-03-01","EMULSÃO ASFÁLTICA DE RUPTURA LENTA DE CARGA NEUTRA PARA SERVIÇO DE LAMA ASFÁLTICA","Bahia","-"]
["2017-05-01","EMULSÃO ASFÁLTICA DE RUPTURA LENTA DE CARGA NEUTRA PARA SERVIÇO DE LAMA ASFÁLTICA","Amazonas","-"]
["2017-06-01","EMULSÃO ASFÁLTICA DE RUPTURA LENTA DE CARGA NEUTRA PARA SERVIÇO DE LAMA ASFÁLTICA","Distrito Federal","-"]
["2017-08-01","EMULSÃO ASFÁLTICA DE RUPTURA LENTA DE CARGA NEUTRA PARA SERVIÇO DE LAMA ASFÁLTICA","Rio de Janeiro","-"]
["2017-09-01","EMULSÃO ASFÁLTICA DE RUPTURA LENTA DE CARGA NEUTRA PARA SERVIÇO DE LAMA ASFÁLTICA","Rio Grande do Sul","-"]
["2017-12-01","EMULSÃO ASFÁLTICA DE RUPTURA LENTA DE CARGA NEUTRA PARA SERVIÇO DE LAMA ASFÁLTICA","Maranhão","-"]
["2018-01-01","EMULSÃO ASFÁLTICA DE RUPTURA LENTA DE CARGA NEUTRA PARA SERVIÇO DE LAMA ASFÁLTICA","Goiás","-"]
["2018-03-01","EMULSÃO ASFÁLTICA DE RUPTURA LENTA DE CARGA NEUTRA PARA SERVIÇO DE LAMA ASFÁLTICA","Mato Grosso do Sul","-"]
["2018-04-01","EMULSÃO ASFÁLTICA DE RUPTURA LENTA DE CARGA NEUTRA PARA SERVIÇO DE LAMA ASFÁLTICA","Santa Catarina","-"]
["2018-06-01","EMULSÃO ASFÁLTICA DE RUPTURA LENTA DE CARGA NEUTRA PARA SERVIÇO DE LAMA ASFÁLTICA","Pará","-"]
["2018-08-01","EMULSÃO ASFÁLTICA DE RUPTURA LENTA DE CARGA NEUTRA PARA SERVIÇO DE LAMA ASFÁLTICA","Rondônia","-"]
["2018-11-01","EMULSÃO ASFÁLTICA DE RUPTURA LENTA DE CARGA NEUTRA PARA SERVIÇO DE LAMA ASFÁLTICA","Maranhão","-"]
["2018-12-01","EMULSÃO ASFÁLTICA DE RUPTURA LENTA DE CARGA NEUTRA PARA SERVIÇO DE LAMA ASFÁLTICA","Maranhão","-"]
["2019-01-01","EMULSÃO ASFÁLTICA DE RUPTURA LENTA DE CARGA NEUTRA PARA SERVIÇO DE LAMA ASFÁLTICA","Mato Grosso do Sul","-"]
["2019-03-01","EMULSÃO ASFÁLTICA DE RUPTURA LENTA DE CARGA NEUTRA PARA SERVIÇO DE LAMA ASFÁLTICA","Rio de Janeiro","-"]
["2019-04-01","EMULSÃO ASFÁLTICA DE RUPTURA LENTA DE CARGA NEUTRA PARA SERVIÇO DE LAMA ASFÁLTICA","Tocantins","-"]
["2019-08-01","EMULSÃO ASFÁLTICA DE RUPTURA LENTA DE CARGA NEUTRA PARA SERVIÇO DE LAMA ASFÁLTICA","Paraíba","-"]
["2019-10-01","EMULSÃO ASFÁLTICA DE RUPTURA LENTA DE CARGA NEUTRA PARA SERVIÇO DE LAMA ASFÁLTICA","Maranhão","-"]
["2019-11-01","EMULSÃO ASFÁLTICA DE RUPTURA LENTA DE CARGA NEUTRA PARA SERVIÇO DE LAMA ASFÁLTICA","Acre","-"]
["2020-01-01","EMULSÃO ASFÁLTICA DE RUPTURA LENTA DE CARGA NEUTRA PARA SERVIÇO DE LAMA ASFÁLTICA","São Paulo","-"]
["2020-02-01","EMULSÃO ASFÁLTICA DE RUPTURA LENTA DE CARGA NEUTRA PARA SERVIÇO DE LAMA ASFÁLTICA","Amapá","-"]
["2020-05-01","EMULSÃO ASFÁLTICA DE RUPTURA LENTA DE CARGA NEUTRA PARA SERVIÇO DE LAMA ASFÁLTICA","Minas Gerais","-"]
["2020-06-01","EMULSÃO ASFÁLTICA DE RUPTURA LENTA DE CARGA NEUTRA PARA SERVIÇO DE LAMA ASFÁLTICA","Paraíba","-"]
["2020-08-01","EMULSÃO ASFÁLTICA DE RUPTURA LENTA DE CARGA NEUTRA PARA SERVIÇO DE LAMA ASFÁLTICA","Ceará","-"]
["2020-10-01","EMULSÃO ASFÁLTICA DE RUPTURA LENTA DE CARGA NEUTRA PARA SERVIÇO DE LAMA ASFÁLTICA","Amapá","-"]
["2020-11-01","EMULSÃO ASFÁLTICA DE RUPTURA LENTA DE CARGA NEUTRA PARA SERVIÇO DE LAMA ASFÁLTICA","Espírito Santo","-"]
["2021-02-01","EMULSÃO ASFÁLTICA DE RUPTURA LENTA DE CARGA NEUTRA PARA SERVIÇO DE LAMA ASFÁLTICA","Acre","-"]
["2021-04-01","EMULSÃO ASFÁLTICA DE RUPTURA LENTA DE CARGA NEUTRA PARA SERVIÇO DE LAMA ASFÁLTICA","Amazonas","-"]
["2021-05-01","EMULSÃO ASFÁLTICA DE RUPTURA LENTA DE CARGA NEUTRA PARA SERVIÇO DE LAMA ASFÁLTICA","Paraná","-"]
["2021-07-01","EMULSÃO ASFÁLTICA DE RUPTURA LENTA DE CARGA NEUTRA PARA SERVIÇO DE LAMA ASFÁLTICA","Ceará","-"]
["2021-09-01","EMULSÃO ASFÁLTICA DE RUPTURA LENTA DE CARGA NEUTRA PARA SERVIÇO DE LAMA ASFÁLTICA","Amazonas","-"]
["2021-10-01","EMULSÃO ASFÁLTICA DE RUPTURA LENTA DE CARGA NEUTRA PARA SERVIÇO DE LAMA ASFÁLTICA","Ceará","-"]
["2022-01-01","EMULSÃO ASFÁLTICA DE RUPTURA LENTA DE CARGA NEUTRA PARA SERVIÇO DE LAMA ASFÁLTICA","Goiás","-"]
["2022-01-01","EMULSÃO ASFÁLTICA DE RUPTURA LENTA DE CARGA NEUTRA PARA SERVIÇO DE LAMA ASFÁLTICA","Rio Grande do Sul","-"]
["2022-03-01","EMULSÃO ASFÁLTICA DE RUPTURA LENTA DE CARGA NEUTRA PARA SERVIÇO DE LAMA ASFÁLTICA","Rondônia","-"]
["2022-05-01","EMULSÃO ASFÁLTICA DE RUPTURA LENTA DE CARGA NEUTRA PARA SERVIÇO DE LAMA ASFÁLTICA","Goiás","-"]
["2022-06-01","EMULSÃO ASFÁLTICA DE RUPTURA LENTA DE CARGA NEUTRA PARA SERVIÇO DE LAMA ASFÁLTICA","Santa Catarina","-"]
["2022-08-01","EMULSÃO ASFÁLTICA DE RUPTURA LENTA DE CARGA NEUTRA PARA SERVIÇO DE LAMA ASFÁLTICA","Santa Catarina","-"]
["2022-11-01","EMULSÃO ASFÁLTICA DE RUPTURA LENTA DE CARGA NEUTRA PARA SERVIÇO DE LAMA ASFÁLTICA","Rio Grande do Norte","-"]
["2022-12-01","EMULSÃO ASFÁLTICA DE RUPTURA LENTA DE CARGA NEUTRA PARA SERVIÇO DE LAMA ASFÁLTICA","Rondônia","-"]
["2023-03-01","EMULSÃO ASFÁLTICA DE RUPTURA LENTA DE CARGA NEUTRA PARA SERVIÇO DE LAMA ASFÁLTICA","Goiás","-"]
["2023-04-01","EMULSÃO ASFÁLTICA DE RUPTURA LENTA DE CARGA NEUTRA PARA SERVIÇO DE LAMA ASFÁLTICA","Alagoas","-"]
["2023-06-01","EMULSÃO ASFÁLTICA DE RUPTURA LENTA DE CARGA NEUTRA PARA SERVIÇO DE LAMA ASFÁLTICA","Santa Catarina","-"]
["2023-08-01","EMULSÃO ASFÁLTICA DE RUPTURA LENTA DE CARGA NEUTRA PARA SERVIÇO DE LAMA ASFÁLTICA","São Paulo","-"]
["2023-10-01","EMULSÃO ASFÁLTICA DE RUPTURA LENTA DE CARGA NEUTRA PARA SERVIÇO DE LAMA ASFÁLTICA","Rondônia","-"]
["2023-11-01","EMULSÃO ASFÁLTICA DE RUPTURA LENTA DE CARGA NEUTRA PARA SERVIÇO DE LAMA ASFÁLTICA","Tocantins","-"]
["2024-02-01","EMULSÃO ASFÁLTICA DE RUPTURA LENTA DE CARGA NEUTRA PARA SERVIÇO DE LAMA ASFÁLTICA","Maranhão","-"]
["2024-03-01","EMULSÃO ASFÁLTICA DE RUPTURA LENTA DE CARGA NEUTRA PARA SERVIÇO DE LAMA ASFÁLTICA","Mato Grosso do Sul","-"]
["2024-06-01","EMULSÃO ASFÁLTICA DE RUPTURA LENTA DE CARGA NEUTRA PARA SERVIÇO DE LAMA ASFÁLTICA","Amapá","-"]
["2024-06-01","EMULSÃO ASFÁLTICA DE RUPTURA LENTA DE CARGA NEUTRA PARA SERVIÇO DE LAMA ASFÁLTICA","Tocantins","-"]
["2015-10-01","EMULSÃO ASFÁLTICA PARA SERVIÇO DE IMPRIMAÇÃO","Bahia","-"]
["2015-11-01","EMULSÃO ASFÁLTICA PARA SERVIÇO DE IMPRIMAÇÃO","Paraíba","-"]
["2015-12-01","EMULSÃO ASFÁLTICA PARA SERVIÇO DE IMPRIMAÇÃO","Piauí","-"]
["2016-03-01","EMULSÃO ASFÁLTICA PARA SERVIÇO DE IMPRIMAÇÃO","Amapá","-"]
["2016-05-01","EMULSÃO ASFÁLTICA PARA SERVIÇO DE IMPRIMAÇÃO","Pará","-"]
["2016-07-01","EMULSÃO ASFÁLTICA PARA SERVIÇO DE IMPRIMAÇÃO","Acre","-"]
["2016-07-01","EMULSÃO ASFÁLTICA PARA SERVIÇO DE IMPRIMAÇÃO","Rio Grande do Norte","-"]
["2016-09-01","EMULSÃO ASFÁLTICA PARA SERVIÇO DE IMPRIMAÇÃO","Roraima","-"]
["2017-01-01","EMULSÃO ASFÁLTICA PARA SERVIÇO DE IMPRIMAÇÃO","Amapá","-"]
["2017-02-01","EMULSÃO ASFÁLTICA PARA SERVIÇO DE IMPRIMAÇÃO","Rio de Janeiro","-"]
["2017-03-01","EMULSÃO ASFÁLTICA PARA SERVIÇO DE IMPRIMAÇÃO","Ceará","-"]
["2017-05-01","EMULSÃO ASFÁLTICA PARA SERVIÇO DE IMPRIMAÇÃO","Rio Grande do Sul","-"]
["2017-06-01","EMULSÃO ASFÁLTICA PARA SERVIÇO DE IMPRIMAÇÃO","Rio Grande do Sul","-"]
["2017-08-01","EMULSÃO ASFÁLTICA PARA SERVIÇO DE IMPRIMAÇÃO","Roraima","-"]
["2017-10-01","EMULSÃO ASFÁLTICA PARA SERVIÇO DE IMPRIMAÇÃO","Goiás","-"]
["2018-01-01","EMULSÃO ASFÁLTICA PARA SERVIÇO DE IMPRIMAÇÃO","Ceará",2.1136413638684837]
["2018-02-01","EMULSÃO ASFÁLTICA PARA SERVIÇO DE IMPRIMAÇÃO","Sergipe","-"]
["2018-04-01","EMULSÃO ASFÁLTICA PARA SERVIÇO DE IMPRIMAÇÃO","Rio Grande do Sul","-"]
["2018-05-01","EMULSÃO ASFÁLTICA PARA SERVIÇO DE IMPRIMAÇÃO","Mato Grosso do Sul","-"]
["2018-08-01","EMULSÃO ASFÁLTICA PARA SERVIÇO DE IMPRIMAÇÃO","Goiás","-"]
["2018-10-01","EMULSÃO ASFÁLTICA PARA SERVIÇO DE IMPRIMAÇÃO","Espírito Santo","-"]
["2018-11-01","EMULSÃO ASFÁLTICA PARA SERVIÇO DE IMPRIMAÇÃO","Santa Catarina","-"]
["2019-01-01","EMULSÃO ASFÁLTICA PARA SERVIÇO DE IMPRIMAÇÃO","Maranhão","-"]
["2019-03-01","EMULSÃO ASFÁLTICA PARA SERVIÇO DE IMPRIMAÇÃO","Rondônia","-"]
["2019-04-01","EMULSÃO ASFÁLTICA PARA SERVIÇO DE IMPRIMAÇÃO","Pará","-"]
["2019-07-01","EMULSÃO ASFÁLTICA PARA SERVIÇO DE IMPRIMAÇÃO","Minas Gerais",1.9235156593946117]
["2019-08-01","EMULSÃO ASFÁLTICA PARA SERVIÇO DE IMPRIMAÇÃO","Alagoas","-"]
["2019-10-01","EMULSÃO ASFÁLTICA PARA SERVIÇO DE IMPRIMAÇÃO","Paraíba","-"]
["2019-11-01","EMULSÃO ASFÁLTICA PARA SERVIÇO DE IMPRIMAÇÃO","Tocantins","-"]
["2020-01-01","EMULSÃO ASFÁLTICA PARA SERVIÇO DE IMPRIMAÇÃO","Pernambuco","-"]
["2020-03-01","EMULSÃO ASFÁLTICA PARA SERVIÇO DE IMPRIMAÇÃO","Paraíba","-"]
["2020-05-01","EMULSÃO ASFÁLTICA PARA SERVIÇO DE IMPRIMAÇÃO","Santa Catarina","-"]
["2020-07-01","EMULSÃO ASFÁLTICA PARA SERVIÇO DE IMPRIMAÇÃO","Amapá","-"]
["2020-09-01","EMULSÃO ASFÁLTICA PARA SERVIÇO DE IMPRIMAÇÃO","Tocantins","-"]
["2020-10-01","EMULSÃO ASFÁLTICA PARA SERVIÇO DE IMPRIMAÇÃO","Rondônia","-"]
["2021-01-01","EMULSÃO ASFÁLTICA PARA SERVIÇO DE IMPRIMAÇÃO","Paraíba","-"]
["2021-03-01","EMULSÃO ASFÁLTICA PARA SERVIÇO DE IMPRIMAÇÃO","Alagoas","-"]
["2021-05-01","EMULSÃO ASFÁLTICA PARA SERVIÇO DE IMPRIMAÇÃO","Amapá","-"]
["2021-06-01","EMULSÃO ASFÁLTICA PARA SERVIÇO DE IMPRIMAÇÃO","Amazonas","-"]
["2021-07-01","EMULSÃO ASFÁLTICA PARA SERVIÇO DE IMPRIMAÇÃO","Ceará",2.2985659921240611]
["2021-09-01","EMULSÃO ASFÁLTICA PARA SERVIÇO DE IMPRIMAÇÃO","Ceará",2.3472058621277911]
["2021-10-01","EMULSÃO ASFÁLTICA PARA SERVIÇO DE IMPRIMAÇÃO","Rio Grande do Sul","-"]
["2022-01-01","EMULSÃO ASFÁLTICA PARA SERVIÇO DE IMPRIMAÇÃO","Espírito Santo","-"]
["2022-03-01","EMULSÃO ASFÁLTICA PARA SERVIÇO DE IMPRIMAÇÃO","Goiás","-"]
["2022-05-01","EMULSÃO ASFÁLTICA PARA SERVIÇO DE IMPRIMAÇÃO","Ceará",3.0780428892722784]
["2022-06-01","EMULSÃO ASFÁLTICA PARA SERVIÇO DE IMPRIMAÇÃO","Mato Grosso",3.2945222527036098]
["2022-08-01","EMULSÃO ASFÁLTICA PARA SERVIÇO DE IMPRIMAÇÃO","Rio Grande do Sul","-"]
["2022-09-01","EMULSÃO ASFÁLTICA PARA SERVIÇO DE IMPRIMAÇÃO","Minas Gerais",3.0788509502966521]
["2022-12-01","EMULSÃO ASFÁLTICA PARA SERVIÇO DE IMPRIMAÇÃO","Goiás","-"]
["2023-01-01","EMULSÃO ASFÁLTICA PARA SERVIÇO DE IMPRIMAÇÃO","Rio Grande do Norte","-"]
["2023-03-01","EMULSÃO ASFÁLTICA PARA SERVIÇO DE IMPRIMAÇÃO","Santa Catarina","-"]
["2023-04-01","EMULSÃO ASFÁLTICA PARA SERVIÇO DE IMPRIMAÇÃO","Sergipe","-"]
["2023-07-01","EMULSÃO ASFÁLTICA PARA SERVIÇO DE IMPRIMAÇÃO","Roraima","-"]
["2023-08-01","EMULSÃO ASFÁLTICA PARA SERVIÇO DE IMPRIMAÇÃO","Pará","-"]
["2023-10-01","EMULSÃO ASFÁLTICA PARA SERVIÇO DE IMPRIMAÇÃO","São Paulo",2.3355779311824758]
["2023-12-01","EMULSÃO ASFÁLTICA PARA SERVIÇO DE IMPRIMAÇÃO","Alagoas","-"]
["2024-01-01","EMULSÃO ASFÁLTICA PARA SERVIÇO DE IMPRIMAÇÃO","Tocantins","-"]
["2024-03-01","EMULSÃO ASFÁLTICA PARA SERVIÇO DE IMPRIMAÇÃO","Tocantins","-"]
["2024-06-01","EMULSÃO ASFÁLTICA PARA SERVIÇO DE IMPRIMAÇÃO","Roraima","-"]
["2024-07-01","EMULSÃO ASFÁLTICA PARA SERVIÇO DE IMPRIMAÇÃO","Paraíba","-"]
["2013-03-01","EMULSÕES ASF. MOD. POR POLÍMEROS RC1C-E","Mato Grosso do Sul","-"]
["2013-04-01","EMULSÕES ASF. MOD. POR POLÍMEROS RC1C-E","Bahia","-"]
["2013-06-01","EMULSÕES ASF. MOD. POR POLÍMEROS RC1C-E","Tocantins","-"]
["2013-07-01","EMULSÕES ASF. MOD. POR POLÍMEROS RC1C-E","Distrito Federal","-"]
["2013-10-01","EMULSÕES ASF. MOD. POR POLÍMEROS RC1C-E","Paraíba","-"]
["2013-11-01","EMULSÕES ASF. MOD. POR POLÍMEROS RC1C-E","Pará","-"]
["2014-02-01","EMULSÕES ASF. MOD. POR POLÍMEROS RC1C-E","Amapá","-"]
["2014-02-01","EMULSÕES ASF. MOD. POR POLÍMEROS RC1C-E","Paraná",1.249680354748941]
["2014-05-01","EMULSÕES ASF. MOD. POR POLÍMEROS RC1C-E","Piauí","-"]
["2014-06-01","EMULSÕES ASF. MOD. POR POLÍMEROS RC1C-E","Rio Grande do Norte","-"]
["2014-08-01","EMULSÕES ASF. MOD. POR POLÍMEROS RC1C-E","Rio de Janeiro","-"]
["2014-10-01","EMULSÕES ASF. MOD. POR POLÍMEROS RC1C-E","Espírito Santo","-"]
["2014-11-01","EMULSÕES ASF. MOD. POR POLÍMEROS RC1C-E","Rio Grande do Sul","-"]
["2015-02-01","EMULSÕES ASF. MOD. POR POLÍMEROS RC1C-E","Ceará","-"]
["2015-04-01","EMULSÕES ASF. MOD. POR POLÍMEROS RC1C-E","Pernambuco","-"]
["2015-05-01","EMULSÕES ASF. MOD. POR POLÍMEROS RC1C-E","Rio Grande do Sul",1.6372355369025746]
["2015-08-01","EMULSÕES ASF. MOD. POR POLÍMEROS RC1C-E","Espírito Santo","-"]
["2015-08-01","EMULSÕES ASF. MOD. POR POLÍMEROS RC1C-E","Sergipe","-"]
["2015-10-01","EMULSÕES ASF. MOD. POR POLÍMEROS RC1C-E","Mato Grosso","-"]
["2015-12-01","EMULSÕES ASF. MOD. POR POLÍMEROS RC1C-E","Acre","-"]
["2016-01-01","EMULSÕES ASF. MOD. POR POLÍMEROS RC1C-E","Sergipe","-"]
["2016-04-01","EMULSÕES ASF. MOD. POR POLÍMEROS RC1C-E","Santa Catarina","-"]
["2016-05-01","EMULSÕES ASF. MOD. POR POLÍMEROS RC1C-E","Pará","-"]
["2016-07-01","EMULSÕES ASF. MOD. POR POLÍMEROS RC1C-E","Maranhão","-"]
["2016-09-01","EMULSÕES ASF. MOD. POR POLÍMEROS RC1C-E","Alagoas","-"]
["2016-11-01","EMULSÕES ASF. MOD. POR POLÍMEROS RC1C-E","Sergipe","-"]
["2017-01-01","EMULSÕES ASF. MOD. POR POLÍMEROS RC1C-E","Minas Gerais","-"]
["2017-03-01","EMULSÕES ASF. MOD. POR POLÍMEROS RC1C-E","Pará","-"]
["2017-04-01","EMULSÕES ASF. MOD. POR POLÍMEROS RC1C-E","Paraíba","-"]
["2017-07-01","EMULSÕES ASF. MOD. POR POLÍMEROS RC1C-E","Alagoas","-"]
["2017-09-01","EMULSÕES ASF. MOD. POR POLÍMEROS RC1C-E","Mato Grosso","-"]
["2017-10-01","EMULSÕES ASF. MOD. POR POLÍMEROS RC1C-E","Tocantins","-"]
["2017-12-01","EMULSÕES ASF. MOD. POR POLÍMEROS RC1C-E","Minas Gerais",1.754370868238909]
["2018-02-01","EMULSÕES ASF. MOD. POR POLÍMEROS RC1C-E","Paraíba","-"]
["2018-03-01","EMULSÕES ASF. MOD. POR POLÍMEROS RC1C-E","Pernambuco","-"]
["2018-04-01","EMULSÕES ASF. MOD. POR POLÍMEROS RC1C-E","Rondônia","-"]
["2018-07-01","EMULSÕES ASF. MOD. POR POLÍMEROS RC1C-E","Bahia","-"]
["2018-09-01","EMULSÕES ASF. MOD. POR POLÍMEROS RC1C-E","Piauí","-"]
["2018-10-01","EMULSÕES ASF. MOD. POR POLÍMEROS RC1C-E","Rio Grande do Norte","-"]
["2018-12-01","EMULSÕES ASF. MOD. POR POLÍMEROS RC1C-E","Amazonas","-"]
["2019-02-01","EMULSÕES ASF. MOD. POR POLÍMEROS RC1C-E","Espírito Santo","-"]
["2019-04-01","EMULSÕES ASF. MOD. POR POLÍMEROS RC1C-E","Tocantins","-"]
["2019-05-01","EMULSÕES ASF. MOD. POR POLÍMEROS RC1C-E","Roraima","-"]
["2019-08-01","EMULSÕES ASF. MOD. POR POLÍMEROS RC1C-E","Rio Grande do Norte","-"]
["2019-09-01","EMULSÕES ASF. MOD. POR POLÍMEROS RC1C-E","Goiás","-"]
["2019-12-01","EMULSÕES ASF. MOD. POR POLÍMEROS RC1C-E","Espírito Santo","-"]
["2020-02-01","EMULSÕES ASF. MOD. POR POLÍMEROS RC1C-E","Bahia","-"]
["2020-02-01","EMULSÕES ASF. MOD. POR POLÍMEROS RC1C-E","Mato Grosso","-"]
["2020-05-01","EMULSÕES ASF. MOD. POR POLÍMEROS RC1C-E","Distrito Federal","-"]
["2020-05-01","EMULSÕES ASF. MOD. POR POLÍMEROS RC1C-E","Sergipe","-"]
["2020-08-01","EMULSÕES ASF. MOD. POR POLÍMEROS RC1C-E","Goiás","-"]
["2020-11-01","EMULSÕES ASF. MOD. POR POLÍMEROS RC1C-E","Goiás","-"]
["2020-12-01","EMULSÕES ASF. MOD. POR POLÍMEROS RC1C-E","Mato Grosso",2.5411971734156946]
["2021-02-01","EMULSÕES ASF. MOD. POR POLÍMEROS RC1C-E","Mato Grosso do Sul","-"]
["2021-03-01","EMULSÕES ASF. MOD. POR POLÍMEROS RC1C-E","Sergipe","-"]
["2021-05-01","EMULSÕES ASF. MOD. POR POLÍMEROS RC1C-E","Pará","-"]
["2021-07-01","EMULSÕES ASF. MOD. POR POLÍMEROS RC1C-E","Pará","-"]
["2021-09-01","EMULSÕES ASF. MOD. POR POLÍMEROS RC1C-E","Rio Grande do Sul","-"]
["2021-11-01","EMULSÕES ASF. MOD. POR POLÍMEROS RC1C-E","Alagoas","-"]
["2021-12-01","EMULSÕES ASF. MOD. POR POLÍMEROS RC1C-E","Roraima","-"]
["2022-02-01","EMULSÕES ASF. MOD. POR POLÍMEROS RC1C-E","Tocantins","-"]
["2022-03-01","EMULSÕES ASF. MOD. POR POLÍMEROS RC1C-E","Rio de Janeiro","-"]
["2022-06-01","EMULSÕES ASF. MOD. POR POLÍMEROS RC1C-E","Sergipe","-"]
["2022-07-01","EMULSÕES ASF. MOD. POR POLÍMEROS RC1C-E","Distrito Federal","-"]
["2022-10-01","EMULSÕES ASF. MOD. POR POLÍMEROS RC1C-E","Acre","-"]
["2022-11-01","EMULSÕES ASF. MOD. POR POLÍMEROS RC1C-E","Bahia","-"]
["2023-01-01","EMULSÕES ASF. MOD. POR POLÍMEROS RC1C-E","Amapá","-"]
["2023-02-01","EMULSÕES ASF. MOD. POR POLÍMEROS RC1C-E","Rio Grande do Norte","-"]
["2023-05-01","EMULSÕES ASF. MOD. POR POLÍMEROS RC1C-E","Maranhão","-"]
["2023-06-01","EMULSÕES ASF. MOD. POR POLÍMEROS RC1C-E","Espírito Santo","-"]
["2023-09-01","EMULSÕES ASF. MOD. POR POLÍMEROS RC1C-E","Bahia","-"]
["2023-10-01","EMULSÕES ASF. MOD. POR POLÍMEROS RC1C-E","Espírito Santo","-"]
["2023-12-01","EMULSÕES ASF. MOD. POR POLÍMEROS RC1C-E","Rio Grande do Norte","-"]
["2024-02-01","EMULSÕES ASF. MOD. POR POLÍMEROS RC1C-E","Paraíba","-"]
["2024-04-01","EMULSÕES ASF. MOD. POR POLÍMEROS RC1C-E","Espírito Santo","-"]
["2024-05-01","EMULSÕES ASF. MOD. POR POLÍMEROS RC1C-E","Pernambuco","-"]
["2024-07-01","EMULSÕES ASF. MOD. POR POLÍMEROS RC1C-E","Roraima","-"]
["2013-01-01","EMULSÕES ASF. MOD. POR POLÍMEROS RL1C-E","Rio de Janeiro","-"]
["2013-04-01","EMULSÕES ASF. MOD. POR POLÍMEROS RL1C-E","Rio Grande do Sul","-"]
["2013-05-01","EMULSÕES ASF. MOD. POR POLÍMEROS RL1C-E","Minas Gerais",1.069614405785416]
["2013-07-01","EMULSÕES ASF. MOD. POR POLÍMEROS RL1C-E","Rondônia","-"]
["2013-09-01","EMULSÕES ASF. MOD. POR POLÍMEROS RL1C-E","Mato Grosso","-"]
["2013-10-01","EMULSÕES ASF. MOD. POR POLÍMEROS RL1C-E","Santa Catarina","-"]
["2013-12-01","EMULSÕES ASF. MOD. POR POLÍMEROS RL1C-E","Sergipe","-"]
["2014-01-01","EMULSÕES ASF. MOD. POR POLÍMEROS RL1C-E","Sergipe","-"]
["2014-04-01","EMULSÕES ASF. MOD. POR POLÍMEROS RL1C-E","Pará","-"]
["2014-06-01","EMULSÕES ASF. MOD. POR POLÍMEROS RL1C-E","Ceará","-"]
["2014-08-01","EMULSÕES ASF. MOD. POR POLÍMEROS RL1C-E","Alagoas","-"]
["2014-09-01","EMULSÕES ASF. MOD. POR POLÍMEROS RL1C-E","Amazonas","-"]
["2014-12-01","EMULSÕES ASF. MOD. POR POLÍMEROS RL1C-E","Goiás","-"]
["2014-12-01","EMULSÕES ASF. MOD. POR POLÍMEROS RL1C-E","Rio de Janeiro","-"]
["2015-03-01","EMULSÕES ASF. MOD. POR POLÍMEROS RL1C-E","Mato Grosso","-"]
["2015-06-01","EMULSÕES ASF. MOD. POR POLÍMEROS RL1C-E","Alagoas","-"]
["2015-06-01","EMULSÕES ASF. MOD. POR POLÍMEROS RL1C-E","Minas Gerais","-"]
["2015-08-01","EMULSÕES ASF. MOD. POR POLÍMEROS RL1C-E","Bahia","-"]
["2015-10-01","EMULSÕES ASF. MOD. POR POLÍMEROS RL1C-E","Rio de Janeiro","-"]
["2015-12-01","EMULSÕES ASF. MOD. POR POLÍMEROS RL1C-E","Paraná","-"]
["2016-02-01","EMULSÕES ASF. MOD. POR POLÍMEROS RL1C-E","Distrito Federal","-"]
["2016-03-01","EMULSÕES ASF. MOD. POR POLÍMEROS RL1C-E","Piauí","-"]
["2016-06-01","EMULSÕES ASF. MOD. POR POLÍMEROS RL1C-E","Bahia","-"]
["2016-06-01","EMULSÕES ASF. MOD. POR POLÍMEROS RL1C-E","Rio Grande do Norte","-"]
["2016-09-01","EMULSÕES ASF. MOD. POR POLÍMEROS RL1C-E","Rio Grande do Norte","-"]
["2016-10-01","EMULSÕES ASF. MOD. POR POLÍMEROS RL1C-E","Tocantins","-"]
["2017-01-01","EMULSÕES ASF. MOD. POR POLÍMEROS RL1C-E","Espírito Santo","-"]
["2017-02-01","EMULSÕES ASF. MOD. POR POLÍMEROS RL1C-E","Maranhão","-"]
["2017-03-01","EMULSÕES ASF. MOD. POR POLÍMEROS RL1C-E","São Paulo","-"]
["2017-05-01","EMULSÕES ASF. MOD. POR POLÍMEROS RL1C-E","São Paulo","-"]
["2017-08-01","EMULSÕES ASF. MOD. POR POLÍMEROS RL1C-E","Bahia","-"]
["2017-09-01","EMULSÕES ASF. MOD. POR POLÍMEROS RL1C-E","Minas Gerais","-"]
["2017-11-01","EMULSÕES ASF. MOD. POR POLÍMEROS RL1C-E","Distrito Federal","-"]
["2018-01-01","EMULSÕES ASF. MOD. POR POLÍMEROS RL1C-E","Acre","-"]
["2018-04-01","EMULSÕES ASF. MOD. POR POLÍMEROS RL1C-E","Amapá","-"]
["2018-04-01","EMULSÕES ASF. MOD. POR POLÍMEROS RL1C-E","Sergipe","-"]
["2018-07-01","EMULSÕES ASF. MOD. POR POLÍMEROS RL1C-E","Minas Gerais","-"]
["2018-08-01","EMULSÕES ASF. MOD. POR POLÍMEROS RL1C-E","Mato Grosso do Sul","-"]
["2018-11-01","EMULSÕES ASF. MOD. POR POLÍMEROS RL1C-E","Mato Grosso","-"]
["2018-11-01","EMULSÕES ASF. MOD. POR POLÍMEROS RL1C-E","Pará","-"]
["2019-02-01","EMULSÕES ASF. MOD. POR POLÍMEROS RL1C-E","Sergipe","-"]
["2019-04-01","EMULSÕES ASF. MOD. POR POLÍMEROS RL1C-E","Maranhão","-"]
["2019-06-01","EMULSÕES ASF. MOD. POR POLÍMEROS RL1C-E","Pará","-"]
["2019-06-01","EMULSÕES ASF. MOD. POR POLÍMEROS RL1C-E","Roraima","-"]
["2019-10-01","EMULSÕES ASF. MOD. POR POLÍMEROS RL1C-E","Alagoas","-"]
["2019-11-01","EMULSÕES ASF. MOD. POR POLÍMEROS RL1C-E","Amazonas","-"]
["2019-12-01","EMULSÕES ASF. MOD. POR POLÍMEROS RL1C-E","Sergipe","-"]
["2020-02-01","EMULSÕES ASF. MOD. POR POLÍMEROS RL1C-E","Rio de Janeiro","-"]
["2020-04-01","EMULSÕES ASF. MOD. POR POLÍMEROS RL1C-E","Acre","-"]
["2020-06-01","EMULSÕES ASF. MOD. POR POLÍMEROS RL1C-E","Distrito Federal","-"]
["2020-08-01","EMULSÕES ASF. MOD. POR POLÍMEROS RL1C-E","Santa Catarina","-"]
["2020-10-01","EMULSÕES ASF. MOD. POR POLÍMEROS RL1C-E","Bahia","-"]
["2020-11-01","EMULSÕES ASF. MOD. POR POLÍMEROS RL1C-E","Sergipe","-"]
["2021-01-01","EMULSÕES ASF. MOD. POR POLÍMEROS RL1C-E","Rio Grande do Norte","-"]
["2021-02-01","EMULSÕES ASF. MOD. POR POLÍMEROS RL1C-E","Mato Grosso do Sul","-"]
["2021-04-01","EMULSÕES ASF. MOD. POR POLÍMEROS RL1C-E","Espírito Santo","-"]
["2021-06-01","EMULSÕES ASF. MOD. POR POLÍMEROS RL1C-E","Maranhão","-"]
["2021-09-01","EMULSÕES ASF. MOD. POR POLÍMEROS RL1C-E","Amazonas","-"]
["2021-09-01","EMULSÕES ASF. MOD. POR POLÍMEROS RL1C-E","São Paulo","-"]
["2021-11-01","EMULSÕES ASF. MOD. POR POLÍMEROS RL1C-E","Pernambuco","-"]
["2022-01-01","EMULSÕES ASF. MOD. POR POLÍMEROS RL1C-E","Minas Gerais","-"]
["2022-04-01","EMULSÕES ASF. MOD. POR POLÍMEROS RL1C-E","Minas Gerais","-"]
["2022-05-01","EMULSÕES ASF. MOD. POR POLÍMEROS RL1C-E","Acre","-"]
["2022-07-01","EMULSÕES ASF. MOD. POR POLÍMEROS RL1C-E","São Paulo","-"]
["2022-08-01","EMULSÕES ASF. MOD. POR POLÍMEROS RL1C-E","Rondônia","-"]
["2022-11-01","EMULSÕES ASF. MOD. POR POLÍMEROS RL1C-E","Minas Gerais","-"]
["2023-01-01","EMULSÕES ASF. MOD. POR POLÍMEROS RL1C-E","Piauí","-"]
["2023-03-01","EMULSÕES ASF. MOD. POR POLÍMEROS RL1C-E","Acre","-"]
["2023-04-01","EMULSÕES ASF. MOD. POR POLÍMEROS RL1C-E","Rio Grande do Norte","-"]
["2023-06-01","EMULSÕES ASF. MOD. POR POLÍMEROS RL1C-E","Sergipe","-"]
["2023-07-01","EMULSÕES ASF. MOD. POR POLÍMEROS RL1C-E","Rondônia","-"]
["2023-10-01","EMULSÕES ASF. MOD. POR POLÍMEROS RL1C-E","Pará","-"]
["2023-11-01","EMULSÕES ASF. MOD. POR POLÍMEROS RL1C-E","Paraná","-"]
["2024-01-01","EMULSÕES ASF. MOD. POR POLÍMEROS RL1C-E","São Paulo","-"]
["2024-03-01","EMULSÕES ASF. MOD. POR POLÍMEROS RL1C-E","Amazonas","-"]
["2024-04-01","EMULSÕES ASF. MOD. POR POLÍMEROS RL1C-E","Tocantins","-"]
["2024-06-01","EMULSÕES ASF. MOD. POR POLÍMEROS RL1C-E","Rio de Janeiro","-"]
["2013-02-01","EMULSÕES ASF. MOD. POR POLÍMEROS RM1C-E","Distrito Federal","-"]
["2013-03-01","EMULSÕES ASF. MOD. POR POLÍMEROS RM1C-E","Distrito Federal","-"]
["2013-05-01","EMULSÕES ASF. MOD. POR POLÍMEROS RM1C-E","Goiás","-"]
["2013-07-01","EMULSÕES ASF. MOD. POR POLÍMEROS RM1C-E","Bahia","-"]
["2013-09-01","EMULSÕES ASF. MOD. POR POLÍMEROS RM1C-E","Rio de Janeiro","-"]
["2013-11-01","EMULSÕES ASF. MOD. POR POLÍMEROS RM1C-E","Mato Grosso do Sul","-"]
["2014-01-01","EMULSÕES ASF. MOD. POR POLÍMEROS RM1C-E","Distrito Federal","-"]
["2014-02-01","EMULSÕES ASF. MOD. POR POLÍMEROS RM1C-E","Pará","-"]
["2014-03-01","EMULSÕES ASF. MOD. POR POLÍMEROS RM1C-E","Maranhão","-"]
["2014-05-01","EMULSÕES ASF. MOD. POR POLÍMEROS RM1C-E","Paraná","-"]
["2014-06-01","EMULSÕES ASF. MOD. POR POLÍMEROS RM1C-E","São Paulo","-"]
["2014-09-01","EMULSÕES ASF. MOD. POR POLÍMEROS RM1C-E","Mato Grosso do Sul","-"]
["2014-11-01","EMULSÕES ASF. MOD. POR POLÍMEROS RM1C-E","Rio de Janeiro","-"]
["2015-01-01","EMULSÕES ASF. MOD. POR POLÍMEROS RM1C-E","Maranhão","-"]
["2015-02-01","EMULSÕES ASF. MOD. POR POLÍMEROS RM1C-E","Rio Grande do Sul","-"]
["2015-04-01","EMULSÕES ASF. MOD. POR POLÍMEROS RM1C-E","São Paulo","-"]
["2015-07-01","EMULSÕES ASF. MOD. POR POLÍMEROS RM1C-E","Acre","-"]
["2015-08-01","EMULSÕES ASF. MOD. POR POLÍMEROS RM1C-E","Minas Gerais","-"]
["2015-10-01","EMULSÕES ASF. MOD. POR POLÍMEROS RM1C-E","Amapá","-"]
["2015-12-01","EMULSÕES ASF. MOD. POR POLÍMEROS RM1C-E","Acre","-"]
["2016-01-01","EMULSÕES ASF. MOD. POR POLÍMEROS RM1C-E","Amapá","-"]
["2016-04-01","EMULSÕES ASF. MOD. POR POLÍMEROS RM1C-E","Ceará","-"]
["2016-04-01","EMULSÕES ASF. MOD. POR POLÍMEROS RM1C-E","Piauí","-"]
["2016-07-01","EMULSÕES ASF. MOD. POR POLÍMEROS RM1C-E","Espírito Santo","-"]
["2016-08-01","EMULSÕES ASF. MOD. POR POLÍMEROS RM1C-E","Paraná","-"]
["2016-10-01","EMULSÕES ASF. MOD. POR POLÍMEROS RM1C-E","Maranhão","-"]
["2016-12-01","EMULSÕES ASF. MOD. POR POLÍMEROS RM1C-E","Amazonas","-"]
["2017-01-01","EMULSÕES ASF. MOD. POR POLÍMEROS RM1C-E","Mato Grosso do Sul","-"]
["2017-03-01","EMULSÕES ASF. MOD. POR POLÍMEROS RM1C-E","Rio de Janeiro","-"]
["2017-06-01","EMULSÕES ASF. MOD. POR POLÍMEROS RM1C-E","Paraná","-"]
["2017-07-01","EMULSÕES ASF. MOD. POR POLÍMEROS RM1C-E","Paraíba","-"]
["2017-10-01","EMULSÕES ASF. MOD. POR POLÍMEROS RM1C-E","Amazonas","-"]
["2017-10-01","EMULSÕES ASF. MOD. POR POLÍMEROS RM1C-E","Pernambuco","-"]
["2018-01-01","EMULSÕES ASF. MOD. POR POLÍMEROS RM1C-E","Rio de Janeiro","-"]
["2018-02-01","EMULSÕES ASF. MOD. POR POLÍMEROS RM1C-E","Santa Catarina","-"]
["2018-05-01","EMULSÕES ASF. MOD. POR POLÍMEROS RM1C-E","Distrito Federal","-"]
["2018-05-01","EMULSÕES ASF. MOD. POR POLÍMEROS RM1C-E","Sergipe","-"]
["2018-07-01","EMULSÕES ASF. MOD. POR POLÍMEROS RM1C-E","Maranhão","-"]
["2018-09-01","EMULSÕES ASF. MOD. POR POLÍMEROS RM1C-E","Santa Catarina","-"]
["2018-12-01","EMULSÕES ASF. MOD. POR POLÍMEROS RM1C-E","Alagoas","-"]
["2019-01-01","EMULSÕES ASF. MOD. POR POLÍMEROS RM1C-E","Mato Grosso do Sul","-"]
["2019-03-01","EMULSÕES ASF. MOD. POR POLÍMEROS RM1C-E","Amazonas","-"]
["2019-05-01","EMULSÕES ASF. MOD. POR POLÍMEROS RM1C-E","Maranhão","-"]
["2019-06-01","EMULSÕES ASF. MOD. POR POLÍMEROS RM1C-E","Ceará","-"]
["2019-08-01","EMULSÕES ASF. MOD. POR POLÍMEROS RM1C-E","São Paulo","-"]
["2019-11-01","EMULSÕES ASF. MOD. POR POLÍMEROS RM1C-E","Alagoas","-"]
["2019-12-01","EMULSÕES ASF. MOD. POR POLÍMEROS RM1C-E","Minas Gerais","-"]
["2020-01-01","EMULSÕES ASF. MOD. POR POLÍMEROS RM1C-E","Paraíba","-"]
["2020-03-01","EMULSÕES ASF. MOD. POR POLÍMEROS RM1C-E","Mato Grosso","-"]
["2020-05-01","EMULSÕES ASF. MOD. POR POLÍMEROS RM1C-E","Amapá","-"]
["2020-07-01","EMULSÕES ASF. MOD. POR POLÍMEROS RM1C-E","Piauí","-"]
["2020-08-01","EMULSÕES ASF. MOD. POR POLÍMEROS RM1C-E","Piauí","-"]
["2020-10-01","EMULSÕES ASF. MOD. POR POLÍMEROS RM1C-E","Rio Grande do Norte","-"]
["2020-12-01","EMULSÕES ASF. MOD. POR POLÍMEROS RM1C-E","Ceará","-"]
["2021-03-01","EMULSÕES ASF. MOD. POR POLÍMEROS RM1C-E","Paraná","-"]
["2021-04-01","EMULSÕES ASF. MOD. POR POLÍMEROS RM1C-E","Amazonas","-"]
["2021-06-01","EMULSÕES ASF. MOD. POR POLÍMEROS RM1C-E","Piauí","-"]
["2021-07-01","EMULSÕES ASF. MOD. POR POLÍMEROS RM1C-E","São Paulo","-"]
["2021-10-01","EMULSÕES ASF. MOD. POR POLÍMEROS RM1C-E","Paraná","-"]
["2021-10-01","EMULSÕES ASF. MOD. POR POLÍMEROS RM1C-E","Tocantins","-"]
["2022-02-01","EMULSÕES ASF. MOD. POR POLÍMEROS RM1C-E","Amazonas","-"]
["2022-03-01","EMULSÕES ASF. MOD. POR POLÍMEROS RM1C-E","Roraima","-"]
["2022-05-01","EMULSÕES ASF. MOD. POR POLÍMEROS RM1C-E","Rio de Janeiro","-"]
["2022-06-01","EMULSÕES ASF. MOD. POR POLÍMEROS RM1C-E","Goiás","-"]
["2022-09-01","EMULSÕES ASF. MOD. POR POLÍMEROS RM1C-E","Distrito Federal","-"]
["2022-10-01","EMULSÕES ASF. MOD. POR POLÍMEROS RM1C-E","Goiás","-"]
["2023-01-01","EMULSÕES ASF. MOD. POR POLÍMEROS RM1C-E","Acre","-"]
["2023-01-01","EMULSÕES ASF. MOD. POR POLÍMEROS RM1C-E","Santa Catarina","-"]
["2023-03-01","EMULSÕES ASF. MOD. POR POLÍMEROS RM1C-E","Pará","-"]
["2023-05-01","EMULSÕES ASF. MOD. POR POLÍMEROS RM1C-E","Mato Grosso do Sul","-"]
["2023-08-01","EMULSÕES ASF. MOD. POR POLÍMEROS RM1C-E","Maranhão","-"]
["2023-09-01","EMULSÕES ASF. MOD. POR POLÍMEROS RM1C-E","Maranhão","-"]
["2023-11-01","EMULSÕES ASF. MOD. POR POLÍMEROS RM1C-E","Mato Grosso do Sul","-"]
["2023-12-01","EMULSÕES ASF. MOD. POR POLÍMEROS RM1C-E","São Paulo","-"]
["2024-03-01","EMULSÕES ASF. MOD. POR POLÍMEROS RM1C-E","Mato Grosso do Sul","-"]
["2024-03-01","EMULSÕES ASF. MOD. POR POLÍMEROS RM1C-E","Rio Grande do Sul","-"]
["2024-05-01","EMULSÕES ASF. MOD. POR POLÍMEROS RM1C-E","Paraíba","-"]
["2013-01-01","EMULSÕES ASF. MOD. POR POLÍMEROS RR1C-E","Pernambuco","-"]
["2013-02-01","EMULSÕES ASF. MOD. POR POLÍMEROS RR1C-E","Amapá","-"]
["2013-04-01","EMULSÕES ASF. MOD. POR POLÍMEROS RR1C-E","Amapá","-"]
["2013-05-01","EMULSÕES ASF. MOD. POR POLÍMEROS RR1C-E","Piauí","-"]
["2013-08-01","EMULSÕES ASF. MOD. POR POLÍMEROS RR1C-E","Sergipe","-"]
["2013-11-01","EMULSÕES ASF. MOD. POR POLÍMEROS RR1C-E","Acre","-"]
["2013-12-01","EMULSÕES ASF. MOD. POR POLÍMEROS RR1C-E","Amapá","-"]
["2014-01-01","EMULSÕES ASF. MOD. POR POLÍMEROS RR1C-E","Espírito Santo","-"]
["2014-03-01","EMULSÕES ASF. MOD. POR POLÍMEROS RR1C-E","Piauí","-"]
["2014-06-01","EMULSÕES ASF. MOD. POR POLÍMEROS RR1C-E","Amazonas","-"]
["2014-07-01","EMULSÕES ASF. MOD. POR POLÍMEROS RR1C-E","Ceará","-"]
["2014-09-01","EMULSÕES ASF. MOD. POR POLÍMEROS RR1C-E","Ceará","-"]
["2014-11-01","EMULSÕES ASF. MOD. POR POLÍMEROS RR1C-E","Amazonas","-"]
["2014-11-01","EMULSÕES ASF. MOD. POR POLÍMEROS RR1C-E","Roraima","-"]
["2015-01-01","EMULSÕES ASF. MOD. POR POLÍMEROS RR1C-E","Paraíba","-"]
["2015-03-01","EMULSÕES ASF. MOD. POR POLÍMEROS RR1C-E","Rio Grande do Sul","-"]
["2015-06-01","EMULSÕES ASF. MOD. POR POLÍMEROS RR1C-E","Mato Grosso","-"]
["2015-07-01","EMULSÕES ASF. MOD. POR POLÍMEROS RR1C-E","Goiás","-"]
["2015-09-01","EMULSÕES ASF. MOD. POR POLÍMEROS RR1C-E","Minas Gerais","-"]
["2015-10-01","EMULSÕES ASF. MOD. POR POLÍMEROS RR1C-E","Santa Catarina","-"]
["2016-01-01","EMULSÕES ASF. MOD. POR POLÍMEROS RR1C-E","Rio Grande do Norte","-"]
["2016-02-01","EMULSÕES ASF. MOD. POR POLÍMEROS RR1C-E","Mato Grosso do Sul","-"]
["2016-05-01","EMULSÕES ASF. MOD. POR POLÍMEROS RR1C-E","Goiás","-"]
["2016-06-01","EMULSÕES ASF. MOD. POR POLÍMEROS RR1C-E","Piauí","-"]
["2016-08-01","EMULSÕES ASF. MOD. POR POLÍMEROS RR1C-E","Santa Catarina","-"]
["2016-10-01","EMULSÕES ASF. MOD. POR POLÍMEROS RR1C-E","São Paulo","-"]
["2016-12-01","EMULSÕES ASF. MOD. POR POLÍMEROS RR1C-E","Mato Grosso do Sul","-"]
["2017-01-01","EMULSÕES ASF. MOD. POR POLÍMEROS RR1C-E","Tocantins","-"]
["2017-04-01","EMULSÕES ASF. MOD. POR POLÍMEROS RR1C-E","Maranhão","-"]
["2017-05-01","EMULSÕES ASF. MOD. POR POLÍMEROS RR1C-E","Alagoas","-"]
["2017-07-01","EMULSÕES ASF. MOD. POR POLÍMEROS RR1C-E","São Paulo","-"]
["2017-08-01","EMULSÕES ASF. MOD. POR POLÍMEROS RR1C-E","Pernambuco","-"]
["2017-11-01","EMULSÕES ASF. MOD. POR POLÍMEROS RR1C-E","Bahia","-"]
["2017-12-01","EMULSÕES ASF. MOD. POR POLÍMEROS RR1C-E","Paraíba","-"]
["2018-02-01","EMULSÕES ASF. MOD. POR POLÍMEROS RR1C-E","Distrito Federal","-"]
["2018-04-01","EMULSÕES ASF. MOD. POR POLÍMEROS RR1C-E","Amapá","-"]
["2018-06-01","EMULSÕES ASF. MOD. POR POLÍMEROS RR1C-E","Pará","-"]
["2018-07-01","EMULSÕES ASF. MOD. POR POLÍMEROS RR1C-E","Piauí","-"]
["2018-09-01","EMULSÕES ASF. MOD. POR POLÍMEROS RR1C-E","Paraná","-"]
["2018-11-01","EMULSÕES ASF. MOD. POR POLÍMEROS RR1C-E","Ceará","-"]
["2018-12-01","EMULSÕES ASF. MOD. POR POLÍMEROS RR1C-E","Espírito Santo","-"]
["2019-03-01","EMULSÕES ASF. MOD. POR POLÍMEROS RR1C-E","Rio de Janeiro","-"]
["2019-03-01","EMULSÕES ASF. MOD. POR POLÍMEROS RR1C-E","Roraima","-"]
["2019-06-01","EMULSÕES ASF. MOD. POR POLÍMEROS RR1C-E","Rio Grande do Sul","-"]
["2019-07-01","EMULSÕES ASF. MOD. POR POLÍMEROS RR1C-E","Mato Grosso","-"]
["2019-09-01","EMULSÕES ASF. MOD. POR POLÍMEROS RR1C-E","Roraima","-"]
["2019-11-01","EMULSÕES ASF. MOD. POR POLÍMEROS RR1C-E","Goiás","-"]
["2019-12-01","EMULSÕES ASF. MOD. POR POLÍMEROS RR1C-E","São Paulo","-"]
["2020-02-01","EMULSÕES ASF. MOD. POR POLÍMEROS RR1C-E","Santa Catarina","-"]
["2020-05-01","EMULSÕES ASF. MOD. POR POLÍMEROS RR1C-E","Rio Grande do Sul","-"]
["2020-07-01","EMULSÕES ASF. MOD. POR POLÍMEROS RR1C-E","Acre","-"]
["2020-09-01","EMULSÕES ASF. MOD. POR POLÍMEROS RR1C-E","Goiás","-"]
["2020-10-01","EMULSÕES ASF. MOD. POR POLÍMEROS RR1C-E","Amapá","-"]
["2020-12-01","EMULSÕES ASF. MOD. POR POLÍMEROS RR1C-E","Santa Catarina","-"]
["2021-02-01","EMULSÕES ASF. MOD. POR POLÍMEROS RR1C-E","Maranhão","-"]
["2021-04-01","EMULSÕES ASF. MOD. POR POLÍMEROS RR1C-E","Mato Grosso do Sul","-"]
["2021-05-01","EMULSÕES ASF. MOD. POR POLÍMEROS RR1C-E","Mato Grosso do Sul","-"]
["2021-07-01","EMULSÕES ASF. MOD. POR POLÍMEROS RR1C-E","Tocantins","-"]
["2021-09-01","EMULSÕES ASF. MOD. POR POLÍMEROS RR1C-E","Alagoas","-"]
["2021-11-01","EMULSÕES ASF. MOD. POR POLÍMEROS RR1C-E","Paraíba","-"]
["2021-12-01","EMULSÕES ASF. MOD. POR POLÍMEROS RR1C-E","Pernambuco","-"]
["2022-02-01","EMULSÕES ASF. MOD. POR POLÍMEROS RR1C-E","Pernambuco","-"]
["2022-04-01","EMULSÕES ASF. MOD. POR POLÍMEROS RR1C-E","Paraíba","-"]
["2022-05-01","EMULSÕES ASF. MOD. POR POLÍMEROS RR1C-E","Rio de Janeiro","-"]
["2022-08-01","EMULSÕES ASF. MOD. POR POLÍMEROS RR1C-E","Amapá","-"]
["2022-10-01","EMULSÕES ASF. MOD. POR POLÍMEROS RR1C-E","Paraíba","-"]
["2022-11-01","EMULSÕES ASF. MOD. POR POLÍMEROS RR1C-E","Piauí","-"]
["2023-02-01","EMULSÕES ASF. MOD. POR POLÍMEROS RR1C-E","Paraíba","-"]
["2023-02-01","EMULSÕES ASF. MOD. POR POLÍMEROS RR1C-E","Santa Catarina","-"]
["2023-06-01","EMULSÕES ASF. MOD. POR POLÍMEROS RR1C-E","Amapá","-"]
["2023-07-01","EMULSÕES ASF. MOD. POR POLÍMEROS RR1C-E","Amazonas","-"]
["2023-09-01","EMULSÕES ASF. MOD. POR POLÍMEROS RR1C-E","Piauí","-"]
["2023-10-01","EMULSÕES ASF. MOD. POR POLÍMEROS RR1C-E","Ceará","-"]
["2024-01-01","EMULSÕES ASF. MOD. POR POLÍMEROS RR1C-E","Ceará","-"]
["2024-03-01","EMULSÕES ASF. MOD. POR POLÍMEROS RR1C-E","Alagoas","-"]
["2024-03-01","EMULSÕES ASF. MOD. POR POLÍMEROS RR1C-E","Goiás","-"]
["2024-05-01","EMULSÕES ASF. MOD. POR POLÍMEROS RR1C-E","Roraima","-"]
["2024-07-01","EMULSÕES ASF. MOD. POR POLÍMEROS RR1C-E","Mato Grosso","-"]
["2013-02-01","EMULSÕES ASF. MOD. POR POLÍMEROS RR2C-E","Mato Grosso","-"]
["2013-03-01","EMULSÕES ASF. MOD. POR POLÍMEROS RR2C-E","Minas Gerais","-"]
["2013-06-01","EMULSÕES ASF. MOD. POR POLÍMEROS RR2C-E","Goiás","-"]
["2013-08-01","EMULSÕES ASF. MOD. POR POLÍMEROS RR2C-E","Goiás","-"]
["2013-09-01","EMULSÕES ASF. MOD. POR POLÍMEROS RR2C-E","Santa Catarina","-"]
["2013-10-01","EMULSÕES ASF. MOD. POR POLÍMEROS RR2C-E","Rondônia","-"]
["2014-01-01","EMULSÕES ASF. MOD. POR POLÍMEROS RR2C-E","Mato Grosso do Sul","-"]
["2014-02-01","EMULSÕES ASF. MOD. POR POLÍMEROS RR2C-E","Pará","-"]
["2014-05-01","EMULSÕES ASF. MOD. POR POLÍMEROS RR2C-E","Pará","-"]
["2014-06-01","EMULSÕES ASF. MOD. POR POLÍMEROS RR2C-E","Alagoas","-"]
["2014-07-01","EMULSÕES ASF. MOD. POR POLÍMEROS RR2C-E","Tocantins","-"]
["2014-09-01","EMULSÕES ASF. MOD. POR POLÍMEROS RR2C-E","Pernambuco","-"]
["2014-12-01","EMULSÕES ASF. MOD. POR POLÍMEROS RR2C-E","Roraima","-"]
["2015-01-01","EMULSÕES ASF. MOD. POR POLÍMEROS RR2C-E","Paraíba","-"]
["2015-04-01","EMULSÕES ASF. MOD. POR POLÍMEROS RR2C-E","Alagoas","-"]
["2015-05-01","EMULSÕES ASF. MOD. POR POLÍMEROS RR2C-E","Bahia","-"]
["2015-07-01","EMULSÕES ASF. MOD. POR POLÍMEROS RR2C-E","Pernambuco","-"]
["2015-08-01","EMULSÕES ASF. MOD. POR POLÍMEROS RR2C-E","Distrito Federal","-"]
["2015-11-01","EMULSÕES ASF. MOD. POR POLÍMEROS RR2C-E","Paraíba","-"]
["2016-01-01","EMULSÕES ASF. MOD. POR POLÍMEROS RR2C-E","Amapá","-"]
["2016-03-01","EMULSÕES ASF. MOD. POR POLÍMEROS RR2C-E","Amapá","-"]
["2016-04-01","EMULSÕES ASF. MOD. POR POLÍMEROS RR2C-E","Bahia","-"]
["2016-06-01","EMULSÕES ASF. MOD. POR POLÍMEROS RR2C-E","Piauí","-"]
["2016-07-01","EMULSÕES ASF. MOD. POR POLÍMEROS RR2C-E","Rio Grande do Norte","-"]
["2016-10-01","EMULSÕES ASF. MOD. POR POLÍMEROS RR2C-E","Espírito Santo","-"]
["2016-11-01","EMULSÕES ASF. MOD. POR POLÍMEROS RR2C-E","Espírito Santo","-"]
["2016-12-01","EMULSÕES ASF. MOD. POR POLÍMEROS RR2C-E","Rio Grande do Sul","-"]
["2017-02-01","EMULSÕES ASF. MOD. POR POLÍMEROS RR2C-E","Roraima","-"]
["2017-05-01","EMULSÕES ASF. MOD. POR POLÍMEROS RR2C-E","Pernambuco","-"]
["2017-06-01","EMULSÕES ASF. MOD. POR POLÍMEROS RR2C-E","Mato Grosso","-"]
["2017-08-01","EMULSÕES ASF. MOD. POR POLÍMEROS RR2C-E","Rio de Janeiro","-"]
["2017-10-01","EMULSÕES ASF. MOD. POR POLÍMEROS RR2C-E","Goiás","-"]
["2017-12-01","EMULSÕES ASF. MOD. POR POLÍMEROS RR2C-E","Roraima","-"]
["2018-01-01","EMULSÕES ASF. MOD. POR POLÍMEROS RR2C-E","Acre","-"]
["2018-04-01","EMULSÕES ASF. MOD. POR POLÍMEROS RR2C-E","Mato Grosso","-"]
["2018-05-01","EMULSÕES ASF. MOD. POR POLÍMEROS RR2C-E","Santa Catarina","-"]
["2018-06-01","EMULSÕES ASF. MOD. POR POLÍMEROS RR2C-E","Pará","-"]
["2018-08-01","EMULSÕES ASF. MOD. POR POLÍMEROS RR2C-E","Sergipe","-"]
["2018-10-01","EMULSÕES ASF. MOD. POR POLÍMEROS RR2C-E","Alagoas","-"]
["2019-01-01","EMULSÕES ASF. MOD. POR POLÍMEROS RR2C-E","Ceará","-"]
["2019-01-01","EMULSÕES ASF. MOD. POR POLÍMEROS RR2C-E","Pernambuco","-"]
["2019-04-01","EMULSÕES ASF. MOD. POR POLÍMEROS RR2C-E","Pará","-"]
["2019-06-01","EMULSÕES ASF. MOD. POR POLÍMEROS RR2C-E","Amazonas","-"]
["2019-08-01","EMULSÕES ASF. MOD. POR POLÍMEROS RR2C-E","Alagoas","-"]
["2019-10-01","EMULSÕES ASF. MOD. POR POLÍMEROS RR2C-E","Mato Grosso",2.4815069936934058]
["2019-11-01","EMULSÕES ASF. MOD. POR POLÍMEROS RR2C-E","Pernambuco","-"]
["2020-01-01","EMULSÕES ASF. MOD. POR POLÍMEROS RR2C-E","Minas Gerais","-"]
["2020-03-01","EMULSÕES ASF. MOD. POR POLÍMEROS RR2C-E","Paraíba","-"]
["2020-04-01","EMULSÕES ASF. MOD. POR POLÍMEROS RR2C-E","Paraíba","-"]
["2020-07-01","EMULSÕES ASF. MOD. POR POLÍMEROS RR2C-E","Amapá","-"]
["2020-07-01","EMULSÕES ASF. MOD. POR POLÍMEROS RR2C-E","Rondônia","-"]
["2020-10-01","EMULSÕES ASF. MOD. POR POLÍMEROS RR2C-E","Piauí","-"]
["2020-11-01","EMULSÕES ASF. MOD. POR POLÍMEROS RR2C-E","Rio Grande do Norte","-"]
["2021-01-01","EMULSÕES ASF. MOD. POR POLÍMEROS RR2C-E","Rio Grande do Norte","-"]
["2021-03-01","EMULSÕES ASF. MOD. POR POLÍMEROS RR2C-E","Espírito Santo","-"]
["2021-04-01","EMULSÕES ASF. MOD. POR POLÍMEROS RR2C-E","Rondônia","-"]
["2021-06-01","EMULSÕES ASF. MOD. POR POLÍMEROS RR2C-E","Roraima","-"]
["2021-09-01","EMULSÕES ASF. MOD. POR POLÍMEROS RR2C-E","Alagoas","-"]
["2021-10-01","EMULSÕES ASF. MOD. POR POLÍMEROS RR2C-E","Mato Grosso",3.4516287536150205]
["2022-01-01","EMULSÕES ASF. MOD. POR POLÍMEROS RR2C-E","Espírito Santo","-"]
["2022-03-01","EMULSÕES ASF. MOD. POR POLÍMEROS RR2C-E","Bahia","-"]
["2022-04-01","EMULSÕES ASF. MOD. POR POLÍMEROS RR2C-E","Roraima","-"]
["2022-06-01","EMULSÕES ASF. MOD. POR POLÍMEROS RR2C-E","Distrito Federal","-"]
["2022-08-01","EMULSÕES ASF. MOD. POR POLÍMEROS RR2C-E","Mato Grosso","-"]
["2022-09-01","EMULSÕES ASF. MOD. POR POLÍMEROS RR2C-E","Goiás","-"]
["2022-10-01","EMULSÕES ASF. MOD. POR POLÍMEROS RR2C-E","Pará","-"]
["2022-12-01","EMULSÕES ASF. MOD. POR POLÍMEROS RR2C-E","Mato Grosso","-"]
["2023-02-01","EMULSÕES ASF. MOD. POR POLÍMEROS RR2C-E","Alagoas","-"]
["2023-04-01","EMULSÕES ASF. MOD. POR POLÍMEROS RR2C-E","Sergipe","-"]
["2023-06-01","EMULSÕES ASF. MOD. POR POLÍMEROS RR2C-E","Pará","-"]
["2023-08-01","EMULSÕES ASF. MOD. POR POLÍMEROS RR2C-E","Pará","-"]
["2023-09-01","EMULSÕES ASF. MOD. POR POLÍMEROS RR2C-E","Paraná","-"]
["2023-12-01","EMULSÕES ASF. MOD. POR POLÍMEROS RR2C-E","Alagoas","-"]
["2024-01-01","EMULSÕES ASF. MOD. POR POLÍMEROS RR2C-E","Roraima","-"]
["2024-03-01","EMULSÕES ASF. MOD. POR POLÍMEROS RR2C-E","Pernambuco","-"]
["2024-04-01","EMULSÕES ASF. MOD. POR POLÍMEROS RR2C-E","São Paulo","-"]
["2024-07-01","EMULSÕES ASF. MOD. POR POLÍMEROS RR2C-E","Bahia","-"]
["2013-01-01","EMULSÕES ASFÁLTICAS LA-E","Distrito Federal","-"]
["2013-04-01","EMULSÕES ASFÁLTICAS LA-E","Acre","-"]
["2013-04-01","EMULSÕES ASFÁLTICAS LA-E","Rondônia","-"]
["2013-07-01","EMULSÕES ASFÁLTICAS LA-E","Amapá","-"]
["2013-08-01","EMULSÕES ASFÁLTICAS LA-E","Rio Grande do Norte","-"]
["2013-10-01","EMULSÕES ASFÁLTICAS LA-E","Bahia","-"]
["2013-12-01","EMULSÕES ASFÁLTICAS LA-E","Espírito Santo","-"]
["2014-03-01","EMULSÕES ASFÁLTICAS LA-E","Acre","-"]
["2014-03-01","EMULSÕES ASFÁLTICAS LA-E","Roraima","-"]
["2014-06-01","EMULSÕES ASFÁLTICAS LA-E","Rio Grande do Norte","-"]
["2014-07-01","EMULSÕES ASFÁLTICAS LA-E","Maranhão","-"]
["2014-10-01","EMULSÕES ASFÁLTICAS LA-E","Espírito Santo","-"]
["2014-12-01","EMULSÕES ASFÁLTICAS LA-E","Ceará","-"]
["2015-01-01","EMULSÕES ASFÁLTICAS LA-E","Roraima","-"]
["2015-02-01","EMULSÕES ASFÁLTICAS LA-E","Rio de Janeiro","-"]
["2015-05-01","EMULSÕES ASFÁLTICAS LA-E","Mato Grosso","-"]
["2015-06-01","EMULSÕES ASFÁLTICAS LA-E","Minas Gerais","-"]
["2015-08-01","EMULSÕES ASFÁLTICAS LA-E","Rondônia","-"]
["2013-02-01","EMULSÕES ASFÁLTICAS RL-1C","Acre","-"]
["2013-03-01","EMULSÕES ASFÁLTICAS RL-1C","Santa Catarina","-"]
["2013-05-01","EMULSÕES ASFÁLTICAS RL-1C","Paraná",0.82919201005571375]
["2013-06-01","EMULSÕES ASFÁLTICAS RL-1C","Sergipe","-"]
["2013-09-01","EMULSÕES ASFÁLTICAS RL-1C","Pará","-"]
["2013-11-01","EMULSÕES ASFÁLTICAS RL-1C","Rondônia","-"]
["2014-01-01","EMULSÕES ASFÁLTICAS RL-1C","Alagoas","-"]
["2014-02-01","EMULSÕES ASFÁLTICAS RL-1C","Amazonas","-"]
["2014-04-01","EMULSÕES ASFÁLTICAS RL-1C","Amazonas","-"]
["2014-05-01","EMULSÕES ASFÁLTICAS RL-1C","Rio de Janeiro","-"]
["2014-08-01","EMULSÕES ASFÁLTICAS RL-1C","Tocantins","-"]
["2014-09-01","EMULSÕES ASFÁLTICAS RL-1C","Distrito Federal","-"]
["2014-11-01","EMULSÕES ASFÁLTICAS RL-1C","Minas Gerais",0.90817259094869818]
["2014-12-01","EMULSÕES ASFÁLTICAS RL-1C","Rondônia","-"]
["2015-04-01","EMULSÕES ASFÁLTICAS RL-1C","Goiás",1.2833727016623195]
["2015-04-01","EMULSÕES ASFÁLTICAS RL-1C","Maranhão","-"]
["2015-07-01","EMULSÕES ASFÁLTICAS RL-1C","Distrito Federal","-"]
["2015-08-01","EMULSÕES ASFÁLTICAS RL-1C","Piauí","-"]
["2015-10-01","EMULSÕES ASFÁLTICAS RL-1C","Rondônia","-"]
["2015-11-01","EMULSÕES ASFÁLTICAS RL-1C","Rio Grande do Norte","-"]
["2016-02-01","EMULSÕES ASFÁLTICAS RL-1C","Rio Grande do Norte","-"]
["2016-04-01","EMULSÕES ASFÁLTICAS RL-1C","Paraná",1.520769374893121]
["2016-06-01","EMULSÕES ASFÁLTICAS RL-1C","Espírito Santo","-"]
["2016-07-01","EMULSÕES ASFÁLTICAS RL-1C","Piauí","-"]
["2016-09-01","EMULSÕES ASFÁLTICAS RL-1C","Roraima","-"]
["2016-10-01","EMULSÕES ASFÁLTICAS RL-1C","São Paulo",1.3158284034370304]
["2017-01-01","EMULSÕES ASFÁLTICAS RL-1C","Rio Grande do Sul","-"]
["2017-02-01","EMULSÕES ASFÁLTICAS RL-1C","Minas Gerais",1.2578712106210161]
["2017-04-01","EMULSÕES ASFÁLTICAS RL-1C","Roraima","-"]
["2017-06-01","EMULSÕES ASFÁLTICAS RL-1C","Acre","-"]
["2017-09-01","EMULSÕES ASFÁLTICAS RL-1C","Amapá","-"]
["2017-09-01","EMULSÕES ASFÁLTICAS RL-1C","Paraná",1.2122275584505402]
["2017-12-01","EMULSÕES ASFÁLTICAS RL-1C","Bahia","-"]
["2018-01-01","EMULSÕES ASFÁLTICAS RL-1C","Pará","-"]
["2018-04-01","EMULSÕES ASFÁLTICAS RL-1C","Acre","-"]
["2018-04-01","EMULSÕES ASFÁLTICAS RL-1C","Pará","-"]
["2018-07-01","EMULSÕES ASFÁLTICAS RL-1C","Paraná",1.4643765638718145]
["2018-09-01","EMULSÕES ASFÁLTICAS RL-1C","Maranhão","-"]
["2018-11-01","EMULSÕES ASFÁLTICAS RL-1C","Pará","-"]
["2018-12-01","EMULSÕES ASFÁLTICAS RL-1C","Mato Grosso do Sul","-"]
["2019-03-01","EMULSÕES ASFÁLTICAS RL-1C","Alagoas","-"]
["2019-04-01","EMULSÕES ASFÁLTICAS RL-1C","Rio de Janeiro","-"]
["2019-06-01","EMULSÕES ASFÁLTICAS RL-1C","Pernambuco","-"]
["2019-07-01","EMULSÕES ASFÁLTICAS RL-1C","Rio de Janeiro","-"]
["2019-09-01","EMULSÕES ASFÁLTICAS RL-1C","Pernambuco","-"]
["2019-11-01","EMULSÕES ASFÁLTICAS RL-1C","Distrito Federal","-"]
["2020-01-01","EMULSÕES ASFÁLTICAS RL-1C","Santa Catarina","-"]
["2020-02-01","EMULSÕES ASFÁLTICAS RL-1C","Rondônia","-"]
["2020-04-01","EMULSÕES ASFÁLTICAS RL-1C","Sergipe","-"]
["2020-06-01","EMULSÕES ASFÁLTICAS RL-1C","Maranhão","-"]
["2020-08-01","EMULSÕES ASFÁLTICAS RL-1C","Acre","-"]
["2020-10-01","EMULSÕES ASFÁLTICAS RL-1C","Espírito Santo","-"]
["2020-10-01","EMULSÕES ASFÁLTICAS RL-1C","Tocantins","-"]
["2021-02-01","EMULSÕES ASFÁLTICAS RL-1C","Amazonas","-"]
["2021-02-01","EMULSÕES ASFÁLTICAS RL-1C","São Paulo",2.1215440710248625]
["2021-05-01","EMULSÕES ASFÁLTICAS RL-1C","Ceará","-"]
["2021-06-01","EMULSÕES ASFÁLTICAS RL-1C","Minas Gerais",2.3664060240015008]
["2021-08-01","EMULSÕES ASFÁLTICAS RL-1C","Espírito Santo","-"]
["2021-10-01","EMULSÕES ASFÁLTICAS RL-1C","Acre","-"]
["2021-12-01","EMULSÕES ASFÁLTICAS RL-1C","Paraíba","-"]
["2022-01-01","EMULSÕES ASFÁLTICAS RL-1C","Paraná",2.8284400548413622]
["2022-04-01","EMULSÕES ASFÁLTICAS RL-1C","Minas Gerais",3.1604588926843564]
["2022-06-01","EMULSÕES ASFÁLTICAS RL-1C","Piauí","-"]
["2022-08-01","EMULSÕES ASFÁLTICAS RL-1C","Acre","-"]
["2022-09-01","EMULSÕES ASFÁLTICAS RL-1C","Rio Grande do Norte","-"]
["2022-11-01","EMULSÕES ASFÁLTICAS RL-1C","Paraná",2.974600657869638]
["2022-12-01","EMULSÕES ASFÁLTICAS RL-1C","Rondônia","-"]
["2023-03-01","EMULSÕES ASFÁLTICAS RL-1C","Pará","-"]
["2023-04-01","EMULSÕES ASFÁLTICAS RL-1C","Ceará","-"]
["2023-06-01","EMULSÕES ASFÁLTICAS RL-1C","São Paulo",2.4284439825106006]
["2023-07-01","EMULSÕES ASFÁLTICAS RL-1C","Rio Grande do Sul","-"]
["2023-09-01","EMULSÕES ASFÁLTICAS RL-1C","Tocantins","-"]
["2023-11-01","EMULSÕES ASFÁLTICAS RL-1C","Rio de Janeiro","-"]
["2024-01-01","EMULSÕES ASFÁLTICAS RL-1C","Alagoas","-"]
["2024-03-01","EMULSÕES ASFÁLTICAS RL-1C","Distrito Federal","-"]
["2024-05-01","EMULSÕES ASFÁLTICAS RL-1C","Goiás",2.6911815678628037]
["2024-06-01","EMULSÕES ASFÁLTICAS RL-1C","Rondônia","-"]
["2024-07-01","EMULSÕES ASFÁLTICAS RL-1C","Santa Catarina","-"]
["2013-03-01","EMULSÕES ASFÁLTICAS RM-1C","Distrito Federal","-"]
["2013-06-01","EMULSÕES ASFÁLTICAS RM-1C","Distrito Federal","-"]
["2013-07-01","EMULSÕES ASFÁLTICAS RM-1C","Pará","-"]
["2013-09-01","EMULSÕES ASFÁLTICAS RM-1C","Rondônia","-"]
["2013-10-01","EMULSÕES ASFÁLTICAS RM-1C","Paraná",0.88781523634519122]
["2014-01-01","EMULSÕES ASFÁLTICAS RM-1C","Maranhão","-"]
["2014-01-01","EMULSÕES ASFÁLTICAS RM-1C","Piauí","-"]
["2014-03-01","EMULSÕES ASFÁLTICAS RM-1C","Minas Gerais",0.86677595722781331]
["2014-05-01","EMULSÕES ASFÁLTICAS RM-1C","Tocantins","-"]
["2014-07-01","EMULSÕES ASFÁLTICAS RM-1C","Rio Grande do Sul",0.92673870713197004]
["2014-09-01","EMULSÕES ASFÁLTICAS RM-1C","São Paulo",1.0001261281057976]
["2014-10-01","EMULSÕES ASFÁLTICAS RM-1C","Roraima","-"]
["2015-01-01","EMULSÕES ASFÁLTICAS RM-1C","Minas Gerais","-"]
["2015-03-01","EMULSÕES ASFÁLTICAS RM-1C","Rio de Janeiro","-"]
["2015-05-01","EMULSÕES ASFÁLTICAS RM-1C","Acre","-"]
["2015-06-01","EMULSÕES ASFÁLTICAS RM-1C","Bahia","-"]
["2015-08-01","EMULSÕES ASFÁLTICAS RM-1C","Paraná",1.2713057884743604]
["2015-09-01","EMULSÕES ASFÁLTICAS RM-1C","Piauí","-"]
["2015-12-01","EMULSÕES ASFÁLTICAS RM-1C","Espírito Santo","-"]
["2016-01-01","EMULSÕES ASFÁLTICAS RM-1C","Ceará",1.4987221121298884]
["2016-03-01","EMULSÕES ASFÁLTICAS RM-1C","Maranhão","-"]
["2016-04-01","EMULSÕES ASFÁLTICAS RM-1C","Rio Grande do Sul",1.3244731058427441]
["2016-06-01","EMULSÕES ASFÁLTICAS RM-1C","Mato Grosso do Sul","-"]
["2016-08-01","EMULSÕES ASFÁLTICAS RM-1C","Rio de Janeiro",1.5812134695671283]
["2016-11-01","EMULSÕES ASFÁLTICAS RM-1C","Espírito Santo","-"]
["2016-12-01","EMULSÕES ASFÁLTICAS RM-1C","Distrito Federal","-"]
["2017-02-01","EMULSÕES ASFÁLTICAS RM-1C","Rio Grande do Sul","-"]
["2017-03-01","EMULSÕES ASFÁLTICAS RM-1C","Pernambuco","-"]
["2017-06-01","EMULSÕES ASFÁLTICAS RM-1C","Rio de Janeiro","-"]
["2017-08-01","EMULSÕES ASFÁLTICAS RM-1C","Minas Gerais",1.8363878361880466]
["2017-10-01","EMULSÕES ASFÁLTICAS RM-1C","Distrito Federal","-"]
["2017-10-01","EMULSÕES ASFÁLTICAS RM-1C","Sergipe","-"]
["2018-01-01","EMULSÕES ASFÁLTICAS RM-1C","Rondônia","-"]
["2018-02-01","EMULSÕES ASFÁLTICAS RM-1C","Acre","-"]
["2018-05-01","EMULSÕES ASFÁLTICAS RM-1C","Maranhão","-"]
["2018-06-01","EMULSÕES ASFÁLTICAS RM-1C","Mato Grosso do Sul","-"]
["2018-08-01","EMULSÕES ASFÁLTICAS RM-1C","Amazonas","-"]
["2018-09-01","EMULSÕES ASFÁLTICAS RM-1C","Tocantins","-"]
["2018-11-01","EMULSÕES ASFÁLTICAS RM-1C","Ceará",1.9736566205147541]
["2019-01-01","EMULSÕES ASFÁLTICAS RM-1C","Paraíba","-"]
["2019-04-01","EMULSÕES ASFÁLTICAS RM-1C","Alagoas","-"]
["2019-05-01","EMULSÕES ASFÁLTICAS RM-1C","Minas Gerais","-"]
["2019-07-01","EMULSÕES ASFÁLTICAS RM-1C","Amazonas","-"]
["2019-09-01","EMULSÕES ASFÁLTICAS RM-1C","Acre","-"]
["2019-10-01","EMULSÕES ASFÁLTICAS RM-1C","Amapá","-"]
["2020-01-01","EMULSÕES ASFÁLTICAS RM-1C","Distrito Federal","-"]
["2020-01-01","EMULSÕES ASFÁLTICAS RM-1C","Piauí","-"]
["2020-04-01","EMULSÕES ASFÁLTICAS RM-1C","Goiás","-"]
["2020-05-01","EMULSÕES ASFÁLTICAS RM-1C","Ceará",1.7222756754826409]
["2020-06-01","EMULSÕES ASFÁLTICAS RM-1C","Rondônia","-"]
["2020-08-01","EMULSÕES ASFÁLTICAS RM-1C","Rio Grande do Sul","-"]
["2020-11-01","EMULSÕES ASFÁLTICAS RM-1C","Piauí","-"]
["2020-12-01","EMULSÕES ASFÁLTICAS RM-1C","Rio de Janeiro","-"]
["2021-03-01","EMULSÕES ASFÁLTICAS RM-1C","Ceará",2.0584348406073172]
["2021-03-01","EMULSÕES ASFÁLTICAS RM-1C","Tocantins","-"]
["2021-06-01","EMULSÕES ASFÁLTICAS RM-1C","Rio Grande do Sul","-"]
["2021-08-01","EMULSÕES ASFÁLTICAS RM-1C","Roraima","-"]
["2021-10-01","EMULSÕES ASFÁLTICAS RM-1C","Rio de Janeiro","-"]
["2021-11-01","EMULSÕES ASFÁLTICAS RM-1C","São Paulo","-"]
["2022-02-01","EMULSÕES ASFÁLTICAS RM-1C","Distrito Federal","-"]
["2022-02-01","EMULSÕES ASFÁLTICAS RM-1C","Tocantins","-"]
["2022-05-01","EMULSÕES ASFÁLTICAS RM-1C","Rondônia","-"]
["2022-06-01","EMULSÕES ASFÁLTICAS RM-1C","Santa Catarina","-"]
["2022-09-01","EMULSÕES ASFÁLTICAS RM-1C","Amapá","-"]
["2022-10-01","EMULSÕES ASFÁLTICAS RM-1C","Mato Grosso do Sul","-"]
["2022-11-01","EMULSÕES ASFÁLTICAS RM-1C","Paraná",2.7933109781714149]
["2023-01-01","EMULSÕES ASFÁLTICAS RM-1C","Tocantins","-"]
["2023-04-01","EMULSÕES ASFÁLTICAS RM-1C","Mato Grosso do Sul","-"]
["2023-05-01","EMULSÕES ASFÁLTICAS RM-1C","Paraíba","-"]
["2023-08-01","EMULSÕES ASFÁLTICAS RM-1C","Mato Grosso do Sul","-"]
["2023-08-01","EMULSÕES ASFÁLTICAS RM-1C","Rio Grande do Sul","-"]
["2023-11-01","EMULSÕES ASFÁLTICAS RM-1C","Tocantins","-"]
["2024-01-01","EMULSÕES ASFÁLTICAS RM-1C","Pernambuco","-"]
["2024-02-01","EMULSÕES ASFÁLTICAS RM-1C","Amapá","-"]
["2024-04-01","EMULSÕES ASFÁLTICAS RM-1C","Rio de Janeiro","-"]
["2024-05-01","EMULSÕES ASFÁLTICAS RM-1C","Piauí","-"]
["2024-07-01","EMULSÕES ASFÁLTICAS RM-1C","Rio Grande do Sul",2.885315160836027]
["2013-02-01","EMULSÕES ASFÁLTICAS RM-2C","Ceará","-"]
["2013-05-01","EMULSÕES ASFÁLTICAS RM-2C","Amapá","-"]
["2013-06-01","EMULSÕES ASFÁLTICAS RM-2C","Santa Catarina","-"]
["2013-08-01","EMULSÕES ASFÁLTICAS RM-2C","Piauí","-"]
["2013-09-01","EMULSÕES ASFÁLTICAS RM-2C","Sergipe","-"]
["2013-12-01","EMULSÕES ASFÁLTICAS RM-2C","Ceará","-"]
["2014-02-01","EMULSÕES ASFÁLTICAS RM-2C","Ceará","-"]
["2014-03-01","EMULSÕES ASFÁLTICAS RM-2C","Rio Grande do Sul","-"]
["2014-05-01","EMULSÕES ASFÁLTICAS RM-2C","Espírito Santo","-"]
["2014-07-01","EMULSÕES ASFÁLTICAS RM-2C","Rio de Janeiro","-"]
["2014-08-01","EMULSÕES ASFÁLTICAS RM-2C","Mato Grosso","-"]
["2014-11-01","EMULSÕES ASFÁLTICAS RM-2C","Mato Grosso","-"]
["2014-11-01","EMULSÕES ASFÁLTICAS RM-2C","Sergipe","-"]
["2015-02-01","EMULSÕES ASFÁLTICAS RM-2C","Minas Gerais","-"]
["2015-03-01","EMULSÕES ASFÁLTICAS RM-2C","Santa Catarina","-"]
["2015-05-01","EMULSÕES ASFÁLTICAS RM-2C","Paraíba","-"]
["2015-07-01","EMULSÕES ASFÁLTICAS RM-2C","Mato Grosso do Sul","-"]
["2015-10-01","EMULSÕES ASFÁLTICAS RM-2C","Mato Grosso","-"]
["2015-10-01","EMULSÕES ASFÁLTICAS RM-2C","Tocantins","-"]
["2016-01-01","EMULSÕES ASFÁLTICAS RM-2C","Santa Catarina","-"]
["2016-02-01","EMULSÕES ASFÁLTICAS RM-2C","Rio Grande do Norte","-"]
["2016-05-01","EMULSÕES ASFÁLTICAS RM-2C","Mato Grosso do Sul","-"]
["2016-06-01","EMULSÕES ASFÁLTICAS RM-2C","Tocantins","-"]
["2016-08-01","EMULSÕES ASFÁLTICAS RM-2C","Tocantins","-"]
["2016-10-01","EMULSÕES ASFÁLTICAS RM-2C","Alagoas","-"]
["2016-12-01","EMULSÕES ASFÁLTICAS RM-2C","Paraíba","-"]
["2017-01-01","EMULSÕES ASFÁLTICAS RM-2C","Amazonas","-"]
["2017-04-01","EMULSÕES ASFÁLTICAS RM-2C","Minas Gerais","-"]
["2017-05-01","EMULSÕES ASFÁLTICAS RM-2C","Bahia","-"]
["2017-07-01","EMULSÕES ASFÁLTICAS RM-2C","Distrito Federal","-"]
["2017-09-01","EMULSÕES ASFÁLTICAS RM-2C","Amapá","-"]
["2017-10-01","EMULSÕES ASFÁLTICAS RM-2C","Goiás","-"]
["2017-12-01","EMULSÕES ASFÁLTICAS RM-2C","Piauí","-"]
["2018-03-01","EMULSÕES ASFÁLTICAS RM-2C","Bahia","-"]
["2018-04-01","EMULSÕES ASFÁLTICAS RM-2C","Ceará","-"]
["2018-05-01","EMULSÕES ASFÁLTICAS RM-2C","Piauí","-"]
["2018-07-01","EMULSÕES ASFÁLTICAS RM-2C","Rio Grande do Sul","-"]
["2018-08-01","EMULSÕES ASFÁLTICAS RM-2C","Roraima","-"]
["2018-10-01","EMULSÕES ASFÁLTICAS RM-2C","Paraná","-"]
["2018-12-01","EMULSÕES ASFÁLTICAS RM-2C","Mato Grosso","-"]
["2019-02-01","EMULSÕES ASFÁLTICAS RM-2C","Roraima","-"]
["2019-03-01","EMULSÕES ASFÁLTICAS RM-2C","Sergipe","-"]
["2019-05-01","EMULSÕES ASFÁLTICAS RM-2C","São Paulo","-"]
["2019-07-01","EMULSÕES ASFÁLTICAS RM-2C","Santa Catarina","-"]
["2019-10-01","EMULSÕES ASFÁLTICAS RM-2C","Rio Grande do Sul","-"]
["2019-11-01","EMULSÕES ASFÁLTICAS RM-2C","Mato Grosso do Sul","-"]
["2020-01-01","EMULSÕES ASFÁLTICAS RM-2C","Sergipe","-"]
["2020-03-01","EMULSÕES ASFÁLTICAS RM-2C","Amapá","-"]
["2020-05-01","EMULSÕES ASFÁLTICAS RM-2C","Santa Catarina","-"]
["2020-07-01","EMULSÕES ASFÁLTICAS RM-2C","Sergipe","-"]
["2020-09-01","EMULSÕES ASFÁLTICAS RM-2C","Mato Grosso do Sul","-"]
["2020-10-01","EMULSÕES ASFÁLTICAS RM-2C","Mato Grosso do Sul","-"]
["2020-12-01","EMULSÕES ASFÁLTICAS RM-2C","Tocantins","-"]
["2021-01-01","EMULSÕES ASFÁLTICAS RM-2C","Pará","-"]
["2021-04-01","EMULSÕES ASFÁLTICAS RM-2C","Paraíba","-"]
["2021-05-01","EMULSÕES ASFÁLTICAS RM-2C","Pernambuco","-"]
["2021-07-01","EMULSÕES ASFÁLTICAS RM-2C","Pernambuco","-"]
["2021-09-01","EMULSÕES ASFÁLTICAS RM-2C","Bahia","-"]
["2021-10-01","EMULSÕES ASFÁLTICAS RM-2C","Rio de Janeiro","-"]
["2021-12-01","EMULSÕES ASFÁLTICAS RM-2C","Rio Grande do Norte","-"]
["2022-03-01","EMULSÕES ASFÁLTICAS RM-2C","Paraíba","-"]
["2022-04-01","EMULSÕES ASFÁLTICAS RM-2C","Piauí","-"]
["2022-06-01","EMULSÕES ASFÁLTICAS RM-2C","Pernambuco","-"]
["2022-08-01","EMULSÕES ASFÁLTICAS RM-2C","Ceará","-"]
["2022-09-01","EMULSÕES ASFÁLTICAS RM-2C","Espírito Santo","-"]
["2022-12-01","EMULSÕES ASFÁLTICAS RM-2C","Rio Grande do Norte","-"]
["2022-12-01","EMULSÕES ASFÁLTICAS RM-2C","Roraima","-"]
["2023-03-01","EMULSÕES ASFÁLTICAS RM-2C","Rondônia","-"]
["2023-06-01","EMULSÕES ASFÁLTICAS RM-2C","Ceará","-"]
["2023-06-01","EMULSÕES ASFÁLTICAS RM-2C","Espírito Santo","-"]
["2023-09-01","EMULSÕES ASFÁLTICAS RM-2C","Rio Grande do Sul","-"]
["2023-10-01","EMULSÕES ASFÁLTICAS RM-2C","Roraima","-"]
["2023-12-01","EMULSÕES ASFÁLTICAS RM-2C","Tocantins","-"]
["2024-02-01","EMULSÕES ASFÁLTICAS RM-2C","Mato Grosso","-"]
["2024-03-01","EMULSÕES ASFÁLTICAS RM-2C","Minas Gerais","-"]
["2024-05-01","EMULSÕES ASFÁLTICAS RM-2C","Sergipe","-"]
["2013-01-01","EMULSÕES ASFÁLTICAS RR-1C","Goiás","-"]
["2013-02-01","EMULSÕES ASFÁLTICAS RR-1C","Santa Catarina","-"]
["2013-04-01","EMULSÕES ASFÁLTICAS RR-1C","Mato Grosso","-"]
["2013-06-01","EMULSÕES ASFÁLTICAS RR-1C","Mato Grosso do Sul","-"]
["2013-07-01","EMULSÕES ASFÁLTICAS RR-1C","Amazonas","-"]
["2013-10-01","EMULSÕES ASFÁLTICAS RR-1C","Pará","-"]
["2013-11-01","EMULSÕES ASFÁLTICAS RR-1C","Alagoas","-"]
["2014-01-01","EMULSÕES ASFÁLTICAS RR-1C","Paraná",0.77751115159720885]
["2014-02-01","EMULSÕES ASFÁLTICAS RR-1C","Pernambuco","-"]
["2014-04-01","EMULSÕES ASFÁLTICAS RR-1C","Alagoas","-"]
["2014-06-01","EMULSÕES ASFÁLTICAS RR-1C","Bahia","-"]
["2014-08-01","EMULSÕES ASFÁLTICAS RR-1C","São Paulo",0.77414596575847383]
["2014-09-01","EMULSÕES ASFÁLTICAS RR-1C","Rio Grande do Norte","-"]
["2014-12-01","EMULSÕES ASFÁLTICAS RR-1C","Pernambuco","-"]
["2015-01-01","EMULSÕES ASFÁLTICAS RR-1C","Distrito Federal","-"]
["2015-04-01","EMULSÕES ASFÁLTICAS RR-1C","Bahia","-"]
["2015-06-01","EMULSÕES ASFÁLTICAS RR-1C","Amapá","-"]
["2015-07-01","EMULSÕES ASFÁLTICAS RR-1C","Rio Grande do Norte","-"]
["2015-09-01","EMULSÕES ASFÁLTICAS RR-1C","Bahia","-"]
["2015-11-01","EMULSÕES ASFÁLTICAS RR-1C","Piauí","-"]
["2015-12-01","EMULSÕES ASFÁLTICAS RR-1C","Distrito Federal","-"]
["2016-03-01","EMULSÕES ASFÁLTICAS RR-1C","Ceará",1.2931030628187365]
["2016-04-01","EMULSÕES ASFÁLTICAS RR-1C","Espírito Santo","-"]
["2016-06-01","EMULSÕES ASFÁLTICAS RR-1C","Maranhão","-"]
["2016-07-01","EMULSÕES ASFÁLTICAS RR-1C","Roraima","-"]
["2016-09-01","EMULSÕES ASFÁLTICAS RR-1C","Mato Grosso do Sul","-"]
["2016-11-01","EMULSÕES ASFÁLTICAS RR-1C","Mato Grosso",1.4151698501967755]
["2017-01-01","EMULSÕES ASFÁLTICAS RR-1C","Rio de Janeiro","-"]
["2017-02-01","EMULSÕES ASFÁLTICAS RR-1C","Sergipe","-"]
["2017-04-01","EMULSÕES ASFÁLTICAS RR-1C","Rio Grande do Sul",1.0279887784948623]
["2017-06-01","EMULSÕES ASFÁLTICAS RR-1C","Pará","-"]
["2017-07-01","EMULSÕES ASFÁLTICAS RR-1C","Paraná",1.1208239264310922]
["2017-10-01","EMULSÕES ASFÁLTICAS RR-1C","Santa Catarina","-"]
["2017-12-01","EMULSÕES ASFÁLTICAS RR-1C","Sergipe","-"]
["2018-01-01","EMULSÕES ASFÁLTICAS RR-1C","Sergipe","-"]
["2018-03-01","EMULSÕES ASFÁLTICAS RR-1C","Alagoas","-"]
["2018-05-01","EMULSÕES ASFÁLTICAS RR-1C","Acre","-"]
["2018-06-01","EMULSÕES ASFÁLTICAS RR-1C","Pernambuco","-"]
["2018-09-01","EMULSÕES ASFÁLTICAS RR-1C","Santa Catarina","-"]
["2018-10-01","EMULSÕES ASFÁLTICAS RR-1C","Bahia",1.7044107342328205]
["2019-01-01","EMULSÕES ASFÁLTICAS RR-1C","Alagoas","-"]
["2019-02-01","EMULSÕES ASFÁLTICAS RR-1C","Ceará","-"]
["2019-04-01","EMULSÕES ASFÁLTICAS RR-1C","Pernambuco","-"]
["2019-06-01","EMULSÕES ASFÁLTICAS RR-1C","Minas Gerais",1.8465779975842662]
["2019-08-01","EMULSÕES ASFÁLTICAS RR-1C","Bahia","-"]
["2019-09-01","EMULSÕES ASFÁLTICAS RR-1C","Paraíba","-"]
["2019-11-01","EMULSÕES ASFÁLTICAS RR-1C","Rio Grande do Norte","-"]
["2019-12-01","EMULSÕES ASFÁLTICAS RR-1C","Pernambuco","-"]
["2020-03-01","EMULSÕES ASFÁLTICAS RR-1C","Piauí","-"]
["2020-04-01","EMULSÕES ASFÁLTICAS RR-1C","Maranhão","-"]
["2020-06-01","EMULSÕES ASFÁLTICAS RR-1C","Rio Grande do Norte","-"]
["2020-07-01","EMULSÕES ASFÁLTICAS RR-1C","São Paulo",1.7234251905471443]
["2020-09-01","EMULSÕES ASFÁLTICAS RR-1C","Rondônia","-"]
["2020-11-01","EMULSÕES ASFÁLTICAS RR-1C","Roraima","-"]
["2021-02-01","EMULSÕES ASFÁLTICAS RR-1C","Piauí","-"]
["2021-03-01","EMULSÕES ASFÁLTICAS RR-1C","Mato Grosso","-"]
["2021-05-01","EMULSÕES ASFÁLTICAS RR-1C","Amazonas","-"]
["2021-06-01","EMULSÕES ASFÁLTICAS RR-1C","Sergipe","-"]
["2021-09-01","EMULSÕES ASFÁLTICAS RR-1C","Roraima","-"]
["2021-10-01","EMULSÕES ASFÁLTICAS RR-1C","Alagoas","-"]
["2022-01-01","EMULSÕES ASFÁLTICAS RR-1C","Mato Grosso","-"]
["2022-02-01","EMULSÕES ASFÁLTICAS RR-1C","Goiás","-"]
["2022-04-01","EMULSÕES ASFÁLTICAS RR-1C","Sergipe","-"]
["2022-05-01","EMULSÕES ASFÁLTICAS RR-1C","Mato Grosso",3.476029418878785]
["2022-07-01","EMULSÕES ASFÁLTICAS RR-1C","Alagoas","-"]
["2022-10-01","EMULSÕES ASFÁLTICAS RR-1C","Distrito Federal","-"]
["2022-10-01","EMULSÕES ASFÁLTICAS RR-1C","Pernambuco","-"]
["2023-01-01","EMULSÕES ASFÁLTICAS RR-1C","Amazonas","-"]
["2023-02-01","EMULSÕES ASFÁLTICAS RR-1C","Paraná",2.2746693690997271]
["2023-05-01","EMULSÕES ASFÁLTICAS RR-1C","Alagoas","-"]
["2023-07-01","EMULSÕES ASFÁLTICAS RR-1C","Mato Grosso do Sul",2.548969233850777]
["2023-08-01","EMULSÕES ASFÁLTICAS RR-1C","Pernambuco","-"]
["2023-10-01","EMULSÕES ASFÁLTICAS RR-1C","Pará","-"]
["2023-12-01","EMULSÕES ASFÁLTICAS RR-1C","Bahia","-"]
["2024-01-01","EMULSÕES ASFÁLTICAS RR-1C","Distrito Federal","-"]
["2024-02-01","EMULSÕES ASFÁLTICAS RR-1C","Roraima","-"]
["2024-04-01","EMULSÕES ASFÁLTICAS RR-1C","Rondônia","-"]
["2024-07-01","EMULSÕES ASFÁLTICAS RR-1C","Amapá","-"]
["2013-01-01","EMULSÕES ASFÁLTICAS RR-2C","Maranhão","-"]
["2013-03-01","EMULSÕES ASFÁLTICAS RR-2C","Bahia","-"]
["2013-04-01","EMULSÕES ASFÁLTICAS RR-2C","São Paulo",0.78573300314278904]
["2013-08-01","EMULSÕES ASFÁLTICAS RR-2C","Acre","-"]
["2013-08-01","EMULSÕES ASFÁLTICAS RR-2C","Roraima","-"]
["2013-11-01","EMULSÕES ASFÁLTICAS RR-2C","Maranhão","-"]
["2013-12-01","EMULSÕES ASFÁLTICAS RR-2C","Maranhão","-"]
["2014-02-01","EMULSÕES ASFÁLTICAS RR-2C","São Paulo",0.80124765623386696]
["2014-05-01","EMULSÕES ASFÁLTICAS RR-2C","Ceará",0.83465610485760766]
["2014-06-01","EMULSÕES ASFÁLTICAS RR-2C","Roraima","-"]
["2014-08-01","EMULSÕES ASFÁLTICAS RR-2C","Espírito Santo","-"]
["2014-10-01","EMULSÕES ASFÁLTICAS RR-2C","Mato Grosso",1.0728591395329419]
["2014-10-01","EMULSÕES ASFÁLTICAS RR-2C","Rio Grande do Sul",0.79497988308476342]
["2015-01-01","EMULSÕES ASFÁLTICAS RR-2C","Sergipe","-"]
["2015-03-01","EMULSÕES ASFÁLTICAS RR-2C","Acre","-"]
["2015-05-01","EMULSÕES ASFÁLTICAS RR-2C","Minas Gerais",0.92074306166588793]
["2015-06-01","EMULSÕES ASFÁLTICAS RR-2C","Paraná",1.1591286344580531]
["2015-07-01","EMULSÕES ASFÁLTICAS RR-2C","Sergipe","-"]
["2015-10-01","EMULSÕES ASFÁLTICAS RR-2C","Amazonas","-"]
["2015-12-01","EMULSÕES ASFÁLTICAS RR-2C","Rondônia","-"]
["2016-02-01","EMULSÕES ASFÁLTICAS RR-2C","Alagoas","-"]
["2016-03-01","EMULSÕES ASFÁLTICAS RR-2C","Santa Catarina","-"]
["2016-05-01","EMULSÕES ASFÁLTICAS RR-2C","Pernambuco","-"]
["2016-08-01","EMULSÕES ASFÁLTICAS RR-2C","Amazonas","-"]
["2016-09-01","EMULSÕES ASFÁLTICAS RR-2C","Tocantins","-"]
["2016-10-01","EMULSÕES ASFÁLTICAS RR-2C","Distrito Federal","-"]
["2017-01-01","EMULSÕES ASFÁLTICAS RR-2C","Alagoas","-"]
["2017-01-01","EMULSÕES ASFÁLTICAS RR-2C","Rondônia","-"]
["2017-04-01","EMULSÕES ASFÁLTICAS RR-2C","Amazonas","-"]
["2017-05-01","EMULSÕES ASFÁLTICAS RR-2C","Maranhão","-"]
["2017-08-01","EMULSÕES ASFÁLTICAS RR-2C","Mato Grosso",1.4011431109619861]
["2017-08-01","EMULSÕES ASFÁLTICAS RR-2C","São Paulo",1.2770776851693868]
["2017-11-01","EMULSÕES ASFÁLTICAS RR-2C","Rondônia","-"]
["2017-12-01","EMULSÕES ASFÁLTICAS RR-2C","Rio Grande do Norte","-"]
["2018-03-01","EMULSÕES ASFÁLTICAS RR-2C","Maranhão","-"]
["2018-05-01","EMULSÕES ASFÁLTICAS RR-2C","Paraná",1.3845016794200009]
["2018-06-01","EMULSÕES ASFÁLTICAS RR-2C","São Paulo",1.5120795131565401]
["2018-08-01","EMULSÕES ASFÁLTICAS RR-2C","Piauí","-"]
["2018-10-01","EMULSÕES ASFÁLTICAS RR-2C","Roraima","-"]
["2018-11-01","EMULSÕES ASFÁLTICAS RR-2C","Rio Grande do Norte","-"]
["2019-02-01","EMULSÕES ASFÁLTICAS RR-2C","Mato Grosso",2.6375775490104294]
["2019-03-01","EMULSÕES ASFÁLTICAS RR-2C","Amapá","-"]
["2019-05-01","EMULSÕES ASFÁLTICAS RR-2C","Roraima","-"]
["2019-07-01","EMULSÕES ASFÁLTICAS RR-2C","Acre","-"]
["2019-08-01","EMULSÕES ASFÁLTICAS RR-2C","São Paulo",2.1250229669037055]
["2019-10-01","EMULSÕES ASFÁLTICAS RR-2C","Paraná",2.0500637050761639]
["2020-01-01","EMULSÕES ASFÁLTICAS RR-2C","Bahia","-"]
["2020-02-01","EMULSÕES ASFÁLTICAS RR-2C","Amazonas","-"]
["2020-04-01","EMULSÕES ASFÁLTICAS RR-2C","Distrito Federal","-"]
["2020-05-01","EMULSÕES ASFÁLTICAS RR-2C","Rio de Janeiro","-"]
["2020-08-01","EMULSÕES ASFÁLTICAS RR-2C","Paraná",2.0150739469144625]
["2020-10-01","EMULSÕES ASFÁLTICAS RR-2C","Maranhão","-"]
["2020-12-01","EMULSÕES ASFÁLTICAS RR-2C","Amazonas","-"]
["2021-01-01","EMULSÕES ASFÁLTICAS RR-2C","Mato Grosso do Sul",2.2106978278950735]
["2021-02-01","EMULSÕES ASFÁLTICAS RR-2C","Distrito Federal","-"]
["2021-04-01","EMULSÕES ASFÁLTICAS RR-2C","Pará","-"]
["2021-05-01","EMULSÕES ASFÁLTICAS RR-2C","Rondônia","-"]
["2021-09-01","EMULSÕES ASFÁLTICAS RR-2C","Maranhão","-"]
["2021-11-01","EMULSÕES ASFÁLTICAS RR-2C","Bahia","-"]
["2021-12-01","EMULSÕES ASFÁLTICAS RR-2C","Distrito Federal","-"]
["2022-01-01","EMULSÕES ASFÁLTICAS RR-2C","Rio de Janeiro","-"]
["2022-03-01","EMULSÕES ASFÁLTICAS RR-2C","Rondônia","-"]
["2022-04-01","EMULSÕES ASFÁLTICAS RR-2C","Rio Grande do Sul","-"]
["2022-07-01","EMULSÕES ASFÁLTICAS RR-2C","Maranhão","-"]
["2022-09-01","EMULSÕES ASFÁLTICAS RR-2C","Acre","-"]
["2022-10-01","EMULSÕES ASFÁLTICAS RR-2C","São Paulo",3.0776193444586046]
["2022-11-01","EMULSÕES ASFÁLTICAS RR-2C","Tocantins",3.0292024957338701]
["2023-01-01","EMULSÕES ASFÁLTICAS RR-2C","Pernambuco","-"]
["2023-01-01","EMULSÕES ASFÁLTICAS RR-2C","Piauí","-"]
["2023-01-01","EMULSÕES ASFÁLTICAS RR-2C","Rio de Janeiro","-"]
["2023-01-01","EMULSÕES ASFÁLTICAS RR-2C","Rio Grande do Norte","-"]
["2023-01-01","EMULSÕES ASFÁLTICAS RR-2C","Rio Grande do Sul","-"]
["2023-01-01","EMULSÕES ASFÁLTICAS RR-2C","Rondônia","-"]
["2023-01-01","EMULSÕES ASFÁLTICAS RR-2C","Roraima","-"]
["2023-01-01","EMULSÕES ASFÁLTICAS RR-2C","Santa Catarina","-"]
["2023-01-01","EMULSÕES ASFÁLTICAS RR-2C","São Paulo",2.7745776485766096]
["2023-01-01","EMULSÕES ASFÁLTICAS RR-2C","Sergipe","-"]
["2023-01-01","EMULSÕES ASFÁLTICAS RR-2C","Tocantins",3.0146574974736251]
["2023-02-01","EMULSÕES ASFÁLTICAS RR-2C","Acre","-"]
["2023-02-01","EMULSÕES ASFÁLTICAS RR-2C","Alagoas","-"]
["2023-02-01","EMULSÕES ASFÁLTICAS RR-2C","Amapá","-"]
["2023-02-01","EMULSÕES ASFÁLTICAS RR-2C","Amazonas","-"]
["2023-02-01","EMULSÕES ASFÁLTICAS RR-2C","Bahia","-"]
["2023-02-01","EMULSÕES ASFÁLTICAS RR-2C","Ceará",2.5076920992678122]
["2023-02-01","EMULSÕES ASFÁLTICAS RR-2C","Distrito Federal","-"]
["2023-02-01","EMULSÕES ASFÁLTICAS RR-2C","Espírito Santo","-"]
["2023-02-01","EMULSÕES ASFÁLTICAS RR-2C","Goiás",2.5904923346915725]
["2023-02-01","EMULSÕES ASFÁLTICAS RR-2C","Maranhão","-"]
["2023-02-01","EMULSÕES ASFÁLTICAS RR-2C","Mato Grosso",3.4700680940392221]
["2023-02-01","EMULSÕES ASFÁLTICAS RR-2C","Mato Grosso do Sul","-"]
["2023-02-01","EMULSÕES ASFÁLTICAS RR-2C","Minas Gerais",3.079872139739261]
["2023-02-01","EMULSÕES ASFÁLTICAS RR-2C","Pará","-"]
["2023-02-01","EMULSÕES ASFÁLTICAS RR-2C","Paraíba","-"]
["2023-02-01","EMULSÕES ASFÁLTICAS RR-2C","Paraná",2.7587444043970222]
["2023-02-01","EMULSÕES ASFÁLTICAS RR-2C","Pernambuco","-"]
["2023-02-01","EMULSÕES ASFÁLTICAS RR-2C","Piauí","-"]
["2023-02-01","EMULSÕES ASFÁLTICAS RR-2C","Rio de Janeiro","-"]
["2023-02-01","EMULSÕES ASFÁLTICAS RR-2C","Rio Grande do Norte","-"]
["2023-02-01","EMULSÕES ASFÁLTICAS RR-2C","Rio Grande do Sul",2.5770834710091064]
["2023-02-01","EMULSÕES ASFÁLTICAS RR-2C","Rondônia","-"]
["2023-02-01","EMULSÕES ASFÁLTICAS RR-2C","Roraima","-"]
["2023-02-01","EMULSÕES ASFÁLTICAS RR-2C","Santa Catarina","-"]
["2023-02-01","EMULSÕES ASFÁLTICAS RR-2C","São Paulo",2.6240950846687885]
["2023-02-01","EMULSÕES ASFÁLTICAS RR-2C","Sergipe","-"]
["2023-02-01","EMULSÕES ASFÁLTICAS RR-2C","Tocantins",2.9203834664674897]
["2023-03-01","EMULSÕES ASFÁLTICAS RR-2C","Acre","-"]
["2023-03-01","EMULSÕES ASFÁLTICAS RR-2C","Alagoas","-"]
["2023-03-01","EMULSÕES ASFÁLTICAS RR-2C","Amapá","-"]
["2023-03-01","EMULSÕES ASFÁLTICAS RR-2C","Amazonas",3.5192358682305511]
["2023-03-01","EMULSÕES ASFÁLTICAS RR-2C","Bahia","-"]
["2023-03-01","EMULSÕES ASFÁLTICAS RR-2C","Ceará",2.5325621813755719]
["2023-03-01","EMULSÕES ASFÁLTICAS RR-2C","Distrito Federal","-"]
["2023-03-01","EMULSÕES ASFÁLTICAS RR-2C","Espírito Santo","-"]
["2023-03-01","EMULSÕES ASFÁLTICAS RR-2C","Goiás",2.8495205708644367]
["2023-03-01","EMULSÕES ASFÁLTICAS RR-2C","Maranhão","-"]
["2023-03-01","EMULSÕES ASFÁLTICAS RR-2C","Mato Grosso",2.9706306488595402]
["2023-03-01","EMULSÕES ASFÁLTICAS RR-2C","Mato Grosso do Sul","-"]
["2023-03-01","EMULSÕES ASFÁLTICAS RR-2C","Minas Gerais",3.0576464958269818]
["2023-03-01","EMULSÕES ASFÁLTICAS RR-2C","Pará",3.1011822194637535]
["2023-03-01","EMULSÕES ASFÁLTICAS RR-2C","Paraíba","-"]
["2023-03-01","EMULSÕES ASFÁLTICAS RR-2C","Paraná",2.5726660443044369]
["2023-03-01","EMULSÕES ASFÁLTICAS RR-2C","Pernambuco","-"]
["2023-03-01","EMULSÕES ASFÁLTICAS RR-2C","Piauí","-"]
["2023-03-01","EMULSÕES ASFÁLTICAS RR-2C","Rio de Janeiro","-"]
["2023-03-01","EMULSÕES ASFÁLTICAS RR-2C","Rio Grande do Norte","-"]
["2023-03-01","EMULSÕES ASFÁLTICAS RR-2C","Rio Grande do Sul","-"]
["2023-03-01","EMULSÕES ASFÁLTICAS RR-2C","Rondônia","-"]
["2023-03-01","EMULSÕES ASFÁLTICAS RR-2C","Roraima","-"]
["2023-03-01","EMULSÕES ASFÁLTICAS RR-2C","Santa Catarina","-"]
["2023-03-01","EMULSÕES ASFÁLTICAS RR-2C","São Paulo",2.6290626834960165]
["2023-03-01","EMULSÕES ASFÁLTICAS RR-2C","Sergipe","-"]
["2023-03-01","EMULSÕES ASFÁLTICAS RR-2C","Tocantins",2.9969686363438517]
["2023-04-01","EMULSÕES ASFÁLTICAS RR-2C","Acre","-"]
["2023-04-01","EMULSÕES ASFÁLTICAS RR-2C","Alagoas","-"]
["2023-04-01","EMULSÕES ASFÁLTICAS RR-2C","Amapá","-"]
["2023-04-01","EMULSÕES ASFÁLTICAS RR-2C","Amazonas",3.8825905779481666]
["2023-04-01","EMULSÕES ASFÁLTICAS RR-2C","Bahia","-"]
["2023-04-01","EMULSÕES ASFÁLTICAS RR-2C","Ceará",2.5196266596903136]
["2023-04-01","EMULSÕES ASFÁLTICAS RR-2C","Distrito Federal","-"]
["2023-04-01","EMULSÕES ASFÁLTICAS RR-2C","Espírito Santo","-"]
["2023-04-01","EMULSÕES ASFÁLTICAS RR-2C","Goiás",2.8219924057423493]
["2023-04-01","EMULSÕES ASFÁLTICAS RR-2C","Maranhão","-"]
["2023-04-01","EMULSÕES ASFÁLTICAS RR-2C","Mato Grosso",3.0079968754055]
["2023-04-01","EMULSÕES ASFÁLTICAS RR-2C","Mato Grosso do Sul","-"]
["2023-04-01","EMULSÕES ASFÁLTICAS RR-2C","Minas Gerais",2.7903807773658191]
["2023-04-01","EMULSÕES ASFÁLTICAS RR-2C","Pará","-"]
["2023-04-01","EMULSÕES ASFÁLTICAS RR-2C","Paraíba","-"]
["2023-04-01","EMULSÕES ASFÁLTICAS RR-2C","Paraná",2.580656652097201]
["2023-04-01","EMULSÕES ASFÁLTICAS RR-2C","Pernambuco","-"]
["2023-04-01","EMULSÕES ASFÁLTICAS RR-2C","Piauí","-"]
["2023-04-01","EMULSÕES ASFÁLTICAS RR-2C","Rio de Janeiro","-"]
["2023-04-01","EMULSÕES ASFÁLTICAS RR-2C","Rio Grande do Norte","-"]
["2023-04-01","EMULSÕES ASFÁLTICAS RR-2C","Rio Grande do Sul","-"]
["2023-04-01","EMULSÕES ASFÁLTICAS RR-2C","Rondônia","-"]
["2023-04-01","EMULSÕES ASFÁLTICAS RR-2C","Roraima","-"]
["2023-04-01","EMULSÕES ASFÁLTICAS RR-2C","Santa Catarina","-"]
["2023-04-01","EMULSÕES ASFÁLTICAS RR-2C","São Paulo",2.6878444642354671]
["2023-04-01","EMULSÕES ASFÁLTICAS RR-2C","Sergipe","-"]
["2023-04-01","EMULSÕES ASFÁLTICAS RR-2C","Tocantins",2.9386954658770916]
["2023-05-01","EMULSÕES ASFÁLTICAS RR-2C","Acre","-"]
["2023-05-01","EMULSÕES ASFÁLTICAS RR-2C","Alagoas","-"]
["2023-05-01","EMULSÕES ASFÁLTICAS RR-2C","Amapá","-"]
["2023-05-01","EMULSÕES ASFÁLTICAS RR-2C","Amazonas",3.681565455775202]
["2023-05-01","EMULSÕES ASFÁLTICAS RR-2C","Bahia","-"]
["2023-05-01","EMULSÕES ASFÁLTICAS RR-2C","Ceará",2.5701330160839944]
["2023-05-01","EMULSÕES ASFÁLTICAS RR-2C","Distrito Federal","-"]
["2023-05-01","EMULSÕES ASFÁLTICAS RR-2C","Espírito Santo","-"]
["2023-05-01","EMULSÕES ASFÁLTICAS RR-2C","Goiás",2.7922785854332375]
["2023-05-01","EMULSÕES ASFÁLTICAS RR-2C","Maranhão","-"]
["2023-05-01","EMULSÕES ASFÁLTICAS RR-2C","Mato Grosso",3.0023505156459875]
["2023-05-01","EMULSÕES ASFÁLTICAS RR-2C","Mato Grosso do Sul","-"]
["2023-05-01","EMULSÕES ASFÁLTICAS RR-2C","Minas Gerais",2.7768514256709835]
["2023-05-01","EMULSÕES ASFÁLTICAS RR-2C","Pará",3.1712197403285636]
["2023-05-01","EMULSÕES ASFÁLTICAS RR-2C","Paraíba","-"]
["2023-05-01","EMULSÕES ASFÁLTICAS RR-2C","Paraná",2.3876226939306577]
["2023-05-01","EMULSÕES ASFÁLTICAS RR-2C","Pernambuco","-"]
["2023-05-01","EMULSÕES ASFÁLTICAS RR-2C","Piauí","-"]
["2023-05-01","EMULSÕES ASFÁLTICAS RR-2C","Rio de Janeiro","-"]
["2023-05-01","EMULSÕES ASFÁLTICAS RR-2C","Rio Grande do Norte","-"]
["2023-05-01","EMULSÕES ASFÁLTICAS RR-2C","Rio Grande do Sul","-"]
["2023-05-01","EMULSÕES ASFÁLTICAS RR-2C","Rondônia","-"]
["2023-05-01","EMULSÕES ASFÁLTICAS RR-2C","Roraima","-"]
["2023-05-01","EMULSÕES ASFÁLTICAS RR-2C","Santa Catarina","-"]
["2023-05-01","EMULSÕES ASFÁLTICAS RR-2C","São Paulo",2.4961734919163256]
["2023-05-01","EMULSÕES ASFÁLTICAS RR-2C","Sergipe","-"]
["2023-05-01","EMULSÕES ASFÁLTICAS RR-2C","Tocantins","-"]
["2023-06-01","EMULSÕES ASFÁLTICAS RR-2C","Acre","-"]
["2023-06-01","EMULSÕES ASFÁLTICAS RR-2C","Alagoas","-"]
["2023-06-01","EMULSÕES ASFÁLTICAS RR-2C","Amapá","-"]
["2023-06-01","EMULSÕES ASFÁLTICAS RR-2C","Amazonas",4.0092992488741599]
["2023-06-01","EMULSÕES ASFÁLTICAS RR-2C","Bahia","-"]
["2023-06-01","EMULSÕES ASFÁLTICAS RR-2C","Ceará",2.5524836726394859]
["2023-06-01","EMULSÕES ASFÁLTICAS RR-2C","Distrito Federal","-"]
["2023-06-01","EMULSÕES ASFÁLTICAS RR-2C","Espírito Santo","-"]
["2023-06-01","EMULSÕES ASFÁLTICAS RR-2C","Goiás",2.7315522958849106]
["2023-06-01","EMULSÕES ASFÁLTICAS RR-2C","Maranhão","-"]
["2023-06-01","EMULSÕES ASFÁLTICAS RR-2C","Mato Grosso",2.9814298018924514]
["2023-06-01","EMULSÕES ASFÁLTICAS RR-2C","Mato Grosso do Sul","-"]
["2023-06-01","EMULSÕES ASFÁLTICAS RR-2C","Minas Gerais",2.7246073556148187]
["2023-06-01","EMULSÕES ASFÁLTICAS RR-2C","Pará","-"]
["2023-06-01","EMULSÕES ASFÁLTICAS RR-2C","Paraíba","-"]
["2023-06-01","EMULSÕES ASFÁLTICAS RR-2C","Paraná",2.5597369057648169]
["2023-06-01","EMULSÕES ASFÁLTICAS RR-2C","Pernambuco","-"]
["2023-06-01","EMULSÕES ASFÁLTICAS RR-2C","Piauí","-"]
["2023-06-01","EMULSÕES ASFÁLTICAS RR-2C","Rio de Janeiro","-"]
["2023-06-01","EMULSÕES ASFÁLTICAS RR-2C","Rio Grande do Norte","-"]
["2023-06-01","EMULSÕES ASFÁLTICAS RR-2C","Rio Grande do Sul","-"]
["2023-06-01","EMULSÕES ASFÁLTICAS RR-2C","Rondônia","-"]
["2023-06-01","EMULSÕES ASFÁLTICAS RR-2C","Roraima","-"]
["2023-06-01","EMULSÕES ASFÁLTICAS RR-2C","Santa Catarina","-"]
["2023-06-01","EMULSÕES ASFÁLTICAS RR-2C","São Paulo",2.4924548546167089]
["2023-06-01","EMULSÕES ASFÁLTICAS RR-2C","Sergipe","-"]
["2023-06-01","EMULSÕES ASFÁLTICAS RR-2C","Tocantins",2.675294507824884]
["2023-07-01","EMULSÕES ASFÁLTICAS RR-2C","Acre","-"]
["2023-07-01","EMULSÕES ASFÁLTICAS RR-2C","Alagoas","-"]
["2023-07-01","EMULSÕES ASFÁLTICAS RR-2C","Amapá","-"]
["2023-07-01","EMULSÕES ASFÁLTICAS RR-2C","Amazonas",3.6065213582095432]
["2023-07-01","EMULSÕES ASFÁLTICAS RR-2C","Bahia","-"]
["2023-07-01","EMULSÕES ASFÁLTICAS RR-2C","Ceará",2.5672415332575156]
["2023-07-01","EMULSÕES ASFÁLTICAS RR-2C","Distrito Federal","-"]
["2023-07-01","EMULSÕES ASFÁLTICAS RR-2C","Espírito Santo","-"]
["2023-07-01","EMULSÕES ASFÁLTICAS RR-2C","Goiás",2.6796071702448128]
["2023-07-01","EMULSÕES ASFÁLTICAS RR-2C","Maranhão","-"]
["2023-07-01","EMULSÕES ASFÁLTICAS RR-2C","Mato Grosso",2.9798254759572975]
["2023-07-01","EMULSÕES ASFÁLTICAS RR-2C","Mato Grosso do Sul",2.7378386517330808]
["2023-07-01","EMULSÕES ASFÁLTICAS RR-2C","Minas Gerais",2.6455719449202437]
["2023-07-01","EMULSÕES ASFÁLTICAS RR-2C","Pará","-"]
["2023-07-01","EMULSÕES ASFÁLTICAS RR-2C","Paraíba","-"]
["2023-07-01","EMULSÕES ASFÁLTICAS RR-2C","Paraná",2.5631897637677361]
["2023-07-01","EMULSÕES ASFÁLTICAS RR-2C","Pernambuco","-"]
["2023-07-01","EMULSÕES ASFÁLTICAS RR-2C","Piauí","-"]
["2023-07-01","EMULSÕES ASFÁLTICAS RR-2C","Rio de Janeiro","-"]
["2023-07-01","EMULSÕES ASFÁLTICAS RR-2C","Rio Grande do Norte","-"]
["2023-07-01","EMULSÕES ASFÁLTICAS RR-2C","Rio Grande do Sul","-"]
["2023-07-01","EMULSÕES ASFÁLTICAS RR-2C","Rondônia","-"]
["2023-07-01","EMULSÕES ASFÁLTICAS RR-2C","Roraima","-"]
["2023-07-01","EMULSÕES ASFÁLTICAS RR-2C","Santa Catarina","-"]
["2023-07-01","EMULSÕES ASFÁLTICAS RR-2C","São Paulo",2.5241436463351001]
["2023-07-01","EMULSÕES ASFÁLTICAS RR-2C","Sergipe","-"]
["2023-07-01","EMULSÕES ASFÁLTICAS RR-2C","Tocantins",2.704200153311842]
["2023-08-01","EMULSÕES ASFÁLTICAS RR-2C","Acre","-"]
["2023-08-01","EMULSÕES ASFÁLTICAS RR-2C","Alagoas","-"]
["2023-08-01","EMULSÕES ASFÁLTICAS RR-2C","Amapá","-"]
["2023-08-01","EMULSÕES ASFÁLTICAS RR-2C","Amazonas",3.6847888545823548]
["2023-08-01","EMULSÕES ASFÁLTICAS RR-2C","Bahia","-"]
["2023-08-01","EMULSÕES ASFÁLTICAS RR-2C","Ceará",2.5832733233303067]
["2023-08-01","EMULSÕES ASFÁLTICAS RR-2C","Distrito Federal","-"]
["2023-08-01","EMULSÕES ASFÁLTICAS RR-2C","Espírito Santo","-"]
["2023-08-01","EMULSÕES ASFÁLTICAS RR-2C","Goiás",2.8803241587642638]
["2023-08-01","EMULSÕES ASFÁLTICAS RR-2C","Maranhão","-"]
["2023-08-01","EMULSÕES ASFÁLTICAS RR-2C","Mato Grosso",2.9732980090484924]
["2023-08-01","EMULSÕES ASFÁLTICAS RR-2C","Mato Grosso do Sul",2.7770091352692807]
["2023-08-01","EMULSÕES ASFÁLTICAS RR-2C","Minas Gerais",2.6816683138463508]
["2023-08-01","EMULSÕES ASFÁLTICAS RR-2C","Pará","-"]
["2023-08-01","EMULSÕES ASFÁLTICAS RR-2C","Paraíba","-"]
["2023-08-01","EMULSÕES ASFÁLTICAS RR-2C","Paraná",2.6621856287663497]
["2023-08-01","EMULSÕES ASFÁLTICAS RR-2C","Pernambuco","-"]
["2023-08-01","EMULSÕES ASFÁLTICAS RR-2C","Piauí","-"]
["2023-08-01","EMULSÕES ASFÁLTICAS RR-2C","Rio de Janeiro","-"]
["2023-08-01","EMULSÕES ASFÁLTICAS RR-2C","Rio Grande do Norte","-"]
["2023-08-01","EMULSÕES ASFÁLTICAS RR-2C","Rio Grande do Sul","-"]
["2023-08-01","EMULSÕES ASFÁLTICAS RR-2C","Rondônia","-"]
["2023-08-01","EMULSÕES ASFÁLTICAS RR-2C","Roraima","-"]
["2023-08-01","EMULSÕES ASFÁLTICAS RR-2C","Santa Catarina","-"]
["2023-08-01","EMULSÕES ASFÁLTICAS RR-2C","São Paulo",2.5738127240129205]
["2023-08-01","EMULSÕES ASFÁLTICAS RR-2C","Sergipe","-"]
["2023-08-01","EMULSÕES ASFÁLTICAS RR-2C","Tocantins",2.7318124093818046]
["2023-09-01","EMULSÕES ASFÁLTICAS RR-2C","Acre","-"]
["2023-09-01","EMULSÕES ASFÁLTICAS RR-2C","Alagoas","-"]
["2023-09-01","EMULSÕES ASFÁLTICAS RR-2C","Amapá","-"]
["2023-09-01","EMULSÕES ASFÁLTICAS RR-2C","Amazonas",3.7573868292638877]
["2023-09-01","EMULSÕES ASFÁLTICAS RR-2C","Bahia","-"]
["2023-09-01","EMULSÕES ASFÁLTICAS RR-2C","Ceará",2.6987763251280157]
["2023-09-01","EMULSÕES ASFÁLTICAS RR-2C","Distrito Federal","-"]
["2023-09-01","EMULSÕES ASFÁLTICAS RR-2C","Espírito Santo","-"]
["2023-09-01","EMULSÕES ASFÁLTICAS RR-2C","Goiás",3.0014388343209228]
["2023-09-01","EMULSÕES ASFÁLTICAS RR-2C","Maranhão","-"]
["2023-09-01","EMULSÕES ASFÁLTICAS RR-2C","Mato Grosso",3.1578336993461313]
["2023-09-01","EMULSÕES ASFÁLTICAS RR-2C","Mato Grosso do Sul",2.9057554681864852]
["2023-09-01","EMULSÕES ASFÁLTICAS RR-2C","Minas Gerais",2.8867392644349232]
["2023-09-01","EMULSÕES ASFÁLTICAS RR-2C","Pará","-"]
["2023-09-01","EMULSÕES ASFÁLTICAS RR-2C","Paraíba","-"]
["2023-09-01","EMULSÕES ASFÁLTICAS RR-2C","Paraná",2.3875991256382418]
["2023-09-01","EMULSÕES ASFÁLTICAS RR-2C","Pernambuco","-"]
["2023-09-01","EMULSÕES ASFÁLTICAS RR-2C","Piauí","-"]
["2023-09-01","EMULSÕES ASFÁLTICAS RR-2C","Rio de Janeiro","-"]
["2023-09-01","EMULSÕES ASFÁLTICAS RR-2C","Rio Grande do Norte","-"]
["2023-09-01","EMULSÕES ASFÁLTICAS RR-2C","Rio Grande do Sul",2.6183637345807753]
["2023-09-01","EMULSÕES ASFÁLTICAS RR-2C","Rondônia","-"]
["2023-09-01","EMULSÕES ASFÁLTICAS RR-2C","Roraima","-"]
["2023-09-01","EMULSÕES ASFÁLTICAS RR-2C","Santa Catarina","-"]
["2023-09-01","EMULSÕES ASFÁLTICAS RR-2C","São Paulo",2.6086916683273946]
["2023-09-01","EMULSÕES ASFÁLTICAS RR-2C","Sergipe","-"]
["2023-09-01","EMULSÕES ASFÁLTICAS RR-2C","Tocantins","-"]
["2023-10-01","EMULSÕES ASFÁLTICAS RR-2C","Acre","-"]
["2023-10-01","EMULSÕES ASFÁLTICAS RR-2C","Alagoas","-"]
["2023-10-01","EMULSÕES ASFÁLTICAS RR-2C","Amapá","-"]
["2023-10-01","EMULSÕES ASFÁLTICAS RR-2C","Amazonas",4.1309363633071383]
["2023-10-01","EMULSÕES ASFÁLTICAS RR-2C","Bahia","-"]
["2023-10-01","EMULSÕES ASFÁLTICAS RR-2C","Ceará",2.7088196950454617]
["2023-10-01","EMULSÕES ASFÁLTICAS RR-2C","Distrito Federal","-"]
["2023-10-01","EMULSÕES ASFÁLTICAS RR-2C","Espírito Santo","-"]
["2023-10-01","EMULSÕES ASFÁLTICAS RR-2C","Goiás",2.9767718508470189]
["2023-10-01","EMULSÕES ASFÁLTICAS RR-2C","Maranhão","-"]
["2023-10-01","EMULSÕES ASFÁLTICAS RR-2C","Mato Grosso",2.9709119071023156]
["2023-10-01","EMULSÕES ASFÁLTICAS RR-2C","Mato Grosso do Sul","-"]
["2023-10-01","EMULSÕES ASFÁLTICAS RR-2C","Minas Gerais",2.7764861019122957]
["2023-10-01","EMULSÕES ASFÁLTICAS RR-2C","Pará",3.4577160881555309]
["2023-10-01","EMULSÕES ASFÁLTICAS RR-2C","Paraíba","-"]
["2023-10-01","EMULSÕES ASFÁLTICAS RR-2C","Paraná",2.5944171988205604]
["2023-10-01","EMULSÕES ASFÁLTICAS RR-2C","Pernambuco","-"]
["2023-10-01","EMULSÕES ASFÁLTICAS RR-2C","Piauí","-"]
["2023-10-01","EMULSÕES ASFÁLTICAS RR-2C","Rio de Janeiro","-"]
["2023-10-01","EMULSÕES ASFÁLTICAS RR-2C","Rio Grande do Norte","-"]
["2023-10-01","EMULSÕES ASFÁLTICAS RR-2C","Rio Grande do Sul",2.6346091077505842]
["2023-10-01","EMULSÕES ASFÁLTICAS RR-2C","Rondônia","-"]
["2023-10-01","EMULSÕES ASFÁLTICAS RR-2C","Roraima","-"]
["2023-10-01","EMULSÕES ASFÁLTICAS RR-2C","Santa Catarina","-"]
["2023-10-01","EMULSÕES ASFÁLTICAS RR-2C","São Paulo",2.6464244945786821]
["2023-10-01","EMULSÕES ASFÁLTICAS RR-2C","Sergipe","-"]
["2023-10-01","EMULSÕES ASFÁLTICAS RR-2C","Tocantins",2.9293060440637109]
["2023-11-01","EMULSÕES ASFÁLTICAS RR-2C","Acre","-"]
["2023-11-01","EMULSÕES ASFÁLTICAS RR-2C","Alagoas","-"]
["2023-11-01","EMULSÕES ASFÁLTICAS RR-2C","Amapá","-"]
["2023-11-01","EMULSÕES ASFÁLTICAS RR-2C","Amazonas",3.6577904883671906]
["2023-11-01","EMULSÕES ASFÁLTICAS RR-2C","Bahia","-"]
["2023-11-01","EMULSÕES ASFÁLTICAS RR-2C","Ceará",2.7553879995956172]
["2023-11-01","EMULSÕES ASFÁLTICAS RR-2C","Distrito Federal","-"]
["2023-11-01","EMULSÕES ASFÁLTICAS RR-2C","Espírito Santo","-"]
["2023-11-01","EMULSÕES ASFÁLTICAS RR-2C","Goiás",3.2345992659556089]
["2023-11-01","EMULSÕES ASFÁLTICAS RR-2C","Maranhão","-"]
["2023-11-01","EMULSÕES ASFÁLTICAS RR-2C","Mato Grosso",3.2082442978652725]
["2023-11-01","EMULSÕES ASFÁLTICAS RR-2C","Mato Grosso do Sul",2.8207850837687585]
["2023-11-01","EMULSÕES ASFÁLTICAS RR-2C","Minas Gerais",2.8585102508937457]
["2023-11-01","EMULSÕES ASFÁLTICAS RR-2C","Pará","-"]
["2023-11-01","EMULSÕES ASFÁLTICAS RR-2C","Paraíba","-"]
["2023-11-01","EMULSÕES ASFÁLTICAS RR-2C","Paraná",2.4865216861678427]
["2023-11-01","EMULSÕES ASFÁLTICAS RR-2C","Pernambuco","-"]
["2023-11-01","EMULSÕES ASFÁLTICAS RR-2C","Piauí","-"]
["2023-11-01","EMULSÕES ASFÁLTICAS RR-2C","Rio de Janeiro","-"]
["2023-11-01","EMULSÕES ASFÁLTICAS RR-2C","Rio Grande do Norte","-"]
["2023-11-01","EMULSÕES ASFÁLTICAS RR-2C","Rio Grande do Sul",2.5783635110054455]
["2023-11-01","EMULSÕES ASFÁLTICAS RR-2C","Rondônia","-"]
["2023-11-01","EMULSÕES ASFÁLTICAS RR-2C","Roraima","-"]
["2023-11-01","EMULSÕES ASFÁLTICAS RR-2C","Santa Catarina","-"]
["2023-11-01","EMULSÕES ASFÁLTICAS RR-2C","São Paulo",2.6756182915104523]
["2023-11-01","EMULSÕES ASFÁLTICAS RR-2C","Sergipe","-"]
["2023-11-01","EMULSÕES ASFÁLTICAS RR-2C","Tocantins",2.9348231951785553]
["2023-12-01","EMULSÕES ASFÁLTICAS RR-2C","Acre","-"]
["2023-12-01","EMULSÕES ASFÁLTICAS RR-2C","Alagoas","-"]
["2023-12-01","EMULSÕES ASFÁLTICAS RR-2C","Amapá","-"]
["2023-12-01","EMULSÕES ASFÁLTICAS RR-2C","Amazonas",4.1145943894461414]
["2023-12-01","EMULSÕES ASFÁLTICAS RR-2C","Bahia","-"]
["2023-12-01","EMULSÕES ASFÁLTICAS RR-2C","Ceará",2.7475801990686466]
["2023-12-01","EMULSÕES ASFÁLTICAS RR-2C","Distrito Federal","-"]
["2023-12-01","EMULSÕES ASFÁLTICAS RR-2C","Espírito Santo","-"]
["2023-12-01","EMULSÕES ASFÁLTICAS RR-2C","Goiás",2.6717929953325639]
["2023-12-01","EMULSÕES ASFÁLTICAS RR-2C","Maranhão","-"]
["2023-12-01","EMULSÕES ASFÁLTICAS RR-2C","Mato Grosso",3.0104911730712773]
["2023-12-01","EMULSÕES ASFÁLTICAS RR-2C","Mato Grosso do Sul",2.9656443701431492]
["2023-12-01","EMULSÕES ASFÁLTICAS RR-2C","Minas Gerais",2.7209441989834149]
["2023-12-01","EMULSÕES ASFÁLTICAS RR-2C","Pará",3.411307497730319]
["2023-12-01","EMULSÕES ASFÁLTICAS RR-2C","Paraíba","-"]
["2023-12-01","EMULSÕES ASFÁLTICAS RR-2C","Paraná",2.5461323789780361]
["2023-12-01","EMULSÕES ASFÁLTICAS RR-2C","Pernambuco","-"]
["2023-12-01","EMULSÕES ASFÁLTICAS RR-2C","Piauí","-"]
["2023-12-01","EMULSÕES ASFÁLTICAS RR-2C","Rio de Janeiro","-"]
["2023-12-01","EMULSÕES ASFÁLTICAS RR-2C","Rio Grande do Norte","-"]
["2023-12-01","EMULSÕES ASFÁLTICAS RR-2C","Rio Grande do Sul",2.7029570010932642]
["2023-12-01","EMULSÕES ASFÁLTICAS RR-2C","Rondônia","-"]
["2023-12-01","EMULSÕES ASFÁLTICAS RR-2C","Roraima","-"]
["2023-12-01","EMULSÕES ASFÁLTICAS RR-2C","Santa Catarina","-"]
["2023-12-01","EMULSÕES ASFÁLTICAS RR-2C","São Paulo",2.6445320735403888]
["2023-12-01","EMULSÕES ASFÁLTICAS RR-2C","Sergipe","-"]
["2023-12-01","EMULSÕES ASFÁLTICAS RR-2C","Tocantins","-"]
["2024-01-01","EMULSÕES ASFÁLTICAS RR-2C","Acre","-"]
["2024-01-01","EMULSÕES ASFÁLTICAS RR-2C","Alagoas","-"]
["2024-01-01","EMULSÕES ASFÁLTICAS RR-2C","Amapá","-"]
["2024-01-01","EMULSÕES ASFÁLTICAS RR-2C","Amazonas",3.3103210363579865]
["2024-01-01","EMULSÕES ASFÁLTICAS RR-2C","Bahia","-"]
["2024-01-01","EMULSÕES ASFÁLTICAS RR-2C","Ceará",2.5316198461333674]
["2024-01-01","EMULSÕES ASFÁLTICAS RR-2C","Distrito Federal","-"]
["2024-01-01","EMULSÕES ASFÁLTICAS RR-2C","Espírito Santo","-"]
["2024-01-01","EMULSÕES ASFÁLTICAS RR-2C","Goiás",2.8743934779916853]
["2024-01-01","EMULSÕES ASFÁLTICAS RR-2C","Maranhão","-"]
["2024-01-01","EMULSÕES ASFÁLTICAS RR-2C","Mato Grosso",3.3977053413212182]
["2024-01-01","EMULSÕES ASFÁLTICAS RR-2C","Mato Grosso do Sul",2.6965374616292785]
["2024-01-01","EMULSÕES ASFÁLTICAS RR-2C","Minas Gerais",2.883351210762831]
["2024-01-01","EMULSÕES ASFÁLTICAS RR-2C","Pará","-"]
["2024-01-01","EMULSÕES ASFÁLTICAS RR-2C","Paraíba","-"]
["2024-01-01","EMULSÕES ASFÁLTICAS RR-2C","Paraná",2.5525240898917181]
["2024-01-01","EMULSÕES ASFÁLTICAS RR-2C","Pernambuco","-"]
["2024-01-01","EMULSÕES ASFÁLTICAS RR-2C","Piauí","-"]
["2024-01-01","EMULSÕES ASFÁLTICAS RR-2C","Rio de Janeiro","-"]
["2024-01-01","EMULSÕES ASFÁLTICAS RR-2C","Rio Grande do Norte","-"]
["2024-01-01","EMULSÕES ASFÁLTICAS RR-2C","Rio Grande do Sul",2.6921488123933446]
["2024-01-01","EMULSÕES ASFÁLTICAS RR-2C","Rondônia","-"]
["2024-01-01","EMULSÕES ASFÁLTICAS RR-2C","Roraima","-"]
["2024-01-01","EMULSÕES ASFÁLTICAS RR-2C","Santa Catarina","-"]
["2024-01-01","EMULSÕES ASFÁLTICAS RR-2C","São Paulo",2.5442266436429466]
["2024-01-01","EMULSÕES ASFÁLTICAS RR-2C","Sergipe","-"]
["2024-01-01","EMULSÕES ASFÁLTICAS RR-2C","Tocantins","-"]
["2024-02-01","EMULSÕES ASFÁLTICAS RR-2C","Acre","-"]
["2024-02-01","EMULSÕES ASFÁLTICAS RR-2C","Alagoas","-"]
["2024-02-01","EMULSÕES ASFÁLTICAS RR-2C","Amapá","-"]
["2024-02-01","EMULSÕES ASFÁLTICAS RR-2C","Amazonas",4.248298290600431]
["2024-02-01","EMULSÕES ASFÁLTICAS RR-2C","Bahia","-"]
["2024-02-01","EMULSÕES ASFÁLTICAS RR-2C","Ceará",2.5191503370752053]
["2024-02-01","EMULSÕES ASFÁLTICAS RR-2C","Distrito Federal","-"]
["2024-02-01","EMULSÕES ASFÁLTICAS RR-2C","Espírito Santo","-"]
["2024-02-01","EMULSÕES ASFÁLTICAS RR-2C","Goiás",2.7966368010781486]
["2024-02-01","EMULSÕES ASFÁLTICAS RR-2C","Maranhão","-"]
["2024-02-01","EMULSÕES ASFÁLTICAS RR-2C","Mato Grosso",3.2252323227304998]
["2024-02-01","EMULSÕES ASFÁLTICAS RR-2C","Mato Grosso do Sul",2.7413912967784442]
["2024-02-01","EMULSÕES ASFÁLTICAS RR-2C","Minas Gerais",2.8778714744049414]
["2024-02-01","EMULSÕES ASFÁLTICAS RR-2C","Pará","-"]
["2024-02-01","EMULSÕES ASFÁLTICAS RR-2C","Paraíba","-"]
["2024-02-01","EMULSÕES ASFÁLTICAS RR-2C","Paraná",2.5623127855214669]
["2024-02-01","EMULSÕES ASFÁLTICAS RR-2C","Pernambuco","-"]
["2024-02-01","EMULSÕES ASFÁLTICAS RR-2C","Piauí","-"]
["2024-02-01","EMULSÕES ASFÁLTICAS RR-2C","Rio de Janeiro","-"]
["2024-02-01","EMULSÕES ASFÁLTICAS RR-2C","Rio Grande do Norte","-"]
["2024-02-01","EMULSÕES ASFÁLTICAS RR-2C","Rio Grande do Sul",2.6175448778485908]
["2024-02-01","EMULSÕES ASFÁLTICAS RR-2C","Rondônia","-"]
["2024-02-01","EMULSÕES ASFÁLTICAS RR-2C","Roraima","-"]
["2024-02-01","EMULSÕES ASFÁLTICAS RR-2C","Santa Catarina","-"]
["2024-02-01","EMULSÕES ASFÁLTICAS RR-2C","São Paulo",2.5935200228370361]
["2024-02-01","EMULSÕES ASFÁLTICAS RR-2C","Sergipe","-"]
["2024-02-01","EMULSÕES ASFÁLTICAS RR-2C","Tocantins","-"]
["2024-03-01","EMULSÕES ASFÁLTICAS RR-2C","Acre","-"]
["2024-03-01","EMULSÕES ASFÁLTICAS RR-2C","Alagoas","-"]
["2024-03-01","EMULSÕES ASFÁLTICAS RR-2C","Amapá","-"]
["2024-03-01","EMULSÕES ASFÁLTICAS RR-2C","Amazonas","-"]
["2024-03-01","EMULSÕES ASFÁLTICAS RR-2C","Bahia","-"]
["2024-03-01","EMULSÕES ASFÁLTICAS RR-2C","Ceará",2.5578626906298965]
["2024-03-01","EMULSÕES ASFÁLTICAS RR-2C","Distrito Federal","-"]
["2024-03-01","EMULSÕES ASFÁLTICAS RR-2C","Espírito Santo","-"]
["2024-03-01","EMULSÕES ASFÁLTICAS RR-2C","Goiás",2.5324859114087368]
["2024-03-01","EMULSÕES ASFÁLTICAS RR-2C","Maranhão","-"]
["2024-03-01","EMULSÕES ASFÁLTICAS RR-2C","Mato Grosso",3.2142033314018912]
["2024-03-01","EMULSÕES ASFÁLTICAS RR-2C","Mato Grosso do Sul",2.7213220198489489]
["2024-03-01","EMULSÕES ASFÁLTICAS RR-2C","Minas Gerais",2.8376833700606432]
["2024-03-01","EMULSÕES ASFÁLTICAS RR-2C","Pará","-"]
["2024-03-01","EMULSÕES ASFÁLTICAS RR-2C","Paraíba","-"]
["2024-03-01","EMULSÕES ASFÁLTICAS RR-2C","Paraná",2.5798154599222438]
["2024-03-01","EMULSÕES ASFÁLTICAS RR-2C","Pernambuco","-"]
["2024-03-01","EMULSÕES ASFÁLTICAS RR-2C","Piauí","-"]
["2024-03-01","EMULSÕES ASFÁLTICAS RR-2C","Rio de Janeiro","-"]
["2024-03-01","EMULSÕES ASFÁLTICAS RR-2C","Rio Grande do Norte","-"]
["2024-03-01","EMULSÕES ASFÁLTICAS RR-2C","Rio Grande do Sul",2.7020602859145755]
["2024-03-01","EMULSÕES ASFÁLTICAS RR-2C","Rondônia","-"]
["2024-03-01","EMULSÕES ASFÁLTICAS RR-2C","Roraima","-"]
["2024-03-01","EMULSÕES ASFÁLTICAS RR-2C","Santa Catarina","-"]
["2024-03-01","EMULSÕES ASFÁLTICAS RR-2C","São Paulo",2.6075844973272346]
["2024-03-01","EMULSÕES ASFÁLTICAS RR-2C","Sergipe","-"]
["2024-03-01","EMULSÕES ASFÁLTICAS RR-2C","Tocantins","-"]
["2024-04-01","EMULSÕES ASFÁLTICAS RR-2C","Acre","-"]
["2024-04-01","EMULSÕES ASFÁLTICAS RR-2C","Alagoas","-"]
["2024-04-01","EMULSÕES ASFÁLTICAS RR-2C","Amapá","-"]
["2024-04-01","EMULSÕES ASFÁLTICAS RR-2C","Amazonas",3.7511368882569718]
["2024-04-01","EMULSÕES ASFÁLTICAS RR-2C","Bahia","-"]
["2024-04-01","EMULSÕES ASFÁLTICAS RR-2C","Ceará",2.4431961177829522]
["2024-04-01","EMULSÕES ASFÁLTICAS RR-2C","Distrito Federal","-"]
["2024-04-01","EMULSÕES ASFÁLTICAS RR-2C","Espírito Santo","-"]
["2024-04-01","EMULSÕES ASFÁLTICAS RR-2C","Goiás",2.7740328979051507]
["2024-04-01","EMULSÕES ASFÁLTICAS RR-2C","Maranhão","-"]
["2024-04-01","EMULSÕES ASFÁLTICAS RR-2C","Mato Grosso",3.1649247101118183]
["2024-04-01","EMULSÕES ASFÁLTICAS RR-2C","Mato Grosso do Sul",2.8315529823361829]
["2024-04-01","EMULSÕES ASFÁLTICAS RR-2C","Minas Gerais",2.7707079564980783]
["2024-04-01","EMULSÕES ASFÁLTICAS RR-2C","Pará",3.1069607352468673]
["2024-04-01","EMULSÕES ASFÁLTICAS RR-2C","Paraíba","-"]
["2024-04-01","EMULSÕES ASFÁLTICAS RR-2C","Paraná",2.6175822397737041]
["2024-04-01","EMULSÕES ASFÁLTICAS RR-2C","Pernambuco","-"]
["2024-04-01","EMULSÕES ASFÁLTICAS RR-2C","Piauí","-"]
["2024-04-01","EMULSÕES ASFÁLTICAS RR-2C","Rio de Janeiro",3.5237229523208082]
["2024-04-01","EMULSÕES ASFÁLTICAS RR-2C","Rio Grande do Norte","-"]
["2024-04-01","EMULSÕES ASFÁLTICAS RR-2C","Rio Grande do Sul",2.6639191472647439]
["2024-04-01","EMULSÕES ASFÁLTICAS RR-2C","Rondônia","-"]
["2024-04-01","EMULSÕES ASFÁLTICAS RR-2C","Roraima","-"]
["2024-04-01","EMULSÕES ASFÁLTICAS RR-2C","Santa Catarina","-"]
["2024-04-01","EMULSÕES ASFÁLTICAS RR-2C","São Paulo",2.6381143848607365]
["2024-04-01","EMULSÕES ASFÁLTICAS RR-2C","Sergipe","-"]
["2024-04-01","EMULSÕES ASFÁLTICAS RR-2C","Tocantins","-"]
["2024-05-01","EMULSÕES ASFÁLTICAS RR-2C","Acre","-"]
["2024-05-01","EMULSÕES ASFÁLTICAS RR-2C","Alagoas","-"]
["2024-05-01","EMULSÕES ASFÁLTICAS RR-2C","Amapá","-"]
["2024-05-01","EMULSÕES ASFÁLTICAS RR-2C","Amazonas",3.0822955853357281]
["2024-05-01","EMULSÕES ASFÁLTICAS RR-2C","Bahia","-"]
["2024-05-01","EMULSÕES ASFÁLTICAS RR-2C","Ceará",2.5255827216631612]
["2024-05-01","EMULSÕES ASFÁLTICAS RR-2C","Distrito Federal","-"]
["2024-05-01","EMULSÕES ASFÁLTICAS RR-2C","Espírito Santo","-"]
["2024-05-01","EMULSÕES ASFÁLTICAS RR-2C","Goiás",2.7231072303771042]
["2024-05-01","EMULSÕES ASFÁLTICAS RR-2C","Maranhão","-"]
["2024-05-01","EMULSÕES ASFÁLTICAS RR-2C","Mato Grosso",3.3375436107294689]
["2024-05-01","EMULSÕES ASFÁLTICAS RR-2C","Mato Grosso do Sul","-"]
["2024-05-01","EMULSÕES ASFÁLTICAS RR-2C","Minas Gerais",2.6237363909337859]
["2024-05-01","EMULSÕES ASFÁLTICAS RR-2C","Pará","-"]
["2024-05-01","EMULSÕES ASFÁLTICAS RR-2C","Paraíba","-"]
["2024-05-01","EMULSÕES ASFÁLTICAS RR-2C","Paraná",2.7211145833023855]
["2024-05-01","EMULSÕES ASFÁLTICAS RR-2C","Pernambuco","-"]
["2024-05-01","EMULSÕES ASFÁLTICAS RR-2C","Piauí","-"]
["2024-05-01","EMULSÕES ASFÁLTICAS RR-2C","Rio de Janeiro","-"]
["2024-05-01","EMULSÕES ASFÁLTICAS RR-2C","Rio Grande do Norte","-"]
["2024-05-01","EMULSÕES ASFÁLTICAS RR-2C","Rio Grande do Sul",2.8027101717490357]
["2024-05-01","EMULSÕES ASFÁLTICAS RR-2C","Rondônia","-"]
["2024-05-01","EMULSÕES ASFÁLTICAS RR-2C","Roraima","-"]
["2024-05-01","EMULSÕES ASFÁLTICAS RR-2C","Santa Catarina","-"]
["2024-05-01","EMULSÕES ASFÁLTICAS RR-2C","São Paulo",2.6727297338456282]
["2024-05-01","EMULSÕES ASFÁLTICAS RR-2C","Sergipe","-"]
["2024-05-01","EMULSÕES ASFÁLTICAS RR-2C","Tocantins",2.6018508264547027]
["2024-06-01","EMULSÕES ASFÁLTICAS RR-2C","Acre","-"]
["2024-06-01","EMULSÕES ASFÁLTICAS RR-2C","Alagoas","-"]
["2024-06-01","EMULSÕES ASFÁLTICAS RR-2C","Amapá","-"]
["2024-06-01","EMULSÕES ASFÁLTICAS RR-2C","Amazonas",3.6174371874171607]
["2024-06-01","EMULSÕES ASFÁLTICAS RR-2C","Bahia","-"]
["2024-06-01","EMULSÕES ASFÁLTICAS RR-2C","Ceará",2.4765828477621596]
["2024-06-01","EMULSÕES ASFÁLTICAS RR-2C","Distrito Federal","-"]
["2024-06-01","EMULSÕES ASFÁLTICAS RR-2C","Espírito Santo","-"]
["2024-06-01","EMULSÕES ASFÁLTICAS RR-2C","Goiás",2.6707784420782139]
["2024-06-01","EMULSÕES ASFÁLTICAS RR-2C","Maranhão","-"]
["2024-06-01","EMULSÕES ASFÁLTICAS RR-2C","Mato Grosso",3.3365856866443457]
["2024-06-01","EMULSÕES ASFÁLTICAS RR-2C","Mato Grosso do Sul",2.7696491527122413]
["2024-06-01","EMULSÕES ASFÁLTICAS RR-2C","Minas Gerais",2.5708771586892714]
["2024-06-01","EMULSÕES ASFÁLTICAS RR-2C","Pará",3.2725561302628736]
["2024-06-01","EMULSÕES ASFÁLTICAS RR-2C","Paraíba","-"]
["2024-06-01","EMULSÕES ASFÁLTICAS RR-2C","Paraná",2.7801035095338702]
["2024-06-01","EMULSÕES ASFÁLTICAS RR-2C","Pernambuco","-"]
["2024-06-01","EMULSÕES ASFÁLTICAS RR-2C","Piauí","-"]
["2024-06-01","EMULSÕES ASFÁLTICAS RR-2C","Rio de Janeiro","-"]
["2024-06-01","EMULSÕES ASFÁLTICAS RR-2C","Rio Grande do Norte","-"]
["2024-06-01","EMULSÕES ASFÁLTICAS RR-2C","Rio Grande do Sul",2.8323497688896473]
["2024-06-01","EMULSÕES ASFÁLTICAS RR-2C","Rondônia","-"]
["2024-06-01","EMULSÕES ASFÁLTICAS RR-2C","Roraima","-"]
["2024-06-01","EMULSÕES ASFÁLTICAS RR-2C","Santa Catarina","-"]
["2024-06-01","EMULSÕES ASFÁLTICAS RR-2C","São Paulo",2.6132436865777655]
["2024-06-01","EMULSÕES ASFÁLTICAS RR-2C","Sergipe","-"]
["2024-06-01","EMULSÕES ASFÁLTICAS RR-2C","Tocantins",2.6162712158642951]
["2024-07-01","EMULSÕES ASFÁLTICAS RR-2C","Acre","-"]
["2024-07-01","EMULSÕES ASFÁLTICAS RR-2C","Alagoas","-"]
["2024-07-01","EMULSÕES ASFÁLTICAS RR-2C","Amapá","-"]
["2024-07-01","EMULSÕES ASFÁLTICAS RR-2C","Amazonas",3.6097103889455915]
["2024-07-01","EMULSÕES ASFÁLTICAS RR-2C","Bahia","-"]
["2024-07-01","EMULSÕES ASFÁLTICAS RR-2C","Ceará",2.6963978739691052]
["2024-07-01","EMULSÕES ASFÁLTICAS RR-2C","Distrito Federal","-"]
["2024-07-01","EMULSÕES ASFÁLTICAS RR-2C","Espírito Santo","-"]
["2024-07-01","EMULSÕES ASFÁLTICAS RR-2C","Goiás",2.887972464140856]
["2024-07-01","EMULSÕES ASFÁLTICAS RR-2C","Maranhão","-"]
["2024-07-01","EMULSÕES ASFÁLTICAS RR-2C","Mato Grosso",3.3975805975907254]
["2024-07-01","EMULSÕES ASFÁLTICAS RR-2C","Mato Grosso do Sul",2.9021389342926072]
["2024-07-01","EMULSÕES ASFÁLTICAS RR-2C","Minas Gerais",2.7498110056438207]
["2024-07-01","EMULSÕES ASFÁLTICAS RR-2C","Pará",3.3322321332470461]
["2024-07-01","EMULSÕES ASFÁLTICAS RR-2C","Paraíba","-"]
["2024-07-01","EMULSÕES ASFÁLTICAS RR-2C","Paraná",2.7171109121095545]
["2024-07-01","EMULSÕES ASFÁLTICAS RR-2C","Pernambuco","-"]
["2024-07-01","EMULSÕES ASFÁLTICAS RR-2C","Piauí","-"]
["2024-07-01","EMULSÕES ASFÁLTICAS RR-2C","Rio de Janeiro","-"]
["2024-07-01","EMULSÕES ASFÁLTICAS RR-2C","Rio Grande do Norte","-"]
["2024-07-01","EMULSÕES ASFÁLTICAS RR-2C","Rio Grande do Sul",2.7370878896555992]
["2024-07-01","EMULSÕES ASFÁLTICAS RR-2C","Rondônia","-"]
["2024-07-01","EMULSÕES ASFÁLTICAS RR-2C","Roraima","-"]
["2024-07-01","EMULSÕES ASFÁLTICAS RR-2C","Santa Catarina","-"]
["2024-07-01","EMULSÕES ASFÁLTICAS RR-2C","São Paulo",2.6712965257213921]
["2024-07-01","EMULSÕES ASFÁLTICAS RR-2C","Sergipe","-"]
["2024-07-01","EMULSÕES ASFÁLTICAS RR-2C","Tocantins","-"]
["Nota 1: Preços à vista, sem frete, com todos os impostos inclusos, à exceção do ICMS, do PIS/Pasep e da Cofins."]
["Nota 2: As informações são baseadas em dados preliminares, portanto sujeitos a reprocessamento por parte dos informantes nos moldes da Resolução ANP nº 729/2018."]
["Nota 3: Quando não houver declaração de venda do produto selecionado, ou quando a declaração de venda do produto ocorrer por menos de 03 (três) distribuidoras, a tabela indicará campo vazio."]

{"sheet":"ANP REGIÃO","index":19,"n_rows":4804,"n_cols":8,"rows_kept":4804,"cut":false,"hidden":false,"merged":[[4,11,4,17],[5,0,5,7]]}
["                       Agência Nacional do Petróleo, Gás Natural e Biocombustíveis"]
["                       Superintendência de Defesa da Concorrência"]
[]
[]
[]
["PREÇO MÉDIO MENSAL PONDERADO PRATICADO PELOS DISTRIBUIDORES DE PRODUTOS ASFÁLTICOS (R$/KG)"]
[]
["Produto","Mês","Norte","Nordeste","Centro-Oeste","Sudeste","Sul","Brasil"]
["ASFALTOS DILUÍDOS CM-30","2008-11-01",1.775468291899861,1.5508785295550009,2.0221432912585158,1.5544936696294056,1.5845328987092044,1.6428683696170379]
["ASFALTOS DILUÍDOS CM-30","2008-12-01",1.80683766686717,1.5091181918292929,2.0130201238521468,1.6109022231682415,1.6071875906046897,1.6375814707941805]
["ASFALTOS DILUÍDOS CM-30","2009-01-01",1.4970528576078774,1.5042963456495586,1.9630976707497438,1.5246722466199356,1.5851372087870144,1.5649458764763875]
["ASFALTOS DILUÍDOS CM-30","2009-02-01",1.4278711198662986,1.4976932831487411,1.9810650983822149,1.5834902312199159,1.595924062030226,1.5654510357834286]
["ASFALTOS DILUÍDOS CM-30","2009-03-01",1.4049414048856463,1.4976479867054073,1.8934302630295043,1.5275478196284176,1.5887200290570365,1.5327131466676831]
["ASFALTOS DILUÍDOS CM-30","2009-04-01",1.4105107475190612,1.4848262612397407,1.9092264287169598,1.4641493705796398,1.5538319284966349,1.5167176477872968]
["ASFALTOS DILUÍDOS CM-30","2009-05-01",1.4803556782469789,1.4668989281041607,1.89159043509598,1.4354437183828608,1.5416111798697305,1.5375743709266867]
["ASFALTOS DILUÍDOS CM-30","2009-06-01",1.5807510393097999,1.4448888371048489,1.8420741185475011,1.4242643148786893,1.5015266955745987,1.5413155753604335]
["ASFALTOS DILUÍDOS CM-30","2009-07-01",1.9054324764830874,1.4826182113007118,1.9490463446662596,1.5844352989750978,1.6103104362752931,1.6510325227966944]
["ASFALTOS DILUÍDOS CM-30","2009-08-01",1.716995183945121,1.4238549146732382,1.7123854783999459,1.4180008053082402,1.5206434973011045,1.5049114686211891]
["ASFALTOS DILUÍDOS CM-30","2009-09-01",1.6432949399073242,1.4453177609909018,1.7315188027842841,1.4193742513482777,1.5007358948821043,1.5055231197075323]
["ASFALTOS DILUÍDOS CM-30","2009-10-01",1.5880319242410621,1.4589326485129228,1.7620150557658878,1.4290244192068808,1.513753830896174,1.5116819041243308]
["ASFALTOS DILUÍDOS CM-30","2009-11-01",1.6393486036846736,1.4490597772941349,1.772650816856568,1.4341226770121553,1.5260431884539487,1.4996573923995862]
["ASFALTOS DILUÍDOS CM-30","2009-12-01",1.6642668525686795,1.4419666364804922,1.8905748020937783,1.429077727129088,1.5205393340203053,1.5088645979107518]
["ASFALTOS DILUÍDOS CM-30","2010-01-01",1.8425061442306077,1.4549771288677129,1.8650224473705366,1.4148176084557305,1.47445076513561,1.4977352271212736]
["ASFALTOS DILUÍDOS CM-30","2010-02-01",1.7098869153976686,1.4429564872331433,1.9198447411040516,1.4331462505851911,1.5008824478877547,1.4965422507909685]
["ASFALTOS DILUÍDOS CM-30","2010-03-01",1.5357434160141068,1.4488804992636382,1.9350627276766812,1.4350261163298175,1.4806186347273496,1.4867898022700077]
["ASFALTOS DILUÍDOS CM-30","2010-04-01",1.7100464793642653,1.4403002542747241,1.9119359608628461,1.4211021532045538,1.4812709367206716,1.5110864313452355]
["ASFALTOS DILUÍDOS CM-30","2010-05-01",1.7556104652601585,1.4352772207874813,1.8732938887963368,1.4069444319626079,1.4817760495024754,1.5371705654397583]
["ASFALTOS DILUÍDOS CM-30","2010-06-01",1.60222431364512,1.3960043359825052,1.731734721489826,1.3999962270804711,1.4919396204893465,1.4980734181535011]
["ASFALTOS DILUÍDOS CM-30","2010-07-01",1.5599016265733592,1.3810167084919864,1.7326882139830364,1.4029048556103791,1.4738544273665888,1.490075269458577]
["ASFALTOS DILUÍDOS CM-30","2010-08-01",1.5266393894179686,1.3881783604979265,1.7389460865755895,1.3987512362214454,1.4557498491251644,1.4958285155236237]
["ASFALTOS DILUÍDOS CM-30","2010-09-01",1.5653788291827495,1.4082046639368928,1.7570273782082926,1.411642875301925,1.4872577446280604,1.5122571279255641]
["ASFALTOS DILUÍDOS CM-30","2010-10-01",1.4817112940719965,1.4043577151639275,1.7511599466056109,1.403489436635176,1.4693408470419445,1.4998882602776933]
["ASFALTOS DILUÍDOS CM-30","2010-11-01",1.5192676718720106,1.4101309036969292,1.7794056254202684,1.4212838216245705,1.4585591123489405,1.4816586349871581]
["ASFALTOS DILUÍDOS CM-30","2010-12-01",1.5592875556846306,1.4098205101455943,1.8251856182643107,1.4176735724266665,1.4732438844109985,1.4691130309482876]
["ASFALTOS DILUÍDOS CM-30","2011-01-01",1.5259233049696748,1.4457940919018251,1.7746009235903832,1.4032742348206362,1.4660028138910168,1.4572560662014229]
["ASFALTOS DILUÍDOS CM-30","2011-02-01",1.5528251122422341,1.3920942592280916,1.7638361229571986,1.3851949371119521,1.4495588401983606,1.4262504783251191]
["ASFALTOS DILUÍDOS CM-30","2011-03-01",1.4692196925544694,1.369442916392615,1.6960179222585858,1.3538128040962221,1.4351706939633142,1.4001302489914176]
["ASFALTOS DILUÍDOS CM-30","2011-04-01",1.4705702617293523,1.3732204915693953,1.6508293935641825,1.3459281034814121,1.4219989396776103,1.4004935219520107]
["ASFALTOS DILUÍDOS CM-30","2011-05-01",1.4285289552102927,1.3226462666512504,1.700380912624452,1.3450681632968498,1.4393614312493497,1.4280580185794016]
["ASFALTOS DILUÍDOS CM-30","2011-06-01",1.4076221633546719,1.3057086567980729,1.7418436691513794,1.3546204948730511,1.399501692726387,1.4402998200984294]
["ASFALTOS DILUÍDOS CM-30","2011-07-01",1.2592340651332123,1.3120333050376822,1.737489695700698,1.3365638802479902,1.4224748872744075,1.420839252438473]
["ASFALTOS DILUÍDOS CM-30","2011-08-01",1.4706800609788393,1.2997787645934575,1.7274434847201194,1.3414778214791121,1.353018351786835,1.4256755337309983]
["ASFALTOS DILUÍDOS CM-30","2011-09-01",1.5613287195812997,1.3211960841365165,1.7298215476496697,1.3574514832033793,1.3956847977155606,1.4552024134611556]
["ASFALTOS DILUÍDOS CM-30","2011-10-01",1.5205697215342968,1.3262187355451922,1.7173804596917086,1.3326913923266841,1.3577774002014775,1.4422958710201133]
["ASFALTOS DILUÍDOS CM-30","2011-11-01",1.4658863342192192,1.3370411535561173,1.7410048856130245,1.3454861032743028,1.4475805650916878,1.4453541374392815]
["ASFALTOS DILUÍDOS CM-30","2011-12-01",1.4708838986818675,1.335587636015594,1.778724141037564,1.4082930677979837,1.4281123057372698,1.4224186038046347]
["ASFALTOS DILUÍDOS CM-30","2012-01-01",1.384955015343784,1.3501301556511212,1.7807838826602391,1.4213541069575866,1.4303524742082805,1.3946581672576805]
["ASFALTOS DILUÍDOS CM-30","2012-02-01",1.3321816775968491,1.3681438910682722,1.7410203936345245,1.4002009849686847,1.4254009857295182,1.4106057073584115]
["ASFALTOS DILUÍDOS CM-30","2012-03-01",1.4116218672253591,1.3491222141696635,1.6200960057076521,1.3932957641863888,1.4061305685364243,1.4097687857718448]
["ASFALTOS DILUÍDOS CM-30","2012-04-01",1.5490079115367077,1.3839764564229082,1.6407127520439628,1.4047163969885328,1.4406177932909374,1.4560848195158143]
["ASFALTOS DILUÍDOS CM-30","2012-05-01",1.5961789407631797,1.3863622723418332,1.7120611831014076,1.3992395496323984,1.4483508871038364,1.4984619690114278]
["ASFALTOS DILUÍDOS CM-30","2012-06-01",1.7014325756300936,1.3880535176053643,1.7403520072135485,1.4221187493315077,1.4491960719572869,1.5277227168892671]
["ASFALTOS DILUÍDOS CM-30","2012-07-01",1.6520267416801246,1.394368570348399,1.7186448460973875,1.4396702606544556,1.4618756698398216,1.5230691585214196]
["ASFALTOS DILUÍDOS CM-30","2012-08-01",1.6899988348486508,1.4033378504117666,1.7418950411875969,1.4217233694882419,1.4456857990864684,1.5365330783907734]
["ASFALTOS DILUÍDOS CM-30","2012-09-01",1.6901779719756052,1.4215000029945404,1.7809207242542573,1.4451804324814792,1.483645866209568,1.5494106529483214]
["ASFALTOS DILUÍDOS CM-30","2012-10-01",1.5748403417735901,1.4170661089937784,1.7948320359386707,1.4513045256427093,1.4820371089264335,1.5506318015756093]
["ASFALTOS DILUÍDOS CM-30","2012-11-01",1.6551635257231672,1.4558787477556379,1.8401297664388181,1.4612046147024229,1.483499722440758,1.5525007759277432]
["ASFALTOS DILUÍDOS CM-30","2012-12-01",1.7148761252476299,1.4358547414042895,1.8040665730235492,1.4522276502894624,1.5094176484265767,1.52341199897343]
["ASFALTOS DILUÍDOS CM-30","2013-01-01",1.49577633531191,1.4494945882804569,1.854050524926971,1.4463875204232581,1.5637536746433771,1.5021372585515669]
["ASFALTOS DILUÍDOS CM-30","2013-02-01",1.6350676663292762,1.4206096380056286,1.7310714983768278,1.4427463556625959,1.4618284045231364,1.4739560998096293]
["ASFALTOS DILUÍDOS CM-30","2013-03-01",1.6462290983770218,1.4132999826764656,1.8382808702142501,1.450015151581231,1.525760413213191,1.5065429040275125]
["ASFALTOS DILUÍDOS CM-30","2013-04-01",1.5818644742095733,1.3991895644616681,1.7938251131572354,1.4587047548011667,1.5519137019638134,1.5236236356982658]
["ASFALTOS DILUÍDOS CM-30","2013-05-01",1.8156467734021038,1.3901435173573402,1.8127833125555952,1.4495105198760894,1.5042334570917104,1.5499185916148586]
["ASFALTOS DILUÍDOS CM-30","2013-06-01",1.631101583269406,1.3831865363493894,1.8166421053117843,1.4742326405210737,1.5030436887514047,1.5810494287432473]
["ASFALTOS DILUÍDOS CM-30","2013-07-01",1.8659656299136016,1.4220511166820584,1.7930727534993904,1.4980188082141952,1.5333919012130266,1.5988051300497286]
["ASFALTOS DILUÍDOS CM-30","2013-08-01",1.7003255463797664,1.4350944152129526,1.8214526135394096,1.5117228677125905,1.5307935959615016,1.606176585023563]
["ASFALTOS DILUÍDOS CM-30","2013-09-01",1.5628737334467784,1.472197747846397,1.8798427121896333,1.5426528666514732,1.4906675433518579,1.6279458927397024]
["ASFALTOS DILUÍDOS CM-30","2013-10-01",1.6485040126782045,1.4721523452379741,1.8254949973735879,1.5011776822532599,1.4837891199596089,1.5975387750854628]
["ASFALTOS DILUÍDOS CM-30","2013-11-01",1.6191790616802137,1.4864133172033092,1.8440126788718751,1.4963268091994695,1.5060968778685144,1.5816658440637181]
["ASFALTOS DILUÍDOS CM-30","2013-12-01",1.6333582932936324,1.4948180974693182,1.8971971755011852,1.502864537815453,1.5170742961572261,1.5724752435084501]
["ASFALTOS DILUÍDOS CM-30","2014-01-01",1.6883112645542433,1.4941813053237418,1.798355903301921,1.484202293006369,1.5333538127163482,1.5429097373917113]
["ASFALTOS DILUÍDOS CM-30","2014-02-01",1.5983044344318567,1.4797065865711037,1.8143902154874776,1.5148293924294436,1.5228005876490054,1.5289702872818669]
["ASFALTOS DILUÍDOS CM-30","2014-03-01",1.6482876867145917,1.4728525009148317,1.7665731898758721,1.51302067306437,1.506185247658631,1.5301811776597249]
["ASFALTOS DILUÍDOS CM-30","2014-04-01",1.5344599867413866,1.4938987674094668,1.7572712776570749,1.5330213089948712,1.5242752737653176,1.5505663052842342]
["ASFALTOS DILUÍDOS CM-30","2014-05-01",1.5865832695017912,1.490834685405561,1.8043392514922791,1.5011381313711198,1.5670438242902647,1.5864522723947623]
["ASFALTOS DILUÍDOS CM-30","2014-06-01",1.6582771641997771,1.505801121088334,1.8395934446217679,1.5068631996744923,1.5237769525751934,1.6360707022927903]
["ASFALTOS DILUÍDOS CM-30","2014-07-01",1.8902995420863991,1.5007305138567979,1.708277865154757,1.4872939638147142,1.5059560688747375,1.5870651583370865]
["ASFALTOS DILUÍDOS CM-30","2014-08-01",1.6327418316997406,1.5019453239585232,1.6712031892731514,1.4823593406142497,1.5063273663854013,1.5579103773244307]
["ASFALTOS DILUÍDOS CM-30","2014-09-01",1.6695671702572692,1.5468304268817521,1.8647970160765246,1.4967645846910873,1.5705332417802202,1.6392810567885523]
["ASFALTOS DILUÍDOS CM-30","2014-10-01",1.7428769161761999,1.5089785690064217,1.7466504658087405,1.4707736452826126,1.4542734619226698,1.5791202203838035]
["ASFALTOS DILUÍDOS CM-30","2014-11-01",1.8647234193559832,1.5794305899027268,1.7491562181382097,1.4650844794435072,1.5291479878657286,1.6013598210971371]
["ASFALTOS DILUÍDOS CM-30","2014-12-01",1.8126719141051084,1.7048443484755709,1.9633100661617373,1.6236767016868801,1.6496446594888365,1.7188269809751979]
["ASFALTOS DILUÍDOS CM-30","2015-01-01",2.154807062237857,2.0237604465992796,2.318863736250087,1.866588966995945,1.8983804341416592,2.0077920317642164]
["ASFALTOS DILUÍDOS CM-30","2015-02-01",2.2602386249872826,2.005673765479961,2.39387576246911,1.8545197659023895,1.9273951074271198,2.0076537808820922]
["ASFALTOS DILUÍDOS CM-30","2015-03-01",2.1241764622724171,1.9688228488157713,2.2796432544485605,1.8877609106191235,1.9302171448271557,1.984816915690029]
["ASFALTOS DILUÍDOS CM-30","2015-04-01",2.0300495054839325,2.0015064478681905,2.3791189033714564,1.8524516695799333,1.9490252540308453,1.9806432104751772]
["ASFALTOS DILUÍDOS CM-30","2015-05-01",2.5072716513000879,1.946869908478553,2.2547581921999282,1.8074700012302962,2.0169295357804549,2.0054742341523029]
["ASFALTOS DILUÍDOS CM-30","2015-06-01",2.2483200417790403,1.9442597359725537,2.314331795603183,1.8469985947421261,1.9685651248900617,2.0425813437783229]
["ASFALTOS DILUÍDOS CM-30","2015-07-01",1.9922227576683553,1.9927916353986852,2.0467699532446439,1.7826486032573374,1.9316713850081439,1.9426273617200946]
["ASFALTOS DILUÍDOS CM-30","2015-08-01",2.3076059306822145,2.0380891268644983,2.2527481047097249,1.8280977048256251,1.9398244806048379,2.0819361602892656]
["ASFALTOS DILUÍDOS CM-30","2015-09-01",2.3142897041654931,2.0953075310397593,2.3445619869158953,1.9425510907359305,2.0053526142838649,2.1681755414132606]
["ASFALTOS DILUÍDOS CM-30","2015-10-01",2.3294566633542768,2.1705700120210771,2.4327301201697984,2.0356247510661434,2.1102611483942613,2.2375337815870444]
["ASFALTOS DILUÍDOS CM-30","2015-11-01",2.6060565663351674,2.4370983039590906,2.7116121412222856,2.2801138962695355,2.3264462967814099,2.4749987807903859]
["ASFALTOS DILUÍDOS CM-30","2015-12-01",2.6353740059557738,2.3959203086990479,2.6935283855254926,2.2725281293578652,2.3307406587865764,2.4528481564555822]
["ASFALTOS DILUÍDOS CM-30","2016-01-01",2.715863992571296,2.3738616473830558,2.8446706021403423,2.2636506579710223,2.232631691292259,2.4005633937967046]
["ASFALTOS DILUÍDOS CM-30","2016-02-01",2.8046831597962023,2.4668468163062847,2.7917870068634194,2.295637115076373,2.3465561728531039,2.4643485483679339]
["ASFALTOS DILUÍDOS CM-30","2016-03-01",2.5805021000515591,2.4706787528282432,2.707688024686739,2.2353019985078908,2.3831159721317374,2.4235639243350886]
["ASFALTOS DILUÍDOS CM-30","2016-04-01",2.9420063117520159,2.7407420323357798,2.7590718549873894,2.5444391782568454,2.7107516320277951,2.6802748334258815]
["ASFALTOS DILUÍDOS CM-30","2016-05-01",3.010579472190499,2.6502770473378652,2.8571213606999692,2.5755831524603727,2.7704133622011731,2.7097332699628347]
["ASFALTOS DILUÍDOS CM-30","2016-06-01",2.9091798437334044,2.6213850410237809,2.9434872809731996,2.6591095151444502,2.6847595547587253,2.7436195168269588]
["ASFALTOS DILUÍDOS CM-30","2016-07-01",2.9857403807234846,2.5916440449052458,2.9892780300364516,2.6043965993959093,2.6608844226339654,2.7451355392858749]
["ASFALTOS DILUÍDOS CM-30","2016-08-01",2.9352439186814849,2.6239173289893882,2.9704908538915533,2.6794865035270106,2.7270256489201157,2.7813859621875383]
["ASFALTOS DILUÍDOS CM-30","2016-09-01",2.6491368213054933,2.5210548514543203,2.78158392467622,2.5139331302502899,2.3712715009846734,2.5956171278003044]
["ASFALTOS DILUÍDOS CM-30","2016-10-01",2.6261092565318918,2.4444690926263486,2.7816178727337073,2.5073831267842106,2.3832539904481074,2.5669990365978546]
["ASFALTOS DILUÍDOS CM-30","2016-11-01",2.5350874082568811,2.3741455271406773,2.9527686743670913,2.4812637646203957,2.3822067705600443,2.5428423663590056]
["ASFALTOS DILUÍDOS CM-30","2016-12-01",2.5003910703638921,2.2534134827852079,3.0385194580992274,2.5894388924802212,2.3955934236287195,2.4764392949644827]
["ASFALTOS DILUÍDOS CM-30","2017-01-01",2.3928755043294307,2.2326956737638795,3.0890809705267994,2.5357440394357544,2.3786948325024055,2.3742161919082898]
["ASFALTOS DILUÍDOS CM-30","2017-02-01",2.6803941399450149,2.2718972247441918,2.7644080315024548,2.5739336852397301,2.3846443980420249,2.4707214660150472]
["ASFALTOS DILUÍDOS CM-30","2017-03-01",2.2388412099546269,2.3869580790455664,2.6672202519696859,2.3721659474968226,2.3012188699930101,2.3787969856691022]
["ASFALTOS DILUÍDOS CM-30","2017-04-01",2.4201913984483658,2.3079695958724997,2.7940930144417431,2.2584099120969205,2.2564342971186231,2.3802684836931283]
["ASFALTOS DILUÍDOS CM-30","2017-05-01",2.4321066924406174,2.1679191277081702,2.6998369361907812,2.2553871917774004,2.2040269576345812,2.3615159091526872]
["ASFALTOS DILUÍDOS CM-30","2017-06-01",2.428301776188067,2.1819386891073642,2.7566720547790053,2.2345490215052068,2.3057785455472466,2.4455345302470208]
["ASFALTOS DILUÍDOS CM-30","2017-07-01",2.4537520606647312,2.2180753339264268,2.6946250217879819,2.4143292471305724,2.269601101789303,2.4734361063107033]
["ASFALTOS DILUÍDOS CM-30","2017-08-01",2.4479309760126604,2.1531120307177778,2.5953499516022815,2.3029190650855029,2.1701486665824552,2.380876423356896]
["ASFALTOS DILUÍDOS CM-30","2017-09-01",2.4945515044767554,2.1424398904201269,2.6231665031840565,2.3713080947914027,2.3036985067925064,2.3935422037636651]
["ASFALTOS DILUÍDOS CM-30","2017-10-01",2.349953943689814,2.1805600401416361,2.6141609567384387,2.4152549616620149,2.200795730162767,2.3679471208081657]
["ASFALTOS DILUÍDOS CM-30","2017-11-01",2.6701269906215921,2.4331691952027654,2.9086274641315479,2.5846948203371722,2.4151927087938279,2.6021013475834995]
["ASFALTOS DILUÍDOS CM-30","2017-12-01",2.5873526446779471,2.4253588817071559,2.9066337647932516,2.6028902977101533,2.4228897602441153,2.5317644644161175]
["ASFALTOS DILUÍDOS CM-30","2018-01-01",2.9503607547256228,2.6628629232060117,2.8759539934329186,2.6207384835627527,2.6469552515293611,2.7359563685933406]
["ASFALTOS DILUÍDOS CM-30","2018-02-01",2.6778995674574793,2.6724981640636885,2.9425954737982054,2.6204311297861467,2.5678856622288615,2.6683699327588881]
["ASFALTOS DILUÍDOS CM-30","2018-03-01",2.733363024842264,2.5890500217484171,2.8091725563599068,2.5619283929800578,2.5759460667688168,2.634876583533114]
["ASFALTOS DILUÍDOS CM-30","2018-04-01",2.7578011203975832,2.6695536015406049,2.7739082417039715,2.5954700600355576,2.5560423937698191,2.6643301999713014]
["ASFALTOS DILUÍDOS CM-30","2018-05-01",2.8412133622510223,2.6720258770016354,2.8845014821466051,2.6867180206320227,2.7364851031644366,2.7773789604101013]
["ASFALTOS DILUÍDOS CM-30","2018-06-01",3.0084447893246131,2.9196051783300918,3.1584548861308823,2.8467310801924182,2.9535239926489307,2.9822916346015909]
["ASFALTOS DILUÍDOS CM-30","2018-07-01",3.2682375492400708,3.0365240944190606,3.3993603985117833,3.0264675982736886,3.1977963096372659,3.1641265459600993]
["ASFALTOS DILUÍDOS CM-30","2018-08-01",3.5644131503767484,3.4151937693257381,3.7077062061816197,3.4250793489604385,3.3567224608647508,3.5155581124678132]
["ASFALTOS DILUÍDOS CM-30","2018-09-01",3.1739137775700708,3.4450641183998139,3.7352632395133192,3.3858161855531033,3.6073094538422108,3.4832384285860498]
["ASFALTOS DILUÍDOS CM-30","2018-10-01",3.4877781194032069,3.4605088037184499,3.7214440570019267,3.4325255648574613,3.6060208798740816,3.5453903440278856]
["ASFALTOS DILUÍDOS CM-30","2018-11-01",4.0472724835013763,3.8148933123426594,4.2801315857990856,4.1781267770448416,3.9676813672082725,3.9901471831919757]
["ASFALTOS DILUÍDOS CM-30","2018-12-01",3.9514911464300919,3.9671131945586988,4.3411442016061494,3.9167660661459327,3.9119933573908625,3.9997426540972283]
["ASFALTOS DILUÍDOS CM-30","2019-01-01",3.796855325440335,3.8700188889547351,4.2019017623856101,3.9541969966832955,3.9767860281367571,3.9339519113451713]
["ASFALTOS DILUÍDOS CM-30","2019-02-01",3.5165840732068481,4.0903611784584326,4.4984229528632644,4.4699424754083799,4.254590254190048,4.1885446787899623]
["ASFALTOS DILUÍDOS CM-30","2019-03-01",4.2167581170154946,4.361910727690451,4.9071948885050256,4.3987177285672878,4.2908239224565268,4.3602952785677864]
["ASFALTOS DILUÍDOS CM-30","2019-04-01",4.2816482053830862,4.2346614282381783,4.5316272152415111,4.4372265298088944,4.4668814710532265,4.3808204400429531]
["ASFALTOS DILUÍDOS CM-30","2019-05-01",4.2876446588586026,4.1906997381607392,4.8579108723037878,4.2674619632317254,4.6338063794549269,4.3664021512935012]
["ASFALTOS DILUÍDOS CM-30","2019-06-01",4.4756098919574763,3.9650529338558584,4.6627293398156695,4.3506006040881262,4.2112299208130288,4.3193236685829213]
["ASFALTOS DILUÍDOS CM-30","2019-07-01",4.3944989892750694,4.0580393046576262,4.8342219453142432,4.0946594136123524,4.2330032812984593,4.3469777568824259]
["ASFALTOS DILUÍDOS CM-30","2019-08-01",4.4817350398715394,3.9106624961596284,4.5763290808844896,4.1116165400705285,4.2554199851288832,4.2583450834425163]
["ASFALTOS DILUÍDOS CM-30","2019-09-01",4.4395787959021016,3.8599048964692,4.4952569677016117,4.1113214746306284,4.1173591515128498,4.2516070851894359]
["ASFALTOS DILUÍDOS CM-30","2019-10-01",4.3358886308542965,3.7723249620168713,4.4592423566364383,4.0560841149779971,3.9424580110701513,4.0774070200824255]
["ASFALTOS DILUÍDOS CM-30","2019-11-01",4.3162386923616687,3.9102455086162249,4.5818410769751399,4.0790240402787017,4.1066212744862112,4.0945612118040993]
["ASFALTOS DILUÍDOS CM-30","2019-12-01",4.1994359723448076,3.9801196625114534,4.6737748050882244,4.4342681423617796,3.9864103120620888,4.1646916164145047]
["ASFALTOS DILUÍDOS CM-30","2020-01-01",3.5929800297386127,3.8953206167915009,4.6854206234146343,4.3870746736704653,4.1244676680570382,4.053338937317176]
["ASFALTOS DILUÍDOS CM-30","2020-02-01",3.6426670163866413,3.8773951868791743,4.4381945434057508,3.6999446067471551,3.7781640114379087,3.8390104382859813]
["ASFALTOS DILUÍDOS CM-30","2020-03-01",4.6766683387540651,3.7911389770150254,4.2892223433757142,3.7184027336226184,3.6090861904150624,3.931170680085633]
["ASFALTOS DILUÍDOS CM-30","2020-04-01",4.3133628366737744,3.695765500307409,4.255395320746711,3.8658955306474549,3.7322533821170811,3.9641252109102116]
["ASFALTOS DILUÍDOS CM-30","2020-05-01",3.2491346579639497,3.6377699124207261,4.1135448820979521,3.7605500263874698,3.7106180989773567,3.6561750396403685]
["ASFALTOS DILUÍDOS CM-30","2020-06-01",4.0179030762543011,3.5670314916963957,4.2773691709380897,3.9378864851716089,3.6258300686208402,3.9245245060979554]
["ASFALTOS DILUÍDOS CM-30","2020-07-01",3.8404975092031708,3.5132704799925611,4.2154906897750486,3.9542238856372385,3.6888412749164861,3.8437744484666765]
["ASFALTOS DILUÍDOS CM-30","2020-08-01",4.1744672026234504,3.4653942193101739,4.2777102112355543,4.0674649403157481,3.6285886300574681,3.9471669167665953]
["ASFALTOS DILUÍDOS CM-30","2020-09-01",4.1673713305130189,3.7463608159296071,4.1674243560753164,3.795621791459133,3.6277299350208518,3.9731299454309621]
["ASFALTOS DILUÍDOS CM-30","2020-10-01",4.4080995270258247,3.7189898780058752,4.2789791922752292,4.0087469056209644,3.591048182814105,4.0396437701408869]
["ASFALTOS DILUÍDOS CM-30","2020-11-01",4.056306005875463,3.969209280824523,4.5479008925173545,4.2794554204004482,3.9733472444131079,4.1758261487573911]
["ASFALTOS DILUÍDOS CM-30","2020-12-01",4.1320641381592349,3.8516327512549782,4.4267043859560493,3.9062364218750001,3.8709398004987534,4.0353473741436776]
["ASFALTOS DILUÍDOS CM-30","2021-01-01",3.4898363334540634,3.9515259365843449,4.6282697015940615,4.0115770110932818,3.9351366380221178,3.9170923908491697]
["ASFALTOS DILUÍDOS CM-30","2021-02-01",4.0993181160271339,4.2671095227980738,4.8320616154999163,4.4142027055929844,4.1490489316030832,4.2681970400244511]
["ASFALTOS DILUÍDOS CM-30","2021-03-01",4.5283557922342821,4.2398317306284641,4.9263145623389848,4.269697838632478,4.130655409148801,4.3778337851486215]
["ASFALTOS DILUÍDOS CM-30","2021-04-01",4.3492718667699455,4.086995153956086,4.4775975223329212,4.1561133984777809,4.0441898216789101,4.2533617978714497]
["ASFALTOS DILUÍDOS CM-30","2021-05-01",4.4888894130685344,4.7079458152476352,5.1014896859269019,4.7840348955761325,4.5239866147826087,4.7905480845000747]
["ASFALTOS DILUÍDOS CM-30","2021-06-01",4.0104677110157372,4.4795921263082565,5.1130412121877136,4.7797399051560605,4.721214306605324,4.7648908843603293]
["ASFALTOS DILUÍDOS CM-30","2021-07-01",4.752234128166914,4.5593505060051864,5.0047582828911885,4.8027297199751091,4.7485506777572404,4.8175860470307148]
["ASFALTOS DILUÍDOS CM-30","2021-08-01",5.0852845318795925,4.7725012554966746,5.1985371416166712,5.2447352585460836,4.7613117496679944,5.0981691998909247]
["ASFALTOS DILUÍDOS CM-30","2021-09-01",5.1103002666714392,4.5380723645606951,5.2417211851326178,5.0171441968029349,4.8628612446892214,5.0169588861348151]
["ASFALTOS DILUÍDOS CM-30","2021-10-01",5.0806972614480195,4.668267419725785,5.119544199434471,5.384779064720119,4.6585164317148839,5.0212943116089832]
["ASFALTOS DILUÍDOS CM-30","2021-11-01",5.4365187533430426,5.0877678096084091,5.150063985365855,5.6342578836213262,5.1745301312734,5.228141289314542]
["ASFALTOS DILUÍDOS CM-30","2021-12-01",5.1842913863822799,4.9754869746435961,5.5721222512344166,6.1356552053102806,5.0118099196141479,5.3395658014179279]
["ASFALTOS DILUÍDOS CM-30","2022-01-01",4.9281919741255393,5.0235556226626787,6.0184075115776476,5.2147730264088663,5.4819792438642301,5.2507896788533772]
["ASFALTOS DILUÍDOS CM-30","2022-02-01",5.5456841887543158,5.7086284128952265,6.011065894160585,4.8651,5.7633671471135939,5.7360574279908949]
["ASFALTOS DILUÍDOS CM-30","2022-03-01",6.326844734544073,5.6446879044140807,5.9308072252475252,6.1811411426079372,5.4980416823056304,5.9227810376852732]
["ASFALTOS DILUÍDOS CM-30","2022-04-01",5.9742206806482363,5.8327473242923862,6.2066926146167143,5.720329996738422,6.1780029101899832,6.012354228732443]
["ASFALTOS DILUÍDOS CM-30","2022-05-01",5.3540155864053514,5.4643353093295337,6.0076116392395544,5.9950955829778598,5.4909500902222943,5.6707227436676151]
["ASFALTOS DILUÍDOS CM-30","2022-06-01",5.8024437980978982,5.3169642029150532,5.2526788904331729,5.8139315181077107,5.644996327649209,5.469498686629418]
["ASFALTOS DILUÍDOS CM-30","2022-07-01",5.9656147650299394,5.8293148785416005,5.9190997106894132,5.7424847752856536,5.6744305431680342,5.8620207016825967]
["ASFALTOS DILUÍDOS CM-30","2022-08-01",6.4242304633121403,5.7582568777084298,5.7523528425340276,5.7919053521795947,5.3127172396617626,5.8231860506201825]
["ASFALTOS DILUÍDOS CM-30","2022-09-01",5.5400970738727207,5.6099216185135523,5.9635924887053049,5.3021811937774777,4.9779291607226188,5.6994299207939951]
["ASFALTOS DILUÍDOS CM-30","2022-10-01",4.7856709989976602,4.7275210937576615,5.3391051467024848,4.8511600071415808,4.5325805131069403,5.0416617153352234]
["ASFALTOS DILUÍDOS CM-30","2022-11-01",7.7658559225776544,4.7756549822430978,5.2376261274762639,4.6363831377551019,4.4605931787998525,5.0749938622493769]
["ASFALTOS DILUÍDOS CM-30","2022-12-01",4.6572500000000003,4.9669053619704666,5.6551615535897968,4.8409356716417911,4.6610078614476942,5.1132494896259093]
["ASFALTOS DILUÍDOS CM-30","2023-01-01",4.9489503194263369,5.0562649220892126,5.3595979656070876,4.4264979589428979,4.1032678882694276,4.7156051288638947]
["ASFALTOS DILUÍDOS CM-30","2023-02-01",5.4074946666666666,4.3357711953065854,4.7466466007882886,4.6748847269736844,4.0145471734505751,4.4178007361899621]
["ASFALTOS DILUÍDOS CM-30","2023-03-01",4.9913099999999995,4.0135491198476396,4.7462502799274482,4.0807193704746583,4.0824849538172883,4.2703457233889024]
["ASFALTOS DILUÍDOS CM-30","2023-04-01",4.4384790147401088,4.0942013541234976,5.1358161857876716,4.3682650946372243,3.8593081492264183,4.1538187971295137]
["ASFALTOS DILUÍDOS CM-30","2023-05-01",5.0185892968749997,4.5062826432970153,5.6166382927268126,4.0347569254562323,4.0637017171681284,4.686492724584018]
["ASFALTOS DILUÍDOS CM-30","2023-06-01",4.4396445256166981,4.4958053542941228,5.2281745243523305,3.7720287448015117,4.009042073315273,4.5880451479802309]
["ASFALTOS DILUÍDOS CM-30","2023-07-01",4.3603993517100559,4.2501876337265845,6.1880491547639789,3.6992167814899357,4.3157737677281238,4.7907175528841668]
["ASFALTOS DILUÍDOS CM-30","2023-08-01",4.0432159990492789,4.1009017094086238,5.4141982276485141,3.9642979487929773,4.0559897783431387,4.6078106973203159]
["ASFALTOS DILUÍDOS CM-30","2023-09-01",5.6950162499999992,4.3585862764196586,5.1872525169853443,4.1125086564690889,4.2116462357089439,4.7486402113943784]
["ASFALTOS DILUÍDOS CM-30","2023-10-01",5.6851849999999997,4.2940756470348473,4.9129194755712451,4.3650951011817867,4.257370162289762,4.6094459052458969]
["ASFALTOS DILUÍDOS CM-30","2023-11-01",4.8150853974895407,4.3455994471278903,5.4045027466641233,4.0452711044025156,4.1646974052516406,4.781498942559435]
["ASFALTOS DILUÍDOS CM-30","2023-12-01",5.411492307692308,4.7000438956945336,5.3064157338380893,4.3132168619246851,4.1887320623811153,4.6648453529250782]
["ASFALTOS DILUÍDOS CM-30","2024-01-01",3.7161783908045978,4.3951638106517361,4.8881269466529096,3.9771967970464495,4.0570953313555913,4.2902289028023235]
["ASFALTOS DILUÍDOS CM-30","2024-02-01",5.3495885714285718,4.2818818708452042,5.361180559808612,4.2877861548731637,4.1511129458512555,4.3661949963243387]
["ASFALTOS DILUÍDOS CM-30","2024-03-01",6.4376241652021093,4.5129483576545502,4.9940359324035128,4.6806103035389564,4.1973881228300884,4.7251379668916966]
["ASFALTOS DILUÍDOS CM-30","2024-04-01",6.5240100177935947,5.3336688746475263,5.0113703573682553,3.991999625535561,4.1511612398915636,4.4394069861737675]
["ASFALTOS DILUÍDOS CM-30","2024-05-01",6.6199363302160599,"***",5.2153828803500994,4.2485579597254599,4.4781707669028128,4.9600785683065052]
["ASFALTOS DILUÍDOS CM-30","2024-06-01",6.4618208055744386,4.288169263434388,4.9216061240367335,4.5173397406958813,4.8975857869415806,4.922850802681447]
["ASFALTOS DILUÍDOS CM-30","2024-07-01",6.1206122388059692,4.5992554326494206,5.4974510694626613,4.6678385333333337,4.5144526530857751,4.9627403967728929]
["ASFALTOS DILUÍDOS CM-70","2008-11-01","***","***","***","***","***","***"]
["ASFALTOS DILUÍDOS CM-70","2008-12-01","***","***","***","***","***","***"]
["ASFALTOS DILUÍDOS CM-70","2009-01-01","***","***","***","***","***","***"]
["ASFALTOS DILUÍDOS CM-70","2009-02-01","***","***","***","***","***","***"]
["ASFALTOS DILUÍDOS CM-70","2009-03-01","***","***","***","***","***","***"]
["ASFALTOS DILUÍDOS CM-70","2009-04-01","***","***","***","***","***","***"]
["ASFALTOS DILUÍDOS CM-70","2009-05-01","***","***","***","***","***","***"]
["ASFALTOS DILUÍDOS CM-70","2009-06-01","***","***","***","***","***","***"]
["ASFALTOS DILUÍDOS CM-70","2009-07-01","***","***","***","***","***","***"]
["ASFALTOS DILUÍDOS CM-70","2009-08-01","***","***","***","***","***","***"]
["ASFALTOS DILUÍDOS CM-70","2009-09-01","***","***","***","***","***","***"]
["ASFALTOS DILUÍDOS CM-70","2009-10-01","***","***","***","***","***","***"]
["ASFALTOS DILUÍDOS CM-70","2009-11-01","***","***","***","***","***","***"]
["ASFALTOS DILUÍDOS CM-70","2009-12-01","***","***","***","***","***","***"]
["ASFALTOS DILUÍDOS CM-70","2010-01-01","***","***","***","***","***","***"]
["ASFALTOS DILUÍDOS CM-70","2010-02-01","***","***","***","***","***","***"]
["ASFALTOS DILUÍDOS CM-70","2010-03-01","***","***","***","***","***","***"]
["ASFALTOS DILUÍDOS CM-70","2010-04-01","***","***","***","***","***","***"]
["ASFALTOS DILUÍDOS CM-70","2010-05-01","***","***","***","***","***","***"]
["ASFALTOS DILUÍDOS CM-70","2010-06-01","***","***","***","***","***","***"]
["ASFALTOS DILUÍDOS CM-70","2010-07-01","***","***","***","***","***","***"]
["ASFALTOS DILUÍDOS CM-70","2010-08-01","***","***","***","***","***","***"]
["ASFALTOS DILUÍDOS CM-70","2010-09-01","***","***","***","***","***","***"]
["ASFALTOS DILUÍDOS CM-70","2010-10-01","***","***","***","***","***","***"]
["ASFALTOS DILUÍDOS CM-70","2010-11-01","***","***","***","***","***","***"]
["ASFALTOS DILUÍDOS CM-70","2010-12-01","***","***","***","***","***","***"]
["ASFALTOS DILUÍDOS CM-70","2011-01-01","***","***","***","***","***","***"]
["ASFALTOS DILUÍDOS CM-70","2011-02-01","***","***","***","***","***","***"]
["ASFALTOS DILUÍDOS CM-70","2011-03-01","***","***","***","***","***","***"]
["ASFALTOS DILUÍDOS CM-70","2011-04-01","***","***","***","***","***","***"]
["ASFALTOS DILUÍDOS CM-70","2011-05-01","***","***","***","***","***","***"]
["ASFALTOS DILUÍDOS CM-70","2011-06-01","***","***","***","***","***","***"]
["ASFALTOS DILUÍDOS CM-70","2011-07-01","***","***","***","***","***","***"]
["ASFALTOS DILUÍDOS CM-70","2011-08-01","***","***","***","***","***","***"]
["ASFALTOS DILUÍDOS CM-70","2011-09-01","***","***","***","***","***","***"]
["ASFALTOS DILUÍDOS CM-70","2011-10-01","***","***","***","***","***","***"]
["ASFALTOS DILUÍDOS CM-70","2011-11-01","***","***","***","***","***","***"]
["ASFALTOS DILUÍDOS CM-70","2011-12-01","***","***","***","***","***","***"]
["ASFALTOS DILUÍDOS CM-70","2012-01-01","***","***","***","***","***","***"]
["ASFALTOS DILUÍDOS CM-70","2012-02-01","***","***","***","***","***","***"]
["ASFALTOS DILUÍDOS CM-70","2012-03-01","***","***","***","***","***","***"]
["ASFALTOS DILUÍDOS CM-70","2012-04-01","***","***","***","***","***","***"]
["ASFALTOS DILUÍDOS CM-70","2012-05-01","***","***","***","***","***","***"]
["ASFALTOS DILUÍDOS CM-70","2012-06-01","***","***","***","***","***","***"]
["ASFALTOS DILUÍDOS CM-70","2012-07-01","***","***","***","***","***","***"]
["ASFALTOS DILUÍDOS CM-70","2012-08-01","***","***","***","***","***","***"]
["ASFALTOS DILUÍDOS CM-70","2012-09-01","***","***","***","***","***","***"]
["ASFALTOS DILUÍDOS CM-70","2012-10-01","***","***","***","***","***","***"]
["ASFALTOS DILUÍDOS CM-70","2012-11-01","***","***","***","***","***","***"]
["ASFALTOS DILUÍDOS CM-70","2012-12-01","***","***","***","***","***","***"]
["ASFALTOS DILUÍDOS CM-70","2013-01-01","***","***","***","***","***","***"]
["ASFALTOS DILUÍDOS CM-70","2013-02-01","***","***","***","***","***","***"]
["ASFALTOS DILUÍDOS CM-70","2013-03-01","***","***","***","***","***","***"]
["ASFALTOS DILUÍDOS CM-70","2013-04-01","***","***","***","***","***","***"]
["ASFALTOS DILUÍDOS CM-70","2013-05-01","***","***","***","***","***","***"]
["ASFALTOS DILUÍDOS CM-70","2013-06-01","***","***","***","***","***","***"]
["ASFALTOS DILUÍDOS CM-70","2013-07-01","***","***","***","***","***","***"]
["ASFALTOS DILUÍDOS CM-70","2013-08-01","***","***","***","***","***","***"]
["ASFALTOS DILUÍDOS CM-70","2013-09-01","***","***","***","***","***","***"]
["ASFALTOS DILUÍDOS CM-70","2013-10-01","***","***","***","***","***","***"]
["ASFALTOS DILUÍDOS CM-70","2013-11-01","***","***","***","***","***","***"]
["ASFALTOS DILUÍDOS CM-70","2013-12-01","***","***","***","***","***","***"]
["ASFALTOS DILUÍDOS CM-70","2014-01-01","***","***","***","***","***","***"]
["ASFALTOS DILUÍDOS CM-70","2014-02-01","***","***","***","***","***","***"]
["ASFALTOS DILUÍDOS CM-70","2014-03-01","***","***","***","***","***","***"]
["ASFALTOS DILUÍDOS CM-70","2014-04-01","***","***","***","***","***","***"]
["ASFALTOS DILUÍDOS CM-70","2014-05-01","***","***","***","***","***","***"]
["ASFALTOS DILUÍDOS CM-70","2014-06-01","***","***","***","***","***","***"]
["ASFALTOS DILUÍDOS CM-70","2014-07-01","***","***","***","***","***","***"]
["ASFALTOS DILUÍDOS CM-70","2014-08-01","***","***","***","***","***","***"]
["ASFALTOS DILUÍDOS CM-70","2014-09-01","***","***","***","***","***","***"]
["ASFALTOS DILUÍDOS CM-70","2014-10-01","***","***","***","***","***","***"]
["ASFALTOS DILUÍDOS CM-70","2014-11-01","***","***","***","***","***","***"]
["ASFALTOS DILUÍDOS CM-70","2014-12-01","***","***","***","***","***","***"]
["ASFALTOS DILUÍDOS CM-70","2015-01-01","***","***","***","***","***","***"]
["ASFALTOS DILUÍDOS CM-70","2015-02-01","***","***","***","***","***","***"]
["ASFALTOS DILUÍDOS CM-70","2015-03-01","***","***","***","***","***","***"]
["ASFALTOS DILUÍDOS CM-70","2015-04-01","***","***","***","***","***","***"]
["ASFALTOS DILUÍDOS CM-70","2015-05-01","***","***","***","***","***","***"]
["ASFALTOS DILUÍDOS CM-70","2015-06-01","***","***","***","***","***","***"]
["ASFALTOS DILUÍDOS CM-70","2015-07-01","***","***","***","***","***","***"]
["ASFALTOS DILUÍDOS CM-70","2015-08-01","***","***","***","***","***","***"]
["ASFALTOS DILUÍDOS CM-70","2015-09-01","***","***","***","***","***","***"]
["ASFALTOS DILUÍDOS CM-70","2015-10-01","***","***","***","***","***","***"]
["ASFALTOS DILUÍDOS CM-70","2015-11-01","***","***","***","***","***","***"]
["ASFALTOS DILUÍDOS CM-70","2015-12-01","***","***","***","***","***","***"]
["ASFALTOS DILUÍDOS CM-70","2016-01-01","***","***","***","***","***","***"]
["ASFALTOS DILUÍDOS CM-70","2016-02-01","***","***","***","***","***","***"]
["ASFALTOS DILUÍDOS CM-70","2016-03-01","***","***","***","***","***","***"]
["ASFALTOS DILUÍDOS CM-70","2016-04-01","***","***","***","***","***","***"]
["ASFALTOS DILUÍDOS CM-70","2016-05-01","***","***","***","***","***","***"]
["ASFALTOS DILUÍDOS CM-70","2016-06-01","***","***","***","***","***","***"]
["ASFALTOS DILUÍDOS CM-70","2016-07-01","***","***","***","***","***","***"]
["ASFALTOS DILUÍDOS CM-70","2016-08-01","***","***","***","***","***","***"]
["ASFALTOS DILUÍDOS CM-70","2016-09-01","***","***","***","***","***","***"]
["ASFALTOS DILUÍDOS CM-70","2016-10-01","***","***","***","***","***","***"]
["ASFALTOS DILUÍDOS CM-70","2016-11-01","***","***","***","***","***","***"]
["ASFALTOS DILUÍDOS CM-70","2016-12-01","***","***","***","***","***","***"]
["ASFALTOS DILUÍDOS CM-70","2017-01-01","***","***","***","***","***","***"]
["ASFALTOS DILUÍDOS CM-70","2017-02-01","***","***","***","***","***","***"]
["ASFALTOS DILUÍDOS CM-70","2017-03-01","***","***","***","***","***","***"]
["ASFALTOS DILUÍDOS CM-70","2017-04-01","***","***","***","***","***","***"]
["ASFALTOS DILUÍDOS CM-70","2017-05-01","***","***","***","***","***","***"]
["ASFALTOS DILUÍDOS CM-70","2017-06-01","***","***","***","***","***","***"]
["ASFALTOS DILUÍDOS CM-70","2017-07-01","***","***","***","***","***","***"]
["ASFALTOS DILUÍDOS CM-70","2017-08-01","***","***","***","***","***","***"]
["ASFALTOS DILUÍDOS CM-70","2017-09-01","***","***","***","***","***","***"]
["ASFALTOS DILUÍDOS CM-70","2017-10-01","***","***","***","***","***","***"]
["ASFALTOS DILUÍDOS CM-70","2017-11-01","***","***","***","***","***","***"]
["ASFALTOS DILUÍDOS CM-70","2017-12-01","***","***","***","***","***","***"]
["ASFALTOS DILUÍDOS CM-70","2018-01-01","***","***","***","***","***","***"]
["ASFALTOS DILUÍDOS CM-70","2018-02-01","***","***","***","***","***","***"]
["ASFALTOS DILUÍDOS CM-70","2018-03-01","***","***","***","***","***","***"]
["ASFALTOS DILUÍDOS CM-70","2018-04-01","***","***","***","***","***","***"]
["ASFALTOS DILUÍDOS CM-70","2018-05-01","***","***","***","***","***","***"]
["ASFALTOS DILUÍDOS CM-70","2018-06-01","***","***","***","***","***","***"]
["ASFALTOS DILUÍDOS CM-70","2018-07-01","***","***","***","***","***","***"]
["ASFALTOS DILUÍDOS CM-70","2018-08-01","***","***","***","***","***","***"]
["ASFALTOS DILUÍDOS CM-70","2018-09-01","***","***","***","***","***","***"]
["ASFALTOS DILUÍDOS CM-70","2018-10-01","***","***","***","***","***","***"]
["ASFALTOS DILUÍDOS CM-70","2018-11-01","***","***","***","***","***","***"]
["ASFALTOS DILUÍDOS CM-70","2018-12-01","***","***","***","***","***","***"]
["ASFALTOS DILUÍDOS CM-70","2019-01-01","***","***","***","***","***","***"]
["ASFALTOS DILUÍDOS CM-70","2019-02-01","***","***","***","***","***","***"]
["ASFALTOS DILUÍDOS CM-70","2019-03-01","***","***","***","***","***","***"]
["ASFALTOS DILUÍDOS CM-70","2019-04-01","***","***","***","***","***","***"]
["ASFALTOS DILUÍDOS CM-70","2019-05-01","***","***","***","***","***","***"]
["ASFALTOS DILUÍDOS CM-70","2019-06-01","***","***","***","***","***","***"]
["ASFALTOS DILUÍDOS CM-70","2019-07-01","***","***","***","***","***","***"]
["ASFALTOS DILUÍDOS CM-70","2019-08-01","***","***","***","***","***","***"]
["ASFALTOS DILUÍDOS CM-70","2019-09-01","***","***","***","***","***","***"]
["ASFALTOS DILUÍDOS CM-70","2019-10-01","***","***","***","***","***","***"]
["ASFALTOS DILUÍDOS CM-70","2019-11-01","***","***","***","***","***","***"]
["ASFALTOS DILUÍDOS CM-70","2019-12-01","***","***","***","***","***","***"]
["ASFALTOS DILUÍDOS CM-70","2020-01-01","***","***","***","***","***","***"]
["ASFALTOS DILUÍDOS CM-70","2020-02-01","***","***","***","***","***","***"]
["ASFALTOS DILUÍDOS CM-70","2020-03-01","***","***","***","***","***","***"]
["ASFALTOS DILUÍDOS CM-70","2020-04-01","***","***","***","***","***","***"]
["ASFALTOS DILUÍDOS CM-70","2020-05-01","***","***","***","***","***","***"]
["ASFALTOS DILUÍDOS CM-70","2020-06-01","***","***","***","***","***","***"]
["ASFALTOS DILUÍDOS CM-70","2020-07-01","***","***","***","***","***","***"]
["ASFALTOS DILUÍDOS CM-70","2020-08-01","***","***","***","***","***","***"]
["ASFALTOS DILUÍDOS CM-70","2020-09-01","***","***","***","***","***","***"]
["ASFALTOS DILUÍDOS CM-70","2020-10-01","***","***","***","***","***","***"]
["ASFALTOS DILUÍDOS CM-70","2020-11-01","***","***","***","***","***","***"]
["ASFALTOS DILUÍDOS CM-70","2020-12-01","***","***","***","***","***","***"]
["ASFALTOS DILUÍDOS CM-70","2021-01-01","***","***","***","***","***","***"]
["ASFALTOS DILUÍDOS CM-70","2021-02-01","***","***","***","***","***","***"]
["ASFALTOS DILUÍDOS CM-70","2021-03-01","***","***","***","***","***","***"]
["ASFALTOS DILUÍDOS CM-70","2021-04-01","***","***","***","***","***","***"]
["ASFALTOS DILUÍDOS CM-70","2021-05-01","***","***","***","***","***","***"]
["ASFALTOS DILUÍDOS CM-70","2021-06-01","***","***","***","***","***","***"]
["ASFALTOS DILUÍDOS CM-70","2021-07-01","***","***","***","***","***","***"]
["ASFALTOS DILUÍDOS CM-70","2021-08-01","***","***","***","***","***","***"]
["ASFALTOS DILUÍDOS CM-70","2021-09-01","***","***","***","***","***","***"]
["ASFALTOS DILUÍDOS CM-70","2021-10-01","***","***","***","***","***","***"]
["ASFALTOS DILUÍDOS CM-70","2021-11-01","***","***","***","***","***","***"]
["ASFALTOS DILUÍDOS CM-70","2021-12-01","***","***","***","***","***","***"]
["ASFALTOS DILUÍDOS CM-70","2022-01-01","***","***","***","***","***","***"]
["ASFALTOS DILUÍDOS CM-70","2022-02-01","***","***","***","***","***","***"]
["ASFALTOS DILUÍDOS CM-70","2022-03-01","***","***","***","***","***","***"]
["ASFALTOS DILUÍDOS CM-70","2022-04-01","***","***","***","***","***","***"]
["ASFALTOS DILUÍDOS CM-70","2022-05-01","***","***","***","***","***","***"]
["ASFALTOS DILUÍDOS CM-70","2022-06-01","***","***","***","***","***","***"]
["ASFALTOS DILUÍDOS CM-70","2022-07-01","***","***","***","***","***","***"]
["ASFALTOS DILUÍDOS CM-70","2022-08-01","***","***","***","***","***","***"]
["ASFALTOS DILUÍDOS CM-70","2022-09-01","***","***","***","***","***","***"]
["ASFALTOS DILUÍDOS CM-70","2022-10-01","***","***","***","***","***","***"]
["ASFALTOS DILUÍDOS CM-70","2022-11-01","***","***","***","***","***","***"]
["ASFALTOS DILUÍDOS CM-70","2022-12-01","***","***","***","***","***","***"]
["ASFALTOS DILUÍDOS CM-70","2023-01-01","***","***","***","***","***","***"]
["ASFALTOS DILUÍDOS CM-70","2023-02-01","***","***","***","***","***","***"]
["ASFALTOS DILUÍDOS CM-70","2023-03-01","***","***","***","***","***","***"]
["ASFALTOS DILUÍDOS CM-70","2023-04-01","***","***","***","***","***","***"]
["ASFALTOS DILUÍDOS CM-70","2023-05-01","***","***","***","***","***","***"]
["ASFALTOS DILUÍDOS CM-70","2023-06-01","***","***","***","***","***","***"]
["ASFALTOS DILUÍDOS CM-70","2023-07-01","***","***","***","***","***","***"]
["ASFALTOS DILUÍDOS CM-70","2023-08-01","***","***","***","***","***","***"]
["ASFALTOS DILUÍDOS CM-70","2023-09-01","***","***","***","***","***","***"]
["ASFALTOS DILUÍDOS CM-70","2023-10-01","***","***","***","***","***","***"]
["ASFALTOS DILUÍDOS CM-70","2023-11-01","***","***","***","***","***","***"]
["ASFALTOS DILUÍDOS CM-70","2023-12-01","***","***","***","***","***","***"]
["ASFALTOS DILUÍDOS CM-70","2024-01-01","***","***","***","***","***","***"]
["ASFALTOS DILUÍDOS CM-70","2024-02-01","***","***","***","***","***","***"]
["ASFALTOS DILUÍDOS CM-70","2024-03-01","***","***","***","***","***","***"]
["ASFALTOS DILUÍDOS CM-70","2024-04-01","***","***","***","***","***","***"]
["ASFALTOS DILUÍDOS CM-70","2024-05-01","***","***","***","***","***","***"]
["ASFALTOS DILUÍDOS CM-70","2024-06-01","***","***","***","***","***","***"]
["ASFALTOS DILUÍDOS CM-70","2024-07-01","***","***","***","***","***","***"]
["ASFALTOS DILUÍDOS CR-250","2008-11-01",1.5293300000000001,1.382781231929604,"***",1.6455625530342228,"***",1.5271202561821082]
["ASFALTOS DILUÍDOS CR-250","2008-12-01","***",1.3644034709803285,"***","***",1.97516,1.3680553765352297]
["ASFALTOS DILUÍDOS CR-250","2009-01-01",1.46539,1.3161387468728678,"***","***","***",1.3472730525557954]
["ASFALTOS DILUÍDOS CR-250","2009-02-01",1.46539,"***","***",1.6850369047619047,"***",1.4925128812936421]
["ASFALTOS DILUÍDOS CR-250","2009-03-01","***","***",2.0878385215937847,1.2574649116904959,1.9751699999999999,1.9938624004008343]
["ASFALTOS DILUÍDOS CR-250","2009-04-01","***",1.3165808569222852,2.1016071220565036,1.5373920903954803,1.3759999999999999,2.0235738092733859]
["ASFALTOS DILUÍDOS CR-250","2009-05-01","***",1.2916973696052363,2.011241987385143,"***",1.4449633167495854,1.9630402398172413]
["ASFALTOS DILUÍDOS CR-250","2009-06-01","***","***",2.0486666995409992,1.621780173347779,1.7706666666666666,2.0431579081423918]
["ASFALTOS DILUÍDOS CR-250","2009-07-01","***",1.3785278369508467,2.0497871073238216,1.5477000000000001,2.2229999999999999,1.9808434581379211]
["ASFALTOS DILUÍDOS CR-250","2009-08-01","***",1.2607561943620178,2.0687709943467345,1.5838650211565584,"***",1.9820897328284304]
["ASFALTOS DILUÍDOS CR-250","2009-09-01","***",1.3537027633546281,2.054056660209711,1.5477000000000001,"***",1.9975828162283231]
["ASFALTOS DILUÍDOS CR-250","2009-10-01","***",1.3460482161729383,2.1048815815336366,"***","***",2.0574969062417412]
["ASFALTOS DILUÍDOS CR-250","2009-11-01","***",1.3467747967479673,2.0478444768751118,1.6655034482758622,"***",1.9823581180349732]
["ASFALTOS DILUÍDOS CR-250","2009-12-01",2.0884,"***","***",1.5476000000000001,"***",2.0519174603174601]
["ASFALTOS DILUÍDOS CR-250","2010-01-01",1.4896,1.3537776563321073,"***",1.5476000000000001,"***",1.4123258863706922]
["ASFALTOS DILUÍDOS CR-250","2010-02-01","***","***","***","***","***","***"]
["ASFALTOS DILUÍDOS CR-250","2010-03-01","***","***","***",1.5476799999999999,1.5329999999999999,1.5361752978056427]
["ASFALTOS DILUÍDOS CR-250","2010-04-01","***",1.3786799999999999,"***",1.5476799999999999,"***",1.3973385702456527]
["ASFALTOS DILUÍDOS CR-250","2010-05-01","***",1.4693400000000001,"***",1.5476799999999999,"***",1.4871445454545453]
["ASFALTOS DILUÍDOS CR-250","2010-06-01","***",1.2052,"***","***",1.5427480314960631,1.3356980213089804]
["ASFALTOS DILUÍDOS CR-250","2010-07-01","***","***","***",1.5476799999999999,"***",1.5476799999999999]
["ASFALTOS DILUÍDOS CR-250","2010-08-01","***","***","***","***","***","***"]
["ASFALTOS DILUÍDOS CR-250","2010-09-01","***","***","***",1.5476799999999999,1.7222500000000001,1.5990241176470588]
["ASFALTOS DILUÍDOS CR-250","2010-10-01",1.6424999999999998,1.3476300000000001,"***","***","***",1.4719360748870238]
["ASFALTOS DILUÍDOS CR-250","2010-11-01",1.5969199999999999,"***","***","***","***",1.5969199999999999]
["ASFALTOS DILUÍDOS CR-250","2010-12-01",1.5969199999999999,"***","***",1.5476799999999999,"***",1.5911782332155475]
["ASFALTOS DILUÍDOS CR-250","2011-01-01",1.4896,"***","***",1.5476799999999999,"***",1.4920911357657556]
["ASFALTOS DILUÍDOS CR-250","2011-02-01",1.4896,"***","***","***","***",1.4896]
["ASFALTOS DILUÍDOS CR-250","2011-03-01","***","***","***","***","***","***"]
["ASFALTOS DILUÍDOS CR-250","2011-04-01","***","***","***",1.6361999999999999,1.4339,1.5217589590443685]
["ASFALTOS DILUÍDOS CR-250","2011-05-01","***","***","***","***","***","***"]
["ASFALTOS DILUÍDOS CR-250","2011-06-01","***","***","***",1.5476700000000001,"***",1.5476700000000001]
["ASFALTOS DILUÍDOS CR-250","2011-07-01",1.4896,"***","***","***",1.8260000000000001,1.5280457142857142]
["ASFALTOS DILUÍDOS CR-250","2011-08-01","***","***","***","***","***","***"]
["ASFALTOS DILUÍDOS CR-250","2011-09-01","***","***","***","***","***","***"]
["ASFALTOS DILUÍDOS CR-250","2011-10-01","***","***","***","***","***","***"]
["ASFALTOS DILUÍDOS CR-250","2011-11-01","***","***","***","***","***","***"]
["ASFALTOS DILUÍDOS CR-250","2011-12-01","***","***","***","***","***","***"]
["ASFALTOS DILUÍDOS CR-250","2012-01-01","***","***","***","***","***","***"]
["ASFALTOS DILUÍDOS CR-250","2012-02-01",1.4896,"***","***",1.57168,"***",1.5100703147699757]
["ASFALTOS DILUÍDOS CR-250","2012-03-01","***","***","***","***","***","***"]
["ASFALTOS DILUÍDOS CR-250","2012-04-01","***","***","***","***","***","***"]
["ASFALTOS DILUÍDOS CR-250","2012-05-01","***","***","***","***",1.4343999999999999,1.4343999999999999]
["ASFALTOS DILUÍDOS CR-250","2012-06-01",1.4896,"***","***","***","***",1.4896]
["ASFALTOS DILUÍDOS CR-250","2012-07-01","***","***","***","***","***","***"]
["ASFALTOS DILUÍDOS CR-250","2012-08-01","***","***","***",1.6972,"***",1.6972]
["ASFALTOS DILUÍDOS CR-250","2012-09-01","***","***","***","***","***","***"]
["ASFALTOS DILUÍDOS CR-250","2012-10-01","***","***","***","***","***","***"]
["ASFALTOS DILUÍDOS CR-250","2012-11-01","***","***","***","***","***","***"]
["ASFALTOS DILUÍDOS CR-250","2012-12-01","***","***","***","***","***","***"]
["ASFALTOS DILUÍDOS CR-250","2013-01-01",1.95122,"***","***",1.39585,"***",1.4617589943785134]
["ASFALTOS DILUÍDOS CR-250","2013-02-01",1.95122,"***","***","***","***",1.95122]
["ASFALTOS DILUÍDOS CR-250","2013-03-01",1.9512199999999997,"***","***","***","***",1.9512199999999997]
["ASFALTOS DILUÍDOS CR-250","2013-04-01","***","***","***",1.7104999999999999,"***",1.7104999999999999]
["ASFALTOS DILUÍDOS CR-250","2013-05-01","***","***","***","***","***","***"]
["ASFALTOS DILUÍDOS CR-250","2013-06-01","***","***","***","***",1.3348,1.3348]
["ASFALTOS DILUÍDOS CR-250","2013-07-01","***","***","***","***","***","***"]
["ASFALTOS DILUÍDOS CR-250","2013-08-01","***","***","***",1.7069000000000001,"***",1.7069000000000001]
["ASFALTOS DILUÍDOS CR-250","2013-09-01","***","***","***","***","***","***"]
["ASFALTOS DILUÍDOS CR-250","2013-10-01","***","***","***",1.7071000000000001,"***",1.7071000000000001]
["ASFALTOS DILUÍDOS CR-250","2013-11-01","***","***","***","***","***","***"]
["ASFALTOS DILUÍDOS CR-250","2013-12-01","***","***","***","***","***","***"]
["ASFALTOS DILUÍDOS CR-250","2014-01-01","***","***","***",1.7055,"***",1.7055]
["ASFALTOS DILUÍDOS CR-250","2014-02-01","***","***","***","***","***","***"]
["ASFALTOS DILUÍDOS CR-250","2014-03-01","***","***","***","***","***","***"]
["ASFALTOS DILUÍDOS CR-250","2014-04-01","***","***","***","***","***","***"]
["ASFALTOS DILUÍDOS CR-250","2014-05-01","***","***","***","***",1.3340000000000001,1.3340000000000001]
["ASFALTOS DILUÍDOS CR-250","2014-06-01","***","***","***","***",1.7875000000000001,1.7875000000000001]
["ASFALTOS DILUÍDOS CR-250","2014-07-01","***","***","***","***","***","***"]
["ASFALTOS DILUÍDOS CR-250","2014-08-01","***","***","***",1.7021999999999999,"***",1.7021999999999999]
["ASFALTOS DILUÍDOS CR-250","2014-09-01","***","***","***",1.7039,"***",1.7039]
["ASFALTOS DILUÍDOS CR-250","2014-10-01","***","***","***",1.7030000000000001,"***",1.7030000000000001]
["ASFALTOS DILUÍDOS CR-250","2014-11-01","***","***","***","***","***","***"]
["ASFALTOS DILUÍDOS CR-250","2014-12-01","***","***","***","***","***","***"]
["ASFALTOS DILUÍDOS CR-250","2015-01-01","***","***","***","***","***","***"]
["ASFALTOS DILUÍDOS CR-250","2015-02-01","***","***","***","***",1.5871,1.5871]
["ASFALTOS DILUÍDOS CR-250","2015-03-01","***","***","***","***","***","***"]
["ASFALTOS DILUÍDOS CR-250","2015-04-01","***","***","***","***","***","***"]
["ASFALTOS DILUÍDOS CR-250","2015-05-01","***","***","***","***","***","***"]
["ASFALTOS DILUÍDOS CR-250","2015-06-01","***","***","***",2.3921000000000001,"***",2.3921000000000001]
["ASFALTOS DILUÍDOS CR-250","2015-07-01","***","***","***","***","***","***"]
["ASFALTOS DILUÍDOS CR-250","2015-08-01","***","***","***","***","***","***"]
["ASFALTOS DILUÍDOS CR-250","2015-09-01","***","***","***",2.3885999999999998,"***",2.3885999999999998]
["ASFALTOS DILUÍDOS CR-250","2015-10-01","***","***","***","***","***","***"]
["ASFALTOS DILUÍDOS CR-250","2015-11-01","***","***","***","***",1.2641,1.2641]
["ASFALTOS DILUÍDOS CR-250","2015-12-01","***","***","***","***","***","***"]
["ASFALTOS DILUÍDOS CR-250","2016-01-01","***","***","***","***","***","***"]
["ASFALTOS DILUÍDOS CR-250","2016-02-01","***","***","***","***","***","***"]
["ASFALTOS DILUÍDOS CR-250","2016-03-01","***","***","***","***","***","***"]
["ASFALTOS DILUÍDOS CR-250","2016-04-01","***","***","***","***","***","***"]
["ASFALTOS DILUÍDOS CR-250","2016-05-01","***","***","***","***","***","***"]
["ASFALTOS DILUÍDOS CR-250","2016-06-01","***","***","***","***","***","***"]
["ASFALTOS DILUÍDOS CR-250","2016-07-01","***","***","***","***","***","***"]
["ASFALTOS DILUÍDOS CR-250","2016-08-01","***","***","***","***","***","***"]
["ASFALTOS DILUÍDOS CR-250","2016-09-01","***","***","***","***","***","***"]
["ASFALTOS DILUÍDOS CR-250","2016-10-01","***","***","***","***","***","***"]
["ASFALTOS DILUÍDOS CR-250","2016-11-01","***","***","***","***","***","***"]
["ASFALTOS DILUÍDOS CR-250","2016-12-01","***","***","***","***","***","***"]
["ASFALTOS DILUÍDOS CR-250","2017-01-01","***","***","***","***","***","***"]
["ASFALTOS DILUÍDOS CR-250","2017-02-01","***","***","***","***","***","***"]
["ASFALTOS DILUÍDOS CR-250","2017-03-01","***","***","***","***","***","***"]
["ASFALTOS DILUÍDOS CR-250","2017-04-01","***","***","***","***","***","***"]
["ASFALTOS DILUÍDOS CR-250","2017-05-01","***","***","***","***","***","***"]
["ASFALTOS DILUÍDOS CR-250","2017-06-01","***","***","***","***","***","***"]
["ASFALTOS DILUÍDOS CR-250","2017-07-01","***","***","***","***","***","***"]
["ASFALTOS DILUÍDOS CR-250","2017-08-01","***","***","***","***","***","***"]
["ASFALTOS DILUÍDOS CR-250","2017-09-01","***","***","***","***","***","***"]
["ASFALTOS DILUÍDOS CR-250","2017-10-01","***","***","***","***","***","***"]
["ASFALTOS DILUÍDOS CR-250","2017-11-01","***","***","***","***","***","***"]
["ASFALTOS DILUÍDOS CR-250","2017-12-01","***","***","***","***","***","***"]
["ASFALTOS DILUÍDOS CR-250","2018-01-01","***","***","***","***","***","***"]
["ASFALTOS DILUÍDOS CR-250","2018-02-01","***","***","***","***","***","***"]
["ASFALTOS DILUÍDOS CR-250","2018-03-01","***","***","***","***","***","***"]
["ASFALTOS DILUÍDOS CR-250","2018-04-01","***","***","***","***","***","***"]
["ASFALTOS DILUÍDOS CR-250","2018-05-01","***","***","***","***","***","***"]
["ASFALTOS DILUÍDOS CR-250","2018-06-01","***","***","***","***","***","***"]
["ASFALTOS DILUÍDOS CR-250","2018-07-01","***","***","***","***","***","***"]
["ASFALTOS DILUÍDOS CR-250","2018-08-01","***","***","***","***","***","***"]
["ASFALTOS DILUÍDOS CR-250","2018-09-01","***","***","***","***","***","***"]
["ASFALTOS DILUÍDOS CR-250","2018-10-01","***","***","***","***","***","***"]
["ASFALTOS DILUÍDOS CR-250","2018-11-01","***","***","***","***","***","***"]
["ASFALTOS DILUÍDOS CR-250","2018-12-01","***","***","***","***","***","***"]
["ASFALTOS DILUÍDOS CR-250","2019-01-01","***","***","***","***","***","***"]
["ASFALTOS DILUÍDOS CR-250","2019-02-01","***","***","***","***","***","***"]
["ASFALTOS DILUÍDOS CR-250","2019-03-01","***","***","***","***","***","***"]
["ASFALTOS DILUÍDOS CR-250","2019-04-01","***","***","***","***","***","***"]
["ASFALTOS DILUÍDOS CR-250","2019-05-01","***","***","***","***","***","***"]
["ASFALTOS DILUÍDOS CR-250","2019-06-01","***","***","***","***","***","***"]
["ASFALTOS DILUÍDOS CR-250","2019-07-01","***","***","***","***","***","***"]
["ASFALTOS DILUÍDOS CR-250","2019-08-01","***","***","***","***","***","***"]
["ASFALTOS DILUÍDOS CR-250","2019-09-01","***","***","***","***","***","***"]
["ASFALTOS DILUÍDOS CR-250","2019-10-01","***","***","***","***","***","***"]
["ASFALTOS DILUÍDOS CR-250","2019-11-01","***","***","***","***","***","***"]
["ASFALTOS DILUÍDOS CR-250","2019-12-01","***","***","***","***","***","***"]
["ASFALTOS DILUÍDOS CR-250","2020-01-01","***","***","***","***","***","***"]
["ASFALTOS DILUÍDOS CR-250","2020-02-01","***","***","***","***","***","***"]
["ASFALTOS DILUÍDOS CR-250","2020-03-01","***","***","***","***","***","***"]
["ASFALTOS DILUÍDOS CR-250","2020-04-01","***","***","***","***","***","***"]
["ASFALTOS DILUÍDOS CR-250","2020-05-01","***","***","***","***","***","***"]
["ASFALTOS DILUÍDOS CR-250","2020-06-01","***","***","***","***","***","***"]
["ASFALTOS DILUÍDOS CR-250","2020-07-01","***","***","***","***","***","***"]
["ASFALTOS DILUÍDOS CR-250","2020-08-01","***","***","***","***","***","***"]
["ASFALTOS DILUÍDOS CR-250","2020-09-01","***","***","***","***","***","***"]
["ASFALTOS DILUÍDOS CR-250","2020-10-01","***","***","***","***","***","***"]
["ASFALTOS DILUÍDOS CR-250","2020-11-01","***","***","***","***","***","***"]
["ASFALTOS DILUÍDOS CR-250","2020-12-01","***","***","***","***","***","***"]
["ASFALTOS DILUÍDOS CR-250","2021-01-01","***","***","***","***","***","***"]
["ASFALTOS DILUÍDOS CR-250","2021-02-01","***","***","***","***","***","***"]
["ASFALTOS DILUÍDOS CR-250","2021-03-01","***","***","***","***","***","***"]
["ASFALTOS DILUÍDOS CR-250","2021-04-01","***","***","***","***","***","***"]
["ASFALTOS DILUÍDOS CR-250","2021-05-01","***","***","***","***","***","***"]
["ASFALTOS DILUÍDOS CR-250","2021-06-01","***","***","***","***","***","***"]
["ASFALTOS DILUÍDOS CR-250","2021-07-01","***","***","***","***","***","***"]
["ASFALTOS DILUÍDOS CR-250","2021-08-01","***","***","***","***","***","***"]
["ASFALTOS DILUÍDOS CR-250","2021-09-01","***","***","***","***","***","***"]
["ASFALTOS DILUÍDOS CR-250","2021-10-01","***","***","***","***","***","***"]
["ASFALTOS DILUÍDOS CR-250","2021-11-01","***","***","***","***","***","***"]
["ASFALTOS DILUÍDOS CR-250","2021-12-01","***","***","***","***","***","***"]
["ASFALTOS DILUÍDOS CR-250","2022-01-01","***","***","***","***","***","***"]
["ASFALTOS DILUÍDOS CR-250","2022-02-01","***","***","***","***","***","***"]
["ASFALTOS DILUÍDOS CR-250","2022-03-01","***","***","***","***","***","***"]
["ASFALTOS DILUÍDOS CR-250","2022-04-01","***","***","***","***","***","***"]
["ASFALTOS DILUÍDOS CR-250","2022-05-01","***","***","***","***","***","***"]
["ASFALTOS DILUÍDOS CR-250","2022-06-01","***","***","***","***","***","***"]
["ASFALTOS DILUÍDOS CR-250","2022-07-01","***","***","***","***","***","***"]
["ASFALTOS DILUÍDOS CR-250","2022-08-01","***","***","***","***","***","***"]
["ASFALTOS DILUÍDOS CR-250","2022-09-01","***","***","***","***","***","***"]
["ASFALTOS DILUÍDOS CR-250","2022-10-01","***","***","***","***","***","***"]
["ASFALTOS DILUÍDOS CR-250","2022-11-01","***","***","***","***","***","***"]
["ASFALTOS DILUÍDOS CR-250","2022-12-01","***","***","***","***","***","***"]
["ASFALTOS DILUÍDOS CR-250","2023-01-01","***","***","***","***","***","***"]
["ASFALTOS DILUÍDOS CR-250","2023-02-01","***","***","***","***","***","***"]
["ASFALTOS DILUÍDOS CR-250","2023-03-01","***","***","***","***","***","***"]
["ASFALTOS DILUÍDOS CR-250","2023-04-01","***","***","***","***","***","***"]
["ASFALTOS DILUÍDOS CR-250","2023-05-01","***","***","***","***","***","***"]
["ASFALTOS DILUÍDOS CR-250","2023-06-01","***","***","***","***","***","***"]
["ASFALTOS DILUÍDOS CR-250","2023-07-01","***","***","***","***","***","***"]
["ASFALTOS DILUÍDOS CR-250","2023-08-01","***","***","***","***","***","***"]
["ASFALTOS DILUÍDOS CR-250","2023-09-01","***","***","***","***","***","***"]
["ASFALTOS DILUÍDOS CR-250","2023-10-01","***","***","***","***","***","***"]
["ASFALTOS DILUÍDOS CR-250","2023-11-01","***","***","***","***","***","***"]
["ASFALTOS DILUÍDOS CR-250","2023-12-01","***","***","***","***","***","***"]
["ASFALTOS DILUÍDOS CR-250","2024-01-01","***","***","***","***","***","***"]
["ASFALTOS DILUÍDOS CR-250","2024-02-01","***","***","***","***","***","***"]
["ASFALTOS DILUÍDOS CR-250","2024-03-01","***","***","***","***","***","***"]
["ASFALTOS DILUÍDOS CR-250","2024-04-01","***","***","***","***","***","***"]
["ASFALTOS DILUÍDOS CR-250","2024-05-01","***","***","***","***","***","***"]
["ASFALTOS DILUÍDOS CR-250","2024-06-01","***","***","***","***","***","***"]
["ASFALTOS DILUÍDOS CR-250","2024-07-01","***","***","***","***","***","***"]
["ASFALTOS DILUÍDOS CR-70","2008-11-01","***","***","***","***","***","***"]
["ASFALTOS DILUÍDOS CR-70","2008-12-01","***","***","***",1.9236199999999997,"***",1.9236199999999997]
["ASFALTOS DILUÍDOS CR-70","2009-01-01","***","***","***","***","***","***"]
["ASFALTOS DILUÍDOS CR-70","2009-02-01","***","***","***","***","***","***"]
["ASFALTOS DILUÍDOS CR-70","2009-03-01","***","***","***","***","***","***"]
["ASFALTOS DILUÍDOS CR-70","2009-04-01","***","***","***","***","***","***"]
["ASFALTOS DILUÍDOS CR-70","2009-05-01","***","***","***","***","***","***"]
["ASFALTOS DILUÍDOS CR-70","2009-06-01","***","***","***","***","***","***"]
["ASFALTOS DILUÍDOS CR-70","2009-07-01","***","***","***","***","***","***"]
["ASFALTOS DILUÍDOS CR-70","2009-08-01","***","***","***","***","***","***"]
["ASFALTOS DILUÍDOS CR-70","2009-09-01","***","***","***","***","***","***"]
["ASFALTOS DILUÍDOS CR-70","2009-10-01","***","***","***","***","***","***"]
["ASFALTOS DILUÍDOS CR-70","2009-11-01","***","***","***","***","***","***"]
["ASFALTOS DILUÍDOS CR-70","2009-12-01","***","***","***","***","***","***"]
["ASFALTOS DILUÍDOS CR-70","2010-01-01","***","***","***","***","***","***"]
["ASFALTOS DILUÍDOS CR-70","2010-02-01","***","***","***","***","***","***"]
["ASFALTOS DILUÍDOS CR-70","2010-03-01","***","***","***","***","***","***"]
["ASFALTOS DILUÍDOS CR-70","2010-04-01","***","***","***","***","***","***"]
["ASFALTOS DILUÍDOS CR-70","2010-05-01","***","***","***","***","***","***"]
["ASFALTOS DILUÍDOS CR-70","2010-06-01","***","***","***","***","***","***"]
["ASFALTOS DILUÍDOS CR-70","2010-07-01","***","***","***","***","***","***"]
["ASFALTOS DILUÍDOS CR-70","2010-08-01","***","***","***","***","***","***"]
["ASFALTOS DILUÍDOS CR-70","2010-09-01","***","***","***","***","***","***"]
["ASFALTOS DILUÍDOS CR-70","2010-10-01","***","***","***","***","***","***"]
["ASFALTOS DILUÍDOS CR-70","2010-11-01","***","***","***","***","***","***"]
["ASFALTOS DILUÍDOS CR-70","2010-12-01","***","***","***","***","***","***"]
["ASFALTOS DILUÍDOS CR-70","2011-01-01","***","***","***","***","***","***"]
["ASFALTOS DILUÍDOS CR-70","2011-02-01","***","***","***","***","***","***"]
["ASFALTOS DILUÍDOS CR-70","2011-03-01","***","***","***","***","***","***"]
["ASFALTOS DILUÍDOS CR-70","2011-04-01","***","***","***","***","***","***"]
["ASFALTOS DILUÍDOS CR-70","2011-05-01","***","***","***","***","***","***"]
["ASFALTOS DILUÍDOS CR-70","2011-06-01","***","***","***","***","***","***"]
["ASFALTOS DILUÍDOS CR-70","2011-07-01","***","***","***","***","***","***"]
["ASFALTOS DILUÍDOS CR-70","2011-08-01","***","***","***","***","***","***"]
["ASFALTOS DILUÍDOS CR-70","2011-09-01","***","***","***","***","***","***"]
["ASFALTOS DILUÍDOS CR-70","2011-10-01","***","***","***","***","***","***"]
["ASFALTOS DILUÍDOS CR-70","2011-11-01","***","***","***","***","***","***"]
["ASFALTOS DILUÍDOS CR-70","2011-12-01","***","***","***","***","***","***"]
["ASFALTOS DILUÍDOS CR-70","2012-01-01","***","***","***","***","***","***"]
["ASFALTOS DILUÍDOS CR-70","2012-02-01","***","***","***","***","***","***"]
["ASFALTOS DILUÍDOS CR-70","2012-03-01","***","***","***","***","***","***"]
["ASFALTOS DILUÍDOS CR-70","2012-04-01","***","***","***","***","***","***"]
["ASFALTOS DILUÍDOS CR-70","2012-05-01","***","***","***","***","***","***"]
["ASFALTOS DILUÍDOS CR-70","2012-06-01","***","***","***","***","***","***"]
["ASFALTOS DILUÍDOS CR-70","2012-07-01","***","***","***","***","***","***"]
["ASFALTOS DILUÍDOS CR-70","2012-08-01","***","***","***","***","***","***"]
["ASFALTOS DILUÍDOS CR-70","2012-09-01","***","***","***","***","***","***"]
["ASFALTOS DILUÍDOS CR-70","2012-10-01","***","***","***","***","***","***"]
["ASFALTOS DILUÍDOS CR-70","2012-11-01","***","***","***","***","***","***"]
["ASFALTOS DILUÍDOS CR-70","2012-12-01","***","***","***","***","***","***"]
["ASFALTOS DILUÍDOS CR-70","2013-01-01","***","***","***","***","***","***"]
["ASFALTOS DILUÍDOS CR-70","2013-02-01","***","***","***","***","***","***"]
["ASFALTOS DILUÍDOS CR-70","2013-03-01","***","***","***","***","***","***"]
["ASFALTOS DILUÍDOS CR-70","2013-04-01","***","***","***","***","***","***"]
["ASFALTOS DILUÍDOS CR-70","2013-05-01","***","***","***","***","***","***"]
["ASFALTOS DILUÍDOS CR-70","2013-06-01","***","***","***","***","***","***"]
["ASFALTOS DILUÍDOS CR-70","2013-07-01","***","***","***","***","***","***"]
["ASFALTOS DILUÍDOS CR-70","2013-08-01","***","***","***","***","***","***"]
["ASFALTOS DILUÍDOS CR-70","2013-09-01","***","***","***","***","***","***"]
["ASFALTOS DILUÍDOS CR-70","2013-10-01","***","***","***","***","***","***"]
["ASFALTOS DILUÍDOS CR-70","2013-11-01","***","***","***","***","***","***"]
["ASFALTOS DILUÍDOS CR-70","2013-12-01","***","***","***","***","***","***"]
["ASFALTOS DILUÍDOS CR-70","2014-01-01","***","***","***","***","***","***"]
["ASFALTOS DILUÍDOS CR-70","2014-02-01","***","***","***","***","***","***"]
["ASFALTOS DILUÍDOS CR-70","2014-03-01","***","***","***","***","***","***"]
["ASFALTOS DILUÍDOS CR-70","2014-04-01","***","***","***","***","***","***"]
["ASFALTOS DILUÍDOS CR-70","2014-05-01","***","***","***","***","***","***"]
["ASFALTOS DILUÍDOS CR-70","2014-06-01","***","***","***","***","***","***"]
["ASFALTOS DILUÍDOS CR-70","2014-07-01","***","***","***","***","***","***"]
["ASFALTOS DILUÍDOS CR-70","2014-08-01","***","***","***","***","***","***"]
["ASFALTOS DILUÍDOS CR-70","2014-09-01","***","***","***","***","***","***"]
["ASFALTOS DILUÍDOS CR-70","2014-10-01","***","***","***","***","***","***"]
["ASFALTOS DILUÍDOS CR-70","2014-11-01","***","***","***","***","***","***"]
["ASFALTOS DILUÍDOS CR-70","2014-12-01","***","***","***","***","***","***"]
["ASFALTOS DILUÍDOS CR-70","2015-01-01","***","***","***","***","***","***"]
["ASFALTOS DILUÍDOS CR-70","2015-02-01","***","***","***","***","***","***"]
["ASFALTOS DILUÍDOS CR-70","2015-03-01","***","***","***","***","***","***"]
["ASFALTOS DILUÍDOS CR-70","2015-04-01","***","***","***","***","***","***"]
["ASFALTOS DILUÍDOS CR-70","2015-05-01","***","***","***","***","***","***"]
["ASFALTOS DILUÍDOS CR-70","2015-06-01","***","***","***","***","***","***"]
["ASFALTOS DILUÍDOS CR-70","2015-07-01","***","***","***","***","***","***"]
["ASFALTOS DILUÍDOS CR-70","2015-08-01","***","***","***","***","***","***"]
["ASFALTOS DILUÍDOS CR-70","2015-09-01","***","***","***","***","***","***"]
["ASFALTOS DILUÍDOS CR-70","2015-10-01","***","***","***","***","***","***"]
["ASFALTOS DILUÍDOS CR-70","2015-11-01","***","***","***","***","***","***"]
["ASFALTOS DILUÍDOS CR-70","2015-12-01","***","***","***","***","***","***"]
["ASFALTOS DILUÍDOS CR-70","2016-01-01","***","***","***","***","***","***"]
["ASFALTOS DILUÍDOS CR-70","2016-02-01","***","***","***","***","***","***"]
["ASFALTOS DILUÍDOS CR-70","2016-03-01","***","***","***","***","***","***"]
["ASFALTOS DILUÍDOS CR-70","2016-04-01","***","***","***","***","***","***"]
["ASFALTOS DILUÍDOS CR-70","2016-05-01","***","***","***","***","***","***"]
["ASFALTOS DILUÍDOS CR-70","2016-06-01","***","***","***","***","***","***"]
["ASFALTOS DILUÍDOS CR-70","2016-07-01","***","***","***","***","***","***"]
["ASFALTOS DILUÍDOS CR-70","2016-08-01","***","***","***","***","***","***"]
["ASFALTOS DILUÍDOS CR-70","2016-09-01","***","***","***","***","***","***"]
["ASFALTOS DILUÍDOS CR-70","2016-10-01","***","***","***","***","***","***"]
["ASFALTOS DILUÍDOS CR-70","2016-11-01","***","***","***","***","***","***"]
["ASFALTOS DILUÍDOS CR-70","2016-12-01","***","***","***","***","***","***"]
["ASFALTOS DILUÍDOS CR-70","2017-01-01","***","***","***","***","***","***"]
["ASFALTOS DILUÍDOS CR-70","2017-02-01","***","***","***","***","***","***"]
["ASFALTOS DILUÍDOS CR-70","2017-03-01","***","***","***","***","***","***"]
["ASFALTOS DILUÍDOS CR-70","2017-04-01","***","***","***","***","***","***"]
["ASFALTOS DILUÍDOS CR-70","2017-05-01","***","***","***","***","***","***"]
["ASFALTOS DILUÍDOS CR-70","2017-06-01","***","***","***","***","***","***"]
["ASFALTOS DILUÍDOS CR-70","2017-07-01","***","***","***","***","***","***"]
["ASFALTOS DILUÍDOS CR-70","2017-08-01","***","***","***","***","***","***"]
["ASFALTOS DILUÍDOS CR-70","2017-09-01","***","***","***","***","***","***"]
["ASFALTOS DILUÍDOS CR-70","2017-10-01","***","***","***","***","***","***"]
["ASFALTOS DILUÍDOS CR-70","2017-11-01","***","***","***","***","***","***"]
["ASFALTOS DILUÍDOS CR-70","2017-12-01","***","***","***","***","***","***"]
["ASFALTOS DILUÍDOS CR-70","2018-01-01","***","***","***","***","***","***"]
["ASFALTOS DILUÍDOS CR-70","2018-02-01","***","***","***","***","***","***"]
["ASFALTOS DILUÍDOS CR-70","2018-03-01","***","***","***","***","***","***"]
["ASFALTOS DILUÍDOS CR-70","2018-04-01","***","***","***","***","***","***"]
["ASFALTOS DILUÍDOS CR-70","2018-05-01","***","***","***","***","***","***"]
["ASFALTOS DILUÍDOS CR-70","2018-06-01","***","***","***","***","***","***"]
["ASFALTOS DILUÍDOS CR-70","2018-07-01","***","***","***","***","***","***"]
["ASFALTOS DILUÍDOS CR-70","2018-08-01","***","***","***","***","***","***"]
["ASFALTOS DILUÍDOS CR-70","2018-09-01","***","***","***","***","***","***"]
["ASFALTOS DILUÍDOS CR-70","2018-10-01","***","***","***","***","***","***"]
["ASFALTOS DILUÍDOS CR-70","2018-11-01","***","***","***","***","***","***"]
["ASFALTOS DILUÍDOS CR-70","2018-12-01","***","***","***","***","***","***"]
["ASFALTOS DILUÍDOS CR-70","2019-01-01","***","***","***","***","***","***"]
["ASFALTOS DILUÍDOS CR-70","2019-02-01","***","***","***","***","***","***"]
["ASFALTOS DILUÍDOS CR-70","2019-03-01","***","***","***","***","***","***"]
["ASFALTOS DILUÍDOS CR-70","2019-04-01","***","***","***","***","***","***"]
["ASFALTOS DILUÍDOS CR-70","2019-05-01","***","***","***","***","***","***"]
["ASFALTOS DILUÍDOS CR-70","2019-06-01","***","***","***","***","***","***"]
["ASFALTOS DILUÍDOS CR-70","2019-07-01","***","***","***","***","***","***"]
["ASFALTOS DILUÍDOS CR-70","2019-08-01","***","***","***","***","***","***"]
["ASFALTOS DILUÍDOS CR-70","2019-09-01","***","***","***","***","***","***"]
["ASFALTOS DILUÍDOS CR-70","2019-10-01","***","***","***","***","***","***"]
["ASFALTOS DILUÍDOS CR-70","2019-11-01","***","***","***","***","***","***"]
["ASFALTOS DILUÍDOS CR-70","2019-12-01","***","***","***","***","***","***"]
["ASFALTOS DILUÍDOS CR-70","2020-01-01","***","***","***","***","***","***"]
["ASFALTOS DILUÍDOS CR-70","2020-02-01","***","***","***","***","***","***"]
["ASFALTOS DILUÍDOS CR-70","2020-03-01","***","***","***","***","***","***"]
["ASFALTOS DILUÍDOS CR-70","2020-04-01","***","***","***","***","***","***"]
["ASFALTOS DILUÍDOS CR-70","2020-05-01","***","***","***","***","***","***"]
["ASFALTOS DILUÍDOS CR-70","2020-06-01","***","***","***","***","***","***"]
["ASFALTOS DILUÍDOS CR-70","2020-07-01","***","***","***","***","***","***"]
["ASFALTOS DILUÍDOS CR-70","2020-08-01","***","***","***","***","***","***"]
["ASFALTOS DILUÍDOS CR-70","2020-09-01","***","***","***","***","***","***"]
["ASFALTOS DILUÍDOS CR-70","2020-10-01","***","***","***","***","***","***"]
["ASFALTOS DILUÍDOS CR-70","2020-11-01","***","***","***","***","***","***"]
["ASFALTOS DILUÍDOS CR-70","2020-12-01","***","***","***","***","***","***"]
["ASFALTOS DILUÍDOS CR-70","2021-01-01","***","***","***","***","***","***"]
["ASFALTOS DILUÍDOS CR-70","2021-02-01","***","***","***","***","***","***"]
["ASFALTOS DILUÍDOS CR-70","2021-03-01","***","***","***","***","***","***"]
["ASFALTOS DILUÍDOS CR-70","2021-04-01","***","***","***","***","***","***"]
["ASFALTOS DILUÍDOS CR-70","2021-05-01","***","***","***","***","***","***"]
["ASFALTOS DILUÍDOS CR-70","2021-06-01","***","***","***","***","***","***"]
["ASFALTOS DILUÍDOS CR-70","2021-07-01","***","***","***","***","***","***"]
["ASFALTOS DILUÍDOS CR-70","2021-08-01","***","***","***","***","***","***"]
["ASFALTOS DILUÍDOS CR-70","2021-09-01","***","***","***","***","***","***"]
["ASFALTOS DILUÍDOS CR-70","2021-10-01","***","***","***","***","***","***"]
["ASFALTOS DILUÍDOS CR-70","2021-11-01","***","***","***","***","***","***"]
["ASFALTOS DILUÍDOS CR-70","2021-12-01","***","***","***","***","***","***"]
["ASFALTOS DILUÍDOS CR-70","2022-01-01","***","***","***","***","***","***"]
["ASFALTOS DILUÍDOS CR-70","2022-02-01","***","***","***","***","***","***"]
["ASFALTOS DILUÍDOS CR-70","2022-03-01","***","***","***","***","***","***"]
["ASFALTOS DILUÍDOS CR-70","2022-04-01","***","***","***","***","***","***"]
["ASFALTOS DILUÍDOS CR-70","2022-05-01","***","***","***","***","***","***"]
["ASFALTOS DILUÍDOS CR-70","2022-06-01","***","***","***","***","***","***"]
["ASFALTOS DILUÍDOS CR-70","2022-07-01","***","***","***","***","***","***"]
["ASFALTOS DILUÍDOS CR-70","2022-08-01","***","***","***","***","***","***"]
["ASFALTOS DILUÍDOS CR-70","2022-09-01","***","***","***","***","***","***"]
["ASFALTOS DILUÍDOS CR-70","2022-10-01","***","***","***","***","***","***"]
["ASFALTOS DILUÍDOS CR-70","2022-11-01","***","***","***","***","***","***"]
["ASFALTOS DILUÍDOS CR-70","2022-12-01","***","***","***","***","***","***"]
["ASFALTOS DILUÍDOS CR-70","2023-01-01","***","***","***","***","***","***"]
["ASFALTOS DILUÍDOS CR-70","2023-02-01","***","***","***","***","***","***"]
["ASFALTOS DILUÍDOS CR-70","2023-03-01","***","***","***","***","***","***"]
["ASFALTOS DILUÍDOS CR-70","2023-04-01","***","***","***","***","***","***"]
["ASFALTOS DILUÍDOS CR-70","2023-05-01","***","***","***","***","***","***"]
["ASFALTOS DILUÍDOS CR-70","2023-06-01","***","***","***","***","***","***"]
["ASFALTOS DILUÍDOS CR-70","2023-07-01","***","***","***","***","***","***"]
["ASFALTOS DILUÍDOS CR-70","2023-08-01","***","***","***","***","***","***"]
["ASFALTOS DILUÍDOS CR-70","2023-09-01","***","***","***","***","***","***"]
["ASFALTOS DILUÍDOS CR-70","2023-10-01","***","***","***","***","***","***"]
["ASFALTOS DILUÍDOS CR-70","2023-11-01","***","***","***","***","***","***"]
["ASFALTOS DILUÍDOS CR-70","2023-12-01","***","***","***","***","***","***"]
["ASFALTOS DILUÍDOS CR-70","2024-01-01","***","***","***","***","***","***"]
["ASFALTOS DILUÍDOS CR-70","2024-02-01","***","***","***","***","***","***"]
["ASFALTOS DILUÍDOS CR-70","2024-03-01","***","***","***","***","***","***"]
["ASFALTOS DILUÍDOS CR-70","2024-04-01","***","***","***","***","***","***"]
["ASFALTOS DILUÍDOS CR-70","2024-05-01","***","***","***","***","***","***"]
["ASFALTOS DILUÍDOS CR-70","2024-06-01","***","***","***","***","***","***"]
["ASFALTOS DILUÍDOS CR-70","2024-07-01","***","***","***","***","***","***"]
["CAP MODIFICADO POR BORRACHA DE PNEU AB22","2009-12-01","***","***","***",1.1234650000000002,1.1484160238451666,1.1435287983662941]
["CAP MODIFICADO POR BORRACHA DE PNEU AB22","2010-01-01","***","***","***",1.15307,1.1135568954352684,1.1172737978187226]
["CAP MODIFICADO POR BORRACHA DE PNEU AB22","2010-02-01","***","***","***",1.15263,1.0478505613045961,1.055842506097963]
["CAP MODIFICADO POR BORRACHA DE PNEU AB22","2010-03-01","***","***","***",1.15307,1.3099999999999998,1.2378755288039769]
["CAP MODIFICADO POR BORRACHA DE PNEU AB22","2010-04-01","***","***","***",1.15307,1.2383678377406007,1.2235001047159302]
["CAP MODIFICADO POR BORRACHA DE PNEU AB22","2010-05-01","***","***","***",1.15307,1.3359892477432296,1.2764934501894964]
["CAP MODIFICADO POR BORRACHA DE PNEU AB22","2010-06-01","***","***","***",1.15307,1.2380530217228867,1.2329236520474438]
["CAP MODIFICADO POR BORRACHA DE PNEU AB22","2010-07-01","***","***","***",1.2225512921511628,1.1969165437093885,1.1987192796909021]
["CAP MODIFICADO POR BORRACHA DE PNEU AB22","2010-08-01","***","***","***",1.15198,1.1095153340030861,1.1101599429694073]
["CAP MODIFICADO POR BORRACHA DE PNEU AB22","2010-09-01","***","***","***",1.1499244358922422,1.1083586641111285,1.1101841179191574]
["CAP MODIFICADO POR BORRACHA DE PNEU AB22","2010-10-01","***","***","***",1.1834025863181672,1.1193421123161074,1.1260469456077544]
["CAP MODIFICADO POR BORRACHA DE PNEU AB22","2010-11-01","***","***","***",1.2288644330518697,1.0641401488136422,1.0888511015806661]
["CAP MODIFICADO POR BORRACHA DE PNEU AB22","2010-12-01","***","***","***",1.2462800000000001,1.0719775153527897,1.0789323518409664]
["CAP MODIFICADO POR BORRACHA DE PNEU AB22","2011-01-01","***","***","***",1.2462800000000001,0.98689694832691277,1.0350025977360253]
["CAP MODIFICADO POR BORRACHA DE PNEU AB22","2011-02-01","***","***","***",1.2226309585177642,1.0927516942646183,1.11805610644728]
["CAP MODIFICADO POR BORRACHA DE PNEU AB22","2011-03-01","***","***","***",1.2355602533505612,1.094557711840854,1.1461685961089061]
["CAP MODIFICADO POR BORRACHA DE PNEU AB22","2011-04-01","***","***","***",1.1059189336310127,1.0814333170533172,1.0998096510789537]
["CAP MODIFICADO POR BORRACHA DE PNEU AB22","2011-05-01","***","***","***",1.1276787427600587,1.1728104665174728,1.1345451619239686]
["CAP MODIFICADO POR BORRACHA DE PNEU AB22","2011-06-01","***","***","***",1.1088164820852175,1.0417412156536219,1.0988321598005937]
["CAP MODIFICADO POR BORRACHA DE PNEU AB22","2011-07-01","***","***","***",1.1690508266069644,1.1984424357553691,1.177022780020037]
["CAP MODIFICADO POR BORRACHA DE PNEU AB22","2011-08-01","***","***","***",1.1739893941559194,1.1978806147992389,1.1770156821024058]
["CAP MODIFICADO POR BORRACHA DE PNEU AB22","2011-09-01","***","***","***",1.2120613428599154,1.1975499860917942,1.2094636031908852]
["CAP MODIFICADO POR BORRACHA DE PNEU AB22","2011-10-01","***","***","***",1.2806207926124262,1.0520450466311604,1.1902302680057759]
["CAP MODIFICADO POR BORRACHA DE PNEU AB22","2011-11-01","***","***","***",1.2382708814290728,1.0559703947526058,1.1651232780718781]
["CAP MODIFICADO POR BORRACHA DE PNEU AB22","2011-12-01","***","***","***",1.2792969480583576,1.131017350694298,1.2320423748419553]
["CAP MODIFICADO POR BORRACHA DE PNEU AB22","2012-01-01","***","***","***",1.282298874318208,1.1734668251088536,1.2535014543417964]
["CAP MODIFICADO POR BORRACHA DE PNEU AB22","2012-02-01","***","***","***",1.2966007560263755,1.0784072586458422,1.2234963203519214]
["CAP MODIFICADO POR BORRACHA DE PNEU AB22","2012-03-01","***","***","***",1.29781835631012,1.1457979052549543,1.2304271122572366]
["CAP MODIFICADO POR BORRACHA DE PNEU AB22","2012-04-01","***","***","***",1.2948857233970461,1.0499673128589506,1.1535264392000653]
["CAP MODIFICADO POR BORRACHA DE PNEU AB22","2012-05-01","***","***","***",1.33,1.148808032114254,1.1660696455596802]
["CAP MODIFICADO POR BORRACHA DE PNEU AB22","2012-06-01","***","***","***","***",1.109305125743504,1.109305125743504]
["CAP MODIFICADO POR BORRACHA DE PNEU AB22","2012-07-01","***","***","***","***",1.1635868402288732,1.1635868402288732]
["CAP MODIFICADO POR BORRACHA DE PNEU AB22","2012-08-01","***","***","***",1.0637399999999999,1.1414061713818398,1.1363061935576304]
["CAP MODIFICADO POR BORRACHA DE PNEU AB22","2012-09-01","***","***","***",1.0637399999999999,1.2797773887465602,1.2069180933215946]
["CAP MODIFICADO POR BORRACHA DE PNEU AB22","2012-10-01","***","***","***",1.06867,1.2379055871702018,1.215887672471986]
["CAP MODIFICADO POR BORRACHA DE PNEU AB22","2012-11-01","***","***","***","***",1.2617477396963122,1.2617477396963122]
["CAP MODIFICADO POR BORRACHA DE PNEU AB22","2012-12-01","***","***","***","***",1.3118067572668932,1.3118067572668932]
["CAP MODIFICADO POR BORRACHA DE PNEU AB22","2013-01-01","***","***","***","***",1.2905989145951269,1.2905989145951269]
["CAP MODIFICADO POR BORRACHA DE PNEU AB22","2013-02-01","***","***","***","***",1.1556969115497078,1.1556969115497078]
["CAP MODIFICADO POR BORRACHA DE PNEU AB22","2013-03-01","***","***","***","***",1.3072032579041979,1.3072032579041979]
["CAP MODIFICADO POR BORRACHA DE PNEU AB22","2013-04-01","***","***","***","***",1.1964269387882378,1.1964269387882378]
["CAP MODIFICADO POR BORRACHA DE PNEU AB22","2013-05-01","***","***","***","***",1.2685492001459018,1.2685492001459018]
["CAP MODIFICADO POR BORRACHA DE PNEU AB22","2013-06-01","***","***","***","***",1.1563630036400152,1.1563630036400152]
["CAP MODIFICADO POR BORRACHA DE PNEU AB22","2013-07-01","***","***","***","***",1.2872586218234769,1.2872586218234769]
["CAP MODIFICADO POR BORRACHA DE PNEU AB22","2013-08-01","***","***","***","***",1.3293076114273989,1.3293076114273989]
["CAP MODIFICADO POR BORRACHA DE PNEU AB22","2013-09-01","***","***","***","***","***","***"]
["CAP MODIFICADO POR BORRACHA DE PNEU AB22","2013-10-01","***","***","***","***","***","***"]
["CAP MODIFICADO POR BORRACHA DE PNEU AB22","2013-11-01","***","***","***",1.2402,"***",1.2402]
["CAP MODIFICADO POR BORRACHA DE PNEU AB22","2013-12-01","***","***","***",1.2402,"***",1.2402]
["CAP MODIFICADO POR BORRACHA DE PNEU AB22","2014-01-01","***","***","***",1.2376,"***",1.2376]
["CAP MODIFICADO POR BORRACHA DE PNEU AB22","2014-02-01","***","***","***",1.2376,"***",1.2376]
["CAP MODIFICADO POR BORRACHA DE PNEU AB22","2014-03-01","***","***","***",1.258,1.5686,1.2852481664882227]
["CAP MODIFICADO POR BORRACHA DE PNEU AB22","2014-04-01","***","***","***",1.2566999999999997,"***",1.2566999999999997]
["CAP MODIFICADO POR BORRACHA DE PNEU AB22","2014-05-01","***","***","***",1.2648528509199661,"***",1.2648528509199661]
["CAP MODIFICADO POR BORRACHA DE PNEU AB22","2014-06-01","***","***","***",1.2696562557437312,"***",1.2696562557437312]
["CAP MODIFICADO POR BORRACHA DE PNEU AB22","2014-07-01","***","***","***",1.2954000000000001,"***",1.2954000000000001]
["CAP MODIFICADO POR BORRACHA DE PNEU AB22","2014-08-01","***","***","***",1.3118505057869316,"***",1.3118505057869316]
["CAP MODIFICADO POR BORRACHA DE PNEU AB22","2014-09-01","***","***","***","***","***","***"]
["CAP MODIFICADO POR BORRACHA DE PNEU AB22","2014-10-01","***","***","***","***",1.2496365728900256,1.2496365728900256]
["CAP MODIFICADO POR BORRACHA DE PNEU AB22","2014-11-01","***","***","***","***","***","***"]
["CAP MODIFICADO POR BORRACHA DE PNEU AB22","2014-12-01","***","***","***","***","***","***"]
["CAP MODIFICADO POR BORRACHA DE PNEU AB22","2015-01-01","***","***","***","***","***","***"]
["CAP MODIFICADO POR BORRACHA DE PNEU AB22","2015-02-01","***","***","***","***","***","***"]
["CAP MODIFICADO POR BORRACHA DE PNEU AB22","2015-03-01","***","***","***","***","***","***"]
["CAP MODIFICADO POR BORRACHA DE PNEU AB22","2015-04-01","***","***","***","***","***","***"]
["CAP MODIFICADO POR BORRACHA DE PNEU AB22","2015-05-01","***","***","***","***","***","***"]
["CAP MODIFICADO POR BORRACHA DE PNEU AB22","2015-06-01","***","***","***","***","***","***"]
["CAP MODIFICADO POR BORRACHA DE PNEU AB22","2015-07-01","***","***","***","***","***","***"]
["CAP MODIFICADO POR BORRACHA DE PNEU AB22","2015-08-01","***","***","***",1.2886,1.575,1.431687593214426]
["CAP MODIFICADO POR BORRACHA DE PNEU AB22","2015-09-01","***","***","***",1.3494040169529666,1.6302499977108846,1.4605944888526372]
["CAP MODIFICADO POR BORRACHA DE PNEU AB22","2015-10-01","***","***","***",1.3831219194810149,1.6719900000000001,1.4617239504458208]
["CAP MODIFICADO POR BORRACHA DE PNEU AB22","2015-11-01","***","***","***",1.4775499725666628,"***",1.4775499725666628]
["CAP MODIFICADO POR BORRACHA DE PNEU AB22","2015-12-01","***","***","***","***","***","***"]
["CAP MODIFICADO POR BORRACHA DE PNEU AB22","2016-01-01","***","***","***","***","***","***"]
["CAP MODIFICADO POR BORRACHA DE PNEU AB22","2016-02-01","***","***","***","***","***","***"]
["CAP MODIFICADO POR BORRACHA DE PNEU AB22","2016-03-01","***","***","***","***",1.6473999999999998,1.6473999999999998]
["CAP MODIFICADO POR BORRACHA DE PNEU AB22","2016-04-01","***","***","***","***",1.9315000000000002,1.9315000000000002]
["CAP MODIFICADO POR BORRACHA DE PNEU AB22","2016-05-01","***","***","***","***",1.9305999999999999,1.9305999999999999]
["CAP MODIFICADO POR BORRACHA DE PNEU AB22","2016-06-01","***","***","***","***",1.9297999999999997,1.9297999999999997]
["CAP MODIFICADO POR BORRACHA DE PNEU AB22","2016-07-01","***","***","***","***",1.9290999999999998,1.9290999999999998]
["CAP MODIFICADO POR BORRACHA DE PNEU AB22","2016-08-01","***","***","***","***",1.7562657956539345,1.7562657956539345]
["CAP MODIFICADO POR BORRACHA DE PNEU AB22","2016-09-01","***","***",1.9316,1.7023760811173783,1.6322832917768022,1.6837156688536918]
["CAP MODIFICADO POR BORRACHA DE PNEU AB22","2016-10-01","***","***",1.9357999999999997,1.7030172137301012,1.6143020545553739,1.7200696231973467]
["CAP MODIFICADO POR BORRACHA DE PNEU AB22","2016-11-01","***","***",1.9357999999999997,"***",1.6257803791595566,1.6876625635444014]
["CAP MODIFICADO POR BORRACHA DE PNEU AB22","2016-12-01","***","***","***","***",1.687262171508529,1.687262171508529]
["CAP MODIFICADO POR BORRACHA DE PNEU AB22","2017-01-01","***","***","***","***",1.6734079698981563,1.6734079698981563]
["CAP MODIFICADO POR BORRACHA DE PNEU AB22","2017-02-01","***","***","***","***",1.6419429357010527,1.6419429357010527]
["CAP MODIFICADO POR BORRACHA DE PNEU AB22","2017-03-01","***","***","***","***",1.6301132571894474,1.6301132571894474]
["CAP MODIFICADO POR BORRACHA DE PNEU AB22","2017-04-01","***","***","***","***","***","***"]
["CAP MODIFICADO POR BORRACHA DE PNEU AB22","2017-05-01","***","***","***",1.7444,1.6160751800895756,1.6507208966853968]
["CAP MODIFICADO POR BORRACHA DE PNEU AB22","2017-06-01","***","***","***",1.7341758884269813,1.6137336373855793,1.6726636681265685]
["CAP MODIFICADO POR BORRACHA DE PNEU AB22","2017-07-01","***","***","***","***",1.5218674902420921,1.5218674902420921]
["CAP MODIFICADO POR BORRACHA DE PNEU AB22","2017-08-01","***","***","***","***",1.5154307004538576,1.5154307004538576]
["CAP MODIFICADO POR BORRACHA DE PNEU AB22","2017-09-01","***","***","***","***",1.4300810300071445,1.4300810300071445]
["CAP MODIFICADO POR BORRACHA DE PNEU AB22","2017-10-01","***","***","***","***",1.6500083430238617,1.6500083430238617]
["CAP MODIFICADO POR BORRACHA DE PNEU AB22","2017-11-01","***","***","***","***",1.6011326072630774,1.6011326072630774]
["CAP MODIFICADO POR BORRACHA DE PNEU AB22","2017-12-01","***","***","***",1.6792700000000003,1.5867230534145214,1.5902267217916868]
["CAP MODIFICADO POR BORRACHA DE PNEU AB22","2018-01-01","***","***","***","***",1.9039517789379479,1.9039517789379479]
["CAP MODIFICADO POR BORRACHA DE PNEU AB22","2018-02-01","***","***","***","***",1.7922157314255907,1.7922157314255907]
["CAP MODIFICADO POR BORRACHA DE PNEU AB22","2018-03-01","***","***",2.0981999999999998,"***",2.023665998927231,2.0342826942655634]
["CAP MODIFICADO POR BORRACHA DE PNEU AB22","2018-04-01","***","***",2.1002000000000001,"***",2.0674864250658533,2.0740626225658523]
["CAP MODIFICADO POR BORRACHA DE PNEU AB22","2018-05-01","***","***","***",1.8197000000000001,2.1875293896010208,2.1613831664948453]
["CAP MODIFICADO POR BORRACHA DE PNEU AB22","2018-06-01","***","***","***",1.9634999999999998,2.2124254039946245,2.1202259111662136]
["CAP MODIFICADO POR BORRACHA DE PNEU AB22","2018-07-01","***","***","***",2.1217000000000001,2.2766539530729881,2.2429636025160433]
["CAP MODIFICADO POR BORRACHA DE PNEU AB22","2018-08-01","***","***","***",2.2972419134396356,2.3963496857915292,2.3720242672791563]
["CAP MODIFICADO POR BORRACHA DE PNEU AB22","2018-09-01","***","***","***",2.294196885938443,2.2647356710387272,2.270768597345461]
["CAP MODIFICADO POR BORRACHA DE PNEU AB22","2018-10-01","***","***","***",2.298828486109854,2.3356848506271377,2.3247831166189337]
["CAP MODIFICADO POR BORRACHA DE PNEU AB22","2018-11-01","***","***","***","***",2.4298255734606111,2.4298255734606111]
["CAP MODIFICADO POR BORRACHA DE PNEU AB22","2018-12-01","***","***","***","***",2.7139630278642475,2.7139630278642475]
["CAP MODIFICADO POR BORRACHA DE PNEU AB22","2019-01-01","***","***","***","***",2.5396018975705843,2.5396018975705843]
["CAP MODIFICADO POR BORRACHA DE PNEU AB22","2019-02-01","***","***","***","***",2.8893619486207345,2.8893619486207345]
["CAP MODIFICADO POR BORRACHA DE PNEU AB22","2019-03-01","***","***","***","***",2.9102769479894555,2.9102769479894555]
["CAP MODIFICADO POR BORRACHA DE PNEU AB22","2019-04-01","***","***","***","***",3.0029316905811894,3.0029316905811894]
["CAP MODIFICADO POR BORRACHA DE PNEU AB22","2019-05-01","***","***","***","***",2.9835210751944117,2.9835210751944117]
["CAP MODIFICADO POR BORRACHA DE PNEU AB22","2019-06-01","***","***","***","***",3.0021841383601977,3.0021841383601977]
["CAP MODIFICADO POR BORRACHA DE PNEU AB22","2019-07-01","***","***","***","***",2.9631306196895886,2.9631306196895886]
["CAP MODIFICADO POR BORRACHA DE PNEU AB22","2019-08-01","***","***","***","***",2.9122222973113523,2.9122222973113523]
["CAP MODIFICADO POR BORRACHA DE PNEU AB22","2019-09-01","***","***","***","***",2.9973432740283434,2.9973432740283434]
["CAP MODIFICADO POR BORRACHA DE PNEU AB22","2019-10-01","***","***","***","***",2.9728168499465148,2.9728168499465148]
["CAP MODIFICADO POR BORRACHA DE PNEU AB22","2019-11-01","***","***","***","***",2.9257857330931261,2.9257857330931261]
["CAP MODIFICADO POR BORRACHA DE PNEU AB22","2019-12-01","***","***","***","***",2.9262866558211074,2.9262866558211074]
["CAP MODIFICADO POR BORRACHA DE PNEU AB22","2020-01-01","***","***","***","***",3.0614853570727658,3.0614853570727658]
["CAP MODIFICADO POR BORRACHA DE PNEU AB22","2020-02-01","***","***","***","***",2.944124975454808,2.944124975454808]
["CAP MODIFICADO POR BORRACHA DE PNEU AB22","2020-03-01","***","***","***",2.3338133656417117,2.8701788772266985,2.602641914014745]
["CAP MODIFICADO POR BORRACHA DE PNEU AB22","2020-04-01","***","***","***","***",2.666526940683744,2.666526940683744]
["CAP MODIFICADO POR BORRACHA DE PNEU AB22","2020-05-01","***","***","***","***",2.5451535790889115,2.5451535790889115]
["CAP MODIFICADO POR BORRACHA DE PNEU AB22","2020-06-01","***","***","***","***",2.5092568124999999,2.5092568124999999]
["CAP MODIFICADO POR BORRACHA DE PNEU AB22","2020-07-01","***","***","***","***",2.5924619855218483,2.5924619855218483]
["CAP MODIFICADO POR BORRACHA DE PNEU AB22","2020-08-01","***","***","***","***",2.7246233338989625,2.7246233338989625]
["CAP MODIFICADO POR BORRACHA DE PNEU AB22","2020-09-01","***","***","***","***",2.8353251973114224,2.8353251973114224]
["CAP MODIFICADO POR BORRACHA DE PNEU AB22","2020-10-01","***","***","***","***",2.9223707309090283,2.9223707309090283]
["CAP MODIFICADO POR BORRACHA DE PNEU AB22","2020-11-01","***","***","***","***",3.0233679410381837,3.0233679410381837]
["CAP MODIFICADO POR BORRACHA DE PNEU AB22","2020-12-01","***","***","***","***",2.7597216973841814,2.7597216973841814]
["CAP MODIFICADO POR BORRACHA DE PNEU AB22","2021-01-01","***","***","***","***",2.6898269883937176,2.6898269883937176]
["CAP MODIFICADO POR BORRACHA DE PNEU AB22","2021-02-01","***","***","***","***",2.9053264217352979,2.9053264217352979]
["CAP MODIFICADO POR BORRACHA DE PNEU AB22","2021-03-01","***","***","***","***",2.9823204104420142,2.9823204104420142]
["CAP MODIFICADO POR BORRACHA DE PNEU AB22","2021-04-01","***","***","***","***",2.9887647948792551,2.9887647948792551]
["CAP MODIFICADO POR BORRACHA DE PNEU AB22","2021-05-01","***","***","***",3.1898499999999999,"***",3.1898499999999999]
["CAP MODIFICADO POR BORRACHA DE PNEU AB22","2021-06-01","***","***","***",3.1898500000000003,3.4306842448890822,3.3592222633832978]
["CAP MODIFICADO POR BORRACHA DE PNEU AB22","2021-07-01","***","***",3.33216,3.1898499999999994,3.5997505795544598,3.5507911458697343]
["CAP MODIFICADO POR BORRACHA DE PNEU AB22","2021-08-01","***","***",3.4804200000000001,3.4194599999999999,3.7650919144290227,3.625044297849203]
["CAP MODIFICADO POR BORRACHA DE PNEU AB22","2021-09-01","***","***",3.4876968518888658,3.4194600000000004,3.706781273646405,3.571104652296873]
["CAP MODIFICADO POR BORRACHA DE PNEU AB22","2021-10-01","***","***",3.4891000000000005,"***",3.8427306714007243,3.726719801092774]
["CAP MODIFICADO POR BORRACHA DE PNEU AB22","2021-11-01","***","***",3.8336125302297459,"***",3.694415536735058,3.7600724362414764]
["CAP MODIFICADO POR BORRACHA DE PNEU AB22","2021-12-01","***","***",3.8336999999999999,"***",4.0219128668427011,3.9713167077319116]
["CAP MODIFICADO POR BORRACHA DE PNEU AB22","2022-01-01","***","***","***","***",4.3282443506625894,4.3282443506625894]
["CAP MODIFICADO POR BORRACHA DE PNEU AB22","2022-02-01","***","***","***","***","***","***"]
["CAP MODIFICADO POR BORRACHA DE PNEU AB22","2022-03-01","***","***","***","***",4.1055573453744287,4.1055573453744287]
["CAP MODIFICADO POR BORRACHA DE PNEU AB22","2022-04-01","***","***","***","***",4.8064477756192323,4.8064477756192323]
["CAP MODIFICADO POR BORRACHA DE PNEU AB22","2022-05-01","***","***","***","***",4.3426154565846895,4.3426154565846895]
["CAP MODIFICADO POR BORRACHA DE PNEU AB22","2022-06-01","***","***","***",4.7340745704234877,4.3603267557128014,4.5433500180547259]
["CAP MODIFICADO POR BORRACHA DE PNEU AB22","2022-07-01","***","***","***",4.8250618466361113,4.4706022444650273,4.6680927759400888]
["CAP MODIFICADO POR BORRACHA DE PNEU AB22","2022-08-01","***","***",4.3657900000000005,4.71021,4.2637194547005288,4.4502342369668693]
["CAP MODIFICADO POR BORRACHA DE PNEU AB22","2022-09-01","***","***","***",4.4624897625166673,4.355322892547882,4.4290786800808579]
["CAP MODIFICADO POR BORRACHA DE PNEU AB22","2022-10-01","***","***","***",4.1182570288017848,3.9235122437037036,4.0391186946509743]
["CAP MODIFICADO POR BORRACHA DE PNEU AB22","2022-11-01","***","***","***",4.1808408318130388,3.7396840026283025,4.0042046159597895]
["CAP MODIFICADO POR BORRACHA DE PNEU AB22","2022-12-01","***","***","***",4.0950599999999993,3.8371325407279029,4.0170272063758397]
["CAP MODIFICADO POR BORRACHA DE PNEU AB22","2023-01-01","***","***","***","***",3.5740293598740736,3.5740293598740736]
["CAP MODIFICADO POR BORRACHA DE PNEU AB22","2023-02-01","***","***","***","***",3.6251798597801286,3.6251798597801286]
["CAP MODIFICADO POR BORRACHA DE PNEU AB22","2023-03-01","***","***","***","***",3.4189790671858455,3.4189790671858455]
["CAP MODIFICADO POR BORRACHA DE PNEU AB22","2023-04-01","***","***","***","***",3.6497567780748668,3.6497567780748668]
["CAP MODIFICADO POR BORRACHA DE PNEU AB22","2023-05-01","***","***","***",3.8208299999999999,3.5150387596479349,3.6932946574800924]
["CAP MODIFICADO POR BORRACHA DE PNEU AB22","2023-06-01","***","***","***",3.5966049338667014,"***",3.5966049338667014]
["CAP MODIFICADO POR BORRACHA DE PNEU AB22","2023-07-01","***","***","***",3.3800359871429517,"***",3.3800359871429517]
["CAP MODIFICADO POR BORRACHA DE PNEU AB22","2023-08-01","***","***","***",3.3800347111681646,"***",3.3800347111681646]
["CAP MODIFICADO POR BORRACHA DE PNEU AB22","2023-09-01","***","***","***","***","***","***"]
["CAP MODIFICADO POR BORRACHA DE PNEU AB22","2023-10-01","***","***","***","***","***","***"]
["CAP MODIFICADO POR BORRACHA DE PNEU AB22","2023-11-01","***","***","***","***","***","***"]
["CAP MODIFICADO POR BORRACHA DE PNEU AB22","2023-12-01","***","***","***","***","***","***"]
["CAP MODIFICADO POR BORRACHA DE PNEU AB22","2024-01-01","***","***","***","***","***","***"]
["CAP MODIFICADO POR BORRACHA DE PNEU AB22","2024-02-01","***","***","***","***","***","***"]
["CAP MODIFICADO POR BORRACHA DE PNEU AB22","2024-03-01","***","***","***","***","***","***"]
["CAP MODIFICADO POR BORRACHA DE PNEU AB22","2024-04-01","***","***","***","***","***","***"]
["CAP MODIFICADO POR BORRACHA DE PNEU AB22","2024-05-01","***","***","***","***","***","***"]
["CAP MODIFICADO POR BORRACHA DE PNEU AB22","2024-06-01","***","***","***","***","***","***"]
["CAP MODIFICADO POR BORRACHA DE PNEU AB22","2024-07-01","***","***","***","***","***","***"]
["CAP MODIFICADO POR BORRACHA DE PNEU AB8","2009-12-01","***",1.6191729898160816,"***",1.0609523581939377,1.3098775970497534,1.2964571042515038]
["CAP MODIFICADO POR BORRACHA DE PNEU AB8","2010-01-01","***",1.5287395638018277,"***",1.0437136467730741,1.2331276901370598,1.2492627974179116]
["CAP MODIFICADO POR BORRACHA DE PNEU AB8","2010-02-01","***",1.6189,"***",1.13432787504401,1.2594469931649332,1.2953022436582964]
["CAP MODIFICADO POR BORRACHA DE PNEU AB8","2010-03-01","***",1.5337693954631291,"***",1.1203269547736554,1.2587445683439562,1.2544756772283805]
["CAP MODIFICADO POR BORRACHA DE PNEU AB8","2010-04-01","***","***",1.5584,1.1320152246167043,1.2334920145666424,1.1958727832727607]
["CAP MODIFICADO POR BORRACHA DE PNEU AB8","2010-05-01","***","***",1.5570999999999999,1.1268721854527128,1.1358577003397186,1.1448166793615662]
["CAP MODIFICADO POR BORRACHA DE PNEU AB8","2010-06-01","***","***","***","***",1.1009852629038925,1.1009852629038925]
["CAP MODIFICADO POR BORRACHA DE PNEU AB8","2010-07-01","***","***","***","***",1.1575927179621193,1.1575927179621193]
["CAP MODIFICADO POR BORRACHA DE PNEU AB8","2010-08-01","***","***","***",1.1467761637718408,1.1369646198311878,1.1393901285564838]
["CAP MODIFICADO POR BORRACHA DE PNEU AB8","2010-09-01","***","***","***",1.005926604179016,1.1057108627323193,1.0912752020066672]
["CAP MODIFICADO POR BORRACHA DE PNEU AB8","2010-10-01","***",1.5018,"***",1.0477000000000001,1.0983352077291526,1.1034981759070928]
["CAP MODIFICADO POR BORRACHA DE PNEU AB8","2010-11-01","***",1.4632888922656129,"***",1.1765765724968842,1.2032237418022458,1.2073910889087933]
["CAP MODIFICADO POR BORRACHA DE PNEU AB8","2010-12-01","***",1.4986999999999999,"***",1.1608677434143244,1.2140573205989342,1.2103922989963849]
["CAP MODIFICADO POR BORRACHA DE PNEU AB8","2011-01-01","***",1.4986999999999999,"***",1.2285999999999999,1.0774357621541253,1.095852234418681]
["CAP MODIFICADO POR BORRACHA DE PNEU AB8","2011-02-01","***","***","***","***",1.1531682862418531,1.1531682862418531]
["CAP MODIFICADO POR BORRACHA DE PNEU AB8","2011-03-01","***",1.4990000000000001,"***",1.1689837556463754,1.1981252852301039,1.1968295138359033]
["CAP MODIFICADO POR BORRACHA DE PNEU AB8","2011-04-01","***","***","***",1.00360645109135,1.1113628611714035,1.1085885358553713]
["CAP MODIFICADO POR BORRACHA DE PNEU AB8","2011-05-01","***",1.6555,"***",1.0112000000000001,1.0875433862010788,1.0930747290711629]
["CAP MODIFICADO POR BORRACHA DE PNEU AB8","2011-06-01","***",1.4972000000000001,"***",1.0694987078519218,1.0794293698078377,1.1146388348849325]
["CAP MODIFICADO POR BORRACHA DE PNEU AB8","2011-07-01","***",1.6523999999999996,"***","***",1.0616728004746567,1.13230283718045]
["CAP MODIFICADO POR BORRACHA DE PNEU AB8","2011-08-01","***","***","***",0.9768,1.0587876343724356,1.0557410639221201]
["CAP MODIFICADO POR BORRACHA DE PNEU AB8","2011-09-01","***","***","***",1.1865991678903574,1.1261270384123565,1.1275175752232316]
["CAP MODIFICADO POR BORRACHA DE PNEU AB8","2011-10-01","***","***","***",0.98039999999999994,1.0811985369990924,1.0800477091732588]
["CAP MODIFICADO POR BORRACHA DE PNEU AB8","2011-11-01","***",1.6526000000000001,"***",1.1781999999999999,1.169035145324872,1.1787741567516654]
["CAP MODIFICADO POR BORRACHA DE PNEU AB8","2011-12-01","***","***","***",1.1021830237484433,1.2619989141270294,1.1892216573353691]
["CAP MODIFICADO POR BORRACHA DE PNEU AB8","2012-01-01","***","***","***",1.0661708911411409,1.1428234076621993,1.1021835452207907]
["CAP MODIFICADO POR BORRACHA DE PNEU AB8","2012-02-01","***","***","***",1.1022499134948098,1.2572668724706142,1.1660677742649022]
["CAP MODIFICADO POR BORRACHA DE PNEU AB8","2012-03-01","***","***","***",1.0549261797375431,1.0884500886819295,1.0679835457468079]
["CAP MODIFICADO POR BORRACHA DE PNEU AB8","2012-04-01","***",1.6051,"***",1.0777133933713559,1.0738306477672068,1.0802140752968346]
["CAP MODIFICADO POR BORRACHA DE PNEU AB8","2012-05-01","***","***","***",1.0918985103704379,1.1161429405957537,1.1026848608277917]
["CAP MODIFICADO POR BORRACHA DE PNEU AB8","2012-06-01","***","***","***",1.1527001851507062,1.1714950737583953,1.1647350558978251]
["CAP MODIFICADO POR BORRACHA DE PNEU AB8","2012-07-01","***","***","***",1.1570435171497822,1.3422725118545544,1.2740975889439403]
["CAP MODIFICADO POR BORRACHA DE PNEU AB8","2012-08-01","***","***","***",1.1619457264935051,1.2164282366999961,1.1896014117887943]
["CAP MODIFICADO POR BORRACHA DE PNEU AB8","2012-09-01","***","***","***",1.1730972932879522,1.3704738416193458,1.2885910018958944]
["CAP MODIFICADO POR BORRACHA DE PNEU AB8","2012-10-01","***","***","***",1.1673012787080324,1.1875130657910866,1.1788445221489403]
["CAP MODIFICADO POR BORRACHA DE PNEU AB8","2012-11-01","***","***","***",1.19815213826663,1.3567455479690402,1.2711575250778484]
["CAP MODIFICADO POR BORRACHA DE PNEU AB8","2012-12-01","***","***","***",1.186995598817064,1.3407999440320493,1.2310009919723564]
["CAP MODIFICADO POR BORRACHA DE PNEU AB8","2013-01-01","***","***","***",1.1566429983553468,1.3590648725773196,1.2592468086351629]
["CAP MODIFICADO POR BORRACHA DE PNEU AB8","2013-02-01","***","***","***",1.1706604714881521,1.2326813440111422,1.1983340795865309]
["CAP MODIFICADO POR BORRACHA DE PNEU AB8","2013-03-01","***","***","***",1.1781083404161554,1.3873908250087319,1.2535169570536087]
["CAP MODIFICADO POR BORRACHA DE PNEU AB8","2013-04-01","***","***",1.65,1.1754767855148143,1.2965283118648456,1.238292902609665]
["CAP MODIFICADO POR BORRACHA DE PNEU AB8","2013-05-01","***","***",1.65,1.2187666332957656,1.2014709676255222,1.2334313171922864]
["CAP MODIFICADO POR BORRACHA DE PNEU AB8","2013-06-01","***","***","***",1.2336671067142395,1.2065205549138345,1.2225362503408645]
["CAP MODIFICADO POR BORRACHA DE PNEU AB8","2013-07-01","***","***","***",1.2330444179375764,1.3989500633651444,1.3441614054256841]
["CAP MODIFICADO POR BORRACHA DE PNEU AB8","2013-08-01","***","***","***",1.2452399162508065,1.3716984574828397,1.3444955251608537]
["CAP MODIFICADO POR BORRACHA DE PNEU AB8","2013-09-01","***","***","***",1.2484582307113947,1.2757130885666805,1.2669449941845503]
["CAP MODIFICADO POR BORRACHA DE PNEU AB8","2013-10-01","***","***","***",1.2574417535843938,1.2513071926360673,1.2532113946659533]
["CAP MODIFICADO POR BORRACHA DE PNEU AB8","2013-11-01","***","***","***",1.2561418255145627,1.274924780393853,1.2680468498741837]
["CAP MODIFICADO POR BORRACHA DE PNEU AB8","2013-12-01","***","***","***",1.2477874668226194,1.2720476044962734,1.2618957613007982]
["CAP MODIFICADO POR BORRACHA DE PNEU AB8","2014-01-01","***","***","***",1.2932810719361127,1.3161819846399581,1.306601725671704]
["CAP MODIFICADO POR BORRACHA DE PNEU AB8","2014-02-01","***","***","***",1.2193101738086485,1.2594389982817531,1.2487040910182476]
["CAP MODIFICADO POR BORRACHA DE PNEU AB8","2014-03-01","***","***","***",1.312578315910415,1.3201403522497284,1.3186764923706322]
["CAP MODIFICADO POR BORRACHA DE PNEU AB8","2014-04-01","***","***",1.2971999999999999,1.2297958465320562,1.2907811578845032,1.2675586241507653]
["CAP MODIFICADO POR BORRACHA DE PNEU AB8","2014-05-01","***","***",1.2981,1.2312288883942284,1.2951243214092223,1.2687246987995167]
["CAP MODIFICADO POR BORRACHA DE PNEU AB8","2014-06-01","***","***",1.2937668762843206,1.1498324270316098,1.2705208657340905,1.2293013686523417]
["CAP MODIFICADO POR BORRACHA DE PNEU AB8","2014-07-01","***","***",1.2970000000000002,1.0829689120290709,1.3217699719935811,1.2307617233661532]
["CAP MODIFICADO POR BORRACHA DE PNEU AB8","2014-08-01","***","***",1.3862000000000001,1.2233743153263112,1.3645665026079274,1.3129158027904995]
["CAP MODIFICADO POR BORRACHA DE PNEU AB8","2014-09-01","***","***",1.3862000000000003,1.221841504137297,1.3120346346156013,1.2956517909907521]
["CAP MODIFICADO POR BORRACHA DE PNEU AB8","2014-10-01","***","***",1.2613848656717337,1.0620009799963297,1.2619096737842672,1.2150385341682899]
["CAP MODIFICADO POR BORRACHA DE PNEU AB8","2014-11-01","***","***",1.4453441259122564,1.0670025891542063,1.4066348107709632,1.3220595363627214]
["CAP MODIFICADO POR BORRACHA DE PNEU AB8","2014-12-01","***","***","***","***","***","***"]
["CAP MODIFICADO POR BORRACHA DE PNEU AB8","2015-01-01","***","***",1.5612000000000001,1.4800757702263883,1.817494834308327,1.6579997734190262]
["CAP MODIFICADO POR BORRACHA DE PNEU AB8","2015-02-01","***","***",1.4702,1.421023723931127,1.7600990271087489,1.66420728815014]
["CAP MODIFICADO POR BORRACHA DE PNEU AB8","2015-03-01","***","***",1.5612000000000004,1.4104565459989113,1.7216944527941518,1.675820410278493]
["CAP MODIFICADO POR BORRACHA DE PNEU AB8","2015-04-01","***","***","***",1.6088742046222251,1.5860921202574136,1.5909847054330197]
["CAP MODIFICADO POR BORRACHA DE PNEU AB8","2015-05-01","***","***",1.4702000000000002,1.6912124389107845,1.6207977754185059,1.6239052213956682]
["CAP MODIFICADO POR BORRACHA DE PNEU AB8","2015-06-01","***","***",1.5179011306820041,1.6145162271500908,1.6017483506977686,1.5935621528497768]
["CAP MODIFICADO POR BORRACHA DE PNEU AB8","2015-07-01","***","***",1.597793461302025,1.716642565189517,1.6046205431770173,1.622907870446918]
["CAP MODIFICADO POR BORRACHA DE PNEU AB8","2015-08-01","***","***",1.5943416703113067,1.5501896015113001,1.7220942288083445,1.6543857819324022]
["CAP MODIFICADO POR BORRACHA DE PNEU AB8","2015-09-01","***","***",1.6926561401637077,1.5738426935643286,1.6553241412191289,1.6647946940090854]
["CAP MODIFICADO POR BORRACHA DE PNEU AB8","2015-10-01","***","***",1.8182944091257496,1.7506096295951523,1.7862521413257295,1.7845721620899808]
["CAP MODIFICADO POR BORRACHA DE PNEU AB8","2015-11-01","***","***",1.7654000000000001,1.6974174340248325,1.8979885388954589,1.8565446439173232]
["CAP MODIFICADO POR BORRACHA DE PNEU AB8","2015-12-01","***","***","***",1.6107552900038624,1.8539203354988103,1.7954765562227901]
["CAP MODIFICADO POR BORRACHA DE PNEU AB8","2016-01-01","***","***","***",1.4357595705080297,1.8849056893643592,1.8137064656530872]
["CAP MODIFICADO POR BORRACHA DE PNEU AB8","2016-02-01","***","***","***",1.4452717952496548,1.8161798949642947,1.6799878123507856]
["CAP MODIFICADO POR BORRACHA DE PNEU AB8","2016-03-01","***","***",1.7392000000000001,1.7191866791116015,1.8393653384765103,1.8108244627034333]
["CAP MODIFICADO POR BORRACHA DE PNEU AB8","2016-04-01","***","***","***",1.9844119046434252,2.0758937691256998,2.0604458450313006]
["CAP MODIFICADO POR BORRACHA DE PNEU AB8","2016-05-01","***","***","***",1.874693801007091,1.9788140783579065,1.9613906464489621]
["CAP MODIFICADO POR BORRACHA DE PNEU AB8","2016-06-01","***","***","***",2.0888976160885777,2.0706527932673628,2.0731574995579511]
["CAP MODIFICADO POR BORRACHA DE PNEU AB8","2016-07-01","***","***","***",1.8777269944177848,2.0655002851193678,2.0511184112593503]
["CAP MODIFICADO POR BORRACHA DE PNEU AB8","2016-08-01","***","***","***",1.5725519758199464,2.0024954441672294,1.8897557982760023]
["CAP MODIFICADO POR BORRACHA DE PNEU AB8","2016-09-01","***","***","***",1.6788193731581895,1.9116851305045215,1.8728638268744222]
["CAP MODIFICADO POR BORRACHA DE PNEU AB8","2016-10-01","***","***","***",1.725519629107618,1.8919059711315318,1.8304053595463119]
["CAP MODIFICADO POR BORRACHA DE PNEU AB8","2016-11-01","***","***",1.7460451361525471,1.7110442843342453,1.8779468372768484,1.8500704313954792]
["CAP MODIFICADO POR BORRACHA DE PNEU AB8","2016-12-01","***","***",1.7463823457376351,1.6769229103277106,1.9051327058536027,1.8718492549393275]
["CAP MODIFICADO POR BORRACHA DE PNEU AB8","2017-01-01","***","***",1.7464498097971168,"***",1.8942195029371891,1.8754375090869764]
["CAP MODIFICADO POR BORRACHA DE PNEU AB8","2017-02-01","***","***",1.8445409898919485,1.6538999999999999,1.8934384004474281,1.8887869296586486]
["CAP MODIFICADO POR BORRACHA DE PNEU AB8","2017-03-01","***","***",1.8535146911115143,1.8960315506589049,1.8885790761143808,1.8872178987648442]
["CAP MODIFICADO POR BORRACHA DE PNEU AB8","2017-04-01","***","***","***","***","***","***"]
["CAP MODIFICADO POR BORRACHA DE PNEU AB8","2017-05-01","***","***",1.8065925692439728,1.6954062245752772,1.8804092085331536,1.827644043363186]
["CAP MODIFICADO POR BORRACHA DE PNEU AB8","2017-06-01","***","***",1.8247501199301148,1.5850772602869005,1.8824291876349191,1.8060853358611515]
["CAP MODIFICADO POR BORRACHA DE PNEU AB8","2017-07-01","***","***",1.8183932474881543,1.4795539904886645,1.8879976654430224,1.812321817649541]
["CAP MODIFICADO POR BORRACHA DE PNEU AB8","2017-08-01","***","***",1.7872480278291569,1.5738003638253639,1.8791611663327392,1.8361462138009805]
["CAP MODIFICADO POR BORRACHA DE PNEU AB8","2017-09-01","***","***",1.7902469689420364,1.5334923788025367,1.8232427397173425,1.80841092619879]
["CAP MODIFICADO POR BORRACHA DE PNEU AB8","2017-10-01","***","***",1.9343283379988281,1.627901409642869,1.8414767465938304,1.8252430848686816]
["CAP MODIFICADO POR BORRACHA DE PNEU AB8","2017-11-01","***","***",1.9563079934224892,1.7910055967526133,1.914035733816553,1.9041999246990375]
["CAP MODIFICADO POR BORRACHA DE PNEU AB8","2017-12-01","***","***",2.0670548810863241,1.928741866134752,1.917186920486148,1.9387046838092286]
["CAP MODIFICADO POR BORRACHA DE PNEU AB8","2018-01-01","***","***",2.4436176381318795,1.8712143585785712,2.0875129034718474,2.1116769274661533]
["CAP MODIFICADO POR BORRACHA DE PNEU AB8","2018-02-01","***","***",2.4572973095135602,2.1259722742779168,2.1320752843337347,2.1526991908948112]
["CAP MODIFICADO POR BORRACHA DE PNEU AB8","2018-03-01","***","***",2.3512685672034181,1.9081666874645489,2.1197819939351694,2.1066906863659698]
["CAP MODIFICADO POR BORRACHA DE PNEU AB8","2018-04-01","***","***",2.1793665604289978,1.9260251322613016,2.059467020592272,2.0285102640360222]
["CAP MODIFICADO POR BORRACHA DE PNEU AB8","2018-05-01","***","***",2.2768385258681785,1.9658183809376311,2.1288901724012419,2.0898719656784346]
["CAP MODIFICADO POR BORRACHA DE PNEU AB8","2018-06-01","***","***",2.3769615602632461,1.973070916090202,2.250823890967387,2.223058556750638]
["CAP MODIFICADO POR BORRACHA DE PNEU AB8","2018-07-01","***","***",2.4770607815804651,2.1014044141205663,2.3730649015579113,2.3398341379354712]
["CAP MODIFICADO POR BORRACHA DE PNEU AB8","2018-08-01","***","***",2.6996309021652989,2.346250935647165,2.4977445030786698,2.4786283819183055]
["CAP MODIFICADO POR BORRACHA DE PNEU AB8","2018-09-01","***","***",2.6647926189547579,2.4329752269541314,2.582177023731091,2.5362225687173616]
["CAP MODIFICADO POR BORRACHA DE PNEU AB8","2018-10-01","***","***",2.6701270670198061,2.3900118410220945,2.7108548334601932,2.5876638860388326]
["CAP MODIFICADO POR BORRACHA DE PNEU AB8","2018-11-01","***","***",2.8751160485502356,2.4821156336111123,2.8874585188209014,2.7797383109634497]
["CAP MODIFICADO POR BORRACHA DE PNEU AB8","2018-12-01","***","***",2.9101000000000004,2.4810177004495295,3.1577347781029119,2.9227552129228287]
["CAP MODIFICADO POR BORRACHA DE PNEU AB8","2019-01-01","***","***","***",2.479790898105076,2.9447065019913481,2.7176181048808568]
["CAP MODIFICADO POR BORRACHA DE PNEU AB8","2019-02-01","***","***","***",2.577441022243752,3.0767086670736559,2.9299480895698151]
["CAP MODIFICADO POR BORRACHA DE PNEU AB8","2019-03-01","***","***","***",2.6794149903996027,3.1125870325206022,2.9675906307015421]
["CAP MODIFICADO POR BORRACHA DE PNEU AB8","2019-04-01","***","***","***",2.7028248899620868,3.153835795447224,2.9966509308559535]
["CAP MODIFICADO POR BORRACHA DE PNEU AB8","2019-05-01","***","***","***",2.6686232661930216,3.0376717019818318,2.8702428528226371]
["CAP MODIFICADO POR BORRACHA DE PNEU AB8","2019-06-01","***","***","***",2.7316031068885498,3.6481446280570298,3.3804959658999856]
["CAP MODIFICADO POR BORRACHA DE PNEU AB8","2019-07-01",2.7736199999999998,"***",3.0228213710852945,2.9923763265422418,3.4390024773395762,3.2237123891444903]
["CAP MODIFICADO POR BORRACHA DE PNEU AB8","2019-08-01","***","***",2.8423113416618686,2.5535686564548046,3.0139607419042322,2.8622721793846084]
["CAP MODIFICADO POR BORRACHA DE PNEU AB8","2019-09-01","***","***",2.7282500000000001,2.760380112854548,2.975459794944403,2.8914658619880784]
["CAP MODIFICADO POR BORRACHA DE PNEU AB8","2019-10-01","***","***",2.6810403787779893,2.5449124114125712,2.9588827905201884,2.8563383809277632]
["CAP MODIFICADO POR BORRACHA DE PNEU AB8","2019-11-01","***","***",2.7082432241467256,2.5758734026857559,3.0063070590313057,2.8370260067749449]
["CAP MODIFICADO POR BORRACHA DE PNEU AB8","2019-12-01","***","***","***",2.6214992838887525,3.04157988495799,2.8895458324697287]
["CAP MODIFICADO POR BORRACHA DE PNEU AB8","2020-01-01","***",2.9613999999999998,2.8285380858564912,2.642050349730364,3.064224673890521,2.8752101094373783]
["CAP MODIFICADO POR BORRACHA DE PNEU AB8","2020-02-01","***","***","***",2.4590215008939551,2.8902676514651588,2.7252961731335468]
["CAP MODIFICADO POR BORRACHA DE PNEU AB8","2020-03-01","***","***","***",2.3604012498264133,2.8313532691075833,2.6559068400149655]
["CAP MODIFICADO POR BORRACHA DE PNEU AB8","2020-04-01","***","***","***",2.339614992484611,2.8244390683253342,2.6731035568013191]
["CAP MODIFICADO POR BORRACHA DE PNEU AB8","2020-05-01","***","***","***",2.3850887906873437,2.7957473788340796,2.7417292273163092]
["CAP MODIFICADO POR BORRACHA DE PNEU AB8","2020-06-01","***","***",2.5771700000000002,2.3767381042881222,2.8218500368677808,2.7419114566241722]
["CAP MODIFICADO POR BORRACHA DE PNEU AB8","2020-07-01","***","***",2.5771699999999997,2.3129896529738909,2.8327986519404655,2.7472629097630588]
["CAP MODIFICADO POR BORRACHA DE PNEU AB8","2020-08-01","***","***",2.6570066468307947,2.3621587992415791,2.9730478799993669,2.8776343464482292]
["CAP MODIFICADO POR BORRACHA DE PNEU AB8","2020-09-01","***","***",2.6857405585725362,2.3920221649897502,2.8995937668467771,2.8048162311105544]
["CAP MODIFICADO POR BORRACHA DE PNEU AB8","2020-10-01","***","***",2.7115296986279374,2.5988855005411979,2.945660296835936,2.8601320590732215]
["CAP MODIFICADO POR BORRACHA DE PNEU AB8","2020-11-01","***","***",2.9355785272915584,2.675728781446943,3.1036367791020836,2.9821229454202736]
["CAP MODIFICADO POR BORRACHA DE PNEU AB8","2020-12-01","***","***","***",2.8103980717931423,3.1560016642997661,3.0198328222421571]
["CAP MODIFICADO POR BORRACHA DE PNEU AB8","2021-01-01","***","***","***",2.6067625684844038,3.0235489155877113,2.9169518621704214]
["CAP MODIFICADO POR BORRACHA DE PNEU AB8","2021-02-01","***","***","***",2.7539341525183927,3.2378279376369576,3.2142956354110028]
["CAP MODIFICADO POR BORRACHA DE PNEU AB8","2021-03-01","***","***","***",2.8667480380630153,3.2664503620327867,3.2444312354152673]
["CAP MODIFICADO POR BORRACHA DE PNEU AB8","2021-04-01","***","***","***",3.2412820683288355,3.2403526438144885,3.2404824221821982]
["CAP MODIFICADO POR BORRACHA DE PNEU AB8","2021-05-01","***","***","***",3.4580315701443354,3.9605739483670725,3.898980732901407]
["CAP MODIFICADO POR BORRACHA DE PNEU AB8","2021-06-01","***","***","***",3.3895059892106629,3.9960151456310675,3.7901355069954188]
["CAP MODIFICADO POR BORRACHA DE PNEU AB8","2021-07-01","***","***","***",3.3634510522282417,4.0446007521421841,3.759377785639622]
["CAP MODIFICADO POR BORRACHA DE PNEU AB8","2021-08-01","***","***","***",3.5297912801513007,4.2221124396868657,3.8942494353864427]
["CAP MODIFICADO POR BORRACHA DE PNEU AB8","2021-09-01",3.1511999999999998,"***","***",3.6011649158390968,4.2437321077518497,3.9834978123132094]
["CAP MODIFICADO POR BORRACHA DE PNEU AB8","2021-10-01",3.1511999999999998,"***","***",3.5245837051341593,4.2745912764257028,3.9325664481350482]
["CAP MODIFICADO POR BORRACHA DE PNEU AB8","2021-11-01",3.52045270712581,"***","***",3.8006628269091718,4.6212462053760719,4.2402152571736771]
["CAP MODIFICADO POR BORRACHA DE PNEU AB8","2021-12-01",3.5833457410104543,"***","***",3.8033828378325953,4.6854496331091324,4.2649975870802219]
["CAP MODIFICADO POR BORRACHA DE PNEU AB8","2022-01-01",3.497057538755509,"***","***",4.0144421748724364,4.7195601493470978,4.3815922128366829]
["CAP MODIFICADO POR BORRACHA DE PNEU AB8","2022-02-01",3.9137117888445374,"***","***",4.1654182392975976,4.9238646993038815,4.5716481879346533]
["CAP MODIFICADO POR BORRACHA DE PNEU AB8","2022-03-01",3.9304842780259164,"***","***",4.6131177304825863,4.9770267131939656,4.6989390514146656]
["CAP MODIFICADO POR BORRACHA DE PNEU AB8","2022-04-01",3.8774367464514339,"***","***",4.8242816622633082,5.196583719406223,4.7874338282478828]
["CAP MODIFICADO POR BORRACHA DE PNEU AB8","2022-05-01",3.660831927826083,"***","***",4.8244025811017348,5.0464176427212664,4.6548960425668318]
["CAP MODIFICADO POR BORRACHA DE PNEU AB8","2022-06-01",3.6719077480359519,"***","***",4.743797212134913,5.0290272799759634,4.6866328666899362]
["CAP MODIFICADO POR BORRACHA DE PNEU AB8","2022-07-01",3.7343529358812262,"***","***",4.6606289161344456,5.0825126401802372,4.6618090061825308]
["CAP MODIFICADO POR BORRACHA DE PNEU AB8","2022-08-01",3.5750321729438737,"***",4.0312700000000001,4.4489613986405532,4.8768508374917063,4.4361456542627042]
["CAP MODIFICADO POR BORRACHA DE PNEU AB8","2022-09-01",3.3365857363622324,"***",3.8240599999999998,4.6197592231558557,4.6217078043360065,4.5503008775891045]
["CAP MODIFICADO POR BORRACHA DE PNEU AB8","2022-10-01","***","***",3.47411,4.3021714304330319,4.4511535000014888,4.3405292820668899]
["CAP MODIFICADO POR BORRACHA DE PNEU AB8","2022-11-01","***","***",3.4741100000000005,4.0708263984458517,4.434586615284875,4.1906987946351579]
["CAP MODIFICADO POR BORRACHA DE PNEU AB8","2022-12-01","***","***",3.4741100000000005,4.0976380053811656,4.3463166271576119,4.1922139377714531]
["CAP MODIFICADO POR BORRACHA DE PNEU AB8","2023-01-01","***","***",3.2876799999999999,3.9431334019414743,4.0941381731638247,3.9702865071179279]
["CAP MODIFICADO POR BORRACHA DE PNEU AB8","2023-02-01","***","***",3.1648200000000002,3.8471487854515276,3.9488899722169046,3.8264434764915318]
["CAP MODIFICADO POR BORRACHA DE PNEU AB8","2023-03-01","***","***",3.1110239967105264,3.7512055302047429,3.7377240375528613,3.7405507058514202]
["CAP MODIFICADO POR BORRACHA DE PNEU AB8","2023-04-01","***","***",3.4214352650579518,3.7576710928923611,3.809381577848034,3.7689590617057838]
["CAP MODIFICADO POR BORRACHA DE PNEU AB8","2023-05-01","***","***",3.0362700000000005,3.6646741477770171,3.7394772019109008,3.6750538668258668]
["CAP MODIFICADO POR BORRACHA DE PNEU AB8","2023-06-01","***","***",3.0685420543495487,3.5802435781107778,3.6692737443166061,3.6010590544106167]
["CAP MODIFICADO POR BORRACHA DE PNEU AB8","2023-07-01","***","***",3.0727600000000002,3.6019833523533649,3.7160559415567844,3.6278060436645401]
["CAP MODIFICADO POR BORRACHA DE PNEU AB8","2023-08-01","***","***",3.1472464245175935,3.5125904038928959,3.7738780307350064,3.5787945728490111]
["CAP MODIFICADO POR BORRACHA DE PNEU AB8","2023-09-01","***","***",3.3503692337931525,3.6843298768385142,3.8835923926532776,3.7265946398525798]
["CAP MODIFICADO POR BORRACHA DE PNEU AB8","2023-10-01","***","***",3.4330022577990751,3.7877844310715973,3.9085190294675551,3.8052185486637122]
["CAP MODIFICADO POR BORRACHA DE PNEU AB8","2023-11-01","***","***",3.3984516288066828,3.6909302022307457,3.8649913965636036,3.7486221682192258]
["CAP MODIFICADO POR BORRACHA DE PNEU AB8","2023-12-01","***","***",3.3329126010661927,3.6600620978133738,3.9306865709016363,3.7484043968830756]
["CAP MODIFICADO POR BORRACHA DE PNEU AB8","2024-01-01","***","***",3.2687299428881049,3.5459523431317019,3.7328256193985823,3.6129266699362814]
["CAP MODIFICADO POR BORRACHA DE PNEU AB8","2024-02-01","***","***",3.2461529889267937,3.5759373031108073,3.713683647510778,3.6277633764946806]
["CAP MODIFICADO POR BORRACHA DE PNEU AB8","2024-03-01","***","***",3.768001661584333,3.686297989317683,3.9738706711266518,3.7844369640854949]
["CAP MODIFICADO POR BORRACHA DE PNEU AB8","2024-04-01","***","***",3.5418537569765585,3.7790229305187455,3.9526792884731066,3.8320161507053103]
["CAP MODIFICADO POR BORRACHA DE PNEU AB8","2024-05-01","***","***",3.6155793997665691,3.9162706483486196,4.0338094711755685,3.9388972355490237]
["CAP MODIFICADO POR BORRACHA DE PNEU AB8","2024-06-01","***","***",3.6428001899364637,3.9478237356340236,3.9783707202814185,3.937622278133897]
["CAP MODIFICADO POR BORRACHA DE PNEU AB8","2024-07-01","***","***",3.7852116873744852,4.0960418376143402,4.1244485876031654,4.0861414260680062]
["CAP MODIFICADO POR POLÍMERO 55-75-E","2015-09-01","***",1.6953954542024339,"***",1.7171780593569659,1.8427670560180902,1.7930856450717323]
["CAP MODIFICADO POR POLÍMERO 55-75-E","2015-10-01","***",1.7919295146005085,"***",1.8216981373170267,1.9431443828715365,1.8327100508755547]
["CAP MODIFICADO POR POLÍMERO 55-75-E","2015-11-01","***",2.0899399999999999,"***",2.0610623072334988,2.0980868206719352,2.0821680017500475]
["CAP MODIFICADO POR POLÍMERO 55-75-E","2015-12-01","***",2.0899400000000004,"***",2.1194041720257233,1.9102433055954091,2.0405789762972462]
["CAP MODIFICADO POR POLÍMERO 55-75-E","2016-01-01","***",2.0091957557447584,"***",2.0785102353215286,1.7201859374222301,1.8957923340782121]
["CAP MODIFICADO POR POLÍMERO 55-75-E","2016-02-01","***",2.0063301928427961,2.310905,2.079184548767417,1.8023118118431345,1.9841543614525423]
["CAP MODIFICADO POR POLÍMERO 55-75-E","2016-03-01","***",2.0214688655215958,"***",2.0672555746521688,2.0347751135103787,2.0276903371049011]
["CAP MODIFICADO POR POLÍMERO 55-75-E","2016-04-01","***",2.2545417937441314,"***","***",2.1824163004798347,2.2168656133642992]
["CAP MODIFICADO POR POLÍMERO 55-75-E","2016-05-01","***",2.1741120239687413,"***",2.1983228359030837,2.1202284224342827,2.1761479773532821]
["CAP MODIFICADO POR POLÍMERO 55-75-E","2016-06-01","***",2.2013690696569923,2.7226504659750304,2.3371864428912605,1.8951029985298442,2.2386015067822616]
["CAP MODIFICADO POR POLÍMERO 55-75-E","2016-07-01","***",2.0094158478144157,2.7444926715815341,2.1513415837277052,1.903067973005351,2.1209947804802081]
["CAP MODIFICADO POR POLÍMERO 55-75-E","2016-08-01","***",2.3455907504428892,2.7878779623567924,2.2006004902073739,1.9521915117938957,2.26666565275417]
["CAP MODIFICADO POR POLÍMERO 55-75-E","2016-09-01","***",1.9169568693991934,2.6876199999999995,2.1986446215899091,1.8482440625648628,2.0090403977516913]
["CAP MODIFICADO POR POLÍMERO 55-75-E","2016-10-01","***",1.6509599937156796,2.6469499999999995,2.223755542022793,1.9299261856512009,1.9300860835637395]
["CAP MODIFICADO POR POLÍMERO 55-75-E","2016-11-01","***",1.6694185373178523,3.0737999999999994,"***",1.9879645083790136,2.0393290727149394]
["CAP MODIFICADO POR POLÍMERO 55-75-E","2016-12-01","***",2.014896679197447,3.0649600000000001,1.8466100000000003,1.8798449207970527,1.9359708182054569]
["CAP MODIFICADO POR POLÍMERO 55-75-E","2017-01-01","***",1.7502856718241042,3.0767500000000001,1.8466100000000001,1.8666449005293475,1.8444576318092083]
["CAP MODIFICADO POR POLÍMERO 55-75-E","2017-02-01","***",1.9385434414136908,"***",1.7677449945362214,1.853787885934127,1.8751690352169861]
["CAP MODIFICADO POR POLÍMERO 55-75-E","2017-03-01","***",1.9353736956812553,2.2661885349894639,1.734795304104664,1.8579610960031532,1.9158526995252947]
["CAP MODIFICADO POR POLÍMERO 55-75-E","2017-04-01","***",1.9464333678671788,3.0989954728033471,1.8550778250929307,1.8427725499266114,1.9250968210901029]
["CAP MODIFICADO POR POLÍMERO 55-75-E","2017-05-01","***",1.9039563231733876,2.5269077743321908,1.9044128680382506,1.8928333588070529,1.9413871921547505]
["CAP MODIFICADO POR POLÍMERO 55-75-E","2017-06-01","***",2.1172096084664647,2.6693845073026439,2.0272806462554129,1.8705994326738058,2.0103693759521213]
["CAP MODIFICADO POR POLÍMERO 55-75-E","2017-07-01","***",2.1524925359808305,2.3494000000000002,2.199113159472422,1.8121419314384277,2.0837330096015494]
["CAP MODIFICADO POR POLÍMERO 55-75-E","2017-08-01","***",1.7692563220340924,2.3960307059867989,2.2434644247581303,1.7969227701758321,1.9072511282277387]
["CAP MODIFICADO POR POLÍMERO 55-75-E","2017-09-01","***",2.0481444575514067,2.5192297014658562,2.0275513157577079,1.9437292345644701,2.0274748760412309]
["CAP MODIFICADO POR POLÍMERO 55-75-E","2017-10-01","***",1.9644684025423731,2.3753000000000002,1.8573066425068356,1.9513675655787222,1.9461461992358982]
["CAP MODIFICADO POR POLÍMERO 55-75-E","2017-11-01","***",2.1334792458409462,2.3496033587527538,2.1498566052416055,2.0025831462270638,2.1166516141605438]
["CAP MODIFICADO POR POLÍMERO 55-75-E","2017-12-01","***",2.2716249270993125,"***",1.8637360496715558,1.9268307513122342,2.0939470518103036]
["CAP MODIFICADO POR POLÍMERO 55-75-E","2018-01-01","***",2.3764415332459299,"***",2.0960360322380653,2.0950740781507982,2.3406826280382127]
["CAP MODIFICADO POR POLÍMERO 55-75-E","2018-02-01","***",2.3612414132643003,"***",2.0026096256249999,2.1370945383914064,2.2890838957222308]
["CAP MODIFICADO POR POLÍMERO 55-75-E","2018-03-01","***",2.2627476366262744,"***",2.1441819697482245,2.1094914164479608,2.2098190514116167]
["CAP MODIFICADO POR POLÍMERO 55-75-E","2018-04-01","***",2.2655558513983123,"***",2.1073867880059232,2.2154794820568924,2.2337498937418476]
["CAP MODIFICADO POR POLÍMERO 55-75-E","2018-05-01","***",2.4786504808505776,2.7254499999999999,2.0666626759143991,2.2605089784155075,2.3504600613973743]
["CAP MODIFICADO POR POLÍMERO 55-75-E","2018-06-01","***",2.5431826708981782,2.99715,2.5516623577969817,2.3813441306212471,2.5186892590982941]
["CAP MODIFICADO POR POLÍMERO 55-75-E","2018-07-01","***",2.5398066990989143,3.0834936951453646,2.464435209540794,2.5536240468598641,2.6050117997031252]
["CAP MODIFICADO POR POLÍMERO 55-75-E","2018-08-01",3.5969627608008428,2.80708646258817,3.2661887568493153,2.561305961555953,2.6597870431048856,2.8346884803198971]
["CAP MODIFICADO POR POLÍMERO 55-75-E","2018-09-01",2.9570599999999998,2.7589742499557759,3.3111899999999994,2.7067619814672694,2.8481124814499075,2.795817380500913]
["CAP MODIFICADO POR POLÍMERO 55-75-E","2018-10-01","***",2.7353999999999998,2.7538916476515376,2.6397216811079018,2.8005611762805556,2.7246612952191724]
["CAP MODIFICADO POR POLÍMERO 55-75-E","2018-11-01","***",3.0589757582721817,3.3192502664734085,3.0176501646056932,3.1071334286319763,3.079127614754968]
["CAP MODIFICADO POR POLÍMERO 55-75-E","2018-12-01","***",2.9936342923109973,"***",3.0105366824876745,3.1236333459941492,3.0583556114616366]
["CAP MODIFICADO POR POLÍMERO 55-75-E","2019-01-01","***",3.1185765394670688,3.9446300000000001,2.8912531535673009,3.0740611991686073,3.0536002911399085]
["CAP MODIFICADO POR POLÍMERO 55-75-E","2019-02-01","***",3.2960493662407835,4.3303599999999998,3.1459199999999998,3.3861594822035417,3.3458827981003005]
["CAP MODIFICADO POR POLÍMERO 55-75-E","2019-03-01","***",3.2972054433072246,"***",3.1459200000000003,3.2780724567711008,3.2854107359533704]
["CAP MODIFICADO POR POLÍMERO 55-75-E","2019-04-01","***",3.3319558515595773,"***",2.9959541469707438,3.3396190154013405,3.2804532588347386]
["CAP MODIFICADO POR POLÍMERO 55-75-E","2019-05-01","***",3.1823534118672319,"***",3.2968860466763465,3.3079748217475586,3.2496589226477792]
["CAP MODIFICADO POR POLÍMERO 55-75-E","2019-06-01","***",3.9636178187695297,"***",3.4129229658091997,3.3003987022606052,3.588267277823765]
["CAP MODIFICADO POR POLÍMERO 55-75-E","2019-07-01","***",3.6697643408920846,"***",3.2854123086561176,2.9635788879895619,3.3925371169333878]
["CAP MODIFICADO POR POLÍMERO 55-75-E","2019-08-01","***",3.3063196110231829,"***",3.1139297990900943,3.1123443585685751,3.1902282700622915]
["CAP MODIFICADO POR POLÍMERO 55-75-E","2019-09-01","***",3.101977528388959,"***",3.0922215043547117,3.1185072079449188,3.1079962059626598]
["CAP MODIFICADO POR POLÍMERO 55-75-E","2019-10-01","***",3.0507553803425709,"***",3.2093879389482729,3.118512410456618,3.127928505031861]
["CAP MODIFICADO POR POLÍMERO 55-75-E","2019-11-01","***",3.0666759556779568,"***",3.2338272620134223,3.1174160877467507,3.1188162493152234]
["CAP MODIFICADO POR POLÍMERO 55-75-E","2019-12-01","***",2.9295388368250284,3.8813,3.3093699999999999,3.2227881842256907,3.0999035089092288]
["CAP MODIFICADO POR POLÍMERO 55-75-E","2020-01-01","***",2.8031494736842104,"***",3.3019956447210674,3.1188116409951574,3.1383643911574661]
["CAP MODIFICADO POR POLÍMERO 55-75-E","2020-02-01","***",2.6827900831809877,"***",3.1567065377724695,3.0095799735086222,2.9649531492283963]
["CAP MODIFICADO POR POLÍMERO 55-75-E","2020-03-01","***",3.0648663130036335,3.92503,3.0358277644275375,3.0089743499023509,3.0533098060557684]
["CAP MODIFICADO POR POLÍMERO 55-75-E","2020-04-01","***",3.0405163384275049,"***",3.1725993819040128,2.9348398913430853,3.0010305405754751]
["CAP MODIFICADO POR POLÍMERO 55-75-E","2020-05-01","***",2.8702101565659275,"***",3.0671865430726939,3.0746339940487863,3.023495510101994]
["CAP MODIFICADO POR POLÍMERO 55-75-E","2020-06-01","***",3.1016014653079171,3.3318900000000005,2.9888901739877567,2.9925150223325376,3.0760670868944278]
["CAP MODIFICADO POR POLÍMERO 55-75-E","2020-07-01","***",3.0593283564652891,3.3325500000000003,3.0300296072195279,2.8226576350557382,2.9510218288236114]
["CAP MODIFICADO POR POLÍMERO 55-75-E","2020-08-01","***",3.2288710413132047,"***",3.3453599999999999,3.0006063128011906,3.1001770505525506]
["CAP MODIFICADO POR POLÍMERO 55-75-E","2020-09-01","***",3.1571041326153209,"***",3.4847100000000006,2.9274915813991904,3.057853239203133]
["CAP MODIFICADO POR POLÍMERO 55-75-E","2020-10-01","***",3.1668648436447757,"***",3.26938975402564,2.9531520559126898,3.0613176137854534]
["CAP MODIFICADO POR POLÍMERO 55-75-E","2020-11-01","***",3.2584921814790473,"***",3.5242099808748226,3.0956713222427896,3.1835695456804816]
["CAP MODIFICADO POR POLÍMERO 55-75-E","2020-12-01","***",3.357413489032981,3.6097700000000006,"***",3.0502669451383824,3.1205899578104792]
["CAP MODIFICADO POR POLÍMERO 55-75-E","2021-01-01","***",3.3368874904327344,"***",3.5026201782711066,3.1259719369598375,3.2538721869591547]
["CAP MODIFICADO POR POLÍMERO 55-75-E","2021-02-01","***",3.4608183614543728,"***",3.7320784525637087,3.2503668748817094,3.2991032759659693]
["CAP MODIFICADO POR POLÍMERO 55-75-E","2021-03-01","***",3.3307011078341011,"***",3.6629321315248666,3.3444096789181685,3.362994761617788]
["CAP MODIFICADO POR POLÍMERO 55-75-E","2021-04-01","***",3.5072844329034165,"***",3.1572029695121953,3.198558318134813,3.2281333422166307]
["CAP MODIFICADO POR POLÍMERO 55-75-E","2021-05-01","***",4.1816199999999997,"***",3.9331470897832825,3.3778392923542553,3.534792899845824]
["CAP MODIFICADO POR POLÍMERO 55-75-E","2021-06-01","***",3.7342891433494705,"***",4.1063900000000011,2.9620940888110883,3.3002914502097735]
["CAP MODIFICADO POR POLÍMERO 55-75-E","2021-07-01","***",3.8271079530916841,"***",4.1063900000000002,3.7443847338036025,3.7703498232005437]
["CAP MODIFICADO POR POLÍMERO 55-75-E","2021-08-01","***",3.8607287018761518,4.3929903314160503,"***",4.5344533708237202,4.3854174799516255]
["CAP MODIFICADO POR POLÍMERO 55-75-E","2021-09-01","***",4.0217578722261988,"***","***",4.6568941019543102,4.4541072747616912]
["CAP MODIFICADO POR POLÍMERO 55-75-E","2021-10-01","***",4.0420371929854806,"***","***",4.59167816431159,4.2886668760515985]
["CAP MODIFICADO POR POLÍMERO 55-75-E","2021-11-01","***",4.0831531140479402,"***","***",4.9703704989069983,4.3902978781695738]
["CAP MODIFICADO POR POLÍMERO 55-75-E","2021-12-01","***",4.3545857000429011,"***","***",4.9470442273663799,4.5688025652121524]
["CAP MODIFICADO POR POLÍMERO 55-75-E","2022-01-01","***",4.6346160249793993,"***","***",4.9880748892276747,4.7435773205607674]
["CAP MODIFICADO POR POLÍMERO 55-75-E","2022-02-01","***",5.2945301535342608,"***","***",4.8873720440324435,5.0354531909162406]
["CAP MODIFICADO POR POLÍMERO 55-75-E","2022-03-01","***",5.3661709190209024,"***",6.42,4.7783316535032938,5.0998691323196086]
["CAP MODIFICADO POR POLÍMERO 55-75-E","2022-04-01","***",5.659440551009971,"***",5.5512958261469469,5.4203822307575749,5.4775954404408642]
["CAP MODIFICADO POR POLÍMERO 55-75-E","2022-05-01",5.2715699999999996,5.4797291247240203,"***",4.8512394993530092,5.2078308682375232,5.185751289904279]
["CAP MODIFICADO POR POLÍMERO 55-75-E","2022-06-01","***",5.5487296938906754,5.0908767164429527,5.1639718002931794,5.186764690609591,5.2266701923115439]
["CAP MODIFICADO POR POLÍMERO 55-75-E","2022-07-01","***",5.4155189175155583,5.6180787800312011,5.1412263640842903,5.250795201873558,5.2698531199144822]
["CAP MODIFICADO POR POLÍMERO 55-75-E","2022-08-01","***",5.4644096095976682,5.6495100000000003,4.9378113856187138,5.0538072426816054,5.1658988471862672]
["CAP MODIFICADO POR POLÍMERO 55-75-E","2022-09-01","***",5.134430603646047,5.3412474170628403,4.7593903736893273,5.0093227727847891,5.0858747584803234]
["CAP MODIFICADO POR POLÍMERO 55-75-E","2022-10-01","***",5.3534618039663195,"***",4.3557178120700444,4.5003225581874835,4.6318069314100052]
["CAP MODIFICADO POR POLÍMERO 55-75-E","2022-11-01","***",4.5991001127972089,"***",4.2361773348711136,4.4672515038899361,4.3522454419270007]
["CAP MODIFICADO POR POLÍMERO 55-75-E","2022-12-01","***",4.8277301250377533,"***",4.1038387275891166,4.4622944547805616,4.4468637076692961]
["CAP MODIFICADO POR POLÍMERO 55-75-E","2023-01-01","***",4.6971885216893812,"***",4.9421400000000011,4.2234859334725332,4.5094509421015161]
["CAP MODIFICADO POR POLÍMERO 55-75-E","2023-02-01","***",4.616903570366893,4.2530900000000003,4.1887398852444973,4.1326309959461582,4.2798010645505444]
["CAP MODIFICADO POR POLÍMERO 55-75-E","2023-03-01","***",4.687667517811704,4.2165900000000001,4.1128664946311044,3.8142643876529525,3.9390268531536683]
["CAP MODIFICADO POR POLÍMERO 55-75-E","2023-04-01","***",4.65341,"***",4.7817800000000004,3.687750096529423,3.7740787668681066]
["CAP MODIFICADO POR POLÍMERO 55-75-E","2023-05-01","***",4.9023070524827146,"***",4.7817799999999995,3.7989692521723755,4.0087128977841324]
["CAP MODIFICADO POR POLÍMERO 55-75-E","2023-06-01","***",4.2684851499918928,"***",4.4667055586274182,3.7981845936165874,3.8420350804948522]
["CAP MODIFICADO POR POLÍMERO 55-75-E","2023-07-01","***",4.2537288700066211,"***",5.1262400000000001,3.657416731564691,3.7110557211295903]
["CAP MODIFICADO POR POLÍMERO 55-75-E","2023-08-01","***",3.9885625269960738,3.8460200000000002,4.901456895287958,3.714703512044947,3.8117397392388881]
["CAP MODIFICADO POR POLÍMERO 55-75-E","2023-09-01","***",4.5188442620432356,"***",4.4313000000000002,3.860048240448509,3.9179678127251534]
["CAP MODIFICADO POR POLÍMERO 55-75-E","2023-10-01","***",5.0547299477868757,"***",4.4627390407731315,3.8631680943559039,3.9647367041778478]
["CAP MODIFICADO POR POLÍMERO 55-75-E","2023-11-01","***",4.5752299999999995,"***",4.5740738772633636,3.8762063059689171,4.0155295134133162]
["CAP MODIFICADO POR POLÍMERO 55-75-E","2023-12-01","***",4.5480483703209833,"***",4.5020226271276034,3.9549561375986135,4.0704366890922552]
["CAP MODIFICADO POR POLÍMERO 55-75-E","2024-01-01","***",3.9067440879798259,"***",4.556984075550722,3.869280839638793,3.9589936510660504]
["CAP MODIFICADO POR POLÍMERO 55-75-E","2024-02-01","***",3.8469255551638026,"***",3.9658116780127837,3.8732437653478851,3.8785266215861505]
["CAP MODIFICADO POR POLÍMERO 55-75-E","2024-03-01","***",4.2227967064870988,"***",4.0888299999999997,3.9159569654859854,3.993574520086701]
["CAP MODIFICADO POR POLÍMERO 55-75-E","2024-04-01","***",4.2649351127680877,"***",4.1800004971628271,3.9652700520490058,4.0405753668382456]
["CAP MODIFICADO POR POLÍMERO 55-75-E","2024-05-01","***",4.2324107193882368,"***",3.56596,4.0066207331405428,4.0048425692832446]
["CAP MODIFICADO POR POLÍMERO 55-75-E","2024-06-01","***",4.2702547012698346,"***",4.0766081988030267,3.9912676280362134,4.0576148378551489]
["CAP MODIFICADO POR POLÍMERO 55-75-E","2024-07-01","***",4.4013879858236891,5.9683299999999999,4.3681570121806219,4.0178126180056895,4.1537813108591957]
["CAP MODIFICADO POR POLÍMERO 60-85-E","2015-09-01","***",1.2531712342079688,1.8926623753559986,1.9114423354707468,1.924115046617922,1.893043325458313]
["CAP MODIFICADO POR POLÍMERO 60-85-E","2015-10-01","***",0.60527238683127571,1.9355650039973953,1.915818649143626,2.0509838352072771,1.9452797087462326]
["CAP MODIFICADO POR POLÍMERO 60-85-E","2015-11-01","***",2.0164,2.1100214771063226,2.1081983699582318,2.1985927081289507,2.1344171943822072]
["CAP MODIFICADO POR POLÍMERO 60-85-E","2015-12-01","***",1.41113,2.1239398500648137,2.1856024475140297,2.1220601698571766,2.1529568347530486]
["CAP MODIFICADO POR POLÍMERO 60-85-E","2016-01-01","***",0.60104999999999997,"***",2.1313661120742071,2.29083109689739,2.1936135809789157]
["CAP MODIFICADO POR POLÍMERO 60-85-E","2016-02-01","***",2.2221600000000001,2.14000398009652,2.126814067307917,2.3190324346052433,2.2222527057065102]
["CAP MODIFICADO POR POLÍMERO 60-85-E","2016-03-01","***","***",2.3981655529511214,2.0457464349560288,2.2830741974701576,2.1505894321209058]
["CAP MODIFICADO POR POLÍMERO 60-85-E","2016-04-01","***","***",2.5878965474364821,2.2758136160071389,2.3370958916422806,2.3089270327111673]
["CAP MODIFICADO POR POLÍMERO 60-85-E","2016-05-01","***",2.5530900000000001,2.3583802702006058,2.3358852137415176,2.3671955360597523,2.3505973897908006]
["CAP MODIFICADO POR POLÍMERO 60-85-E","2016-06-01","***",1.7582071498257841,2.4876085326176445,2.2965793568049047,2.3585887860790375,2.3216251119571463]
["CAP MODIFICADO POR POLÍMERO 60-85-E","2016-07-01","***",1.7816216549081905,2.3945574321138978,2.3301768511818737,2.4564212883943615,2.3537426915080668]
["CAP MODIFICADO POR POLÍMERO 60-85-E","2016-08-01","***",2.5130892984062028,2.443039400324782,2.3567264041697755,2.4340184765413082,2.4047886594623029]
["CAP MODIFICADO POR POLÍMERO 60-85-E","2016-09-01",2.2290999999999999,"***",1.9864494038000098,2.0660229243560098,2.3049625742864759,2.1656476556889874]
["CAP MODIFICADO POR POLÍMERO 60-85-E","2016-10-01","***","***",2.2503204837327813,2.030382318410147,2.3369820988690733,2.223180742401123]
["CAP MODIFICADO POR POLÍMERO 60-85-E","2016-11-01","***","***",2.2745731003862879,2.019621429915047,2.3000285177157127,2.1856763215248312]
["CAP MODIFICADO POR POLÍMERO 60-85-E","2016-12-01","***","***",2.1792631414289407,1.9824562658755518,2.1652924821642059,2.0670076788226988]
["CAP MODIFICADO POR POLÍMERO 60-85-E","2017-01-01",1.81125,"***",1.914526166620198,1.9451576680687783,2.0536684491566226,1.9851466366800969]
["CAP MODIFICADO POR POLÍMERO 60-85-E","2017-02-01","***","***",2.4048799999999999,2.0047365711836704,2.0215099473027656,2.0153849811335531]
["CAP MODIFICADO POR POLÍMERO 60-85-E","2017-03-01","***","***",1.9718092729484418,2.0431406368149143,1.9330077833491637,1.991648904115207]
["CAP MODIFICADO POR POLÍMERO 60-85-E","2017-04-01","***","***",1.9417392474548527,1.9274630177947831,1.9701131238209448,1.9534193639194128]
["CAP MODIFICADO POR POLÍMERO 60-85-E","2017-05-01","***","***",1.8398175664355454,1.9236930227454796,1.9252443441654075,1.9212415855665488]
["CAP MODIFICADO POR POLÍMERO 60-85-E","2017-06-01","***","***",1.9590391683676356,2.0234578105624221,1.9546933602163521,1.9874079066367785]
["CAP MODIFICADO POR POLÍMERO 60-85-E","2017-07-01","***","***",1.9599138810522696,1.9123118677228297,1.9285653669324969,1.9257865217308878]
["CAP MODIFICADO POR POLÍMERO 60-85-E","2017-08-01","***",1.91,2.1788977923318931,1.8754382017051274,1.9052611491761893,1.9397072011380023]
["CAP MODIFICADO POR POLÍMERO 60-85-E","2017-09-01","***",2.0217268590810189,2.0131467477320442,1.8755009007866321,1.9285591899527263,1.9174436754930808]
["CAP MODIFICADO POR POLÍMERO 60-85-E","2017-10-01","***",2.2352117935464255,1.891909051730414,1.8750814823408124,1.9318636366355004,1.9084070930867227]
["CAP MODIFICADO POR POLÍMERO 60-85-E","2017-11-01","***",2.4664525888713364,2.1127029484724784,2.1018467397968306,2.0434117083884029,2.1152514607173116]
["CAP MODIFICADO POR POLÍMERO 60-85-E","2017-12-01","***",2.4664695231527496,2.02556639798558,2.1073903698669652,2.01629795028557,2.0984402713134291]
["CAP MODIFICADO POR POLÍMERO 60-85-E","2018-01-01","***",2.5469949475947322,2.4384371426566647,2.2358614527312675,2.2171168014774421,2.2629054895005178]
["CAP MODIFICADO POR POLÍMERO 60-85-E","2018-02-01","***",2.5612947680566411,2.2360692367149761,2.2315746289109679,2.1762960905145343,2.2149567719182968]
["CAP MODIFICADO POR POLÍMERO 60-85-E","2018-03-01","***","***",2.2646003229208609,2.2070469391799641,2.1264791384299855,2.1795876274408039]
["CAP MODIFICADO POR POLÍMERO 60-85-E","2018-04-01","***","***",2.2530100000000002,2.2375301506500862,2.1921167528385155,2.2244667319431342]
["CAP MODIFICADO POR POLÍMERO 60-85-E","2018-05-01","***",2.622374961131841,2.4159609188768467,2.4135010247529545,2.2548217490322249,2.376574591267993]
["CAP MODIFICADO POR POLÍMERO 60-85-E","2018-06-01","***",2.7072610102942862,2.6366735277545117,2.496114817059504,2.4197077653545853,2.4863998558944611]
["CAP MODIFICADO POR POLÍMERO 60-85-E","2018-07-01","***","***",2.9856520055014539,2.7687975713177142,2.5975237297684997,2.7183820918840818]
["CAP MODIFICADO POR POLÍMERO 60-85-E","2018-08-01","***",2.9785798440467288,3.43775198740865,2.809949831486322,2.8377436180356383,2.8595321784884824]
["CAP MODIFICADO POR POLÍMERO 60-85-E","2018-09-01","***",3.0288317837351397,3.1526582663304739,2.82299012679302,2.8319182067122717,2.8661217153191361]
["CAP MODIFICADO POR POLÍMERO 60-85-E","2018-10-01","***",2.9754735957686638,2.6978103392262791,2.8399603171882393,2.9087584341858652,2.8305252775557017]
["CAP MODIFICADO POR POLÍMERO 60-85-E","2018-11-01","***",3.4960399999999998,3.5065628178686712,3.2479593373890165,3.2154082821383607,3.2653535150540405]
["CAP MODIFICADO POR POLÍMERO 60-85-E","2018-12-01","***",3.4762639486091467,"***",3.062417022364742,3.2761020718399232,3.1850009025328765]
["CAP MODIFICADO POR POLÍMERO 60-85-E","2019-01-01","***","***",3.2984900000000001,3.1537928781818518,3.3104892304997509,3.2090943070935318]
["CAP MODIFICADO POR POLÍMERO 60-85-E","2019-02-01","***",3.8243,3.4370900000000004,3.2445725177690448,3.5067303436481461,3.3928274589658396]
["CAP MODIFICADO POR POLÍMERO 60-85-E","2019-03-01","***","***",3.4388100000000001,3.5817124289494147,3.4957396295506467,3.5314146829726725]
["CAP MODIFICADO POR POLÍMERO 60-85-E","2019-04-01","***","***",3.6030053906659671,3.6230722179114188,3.4086359567258615,3.5013793146388652]
["CAP MODIFICADO POR POLÍMERO 60-85-E","2019-05-01","***",2.92,3.4084485162137197,3.377171021636646,3.3369712096327668,3.3513016514541265]
["CAP MODIFICADO POR POLÍMERO 60-85-E","2019-06-01","***",2.83,3.4956463967390063,3.2959067433493567,3.3172709117229702,3.3198427580823728]
["CAP MODIFICADO POR POLÍMERO 60-85-E","2019-07-01","***",2.8806142784351469,3.3714609849303385,3.2505922060170143,3.2993135893047212,3.2750501233058933]
["CAP MODIFICADO POR POLÍMERO 60-85-E","2019-08-01","***",2.8901662890490902,3.5204971826625391,3.0400072618417791,3.0217354800796339,3.0431984971675203]
["CAP MODIFICADO POR POLÍMERO 60-85-E","2019-09-01","***",2.9309301776830137,3.3454565078242231,3.0924620231875752,2.9448002346399327,3.01290073172698]
["CAP MODIFICADO POR POLÍMERO 60-85-E","2019-10-01",5.1157286819825902,2.9521600000000001,3.4835160416586897,3.206771190528023,3.0223676088136973,3.1716192744850025]
["CAP MODIFICADO POR POLÍMERO 60-85-E","2019-11-01",5.0523374241735768,3.0047600000000001,3.2270415866150284,3.1396244421580617,3.0644136004264615,3.1922322316490379]
["CAP MODIFICADO POR POLÍMERO 60-85-E","2019-12-01",2.965626657762801,2.9665591317516409,3.3373148398801975,3.1291821337456192,3.1005852468144881,3.1189710140570588]
["CAP MODIFICADO POR POLÍMERO 60-85-E","2020-01-01","***","***",3.3063472398559095,3.2019147545618289,3.1704032948858543,3.1996312189612239]
["CAP MODIFICADO POR POLÍMERO 60-85-E","2020-02-01","***",3.09,3.3666734313373969,3.0284676665989543,3.0271525063124618,3.0350577961537981]
["CAP MODIFICADO POR POLÍMERO 60-85-E","2020-03-01",3.1619899999999999,"***",3.0209352421477447,3.0105097471600137,2.9941371554596361,3.0073074923039926]
["CAP MODIFICADO POR POLÍMERO 60-85-E","2020-04-01","***","***",2.8510669411839755,3.039518495705178,3.0676036161303171,3.037039259769537]
["CAP MODIFICADO POR POLÍMERO 60-85-E","2020-05-01",3.1061951230001719,"***",2.9128190626123645,2.8663722683874404,2.9475543302157359,2.8963264708594729]
["CAP MODIFICADO POR POLÍMERO 60-85-E","2020-06-01",3.3609231381455515,"***",2.9773387426176203,2.8857063178554077,3.0032841775396082,2.9328307182492757]
["CAP MODIFICADO POR POLÍMERO 60-85-E","2020-07-01","***",2.7247499999999998,3.0555668147559865,2.8374457906055532,2.9169283312164991,2.8975763172694018]
["CAP MODIFICADO POR POLÍMERO 60-85-E","2020-08-01","***",3.170399321718413,3.2092792019429885,3.00189738634832,3.0386347969171941,3.0748855623284332]
["CAP MODIFICADO POR POLÍMERO 60-85-E","2020-09-01","***",3.0878252015478878,3.2173951895787147,2.9978681642550993,3.0679912273306531,3.0699556679582574]
["CAP MODIFICADO POR POLÍMERO 60-85-E","2020-10-01","***",2.7798699999999998,3.0723038819939861,2.9720762557494225,3.0858062516787363,3.0262081688454492]
["CAP MODIFICADO POR POLÍMERO 60-85-E","2020-11-01","***",3.6761435633262258,3.2675540607214169,3.2709185181030196,3.3209484562158647,3.2906019565770781]
["CAP MODIFICADO POR POLÍMERO 60-85-E","2020-12-01","***",3.3960676198581559,3.3094809852023901,3.2038027019816311,3.3832263442815589,3.2786426451297301]
["CAP MODIFICADO POR POLÍMERO 60-85-E","2021-01-01","***",3.1765817139056587,3.5869801314781111,3.2539475720154503,3.3493346395686547,3.3107804170987825]
["CAP MODIFICADO POR POLÍMERO 60-85-E","2021-02-01","***",3.3177748383812675,3.7700710862629707,3.6072248569476661,3.5450143794151137,3.5782812268698088]
["CAP MODIFICADO POR POLÍMERO 60-85-E","2021-03-01","***",3.3587524163478961,3.2735467324069929,3.3592829129245536,3.5150851308302506,3.4129956475156265]
["CAP MODIFICADO POR POLÍMERO 60-85-E","2021-04-01",3.3293900000000001,3.32864,3.5622006001837789,3.3889220969885301,3.4756062618434518,3.4253847898296597]
["CAP MODIFICADO POR POLÍMERO 60-85-E","2021-05-01","***",3.4723597061136231,3.951514582246062,4.1615768297891504,4.0945094179250949,4.1001975649679476]
["CAP MODIFICADO POR POLÍMERO 60-85-E","2021-06-01","***",3.4819801872634413,4.1761560435245713,4.0819960696899722,4.1384935339785818,4.0548836579046528]
["CAP MODIFICADO POR POLÍMERO 60-85-E","2021-07-01","***",3.66656,4.9451973785201231,4.1727019915174957,4.0925884863852611,4.1961472804704778]
["CAP MODIFICADO POR POLÍMERO 60-85-E","2021-08-01","***",3.8082009178861291,5.2457261351803259,4.2554847281975539,4.1890839170485554,4.3244093917070732]
["CAP MODIFICADO POR POLÍMERO 60-85-E","2021-09-01","***",4.2890516608806868,5.2728018155608707,4.4650783396120275,4.3244818831483283,4.5248491020228867]
["CAP MODIFICADO POR POLÍMERO 60-85-E","2021-10-01","***",4.4406806812988577,4.8686489590394659,4.3797938883091767,4.3980637334059782,4.4496488853661038]
["CAP MODIFICADO POR POLÍMERO 60-85-E","2021-11-01","***",4.7070784469299252,5.2863263310791879,4.8440122851480805,4.8874882767850867,4.8869115639582104]
["CAP MODIFICADO POR POLÍMERO 60-85-E","2021-12-01","***",4.9547295907037698,5.207090158478012,4.8709201439275471,4.9947107493078446,4.9446146715279058]
["CAP MODIFICADO POR POLÍMERO 60-85-E","2022-01-01","***",4.8081102817246446,5.263903037186985,4.8784563436162349,5.0011090853498619,4.9186688574536603]
["CAP MODIFICADO POR POLÍMERO 60-85-E","2022-02-01","***",4.6529460332347208,5.5706980889483368,5.2045127435568288,5.3145722799009532,5.2228361292457102]
["CAP MODIFICADO POR POLÍMERO 60-85-E","2022-03-01","***",5.1594966866030587,5.0533934926902777,5.2173932049172516,5.3696156039234522,5.2385502663564143]
["CAP MODIFICADO POR POLÍMERO 60-85-E","2022-04-01","***",5.6225452787161263,5.6189118914318765,5.6965027771382752,5.2529354414335607,5.5624927079338056]
["CAP MODIFICADO POR POLÍMERO 60-85-E","2022-05-01","***",5.4080399697942481,5.616015125022833,5.6295370477716355,5.1251907984151801,5.4850449368408984]
["CAP MODIFICADO POR POLÍMERO 60-85-E","2022-06-01","***",5.31968714777976,5.6202348137024272,5.5215625229633289,5.0901059604266914,5.4182352462024834]
["CAP MODIFICADO POR POLÍMERO 60-85-E","2022-07-01","***",6.2405948121716293,5.7030823082137161,5.4933790996513645,5.2367948669495048,5.516680442555379]
["CAP MODIFICADO POR POLÍMERO 60-85-E","2022-08-01","***",5.6840757477419963,5.5853204934837475,5.3671212798247572,5.0136921654253692,5.4048444688737609]
["CAP MODIFICADO POR POLÍMERO 60-85-E","2022-09-01","***",5.4107226757301428,5.6591606222236299,5.1154518178758019,4.8087474057713679,5.1821317068372377]
["CAP MODIFICADO POR POLÍMERO 60-85-E","2022-10-01","***",5.0463689566594345,4.9083578473148375,4.7323336533961919,4.7512057378117376,4.7876477022245663]
["CAP MODIFICADO POR POLÍMERO 60-85-E","2022-11-01","***",5.0302210372112404,5.2320166409668678,4.6709251248786794,4.8135614945633449,4.8309031608133681]
["CAP MODIFICADO POR POLÍMERO 60-85-E","2022-12-01",4.9544996900861813,4.8125502509463649,6.0846393551166678,4.5058442660736411,4.7857041007691565,4.8264877020591772]
["CAP MODIFICADO POR POLÍMERO 60-85-E","2023-01-01","***",4.6664699920175066,5.5406798954535699,4.2945819754937515,4.3895263686975712,4.457778879279255]
["CAP MODIFICADO POR POLÍMERO 60-85-E","2023-02-01","***",4.8532126494431331,4.6698196309429045,4.3089346541180218,4.2217851675698155,4.3542531174748262]
["CAP MODIFICADO POR POLÍMERO 60-85-E","2023-03-01","***",5.4251470718902297,4.5502484265662364,4.2404564852797462,3.9898959894292529,4.2200551288305288]
["CAP MODIFICADO POR POLÍMERO 60-85-E","2023-04-01","***",4.7343999999999999,4.4903104310819772,4.3576109414762909,3.9008723072062788,4.2468802270024053]
["CAP MODIFICADO POR POLÍMERO 60-85-E","2023-05-01",4.8071173706914436,4.4499156833411257,5.1892829601018571,4.3340402856941047,3.8808492004096382,4.4982969039745679]
["CAP MODIFICADO POR POLÍMERO 60-85-E","2023-06-01",4.5875339404331283,4.2594599999999998,5.0941207108213211,4.2321367243352821,3.7454432539704481,4.467448155355906]
["CAP MODIFICADO POR POLÍMERO 60-85-E","2023-07-01",4.9155000593869129,4.6069399999999998,4.7788868436144814,4.0358222697719448,3.8635791505247896,4.2500323193857277]
["CAP MODIFICADO POR POLÍMERO 60-85-E","2023-08-01",4.8567413386693925,4.5233640866873071,4.8370653203146645,3.9270428133854547,3.8512205596235023,4.1282207656952234]
["CAP MODIFICADO POR POLÍMERO 60-85-E","2023-09-01",5.2653698451668625,5.4742080552531815,5.0956811103429098,4.2266871111981317,4.0660762119502349,4.4371641276556941]
["CAP MODIFICADO POR POLÍMERO 60-85-E","2023-10-01",4.6318293428285848,5.4991882177865481,4.8108385949335721,4.2603693182895697,4.0577638119459492,4.3307554912630977]
["CAP MODIFICADO POR POLÍMERO 60-85-E","2023-11-01",5.4463691295237524,5.4714668889480693,4.8121900238038009,4.2776023347352421,4.093510048579752,4.4168869548813694]
["CAP MODIFICADO POR POLÍMERO 60-85-E","2023-12-01",4.4843992221686326,4.4213135598628064,4.9458389147661226,4.2689462929526361,4.1003398215581432,4.4064960023666933]
["CAP MODIFICADO POR POLÍMERO 60-85-E","2024-01-01",6.2244866998892574,4.4738381798792943,4.4703800772114706,4.0466676090101181,3.9266583311041656,4.115369865251453]
["CAP MODIFICADO POR POLÍMERO 60-85-E","2024-02-01",5.7221560032760035,4.3346805398322843,4.5158752451611051,3.9532962753787415,3.8999850616668512,4.1035095870814047]
["CAP MODIFICADO POR POLÍMERO 60-85-E","2024-03-01",5.5171348391728889,5.1750449868828303,4.3499348639362516,3.949756251912393,3.9906340611067765,4.0988088316147779]
["CAP MODIFICADO POR POLÍMERO 60-85-E","2024-04-01",5.0408098792799159,4.0067155660486335,4.5592780870397647,3.8997535663954639,4.0383749114960716,4.1189074066869029]
["CAP MODIFICADO POR POLÍMERO 60-85-E","2024-05-01",4.6991132329460124,4.018563660933661,4.95408936304554,4.0806585433115279,4.1572405351145898,4.3901808754993885]
["CAP MODIFICADO POR POLÍMERO 60-85-E","2024-06-01",5.1478470955710947,4.3577541368544299,5.0182129283199979,3.9916539087046963,4.0934421799016674,4.3458290556401185]
["CAP MODIFICADO POR POLÍMERO 60-85-E","2024-07-01",5.0145929273707592,4.7001540890296472,4.9695787073992737,4.128487906177706,4.1464196187752043,4.4172912073228883]
["CAP MODIFICADO POR POLÍMERO 65-90-E","2015-09-01","***","***","***","***","***","***"]
["CAP MODIFICADO POR POLÍMERO 65-90-E","2015-10-01","***","***",1.82155,1.55888,1.9466000000000006,1.8700576252014653]
["CAP MODIFICADO POR POLÍMERO 65-90-E","2015-11-01","***",2.2246999999999999,"***",1.6900387529331682,2.1355163762967173,1.8745215560674739]
["CAP MODIFICADO POR POLÍMERO 65-90-E","2015-12-01","***","***","***",1.6944837612034505,2.0958999999999999,1.7132192564735143]
["CAP MODIFICADO POR POLÍMERO 65-90-E","2016-01-01","***",2.3607,"***",2.3210858352035912,"***",2.3257292713892932]
["CAP MODIFICADO POR POLÍMERO 65-90-E","2016-02-01","***",2.1938,"***",2.6292200000000001,2.147089423250768,2.2915581827531897]
["CAP MODIFICADO POR POLÍMERO 65-90-E","2016-03-01","***","***","***",1.9236413262447016,2.0958999999999999,1.9549353060144634]
["CAP MODIFICADO POR POLÍMERO 65-90-E","2016-04-01","***","***","***","***",2.4382090139674095,2.4382090139674095]
["CAP MODIFICADO POR POLÍMERO 65-90-E","2016-05-01","***","***","***",2.402661729172308,2.3422453871268654,2.3804700832333965]
["CAP MODIFICADO POR POLÍMERO 65-90-E","2016-06-01","***","***",2.2805200000000001,2.3779867618353645,2.259952711098804,2.3298746277932452]
["CAP MODIFICADO POR POLÍMERO 65-90-E","2016-07-01","***","***",2.2805200000000005,2.4198648504295619,2.2951986514946734,2.305933765726762]
["CAP MODIFICADO POR POLÍMERO 65-90-E","2016-08-01","***","***",2.2805200000000001,"***",2.3170317647800815,2.3161374191712545]
["CAP MODIFICADO POR POLÍMERO 65-90-E","2016-09-01","***","***",2.4327000000000001,2.205226025983487,2.0611791716447203,2.0837038112357851]
["CAP MODIFICADO POR POLÍMERO 65-90-E","2016-10-01","***","***",2.0818814169180913,1.9147860468027738,2.0459658783141004,2.022578093312462]
["CAP MODIFICADO POR POLÍMERO 65-90-E","2016-11-01","***","***","***",1.8286732818046729,2.00898474976362,1.9656936288136686]
["CAP MODIFICADO POR POLÍMERO 65-90-E","2016-12-01","***","***","***","***",1.8970115133214926,1.8970115133214926]
["CAP MODIFICADO POR POLÍMERO 65-90-E","2017-01-01","***","***","***","***",1.6231242228140972,1.6231242228140972]
["CAP MODIFICADO POR POLÍMERO 65-90-E","2017-02-01","***","***","***","***",1.6082047035338094,1.6082047035338094]
["CAP MODIFICADO POR POLÍMERO 65-90-E","2017-03-01","***","***","***","***",1.8309915040905302,1.8309915040905302]
["CAP MODIFICADO POR POLÍMERO 65-90-E","2017-04-01","***","***","***",2.0295278334946754,1.6899640591953449,1.7218521845454544]
["CAP MODIFICADO POR POLÍMERO 65-90-E","2017-05-01","***","***",1.8264199999999999,1.7751000000000001,1.8513767789683373,1.8503847129306914]
["CAP MODIFICADO POR POLÍMERO 65-90-E","2017-06-01","***","***",2.4799599999999997,2.015040598981451,1.968933762774655,2.0388803095770105]
["CAP MODIFICADO POR POLÍMERO 65-90-E","2017-07-01","***","***",2.2144497198965505,2.0035197764647736,1.9569000000000001,2.0276646547043691]
["CAP MODIFICADO POR POLÍMERO 65-90-E","2017-08-01","***","***",2.4127136041963011,1.9714313192037571,1.9569000000000003,2.0358817299221195]
["CAP MODIFICADO POR POLÍMERO 65-90-E","2017-09-01","***","***",2.5316578291530352,1.9940098016500516,1.9637643858267717,2.0464291416254694]
["CAP MODIFICADO POR POLÍMERO 65-90-E","2017-10-01","***","***",2.6283834077047179,2.0189193823209757,1.8366357756450595,2.1481928647824584]
["CAP MODIFICADO POR POLÍMERO 65-90-E","2017-11-01","***","***",2.5686692817792287,2.3690511495967885,2.0631097147844022,2.3169807051615914]
["CAP MODIFICADO POR POLÍMERO 65-90-E","2017-12-01","***",2.3750300000000002,2.6435635641620561,2.2241003413061611,2.1192000000000002,2.2447565981216897]
["CAP MODIFICADO POR POLÍMERO 65-90-E","2018-01-01","***",2.5321109700427957,2.4082699999999999,2.4470716776737502,"***",2.4583590677371583]
["CAP MODIFICADO POR POLÍMERO 65-90-E","2018-02-01","***",2.5274399999999999,"***","***",2.2187999999999999,2.2746262213934565]
["CAP MODIFICADO POR POLÍMERO 65-90-E","2018-03-01","***",2.5274399999999999,2.4082699999999999,"***",1.9971401162790696,2.18330072450805]
["CAP MODIFICADO POR POLÍMERO 65-90-E","2018-04-01","***",2.47174,2.3693599999999999,"***",2.0878999999999999,2.3156321348088529]
["CAP MODIFICADO POR POLÍMERO 65-90-E","2018-05-01","***",2.5092293363064009,"***",2.1265399999999999,2.2503894560482522,2.3127857875017348]
["CAP MODIFICADO POR POLÍMERO 65-90-E","2018-06-01","***",2.7120466145530147,2.804630200991908,2.2560121989528796,2.3363465419640663,2.4952213362794251]
["CAP MODIFICADO POR POLÍMERO 65-90-E","2018-07-01","***",2.8704700000000001,2.6909841569695852,2.6551053603254551,2.5738427095114536,2.6609078039826866]
["CAP MODIFICADO POR POLÍMERO 65-90-E","2018-08-01","***","***",2.8451041635072127,2.75008803119922,2.6785999999999999,2.781924202006909]
["CAP MODIFICADO POR POLÍMERO 65-90-E","2018-09-01","***","***",2.9582600000000006,2.588227299597738,2.6945213240049388,2.7194762340700018]
["CAP MODIFICADO POR POLÍMERO 65-90-E","2018-10-01","***","***",2.4863799999999996,2.5823507044906124,2.6855796653055344,2.6461121291098029]
["CAP MODIFICADO POR POLÍMERO 65-90-E","2018-11-01","***","***",3.3710300000000006,2.8811166935830084,2.9951060950447288,3.0007603004907102]
["CAP MODIFICADO POR POLÍMERO 65-90-E","2018-12-01","***","***",2.8938600000000001,3.0403049509363251,2.9863900000000005,3.0072769196752205]
["CAP MODIFICADO POR POLÍMERO 65-90-E","2019-01-01","***","***",3.3668100000000001,3.0815307779421488,2.9702676983770604,3.0477507497144631]
["CAP MODIFICADO POR POLÍMERO 65-90-E","2019-02-01","***","***","***",3.2435547966434837,3.4847299999999994,3.2508481342326161]
["CAP MODIFICADO POR POLÍMERO 65-90-E","2019-03-01","***","***","***",3.2414090214182192,3.2868999999999997,3.2497490009206085]
["CAP MODIFICADO POR POLÍMERO 65-90-E","2019-04-01","***","***","***",2.9872117804528147,3.3973878130617141,3.0413097469046639]
["CAP MODIFICADO POR POLÍMERO 65-90-E","2019-05-01","***","***","***",3.5808099999999996,3.2869000000000002,3.4986915110869132]
["CAP MODIFICADO POR POLÍMERO 65-90-E","2019-06-01","***","***","***",3.4817355351778656,3.3253197185383079,3.4108612031472916]
["CAP MODIFICADO POR POLÍMERO 65-90-E","2019-07-01","***","***","***","***",3.1891014553211661,3.1891014553211661]
["CAP MODIFICADO POR POLÍMERO 65-90-E","2019-08-01","***","***","***",3.3295399999999997,3.1606349724072311,3.2140277771993753]
["CAP MODIFICADO POR POLÍMERO 65-90-E","2019-09-01","***","***","***",3.888592315021655,3.1564066872377192,3.6910969607484105]
["CAP MODIFICADO POR POLÍMERO 65-90-E","2019-10-01","***","***","***",3.7084807442794956,"***",3.7084807442794956]
["CAP MODIFICADO POR POLÍMERO 65-90-E","2019-11-01","***","***","***",3.3165905540581018,"***",3.3165905540581018]
["CAP MODIFICADO POR POLÍMERO 65-90-E","2019-12-01","***","***","***",3.4165800000000002,3.4649999999999999,3.4441823199716208]
["CAP MODIFICADO POR POLÍMERO 65-90-E","2020-01-01","***","***","***",4.0702499999999997,"***",4.0702499999999997]
["CAP MODIFICADO POR POLÍMERO 65-90-E","2020-02-01","***","***","***","***","***","***"]
["CAP MODIFICADO POR POLÍMERO 65-90-E","2020-03-01","***","***","***",3.8525,"***",3.8525]
["CAP MODIFICADO POR POLÍMERO 65-90-E","2020-04-01","***","***","***","***",3.36836,3.36836]
["CAP MODIFICADO POR POLÍMERO 65-90-E","2020-05-01","***","***","***",3.1595300000000002,"***",3.1595300000000002]
["CAP MODIFICADO POR POLÍMERO 65-90-E","2020-06-01","***","***","***",3.0287714060284778,3.37113,3.0705843576839826]
["CAP MODIFICADO POR POLÍMERO 65-90-E","2020-07-01","***","***","***",2.9180130065840295,3.0287899999999999,2.9368747793444423]
["CAP MODIFICADO POR POLÍMERO 65-90-E","2020-08-01","***","***","***",3.208295842654735,3.6035903088710644,3.3300157039112324]
["CAP MODIFICADO POR POLÍMERO 65-90-E","2020-09-01","***",3.6783999999999999,"***",2.9572263989986896,1.4694107196024295,2.0403610225135527]
["CAP MODIFICADO POR POLÍMERO 65-90-E","2020-10-01","***",3.6783999999999994,"***",3.0749146935787501,2.9420709728534367,3.0838099019199872]
["CAP MODIFICADO POR POLÍMERO 65-90-E","2020-11-01","***",3.2835800000000002,"***",3.1591974659400544,3.3077576386491563,3.2644339414203642]
["CAP MODIFICADO POR POLÍMERO 65-90-E","2020-12-01","***",3.2835800000000002,"***",3.1590910750744889,3.1259513085322599,3.143313192924579]
["CAP MODIFICADO POR POLÍMERO 65-90-E","2021-01-01","***","***","***",3.1597642449959285,"***",3.1597642449959285]
["CAP MODIFICADO POR POLÍMERO 65-90-E","2021-02-01","***","***","***",3.4199975554418294,"***",3.4199975554418294]
["CAP MODIFICADO POR POLÍMERO 65-90-E","2021-03-01","***",4.2064000000000004,"***",3.4172844618641931,3.3537699999999999,3.4731874618923908]
["CAP MODIFICADO POR POLÍMERO 65-90-E","2021-04-01","***",4.2064000000000004,"***",3.4665533082875051,3.5064737636336472,3.5308457855634057]
["CAP MODIFICADO POR POLÍMERO 65-90-E","2021-05-01","***",5.2140000000000013,"***",4.2984020585130436,"***",4.4702606866137877]
["CAP MODIFICADO POR POLÍMERO 65-90-E","2021-06-01","***",5.2140000000000004,"***",4.1506740838323353,4.3075542695722362,4.3006888290680836]
["CAP MODIFICADO POR POLÍMERO 65-90-E","2021-07-01","***",4.4874499999999999,"***",4.2880269612191668,"***",4.2966660075747019]
["CAP MODIFICADO POR POLÍMERO 65-90-E","2021-08-01","***",4.7308300000000001,"***",4.3811282133624632,"***",4.4150593323470195]
["CAP MODIFICADO POR POLÍMERO 65-90-E","2021-09-01","***",4.5063899999999997,"***",4.308474006134511,4.9359400000000004,4.3770211788829902]
["CAP MODIFICADO POR POLÍMERO 65-90-E","2021-10-01","***","***","***",4.6386075597360721,4.9359400000000004,4.6413377465354912]
["CAP MODIFICADO POR POLÍMERO 65-90-E","2021-11-01","***","***","***",4.8226272033416935,"***",4.8226272033416935]
["CAP MODIFICADO POR POLÍMERO 65-90-E","2021-12-01","***",5.5515299999999996,"***",5.0271386175302037,"***",5.059512888660656]
["CAP MODIFICADO POR POLÍMERO 65-90-E","2022-01-01","***","***","***",5.1108941647655266,"***",5.1108941647655266]
["CAP MODIFICADO POR POLÍMERO 65-90-E","2022-02-01","***","***","***",5.5500062296779547,5.9308699999999996,5.5910537270753453]
["CAP MODIFICADO POR POLÍMERO 65-90-E","2022-03-01","***","***","***",5.6423773742937176,"***",5.6423773742937176]
["CAP MODIFICADO POR POLÍMERO 65-90-E","2022-04-01","***",6.3447699999999996,"***",6.0004299999999997,"***",6.130479515392719]
["CAP MODIFICADO POR POLÍMERO 65-90-E","2022-05-01","***",6.1749715629011552,5.5873900000000001,6.1204015976447499,5.9695099999999996,6.0845880953756541]
["CAP MODIFICADO POR POLÍMERO 65-90-E","2022-06-01","***",6.1620124509051015,5.5873899999999992,5.9855100000000006,"***",5.8608465581569753]
["CAP MODIFICADO POR POLÍMERO 65-90-E","2022-07-01","***",6.1486524889339229,5.6879900000000001,"***",6.0167000000000002,6.0822876450777201]
["CAP MODIFICADO POR POLÍMERO 65-90-E","2022-08-01","***",6.222785891703924,"***","***",5.3651799999999996,5.916028966177409]
["CAP MODIFICADO POR POLÍMERO 65-90-E","2022-09-01","***",6.0123366451401941,"***","***",5.5873576965962437,5.9197384572597658]
["CAP MODIFICADO POR POLÍMERO 65-90-E","2022-10-01","***",5.5958699999999997,"***",5.1038443809952723,"***",5.1648185966227409]
["CAP MODIFICADO POR POLÍMERO 65-90-E","2022-11-01","***",5.1053298461275425,"***",5.1578417588693393,"***",5.1502615575409072]
["CAP MODIFICADO POR POLÍMERO 65-90-E","2022-12-01","***",5.0620806692039322,"***",4.674058051128295,4.718143455292819,4.7266232003043154]
["CAP MODIFICADO POR POLÍMERO 65-90-E","2023-01-01","***",5.1244668730650158,"***",4.7105463185544707,"***",4.7827723154609147]
["CAP MODIFICADO POR POLÍMERO 65-90-E","2023-02-01","***",5.06386,"***",4.6839759250160853,4.7410399999999999,4.7643442608050046]
["CAP MODIFICADO POR POLÍMERO 65-90-E","2023-03-01","***",5.2004900000000003,"***",4.4260811354563998,4.4109499999999997,4.4844846928400317]
["CAP MODIFICADO POR POLÍMERO 65-90-E","2023-04-01","***",5.1834199999999999,3.5742599999999998,4.5764145271532763,"***",4.4274986396685172]
["CAP MODIFICADO POR POLÍMERO 65-90-E","2023-05-01","***","***",3.7837899999999998,4.5813380217112494,4.445834055532961,4.3592429575071128]
["CAP MODIFICADO POR POLÍMERO 65-90-E","2023-06-01","***","***","***",4.5228506090875857,4.3864967676078237,4.4753020709334645]
["CAP MODIFICADO POR POLÍMERO 65-90-E","2023-07-01","***","***","***",4.5322064288618806,4.4828542581681843,4.5197554302219514]
["CAP MODIFICADO POR POLÍMERO 65-90-E","2023-08-01","***","***","***",4.4510855095769015,4.4114800000000001,4.4442182459975186]
["CAP MODIFICADO POR POLÍMERO 65-90-E","2023-09-01","***","***","***",4.6859799999999998,4.4675789908814583,4.5637877477722606]
["CAP MODIFICADO POR POLÍMERO 65-90-E","2023-10-01","***","***","***",4.3485184566077422,4.7706299999999997,4.442149215541094]
["CAP MODIFICADO POR POLÍMERO 65-90-E","2023-11-01","***","***",4.0297499999999999,4.5253631621981363,4.4809678130959947,4.4404785105080604]
["CAP MODIFICADO POR POLÍMERO 65-90-E","2023-12-01","***","***",4.2520057773771969,4.4080255751668416,4.264759999999999,4.3178400548874283]
["CAP MODIFICADO POR POLÍMERO 65-90-E","2024-01-01","***","***",4.5437700000000003,4.3405943526532935,4.16282,4.3294500647148748]
["CAP MODIFICADO POR POLÍMERO 65-90-E","2024-02-01","***","***","***",4.5087866563649497,"***",4.5087866563649497]
["CAP MODIFICADO POR POLÍMERO 65-90-E","2024-03-01","***","***","***",4.70203001532016,4.26701,4.6806090894903472]
["CAP MODIFICADO POR POLÍMERO 65-90-E","2024-04-01","***","***",3.7585899999999999,4.2893563646037043,4.3119300000000003,4.2498905914294332]
["CAP MODIFICADO POR POLÍMERO 65-90-E","2024-05-01","***","***",3.8791099999999998,4.3543272290021537,4.2877217505683669,4.1413615850929766]
["CAP MODIFICADO POR POLÍMERO 65-90-E","2024-06-01","***",5.9355599999999997,3.8640400000000001,4.4499115408230994,"***",4.4808787273163704]
["CAP MODIFICADO POR POLÍMERO 65-90-E","2024-07-01","***",5.3412034405032331,"***",4.3666013227856917,4.5531199999999998,4.5691904396577163]
["CIMENTO ASFÁLTICO MODIFICADO POR POLÍMERO SBS 50-65","2009-12-01","***","***","***",1.5853699999999999,1.4175780343331446,1.4290957037247272]
["CIMENTO ASFÁLTICO MODIFICADO POR POLÍMERO SBS 50-65","2010-01-01","***","***","***","***",1.5227148666013648,1.5227148666013648]
["CIMENTO ASFÁLTICO MODIFICADO POR POLÍMERO SBS 50-65","2010-02-01","***","***","***","***",1.7089338120646214,1.7089338120646214]
["CIMENTO ASFÁLTICO MODIFICADO POR POLÍMERO SBS 50-65","2010-03-01","***","***",1.6739700000000002,"***",1.6360141964296577,1.6371726087725917]
["CIMENTO ASFÁLTICO MODIFICADO POR POLÍMERO SBS 50-65","2010-04-01","***","***",1.6727100013090854,"***",1.6092808441206579,1.6268555694871045]
["CIMENTO ASFÁLTICO MODIFICADO POR POLÍMERO SBS 50-65","2010-05-01","***","***",1.6741145680141454,1.7066100000000002,1.7158413319527466,1.7044144952166924]
["CIMENTO ASFÁLTICO MODIFICADO POR POLÍMERO SBS 50-65","2010-06-01","***","***","***",1.1916100000000001,1.5606875369553845,1.5222050036817372]
["CIMENTO ASFÁLTICO MODIFICADO POR POLÍMERO SBS 50-65","2010-07-01","***","***","***",1.1916100000000001,1.5982250446396034,1.5081673507049846]
["CIMENTO ASFÁLTICO MODIFICADO POR POLÍMERO SBS 50-65","2010-08-01","***","***","***",1.441050366177923,1.6364339523011098,1.5933854435437302]
["CIMENTO ASFÁLTICO MODIFICADO POR POLÍMERO SBS 50-65","2010-09-01","***","***","***",1.78783,1.539526029682075,1.5814451070872826]
["CIMENTO ASFÁLTICO MODIFICADO POR POLÍMERO SBS 50-65","2010-10-01","***","***","***",1.78783,1.4255098064800529,1.4532206071297715]
["CIMENTO ASFÁLTICO MODIFICADO POR POLÍMERO SBS 50-65","2010-11-01","***","***","***",1.1916100000000001,1.2947742270659188,1.2726645440186215]
["CIMENTO ASFÁLTICO MODIFICADO POR POLÍMERO SBS 50-65","2010-12-01","***","***","***","***","***","***"]
["CIMENTO ASFÁLTICO MODIFICADO POR POLÍMERO SBS 50-65","2011-01-01","***","***","***","***",1.2947756914893618,1.2947756914893618]
["CIMENTO ASFÁLTICO MODIFICADO POR POLÍMERO SBS 50-65","2011-02-01","***","***","***","***","***","***"]
["CIMENTO ASFÁLTICO MODIFICADO POR POLÍMERO SBS 50-65","2011-03-01","***","***","***","***","***","***"]
["CIMENTO ASFÁLTICO MODIFICADO POR POLÍMERO SBS 50-65","2011-04-01","***","***","***",1.2591949999999998,"***",1.2591949999999998]
["CIMENTO ASFÁLTICO MODIFICADO POR POLÍMERO SBS 50-65","2011-05-01","***","***",1.6439900000000001,1.1741618769349846,"***",1.324674936875329]
["CIMENTO ASFÁLTICO MODIFICADO POR POLÍMERO SBS 50-65","2011-06-01","***","***",1.6383241197205665,1.1746700000000001,"***",1.6014024503037811]
["CIMENTO ASFÁLTICO MODIFICADO POR POLÍMERO SBS 50-65","2011-07-01","***","***",1.4925409986848124,1.1730400000000001,"***",1.4723694653523691]
["CIMENTO ASFÁLTICO MODIFICADO POR POLÍMERO SBS 50-65","2011-08-01","***","***",1.3751659402633132,1.172925001042318,"***",1.3604365728383818]
["CIMENTO ASFÁLTICO MODIFICADO POR POLÍMERO SBS 50-65","2011-09-01","***","***",1.3750899999999999,1.1730031992486072,1.5575300000000001,1.3311407755452558]
["CIMENTO ASFÁLTICO MODIFICADO POR POLÍMERO SBS 50-65","2011-10-01","***","***","***",1.1704656716417912,"***",1.1704656716417912]
["CIMENTO ASFÁLTICO MODIFICADO POR POLÍMERO SBS 50-65","2011-11-01","***","***","***","***","***","***"]
["CIMENTO ASFÁLTICO MODIFICADO POR POLÍMERO SBS 50-65","2011-12-01","***","***","***",1.10371,"***",1.10371]
["CIMENTO ASFÁLTICO MODIFICADO POR POLÍMERO SBS 50-65","2012-01-01","***","***","***",1.1037133183023873,"***",1.1037133183023873]
["CIMENTO ASFÁLTICO MODIFICADO POR POLÍMERO SBS 50-65","2012-02-01","***","***","***",1.1037117226670166,"***",1.1037117226670166]
["CIMENTO ASFÁLTICO MODIFICADO POR POLÍMERO SBS 50-65","2012-03-01","***","***","***",1.1037119648497611,"***",1.1037119648497611]
["CIMENTO ASFÁLTICO MODIFICADO POR POLÍMERO SBS 50-65","2012-04-01","***","***","***",1.1037167049543315,"***",1.1037167049543315]
["CIMENTO ASFÁLTICO MODIFICADO POR POLÍMERO SBS 50-65","2012-05-01","***","***",1.56877,1.1252123441037252,"***",1.3474921098562627]
["CIMENTO ASFÁLTICO MODIFICADO POR POLÍMERO SBS 50-65","2012-06-01","***","***",1.56877,1.14682,"***",1.4321106049250534]
["CIMENTO ASFÁLTICO MODIFICADO POR POLÍMERO SBS 50-65","2012-07-01","***","***",1.5687700000000002,1.17455,1.36588,1.372143195945946]
["CIMENTO ASFÁLTICO MODIFICADO POR POLÍMERO SBS 50-65","2012-08-01","***","***",1.56877,1.17455,"***",1.4298126588968694]
["CIMENTO ASFÁLTICO MODIFICADO POR POLÍMERO SBS 50-65","2012-09-01","***","***",1.6187100000000001,"***","***",1.6187100000000001]
["CIMENTO ASFÁLTICO MODIFICADO POR POLÍMERO SBS 50-65","2012-10-01","***","***",1.6387456123380177,"***","***",1.6387456123380177]
["CIMENTO ASFÁLTICO MODIFICADO POR POLÍMERO SBS 50-65","2012-11-01","***","***","***","***","***","***"]
["CIMENTO ASFÁLTICO MODIFICADO POR POLÍMERO SBS 50-65","2012-12-01","***","***","***","***","***","***"]
["CIMENTO ASFÁLTICO MODIFICADO POR POLÍMERO SBS 50-65","2013-01-01","***","***","***","***","***","***"]
["CIMENTO ASFÁLTICO MODIFICADO POR POLÍMERO SBS 50-65","2013-02-01","***","***","***","***","***","***"]
["CIMENTO ASFÁLTICO MODIFICADO POR POLÍMERO SBS 50-65","2013-03-01","***","***","***","***","***","***"]
["CIMENTO ASFÁLTICO MODIFICADO POR POLÍMERO SBS 50-65","2013-04-01","***","***","***",1.3120000000000001,"***",1.3120000000000001]
["CIMENTO ASFÁLTICO MODIFICADO POR POLÍMERO SBS 50-65","2013-05-01","***","***","***",1.3120000000000001,1.3225199999999997,1.3135352611479936]
["CIMENTO ASFÁLTICO MODIFICADO POR POLÍMERO SBS 50-65","2013-06-01","***","***","***",1.3120000000000001,"***",1.3120000000000001]
["CIMENTO ASFÁLTICO MODIFICADO POR POLÍMERO SBS 50-65","2013-07-01","***","***","***",1.3120000000000001,"***",1.3120000000000001]
["CIMENTO ASFÁLTICO MODIFICADO POR POLÍMERO SBS 50-65","2013-08-01","***","***","***","***",1.569720259481038,1.569720259481038]
["CIMENTO ASFÁLTICO MODIFICADO POR POLÍMERO SBS 50-65","2013-09-01","***","***","***",1.3119999999999998,"***",1.3119999999999998]
["CIMENTO ASFÁLTICO MODIFICADO POR POLÍMERO SBS 50-65","2013-10-01","***","***","***","***",1.3614900000000001,1.3614900000000001]
["CIMENTO ASFÁLTICO MODIFICADO POR POLÍMERO SBS 50-65","2013-11-01","***","***","***",1.4475107365538549,"***",1.4475107365538549]
["CIMENTO ASFÁLTICO MODIFICADO POR POLÍMERO SBS 50-65","2013-12-01","***","***","***","***","***","***"]
["CIMENTO ASFÁLTICO MODIFICADO POR POLÍMERO SBS 50-65","2014-01-01","***","***","***",1.4235117923823748,"***",1.4235117923823748]
["CIMENTO ASFÁLTICO MODIFICADO POR POLÍMERO SBS 50-65","2014-02-01","***","***","***","***","***","***"]
["CIMENTO ASFÁLTICO MODIFICADO POR POLÍMERO SBS 50-65","2014-03-01","***","***",1.4269732497883438,"***","***",1.4269732497883438]
["CIMENTO ASFÁLTICO MODIFICADO POR POLÍMERO SBS 50-65","2014-04-01","***","***",1.3033859071393126,"***","***",1.3033859071393126]
["CIMENTO ASFÁLTICO MODIFICADO POR POLÍMERO SBS 50-65","2014-05-01","***","***","***","***","***","***"]
["CIMENTO ASFÁLTICO MODIFICADO POR POLÍMERO SBS 50-65","2014-06-01","***","***","***","***","***","***"]
["CIMENTO ASFÁLTICO MODIFICADO POR POLÍMERO SBS 50-65","2014-07-01","***","***","***","***","***","***"]
["CIMENTO ASFÁLTICO MODIFICADO POR POLÍMERO SBS 50-65","2014-08-01","***","***","***","***","***","***"]
["CIMENTO ASFÁLTICO MODIFICADO POR POLÍMERO SBS 50-65","2014-09-01","***","***","***","***","***","***"]
["CIMENTO ASFÁLTICO MODIFICADO POR POLÍMERO SBS 50-65","2014-10-01","***","***","***","***","***","***"]
["CIMENTO ASFÁLTICO MODIFICADO POR POLÍMERO SBS 50-65","2014-11-01","***","***","***","***","***","***"]
["CIMENTO ASFÁLTICO MODIFICADO POR POLÍMERO SBS 50-65","2014-12-01","***","***","***","***","***","***"]
["CIMENTO ASFÁLTICO MODIFICADO POR POLÍMERO SBS 50-65","2015-01-01","***","***","***","***","***","***"]
["CIMENTO ASFÁLTICO MODIFICADO POR POLÍMERO SBS 50-65","2015-02-01","***","***","***","***","***","***"]
["CIMENTO ASFÁLTICO MODIFICADO POR POLÍMERO SBS 50-65","2015-03-01","***","***","***","***","***","***"]
["CIMENTO ASFÁLTICO MODIFICADO POR POLÍMERO SBS 50-65","2015-04-01","***","***","***","***","***","***"]
["CIMENTO ASFÁLTICO MODIFICADO POR POLÍMERO SBS 50-65","2015-05-01","***","***","***","***","***","***"]
["CIMENTO ASFÁLTICO MODIFICADO POR POLÍMERO SBS 50-65","2015-06-01","***","***","***","***","***","***"]
["CIMENTO ASFÁLTICO MODIFICADO POR POLÍMERO SBS 50-65","2015-07-01","***","***","***","***","***","***"]
["CIMENTO ASFÁLTICO MODIFICADO POR POLÍMERO SBS 50-65","2015-08-01","***","***","***","***","***","***"]
["CIMENTO ASFÁLTICO MODIFICADO POR POLÍMERO SBS 55-75","2009-12-01","***","***","***","***",1.4085247007018027,1.4085247007018027]
["CIMENTO ASFÁLTICO MODIFICADO POR POLÍMERO SBS 55-75","2010-01-01","***",1.4791100000000001,"***","***",1.4119999999999999,1.450170925281842]
["CIMENTO ASFÁLTICO MODIFICADO POR POLÍMERO SBS 55-75","2010-02-01","***","***","***","***",1.3579000000000001,1.3579000000000001]
["CIMENTO ASFÁLTICO MODIFICADO POR POLÍMERO SBS 55-75","2010-03-01","***","***","***","***",1.3579000000000001,1.3579000000000001]
["CIMENTO ASFÁLTICO MODIFICADO POR POLÍMERO SBS 55-75","2010-04-01","***","***","***","***",1.3579000000000001,1.3579000000000001]
["CIMENTO ASFÁLTICO MODIFICADO POR POLÍMERO SBS 55-75","2010-05-01","***","***","***",1.335824099396322,1.3371411609498682,1.3365343806998256]
["CIMENTO ASFÁLTICO MODIFICADO POR POLÍMERO SBS 55-75","2010-06-01","***","***","***","***",1.3492483822797412,1.3492483822797412]
["CIMENTO ASFÁLTICO MODIFICADO POR POLÍMERO SBS 55-75","2010-07-01","***",1.44868,"***","***",1.355732030354772,1.3633325071423599]
["CIMENTO ASFÁLTICO MODIFICADO POR POLÍMERO SBS 55-75","2010-08-01","***","***","***",1.62704,1.3396139892340622,1.3549487880648332]
["CIMENTO ASFÁLTICO MODIFICADO POR POLÍMERO SBS 55-75","2010-09-01","***",1.48319,"***",1.370501854237814,1.3328438754411673,1.38662013509249]
["CIMENTO ASFÁLTICO MODIFICADO POR POLÍMERO SBS 55-75","2010-10-01","***",1.48319,"***",1.3792648636550497,1.3094420737032697,1.3460313551423719]
["CIMENTO ASFÁLTICO MODIFICADO POR POLÍMERO SBS 55-75","2010-11-01","***",1.4831999999999999,"***",1.3082450207117724,1.3296497617494727,1.351569664376058]
["CIMENTO ASFÁLTICO MODIFICADO POR POLÍMERO SBS 55-75","2010-12-01","***","***","***",1.308730630078907,1.3200754854685262,1.3111502506277277]
["CIMENTO ASFÁLTICO MODIFICADO POR POLÍMERO SBS 55-75","2011-01-01","***","***","***",1.2826475553595003,1.2474343583829841,1.279514402204893]
["CIMENTO ASFÁLTICO MODIFICADO POR POLÍMERO SBS 55-75","2011-02-01","***",0.78463168964546981,"***",1.26175681631375,1.2399592992740536,1.1299944498193728]
["CIMENTO ASFÁLTICO MODIFICADO POR POLÍMERO SBS 55-75","2011-03-01","***",1.2996251914733956,"***",1.2808501922158548,1.2338021676063153,1.2566854939877896]
["CIMENTO ASFÁLTICO MODIFICADO POR POLÍMERO SBS 55-75","2011-04-01","***",1.0047351598256449,"***",1.3206800000000001,1.2428463675927452,1.2017634792967831]
["CIMENTO ASFÁLTICO MODIFICADO POR POLÍMERO SBS 55-75","2011-05-01","***",0.64170635477482563,1.6392,1.1187288837828417,1.2408360401638112,1.0682881836423304]
["CIMENTO ASFÁLTICO MODIFICADO POR POLÍMERO SBS 55-75","2011-06-01","***",0.9634607956543827,1.6392,1.1553158220021182,1.2211396712761584,1.1620611962318583]
["CIMENTO ASFÁLTICO MODIFICADO POR POLÍMERO SBS 55-75","2011-07-01","***",1.2441821044546852,1.6490301929954567,1.2627355434567413,1.2302361423095272,1.3480658364966995]
["CIMENTO ASFÁLTICO MODIFICADO POR POLÍMERO SBS 55-75","2011-08-01","***",1.2361395761637386,1.6640999999999999,"***",1.2172296649084702,1.2565885736408151]
["CIMENTO ASFÁLTICO MODIFICADO POR POLÍMERO SBS 55-75","2011-09-01","***",1.4428999999999998,"***",1.362941052219832,1.2034974033416743,1.2434389605884895]
["CIMENTO ASFÁLTICO MODIFICADO POR POLÍMERO SBS 55-75","2011-10-01","***",1.3988614926909613,1.3739400000000002,1.4555,1.1737846124167846,1.3100462594905575]
["CIMENTO ASFÁLTICO MODIFICADO POR POLÍMERO SBS 55-75","2011-11-01","***",1.3504191808920394,"***",1.4382710150831222,1.2702042377648877,1.3281636099899812]
["CIMENTO ASFÁLTICO MODIFICADO POR POLÍMERO SBS 55-75","2011-12-01","***",1.3116941369013233,"***",1.3422100514973714,1.1460981355293409,1.2978681034792567]
["CIMENTO ASFÁLTICO MODIFICADO POR POLÍMERO SBS 55-75","2012-01-01","***",1.3209101535372507,"***",1.3580359146634615,1.2341807745169373,1.2956911162619853]
["CIMENTO ASFÁLTICO MODIFICADO POR POLÍMERO SBS 55-75","2012-02-01","***",1.2906930121566864,"***",1.361523249557969,1.2902423852007598,1.2963331392682682]
["CIMENTO ASFÁLTICO MODIFICADO POR POLÍMERO SBS 55-75","2012-03-01","***",1.3115648818346852,"***",1.41405759081048,1.2989899452948799,1.3128956451485816]
["CIMENTO ASFÁLTICO MODIFICADO POR POLÍMERO SBS 55-75","2012-04-01","***",1.3076635173024704,"***",1.457224823262554,1.2902646767325854,1.3099988146728867]
["CIMENTO ASFÁLTICO MODIFICADO POR POLÍMERO SBS 55-75","2012-05-01","***",0.96958820426787418,"***",1.3870342367136368,1.2912270096463021,1.1326667311411991]
["CIMENTO ASFÁLTICO MODIFICADO POR POLÍMERO SBS 55-75","2012-06-01","***",1.1701404730966323,"***",1.276637219589871,1.3103066359596838,1.2445550617666965]
["CIMENTO ASFÁLTICO MODIFICADO POR POLÍMERO SBS 55-75","2012-07-01","***",1.4348754328977129,"***",1.3393986185983831,1.4178661767344498,1.4087539366296193]
["CIMENTO ASFÁLTICO MODIFICADO POR POLÍMERO SBS 55-75","2012-08-01","***",1.3960953899499453,1.7139000000000004,1.3468000000000002,1.3615477289209512,1.4471253821595651]
["CIMENTO ASFÁLTICO MODIFICADO POR POLÍMERO SBS 55-75","2012-09-01","***",1.3566627289381497,1.7138999999999998,1.4555000000000002,1.4015400096954029,1.4170065712589315]
["CIMENTO ASFÁLTICO MODIFICADO POR POLÍMERO SBS 55-75","2012-10-01","***",1.3691242342553385,1.8283999999999998,1.3163934593724858,1.2594163143145904,1.3767138229706342]
["CIMENTO ASFÁLTICO MODIFICADO POR POLÍMERO SBS 55-75","2012-11-01","***",1.3636168697098827,1.8283999999999998,1.3734999999999999,1.3457855010068078,1.4825564020312414]
["CIMENTO ASFÁLTICO MODIFICADO POR POLÍMERO SBS 55-75","2012-12-01","***",1.343303356441595,1.8284,1.2056500000000001,1.3866577999718666,1.3880223914862104]
["CIMENTO ASFÁLTICO MODIFICADO POR POLÍMERO SBS 55-75","2013-01-01","***",1.3712148691432997,1.8283999999999998,1.3495842531400963,1.3870797655099896,1.3914965239138348]
["CIMENTO ASFÁLTICO MODIFICADO POR POLÍMERO SBS 55-75","2013-02-01","***",1.3809853174157587,1.8284,1.3744712404961985,1.3846009755322071,1.412811319542892]
["CIMENTO ASFÁLTICO MODIFICADO POR POLÍMERO SBS 55-75","2013-03-01","***",1.3783089802922501,"***",1.3098280882092461,1.3793575875974637,1.372979548535709]
["CIMENTO ASFÁLTICO MODIFICADO POR POLÍMERO SBS 55-75","2013-04-01","***",1.3669945456910382,1.8284,1.3283960771827525,1.4031320763378998,1.4070313081023453]
["CIMENTO ASFÁLTICO MODIFICADO POR POLÍMERO SBS 55-75","2013-05-01","***",1.3880124162323715,1.780431223560039,1.2963761451689109,1.4290360611426709,1.4362685830180963]
["CIMENTO ASFÁLTICO MODIFICADO POR POLÍMERO SBS 55-75","2013-06-01","***",1.4021579095618617,1.823902228540963,1.2984873752909876,1.5550054887103821,1.5004443970782166]
["CIMENTO ASFÁLTICO MODIFICADO POR POLÍMERO SBS 55-75","2013-07-01","***",1.3871723656684942,1.8052740763857449,1.3340344015646892,1.4476256065186222,1.4675567171586115]
["CIMENTO ASFÁLTICO MODIFICADO POR POLÍMERO SBS 55-75","2013-08-01","***",1.3728168280860054,1.8249272159868601,1.3488712859428196,1.4924977825197165,1.4391854077958457]
["CIMENTO ASFÁLTICO MODIFICADO POR POLÍMERO SBS 55-75","2013-09-01","***",1.376571897890442,1.8167627969621012,1.3137746593863753,1.4596725257068734,1.4437387626253335]
["CIMENTO ASFÁLTICO MODIFICADO POR POLÍMERO SBS 55-75","2013-10-01","***",1.3168143530316985,1.8378749281630924,"***",1.4889844262145326,1.4748210147873015]
["CIMENTO ASFÁLTICO MODIFICADO POR POLÍMERO SBS 55-75","2013-11-01","***",1.3216723795632224,1.8283778174694629,"***",1.4128924467879875,1.4291300504672884]
["CIMENTO ASFÁLTICO MODIFICADO POR POLÍMERO SBS 55-75","2013-12-01","***",1.4425347827174271,"***",1.3446484564476233,1.3839241651016494,1.4093714870036231]
["CIMENTO ASFÁLTICO MODIFICADO POR POLÍMERO SBS 55-75","2014-01-01","***",1.3379008202287013,1.8284,1.38392,1.4586311939232395,1.4162426627183733]
["CIMENTO ASFÁLTICO MODIFICADO POR POLÍMERO SBS 55-75","2014-02-01","***",1.3716805061792268,"***",1.4903,1.4023857909360811,1.3955580095368261]
["CIMENTO ASFÁLTICO MODIFICADO POR POLÍMERO SBS 55-75","2014-03-01","***",1.3360945071615984,1.8592,1.4895558710667691,1.4185017555694583,1.3862817576476258]
["CIMENTO ASFÁLTICO MODIFICADO POR POLÍMERO SBS 55-75","2014-04-01","***",1.0857983345219244,1.7494475125397766,1.4887999999999999,1.4518133299764735,1.2583130619063316]
["CIMENTO ASFÁLTICO MODIFICADO POR POLÍMERO SBS 55-75","2014-05-01","***",1.3366260577409521,1.7672516786494115,1.3472450359492123,1.4751856772984002,1.4181069734236309]
["CIMENTO ASFÁLTICO MODIFICADO POR POLÍMERO SBS 55-75","2014-06-01","***",1.3528025476803345,"***",1.3493300000000001,1.4381584461528123,1.3952794465748446]
["CIMENTO ASFÁLTICO MODIFICADO POR POLÍMERO SBS 55-75","2014-07-01","***",1.3427451420824639,"***","***",1.4253708750477643,1.3890519264987264]
["CIMENTO ASFÁLTICO MODIFICADO POR POLÍMERO SBS 55-75","2014-08-01","***",1.4111987108167772,"***","***",1.475277564825382,1.4495209358405572]
["CIMENTO ASFÁLTICO MODIFICADO POR POLÍMERO SBS 55-75","2014-09-01","***",1.3958124528805596,"***","***",1.5895094028906267,1.5040162000037711]
["CIMENTO ASFÁLTICO MODIFICADO POR POLÍMERO SBS 55-75","2014-10-01","***",1.3790596339041428,1.8783048773432078,1.4945898512614022,1.4357077744842186,1.4362620507822359]
["CIMENTO ASFÁLTICO MODIFICADO POR POLÍMERO SBS 55-75","2014-11-01","***",1.4297891531115385,1.83897669366257,1.49406207253886,1.5514262768528775,1.5108203419906561]
["CIMENTO ASFÁLTICO MODIFICADO POR POLÍMERO SBS 55-75","2014-12-01","***",1.5294325850217763,2.1386621097428469,1.7207290443942815,1.6982714784996336,1.6213491571764329]
["CIMENTO ASFÁLTICO MODIFICADO POR POLÍMERO SBS 55-75","2015-01-01","***",1.710178672625142,"***","***",1.9805023382300613,1.8054642290188492]
["CIMENTO ASFÁLTICO MODIFICADO POR POLÍMERO SBS 55-75","2015-02-01","***",1.6838658791076999,"***","***",1.812105632806976,1.7485498157394199]
["CIMENTO ASFÁLTICO MODIFICADO POR POLÍMERO SBS 55-75","2015-03-01","***",1.8045122924600154,"***",1.6868543579113273,1.8177668789522243,1.7696051082808801]
["CIMENTO ASFÁLTICO MODIFICADO POR POLÍMERO SBS 55-75","2015-04-01","***",1.80775,"***",1.7313555928686699,1.8111169557007989,1.7825483230139714]
["CIMENTO ASFÁLTICO MODIFICADO POR POLÍMERO SBS 55-75","2015-05-01","***",1.8964186374781087,"***",1.6515433688208552,1.7811996982095701,1.7771494487298456]
["CIMENTO ASFÁLTICO MODIFICADO POR POLÍMERO SBS 55-75","2015-06-01","***",2.0391962239640029,"***",1.7132863849712288,1.6930918749897574,1.7454252476155729]
["CIMENTO ASFÁLTICO MODIFICADO POR POLÍMERO SBS 55-75","2015-07-01","***",1.8790785057680079,"***",2.0011090738472621,1.8652297091043801,1.9063426047603085]
["CIMENTO ASFÁLTICO MODIFICADO POR POLÍMERO SBS 55-75","2015-08-01","***",1.61873,"***",1.8021404825650438,1.706215119281977,1.7395348412855596]
["CIMENTO ASFÁLTICO MODIFICADO POR POLÍMERO SBS 60-85","2009-12-01","***","***",1.7973052872604041,1.3416759596768886,1.3299791491041346,1.4597747057791763]
["CIMENTO ASFÁLTICO MODIFICADO POR POLÍMERO SBS 60-85","2010-01-01","***","***",1.7598133303156949,1.3653638486847555,1.3749035779869163,1.4847893832068557]
["CIMENTO ASFÁLTICO MODIFICADO POR POLÍMERO SBS 60-85","2010-02-01","***","***",1.7917892712492396,1.3470507055902985,1.3895835117380599,1.4663900059220458]
["CIMENTO ASFÁLTICO MODIFICADO POR POLÍMERO SBS 60-85","2010-03-01","***","***",1.8306406473151036,1.3565455023635553,1.3828577225809706,1.4610760610370581]
["CIMENTO ASFÁLTICO MODIFICADO POR POLÍMERO SBS 60-85","2010-04-01","***","***",1.787055545771806,1.3601565656967758,1.2897325091018714,1.5650739454750091]
["CIMENTO ASFÁLTICO MODIFICADO POR POLÍMERO SBS 60-85","2010-05-01","***",1.4083400000000001,1.8260760795673066,1.348022154544007,1.3400597122734763,1.5217681015078091]
["CIMENTO ASFÁLTICO MODIFICADO POR POLÍMERO SBS 60-85","2010-06-01","***",1.4083399999999997,1.8446227536039586,1.2808579669542601,1.3389870090351985,1.3892772831727151]
["CIMENTO ASFÁLTICO MODIFICADO POR POLÍMERO SBS 60-85","2010-07-01","***",1.4083400000000004,1.8334803777940551,1.285574364418574,1.3338362469253147,1.4324505767016498]
["CIMENTO ASFÁLTICO MODIFICADO POR POLÍMERO SBS 60-85","2010-08-01","***",1.4083399999999995,1.8200538202730991,1.2599148648422012,1.3488572866103561,1.3918757816090663]
["CIMENTO ASFÁLTICO MODIFICADO POR POLÍMERO SBS 60-85","2010-09-01","***","***",1.7773753409493085,1.2940079727324849,1.3686770810068987,1.4108881580325077]
["CIMENTO ASFÁLTICO MODIFICADO POR POLÍMERO SBS 60-85","2010-10-01","***","***",1.785539587049372,1.2824269304583,1.3481310768456736,1.4277829685906271]
["CIMENTO ASFÁLTICO MODIFICADO POR POLÍMERO SBS 60-85","2010-11-01","***","***",1.7713255331038242,1.2976995049326951,1.3487482527724053,1.4565097305338597]
["CIMENTO ASFÁLTICO MODIFICADO POR POLÍMERO SBS 60-85","2010-12-01","***",1.5686899999999999,1.8676232809424262,1.2801018771306343,1.3367118381059551,1.4033329494856448]
["CIMENTO ASFÁLTICO MODIFICADO POR POLÍMERO SBS 60-85","2011-01-01","***","***",1.7816071191782421,1.2666310282895501,1.3677614648007861,1.4008117677139884]
["CIMENTO ASFÁLTICO MODIFICADO POR POLÍMERO SBS 60-85","2011-02-01","***",1.6458900000000003,1.9541880622931247,1.3287698795595322,1.3742832479006735,1.4033895690650318]
["CIMENTO ASFÁLTICO MODIFICADO POR POLÍMERO SBS 60-85","2011-03-01","***",1.4768084117781677,1.8488699999999998,1.2339115296731684,1.366899673905714,1.3464988071236557]
["CIMENTO ASFÁLTICO MODIFICADO POR POLÍMERO SBS 60-85","2011-04-01","***","***",1.83944714083356,1.3074872933667403,1.3602523245328082,1.3911519284860143]
["CIMENTO ASFÁLTICO MODIFICADO POR POLÍMERO SBS 60-85","2011-05-01","***",1.3564799999999999,1.7291635397683958,1.271272317266626,1.3576078472320414,1.3777874689410468]
["CIMENTO ASFÁLTICO MODIFICADO POR POLÍMERO SBS 60-85","2011-06-01","***",1.3568699999999998,1.6981810503686494,1.299249989113098,1.3256809304152486,1.3769277827478783]
["CIMENTO ASFÁLTICO MODIFICADO POR POLÍMERO SBS 60-85","2011-07-01","***",1.3567399999999998,1.6800723630464756,1.3086946902916852,1.267300378525847,1.4103994796213684]
["CIMENTO ASFÁLTICO MODIFICADO POR POLÍMERO SBS 60-85","2011-08-01","***",1.3554399999999995,1.712637919875736,1.316895832193957,1.298189220252894,1.4301102943486832]
["CIMENTO ASFÁLTICO MODIFICADO POR POLÍMERO SBS 60-85","2011-09-01","***","***",1.7363432329452966,1.2807825247150331,1.271515590909249,1.3711510650954]
["CIMENTO ASFÁLTICO MODIFICADO POR POLÍMERO SBS 60-85","2011-10-01","***",1.43249,1.5629204195049886,1.2883071879414401,1.282078980398748,1.3766086500552375]
["CIMENTO ASFÁLTICO MODIFICADO POR POLÍMERO SBS 60-85","2011-11-01","***","***",1.448016364465798,1.2961291555119789,1.2444774148666677,1.3329690301020478]
["CIMENTO ASFÁLTICO MODIFICADO POR POLÍMERO SBS 60-85","2011-12-01","***",1.4181900000000001,1.3328846374954495,1.3180593391818556,1.2727961938335941,1.3185584151999703]
["CIMENTO ASFÁLTICO MODIFICADO POR POLÍMERO SBS 60-85","2012-01-01","***",1.41818,1.3926199686940965,1.3030516267523919,1.274805912711735,1.3132685568832039]
["CIMENTO ASFÁLTICO MODIFICADO POR POLÍMERO SBS 60-85","2012-02-01","***",1.41818,1.3411452366851391,1.3235784419763756,1.2774186858931564,1.3183942780558557]
["CIMENTO ASFÁLTICO MODIFICADO POR POLÍMERO SBS 60-85","2012-03-01","***",1.4181999999999997,1.3177278738478222,1.3414761902279959,1.2391253704690386,1.3242000972258234]
["CIMENTO ASFÁLTICO MODIFICADO POR POLÍMERO SBS 60-85","2012-04-01","***",1.4181900000000001,1.4243873216650655,1.3487324631650772,1.2441843522160376,1.3345905999942795]
["CIMENTO ASFÁLTICO MODIFICADO POR POLÍMERO SBS 60-85","2012-05-01","***",1.4181999999999999,1.4416238968928758,1.3800454745410353,1.2616042347410463,1.3547985906870252]
["CIMENTO ASFÁLTICO MODIFICADO POR POLÍMERO SBS 60-85","2012-06-01","***","***",1.473386504021448,1.4155632294629201,1.3231527647937642,1.4186747704073686]
["CIMENTO ASFÁLTICO MODIFICADO POR POLÍMERO SBS 60-85","2012-07-01","***","***",1.582979025530826,1.4464098669956076,1.3657937295328706,1.4834698761020879]
["CIMENTO ASFÁLTICO MODIFICADO POR POLÍMERO SBS 60-85","2012-08-01","***","***",1.5409183867945611,1.3931713236545333,1.3724223877327486,1.4642921052841527]
["CIMENTO ASFÁLTICO MODIFICADO POR POLÍMERO SBS 60-85","2012-09-01","***","***",1.5943221275862969,1.4045669634078148,1.346054360089701,1.5089808516342569]
["CIMENTO ASFÁLTICO MODIFICADO POR POLÍMERO SBS 60-85","2012-10-01",1.55,1.4182200000000003,1.5859510634013307,1.428806510441359,1.362102764062459,1.5106699186069072]
["CIMENTO ASFÁLTICO MODIFICADO POR POLÍMERO SBS 60-85","2012-11-01","***",1.4324900000000003,1.6196126905661397,1.4126842068778707,1.3269605753475624,1.4871822260311887]
["CIMENTO ASFÁLTICO MODIFICADO POR POLÍMERO SBS 60-85","2012-12-01","***",1.4182899999999998,1.5654608687800633,1.4057903388715856,1.3414212325139652,1.435464312862315]
["CIMENTO ASFÁLTICO MODIFICADO POR POLÍMERO SBS 60-85","2013-01-01","***","***",1.4991863498819875,1.4348296352714762,1.3485907021916628,1.4289054581823806]
["CIMENTO ASFÁLTICO MODIFICADO POR POLÍMERO SBS 60-85","2013-02-01","***","***",1.4541001097017485,1.4461664106103045,1.3571992048364154,1.4138698570745023]
["CIMENTO ASFÁLTICO MODIFICADO POR POLÍMERO SBS 60-85","2013-03-01","***",1.4182400000000002,1.4616055171013449,1.3363253094048591,1.3969275870448044,1.3846764380490912]
["CIMENTO ASFÁLTICO MODIFICADO POR POLÍMERO SBS 60-85","2013-04-01","***",1.4182300000000001,1.4911774717759883,1.3039314722481226,1.3627987946698967,1.3585326133056495]
["CIMENTO ASFÁLTICO MODIFICADO POR POLÍMERO SBS 60-85","2013-05-01","***","***",1.5093837113392909,1.2915791698691652,1.3474366976476435,1.3711231089542331]
["CIMENTO ASFÁLTICO MODIFICADO POR POLÍMERO SBS 60-85","2013-06-01","***","***",1.6416509178546135,1.4261365272045738,1.3643068454981093,1.4879326177146246]
["CIMENTO ASFÁLTICO MODIFICADO POR POLÍMERO SBS 60-85","2013-07-01","***",1.41821,1.6991976878896857,1.4791116575175398,1.3712126156274671,1.5094800630661498]
["CIMENTO ASFÁLTICO MODIFICADO POR POLÍMERO SBS 60-85","2013-08-01","***",1.41821,1.8454326139758728,1.4910126894256905,1.3545746519274373,1.5182874307177103]
["CIMENTO ASFÁLTICO MODIFICADO POR POLÍMERO SBS 60-85","2013-09-01","***","***",1.7201816071833729,1.4575988807770992,1.3658021018780169,1.4906674028176585]
["CIMENTO ASFÁLTICO MODIFICADO POR POLÍMERO SBS 60-85","2013-10-01","***","***",1.6469250340154868,1.4773483681699668,1.3867907780295823,1.4845071147097566]
["CIMENTO ASFÁLTICO MODIFICADO POR POLÍMERO SBS 60-85","2013-11-01","***","***",1.6656571819395145,1.4589850538407321,1.4117213275305618,1.476584667586248]
["CIMENTO ASFÁLTICO MODIFICADO POR POLÍMERO SBS 60-85","2013-12-01","***",2.21984,1.6674420536147974,1.4476702235456123,1.4334446804611107,1.4637061051006739]
["CIMENTO ASFÁLTICO MODIFICADO POR POLÍMERO SBS 60-85","2014-01-01","***","***",1.5931533891041718,1.4636374213373073,1.3649216052120874,1.462132657756998]
["CIMENTO ASFÁLTICO MODIFICADO POR POLÍMERO SBS 60-85","2014-02-01","***",2.2198380096354353,1.6563564489729201,1.4862420657846231,1.4158580779409786,1.5072340133417896]
["CIMENTO ASFÁLTICO MODIFICADO POR POLÍMERO SBS 60-85","2014-03-01","***",2.2198380235988204,1.6375762611286224,1.5001486084413898,1.6499897748619212,1.550844004464708]
["CIMENTO ASFÁLTICO MODIFICADO POR POLÍMERO SBS 60-85","2014-04-01","***",1.6316440328984685,1.5774234782780241,1.4735665647839542,1.5553809817417981,1.5075621288644818]
["CIMENTO ASFÁLTICO MODIFICADO POR POLÍMERO SBS 60-85","2014-05-01","***",1.3364256721712171,1.6735634184852446,1.5419092272851374,1.5283483535293834,1.558174617966573]
["CIMENTO ASFÁLTICO MODIFICADO POR POLÍMERO SBS 60-85","2014-06-01","***","***",1.6857432158929635,1.5075095651689208,1.4265820420660578,1.5280660365441696]
["CIMENTO ASFÁLTICO MODIFICADO POR POLÍMERO SBS 60-85","2014-07-01","***","***",1.695981326727078,1.4543104544323486,1.4203496795493766,1.534681209806829]
["CIMENTO ASFÁLTICO MODIFICADO POR POLÍMERO SBS 60-85","2014-08-01","***","***",1.6601533728556759,1.4455420406819435,1.4160834348456957,1.4894295402069531]
["CIMENTO ASFÁLTICO MODIFICADO POR POLÍMERO SBS 60-85","2014-09-01","***",2.21983,1.8424137339431834,1.5784619165156228,1.4496780126314568,1.6314077877957702]
["CIMENTO ASFÁLTICO MODIFICADO POR POLÍMERO SBS 60-85","2014-10-01","***",2.21984,1.6926416620170992,1.5051173618133395,1.4412481862202835,1.5458544225608117]
["CIMENTO ASFÁLTICO MODIFICADO POR POLÍMERO SBS 60-85","2014-11-01","***",2.21984,1.783673431557188,1.5213957890980729,1.473525077774356,1.5819572488017899]
["CIMENTO ASFÁLTICO MODIFICADO POR POLÍMERO SBS 60-85","2014-12-01","***",2.21983,1.8157257047251671,1.6571602722415804,1.5584433472397086,1.6741214704741225]
["CIMENTO ASFÁLTICO MODIFICADO POR POLÍMERO SBS 60-85","2015-01-01","***","***",1.634494627043332,1.752555319737878,1.7100752178338128,1.7219149629811901]
["CIMENTO ASFÁLTICO MODIFICADO POR POLÍMERO SBS 60-85","2015-02-01","***",1.4225580535506404,1.7441293407507081,1.7655466085606035,1.6843297546285096,1.7131272806198146]
["CIMENTO ASFÁLTICO MODIFICADO POR POLÍMERO SBS 60-85","2015-03-01","***",2.2300760133346409,1.6817304352577294,1.7336568484479011,1.7617241837071309,1.739364084749297]
["CIMENTO ASFÁLTICO MODIFICADO POR POLÍMERO SBS 60-85","2015-04-01","***",2.1488900000000002,1.7584167377369395,1.7142352782972576,1.7845759607059732,1.7547188481176113]
["CIMENTO ASFÁLTICO MODIFICADO POR POLÍMERO SBS 60-85","2015-05-01","***",2.11503,1.6313175679128442,1.6837590771749489,1.7766523041148201,1.7039927922822566]
["CIMENTO ASFÁLTICO MODIFICADO POR POLÍMERO SBS 60-85","2015-06-01","***","***",1.7273869637257608,1.612369554632535,1.877719931000196,1.7591965783776944]
["CIMENTO ASFÁLTICO MODIFICADO POR POLÍMERO SBS 60-85","2015-07-01","***",1.0702426516606856,1.7950972657149762,1.6676841185820601,1.8787060578159112,1.804062628790801]
["CIMENTO ASFÁLTICO MODIFICADO POR POLÍMERO SBS 60-85","2015-08-01","***",1.0800169753538311,2.0048510814991336,1.6622248536276525,1.8720301755299018,1.8551006594018449]
["CIMENTO ASFÁLTICO MODIFICADO POR POLÍMERO SBS 65-90","2009-12-01","***","***","***","***",1.3855999999999999,1.3855999999999999]
["CIMENTO ASFÁLTICO MODIFICADO POR POLÍMERO SBS 65-90","2010-01-01","***","***","***","***",1.5105999999999999,1.5105999999999999]
["CIMENTO ASFÁLTICO MODIFICADO POR POLÍMERO SBS 65-90","2010-02-01","***","***","***",1.4157999999999999,1.5027840629590767,1.4372035145881745]
["CIMENTO ASFÁLTICO MODIFICADO POR POLÍMERO SBS 65-90","2010-03-01","***","***","***",1.7021300000000001,1.48071782444124,1.5846814150492399]
["CIMENTO ASFÁLTICO MODIFICADO POR POLÍMERO SBS 65-90","2010-04-01","***","***","***","***","***","***"]
["CIMENTO ASFÁLTICO MODIFICADO POR POLÍMERO SBS 65-90","2010-05-01","***","***","***","***",1.3461000000000001,1.3461000000000001]
["CIMENTO ASFÁLTICO MODIFICADO POR POLÍMERO SBS 65-90","2010-06-01","***","***","***","***",1.3456999999999999,1.3456999999999999]
["CIMENTO ASFÁLTICO MODIFICADO POR POLÍMERO SBS 65-90","2010-07-01","***","***","***","***",1.4308870539824246,1.4308870539824246]
["CIMENTO ASFÁLTICO MODIFICADO POR POLÍMERO SBS 65-90","2010-08-01","***","***","***","***",1.3437638114414194,1.3437638114414194]
["CIMENTO ASFÁLTICO MODIFICADO POR POLÍMERO SBS 65-90","2010-09-01","***","***","***","***",1.3452999999999999,1.3452999999999999]
["CIMENTO ASFÁLTICO MODIFICADO POR POLÍMERO SBS 65-90","2010-10-01","***","***","***","***","***","***"]
["CIMENTO ASFÁLTICO MODIFICADO POR POLÍMERO SBS 65-90","2010-11-01","***","***","***","***",1.3455999999999997,1.3455999999999997]
["CIMENTO ASFÁLTICO MODIFICADO POR POLÍMERO SBS 65-90","2010-12-01","***","***","***",1.49577,"***",1.49577]
["CIMENTO ASFÁLTICO MODIFICADO POR POLÍMERO SBS 65-90","2011-01-01","***","***","***","***",1.471473478934761,1.471473478934761]
["CIMENTO ASFÁLTICO MODIFICADO POR POLÍMERO SBS 65-90","2011-02-01","***","***","***",1.4656447741424206,1.5205599999999999,1.4769252057751989]
["CIMENTO ASFÁLTICO MODIFICADO POR POLÍMERO SBS 65-90","2011-03-01","***","***","***",1.4531604621454066,1.5205566752063764,1.4915057364968822]
["CIMENTO ASFÁLTICO MODIFICADO POR POLÍMERO SBS 65-90","2011-04-01","***","***","***",1.4648865119475574,1.4098422529905237,1.4331544776553826]
["CIMENTO ASFÁLTICO MODIFICADO POR POLÍMERO SBS 65-90","2011-05-01","***","***","***",1.4505312517588069,1.2829991255355917,1.3635167973245463]
["CIMENTO ASFÁLTICO MODIFICADO POR POLÍMERO SBS 65-90","2011-06-01","***","***","***",1.4481417597159789,1.2542256669422911,1.3312255321883713]
["CIMENTO ASFÁLTICO MODIFICADO POR POLÍMERO SBS 65-90","2011-07-01","***","***","***",1.4477834563085155,1.3464154855400534,1.3996345228725657]
["CIMENTO ASFÁLTICO MODIFICADO POR POLÍMERO SBS 65-90","2011-08-01","***","***","***",1.4817691207780725,1.4175468379545912,1.4552340937675114]
["CIMENTO ASFÁLTICO MODIFICADO POR POLÍMERO SBS 65-90","2011-09-01","***","***","***",1.4738999964138424,1.3483071129931388,1.3953001697416973]
["CIMENTO ASFÁLTICO MODIFICADO POR POLÍMERO SBS 65-90","2011-10-01","***","***","***",3.8145400000000005,1.3499993749218653,1.6363332202640737]
["CIMENTO ASFÁLTICO MODIFICADO POR POLÍMERO SBS 65-90","2011-11-01","***","***","***",1.4758099999999998,1.3992214474633324,1.4512366700096433]
["CIMENTO ASFÁLTICO MODIFICADO POR POLÍMERO SBS 65-90","2011-12-01","***","***","***",1.4191217317804947,1.2791880907095829,1.3706950857576845]
["CIMENTO ASFÁLTICO MODIFICADO POR POLÍMERO SBS 65-90","2012-01-01","***","***","***",1.458362095295082,"***",1.458362095295082]
["CIMENTO ASFÁLTICO MODIFICADO POR POLÍMERO SBS 65-90","2012-02-01","***","***","***",1.4323982495388672,1.4065721090168111,1.4279707822802494]
["CIMENTO ASFÁLTICO MODIFICADO POR POLÍMERO SBS 65-90","2012-03-01","***","***","***",1.4821369798230541,1.039994285195277,1.3695502341380683]
["CIMENTO ASFÁLTICO MODIFICADO POR POLÍMERO SBS 65-90","2012-04-01","***","***","***",1.5486325446193863,"***",1.5486325446193863]
["CIMENTO ASFÁLTICO MODIFICADO POR POLÍMERO SBS 65-90","2012-05-01","***","***","***",1.5604873626809026,1.1076999999999999,1.5354658186725507]
["CIMENTO ASFÁLTICO MODIFICADO POR POLÍMERO SBS 65-90","2012-06-01","***","***","***",1.5807981125132995,"***",1.5807981125132995]
["CIMENTO ASFÁLTICO MODIFICADO POR POLÍMERO SBS 65-90","2012-07-01","***","***","***",1.7054343634392573,"***",1.7054343634392573]
["CIMENTO ASFÁLTICO MODIFICADO POR POLÍMERO SBS 65-90","2012-08-01","***","***","***",1.7291400000000001,"***",1.7291400000000001]
["CIMENTO ASFÁLTICO MODIFICADO POR POLÍMERO SBS 65-90","2012-09-01","***","***","***",1.615028975303034,1.353,1.5983357945515191]
["CIMENTO ASFÁLTICO MODIFICADO POR POLÍMERO SBS 65-90","2012-10-01","***","***","***",1.6526046344819156,"***",1.6526046344819156]
["CIMENTO ASFÁLTICO MODIFICADO POR POLÍMERO SBS 65-90","2012-11-01","***","***","***",1.6797814100940223,1.5986000000000002,1.6664340309777741]
["CIMENTO ASFÁLTICO MODIFICADO POR POLÍMERO SBS 65-90","2012-12-01","***","***","***","***","***","***"]
["CIMENTO ASFÁLTICO MODIFICADO POR POLÍMERO SBS 65-90","2013-01-01","***","***","***",1.5523100000000001,"***",1.5523100000000001]
["CIMENTO ASFÁLTICO MODIFICADO POR POLÍMERO SBS 65-90","2013-02-01","***","***","***",1.5694289219982471,"***",1.5694289219982471]
["CIMENTO ASFÁLTICO MODIFICADO POR POLÍMERO SBS 65-90","2013-03-01","***","***","***","***","***","***"]
["CIMENTO ASFÁLTICO MODIFICADO POR POLÍMERO SBS 65-90","2013-04-01","***","***","***",1.2172000000000001,1.3603799999999999,1.3039044133170929]
["CIMENTO ASFÁLTICO MODIFICADO POR POLÍMERO SBS 65-90","2013-05-01","***","***",2.0320000000000005,1.5507499999999999,1.3603799999999999,1.8671543887147337]
["CIMENTO ASFÁLTICO MODIFICADO POR POLÍMERO SBS 65-90","2013-06-01","***","***",2.032,"***","***",2.032]
["CIMENTO ASFÁLTICO MODIFICADO POR POLÍMERO SBS 65-90","2013-07-01","***","***",1.9375008744534665,"***",1.4302229126213593,1.7920235660986747]
["CIMENTO ASFÁLTICO MODIFICADO POR POLÍMERO SBS 65-90","2013-08-01","***","***",1.9973380918727914,"***",0.86665999999999999,1.83579567739802]
["CIMENTO ASFÁLTICO MODIFICADO POR POLÍMERO SBS 65-90","2013-09-01","***","***",2.1069799588243647,1.7026745885039214,"***",1.9764573001730656]
["CIMENTO ASFÁLTICO MODIFICADO POR POLÍMERO SBS 65-90","2013-10-01","***","***",2.0745827822805172,1.8091939519225089,"***",2.005898919749312]
["CIMENTO ASFÁLTICO MODIFICADO POR POLÍMERO SBS 65-90","2013-11-01","***","***",2.0416148233510238,1.6103099999999999,1.5908,1.8364561163538875]
["CIMENTO ASFÁLTICO MODIFICADO POR POLÍMERO SBS 65-90","2013-12-01","***","***",2.0897000000000001,1.6990799999999999,1.5908,1.6897324355439463]
["CIMENTO ASFÁLTICO MODIFICADO POR POLÍMERO SBS 65-90","2014-01-01","***","***","***",1.624100362482005,1.5908,1.6142261262009869]
["CIMENTO ASFÁLTICO MODIFICADO POR POLÍMERO SBS 65-90","2014-02-01","***","***",2.21,1.6195786521477316,1.5908,1.6940184240887166]
["CIMENTO ASFÁLTICO MODIFICADO POR POLÍMERO SBS 65-90","2014-03-01","***","***",2.056374328660699,1.7114,1.5908,1.8202255822605846]
["CIMENTO ASFÁLTICO MODIFICADO POR POLÍMERO SBS 65-90","2014-04-01","***","***","***","***","***","***"]
["CIMENTO ASFÁLTICO MODIFICADO POR POLÍMERO SBS 65-90","2014-05-01","***","***","***","***",1.5239160673645882,1.5239160673645882]
["CIMENTO ASFÁLTICO MODIFICADO POR POLÍMERO SBS 65-90","2014-06-01","***","***",2.1922000000000001,"***",1.4975807971251227,1.7475495796561964]
["CIMENTO ASFÁLTICO MODIFICADO POR POLÍMERO SBS 65-90","2014-07-01","***","***","***","***",1.366741252041372,1.366741252041372]
["CIMENTO ASFÁLTICO MODIFICADO POR POLÍMERO SBS 65-90","2014-08-01","***","***","***","***",1.4450482962756535,1.4450482962756535]
["CIMENTO ASFÁLTICO MODIFICADO POR POLÍMERO SBS 65-90","2014-09-01","***","***","***","***",1.2511443371378401,1.2511443371378401]
["CIMENTO ASFÁLTICO MODIFICADO POR POLÍMERO SBS 65-90","2014-10-01","***","***","***",1.12947,1.3698766083780214,1.2823746397324149]
["CIMENTO ASFÁLTICO MODIFICADO POR POLÍMERO SBS 65-90","2014-11-01","***","***","***",1.1404832288560371,1.4835949317826518,1.3369232868185514]
["CIMENTO ASFÁLTICO MODIFICADO POR POLÍMERO SBS 65-90","2014-12-01","***","***","***",1.2491799999999997,1.6455555981395347,1.5600458116290945]
["CIMENTO ASFÁLTICO MODIFICADO POR POLÍMERO SBS 65-90","2015-01-01","***","***","***",1.421483861336124,1.8485882133840998,1.5511466724042617]
["CIMENTO ASFÁLTICO MODIFICADO POR POLÍMERO SBS 65-90","2015-02-01","***","***","***",1.4472413917997151,1.833234117308246,1.4751977993005485]
["CIMENTO ASFÁLTICO MODIFICADO POR POLÍMERO SBS 65-90","2015-03-01","***","***",1.9569585229479471,1.5864792717135638,1.8187505279610974,1.6815485972790707]
["CIMENTO ASFÁLTICO MODIFICADO POR POLÍMERO SBS 65-90","2015-04-01","***","***","***",1.4081025612748723,1.8266110900473931,1.5414996259668063]
["CIMENTO ASFÁLTICO MODIFICADO POR POLÍMERO SBS 65-90","2015-05-01","***","***","***","***",1.7754500000000002,1.7754500000000002]
["CIMENTO ASFÁLTICO MODIFICADO POR POLÍMERO SBS 65-90","2015-06-01","***","***","***",1.7199599999999999,2.1328999999999998,1.9243479495798317]
["CIMENTO ASFÁLTICO MODIFICADO POR POLÍMERO SBS 65-90","2015-07-01","***","***","***",1.7629999999999999,"***",1.7629999999999999]
["CIMENTO ASFÁLTICO MODIFICADO POR POLÍMERO SBS 65-90","2015-08-01","***","***","***",1.7742931465732865,"***",1.7742931465732865]
["CIMENTOS ASFÁLTICOS CAP-150-200","2008-11-01","***","***","***","***","***","***"]
["CIMENTOS ASFÁLTICOS CAP-150-200","2008-12-01","***","***","***","***","***","***"]
["CIMENTOS ASFÁLTICOS CAP-150-200","2009-01-01","***","***","***","***","***","***"]
["CIMENTOS ASFÁLTICOS CAP-150-200","2009-02-01","***","***","***","***","***","***"]
["CIMENTOS ASFÁLTICOS CAP-150-200","2009-03-01","***","***","***","***","***","***"]
["CIMENTOS ASFÁLTICOS CAP-150-200","2009-04-01","***","***","***","***","***","***"]
["CIMENTOS ASFÁLTICOS CAP-150-200","2009-05-01","***","***","***","***","***","***"]
["CIMENTOS ASFÁLTICOS CAP-150-200","2009-06-01","***","***","***","***","***","***"]
["CIMENTOS ASFÁLTICOS CAP-150-200","2009-07-01","***","***","***","***","***","***"]
["CIMENTOS ASFÁLTICOS CAP-150-200","2009-08-01","***","***","***","***","***","***"]
["CIMENTOS ASFÁLTICOS CAP-150-200","2009-09-01","***","***","***","***","***","***"]
["CIMENTOS ASFÁLTICOS CAP-150-200","2009-10-01","***","***","***","***","***","***"]
["CIMENTOS ASFÁLTICOS CAP-150-200","2009-11-01","***","***","***","***","***","***"]
["CIMENTOS ASFÁLTICOS CAP-150-200","2009-12-01","***","***","***","***","***","***"]
["CIMENTOS ASFÁLTICOS CAP-150-200","2010-01-01","***","***","***","***","***","***"]
["CIMENTOS ASFÁLTICOS CAP-150-200","2010-02-01","***","***","***","***","***","***"]
["CIMENTOS ASFÁLTICOS CAP-150-200","2010-03-01","***","***","***","***","***","***"]
["CIMENTOS ASFÁLTICOS CAP-150-200","2010-04-01","***","***","***","***","***","***"]
["CIMENTOS ASFÁLTICOS CAP-150-200","2010-05-01","***","***","***","***","***","***"]
["CIMENTOS ASFÁLTICOS CAP-150-200","2010-06-01","***","***","***","***","***","***"]
["CIMENTOS ASFÁLTICOS CAP-150-200","2010-07-01","***","***","***","***","***","***"]
["CIMENTOS ASFÁLTICOS CAP-150-200","2010-08-01","***","***","***","***","***","***"]
["CIMENTOS ASFÁLTICOS CAP-150-200","2010-09-01","***","***","***","***","***","***"]
["CIMENTOS ASFÁLTICOS CAP-150-200","2010-10-01","***","***","***","***","***","***"]
["CIMENTOS ASFÁLTICOS CAP-150-200","2010-11-01","***","***","***","***","***","***"]
["CIMENTOS ASFÁLTICOS CAP-150-200","2010-12-01","***","***","***","***","***","***"]
["CIMENTOS ASFÁLTICOS CAP-150-200","2011-01-01","***","***","***","***","***","***"]
["CIMENTOS ASFÁLTICOS CAP-150-200","2011-02-01","***","***","***","***","***","***"]
["CIMENTOS ASFÁLTICOS CAP-150-200","2011-03-01","***","***","***","***","***","***"]
["CIMENTOS ASFÁLTICOS CAP-150-200","2011-04-01","***","***","***","***","***","***"]
["CIMENTOS ASFÁLTICOS CAP-150-200","2011-05-01","***","***","***","***","***","***"]
["CIMENTOS ASFÁLTICOS CAP-150-200","2011-06-01","***","***","***","***","***","***"]
["CIMENTOS ASFÁLTICOS CAP-150-200","2011-07-01","***","***","***","***","***","***"]
["CIMENTOS ASFÁLTICOS CAP-150-200","2011-08-01","***","***","***","***","***","***"]
["CIMENTOS ASFÁLTICOS CAP-150-200","2011-09-01","***","***","***","***","***","***"]
["CIMENTOS ASFÁLTICOS CAP-150-200","2011-10-01","***","***","***","***","***","***"]
["CIMENTOS ASFÁLTICOS CAP-150-200","2011-11-01","***","***","***","***","***","***"]
["CIMENTOS ASFÁLTICOS CAP-150-200","2011-12-01","***","***","***","***","***","***"]
["CIMENTOS ASFÁLTICOS CAP-150-200","2012-01-01","***","***","***","***","***","***"]
["CIMENTOS ASFÁLTICOS CAP-150-200","2012-02-01","***","***","***","***","***","***"]
["CIMENTOS ASFÁLTICOS CAP-150-200","2012-03-01","***","***","***","***","***","***"]
["CIMENTOS ASFÁLTICOS CAP-150-200","2012-04-01","***","***","***","***","***","***"]
["CIMENTOS ASFÁLTICOS CAP-150-200","2012-05-01","***","***","***","***","***","***"]
["CIMENTOS ASFÁLTICOS CAP-150-200","2012-06-01","***","***","***","***","***","***"]
["CIMENTOS ASFÁLTICOS CAP-150-200","2012-07-01","***","***","***","***","***","***"]
["CIMENTOS ASFÁLTICOS CAP-150-200","2012-08-01","***","***","***","***","***","***"]
["CIMENTOS ASFÁLTICOS CAP-150-200","2012-09-01","***","***","***","***","***","***"]
["CIMENTOS ASFÁLTICOS CAP-150-200","2012-10-01","***","***","***","***","***","***"]
["CIMENTOS ASFÁLTICOS CAP-150-200","2012-11-01","***","***","***","***","***","***"]
["CIMENTOS ASFÁLTICOS CAP-150-200","2012-12-01","***","***","***","***","***","***"]
["CIMENTOS ASFÁLTICOS CAP-150-200","2013-01-01","***","***","***","***","***","***"]
["CIMENTOS ASFÁLTICOS CAP-150-200","2013-02-01","***","***","***","***","***","***"]
["CIMENTOS ASFÁLTICOS CAP-150-200","2013-03-01","***","***","***","***","***","***"]
["CIMENTOS ASFÁLTICOS CAP-150-200","2013-04-01","***","***","***","***","***","***"]
["CIMENTOS ASFÁLTICOS CAP-150-200","2013-05-01","***","***","***","***","***","***"]
["CIMENTOS ASFÁLTICOS CAP-150-200","2013-06-01","***","***","***","***","***","***"]
["CIMENTOS ASFÁLTICOS CAP-150-200","2013-07-01","***","***","***","***","***","***"]
["CIMENTOS ASFÁLTICOS CAP-150-200","2013-08-01","***","***","***","***","***","***"]
["CIMENTOS ASFÁLTICOS CAP-150-200","2013-09-01","***","***","***","***","***","***"]
["CIMENTOS ASFÁLTICOS CAP-150-200","2013-10-01","***","***","***","***","***","***"]
["CIMENTOS ASFÁLTICOS CAP-150-200","2013-11-01","***","***","***","***","***","***"]
["CIMENTOS ASFÁLTICOS CAP-150-200","2013-12-01","***","***","***","***","***","***"]
["CIMENTOS ASFÁLTICOS CAP-150-200","2014-01-01","***","***","***","***","***","***"]
["CIMENTOS ASFÁLTICOS CAP-150-200","2014-02-01","***","***","***","***","***","***"]
["CIMENTOS ASFÁLTICOS CAP-150-200","2014-03-01","***","***","***","***","***","***"]
["CIMENTOS ASFÁLTICOS CAP-150-200","2014-04-01","***","***","***","***","***","***"]
["CIMENTOS ASFÁLTICOS CAP-150-200","2014-05-01","***","***","***","***","***","***"]
["CIMENTOS ASFÁLTICOS CAP-150-200","2014-06-01","***","***","***","***","***","***"]
["CIMENTOS ASFÁLTICOS CAP-150-200","2014-07-01","***","***","***","***","***","***"]
["CIMENTOS ASFÁLTICOS CAP-150-200","2014-08-01","***","***","***","***","***","***"]
["CIMENTOS ASFÁLTICOS CAP-150-200","2014-09-01","***","***","***","***","***","***"]
["CIMENTOS ASFÁLTICOS CAP-150-200","2014-10-01","***","***","***","***","***","***"]
["CIMENTOS ASFÁLTICOS CAP-150-200","2014-11-01","***","***","***","***","***","***"]
["CIMENTOS ASFÁLTICOS CAP-150-200","2014-12-01","***","***","***","***","***","***"]
["CIMENTOS ASFÁLTICOS CAP-150-200","2015-01-01","***","***","***","***","***","***"]
["CIMENTOS ASFÁLTICOS CAP-150-200","2015-02-01","***","***","***","***","***","***"]
["CIMENTOS ASFÁLTICOS CAP-150-200","2015-03-01","***","***","***","***","***","***"]
["CIMENTOS ASFÁLTICOS CAP-150-200","2015-04-01","***","***","***","***","***","***"]
["CIMENTOS ASFÁLTICOS CAP-150-200","2015-05-01","***","***","***","***","***","***"]
["CIMENTOS ASFÁLTICOS CAP-150-200","2015-06-01","***","***","***","***","***","***"]
["CIMENTOS ASFÁLTICOS CAP-150-200","2015-07-01","***","***","***","***","***","***"]
["CIMENTOS ASFÁLTICOS CAP-150-200","2015-08-01","***","***","***","***","***","***"]
["CIMENTOS ASFÁLTICOS CAP-150-200","2015-09-01","***","***","***","***","***","***"]
["CIMENTOS ASFÁLTICOS CAP-150-200","2015-10-01","***","***","***","***","***","***"]
["CIMENTOS ASFÁLTICOS CAP-150-200","2015-11-01","***","***","***","***","***","***"]
["CIMENTOS ASFÁLTICOS CAP-150-200","2015-12-01","***","***","***","***","***","***"]
["CIMENTOS ASFÁLTICOS CAP-150-200","2016-01-01","***","***","***","***","***","***"]
["CIMENTOS ASFÁLTICOS CAP-150-200","2016-02-01","***","***","***","***","***","***"]
["CIMENTOS ASFÁLTICOS CAP-150-200","2016-03-01","***","***","***","***","***","***"]
["CIMENTOS ASFÁLTICOS CAP-150-200","2016-04-01","***","***","***","***","***","***"]
["CIMENTOS ASFÁLTICOS CAP-150-200","2016-05-01","***","***","***","***","***","***"]
["CIMENTOS ASFÁLTICOS CAP-150-200","2016-06-01","***","***","***","***","***","***"]
["CIMENTOS ASFÁLTICOS CAP-150-200","2016-07-01","***","***","***","***","***","***"]
["CIMENTOS ASFÁLTICOS CAP-150-200","2016-08-01","***","***","***","***","***","***"]
["CIMENTOS ASFÁLTICOS CAP-150-200","2016-09-01","***","***","***","***","***","***"]
["CIMENTOS ASFÁLTICOS CAP-150-200","2016-10-01","***","***","***","***","***","***"]
["CIMENTOS ASFÁLTICOS CAP-150-200","2016-11-01","***","***","***","***","***","***"]
["CIMENTOS ASFÁLTICOS CAP-150-200","2016-12-01","***","***","***","***","***","***"]
["CIMENTOS ASFÁLTICOS CAP-150-200","2017-01-01","***","***","***","***","***","***"]
["CIMENTOS ASFÁLTICOS CAP-150-200","2017-02-01","***","***","***","***","***","***"]
["CIMENTOS ASFÁLTICOS CAP-150-200","2017-03-01","***","***","***","***","***","***"]
["CIMENTOS ASFÁLTICOS CAP-150-200","2017-04-01","***","***","***","***","***","***"]
["CIMENTOS ASFÁLTICOS CAP-150-200","2017-05-01","***","***","***","***","***","***"]
["CIMENTOS ASFÁLTICOS CAP-150-200","2017-06-01","***","***","***","***","***","***"]
["CIMENTOS ASFÁLTICOS CAP-150-200","2017-07-01","***","***","***","***","***","***"]
["CIMENTOS ASFÁLTICOS CAP-150-200","2017-08-01","***","***","***","***","***","***"]
["CIMENTOS ASFÁLTICOS CAP-150-200","2017-09-01","***","***","***","***","***","***"]
["CIMENTOS ASFÁLTICOS CAP-150-200","2017-10-01","***","***","***","***","***","***"]
["CIMENTOS ASFÁLTICOS CAP-150-200","2017-11-01","***","***","***","***","***","***"]
["CIMENTOS ASFÁLTICOS CAP-150-200","2017-12-01","***","***","***","***","***","***"]
["CIMENTOS ASFÁLTICOS CAP-150-200","2018-01-01","***","***","***","***","***","***"]
["CIMENTOS ASFÁLTICOS CAP-150-200","2018-02-01","***","***","***","***","***","***"]
["CIMENTOS ASFÁLTICOS CAP-150-200","2018-03-01","***","***","***","***","***","***"]
["CIMENTOS ASFÁLTICOS CAP-150-200","2018-04-01","***","***","***","***","***","***"]
["CIMENTOS ASFÁLTICOS CAP-150-200","2018-05-01","***","***","***","***","***","***"]
["CIMENTOS ASFÁLTICOS CAP-150-200","2018-06-01","***","***","***","***","***","***"]
["CIMENTOS ASFÁLTICOS CAP-150-200","2018-07-01","***","***","***","***","***","***"]
["CIMENTOS ASFÁLTICOS CAP-150-200","2018-08-01","***","***","***","***","***","***"]
["CIMENTOS ASFÁLTICOS CAP-150-200","2018-09-01","***","***","***","***","***","***"]
["CIMENTOS ASFÁLTICOS CAP-150-200","2018-10-01","***","***","***","***","***","***"]
["CIMENTOS ASFÁLTICOS CAP-150-200","2018-11-01","***","***","***","***","***","***"]
["CIMENTOS ASFÁLTICOS CAP-150-200","2018-12-01","***","***","***","***","***","***"]
["CIMENTOS ASFÁLTICOS CAP-150-200","2019-01-01","***","***","***","***","***","***"]
["CIMENTOS ASFÁLTICOS CAP-150-200","2019-02-01","***","***","***","***","***","***"]
["CIMENTOS ASFÁLTICOS CAP-150-200","2019-03-01","***","***","***","***","***","***"]
["CIMENTOS ASFÁLTICOS CAP-150-200","2019-04-01","***","***","***","***","***","***"]
["CIMENTOS ASFÁLTICOS CAP-150-200","2019-05-01","***","***","***","***","***","***"]
["CIMENTOS ASFÁLTICOS CAP-150-200","2019-06-01","***","***","***","***","***","***"]
["CIMENTOS ASFÁLTICOS CAP-150-200","2019-07-01","***","***","***","***","***","***"]
["CIMENTOS ASFÁLTICOS CAP-150-200","2019-08-01","***","***","***","***","***","***"]
["CIMENTOS ASFÁLTICOS CAP-150-200","2019-09-01","***","***","***","***","***","***"]
["CIMENTOS ASFÁLTICOS CAP-150-200","2019-10-01","***","***","***","***","***","***"]
["CIMENTOS ASFÁLTICOS CAP-150-200","2019-11-01","***","***","***","***","***","***"]
["CIMENTOS ASFÁLTICOS CAP-150-200","2019-12-01","***","***","***","***","***","***"]
["CIMENTOS ASFÁLTICOS CAP-150-200","2020-01-01","***","***","***","***","***","***"]
["CIMENTOS ASFÁLTICOS CAP-150-200","2020-02-01","***","***","***","***","***","***"]
["CIMENTOS ASFÁLTICOS CAP-150-200","2020-03-01","***","***","***","***","***","***"]
["CIMENTOS ASFÁLTICOS CAP-150-200","2020-04-01","***","***","***","***","***","***"]
["CIMENTOS ASFÁLTICOS CAP-150-200","2020-05-01","***","***","***","***","***","***"]
["CIMENTOS ASFÁLTICOS CAP-150-200","2020-06-01","***","***","***","***","***","***"]
["CIMENTOS ASFÁLTICOS CAP-150-200","2020-07-01","***","***","***","***","***","***"]
["CIMENTOS ASFÁLTICOS CAP-150-200","2020-08-01","***","***","***","***","***","***"]
["CIMENTOS ASFÁLTICOS CAP-150-200","2020-09-01","***","***","***","***","***","***"]
["CIMENTOS ASFÁLTICOS CAP-150-200","2020-10-01","***","***","***","***","***","***"]
["CIMENTOS ASFÁLTICOS CAP-150-200","2020-11-01","***","***","***","***","***","***"]
["CIMENTOS ASFÁLTICOS CAP-150-200","2020-12-01","***","***","***","***","***","***"]
["CIMENTOS ASFÁLTICOS CAP-150-200","2021-01-01","***","***","***","***","***","***"]
["CIMENTOS ASFÁLTICOS CAP-150-200","2021-02-01","***","***","***","***","***","***"]
["CIMENTOS ASFÁLTICOS CAP-150-200","2021-03-01","***","***","***","***","***","***"]
["CIMENTOS ASFÁLTICOS CAP-150-200","2021-04-01","***","***","***","***","***","***"]
["CIMENTOS ASFÁLTICOS CAP-150-200","2021-05-01","***","***","***",6.4181100000000004,"***",6.4181100000000004]
["CIMENTOS ASFÁLTICOS CAP-150-200","2021-06-01","***","***","***","***","***","***"]
["CIMENTOS ASFÁLTICOS CAP-150-200","2021-07-01","***","***","***","***","***","***"]
["CIMENTOS ASFÁLTICOS CAP-150-200","2021-08-01","***","***","***","***","***","***"]
["CIMENTOS ASFÁLTICOS CAP-150-200","2021-09-01","***","***","***","***","***","***"]
["CIMENTOS ASFÁLTICOS CAP-150-200","2021-10-01","***","***","***","***","***","***"]
["CIMENTOS ASFÁLTICOS CAP-150-200","2021-11-01","***","***","***","***","***","***"]
["CIMENTOS ASFÁLTICOS CAP-150-200","2021-12-01","***","***","***","***","***","***"]
["CIMENTOS ASFÁLTICOS CAP-150-200","2022-01-01","***","***","***","***","***","***"]
["CIMENTOS ASFÁLTICOS CAP-150-200","2022-02-01","***","***","***","***","***","***"]
["CIMENTOS ASFÁLTICOS CAP-150-200","2022-03-01","***","***","***","***","***","***"]
["CIMENTOS ASFÁLTICOS CAP-150-200","2022-04-01","***","***","***","***","***","***"]
["CIMENTOS ASFÁLTICOS CAP-150-200","2022-05-01","***","***","***","***","***","***"]
["CIMENTOS ASFÁLTICOS CAP-150-200","2022-06-01","***","***","***","***","***","***"]
["CIMENTOS ASFÁLTICOS CAP-150-200","2022-07-01","***","***","***","***","***","***"]
["CIMENTOS ASFÁLTICOS CAP-150-200","2022-08-01","***","***","***","***","***","***"]
["CIMENTOS ASFÁLTICOS CAP-150-200","2022-09-01","***","***","***","***","***","***"]
["CIMENTOS ASFÁLTICOS CAP-150-200","2022-10-01","***","***","***","***","***","***"]
["CIMENTOS ASFÁLTICOS CAP-150-200","2022-11-01","***","***","***",7.2317600000000004,"***",7.2317600000000004]
["CIMENTOS ASFÁLTICOS CAP-150-200","2022-12-01","***","***","***","***","***","***"]
["CIMENTOS ASFÁLTICOS CAP-150-200","2023-01-01","***","***","***","***","***","***"]
["CIMENTOS ASFÁLTICOS CAP-150-200","2023-02-01","***","***","***","***","***","***"]
["CIMENTOS ASFÁLTICOS CAP-150-200","2023-03-01","***","***","***","***","***","***"]
["CIMENTOS ASFÁLTICOS CAP-150-200","2023-04-01","***","***","***","***","***","***"]
["CIMENTOS ASFÁLTICOS CAP-150-200","2023-05-01","***","***","***","***","***","***"]
["CIMENTOS ASFÁLTICOS CAP-150-200","2023-06-01","***","***","***","***","***","***"]
["CIMENTOS ASFÁLTICOS CAP-150-200","2023-07-01","***","***","***","***","***","***"]
["CIMENTOS ASFÁLTICOS CAP-150-200","2023-08-01","***","***","***","***","***","***"]
["CIMENTOS ASFÁLTICOS CAP-150-200","2023-09-01","***","***","***","***","***","***"]
["CIMENTOS ASFÁLTICOS CAP-150-200","2023-10-01","***","***","***","***","***","***"]
["CIMENTOS ASFÁLTICOS CAP-150-200","2023-11-01","***","***","***","***","***","***"]
["CIMENTOS ASFÁLTICOS CAP-150-200","2023-12-01","***","***","***","***","***","***"]
["CIMENTOS ASFÁLTICOS CAP-150-200","2024-01-01","***","***","***","***","***","***"]
["CIMENTOS ASFÁLTICOS CAP-150-200","2024-02-01","***","***","***","***","***","***"]
["CIMENTOS ASFÁLTICOS CAP-150-200","2024-03-01","***","***","***","***","***","***"]
["CIMENTOS ASFÁLTICOS CAP-150-200","2024-04-01","***","***","***","***","***","***"]
["CIMENTOS ASFÁLTICOS CAP-150-200","2024-05-01","***","***","***","***","***","***"]
["CIMENTOS ASFÁLTICOS CAP-150-200","2024-06-01","***","***","***","***","***","***"]
["CIMENTOS ASFÁLTICOS CAP-150-200","2024-07-01","***","***","***","***","***","***"]
["CIMENTOS ASFÁLTICOS CAP-30-45","2008-11-01","***","***",2.202,0.96389878550085295,"***",0.96845674115569891]
["CIMENTOS ASFÁLTICOS CAP-30-45","2008-12-01","***","***","***",1.0096355085676287,"***",1.0096355085676287]
["CIMENTOS ASFÁLTICOS CAP-30-45","2009-01-01","***","***","***",0.90312768950474787,0.90890000000000004,0.90315261114342826]
["CIMENTOS ASFÁLTICOS CAP-30-45","2009-02-01","***","***","***",0.95408041011695011,"***",0.95408041011695011]
["CIMENTOS ASFÁLTICOS CAP-30-45","2009-03-01","***","***",1.2091621142564983,0.969488387405673,"***",0.98341130518243203]
["CIMENTOS ASFÁLTICOS CAP-30-45","2009-04-01","***","***",1.2592016208580439,0.9653514425145423,"***",0.9856917687129424]
["CIMENTOS ASFÁLTICOS CAP-30-45","2009-05-01","***","***",1.3017948047023307,0.9390335318817481,"***",0.96651429785302545]
["CIMENTOS ASFÁLTICOS CAP-30-45","2009-06-01","***","***",1.2924647285516548,0.91557454324125842,0.88366999999999996,0.9774661723595347]
["CIMENTOS ASFÁLTICOS CAP-30-45","2009-07-01",1.1983279291325424,"***",1.3162235749754951,1.0332699580752742,"***",1.0809272160906338]
["CIMENTOS ASFÁLTICOS CAP-30-45","2009-08-01",1.1425218841183826,"***",1.2914152885920664,0.94287912663724083,"***",0.99329363368317469]
["CIMENTOS ASFÁLTICOS CAP-30-45","2009-09-01",1.2179708502024291,"***",1.2733065313666061,0.95338647211387628,"***",1.016009727863405]
["CIMENTOS ASFÁLTICOS CAP-30-45","2009-10-01",1.1499900000000001,"***",1.3229985388633532,0.92445890217072479,0.90933990139109,1.0011250271507404]
["CIMENTOS ASFÁLTICOS CAP-30-45","2009-11-01",1.1455082054654391,0.92451993220216944,1.3000044142473726,0.92629696920978677,0.8655433723429663,0.97250195935376071]
["CIMENTOS ASFÁLTICOS CAP-30-45","2009-12-01",1.1418454485199971,"***",1.4794440377275715,0.97485862530318201,0.88864667686154564,0.9834314802968287]
["CIMENTOS ASFÁLTICOS CAP-30-45","2010-01-01",1.1327789624486604,"***",1.4777370874757705,0.93215318715670603,0.88842589522164661,0.94381773411585568]
["CIMENTOS ASFÁLTICOS CAP-30-45","2010-02-01",1.1441124987907516,"***",1.4677596757472788,0.9121543608355378,0.90126464215742774,0.92316997347175667]
["CIMENTOS ASFÁLTICOS CAP-30-45","2010-03-01",1.1405155319148936,"***",1.4205266495058486,0.90919240101119947,0.89570478428739309,0.92373510208075282]
["CIMENTOS ASFÁLTICOS CAP-30-45","2010-04-01",1.1443719701503043,"***",1.4627361365769516,0.9167226347684958,0.89346406072106266,0.92639350600934467]
["CIMENTOS ASFÁLTICOS CAP-30-45","2010-05-01",1.1417957860310919,"***","***",0.89498261321551742,0.88290000000000002,0.89676391266000621]
["CIMENTOS ASFÁLTICOS CAP-30-45","2010-06-01",0.93678558539508006,"***","***",0.8863714107791073,0.88685837633067999,0.88686164277118007]
["CIMENTOS ASFÁLTICOS CAP-30-45","2010-07-01",0.9121474590273152,"***","***",0.87158579567693806,0.96454826648538416,0.87197297593852807]
["CIMENTOS ASFÁLTICOS CAP-30-45","2010-08-01",0.91643472931962799,"***","***",0.86740075124328675,0.95063486967874289,0.86910649157224773]
["CIMENTOS ASFÁLTICOS CAP-30-45","2010-09-01",0.90718200800776505,"***","***",0.8627940222671544,0.95985513380601084,0.86450117298625906]
["CIMENTOS ASFÁLTICOS CAP-30-45","2010-10-01",0.98383149931168523,"***","***",0.89562248488449436,0.97526209593634161,0.89760032311158622]
["CIMENTOS ASFÁLTICOS CAP-30-45","2010-11-01",1.1562939228974558,"***","***",0.91140317675339311,"***",0.91262877329399739]
["CIMENTOS ASFÁLTICOS CAP-30-45","2010-12-01",1.2108562401491401,"***","***",0.91775743823208666,1.115,0.92012815641003765]
["CIMENTOS ASFÁLTICOS CAP-30-45","2011-01-01",1.1575427790802524,"***","***",0.91221318617782177,"***",0.91305628374382519]
["CIMENTOS ASFÁLTICOS CAP-30-45","2011-02-01",1.1853278507348732,"***","***",0.8866836683224586,"***",0.88754358404090872]
["CIMENTOS ASFÁLTICOS CAP-30-45","2011-03-01","***","***","***",0.86643167188030989,"***",0.86643167188030989]
["CIMENTOS ASFÁLTICOS CAP-30-45","2011-04-01","***","***","***",0.85190050777375126,"***",0.85190050777375126]
["CIMENTOS ASFÁLTICOS CAP-30-45","2011-05-01",1.1499900000000001,"***","***",0.8449292999098601,"***",0.84525819797462698]
["CIMENTOS ASFÁLTICOS CAP-30-45","2011-06-01",1.1219149829437778,"***","***",0.83361859559768159,"***",0.83434709813237584]
["CIMENTOS ASFÁLTICOS CAP-30-45","2011-07-01",0.87477161442307683,"***","***",0.83638682639756956,0.87853358875042109,0.83664383580805668]
["CIMENTOS ASFÁLTICOS CAP-30-45","2011-08-01",0.97814035014951295,"***","***",0.83792330514374114,0.87855069314349954,0.83924372574474571]
["CIMENTOS ASFÁLTICOS CAP-30-45","2011-09-01",1.0348991491174679,"***",1.2137,0.83507073984052205,0.87861915736346019,0.83817920650331679]
["CIMENTOS ASFÁLTICOS CAP-30-45","2011-10-01",1.0822499999999999,"***","***",0.83397037589623235,0.86319999999999997,0.83588148750095237]
["CIMENTOS ASFÁLTICOS CAP-30-45","2011-11-01",1.0822499999999999,"***","***",0.83073618965208951,0.86180000000000001,0.83217915346958149]
["CIMENTOS ASFÁLTICOS CAP-30-45","2011-12-01",0.87485000000000002,"***",1.0307999999999999,0.83025514296535508,0.94277999999999995,0.83068396005937728]
["CIMENTOS ASFÁLTICOS CAP-30-45","2012-01-01","***","***",1.034,0.83198640965103643,"***",0.83230224546898857]
["CIMENTOS ASFÁLTICOS CAP-30-45","2012-02-01","***","***",1.0352627540264778,0.83940208733302435,"***",0.84035969542097211]
["CIMENTOS ASFÁLTICOS CAP-30-45","2012-03-01",1.1415730218111542,"***",1.0333519829082654,0.85391003129658372,0.81542999999999999,0.85505706895701483]
["CIMENTOS ASFÁLTICOS CAP-30-45","2012-04-01","***","***",1.1080932106164383,0.86021770894794702,0.82633000000000001,0.86174695820497793]
["CIMENTOS ASFÁLTICOS CAP-30-45","2012-05-01",1.1564000000000001,"***",1.0928641756506217,0.86322191371031787,"***",0.86477360992484931]
["CIMENTOS ASFÁLTICOS CAP-30-45","2012-06-01","***","***",1.0942866042385411,0.86763749884787278,"***",0.86919341941932571]
["CIMENTOS ASFÁLTICOS CAP-30-45","2012-07-01","***","***",1.0966112444961371,0.86694574332193364,0.73311000000000004,0.86926138849551249]
["CIMENTOS ASFÁLTICOS CAP-30-45","2012-08-01","***","***",1.109068670321141,0.86912210655547795,"***",0.87047870373846858]
["CIMENTOS ASFÁLTICOS CAP-30-45","2012-09-01","***","***",1.0989199999999999,0.87404959699900908,0.73310999999999993,0.87351714016107185]
["CIMENTOS ASFÁLTICOS CAP-30-45","2012-10-01","***","***",1.120726317116878,0.87192522158921615,0.92335999999999985,0.87330993620751862]
["CIMENTOS ASFÁLTICOS CAP-30-45","2012-11-01","***","***",1.0935926746445739,0.88025317895736077,"***",0.88101317101768672]
["CIMENTOS ASFÁLTICOS CAP-30-45","2012-12-01","***","***",1.0942082618412068,0.87335111488523343,"***",0.87532681081000019]
["CIMENTOS ASFÁLTICOS CAP-30-45","2013-01-01","***","***",1.1126097397124444,0.86326126378558143,"***",0.86544014844190353]
["CIMENTOS ASFÁLTICOS CAP-30-45","2013-02-01","***","***","***",0.86810117121312724,"***",0.86810117121312724]
["CIMENTOS ASFÁLTICOS CAP-30-45","2013-03-01","***","***",1.0839799999999999,0.88674808734508548,"***",0.8871184155352998]
["CIMENTOS ASFÁLTICOS CAP-30-45","2013-04-01","***","***",1.0961563408896493,0.88448780846965769,"***",0.88523000996176338]
["CIMENTOS ASFÁLTICOS CAP-30-45","2013-05-01","***","***",1.1580256081215108,0.88689324560272076,"***",0.89340757516218638]
["CIMENTOS ASFÁLTICOS CAP-30-45","2013-06-01","***","***",1.0315984161521945,0.87332669843222344,"***",0.87706194722002417]
["CIMENTOS ASFÁLTICOS CAP-30-45","2013-07-01","***","***",1.1397635040159273,0.88105531667051185,"***",0.88759398367491382]
["CIMENTOS ASFÁLTICOS CAP-30-45","2013-08-01","***","***",1.1374981163451809,0.88988045249583847,0.96648385928821234,0.89673800084069433]
["CIMENTOS ASFÁLTICOS CAP-30-45","2013-09-01","***","***",1.1688582059518116,0.90564083949887542,"***",0.91710529604764124]
["CIMENTOS ASFÁLTICOS CAP-30-45","2013-10-01","***","***",1.1241316750198971,0.89339101584518432,"***",0.89910003852175069]
["CIMENTOS ASFÁLTICOS CAP-30-45","2013-11-01","***","***",1.1345695786622871,0.90200024319615169,"***",0.91290723735620116]
["CIMENTOS ASFÁLTICOS CAP-30-45","2013-12-01","***","***",1.0421830456920553,0.91214753923202607,1.0627200000000001,0.91570171921368948]
["CIMENTOS ASFÁLTICOS CAP-30-45","2014-01-01","***","***",1.1475820718796796,0.91088946236607116,1.0039461772876506,0.91843687568522692]
["CIMENTOS ASFÁLTICOS CAP-30-45","2014-02-01","***","***",1.0527563471958818,0.91579669277223186,1.0627200000000001,0.91776396306562558]
["CIMENTOS ASFÁLTICOS CAP-30-45","2014-03-01","***","***",1.118367274284316,0.9137732736248827,1.0627200000000001,0.91879709265568532]
["CIMENTOS ASFÁLTICOS CAP-30-45","2014-04-01","***","***",1.0756725302515024,0.90677938434455585,1.0627200000000001,0.91227790960539823]
["CIMENTOS ASFÁLTICOS CAP-30-45","2014-05-01","***","***",1.0755260311466264,0.90279709829397314,1.0627200000000001,0.91264641134677815]
["CIMENTOS ASFÁLTICOS CAP-30-45","2014-06-01","***","***",1.1218797036496888,0.89763499299156602,"***",0.91526791658935525]
["CIMENTOS ASFÁLTICOS CAP-30-45","2014-07-01","***","***",1.0594807753879203,0.89399277921585951,"***",0.90503382127052701]
["CIMENTOS ASFÁLTICOS CAP-30-45","2014-08-01","***","***",1.0931281678590601,0.89302351524009471,0.92156000000000016,0.91097459811152315]
["CIMENTOS ASFÁLTICOS CAP-30-45","2014-09-01","***","***",1.2093996899954327,0.90881813675403567,0.92156000000000016,0.9330361210419178]
["CIMENTOS ASFÁLTICOS CAP-30-45","2014-10-01","***","***",1.126023363718347,0.87978324033651167,1.0627200000000001,0.89565631357819886]
["CIMENTOS ASFÁLTICOS CAP-30-45","2014-11-01","***","***",1.1310787058454315,0.90050182576729332,1.0627200000000001,0.91621100269825062]
["CIMENTOS ASFÁLTICOS CAP-30-45","2014-12-01","***","***",1.2094707723841531,1.0061659133531129,"***",1.0174715846259297]
["CIMENTOS ASFÁLTICOS CAP-30-45","2015-01-01",1.5476000000000001,"***",1.4789824211477973,1.1831388346140339,"***",1.2079291165799595]
["CIMENTOS ASFÁLTICOS CAP-30-45","2015-02-01",1.5935999999999999,"***",1.4524657730446517,1.1903404196706422,"***",1.2011704656910502]
["CIMENTOS ASFÁLTICOS CAP-30-45","2015-03-01","***","***",1.4917478117518004,1.1863207832165119,0.92156000000000005,1.1991598829148478]
["CIMENTOS ASFÁLTICOS CAP-30-45","2015-04-01",1.3197000000000001,"***",1.3712196920393838,1.1669043821396738,1.1910999999999998,1.1707781213587753]
["CIMENTOS ASFÁLTICOS CAP-30-45","2015-05-01",1.2819350000000003,"***",1.2496642688448607,1.1716586894246632,"***",1.1758068625912648]
["CIMENTOS ASFÁLTICOS CAP-30-45","2015-06-01",1.3191200000000001,"***",1.3000260757632787,1.1597163765942815,"***",1.1656925379042655]
["CIMENTOS ASFÁLTICOS CAP-30-45","2015-07-01","***","***",1.2295591771103487,1.1498034919305045,1.1802999999999999,1.1541518555075092]
["CIMENTOS ASFÁLTICOS CAP-30-45","2015-08-01","***","***",1.2532767878528654,1.1488727950324293,1.1800126075658894,1.1541504011628865]
["CIMENTOS ASFÁLTICOS CAP-30-45","2015-09-01","***","***",1.3990007906656616,1.2213810452231366,1.2650800398465174,1.2314175120453796]
["CIMENTOS ASFÁLTICOS CAP-30-45","2015-10-01","***","***",1.443635030876363,1.2897214195995681,1.2984122856411568,1.2949785780044125]
["CIMENTOS ASFÁLTICOS CAP-30-45","2015-11-01","***","***",1.6947009388196914,1.4554257912241382,1.443783473056794,1.4621579789471342]
["CIMENTOS ASFÁLTICOS CAP-30-45","2015-12-01","***","***",1.7589037895383632,1.4723164948417438,1.4418261947454589,1.4766134875542452]
["CIMENTOS ASFÁLTICOS CAP-30-45","2016-01-01","***","***",1.7401016234422364,1.4709350978552804,1.4428172201022975,1.4718107846909161]
["CIMENTOS ASFÁLTICOS CAP-30-45","2016-02-01","***","***",1.6206697336199285,1.4655615129353645,1.4466349107314262,1.4669560554206267]
["CIMENTOS ASFÁLTICOS CAP-30-45","2016-03-01","***","***",1.5191637115198755,1.4681515467504698,1.4417528771730261,1.4688625342593586]
["CIMENTOS ASFÁLTICOS CAP-30-45","2016-04-01",1.6218399999999999,"***",1.7364547002332618,1.6167903153688672,1.6047846901640666,1.621627991272135]
["CIMENTOS ASFÁLTICOS CAP-30-45","2016-05-01",1.6218399999999999,"***",1.7533678801851769,1.6293389247825596,1.5871641613550143,1.6337069470239136]
["CIMENTOS ASFÁLTICOS CAP-30-45","2016-06-01","***","***",1.733242216322455,1.6317999569489499,1.6465775691492224,1.6381724612254234]
["CIMENTOS ASFÁLTICOS CAP-30-45","2016-07-01","***","***",1.7055866667248345,1.6383546215644806,1.678292250378548,1.6440729072855123]
["CIMENTOS ASFÁLTICOS CAP-30-45","2016-08-01","***","***",1.6663998857082323,1.6387239626262509,1.6350477030755379,1.6411678507476488]
["CIMENTOS ASFÁLTICOS CAP-30-45","2016-09-01","***","***",1.6046551414419903,1.5231140587310765,1.5326052893139017,1.5339610471851866]
["CIMENTOS ASFÁLTICOS CAP-30-45","2016-10-01",1.6735766502463054,"***",1.5773045588340349,1.4982071816986724,1.5383756980357686,1.5132775368772957]
["CIMENTOS ASFÁLTICOS CAP-30-45","2016-11-01","***","***",1.6380838464506422,1.4920079603645255,1.4957786042135404,1.5072778326022582]
["CIMENTOS ASFÁLTICOS CAP-30-45","2016-12-01","***","***",1.5144316757992191,1.4683557268268475,1.5471362886522191,1.4791328724744097]
["CIMENTOS ASFÁLTICOS CAP-30-45","2017-01-01",1.62096,"***",1.4978829866506864,1.4437797776518029,1.5408481562981815,1.4580894500009682]
["CIMENTOS ASFÁLTICOS CAP-30-45","2017-02-01","***","***",1.5932058169169234,1.4381285646787447,1.4947187551045313,1.4583774254740798]
["CIMENTOS ASFÁLTICOS CAP-30-45","2017-03-01",1.6719999999999999,"***",1.503729533588412,1.4355240878982125,1.4720203543193637,1.4452006217291478]
["CIMENTOS ASFÁLTICOS CAP-30-45","2017-04-01","***","***",1.4991807019742887,1.3828354104711336,1.4307786219562451,1.3996932664310946]
["CIMENTOS ASFÁLTICOS CAP-30-45","2017-05-01","***",1.3877342027183361,1.4911717459550751,1.3481409117494374,1.4063853766970464,1.3723398616314999]
["CIMENTOS ASFÁLTICOS CAP-30-45","2017-06-01",1.1928964462327967,1.4375421787105147,1.540286447605268,1.3617663931251867,1.4154846208395953,1.4005314147112784]
["CIMENTOS ASFÁLTICOS CAP-30-45","2017-07-01",1.3884262886433232,1.3858763071259006,1.5496459818109134,1.3658860226677434,1.3878180811259939,1.4015309321689344]
["CIMENTOS ASFÁLTICOS CAP-30-45","2017-08-01",1.4416948389489952,1.3736269219556372,1.4813723681895563,1.3594734118455321,1.3820177097557558,1.383176491798298]
["CIMENTOS ASFÁLTICOS CAP-30-45","2017-09-01",1.4774604252639434,1.4207683494939756,1.5448769848375781,1.3625638924139833,1.3921079098528923,1.3988892826808061]
["CIMENTOS ASFÁLTICOS CAP-30-45","2017-10-01",1.5351341629216142,1.4319901958504988,1.558736843591215,1.3903729939835083,1.4145480796768597,1.4251961042222401]
["CIMENTOS ASFÁLTICOS CAP-30-45","2017-11-01",1.4111836701882208,1.5713555402196702,1.6313413733281281,1.511291559194794,1.5492650476003826,1.5424695028042981]
["CIMENTOS ASFÁLTICOS CAP-30-45","2017-12-01",1.3932608583056978,1.567231485236861,1.6239610354677454,1.5359360368211539,1.5154918622795748,1.540247065719399]
["CIMENTOS ASFÁLTICOS CAP-30-45","2018-01-01",1.6476915690013041,1.6565482133467859,1.7210476510494954,1.6345102992524556,1.5560483995851249,1.6320460077652261]
["CIMENTOS ASFÁLTICOS CAP-30-45","2018-02-01",1.5207832253618192,1.6848502998502819,1.7109770876493224,1.6502653481033869,1.609484265298015,1.6487470301498095]
["CIMENTOS ASFÁLTICOS CAP-30-45","2018-03-01",1.491580158315178,1.6337909705925402,1.6447670189290815,1.6423356303771297,1.6094138275855994,1.6337427130144104]
["CIMENTOS ASFÁLTICOS CAP-30-45","2018-04-01",1.5350898668579127,1.6156584535958651,1.7219590321378506,1.582955638893307,1.5887633107008443,1.5957276371174169]
["CIMENTOS ASFÁLTICOS CAP-30-45","2018-05-01",1.6376558328131312,1.6812811383091628,1.8706448195821743,1.7191927945352512,1.7530972446643402,1.7327933643779989]
["CIMENTOS ASFÁLTICOS CAP-30-45","2018-06-01",1.8336274699343025,1.827537701612685,1.9932059993415836,1.8084922918920414,1.788995438204162,1.8325081297335521]
["CIMENTOS ASFÁLTICOS CAP-30-45","2018-07-01",1.7835403091787443,1.9503305153859225,2.0517924572644537,1.9350421976910559,1.9400145321501541,1.9501163059778668]
["CIMENTOS ASFÁLTICOS CAP-30-45","2018-08-01",1.8515338092195663,2.0970565219905164,2.276089913909626,2.1250608780663995,2.0844227507822755,2.12587811576467]
["CIMENTOS ASFÁLTICOS CAP-30-45","2018-09-01",1.8759813773982819,2.1222184952154386,2.2980150933476593,2.1623097115162091,2.1335432695848788,2.1598957858443106]
["CIMENTOS ASFÁLTICOS CAP-30-45","2018-10-01",2.0102612252088106,2.0943308860278491,2.1893098823558561,2.1812424332326543,2.2231288313716457,2.1666816275572258]
["CIMENTOS ASFÁLTICOS CAP-30-45","2018-11-01",2.2499273327196208,2.467134473990793,2.6231582693347923,2.4524434010275327,2.4637502365755037,2.4600656174966669]
["CIMENTOS ASFÁLTICOS CAP-30-45","2018-12-01",2.1946256801312605,2.4114492872033919,2.4944467619330344,2.4846401051421196,2.5259009497975264,2.4791962391879383]
["CIMENTOS ASFÁLTICOS CAP-30-45","2019-01-01",2.1719482325334449,2.3904946342152442,2.6067390324531954,2.4580470326185537,2.4981693280282999,2.462996179918346]
["CIMENTOS ASFÁLTICOS CAP-30-45","2019-02-01",2.487649734317237,2.5380220692080049,2.7157118300450254,2.6695284653977458,2.7445422570056799,2.6634013867069153]
["CIMENTOS ASFÁLTICOS CAP-30-45","2019-03-01",2.3374180074904194,2.5497505855969091,2.8721549703388689,2.6691157754951504,2.6913096547186193,2.6752786837826901]
["CIMENTOS ASFÁLTICOS CAP-30-45","2019-04-01",2.4543348176726818,2.5871013665182452,2.903504849499682,2.6731510743934792,2.7811138038989256,2.6959982813730003]
["CIMENTOS ASFÁLTICOS CAP-30-45","2019-05-01",2.2983703391820138,2.5964453978923867,2.8723715109593901,2.6876189305966105,2.787929340060634,2.7041945068215179]
["CIMENTOS ASFÁLTICOS CAP-30-45","2019-06-01",2.4379393811291683,2.5312102251240969,2.9418021928178271,2.6577845500934179,2.7737744884529585,2.7044633325711205]
["CIMENTOS ASFÁLTICOS CAP-30-45","2019-07-01",2.3901375469824955,2.5151906620235396,2.9600930635828724,2.6722754481992887,2.7556905584825238,2.6992101400604587]
["CIMENTOS ASFÁLTICOS CAP-30-45","2019-08-01",2.1977314172692632,2.3098604186648646,2.7087069498684011,2.4541473948861134,2.5378288443646846,2.4818408862472676]
["CIMENTOS ASFÁLTICOS CAP-30-45","2019-09-01",2.1307806560495659,2.3214022616986059,2.6917983255897733,2.4380465113080461,2.5297096280901603,2.4629840761999282]
["CIMENTOS ASFÁLTICOS CAP-30-45","2019-10-01",2.2474774518774323,2.3491677587854678,2.6948092754378852,2.4738825270552747,2.4813678752790884,2.4752250662286315]
["CIMENTOS ASFÁLTICOS CAP-30-45","2019-11-01",2.067977100756599,2.4090164372320646,2.7281502466107246,2.5423896208187049,2.5370655123381023,2.5280893569857685]
["CIMENTOS ASFÁLTICOS CAP-30-45","2019-12-01",2.0472294777653426,2.3596118754009128,2.7938789404352251,2.5506304123395727,2.50490399545096,2.5228359815960815]
["CIMENTOS ASFÁLTICOS CAP-30-45","2020-01-01",2.1168232528375213,2.3939028230092054,2.9000756703802844,2.5499748737291572,2.6045780201632418,2.540812459633754]
["CIMENTOS ASFÁLTICOS CAP-30-45","2020-02-01",2.0373928330178042,2.226411747798962,2.6091894054416005,2.3459006092633574,2.3795526333042503,2.3408255501688959]
["CIMENTOS ASFÁLTICOS CAP-30-45","2020-03-01",1.8789610853459127,2.1873698981501555,2.501807910126534,2.3410578401067066,2.3490944205222735,2.3211658798005281]
["CIMENTOS ASFÁLTICOS CAP-30-45","2020-04-01",1.8378897980997622,2.1612196169412701,2.4384086992003566,2.3045937303344841,2.3041973445100421,2.2924943276619993]
["CIMENTOS ASFÁLTICOS CAP-30-45","2020-05-01",2.0522176802602532,2.1252518077088602,2.4698937216243002,2.3173203301913121,2.3746367538734852,2.3105744759872446]
["CIMENTOS ASFÁLTICOS CAP-30-45","2020-06-01",2.0614990509379303,2.166315101787375,2.4457148297142255,2.2961935441919898,2.3914368451534371,2.3010076269484525]
["CIMENTOS ASFÁLTICOS CAP-30-45","2020-07-01",2.055494394882837,2.1640442215858249,2.4335703787523069,2.2979703952265593,2.3873226063181399,2.2939572654147558]
["CIMENTOS ASFÁLTICOS CAP-30-45","2020-08-01",2.2180138910270846,2.264861248238629,2.5793817661334071,2.4143540351426607,2.499962166759381,2.4070441389501145]
["CIMENTOS ASFÁLTICOS CAP-30-45","2020-09-01",2.1856712068342778,2.3238098055489838,2.613494058398905,2.4114040079933305,2.4645739773129045,2.4120117967003187]
["CIMENTOS ASFÁLTICOS CAP-30-45","2020-10-01",2.0923131978464657,2.3199381622544566,2.6310141112619609,2.433140258093804,2.4822316269216933,2.430708452761444]
["CIMENTOS ASFÁLTICOS CAP-30-45","2020-11-01",2.3139704845609481,2.4969735593468227,2.7637683227614294,2.6207119850201575,2.7073638589552202,2.6184578769840914]
["CIMENTOS ASFÁLTICOS CAP-30-45","2020-12-01",2.4520753664454431,"***",2.8173408138434834,2.5323478281875635,2.6066673517698011,2.5584373972765158]
["CIMENTOS ASFÁLTICOS CAP-30-45","2021-01-01",2.5732002442783997,"***",2.7031123347298331,2.5776982723268764,3.2358810219700662,2.601142740405157]
["CIMENTOS ASFÁLTICOS CAP-30-45","2021-02-01","***","***",2.797607010164409,2.839991403679333,3.2993265326276511,2.8431600586185755]
["CIMENTOS ASFÁLTICOS CAP-30-45","2021-03-01","***","***",2.851615649086674,2.8418649817622552,3.4076443931773208,2.8594615289257836]
["CIMENTOS ASFÁLTICOS CAP-30-45","2021-04-01","***","***",2.9539002065947391,2.8615062174872414,3.4491545325394815,2.8899094397810163]
["CIMENTOS ASFÁLTICOS CAP-30-45","2021-05-01","***","***",3.4424206419714181,3.4946755641262071,3.8990453571684967,3.4880048604229317]
["CIMENTOS ASFÁLTICOS CAP-30-45","2021-06-01",3.3012637347410094,"***",3.4260876515724448,3.5003204690754841,4.2544027379540799,3.503158103515529]
["CIMENTOS ASFÁLTICOS CAP-30-45","2021-07-01","***","***",3.5858127603798344,3.5366103741643045,3.9937766570642359,3.5478621828559285]
["CIMENTOS ASFÁLTICOS CAP-30-45","2021-08-01",3.13307,3.5390466688438926,3.7062241755769896,3.6894057164706573,4.0007530944444447,3.6922687013283659]
["CIMENTOS ASFÁLTICOS CAP-30-45","2021-09-01","***","***",3.6148760529848656,3.6845640925931273,3.7792582793791576,3.6738595602718811]
["CIMENTOS ASFÁLTICOS CAP-30-45","2021-10-01",3.41161,"***",3.5771676121935698,3.6697960476056699,3.5521616288372093,3.6539624810654439]
["CIMENTOS ASFÁLTICOS CAP-30-45","2021-11-01",3.7868880915800571,"***",4.0105582319407622,4.0174905618743004,4.7354179379277301,4.0241044347782609]
["CIMENTOS ASFÁLTICOS CAP-30-45","2021-12-01",3.5705,"***",4.1179092742642345,4.0288180521123014,4.1219880159036766,4.0360205065118118]
["CIMENTOS ASFÁLTICOS CAP-30-45","2022-01-01",3.823030000000001,"***",3.9163155203085975,4.0633324824494412,4.0234862916517375,4.0513571258310321]
["CIMENTOS ASFÁLTICOS CAP-30-45","2022-02-01",4.2186818703009576,"***",4.332309016376664,4.3340586646880199,4.8795526919817434,4.3339228362844642]
["CIMENTOS ASFÁLTICOS CAP-30-45","2022-03-01",4.3115555930387437,"***",4.3120532329331329,4.3648103858356357,4.6404149167568329,4.3597932011143845]
["CIMENTOS ASFÁLTICOS CAP-30-45","2022-04-01",4.1670056519355194,"***",4.7773250056806802,4.5184130406569212,4.645853301926663,4.5571931202116351]
["CIMENTOS ASFÁLTICOS CAP-30-45","2022-05-01",4.0886530293407422,"***",4.6237715768539855,4.4214617829770129,4.5072363450878639,4.4457418487702656]
["CIMENTOS ASFÁLTICOS CAP-30-45","2022-06-01",4.0256489360741545,"***",4.4687705649689384,4.4243574666988694,4.6000131542691411,4.4255082694288674]
["CIMENTOS ASFÁLTICOS CAP-30-45","2022-07-01",4.0883708830075474,"***",4.6933856777591894,4.4564854649055494,4.8369036733540183,4.4889436361082256]
["CIMENTOS ASFÁLTICOS CAP-30-45","2022-08-01",3.9438678124013054,"***",4.5792503871140244,4.2824433090519092,4.6279515637071418,4.3329766236538276]
["CIMENTOS ASFÁLTICOS CAP-30-45","2022-09-01",3.9329001466147564,"***",4.4003335774797003,4.0536042796840794,5.06960694058741,4.1215888349065919]
["CIMENTOS ASFÁLTICOS CAP-30-45","2022-10-01",3.6609896740954246,3.8188300000000002,4.0447564099401276,3.6282539341325646,4.5973336639490583,3.7003366665046351]
["CIMENTOS ASFÁLTICOS CAP-30-45","2022-11-01",3.6987617363462086,3.8242800000000003,4.0644587018114331,3.6125027140522441,4.7007613094364027,3.6911023839087376]
["CIMENTOS ASFÁLTICOS CAP-30-45","2022-12-01",3.2604870028937576,3.8592100000000005,3.8759141146761067,3.5899687194091103,4.7159500000000003,3.639500631614438]
["CIMENTOS ASFÁLTICOS CAP-30-45","2023-01-01",3.1283264961957533,"***",3.8962827351976959,3.4730745998984931,4.4178756779039574,3.5370266216042325]
["CIMENTOS ASFÁLTICOS CAP-30-45","2023-02-01",3.0192639761753721,"***",3.8398551501123528,3.3649234580046787,4.2690359072561064,3.4255517472290133]
["CIMENTOS ASFÁLTICOS CAP-30-45","2023-03-01",3.011321122442804,"***",3.5059096487254977,3.2119828747211896,4.2052676030557175,3.2654353976990338]
["CIMENTOS ASFÁLTICOS CAP-30-45","2023-04-01",3.9201921705349139,"***",3.4449413712836869,3.2032941126453101,4.0896218706520058,3.2769258697708756]
["CIMENTOS ASFÁLTICOS CAP-30-45","2023-05-01",3.290546204280361,"***",3.5601331506144867,3.1421904867987198,4.0717008450879275,3.2301441312397836]
["CIMENTOS ASFÁLTICOS CAP-30-45","2023-06-01",3.192112255667197,"***",3.5697929582624575,3.1527881788446077,3.6930170765315524,3.2338957150516237]
["CIMENTOS ASFÁLTICOS CAP-30-45","2023-07-01",3.1687063561326565,4.1558000000000002,3.5176021310000691,3.0671616527539523,3.7299637315243475,3.1381258551121514]
["CIMENTOS ASFÁLTICOS CAP-30-45","2023-08-01",3.5698996008643489,2.714,3.4661020638130431,3.059685837156068,3.3501970328464865,3.1581147818625168]
["CIMENTOS ASFÁLTICOS CAP-30-45","2023-09-01",3.8033632283698666,"***",3.619219726590706,3.3147911815909441,3.2872254382554655,3.3925147036236187]
["CIMENTOS ASFÁLTICOS CAP-30-45","2023-10-01",3.7600330581866497,3.3619629565299696,3.8200223276478678,3.3105228697941458,3.3518664634330393,3.4367387505640097]
["CIMENTOS ASFÁLTICOS CAP-30-45","2023-11-01",3.8301807448803231,"***",3.7547759032662325,3.3747593023223219,3.6097550971617665,3.469012497997908]
["CIMENTOS ASFÁLTICOS CAP-30-45","2023-12-01",3.829389295212954,"***",3.6963417419485141,3.3225710905842054,3.8801581842204609,3.3688653138149496]
["CIMENTOS ASFÁLTICOS CAP-30-45","2024-01-01",3.0459141573211181,"***",3.5830971417809394,3.2091761974122237,4.0791650106058892,3.2624504942271813]
["CIMENTOS ASFÁLTICOS CAP-30-45","2024-02-01",3.1116139747208247,"***",3.6831847425835584,3.2049842409957332,4.2047774179246069,3.2599051684648144]
["CIMENTOS ASFÁLTICOS CAP-30-45","2024-03-01",3.337022864461423,"***",3.628976708817981,3.285675407156472,4.0108926863864625,3.3301311218942491]
["CIMENTOS ASFÁLTICOS CAP-30-45","2024-04-01",3.8189139508478527,"***",3.5916369550797076,3.2443195159528031,3.6592456900042376,3.2957282976677007]
["CIMENTOS ASFÁLTICOS CAP-30-45","2024-05-01",3.6222874444250972,"***",3.6730234403671393,3.3282393560612564,4.1665251613776766,3.3901355839307792]
["CIMENTOS ASFÁLTICOS CAP-30-45","2024-06-01",3.3328678543176169,"***",3.7600099362528852,3.3258418022142582,4.1139195672552971,3.4011170393737844]
["CIMENTOS ASFÁLTICOS CAP-30-45","2024-07-01",3.9102810480876125,"***",3.8303938615195734,3.3337469533566368,4.2663850536082215,3.4438499716391195]
["CIMENTOS ASFÁLTICOS CAP-50-70","2008-11-01",1.1642002000093201,0.96805847217940089,1.4462434031071205,0.98865296439519579,0.96163141022272336,1.0166208832585175]
["CIMENTOS ASFÁLTICOS CAP-50-70","2008-12-01",1.159534923681445,0.9549372499360903,1.3348739119070991,1.0002482230918115,0.97362996778999378,1.0072500470996759]
["CIMENTOS ASFÁLTICOS CAP-50-70","2009-01-01",1.0455863869308708,0.96128733338734862,1.1830291692251789,0.97634598353562307,0.97364068075219268,0.98096183277499671]
["CIMENTOS ASFÁLTICOS CAP-50-70","2009-02-01",1.0370040640236622,0.93893550251968416,1.1555875081935618,0.96609601293683978,0.96455005583206455,0.96989216926771549]
["CIMENTOS ASFÁLTICOS CAP-50-70","2009-03-01",0.99575096443573208,0.94507491517794651,1.1962947855252439,0.95562842439706885,0.95789000009302427,0.96070465026889662]
["CIMENTOS ASFÁLTICOS CAP-50-70","2009-04-01",1.0483761956606816,0.93276962906464489,1.2271055402503233,0.94696213599386703,0.95204047834180672,0.95892044635957974]
["CIMENTOS ASFÁLTICOS CAP-50-70","2009-05-01",0.98411348111694719,0.92756987016966597,1.2513790175507091,0.92702080547710586,0.94462838353746115,0.94842652037425534]
["CIMENTOS ASFÁLTICOS CAP-50-70","2009-06-01",1.0464192542469533,0.91672658177820365,1.2310166634151205,0.91941342198420961,0.9309694040747355,0.93838120244848355]
["CIMENTOS ASFÁLTICOS CAP-50-70","2009-07-01",1.033264336326984,0.94908535630500002,1.2920838702085002,0.95873289307549625,0.99274622930982648,0.9819922708400608]
["CIMENTOS ASFÁLTICOS CAP-50-70","2009-08-01",1.0349538054103584,0.90675589720571104,1.1702388790294094,0.90784734242270304,0.91378744694585556,0.92533164047068861]
["CIMENTOS ASFÁLTICOS CAP-50-70","2009-09-01",1.0098097872527239,0.90300336799640746,1.174989043872694,0.90904139809446127,0.91526407427170442,0.92866703086483027]
["CIMENTOS ASFÁLTICOS CAP-50-70","2009-10-01",1.0211700468397511,0.92535273820083397,1.171002094013478,0.91403669659253028,0.92002388294013071,0.93589788725090006]
["CIMENTOS ASFÁLTICOS CAP-50-70","2009-11-01",1.044340118251357,0.91887338911969096,1.1715272744723926,0.92125550154293223,0.92071684623057215,0.94010158339962746]
["CIMENTOS ASFÁLTICOS CAP-50-70","2009-12-01",1.1218585293654242,0.91025923868113778,1.255824418499518,0.91336230496708692,0.91920196812230504,0.94658654460419245]
["CIMENTOS ASFÁLTICOS CAP-50-70","2010-01-01",1.133456656565206,0.90993276466361372,1.2404791318277666,0.90311848552795548,0.90926088264860372,0.93654207445196569]
["CIMENTOS ASFÁLTICOS CAP-50-70","2010-02-01",1.1013527642432519,0.90183694319641272,1.2042183536810329,0.88538084006085105,0.88195461178770562,0.91458263661504224]
["CIMENTOS ASFÁLTICOS CAP-50-70","2010-03-01",1.0086812168510952,0.90727898357370174,1.2471964241866265,0.89680880191717915,0.90539560946189657,0.92531076182851313]
["CIMENTOS ASFÁLTICOS CAP-50-70","2010-04-01",1.0468387417746579,0.90044773373281228,1.2270861378565312,0.89108356590527005,0.91192259420483879,0.92766388457798399]
["CIMENTOS ASFÁLTICOS CAP-50-70","2010-05-01",1.0660884296178164,0.90050984063744699,1.2580521862722975,0.88279613189736239,0.90804233225828879,0.92635779360326509]
["CIMENTOS ASFÁLTICOS CAP-50-70","2010-06-01",0.97359196965887629,0.8746055776850481,1.1188488736558733,0.86778115746824702,0.88487272859646693,0.89934749219147248]
["CIMENTOS ASFÁLTICOS CAP-50-70","2010-07-01",0.94048317721408992,0.88191334566549162,1.1161824506929665,0.8784123211625896,0.89486795950418752,0.91002922118350815]
["CIMENTOS ASFÁLTICOS CAP-50-70","2010-08-01",0.95537497314560615,0.87997920182273592,1.1144578378742624,0.87175335236552298,0.87191387444373059,0.89992394466737236]
["CIMENTOS ASFÁLTICOS CAP-50-70","2010-09-01",0.94856930782505522,0.88391502047921022,1.1472069790815675,0.88593007783279432,0.88619053495742783,0.91753025022135515]
["CIMENTOS ASFÁLTICOS CAP-50-70","2010-10-01",0.93155043440074436,0.87849137035388636,1.1449120776795689,0.92604237839513026,0.90666321243673897,0.93291972063342332]
["CIMENTOS ASFÁLTICOS CAP-50-70","2010-11-01",0.94659994636148115,0.8833077854620689,1.1649982175911049,0.94141447522328225,0.93709138126829072,0.93981869282739416]
["CIMENTOS ASFÁLTICOS CAP-50-70","2010-12-01",0.98308806326034937,0.87958773488733932,1.1483552105327666,0.9336381319482675,0.97301298947521808,0.9445180745884586]
["CIMENTOS ASFÁLTICOS CAP-50-70","2011-01-01",1.1491610385266406,0.89178964396001914,1.1835374322531569,0.92997072695845073,0.9742954647688713,0.95451828900897351]
["CIMENTOS ASFÁLTICOS CAP-50-70","2011-02-01",0.995723488472813,0.88568844700388272,1.1321288810020231,0.92934801097271968,0.90677255873700646,0.92939413837166729]
["CIMENTOS ASFÁLTICOS CAP-50-70","2011-03-01",0.95401434113952277,0.86206374768885141,1.1598445358156133,0.89649350794789551,0.88026310807736752,0.8979412194350056]
["CIMENTOS ASFÁLTICOS CAP-50-70","2011-04-01",0.92775404713012577,0.87538905225236696,1.106357818324039,0.86568725533676349,0.87869739583734841,0.88708092799146687]
["CIMENTOS ASFÁLTICOS CAP-50-70","2011-05-01",0.95713314917389825,0.85089927371574625,1.0541858677849316,0.85913591638177356,0.87485191810927998,0.8865656957747019]
["CIMENTOS ASFÁLTICOS CAP-50-70","2011-06-01",0.89970191920263842,0.8379916787396211,1.0730760351104163,0.85586121363580769,0.87167283289833286,0.87649929179840891]
["CIMENTOS ASFÁLTICOS CAP-50-70","2011-07-01",0.85928303553753838,0.83471891274128018,1.0618869288921617,0.84584023713535905,0.86933884976771802,0.86620679160785563]
["CIMENTOS ASFÁLTICOS CAP-50-70","2011-08-01",0.93713573997865574,0.83185464339433635,1.0894662754485147,0.83590658821371822,0.86675998200935256,0.86655590905851454]
["CIMENTOS ASFÁLTICOS CAP-50-70","2011-09-01",0.96017618756024015,0.82940369859884999,1.1376729849847493,0.83734407345244777,0.86744204467017583,0.87206915221180425]
["CIMENTOS ASFÁLTICOS CAP-50-70","2011-10-01",0.94897013141592634,0.83194110858229087,1.1191584739569629,0.84496143150439385,0.85428475233702139,0.86896474563318771]
["CIMENTOS ASFÁLTICOS CAP-50-70","2011-11-01",0.94341314446758262,0.83555050486229721,1.118742876272427,0.84763528312047332,0.86295168084467511,0.87340662638805899]
["CIMENTOS ASFÁLTICOS CAP-50-70","2011-12-01",0.96380364224795978,0.83848303782179212,1.0279255510609169,0.86470407984264119,0.87298816149848057,0.87729063696553533]
["CIMENTOS ASFÁLTICOS CAP-50-70","2012-01-01",0.91094616754733937,0.83848475664723077,1.1189066697035934,0.87824842320582863,0.86083055239174644,0.87176135167825974]
["CIMENTOS ASFÁLTICOS CAP-50-70","2012-02-01",0.89821523882099075,0.84048391113424137,1.1048181423313803,0.88878961800866274,0.87180920137599194,0.88305633766574132]
["CIMENTOS ASFÁLTICOS CAP-50-70","2012-03-01",0.92335652518874889,0.84223851298127173,1.0540589651729875,0.88500024524979404,0.88256779067320767,0.88519741849224631]
["CIMENTOS ASFÁLTICOS CAP-50-70","2012-04-01",0.9771495645959426,0.85548584932047189,1.0697358965953339,0.88116357071918949,0.87783413597573867,0.8991021429873991]
["CIMENTOS ASFÁLTICOS CAP-50-70","2012-05-01",1.0557194208547582,0.85996408754259779,1.0775841700232844,0.88831507864456227,0.87634450501714189,0.90491540050468933]
["CIMENTOS ASFÁLTICOS CAP-50-70","2012-06-01",1.0451933456375511,0.86496493906383531,1.1054021243771597,0.89333736767998018,0.87681068509828675,0.91623252084462758]
["CIMENTOS ASFÁLTICOS CAP-50-70","2012-07-01",1.0446609274716192,0.86262940962823376,1.1266983298377571,0.88602308192304791,0.8770858206865334,0.91046070900498444]
["CIMENTOS ASFÁLTICOS CAP-50-70","2012-08-01",1.080180152614985,0.88019503907373897,1.1374371971853692,0.88507258941438749,0.87261659812848869,0.91438699077706176]
["CIMENTOS ASFÁLTICOS CAP-50-70","2012-09-01",1.0593868034064398,0.88000563544075816,1.1393950495350895,0.86835895178032696,0.84321438360875633,0.89826538015749846]
["CIMENTOS ASFÁLTICOS CAP-50-70","2012-10-01",1.0657263784524351,0.88799516997055195,1.2145959956276788,0.89293064089049445,0.87950805411163513,0.930452334963219]
["CIMENTOS ASFÁLTICOS CAP-50-70","2012-11-01",1.0624498261196145,0.8760214501773631,1.1892648275926003,0.91063849900703142,0.89022301921924663,0.92844583979825834]
["CIMENTOS ASFÁLTICOS CAP-50-70","2012-12-01",1.0916302621762892,0.87465199697513918,1.1906737562499246,0.90824889408923559,0.90064562089656419,0.92884086828124157]
["CIMENTOS ASFÁLTICOS CAP-50-70","2013-01-01",1.0841074123580341,0.86617588669427537,1.1945336517496465,0.90572954724440102,0.9081291736969036,0.91737648723597631]
["CIMENTOS ASFÁLTICOS CAP-50-70","2013-02-01",1.0770174197052831,0.86416685523150627,1.1850045881068689,0.91349007287610395,0.92530605761954743,0.92551155576830835]
["CIMENTOS ASFÁLTICOS CAP-50-70","2013-03-01",1.0731001437013603,0.86383181069089299,1.2130314415168733,0.91628735654798643,0.93021430491819113,0.93071406305322724]
["CIMENTOS ASFÁLTICOS CAP-50-70","2013-04-01",1.0515393279621403,0.85969707242337945,1.2238423013681561,0.9092515680868527,0.92544341387138818,0.93423950621913021]
["CIMENTOS ASFÁLTICOS CAP-50-70","2013-05-01",1.102390840584037,0.87292189525414643,1.2287206187841304,0.91281804709238801,0.91851566988031208,0.95456335071210041]
["CIMENTOS ASFÁLTICOS CAP-50-70","2013-06-01",1.0512115150441912,0.86930597222385697,1.2147472011074534,0.90586924194177421,0.89853504271492834,0.95457664418670729]
["CIMENTOS ASFÁLTICOS CAP-50-70","2013-07-01",1.1234148209758463,0.89127496326120625,1.1928173642429478,0.91059811369325649,0.93118763536803206,0.95878075124699835]
["CIMENTOS ASFÁLTICOS CAP-50-70","2013-08-01",1.0788067306325237,0.89697453114441927,1.2272167442476718,0.91663850362942223,0.93233594739375325,0.9636290405531287]
["CIMENTOS ASFÁLTICOS CAP-50-70","2013-09-01",1.0693628930161776,0.89600650713743013,1.2750900934307716,0.92038689018417064,0.92390483170360627,0.96208068602037078]
["CIMENTOS ASFÁLTICOS CAP-50-70","2013-10-01",1.0283480533587641,0.90601703967767577,1.1974584874490555,0.91491851024945925,0.89095103582316448,0.9508317605935096]
["CIMENTOS ASFÁLTICOS CAP-50-70","2013-11-01",1.0379384075468276,0.91346681929754525,1.1918998676528052,0.910756130767712,0.91147419620068382,0.9542423636830436]
["CIMENTOS ASFÁLTICOS CAP-50-70","2013-12-01",1.0341083872463683,0.9285629923585258,1.2073980950078833,0.9136184773382392,0.90311647396212635,0.95884825526246187]
["CIMENTOS ASFÁLTICOS CAP-50-70","2014-01-01",1.0393866356835342,0.9286454107445653,1.1831448559293558,0.91389714665939537,0.91392201683065522,0.94955600071621138]
["CIMENTOS ASFÁLTICOS CAP-50-70","2014-02-01",1.0801068914145788,0.92349288443166855,1.1426567835283092,0.91723226023843518,0.91279990184824045,0.94659659947220909]
["CIMENTOS ASFÁLTICOS CAP-50-70","2014-03-01",1.0578973871917612,0.92210349613482268,1.1662322210686149,0.91833864524720821,0.91527330599291623,0.94969885625038775]
["CIMENTOS ASFÁLTICOS CAP-50-70","2014-04-01",1.0651644416496278,0.92424617902963435,1.1625454734699598,0.91306573731531782,0.89846391445543539,0.94773424108749693]
["CIMENTOS ASFÁLTICOS CAP-50-70","2014-05-01",1.0472353260566145,0.92304195017769242,1.1776412751407148,0.9237951044191971,0.90563295279396983,0.95585585242681614]
["CIMENTOS ASFÁLTICOS CAP-50-70","2014-06-01",1.0324792573750705,0.91856341091231652,1.2131744076245523,0.91367241771063568,0.90947963021300648,0.95768693925540649]
["CIMENTOS ASFÁLTICOS CAP-50-70","2014-07-01",1.0899277289014129,0.91250785653528699,1.1564804181244481,0.90124131326551982,0.90896155973720405,0.94462212214345398]
["CIMENTOS ASFÁLTICOS CAP-50-70","2014-08-01",1.128133367573348,0.91344092282650113,1.1256416101471862,0.91376504306709483,0.90505463804385677,0.94946614618601022]
["CIMENTOS ASFÁLTICOS CAP-50-70","2014-09-01",1.0994150800834761,0.9307395510670966,1.2076510198604598,0.92076751428916448,0.91561647080025266,0.96686540421225575]
["CIMENTOS ASFÁLTICOS CAP-50-70","2014-10-01",1.1389772876476258,0.91437666072012602,1.163213596483119,0.88626316682525186,0.89496995724703543,0.9429555720527244]
["CIMENTOS ASFÁLTICOS CAP-50-70","2014-11-01",1.0900549772151604,0.93601067313963304,1.1636504031717101,0.89857521842888488,0.91887743458887683,0.95477288647907965]
["CIMENTOS ASFÁLTICOS CAP-50-70","2014-12-01",1.2363141948191407,1.0293060302466643,1.3092659380895271,1.0036907177753511,0.9970741168618541,1.0413560421836723]
["CIMENTOS ASFÁLTICOS CAP-50-70","2015-01-01",1.3331020291117024,1.2658009689968814,1.5124032368468077,1.1200175157198535,1.1854791328029242,1.2112024705915188]
["CIMENTOS ASFÁLTICOS CAP-50-70","2015-02-01",1.4299714188617976,1.2573772214074843,1.5356215442324355,1.1254203658011519,1.1913420075738657,1.2116660603000915]
["CIMENTOS ASFÁLTICOS CAP-50-70","2015-03-01",1.3752684616025708,1.2246791315414842,1.4782303832841821,1.1581453791592358,1.192447014646937,1.2127168387529828]
["CIMENTOS ASFÁLTICOS CAP-50-70","2015-04-01",1.3134691474395337,1.2112090449808595,1.4892597596407817,1.1450940895543591,1.1767638965238483,1.1936587663224227]
["CIMENTOS ASFÁLTICOS CAP-50-70","2015-05-01",1.4688994865143121,1.219804947414036,1.4341223456504737,1.129963675793664,1.1716028249456858,1.2047272516353897]
["CIMENTOS ASFÁLTICOS CAP-50-70","2015-06-01",1.4980994053310124,1.2296318755939852,1.4428316596448605,1.1293785136337058,1.1746569923413057,1.2163629901637165]
["CIMENTOS ASFÁLTICOS CAP-50-70","2015-07-01",1.3276929424462149,1.2465547516674453,1.2046478282774973,1.1244700190615091,1.1672978230290452,1.1888552615853833]
["CIMENTOS ASFÁLTICOS CAP-50-70","2015-08-01",1.3853768174888657,1.2567499170991558,1.395164049013137,1.1169304231925394,1.1722417088818033,1.2189111181394481]
["CIMENTOS ASFÁLTICOS CAP-50-70","2015-09-01",1.4020240123201475,1.308169064576201,1.4937986728404213,1.1819154363670441,1.2201369730847724,1.2760322488003497]
["CIMENTOS ASFÁLTICOS CAP-50-70","2015-10-01",1.4966521672796267,1.3527144370713409,1.5775101426643408,1.2526741499373095,1.2783526152196965,1.3435583024461257]
["CIMENTOS ASFÁLTICOS CAP-50-70","2015-11-01",1.621494567445755,1.5172548331731528,1.7064256743023647,1.4186299218227765,1.4176480773209634,1.4889154300957572]
["CIMENTOS ASFÁLTICOS CAP-50-70","2015-12-01",1.7400574401317017,1.5194635601477331,1.7009060250103198,1.4181914430682963,1.4290280580594383,1.4964192179327931]
["CIMENTOS ASFÁLTICOS CAP-50-70","2016-01-01",1.781275061526602,1.5500283898349039,1.7627892573580628,1.451294199360998,1.4440659404971825,1.5048100264497251]
["CIMENTOS ASFÁLTICOS CAP-50-70","2016-02-01",1.7970452144298847,1.5343035680296913,1.7021055812296226,1.4394538032794713,1.4324901348803265,1.485649903715359]
["CIMENTOS ASFÁLTICOS CAP-50-70","2016-03-01",1.7421180957673104,1.5336459433032994,1.7258470482057702,1.4247330067308193,1.4480525027474631,1.4920293374883566]
["CIMENTOS ASFÁLTICOS CAP-50-70","2016-04-01",1.920659856268065,1.7246241294634763,1.9027849488273274,1.5967631494357639,1.6349489310160947,1.6683185406295418]
["CIMENTOS ASFÁLTICOS CAP-50-70","2016-05-01",1.9858603498410325,1.7261038862805982,1.9265272378722555,1.608465706897277,1.698862560816299,1.6998681044924306]
["CIMENTOS ASFÁLTICOS CAP-50-70","2016-06-01",1.9411020151480789,1.6946170470843793,1.9285820034568095,1.6348656831055393,1.6363676806634833,1.6934584315267283]
["CIMENTOS ASFÁLTICOS CAP-50-70","2016-07-01",1.7971693183635318,1.6791090604505949,1.9187882828757432,1.6443296527187463,1.6160883808289253,1.6779353538113631]
["CIMENTOS ASFÁLTICOS CAP-50-70","2016-08-01",1.8359559153657605,1.6864098093565567,1.9506635990932375,1.6481577723639083,1.6208831347220198,1.68951171275427]
["CIMENTOS ASFÁLTICOS CAP-50-70","2016-09-01",1.7656413933444108,1.5862595292065418,1.8182367959832988,1.5574530759905254,1.4789819501307466,1.5823193923591254]
["CIMENTOS ASFÁLTICOS CAP-50-70","2016-10-01",1.660961973817757,1.5902167313430198,1.7713341100148541,1.5577876656053495,1.4803879013423131,1.574252030712652]
["CIMENTOS ASFÁLTICOS CAP-50-70","2016-11-01",1.6202468992476728,1.5591364433461949,1.8255722389474909,1.5165156755886808,1.4729708332180156,1.5504842781527433]
["CIMENTOS ASFÁLTICOS CAP-50-70","2016-12-01",1.5382700375364895,1.4593338806479481,1.7867553820901454,1.5048656713788664,1.4680470321615726,1.5063560514488981]
["CIMENTOS ASFÁLTICOS CAP-50-70","2017-01-01",1.5364485295129546,1.4492924379727976,1.6096565609041529,1.4488348013450816,1.4536519204366727,1.4670384975294744]
["CIMENTOS ASFÁLTICOS CAP-50-70","2017-02-01",1.5642711347888594,1.447633482971016,1.6400757052002646,1.4569537863547508,1.4462316032555087,1.4686798016575233]
["CIMENTOS ASFÁLTICOS CAP-50-70","2017-03-01",1.5175738417375375,1.4358610536127476,1.6862413216489274,1.4562851525619092,1.455689739087781,1.4736420785100675]
["CIMENTOS ASFÁLTICOS CAP-50-70","2017-04-01",1.6592675620247761,1.3882567672161563,1.6656832257435064,1.3894329650908086,1.4091591868736766,1.4352671787446896]
["CIMENTOS ASFÁLTICOS CAP-50-70","2017-05-01",1.5052220160036573,1.4006083965896339,1.7101340874778825,1.3738648530720272,1.3921241120651013,1.4294543422631905]
["CIMENTOS ASFÁLTICOS CAP-50-70","2017-06-01",1.6394679265884482,1.424608649825942,1.6994010136294582,1.4290815132586419,1.3858353421618099,1.465920329920102]
["CIMENTOS ASFÁLTICOS CAP-50-70","2017-07-01",1.648025960872711,1.4028308330323052,1.751420700800226,1.4180337837940267,1.3563173438095999,1.453112686878401]
["CIMENTOS ASFÁLTICOS CAP-50-70","2017-08-01",1.4898806751607394,1.382825484354695,1.6305673038088857,1.4068473174327485,1.3776108367044124,1.4256328859507283]
["CIMENTOS ASFÁLTICOS CAP-50-70","2017-09-01",1.5488728765619215,1.4236384009391516,1.6992320027914536,1.4166103533727432,1.3767658054397163,1.4484593207404826]
["CIMENTOS ASFÁLTICOS CAP-50-70","2017-10-01",1.5714517430919963,1.4051179101869549,1.7434399123070126,1.4078106119474072,1.3980332892631129,1.4473426233472955]
["CIMENTOS ASFÁLTICOS CAP-50-70","2017-11-01",1.7039528842810301,1.5616891140658082,1.886686535981551,1.5108319641036283,1.5102091587256252,1.5875477199865655]
["CIMENTOS ASFÁLTICOS CAP-50-70","2017-12-01",1.6711296857002704,1.5697607156655975,1.896917348570804,1.546302307625651,1.5111535221937369,1.5843810067723421]
["CIMENTOS ASFÁLTICOS CAP-50-70","2018-01-01",1.7883866454375601,1.6422327847865301,1.85167665381581,1.5906701254672559,1.6130212682361014,1.6446943024308394]
["CIMENTOS ASFÁLTICOS CAP-50-70","2018-02-01",1.7974008038337594,1.6104601565302368,1.7913702231316986,1.599378895365734,1.6034718779593289,1.6212468608112225]
["CIMENTOS ASFÁLTICOS CAP-50-70","2018-03-01",1.8013597381611257,1.6064588891198981,1.8956986354909182,1.6117391185281764,1.6036252180727815,1.6388613189072474]
["CIMENTOS ASFÁLTICOS CAP-50-70","2018-04-01",1.791173348651655,1.6050932239418736,1.8574958780710245,1.6006849031766877,1.6396290487266216,1.6562120285653481]
["CIMENTOS ASFÁLTICOS CAP-50-70","2018-05-01",1.9135020362466497,1.7247004899502745,1.9454369536104017,1.7140554374767161,1.7142093728301666,1.7573254296279242]
["CIMENTOS ASFÁLTICOS CAP-50-70","2018-06-01",2.0655638588085274,1.822399722222076,2.0913163220082742,1.7994782549810844,1.7985402943637774,1.8596629705750489]
["CIMENTOS ASFÁLTICOS CAP-50-70","2018-07-01",2.0686276348694088,1.9451431619915991,2.1407827715002603,1.9403021857647682,1.944647406713385,1.975604883783193]
["CIMENTOS ASFÁLTICOS CAP-50-70","2018-08-01",2.2253463610556303,2.0957584128753965,2.4804068238619807,2.1024259235603977,2.0969791721755815,2.1397208930608778]
["CIMENTOS ASFÁLTICOS CAP-50-70","2018-09-01",2.3303221946613202,2.1233967215855536,2.4927376451938623,2.1340320879969994,2.1060368760513684,2.1733093659855629]
["CIMENTOS ASFÁLTICOS CAP-50-70","2018-10-01",2.2576205724913847,2.1476249120754725,2.2932107571908262,2.1766082678708067,2.1400388376879143,2.1776597065576584]
["CIMENTOS ASFÁLTICOS CAP-50-70","2018-11-01",2.4878078368167045,2.4027451503264685,2.8650562667739119,2.4286819178490608,2.4227802039430171,2.4454619775704876]
["CIMENTOS ASFÁLTICOS CAP-50-70","2018-12-01",2.4908078969943914,2.4209253621256082,2.7093246481957465,2.4282832693452816,2.4640008905163944,2.4580454611849039]
["CIMENTOS ASFÁLTICOS CAP-50-70","2019-01-01",2.485966355827014,2.3598363150238071,2.7708489226376587,2.4853304118858892,2.4520058774851274,2.4559230169622834]
["CIMENTOS ASFÁLTICOS CAP-50-70","2019-02-01",2.6443467696039056,2.5491674833705171,3.0507872983960009,2.7598832649405134,2.7581833791400885,2.7059191814735892]
["CIMENTOS ASFÁLTICOS CAP-50-70","2019-03-01",2.7049794983307636,2.5265844677412992,3.0739571007383386,2.7594368297237932,2.6930711918943446,2.6929741261771207]
["CIMENTOS ASFÁLTICOS CAP-50-70","2019-04-01",2.7607753188878066,2.5642432804089874,3.0739448974745427,2.7595556575960321,2.6966543361975792,2.7111868558212757]
["CIMENTOS ASFÁLTICOS CAP-50-70","2019-05-01",2.7623656498626374,2.5260565904727401,3.0755967027868971,2.7727958493633436,2.6937435420278475,2.7125232137293809]
["CIMENTOS ASFÁLTICOS CAP-50-70","2019-06-01",2.6275232241757065,2.5340987447340915,3.2093060812018823,2.6887152667018173,2.7048097090947207,2.6959936146940651]
["CIMENTOS ASFÁLTICOS CAP-50-70","2019-07-01",2.848599133046692,2.5076702007267917,3.129865949251927,2.758493059939592,2.6989900532261681,2.7132922282790952]
["CIMENTOS ASFÁLTICOS CAP-50-70","2019-08-01",2.6754559394369477,2.3351192760317976,2.9180333699623184,2.5834195289972977,2.5319168723857017,2.5390494014612557]
["CIMENTOS ASFÁLTICOS CAP-50-70","2019-09-01",2.5980567927868394,2.2991941677186176,3.0343326494694214,2.4806511018948472,2.5148259790889318,2.4959986121158075]
["CIMENTOS ASFÁLTICOS CAP-50-70","2019-10-01",2.5335368551069113,2.2703566819708074,2.8375604887431427,2.5098901477389446,2.5096354428455894,2.4733469425880368]
["CIMENTOS ASFÁLTICOS CAP-50-70","2019-11-01",2.6086438306634299,2.324278403690113,2.8673646878988301,2.5682421222511507,2.5563409353306699,2.5296322226405907]
["CIMENTOS ASFÁLTICOS CAP-50-70","2019-12-01",2.5261701917141268,2.3189910031031018,2.9506259448440653,2.6251278319394507,2.557357610616827,2.5301149347303005]
["CIMENTOS ASFÁLTICOS CAP-50-70","2020-01-01",2.6003580196633989,2.2975001512840669,3.0972670727609648,2.573995147807155,2.5484205240781628,2.5181505942533366]
["CIMENTOS ASFÁLTICOS CAP-50-70","2020-02-01",2.4219013818659691,2.1732091774843414,2.8828558258810091,2.3583219521897951,2.3604346639059313,2.3510962225295877]
["CIMENTOS ASFÁLTICOS CAP-50-70","2020-03-01",2.3282465692528196,2.1710881446428303,2.7560542278028,2.3215180311496075,2.3377587714193395,2.3218729750919924]
["CIMENTOS ASFÁLTICOS CAP-50-70","2020-04-01",2.3701199159246475,2.1900262052368706,2.6536854290770329,2.3451607686618678,2.302109989119054,2.3360078713595445]
["CIMENTOS ASFÁLTICOS CAP-50-70","2020-05-01",2.3686394261846795,2.1247552910756897,2.6064373281097986,2.2712297279282154,2.3152415632342191,2.3241992330683745]
["CIMENTOS ASFÁLTICOS CAP-50-70","2020-06-01",2.3042294317613932,2.1289858879119308,2.6211369740885591,2.2628582326877762,2.3085365757440117,2.2965341637850014]
["CIMENTOS ASFÁLTICOS CAP-50-70","2020-07-01",2.304044479362465,2.1338876596137539,2.6233830104391394,2.2346516674318262,2.2832193393500479,2.2747560037648777]
["CIMENTOS ASFÁLTICOS CAP-50-70","2020-08-01",2.4300027956989956,2.2669065783513469,2.7580819984891742,2.3709688699899845,2.4725525475311332,2.4126588088434686]
["CIMENTOS ASFÁLTICOS CAP-50-70","2020-09-01",2.4612302159098656,2.2840450880454655,2.7325767132507766,2.366205823942813,2.4412228987969318,2.4100378532673488]
["CIMENTOS ASFÁLTICOS CAP-50-70","2020-10-01",2.3780262155275858,2.3047325361740207,2.7378722852873492,2.3705598966014705,2.4484419282027829,2.4070227300439866]
["CIMENTOS ASFÁLTICOS CAP-50-70","2020-11-01",2.6109989548752015,2.4839440429499695,2.8383145460657015,2.5426616041723848,2.579844920940447,2.5728040803737011]
["CIMENTOS ASFÁLTICOS CAP-50-70","2020-12-01",2.4666655655762595,2.4640824326818569,2.8257379112810597,2.5868501223410867,2.6026143379342606,2.5712701546518679]
["CIMENTOS ASFÁLTICOS CAP-50-70","2021-01-01",2.3968975954785319,2.4622774998545367,2.907782240151195,2.6226718919314806,2.6213242937239376,2.5653805763117812]
["CIMENTOS ASFÁLTICOS CAP-50-70","2021-02-01",2.6222310409775678,2.673731127444992,3.0375320745977721,2.7814833596524906,2.782348255175616,2.7530042051350425]
["CIMENTOS ASFÁLTICOS CAP-50-70","2021-03-01",2.578814332831965,2.6270392548645867,3.0122661675057723,2.8348633925941438,2.8345419214023351,2.7743902670354887]
["CIMENTOS ASFÁLTICOS CAP-50-70","2021-04-01",2.6898427957607542,2.5990534043432278,3.0214540139862174,2.8122196895302602,2.8049925161599925,2.765914450867323]
["CIMENTOS ASFÁLTICOS CAP-50-70","2021-05-01",3.2587955331488296,3.199529933653531,3.6699109421536678,3.4186159196152395,3.416494653126791,3.3918465166180063]
["CIMENTOS ASFÁLTICOS CAP-50-70","2021-06-01",3.2391603984456503,3.1810943361580368,3.5368984914325114,3.4429599791044843,3.457318319649517,3.38047855982078]
["CIMENTOS ASFÁLTICOS CAP-50-70","2021-07-01",3.1373216685914094,3.15494384258978,3.5919838718924666,3.4484811553772126,3.4146979908217734,3.358942484993253]
["CIMENTOS ASFÁLTICOS CAP-50-70","2021-08-01",3.4628720904303045,3.2939924015883588,3.7814093566309896,3.703180764046488,3.6708938226830172,3.5867388859926872]
["CIMENTOS ASFÁLTICOS CAP-50-70","2021-09-01",3.5278877620433775,3.3263178909604361,3.788326593301047,3.6540910386363854,3.6888809122431803,3.604431583379764]
["CIMENTOS ASFÁLTICOS CAP-50-70","2021-10-01",3.5217613124562903,3.4210299498024654,3.6538369894595868,3.6802665752233978,3.6959141358793346,3.6127059700737445]
["CIMENTOS ASFÁLTICOS CAP-50-70","2021-11-01",3.8287371576631593,3.6976868410797987,4.057204092724124,4.032898063837103,4.00672376594121,3.9406413490900656]
["CIMENTOS ASFÁLTICOS CAP-50-70","2021-12-01",3.8916127711600792,3.7529240450135166,4.0449019099654313,4.0493181173020929,4.0142899130550713,3.9617180719974185]
["CIMENTOS ASFÁLTICOS CAP-50-70","2022-01-01",3.9788758393026189,3.8120644431570443,4.1533097845105278,4.0374365380778192,4.052110957059452,4.000659308351219]
["CIMENTOS ASFÁLTICOS CAP-50-70","2022-02-01",4.3087029640625119,4.0336251775326355,4.4522351382715364,4.27842408373004,4.286057279107963,4.2600070220247828]
["CIMENTOS ASFÁLTICOS CAP-50-70","2022-03-01",4.2574454333633094,4.094680611122385,4.4828529296613677,4.268890624198554,4.3259483699624921,4.2756834382585831]
["CIMENTOS ASFÁLTICOS CAP-50-70","2022-04-01",4.3688451161730795,4.2579998321215138,4.7632061029379953,4.4566133667422294,4.4459162741885585,4.4411848628963968]
["CIMENTOS ASFÁLTICOS CAP-50-70","2022-05-01",4.3528697365113782,4.2018566620318669,4.5833081981961854,4.3093842175109431,4.2489433809575514,4.30229361751132]
["CIMENTOS ASFÁLTICOS CAP-50-70","2022-06-01",4.3936847298741535,4.1962162000686973,4.6136357072876475,4.2900116584792052,4.1810562735013237,4.2899376668844038]
["CIMENTOS ASFÁLTICOS CAP-50-70","2022-07-01",4.5439142662038119,4.3247236022459781,4.7301334425517396,4.3487259522293122,4.2994675353113001,4.4010622330181279]
["CIMENTOS ASFÁLTICOS CAP-50-70","2022-08-01",4.6539061080139872,4.3504308034729178,4.6025056296727955,4.2101763533954246,4.1272996707472203,4.3190455581833893]
["CIMENTOS ASFÁLTICOS CAP-50-70","2022-09-01",4.8752751164537562,4.3409570929431069,4.4076018279111144,4.0676614809330065,3.861452894850498,4.2595706298206366]
["CIMENTOS ASFÁLTICOS CAP-50-70","2022-10-01",4.373319021557859,4.1071079583591548,4.0681957721761703,3.6310591059225499,3.5514967460088966,3.8800480150598844]
["CIMENTOS ASFÁLTICOS CAP-50-70","2022-11-01",4.2011656632619045,3.9620110588681543,4.0475521718081371,3.5860134918380138,3.4743300981902703,3.7871959426154698]
["CIMENTOS ASFÁLTICOS CAP-50-70","2022-12-01",4.3597539890170287,3.745890798610636,4.1320980266797376,3.4982670939458504,3.4515332814684285,3.7300679562108585]
["CIMENTOS ASFÁLTICOS CAP-50-70","2023-01-01",4.1198326035379926,3.5000449078699813,3.9146557017009842,3.2578948696970946,3.2963992178977946,3.4631739193854822]
["CIMENTOS ASFÁLTICOS CAP-50-70","2023-02-01",3.9385531731596499,3.4506332949429344,3.8368071056396134,3.1594029119675229,3.1788002865843632,3.3679711779516004]
["CIMENTOS ASFÁLTICOS CAP-50-70","2023-03-01",3.9600041484806292,3.3172854229256514,3.6926607702291365,3.1175453668862345,2.9654540592183865,3.2359252904357061]
["CIMENTOS ASFÁLTICOS CAP-50-70","2023-04-01",3.7306183204786798,3.2681898930827202,3.5862947498960098,3.1234147790345999,2.9429598659879121,3.1899899165524981]
["CIMENTOS ASFÁLTICOS CAP-50-70","2023-05-01",3.8497237818993599,3.2905144507941957,3.5567609181451343,3.1463887247929043,2.9175662363623585,3.2268291929431503]
["CIMENTOS ASFÁLTICOS CAP-50-70","2023-06-01",3.7712002958516959,3.3323163391206188,3.4273711414204819,3.1240774848656621,2.8993344519763053,3.2186092678799736]
["CIMENTOS ASFÁLTICOS CAP-50-70","2023-07-01",3.7422466988484206,3.3812676564397299,3.5796955347907908,3.1200534403384292,2.9718370166021493,3.2652957046207209]
["CIMENTOS ASFÁLTICOS CAP-50-70","2023-08-01",3.7235845471948972,3.3628518875696574,3.6860720075136317,3.1350839350716573,2.96147439080484,3.2611773436936375]
["CIMENTOS ASFÁLTICOS CAP-50-70","2023-09-01",4.0926243994159428,3.6310433946855167,3.8282034590378986,3.365031717453872,3.181764160209525,3.4998159627953691]
["CIMENTOS ASFÁLTICOS CAP-50-70","2023-10-01",4.0853009570929819,3.6154635123389598,3.7928201532420593,3.3467434077941576,3.1515419092246062,3.4564221832789084]
["CIMENTOS ASFÁLTICOS CAP-50-70","2023-11-01",3.8505252713389297,3.7281310039052444,3.969437078577847,3.4710389077979613,3.1884640096323027,3.538593144333225]
["CIMENTOS ASFÁLTICOS CAP-50-70","2023-12-01",3.9850683709256267,3.6985887867200984,3.8269836357998548,3.3408014906564358,3.2357081337827727,3.4785694902556874]
["CIMENTOS ASFÁLTICOS CAP-50-70","2024-01-01",3.9313769837333346,3.5674685518030458,3.609656766552217,3.2015259811633885,3.1538040559050482,3.3674771499353588]
["CIMENTOS ASFÁLTICOS CAP-50-70","2024-02-01",4.0056345534391822,3.4535764117580761,3.5503640911302359,3.1567107709108009,3.1425150710376535,3.32791304508592]
["CIMENTOS ASFÁLTICOS CAP-50-70","2024-03-01",3.8719084389860861,3.506239922582703,3.4592436690016992,3.1396080816703278,3.227378425529984,3.3411671703001553]
["CIMENTOS ASFÁLTICOS CAP-50-70","2024-04-01",3.8506281406173382,3.3894221237940809,3.3631983456431374,3.0860612081393168,3.2544558984706935,3.2726532960734636]
["CIMENTOS ASFÁLTICOS CAP-50-70","2024-05-01",3.7704835216479937,3.3562695898312351,3.520447498728418,3.2078969044202368,3.317947510856416,3.3579298120816037]
["CIMENTOS ASFÁLTICOS CAP-50-70","2024-06-01",3.7356061213299787,3.5108673314583925,3.4730854930730324,3.217674887600154,3.2956082972632541,3.3562675638353503]
["CIMENTOS ASFÁLTICOS CAP-50-70","2024-07-01",3.8698393882693298,3.8238049868721431,3.5967973698767346,3.3437458887367963,3.4173222318022667,3.532938819228459]
["CIMENTOS ASFÁLTICOS CAP-85-100","2008-11-01","***","***","***","***","***","***"]
["CIMENTOS ASFÁLTICOS CAP-85-100","2008-12-01","***","***","***","***","***","***"]
["CIMENTOS ASFÁLTICOS CAP-85-100","2009-01-01","***","***","***","***","***","***"]
["CIMENTOS ASFÁLTICOS CAP-85-100","2009-02-01","***","***","***","***","***","***"]
["CIMENTOS ASFÁLTICOS CAP-85-100","2009-03-01","***","***","***","***","***","***"]
["CIMENTOS ASFÁLTICOS CAP-85-100","2009-04-01","***","***","***","***","***","***"]
["CIMENTOS ASFÁLTICOS CAP-85-100","2009-05-01","***","***","***","***","***","***"]
["CIMENTOS ASFÁLTICOS CAP-85-100","2009-06-01","***","***","***","***","***","***"]
["CIMENTOS ASFÁLTICOS CAP-85-100","2009-07-01","***","***","***","***","***","***"]
["CIMENTOS ASFÁLTICOS CAP-85-100","2009-08-01","***","***","***","***","***","***"]
["CIMENTOS ASFÁLTICOS CAP-85-100","2009-09-01","***","***","***","***","***","***"]
["CIMENTOS ASFÁLTICOS CAP-85-100","2009-10-01","***","***","***","***","***","***"]
["CIMENTOS ASFÁLTICOS CAP-85-100","2009-11-01","***","***","***","***",1.13323,1.13323]
["CIMENTOS ASFÁLTICOS CAP-85-100","2009-12-01","***","***","***","***","***","***"]
["CIMENTOS ASFÁLTICOS CAP-85-100","2010-01-01","***","***","***","***","***","***"]
["CIMENTOS ASFÁLTICOS CAP-85-100","2010-02-01","***","***","***","***","***","***"]
["CIMENTOS ASFÁLTICOS CAP-85-100","2010-03-01","***","***","***","***","***","***"]
["CIMENTOS ASFÁLTICOS CAP-85-100","2010-04-01","***","***","***","***","***","***"]
["CIMENTOS ASFÁLTICOS CAP-85-100","2010-05-01","***","***","***","***","***","***"]
["CIMENTOS ASFÁLTICOS CAP-85-100","2010-06-01","***","***","***","***","***","***"]
["CIMENTOS ASFÁLTICOS CAP-85-100","2010-07-01","***","***","***","***","***","***"]
["CIMENTOS ASFÁLTICOS CAP-85-100","2010-08-01","***","***","***","***","***","***"]
["CIMENTOS ASFÁLTICOS CAP-85-100","2010-09-01","***","***","***","***","***","***"]
["CIMENTOS ASFÁLTICOS CAP-85-100","2010-10-01","***","***","***",1.19662,"***",1.19662]
["CIMENTOS ASFÁLTICOS CAP-85-100","2010-11-01","***","***","***",1.19662,"***",1.19662]
["CIMENTOS ASFÁLTICOS CAP-85-100","2010-12-01","***","***","***","***","***","***"]
["CIMENTOS ASFÁLTICOS CAP-85-100","2011-01-01","***","***","***","***","***","***"]
["CIMENTOS ASFÁLTICOS CAP-85-100","2011-02-01","***","***","***","***","***","***"]
["CIMENTOS ASFÁLTICOS CAP-85-100","2011-03-01","***","***","***","***","***","***"]
["CIMENTOS ASFÁLTICOS CAP-85-100","2011-04-01","***","***",1.2050000000000001,0.57030000000000003,"***",0.71767059689659085]
["CIMENTOS ASFÁLTICOS CAP-85-100","2011-05-01","***","***","***",0.56930000000000003,"***",0.56930000000000003]
["CIMENTOS ASFÁLTICOS CAP-85-100","2011-06-01","***","***","***","***",0.88490999999999997,0.88490999999999997]
["CIMENTOS ASFÁLTICOS CAP-85-100","2011-07-01","***","***",1.3648999999999998,"***","***",1.3648999999999998]
["CIMENTOS ASFÁLTICOS CAP-85-100","2011-08-01","***","***",1.3424453607802522,1.3506,"***",1.343165560112918]
["CIMENTOS ASFÁLTICOS CAP-85-100","2011-09-01","***","***",1.3371533215939639,"***","***",1.3371533215939639]
["CIMENTOS ASFÁLTICOS CAP-85-100","2011-10-01","***","***","***","***","***","***"]
["CIMENTOS ASFÁLTICOS CAP-85-100","2011-11-01","***","***",1.4185399999999999,"***","***",1.4185399999999999]
["CIMENTOS ASFÁLTICOS CAP-85-100","2011-12-01","***","***","***",0.93511945908301686,"***",0.93511945908301686]
["CIMENTOS ASFÁLTICOS CAP-85-100","2012-01-01","***","***",1.4185400000000001,"***","***",1.4185400000000001]
["CIMENTOS ASFÁLTICOS CAP-85-100","2012-02-01","***","***",1.41855,"***","***",1.41855]
["CIMENTOS ASFÁLTICOS CAP-85-100","2012-03-01","***","***","***","***","***","***"]
["CIMENTOS ASFÁLTICOS CAP-85-100","2012-04-01","***","***",1.4185399999999999,"***","***",1.4185399999999999]
["CIMENTOS ASFÁLTICOS CAP-85-100","2012-05-01","***","***",1.4185399999999999,"***","***",1.4185399999999999]
["CIMENTOS ASFÁLTICOS CAP-85-100","2012-06-01","***","***",1.4185400000000004,"***","***",1.4185400000000004]
["CIMENTOS ASFÁLTICOS CAP-85-100","2012-07-01","***","***",1.4185225066530773,"***","***",1.4185225066530773]
["CIMENTOS ASFÁLTICOS CAP-85-100","2012-08-01","***","***",1.4185369271393431,"***","***",1.4185369271393431]
["CIMENTOS ASFÁLTICOS CAP-85-100","2012-09-01","***","***",1.4311500061884379,"***","***",1.4311500061884379]
["CIMENTOS ASFÁLTICOS CAP-85-100","2012-10-01","***","***",1.4027483648897492,"***","***",1.4027483648897492]
["CIMENTOS ASFÁLTICOS CAP-85-100","2012-11-01","***","***",1.4089350775890115,"***","***",1.4089350775890115]
["CIMENTOS ASFÁLTICOS CAP-85-100","2012-12-01","***","***","***","***","***","***"]
["CIMENTOS ASFÁLTICOS CAP-85-100","2013-01-01","***","***","***","***","***","***"]
["CIMENTOS ASFÁLTICOS CAP-85-100","2013-02-01","***","***","***","***","***","***"]
["CIMENTOS ASFÁLTICOS CAP-85-100","2013-03-01","***","***","***","***","***","***"]
["CIMENTOS ASFÁLTICOS CAP-85-100","2013-04-01","***","***","***","***","***","***"]
["CIMENTOS ASFÁLTICOS CAP-85-100","2013-05-01","***","***","***","***","***","***"]
["CIMENTOS ASFÁLTICOS CAP-85-100","2013-06-01","***","***","***","***","***","***"]
["CIMENTOS ASFÁLTICOS CAP-85-100","2013-07-01","***","***","***","***","***","***"]
["CIMENTOS ASFÁLTICOS CAP-85-100","2013-08-01","***","***","***","***","***","***"]
["CIMENTOS ASFÁLTICOS CAP-85-100","2013-09-01","***","***","***","***","***","***"]
["CIMENTOS ASFÁLTICOS CAP-85-100","2013-10-01","***","***","***","***","***","***"]
["CIMENTOS ASFÁLTICOS CAP-85-100","2013-11-01","***","***","***","***","***","***"]
["CIMENTOS ASFÁLTICOS CAP-85-100","2013-12-01","***","***","***","***","***","***"]
["CIMENTOS ASFÁLTICOS CAP-85-100","2014-01-01","***","***","***","***","***","***"]
["CIMENTOS ASFÁLTICOS CAP-85-100","2014-02-01","***","***","***","***","***","***"]
["CIMENTOS ASFÁLTICOS CAP-85-100","2014-03-01","***","***","***","***","***","***"]
["CIMENTOS ASFÁLTICOS CAP-85-100","2014-04-01","***","***","***","***","***","***"]
["CIMENTOS ASFÁLTICOS CAP-85-100","2014-05-01","***","***","***","***",0.94121999999999995,0.94121999999999995]
["CIMENTOS ASFÁLTICOS CAP-85-100","2014-06-01","***","***","***","***","***","***"]
["CIMENTOS ASFÁLTICOS CAP-85-100","2014-07-01","***","***","***","***","***","***"]
["CIMENTOS ASFÁLTICOS CAP-85-100","2014-08-01","***","***","***","***",1.0109900000000001,1.0109900000000001]
["CIMENTOS ASFÁLTICOS CAP-85-100","2014-09-01","***","***","***","***","***","***"]
["CIMENTOS ASFÁLTICOS CAP-85-100","2014-10-01","***","***","***","***","***","***"]
["CIMENTOS ASFÁLTICOS CAP-85-100","2014-11-01","***","***","***","***","***","***"]
["CIMENTOS ASFÁLTICOS CAP-85-100","2014-12-01","***","***","***","***","***","***"]
["CIMENTOS ASFÁLTICOS CAP-85-100","2015-01-01","***","***","***","***","***","***"]
["CIMENTOS ASFÁLTICOS CAP-85-100","2015-02-01","***","***","***","***","***","***"]
["CIMENTOS ASFÁLTICOS CAP-85-100","2015-03-01","***","***","***","***","***","***"]
["CIMENTOS ASFÁLTICOS CAP-85-100","2015-04-01","***","***","***","***","***","***"]
["CIMENTOS ASFÁLTICOS CAP-85-100","2015-05-01","***","***","***","***","***","***"]
["CIMENTOS ASFÁLTICOS CAP-85-100","2015-06-01","***","***","***","***",1.3446,1.3446]
["CIMENTOS ASFÁLTICOS CAP-85-100","2015-07-01","***","***","***","***","***","***"]
["CIMENTOS ASFÁLTICOS CAP-85-100","2015-08-01","***","***","***","***","***","***"]
["CIMENTOS ASFÁLTICOS CAP-85-100","2015-09-01","***","***","***","***","***","***"]
["CIMENTOS ASFÁLTICOS CAP-85-100","2015-10-01","***","***","***","***","***","***"]
["CIMENTOS ASFÁLTICOS CAP-85-100","2015-11-01","***","***","***","***","***","***"]
["CIMENTOS ASFÁLTICOS CAP-85-100","2015-12-01","***","***","***","***","***","***"]
["CIMENTOS ASFÁLTICOS CAP-85-100","2016-01-01","***","***","***","***","***","***"]
["CIMENTOS ASFÁLTICOS CAP-85-100","2016-02-01","***","***","***","***","***","***"]
["CIMENTOS ASFÁLTICOS CAP-85-100","2016-03-01","***","***","***","***","***","***"]
["CIMENTOS ASFÁLTICOS CAP-85-100","2016-04-01","***","***","***","***","***","***"]
["CIMENTOS ASFÁLTICOS CAP-85-100","2016-05-01","***","***","***","***","***","***"]
["CIMENTOS ASFÁLTICOS CAP-85-100","2016-06-01","***","***","***","***","***","***"]
["CIMENTOS ASFÁLTICOS CAP-85-100","2016-07-01","***","***","***","***","***","***"]
["CIMENTOS ASFÁLTICOS CAP-85-100","2016-08-01","***","***","***","***","***","***"]
["CIMENTOS ASFÁLTICOS CAP-85-100","2016-09-01","***","***","***","***","***","***"]
["CIMENTOS ASFÁLTICOS CAP-85-100","2016-10-01","***","***","***","***","***","***"]
["CIMENTOS ASFÁLTICOS CAP-85-100","2016-11-01","***","***","***","***","***","***"]
["CIMENTOS ASFÁLTICOS CAP-85-100","2016-12-01","***","***","***","***","***","***"]
["CIMENTOS ASFÁLTICOS CAP-85-100","2017-01-01","***","***","***",1.4044165217391302,2.2347600000000001,2.1621444106463876]
["CIMENTOS ASFÁLTICOS CAP-85-100","2017-02-01","***","***","***",1.90513,"***",1.90513]
["CIMENTOS ASFÁLTICOS CAP-85-100","2017-03-01","***","***","***","***","***","***"]
["CIMENTOS ASFÁLTICOS CAP-85-100","2017-04-01","***","***","***",2.12534,"***",2.12534]
["CIMENTOS ASFÁLTICOS CAP-85-100","2017-05-01","***","***","***","***","***","***"]
["CIMENTOS ASFÁLTICOS CAP-85-100","2017-06-01","***","***","***","***","***","***"]
["CIMENTOS ASFÁLTICOS CAP-85-100","2017-07-01","***","***","***","***","***","***"]
["CIMENTOS ASFÁLTICOS CAP-85-100","2017-08-01","***","***","***","***","***","***"]
["CIMENTOS ASFÁLTICOS CAP-85-100","2017-09-01","***","***","***","***","***","***"]
["CIMENTOS ASFÁLTICOS CAP-85-100","2017-10-01","***","***","***","***","***","***"]
["CIMENTOS ASFÁLTICOS CAP-85-100","2017-11-01","***","***","***","***","***","***"]
["CIMENTOS ASFÁLTICOS CAP-85-100","2017-12-01","***","***","***",2.0910000000000002,"***",2.0910000000000002]
["CIMENTOS ASFÁLTICOS CAP-85-100","2018-01-01","***","***","***","***","***","***"]
["CIMENTOS ASFÁLTICOS CAP-85-100","2018-02-01","***","***","***","***","***","***"]
["CIMENTOS ASFÁLTICOS CAP-85-100","2018-03-01","***","***","***",4.444,"***",4.444]
["CIMENTOS ASFÁLTICOS CAP-85-100","2018-04-01","***","***","***","***","***","***"]
["CIMENTOS ASFÁLTICOS CAP-85-100","2018-05-01","***","***","***","***","***","***"]
["CIMENTOS ASFÁLTICOS CAP-85-100","2018-06-01","***","***","***","***","***","***"]
["CIMENTOS ASFÁLTICOS CAP-85-100","2018-07-01","***","***","***","***","***","***"]
["CIMENTOS ASFÁLTICOS CAP-85-100","2018-08-01","***","***","***","***","***","***"]
["CIMENTOS ASFÁLTICOS CAP-85-100","2018-09-01","***","***","***","***","***","***"]
["CIMENTOS ASFÁLTICOS CAP-85-100","2018-10-01","***","***","***","***","***","***"]
["CIMENTOS ASFÁLTICOS CAP-85-100","2018-11-01","***","***","***","***","***","***"]
["CIMENTOS ASFÁLTICOS CAP-85-100","2018-12-01","***","***","***","***","***","***"]
["CIMENTOS ASFÁLTICOS CAP-85-100","2019-01-01","***","***","***","***","***","***"]
["CIMENTOS ASFÁLTICOS CAP-85-100","2019-02-01","***","***","***","***","***","***"]
["CIMENTOS ASFÁLTICOS CAP-85-100","2019-03-01","***","***","***","***","***","***"]
["CIMENTOS ASFÁLTICOS CAP-85-100","2019-04-01","***","***","***","***","***","***"]
["CIMENTOS ASFÁLTICOS CAP-85-100","2019-05-01","***","***","***","***","***","***"]
["CIMENTOS ASFÁLTICOS CAP-85-100","2019-06-01","***","***","***","***","***","***"]
["CIMENTOS ASFÁLTICOS CAP-85-100","2019-07-01","***","***","***","***","***","***"]
["CIMENTOS ASFÁLTICOS CAP-85-100","2019-08-01","***","***","***","***","***","***"]
["CIMENTOS ASFÁLTICOS CAP-85-100","2019-09-01","***","***","***","***","***","***"]
["CIMENTOS ASFÁLTICOS CAP-85-100","2019-10-01","***","***","***","***","***","***"]
["CIMENTOS ASFÁLTICOS CAP-85-100","2019-11-01","***","***","***","***","***","***"]
["CIMENTOS ASFÁLTICOS CAP-85-100","2019-12-01","***","***","***","***","***","***"]
["CIMENTOS ASFÁLTICOS CAP-85-100","2020-01-01","***","***","***","***","***","***"]
["CIMENTOS ASFÁLTICOS CAP-85-100","2020-02-01","***","***","***","***","***","***"]
["CIMENTOS ASFÁLTICOS CAP-85-100","2020-03-01","***","***","***","***","***","***"]
["CIMENTOS ASFÁLTICOS CAP-85-100","2020-04-01","***","***","***","***","***","***"]
["CIMENTOS ASFÁLTICOS CAP-85-100","2020-05-01","***","***","***","***","***","***"]
["CIMENTOS ASFÁLTICOS CAP-85-100","2020-06-01","***","***","***","***","***","***"]
["CIMENTOS ASFÁLTICOS CAP-85-100","2020-07-01","***","***","***","***","***","***"]
["CIMENTOS ASFÁLTICOS CAP-85-100","2020-08-01","***","***","***",1.7318434873949582,"***",1.7318434873949582]
["CIMENTOS ASFÁLTICOS CAP-85-100","2020-09-01","***","***","***",1.9205066437515348,"***",1.9205066437515348]
["CIMENTOS ASFÁLTICOS CAP-85-100","2020-10-01","***","***","***","***","***","***"]
["CIMENTOS ASFÁLTICOS CAP-85-100","2020-11-01","***","***","***","***","***","***"]
["CIMENTOS ASFÁLTICOS CAP-85-100","2020-12-01","***","***","***","***","***","***"]
["CIMENTOS ASFÁLTICOS CAP-85-100","2021-01-01","***","***","***","***","***","***"]
["CIMENTOS ASFÁLTICOS CAP-85-100","2021-02-01","***","***","***","***","***","***"]
["CIMENTOS ASFÁLTICOS CAP-85-100","2021-03-01","***","***","***","***","***","***"]
["CIMENTOS ASFÁLTICOS CAP-85-100","2021-04-01","***","***","***","***","***","***"]
["CIMENTOS ASFÁLTICOS CAP-85-100","2021-05-01","***","***","***","***","***","***"]
["CIMENTOS ASFÁLTICOS CAP-85-100","2021-06-01","***","***","***","***","***","***"]
["CIMENTOS ASFÁLTICOS CAP-85-100","2021-07-01","***","***","***","***","***","***"]
["CIMENTOS ASFÁLTICOS CAP-85-100","2021-08-01","***","***","***","***","***","***"]
["CIMENTOS ASFÁLTICOS CAP-85-100","2021-09-01","***","***","***","***","***","***"]
["CIMENTOS ASFÁLTICOS CAP-85-100","2021-10-01","***","***","***","***","***","***"]
["CIMENTOS ASFÁLTICOS CAP-85-100","2021-11-01","***","***","***","***","***","***"]
["CIMENTOS ASFÁLTICOS CAP-85-100","2021-12-01","***","***","***","***","***","***"]
["CIMENTOS ASFÁLTICOS CAP-85-100","2022-01-01","***","***","***","***","***","***"]
["CIMENTOS ASFÁLTICOS CAP-85-100","2022-02-01","***","***","***","***","***","***"]
["CIMENTOS ASFÁLTICOS CAP-85-100","2022-03-01","***","***","***","***","***","***"]
["CIMENTOS ASFÁLTICOS CAP-85-100","2022-04-01","***","***","***","***","***","***"]
["CIMENTOS ASFÁLTICOS CAP-85-100","2022-05-01","***","***","***","***","***","***"]
["CIMENTOS ASFÁLTICOS CAP-85-100","2022-06-01","***","***","***","***","***","***"]
["CIMENTOS ASFÁLTICOS CAP-85-100","2022-07-01","***","***","***","***","***","***"]
["CIMENTOS ASFÁLTICOS CAP-85-100","2022-08-01","***","***","***","***","***","***"]
["CIMENTOS ASFÁLTICOS CAP-85-100","2022-09-01","***","***","***","***","***","***"]
["CIMENTOS ASFÁLTICOS CAP-85-100","2022-10-01","***","***","***","***","***","***"]
["CIMENTOS ASFÁLTICOS CAP-85-100","2022-11-01","***","***","***","***","***","***"]
["CIMENTOS ASFÁLTICOS CAP-85-100","2022-12-01","***","***","***","***","***","***"]
["CIMENTOS ASFÁLTICOS CAP-85-100","2023-01-01","***","***","***","***","***","***"]
["CIMENTOS ASFÁLTICOS CAP-85-100","2023-02-01","***","***","***","***","***","***"]
["CIMENTOS ASFÁLTICOS CAP-85-100","2023-03-01","***","***","***","***","***","***"]
["CIMENTOS ASFÁLTICOS CAP-85-100","2023-04-01","***","***","***","***","***","***"]
["CIMENTOS ASFÁLTICOS CAP-85-100","2023-05-01","***","***","***","***","***","***"]
["CIMENTOS ASFÁLTICOS CAP-85-100","2023-06-01","***","***","***","***","***","***"]
["CIMENTOS ASFÁLTICOS CAP-85-100","2023-07-01","***","***","***","***","***","***"]
["CIMENTOS ASFÁLTICOS CAP-85-100","2023-08-01","***","***","***","***","***","***"]
["CIMENTOS ASFÁLTICOS CAP-85-100","2023-09-01","***","***","***","***","***","***"]
["CIMENTOS ASFÁLTICOS CAP-85-100","2023-10-01","***","***","***","***","***","***"]
["CIMENTOS ASFÁLTICOS CAP-85-100","2023-11-01","***","***","***","***","***","***"]
["CIMENTOS ASFÁLTICOS CAP-85-100","2023-12-01","***","***","***","***","***","***"]
["CIMENTOS ASFÁLTICOS CAP-85-100","2024-01-01","***","***","***","***","***","***"]
["CIMENTOS ASFÁLTICOS CAP-85-100","2024-02-01","***","***","***","***","***","***"]
["CIMENTOS ASFÁLTICOS CAP-85-100","2024-03-01","***","***","***","***","***","***"]
["CIMENTOS ASFÁLTICOS CAP-85-100","2024-04-01","***","***","***","***","***","***"]
["CIMENTOS ASFÁLTICOS CAP-85-100","2024-05-01","***","***","***","***","***","***"]
["CIMENTOS ASFÁLTICOS CAP-85-100","2024-06-01","***","***","***","***","***","***"]
["CIMENTOS ASFÁLTICOS CAP-85-100","2024-07-01","***","***","***","***","***","***"]
["EMULSÃO ASFÁLTICA CATIÔNICA DE RUPTURA CONTROLADA PARA SERVIÇO DE LAMA ASFÁLTICA","2015-09-01","***",0.60999999999999988,"***","***","***",0.60999999999999988]
["EMULSÃO ASFÁLTICA CATIÔNICA DE RUPTURA CONTROLADA PARA SERVIÇO DE LAMA ASFÁLTICA","2015-10-01","***",0.61,"***","***","***",0.61]
["EMULSÃO ASFÁLTICA CATIÔNICA DE RUPTURA CONTROLADA PARA SERVIÇO DE LAMA ASFÁLTICA","2015-11-01","***",1.689795501022495,"***","***","***",1.689795501022495]
["EMULSÃO ASFÁLTICA CATIÔNICA DE RUPTURA CONTROLADA PARA SERVIÇO DE LAMA ASFÁLTICA","2015-12-01","***","***","***","***","***","***"]
["EMULSÃO ASFÁLTICA CATIÔNICA DE RUPTURA CONTROLADA PARA SERVIÇO DE LAMA ASFÁLTICA","2016-01-01","***","***","***","***","***","***"]
["EMULSÃO ASFÁLTICA CATIÔNICA DE RUPTURA CONTROLADA PARA SERVIÇO DE LAMA ASFÁLTICA","2016-02-01","***","***","***","***","***","***"]
["EMULSÃO ASFÁLTICA CATIÔNICA DE RUPTURA CONTROLADA PARA SERVIÇO DE LAMA ASFÁLTICA","2016-03-01","***","***","***","***","***","***"]
["EMULSÃO ASFÁLTICA CATIÔNICA DE RUPTURA CONTROLADA PARA SERVIÇO DE LAMA ASFÁLTICA","2016-04-01","***",2.13,"***","***","***",2.13]
["EMULSÃO ASFÁLTICA CATIÔNICA DE RUPTURA CONTROLADA PARA SERVIÇO DE LAMA ASFÁLTICA","2016-05-01","***",2.13,"***","***","***",2.13]
["EMULSÃO ASFÁLTICA CATIÔNICA DE RUPTURA CONTROLADA PARA SERVIÇO DE LAMA ASFÁLTICA","2016-06-01","***",1.42,"***","***","***",1.42]
["EMULSÃO ASFÁLTICA CATIÔNICA DE RUPTURA CONTROLADA PARA SERVIÇO DE LAMA ASFÁLTICA","2016-07-01","***","***","***",1.6910000000000001,"***",1.6910000000000001]
["EMULSÃO ASFÁLTICA CATIÔNICA DE RUPTURA CONTROLADA PARA SERVIÇO DE LAMA ASFÁLTICA","2016-08-01","***",1.42,"***",1.6920999999999999,"***",1.6412506050674398]
["EMULSÃO ASFÁLTICA CATIÔNICA DE RUPTURA CONTROLADA PARA SERVIÇO DE LAMA ASFÁLTICA","2016-09-01","***",1.42,1.4028000000000003,1.5048999999999999,"***",1.4719204599129896]
["EMULSÃO ASFÁLTICA CATIÔNICA DE RUPTURA CONTROLADA PARA SERVIÇO DE LAMA ASFÁLTICA","2016-10-01","***",1.4200000000000002,1.4058000000000002,1.5065000000000002,"***",1.4432348359881635]
["EMULSÃO ASFÁLTICA CATIÔNICA DE RUPTURA CONTROLADA PARA SERVIÇO DE LAMA ASFÁLTICA","2016-11-01","***",1.42,"***","***","***",1.42]
["EMULSÃO ASFÁLTICA CATIÔNICA DE RUPTURA CONTROLADA PARA SERVIÇO DE LAMA ASFÁLTICA","2016-12-01","***","***","***","***","***","***"]
["EMULSÃO ASFÁLTICA CATIÔNICA DE RUPTURA CONTROLADA PARA SERVIÇO DE LAMA ASFÁLTICA","2017-01-01","***","***","***","***","***","***"]
["EMULSÃO ASFÁLTICA CATIÔNICA DE RUPTURA CONTROLADA PARA SERVIÇO DE LAMA ASFÁLTICA","2017-02-01","***","***","***","***","***","***"]
["EMULSÃO ASFÁLTICA CATIÔNICA DE RUPTURA CONTROLADA PARA SERVIÇO DE LAMA ASFÁLTICA","2017-03-01","***","***","***","***","***","***"]
["EMULSÃO ASFÁLTICA CATIÔNICA DE RUPTURA CONTROLADA PARA SERVIÇO DE LAMA ASFÁLTICA","2017-04-01","***","***","***","***","***","***"]
["EMULSÃO ASFÁLTICA CATIÔNICA DE RUPTURA CONTROLADA PARA SERVIÇO DE LAMA ASFÁLTICA","2017-05-01","***","***","***","***","***","***"]
["EMULSÃO ASFÁLTICA CATIÔNICA DE RUPTURA CONTROLADA PARA SERVIÇO DE LAMA ASFÁLTICA","2017-06-01","***",1.41,1.3833,"***","***",1.3961805746140652]
["EMULSÃO ASFÁLTICA CATIÔNICA DE RUPTURA CONTROLADA PARA SERVIÇO DE LAMA ASFÁLTICA","2017-07-01","***",1.4097,1.4194392519697907,"***","***",1.4186773227254919]
["EMULSÃO ASFÁLTICA CATIÔNICA DE RUPTURA CONTROLADA PARA SERVIÇO DE LAMA ASFÁLTICA","2017-08-01","***","***",1.3834,"***","***",1.3834]
["EMULSÃO ASFÁLTICA CATIÔNICA DE RUPTURA CONTROLADA PARA SERVIÇO DE LAMA ASFÁLTICA","2017-09-01","***","***",1.3422000000000001,"***","***",1.3422000000000001]
["EMULSÃO ASFÁLTICA CATIÔNICA DE RUPTURA CONTROLADA PARA SERVIÇO DE LAMA ASFÁLTICA","2017-10-01","***","***",1.3260000000000001,1.266075020741672,1.1927022584520337,1.2618354709983683]
["EMULSÃO ASFÁLTICA CATIÔNICA DE RUPTURA CONTROLADA PARA SERVIÇO DE LAMA ASFÁLTICA","2017-11-01","***","***","***",1.3512599999999999,"***",1.3512599999999999]
["EMULSÃO ASFÁLTICA CATIÔNICA DE RUPTURA CONTROLADA PARA SERVIÇO DE LAMA ASFÁLTICA","2017-12-01","***","***","***",1.3113387299415351,1.1678200000000001,1.2862866875449226]
["EMULSÃO ASFÁLTICA CATIÔNICA DE RUPTURA CONTROLADA PARA SERVIÇO DE LAMA ASFÁLTICA","2018-01-01","***","***","***",1.3656299999999997,"***",1.3656299999999997]
["EMULSÃO ASFÁLTICA CATIÔNICA DE RUPTURA CONTROLADA PARA SERVIÇO DE LAMA ASFÁLTICA","2018-02-01","***","***","***",1.3656299999999997,"***",1.3656299999999997]
["EMULSÃO ASFÁLTICA CATIÔNICA DE RUPTURA CONTROLADA PARA SERVIÇO DE LAMA ASFÁLTICA","2018-03-01","***","***","***",1.3643267765361471,1.2826599999999999,1.3574379085357575]
["EMULSÃO ASFÁLTICA CATIÔNICA DE RUPTURA CONTROLADA PARA SERVIÇO DE LAMA ASFÁLTICA","2018-04-01","***","***","***",1.3468059623002917,"***",1.3468059623002917]
["EMULSÃO ASFÁLTICA CATIÔNICA DE RUPTURA CONTROLADA PARA SERVIÇO DE LAMA ASFÁLTICA","2018-05-01","***","***","***",1.40157,1.27651,1.3682738124345093]
["EMULSÃO ASFÁLTICA CATIÔNICA DE RUPTURA CONTROLADA PARA SERVIÇO DE LAMA ASFÁLTICA","2018-06-01","***",1.7265999999999999,"***",1.4650838645418325,"***",1.5399886282871358]
["EMULSÃO ASFÁLTICA CATIÔNICA DE RUPTURA CONTROLADA PARA SERVIÇO DE LAMA ASFÁLTICA","2018-07-01","***","***","***","***","***","***"]
["EMULSÃO ASFÁLTICA CATIÔNICA DE RUPTURA CONTROLADA PARA SERVIÇO DE LAMA ASFÁLTICA","2018-08-01","***","***","***","***","***","***"]
["EMULSÃO ASFÁLTICA CATIÔNICA DE RUPTURA CONTROLADA PARA SERVIÇO DE LAMA ASFÁLTICA","2018-09-01","***","***","***","***","***","***"]
["EMULSÃO ASFÁLTICA CATIÔNICA DE RUPTURA CONTROLADA PARA SERVIÇO DE LAMA ASFÁLTICA","2018-10-01","***","***","***","***",1.99068,1.99068]
["EMULSÃO ASFÁLTICA CATIÔNICA DE RUPTURA CONTROLADA PARA SERVIÇO DE LAMA ASFÁLTICA","2018-11-01","***","***","***","***","***","***"]
["EMULSÃO ASFÁLTICA CATIÔNICA DE RUPTURA CONTROLADA PARA SERVIÇO DE LAMA ASFÁLTICA","2018-12-01","***","***","***","***","***","***"]
["EMULSÃO ASFÁLTICA CATIÔNICA DE RUPTURA CONTROLADA PARA SERVIÇO DE LAMA ASFÁLTICA","2019-01-01","***","***","***","***","***","***"]
["EMULSÃO ASFÁLTICA CATIÔNICA DE RUPTURA CONTROLADA PARA SERVIÇO DE LAMA ASFÁLTICA","2019-02-01","***","***","***","***","***","***"]
["EMULSÃO ASFÁLTICA CATIÔNICA DE RUPTURA CONTROLADA PARA SERVIÇO DE LAMA ASFÁLTICA","2019-03-01","***","***","***","***","***","***"]
["EMULSÃO ASFÁLTICA CATIÔNICA DE RUPTURA CONTROLADA PARA SERVIÇO DE LAMA ASFÁLTICA","2019-04-01","***","***","***","***",2.3486199999999999,2.3486199999999999]
["EMULSÃO ASFÁLTICA CATIÔNICA DE RUPTURA CONTROLADA PARA SERVIÇO DE LAMA ASFÁLTICA","2019-05-01","***","***","***","***","***","***"]
["EMULSÃO ASFÁLTICA CATIÔNICA DE RUPTURA CONTROLADA PARA SERVIÇO DE LAMA ASFÁLTICA","2019-06-01","***","***","***","***","***","***"]
["EMULSÃO ASFÁLTICA CATIÔNICA DE RUPTURA CONTROLADA PARA SERVIÇO DE LAMA ASFÁLTICA","2019-07-01","***","***","***","***",2.3182500000000004,2.3182500000000004]
["EMULSÃO ASFÁLTICA CATIÔNICA DE RUPTURA CONTROLADA PARA SERVIÇO DE LAMA ASFÁLTICA","2019-08-01","***","***","***","***",2.3486199999999999,2.3486199999999999]
["EMULSÃO ASFÁLTICA CATIÔNICA DE RUPTURA CONTROLADA PARA SERVIÇO DE LAMA ASFÁLTICA","2019-09-01","***","***","***","***",2.3240099999999999,2.3240099999999999]
["EMULSÃO ASFÁLTICA CATIÔNICA DE RUPTURA CONTROLADA PARA SERVIÇO DE LAMA ASFÁLTICA","2019-10-01","***","***","***","***","***","***"]
["EMULSÃO ASFÁLTICA CATIÔNICA DE RUPTURA CONTROLADA PARA SERVIÇO DE LAMA ASFÁLTICA","2019-11-01","***","***","***",2.6280899999999998,"***",2.6280899999999998]
["EMULSÃO ASFÁLTICA CATIÔNICA DE RUPTURA CONTROLADA PARA SERVIÇO DE LAMA ASFÁLTICA","2019-12-01","***","***","***",2.6280899999999998,"***",2.6280899999999998]
["EMULSÃO ASFÁLTICA CATIÔNICA DE RUPTURA CONTROLADA PARA SERVIÇO DE LAMA ASFÁLTICA","2020-01-01","***",2.0081199999999999,"***","***","***",2.0081199999999999]
["EMULSÃO ASFÁLTICA CATIÔNICA DE RUPTURA CONTROLADA PARA SERVIÇO DE LAMA ASFÁLTICA","2020-02-01","***","***","***",2.6280899999999998,"***",2.6280899999999998]
["EMULSÃO ASFÁLTICA CATIÔNICA DE RUPTURA CONTROLADA PARA SERVIÇO DE LAMA ASFÁLTICA","2020-03-01","***",2.00813,"***","***","***",2.00813]
["EMULSÃO ASFÁLTICA CATIÔNICA DE RUPTURA CONTROLADA PARA SERVIÇO DE LAMA ASFÁLTICA","2020-04-01","***",2.0081199999999999,"***","***","***",2.0081199999999999]
["EMULSÃO ASFÁLTICA CATIÔNICA DE RUPTURA CONTROLADA PARA SERVIÇO DE LAMA ASFÁLTICA","2020-05-01","***",2.0081199999999999,"***",2.6280899999999998,"***",2.4163402265372165]
["EMULSÃO ASFÁLTICA CATIÔNICA DE RUPTURA CONTROLADA PARA SERVIÇO DE LAMA ASFÁLTICA","2020-06-01","***","***","***","***","***","***"]
["EMULSÃO ASFÁLTICA CATIÔNICA DE RUPTURA CONTROLADA PARA SERVIÇO DE LAMA ASFÁLTICA","2020-07-01","***","***","***",2.6280899999999994,"***",2.6280899999999994]
["EMULSÃO ASFÁLTICA CATIÔNICA DE RUPTURA CONTROLADA PARA SERVIÇO DE LAMA ASFÁLTICA","2020-08-01","***","***",2.4412500000000001,2.6280899999999998,"***",2.5034011814089308]
["EMULSÃO ASFÁLTICA CATIÔNICA DE RUPTURA CONTROLADA PARA SERVIÇO DE LAMA ASFÁLTICA","2020-09-01","***","***",2.4412500000000001,2.6280899999999998,"***",2.5037925079030559]
["EMULSÃO ASFÁLTICA CATIÔNICA DE RUPTURA CONTROLADA PARA SERVIÇO DE LAMA ASFÁLTICA","2020-10-01","***","***",2.4412499999999997,2.6280899999999998,"***",2.4876601820100235]
["EMULSÃO ASFÁLTICA CATIÔNICA DE RUPTURA CONTROLADA PARA SERVIÇO DE LAMA ASFÁLTICA","2020-11-01","***","***","***",2.6280899999999994,"***",2.6280899999999994]
["EMULSÃO ASFÁLTICA CATIÔNICA DE RUPTURA CONTROLADA PARA SERVIÇO DE LAMA ASFÁLTICA","2020-12-01","***","***",2.5987499999999999,2.4680200000000001,"***",2.5651313138082994]
["EMULSÃO ASFÁLTICA CATIÔNICA DE RUPTURA CONTROLADA PARA SERVIÇO DE LAMA ASFÁLTICA","2021-01-01","***","***","***","***","***","***"]
["EMULSÃO ASFÁLTICA CATIÔNICA DE RUPTURA CONTROLADA PARA SERVIÇO DE LAMA ASFÁLTICA","2021-02-01","***","***","***",2.4680200000000001,"***",2.4680200000000001]
["EMULSÃO ASFÁLTICA CATIÔNICA DE RUPTURA CONTROLADA PARA SERVIÇO DE LAMA ASFÁLTICA","2021-03-01","***","***","***",2.4623599999999999,"***",2.4623599999999999]
["EMULSÃO ASFÁLTICA CATIÔNICA DE RUPTURA CONTROLADA PARA SERVIÇO DE LAMA ASFÁLTICA","2021-04-01","***",2.331,"***","***","***",2.331]
["EMULSÃO ASFÁLTICA CATIÔNICA DE RUPTURA CONTROLADA PARA SERVIÇO DE LAMA ASFÁLTICA","2021-05-01","***","***","***",2.4258099999999998,"***",2.4258099999999998]
["EMULSÃO ASFÁLTICA CATIÔNICA DE RUPTURA CONTROLADA PARA SERVIÇO DE LAMA ASFÁLTICA","2021-06-01","***","***","***",2.4258099999999998,"***",2.4258099999999998]
["EMULSÃO ASFÁLTICA CATIÔNICA DE RUPTURA CONTROLADA PARA SERVIÇO DE LAMA ASFÁLTICA","2021-07-01","***","***","***",2.7059199999999999,"***",2.7059199999999999]
["EMULSÃO ASFÁLTICA CATIÔNICA DE RUPTURA CONTROLADA PARA SERVIÇO DE LAMA ASFÁLTICA","2021-08-01","***","***","***","***","***","***"]
["EMULSÃO ASFÁLTICA CATIÔNICA DE RUPTURA CONTROLADA PARA SERVIÇO DE LAMA ASFÁLTICA","2021-09-01","***","***","***",3.13598,"***",3.13598]
["EMULSÃO ASFÁLTICA CATIÔNICA DE RUPTURA CONTROLADA PARA SERVIÇO DE LAMA ASFÁLTICA","2021-10-01","***","***",3.1943999999999999,"***","***",3.1943999999999999]
["EMULSÃO ASFÁLTICA CATIÔNICA DE RUPTURA CONTROLADA PARA SERVIÇO DE LAMA ASFÁLTICA","2021-11-01","***","***",3.6162040636093602,"***","***",3.6162040636093602]
["EMULSÃO ASFÁLTICA CATIÔNICA DE RUPTURA CONTROLADA PARA SERVIÇO DE LAMA ASFÁLTICA","2021-12-01","***","***",3.7479760908551949,"***","***",3.7479760908551949]
["EMULSÃO ASFÁLTICA CATIÔNICA DE RUPTURA CONTROLADA PARA SERVIÇO DE LAMA ASFÁLTICA","2022-01-01","***","***","***","***","***","***"]
["EMULSÃO ASFÁLTICA CATIÔNICA DE RUPTURA CONTROLADA PARA SERVIÇO DE LAMA ASFÁLTICA","2022-02-01","***","***","***",3.4192499999999999,"***",3.4192499999999999]
["EMULSÃO ASFÁLTICA CATIÔNICA DE RUPTURA CONTROLADA PARA SERVIÇO DE LAMA ASFÁLTICA","2022-03-01","***","***","***","***","***","***"]
["EMULSÃO ASFÁLTICA CATIÔNICA DE RUPTURA CONTROLADA PARA SERVIÇO DE LAMA ASFÁLTICA","2022-04-01","***","***","***","***","***","***"]
["EMULSÃO ASFÁLTICA CATIÔNICA DE RUPTURA CONTROLADA PARA SERVIÇO DE LAMA ASFÁLTICA","2022-05-01","***","***","***","***","***","***"]
["EMULSÃO ASFÁLTICA CATIÔNICA DE RUPTURA CONTROLADA PARA SERVIÇO DE LAMA ASFÁLTICA","2022-06-01","***","***","***",3.5394700000000001,"***",3.5394700000000001]
["EMULSÃO ASFÁLTICA CATIÔNICA DE RUPTURA CONTROLADA PARA SERVIÇO DE LAMA ASFÁLTICA","2022-07-01","***","***","***",3.5394700000000001,"***",3.5394700000000001]
["EMULSÃO ASFÁLTICA CATIÔNICA DE RUPTURA CONTROLADA PARA SERVIÇO DE LAMA ASFÁLTICA","2022-08-01","***","***","***","***","***","***"]
["EMULSÃO ASFÁLTICA CATIÔNICA DE RUPTURA CONTROLADA PARA SERVIÇO DE LAMA ASFÁLTICA","2022-09-01","***","***","***","***","***","***"]
["EMULSÃO ASFÁLTICA CATIÔNICA DE RUPTURA CONTROLADA PARA SERVIÇO DE LAMA ASFÁLTICA","2022-10-01","***","***","***",3.5979138425357875,"***",3.5979138425357875]
["EMULSÃO ASFÁLTICA CATIÔNICA DE RUPTURA CONTROLADA PARA SERVIÇO DE LAMA ASFÁLTICA","2022-11-01","***","***","***",3.6104999999999996,"***",3.6104999999999996]
["EMULSÃO ASFÁLTICA CATIÔNICA DE RUPTURA CONTROLADA PARA SERVIÇO DE LAMA ASFÁLTICA","2022-12-01","***","***","***",3.6105,"***",3.6105]
["EMULSÃO ASFÁLTICA CATIÔNICA DE RUPTURA CONTROLADA PARA SERVIÇO DE LAMA ASFÁLTICA","2023-01-01","***","***","***","***","***","***"]
["EMULSÃO ASFÁLTICA CATIÔNICA DE RUPTURA CONTROLADA PARA SERVIÇO DE LAMA ASFÁLTICA","2023-02-01","***","***","***","***","***","***"]
["EMULSÃO ASFÁLTICA CATIÔNICA DE RUPTURA CONTROLADA PARA SERVIÇO DE LAMA ASFÁLTICA","2023-03-01","***","***","***","***","***","***"]
["EMULSÃO ASFÁLTICA CATIÔNICA DE RUPTURA CONTROLADA PARA SERVIÇO DE LAMA ASFÁLTICA","2023-04-01","***","***","***","***","***","***"]
["EMULSÃO ASFÁLTICA CATIÔNICA DE RUPTURA CONTROLADA PARA SERVIÇO DE LAMA ASFÁLTICA","2023-05-01","***","***","***","***","***","***"]
["EMULSÃO ASFÁLTICA CATIÔNICA DE RUPTURA CONTROLADA PARA SERVIÇO DE LAMA ASFÁLTICA","2023-06-01","***","***","***","***","***","***"]
["EMULSÃO ASFÁLTICA CATIÔNICA DE RUPTURA CONTROLADA PARA SERVIÇO DE LAMA ASFÁLTICA","2023-07-01","***","***","***","***","***","***"]
["EMULSÃO ASFÁLTICA CATIÔNICA DE RUPTURA CONTROLADA PARA SERVIÇO DE LAMA ASFÁLTICA","2023-08-01","***","***","***","***","***","***"]
["EMULSÃO ASFÁLTICA CATIÔNICA DE RUPTURA CONTROLADA PARA SERVIÇO DE LAMA ASFÁLTICA","2023-09-01","***","***","***","***","***","***"]
["EMULSÃO ASFÁLTICA CATIÔNICA DE RUPTURA CONTROLADA PARA SERVIÇO DE LAMA ASFÁLTICA","2023-10-01","***","***","***","***","***","***"]
["EMULSÃO ASFÁLTICA CATIÔNICA DE RUPTURA CONTROLADA PARA SERVIÇO DE LAMA ASFÁLTICA","2023-11-01","***","***","***","***","***","***"]
["EMULSÃO ASFÁLTICA CATIÔNICA DE RUPTURA CONTROLADA PARA SERVIÇO DE LAMA ASFÁLTICA","2023-12-01","***","***","***","***","***","***"]
["EMULSÃO ASFÁLTICA CATIÔNICA DE RUPTURA CONTROLADA PARA SERVIÇO DE LAMA ASFÁLTICA","2024-01-01","***","***","***","***","***","***"]
["EMULSÃO ASFÁLTICA CATIÔNICA DE RUPTURA CONTROLADA PARA SERVIÇO DE LAMA ASFÁLTICA","2024-02-01","***",2.9875799999999999,"***","***","***",2.9875799999999999]
["EMULSÃO ASFÁLTICA CATIÔNICA DE RUPTURA CONTROLADA PARA SERVIÇO DE LAMA ASFÁLTICA","2024-03-01","***",2.9074899999999997,"***","***","***",2.9074899999999997]
["EMULSÃO ASFÁLTICA CATIÔNICA DE RUPTURA CONTROLADA PARA SERVIÇO DE LAMA ASFÁLTICA","2024-04-01","***",2.9074900000000006,"***","***","***",2.9074900000000006]
["EMULSÃO ASFÁLTICA CATIÔNICA DE RUPTURA CONTROLADA PARA SERVIÇO DE LAMA ASFÁLTICA","2024-05-01","***",3.0521846814082045,"***","***","***",3.0521846814082045]
["EMULSÃO ASFÁLTICA CATIÔNICA DE RUPTURA CONTROLADA PARA SERVIÇO DE LAMA ASFÁLTICA","2024-06-01","***",3.1209845508390917,"***","***","***",3.1209845508390917]
["EMULSÃO ASFÁLTICA CATIÔNICA DE RUPTURA CONTROLADA PARA SERVIÇO DE LAMA ASFÁLTICA","2024-07-01","***",3.1665000000000001,"***","***","***",3.1665000000000001]
["EMULSÃO ASFÁLTICA DE RUPTURA LENTA CATIÔNICA PARA SERVIÇO DE LAMA ASFÁLTICA","2015-09-01","***","***","***","***","***","***"]
["EMULSÃO ASFÁLTICA DE RUPTURA LENTA CATIÔNICA PARA SERVIÇO DE LAMA ASFÁLTICA","2015-10-01","***","***","***","***","***","***"]
["EMULSÃO ASFÁLTICA DE RUPTURA LENTA CATIÔNICA PARA SERVIÇO DE LAMA ASFÁLTICA","2015-11-01","***","***","***","***","***","***"]
["EMULSÃO ASFÁLTICA DE RUPTURA LENTA CATIÔNICA PARA SERVIÇO DE LAMA ASFÁLTICA","2015-12-01","***","***","***","***","***","***"]
["EMULSÃO ASFÁLTICA DE RUPTURA LENTA CATIÔNICA PARA SERVIÇO DE LAMA ASFÁLTICA","2016-01-01","***","***","***","***","***","***"]
["EMULSÃO ASFÁLTICA DE RUPTURA LENTA CATIÔNICA PARA SERVIÇO DE LAMA ASFÁLTICA","2016-02-01","***","***","***","***","***","***"]
["EMULSÃO ASFÁLTICA DE RUPTURA LENTA CATIÔNICA PARA SERVIÇO DE LAMA ASFÁLTICA","2016-03-01","***","***","***","***","***","***"]
["EMULSÃO ASFÁLTICA DE RUPTURA LENTA CATIÔNICA PARA SERVIÇO DE LAMA ASFÁLTICA","2016-04-01","***","***","***","***","***","***"]
["EMULSÃO ASFÁLTICA DE RUPTURA LENTA CATIÔNICA PARA SERVIÇO DE LAMA ASFÁLTICA","2016-05-01","***","***","***","***","***","***"]
["EMULSÃO ASFÁLTICA DE RUPTURA LENTA CATIÔNICA PARA SERVIÇO DE LAMA ASFÁLTICA","2016-06-01","***","***","***","***","***","***"]
["EMULSÃO ASFÁLTICA DE RUPTURA LENTA CATIÔNICA PARA SERVIÇO DE LAMA ASFÁLTICA","2016-07-01","***","***","***","***","***","***"]
["EMULSÃO ASFÁLTICA DE RUPTURA LENTA CATIÔNICA PARA SERVIÇO DE LAMA ASFÁLTICA","2016-08-01","***","***","***","***","***","***"]
["EMULSÃO ASFÁLTICA DE RUPTURA LENTA CATIÔNICA PARA SERVIÇO DE LAMA ASFÁLTICA","2016-09-01","***","***","***","***","***","***"]
["EMULSÃO ASFÁLTICA DE RUPTURA LENTA CATIÔNICA PARA SERVIÇO DE LAMA ASFÁLTICA","2016-10-01","***","***","***","***","***","***"]
["EMULSÃO ASFÁLTICA DE RUPTURA LENTA CATIÔNICA PARA SERVIÇO DE LAMA ASFÁLTICA","2016-11-01","***","***","***","***","***","***"]
["EMULSÃO ASFÁLTICA DE RUPTURA LENTA CATIÔNICA PARA SERVIÇO DE LAMA ASFÁLTICA","2016-12-01","***","***","***","***","***","***"]
["EMULSÃO ASFÁLTICA DE RUPTURA LENTA CATIÔNICA PARA SERVIÇO DE LAMA ASFÁLTICA","2017-01-01","***","***","***","***","***","***"]
["EMULSÃO ASFÁLTICA DE RUPTURA LENTA CATIÔNICA PARA SERVIÇO DE LAMA ASFÁLTICA","2017-02-01","***","***","***","***","***","***"]
["EMULSÃO ASFÁLTICA DE RUPTURA LENTA CATIÔNICA PARA SERVIÇO DE LAMA ASFÁLTICA","2017-03-01","***","***","***","***","***","***"]
["EMULSÃO ASFÁLTICA DE RUPTURA LENTA CATIÔNICA PARA SERVIÇO DE LAMA ASFÁLTICA","2017-04-01","***","***","***","***","***","***"]
["EMULSÃO ASFÁLTICA DE RUPTURA LENTA CATIÔNICA PARA SERVIÇO DE LAMA ASFÁLTICA","2017-05-01","***","***","***","***","***","***"]
["EMULSÃO ASFÁLTICA DE RUPTURA LENTA CATIÔNICA PARA SERVIÇO DE LAMA ASFÁLTICA","2017-06-01","***","***","***","***","***","***"]
["EMULSÃO ASFÁLTICA DE RUPTURA LENTA CATIÔNICA PARA SERVIÇO DE LAMA ASFÁLTICA","2017-07-01","***","***","***","***","***","***"]
["EMULSÃO ASFÁLTICA DE RUPTURA LENTA CATIÔNICA PARA SERVIÇO DE LAMA ASFÁLTICA","2017-08-01","***","***","***","***","***","***"]
["EMULSÃO ASFÁLTICA DE RUPTURA LENTA CATIÔNICA PARA SERVIÇO DE LAMA ASFÁLTICA","2017-09-01","***","***","***","***","***","***"]
["EMULSÃO ASFÁLTICA DE RUPTURA LENTA CATIÔNICA PARA SERVIÇO DE LAMA ASFÁLTICA","2017-10-01","***","***","***","***","***","***"]
["EMULSÃO ASFÁLTICA DE RUPTURA LENTA CATIÔNICA PARA SERVIÇO DE LAMA ASFÁLTICA","2017-11-01","***","***","***","***","***","***"]
["EMULSÃO ASFÁLTICA DE RUPTURA LENTA CATIÔNICA PARA SERVIÇO DE LAMA ASFÁLTICA","2017-12-01","***","***","***","***","***","***"]
["EMULSÃO ASFÁLTICA DE RUPTURA LENTA CATIÔNICA PARA SERVIÇO DE LAMA ASFÁLTICA","2018-01-01","***","***","***","***","***","***"]
["EMULSÃO ASFÁLTICA DE RUPTURA LENTA CATIÔNICA PARA SERVIÇO DE LAMA ASFÁLTICA","2018-02-01","***","***","***","***","***","***"]
["EMULSÃO ASFÁLTICA DE RUPTURA LENTA CATIÔNICA PARA SERVIÇO DE LAMA ASFÁLTICA","2018-03-01","***","***","***","***","***","***"]
["EMULSÃO ASFÁLTICA DE RUPTURA LENTA CATIÔNICA PARA SERVIÇO DE LAMA ASFÁLTICA","2018-04-01","***","***","***","***","***","***"]
["EMULSÃO ASFÁLTICA DE RUPTURA LENTA CATIÔNICA PARA SERVIÇO DE LAMA ASFÁLTICA","2018-05-01","***","***","***","***","***","***"]
["EMULSÃO ASFÁLTICA DE RUPTURA LENTA CATIÔNICA PARA SERVIÇO DE LAMA ASFÁLTICA","2018-06-01","***","***","***","***","***","***"]
["EMULSÃO ASFÁLTICA DE RUPTURA LENTA CATIÔNICA PARA SERVIÇO DE LAMA ASFÁLTICA","2018-07-01","***","***","***","***","***","***"]
["EMULSÃO ASFÁLTICA DE RUPTURA LENTA CATIÔNICA PARA SERVIÇO DE LAMA ASFÁLTICA","2018-08-01","***","***","***","***","***","***"]
["EMULSÃO ASFÁLTICA DE RUPTURA LENTA CATIÔNICA PARA SERVIÇO DE LAMA ASFÁLTICA","2018-09-01","***","***","***","***","***","***"]
["EMULSÃO ASFÁLTICA DE RUPTURA LENTA CATIÔNICA PARA SERVIÇO DE LAMA ASFÁLTICA","2018-10-01","***","***","***","***","***","***"]
["EMULSÃO ASFÁLTICA DE RUPTURA LENTA CATIÔNICA PARA SERVIÇO DE LAMA ASFÁLTICA","2018-11-01","***","***","***","***","***","***"]
["EMULSÃO ASFÁLTICA DE RUPTURA LENTA CATIÔNICA PARA SERVIÇO DE LAMA ASFÁLTICA","2018-12-01","***","***","***","***","***","***"]
["EMULSÃO ASFÁLTICA DE RUPTURA LENTA CATIÔNICA PARA SERVIÇO DE LAMA ASFÁLTICA","2019-01-01","***","***","***","***","***","***"]
["EMULSÃO ASFÁLTICA DE RUPTURA LENTA CATIÔNICA PARA SERVIÇO DE LAMA ASFÁLTICA","2019-02-01","***","***","***","***","***","***"]
["EMULSÃO ASFÁLTICA DE RUPTURA LENTA CATIÔNICA PARA SERVIÇO DE LAMA ASFÁLTICA","2019-03-01","***","***","***","***","***","***"]
["EMULSÃO ASFÁLTICA DE RUPTURA LENTA CATIÔNICA PARA SERVIÇO DE LAMA ASFÁLTICA","2019-04-01","***","***","***","***","***","***"]
["EMULSÃO ASFÁLTICA DE RUPTURA LENTA CATIÔNICA PARA SERVIÇO DE LAMA ASFÁLTICA","2019-05-01","***","***","***","***","***","***"]
["EMULSÃO ASFÁLTICA DE RUPTURA LENTA CATIÔNICA PARA SERVIÇO DE LAMA ASFÁLTICA","2019-06-01","***","***","***","***","***","***"]
["EMULSÃO ASFÁLTICA DE RUPTURA LENTA CATIÔNICA PARA SERVIÇO DE LAMA ASFÁLTICA","2019-07-01","***","***","***","***","***","***"]
["EMULSÃO ASFÁLTICA DE RUPTURA LENTA CATIÔNICA PARA SERVIÇO DE LAMA ASFÁLTICA","2019-08-01","***","***","***","***","***","***"]
["EMULSÃO ASFÁLTICA DE RUPTURA LENTA CATIÔNICA PARA SERVIÇO DE LAMA ASFÁLTICA","2019-09-01","***","***","***","***","***","***"]
["EMULSÃO ASFÁLTICA DE RUPTURA LENTA CATIÔNICA PARA SERVIÇO DE LAMA ASFÁLTICA","2019-10-01","***","***","***","***","***","***"]
["EMULSÃO ASFÁLTICA DE RUPTURA LENTA CATIÔNICA PARA SERVIÇO DE LAMA ASFÁLTICA","2019-11-01","***","***","***","***","***","***"]
["EMULSÃO ASFÁLTICA DE RUPTURA LENTA CATIÔNICA PARA SERVIÇO DE LAMA ASFÁLTICA","2019-12-01","***","***","***","***","***","***"]
["EMULSÃO ASFÁLTICA DE RUPTURA LENTA CATIÔNICA PARA SERVIÇO DE LAMA ASFÁLTICA","2020-01-01","***","***","***","***","***","***"]
["EMULSÃO ASFÁLTICA DE RUPTURA LENTA CATIÔNICA PARA SERVIÇO DE LAMA ASFÁLTICA","2020-02-01","***","***","***","***","***","***"]
["EMULSÃO ASFÁLTICA DE RUPTURA LENTA CATIÔNICA PARA SERVIÇO DE LAMA ASFÁLTICA","2020-03-01","***","***","***","***","***","***"]
["EMULSÃO ASFÁLTICA DE RUPTURA LENTA CATIÔNICA PARA SERVIÇO DE LAMA ASFÁLTICA","2020-04-01","***","***","***","***","***","***"]
["EMULSÃO ASFÁLTICA DE RUPTURA LENTA CATIÔNICA PARA SERVIÇO DE LAMA ASFÁLTICA","2020-05-01","***","***","***","***","***","***"]
["EMULSÃO ASFÁLTICA DE RUPTURA LENTA CATIÔNICA PARA SERVIÇO DE LAMA ASFÁLTICA","2020-06-01","***","***","***","***","***","***"]
["EMULSÃO ASFÁLTICA DE RUPTURA LENTA CATIÔNICA PARA SERVIÇO DE LAMA ASFÁLTICA","2020-07-01","***","***","***","***","***","***"]
["EMULSÃO ASFÁLTICA DE RUPTURA LENTA CATIÔNICA PARA SERVIÇO DE LAMA ASFÁLTICA","2020-08-01","***","***","***","***","***","***"]
["EMULSÃO ASFÁLTICA DE RUPTURA LENTA CATIÔNICA PARA SERVIÇO DE LAMA ASFÁLTICA","2020-09-01","***","***","***","***","***","***"]
["EMULSÃO ASFÁLTICA DE RUPTURA LENTA CATIÔNICA PARA SERVIÇO DE LAMA ASFÁLTICA","2020-10-01","***","***","***","***","***","***"]
["EMULSÃO ASFÁLTICA DE RUPTURA LENTA CATIÔNICA PARA SERVIÇO DE LAMA ASFÁLTICA","2020-11-01","***","***","***","***","***","***"]
["EMULSÃO ASFÁLTICA DE RUPTURA LENTA CATIÔNICA PARA SERVIÇO DE LAMA ASFÁLTICA","2020-12-01","***","***","***","***","***","***"]
["EMULSÃO ASFÁLTICA DE RUPTURA LENTA CATIÔNICA PARA SERVIÇO DE LAMA ASFÁLTICA","2021-01-01","***","***","***","***","***","***"]
["EMULSÃO ASFÁLTICA DE RUPTURA LENTA CATIÔNICA PARA SERVIÇO DE LAMA ASFÁLTICA","2021-02-01","***","***","***","***","***","***"]
["EMULSÃO ASFÁLTICA DE RUPTURA LENTA CATIÔNICA PARA SERVIÇO DE LAMA ASFÁLTICA","2021-03-01","***","***","***","***","***","***"]
["EMULSÃO ASFÁLTICA DE RUPTURA LENTA CATIÔNICA PARA SERVIÇO DE LAMA ASFÁLTICA","2021-04-01","***","***","***","***","***","***"]
["EMULSÃO ASFÁLTICA DE RUPTURA LENTA CATIÔNICA PARA SERVIÇO DE LAMA ASFÁLTICA","2021-05-01","***","***","***","***","***","***"]
["EMULSÃO ASFÁLTICA DE RUPTURA LENTA CATIÔNICA PARA SERVIÇO DE LAMA ASFÁLTICA","2021-06-01","***","***","***","***","***","***"]
["EMULSÃO ASFÁLTICA DE RUPTURA LENTA CATIÔNICA PARA SERVIÇO DE LAMA ASFÁLTICA","2021-07-01","***","***","***","***","***","***"]
["EMULSÃO ASFÁLTICA DE RUPTURA LENTA CATIÔNICA PARA SERVIÇO DE LAMA ASFÁLTICA","2021-08-01","***","***","***","***","***","***"]
["EMULSÃO ASFÁLTICA DE RUPTURA LENTA CATIÔNICA PARA SERVIÇO DE LAMA ASFÁLTICA","2021-09-01","***","***","***","***","***","***"]
["EMULSÃO ASFÁLTICA DE RUPTURA LENTA CATIÔNICA PARA SERVIÇO DE LAMA ASFÁLTICA","2021-10-01","***","***","***","***","***","***"]
["EMULSÃO ASFÁLTICA DE RUPTURA LENTA CATIÔNICA PARA SERVIÇO DE LAMA ASFÁLTICA","2021-11-01","***","***","***","***","***","***"]
["EMULSÃO ASFÁLTICA DE RUPTURA LENTA CATIÔNICA PARA SERVIÇO DE LAMA ASFÁLTICA","2021-12-01","***","***","***","***","***","***"]
["EMULSÃO ASFÁLTICA DE RUPTURA LENTA CATIÔNICA PARA SERVIÇO DE LAMA ASFÁLTICA","2022-01-01","***","***","***","***","***","***"]
["EMULSÃO ASFÁLTICA DE RUPTURA LENTA CATIÔNICA PARA SERVIÇO DE LAMA ASFÁLTICA","2022-02-01","***","***","***","***","***","***"]
["EMULSÃO ASFÁLTICA DE RUPTURA LENTA CATIÔNICA PARA SERVIÇO DE LAMA ASFÁLTICA","2022-03-01","***","***","***","***","***","***"]
["EMULSÃO ASFÁLTICA DE RUPTURA LENTA CATIÔNICA PARA SERVIÇO DE LAMA ASFÁLTICA","2022-04-01","***","***","***","***","***","***"]
["EMULSÃO ASFÁLTICA DE RUPTURA LENTA CATIÔNICA PARA SERVIÇO DE LAMA ASFÁLTICA","2022-05-01","***","***","***","***","***","***"]
["EMULSÃO ASFÁLTICA DE RUPTURA LENTA CATIÔNICA PARA SERVIÇO DE LAMA ASFÁLTICA","2022-06-01","***","***","***","***","***","***"]
["EMULSÃO ASFÁLTICA DE RUPTURA LENTA CATIÔNICA PARA SERVIÇO DE LAMA ASFÁLTICA","2022-07-01","***","***","***","***","***","***"]
["EMULSÃO ASFÁLTICA DE RUPTURA LENTA CATIÔNICA PARA SERVIÇO DE LAMA ASFÁLTICA","2022-08-01","***","***","***","***","***","***"]
["EMULSÃO ASFÁLTICA DE RUPTURA LENTA CATIÔNICA PARA SERVIÇO DE LAMA ASFÁLTICA","2022-09-01","***","***","***","***","***","***"]
["EMULSÃO ASFÁLTICA DE RUPTURA LENTA CATIÔNICA PARA SERVIÇO DE LAMA ASFÁLTICA","2022-10-01","***","***","***","***","***","***"]
["EMULSÃO ASFÁLTICA DE RUPTURA LENTA CATIÔNICA PARA SERVIÇO DE LAMA ASFÁLTICA","2022-11-01","***","***","***","***","***","***"]
["EMULSÃO ASFÁLTICA DE RUPTURA LENTA CATIÔNICA PARA SERVIÇO DE LAMA ASFÁLTICA","2022-12-01","***","***","***","***","***","***"]
["EMULSÃO ASFÁLTICA DE RUPTURA LENTA CATIÔNICA PARA SERVIÇO DE LAMA ASFÁLTICA","2023-01-01","***","***","***","***","***","***"]
["EMULSÃO ASFÁLTICA DE RUPTURA LENTA CATIÔNICA PARA SERVIÇO DE LAMA ASFÁLTICA","2023-02-01","***","***","***","***","***","***"]
["EMULSÃO ASFÁLTICA DE RUPTURA LENTA CATIÔNICA PARA SERVIÇO DE LAMA ASFÁLTICA","2023-03-01","***","***","***","***","***","***"]
["EMULSÃO ASFÁLTICA DE RUPTURA LENTA CATIÔNICA PARA SERVIÇO DE LAMA ASFÁLTICA","2023-04-01","***","***","***","***","***","***"]
["EMULSÃO ASFÁLTICA DE RUPTURA LENTA CATIÔNICA PARA SERVIÇO DE LAMA ASFÁLTICA","2023-05-01","***","***","***","***","***","***"]
["EMULSÃO ASFÁLTICA DE RUPTURA LENTA CATIÔNICA PARA SERVIÇO DE LAMA ASFÁLTICA","2023-06-01","***","***","***","***","***","***"]
["EMULSÃO ASFÁLTICA DE RUPTURA LENTA CATIÔNICA PARA SERVIÇO DE LAMA ASFÁLTICA","2023-07-01","***","***","***","***","***","***"]
["EMULSÃO ASFÁLTICA DE RUPTURA LENTA CATIÔNICA PARA SERVIÇO DE LAMA ASFÁLTICA","2023-08-01","***","***","***","***","***","***"]
["EMULSÃO ASFÁLTICA DE RUPTURA LENTA CATIÔNICA PARA SERVIÇO DE LAMA ASFÁLTICA","2023-09-01","***","***","***","***","***","***"]
["EMULSÃO ASFÁLTICA DE RUPTURA LENTA CATIÔNICA PARA SERVIÇO DE LAMA ASFÁLTICA","2023-10-01","***","***","***","***","***","***"]
["EMULSÃO ASFÁLTICA DE RUPTURA LENTA CATIÔNICA PARA SERVIÇO DE LAMA ASFÁLTICA","2023-11-01","***","***","***","***","***","***"]
["EMULSÃO ASFÁLTICA DE RUPTURA LENTA CATIÔNICA PARA SERVIÇO DE LAMA ASFÁLTICA","2023-12-01","***","***","***","***","***","***"]
["EMULSÃO ASFÁLTICA DE RUPTURA LENTA CATIÔNICA PARA SERVIÇO DE LAMA ASFÁLTICA","2024-01-01","***","***","***","***","***","***"]
["EMULSÃO ASFÁLTICA DE RUPTURA LENTA CATIÔNICA PARA SERVIÇO DE LAMA ASFÁLTICA","2024-02-01","***","***","***","***","***","***"]
["EMULSÃO ASFÁLTICA DE RUPTURA LENTA CATIÔNICA PARA SERVIÇO DE LAMA ASFÁLTICA","2024-03-01","***","***","***","***","***","***"]
["EMULSÃO ASFÁLTICA DE RUPTURA LENTA CATIÔNICA PARA SERVIÇO DE LAMA ASFÁLTICA","2024-04-01","***","***","***","***","***","***"]
["EMULSÃO ASFÁLTICA DE RUPTURA LENTA CATIÔNICA PARA SERVIÇO DE LAMA ASFÁLTICA","2024-05-01","***","***","***","***","***","***"]
["EMULSÃO ASFÁLTICA DE RUPTURA LENTA CATIÔNICA PARA SERVIÇO DE LAMA ASFÁLTICA","2024-06-01","***","***","***","***","***","***"]
["EMULSÃO ASFÁLTICA DE RUPTURA LENTA CATIÔNICA PARA SERVIÇO DE LAMA ASFÁLTICA","2024-07-01","***","***","***","***","***","***"]
["EMULSÃO ASFÁLTICA DE RUPTURA LENTA DE CARGA NEUTRA PARA SERVIÇO DE LAMA ASFÁLTICA","2015-09-01","***","***","***","***","***","***"]
["EMULSÃO ASFÁLTICA DE RUPTURA LENTA DE CARGA NEUTRA PARA SERVIÇO DE LAMA ASFÁLTICA","2015-10-01","***","***","***","***","***","***"]
["EMULSÃO ASFÁLTICA DE RUPTURA LENTA DE CARGA NEUTRA PARA SERVIÇO DE LAMA ASFÁLTICA","2015-11-01","***","***","***","***","***","***"]
["EMULSÃO ASFÁLTICA DE RUPTURA LENTA DE CARGA NEUTRA PARA SERVIÇO DE LAMA ASFÁLTICA","2015-12-01","***","***","***",1.78091,"***",1.78091]
["EMULSÃO ASFÁLTICA DE RUPTURA LENTA DE CARGA NEUTRA PARA SERVIÇO DE LAMA ASFÁLTICA","2016-01-01","***","***","***","***","***","***"]
["EMULSÃO ASFÁLTICA DE RUPTURA LENTA DE CARGA NEUTRA PARA SERVIÇO DE LAMA ASFÁLTICA","2016-02-01","***","***","***","***","***","***"]
["EMULSÃO ASFÁLTICA DE RUPTURA LENTA DE CARGA NEUTRA PARA SERVIÇO DE LAMA ASFÁLTICA","2016-03-01","***","***","***","***","***","***"]
["EMULSÃO ASFÁLTICA DE RUPTURA LENTA DE CARGA NEUTRA PARA SERVIÇO DE LAMA ASFÁLTICA","2016-04-01","***","***","***","***","***","***"]
["EMULSÃO ASFÁLTICA DE RUPTURA LENTA DE CARGA NEUTRA PARA SERVIÇO DE LAMA ASFÁLTICA","2016-05-01","***","***","***","***","***","***"]
["EMULSÃO ASFÁLTICA DE RUPTURA LENTA DE CARGA NEUTRA PARA SERVIÇO DE LAMA ASFÁLTICA","2016-06-01","***","***","***","***","***","***"]
["EMULSÃO ASFÁLTICA DE RUPTURA LENTA DE CARGA NEUTRA PARA SERVIÇO DE LAMA ASFÁLTICA","2016-07-01","***","***","***","***","***","***"]
["EMULSÃO ASFÁLTICA DE RUPTURA LENTA DE CARGA NEUTRA PARA SERVIÇO DE LAMA ASFÁLTICA","2016-08-01","***","***","***","***","***","***"]
["EMULSÃO ASFÁLTICA DE RUPTURA LENTA DE CARGA NEUTRA PARA SERVIÇO DE LAMA ASFÁLTICA","2016-09-01","***","***","***","***","***","***"]
["EMULSÃO ASFÁLTICA DE RUPTURA LENTA DE CARGA NEUTRA PARA SERVIÇO DE LAMA ASFÁLTICA","2016-10-01","***","***","***","***","***","***"]
["EMULSÃO ASFÁLTICA DE RUPTURA LENTA DE CARGA NEUTRA PARA SERVIÇO DE LAMA ASFÁLTICA","2016-11-01","***","***","***","***","***","***"]
["EMULSÃO ASFÁLTICA DE RUPTURA LENTA DE CARGA NEUTRA PARA SERVIÇO DE LAMA ASFÁLTICA","2016-12-01","***","***","***","***","***","***"]
["EMULSÃO ASFÁLTICA DE RUPTURA LENTA DE CARGA NEUTRA PARA SERVIÇO DE LAMA ASFÁLTICA","2017-01-01","***","***","***","***",1.3629899999999999,1.3629899999999999]
["EMULSÃO ASFÁLTICA DE RUPTURA LENTA DE CARGA NEUTRA PARA SERVIÇO DE LAMA ASFÁLTICA","2017-02-01","***","***","***","***",1.4107400000000003,1.4107400000000003]
["EMULSÃO ASFÁLTICA DE RUPTURA LENTA DE CARGA NEUTRA PARA SERVIÇO DE LAMA ASFÁLTICA","2017-03-01","***","***","***","***",1.4107400000000001,1.4107400000000001]
["EMULSÃO ASFÁLTICA DE RUPTURA LENTA DE CARGA NEUTRA PARA SERVIÇO DE LAMA ASFÁLTICA","2017-04-01","***","***","***",1.2812077317731774,"***",1.2812077317731774]
["EMULSÃO ASFÁLTICA DE RUPTURA LENTA DE CARGA NEUTRA PARA SERVIÇO DE LAMA ASFÁLTICA","2017-05-01","***","***","***",1.6340114958448753,"***",1.6340114958448753]
["EMULSÃO ASFÁLTICA DE RUPTURA LENTA DE CARGA NEUTRA PARA SERVIÇO DE LAMA ASFÁLTICA","2017-06-01","***","***","***",1.31921,"***",1.31921]
["EMULSÃO ASFÁLTICA DE RUPTURA LENTA DE CARGA NEUTRA PARA SERVIÇO DE LAMA ASFÁLTICA","2017-07-01","***","***","***","***","***","***"]
["EMULSÃO ASFÁLTICA DE RUPTURA LENTA DE CARGA NEUTRA PARA SERVIÇO DE LAMA ASFÁLTICA","2017-08-01","***","***","***",1.9680600000000001,"***",1.9680600000000001]
["EMULSÃO ASFÁLTICA DE RUPTURA LENTA DE CARGA NEUTRA PARA SERVIÇO DE LAMA ASFÁLTICA","2017-09-01","***","***","***","***","***","***"]
["EMULSÃO ASFÁLTICA DE RUPTURA LENTA DE CARGA NEUTRA PARA SERVIÇO DE LAMA ASFÁLTICA","2017-10-01","***","***","***","***","***","***"]
["EMULSÃO ASFÁLTICA DE RUPTURA LENTA DE CARGA NEUTRA PARA SERVIÇO DE LAMA ASFÁLTICA","2017-11-01","***","***","***","***","***","***"]
["EMULSÃO ASFÁLTICA DE RUPTURA LENTA DE CARGA NEUTRA PARA SERVIÇO DE LAMA ASFÁLTICA","2017-12-01","***","***","***","***","***","***"]
["EMULSÃO ASFÁLTICA DE RUPTURA LENTA DE CARGA NEUTRA PARA SERVIÇO DE LAMA ASFÁLTICA","2018-01-01","***","***","***","***","***","***"]
["EMULSÃO ASFÁLTICA DE RUPTURA LENTA DE CARGA NEUTRA PARA SERVIÇO DE LAMA ASFÁLTICA","2018-02-01","***","***","***","***","***","***"]
["EMULSÃO ASFÁLTICA DE RUPTURA LENTA DE CARGA NEUTRA PARA SERVIÇO DE LAMA ASFÁLTICA","2018-03-01","***","***","***","***","***","***"]
["EMULSÃO ASFÁLTICA DE RUPTURA LENTA DE CARGA NEUTRA PARA SERVIÇO DE LAMA ASFÁLTICA","2018-04-01","***","***","***","***","***","***"]
["EMULSÃO ASFÁLTICA DE RUPTURA LENTA DE CARGA NEUTRA PARA SERVIÇO DE LAMA ASFÁLTICA","2018-05-01","***","***","***","***","***","***"]
["EMULSÃO ASFÁLTICA DE RUPTURA LENTA DE CARGA NEUTRA PARA SERVIÇO DE LAMA ASFÁLTICA","2018-06-01","***","***","***","***","***","***"]
["EMULSÃO ASFÁLTICA DE RUPTURA LENTA DE CARGA NEUTRA PARA SERVIÇO DE LAMA ASFÁLTICA","2018-07-01","***","***","***","***","***","***"]
["EMULSÃO ASFÁLTICA DE RUPTURA LENTA DE CARGA NEUTRA PARA SERVIÇO DE LAMA ASFÁLTICA","2018-08-01","***","***","***","***","***","***"]
["EMULSÃO ASFÁLTICA DE RUPTURA LENTA DE CARGA NEUTRA PARA SERVIÇO DE LAMA ASFÁLTICA","2018-09-01","***","***","***","***","***","***"]
["EMULSÃO ASFÁLTICA DE RUPTURA LENTA DE CARGA NEUTRA PARA SERVIÇO DE LAMA ASFÁLTICA","2018-10-01","***","***","***","***","***","***"]
["EMULSÃO ASFÁLTICA DE RUPTURA LENTA DE CARGA NEUTRA PARA SERVIÇO DE LAMA ASFÁLTICA","2018-11-01","***","***","***","***","***","***"]
["EMULSÃO ASFÁLTICA DE RUPTURA LENTA DE CARGA NEUTRA PARA SERVIÇO DE LAMA ASFÁLTICA","2018-12-01","***","***","***","***","***","***"]
["EMULSÃO ASFÁLTICA DE RUPTURA LENTA DE CARGA NEUTRA PARA SERVIÇO DE LAMA ASFÁLTICA","2019-01-01","***","***","***","***","***","***"]
["EMULSÃO ASFÁLTICA DE RUPTURA LENTA DE CARGA NEUTRA PARA SERVIÇO DE LAMA ASFÁLTICA","2019-02-01","***","***","***","***","***","***"]
["EMULSÃO ASFÁLTICA DE RUPTURA LENTA DE CARGA NEUTRA PARA SERVIÇO DE LAMA ASFÁLTICA","2019-03-01","***","***","***","***","***","***"]
["EMULSÃO ASFÁLTICA DE RUPTURA LENTA DE CARGA NEUTRA PARA SERVIÇO DE LAMA ASFÁLTICA","2019-04-01","***","***","***","***","***","***"]
["EMULSÃO ASFÁLTICA DE RUPTURA LENTA DE CARGA NEUTRA PARA SERVIÇO DE LAMA ASFÁLTICA","2019-05-01","***","***","***","***","***","***"]
["EMULSÃO ASFÁLTICA DE RUPTURA LENTA DE CARGA NEUTRA PARA SERVIÇO DE LAMA ASFÁLTICA","2019-06-01","***","***","***","***","***","***"]
["EMULSÃO ASFÁLTICA DE RUPTURA LENTA DE CARGA NEUTRA PARA SERVIÇO DE LAMA ASFÁLTICA","2019-07-01","***","***","***","***","***","***"]
["EMULSÃO ASFÁLTICA DE RUPTURA LENTA DE CARGA NEUTRA PARA SERVIÇO DE LAMA ASFÁLTICA","2019-08-01","***","***","***","***","***","***"]
["EMULSÃO ASFÁLTICA DE RUPTURA LENTA DE CARGA NEUTRA PARA SERVIÇO DE LAMA ASFÁLTICA","2019-09-01","***","***","***","***","***","***"]
["EMULSÃO ASFÁLTICA DE RUPTURA LENTA DE CARGA NEUTRA PARA SERVIÇO DE LAMA ASFÁLTICA","2019-10-01","***","***","***","***","***","***"]
["EMULSÃO ASFÁLTICA DE RUPTURA LENTA DE CARGA NEUTRA PARA SERVIÇO DE LAMA ASFÁLTICA","2019-11-01","***","***","***","***","***","***"]
["EMULSÃO ASFÁLTICA DE RUPTURA LENTA DE CARGA NEUTRA PARA SERVIÇO DE LAMA ASFÁLTICA","2019-12-01","***","***","***","***","***","***"]
["EMULSÃO ASFÁLTICA DE RUPTURA LENTA DE CARGA NEUTRA PARA SERVIÇO DE LAMA ASFÁLTICA","2020-01-01","***","***","***","***","***","***"]
["EMULSÃO ASFÁLTICA DE RUPTURA LENTA DE CARGA NEUTRA PARA SERVIÇO DE LAMA ASFÁLTICA","2020-02-01","***","***","***","***","***","***"]
["EMULSÃO ASFÁLTICA DE RUPTURA LENTA DE CARGA NEUTRA PARA SERVIÇO DE LAMA ASFÁLTICA","2020-03-01","***","***","***","***","***","***"]
["EMULSÃO ASFÁLTICA DE RUPTURA LENTA DE CARGA NEUTRA PARA SERVIÇO DE LAMA ASFÁLTICA","2020-04-01","***","***","***","***","***","***"]
["EMULSÃO ASFÁLTICA DE RUPTURA LENTA DE CARGA NEUTRA PARA SERVIÇO DE LAMA ASFÁLTICA","2020-05-01","***","***","***","***","***","***"]
["EMULSÃO ASFÁLTICA DE RUPTURA LENTA DE CARGA NEUTRA PARA SERVIÇO DE LAMA ASFÁLTICA","2020-06-01","***","***","***","***","***","***"]
["EMULSÃO ASFÁLTICA DE RUPTURA LENTA DE CARGA NEUTRA PARA SERVIÇO DE LAMA ASFÁLTICA","2020-07-01","***","***","***","***","***","***"]
["EMULSÃO ASFÁLTICA DE RUPTURA LENTA DE CARGA NEUTRA PARA SERVIÇO DE LAMA ASFÁLTICA","2020-08-01","***","***","***","***","***","***"]
["EMULSÃO ASFÁLTICA DE RUPTURA LENTA DE CARGA NEUTRA PARA SERVIÇO DE LAMA ASFÁLTICA","2020-09-01","***","***","***","***","***","***"]
["EMULSÃO ASFÁLTICA DE RUPTURA LENTA DE CARGA NEUTRA PARA SERVIÇO DE LAMA ASFÁLTICA","2020-10-01","***","***","***","***","***","***"]
["EMULSÃO ASFÁLTICA DE RUPTURA LENTA DE CARGA NEUTRA PARA SERVIÇO DE LAMA ASFÁLTICA","2020-11-01","***","***","***","***","***","***"]
["EMULSÃO ASFÁLTICA DE RUPTURA LENTA DE CARGA NEUTRA PARA SERVIÇO DE LAMA ASFÁLTICA","2020-12-01","***","***","***","***","***","***"]
["EMULSÃO ASFÁLTICA DE RUPTURA LENTA DE CARGA NEUTRA PARA SERVIÇO DE LAMA ASFÁLTICA","2021-01-01","***","***","***","***","***","***"]
["EMULSÃO ASFÁLTICA DE RUPTURA LENTA DE CARGA NEUTRA PARA SERVIÇO DE LAMA ASFÁLTICA","2021-02-01","***","***","***","***","***","***"]
["EMULSÃO ASFÁLTICA DE RUPTURA LENTA DE CARGA NEUTRA PARA SERVIÇO DE LAMA ASFÁLTICA","2021-03-01","***","***","***","***","***","***"]
["EMULSÃO ASFÁLTICA DE RUPTURA LENTA DE CARGA NEUTRA PARA SERVIÇO DE LAMA ASFÁLTICA","2021-04-01","***","***","***","***","***","***"]
["EMULSÃO ASFÁLTICA DE RUPTURA LENTA DE CARGA NEUTRA PARA SERVIÇO DE LAMA ASFÁLTICA","2021-05-01","***","***","***","***","***","***"]
["EMULSÃO ASFÁLTICA DE RUPTURA LENTA DE CARGA NEUTRA PARA SERVIÇO DE LAMA ASFÁLTICA","2021-06-01","***","***","***","***","***","***"]
["EMULSÃO ASFÁLTICA DE RUPTURA LENTA DE CARGA NEUTRA PARA SERVIÇO DE LAMA ASFÁLTICA","2021-07-01","***","***","***","***","***","***"]
["EMULSÃO ASFÁLTICA DE RUPTURA LENTA DE CARGA NEUTRA PARA SERVIÇO DE LAMA ASFÁLTICA","2021-08-01","***","***","***","***","***","***"]
["EMULSÃO ASFÁLTICA DE RUPTURA LENTA DE CARGA NEUTRA PARA SERVIÇO DE LAMA ASFÁLTICA","2021-09-01","***","***","***","***","***","***"]
["EMULSÃO ASFÁLTICA DE RUPTURA LENTA DE CARGA NEUTRA PARA SERVIÇO DE LAMA ASFÁLTICA","2021-10-01","***","***","***","***","***","***"]
["EMULSÃO ASFÁLTICA DE RUPTURA LENTA DE CARGA NEUTRA PARA SERVIÇO DE LAMA ASFÁLTICA","2021-11-01","***","***","***","***","***","***"]
["EMULSÃO ASFÁLTICA DE RUPTURA LENTA DE CARGA NEUTRA PARA SERVIÇO DE LAMA ASFÁLTICA","2021-12-01","***","***","***","***","***","***"]
["EMULSÃO ASFÁLTICA DE RUPTURA LENTA DE CARGA NEUTRA PARA SERVIÇO DE LAMA ASFÁLTICA","2022-01-01","***","***","***","***","***","***"]
["EMULSÃO ASFÁLTICA DE RUPTURA LENTA DE CARGA NEUTRA PARA SERVIÇO DE LAMA ASFÁLTICA","2022-02-01","***","***","***","***","***","***"]
["EMULSÃO ASFÁLTICA DE RUPTURA LENTA DE CARGA NEUTRA PARA SERVIÇO DE LAMA ASFÁLTICA","2022-03-01","***","***","***","***","***","***"]
["EMULSÃO ASFÁLTICA DE RUPTURA LENTA DE CARGA NEUTRA PARA SERVIÇO DE LAMA ASFÁLTICA","2022-04-01","***","***","***","***","***","***"]
["EMULSÃO ASFÁLTICA DE RUPTURA LENTA DE CARGA NEUTRA PARA SERVIÇO DE LAMA ASFÁLTICA","2022-05-01","***","***","***","***","***","***"]
["EMULSÃO ASFÁLTICA DE RUPTURA LENTA DE CARGA NEUTRA PARA SERVIÇO DE LAMA ASFÁLTICA","2022-06-01","***","***","***","***","***","***"]
["EMULSÃO ASFÁLTICA DE RUPTURA LENTA DE CARGA NEUTRA PARA SERVIÇO DE LAMA ASFÁLTICA","2022-07-01","***","***","***","***","***","***"]
["EMULSÃO ASFÁLTICA DE RUPTURA LENTA DE CARGA NEUTRA PARA SERVIÇO DE LAMA ASFÁLTICA","2022-08-01","***","***","***","***","***","***"]
["EMULSÃO ASFÁLTICA DE RUPTURA LENTA DE CARGA NEUTRA PARA SERVIÇO DE LAMA ASFÁLTICA","2022-09-01","***","***","***","***","***","***"]
["EMULSÃO ASFÁLTICA DE RUPTURA LENTA DE CARGA NEUTRA PARA SERVIÇO DE LAMA ASFÁLTICA","2022-10-01","***","***","***","***","***","***"]
["EMULSÃO ASFÁLTICA DE RUPTURA LENTA DE CARGA NEUTRA PARA SERVIÇO DE LAMA ASFÁLTICA","2022-11-01","***","***","***","***","***","***"]
["EMULSÃO ASFÁLTICA DE RUPTURA LENTA DE CARGA NEUTRA PARA SERVIÇO DE LAMA ASFÁLTICA","2022-12-01","***","***","***","***","***","***"]
["EMULSÃO ASFÁLTICA DE RUPTURA LENTA DE CARGA NEUTRA PARA SERVIÇO DE LAMA ASFÁLTICA","2023-01-01","***","***","***","***","***","***"]
["EMULSÃO ASFÁLTICA DE RUPTURA LENTA DE CARGA NEUTRA PARA SERVIÇO DE LAMA ASFÁLTICA","2023-02-01","***","***","***","***","***","***"]
["EMULSÃO ASFÁLTICA DE RUPTURA LENTA DE CARGA NEUTRA PARA SERVIÇO DE LAMA ASFÁLTICA","2023-03-01","***","***","***","***","***","***"]
["EMULSÃO ASFÁLTICA DE RUPTURA LENTA DE CARGA NEUTRA PARA SERVIÇO DE LAMA ASFÁLTICA","2023-04-01","***","***","***","***","***","***"]
["EMULSÃO ASFÁLTICA DE RUPTURA LENTA DE CARGA NEUTRA PARA SERVIÇO DE LAMA ASFÁLTICA","2023-05-01","***","***","***","***","***","***"]
["EMULSÃO ASFÁLTICA DE RUPTURA LENTA DE CARGA NEUTRA PARA SERVIÇO DE LAMA ASFÁLTICA","2023-06-01","***","***","***","***","***","***"]
["EMULSÃO ASFÁLTICA DE RUPTURA LENTA DE CARGA NEUTRA PARA SERVIÇO DE LAMA ASFÁLTICA","2023-07-01","***","***","***","***","***","***"]
["EMULSÃO ASFÁLTICA DE RUPTURA LENTA DE CARGA NEUTRA PARA SERVIÇO DE LAMA ASFÁLTICA","2023-08-01","***","***","***","***","***","***"]
["EMULSÃO ASFÁLTICA DE RUPTURA LENTA DE CARGA NEUTRA PARA SERVIÇO DE LAMA ASFÁLTICA","2023-09-01","***","***","***","***","***","***"]
["EMULSÃO ASFÁLTICA DE RUPTURA LENTA DE CARGA NEUTRA PARA SERVIÇO DE LAMA ASFÁLTICA","2023-10-01","***","***","***","***","***","***"]
["EMULSÃO ASFÁLTICA DE RUPTURA LENTA DE CARGA NEUTRA PARA SERVIÇO DE LAMA ASFÁLTICA","2023-11-01","***","***","***","***","***","***"]
["EMULSÃO ASFÁLTICA DE RUPTURA LENTA DE CARGA NEUTRA PARA SERVIÇO DE LAMA ASFÁLTICA","2023-12-01","***","***","***","***","***","***"]
["EMULSÃO ASFÁLTICA DE RUPTURA LENTA DE CARGA NEUTRA PARA SERVIÇO DE LAMA ASFÁLTICA","2024-01-01","***","***","***","***","***","***"]
["EMULSÃO ASFÁLTICA DE RUPTURA LENTA DE CARGA NEUTRA PARA SERVIÇO DE LAMA ASFÁLTICA","2024-02-01","***","***","***","***","***","***"]
["EMULSÃO ASFÁLTICA DE RUPTURA LENTA DE CARGA NEUTRA PARA SERVIÇO DE LAMA ASFÁLTICA","2024-03-01","***","***","***","***","***","***"]
["EMULSÃO ASFÁLTICA DE RUPTURA LENTA DE CARGA NEUTRA PARA SERVIÇO DE LAMA ASFÁLTICA","2024-04-01","***","***","***","***","***","***"]
["EMULSÃO ASFÁLTICA DE RUPTURA LENTA DE CARGA NEUTRA PARA SERVIÇO DE LAMA ASFÁLTICA","2024-05-01","***","***","***","***","***","***"]
["EMULSÃO ASFÁLTICA DE RUPTURA LENTA DE CARGA NEUTRA PARA SERVIÇO DE LAMA ASFÁLTICA","2024-06-01","***","***","***","***","***","***"]
["EMULSÃO ASFÁLTICA DE RUPTURA LENTA DE CARGA NEUTRA PARA SERVIÇO DE LAMA ASFÁLTICA","2024-07-01","***","***","***","***","***","***"]
["EMULSÃO ASFÁLTICA PARA SERVIÇO DE IMPRIMAÇÃO","2015-09-01","***","***",1.4717220003202049,1.4096112734159074,1.4193069532859328,1.446822740151299]
["EMULSÃO ASFÁLTICA PARA SERVIÇO DE IMPRIMAÇÃO","2015-10-01","***",1.9176,1.781092886124624,1.4955308126593099,1.6322685873497631,1.6558735877785684]
["EMULSÃO ASFÁLTICA PARA SERVIÇO DE IMPRIMAÇÃO","2015-11-01","***",1.9491000000000001,1.851497011280008,1.5423770651148661,1.7165669846000993,1.7111602719051495]
["EMULSÃO ASFÁLTICA PARA SERVIÇO DE IMPRIMAÇÃO","2015-12-01","***",1.9329001129943502,1.9289875347995546,1.5349218527808066,1.7583001329948014,1.7451550601173027]
["EMULSÃO ASFÁLTICA PARA SERVIÇO DE IMPRIMAÇÃO","2016-01-01","***",2.0734232378223494,1.7298643690939413,1.5701077270194985,1.8257659849583492,1.7351025423644171]
["EMULSÃO ASFÁLTICA PARA SERVIÇO DE IMPRIMAÇÃO","2016-02-01","***","***",1.9732574718275353,1.5621659796115781,1.7777156657003466,1.6603494935167886]
["EMULSÃO ASFÁLTICA PARA SERVIÇO DE IMPRIMAÇÃO","2016-03-01","***",2.0640000000000001,1.954123306098047,1.5733089191379386,1.7422350461028668,1.6939279132448939]
["EMULSÃO ASFÁLTICA PARA SERVIÇO DE IMPRIMAÇÃO","2016-04-01","***","***",2.1729798992309735,1.7525258127145407,1.8008038630578787,1.8146813159618167]
["EMULSÃO ASFÁLTICA PARA SERVIÇO DE IMPRIMAÇÃO","2016-05-01","***",1.7919240662460567,2.118228549569467,1.7355234617836999,1.9137052848109848,1.8802597980249405]
["EMULSÃO ASFÁLTICA PARA SERVIÇO DE IMPRIMAÇÃO","2016-06-01","***",2.3814000000000002,2.0685431061761879,1.7727581593359081,1.866770418484206,1.8919590595887776]
["EMULSÃO ASFÁLTICA PARA SERVIÇO DE IMPRIMAÇÃO","2016-07-01","***",2.2549342402884771,2.057723744701883,1.7455767606817247,1.9228265695583726,1.9082666921964366]
["EMULSÃO ASFÁLTICA PARA SERVIÇO DE IMPRIMAÇÃO","2016-08-01","***",1.9722799120284216,2.0208821239199635,1.8171883423962276,1.885670286408119,1.914476303570678]
["EMULSÃO ASFÁLTICA PARA SERVIÇO DE IMPRIMAÇÃO","2016-09-01","***",1.5627763159710244,1.8440562928701951,1.5798445022986489,1.6956428947170663,1.6976975163017372]
["EMULSÃO ASFÁLTICA PARA SERVIÇO DE IMPRIMAÇÃO","2016-10-01","***",1.3846296727384657,1.8077131124999994,1.5586842050456009,1.7103719054645461,1.6861737127229937]
["EMULSÃO ASFÁLTICA PARA SERVIÇO DE IMPRIMAÇÃO","2016-11-01",1.8555506785714286,1.5683234213680513,1.8844597698120391,1.502814868711015,1.6454688381756071,1.6395871836940492]
["EMULSÃO ASFÁLTICA PARA SERVIÇO DE IMPRIMAÇÃO","2016-12-01",1.835539482993197,1.7820216889674323,1.7095233511963166,1.4685483053029356,1.7295495707354236,1.6919890208808703]
["EMULSÃO ASFÁLTICA PARA SERVIÇO DE IMPRIMAÇÃO","2017-01-01",1.8523369286359528,1.9103789201849,1.7347059970384997,1.3295956145425254,1.7152723192149464,1.6610438044154168]
["EMULSÃO ASFÁLTICA PARA SERVIÇO DE IMPRIMAÇÃO","2017-02-01",1.80267,1.6531303859872608,1.692170593425987,1.5038838855913981,1.6521456953841025,1.6307036896274727]
["EMULSÃO ASFÁLTICA PARA SERVIÇO DE IMPRIMAÇÃO","2017-03-01","***",1.8867000000000003,1.8112680378486055,1.4228776705346042,1.6713104675337158,1.5907534057935775]
["EMULSÃO ASFÁLTICA PARA SERVIÇO DE IMPRIMAÇÃO","2017-04-01",1.80267,1.9221112673830594,1.9080195351925628,1.4540572151287079,1.4810554970551493,1.5422089253019704]
["EMULSÃO ASFÁLTICA PARA SERVIÇO DE IMPRIMAÇÃO","2017-05-01","***",1.798720788171672,1.9108605754545833,1.4473522046819021,1.5792215321643097,1.6012454388775854]
["EMULSÃO ASFÁLTICA PARA SERVIÇO DE IMPRIMAÇÃO","2017-06-01","***",1.928042078211333,1.7547227717460026,1.5224507626460311,1.6157893204478087,1.6626244760566549]
["EMULSÃO ASFÁLTICA PARA SERVIÇO DE IMPRIMAÇÃO","2017-07-01","***",1.8200533150144438,1.7937393923183163,1.5130407463586413,1.5841936541858999,1.6338958205168921]
["EMULSÃO ASFÁLTICA PARA SERVIÇO DE IMPRIMAÇÃO","2017-08-01",2.0585001865378132,1.8604519498001415,1.8188039432332377,1.4662376294908728,1.6024065110271175,1.6858944252430712]
["EMULSÃO ASFÁLTICA PARA SERVIÇO DE IMPRIMAÇÃO","2017-09-01",2.1347865658783785,1.912976607365793,1.7309102069523037,1.4955104023610026,1.7016208187846578,1.6378792960882471]
["EMULSÃO ASFÁLTICA PARA SERVIÇO DE IMPRIMAÇÃO","2017-10-01",1.9739520872469212,2.0452770015331643,1.7447005355811598,1.5035520794776804,1.6649430589906942,1.6895213192639258]
["EMULSÃO ASFÁLTICA PARA SERVIÇO DE IMPRIMAÇÃO","2017-11-01",2.2336100000000001,2.1274698169846036,1.7658597976295769,1.5960234244052445,1.7149270506442769,1.7348380917195407]
["EMULSÃO ASFÁLTICA PARA SERVIÇO DE IMPRIMAÇÃO","2017-12-01",2.0474999999999999,2.1473485538110029,1.8056750821779453,1.5046702154828409,1.713302354625726,1.793716006729597]
["EMULSÃO ASFÁLTICA PARA SERVIÇO DE IMPRIMAÇÃO","2018-01-01","***",2.1136413638684837,1.7047400385048834,1.661529397695241,1.7933764125799576,1.8390607333859526]
["EMULSÃO ASFÁLTICA PARA SERVIÇO DE IMPRIMAÇÃO","2018-02-01",2.2785099999999998,2.0658926604692343,1.8006337253545488,1.6419065684557534,1.7814624818836775,1.7641855811241458]
["EMULSÃO ASFÁLTICA PARA SERVIÇO DE IMPRIMAÇÃO","2018-03-01",2.2487019364214351,2.0861432800225783,1.9422039728402196,1.6115233037469801,1.8381134033956901,1.8777657953659046]
["EMULSÃO ASFÁLTICA PARA SERVIÇO DE IMPRIMAÇÃO","2018-04-01",2.2489575499112688,2.124686455890973,1.8978037947725068,1.6093467640342376,1.8135804273660479,1.8005182668979485]
["EMULSÃO ASFÁLTICA PARA SERVIÇO DE IMPRIMAÇÃO","2018-05-01","***",1.6126478213586228,2.0262988983512402,1.7277407187953555,1.886713069113602,1.7973856697043356]
["EMULSÃO ASFÁLTICA PARA SERVIÇO DE IMPRIMAÇÃO","2018-06-01",2.5311933305099097,1.896695403468095,2.112269213085765,1.7636055451565207,1.9582836458415978,1.9553870655161913]
["EMULSÃO ASFÁLTICA PARA SERVIÇO DE IMPRIMAÇÃO","2018-07-01",2.0369999999999999,1.7043749202437319,2.1750624815865645,1.8698214052011728,2.0236902374215862,1.9568261828570443]
["EMULSÃO ASFÁLTICA PARA SERVIÇO DE IMPRIMAÇÃO","2018-08-01",2.4222804352806415,2.1440126394777175,2.2640288331904372,1.9046096054385497,2.1279229118504173,2.1252186176818904]
["EMULSÃO ASFÁLTICA PARA SERVIÇO DE IMPRIMAÇÃO","2018-09-01",2.3363446925730522,2.2616459603713808,2.2680425644164259,1.8891011288312105,2.1329636128967833,2.1162671078665434]
["EMULSÃO ASFÁLTICA PARA SERVIÇO DE IMPRIMAÇÃO","2018-10-01",2.2061509825119234,2.320035007940946,2.2529405629192727,1.9093879243100309,2.150117762859733,2.1277288771141061]
["EMULSÃO ASFÁLTICA PARA SERVIÇO DE IMPRIMAÇÃO","2018-11-01","***",2.4775578172098047,2.347241355345544,2.048181918630879,2.2622156464294187,2.2770121207177478]
["EMULSÃO ASFÁLTICA PARA SERVIÇO DE IMPRIMAÇÃO","2018-12-01",2.6970100000000001,2.4878049135929841,2.2755942229183495,1.9267085426847577,2.2704107290574749,2.1773289110451319]
["EMULSÃO ASFÁLTICA PARA SERVIÇO DE IMPRIMAÇÃO","2019-01-01",2.569534034699779,2.0477524468903763,2.273538935697442,1.9026970882528318,2.2676028906672214,2.1379930658384958]
["EMULSÃO ASFÁLTICA PARA SERVIÇO DE IMPRIMAÇÃO","2019-02-01","***",2.0257277589489724,2.4624917058645401,1.9703196337051905,2.3070408404815756,2.1551676978941878]
["EMULSÃO ASFÁLTICA PARA SERVIÇO DE IMPRIMAÇÃO","2019-03-01",2.6691099999999999,1.6959436318303136,2.5465520276717553,1.9552438313539189,2.4281821113268061,2.2045408586361903]
["EMULSÃO ASFÁLTICA PARA SERVIÇO DE IMPRIMAÇÃO","2019-04-01",3.35955,1.9818107514303227,2.3125620717113136,2.0354331516730602,2.2397450546167494,2.1774734721493982]
["EMULSÃO ASFÁLTICA PARA SERVIÇO DE IMPRIMAÇÃO","2019-05-01","***",1.8234970544595721,2.4254257239463191,1.9132360206144159,2.2897054462858146,2.0706776060769183]
["EMULSÃO ASFÁLTICA PARA SERVIÇO DE IMPRIMAÇÃO","2019-06-01",2.2517219839142086,2.0564316331744847,2.3626354541824299,1.9853630545154812,2.3117404267678539,2.1754297162835736]
["EMULSÃO ASFÁLTICA PARA SERVIÇO DE IMPRIMAÇÃO","2019-07-01",2.3897042241771573,1.9267336846819376,2.3502997148567633,1.8861192366997852,2.3443128931004193,2.1300336245449243]
["EMULSÃO ASFÁLTICA PARA SERVIÇO DE IMPRIMAÇÃO","2019-08-01",2.4204981811922095,1.9366342717638025,2.2289583891939122,1.9191860417525901,2.0707519605165676,2.0746355600434843]
["EMULSÃO ASFÁLTICA PARA SERVIÇO DE IMPRIMAÇÃO","2019-09-01","***",1.72595770251872,2.1658361328552553,1.9828711191237132,2.1233871540218638,2.0320109511814355]
["EMULSÃO ASFÁLTICA PARA SERVIÇO DE IMPRIMAÇÃO","2019-10-01",4.5373264802536761,2.4236474290967682,2.2699362042611231,1.9603570112969801,2.0919216161557252,2.2362857279303823]
["EMULSÃO ASFÁLTICA PARA SERVIÇO DE IMPRIMAÇÃO","2019-11-01",5.6230687732466951,2.6715909938236941,2.7934442152445098,2.0930103721866944,1.9917861432045603,2.4255786535411881]
["EMULSÃO ASFÁLTICA PARA SERVIÇO DE IMPRIMAÇÃO","2019-12-01",2.3584000000000001,3.0904484000344756,2.6985981808610187,1.99483101942341,2.0674729614924576,2.3388369589663549]
["EMULSÃO ASFÁLTICA PARA SERVIÇO DE IMPRIMAÇÃO","2020-01-01",3.6791948315847596,4.1110188511601589,2.2090466486420044,2.2934666147576288,2.1807412851880241,2.3621384832723091]
["EMULSÃO ASFÁLTICA PARA SERVIÇO DE IMPRIMAÇÃO","2020-02-01",2.1811774007807414,2.1654909296132416,2.3830260641579271,2.2917209365781708,1.9559190447735786,2.1193258904026702]
["EMULSÃO ASFÁLTICA PARA SERVIÇO DE IMPRIMAÇÃO","2020-03-01",2.1471933954276037,1.9745777774206508,2.2907157166825649,2.1034900110826631,1.9431246398375084,2.0570322765095441]
["EMULSÃO ASFÁLTICA PARA SERVIÇO DE IMPRIMAÇÃO","2020-04-01",2.0778829341696397,1.793610134150381,2.2503999009644868,1.8989067760757625,2.0198990328425186,1.996356513702779]
["EMULSÃO ASFÁLTICA PARA SERVIÇO DE IMPRIMAÇÃO","2020-05-01",2.2555799800760732,1.8382469968106199,2.04921303898035,1.8409840556324244,2.1390478487386093,2.0004694352028545]
["EMULSÃO ASFÁLTICA PARA SERVIÇO DE IMPRIMAÇÃO","2020-06-01",2.1355224401584296,1.8717526592631764,2.0038524815999561,1.8457568575565277,2.1776289934903108,1.9814549341740808]
["EMULSÃO ASFÁLTICA PARA SERVIÇO DE IMPRIMAÇÃO","2020-07-01",2.3472582310469319,1.8385508340644319,2.0749291448471241,1.8187960953023425,2.1207410166589744,1.9855505192296981]
["EMULSÃO ASFÁLTICA PARA SERVIÇO DE IMPRIMAÇÃO","2020-08-01",2.3394068348445596,1.8707316968504784,2.1051079563256461,1.821531322006902,2.3315088349322686,2.0288077844879919]
["EMULSÃO ASFÁLTICA PARA SERVIÇO DE IMPRIMAÇÃO","2020-09-01",2.3620475670480823,1.8818332306167003,2.1206819463732454,1.8097786931062012,2.2764226232558142,2.0419763580939101]
["EMULSÃO ASFÁLTICA PARA SERVIÇO DE IMPRIMAÇÃO","2020-10-01",2.5521439381897189,2.0400156077004343,2.0565348781561954,1.8438136785625752,2.117957078695349,2.0469068041644838]
["EMULSÃO ASFÁLTICA PARA SERVIÇO DE IMPRIMAÇÃO","2020-11-01",2.4177600491974358,2.0188306190867253,2.1679761156056374,1.9405702252841677,2.2862254143170171,2.1147758396697172]
["EMULSÃO ASFÁLTICA PARA SERVIÇO DE IMPRIMAÇÃO","2020-12-01",2.3378236417126823,2.0841264732830966,2.1625742851821004,1.8335132127921996,2.2766193632809539,2.0952730475821557]
["EMULSÃO ASFÁLTICA PARA SERVIÇO DE IMPRIMAÇÃO","2021-01-01",2.347244482758621,2.0375597878691645,2.1396080159366542,2.0393461044153844,2.2376702420775714,2.0954109971087274]
["EMULSÃO ASFÁLTICA PARA SERVIÇO DE IMPRIMAÇÃO","2021-02-01",2.3501493848565898,2.056014115717268,2.1588145218720154,1.9805419662265893,2.2036431279255186,2.1088280212173074]
["EMULSÃO ASFÁLTICA PARA SERVIÇO DE IMPRIMAÇÃO","2021-03-01",2.343814607712766,1.969391522550507,2.1533056388479248,2.0575737712482201,2.4169572172627878,2.1614513911194146]
["EMULSÃO ASFÁLTICA PARA SERVIÇO DE IMPRIMAÇÃO","2021-04-01",2.4893339250275637,2.0094747183833115,2.2065015696897596,2.0225825563419222,2.3671075612262298,2.1681865962186944]
["EMULSÃO ASFÁLTICA PARA SERVIÇO DE IMPRIMAÇÃO","2021-05-01",2.5603540979658761,2.3435163980556548,2.457967603936039,2.4267227848229345,2.7680441952971298,2.5118451187675048]
["EMULSÃO ASFÁLTICA PARA SERVIÇO DE IMPRIMAÇÃO","2021-06-01",2.5979053203325209,2.2069928780173469,2.4392551551554367,2.3694899931799145,2.6563028965188091,2.4059176206771271]
["EMULSÃO ASFÁLTICA PARA SERVIÇO DE IMPRIMAÇÃO","2021-07-01",2.4877789729600099,2.2985659921240611,2.4157101048123479,2.346950719202165,2.5056567606381792,2.3916177185434626]
["EMULSÃO ASFÁLTICA PARA SERVIÇO DE IMPRIMAÇÃO","2021-08-01",2.742960745203034,2.2921504163659039,2.4581779088688727,2.4122336335128094,2.6645593237887648,2.4453203266611006]
["EMULSÃO ASFÁLTICA PARA SERVIÇO DE IMPRIMAÇÃO","2021-09-01",2.7361295292805354,2.3472058621277911,2.5007145940183619,2.4364476848492838,2.7185047802971698,2.4887002947269417]
["EMULSÃO ASFÁLTICA PARA SERVIÇO DE IMPRIMAÇÃO","2021-10-01",2.7711781203321229,2.2997943112176391,2.6102565992943241,2.3568543962721984,2.7147784922709639,2.502040352146762]
["EMULSÃO ASFÁLTICA PARA SERVIÇO DE IMPRIMAÇÃO","2021-11-01",3.2692235431946162,2.4903316498765697,2.7374106313084097,2.6827509963977656,3.1193826345188782,2.7718410004092489]
["EMULSÃO ASFÁLTICA PARA SERVIÇO DE IMPRIMAÇÃO","2021-12-01",3.0232395197510824,2.4811121239696741,2.8399219184106168,2.7897857359420737,3.0907552560988689,2.7695953079483986]
["EMULSÃO ASFÁLTICA PARA SERVIÇO DE IMPRIMAÇÃO","2022-01-01",3.1666615251287764,2.481387776339024,2.7500260733344808,2.8233744563615524,2.8680127154040589,2.7139794918540954]
["EMULSÃO ASFÁLTICA PARA SERVIÇO DE IMPRIMAÇÃO","2022-02-01",3.0130564295865194,2.5115472186482144,2.9902902135669787,2.8740507177825525,3.2858949624965774,2.7548944818147176]
["EMULSÃO ASFÁLTICA PARA SERVIÇO DE IMPRIMAÇÃO","2022-03-01",2.6530668181818178,2.5834505076381014,2.9893677349524816,2.9960875739952,3.2109117195300594,2.8387753231243074]
["EMULSÃO ASFÁLTICA PARA SERVIÇO DE IMPRIMAÇÃO","2022-04-01",3.1752210021198692,2.940810703564269,3.3647037660408499,3.0254126235653729,3.3443792665933461,3.1323690863580556]
["EMULSÃO ASFÁLTICA PARA SERVIÇO DE IMPRIMAÇÃO","2022-05-01",3.0254911624216048,3.0780428892722784,3.2428600844879454,2.9954721791758256,3.2211547963766369,3.1142319039385353]
["EMULSÃO ASFÁLTICA PARA SERVIÇO DE IMPRIMAÇÃO","2022-06-01",3.6042888992827633,2.8092826705882352,3.2421525773346196,3.0548692157720279,3.1202498527210061,3.1022324317211183]
["EMULSÃO ASFÁLTICA PARA SERVIÇO DE IMPRIMAÇÃO","2022-07-01",3.4499439039665964,3.0348787201779102,3.3563751586175035,3.0616644898099823,3.2482423979123425,3.2208183723553989]
["EMULSÃO ASFÁLTICA PARA SERVIÇO DE IMPRIMAÇÃO","2022-08-01",3.3751389350154999,3.1220525103388717,3.2507862014749653,3.0489916859357522,3.0750210139125702,3.1839754819147492]
["EMULSÃO ASFÁLTICA PARA SERVIÇO DE IMPRIMAÇÃO","2022-09-01",3.2297256626561928,2.9600224090719442,3.225590487197985,3.0296922171785332,2.9285265107581853,3.092850095982473]
["EMULSÃO ASFÁLTICA PARA SERVIÇO DE IMPRIMAÇÃO","2022-10-01",2.935023095195846,2.9086159784433829,3.1679567346382225,2.8126770393215117,3.0105865418280522,2.989660612175725]
["EMULSÃO ASFÁLTICA PARA SERVIÇO DE IMPRIMAÇÃO","2022-11-01",2.9075154359690019,2.8680256058162539,3.1302584511687539,2.783119177985331,3.0188929179218427,2.9518353931359811]
["EMULSÃO ASFÁLTICA PARA SERVIÇO DE IMPRIMAÇÃO","2022-12-01",3.1460890492363855,2.8836224971110211,3.0842276081993569,2.6200572645143412,2.968354368522979,2.9477420729651174]
["EMULSÃO ASFÁLTICA PARA SERVIÇO DE IMPRIMAÇÃO","2023-01-01",3.8304929538251491,2.6506506503031555,3.7344407531553907,2.9369341704325373,2.8237329120440404,2.919766584205989]
["EMULSÃO ASFÁLTICA PARA SERVIÇO DE IMPRIMAÇÃO","2023-02-01",3.4133893972384484,2.4792648831875175,3.1333218813703287,2.6523342416099243,3.1679657370950047,2.8125589134745792]
["EMULSÃO ASFÁLTICA PARA SERVIÇO DE IMPRIMAÇÃO","2023-03-01",3.5901048167945904,2.4145219695785145,2.8183603233850856,2.480602476721836,2.5785954413552723,2.6069080807161735]
["EMULSÃO ASFÁLTICA PARA SERVIÇO DE IMPRIMAÇÃO","2023-04-01",2.8250312966243478,2.5919587799430368,2.6577796107966027,2.5803076548062727,2.5932050439301864,2.6128176019535871]
["EMULSÃO ASFÁLTICA PARA SERVIÇO DE IMPRIMAÇÃO","2023-05-01",3.0429693417960846,2.5710268530500762,2.8081399934176865,2.3133460501123841,2.4410065126863336,2.5847333100638288]
["EMULSÃO ASFÁLTICA PARA SERVIÇO DE IMPRIMAÇÃO","2023-06-01",2.9723964454576812,2.2668458757660641,2.6939132050872843,2.2833170288798188,2.5303938847813896,2.5360126160424636]
["EMULSÃO ASFÁLTICA PARA SERVIÇO DE IMPRIMAÇÃO","2023-07-01",2.8821984790862936,2.2594110713559488,2.7539668765588168,2.2901569172070624,2.512011643394199,2.5559367978409413]
["EMULSÃO ASFÁLTICA PARA SERVIÇO DE IMPRIMAÇÃO","2023-08-01",2.7599007776265299,2.2519800763491018,2.7191533246964581,2.2484444720773578,2.5402393394585627,2.5142633929458533]
["EMULSÃO ASFÁLTICA PARA SERVIÇO DE IMPRIMAÇÃO","2023-09-01",2.9963490996753093,2.4694270879331937,2.8359607079418838,2.3542105755106055,2.5440572242567523,2.6296176286072672]
["EMULSÃO ASFÁLTICA PARA SERVIÇO DE IMPRIMAÇÃO","2023-10-01",2.9069041499660679,2.3466247757107976,2.7833585392391194,2.2449571863692013,2.5161631257360222,2.5548858726305226]
["EMULSÃO ASFÁLTICA PARA SERVIÇO DE IMPRIMAÇÃO","2023-11-01",3.0181251174746495,2.3975742733603242,2.8357085214027693,2.3057315663117457,2.4853234413728993,2.572672654733811]
["EMULSÃO ASFÁLTICA PARA SERVIÇO DE IMPRIMAÇÃO","2023-12-01",2.9937428089594218,2.2685369069181678,2.7311677809768633,2.3025249018134035,2.7201461208829767,2.5120108245592774]
["EMULSÃO ASFÁLTICA PARA SERVIÇO DE IMPRIMAÇÃO","2024-01-01",3.1576856514478879,2.3099500424127517,2.6017947218421353,2.3588540766402923,2.802549309967008,2.5373917743397296]
["EMULSÃO ASFÁLTICA PARA SERVIÇO DE IMPRIMAÇÃO","2024-02-01",3.234264558593213,2.2708615396454501,2.9665520767683202,2.4553468603164843,2.5576459832485345,2.6139879569074673]
["EMULSÃO ASFÁLTICA PARA SERVIÇO DE IMPRIMAÇÃO","2024-03-01",2.6702058955338024,2.4236607271309123,2.9815662589960108,2.4739468321703972,2.6390660255654708,2.5783919491563876]
["EMULSÃO ASFÁLTICA PARA SERVIÇO DE IMPRIMAÇÃO","2024-04-01",2.9503289613675987,2.3977666569139311,2.7515861276104396,2.432173726034859,2.5948871731624283,2.5758307695536784]
["EMULSÃO ASFÁLTICA PARA SERVIÇO DE IMPRIMAÇÃO","2024-05-01",2.6731142865479063,2.2813300612065581,2.7293088782774348,2.2721972972263225,2.6037438786779208,2.4768549450201895]
["EMULSÃO ASFÁLTICA PARA SERVIÇO DE IMPRIMAÇÃO","2024-06-01",2.8272212648087556,2.212118134446988,2.680425728561346,2.3290443651920096,2.728540167542866,2.5003945712804874]
["EMULSÃO ASFÁLTICA PARA SERVIÇO DE IMPRIMAÇÃO","2024-07-01",2.8467844628704033,2.3746331376635825,2.7308762651570158,2.2487735151282049,2.671186451783333,2.5167889319488714]
["EMULSÕES ASF. MOD. POR POLÍMEROS RC1C-E","2009-12-01","***",1.1249974622097942,1.5012044702572058,1.0900798700620846,1.151130149816231,1.1683242533717153]
["EMULSÕES ASF. MOD. POR POLÍMEROS RC1C-E","2010-01-01","***",1.1223363337167658,1.4157852740584027,1.0761393660013314,1.1651924106492932,1.1467530703502113]
["EMULSÕES ASF. MOD. POR POLÍMEROS RC1C-E","2010-02-01","***",1.1344336512451259,1.4143909262474355,1.1024085153895054,1.1392542378874455,1.1564077223627776]
["EMULSÕES ASF. MOD. POR POLÍMEROS RC1C-E","2010-03-01","***",1.1300057804492121,1.3818383980646003,1.1281897382399328,1.134015585180544,1.1480818886759294]
["EMULSÕES ASF. MOD. POR POLÍMEROS RC1C-E","2010-04-01","***",1.1171007272806979,1.2989352979825408,1.1023387644332401,1.2256434109430649,1.1585751896097041]
["EMULSÕES ASF. MOD. POR POLÍMEROS RC1C-E","2010-05-01","***",1.1152479897652927,1.2936459694096301,1.0918828325528409,1.2216601265202642,1.148750335293629]
["EMULSÕES ASF. MOD. POR POLÍMEROS RC1C-E","2010-06-01","***",1.10612930410162,1.2859711135024787,1.0848081888090657,1.22739985995969,1.1676931182482189]
["EMULSÕES ASF. MOD. POR POLÍMEROS RC1C-E","2010-07-01","***",1.1020354164535162,1.3083709777081185,1.0671102711288294,1.2302566956844019,1.141761029854385]
["EMULSÕES ASF. MOD. POR POLÍMEROS RC1C-E","2010-08-01","***",1.1477252622478387,1.213071513014315,1.0671942635545479,1.2287279908781303,1.1263273024146228]
["EMULSÕES ASF. MOD. POR POLÍMEROS RC1C-E","2010-09-01","***",1.1240271988603991,1.2048207812444864,1.0812034053441875,1.2227587568451816,1.1407292574373391]
["EMULSÕES ASF. MOD. POR POLÍMEROS RC1C-E","2010-10-01","***",1.12382505243718,1.2402748419216565,1.0629624864075402,1.227489407154192,1.1605848421899869]
["EMULSÕES ASF. MOD. POR POLÍMEROS RC1C-E","2010-11-01","***",1.127163555318405,1.2599578586370248,1.083439300496432,1.152436103324803,1.1519706552296827]
["EMULSÕES ASF. MOD. POR POLÍMEROS RC1C-E","2010-12-01","***",1.1180315056056933,1.2236586101220752,1.0749838007420212,1.0954672327393018,1.10823103888343]
["EMULSÕES ASF. MOD. POR POLÍMEROS RC1C-E","2011-01-01","***",1.1461730858179697,1.2363849138491549,1.0415796559565325,1.0716663188414266,1.0989677141413692]
["EMULSÕES ASF. MOD. POR POLÍMEROS RC1C-E","2011-02-01","***",1.1164302921771911,1.2504619394501797,1.0358900782134814,1.0289122660034395,1.0539672213759068]
["EMULSÕES ASF. MOD. POR POLÍMEROS RC1C-E","2011-03-01","***",1.1174118832480158,1.3198188749214332,1.0419353598656744,1.0679306437908918,1.0991659220299679]
["EMULSÕES ASF. MOD. POR POLÍMEROS RC1C-E","2011-04-01","***",1.0929120640569396,1.2777195395489738,1.0155519392305301,1.0312878541324213,1.0613240023224555]
["EMULSÕES ASF. MOD. POR POLÍMEROS RC1C-E","2011-05-01","***",1.1333055436153809,1.335280122793459,1.028016591150843,1.0303283854901206,1.0829396048763413]
["EMULSÕES ASF. MOD. POR POLÍMEROS RC1C-E","2011-06-01","***",1.0548344565616961,1.1947211464033625,0.97101998251654198,1.0453341463634946,1.0295728794896428]
["EMULSÕES ASF. MOD. POR POLÍMEROS RC1C-E","2011-07-01","***",1.0103309518664301,1.2503282297918179,0.97315089914352504,1.1184684719284386,1.0488825637407684]
["EMULSÕES ASF. MOD. POR POLÍMEROS RC1C-E","2011-08-01","***",1.0243519017122233,1.295179172523105,0.98326954029948133,1.1885867471062075,1.078822969841932]
["EMULSÕES ASF. MOD. POR POLÍMEROS RC1C-E","2011-09-01","***",0.99319086976320592,1.3285561246995141,1.0054746683238018,1.568061437875039,1.1857470332937741]
["EMULSÕES ASF. MOD. POR POLÍMEROS RC1C-E","2011-10-01","***",0.98000889615917497,1.128925610195777,1.0521928427561575,1.2146136738477096,1.0760154636389638]
["EMULSÕES ASF. MOD. POR POLÍMEROS RC1C-E","2011-11-01","***",0.87861219387367473,1.18702022006749,1.045232774735831,1.3764207342773651,1.1040722078712992]
["EMULSÕES ASF. MOD. POR POLÍMEROS RC1C-E","2011-12-01","***",0.94987084953146628,1.2273952102194425,1.0099211100246777,1.5096180565539343,1.1494316206746151]
["EMULSÕES ASF. MOD. POR POLÍMEROS RC1C-E","2012-01-01","***",1.0273643712861378,1.208450860576896,1.0538665073903686,1.4359563057531255,1.1360094165805719]
["EMULSÕES ASF. MOD. POR POLÍMEROS RC1C-E","2012-02-01","***",1.0265920586824346,1.191665069972357,1.056466299769069,1.1224067407600966,1.0822853202375438]
["EMULSÕES ASF. MOD. POR POLÍMEROS RC1C-E","2012-03-01","***",1.0515732614997984,1.1866229311017857,1.1014503311160788,1.125374753666059,1.10485504824346]
["EMULSÕES ASF. MOD. POR POLÍMEROS RC1C-E","2012-04-01","***",1.0463841142217984,1.2660407152557718,1.1202346548579882,1.1911450988237182,1.130536870656643]
["EMULSÕES ASF. MOD. POR POLÍMEROS RC1C-E","2012-05-01","***",1.0230424666882276,1.285265209933349,1.1185578521406547,1.1318183179718204,1.1268649057851496]
["EMULSÕES ASF. MOD. POR POLÍMEROS RC1C-E","2012-06-01","***",1.0763058022506005,1.2673700579357619,1.1315320437594911,1.1706642725381415,1.1559037488707784]
["EMULSÕES ASF. MOD. POR POLÍMEROS RC1C-E","2012-07-01","***",1.0498189945357634,1.3999638502940106,1.1109503301061849,1.2219652017431315,1.1642874285363398]
["EMULSÕES ASF. MOD. POR POLÍMEROS RC1C-E","2012-08-01",1.1550039807524057,1.0576747971137774,1.4005061760838382,1.0772248897912731,1.2146278904057515,1.1343902425561538]
["EMULSÕES ASF. MOD. POR POLÍMEROS RC1C-E","2012-09-01",1.3126953851444294,1.0783472235853095,1.3711627975047167,1.1351364751957154,1.1854630869470792,1.1691538300792861]
["EMULSÕES ASF. MOD. POR POLÍMEROS RC1C-E","2012-10-01",1.3394600000000001,1.0826936749561786,1.3748843083591722,1.1132680889930426,1.2526001632164856,1.1668020932768566]
["EMULSÕES ASF. MOD. POR POLÍMEROS RC1C-E","2012-11-01","***",1.1480441404825192,1.3833119896722983,1.1337157660561346,1.2416035854920027,1.1803426317380132]
["EMULSÕES ASF. MOD. POR POLÍMEROS RC1C-E","2012-12-01",1.40892,1.1473087920925731,1.3479291458558369,1.1168303138315863,1.388632091303946,1.1851309792736946]
["EMULSÕES ASF. MOD. POR POLÍMEROS RC1C-E","2013-01-01","***",1.1068925732799548,1.3186500000000001,1.1122713710323253,1.209105370392213,1.1383407012113103]
["EMULSÕES ASF. MOD. POR POLÍMEROS RC1C-E","2013-02-01","***",1.1273708835974863,1.4234605547187449,1.0965513124873782,1.200365957902785,1.1412895347639416]
["EMULSÕES ASF. MOD. POR POLÍMEROS RC1C-E","2013-03-01","***",1.1036774407360979,1.65,1.130694767881808,1.2804810097110606,1.1641214427427828]
["EMULSÕES ASF. MOD. POR POLÍMEROS RC1C-E","2013-04-01","***",1.1274804529855085,1.5576226186625415,1.1483371713035944,1.3054082575941424,1.1976170730110067]
["EMULSÕES ASF. MOD. POR POLÍMEROS RC1C-E","2013-05-01","***",1.157535912472444,1.5446702955223881,1.1811169914917092,1.302122823761372,1.2215407805136647]
["EMULSÕES ASF. MOD. POR POLÍMEROS RC1C-E","2013-06-01","***",1.1916057818042463,1.5037569421399704,1.1814021519920321,1.2976378910462272,1.2357224495398178]
["EMULSÕES ASF. MOD. POR POLÍMEROS RC1C-E","2013-07-01","***",1.2045938195980779,1.4270994286978738,1.2142421669115382,1.3365954579975081,1.2522782227989238]
["EMULSÕES ASF. MOD. POR POLÍMEROS RC1C-E","2013-08-01","***",1.1865055846713901,1.4340845220180809,1.2367312882182677,1.3994277430284272,1.2896922295147963]
["EMULSÕES ASF. MOD. POR POLÍMEROS RC1C-E","2013-09-01","***",1.3049627102297741,1.5172540324291843,1.2177425932695489,1.2714871894185784,1.2864671547629916]
["EMULSÕES ASF. MOD. POR POLÍMEROS RC1C-E","2013-10-01",1.184925,1.2912742226630733,1.4717286144183583,1.221021080629257,1.2904612482814586,1.2919139839934626]
["EMULSÕES ASF. MOD. POR POLÍMEROS RC1C-E","2013-11-01","***",1.3021849410156059,1.4578905522692402,1.2358621543808483,1.3045326707760916,1.2974252460222016]
["EMULSÕES ASF. MOD. POR POLÍMEROS RC1C-E","2013-12-01","***",1.3446567270177905,1.5380718752157676,1.1983555060343936,1.317872779964901,1.3127753370478132]
["EMULSÕES ASF. MOD. POR POLÍMEROS RC1C-E","2014-01-01","***",1.3135002822628952,1.5090714663191251,1.2258328950604314,1.3093216405833725,1.2985462925217168]
["EMULSÕES ASF. MOD. POR POLÍMEROS RC1C-E","2014-02-01","***",1.3581667001468865,1.510661817826972,1.2649584104491196,1.279991476173898,1.312766950678816]
["EMULSÕES ASF. MOD. POR POLÍMEROS RC1C-E","2014-03-01","***",1.3078937482545319,1.4241690309237218,1.2365484449166031,1.2641022964487394,1.2931454657264152]
["EMULSÕES ASF. MOD. POR POLÍMEROS RC1C-E","2014-04-01","***",1.3510091676975233,1.3913668313841692,1.1859426508248181,1.3038012582427436,1.3179735952924496]
["EMULSÕES ASF. MOD. POR POLÍMEROS RC1C-E","2014-05-01","***",1.3451243803002242,1.3838800388803358,1.2475926795069259,1.3925420259611025,1.3478947207454026]
["EMULSÕES ASF. MOD. POR POLÍMEROS RC1C-E","2014-06-01","***",1.4457758324498891,1.4443604348837797,1.2703546503960561,1.4261621354949163,1.3801012116708664]
["EMULSÕES ASF. MOD. POR POLÍMEROS RC1C-E","2014-07-01",1.4313181434599158,1.4092881457075548,1.4284587611149047,1.2749059378394769,1.3920441361296199,1.3631387997118012]
["EMULSÕES ASF. MOD. POR POLÍMEROS RC1C-E","2014-08-01",1.445872,1.3466524710729635,1.4195094611929826,1.2828450374476037,1.3820444534859917,1.3491650645057238]
["EMULSÕES ASF. MOD. POR POLÍMEROS RC1C-E","2014-09-01",1.4050666666666667,1.430957484727807,1.5297012623350417,1.3451900484440831,1.4085876395858052,1.4251755133913036]
["EMULSÕES ASF. MOD. POR POLÍMEROS RC1C-E","2014-10-01",1.437271763527054,1.3694041206410177,1.4275563526662334,1.2339295195910751,1.3544867281666095,1.3428969686808248]
["EMULSÕES ASF. MOD. POR POLÍMEROS RC1C-E","2014-11-01",1.4248429381846635,1.4517914383766044,1.493591009094412,1.2407457438936986,1.4153330790594985,1.4148786906213311]
["EMULSÕES ASF. MOD. POR POLÍMEROS RC1C-E","2014-12-01",1.541411574734209,1.4352496887092756,1.5240712998345916,1.374881434997546,1.4681536818443339,1.4513922105424466]
["EMULSÕES ASF. MOD. POR POLÍMEROS RC1C-E","2015-01-01",1.6640699999999999,1.7476690080201649,1.9534644600607503,1.6947961578098716,1.7240500473481319,1.7601758112705266]
["EMULSÕES ASF. MOD. POR POLÍMEROS RC1C-E","2015-02-01",2.61246,1.552593523771346,1.9965035807379174,1.4764141552968577,1.739549304921066,1.7058344687225115]
["EMULSÕES ASF. MOD. POR POLÍMEROS RC1C-E","2015-03-01",2.3652500958525344,1.5210053128671708,1.9856847429182178,1.3858565932493743,1.6223108422814108,1.7150667962789021]
["EMULSÕES ASF. MOD. POR POLÍMEROS RC1C-E","2015-04-01",2.0753699999999999,1.3688307012218548,1.8940614236317777,1.3659499220272902,1.5998860078272417,1.5857109353362775]
["EMULSÕES ASF. MOD. POR POLÍMEROS RC1C-E","2015-05-01","***",1.4357438943754417,1.6709046347807046,1.3493991490118491,1.6362412373444506,1.4827988745645075]
["EMULSÕES ASF. MOD. POR POLÍMEROS RC1C-E","2015-06-01","***",1.3657807210532549,1.698183406320477,1.398928853730697,1.6059590519288345,1.503811004116931]
["EMULSÕES ASF. MOD. POR POLÍMEROS RC1C-E","2015-07-01",1.49769,1.3929732295237625,1.6790018607561334,1.3418424681814372,1.5587985777097393,1.4511562252105705]
["EMULSÕES ASF. MOD. POR POLÍMEROS RC1C-E","2015-08-01",1.5204274482518698,1.488965664376158,1.6824712031467968,1.3287649930294669,1.616372105364082,1.5208139012308572]
["EMULSÕES ASF. MOD. POR POLÍMEROS RC1C-E","2015-09-01",1.6019000000000001,1.6341163754420058,1.716661764358431,1.4419594224894345,1.3044542894025031,1.4392199992169461]
["EMULSÕES ASF. MOD. POR POLÍMEROS RC1C-E","2015-10-01","***",1.7773064574533985,2.1424040001345941,1.429540958540181,1.4017076534638198,1.4868951153000773]
["EMULSÕES ASF. MOD. POR POLÍMEROS RC1C-E","2015-11-01",1.7647000000000004,1.7929059115805945,2.2065135785117258,1.5609665980017349,1.6712810007864991,1.7161023512156017]
["EMULSÕES ASF. MOD. POR POLÍMEROS RC1C-E","2015-12-01",1.7646999999999997,1.6546615113072256,2.1055908130269287,1.5422357216344185,1.6166820437795304,1.6971454661426497]
["EMULSÕES ASF. MOD. POR POLÍMEROS RC1C-E","2016-01-01",2.9923663015251818,1.780883063810182,1.8597592382495951,1.5274389908398125,1.8146120882495556,1.8182656552440575]
["EMULSÕES ASF. MOD. POR POLÍMEROS RC1C-E","2016-02-01",3.1519942195299793,1.8072458197577275,1.858577107263055,1.5683904112317846,1.8562801449347619,1.850122981146253]
["EMULSÕES ASF. MOD. POR POLÍMEROS RC1C-E","2016-03-01",3.2870607280070923,1.6666447281620507,1.84508216504303,1.5569201404189956,1.7938798665024549,1.7873915117423176]
["EMULSÕES ASF. MOD. POR POLÍMEROS RC1C-E","2016-04-01",3.4336199999999999,1.8097797060439038,1.8886648536344284,1.6650924868449448,1.9426649934017397,1.8690073561913223]
["EMULSÕES ASF. MOD. POR POLÍMEROS RC1C-E","2016-05-01",2.6172200000000001,1.8095122972680924,1.795742453679702,1.6998189818034655,1.9744048583169493,1.818226332350787]
["EMULSÕES ASF. MOD. POR POLÍMEROS RC1C-E","2016-06-01",2.7742499999999994,1.5931027647005558,1.8162392698751912,1.6574796173095472,1.9764401579246744,1.7634669650030232]
["EMULSÕES ASF. MOD. POR POLÍMEROS RC1C-E","2016-07-01",2.7742499999999999,1.6603816690096271,1.8979902538785778,1.7104181674960321,1.9516712463267007,1.7943855871012859]
["EMULSÕES ASF. MOD. POR POLÍMEROS RC1C-E","2016-08-01",2.7742499999999999,1.6301098056809804,1.8540468573555753,1.7657811034615882,2.006478871311248,1.8517957095244217]
["EMULSÕES ASF. MOD. POR POLÍMEROS RC1C-E","2016-09-01",2.9049700000000001,1.701501045592112,1.8390729971195077,1.5794951089273137,1.7359205677285414,1.7244356751366379]
["EMULSÕES ASF. MOD. POR POLÍMEROS RC1C-E","2016-10-01",2.9049700000000005,1.7438641944241409,1.8475148134032793,1.6467597117611241,1.7650163752659638,1.7890765785745739]
["EMULSÕES ASF. MOD. POR POLÍMEROS RC1C-E","2016-11-01",2.6777598692754983,1.6858481303812025,1.8454490332873779,1.579165275534816,1.7697974971269006,1.7313882535270677]
["EMULSÕES ASF. MOD. POR POLÍMEROS RC1C-E","2016-12-01",2.1479395296994106,1.6225943815807062,1.8404246841685956,1.4753300640788967,1.7272505855575355,1.6482371352014966]
["EMULSÕES ASF. MOD. POR POLÍMEROS RC1C-E","2017-01-01",2.4670971346394328,1.68588278275001,1.7441683791310805,1.4762617329110042,1.7514871180648504,1.6587530917299795]
["EMULSÕES ASF. MOD. POR POLÍMEROS RC1C-E","2017-02-01",2.4565132422802849,1.6303720396820311,1.7786030910475303,1.4450694083010769,1.7260976333620488,1.6120705559220971]
["EMULSÕES ASF. MOD. POR POLÍMEROS RC1C-E","2017-03-01",2.6826647224859737,1.5725711890982315,1.7609781511268714,1.4681683132228573,1.7369340377331943,1.6324636190123645]
["EMULSÕES ASF. MOD. POR POLÍMEROS RC1C-E","2017-04-01",2.4716615019157087,1.5284401311336464,1.8316258591291412,1.4793744315252568,1.7949692891099356,1.6531394771751273]
["EMULSÕES ASF. MOD. POR POLÍMEROS RC1C-E","2017-05-01",2.0095589148214641,1.4773517563974417,1.8267142130468548,1.4685361477529115,1.7769695352528057,1.6135704045936921]
["EMULSÕES ASF. MOD. POR POLÍMEROS RC1C-E","2017-06-01",1.8188328010606649,1.4654575838858894,1.6728675648196556,1.4589521963407417,1.7685894079075979,1.5926867145766093]
["EMULSÕES ASF. MOD. POR POLÍMEROS RC1C-E","2017-07-01",1.926787017014489,1.4889938826790259,1.6800667987378626,1.4624371057128056,1.7146979597942851,1.616829298657795]
["EMULSÕES ASF. MOD. POR POLÍMEROS RC1C-E","2017-08-01",1.8100617722749186,1.4718851832829691,1.7042857808862766,1.4468612990407095,1.7404270052245872,1.6031879946633518]
["EMULSÕES ASF. MOD. POR POLÍMEROS RC1C-E","2017-09-01",2.3925010677624363,1.6634573937735406,1.7004059180767059,1.4469082192732685,1.7035616706648637,1.6321422043773441]
["EMULSÕES ASF. MOD. POR POLÍMEROS RC1C-E","2017-10-01",2.3850507335104165,1.7102944995837195,1.6327767700168934,1.4334509892772245,1.7517174269483751,1.664454933946893]
["EMULSÕES ASF. MOD. POR POLÍMEROS RC1C-E","2017-11-01",2.40272,1.822556394527717,1.7343741635514309,1.5189248656933454,1.7467060351380126,1.6812596393627313]
["EMULSÕES ASF. MOD. POR POLÍMEROS RC1C-E","2017-12-01","***",1.7769609539473681,1.8191803343786299,1.5928358745694724,1.7650567202624095,1.7102603031822092]
["EMULSÕES ASF. MOD. POR POLÍMEROS RC1C-E","2018-01-01","***",1.826572427618947,1.8568667883804786,1.593350424095558,1.8689203762675779,1.7202658468950269]
["EMULSÕES ASF. MOD. POR POLÍMEROS RC1C-E","2018-02-01","***",1.7613824564504406,1.7030894245718156,1.607019177253163,1.8369099304673817,1.6962298570587953]
["EMULSÕES ASF. MOD. POR POLÍMEROS RC1C-E","2018-03-01","***",1.6542475779447194,1.8190898887026481,1.6130793310558889,1.818194921830298,1.6950212759079917]
["EMULSÕES ASF. MOD. POR POLÍMEROS RC1C-E","2018-04-01","***",1.6775427874592288,1.8668107783018868,1.6367775418189598,1.8525373552009463,1.726796614448133]
["EMULSÕES ASF. MOD. POR POLÍMEROS RC1C-E","2018-05-01",2.2947600000000001,1.7477595576591476,1.9497870117442708,1.6731898783774046,1.9803067712531108,1.7862687932961188]
["EMULSÕES ASF. MOD. POR POLÍMEROS RC1C-E","2018-06-01","***",1.7933672410966524,2.0408467630828362,1.706340166407122,1.9821130546733079,1.8625042210881302]
["EMULSÕES ASF. MOD. POR POLÍMEROS RC1C-E","2018-07-01",2.0163000000000002,1.8826945075978461,2.1324877064786047,1.8943761836636626,2.0641378309065859,2.0139423338950557]
["EMULSÕES ASF. MOD. POR POLÍMEROS RC1C-E","2018-08-01",2.1330150582177083,1.986627880880268,2.2509212878245761,2.0822481923243572,2.1488582948203083,2.144503560435151]
["EMULSÕES ASF. MOD. POR POLÍMEROS RC1C-E","2018-09-01",2.1388516765423491,2.0753034745184036,2.2186059082430556,2.196225493017872,2.174229223194724,2.1740641014363464]
["EMULSÕES ASF. MOD. POR POLÍMEROS RC1C-E","2018-10-01",2.4091915792519716,2.1057688388845186,1.9753217567837802,2.1832813186944717,2.148440920647912,2.0964909042871063]
["EMULSÕES ASF. MOD. POR POLÍMEROS RC1C-E","2018-11-01",2.565282061128527,2.3693550165754287,2.590575354623295,2.2962242472566707,2.3140427472906553,2.4029002206536862]
["EMULSÕES ASF. MOD. POR POLÍMEROS RC1C-E","2018-12-01",2.3493400000000002,2.3018660590798627,2.3176081549820493,2.3307820501027767,2.3912758532667771,2.3343796861813906]
["EMULSÕES ASF. MOD. POR POLÍMEROS RC1C-E","2019-01-01",2.3312499999999998,2.4228769078777095,2.6617262910494608,2.2698375513055948,2.3569698319080978,2.4454807661374751]
["EMULSÕES ASF. MOD. POR POLÍMEROS RC1C-E","2019-02-01","***",2.455265132242642,2.64863370567618,2.6521840175567637,2.3681202229193348,2.5282471593017495]
["EMULSÕES ASF. MOD. POR POLÍMEROS RC1C-E","2019-03-01","***",2.4194593902545907,2.8288140164284337,2.5014575822334577,2.3943784461345414,2.5406140760548759]
["EMULSÕES ASF. MOD. POR POLÍMEROS RC1C-E","2019-04-01","***",2.4452311385273671,2.8108165135230996,2.4641380597655007,2.4976747433675612,2.5797790317898701]
["EMULSÕES ASF. MOD. POR POLÍMEROS RC1C-E","2019-05-01","***",2.4267955912536983,2.6468966466671442,2.5045540312717911,2.478085034287199,2.5380524707969214]
["EMULSÕES ASF. MOD. POR POLÍMEROS RC1C-E","2019-06-01",2.9501257583019513,2.4976600804694051,2.5252649626875994,2.5174090670887121,2.5332289166706734,2.5270382433855989]
["EMULSÕES ASF. MOD. POR POLÍMEROS RC1C-E","2019-07-01",2.3374567310606058,2.4251416301237048,2.6035848829442276,2.3528772675337564,2.5200139926034004,2.4757854537527861]
["EMULSÕES ASF. MOD. POR POLÍMEROS RC1C-E","2019-08-01",2.099420787172865,2.352140983042458,2.5834152101813568,2.2668267100027442,2.4340697918651961,2.3515662868625369]
["EMULSÕES ASF. MOD. POR POLÍMEROS RC1C-E","2019-09-01",2.1048897174111945,2.2944493887643183,2.6670596471640229,2.2493492302794476,2.3989068217023366,2.3559136758416233]
["EMULSÕES ASF. MOD. POR POLÍMEROS RC1C-E","2019-10-01",2.3879482424989718,2.2691392158049455,2.6843578510841173,2.3123320437277353,2.4141647663965489,2.4021783256685469]
["EMULSÕES ASF. MOD. POR POLÍMEROS RC1C-E","2019-11-01",3.2943041667770863,2.3900935937791545,2.5786385817591495,2.2923713239680676,2.4344270528950966,2.4130837746663358]
["EMULSÕES ASF. MOD. POR POLÍMEROS RC1C-E","2019-12-01",2.2023600000000001,2.3345212840272893,2.6329710191317148,2.3493017735483726,2.4640666536509976,2.413901803527267]
["EMULSÕES ASF. MOD. POR POLÍMEROS RC1C-E","2020-01-01",3.6739999999999999,2.2181605096106107,2.6017392832108346,2.2589791286468159,2.4677743473543261,2.3464003222552838]
["EMULSÕES ASF. MOD. POR POLÍMEROS RC1C-E","2020-02-01","***",2.2861759617636817,2.5420464468695738,2.1435248713043,2.3972244000410816,2.2802186122856938]
["EMULSÕES ASF. MOD. POR POLÍMEROS RC1C-E","2020-03-01","***",2.4240241953311101,2.4255268840103001,2.1633013803706791,2.303430220479938,2.2867149240879048]
["EMULSÕES ASF. MOD. POR POLÍMEROS RC1C-E","2020-04-01","***",2.1124749599713883,2.3608361241894817,2.2124679166864007,2.3288215678100088,2.2687727190140001]
["EMULSÕES ASF. MOD. POR POLÍMEROS RC1C-E","2020-05-01","***",2.2371542287733246,2.0240588391351779,2.2246649009664861,2.3469379115161142,2.2307520057985455]
["EMULSÕES ASF. MOD. POR POLÍMEROS RC1C-E","2020-06-01",2.19842,2.1233119685873745,2.2859282512739876,2.2385165303997869,2.1942374247470959,2.2178467082075142]
["EMULSÕES ASF. MOD. POR POLÍMEROS RC1C-E","2020-07-01",2.1141302870019829,2.1696106349994886,2.3415892762084694,2.2059854781764208,2.3231823849348356,2.2482138291115383]
["EMULSÕES ASF. MOD. POR POLÍMEROS RC1C-E","2020-08-01",2.0930528456981743,2.3137248446338807,2.5084267684367902,2.2870791010583598,2.4287316484283261,2.3556193877773932]
["EMULSÕES ASF. MOD. POR POLÍMEROS RC1C-E","2020-09-01",2.1536471547629255,2.2967606126791336,2.5213940688687249,2.2744366592762626,2.4182144555035299,2.3526803725743539]
["EMULSÕES ASF. MOD. POR POLÍMEROS RC1C-E","2020-10-01",2.3380701104186095,2.2812309624374176,2.6107033606454957,2.302406326964233,2.4427651243723858,2.4126324285932976]
["EMULSÕES ASF. MOD. POR POLÍMEROS RC1C-E","2020-11-01",2.4722627299416855,2.4773590457414127,2.7745613479626305,2.4002878892406847,2.5289077492448828,2.5054277244287477]
["EMULSÕES ASF. MOD. POR POLÍMEROS RC1C-E","2020-12-01",2.4139746136819893,2.4581990113082268,2.6860123733952057,2.3985008330583608,2.6064185918295459,2.5227810713094008]
["EMULSÕES ASF. MOD. POR POLÍMEROS RC1C-E","2021-01-01",2.3511752584035728,2.4541477941273504,2.8905167226183006,2.4674805651992378,2.5991788384998253,2.5405241640864111]
["EMULSÕES ASF. MOD. POR POLÍMEROS RC1C-E","2021-02-01",2.5284502380023413,2.5597974788736275,2.8684150537033992,2.6152167382470668,2.705607835038609,2.6622912296213839]
["EMULSÕES ASF. MOD. POR POLÍMEROS RC1C-E","2021-03-01",2.5213200000000002,2.5618016569365971,2.9692093517890772,2.6054078507218614,2.6852775259111756,2.6543962049536503]
["EMULSÕES ASF. MOD. POR POLÍMEROS RC1C-E","2021-04-01","***",2.640218994039115,2.7641888526996508,2.5655878695898426,2.7505524324511366,2.6738766405884968]
["EMULSÕES ASF. MOD. POR POLÍMEROS RC1C-E","2021-05-01",4.0621999999999989,3.0281294577935856,3.0619746122916238,3.0760313350627717,3.2403922046583351,3.1275986787558852]
["EMULSÕES ASF. MOD. POR POLÍMEROS RC1C-E","2021-06-01",3.201877497749495,3.2717418672727274,3.0668103470023986,3.054237506764697,3.1087813621984792,3.0851901192079123]
["EMULSÕES ASF. MOD. POR POLÍMEROS RC1C-E","2021-07-01",3.0459508317206114,3.1194337327667614,3.2114184362195801,3.1001280697975147,3.0640252643117303,3.1299747315723927]
["EMULSÕES ASF. MOD. POR POLÍMEROS RC1C-E","2021-08-01",3.2173289123288122,3.1087859834243652,3.4971362663953642,3.3262876450552725,3.1378006720864193,3.3201799757849444]
["EMULSÕES ASF. MOD. POR POLÍMEROS RC1C-E","2021-09-01",3.0314576817948384,3.2060753232180637,3.5059866013403802,3.3969443737033926,3.215302462936342,3.3231791685490299]
["EMULSÕES ASF. MOD. POR POLÍMEROS RC1C-E","2021-10-01",3.0856650238163357,3.2189818822489085,3.4591703630263582,3.2942783257452293,3.3339949792630006,3.2974085465009266]
["EMULSÕES ASF. MOD. POR POLÍMEROS RC1C-E","2021-11-01",3.0288667580044417,3.3941555840590643,3.692904938616929,3.5949088480460705,3.5570574144351181,3.5053760829981742]
["EMULSÕES ASF. MOD. POR POLÍMEROS RC1C-E","2021-12-01",3.3622228515836401,3.3961872489661213,3.773099472304557,3.6122170958686199,3.8132931500728628,3.5482797661789265]
["EMULSÕES ASF. MOD. POR POLÍMEROS RC1C-E","2022-01-01",3.4506690059356453,3.47022436850781,3.8188361118938983,3.5682181686834604,3.7456307754627631,3.5970630315271688]
["EMULSÕES ASF. MOD. POR POLÍMEROS RC1C-E","2022-02-01",3.4303199999999996,3.6864139104211895,4.0832628424318882,3.883412320854192,3.7991991185342764,3.811302851468541]
["EMULSÕES ASF. MOD. POR POLÍMEROS RC1C-E","2022-03-01",3.9576372576339374,3.6759478078203762,4.0053914266391262,3.8356568091855801,3.9054963598235761,3.8393060175902587]
["EMULSÕES ASF. MOD. POR POLÍMEROS RC1C-E","2022-04-01",3.6481522042073689,3.8196209164206536,4.2570337679286308,4.0358776958832987,4.1842258413041886,4.0335401468979333]
["EMULSÕES ASF. MOD. POR POLÍMEROS RC1C-E","2022-05-01",3.7789313609526012,4.0566069275485175,4.1492163053848783,3.8317878917391073,3.907701949289812,3.9754420829225983]
["EMULSÕES ASF. MOD. POR POLÍMEROS RC1C-E","2022-06-01",3.7420897076866066,3.8482784087594362,4.0891728366553366,3.8118770449815478,4.0654621599264225,3.9537725073391581]
["EMULSÕES ASF. MOD. POR POLÍMEROS RC1C-E","2022-07-01",3.7913976382555754,3.9642035546660788,4.166960783050234,3.8591406734033082,3.9695978036039974,4.0002217812824012]
["EMULSÕES ASF. MOD. POR POLÍMEROS RC1C-E","2022-08-01",3.6861991186155993,4.1020259852744703,4.1155652760214254,3.7726728099149756,3.9237924368312664,3.9814816952537142]
["EMULSÕES ASF. MOD. POR POLÍMEROS RC1C-E","2022-09-01",3.5584268974466426,4.2260592333128493,3.956711624616863,3.6806676878522562,3.8551209785988099,3.8837379896513964]
["EMULSÕES ASF. MOD. POR POLÍMEROS RC1C-E","2022-10-01",3.5622462957237748,3.8060540368300764,3.6090661323010478,3.4834645992112994,3.7759549613404495,3.6087696978759141]
["EMULSÕES ASF. MOD. POR POLÍMEROS RC1C-E","2022-11-01",3.6595493871934313,4.0486058436244479,3.9160063511769629,3.5016385492511795,3.6481102649496031,3.7892140747457219]
["EMULSÕES ASF. MOD. POR POLÍMEROS RC1C-E","2022-12-01",3.5069335796353633,4.0045537702534268,3.8505299276999279,3.4750259796404115,3.6180403202415756,3.7605520042353748]
["EMULSÕES ASF. MOD. POR POLÍMEROS RC1C-E","2023-01-01",3.4736174796900388,3.4998188085610114,3.5830110296085875,3.3157932760782001,3.5328230115160362,3.4501689238461171]
["EMULSÕES ASF. MOD. POR POLÍMEROS RC1C-E","2023-02-01",3.4813048283791845,3.4357982593994465,3.7779110493421189,3.2578336326077317,3.324035123940948,3.4728869589765816]
["EMULSÕES ASF. MOD. POR POLÍMEROS RC1C-E","2023-03-01",4.2333559605323021,3.3612850345705092,3.6757527403977455,3.2408996877544061,3.0781773132523349,3.3687089268388819]
["EMULSÕES ASF. MOD. POR POLÍMEROS RC1C-E","2023-04-01",3.1256858314196299,3.2173679081671058,3.5564243264137545,3.2739829701817551,3.2133709613797889,3.3334662549669081]
["EMULSÕES ASF. MOD. POR POLÍMEROS RC1C-E","2023-05-01",2.9558989993592077,3.2987128104021712,3.4851641439389294,3.2753717877907436,3.1359499359473948,3.3162709069279792]
["EMULSÕES ASF. MOD. POR POLÍMEROS RC1C-E","2023-06-01",2.9036140918970701,3.2454031131672094,3.3302020689090797,3.1118054574850165,3.073140198137343,3.2039913910368742]
["EMULSÕES ASF. MOD. POR POLÍMEROS RC1C-E","2023-07-01",3.0961028846595369,3.4058632927015267,3.4294210208271876,3.0143352534069776,3.1028822952297426,3.2933831547783776]
["EMULSÕES ASF. MOD. POR POLÍMEROS RC1C-E","2023-08-01",2.9920521495576438,3.3165703171359819,3.4754428670194994,3.0664980455249853,3.0937270668137078,3.2870146874294965]
["EMULSÕES ASF. MOD. POR POLÍMEROS RC1C-E","2023-09-01",3.4922599795810259,3.5027549681021193,3.6023484454768684,3.2048241336599066,3.2642715574999839,3.4477896436705815]
["EMULSÕES ASF. MOD. POR POLÍMEROS RC1C-E","2023-10-01",3.4918251026370069,3.4758875818411927,3.5094414870526625,3.1777668949828075,3.181188871569034,3.3903638407088885]
["EMULSÕES ASF. MOD. POR POLÍMEROS RC1C-E","2023-11-01",3.6378074306816592,3.5340946630189509,3.7065224135686843,3.2958961589586409,3.2236986264887095,3.5017359100454528]
["EMULSÕES ASF. MOD. POR POLÍMEROS RC1C-E","2023-12-01",3.3841284662089457,3.4136589429802586,3.6226180146557589,3.2251409299024743,3.2459044920562983,3.3952809958856891]
["EMULSÕES ASF. MOD. POR POLÍMEROS RC1C-E","2024-01-01",3.2954800020648363,3.3442107807941066,3.6079101573097159,3.0738161367120767,3.2290896707088104,3.3024097721637546]
["EMULSÕES ASF. MOD. POR POLÍMEROS RC1C-E","2024-02-01",3.1301100000000002,3.2996251027768833,3.4071522196770334,2.9759034287847284,3.2488810589423793,3.232736530933134]
["EMULSÕES ASF. MOD. POR POLÍMEROS RC1C-E","2024-03-01",2.9363460756529562,3.201733656705644,3.4212294537372445,3.0501459278824528,3.2737435195350448,3.2355827224480787]
["EMULSÕES ASF. MOD. POR POLÍMEROS RC1C-E","2024-04-01",2.9489193700804712,3.2997466249588121,3.4798907796477532,3.0454251975516207,3.2925890868577294,3.3043486919272285]
["EMULSÕES ASF. MOD. POR POLÍMEROS RC1C-E","2024-05-01",3.134715944543419,3.2396704099523097,3.5493213801704155,3.199128650675557,3.3268555246004072,3.3350013217934102]
["EMULSÕES ASF. MOD. POR POLÍMEROS RC1C-E","2024-06-01",3.2058456844788261,3.1960158101525735,3.4857720935587486,3.0586563904273762,3.3163928964019793,3.2734477866974547]
["EMULSÕES ASF. MOD. POR POLÍMEROS RC1C-E","2024-07-01",3.4146056923555643,3.4977969409362029,3.7226251474589596,3.152690313365587,3.4113421367872445,3.4697480201061501]
["EMULSÕES ASF. MOD. POR POLÍMEROS RL1C-E","2009-12-01","***",1.02372,1.5320287970068789,1.0725852722820761,1.187344129333729,1.1884002443380917]
["EMULSÕES ASF. MOD. POR POLÍMEROS RL1C-E","2010-01-01","***",1.0585643380698453,1.4833595426561124,1.1766507736060741,1.2098515572105475,1.1402030226886712]
["EMULSÕES ASF. MOD. POR POLÍMEROS RL1C-E","2010-02-01","***",1.0601111550764128,1.4253430398132538,1.2112000000000001,1.2087874705973458,1.1747844091925919]
["EMULSÕES ASF. MOD. POR POLÍMEROS RL1C-E","2010-03-01","***",1.0742376646810117,1.369580650704548,"***",1.178857941959724,1.1462039723039044]
["EMULSÕES ASF. MOD. POR POLÍMEROS RL1C-E","2010-04-01","***",1.0317613108166319,1.2738615472013368,"***",1.1991873693581938,1.1410236341851516]
["EMULSÕES ASF. MOD. POR POLÍMEROS RL1C-E","2010-05-01","***",1.0249304455124306,1.3160093515283844,"***",1.2081029245773924,1.1657579415860035]
["EMULSÕES ASF. MOD. POR POLÍMEROS RL1C-E","2010-06-01","***",1.0631043347298788,1.267840358310641,0.85331938903295179,1.1815474195224567,1.1692650934837752]
["EMULSÕES ASF. MOD. POR POLÍMEROS RL1C-E","2010-07-01","***",1.0301412453751355,1.3396218082417681,0.88133898263798938,1.134833093419761,1.08753193041937]
["EMULSÕES ASF. MOD. POR POLÍMEROS RL1C-E","2010-08-01","***",1.0008433118581237,1.2532388558469763,0.89367908611778146,1.1360307643913454,1.1020851863058065]
["EMULSÕES ASF. MOD. POR POLÍMEROS RL1C-E","2010-09-01","***",1.0244811004545684,1.2191567172093194,0.91600206581139887,1.1532813396888184,1.0868293583499022]
["EMULSÕES ASF. MOD. POR POLÍMEROS RL1C-E","2010-10-01","***",0.99910381474841381,1.2534287378104148,0.91820793844492454,1.1373939289982589,1.101576179193519]
["EMULSÕES ASF. MOD. POR POLÍMEROS RL1C-E","2010-11-01","***",0.99885257357077839,1.3123021757622777,0.94102762594718703,1.0996379941987831,1.0879306559197102]
["EMULSÕES ASF. MOD. POR POLÍMEROS RL1C-E","2010-12-01","***",1.0231396751339781,1.3005202263019309,0.91044259282444528,1.1276897560843315,1.1198107633790571]
["EMULSÕES ASF. MOD. POR POLÍMEROS RL1C-E","2011-01-01","***",1.06846,1.2599507571964956,0.91578308182784263,1.0876344415450512,1.0829109222756121]
["EMULSÕES ASF. MOD. POR POLÍMEROS RL1C-E","2011-02-01","***",1.0468388359030838,1.2789125545171338,1.1173999999999997,1.0867935045916439,1.1015004639467552]
["EMULSÕES ASF. MOD. POR POLÍMEROS RL1C-E","2011-03-01","***",1.0460136032535676,1.1934748785554492,0.99345000000000006,1.0815850919791705,1.077874575085066]
["EMULSÕES ASF. MOD. POR POLÍMEROS RL1C-E","2011-04-01","***",0.9518899999999999,1.165071585025653,0.89339999999999997,1.0602631704160368,1.0759705966281441]
["EMULSÕES ASF. MOD. POR POLÍMEROS RL1C-E","2011-05-01","***",1.02355,1.1660563513269526,1.0631000000000002,1.090333660922634,1.1091373603811479]
["EMULSÕES ASF. MOD. POR POLÍMEROS RL1C-E","2011-06-01","***",1.0037728923296763,1.1394255684609416,1.0609999999999999,1.099344439740173,1.0879929138861064]
["EMULSÕES ASF. MOD. POR POLÍMEROS RL1C-E","2011-07-01","***",0.98571022166029176,1.0900742239880805,1.0712591127453888,1.1018255326189701,1.0590463789261351]
["EMULSÕES ASF. MOD. POR POLÍMEROS RL1C-E","2011-08-01","***",0.94731756454426563,1.174690253990792,0.98680393507410025,1.0721306054655046,1.0598281922072097]
["EMULSÕES ASF. MOD. POR POLÍMEROS RL1C-E","2011-09-01","***","***",1.1194394729818491,1.0455405689277901,1.1081643448058913,1.1082915971565543]
["EMULSÕES ASF. MOD. POR POLÍMEROS RL1C-E","2011-10-01","***",0.91261416114011584,1.0869431589356349,0.87043494070053773,1.1025805803126125,1.0690616748404302]
["EMULSÕES ASF. MOD. POR POLÍMEROS RL1C-E","2011-11-01","***",0.96307110328638501,1.0956991098062394,0.8273809322811525,1.1349048287893357,1.0883204926517283]
["EMULSÕES ASF. MOD. POR POLÍMEROS RL1C-E","2011-12-01","***",0.87379249716958363,1.0967003135388196,1.0433358486325652,1.158861778498629,1.1092314194655912]
["EMULSÕES ASF. MOD. POR POLÍMEROS RL1C-E","2012-01-01","***","***",1.0877738410227904,1.0461883959044367,1.0858484249456217,1.0762743391086409]
["EMULSÕES ASF. MOD. POR POLÍMEROS RL1C-E","2012-02-01","***","***",1.1836433061778682,"***",1.0709065334889958,1.083644712154336]
["EMULSÕES ASF. MOD. POR POLÍMEROS RL1C-E","2012-03-01","***","***",1.0842880403015542,"***",1.105981412704738,1.0986970413177148]
["EMULSÕES ASF. MOD. POR POLÍMEROS RL1C-E","2012-04-01","***","***",1.1095409232381721,"***",1.1891202597675232,1.1323532602873121]
["EMULSÕES ASF. MOD. POR POLÍMEROS RL1C-E","2012-05-01","***",0.94464999999999999,1.098513907686389,1.0165,1.1673181224093279,1.1063662681290163]
["EMULSÕES ASF. MOD. POR POLÍMEROS RL1C-E","2012-06-01","***",0.96163194501718219,1.1610579314645768,1.0449486045869025,1.1351775865842619,1.1495860253378962]
["EMULSÕES ASF. MOD. POR POLÍMEROS RL1C-E","2012-07-01","***",0.95782,1.2018663172065194,1.0507806641053787,1.0943033887453975,1.1774784353543699]
["EMULSÕES ASF. MOD. POR POLÍMEROS RL1C-E","2012-08-01","***","***",1.2327306087544967,0.99990000000000001,1.1369150781755943,1.2108398663146747]
["EMULSÕES ASF. MOD. POR POLÍMEROS RL1C-E","2012-09-01","***",1.06264,1.2421090150664893,1.0613484135009565,1.1371857642901173,1.2218442919202008]
["EMULSÕES ASF. MOD. POR POLÍMEROS RL1C-E","2012-10-01","***",1.06264,1.2356809522188203,1.0208371123311901,1.1467394287142831,1.1851869467247611]
["EMULSÕES ASF. MOD. POR POLÍMEROS RL1C-E","2012-11-01","***","***",1.2516165178492298,1.0393833142939939,1.1776342498799506,1.155732675678238]
["EMULSÕES ASF. MOD. POR POLÍMEROS RL1C-E","2012-12-01","***","***",1.2608066500512507,0.92764503297442813,1.1125656335508975,1.0706652442940119]
["EMULSÕES ASF. MOD. POR POLÍMEROS RL1C-E","2013-01-01","***",0.91137000000000001,1.1786000000000001,0.99686000000000008,1.1580527418864714,1.0904460955752215]
["EMULSÕES ASF. MOD. POR POLÍMEROS RL1C-E","2013-02-01","***","***",1.0815161331528427,1.1008590455105083,1.1231977079540956,1.1050251623562644]
["EMULSÕES ASF. MOD. POR POLÍMEROS RL1C-E","2013-03-01","***",0.91446000000000005,1.0062090809806499,1.0868489631319864,1.1539998541265486,1.066144355525696]
["EMULSÕES ASF. MOD. POR POLÍMEROS RL1C-E","2013-04-01","***",0.9144620040691761,1.1475921826931998,1.0640057283729862,1.2329232492304405,1.1237308309114933]
["EMULSÕES ASF. MOD. POR POLÍMEROS RL1C-E","2013-05-01","***",1.0515300000000001,1.1847372746365925,1.0685726644298847,1.3428819771132736,1.1470955183867828]
["EMULSÕES ASF. MOD. POR POLÍMEROS RL1C-E","2013-06-01","***","***",1.184515753005412,1.1283487636985021,1.2949231038786482,1.1656755304300337]
["EMULSÕES ASF. MOD. POR POLÍMEROS RL1C-E","2013-07-01","***",0.996,1.1975379437520375,1.1238005312792936,1.2241393749368674,1.1628061949169357]
["EMULSÕES ASF. MOD. POR POLÍMEROS RL1C-E","2013-08-01","***",0.99602508029468495,1.2494124699445366,1.1381202124825074,1.3114037107045615,1.2008906508938486]
["EMULSÕES ASF. MOD. POR POLÍMEROS RL1C-E","2013-09-01","***",1.1312323170283192,1.2520634154815893,1.1853845557046119,1.3530443719391865,1.2345506473113637]
["EMULSÕES ASF. MOD. POR POLÍMEROS RL1C-E","2013-10-01","***",1.1170576754599435,1.19456345530638,1.1288564182235374,1.3929916235481783,1.1954086202523588]
["EMULSÕES ASF. MOD. POR POLÍMEROS RL1C-E","2013-11-01","***",1.1294503123764335,1.2519725951049692,1.1719657241967658,1.3726670739324407,1.2541506320696849]
["EMULSÕES ASF. MOD. POR POLÍMEROS RL1C-E","2013-12-01","***",1.1294500000000001,1.2989992006352569,1.1573713884023233,1.287973409182108,1.2754914845247067]
["EMULSÕES ASF. MOD. POR POLÍMEROS RL1C-E","2014-01-01","***",1.1427700000000001,1.372394937906299,1.2065040179659317,1.2560600893632066,1.2796878995334886]
["EMULSÕES ASF. MOD. POR POLÍMEROS RL1C-E","2014-02-01","***",1.1435999999999999,1.2299757085961323,1.0373113472047739,1.2104255884820441,1.1626653722061919]
["EMULSÕES ASF. MOD. POR POLÍMEROS RL1C-E","2014-03-01","***",1.0318791973791974,1.2303993288352273,0.88554223733187765,1.2202221109808313,1.1159292579413862]
["EMULSÕES ASF. MOD. POR POLÍMEROS RL1C-E","2014-04-01","***",0.90585623119706737,1.2149793114112648,0.92704144131777644,1.2350792663712982,1.1359471071960365]
["EMULSÕES ASF. MOD. POR POLÍMEROS RL1C-E","2014-05-01","***",1.257522685804771,1.2697250639029884,1.112066283318905,1.2355571974202659,1.2450686269168789]
["EMULSÕES ASF. MOD. POR POLÍMEROS RL1C-E","2014-06-01","***",1.4182797260080504,1.2673419302913906,1.0924872267518486,1.266170934724292,1.2576005676080038]
["EMULSÕES ASF. MOD. POR POLÍMEROS RL1C-E","2014-07-01",1.355199090909091,1.2211681745416318,1.1032238759689925,0.95883557624879745,1.2804993540609135,1.1086851890767651]
["EMULSÕES ASF. MOD. POR POLÍMEROS RL1C-E","2014-08-01",1.5751900000000001,1.0261367597895965,1.0014999050668507,0.92555602109905677,1.3060651703989945,1.0159736662628955]
["EMULSÕES ASF. MOD. POR POLÍMEROS RL1C-E","2014-09-01","***",1.2340196189458579,1.2697694658489309,0.93070352203777895,1.2957578748734562,1.2507084930276484]
["EMULSÕES ASF. MOD. POR POLÍMEROS RL1C-E","2014-10-01",0.89761999999999986,1.1322857954020333,1.1353704149636226,0.98688067924018741,1.2213153519500934,1.1171651157107951]
["EMULSÕES ASF. MOD. POR POLÍMEROS RL1C-E","2014-11-01",0.90525422756857066,1.0102064800935913,1.1436818341108712,1.0347567679222358,1.2372976397154882,1.1227517123499935]
["EMULSÕES ASF. MOD. POR POLÍMEROS RL1C-E","2014-12-01",0.99155000000000004,1.6238556364176444,1.107951840851997,1.3198677249921607,1.3846824844893693,1.1692689852378464]
["EMULSÕES ASF. MOD. POR POLÍMEROS RL1C-E","2015-01-01","***",1.7783058041893514,1.5561981455564902,1.20302,1.2411163247657939,1.5202013773124026]
["EMULSÕES ASF. MOD. POR POLÍMEROS RL1C-E","2015-02-01","***",1.4900000000000002,1.2777296307744421,1.5636399999999999,1.5058953171659537,1.370850309521038]
["EMULSÕES ASF. MOD. POR POLÍMEROS RL1C-E","2015-03-01","***",1.3709053576282277,1.3892457247013807,1.56853,1.3179709229726237,1.3641131420901615]
["EMULSÕES ASF. MOD. POR POLÍMEROS RL1C-E","2015-04-01","***",1.2234786989519335,1.5086420250719277,1.5361199999999999,1.4224702085722853,1.4028049304107328]
["EMULSÕES ASF. MOD. POR POLÍMEROS RL1C-E","2015-05-01","***",1.1959348377620509,1.4442483338009988,1.4889499559424875,1.4042737230485414,1.4296351374724461]
["EMULSÕES ASF. MOD. POR POLÍMEROS RL1C-E","2015-06-01","***","***",1.4436429114437199,1.5652599999999999,1.2760637018271825,1.3871328278489219]
["EMULSÕES ASF. MOD. POR POLÍMEROS RL1C-E","2015-07-01","***",1.8600000000000003,1.1767506854349388,1.1029721688270628,1.2186831137336271,1.1926282196481222]
["EMULSÕES ASF. MOD. POR POLÍMEROS RL1C-E","2015-08-01","***","***",1.5062950200198273,1.220186600310603,1.3974525874055916,1.4755943260201903]
["EMULSÕES ASF. MOD. POR POLÍMEROS RL1C-E","2015-09-01",1.5380985564212553,"***",1.4976523944169196,1.28326472765771,1.3325103389830508,1.4713935424108973]
["EMULSÕES ASF. MOD. POR POLÍMEROS RL1C-E","2015-10-01",1.5396269727967988,1.205087576168929,1.5299030718875954,1.1300515825449007,1.5969199999999999,1.4358391347395418]
["EMULSÕES ASF. MOD. POR POLÍMEROS RL1C-E","2015-11-01",1.70207,1.7858595718574597,1.8087935970883091,1.6165712852807839,1.67411,1.7531095933060377]
["EMULSÕES ASF. MOD. POR POLÍMEROS RL1C-E","2015-12-01",1.7815984279338406,"***",1.7082612294228519,1.7400404843527255,1.4354612531098598,1.7101024379972962]
["EMULSÕES ASF. MOD. POR POLÍMEROS RL1C-E","2016-01-01","***","***",1.7428976843664437,1.2707541606648198,1.4631744138965259,1.4628378597924108]
["EMULSÕES ASF. MOD. POR POLÍMEROS RL1C-E","2016-02-01",1.6494501694915253,"***",1.5879340297453368,1.6785759904248951,1.627361804740671,1.6130966812411103]
["EMULSÕES ASF. MOD. POR POLÍMEROS RL1C-E","2016-03-01",1.628546462034679,"***",1.7172545654427567,1.548898430962343,1.35365,1.6878617735699577]
["EMULSÕES ASF. MOD. POR POLÍMEROS RL1C-E","2016-04-01",1.67350150997151,2.37,1.9555894925206698,"***",1.5416832540166769,1.9202531253137707]
["EMULSÕES ASF. MOD. POR POLÍMEROS RL1C-E","2016-05-01",1.694367367303609,"***",1.9866646248415227,1.5920342433762078,1.7001699090773588,1.7926031482698124]
["EMULSÕES ASF. MOD. POR POLÍMEROS RL1C-E","2016-06-01",1.6409844983391166,"***",2.0489585514061068,1.5188038158798702,1.5918908927712774,1.756901731719321]
["EMULSÕES ASF. MOD. POR POLÍMEROS RL1C-E","2016-07-01",1.6417052606929612,"***",2.0133568501586461,1.4398094206061383,1.4557978095022284,1.7123868884027944]
["EMULSÕES ASF. MOD. POR POLÍMEROS RL1C-E","2016-08-01",1.6898123406614731,"***",1.9006425267418954,1.4948910102166262,1.4560500000000001,1.7865810387402685]
["EMULSÕES ASF. MOD. POR POLÍMEROS RL1C-E","2016-09-01",1.4665205785376783,"***",1.7634790837596899,1.4484578613046952,1.371,1.6775573362278966]
["EMULSÕES ASF. MOD. POR POLÍMEROS RL1C-E","2016-10-01",1.4218381901806798,1.45,1.8214070417599373,2.133200692981903,1.3709999999999998,1.7792425450610898]
["EMULSÕES ASF. MOD. POR POLÍMEROS RL1C-E","2016-11-01",1.4315949167724116,"***",2.2905769909914149,1.9188216083230292,1.371,2.188028474574006]
["EMULSÕES ASF. MOD. POR POLÍMEROS RL1C-E","2016-12-01","***","***",2.1212619321389967,1.8762455214723925,1.3709784314568112,2.0058506686384714]
["EMULSÕES ASF. MOD. POR POLÍMEROS RL1C-E","2017-01-01","***","***",2.3381669244238985,1.9404602922077923,1.37097,2.0445144983802388]
["EMULSÕES ASF. MOD. POR POLÍMEROS RL1C-E","2017-02-01","***","***",2.0834266814612499,2.2105811094265584,1.3709700000000002,2.0984078736021377]
["EMULSÕES ASF. MOD. POR POLÍMEROS RL1C-E","2017-03-01","***","***",2.2534733621409484,2.2575663935238723,1.37097,2.0608085908747822]
["EMULSÕES ASF. MOD. POR POLÍMEROS RL1C-E","2017-04-01","***","***",2.4231083170994179,2.0476681668672283,1.3665799999999999,2.1981441615421238]
["EMULSÕES ASF. MOD. POR POLÍMEROS RL1C-E","2017-05-01",1.3653199999999999,"***",2.1939963383485002,2.1691381043784639,1.3665799999999999,1.9630381067474574]
["EMULSÕES ASF. MOD. POR POLÍMEROS RL1C-E","2017-06-01",1.3787272224695097,"***",2.1812642738098891,1.8735071761322788,"***",2.0261925595716668]
["EMULSÕES ASF. MOD. POR POLÍMEROS RL1C-E","2017-07-01",1.3723299999999998,"***",2.1024764568534553,1.7797273981611546,"***",2.0559084473949318]
["EMULSÕES ASF. MOD. POR POLÍMEROS RL1C-E","2017-08-01","***","***",1.9042397207311279,2.1384462953462808,"***",1.9085097781760543]
["EMULSÕES ASF. MOD. POR POLÍMEROS RL1C-E","2017-09-01",1.3805756869604469,"***",2.0671421431496628,2.0418639999782049,"***",2.0376404485622639]
["EMULSÕES ASF. MOD. POR POLÍMEROS RL1C-E","2017-10-01",1.4123887492036524,"***",2.0408992667471297,2.2484113814629949,"***",2.0695592481067302]
["EMULSÕES ASF. MOD. POR POLÍMEROS RL1C-E","2017-11-01",1.4712700000000001,1.55925,2.1338326546177839,2.2470739929002144,"***",2.1078730343187084]
["EMULSÕES ASF. MOD. POR POLÍMEROS RL1C-E","2017-12-01",1.4712699999999999,1.55925,2.1898316519877716,2.3804582183908045,"***",2.1280098010294686]
["EMULSÕES ASF. MOD. POR POLÍMEROS RL1C-E","2018-01-01","***","***",1.6145666149432782,"***","***",1.6145666149432782]
["EMULSÕES ASF. MOD. POR POLÍMEROS RL1C-E","2018-02-01","***","***",1.5872762062718606,"***","***",1.5872762062718606]
["EMULSÕES ASF. MOD. POR POLÍMEROS RL1C-E","2018-03-01","***","***",1.6476296609202428,"***","***",1.6476296609202428]
["EMULSÕES ASF. MOD. POR POLÍMEROS RL1C-E","2018-04-01","***","***",1.6252411006218834,1.6180600000000001,"***",1.6246885083001497]
["EMULSÕES ASF. MOD. POR POLÍMEROS RL1C-E","2018-05-01","***","***",1.5877489637980069,"***","***",1.5877489637980069]
["EMULSÕES ASF. MOD. POR POLÍMEROS RL1C-E","2018-06-01","***","***",1.832930334737449,"***","***",1.832930334737449]
["EMULSÕES ASF. MOD. POR POLÍMEROS RL1C-E","2018-07-01","***","***",1.9074802317001429,2.3034400000000002,"***",1.9439239470343612]
["EMULSÕES ASF. MOD. POR POLÍMEROS RL1C-E","2018-08-01",1.927,"***",2.0378398860593894,"***","***",2.0358527959543449]
["EMULSÕES ASF. MOD. POR POLÍMEROS RL1C-E","2018-09-01","***","***",2.1855527269408124,"***","***",2.1855527269408124]
["EMULSÕES ASF. MOD. POR POLÍMEROS RL1C-E","2018-10-01","***",1.9805600000000001,2.0937629132932698,1.968,"***",2.0864472267643497]
["EMULSÕES ASF. MOD. POR POLÍMEROS RL1C-E","2018-11-01","***",2.2325599999999999,2.3583192448645871,2.1648000000000001,"***",2.3352712410487633]
["EMULSÕES ASF. MOD. POR POLÍMEROS RL1C-E","2018-12-01","***",2.0299999999999998,2.0715596498970283,"***","***",2.0518467754407665]
["EMULSÕES ASF. MOD. POR POLÍMEROS RL1C-E","2019-01-01","***",2.2325599999999999,2.3638657587358782,"***","***",2.3505173582170071]
["EMULSÕES ASF. MOD. POR POLÍMEROS RL1C-E","2019-02-01","***","***",2.5128929826950812,"***",2.18248,2.5122325265851124]
["EMULSÕES ASF. MOD. POR POLÍMEROS RL1C-E","2019-03-01","***","***",2.5525698418345777,"***","***",2.5525698418345777]
["EMULSÕES ASF. MOD. POR POLÍMEROS RL1C-E","2019-04-01","***","***",2.5190075848513902,"***","***",2.5190075848513902]
["EMULSÕES ASF. MOD. POR POLÍMEROS RL1C-E","2019-05-01","***","***",2.5947528566365405,"***","***",2.5947528566365405]
["EMULSÕES ASF. MOD. POR POLÍMEROS RL1C-E","2019-06-01","***","***",2.5756834778351094,"***","***",2.5756834778351094]
["EMULSÕES ASF. MOD. POR POLÍMEROS RL1C-E","2019-07-01","***","***",2.6339024480259146,"***",3.6011199999999999,2.6364637316950459]
["EMULSÕES ASF. MOD. POR POLÍMEROS RL1C-E","2019-08-01","***","***",2.4591963360555642,"***","***",2.4591963360555642]
["EMULSÕES ASF. MOD. POR POLÍMEROS RL1C-E","2019-09-01","***","***",2.6096139014429101,"***","***",2.6096139014429101]
["EMULSÕES ASF. MOD. POR POLÍMEROS RL1C-E","2019-10-01","***","***",2.586292796099452,1.9275715983998607,"***",2.4161527455076364]
["EMULSÕES ASF. MOD. POR POLÍMEROS RL1C-E","2019-11-01",2.05905,1.9530000000000001,2.344175846260709,1.9105699999999999,"***",2.1984066684253443]
["EMULSÕES ASF. MOD. POR POLÍMEROS RL1C-E","2019-12-01","***","***",2.3397363832376978,1.91726,"***",2.2608207579185522]
["EMULSÕES ASF. MOD. POR POLÍMEROS RL1C-E","2020-01-01","***","***",2.65401,2.1825000000000001,"***",2.5109614585764293]
["EMULSÕES ASF. MOD. POR POLÍMEROS RL1C-E","2020-02-01","***","***","***","***","***","***"]
["EMULSÕES ASF. MOD. POR POLÍMEROS RL1C-E","2020-03-01","***","***",2.2298759693621295,"***","***",2.2298759693621295]
["EMULSÕES ASF. MOD. POR POLÍMEROS RL1C-E","2020-04-01","***","***",2.2285900000000001,"***","***",2.2285900000000001]
["EMULSÕES ASF. MOD. POR POLÍMEROS RL1C-E","2020-05-01","***","***",2.2617554714330863,"***",3.6011199999999999,2.2664423333449979]
["EMULSÕES ASF. MOD. POR POLÍMEROS RL1C-E","2020-06-01","***","***",2.1753930715783025,"***","***",2.1753930715783025]
["EMULSÕES ASF. MOD. POR POLÍMEROS RL1C-E","2020-07-01","***",1.862951059377945,2.1324940838833477,"***","***",2.0647657496289744]
["EMULSÕES ASF. MOD. POR POLÍMEROS RL1C-E","2020-08-01",2.1328382901443441,2.0277004935438527,2.2073144364456279,2.0217100000000001,"***",2.1405328169161337]
["EMULSÕES ASF. MOD. POR POLÍMEROS RL1C-E","2020-09-01",2.1584296998864434,2.0163690741239373,2.192614518780807,2.0217100000000001,3.2737500000000002,2.119879340000594]
["EMULSÕES ASF. MOD. POR POLÍMEROS RL1C-E","2020-10-01",2.35676,1.9664099999999998,2.1852590764513677,"***","***",2.1072666796296033]
["EMULSÕES ASF. MOD. POR POLÍMEROS RL1C-E","2020-11-01",2.1065900000000002,2.0308385185400777,2.2723746986635165,"***","***",2.1886718917941343]
["EMULSÕES ASF. MOD. POR POLÍMEROS RL1C-E","2020-12-01",2.10276,2.0997957894072083,2.3340289443633555,"***","***",2.1719404278970416]
["EMULSÕES ASF. MOD. POR POLÍMEROS RL1C-E","2021-01-01","***",2.142521433202015,2.485038322817315,"***","***",2.2293999728301328]
["EMULSÕES ASF. MOD. POR POLÍMEROS RL1C-E","2021-02-01","***",2.2131132812704051,2.6752508830364059,"***","***",2.2908774474833273]
["EMULSÕES ASF. MOD. POR POLÍMEROS RL1C-E","2021-03-01","***",2.2266090944423396,2.3237017172289955,"***",4.8924399999999997,2.2516948170922801]
["EMULSÕES ASF. MOD. POR POLÍMEROS RL1C-E","2021-04-01","***",2.2226347534928088,2.3774873387920632,"***","***",2.2809558804943446]
["EMULSÕES ASF. MOD. POR POLÍMEROS RL1C-E","2021-05-01","***",2.6408150867521614,2.8201249183168322,"***","***",2.778250400037944]
["EMULSÕES ASF. MOD. POR POLÍMEROS RL1C-E","2021-06-01",2.7941048126858279,2.7219822776021325,2.7303304115547258,"***",5.8745500000000002,2.7325574274997546]
["EMULSÕES ASF. MOD. POR POLÍMEROS RL1C-E","2021-07-01",2.6031618254614548,2.7435516290623059,2.8785755191951279,"***",5.8745599999999998,2.8655068382675681]
["EMULSÕES ASF. MOD. POR POLÍMEROS RL1C-E","2021-08-01","***",2.8309810250809062,3.076932024033916,3.1686999999999999,"***",3.0452618357105541]
["EMULSÕES ASF. MOD. POR POLÍMEROS RL1C-E","2021-09-01",2.7897799999999995,2.830980337258223,3.0950539095938736,3.1686999999999999,"***",2.9971183265315258]
["EMULSÕES ASF. MOD. POR POLÍMEROS RL1C-E","2021-10-01","***",2.8309811302954784,2.9890402388488972,"***","***",2.9642829443294367]
["EMULSÕES ASF. MOD. POR POLÍMEROS RL1C-E","2021-11-01","***",3.02915,2.9934399988506031,"***","***",2.9961237870631203]
["EMULSÕES ASF. MOD. POR POLÍMEROS RL1C-E","2021-12-01",2.50285,3.02915,3.3885607344503095,"***","***",3.2999144143106056]
["EMULSÕES ASF. MOD. POR POLÍMEROS RL1C-E","2022-01-01","***","***",3.3838127493796519,"***",3.3483299999999998,3.3838048269617205]
["EMULSÕES ASF. MOD. POR POLÍMEROS RL1C-E","2022-02-01","***","***",4.0285234084761044,"***","***",4.0285234084761044]
["EMULSÕES ASF. MOD. POR POLÍMEROS RL1C-E","2022-03-01","***","***",3.7434526941667214,"***","***",3.7434526941667214]
["EMULSÕES ASF. MOD. POR POLÍMEROS RL1C-E","2022-04-01","***",3.3810799999999999,3.8767376580064239,"***","***",3.8440513893501906]
["EMULSÕES ASF. MOD. POR POLÍMEROS RL1C-E","2022-05-01","***","***",3.8769191358138846,"***","***",3.8769191358138846]
["EMULSÕES ASF. MOD. POR POLÍMEROS RL1C-E","2022-06-01","***","***",3.8526523753241468,"***","***",3.8526523753241468]
["EMULSÕES ASF. MOD. POR POLÍMEROS RL1C-E","2022-07-01","***",3.5129436526757911,3.8424058742129503,"***","***",3.6937415846473192]
["EMULSÕES ASF. MOD. POR POLÍMEROS RL1C-E","2022-08-01","***",3.6054467984938778,3.9619444182037835,"***","***",3.8295425248427932]
["EMULSÕES ASF. MOD. POR POLÍMEROS RL1C-E","2022-09-01","***",3.6246248494392375,3.8362795715723506,"***","***",3.721222836099801]
["EMULSÕES ASF. MOD. POR POLÍMEROS RL1C-E","2022-10-01","***",3.6125510254231532,3.4370704019656015,"***","***",3.5106990905849815]
["EMULSÕES ASF. MOD. POR POLÍMEROS RL1C-E","2022-11-01","***",3.5431308985765124,3.5752506588854653,"***","***",3.5644788757035335]
["EMULSÕES ASF. MOD. POR POLÍMEROS RL1C-E","2022-12-01","***",3.49797,3.572834842822215,"***","***",3.5251059780131673]
["EMULSÕES ASF. MOD. POR POLÍMEROS RL1C-E","2023-01-01","***",3.4318199577947768,"***","***","***",3.4318199577947768]
["EMULSÕES ASF. MOD. POR POLÍMEROS RL1C-E","2023-02-01","***",3.4176899999999999,3.9512198131880356,"***","***",3.8854257779294206]
["EMULSÕES ASF. MOD. POR POLÍMEROS RL1C-E","2023-03-01","***","***",3.3465507235762093,4.0088800000000004,"***",3.530366585165587]
["EMULSÕES ASF. MOD. POR POLÍMEROS RL1C-E","2023-04-01","***","***",3.6266582710570359,4.1654296706192362,"***",3.6557566996957993]
["EMULSÕES ASF. MOD. POR POLÍMEROS RL1C-E","2023-05-01","***","***",3.7813204780461582,4.1536799999999996,"***",3.793395716406267]
["EMULSÕES ASF. MOD. POR POLÍMEROS RL1C-E","2023-06-01","***","***",3.4535528961185071,3.4182800000000002,"***",3.4535000627223367]
["EMULSÕES ASF. MOD. POR POLÍMEROS RL1C-E","2023-07-01","***","***",3.4999470224383846,4.0849230731553172,"***",3.5504168266150469]
["EMULSÕES ASF. MOD. POR POLÍMEROS RL1C-E","2023-08-01","***",3.2110983722266107,3.5256439337403771,"***","***",3.4538466390775957]
["EMULSÕES ASF. MOD. POR POLÍMEROS RL1C-E","2023-09-01","***",3.4526159464200288,3.4989581662997162,4.1815579690491385,"***",3.5613632790744667]
["EMULSÕES ASF. MOD. POR POLÍMEROS RL1C-E","2023-10-01","***",3.1278600000000001,3.5044214432653304,4.2376269429937885,"***",3.7514319921825998]
["EMULSÕES ASF. MOD. POR POLÍMEROS RL1C-E","2023-11-01","***",3.4672800000000001,3.3614491869633225,4.3680025046229707,"***",3.5926109192469493]
["EMULSÕES ASF. MOD. POR POLÍMEROS RL1C-E","2023-12-01","***","***",2.8345906714673741,4.3746900704934539,"***",3.2557165707467064]
["EMULSÕES ASF. MOD. POR POLÍMEROS RL1C-E","2024-01-01","***","***",3.7850600000000001,2.9024200000000002,"***",3.559821991701245]
["EMULSÕES ASF. MOD. POR POLÍMEROS RL1C-E","2024-02-01","***","***",3.4983240834888059,4.5088800000000004,"***",3.5168324336080583]
["EMULSÕES ASF. MOD. POR POLÍMEROS RL1C-E","2024-03-01",2.6892,"***",2.5602703351104341,"***","***",2.5900814040634694]
["EMULSÕES ASF. MOD. POR POLÍMEROS RL1C-E","2024-04-01",2.7951000000000001,"***",2.915417591211829,"***","***",2.9107756415367882]
["EMULSÕES ASF. MOD. POR POLÍMEROS RL1C-E","2024-05-01","***","***",3.0294281997153392,8.0474899999999998,"***",3.0374254295655874]
["EMULSÕES ASF. MOD. POR POLÍMEROS RL1C-E","2024-06-01","***","***",2.7362379185619665,"***","***",2.7362379185619665]
["EMULSÕES ASF. MOD. POR POLÍMEROS RL1C-E","2024-07-01","***","***",3.153736280935985,"***","***",3.153736280935985]
["EMULSÕES ASF. MOD. POR POLÍMEROS RM1C-E","2009-12-01","***","***","***","***","***","***"]
["EMULSÕES ASF. MOD. POR POLÍMEROS RM1C-E","2010-01-01","***","***","***","***","***","***"]
["EMULSÕES ASF. MOD. POR POLÍMEROS RM1C-E","2010-02-01","***","***","***","***","***","***"]
["EMULSÕES ASF. MOD. POR POLÍMEROS RM1C-E","2010-03-01","***","***","***","***","***","***"]
["EMULSÕES ASF. MOD. POR POLÍMEROS RM1C-E","2010-04-01","***","***","***","***",0.9883900000000001,0.9883900000000001]
["EMULSÕES ASF. MOD. POR POLÍMEROS RM1C-E","2010-05-01","***","***","***","***",1.0001899999999999,1.0001899999999999]
["EMULSÕES ASF. MOD. POR POLÍMEROS RM1C-E","2010-06-01","***","***","***","***",1.0179,1.0179]
["EMULSÕES ASF. MOD. POR POLÍMEROS RM1C-E","2010-07-01","***","***","***","***",1.00525,1.00525]
["EMULSÕES ASF. MOD. POR POLÍMEROS RM1C-E","2010-08-01","***","***","***","***","***","***"]
["EMULSÕES ASF. MOD. POR POLÍMEROS RM1C-E","2010-09-01","***","***","***","***","***","***"]
["EMULSÕES ASF. MOD. POR POLÍMEROS RM1C-E","2010-10-01","***","***","***","***","***","***"]
["EMULSÕES ASF. MOD. POR POLÍMEROS RM1C-E","2010-11-01","***","***","***","***","***","***"]
["EMULSÕES ASF. MOD. POR POLÍMEROS RM1C-E","2010-12-01","***","***","***","***","***","***"]
["EMULSÕES ASF. MOD. POR POLÍMEROS RM1C-E","2011-01-01","***","***","***","***","***","***"]
["EMULSÕES ASF. MOD. POR POLÍMEROS RM1C-E","2011-02-01","***","***","***","***","***","***"]
["EMULSÕES ASF. MOD. POR POLÍMEROS RM1C-E","2011-03-01","***","***","***","***","***","***"]
["EMULSÕES ASF. MOD. POR POLÍMEROS RM1C-E","2011-04-01","***","***","***","***","***","***"]
["EMULSÕES ASF. MOD. POR POLÍMEROS RM1C-E","2011-05-01","***","***","***","***","***","***"]
["EMULSÕES ASF. MOD. POR POLÍMEROS RM1C-E","2011-06-01","***","***","***","***","***","***"]
["EMULSÕES ASF. MOD. POR POLÍMEROS RM1C-E","2011-07-01","***","***","***","***","***","***"]
["EMULSÕES ASF. MOD. POR POLÍMEROS RM1C-E","2011-08-01","***","***","***","***","***","***"]
["EMULSÕES ASF. MOD. POR POLÍMEROS RM1C-E","2011-09-01","***","***","***","***","***","***"]
["EMULSÕES ASF. MOD. POR POLÍMEROS RM1C-E","2011-10-01","***","***","***","***","***","***"]
["EMULSÕES ASF. MOD. POR POLÍMEROS RM1C-E","2011-11-01","***","***","***","***","***","***"]
["EMULSÕES ASF. MOD. POR POLÍMEROS RM1C-E","2011-12-01","***","***","***","***","***","***"]
["EMULSÕES ASF. MOD. POR POLÍMEROS RM1C-E","2012-01-01","***","***","***","***","***","***"]
["EMULSÕES ASF. MOD. POR POLÍMEROS RM1C-E","2012-02-01","***","***","***","***","***","***"]
["EMULSÕES ASF. MOD. POR POLÍMEROS RM1C-E","2012-03-01","***","***","***","***","***","***"]
["EMULSÕES ASF. MOD. POR POLÍMEROS RM1C-E","2012-04-01","***","***","***","***","***","***"]
["EMULSÕES ASF. MOD. POR POLÍMEROS RM1C-E","2012-05-01","***","***","***","***","***","***"]
["EMULSÕES ASF. MOD. POR POLÍMEROS RM1C-E","2012-06-01","***","***","***","***","***","***"]
["EMULSÕES ASF. MOD. POR POLÍMEROS RM1C-E","2012-07-01","***","***","***","***","***","***"]
["EMULSÕES ASF. MOD. POR POLÍMEROS RM1C-E","2012-08-01","***","***","***","***","***","***"]
["EMULSÕES ASF. MOD. POR POLÍMEROS RM1C-E","2012-09-01","***","***","***","***","***","***"]
["EMULSÕES ASF. MOD. POR POLÍMEROS RM1C-E","2012-10-01","***","***","***","***","***","***"]
["EMULSÕES ASF. MOD. POR POLÍMEROS RM1C-E","2012-11-01","***","***","***","***","***","***"]
["EMULSÕES ASF. MOD. POR POLÍMEROS RM1C-E","2012-12-01","***","***","***","***","***","***"]
["EMULSÕES ASF. MOD. POR POLÍMEROS RM1C-E","2013-01-01","***","***","***","***","***","***"]
["EMULSÕES ASF. MOD. POR POLÍMEROS RM1C-E","2013-02-01","***","***","***","***","***","***"]
["EMULSÕES ASF. MOD. POR POLÍMEROS RM1C-E","2013-03-01","***","***","***","***","***","***"]
["EMULSÕES ASF. MOD. POR POLÍMEROS RM1C-E","2013-04-01","***","***","***","***","***","***"]
["EMULSÕES ASF. MOD. POR POLÍMEROS RM1C-E","2013-05-01","***","***","***","***","***","***"]
["EMULSÕES ASF. MOD. POR POLÍMEROS RM1C-E","2013-06-01","***","***","***","***","***","***"]
["EMULSÕES ASF. MOD. POR POLÍMEROS RM1C-E","2013-07-01","***","***","***","***","***","***"]
["EMULSÕES ASF. MOD. POR POLÍMEROS RM1C-E","2013-08-01","***","***","***","***","***","***"]
["EMULSÕES ASF. MOD. POR POLÍMEROS RM1C-E","2013-09-01","***","***","***","***","***","***"]
["EMULSÕES ASF. MOD. POR POLÍMEROS RM1C-E","2013-10-01","***","***","***","***",1.6719999999999999,1.6719999999999999]
["EMULSÕES ASF. MOD. POR POLÍMEROS RM1C-E","2013-11-01","***","***","***","***","***","***"]
["EMULSÕES ASF. MOD. POR POLÍMEROS RM1C-E","2013-12-01","***","***","***","***","***","***"]
["EMULSÕES ASF. MOD. POR POLÍMEROS RM1C-E","2014-01-01","***","***","***","***","***","***"]
["EMULSÕES ASF. MOD. POR POLÍMEROS RM1C-E","2014-02-01","***","***","***","***","***","***"]
["EMULSÕES ASF. MOD. POR POLÍMEROS RM1C-E","2014-03-01","***","***","***","***","***","***"]
["EMULSÕES ASF. MOD. POR POLÍMEROS RM1C-E","2014-04-01","***","***","***","***","***","***"]
["EMULSÕES ASF. MOD. POR POLÍMEROS RM1C-E","2014-05-01","***","***","***","***","***","***"]
["EMULSÕES ASF. MOD. POR POLÍMEROS RM1C-E","2014-06-01","***","***","***","***","***","***"]
["EMULSÕES ASF. MOD. POR POLÍMEROS RM1C-E","2014-07-01","***","***","***","***","***","***"]
["EMULSÕES ASF. MOD. POR POLÍMEROS RM1C-E","2014-08-01","***","***",1.4913099999999999,"***","***",1.4913099999999999]
["EMULSÕES ASF. MOD. POR POLÍMEROS RM1C-E","2014-09-01","***","***","***","***","***","***"]
["EMULSÕES ASF. MOD. POR POLÍMEROS RM1C-E","2014-10-01","***","***","***","***","***","***"]
["EMULSÕES ASF. MOD. POR POLÍMEROS RM1C-E","2014-11-01","***","***","***","***","***","***"]
["EMULSÕES ASF. MOD. POR POLÍMEROS RM1C-E","2014-12-01","***","***","***","***","***","***"]
["EMULSÕES ASF. MOD. POR POLÍMEROS RM1C-E","2015-01-01","***","***","***","***","***","***"]
["EMULSÕES ASF. MOD. POR POLÍMEROS RM1C-E","2015-02-01","***","***","***","***","***","***"]
["EMULSÕES ASF. MOD. POR POLÍMEROS RM1C-E","2015-03-01","***","***","***","***","***","***"]
["EMULSÕES ASF. MOD. POR POLÍMEROS RM1C-E","2015-04-01","***","***","***","***","***","***"]
["EMULSÕES ASF. MOD. POR POLÍMEROS RM1C-E","2015-05-01","***","***","***","***","***","***"]
["EMULSÕES ASF. MOD. POR POLÍMEROS RM1C-E","2015-06-01","***","***","***","***","***","***"]
["EMULSÕES ASF. MOD. POR POLÍMEROS RM1C-E","2015-07-01","***","***","***",1.65802,"***",1.65802]
["EMULSÕES ASF. MOD. POR POLÍMEROS RM1C-E","2015-08-01","***","***","***","***","***","***"]
["EMULSÕES ASF. MOD. POR POLÍMEROS RM1C-E","2015-09-01","***","***","***","***","***","***"]
["EMULSÕES ASF. MOD. POR POLÍMEROS RM1C-E","2015-10-01","***","***","***","***","***","***"]
["EMULSÕES ASF. MOD. POR POLÍMEROS RM1C-E","2015-11-01","***","***","***","***","***","***"]
["EMULSÕES ASF. MOD. POR POLÍMEROS RM1C-E","2015-12-01","***","***","***",2.1626400000000001,"***",2.1626400000000001]
["EMULSÕES ASF. MOD. POR POLÍMEROS RM1C-E","2016-01-01","***","***","***",2.1626400000000001,"***",2.1626400000000001]
["EMULSÕES ASF. MOD. POR POLÍMEROS RM1C-E","2016-02-01","***","***","***","***","***","***"]
["EMULSÕES ASF. MOD. POR POLÍMEROS RM1C-E","2016-03-01","***","***","***","***","***","***"]
["EMULSÕES ASF. MOD. POR POLÍMEROS RM1C-E","2016-04-01","***","***","***","***","***","***"]
["EMULSÕES ASF. MOD. POR POLÍMEROS RM1C-E","2016-05-01","***","***","***","***","***","***"]
["EMULSÕES ASF. MOD. POR POLÍMEROS RM1C-E","2016-06-01","***","***","***","***","***","***"]
["EMULSÕES ASF. MOD. POR POLÍMEROS RM1C-E","2016-07-01","***","***","***","***","***","***"]
["EMULSÕES ASF. MOD. POR POLÍMEROS RM1C-E","2016-08-01","***","***","***","***","***","***"]
["EMULSÕES ASF. MOD. POR POLÍMEROS RM1C-E","2016-09-01","***","***","***","***","***","***"]
["EMULSÕES ASF. MOD. POR POLÍMEROS RM1C-E","2016-10-01","***","***","***","***","***","***"]
["EMULSÕES ASF. MOD. POR POLÍMEROS RM1C-E","2016-11-01","***","***","***","***","***","***"]
["EMULSÕES ASF. MOD. POR POLÍMEROS RM1C-E","2016-12-01","***","***","***",1.7301999999999997,"***",1.7301999999999997]
["EMULSÕES ASF. MOD. POR POLÍMEROS RM1C-E","2017-01-01","***","***","***","***","***","***"]
["EMULSÕES ASF. MOD. POR POLÍMEROS RM1C-E","2017-02-01","***","***","***",2.2707700000000002,"***",2.2707700000000002]
["EMULSÕES ASF. MOD. POR POLÍMEROS RM1C-E","2017-03-01","***","***","***","***","***","***"]
["EMULSÕES ASF. MOD. POR POLÍMEROS RM1C-E","2017-04-01","***","***","***","***","***","***"]
["EMULSÕES ASF. MOD. POR POLÍMEROS RM1C-E","2017-05-01","***","***","***","***","***","***"]
["EMULSÕES ASF. MOD. POR POLÍMEROS RM1C-E","2017-06-01","***","***","***","***","***","***"]
["EMULSÕES ASF. MOD. POR POLÍMEROS RM1C-E","2017-07-01","***","***","***","***","***","***"]
["EMULSÕES ASF. MOD. POR POLÍMEROS RM1C-E","2017-08-01","***","***","***","***","***","***"]
["EMULSÕES ASF. MOD. POR POLÍMEROS RM1C-E","2017-09-01","***","***","***","***","***","***"]
["EMULSÕES ASF. MOD. POR POLÍMEROS RM1C-E","2017-10-01","***","***","***","***","***","***"]
["EMULSÕES ASF. MOD. POR POLÍMEROS RM1C-E","2017-11-01","***","***","***","***","***","***"]
["EMULSÕES ASF. MOD. POR POLÍMEROS RM1C-E","2017-12-01","***","***","***","***","***","***"]
["EMULSÕES ASF. MOD. POR POLÍMEROS RM1C-E","2018-01-01","***","***","***","***","***","***"]
["EMULSÕES ASF. MOD. POR POLÍMEROS RM1C-E","2018-02-01","***","***","***","***","***","***"]
["EMULSÕES ASF. MOD. POR POLÍMEROS RM1C-E","2018-03-01","***","***","***","***","***","***"]
["EMULSÕES ASF. MOD. POR POLÍMEROS RM1C-E","2018-04-01","***","***","***","***","***","***"]
["EMULSÕES ASF. MOD. POR POLÍMEROS RM1C-E","2018-05-01","***","***","***","***","***","***"]
["EMULSÕES ASF. MOD. POR POLÍMEROS RM1C-E","2018-06-01","***","***","***","***","***","***"]
["EMULSÕES ASF. MOD. POR POLÍMEROS RM1C-E","2018-07-01","***","***","***","***","***","***"]
["EMULSÕES ASF. MOD. POR POLÍMEROS RM1C-E","2018-08-01","***","***","***","***","***","***"]
["EMULSÕES ASF. MOD. POR POLÍMEROS RM1C-E","2018-09-01","***","***","***","***","***","***"]
["EMULSÕES ASF. MOD. POR POLÍMEROS RM1C-E","2018-10-01","***","***","***","***","***","***"]
["EMULSÕES ASF. MOD. POR POLÍMEROS RM1C-E","2018-11-01","***","***","***","***","***","***"]
["EMULSÕES ASF. MOD. POR POLÍMEROS RM1C-E","2018-12-01","***","***","***","***","***","***"]
["EMULSÕES ASF. MOD. POR POLÍMEROS RM1C-E","2019-01-01","***","***","***","***","***","***"]
["EMULSÕES ASF. MOD. POR POLÍMEROS RM1C-E","2019-02-01","***","***","***","***","***","***"]
["EMULSÕES ASF. MOD. POR POLÍMEROS RM1C-E","2019-03-01","***","***","***","***","***","***"]
["EMULSÕES ASF. MOD. POR POLÍMEROS RM1C-E","2019-04-01","***","***","***","***","***","***"]
["EMULSÕES ASF. MOD. POR POLÍMEROS RM1C-E","2019-05-01","***","***","***","***","***","***"]
["EMULSÕES ASF. MOD. POR POLÍMEROS RM1C-E","2019-06-01","***","***","***","***","***","***"]
["EMULSÕES ASF. MOD. POR POLÍMEROS RM1C-E","2019-07-01","***","***","***","***","***","***"]
["EMULSÕES ASF. MOD. POR POLÍMEROS RM1C-E","2019-08-01","***","***","***","***","***","***"]
["EMULSÕES ASF. MOD. POR POLÍMEROS RM1C-E","2019-09-01","***","***","***","***","***","***"]
["EMULSÕES ASF. MOD. POR POLÍMEROS RM1C-E","2019-10-01","***","***","***","***","***","***"]
["EMULSÕES ASF. MOD. POR POLÍMEROS RM1C-E","2019-11-01","***","***","***","***","***","***"]
["EMULSÕES ASF. MOD. POR POLÍMEROS RM1C-E","2019-12-01","***","***","***","***","***","***"]
["EMULSÕES ASF. MOD. POR POLÍMEROS RM1C-E","2020-01-01","***","***","***","***","***","***"]
["EMULSÕES ASF. MOD. POR POLÍMEROS RM1C-E","2020-02-01","***","***","***","***","***","***"]
["EMULSÕES ASF. MOD. POR POLÍMEROS RM1C-E","2020-03-01","***","***","***","***","***","***"]
["EMULSÕES ASF. MOD. POR POLÍMEROS RM1C-E","2020-04-01","***","***","***","***","***","***"]
["EMULSÕES ASF. MOD. POR POLÍMEROS RM1C-E","2020-05-01","***","***","***","***","***","***"]
["EMULSÕES ASF. MOD. POR POLÍMEROS RM1C-E","2020-06-01","***","***","***","***","***","***"]
["EMULSÕES ASF. MOD. POR POLÍMEROS RM1C-E","2020-07-01","***","***","***","***","***","***"]
["EMULSÕES ASF. MOD. POR POLÍMEROS RM1C-E","2020-08-01","***","***","***","***","***","***"]
["EMULSÕES ASF. MOD. POR POLÍMEROS RM1C-E","2020-09-01","***","***","***","***","***","***"]
["EMULSÕES ASF. MOD. POR POLÍMEROS RM1C-E","2020-10-01","***","***","***","***","***","***"]
["EMULSÕES ASF. MOD. POR POLÍMEROS RM1C-E","2020-11-01","***","***","***","***","***","***"]
["EMULSÕES ASF. MOD. POR POLÍMEROS RM1C-E","2020-12-01","***","***","***","***","***","***"]
["EMULSÕES ASF. MOD. POR POLÍMEROS RM1C-E","2021-01-01","***","***","***","***","***","***"]
["EMULSÕES ASF. MOD. POR POLÍMEROS RM1C-E","2021-02-01","***","***","***","***","***","***"]
["EMULSÕES ASF. MOD. POR POLÍMEROS RM1C-E","2021-03-01","***","***","***","***","***","***"]
["EMULSÕES ASF. MOD. POR POLÍMEROS RM1C-E","2021-04-01","***","***","***","***","***","***"]
["EMULSÕES ASF. MOD. POR POLÍMEROS RM1C-E","2021-05-01","***","***","***","***","***","***"]
["EMULSÕES ASF. MOD. POR POLÍMEROS RM1C-E","2021-06-01","***","***","***","***","***","***"]
["EMULSÕES ASF. MOD. POR POLÍMEROS RM1C-E","2021-07-01","***","***","***","***","***","***"]
["EMULSÕES ASF. MOD. POR POLÍMEROS RM1C-E","2021-08-01","***","***","***","***","***","***"]
["EMULSÕES ASF. MOD. POR POLÍMEROS RM1C-E","2021-09-01","***","***","***","***","***","***"]
["EMULSÕES ASF. MOD. POR POLÍMEROS RM1C-E","2021-10-01","***","***","***","***","***","***"]
["EMULSÕES ASF. MOD. POR POLÍMEROS RM1C-E","2021-11-01","***","***","***","***","***","***"]
["EMULSÕES ASF. MOD. POR POLÍMEROS RM1C-E","2021-12-01","***","***","***","***","***","***"]
["EMULSÕES ASF. MOD. POR POLÍMEROS RM1C-E","2022-01-01","***","***","***","***","***","***"]
["EMULSÕES ASF. MOD. POR POLÍMEROS RM1C-E","2022-02-01","***","***","***","***","***","***"]
["EMULSÕES ASF. MOD. POR POLÍMEROS RM1C-E","2022-03-01","***","***","***","***","***","***"]
["EMULSÕES ASF. MOD. POR POLÍMEROS RM1C-E","2022-04-01","***","***","***","***","***","***"]
["EMULSÕES ASF. MOD. POR POLÍMEROS RM1C-E","2022-05-01","***","***","***","***","***","***"]
["EMULSÕES ASF. MOD. POR POLÍMEROS RM1C-E","2022-06-01","***","***","***","***","***","***"]
["EMULSÕES ASF. MOD. POR POLÍMEROS RM1C-E","2022-07-01","***","***","***","***","***","***"]
["EMULSÕES ASF. MOD. POR POLÍMEROS RM1C-E","2022-08-01","***","***","***","***","***","***"]
["EMULSÕES ASF. MOD. POR POLÍMEROS RM1C-E","2022-09-01","***","***","***","***","***","***"]
["EMULSÕES ASF. MOD. POR POLÍMEROS RM1C-E","2022-10-01","***","***","***","***","***","***"]
["EMULSÕES ASF. MOD. POR POLÍMEROS RM1C-E","2022-11-01","***","***","***","***","***","***"]
["EMULSÕES ASF. MOD. POR POLÍMEROS RM1C-E","2022-12-01","***","***","***","***","***","***"]
["EMULSÕES ASF. MOD. POR POLÍMEROS RM1C-E","2023-01-01","***","***","***","***","***","***"]
["EMULSÕES ASF. MOD. POR POLÍMEROS RM1C-E","2023-02-01","***","***","***","***","***","***"]
["EMULSÕES ASF. MOD. POR POLÍMEROS RM1C-E","2023-03-01","***","***","***","***","***","***"]
["EMULSÕES ASF. MOD. POR POLÍMEROS RM1C-E","2023-04-01","***","***","***","***","***","***"]
["EMULSÕES ASF. MOD. POR POLÍMEROS RM1C-E","2023-05-01","***","***","***","***","***","***"]
["EMULSÕES ASF. MOD. POR POLÍMEROS RM1C-E","2023-06-01","***","***","***","***","***","***"]
["EMULSÕES ASF. MOD. POR POLÍMEROS RM1C-E","2023-07-01","***","***","***","***","***","***"]
["EMULSÕES ASF. MOD. POR POLÍMEROS RM1C-E","2023-08-01","***","***","***","***","***","***"]
["EMULSÕES ASF. MOD. POR POLÍMEROS RM1C-E","2023-09-01","***","***","***","***","***","***"]
["EMULSÕES ASF. MOD. POR POLÍMEROS RM1C-E","2023-10-01","***","***","***","***","***","***"]
["EMULSÕES ASF. MOD. POR POLÍMEROS RM1C-E","2023-11-01","***","***","***","***","***","***"]
["EMULSÕES ASF. MOD. POR POLÍMEROS RM1C-E","2023-12-01","***","***","***","***","***","***"]
["EMULSÕES ASF. MOD. POR POLÍMEROS RM1C-E","2024-01-01","***","***","***","***","***","***"]
["EMULSÕES ASF. MOD. POR POLÍMEROS RM1C-E","2024-02-01","***","***","***","***","***","***"]
["EMULSÕES ASF. MOD. POR POLÍMEROS RM1C-E","2024-03-01","***","***","***","***","***","***"]
["EMULSÕES ASF. MOD. POR POLÍMEROS RM1C-E","2024-04-01","***","***","***","***","***","***"]
["EMULSÕES ASF. MOD. POR POLÍMEROS RM1C-E","2024-05-01","***","***","***","***","***","***"]
["EMULSÕES ASF. MOD. POR POLÍMEROS RM1C-E","2024-06-01","***","***","***","***","***","***"]
["EMULSÕES ASF. MOD. POR POLÍMEROS RM1C-E","2024-07-01","***","***","***","***","***","***"]
["EMULSÕES ASF. MOD. POR POLÍMEROS RR1C-E","2009-12-01","***","***","***",0.89054,1.0026314648010495,0.93210516903121188]
["EMULSÕES ASF. MOD. POR POLÍMEROS RR1C-E","2010-01-01","***","***","***",0.84518038935487216,0.95168362907842019,0.86149581901087313]
["EMULSÕES ASF. MOD. POR POLÍMEROS RR1C-E","2010-02-01","***","***","***",0.85204744344331373,0.95277601001072576,0.86041978901072769]
["EMULSÕES ASF. MOD. POR POLÍMEROS RR1C-E","2010-03-01","***","***","***",0.8738581558400168,0.95218094327597202,0.88504763487366256]
["EMULSÕES ASF. MOD. POR POLÍMEROS RR1C-E","2010-04-01","***","***","***",0.87244571809252325,0.94729999999999992,0.87690010957307329]
["EMULSÕES ASF. MOD. POR POLÍMEROS RR1C-E","2010-05-01","***",1.0957567615658363,"***",0.87534809785202861,0.94730000000000014,0.91388529088497239]
["EMULSÕES ASF. MOD. POR POLÍMEROS RR1C-E","2010-06-01","***",1.09592,"***",0.88266000000000011,0.95085037557547858,0.93425502657937443]
["EMULSÕES ASF. MOD. POR POLÍMEROS RR1C-E","2010-07-01","***","***","***",0.85158577156334225,0.9513265205479452,0.90659540193411903]
["EMULSÕES ASF. MOD. POR POLÍMEROS RR1C-E","2010-08-01","***","***","***",0.8453445985024528,0.94988868013151706,0.90009170212765943]
["EMULSÕES ASF. MOD. POR POLÍMEROS RR1C-E","2010-09-01","***","***","***",0.85007486525406306,0.90563987386124734,0.87062995722618264]
["EMULSÕES ASF. MOD. POR POLÍMEROS RR1C-E","2010-10-01","***","***","***",0.8714642813979252,0.90262350376925604,0.8787883790446841]
["EMULSÕES ASF. MOD. POR POLÍMEROS RR1C-E","2010-11-01","***","***","***",0.85416325882187549,0.88001997532387422,0.86225862095605998]
["EMULSÕES ASF. MOD. POR POLÍMEROS RR1C-E","2010-12-01","***","***","***",0.83430000000000015,0.94730000000000003,0.85775608436242556]
["EMULSÕES ASF. MOD. POR POLÍMEROS RR1C-E","2011-01-01","***","***","***","***",0.84119999999999995,0.84119999999999995]
["EMULSÕES ASF. MOD. POR POLÍMEROS RR1C-E","2011-02-01","***","***","***",0.83430000000000004,0.95066115029842657,0.88201998219848698]
["EMULSÕES ASF. MOD. POR POLÍMEROS RR1C-E","2011-03-01","***","***","***",1.0020500000000001,0.87156845238095237,0.92535473918575073]
["EMULSÕES ASF. MOD. POR POLÍMEROS RR1C-E","2011-04-01","***","***","***",0.83430000000000004,0.88671779319245037,0.87122056584479035]
["EMULSÕES ASF. MOD. POR POLÍMEROS RR1C-E","2011-05-01","***","***","***",0.83430000000000004,0.89410409556313986,0.84452322053675621]
["EMULSÕES ASF. MOD. POR POLÍMEROS RR1C-E","2011-06-01","***","***","***",0.87006825061830162,0.85879799139167867,0.86890655723158816]
["EMULSÕES ASF. MOD. POR POLÍMEROS RR1C-E","2011-07-01","***","***","***",0.89392704039318072,0.89030224126565605,0.89354882866772134]
["EMULSÕES ASF. MOD. POR POLÍMEROS RR1C-E","2011-08-01","***","***","***",0.93508360975963989,"***",0.93508360975963989]
["EMULSÕES ASF. MOD. POR POLÍMEROS RR1C-E","2011-09-01","***","***","***",0.93006348141119655,0.92777840006153611,0.92898289541407886]
["EMULSÕES ASF. MOD. POR POLÍMEROS RR1C-E","2011-10-01","***","***","***",0.92381979738856379,0.84602314049586769,0.86448322329059823]
["EMULSÕES ASF. MOD. POR POLÍMEROS RR1C-E","2011-11-01","***","***","***",1.0047567888111888,1.2438260040388296,1.1863319275633351]
["EMULSÕES ASF. MOD. POR POLÍMEROS RR1C-E","2011-12-01","***","***","***",1.1453,1.3910259210008658,1.3303187054920318]
["EMULSÕES ASF. MOD. POR POLÍMEROS RR1C-E","2012-01-01","***","***","***","***",0.94469526951545024,0.94469526951545024]
["EMULSÕES ASF. MOD. POR POLÍMEROS RR1C-E","2012-02-01","***","***","***",1.1452899999999999,0.893238352553542,0.97334647336480096]
["EMULSÕES ASF. MOD. POR POLÍMEROS RR1C-E","2012-03-01","***","***","***",0.95725903825136616,0.98369662454007345,0.98032090706112196]
["EMULSÕES ASF. MOD. POR POLÍMEROS RR1C-E","2012-04-01","***","***","***",1.008,0.8983183161004431,0.94356693938267033]
["EMULSÕES ASF. MOD. POR POLÍMEROS RR1C-E","2012-05-01","***","***","***",0.96094000000000002,0.89628793895191783,0.90696730183786212]
["EMULSÕES ASF. MOD. POR POLÍMEROS RR1C-E","2012-06-01","***","***","***",0.94838885517241378,0.94129988564894218,0.9433772918350849]
["EMULSÕES ASF. MOD. POR POLÍMEROS RR1C-E","2012-07-01","***","***","***",0.95052000000000003,1.0053579048469956,0.99194218660367806]
["EMULSÕES ASF. MOD. POR POLÍMEROS RR1C-E","2012-08-01","***","***","***",1.0327974677243741,0.97559505956552217,1.0058953217434294]
["EMULSÕES ASF. MOD. POR POLÍMEROS RR1C-E","2012-09-01","***","***","***",1.0316000000000001,1.0448996276420983,1.0420634585559194]
["EMULSÕES ASF. MOD. POR POLÍMEROS RR1C-E","2012-10-01","***","***","***",0.91969999999999996,1.0516000000000001,0.93591416953393802]
["EMULSÕES ASF. MOD. POR POLÍMEROS RR1C-E","2012-11-01","***","***","***","***",1.248419851617611,1.248419851617611]
["EMULSÕES ASF. MOD. POR POLÍMEROS RR1C-E","2012-12-01","***","***","***","***",1.3297201041743627,1.3297201041743627]
["EMULSÕES ASF. MOD. POR POLÍMEROS RR1C-E","2013-01-01","***","***","***","***",1.324947447031432,1.324947447031432]
["EMULSÕES ASF. MOD. POR POLÍMEROS RR1C-E","2013-02-01","***","***","***",0.91890000000000005,1.2961947615878484,1.2620222368983194]
["EMULSÕES ASF. MOD. POR POLÍMEROS RR1C-E","2013-03-01","***","***","***",0.96750000000000014,1.2785343681968764,1.2320034979589491]
["EMULSÕES ASF. MOD. POR POLÍMEROS RR1C-E","2013-04-01","***","***","***",1.0285,1.3772934016653446,1.3750945464933018]
["EMULSÕES ASF. MOD. POR POLÍMEROS RR1C-E","2013-05-01","***","***","***","***",1.2222535387697384,1.2222535387697384]
["EMULSÕES ASF. MOD. POR POLÍMEROS RR1C-E","2013-06-01","***","***","***",0.98640000000000005,1.3493719925751952,1.2816404837616318]
["EMULSÕES ASF. MOD. POR POLÍMEROS RR1C-E","2013-07-01","***","***","***",1.0881936094674556,1.356658311274215,1.3151271058787632]
["EMULSÕES ASF. MOD. POR POLÍMEROS RR1C-E","2013-08-01","***","***","***",1.2147699999999999,1.4131041855819868,1.3949340208498286]
["EMULSÕES ASF. MOD. POR POLÍMEROS RR1C-E","2013-09-01","***","***","***",1.2147699999999999,1.3382603515577278,1.333418729604414]
["EMULSÕES ASF. MOD. POR POLÍMEROS RR1C-E","2013-10-01","***","***","***",0.98640000000000005,1.3498686242786846,1.3311813227886362]
["EMULSÕES ASF. MOD. POR POLÍMEROS RR1C-E","2013-11-01","***",1.1371,1.1243627332931967,"***",1.3890231741228432,1.3251647594077731]
["EMULSÕES ASF. MOD. POR POLÍMEROS RR1C-E","2013-12-01","***","***","***","***",1.2377026907518482,1.2377026907518482]
["EMULSÕES ASF. MOD. POR POLÍMEROS RR1C-E","2014-01-01","***","***","***",0.88609000000000004,1.492464633439583,1.3394014237747092]
["EMULSÕES ASF. MOD. POR POLÍMEROS RR1C-E","2014-02-01","***","***","***",0.91219010821831858,1.3450023594322116,1.2401260278189488]
["EMULSÕES ASF. MOD. POR POLÍMEROS RR1C-E","2014-03-01","***","***","***",0.88609000000000016,1.2881413866027975,1.1952639477242]
["EMULSÕES ASF. MOD. POR POLÍMEROS RR1C-E","2014-04-01","***",0.69880500000000001,"***","***",1.33587744476245,1.193676303245887]
["EMULSÕES ASF. MOD. POR POLÍMEROS RR1C-E","2014-05-01","***",0.69883000000000006,"***","***",1.4274492617893351,1.160821645941037]
["EMULSÕES ASF. MOD. POR POLÍMEROS RR1C-E","2014-06-01","***",1.2101000000000002,"***",1.0291581626794259,1.416564262951004,1.2981517399744122]
["EMULSÕES ASF. MOD. POR POLÍMEROS RR1C-E","2014-07-01","***","***","***",0.97659999999999991,1.4013279142111152,1.359663828971271]
["EMULSÕES ASF. MOD. POR POLÍMEROS RR1C-E","2014-08-01","***","***",0.99380000000000002,1.0403,1.4064825666864877,1.3386385248745702]
["EMULSÕES ASF. MOD. POR POLÍMEROS RR1C-E","2014-09-01","***","***",1.0986,"***",1.2727809775031684,1.16250550627761]
["EMULSÕES ASF. MOD. POR POLÍMEROS RR1C-E","2014-10-01","***",1.0541,1.2508047256097561,"***",1.1422639098250338,1.1857019033823695]
["EMULSÕES ASF. MOD. POR POLÍMEROS RR1C-E","2014-11-01","***","***",1.29,1.0286999999999999,1.1997449951987709,1.2493924208761955]
["EMULSÕES ASF. MOD. POR POLÍMEROS RR1C-E","2014-12-01","***","***","***",1.0915703237228125,1.3793299999999999,1.2257307559803445]
["EMULSÕES ASF. MOD. POR POLÍMEROS RR1C-E","2015-01-01","***","***","***","***",1.3566806261180679,1.3566806261180679]
["EMULSÕES ASF. MOD. POR POLÍMEROS RR1C-E","2015-02-01","***",0.84189499999999995,"***",1.1667799999999999,1.3580797239120261,1.0927276618218691]
["EMULSÕES ASF. MOD. POR POLÍMEROS RR1C-E","2015-03-01","***",0.84173999999999993,"***",1.0744,1.3492419251282051,1.1550382592100896]
["EMULSÕES ASF. MOD. POR POLÍMEROS RR1C-E","2015-04-01","***","***","***",1.1322899048407116,1.2765727014591823,1.2417830446927376]
["EMULSÕES ASF. MOD. POR POLÍMEROS RR1C-E","2015-05-01","***","***","***",1.4910199910487305,1.3793299999999999,1.4785693268221294]
["EMULSÕES ASF. MOD. POR POLÍMEROS RR1C-E","2015-06-01","***","***","***",1.511195382757059,1.2586558695652172,1.3759550627673749]
["EMULSÕES ASF. MOD. POR POLÍMEROS RR1C-E","2015-07-01","***","***","***","***",1.3793299999999999,1.3793299999999999]
["EMULSÕES ASF. MOD. POR POLÍMEROS RR1C-E","2015-08-01","***","***","***",1.3466977468014534,1.23388506063782,1.3077403024662635]
["EMULSÕES ASF. MOD. POR POLÍMEROS RR1C-E","2015-09-01","***",0.87291000000000007,"***",1.2148399999999999,1.3793299999999999,1.1499396191456512]
["EMULSÕES ASF. MOD. POR POLÍMEROS RR1C-E","2015-10-01","***","***","***",1.2048783021690352,1.3793299999999999,1.3286791889074681]
["EMULSÕES ASF. MOD. POR POLÍMEROS RR1C-E","2015-11-01","***","***","***",1.2925068755020082,1.36981,1.3159099495959676]
["EMULSÕES ASF. MOD. POR POLÍMEROS RR1C-E","2015-12-01","***","***","***","***",1.36981,1.36981]
["EMULSÕES ASF. MOD. POR POLÍMEROS RR1C-E","2016-01-01","***","***","***","***",1.36981,1.36981]
["EMULSÕES ASF. MOD. POR POLÍMEROS RR1C-E","2016-02-01","***","***","***",1.18509,"***",1.18509]
["EMULSÕES ASF. MOD. POR POLÍMEROS RR1C-E","2016-03-01","***","***","***","***",1.3213944886896696,1.3213944886896696]
["EMULSÕES ASF. MOD. POR POLÍMEROS RR1C-E","2016-04-01","***","***","***","***","***","***"]
["EMULSÕES ASF. MOD. POR POLÍMEROS RR1C-E","2016-05-01","***","***","***","***",1.5654028007392473,1.5654028007392473]
["EMULSÕES ASF. MOD. POR POLÍMEROS RR1C-E","2016-06-01","***",1.5429600000000001,"***","***",1.7995532328406263,1.7866094663702057]
["EMULSÕES ASF. MOD. POR POLÍMEROS RR1C-E","2016-07-01","***",1.5505199999999999,"***","***",1.6469692312661499,1.6368770044168683]
["EMULSÕES ASF. MOD. POR POLÍMEROS RR1C-E","2016-08-01","***",1.54278,1.8303900000000002,"***",1.4733203244773516,1.6138318346118841]
["EMULSÕES ASF. MOD. POR POLÍMEROS RR1C-E","2016-09-01","***","***",1.6471604452690167,1.4177454226587163,1.5427672301444044,1.5583943757046914]
["EMULSÕES ASF. MOD. POR POLÍMEROS RR1C-E","2016-10-01","***","***","***",1.4019699999999999,1.3774717203743552,1.3813139682609075]
["EMULSÕES ASF. MOD. POR POLÍMEROS RR1C-E","2016-11-01","***","***","***","***",1.46079,1.46079]
["EMULSÕES ASF. MOD. POR POLÍMEROS RR1C-E","2016-12-01","***","***","***",1.2174700000000001,1.352965263573904,1.3423573907195696]
["EMULSÕES ASF. MOD. POR POLÍMEROS RR1C-E","2017-01-01","***","***","***","***",1.4228301741364544,1.4228301741364544]
["EMULSÕES ASF. MOD. POR POLÍMEROS RR1C-E","2017-02-01","***","***","***","***",1.4239487032141369,1.4239487032141369]
["EMULSÕES ASF. MOD. POR POLÍMEROS RR1C-E","2017-03-01","***","***","***","***",1.46079,1.46079]
["EMULSÕES ASF. MOD. POR POLÍMEROS RR1C-E","2017-04-01","***","***","***",1.0603,1.4627893591772152,1.3155118281496345]
["EMULSÕES ASF. MOD. POR POLÍMEROS RR1C-E","2017-05-01","***","***","***","***",1.46079,1.46079]
["EMULSÕES ASF. MOD. POR POLÍMEROS RR1C-E","2017-06-01","***","***","***","***",1.3958724687679083,1.3958724687679083]
["EMULSÕES ASF. MOD. POR POLÍMEROS RR1C-E","2017-07-01","***","***",1.2437,"***",1.4303691989664082,1.4042820566347733]
["EMULSÕES ASF. MOD. POR POLÍMEROS RR1C-E","2017-08-01","***","***","***",1.3461000000000001,1.3415985993015487,1.3420480318458277]
["EMULSÕES ASF. MOD. POR POLÍMEROS RR1C-E","2017-09-01","***","***",1.1777,1.2202436390408078,1.3167783982930299,1.2706298457511973]
["EMULSÕES ASF. MOD. POR POLÍMEROS RR1C-E","2017-10-01","***","***","***","***",1.3109794191958095,1.3109794191958095]
["EMULSÕES ASF. MOD. POR POLÍMEROS RR1C-E","2017-11-01","***","***","***","***",1.4324767785977859,1.4324767785977859]
["EMULSÕES ASF. MOD. POR POLÍMEROS RR1C-E","2017-12-01","***","***","***",1.15527,1.4390455897126784,1.3784607569532237]
["EMULSÕES ASF. MOD. POR POLÍMEROS RR1C-E","2018-01-01","***","***","***","***",1.4603554817944078,1.4603554817944078]
["EMULSÕES ASF. MOD. POR POLÍMEROS RR1C-E","2018-02-01","***","***","***","***",1.4585830151350283,1.4585830151350283]
["EMULSÕES ASF. MOD. POR POLÍMEROS RR1C-E","2018-03-01","***","***","***",1.2067075301327888,1.458595689166194,1.3936979293647036]
["EMULSÕES ASF. MOD. POR POLÍMEROS RR1C-E","2018-04-01","***","***","***",1.1761542709077912,1.4617748744664825,1.4191071516284035]
["EMULSÕES ASF. MOD. POR POLÍMEROS RR1C-E","2018-05-01","***","***",1.4948399999999999,1.2908318100890206,1.4715571388281747,1.4597138328496808]
["EMULSÕES ASF. MOD. POR POLÍMEROS RR1C-E","2018-06-01","***",1.57789,"***",1.63083,1.5913585134489894,1.5971873122866893]
["EMULSÕES ASF. MOD. POR POLÍMEROS RR1C-E","2018-07-01","***",1.57789,"***",1.6081463063707946,1.6020399365973932,1.604608451765235]
["EMULSÕES ASF. MOD. POR POLÍMEROS RR1C-E","2018-08-01","***","***","***",1.6742313674898635,1.6369256078100065,1.6444978452790662]
["EMULSÕES ASF. MOD. POR POLÍMEROS RR1C-E","2018-09-01","***","***",2.2341700000000002,1.8784508130081299,1.4692400000000003,1.8123022041166381]
["EMULSÕES ASF. MOD. POR POLÍMEROS RR1C-E","2018-10-01","***","***",2.2341700000000007,1.8489347157668929,1.4692400000000001,1.9321701432588034]
["EMULSÕES ASF. MOD. POR POLÍMEROS RR1C-E","2018-11-01","***","***","***","***","***","***"]
["EMULSÕES ASF. MOD. POR POLÍMEROS RR1C-E","2018-12-01","***","***","***","***",2.2082000000000002,2.2082000000000002]
["EMULSÕES ASF. MOD. POR POLÍMEROS RR1C-E","2019-01-01","***","***","***","***",2.3943699999999999,2.3943699999999999]
["EMULSÕES ASF. MOD. POR POLÍMEROS RR1C-E","2019-02-01","***","***",2.46007,"***",2.53078,2.4793220260408027]
["EMULSÕES ASF. MOD. POR POLÍMEROS RR1C-E","2019-03-01","***","***","***",2.2281200000000001,"***",2.2281200000000001]
["EMULSÕES ASF. MOD. POR POLÍMEROS RR1C-E","2019-04-01","***","***",2.46007,"***","***",2.46007]
["EMULSÕES ASF. MOD. POR POLÍMEROS RR1C-E","2019-05-01","***",2.2618,2.6475246147296718,"***",2.1901099999999998,2.4639514823187469]
["EMULSÕES ASF. MOD. POR POLÍMEROS RR1C-E","2019-06-01","***",2.2618200000000002,2.64662,"***",2.2395700000000001,2.4087667156105104]
["EMULSÕES ASF. MOD. POR POLÍMEROS RR1C-E","2019-07-01","***",2.3224532118504584,2.692232426398244,"***",2.1904599999999994,2.5693675399125349]
["EMULSÕES ASF. MOD. POR POLÍMEROS RR1C-E","2019-08-01","***",2.1289699999999998,2.6324100000000001,2.1677650925181013,2.173538428860418,2.3804612869449966]
["EMULSÕES ASF. MOD. POR POLÍMEROS RR1C-E","2019-09-01","***",2.1289799999999999,2.5795499999999998,2.1032899999999999,"***",2.3751069315023705]
["EMULSÕES ASF. MOD. POR POLÍMEROS RR1C-E","2019-10-01","***","***","***",2.1116279485820302,"***",2.1116279485820302]
["EMULSÕES ASF. MOD. POR POLÍMEROS RR1C-E","2019-11-01","***","***","***",2.2421600000000002,2.2077649072512644,2.2182431496247657]
["EMULSÕES ASF. MOD. POR POLÍMEROS RR1C-E","2019-12-01","***","***","***",2.0493600000000001,2.23848,2.1376642896935931]
["EMULSÕES ASF. MOD. POR POLÍMEROS RR1C-E","2020-01-01","***","***","***",2.2421799999999998,"***",2.2421799999999998]
["EMULSÕES ASF. MOD. POR POLÍMEROS RR1C-E","2020-02-01","***","***","***",2.1088,"***",2.1088]
["EMULSÕES ASF. MOD. POR POLÍMEROS RR1C-E","2020-03-01","***","***","***",2.1085400000000001,"***",2.1085400000000001]
["EMULSÕES ASF. MOD. POR POLÍMEROS RR1C-E","2020-04-01","***","***","***","***","***","***"]
["EMULSÕES ASF. MOD. POR POLÍMEROS RR1C-E","2020-05-01","***","***","***","***","***","***"]
["EMULSÕES ASF. MOD. POR POLÍMEROS RR1C-E","2020-06-01","***","***","***",2.3820000000000001,2.1860900000000001,2.2816695335129675]
["EMULSÕES ASF. MOD. POR POLÍMEROS RR1C-E","2020-07-01","***",1.85456,"***","***","***",1.85456]
["EMULSÕES ASF. MOD. POR POLÍMEROS RR1C-E","2020-08-01","***",1.9805600000000001,"***",2.0933593915211968,2.2533301575286413,2.1754737822436656]
["EMULSÕES ASF. MOD. POR POLÍMEROS RR1C-E","2020-09-01","***",1.9805600000000001,"***","***",1.2230786132407789,1.3531633213910281]
["EMULSÕES ASF. MOD. POR POLÍMEROS RR1C-E","2020-10-01","***",2.1169909623430962,"***","***",2.08819,2.1075862479679204]
["EMULSÕES ASF. MOD. POR POLÍMEROS RR1C-E","2020-11-01","***",2.016,"***","***",2.2705299999999999,2.1381327000630121]
["EMULSÕES ASF. MOD. POR POLÍMEROS RR1C-E","2020-12-01","***","***","***","***","***","***"]
["EMULSÕES ASF. MOD. POR POLÍMEROS RR1C-E","2021-01-01","***",2.016,"***","***",2.2397499999999999,2.1207387144259076]
["EMULSÕES ASF. MOD. POR POLÍMEROS RR1C-E","2021-02-01","***","***","***","***",2.45947,2.45947]
["EMULSÕES ASF. MOD. POR POLÍMEROS RR1C-E","2021-03-01","***","***","***","***",2.4467150647058822,2.4467150647058822]
["EMULSÕES ASF. MOD. POR POLÍMEROS RR1C-E","2021-04-01","***",2.6312000000000002,"***","***",2.4843189884064558,2.5237445584566771]
["EMULSÕES ASF. MOD. POR POLÍMEROS RR1C-E","2021-05-01","***","***","***","***",3.0254984626267389,3.0254984626267389]
["EMULSÕES ASF. MOD. POR POLÍMEROS RR1C-E","2021-06-01","***",3.0931999999999999,"***","***",2.8313657222770647,2.9601596438722622]
["EMULSÕES ASF. MOD. POR POLÍMEROS RR1C-E","2021-07-01","***","***","***",2.7347000000000001,3.0211000000000006,2.905569544171037]
["EMULSÕES ASF. MOD. POR POLÍMEROS RR1C-E","2021-08-01","***",2.9802499999999998,"***",2.7554599999999998,3.2498544636678197,3.1036280487486962]
["EMULSÕES ASF. MOD. POR POLÍMEROS RR1C-E","2021-09-01","***","***","***",3.0580465818547036,3.2546388999999998,3.1237672141742809]
["EMULSÕES ASF. MOD. POR POLÍMEROS RR1C-E","2021-10-01","***",3.0279400000000001,"***",3.3371881557177616,3.3223293691037732,3.2822440990080821]
["EMULSÕES ASF. MOD. POR POLÍMEROS RR1C-E","2021-11-01","***","***","***",3.1308131578947371,3.7197956847230675,3.47853083363277]
["EMULSÕES ASF. MOD. POR POLÍMEROS RR1C-E","2021-12-01","***",3.3168799999999998,"***",3.3643000000000001,3.6635167755385685,3.4848407662236118]
["EMULSÕES ASF. MOD. POR POLÍMEROS RR1C-E","2022-01-01","***","***","***","***",3.6922630674157308,3.6922630674157308]
["EMULSÕES ASF. MOD. POR POLÍMEROS RR1C-E","2022-02-01","***","***","***","***",3.9474800000000001,3.9474800000000001]
["EMULSÕES ASF. MOD. POR POLÍMEROS RR1C-E","2022-03-01","***","***","***","***",3.8811136250816451,3.8811136250816451]
["EMULSÕES ASF. MOD. POR POLÍMEROS RR1C-E","2022-04-01","***","***","***","***",3.9067799999999995,3.9067799999999995]
["EMULSÕES ASF. MOD. POR POLÍMEROS RR1C-E","2022-05-01","***",3.5609299999999999,"***","***",3.7803658879113717,3.7113541098950198]
["EMULSÕES ASF. MOD. POR POLÍMEROS RR1C-E","2022-06-01","***","***","***","***",3.7705199999999994,3.7705199999999994]
["EMULSÕES ASF. MOD. POR POLÍMEROS RR1C-E","2022-07-01","***",3.5950899999999999,"***","***",3.5305297726188587,3.5423670718088558]
["EMULSÕES ASF. MOD. POR POLÍMEROS RR1C-E","2022-08-01","***",3.78295,"***","***",3.2968199999999999,3.561594833625219]
["EMULSÕES ASF. MOD. POR POLÍMEROS RR1C-E","2022-09-01","***",3.7488000000000001,"***","***",3.20791,3.6752980429128743]
["EMULSÕES ASF. MOD. POR POLÍMEROS RR1C-E","2022-10-01","***",3.1893699999999998,"***","***",2.9241795302445301,3.0617632528255148]
["EMULSÕES ASF. MOD. POR POLÍMEROS RR1C-E","2022-11-01","***","***","***","***",3.2838170199370409,3.2838170199370409]
["EMULSÕES ASF. MOD. POR POLÍMEROS RR1C-E","2022-12-01","***","***","***","***",2.9880399999999998,2.9880399999999998]
["EMULSÕES ASF. MOD. POR POLÍMEROS RR1C-E","2023-01-01","***",3.0318700000000001,"***","***",3.3519600000000001,3.1779847808132149]
["EMULSÕES ASF. MOD. POR POLÍMEROS RR1C-E","2023-02-01","***","***","***","***",2.7701099999999999,2.7701099999999999]
["EMULSÕES ASF. MOD. POR POLÍMEROS RR1C-E","2023-03-01","***",2.9674399999999999,"***","***","***",2.9674399999999999]
["EMULSÕES ASF. MOD. POR POLÍMEROS RR1C-E","2023-04-01","***","***","***","***","***","***"]
["EMULSÕES ASF. MOD. POR POLÍMEROS RR1C-E","2023-05-01","***","***","***","***",3.4115480763116057,3.4115480763116057]
["EMULSÕES ASF. MOD. POR POLÍMEROS RR1C-E","2023-06-01","***","***","***","***","***","***"]
["EMULSÕES ASF. MOD. POR POLÍMEROS RR1C-E","2023-07-01","***","***","***",5.9894999999999996,2.43187,2.5307617303683112]
["EMULSÕES ASF. MOD. POR POLÍMEROS RR1C-E","2023-08-01","***","***","***",2.4742999999999999,1.8361637363966146,2.2469244334338647]
["EMULSÕES ASF. MOD. POR POLÍMEROS RR1C-E","2023-09-01","***",2.8280068670711529,3.5404,2.5739200000000002,2.7266699999999995,2.9644456129156995]
["EMULSÕES ASF. MOD. POR POLÍMEROS RR1C-E","2023-10-01","***",3.1496900000000001,3.5404000000000004,2.32484,2.7266699999999999,3.171523038360057]
["EMULSÕES ASF. MOD. POR POLÍMEROS RR1C-E","2023-11-01","***","***",3.5937000000000001,"***","***",3.5937000000000001]
["EMULSÕES ASF. MOD. POR POLÍMEROS RR1C-E","2023-12-01","***","***",3.69353,"***",2.7507700000000002,3.4187292293349909]
["EMULSÕES ASF. MOD. POR POLÍMEROS RR1C-E","2024-01-01","***","***",3.4829799999999995,2.3956599999999999,2.7116099999999999,2.9643051687270296]
["EMULSÕES ASF. MOD. POR POLÍMEROS RR1C-E","2024-02-01","***","***",3.3849799999999997,"***",2.7115999999999998,3.3452766106989458]
["EMULSÕES ASF. MOD. POR POLÍMEROS RR1C-E","2024-03-01","***","***","***",2.3956599999999999,2.8766428506047728,2.752864792425346]
["EMULSÕES ASF. MOD. POR POLÍMEROS RR1C-E","2024-04-01","***",2.6120399999999999,"***",2.3956599999999999,2.97343,2.7620548537647793]
["EMULSÕES ASF. MOD. POR POLÍMEROS RR1C-E","2024-05-01","***",2.6284863136363636,"***",2.8270299999999997,"***",2.672930119950609]
["EMULSÕES ASF. MOD. POR POLÍMEROS RR1C-E","2024-06-01","***","***","***","***","***","***"]
["EMULSÕES ASF. MOD. POR POLÍMEROS RR1C-E","2024-07-01","***","***","***","***",2.8773123670605614,2.8773123670605614]
["EMULSÕES ASF. MOD. POR POLÍMEROS RR2C-E","2009-12-01","***",0.91073000000000015,1.3482015124576889,0.97463384143280862,1.064896808041341,1.1251529238674067]
["EMULSÕES ASF. MOD. POR POLÍMEROS RR2C-E","2010-01-01","***",0.9693552443572403,1.3844562371787055,0.99360614972778138,1.1459363248461107,1.0605545362413358]
["EMULSÕES ASF. MOD. POR POLÍMEROS RR2C-E","2010-02-01","***",0.97387734613893795,1.3294654088567808,1.0191973787735122,1.0289061801553787,1.0252560058556988]
["EMULSÕES ASF. MOD. POR POLÍMEROS RR2C-E","2010-03-01","***",0.98538961557897331,1.3563176982107437,0.98313385779847928,1.0331116510426284,1.0211207741717185]
["EMULSÕES ASF. MOD. POR POLÍMEROS RR2C-E","2010-04-01","***",1.0259216150962451,1.363112940816396,1.0063451527980307,1.0375686460852214,1.0555331596185491]
["EMULSÕES ASF. MOD. POR POLÍMEROS RR2C-E","2010-05-01","***",1.0057743738571969,1.3778442603518921,1.0196485259137658,1.0109797276414916,1.1181722303374833]
["EMULSÕES ASF. MOD. POR POLÍMEROS RR2C-E","2010-06-01","***",1.0022666921185934,1.2876981818851252,0.99832096772613732,1.0424317771402385,1.0345939802202011]
["EMULSÕES ASF. MOD. POR POLÍMEROS RR2C-E","2010-07-01","***",1.0264999339416405,1.3213210761356364,0.9937038466277921,1.1646360662251656,1.0389420277703152]
["EMULSÕES ASF. MOD. POR POLÍMEROS RR2C-E","2010-08-01","***",1.0369185782919894,1.4376747133548193,0.95222752554253143,1.0748169951194884,1.0824424827087062]
["EMULSÕES ASF. MOD. POR POLÍMEROS RR2C-E","2010-09-01","***",0.97521682852227098,1.284456580863675,0.90286433857443882,1.1372663272397643,1.0656619840078314]
["EMULSÕES ASF. MOD. POR POLÍMEROS RR2C-E","2010-10-01","***",1.0427381205244024,1.2049290652502616,0.9658636812946495,1.0085314037626629,1.0329083311998859]
["EMULSÕES ASF. MOD. POR POLÍMEROS RR2C-E","2010-11-01","***",0.91288663384184887,1.173975467309712,0.9772618361117632,0.92572641885164297,0.99952363154160029]
["EMULSÕES ASF. MOD. POR POLÍMEROS RR2C-E","2010-12-01","***",0.91350776287425162,1.1860042742062866,0.93655554129965091,0.96251999999999993,0.97345868233789057]
["EMULSÕES ASF. MOD. POR POLÍMEROS RR2C-E","2011-01-01","***",0.876990195129566,1.2326601670275286,0.91837124792013314,0.93761864041003506,0.91315001623483461]
["EMULSÕES ASF. MOD. POR POLÍMEROS RR2C-E","2011-02-01","***",0.89596164658059729,"***",0.90391722854893719,0.94078084950949714,0.90510198348277504]
["EMULSÕES ASF. MOD. POR POLÍMEROS RR2C-E","2011-03-01","***",1.0425603096774194,1.14266,0.98263565344722392,0.94076174903193643,0.9816808458299825]
["EMULSÕES ASF. MOD. POR POLÍMEROS RR2C-E","2011-04-01","***",1.01892,"***",0.97933343078801793,0.93411320802130937,0.95512094993801011]
["EMULSÕES ASF. MOD. POR POLÍMEROS RR2C-E","2011-05-01","***","***",1.103676260861076,0.95844269973168883,0.92870896473853837,0.96062016096050473]
["EMULSÕES ASF. MOD. POR POLÍMEROS RR2C-E","2011-06-01","***",0.99434,1.1807970560446639,0.92473898881155314,0.94270465618153876,0.95531757880039658]
["EMULSÕES ASF. MOD. POR POLÍMEROS RR2C-E","2011-07-01","***",0.90549999999999997,1.1593346519079522,0.93690198653198642,0.93796602834577514,0.94844019907287991]
["EMULSÕES ASF. MOD. POR POLÍMEROS RR2C-E","2011-08-01","***",0.92192640057361386,1.327846235047478,0.90058197635880433,0.92986433260393864,0.95617189469650299]
["EMULSÕES ASF. MOD. POR POLÍMEROS RR2C-E","2011-09-01","***",1.0188999999999999,1.1825332688664352,0.92010725501388058,0.9220801830014187,1.0228430709444361]
["EMULSÕES ASF. MOD. POR POLÍMEROS RR2C-E","2011-10-01","***",1.0291999999999999,1.0211078098343551,0.85278281905381259,0.92233270840917359,0.95865456752187295]
["EMULSÕES ASF. MOD. POR POLÍMEROS RR2C-E","2011-11-01","***",1.0167213758947895,1.0572052130504548,0.90260209552904258,0.92230285534591205,1.0027919387519557]
["EMULSÕES ASF. MOD. POR POLÍMEROS RR2C-E","2011-12-01","***",0.94254161410853743,1.0198442419911584,0.94580500523012556,1.1406720837777564,1.0085832770758691]
["EMULSÕES ASF. MOD. POR POLÍMEROS RR2C-E","2012-01-01","***","***","***",0.9499488425345044,1.2959912,1.1457807584164481]
["EMULSÕES ASF. MOD. POR POLÍMEROS RR2C-E","2012-02-01","***","***",0.98616999999999999,1.0596629093476917,0.94771054271896815,1.0062128911593347]
["EMULSÕES ASF. MOD. POR POLÍMEROS RR2C-E","2012-03-01","***",0.91441830903887122,1.0160555699824882,1.0271862132034633,0.90274780667088217,0.96543823815209251]
["EMULSÕES ASF. MOD. POR POLÍMEROS RR2C-E","2012-04-01","***",0.99975758325430164,1.05167816441304,0.9940148131642097,0.81271701976143851,1.0328483323763917]
["EMULSÕES ASF. MOD. POR POLÍMEROS RR2C-E","2012-05-01","***",0.98930999999999991,1.0695710716912474,1.0661405811192766,0.93174103713188206,1.0610959913579545]
["EMULSÕES ASF. MOD. POR POLÍMEROS RR2C-E","2012-06-01","***",0.97567027619602753,1.1183954334854334,0.91789838738596219,0.97188565734164367,1.0730589498780974]
["EMULSÕES ASF. MOD. POR POLÍMEROS RR2C-E","2012-07-01","***",0.99142832561166061,1.1495598031692607,1.0006129988552921,0.77495000000000003,1.1135641637742253]
["EMULSÕES ASF. MOD. POR POLÍMEROS RR2C-E","2012-08-01","***",1.0083846462076642,1.1776659524165074,0.98261376747216311,0.85809412330634183,1.1299888137170995]
["EMULSÕES ASF. MOD. POR POLÍMEROS RR2C-E","2012-09-01","***",1.01586,1.172634867365008,0.87997914575666325,0.77495000000000014,1.1052008701795699]
["EMULSÕES ASF. MOD. POR POLÍMEROS RR2C-E","2012-10-01","***",1.01586,1.203518780900759,0.88132266274238213,0.77495000000000003,1.137102065849193]
["EMULSÕES ASF. MOD. POR POLÍMEROS RR2C-E","2012-11-01","***","***",1.2074963172320901,0.92897941839525133,0.77495000000000003,1.1241170972860712]
["EMULSÕES ASF. MOD. POR POLÍMEROS RR2C-E","2012-12-01","***",1.0310619154360261,1.2244743826645097,1.0867397145669291,0.77495000000000003,1.1109499297330991]
["EMULSÕES ASF. MOD. POR POLÍMEROS RR2C-E","2013-01-01","***",1.0207094422503427,1.1639900000000001,1.0191901817257594,0.77495000000000003,1.013285423148409]
["EMULSÕES ASF. MOD. POR POLÍMEROS RR2C-E","2013-02-01","***",1.040408108127854,1.165595168539326,1.1213133277832004,1.0846,1.0797058632227987]
["EMULSÕES ASF. MOD. POR POLÍMEROS RR2C-E","2013-03-01","***",1.0459037408031204,1.1457691854185419,1.0427425733936193,1.0860000000000001,1.0559334668384242]
["EMULSÕES ASF. MOD. POR POLÍMEROS RR2C-E","2013-04-01","***",1.0450615067519549,1.1722468467797387,1.0734656618705036,1.0851999999999997,1.092194868944506]
["EMULSÕES ASF. MOD. POR POLÍMEROS RR2C-E","2013-05-01","***",1.01586,1.1956835689441176,1.0189430222145688,1.0874811502376021,1.1725298780805569]
["EMULSÕES ASF. MOD. POR POLÍMEROS RR2C-E","2013-06-01","***",1.0707762262568159,1.1652365414842842,1.1324555936282374,"***",1.1568578755605823]
["EMULSÕES ASF. MOD. POR POLÍMEROS RR2C-E","2013-07-01","***",1.0465773569595673,1.1494511240295302,1.3725700000000001,0.9502744302949061,1.1296285660121443]
["EMULSÕES ASF. MOD. POR POLÍMEROS RR2C-E","2013-08-01",1.1894199999999999,1.0682611078346165,1.2315269669972844,1.0074673948480148,1.0851182650862068,1.1654649484550903]
["EMULSÕES ASF. MOD. POR POLÍMEROS RR2C-E","2013-09-01",1.1894199999999999,1.1440045906870879,1.2528628579577101,1.1019623604142199,1.0836609482620536,1.2098457782846987]
["EMULSÕES ASF. MOD. POR POLÍMEROS RR2C-E","2013-10-01",1.1894199999999999,1.0918590735436384,1.1911388203371553,1.0903726192209227,1.1026447060664544,1.1513442354059602]
["EMULSÕES ASF. MOD. POR POLÍMEROS RR2C-E","2013-11-01",1.1894199999999999,1.15428960458881,1.2205610993447065,1.0669682677895014,1.1345570929139241,1.1729076354105372]
["EMULSÕES ASF. MOD. POR POLÍMEROS RR2C-E","2013-12-01","***",1.2668440149370954,1.1935266914065994,0.98873296904943175,1.1240429736243138,1.1748054077038796]
["EMULSÕES ASF. MOD. POR POLÍMEROS RR2C-E","2014-01-01","***",1.247356749397867,1.2159570565571851,1.0686530727242818,1.1165981920427386,1.1783926418801733]
["EMULSÕES ASF. MOD. POR POLÍMEROS RR2C-E","2014-02-01","***",1.0548471918307802,1.261290915991903,1.0574515916557639,0.95132467546754673,1.1015334699168118]
["EMULSÕES ASF. MOD. POR POLÍMEROS RR2C-E","2014-03-01","***",1.0546396102592919,1.2107343531041335,1.032502960412818,"***",1.1093446478087736]
["EMULSÕES ASF. MOD. POR POLÍMEROS RR2C-E","2014-04-01","***",1.0544453727266359,1.2595154955199335,1.0732031631384593,1.1143799999999999,1.1711471907965776]
["EMULSÕES ASF. MOD. POR POLÍMEROS RR2C-E","2014-05-01","***",1.0572356763041122,1.2224131289725235,1.0642879506616005,1.0906,1.1427100535994106]
["EMULSÕES ASF. MOD. POR POLÍMEROS RR2C-E","2014-06-01","***",1.0127070776406544,1.2330664120299948,1.0569769532179196,0.99095999999999984,1.1457222562331786]
["EMULSÕES ASF. MOD. POR POLÍMEROS RR2C-E","2014-07-01","***",1.0610044606223692,1.1877229535623102,1.0339776766346456,0.96319894476385837,1.1296284937685945]
["EMULSÕES ASF. MOD. POR POLÍMEROS RR2C-E","2014-08-01","***",1.185060196115338,1.1631348804929769,1.1093563689436654,1.3945000000000001,1.1599434439559446]
["EMULSÕES ASF. MOD. POR POLÍMEROS RR2C-E","2014-09-01","***",1.2859173625880433,1.2292168192483086,1.0394028159546929,1.0980686474501107,1.209428199373332]
["EMULSÕES ASF. MOD. POR POLÍMEROS RR2C-E","2014-10-01","***",1.2075999888220745,1.140759223294723,1.0200284186428414,1.0012025230615806,1.1319441142669944]
["EMULSÕES ASF. MOD. POR POLÍMEROS RR2C-E","2014-11-01","***",1.2097424733375719,1.1481782517951935,1.0805822762439319,1.006739234411997,1.1508560082074619]
["EMULSÕES ASF. MOD. POR POLÍMEROS RR2C-E","2014-12-01","***",1.4203582304245668,1.2656279883147512,1.2965096950456951,1.1009080576093655,1.3043207249647133]
["EMULSÕES ASF. MOD. POR POLÍMEROS RR2C-E","2015-01-01","***",1.89,"***",1.3687025589586521,"***",1.6658315727895341]
["EMULSÕES ASF. MOD. POR POLÍMEROS RR2C-E","2015-02-01","***","***","***",1.3240290071954077,1.474788650100739,1.3532830774744249]
["EMULSÕES ASF. MOD. POR POLÍMEROS RR2C-E","2015-03-01","***",1.3440993359992559,1.5022999999999997,1.3077129657664694,1.4598499999999999,1.348052529738436]
["EMULSÕES ASF. MOD. POR POLÍMEROS RR2C-E","2015-04-01","***",1.7966579515744003,1.4824299999999999,1.3020135980583167,1.1632354545454546,1.4613749808653618]
["EMULSÕES ASF. MOD. POR POLÍMEROS RR2C-E","2015-05-01","***","***",1.4736734340949034,1.3437811129980404,1.0866682456631225,1.3685169804060329]
["EMULSÕES ASF. MOD. POR POLÍMEROS RR2C-E","2015-06-01","***",2.0246,1.4221099980919669,1.2850635255712732,1.1362413661971831,1.3419107360259646]
["EMULSÕES ASF. MOD. POR POLÍMEROS RR2C-E","2015-07-01","***",1.3040171705137751,1.2050277566137566,1.2723727289889981,1.0527027375603262,1.2187224509803922]
["EMULSÕES ASF. MOD. POR POLÍMEROS RR2C-E","2015-08-01","***","***",1.4304241234287407,1.2877805560334372,1.1832146505829233,1.3109193235217733]
["EMULSÕES ASF. MOD. POR POLÍMEROS RR2C-E","2015-09-01","***","***",1.3681639026177814,1.3284410235816815,1.1654292899767371,1.335152918025774]
["EMULSÕES ASF. MOD. POR POLÍMEROS RR2C-E","2015-10-01","***",1.9799999999999998,1.5313464230925111,1.3928056922388734,1.4202399999999999,1.584727438826778]
["EMULSÕES ASF. MOD. POR POLÍMEROS RR2C-E","2015-11-01","***",2.1295271177074286,1.7236552366822102,1.4988003398917344,"***",1.8252301252129475]
["EMULSÕES ASF. MOD. POR POLÍMEROS RR2C-E","2015-12-01","***",1.9659285604345857,1.5857699999999999,1.4862204200749829,"***",1.652229903089335]
["EMULSÕES ASF. MOD. POR POLÍMEROS RR2C-E","2016-01-01","***","***",2.39249,1.4319490265136525,"***",1.7155483694338571]
["EMULSÕES ASF. MOD. POR POLÍMEROS RR2C-E","2016-02-01","***","***",2.3908767881241566,1.3519587282764263,"***",1.4472652318167751]
["EMULSÕES ASF. MOD. POR POLÍMEROS RR2C-E","2016-03-01","***",1.53504,1.70774,1.4605829949832776,"***",1.4744193261511012]
["EMULSÕES ASF. MOD. POR POLÍMEROS RR2C-E","2016-04-01","***",1.7567199999999998,1.73264,1.5643557069314213,1.6958915113937467,1.6604180378746218]
["EMULSÕES ASF. MOD. POR POLÍMEROS RR2C-E","2016-05-01","***","***",1.5669751288304525,1.5305542446460139,1.6832552074891716,1.5599606403859498]
["EMULSÕES ASF. MOD. POR POLÍMEROS RR2C-E","2016-06-01","***","***",1.7023000640934001,1.5752502187631467,1.7093499999999997,1.6420744232150213]
["EMULSÕES ASF. MOD. POR POLÍMEROS RR2C-E","2016-07-01","***",1.5349599999999999,1.7126558824373053,1.5713038020383485,1.7058176536976537,1.6696668943707345]
["EMULSÕES ASF. MOD. POR POLÍMEROS RR2C-E","2016-08-01","***",1.5955299999999999,1.7508424629029866,1.6220628054342554,1.5319,1.695470408260968]
["EMULSÕES ASF. MOD. POR POLÍMEROS RR2C-E","2016-09-01","***",1.5374365511684127,1.6296106844046365,1.4705299722778378,1.4302934942495409,1.5485389053409508]
["EMULSÕES ASF. MOD. POR POLÍMEROS RR2C-E","2016-10-01","***",1.4657620751931499,1.4807369928755811,1.3314506740681997,1.4036390572890349,1.4397881801451071]
["EMULSÕES ASF. MOD. POR POLÍMEROS RR2C-E","2016-11-01","***",1.090746839641404,1.5489556537348004,1.3344953175813008,1.4941367172157973,1.3178127690310013]
["EMULSÕES ASF. MOD. POR POLÍMEROS RR2C-E","2016-12-01","***",1.1544616635543106,1.9311799999999999,1.343578928332217,"***",1.3351411672017202]
["EMULSÕES ASF. MOD. POR POLÍMEROS RR2C-E","2017-01-01","***",1.1538758823529411,"***",1.6008604170950214,1.5232481154059552,1.3988085043731777]
["EMULSÕES ASF. MOD. POR POLÍMEROS RR2C-E","2017-02-01","***",1.440448807243601,1.8829,1.3443576271186441,1.5224090422840622,1.4582330549979927]
["EMULSÕES ASF. MOD. POR POLÍMEROS RR2C-E","2017-03-01","***",1.4158900000000003,"***",1.4039715027437738,"***",1.4124174972328132]
["EMULSÕES ASF. MOD. POR POLÍMEROS RR2C-E","2017-04-01","***",1.4214227784346181,1.8724564568720381,1.6077348575387025,1.4981199999999999,1.5939213083599815]
["EMULSÕES ASF. MOD. POR POLÍMEROS RR2C-E","2017-05-01","***",1.4158900000000001,1.7492685177579828,1.3593678427152318,1.5034797092731831,1.597873081179884]
["EMULSÕES ASF. MOD. POR POLÍMEROS RR2C-E","2017-06-01","***",1.5218350415361568,1.7301512805636137,1.4325360549943884,1.4430000000000003,1.6799273818390517]
["EMULSÕES ASF. MOD. POR POLÍMEROS RR2C-E","2017-07-01","***",1.4831199999999998,1.6837631773108475,1.3304094357480889,1.3904146926833987,1.6380343919322031]
["EMULSÕES ASF. MOD. POR POLÍMEROS RR2C-E","2017-08-01","***",1.4828600000000001,1.4776571773016869,1.359223122395941,1.3949024939505525,1.46554936367542]
["EMULSÕES ASF. MOD. POR POLÍMEROS RR2C-E","2017-09-01","***",1.49241,1.5819643448284988,1.4225914688869412,1.3872618577871605,1.5637850130410551]
["EMULSÕES ASF. MOD. POR POLÍMEROS RR2C-E","2017-10-01","***","***",1.7548139726581242,1.5386678454267446,1.4028317361777516,1.7274472661327334]
["EMULSÕES ASF. MOD. POR POLÍMEROS RR2C-E","2017-11-01","***",1.6607000000000001,1.8019497802632578,2.0248467509831012,1.5366294498480246,1.772521303658251]
["EMULSÕES ASF. MOD. POR POLÍMEROS RR2C-E","2017-12-01","***",1.71302,1.6872102291982518,1.6093306759276524,1.5150585572404436,1.6490958815513532]
["EMULSÕES ASF. MOD. POR POLÍMEROS RR2C-E","2018-01-01","***",1.7705200000000001,1.7122480652854377,1.6568882694928084,1.723098764984667,1.7068311488104142]
["EMULSÕES ASF. MOD. POR POLÍMEROS RR2C-E","2018-02-01","***","***",1.6208777303411785,1.5017440075729815,1.6663459099804308,1.5993478908323473]
["EMULSÕES ASF. MOD. POR POLÍMEROS RR2C-E","2018-03-01","***",1.7359082045184304,1.7302030327806799,1.4395287370491803,1.5987413545816733,1.6489803003635983]
["EMULSÕES ASF. MOD. POR POLÍMEROS RR2C-E","2018-04-01","***",1.7085023280238605,1.692307551267298,1.5782218939253205,1.6356732360160187,1.6785284698620004]
["EMULSÕES ASF. MOD. POR POLÍMEROS RR2C-E","2018-05-01","***",1.7765505334389859,1.7077995419563465,1.6687254406908814,1.6897599999999999,1.7256480736373012]
["EMULSÕES ASF. MOD. POR POLÍMEROS RR2C-E","2018-06-01","***",1.6690443111444229,1.7988880673945729,1.6841103199718708,1.7847617012313675,1.7646454974132142]
["EMULSÕES ASF. MOD. POR POLÍMEROS RR2C-E","2018-07-01","***",1.9692499999999999,1.8439185862482508,1.7441110652346858,2.2279599999999999,1.8492824882864511]
["EMULSÕES ASF. MOD. POR POLÍMEROS RR2C-E","2018-08-01",3.3587799999999999,1.9654179475156921,2.1854208648984996,1.8819623016102598,1.97194,2.165980263808057]
["EMULSÕES ASF. MOD. POR POLÍMEROS RR2C-E","2018-09-01",2.4708184259573027,2.0565377374904141,2.2272392526537805,1.8523617291675303,1.9503253913622738,2.1241247743951344]
["EMULSÕES ASF. MOD. POR POLÍMEROS RR2C-E","2018-10-01","***",2.0033770084545148,1.7713993296849748,1.8022148714666226,1.98038,1.8702457819197829]
["EMULSÕES ASF. MOD. POR POLÍMEROS RR2C-E","2018-11-01","***",2.1326911196925464,2.4216285236130215,2.1122750312786085,2.2565845149608323,2.2388512726786503]
["EMULSÕES ASF. MOD. POR POLÍMEROS RR2C-E","2018-12-01",2.33256,2.0697199999999998,2.2177600000000002,2.1224763746201165,2.23010700821653,2.1631127314979066]
["EMULSÕES ASF. MOD. POR POLÍMEROS RR2C-E","2019-01-01","***",2.2000099999999998,"***",2.1652022601747039,2.0643973361747467,2.1589821217013534]
["EMULSÕES ASF. MOD. POR POLÍMEROS RR2C-E","2019-02-01","***","***","***",2.3185367674670254,2.2951897653596789,2.3165165457362686]
["EMULSÕES ASF. MOD. POR POLÍMEROS RR2C-E","2019-03-01","***",2.4764300000000001,"***",2.2734969208972848,2.1978187443227362,2.3004899778024419]
["EMULSÕES ASF. MOD. POR POLÍMEROS RR2C-E","2019-04-01","***",2.4884661793949649,2.2523488576844959,2.6665232520325204,2.2597713849632561,2.3299397600248568]
["EMULSÕES ASF. MOD. POR POLÍMEROS RR2C-E","2019-05-01","***",2.3824900000000002,2.249373832788967,2.5116499121538975,2.2641309883720933,2.3282346978740991]
["EMULSÕES ASF. MOD. POR POLÍMEROS RR2C-E","2019-06-01","***","***",2.7486408250151237,2.5123457204814055,2.2321478292046932,2.5941416320891357]
["EMULSÕES ASF. MOD. POR POLÍMEROS RR2C-E","2019-07-01",2.43831,2.7412835847142376,2.561814888430431,2.2512048607410993,2.2679897830374753,2.5457385344955838]
["EMULSÕES ASF. MOD. POR POLÍMEROS RR2C-E","2019-08-01",2.3455191267605633,2.3227346966666671,2.5525009547511313,2.3129090470887688,"***",2.5127410760027362]
["EMULSÕES ASF. MOD. POR POLÍMEROS RR2C-E","2019-09-01",2.3281356750102589,2.0440503115814224,2.4817195561959657,2.3520848983643003,2.2729148412524638,2.4204883333790947]
["EMULSÕES ASF. MOD. POR POLÍMEROS RR2C-E","2019-10-01",2.3624800000000001,3.011217255492781,2.3567727267681815,2.3191814927071057,2.192470313084907,2.4711996581402627]
["EMULSÕES ASF. MOD. POR POLÍMEROS RR2C-E","2019-11-01",2.36849,3.3502205157820995,2.4676782807865076,2.3225340573674331,2.2316018915635203,2.8422216610054343]
["EMULSÕES ASF. MOD. POR POLÍMEROS RR2C-E","2019-12-01",2.3686799999999999,3.1151456544171845,2.3543015436867338,2.3374460240160109,2.3543250404954739,2.8414480743293469]
["EMULSÕES ASF. MOD. POR POLÍMEROS RR2C-E","2020-01-01","***",3.0619413400800188,2.474122646573897,2.3700881022508575,2.3403816429966269,2.6374461712368973]
["EMULSÕES ASF. MOD. POR POLÍMEROS RR2C-E","2020-02-01",2.0538099999999999,3.2716576540755469,2.8653300000000002,2.41859,2.1598124990078049,2.7477419555304077]
["EMULSÕES ASF. MOD. POR POLÍMEROS RR2C-E","2020-03-01",2.1066623964646465,"***",2.1696447205960618,2.2224373307046115,2.0841862626114929,2.1507985547910846]
["EMULSÕES ASF. MOD. POR POLÍMEROS RR2C-E","2020-04-01",2.0355952302869551,"***",2.2015968598954934,2.1934076102659983,2.0950267971190559,2.1064516237145332]
["EMULSÕES ASF. MOD. POR POLÍMEROS RR2C-E","2020-05-01","***",2.2723900000000001,2.2972375617161718,2.2209613882010202,2.1553695526992289,2.2382648257188618]
["EMULSÕES ASF. MOD. POR POLÍMEROS RR2C-E","2020-06-01",2.0219871021729587,2.1570165542957924,2.4413150657816765,2.41859,2.5018799999999999,2.3028148817473699]
["EMULSÕES ASF. MOD. POR POLÍMEROS RR2C-E","2020-07-01",1.97315,2.121620962608286,2.3638028381539766,2.2103281977618172,1.4994911835205993,2.1406387866845664]
["EMULSÕES ASF. MOD. POR POLÍMEROS RR2C-E","2020-08-01","***",2.203842436108205,2.5932499689574411,2.3849091785150081,2.8673499999999996,2.5106721421474676]
["EMULSÕES ASF. MOD. POR POLÍMEROS RR2C-E","2020-09-01","***",2.1923949345335516,2.4273613854033291,2.2397767067176408,0.28672999999999993,2.3226628040798083]
["EMULSÕES ASF. MOD. POR POLÍMEROS RR2C-E","2020-10-01","***",2.2075696302382908,2.4423051481563021,2.3065642514171389,2.1341329036027261,2.3956152284716734]
["EMULSÕES ASF. MOD. POR POLÍMEROS RR2C-E","2020-11-01","***",2.2860410379951497,2.8261841950561126,2.3237399999999999,2.5703100000000001,2.6501792629108749]
["EMULSÕES ASF. MOD. POR POLÍMEROS RR2C-E","2020-12-01","***",2.3396254678858894,2.8461964888041922,2.3268200000000001,2.4196956687898092,2.560701490537848]
["EMULSÕES ASF. MOD. POR POLÍMEROS RR2C-E","2021-01-01","***",2.3767410620144283,2.9341315537848605,2.2185277478976069,2.2601421781055016,2.5576864574458642]
["EMULSÕES ASF. MOD. POR POLÍMEROS RR2C-E","2021-02-01","***",2.3527499999999999,3.1254121989580264,2.3695078082869512,2.1555800000000001,2.8338672706994035]
["EMULSÕES ASF. MOD. POR POLÍMEROS RR2C-E","2021-03-01","***",2.763569140499706,2.3166645016226242,2.3655854469916164,"***",2.5066435201785597]
["EMULSÕES ASF. MOD. POR POLÍMEROS RR2C-E","2021-04-01","***",2.3279999999999998,2.4540795533338402,2.3783185889376091,2.5152377513446424,2.4401183745659956]
["EMULSÕES ASF. MOD. POR POLÍMEROS RR2C-E","2021-05-01","***",2.8498000000000001,2.831064392483162,2.8946166502488597,3.0639599999999998,2.8679935524421265]
["EMULSÕES ASF. MOD. POR POLÍMEROS RR2C-E","2021-06-01","***",2.7936000000000001,2.9242336583408672,2.8083336144823376,3.0637442543728133,2.9310565560835586]
["EMULSÕES ASF. MOD. POR POLÍMEROS RR2C-E","2021-07-01","***",2.9639899999999999,3.125921793211182,2.9358050249293668,3.0126369038432439,3.0886699107905091]
["EMULSÕES ASF. MOD. POR POLÍMEROS RR2C-E","2021-08-01","***",2.8990900000000006,3.3423373468847353,3.1259175629904998,3.0846684136396285,3.2962011030982779]
["EMULSÕES ASF. MOD. POR POLÍMEROS RR2C-E","2021-09-01","***","***",3.2973198341934578,3.088923973256362,3.0064363607122346,3.2716967891139817]
["EMULSÕES ASF. MOD. POR POLÍMEROS RR2C-E","2021-10-01","***",3.0912600000000006,3.2885131134726384,2.9791415447739702,3.0169631818181819,3.2239709662123768]
["EMULSÕES ASF. MOD. POR POLÍMEROS RR2C-E","2021-11-01","***",3.385697294283037,3.502571825327299,3.3585344478722448,3.2982121758417668,3.4017871413287692]
["EMULSÕES ASF. MOD. POR POLÍMEROS RR2C-E","2021-12-01","***","***",3.5586173603524229,3.5337103658675795,3.5015484641509436,3.5355516644146645]
["EMULSÕES ASF. MOD. POR POLÍMEROS RR2C-E","2022-01-01","***",3.2460900000000001,3.7693536936060044,3.5001901449076613,3.8643467935000673,3.6674595797889928]
["EMULSÕES ASF. MOD. POR POLÍMEROS RR2C-E","2022-02-01","***",3.5857100000000002,3.8406183275145467,3.8451525133091264,4.0422099999999999,3.83759451029553]
["EMULSÕES ASF. MOD. POR POLÍMEROS RR2C-E","2022-03-01","***",3.6974153276353277,3.7419201387374401,3.9556631096691595,3.7222024290780142,3.866843605922778]
["EMULSÕES ASF. MOD. POR POLÍMEROS RR2C-E","2022-04-01","***",3.8544299999999998,4.6856900000000001,4.0458181291197235,4.1241105446849291,4.1141489564558684]
["EMULSÕES ASF. MOD. POR POLÍMEROS RR2C-E","2022-05-01",4.0049969570060142,4.1313700000000004,3.9169645708985987,4.1508882176555595,3.7809772825484766,4.0369837200164342]
["EMULSÕES ASF. MOD. POR POLÍMEROS RR2C-E","2022-06-01",3.8655033649017079,"***",3.8453874757897157,4.0250318570097319,3.7830738392749246,3.9441159177051635]
["EMULSÕES ASF. MOD. POR POLÍMEROS RR2C-E","2022-07-01",3.9166799999999999,3.6922299999999995,3.9892275891872018,3.8733046095961647,3.7096622727626767,3.8877545530495832]
["EMULSÕES ASF. MOD. POR POLÍMEROS RR2C-E","2022-08-01",3.7444899999999999,3.7760500000000001,4.0189779245664212,3.8011483682483211,3.4792555373051224,3.8890841148480719]
["EMULSÕES ASF. MOD. POR POLÍMEROS RR2C-E","2022-09-01","***",4.2418009108427546,4.053000061081323,3.7088813092117343,3.8063199999999999,3.8677118111396811]
["EMULSÕES ASF. MOD. POR POLÍMEROS RR2C-E","2022-10-01","***",3.1055511526328559,3.2695332481964305,3.712576289904614,3.3054116881775943,3.5698722948153399]
["EMULSÕES ASF. MOD. POR POLÍMEROS RR2C-E","2022-11-01","***",3.5929139204620464,3.6400621680206937,3.4623746992202009,"***",3.5194713574277463]
["EMULSÕES ASF. MOD. POR POLÍMEROS RR2C-E","2022-12-01","***",3.2589800000000007,3.6303540253845865,3.4135661563057242,3.4572393655371307,3.5389447600288797]
["EMULSÕES ASF. MOD. POR POLÍMEROS RR2C-E","2023-01-01","***","***","***",3.3638170275741328,3.0793328811449912,3.3408265310535579]
["EMULSÕES ASF. MOD. POR POLÍMEROS RR2C-E","2023-02-01","***",3.1933099999999999,3.1039579550367491,3.348338517894319,2.735728093058734,3.1954278909809783]
["EMULSÕES ASF. MOD. POR POLÍMEROS RR2C-E","2023-03-01","***",3.6410270004127114,3.0446717336864917,3.1101882689813425,2.8713062160202965,3.2610608927650335]
["EMULSÕES ASF. MOD. POR POLÍMEROS RR2C-E","2023-04-01","***",3.8463999015795869,3.044970889027804,3.0110756056213455,3.4107399999999997,3.1428392842301922]
["EMULSÕES ASF. MOD. POR POLÍMEROS RR2C-E","2023-05-01","***",3.201989415411024,3.2197198472724478,2.9478137865644802,2.9409981007218979,3.0638158369609592]
["EMULSÕES ASF. MOD. POR POLÍMEROS RR2C-E","2023-06-01","***",3.2163662222991687,3.3218876293340278,2.9017037694049161,3.1563150385147147,3.1102995277837215]
["EMULSÕES ASF. MOD. POR POLÍMEROS RR2C-E","2023-07-01","***",3.0564444727000746,3.3476616518863951,3.0412601153822032,2.964,3.1562408064102336]
["EMULSÕES ASF. MOD. POR POLÍMEROS RR2C-E","2023-08-01",3.39527,2.9390996956124313,3.3940534058331946,2.9036825083555313,2.5705577559986481,3.097199578169652]
["EMULSÕES ASF. MOD. POR POLÍMEROS RR2C-E","2023-09-01",3.7967428324839716,3.1265415292853307,3.3529604637725234,3.0066069704305081,3.0187740760983814,3.2114826237563987]
["EMULSÕES ASF. MOD. POR POLÍMEROS RR2C-E","2023-10-01",3.7189490073033711,3.060235180591977,3.4672701007077129,3.1135945415140416,3.065496559915164,3.2967803519847219]
["EMULSÕES ASF. MOD. POR POLÍMEROS RR2C-E","2023-11-01",3.9093570283766916,3.142113085898059,3.7203014185715242,3.1187153621825026,3.0274906449193857,3.3906457770228986]
["EMULSÕES ASF. MOD. POR POLÍMEROS RR2C-E","2023-12-01",4.0990000000000002,2.9067292059072618,3.689587716164545,3.2715966485225509,3.1460722200198217,3.2144224645675163]
["EMULSÕES ASF. MOD. POR POLÍMEROS RR2C-E","2024-01-01","***",2.7583119172444643,3.5355081544783231,2.5292139655130952,3.1224375838926175,2.8990815270261345]
["EMULSÕES ASF. MOD. POR POLÍMEROS RR2C-E","2024-02-01","***",2.7394105956398791,3.6880048115362651,3.0112846235252055,"***",3.0948030467849268]
["EMULSÕES ASF. MOD. POR POLÍMEROS RR2C-E","2024-03-01","***",3.1603027807141939,3.0623809196234615,2.923525464536977,"***",2.986530683472695]
["EMULSÕES ASF. MOD. POR POLÍMEROS RR2C-E","2024-04-01","***","***",3.1008640005402488,2.9338343389963297,"***",2.9729020254304208]
["EMULSÕES ASF. MOD. POR POLÍMEROS RR2C-E","2024-05-01","***",2.9975166666666668,3.2035828109300337,2.8098162042964652,2.9586700000000001,2.9714655958630041]
["EMULSÕES ASF. MOD. POR POLÍMEROS RR2C-E","2024-06-01","***",3.0296988910260461,3.2979862167569345,2.9216926524251985,2.9586700000000001,3.0721550632389953]
["EMULSÕES ASF. MOD. POR POLÍMEROS RR2C-E","2024-07-01","***",3.2269325330517802,3.725128926094794,3.0517222261839834,3.00461,3.3554888484810976]
["EMULSÕES ASFÁLTICAS LA-E","2008-11-01",2.3033221447253704,"***","***",0.98824298157453949,0.81794999999999995,2.098442299465241]
["EMULSÕES ASFÁLTICAS LA-E","2008-12-01","***","***","***",1.0900345919044461,"***",1.0900345919044461]
["EMULSÕES ASFÁLTICAS LA-E","2009-01-01","***","***","***",1.1149193050193051,"***",1.1149193050193051]
["EMULSÕES ASFÁLTICAS LA-E","2009-02-01","***","***","***",1.1002894454382828,"***",1.1002894454382828]
["EMULSÕES ASFÁLTICAS LA-E","2009-03-01","***","***",0.77302888986013996,1.223181492811257,"***",0.93673440315941692]
["EMULSÕES ASFÁLTICAS LA-E","2009-04-01","***","***","***",1.0326047691527143,"***",1.0326047691527143]
["EMULSÕES ASFÁLTICAS LA-E","2009-05-01","***","***","***",1.1254783427495292,0.67854999999999999,0.80113210227272724]
["EMULSÕES ASFÁLTICAS LA-E","2009-06-01","***","***","***",1.0738062992125983,"***",1.0738062992125983]
["EMULSÕES ASFÁLTICAS LA-E","2009-07-01","***","***","***",1.0759839390386869,"***",1.0759839390386869]
["EMULSÕES ASFÁLTICAS LA-E","2009-08-01","***","***",0.91224567881585228,1.0658639088729014,"***",0.92180669402985072]
["EMULSÕES ASFÁLTICAS LA-E","2009-09-01","***","***",0.92048999999999992,1.0538754042553191,"***",0.95201209372485918]
["EMULSÕES ASFÁLTICAS LA-E","2009-10-01","***","***",0.77695696078431375,1.1181319587628866,"***",0.85268688024408856]
["EMULSÕES ASFÁLTICAS LA-E","2009-11-01","***","***",0.74589394406518394,0.95686511306532662,"***",0.77735975829117487]
["EMULSÕES ASFÁLTICAS LA-E","2009-12-01","***","***","***",0.97666949806949799,"***",0.97666949806949799]
["EMULSÕES ASFÁLTICAS LA-E","2010-01-01","***","***","***",0.78245491689459279,"***",0.78245491689459279]
["EMULSÕES ASFÁLTICAS LA-E","2010-02-01","***","***","***",0.78837289422811374,"***",0.78837289422811374]
["EMULSÕES ASFÁLTICAS LA-E","2010-03-01","***","***","***",1.0517568835616438,"***",1.0517568835616438]
["EMULSÕES ASFÁLTICAS LA-E","2010-04-01","***","***",0.74590000000000001,0.98982251442704028,"***",0.82503292591602029]
["EMULSÕES ASFÁLTICAS LA-E","2010-05-01","***","***",0.81927176619159303,1.0002163324538258,0.66247999999999996,0.82116073858679861]
["EMULSÕES ASFÁLTICAS LA-E","2010-06-01","***","***",0.81640000000000001,1.0156338608562689,"***",0.86595274576915759]
["EMULSÕES ASFÁLTICAS LA-E","2010-07-01","***","***",0.7843,1.0380163937007874,"***",0.90121575471698112]
["EMULSÕES ASFÁLTICAS LA-E","2010-08-01","***","***",0.783895838587642,0.99216139877300624,"***",0.81055880301602268]
["EMULSÕES ASFÁLTICAS LA-E","2010-09-01","***","***",0.83652992957746464,0.98461505862646559,"***",0.88036077838373816]
["EMULSÕES ASFÁLTICAS LA-E","2010-10-01","***","***",0.82889248093633627,1.0560252293577981,"***",0.8593117339886347]
["EMULSÕES ASFÁLTICAS LA-E","2010-11-01","***","***",0.79390000000000005,1.0263447679324893,"***",0.96837160728424387]
["EMULSÕES ASFÁLTICAS LA-E","2010-12-01","***","***",0.83322314049586776,1.0125136700336699,"***",0.94000647058823528]
["EMULSÕES ASFÁLTICAS LA-E","2011-01-01","***","***","***",1.0195860676009891,"***",1.0195860676009891]
["EMULSÕES ASFÁLTICAS LA-E","2011-02-01","***","***","***",1.0396500692041521,"***",1.0396500692041521]
["EMULSÕES ASFÁLTICAS LA-E","2011-03-01","***","***",0.78149999999999997,1.061991591096455,"***",0.8872619832141746]
["EMULSÕES ASFÁLTICAS LA-E","2011-04-01","***","***",0.81405221502363856,1.0217681134564642,"***",0.85762455514044555]
["EMULSÕES ASFÁLTICAS LA-E","2011-05-01","***","***",0.79859831361502343,0.99949230832646307,"***",0.80735197463898267]
["EMULSÕES ASFÁLTICAS LA-E","2011-06-01","***","***",0.79322637396694229,1.0618031504922643,"***",0.8116036319892217]
["EMULSÕES ASFÁLTICAS LA-E","2011-07-01","***","***",0.75249248444839401,1.2156620930232558,"***",0.78754815184229054]
["EMULSÕES ASFÁLTICAS LA-E","2011-08-01","***","***",0.78047076193390452,1.0487035196850392,"***",0.82411098770176794]
["EMULSÕES ASFÁLTICAS LA-E","2011-09-01","***","***",0.81338728603470656,0.8607634885790566,"***",0.82687362100996453]
["EMULSÕES ASFÁLTICAS LA-E","2011-10-01","***","***",0.83520000000000016,1.053883241590214,"***",0.91659945361411477]
["EMULSÕES ASFÁLTICAS LA-E","2011-11-01","***","***",0.75600000000000001,0.99928899422918382,"***",0.78531454753153884]
["EMULSÕES ASFÁLTICAS LA-E","2011-12-01","***","***",0.75697344061520933,1.1632141015624999,"***",0.78458098221396333]
["EMULSÕES ASFÁLTICAS LA-E","2012-01-01","***","***","***",1.0630484400904294,"***",1.0630484400904294]
["EMULSÕES ASFÁLTICAS LA-E","2012-02-01","***","***","***",1.012449905511811,"***",1.012449905511811]
["EMULSÕES ASFÁLTICAS LA-E","2012-03-01","***","***","***",0.92201100658857971,"***",0.92201100658857971]
["EMULSÕES ASFÁLTICAS LA-E","2012-04-01","***","***",0.8266302922698715,0.77033506805157614,"***",0.7874570100523387]
["EMULSÕES ASFÁLTICAS LA-E","2012-05-01","***","***",0.75284071652237983,0.94700099712023023,"***",0.79239610369609847]
["EMULSÕES ASFÁLTICAS LA-E","2012-06-01","***","***",0.77016013179571652,0.92279252981795346,0.91839999999999999,0.9118600274290537]
["EMULSÕES ASFÁLTICAS LA-E","2012-07-01","***","***",0.81429265121537586,0.91462042395385035,"***",0.89007103188325598]
["EMULSÕES ASFÁLTICAS LA-E","2012-08-01","***","***",0.81479096690037511,0.95715338956657148,0.91839999999999999,0.87913682335837173]
["EMULSÕES ASFÁLTICAS LA-E","2012-09-01","***","***",0.82346089011421819,0.91773674082665557,0.91839999999999999,0.88099465924824372]
["EMULSÕES ASFÁLTICAS LA-E","2012-10-01","***","***",0.80310558347292016,0.90957737730663535,0.91839999999999988,0.85944706965409867]
["EMULSÕES ASFÁLTICAS LA-E","2012-11-01","***","***",0.81469999999999998,1.1081773519913887,0.91839999999999999,0.87662869315461955]
["EMULSÕES ASFÁLTICAS LA-E","2012-12-01","***","***",0.81469999999999987,1.0579856043956044,1.0062045608489503,0.91354224822183283]
["EMULSÕES ASFÁLTICAS LA-E","2013-01-01","***","***","***",1.1665648884381339,"***",1.1665648884381339]
["EMULSÕES ASFÁLTICAS LA-E","2013-02-01","***","***","***",1.0060459769167354,"***",1.0060459769167354]
["EMULSÕES ASFÁLTICAS LA-E","2013-03-01","***",0.90100000000000002,0.80871999999999999,1.0150619389701208,"***",0.92901406333538983]
["EMULSÕES ASFÁLTICAS LA-E","2013-04-01","***",0.90100000000000002,0.80871999999999999,0.91012707488986788,"***",0.8967267432432432]
["EMULSÕES ASFÁLTICAS LA-E","2013-05-01","***","***",0.8676768237791932,0.99040634042553199,"***",0.90852871671388102]
["EMULSÕES ASFÁLTICAS LA-E","2013-06-01","***","***",0.8397,0.99261574482297921,"***",0.93504147022074147]
["EMULSÕES ASFÁLTICAS LA-E","2013-07-01","***","***","***",1.4652888888888889,0.91839999999999988,0.95409389312977089]
["EMULSÕES ASFÁLTICAS LA-E","2013-08-01","***","***",0.86447505200126074,1.0107801412546737,"***",0.92758550896057368]
["EMULSÕES ASFÁLTICAS LA-E","2013-09-01","***","***",0.83757890704584037,"***","***",0.83757890704584037]
["EMULSÕES ASFÁLTICAS LA-E","2013-10-01","***","***",0.82574000000000003,1.5078277777777778,0.91839999999999999,0.88102365238095237]
["EMULSÕES ASFÁLTICAS LA-E","2013-11-01","***","***","***",1.4759,"***",1.4759]
["EMULSÕES ASFÁLTICAS LA-E","2013-12-01","***","***","***",1.4713020000000001,1.1561999999999999,1.1677355260115605]
["EMULSÕES ASFÁLTICAS LA-E","2014-01-01","***","***",0.83343336737588658,1.4690949999999998,1.1561999999999999,0.97361151286674297]
["EMULSÕES ASFÁLTICAS LA-E","2014-02-01","***","***",0.79852999999999996,1.4130976190476192,"***",0.91009163785259328]
["EMULSÕES ASFÁLTICAS LA-E","2014-03-01","***","***",0.84553999999999985,1.4622799999999998,"***",0.85806598610368778]
["EMULSÕES ASFÁLTICAS LA-E","2014-04-01","***","***","***",0.98882540664375707,"***",0.98882540664375707]
["EMULSÕES ASFÁLTICAS LA-E","2014-05-01","***","***",1.21,1.0644142616372392,"***",1.1364396472019465]
["EMULSÕES ASFÁLTICAS LA-E","2014-06-01","***","***",0.85942346292947558,1.0561305837611712,"***",0.99788989961183239]
["EMULSÕES ASFÁLTICAS LA-E","2014-07-01","***","***",0.62122000000000011,1.0487444833005894,"***",0.89187915671641793]
["EMULSÕES ASFÁLTICAS LA-E","2014-08-01","***",1.53,"***",1.0027548253826719,"***",1.2250985922997595]
["EMULSÕES ASFÁLTICAS LA-E","2014-09-01","***",1.53,0.87405999999999995,1.0506760204081635,"***",1.1200124000652636]
["EMULSÕES ASFÁLTICAS LA-E","2014-10-01","***",1.27,0.69171984848484847,1.049920786163522,"***",0.96198231882892316]
["EMULSÕES ASFÁLTICAS LA-E","2014-11-01","***",1.2699999999999998,0.65868000000000004,1.5342975000000001,"***",1.0842707941140701]
["EMULSÕES ASFÁLTICAS LA-E","2014-12-01","***","***","***",1.6844933333333336,"***",1.6844933333333336]
["EMULSÕES ASFÁLTICAS LA-E","2015-01-01","***","***","***","***","***","***"]
["EMULSÕES ASFÁLTICAS LA-E","2015-02-01","***","***","***",1.2839,"***",1.2839]
["EMULSÕES ASFÁLTICAS LA-E","2015-03-01","***","***","***","***","***","***"]
["EMULSÕES ASFÁLTICAS LA-E","2015-04-01","***","***","***",1.2090000000000001,"***",1.2090000000000001]
["EMULSÕES ASFÁLTICAS LA-E","2015-05-01","***","***","***",1.2312000000000001,"***",1.2312000000000001]
["EMULSÕES ASFÁLTICAS LA-E","2015-06-01","***",1.97,"***","***","***",1.97]
["EMULSÕES ASFÁLTICAS LA-E","2015-07-01","***","***","***","***","***","***"]
["EMULSÕES ASFÁLTICAS LA-E","2015-08-01","***","***","***",1.1745000000000001,"***",1.1745000000000001]
["EMULSÕES ASFÁLTICAS RL-1C","2008-11-01",1.1337367193710803,0.82909705758218244,1.0123072239738879,0.76819089891112302,0.78295181783867707,0.83507677968494176]
["EMULSÕES ASFÁLTICAS RL-1C","2008-12-01",1.6816414593794207,0.90851708075388216,1.0518602859719159,0.77048902264208219,0.84096474803779875,0.88006357164699955]
["EMULSÕES ASFÁLTICAS RL-1C","2009-01-01",1.7767251486634723,0.95670433042737102,1.048008490646664,0.77475230276824225,0.88206460479510163,0.92295130107878409]
["EMULSÕES ASFÁLTICAS RL-1C","2009-02-01",1.335909029960193,0.98164153888543937,1.0424075602804979,0.86729839232663619,0.88040202021181646,0.92851954103418766]
["EMULSÕES ASFÁLTICAS RL-1C","2009-03-01",1.2094642718525324,1.0838679811896412,1.0157732456475965,0.81030083621771209,0.90061806000153521,0.89425955952878577]
["EMULSÕES ASFÁLTICAS RL-1C","2009-04-01",1.2227006488215071,1.0290262168527851,1.0452953485436403,0.79489055608496717,0.86327962507348799,0.88437406599184176]
["EMULSÕES ASFÁLTICAS RL-1C","2009-05-01",1.399349754286338,0.984989917756108,1.0550202309492964,0.81191242332609614,0.91001509015194237,0.91222418698756369]
["EMULSÕES ASFÁLTICAS RL-1C","2009-06-01",1.2842121913145088,0.89913940419113747,1.0397378512653201,0.79617148751510081,0.89537956942264996,0.90267753689464392]
["EMULSÕES ASFÁLTICAS RL-1C","2009-07-01",1.4180000237846067,0.97209818842476248,1.0299306008657094,0.81623672202128539,0.97433216915045673,0.93779430065724156]
["EMULSÕES ASFÁLTICAS RL-1C","2009-08-01",1.2707500497232389,0.91162033457629288,1.0356661824195559,0.81238721664849756,0.9162965713317095,0.91481274182647465]
["EMULSÕES ASFÁLTICAS RL-1C","2009-09-01",1.3326649843862604,0.87112101696288302,1.0558386672175515,0.79724030791661327,0.87356679064048437,0.89900022901717147]
["EMULSÕES ASFÁLTICAS RL-1C","2009-10-01",1.4479635233368426,0.89492004474980535,1.0223184300890191,0.81959542481486203,0.88476568623238716,0.90677308326236505]
["EMULSÕES ASFÁLTICAS RL-1C","2009-11-01",1.3472131788931789,0.92637572964481407,1.0228731490364222,0.81124182981946369,0.89988311625296025,0.91191494172355481]
["EMULSÕES ASFÁLTICAS RL-1C","2009-12-01",1.4870461488223092,0.93173670793845254,1.010318496145681,0.79911653286453632,0.85675602550758778,0.9052453824202944]
["EMULSÕES ASFÁLTICAS RL-1C","2010-01-01",1.5100926910516004,0.84861539200723224,1.0485459459778459,0.84136823476461964,0.83260228943070469,0.89460549829265668]
["EMULSÕES ASFÁLTICAS RL-1C","2010-02-01",1.6671029493697729,0.8543367603196883,1.0301634386595484,0.87649349876000915,0.78187584191062764,0.89828149929194978]
["EMULSÕES ASFÁLTICAS RL-1C","2010-03-01",1.0359952470477645,0.77930315376850801,1.0199947591845175,0.85710019115268821,0.79304235325555539,0.86189391749043576]
["EMULSÕES ASFÁLTICAS RL-1C","2010-04-01",1.1200338069705094,0.72410152308280373,1.0429107519000169,0.82493974002127712,0.76740669341214951,0.8511063292387927]
["EMULSÕES ASFÁLTICAS RL-1C","2010-05-01",1.5772651834969316,0.71156682472061383,1.0276701726270399,0.81082938531425197,0.73930895680494813,0.83067256080542173]
["EMULSÕES ASFÁLTICAS RL-1C","2010-06-01",1.3902331122038867,0.70776594076212718,0.97860494859470093,0.81846515787974516,0.75829875901576038,0.84119292356714059]
["EMULSÕES ASFÁLTICAS RL-1C","2010-07-01",1.4465997985901307,0.71160120545443828,0.9564968835851132,0.80790649136605652,0.75401543822336781,0.83359454340534345]
["EMULSÕES ASFÁLTICAS RL-1C","2010-08-01",1.1841257615694769,0.70828243277414471,0.94081418768179192,0.765871243861871,0.74350204522738927,0.7920383085510464]
["EMULSÕES ASFÁLTICAS RL-1C","2010-09-01",1.250827468914752,0.71615812125723477,0.96665288745684086,0.75316963201170761,0.75588959100354836,0.80082669090372582]
["EMULSÕES ASFÁLTICAS RL-1C","2010-10-01",1.2089414767952189,0.71790035930401985,0.99988680901667726,0.77677819704464779,0.80340748505276116,0.84889697620471927]
["EMULSÕES ASFÁLTICAS RL-1C","2010-11-01",1.223075645233813,0.72646904460053241,0.98389369594880227,0.69449508009641536,0.75657561090435921,0.80137760262074764]
["EMULSÕES ASFÁLTICAS RL-1C","2010-12-01",1.2200442915685761,0.72270405732695464,0.94026399935283189,0.75597660658875032,0.76366957012592263,0.80325898437742804]
["EMULSÕES ASFÁLTICAS RL-1C","2011-01-01",1.0179717836447797,0.70475948617089712,0.98166222067122499,0.77189910009488694,0.76383277735968291,0.81353863613637145]
["EMULSÕES ASFÁLTICAS RL-1C","2011-02-01",1.25206722537142,0.72503751411188477,0.93291845035736953,0.74383552052645452,0.77223721673158652,0.79421292370703778]
["EMULSÕES ASFÁLTICAS RL-1C","2011-03-01",1.2707482630102833,0.72167428675154932,0.95248340997716319,0.74650864959502161,0.73644205225794557,0.79074268855053897]
["EMULSÕES ASFÁLTICAS RL-1C","2011-04-01",1.3569220621334424,0.71944409601369397,0.89030396631593289,0.74569874366422317,0.71082713390874752,0.78548259698309386]
["EMULSÕES ASFÁLTICAS RL-1C","2011-05-01",1.2877998305492546,0.73875797069304949,0.90834265450051543,0.72125295406553735,0.70718702579215731,0.77210141838247348]
["EMULSÕES ASFÁLTICAS RL-1C","2011-06-01",1.3052468520631095,0.76883359955821495,0.8798694337987174,0.72377178073897808,0.71933359404497743,0.78145920581843686]
["EMULSÕES ASFÁLTICAS RL-1C","2011-07-01",1.2508033153363489,0.68571783887207416,0.93805533341132585,0.73071928002733066,0.71811545537114529,0.77156768543051135]
["EMULSÕES ASFÁLTICAS RL-1C","2011-08-01",1.2880376501301125,0.68610112329782946,0.91786469656284042,0.75720519644660533,0.71506313810013411,0.80493951321486656]
["EMULSÕES ASFÁLTICAS RL-1C","2011-09-01",1.230759141615628,0.70168431233811979,0.91896527588917487,0.72895589640805469,0.71461552607360435,0.80382264692642535]
["EMULSÕES ASFÁLTICAS RL-1C","2011-10-01",1.194784287890239,0.68709666146580961,0.86511899697137606,0.72923079070262831,0.73022289948550734,0.78066939195723284]
["EMULSÕES ASFÁLTICAS RL-1C","2011-11-01",1.2799511780592734,0.70634661891935291,0.83524391490417538,0.70949278005651861,0.75998614988973401,0.77419319619442817]
["EMULSÕES ASFÁLTICAS RL-1C","2011-12-01",1.3067253731138544,0.68144987949992475,0.84060784518295806,0.70184592864075157,0.72693466546113117,0.76394882035292411]
["EMULSÕES ASFÁLTICAS RL-1C","2012-01-01",1.1973315040282213,0.70413994720122353,0.82047602618749838,0.7302117190609434,0.72891317644722509,0.76127942625958889]
["EMULSÕES ASFÁLTICAS RL-1C","2012-02-01",1.26167402231286,0.69680294535496612,0.83229839162029473,0.71548226477997456,0.72271914084337685,0.74953885666187836]
["EMULSÕES ASFÁLTICAS RL-1C","2012-03-01",1.2533495385936775,0.69199288038492113,0.79373715476282247,0.73316272250178161,0.72790643742932293,0.77027882839940276]
["EMULSÕES ASFÁLTICAS RL-1C","2012-04-01",1.3123663940886701,0.6920244654574158,0.82987399547818275,0.74205284276143768,0.72346825637727918,0.76915546291032422]
["EMULSÕES ASFÁLTICAS RL-1C","2012-05-01",1.3024841040114989,0.73764172830036323,0.8453271029312055,0.74845335951869441,0.73326877207688002,0.78410622390686346]
["EMULSÕES ASFÁLTICAS RL-1C","2012-06-01",1.2962296121792232,0.72425365108868833,0.86680952253272314,0.75079548404057117,0.77157581947382492,0.80017537234209501]
["EMULSÕES ASFÁLTICAS RL-1C","2012-07-01",1.4707906966807287,0.74361550053430292,0.9199315433900852,0.75368374146514583,0.77175863287701041,0.83454054302584291]
["EMULSÕES ASFÁLTICAS RL-1C","2012-08-01",1.3272728313954167,0.75698993166881956,0.8889690931406139,0.76618406235642489,0.77421126501566551,0.82449269471881959]
["EMULSÕES ASFÁLTICAS RL-1C","2012-09-01",1.4014646654332907,0.76429726068967552,0.91901220861843502,0.78846314811584395,0.76924146220797796,0.84483644953703985]
["EMULSÕES ASFÁLTICAS RL-1C","2012-10-01",1.2948489494554587,0.75654992787666941,0.93111831770554176,0.83726226452061658,0.76463455950234194,0.8606407475083363]
["EMULSÕES ASFÁLTICAS RL-1C","2012-11-01",1.2351895704422762,0.76297230787695569,0.95633254590442818,0.80918051630092624,0.76911495509903727,0.85506692776156046]
["EMULSÕES ASFÁLTICAS RL-1C","2012-12-01",1.2820861514129684,0.77695895557478734,0.87372102301264287,0.79263763788632702,0.80441913576035029,0.85157619753572]
["EMULSÕES ASFÁLTICAS RL-1C","2013-01-01",1.2318379111934885,0.77973151604028845,0.92836417098866486,0.85214133654857505,0.83567682354747097,0.86565322681083212]
["EMULSÕES ASFÁLTICAS RL-1C","2013-02-01",1.1872487810128942,0.78911340368009053,0.81598160853264012,0.84618523431601733,0.79075490037824248,0.83816108516722332]
["EMULSÕES ASFÁLTICAS RL-1C","2013-03-01",1.3348921943919785,0.75694678443027674,0.88556546171084216,0.90630104642983922,0.79185746863458406,0.86883531818065496]
["EMULSÕES ASFÁLTICAS RL-1C","2013-04-01",1.3374499944640803,0.80169346973121147,0.88750454945994783,0.86493247052189359,0.81279259837007334,0.86479494361614317]
["EMULSÕES ASFÁLTICAS RL-1C","2013-05-01",1.6532152573225218,0.79473728792491727,0.83666041784537226,0.88476178114698656,0.82486276090753363,0.86271567682634853]
["EMULSÕES ASFÁLTICAS RL-1C","2013-06-01",1.4650860236831744,0.78280722220145782,0.93039685345020384,0.86638886389244474,0.81920777540435341,0.89824164001460549]
["EMULSÕES ASFÁLTICAS RL-1C","2013-07-01",1.4859202449664428,0.77641291066447793,0.95880415635418936,0.89622488397002353,0.85351478458977992,0.90341165886025776]
["EMULSÕES ASFÁLTICAS RL-1C","2013-08-01",1.4003700203453353,0.76096465963835169,0.88023447158853252,0.88185225512170284,0.84578099086211567,0.88226316171090458]
["EMULSÕES ASFÁLTICAS RL-1C","2013-09-01",1.3296909638635863,0.75879144750110916,0.98358018449125828,0.9038698504830891,0.83574230246342529,0.91460111473294536]
["EMULSÕES ASFÁLTICAS RL-1C","2013-10-01",1.4282301762069141,0.80881747647433089,0.87526475679839422,0.8913920501088074,0.86156288408736947,0.88646285220181176]
["EMULSÕES ASFÁLTICAS RL-1C","2013-11-01",1.2838024568295758,0.83795460007379907,0.94170459474189583,0.9113356267080186,0.87087416094386605,0.91766094647498431]
["EMULSÕES ASFÁLTICAS RL-1C","2013-12-01",1.5705007365002028,0.84015883568126393,1.0262385733989601,0.93758184613896234,0.90672104235484652,0.97041663924442867]
["EMULSÕES ASFÁLTICAS RL-1C","2014-01-01",1.341931315243768,0.95241895416110356,1.018690591750874,0.95431173340574038,0.90527787344448551,0.97144162249002397]
["EMULSÕES ASFÁLTICAS RL-1C","2014-02-01",1.4007473584417507,0.88782474973168113,1.0182872809962591,0.94894911456754782,0.92824808501721323,0.96649487031938053]
["EMULSÕES ASFÁLTICAS RL-1C","2014-03-01",1.5499855367395465,0.84750452321553305,1.076052384194321,0.93276528272106518,0.97211535782443537,0.97147748071139517]
["EMULSÕES ASFÁLTICAS RL-1C","2014-04-01",1.4676601178189788,0.84994258968934067,1.0281082162468207,0.92803462885193644,1.0193915762026493,0.98149532708306142]
["EMULSÕES ASFÁLTICAS RL-1C","2014-05-01",1.4119103138170925,0.88340002770154136,1.0436179199523428,0.92623469777771206,1.0411657102537137,0.99818016727424441]
["EMULSÕES ASFÁLTICAS RL-1C","2014-06-01",1.3999514483978939,0.82666911088288142,1.0621752450439232,0.91109970873560142,1.007558416313582,0.99891201392835982]
["EMULSÕES ASFÁLTICAS RL-1C","2014-07-01",1.4374784482149294,0.89997833156881657,0.90631209324145401,0.91718241757498675,0.98644798595544525,0.94678351805832905]
["EMULSÕES ASFÁLTICAS RL-1C","2014-08-01",1.2986147093558418,0.89306288651903243,0.81922657685195066,0.90811340435626731,1.0302307016155672,0.90297161494096068]
["EMULSÕES ASFÁLTICAS RL-1C","2014-09-01",1.3310051145767032,0.92652164788166613,1.0377921682292568,0.89966969878572078,1.0086967947905445,0.98201718224524015]
["EMULSÕES ASFÁLTICAS RL-1C","2014-10-01",1.4533669842271295,0.99312573583032659,0.91186614208106398,0.91478586148748087,1.0062453431927467,0.94796903285534395]
["EMULSÕES ASFÁLTICAS RL-1C","2014-11-01",1.4998756236033097,0.95768163840277376,0.89962601209478754,0.93569424376288646,0.9750597618360769,0.94697423869026776]
["EMULSÕES ASFÁLTICAS RL-1C","2014-12-01",1.2792678123018388,0.99758056882255375,1.0135456343856988,1.0175641527935348,1.0896034389905265,1.0390355578921735]
["EMULSÕES ASFÁLTICAS RL-1C","2015-01-01",1.3144019456529017,1.1408793854680555,1.3787927530647111,1.048467606960273,1.2232335683032181,1.1580844612265353]
["EMULSÕES ASFÁLTICAS RL-1C","2015-02-01",1.5804051908637202,1.1718213826292434,1.3365670389030955,1.0380191091321045,1.3143784814877881,1.1641161869635197]
["EMULSÕES ASFÁLTICAS RL-1C","2015-03-01",1.6096865543656687,1.1657134724367351,1.350010163576751,0.99666524041691762,1.2556966947987875,1.1258784142775451]
["EMULSÕES ASFÁLTICAS RL-1C","2015-04-01",1.5788964185293166,1.1651086942908366,1.2995186131626164,1.0027871380700875,1.2631303447080555,1.1111597725529154]
["EMULSÕES ASFÁLTICAS RL-1C","2015-05-01",1.5988011916776117,1.100912942696685,1.3115423713779248,0.95598590574778453,1.2301983685125524,1.0964914368134209]
["EMULSÕES ASFÁLTICAS RL-1C","2015-06-01",1.349922752132124,1.2324326582393599,1.3215484462950651,0.97999644848122713,1.2528357262902721,1.1499861565713259]
["EMULSÕES ASFÁLTICAS RL-1C","2015-07-01",1.378890964037091,1.1201880396403758,1.1293216486838131,0.85317766385851246,1.2735099265576322,1.0301406005443117]
["EMULSÕES ASFÁLTICAS RL-1C","2015-08-01",1.6569267553725926,1.0889020928677209,1.2906253105378742,0.91126430831498795,1.2202366478604796,1.0887471559821549]
["EMULSÕES ASFÁLTICAS RL-1C","2015-09-01",1.8234600739634101,1.0881527826086959,1.2289230243264608,0.92332207016056278,1.1932406101937958,1.0890432153501726]
["EMULSÕES ASFÁLTICAS RL-1C","2015-10-01",1.6264592314884068,1.2162416493816448,1.3188067252633835,1.0812369985579073,1.2775595123124774,1.207548485253602]
["EMULSÕES ASFÁLTICAS RL-1C","2015-11-01",1.7031554268152134,1.2914047732170073,1.4294667621387251,1.1828121415480617,1.3834305894484857,1.3278412713371364]
["EMULSÕES ASFÁLTICAS RL-1C","2015-12-01",1.726412483021676,1.2916979502423265,1.3647676623544283,1.1879378311403754,1.2982124293581638,1.2897302063557512]
["EMULSÕES ASFÁLTICAS RL-1C","2016-01-01",1.7343974534653468,1.2428023811005977,1.4592186960035145,1.2468671993235709,1.360083131141391,1.3297636079208188]
["EMULSÕES ASFÁLTICAS RL-1C","2016-02-01",1.5573464552694229,1.1714925429288059,1.5530437277938862,1.1982444701580475,1.422907030348028,1.3212053784823625]
["EMULSÕES ASFÁLTICAS RL-1C","2016-03-01",1.8860514474293653,1.5778557660833987,1.5256856119048172,1.1675318613742252,1.444576221198157,1.3044714395048351]
["EMULSÕES ASFÁLTICAS RL-1C","2016-04-01",1.648696048608389,1.377631354485181,1.5905725843950178,1.2797983266958946,1.5042964332163005,1.4013999340840213]
["EMULSÕES ASFÁLTICAS RL-1C","2016-05-01",1.9573453076652907,1.3354859306120883,1.5942625369933248,1.2679933576691851,1.5304678160613394,1.4028095171561843]
["EMULSÕES ASFÁLTICAS RL-1C","2016-06-01",1.8918994455379008,1.3627591276445374,1.6663336964921001,1.3096060640868972,1.5031851445258591,1.4382924028528905]
["EMULSÕES ASFÁLTICAS RL-1C","2016-07-01",2.0076421612219386,1.3669709903988314,1.6189730926327199,1.3455611851683864,1.483208495100621,1.4511544319787149]
["EMULSÕES ASFÁLTICAS RL-1C","2016-08-01",1.9143376514908732,1.4455878037523451,1.657195090340321,1.318920242720184,1.516895408907192,1.4714929852668872]
["EMULSÕES ASFÁLTICAS RL-1C","2016-09-01",1.6240282841934388,1.3052087905482639,1.5026049970132751,1.2240494236582502,1.3857329862740357,1.3476346553194247]
["EMULSÕES ASFÁLTICAS RL-1C","2016-10-01",1.7069203615113944,1.2650152822307117,1.4832404686532412,1.2546497901255813,1.4039221400379824,1.3693256725333498]
["EMULSÕES ASFÁLTICAS RL-1C","2016-11-01",1.7655825565339498,1.3188025273938795,1.5251902972697937,1.2846913278246563,1.3816460181018351,1.3998865078614113]
["EMULSÕES ASFÁLTICAS RL-1C","2016-12-01",1.8517242551910924,1.324273895099541,1.477047112289704,1.2796468065704374,1.3139354831836909,1.3575951071860608]
["EMULSÕES ASFÁLTICAS RL-1C","2017-01-01",1.527615414709071,1.1785957439868591,1.4543974329313025,1.2354384621611605,1.3149247933996668,1.3077573032211409]
["EMULSÕES ASFÁLTICAS RL-1C","2017-02-01",1.7921095822813864,1.1880611051162451,1.4084625297490732,1.2626918148250739,1.340301708302811,1.2981381105752023]
["EMULSÕES ASFÁLTICAS RL-1C","2017-03-01",1.8590877466652553,1.165400750667519,1.5095380526998223,1.2853390126752755,1.3289876271956835,1.3374577933549783]
["EMULSÕES ASFÁLTICAS RL-1C","2017-04-01",1.3857881873620019,1.1562387973024628,1.5364962844977084,1.3580275094129557,1.2795021718158368,1.3544942072806532]
["EMULSÕES ASFÁLTICAS RL-1C","2017-05-01",1.5691271946034344,1.1280904559665876,1.4814699769081212,1.3351868705790004,1.3212422505729005,1.3397816083264311]
["EMULSÕES ASFÁLTICAS RL-1C","2017-06-01",1.6032647627510215,1.1651824399795676,1.4476974678194179,1.2972357055713715,1.3402915064112657,1.350873102253243]
["EMULSÕES ASFÁLTICAS RL-1C","2017-07-01",1.5404965391065053,1.1316500591731233,1.4508261971805807,1.2895475516764763,1.28869388152475,1.3342133127690328]
["EMULSÕES ASFÁLTICAS RL-1C","2017-08-01",1.5665998913834067,1.1277314490566039,1.3886070363695109,1.2871533078658968,1.2566576481772778,1.312024396776664]
["EMULSÕES ASFÁLTICAS RL-1C","2017-09-01",1.6322100353015718,1.2577376497228605,1.420726203520841,1.307780157207836,1.2104677848314107,1.3383426509585583]
["EMULSÕES ASFÁLTICAS RL-1C","2017-10-01",1.6466361323649754,1.1035673397712018,1.4483200610787628,1.3086672815248546,1.2370216260142091,1.3405602213494139]
["EMULSÕES ASFÁLTICAS RL-1C","2017-11-01",1.7094168676788428,1.1964455462807055,1.4747841861237316,1.3842792241253008,1.2785427916191225,1.3855940658165806]
["EMULSÕES ASFÁLTICAS RL-1C","2017-12-01",1.5684146161825723,1.1980565982044702,1.4608394024153954,1.3665407114070807,1.3477709872946095,1.3715688971412405]
["EMULSÕES ASFÁLTICAS RL-1C","2018-01-01",1.8600921694013879,1.2355019580021831,1.4758471822917953,1.2865629546425452,1.2892159966022867,1.3508658770559154]
["EMULSÕES ASFÁLTICAS RL-1C","2018-02-01",2.028287085987261,1.2301229910041209,1.4836997052597194,1.2947917494520824,1.2480700218568312,1.3145652037873143]
["EMULSÕES ASFÁLTICAS RL-1C","2018-03-01",2.1065612720925153,1.2104900433959016,1.4630612440396442,1.299837343892831,1.2841877957922285,1.3295024171745828]
["EMULSÕES ASFÁLTICAS RL-1C","2018-04-01",1.7592755235098763,1.228501621502325,1.4695917697488492,1.2804668508625874,1.3935110752545956,1.3506314066743323]
["EMULSÕES ASFÁLTICAS RL-1C","2018-05-01",1.9193039234449765,1.2621428281118898,1.4863430441874039,1.3433005905169124,1.3587834170757602,1.3691374796788405]
["EMULSÕES ASFÁLTICAS RL-1C","2018-06-01",1.8240053492951604,1.3165510449836839,1.5827154580180822,1.4089329335615239,1.4004620781909278,1.4588051820586565]
["EMULSÕES ASFÁLTICAS RL-1C","2018-07-01",1.9609351896507703,1.390314086871669,1.6041728204783374,1.4939493336446956,1.4643765638718145,1.5315665889019379]
["EMULSÕES ASFÁLTICAS RL-1C","2018-08-01",2.3817705816646559,1.4255047185893184,1.7691971038845788,1.608826027040555,1.5221223181977375,1.6685149252111491]
["EMULSÕES ASFÁLTICAS RL-1C","2018-09-01",1.9841175924440226,1.4930497962438785,1.7757050434344053,1.6254990559840248,1.5437363253466247,1.6577630828167256]
["EMULSÕES ASFÁLTICAS RL-1C","2018-10-01",2.0631185531249998,1.4921472362848256,1.629754978302635,1.5933682067412851,1.6716565903853127,1.6178824138874799]
["EMULSÕES ASFÁLTICAS RL-1C","2018-11-01",2.6475637347330578,1.5556966212062564,2.0112116989619886,1.7726185243565014,1.6644664361639139,1.8364501412607208]
["EMULSÕES ASFÁLTICAS RL-1C","2018-12-01",1.8279792227979272,1.5893000142375693,1.8603004601533923,1.7461125390659815,1.630714944286755,1.7262255014248922]
["EMULSÕES ASFÁLTICAS RL-1C","2019-01-01",2.635818598882377,2.0592965962385898,2.0636373485963375,1.8320327909834799,1.8941201299990973,1.9478866635284464]
["EMULSÕES ASFÁLTICAS RL-1C","2019-02-01",2.8139073338229892,2.1221237317340003,2.320688726705177,1.8734621485530341,1.9015232394514059,2.03150110019978]
["EMULSÕES ASFÁLTICAS RL-1C","2019-03-01",2.285577613024127,2.2671906340622305,2.3798522622725113,1.9605150318995812,1.9987293754083888,2.0812818507094004]
["EMULSÕES ASFÁLTICAS RL-1C","2019-04-01",2.5572009811010679,1.9661175855588524,2.3709521478060052,1.9958284647404589,1.9729791775191177,2.0872148444257976]
["EMULSÕES ASFÁLTICAS RL-1C","2019-05-01",2.7298414886695088,1.9965003940820669,2.2912616986964074,2.0065709427600846,2.0324223717271543,2.1054405541250683]
["EMULSÕES ASFÁLTICAS RL-1C","2019-06-01",2.7454786032786891,1.9446995871358157,2.2656297224447939,2.0247945367028244,1.9634730579955284,2.1148171115890544]
["EMULSÕES ASFÁLTICAS RL-1C","2019-07-01",2.4095478010835349,1.9715957089055915,2.176480912300863,2.036146168720669,1.9442434395441788,2.0653344756118033]
["EMULSÕES ASFÁLTICAS RL-1C","2019-08-01",2.1070846964734913,1.9021569694392575,2.037149360890977,1.9563564911788058,1.9904700929429686,1.9931314283365202]
["EMULSÕES ASFÁLTICAS RL-1C","2019-09-01",2.3977936286305463,1.8377744031782335,2.1395945838662072,1.9236540258371129,1.9730581604042765,2.0056963661247824]
["EMULSÕES ASFÁLTICAS RL-1C","2019-10-01",2.1139845910531445,1.8522747906690689,2.1244690048889545,1.9001005029070861,1.9952558066660184,1.9989864059268647]
["EMULSÕES ASFÁLTICAS RL-1C","2019-11-01",2.3902238315250521,1.90103629721989,2.0119086555162227,1.9662155593882871,1.993321198928415,1.98729504518833]
["EMULSÕES ASFÁLTICAS RL-1C","2019-12-01",1.9947895017838939,1.9737474431836555,2.1164318163017857,1.960219052018267,2.0434365307192959,2.0192939951908766]
["EMULSÕES ASFÁLTICAS RL-1C","2020-01-01",1.8509554715192336,1.7882379723265742,2.0848251078273141,1.9329832913948319,2.1184394422542274,1.9924072503966428]
["EMULSÕES ASFÁLTICAS RL-1C","2020-02-01",1.6422605323808883,1.7623552060133632,2.0939292198314794,1.9005049535812031,2.0293604173311266,1.9635675112486466]
["EMULSÕES ASFÁLTICAS RL-1C","2020-03-01",1.7821339816600048,1.7364126037160219,2.0405731092534665,1.7819197858056437,2.0651275622471927,1.9224465668475388]
["EMULSÕES ASFÁLTICAS RL-1C","2020-04-01",1.9212903983822045,1.7047786050996963,1.9413986435726875,1.811472926322764,1.9429929664459114,1.8687943837980365]
["EMULSÕES ASFÁLTICAS RL-1C","2020-05-01",1.84602017338241,1.6254413706102051,1.8869336636960361,1.7980058837471793,2.0133432076294202,1.8569839170928431]
["EMULSÕES ASFÁLTICAS RL-1C","2020-06-01",2.2869417929883142,1.6714534330726833,1.9532110498485866,1.7968346466294505,1.9074341892307944,1.8613752361675866]
["EMULSÕES ASFÁLTICAS RL-1C","2020-07-01",2.0723572284922178,1.742166824551632,1.8913290322015541,1.8583570150444084,1.9448622784756597,1.893368531680556]
["EMULSÕES ASFÁLTICAS RL-1C","2020-08-01",1.9322939680509583,1.8521269776817855,1.9503371636311113,1.9048103135026977,2.0141756370476855,1.9424530594805709]
["EMULSÕES ASFÁLTICAS RL-1C","2020-09-01",1.9680406072598609,1.8482556521867659,1.9633524701295031,1.8624247082262815,2.0098004277553203,1.9312253671243171]
["EMULSÕES ASFÁLTICAS RL-1C","2020-10-01",1.896759930378991,1.7810603696709584,1.9246654135892671,1.8507379156568775,2.0678038519988067,1.9325563260655181]
["EMULSÕES ASFÁLTICAS RL-1C","2020-11-01",2.0042622596598454,1.8892477925580715,2.064495812375799,1.9306559980732556,2.0898275170275307,2.0141069599725587]
["EMULSÕES ASFÁLTICAS RL-1C","2020-12-01",2.191598889038413,1.8519353063639004,2.043907161136735,1.9015685700316083,2.0520950208825433,1.9850224935848333]
["EMULSÕES ASFÁLTICAS RL-1C","2021-01-01",2.0646467338316543,1.8806377320675103,2.1260523156942144,1.8838693611196573,2.0964823984868159,1.9950111632810386]
["EMULSÕES ASFÁLTICAS RL-1C","2021-02-01",1.9684197106720673,2.0257758589705444,2.2510452537705046,2.0269586724664186,2.2078441067263141,2.1480883178214638]
["EMULSÕES ASFÁLTICAS RL-1C","2021-03-01",2.1845855751492129,2.0021545662851574,2.0673008745379673,1.989308949013598,2.2333652164006752,2.0721110798228239]
["EMULSÕES ASFÁLTICAS RL-1C","2021-04-01",2.1715900000000001,2.0489367012987012,2.1493808461331474,1.9604355425914717,2.1773941929446337,2.0820971189425639]
["EMULSÕES ASFÁLTICAS RL-1C","2021-05-01",2.2092031875217844,2.4363959649895413,2.494903773193887,2.3250479651021498,3.052240785843265,2.4418483885311639]
["EMULSÕES ASFÁLTICAS RL-1C","2021-06-01",2.1730939466370205,2.368935862657148,2.4800845368810398,2.4206554463186452,2.4896154773182562,2.4525153461975471]
["EMULSÕES ASFÁLTICAS RL-1C","2021-07-01",2.4191242708010336,2.3507914618357253,2.5201424663033816,2.4065323239030807,2.5230863681021773,2.4796917521439292]
["EMULSÕES ASFÁLTICAS RL-1C","2021-08-01",2.4679154051754888,2.4788242305147339,2.7080988113389588,2.5013227192607808,2.6132193858477972,2.6100630168066341]
["EMULSÕES ASFÁLTICAS RL-1C","2021-09-01",2.5034927129980566,2.4830448609324995,2.6536965304349267,2.5675863070320188,2.5812073942351357,2.5937230871753369]
["EMULSÕES ASFÁLTICAS RL-1C","2021-10-01",2.4335925512037373,2.4853675784165108,2.6188627007265444,2.6593691677311595,2.5835558766935462,2.5882142630248697]
["EMULSÕES ASFÁLTICAS RL-1C","2021-11-01",2.5315789938663511,2.7143948711943793,2.6511510273820109,2.7702008170170176,2.6918381740886281,2.6930830704605557]
["EMULSÕES ASFÁLTICAS RL-1C","2021-12-01",2.7405063029491119,2.7775651593962887,2.8055347310759422,2.8091795957200922,2.7559279323879751,2.7866207536702619]
["EMULSÕES ASFÁLTICAS RL-1C","2022-01-01",2.7448074712933117,2.6558534932451856,2.7855379472856612,2.8282165260325258,2.8284400548413622,2.7852382942958673]
["EMULSÕES ASFÁLTICAS RL-1C","2022-02-01",3.0746135942857142,2.7468614681865064,3.0430167511111117,3.0138797969741691,2.7225306131566023,2.8877573059039006]
["EMULSÕES ASFÁLTICAS RL-1C","2022-03-01",3.0691356345957006,2.7940439021931618,2.9168643941379284,3.0366092706453656,2.8447713538579431,2.93469443938671]
["EMULSÕES ASFÁLTICAS RL-1C","2022-04-01",3.2672809177820272,2.7769459352597847,3.1469815911330556,3.1642874187823282,2.9036314879552898,3.0393407871824674]
["EMULSÕES ASFÁLTICAS RL-1C","2022-05-01",3.0305917793773784,3.1849290479091081,3.1505533881392078,3.1754279734999913,2.8252387850640903,3.1026030806397573]
["EMULSÕES ASFÁLTICAS RL-1C","2022-06-01",3.1817183594068044,3.1320570820713134,3.2004653443208526,3.1800173588816478,2.9744257251303901,3.1454073835721417]
["EMULSÕES ASFÁLTICAS RL-1C","2022-07-01",1.9821709867338542,3.1220321431625702,3.2229369974596165,3.0845514352993675,3.0547470737403115,3.1006358460581636]
["EMULSÕES ASFÁLTICAS RL-1C","2022-08-01",3.5353510700247854,3.3433251757230749,3.1706453091638376,3.0925065545937751,3.1815151223471463,3.1843244723423596]
["EMULSÕES ASFÁLTICAS RL-1C","2022-09-01",3.9180343131387274,3.3231093131161087,3.0134132551119812,3.0563380239042752,3.106088569041213,3.1312297963033493]
["EMULSÕES ASFÁLTICAS RL-1C","2022-10-01",3.4268674756490425,3.4269938568035685,2.7883508496513798,2.9819437673531572,2.985622034553018,3.0184617471886264]
["EMULSÕES ASFÁLTICAS RL-1C","2022-11-01",3.9012557870483846,3.4617350202937933,2.9066697161907378,2.8461826162699411,2.9765785847214254,3.0104104191827368]
["EMULSÕES ASFÁLTICAS RL-1C","2022-12-01",3.6678319809244311,3.3723875209414675,2.8494436775185443,2.7585939333486924,2.929605848549242,2.9848026946616972]
["EMULSÕES ASFÁLTICAS RL-1C","2023-01-01",3.7258602184873948,3.1760972865012129,3.001617038174293,2.6935739518823398,2.9308847087048164,2.9769252699780013]
["EMULSÕES ASFÁLTICAS RL-1C","2023-02-01",3.6420587373618623,3.2083733957756579,2.7016006712905507,2.5959868114810751,2.915303455094822,2.8201037533172424]
["EMULSÕES ASFÁLTICAS RL-1C","2023-03-01",3.581302315208156,3.0473738158049448,2.8273261707789614,2.5667079655661578,2.8425234193294262,2.7760784541830827]
["EMULSÕES ASFÁLTICAS RL-1C","2023-04-01",3.1944402434658081,2.9925985140992699,3.0112124888456071,2.6068615400753381,2.8747278583170255,2.8331788630240315]
["EMULSÕES ASFÁLTICAS RL-1C","2023-05-01",3.167048608265977,2.9036993681481209,2.8583495800423888,2.5921670846894922,2.6725207831201563,2.75802995572228]
["EMULSÕES ASFÁLTICAS RL-1C","2023-06-01",3.2835637189211964,2.9481023451709087,2.7721148041261801,2.5751809089169391,2.644116986718184,2.7300681217883569]
["EMULSÕES ASFÁLTICAS RL-1C","2023-07-01",3.1708478311798083,2.732969760835863,2.8267051124651625,2.5416072737104205,2.6841439703047758,2.6982514716940655]
["EMULSÕES ASFÁLTICAS RL-1C","2023-08-01",3.036677738613049,2.783136735699359,2.883023354052721,2.4153755294540153,2.5814544032638556,2.6410541676633112]
["EMULSÕES ASFÁLTICAS RL-1C","2023-09-01",3.3483076617912237,2.7546797537004792,2.976282450627088,2.6405205985106108,2.6080038770196738,2.7610603016616393]
["EMULSÕES ASFÁLTICAS RL-1C","2023-10-01",3.289099207959099,2.8973954392085997,2.9504737453403229,2.5886299738041805,2.713302049966213,2.7868987444940285]
["EMULSÕES ASFÁLTICAS RL-1C","2023-11-01",2.876410597536871,2.8529796318783509,3.0209880407405838,2.5129901210822974,2.6862648455836555,2.7288935262596725]
["EMULSÕES ASFÁLTICAS RL-1C","2023-12-01",3.1656090264404715,3.0778295892240903,2.9343058854358217,2.4916221775103713,2.6623158427547002,2.7583881653877542]
["EMULSÕES ASFÁLTICAS RL-1C","2024-01-01",2.7356886006289303,2.7617483158426204,2.9984184287572369,2.4753254603877131,2.5535835588463485,2.6957943570235079]
["EMULSÕES ASFÁLTICAS RL-1C","2024-02-01",2.8670386366569858,2.7661053789458374,2.9053692173610504,2.5539528767585709,2.5415431443803134,2.6676760654483345]
["EMULSÕES ASFÁLTICAS RL-1C","2024-03-01",2.5048512605127167,2.7981131524290239,2.8131624794876546,2.4980238070604592,2.5583726422932691,2.6406528674063874]
["EMULSÕES ASFÁLTICAS RL-1C","2024-04-01",2.9015602544217689,2.7380778336059337,2.7396106206076096,2.4368141989254619,2.5962116115861886,2.5948626661675389]
["EMULSÕES ASFÁLTICAS RL-1C","2024-05-01",2.597611526062777,2.7114853551632532,2.7917974452542063,2.4305511979851171,2.601844132867408,2.5752561700705874]
["EMULSÕES ASFÁLTICAS RL-1C","2024-06-01",2.8991144430823113,2.7639774377234021,2.6876941910100336,2.392133511214793,2.6656152732703022,2.5553277641999754]
["EMULSÕES ASFÁLTICAS RL-1C","2024-07-01",3.2850664432823815,2.8439083669227392,2.8293459694048009,2.507762390912823,2.6328719858288792,2.6626157411146063]
["EMULSÕES ASFÁLTICAS RM-1C","2008-11-01",1.2440746756266305,0.83737125724693595,1.2302087565235102,1.0770216649742204,0.93029969398803902,0.99194697105575613]
["EMULSÕES ASFÁLTICAS RM-1C","2008-12-01",1.2757451960894022,0.88756640695071143,1.1972130708411794,1.0074814750540864,0.94581961125570146,0.99315543588644317]
["EMULSÕES ASFÁLTICAS RM-1C","2009-01-01",1.1692491401627692,0.93428388985236244,1.2055997645472507,0.9392693173620229,0.96282630756923537,1.0164850753236701]
["EMULSÕES ASFÁLTICAS RM-1C","2009-02-01",1.2185810448804506,0.91851765590709578,1.2456314268356794,0.99770133375213332,0.9497388182442883,1.0373901754860333]
["EMULSÕES ASFÁLTICAS RM-1C","2009-03-01",1.1627963120401728,0.9277118202078084,1.2102570091416185,0.9103957531099135,0.94034762056325694,1.0013663352842179]
["EMULSÕES ASFÁLTICAS RM-1C","2009-04-01",1.2711328476132235,0.87459951400745084,1.1978227296035973,0.92589123267579498,0.94190758478931191,0.98046008053262357]
["EMULSÕES ASFÁLTICAS RM-1C","2009-05-01",1.3753979956901705,0.86869089842699165,1.2313967657413556,0.88922972800331301,0.91997459936112735,0.9837775863242072]
["EMULSÕES ASFÁLTICAS RM-1C","2009-06-01",1.4422934168089547,0.88335770522804669,1.1986050068320748,0.87294991509975017,0.94398753174671501,0.96770110428401168]
["EMULSÕES ASFÁLTICAS RM-1C","2009-07-01",1.3991710608467058,0.85038391203860597,1.2397290640486094,0.98340286839061664,0.94138006025652521,0.94739118502226982]
["EMULSÕES ASFÁLTICAS RM-1C","2009-08-01",1.4135809115293387,0.84747785706760304,1.1265953153909967,0.89526325795762152,0.87568058619863809,0.91817900161395671]
["EMULSÕES ASFÁLTICAS RM-1C","2009-09-01",1.4715034676434675,0.83730006188485617,1.1732581770169879,0.87330593464086659,0.87515142553997183,0.90853638559109073]
["EMULSÕES ASFÁLTICAS RM-1C","2009-10-01",1.4403662767600971,0.84754292346029625,1.1898825896140159,0.88634172635386732,0.878008573618691,0.95039760947872098]
["EMULSÕES ASFÁLTICAS RM-1C","2009-11-01",1.4752813603562107,0.84055645592934836,1.1394213528453545,0.92195017553161274,0.86981725758585993,0.90203337414072537]
["EMULSÕES ASFÁLTICAS RM-1C","2009-12-01",1.1704376634999312,0.83864203028195738,1.0898878652110811,0.88652672790587239,0.89811291253426395,0.9265671573281139]
["EMULSÕES ASFÁLTICAS RM-1C","2010-01-01",1.1511888752211412,0.82339013886873635,1.1520021218137368,0.85553178721341006,0.86879759891354125,0.94813039075901606]
["EMULSÕES ASFÁLTICAS RM-1C","2010-02-01",1.3483415518824611,0.83630684544548306,1.1046151437657348,0.86912036553728034,0.85551358897807206,0.91978573476372016]
["EMULSÕES ASFÁLTICAS RM-1C","2010-03-01",1.1104721025658488,0.83199322443700308,1.1299371655437676,0.85050743807887752,0.85754784919594673,0.9137229974999298]
["EMULSÕES ASFÁLTICAS RM-1C","2010-04-01",1.0966126863441681,0.84044834611533503,1.1456176946905472,0.82265265382523323,0.86949607740950752,0.92735824552140889]
["EMULSÕES ASFÁLTICAS RM-1C","2010-05-01",1.0738392007894415,0.84954815538850414,1.0768264519534754,0.83109798137877589,0.81875251314607911,0.89980226668522512]
["EMULSÕES ASFÁLTICAS RM-1C","2010-06-01",1.1880163179803951,0.88348805291668808,1.0027454959827347,0.81660860565356852,0.83043972898024665,0.89271539860918281]
["EMULSÕES ASFÁLTICAS RM-1C","2010-07-01",1.214792852748114,0.85124598400050733,0.99520839597095156,1.0553408610172523,0.82131302795622796,0.92899880297332715]
["EMULSÕES ASFÁLTICAS RM-1C","2010-08-01",1.117648232917962,0.86775010589509294,1.040275194428149,0.83972803748384295,0.81359839643464227,0.87408684551949478]
["EMULSÕES ASFÁLTICAS RM-1C","2010-09-01",1.1190722773781085,0.84948488885167872,1.0652531903960194,0.79687197442419211,0.81479282245224505,0.86993555454404403]
["EMULSÕES ASFÁLTICAS RM-1C","2010-10-01",1.0159090696086417,0.8246800681987394,1.0316397489539009,0.95721208902352595,0.81430716097957001,0.89136019796629329]
["EMULSÕES ASFÁLTICAS RM-1C","2010-11-01",1.0878597151607545,0.80615534044900716,0.96710292728458214,0.96469666139976751,0.79958472508700773,0.87789754102628637]
["EMULSÕES ASFÁLTICAS RM-1C","2010-12-01",1.1506631971235517,0.81791017659960674,1.025397694948901,0.92341065245529308,0.83163011470656223,0.92206578790354088]
["EMULSÕES ASFÁLTICAS RM-1C","2011-01-01",1.1009037960795724,0.80535792796051042,1.074130929747648,0.86621481145842716,0.82742895359125457,0.90934624313128254]
["EMULSÕES ASFÁLTICAS RM-1C","2011-02-01",1.1893804375865216,0.80165347861447511,1.0819090155081026,0.8372027730086532,0.82581328441652213,0.90641993730568371]
["EMULSÕES ASFÁLTICAS RM-1C","2011-03-01",0.9799309268365094,0.80698824333826191,1.0228058474509325,0.99096270838989964,0.85468653979115516,0.90770122249176111]
["EMULSÕES ASFÁLTICAS RM-1C","2011-04-01",1.0216544633789779,0.80147597368795498,1.0355141002033987,0.91591943378753793,0.82446614171232036,0.89597489448547873]
["EMULSÕES ASFÁLTICAS RM-1C","2011-05-01",0.94107896478638187,0.80484471254569478,1.0191156004155506,0.96463839189391321,0.80120334982460006,0.86701741920643793]
["EMULSÕES ASFÁLTICAS RM-1C","2011-06-01",1.1103178831625042,0.79442537985310757,1.0331756140200801,0.97574190195274602,0.81325655368422678,0.90126143462723463]
["EMULSÕES ASFÁLTICAS RM-1C","2011-07-01",1.1201162286671553,0.79484422638329111,1.029953980446914,0.82885915461275028,0.81181453934896874,0.86091323102752237]
["EMULSÕES ASFÁLTICAS RM-1C","2011-08-01",1.0037899748800072,0.78157908151180266,1.0255700573440403,0.78388233676746089,0.82024004953760909,0.8343426858574996]
["EMULSÕES ASFÁLTICAS RM-1C","2011-09-01",0.91246930126353976,0.77596353481529012,1.026791585180751,0.75800776013137461,0.80537571233942606,0.8221870978683562]
["EMULSÕES ASFÁLTICAS RM-1C","2011-10-01",0.93742091604471833,0.77908928729115923,1.0558443433486642,0.74541231801684593,0.82193475035167485,0.8371499690094687]
["EMULSÕES ASFÁLTICAS RM-1C","2011-11-01",1.0056961423673156,0.78685274567164953,1.0500890812686077,0.76898537752309137,0.81639764301328765,0.8335211071780475]
["EMULSÕES ASFÁLTICAS RM-1C","2011-12-01",1.0321656286403107,0.78603018107453426,1.0557717877969099,0.74738072434082836,0.83097082648978149,0.8559323296368615]
["EMULSÕES ASFÁLTICAS RM-1C","2012-01-01",0.97718956895496834,0.78816376192361104,0.99055096257024666,0.83629194124627204,0.83567029634393342,0.8710153849825728]
["EMULSÕES ASFÁLTICAS RM-1C","2012-02-01",1.0056200337943373,0.78540672515515431,1.0436393927485568,0.90134453237467183,0.83223977207928035,0.8866582802145363]
["EMULSÕES ASFÁLTICAS RM-1C","2012-03-01",1.0465676978258955,0.79432799575872393,1.0294477815144547,0.89345190839583299,0.85218647044364004,0.878215503875036]
["EMULSÕES ASFÁLTICAS RM-1C","2012-04-01",1.1323340888376434,0.79383793537578506,1.0168887129992157,0.93013643344201302,0.86083166977686398,0.8918502267024131]
["EMULSÕES ASFÁLTICAS RM-1C","2012-05-01",1.3072376625512239,0.84637013159372632,1.0515696312684566,0.94645964547514339,0.84982788620084104,0.90412293346356587]
["EMULSÕES ASFÁLTICAS RM-1C","2012-06-01",1.2417558167207541,0.8397975462969427,1.0832595693578104,0.97754787835886603,0.86735899654228388,0.91915020546770265]
["EMULSÕES ASFÁLTICAS RM-1C","2012-07-01",1.2161289489092453,0.83493867821353485,1.0359146747118244,0.98582202201819646,0.87017300155207822,0.9200783822703249]
["EMULSÕES ASFÁLTICAS RM-1C","2012-08-01",1.2314005931034484,0.83935778892873858,1.0913175572674303,0.98793563356512926,0.86168719809992511,0.90920967288325949]
["EMULSÕES ASFÁLTICAS RM-1C","2012-09-01",0.84728706486191852,0.86318102775998085,1.060482788167584,0.90873533260834827,0.85439202185591467,0.87881156115243353]
["EMULSÕES ASFÁLTICAS RM-1C","2012-10-01",1.1832633836988431,0.88023826429980301,1.1000667754000857,0.96348602284317242,0.85032078464281946,0.91808221211157304]
["EMULSÕES ASFÁLTICAS RM-1C","2012-11-01",1.2091937268114132,0.88176344019212394,1.0960109303609533,0.9265937161941159,0.89230397873541945,0.93029045520229614]
["EMULSÕES ASFÁLTICAS RM-1C","2012-12-01",1.2200999999999997,0.85426092444060331,1.0558040570327178,0.92432547659660602,0.86409295466275982,0.94181012677620823]
["EMULSÕES ASFÁLTICAS RM-1C","2013-01-01",1.2284339326747162,0.87033193380989604,1.0887423500618352,1.053334332691509,0.89236908455807751,0.98126119521284116]
["EMULSÕES ASFÁLTICAS RM-1C","2013-02-01",1.2253841107352681,0.84867467032788479,1.1485429792311026,0.86964437804396477,0.89362647423683028,0.99942924583634152]
["EMULSÕES ASFÁLTICAS RM-1C","2013-03-01",1.2156765872873123,0.8494502078753271,1.1520893409978326,0.869632999161705,0.90750685694410671,0.99010968939959054]
["EMULSÕES ASFÁLTICAS RM-1C","2013-04-01",1.1986927540073484,0.84869761951604961,1.1693319655446488,0.87953942490553105,0.89016013521721771,0.98031303127467173]
["EMULSÕES ASFÁLTICAS RM-1C","2013-05-01",0.98938620657413212,0.86094833083901257,1.1444377843854776,0.88244038414607273,0.90423026642470827,0.95761708745943852]
["EMULSÕES ASFÁLTICAS RM-1C","2013-06-01",1.2174793086612636,0.86768896784428573,1.164136971088358,0.89372625910922276,0.90496241363478991,0.96615868448241948]
["EMULSÕES ASFÁLTICAS RM-1C","2013-07-01",1.1171583604310125,0.88426264089352791,1.1571427082421888,0.91663292644247196,0.94248917152269196,0.96138237357667244]
["EMULSÕES ASFÁLTICAS RM-1C","2013-08-01",1.2118713430306511,0.87054365052699401,1.1569895184202428,0.91867112505906579,0.91801887620495759,0.96375720995793401]
["EMULSÕES ASFÁLTICAS RM-1C","2013-09-01",1.202,0.90663111467864377,1.171295749180786,0.93298370704616451,0.90658975421904442,0.98569455387683791]
["EMULSÕES ASFÁLTICAS RM-1C","2013-10-01",1.2181492919878114,0.95006897728628836,1.1354721454815453,0.91839960772196483,0.89495813501768529,0.97929272525175515]
["EMULSÕES ASFÁLTICAS RM-1C","2013-11-01",1.1195558886944814,0.94802065957925663,1.1440306670461884,0.93026080733809891,0.91075605853383912,0.98575120139592476]
["EMULSÕES ASFÁLTICAS RM-1C","2013-12-01",1.2128139371554345,0.924216638581287,1.1896604811455453,0.91843757400422876,0.90599239644822016,1.0071186734164457]
["EMULSÕES ASFÁLTICAS RM-1C","2014-01-01",1.2067020436758733,0.94259640782181142,1.1412903035651072,0.92889875666732213,0.92234515003768069,1.0025032393494497]
["EMULSÕES ASFÁLTICAS RM-1C","2014-02-01",1.0579315772732258,0.92368605489971045,1.1429172288149934,0.93217781899228425,0.87922893799542923,0.96795597048398319]
["EMULSÕES ASFÁLTICAS RM-1C","2014-03-01",0.9997439288450648,0.93791855913735322,1.1657046266221616,0.92193538126391972,0.91895274771452173,0.97821862278597493]
["EMULSÕES ASFÁLTICAS RM-1C","2014-04-01",1.0310021510196676,0.94274368537637876,1.128477542203479,0.88914415488063392,0.91984325608798101,0.97323432777391894]
["EMULSÕES ASFÁLTICAS RM-1C","2014-05-01",1.1143157323548218,0.93449108802475611,1.1581051288412034,0.92385576145827886,0.90982706584962836,0.99508747499448846]
["EMULSÕES ASFÁLTICAS RM-1C","2014-06-01",1.0169746381699241,0.95563974707690769,1.1929335994173713,0.93609120504383891,0.9352096646059741,0.99275027025368912]
["EMULSÕES ASFÁLTICAS RM-1C","2014-07-01",0.88644807044706797,0.9483675122396592,1.0022731372522997,0.90942928363207809,0.91942553538204896,0.93980024814958585]
["EMULSÕES ASFÁLTICAS RM-1C","2014-08-01",1.2195540832485012,0.93945798005768544,1.0486856251470773,0.90207295975078772,0.92205139435985195,0.95508313764177033]
["EMULSÕES ASFÁLTICAS RM-1C","2014-09-01",1.170468620735081,0.93115061529545839,1.1577073614266999,0.91021734900408957,0.93515578457253623,0.96429925418195328]
["EMULSÕES ASFÁLTICAS RM-1C","2014-10-01",1.3542394211677606,0.93506156252423134,1.0563183132137126,0.86315841471376142,0.97135973935622555,0.9489259470168655]
["EMULSÕES ASFÁLTICAS RM-1C","2014-11-01",1.2293336289866013,0.96017017240788982,1.0970816325706858,0.92481923881065564,0.95140020348837206,0.97467027232499881]
["EMULSÕES ASFÁLTICAS RM-1C","2014-12-01",1.1319735098863155,1.0689854505157959,1.1058130844637208,0.8783799550814152,1.0118455786298257,1.0282630859181972]
["EMULSÕES ASFÁLTICAS RM-1C","2015-01-01",1.3663039621340931,1.3353018260124534,1.4089803100391451,1.0393082398893714,1.199734699349823,1.2703752728627753]
["EMULSÕES ASFÁLTICAS RM-1C","2015-02-01",1.6478061813855389,1.2955207990076321,1.3999763827123628,1.0165557140370221,1.1761570701637758,1.2526426904446903]
["EMULSÕES ASFÁLTICAS RM-1C","2015-03-01",1.5589427873762804,1.2605027625158327,1.4601410058534363,1.0875560601129803,1.1378319685617226,1.2525076139823397]
["EMULSÕES ASFÁLTICAS RM-1C","2015-04-01",1.3241754455136077,1.2771967615675162,1.4132283044708203,1.0923654477175413,1.2149305994750745,1.2624108976646942]
["EMULSÕES ASFÁLTICAS RM-1C","2015-05-01",1.5552132680022084,1.2785987089364168,1.4133167154701134,1.0234322514265173,1.1671401019813132,1.2669828619074477]
["EMULSÕES ASFÁLTICAS RM-1C","2015-06-01",1.5623747938184134,1.2522278641008713,1.4901750889259209,1.0220828389642531,1.1546196432832516,1.2854731199760379]
["EMULSÕES ASFÁLTICAS RM-1C","2015-07-01",1.4972154738651995,1.264458328077084,1.2560783739658024,1.0347053620116375,1.1810006773681725,1.2476002962438619]
["EMULSÕES ASFÁLTICAS RM-1C","2015-08-01",1.5477231585178022,1.3378228677958703,1.4831631620723167,1.0208515532316462,1.1421220969438861,1.298923017064793]
["EMULSÕES ASFÁLTICAS RM-1C","2015-09-01",1.5578782789954144,1.2801082484822721,1.3944477404254176,1.1208783545292689,1.0859062231588994,1.2553305044978029]
["EMULSÕES ASFÁLTICAS RM-1C","2015-10-01",1.662527932725268,1.2909606839048544,1.5455570567247257,1.0977588872173012,1.1332078077580878,1.3180389108792234]
["EMULSÕES ASFÁLTICAS RM-1C","2015-11-01",1.8338622435181615,1.5058168099363505,1.5859677649855599,1.3758140780678019,1.2458764281269585,1.4961979826208793]
["EMULSÕES ASFÁLTICAS RM-1C","2015-12-01",1.8777695619773731,1.4431751257945624,1.5835331875816046,1.2489359567552292,1.1891475882448894,1.4516128667788266]
["EMULSÕES ASFÁLTICAS RM-1C","2016-01-01",1.7409283222464698,1.4791194918534782,1.7134591762173246,1.2475936126613185,1.3203095498839823,1.4677294565828749]
["EMULSÕES ASFÁLTICAS RM-1C","2016-02-01",1.9385085667962687,1.5140419773488456,1.7216144482592244,1.2798829328634946,1.2929359483319467,1.5312358578416068]
["EMULSÕES ASFÁLTICAS RM-1C","2016-03-01",1.7843736950210707,1.512588694547701,1.7015461512301324,1.3431408401961054,1.3335937506472995,1.4925970905857922]
["EMULSÕES ASFÁLTICAS RM-1C","2016-04-01",1.80006117922675,1.6167340791734461,1.7867565217576311,1.3829176510506853,1.3426001867888202,1.541898976057938]
["EMULSÕES ASFÁLTICAS RM-1C","2016-05-01",1.755126411788573,1.7094488456586903,1.7928550321562347,1.4637279105207799,1.4273058337740265,1.60641896274598]
["EMULSÕES ASFÁLTICAS RM-1C","2016-06-01",1.8205085676551109,1.5173140759155508,1.7171148840770418,1.5115493939039371,1.3533683158821266,1.509405429616993]
["EMULSÕES ASFÁLTICAS RM-1C","2016-07-01",1.8189527171487472,1.470334662343511,1.7296839468592804,1.4939717954839484,1.4122387304201487,1.5083949722965055]
["EMULSÕES ASFÁLTICAS RM-1C","2016-08-01",1.9758494687440229,1.5302191190164971,1.7112679882593975,1.5107556680860244,1.4285483985026346,1.5632637808778107]
["EMULSÕES ASFÁLTICAS RM-1C","2016-09-01",1.6444586911442398,1.5032578217748696,1.5741901436708714,1.3311757407168434,1.278645770237917,1.4204560157760806]
["EMULSÕES ASFÁLTICAS RM-1C","2016-10-01",1.6558099254394296,1.4703067206074427,1.5116758776771082,1.3598163400259069,1.2495570878466304,1.4134255567498784]
["EMULSÕES ASFÁLTICAS RM-1C","2016-11-01",1.598621901157814,1.4510326702745142,1.7429948600369587,1.3373589897983582,1.3089074306257398,1.4475169464401583]
["EMULSÕES ASFÁLTICAS RM-1C","2016-12-01",1.7842162184362642,1.4330079691372393,1.7616727438377737,1.3329012360694386,1.2288198759824072,1.4582415504395472]
["EMULSÕES ASFÁLTICAS RM-1C","2017-01-01",1.6516441865129101,1.3225611786905576,1.8125244118606612,1.3026528046521966,1.2190395134316296,1.4117359143035897]
["EMULSÕES ASFÁLTICAS RM-1C","2017-02-01",1.6196794885446919,1.179923531817922,1.6970293396495046,1.3714264536859213,1.2548173172056125,1.3260330735952215]
["EMULSÕES ASFÁLTICAS RM-1C","2017-03-01",1.6939173962904914,1.2189000824215845,1.7763121341426584,1.3587478706392102,1.2153180161911408,1.3862117256511903]
["EMULSÕES ASFÁLTICAS RM-1C","2017-04-01",1.7124616299601394,1.2494399906972471,1.7872092215953399,1.2385920811579791,1.1621679500505928,1.385017912091866]
["EMULSÕES ASFÁLTICAS RM-1C","2017-05-01",1.7094804743222911,1.2070241369761581,1.6664202790934897,1.3427858774394266,1.1816139837011574,1.3750651962349436]
["EMULSÕES ASFÁLTICAS RM-1C","2017-06-01",1.6816326713947989,1.2528271545694243,1.8146677425405686,1.65509911689612,1.1163669943427763,1.362000046602247]
["EMULSÕES ASFÁLTICAS RM-1C","2017-07-01",1.6410656015280995,1.2432846598897036,1.6123913301049233,1.407942360062542,1.0758034116375832,1.2570175029594184]
["EMULSÕES ASFÁLTICAS RM-1C","2017-08-01",1.6761631933913737,1.2497292395764861,1.5136316681697921,1.4323507874999997,1.1387723095667803,1.2631308531775087]
["EMULSÕES ASFÁLTICAS RM-1C","2017-09-01",1.688621115778171,1.2370675026929987,1.7795554193356067,1.4087075520638774,1.135769276913716,1.2954755337066299]
["EMULSÕES ASFÁLTICAS RM-1C","2017-10-01",1.6789470045281121,1.2700495809202119,1.6104542960720822,1.5056643560085716,1.1050028607380595,1.3260411411446831]
["EMULSÕES ASFÁLTICAS RM-1C","2017-11-01",1.6910137283100632,1.318507677133079,1.6874571685149165,1.4590908597829075,1.0222031595779058,1.3548520408699223]
["EMULSÕES ASFÁLTICAS RM-1C","2017-12-01",1.7774686918862421,1.3419842252342902,1.6046481277473501,1.3931731327163808,1.1589382389750029,1.4325811635127581]
["EMULSÕES ASFÁLTICAS RM-1C","2018-01-01",1.8989063385577725,1.3783171042869371,1.5353010643394933,1.4613785948100002,1.1307527878855113,1.4571882655307402]
["EMULSÕES ASFÁLTICAS RM-1C","2018-02-01",1.7178404560988991,1.3067482196616174,1.5275124545702825,1.48708766193104,1.1391060725198281,1.3625410913531768]
["EMULSÕES ASFÁLTICAS RM-1C","2018-03-01",1.9343988253808084,1.3305726202127952,1.5455149828970745,1.4533731790739739,1.3771954222738567,1.4807028942560059]
["EMULSÕES ASFÁLTICAS RM-1C","2018-04-01",1.6871042184152896,1.3260416409905063,1.5353970997593038,1.4147212726915135,1.4862852011320513,1.4523387181508043]
["EMULSÕES ASFÁLTICAS RM-1C","2018-05-01",1.6918126626199632,1.450391579016262,1.5524364943131403,1.4594211711379927,1.2693003140377508,1.4601952243619425]
["EMULSÕES ASFÁLTICAS RM-1C","2018-06-01",1.8608319905785122,1.4646383854109559,1.7100193417166003,1.4296296397405321,1.6423499350833355,1.5962611306127075]
["EMULSÕES ASFÁLTICAS RM-1C","2018-07-01",1.8843249473951003,1.5753774895550132,1.6881124355605814,1.6164236326190835,1.6098421843306188,1.6409525559129283]
["EMULSÕES ASFÁLTICAS RM-1C","2018-08-01",1.7350076362052542,1.7074808071370779,1.8984421274126957,2.3351216704835869,1.7126626074026443,1.8653923204892395]
["EMULSÕES ASFÁLTICAS RM-1C","2018-09-01",2.2421754983821542,1.7385658792052334,1.9470503476821193,2.4023011806250696,1.8182721045566295,1.9929832017075235]
["EMULSÕES ASFÁLTICAS RM-1C","2018-10-01",2.6736504558721332,1.7939585005250016,1.7228296886782215,2.6811515289962546,1.8766269795765667,2.1360434865918747]
["EMULSÕES ASFÁLTICAS RM-1C","2018-11-01",3.1662958005636606,2.0049001032755851,2.0889110397241208,2.9804048795164602,1.9286064359376285,2.561817288699396]
["EMULSÕES ASFÁLTICAS RM-1C","2018-12-01",2.5235890087374853,1.8902582005571029,1.8778794960410339,2.7595711423649174,2.0028638773520973,2.1388882327528074]
["EMULSÕES ASFÁLTICAS RM-1C","2019-01-01",2.7000417112449608,2.0263812007721045,2.1401435726019571,2.3752739596170773,2.1046126948587403,2.2377215782525286]
["EMULSÕES ASFÁLTICAS RM-1C","2019-02-01",2.5733624764971501,2.1542414305680135,2.3266222765828877,2.2246261956885962,2.2402913233408142,2.2885883317330773]
["EMULSÕES ASFÁLTICAS RM-1C","2019-03-01",2.8039128535567817,2.1164654771507334,2.2966397089168376,2.3552267958130821,2.2269099649953943,2.3395193684561457]
["EMULSÕES ASFÁLTICAS RM-1C","2019-04-01",2.7538439997428235,2.0658516615049809,2.3667705242946089,2.3377453847810723,2.353345154889567,2.3333522488259275]
["EMULSÕES ASFÁLTICAS RM-1C","2019-05-01",2.7969122690888448,2.0706944561289027,2.3869999679722458,2.1514114061167944,2.2615761870261339,2.2930108152411943]
["EMULSÕES ASFÁLTICAS RM-1C","2019-06-01",2.8786715804206779,2.0150139348024609,2.4271920313692248,2.4445590406661033,2.2218819576401843,2.2990949752309149]
["EMULSÕES ASFÁLTICAS RM-1C","2019-07-01",2.6714989437684493,2.0765382613180163,2.4750797262471407,2.4072261088772917,2.2616874244421012,2.3371358884741809]
["EMULSÕES ASFÁLTICAS RM-1C","2019-08-01",2.6105183273124908,2.0178180587620402,2.4382153145880281,2.862795964312745,2.2316705899165901,2.3492405255405107]
["EMULSÕES ASFÁLTICAS RM-1C","2019-09-01",2.6169414750954818,2.0379581402271745,2.3889140219025826,2.8923801499953989,2.2615100605866463,2.3972090642093713]
["EMULSÕES ASFÁLTICAS RM-1C","2019-10-01",2.5795184776761699,1.9476248567562788,2.3166481776261767,3.0621034408231025,2.143885439242228,2.3382454204595176]
["EMULSÕES ASFÁLTICAS RM-1C","2019-11-01",2.7559181109736706,1.9595045753070652,2.1892937255071216,3.4006857775107808,2.1605882843526598,2.4762799914246103]
["EMULSÕES ASFÁLTICAS RM-1C","2019-12-01",2.5643978285879458,1.9826297196214957,2.2382257018169627,3.2700447978238021,2.1397160452083721,2.5283457387778498]
["EMULSÕES ASFÁLTICAS RM-1C","2020-01-01",2.4148274299845438,2.0941317018578753,2.2094822552485005,3.1719546686672624,2.1970384864997468,2.4254583600110244]
["EMULSÕES ASFÁLTICAS RM-1C","2020-02-01",2.492383953065676,1.8278887061654314,2.2506818284180961,2.7726498567096893,2.0965432526937491,2.192000924003727]
["EMULSÕES ASFÁLTICAS RM-1C","2020-03-01",2.6220254806379995,1.8600077105883774,2.0935512931815019,2.9644898953982293,2.1074885517773092,2.2851733688592399]
["EMULSÕES ASFÁLTICAS RM-1C","2020-04-01",2.7685419624096674,1.8383978988656022,2.0556880200649159,3.2110309400699588,2.0740192292004886,2.5598260144446194]
["EMULSÕES ASFÁLTICAS RM-1C","2020-05-01",2.5873227315798473,1.8324985356734531,2.0987700661687887,3.0280077796987976,2.262818894027419,2.3953100903291746]
["EMULSÕES ASFÁLTICAS RM-1C","2020-06-01",2.6653602997813737,1.827148860703113,2.1006188006560316,2.5744209548239638,1.994877755327545,2.1684036937577744]
["EMULSÕES ASFÁLTICAS RM-1C","2020-07-01",2.518747949134521,1.7447592093495172,2.1587461023122567,2.8737181068635738,1.9952807007260616,2.2026478039167801]
["EMULSÕES ASFÁLTICAS RM-1C","2020-08-01",2.4850709606845016,1.8043691707852343,2.1120853794063974,2.8153138965191924,2.078086265443837,2.2416182195989731]
["EMULSÕES ASFÁLTICAS RM-1C","2020-09-01",2.4387211421566795,1.8193145530364379,2.1249319616378082,3.150277193153745,2.0462239440688461,2.2986682876635061]
["EMULSÕES ASFÁLTICAS RM-1C","2020-10-01",2.4537260314192846,1.8931990864276063,2.0349097760900872,2.8966225637489713,2.0669731455560321,2.2249560539642759]
["EMULSÕES ASFÁLTICAS RM-1C","2020-11-01",2.6788735678640654,2.0282348868913092,2.1591436775428003,2.9492634684649812,2.1978360791324034,2.2971804531208218]
["EMULSÕES ASFÁLTICAS RM-1C","2020-12-01",2.5782098261565314,2.031621505422994,2.182355341060485,2.8198574550722637,2.2336993279057684,2.2530474852908866]
["EMULSÕES ASFÁLTICAS RM-1C","2021-01-01",2.6460557236152544,1.9772043132732453,2.2039075070457561,2.9169103005693482,2.3310170638219829,2.2639639514467942]
["EMULSÕES ASFÁLTICAS RM-1C","2021-02-01",2.7763632350908063,2.2314145150664366,2.3617696181759351,2.4934783763739907,2.0791072008120337,2.3330562750476069]
["EMULSÕES ASFÁLTICAS RM-1C","2021-03-01",2.7488581881121239,2.235616055189193,2.1610643416420219,2.8496555620010824,2.024870610598045,2.4319672912941215]
["EMULSÕES ASFÁLTICAS RM-1C","2021-04-01",2.7022177187715331,2.1545405267247157,2.3513964897280255,2.6040845155733323,2.1755969681687986,2.3554871614366903]
["EMULSÕES ASFÁLTICAS RM-1C","2021-05-01",2.7691541589985018,2.5542164010704012,2.6211269781238413,2.980714858806246,2.6535696066957,2.6652074322149648]
["EMULSÕES ASFÁLTICAS RM-1C","2021-06-01",2.8310897928610155,2.5766534197350079,2.4944611800774932,2.8136878898715612,2.785719333985933,2.6864717364832926]
["EMULSÕES ASFÁLTICAS RM-1C","2021-07-01",2.8192577986908383,2.5375287071369086,2.9232094227736738,3.0800879967300676,2.7666488233474591,2.7874428846374699]
["EMULSÕES ASFÁLTICAS RM-1C","2021-08-01",2.7901102225183978,2.7662159493828353,2.7345264303465724,3.2080260645661571,2.5996659750170985,2.89861943386278]
["EMULSÕES ASFÁLTICAS RM-1C","2021-09-01",3.0149762790055248,2.7097822189680998,3.0281167162675344,3.3832351041122846,2.7640196779512549,3.0442834418761717]
["EMULSÕES ASFÁLTICAS RM-1C","2021-10-01",3.0577732398294404,2.7416084647742265,2.7137322753938768,3.3095715435861974,2.924937996763278,3.0006139055606527]
["EMULSÕES ASFÁLTICAS RM-1C","2021-11-01",2.974116802697274,2.9188494352115475,2.5755678274899387,3.2562823109914105,2.8298921051848169,3.0145811183083739]
["EMULSÕES ASFÁLTICAS RM-1C","2021-12-01",3.1022162818722196,3.0353075421712803,3.2342096800184694,3.2563482037351443,2.9829561138478375,3.1480739165851901]
["EMULSÕES ASFÁLTICAS RM-1C","2022-01-01",3.5243332388407023,2.998015441976392,3.1117204931032187,3.1820726442157237,3.0274792927239824,3.1051654412349841]
["EMULSÕES ASFÁLTICAS RM-1C","2022-02-01",3.1470410345029936,3.1884414024906609,3.4177878797864931,3.3815293332855814,3.26762072349652,3.2970123716383584]
["EMULSÕES ASFÁLTICAS RM-1C","2022-03-01",3.2971135796024891,3.2349724220268903,3.3957945159661747,3.4089674000805394,3.3167783412684924,3.3431232328530331]
["EMULSÕES ASFÁLTICAS RM-1C","2022-04-01",3.232495087491511,3.202977451894681,3.632519496276315,3.4534832294951188,3.4964966247769187,3.3579776655172409]
["EMULSÕES ASFÁLTICAS RM-1C","2022-05-01",3.2677784139652237,3.3187918956782116,3.6409925444118771,3.4642361804008908,3.4431738629320621,3.4112118266302316]
["EMULSÕES ASFÁLTICAS RM-1C","2022-06-01",3.4891097789395684,3.2505582296130733,3.4968460600575511,3.4761861800015228,3.3328988742580674,3.3978575497327461]
["EMULSÕES ASFÁLTICAS RM-1C","2022-07-01",3.3716558738435118,3.4801715532604449,3.6378042606194452,3.4860360013792406,3.4087002781740363,3.4765934648092411]
["EMULSÕES ASFÁLTICAS RM-1C","2022-08-01",3.4159907069510269,3.3415832828988785,3.5642669701776648,3.4751693939673616,2.9704179487903599,3.3913389254258406]
["EMULSÕES ASFÁLTICAS RM-1C","2022-09-01",3.184089366559725,3.3026745944362652,3.5577997683482869,3.4978231406364664,2.8967105078839128,3.3585221292978207]
["EMULSÕES ASFÁLTICAS RM-1C","2022-10-01",3.1436407384363489,3.1510210859888717,2.8280262324316161,3.4874648149048855,3.0069169538308635,3.1537361082270832]
["EMULSÕES ASFÁLTICAS RM-1C","2022-11-01",3.014957998372247,3.0965618853550554,3.0093241312139623,3.3987008167439647,2.7949346515604963,3.0950125674184119]
["EMULSÕES ASFÁLTICAS RM-1C","2022-12-01",3.2973887615137634,3.3401545339691943,3.1573021480308916,3.31044459800267,2.9710173971439189,3.2478429828191677]
["EMULSÕES ASFÁLTICAS RM-1C","2023-01-01",3.4618784375205416,2.7712581713782143,3.3138610858985271,3.7794237778593534,2.6575248707510575,3.0829475190357107]
["EMULSÕES ASFÁLTICAS RM-1C","2023-02-01",3.051213300122356,2.876198402738698,3.0233817688703124,3.176460722460321,2.4314014709832472,2.9341423749155759]
["EMULSÕES ASFÁLTICAS RM-1C","2023-03-01",3.4308232290432468,2.7030070653166862,3.1772111793020454,3.1836061787825631,2.6188253744648504,2.9886116726739718]
["EMULSÕES ASFÁLTICAS RM-1C","2023-04-01",3.1746686978237602,2.5923755910240622,3.1717916579534098,3.0382346519787844,2.5593691590021042,2.7953761187031354]
["EMULSÕES ASFÁLTICAS RM-1C","2023-05-01",3.1638937469089345,2.7383579232745636,3.0077502908518396,2.9849140334861168,2.5990487339860908,2.8312145860335658]
["EMULSÕES ASFÁLTICAS RM-1C","2023-06-01",3.0911257811808448,2.5216644654372375,2.995133255565237,2.7342298649628272,2.580487162500896,2.6821373931849846]
["EMULSÕES ASFÁLTICAS RM-1C","2023-07-01",2.7902825923295453,2.6398198762102179,2.6615814785642544,2.8632474023022763,2.3590166043548857,2.6827134077601325]
["EMULSÕES ASFÁLTICAS RM-1C","2023-08-01",2.9437886281957626,2.6420421637817664,3.1345290640226628,2.7417938918461986,2.628139949833519,2.7013622959238752]
["EMULSÕES ASFÁLTICAS RM-1C","2023-09-01",3.0708926101694916,2.8668699207778898,3.1969746433431614,2.9282040884652174,2.7481440894269085,2.8847052069586612]
["EMULSÕES ASFÁLTICAS RM-1C","2023-10-01",3.1194481628965813,2.8792463064549141,3.0315695729235412,2.925786095207803,2.7558308714418787,2.8878107952646515]
["EMULSÕES ASFÁLTICAS RM-1C","2023-11-01",3.4732888441522864,3.0170359383323904,3.5236184152229479,2.6752653794452144,2.5290868128232891,2.9155708317108084]
["EMULSÕES ASFÁLTICAS RM-1C","2023-12-01",3.1393044859382204,3.2290611018631252,2.434868774517033,2.8330412234674656,2.6414087328461946,2.9388655721391577]
["EMULSÕES ASFÁLTICAS RM-1C","2024-01-01",3.1885069863408213,2.9262857380640588,3.0285282782589507,2.7086732346386495,2.6114630065547799,2.862475144835408]
["EMULSÕES ASFÁLTICAS RM-1C","2024-02-01",2.9511305704954842,2.7766891645412044,2.996795307836293,2.7674769367001169,2.6634504675419937,2.7900961256204351]
["EMULSÕES ASFÁLTICAS RM-1C","2024-03-01",3.1592422077570759,2.9290864819500544,3.0798212052989218,2.657677897844513,2.7625063737390443,2.8783513407274439]
["EMULSÕES ASFÁLTICAS RM-1C","2024-04-01",2.9583787506148549,2.8357869742019544,3.0954418919113929,2.6539026610674816,2.7610277700492052,2.8184672285686321]
["EMULSÕES ASFÁLTICAS RM-1C","2024-05-01",2.9773243672791438,2.8035492532735136,2.9198819501671882,2.7723471782596119,2.723919421286777,2.8141199648743864]
["EMULSÕES ASFÁLTICAS RM-1C","2024-06-01",2.9396719371727751,2.7875884870994474,2.6984849252491698,2.71251633694536,2.7939950416278445,2.7866457358200223]
["EMULSÕES ASFÁLTICAS RM-1C","2024-07-01",3.1712052795729133,2.8910904528592218,2.7554293019703682,2.826695341202734,2.841206876779276,2.8675549375004827]
["EMULSÕES ASFÁLTICAS RM-2C","2008-11-01","***","***","***","***","***","***"]
["EMULSÕES ASFÁLTICAS RM-2C","2008-12-01","***","***","***",0.81623000000000001,"***",0.81623000000000001]
["EMULSÕES ASFÁLTICAS RM-2C","2009-01-01",2.2606894197292067,"***","***",0.98309999999999986,"***",2.1628897703495786]
["EMULSÕES ASFÁLTICAS RM-2C","2009-02-01","***","***","***",2.7796333333333334,0.87446999999999986,2.16045525]
["EMULSÕES ASFÁLTICAS RM-2C","2009-03-01","***","***","***",0.83383232067510549,0.92679999999999996,0.89309269760326371]
["EMULSÕES ASFÁLTICAS RM-2C","2009-04-01","***","***","***",0.78739999999999999,"***",0.78739999999999999]
["EMULSÕES ASFÁLTICAS RM-2C","2009-05-01","***","***","***","***","***","***"]
["EMULSÕES ASFÁLTICAS RM-2C","2009-06-01","***","***","***",0.78454391640323151,0.87446999999999986,0.80125880183013998]
["EMULSÕES ASFÁLTICAS RM-2C","2009-07-01","***","***","***",0.88127797833935018,"***",0.88127797833935018]
["EMULSÕES ASFÁLTICAS RM-2C","2009-08-01","***","***","***",0.90200000000000002,"***",0.90200000000000002]
["EMULSÕES ASFÁLTICAS RM-2C","2009-09-01","***","***","***",0.90199999999999991,"***",0.90199999999999991]
["EMULSÕES ASFÁLTICAS RM-2C","2009-10-01","***","***","***",0.86578551310388374,1.0888,0.96305905643581968]
["EMULSÕES ASFÁLTICAS RM-2C","2009-11-01","***","***","***",0.90200000000000014,"***",0.90200000000000014]
["EMULSÕES ASFÁLTICAS RM-2C","2009-12-01","***","***","***",0.90200000000000002,"***",0.90200000000000002]
["EMULSÕES ASFÁLTICAS RM-2C","2010-01-01","***","***","***",0.86583953629588739,"***",0.86583953629588739]
["EMULSÕES ASFÁLTICAS RM-2C","2010-02-01","***","***","***",0.86248000000000002,"***",0.86248000000000002]
["EMULSÕES ASFÁLTICAS RM-2C","2010-03-01","***","***","***",0.86248000000000002,0.87176441348375699,0.87080383987326349]
["EMULSÕES ASFÁLTICAS RM-2C","2010-04-01","***","***","***",0.86088036577400384,0.87952101585595277,0.87408711728865207]
["EMULSÕES ASFÁLTICAS RM-2C","2010-05-01","***","***","***",0.85102999999999995,0.89494205151565343,0.8922133237533012]
["EMULSÕES ASFÁLTICAS RM-2C","2010-06-01","***","***","***",0.84967999999999999,0.89133205685796113,0.88963664394016484]
["EMULSÕES ASFÁLTICAS RM-2C","2010-07-01","***","***","***",0.8503431818181818,0.89546224502577443,0.88916656178750575]
["EMULSÕES ASFÁLTICAS RM-2C","2010-08-01","***","***","***",0.84782999999999997,0.89268361236710259,0.89050129105388598]
["EMULSÕES ASFÁLTICAS RM-2C","2010-09-01","***","***","***",0.79874639304973039,0.90085522871217449,0.88522828389344832]
["EMULSÕES ASFÁLTICAS RM-2C","2010-10-01","***","***","***",0.84733000000000003,0.86026621955983862,0.85962573338284465]
["EMULSÕES ASFÁLTICAS RM-2C","2010-11-01","***","***","***",0.84867000000000004,0.89062398734177217,0.88518601101749839]
["EMULSÕES ASFÁLTICAS RM-2C","2010-12-01","***","***","***",0.80433026126366303,0.78766000000000003,0.79996133577274153]
["EMULSÕES ASFÁLTICAS RM-2C","2011-01-01","***","***","***",0.77276500000000015,0.90049999999999997,0.85327818853974113]
["EMULSÕES ASFÁLTICAS RM-2C","2011-02-01","***","***","***",0.69686000000000003,0.89416398157873467,0.88218529255520983]
["EMULSÕES ASFÁLTICAS RM-2C","2011-03-01","***","***","***",0.68036495049504953,0.90166620472948489,0.87687926092866864]
["EMULSÕES ASFÁLTICAS RM-2C","2011-04-01","***","***","***",0.73064243727598566,0.90529588664913818,0.89586885775087743]
["EMULSÕES ASFÁLTICAS RM-2C","2011-05-01","***","***","***",0.71970285714285709,0.89892865232163077,0.88888401774138526]
["EMULSÕES ASFÁLTICAS RM-2C","2011-06-01","***","***","***",0.68755999999999995,0.89428349324358292,0.89171957632584231]
["EMULSÕES ASFÁLTICAS RM-2C","2011-07-01","***","***","***",0.69351913609467453,0.88057162363555808,0.84885084523530774]
["EMULSÕES ASFÁLTICAS RM-2C","2011-08-01","***","***","***",0.68755999999999995,0.80646522299306245,0.7990958258444375]
["EMULSÕES ASFÁLTICAS RM-2C","2011-09-01","***","***",1.17,0.72069564755838644,0.80807083488697273,0.83813055461724562]
["EMULSÕES ASFÁLTICAS RM-2C","2011-10-01","***","***","***",0.67960221630708884,0.73730212909766812,0.705756328125]
["EMULSÕES ASFÁLTICAS RM-2C","2011-11-01","***","***","***",0.68755999999999995,0.82348999999999994,0.81902321010474421]
["EMULSÕES ASFÁLTICAS RM-2C","2011-12-01","***","***","***",0.69324208241027907,0.85990123215356928,0.82438860932779456]
["EMULSÕES ASFÁLTICAS RM-2C","2012-01-01","***","***","***",0.72281758455756751,"***",0.72281758455756751]
["EMULSÕES ASFÁLTICAS RM-2C","2012-02-01","***","***","***",0.75697999999999999,0.87980719804514784,0.86052884638022376]
["EMULSÕES ASFÁLTICAS RM-2C","2012-03-01","***","***","***",0.73287936724068869,0.81946763385146815,0.79337726318329915]
["EMULSÕES ASFÁLTICAS RM-2C","2012-04-01","***","***","***",0.86426306569343059,0.81718040586080598,0.82173350906604314]
["EMULSÕES ASFÁLTICAS RM-2C","2012-05-01","***","***","***",0.80365069098949693,0.88907584208532775,0.8840666330632091]
["EMULSÕES ASFÁLTICAS RM-2C","2012-06-01","***","***","***",0.80007238158772509,0.95421,0.92449839580788262]
["EMULSÕES ASFÁLTICAS RM-2C","2012-07-01","***","***","***",0.80957268047006159,0.94296246753246749,0.93163159575985166]
["EMULSÕES ASFÁLTICAS RM-2C","2012-08-01","***","***","***",0.73655511218403857,0.95421,0.91372596090861058]
["EMULSÕES ASFÁLTICAS RM-2C","2012-09-01","***","***","***",0.95795076411960123,0.95421,0.95693631961259074]
["EMULSÕES ASFÁLTICAS RM-2C","2012-10-01","***","***","***",0.75697999999999999,0.87016175615664104,0.84253117790662191]
["EMULSÕES ASFÁLTICAS RM-2C","2012-11-01","***","***","***",0.73406229235880405,1.2217702777777777,0.99723662282043435]
["EMULSÕES ASFÁLTICAS RM-2C","2012-12-01","***","***","***",1.1447799999999999,0.95421,1.0544950688500188]
["EMULSÕES ASFÁLTICAS RM-2C","2013-01-01","***","***","***",0.86675557594291541,"***",0.86675557594291541]
["EMULSÕES ASFÁLTICAS RM-2C","2013-02-01","***","***","***",0.73373337850045162,"***",0.73373337850045162]
["EMULSÕES ASFÁLTICAS RM-2C","2013-03-01","***","***","***",0.84782582852431987,1.0893564646464646,0.94789018670529535]
["EMULSÕES ASFÁLTICAS RM-2C","2013-04-01",1.180746551724138,"***","***",0.7365739316239317,0.95421,0.99569431275393916]
["EMULSÕES ASFÁLTICAS RM-2C","2013-05-01","***","***","***",0.84741921170395873,0.95421,0.87163687250465804]
["EMULSÕES ASFÁLTICAS RM-2C","2013-06-01","***","***","***",0.83011795416433765,1.0434753323069026,0.97634618185015831]
["EMULSÕES ASFÁLTICAS RM-2C","2013-07-01","***","***","***",0.84782000000000002,0.84870000000000001,0.84839901667379225]
["EMULSÕES ASFÁLTICAS RM-2C","2013-08-01","***","***","***",0.78820795259501431,0.84870000000000001,0.80274407326917097]
["EMULSÕES ASFÁLTICAS RM-2C","2013-09-01","***","***","***",0.81859163934426238,0.84870000000000001,0.82905711229946522]
["EMULSÕES ASFÁLTICAS RM-2C","2013-10-01","***","***","***",0.74507999999999996,1.0206354838709677,0.8827113774787535]
["EMULSÕES ASFÁLTICAS RM-2C","2013-11-01","***","***","***",0.85117999999999994,0.84870000000000001,0.84983924376508446]
["EMULSÕES ASFÁLTICAS RM-2C","2013-12-01","***","***","***",0.78148743207245597,"***",0.78148743207245597]
["EMULSÕES ASFÁLTICAS RM-2C","2014-01-01","***","***","***","***","***","***"]
["EMULSÕES ASFÁLTICAS RM-2C","2014-02-01","***","***","***",0.78061205889755858,1.034606477577616,0.88129140230932856]
["EMULSÕES ASFÁLTICAS RM-2C","2014-03-01","***","***","***",0.87640787937743192,0.87805,0.877276351970669]
["EMULSÕES ASFÁLTICAS RM-2C","2014-04-01","***","***","***",0.78109045442941027,"***",0.78109045442941027]
["EMULSÕES ASFÁLTICAS RM-2C","2014-05-01","***","***","***","***","***","***"]
["EMULSÕES ASFÁLTICAS RM-2C","2014-06-01","***","***","***",0.77893150972762648,1.7374499999999999,1.020652952473327]
["EMULSÕES ASFÁLTICAS RM-2C","2014-07-01","***","***","***",0.84741000000000011,"***",0.84741000000000011]
["EMULSÕES ASFÁLTICAS RM-2C","2014-08-01","***","***","***",0.77939521511017829,"***",0.77939521511017829]
["EMULSÕES ASFÁLTICAS RM-2C","2014-09-01","***","***","***",0.7797662606671838,"***",0.7797662606671838]
["EMULSÕES ASFÁLTICAS RM-2C","2014-10-01","***","***","***",0.78453000000000006,"***",0.78453000000000006]
["EMULSÕES ASFÁLTICAS RM-2C","2014-11-01","***","***","***",0.77605862540192916,1.2828398550724636,0.99151090418977195]
["EMULSÕES ASFÁLTICAS RM-2C","2014-12-01","***","***","***","***","***","***"]
["EMULSÕES ASFÁLTICAS RM-2C","2015-01-01","***","***","***",1.0311776923076921,"***",1.0311776923076921]
["EMULSÕES ASFÁLTICAS RM-2C","2015-02-01","***","***","***",1.0527899999999999,"***",1.0527899999999999]
["EMULSÕES ASFÁLTICAS RM-2C","2015-03-01","***","***","***",1.0360962363296877,1.4190801779581641,1.2776910300344655]
["EMULSÕES ASFÁLTICAS RM-2C","2015-04-01","***","***","***","***","***","***"]
["EMULSÕES ASFÁLTICAS RM-2C","2015-05-01","***","***","***",1.0251139168017287,1.0545199999999999,1.0331074665617623]
["EMULSÕES ASFÁLTICAS RM-2C","2015-06-01","***","***","***",1.0247651411827383,1.3727157652303119,1.1700774402730376]
["EMULSÕES ASFÁLTICAS RM-2C","2015-07-01","***","***","***",1.0738971703373292,"***",1.0738971703373292]
["EMULSÕES ASFÁLTICAS RM-2C","2015-08-01","***","***","***",0.99763999999999997,1.1069582280781463,1.0646434586466167]
["EMULSÕES ASFÁLTICAS RM-2C","2015-09-01","***","***","***",1.0611699999999999,"***",1.0611699999999999]
["EMULSÕES ASFÁLTICAS RM-2C","2015-10-01","***","***",1.5336155142103722,"***","***",1.5336155142103722]
["EMULSÕES ASFÁLTICAS RM-2C","2015-11-01","***","***","***",1.1672899999999999,1.0545199999999999,1.096018125854993]
["EMULSÕES ASFÁLTICAS RM-2C","2015-12-01","***","***","***",1.1303399999999999,1.0850515496894411,1.0873226519174042]
["EMULSÕES ASFÁLTICAS RM-2C","2016-01-01",1.7201859210526316,"***","***",1.1303399999999999,1.47948935828877,1.4760628488971346]
["EMULSÕES ASFÁLTICAS RM-2C","2016-02-01","***","***","***",1.2200580092685873,1.4104300000000003,1.3674740468288247]
["EMULSÕES ASFÁLTICAS RM-2C","2016-03-01","***","***","***",1.1303399999999999,1.4104300000000001,1.3851720154805744]
["EMULSÕES ASFÁLTICAS RM-2C","2016-04-01","***","***","***",1.2781918642117378,1.5021424562261132,1.4721766290707521]
["EMULSÕES ASFÁLTICAS RM-2C","2016-05-01","***","***","***",1.2615400000000001,1.4104300000000001,1.4065002078521944]
["EMULSÕES ASFÁLTICAS RM-2C","2016-06-01","***","***","***",1.2765921996958949,1.4104299999999999,1.3900249323854417]
["EMULSÕES ASFÁLTICAS RM-2C","2016-07-01","***","***","***",1.2615400000000001,1.51536,1.4904298588090854]
["EMULSÕES ASFÁLTICAS RM-2C","2016-08-01",2.1663000000000001,"***","***",1.2761982030620469,1.5153599999999998,1.4774914438113191]
["EMULSÕES ASFÁLTICAS RM-2C","2016-09-01","***","***","***",1.6482326859045504,1.35608,1.4511773880057803]
["EMULSÕES ASFÁLTICAS RM-2C","2016-10-01","***","***","***",1.2810264509929534,"***",1.2810264509929534]
["EMULSÕES ASFÁLTICAS RM-2C","2016-11-01","***","***","***",1.2787535449583456,"***",1.2787535449583456]
["EMULSÕES ASFÁLTICAS RM-2C","2016-12-01","***","***","***",1.2615400000000001,1.35608,1.3489690560361038]
["EMULSÕES ASFÁLTICAS RM-2C","2017-01-01","***","***",1.75,1.2615400000000001,1.3397561215969895,1.3989072998718148]
["EMULSÕES ASFÁLTICAS RM-2C","2017-02-01","***","***","***",1.2791579153094463,1.33324,1.3247840794499617]
["EMULSÕES ASFÁLTICAS RM-2C","2017-03-01","***","***","***",1.2615400000000001,1.3332399999999998,1.3304645608941792]
["EMULSÕES ASFÁLTICAS RM-2C","2017-04-01","***","***","***",1.83,1.33324,1.39778917416355]
["EMULSÕES ASFÁLTICAS RM-2C","2017-05-01","***","***","***","***","***","***"]
["EMULSÕES ASFÁLTICAS RM-2C","2017-06-01","***","***",1.7129325058184639,1.2615400000000001,1.33324,1.4462352903798537]
["EMULSÕES ASFÁLTICAS RM-2C","2017-07-01","***","***",1.74051,1.2788003330486766,1.33324,1.3498259420551471]
["EMULSÕES ASFÁLTICAS RM-2C","2017-08-01","***","***","***",1.25719,1.33324,1.3148947107176732]
["EMULSÕES ASFÁLTICAS RM-2C","2017-09-01","***","***","***",1.2739290592575514,"***",1.2739290592575514]
["EMULSÕES ASFÁLTICAS RM-2C","2017-10-01","***","***","***",1.85215,"***",1.85215]
["EMULSÕES ASFÁLTICAS RM-2C","2017-11-01","***","***","***",1.2741456094182826,"***",1.2741456094182826]
["EMULSÕES ASFÁLTICAS RM-2C","2017-12-01",1.89551,"***",1.85331,1.5030796904247661,"***",1.8174043998965339]
["EMULSÕES ASFÁLTICAS RM-2C","2018-01-01",1.7751600000000001,"***","***",1.34555,1.3169,1.4745409932533733]
["EMULSÕES ASFÁLTICAS RM-2C","2018-02-01",1.89551,"***","***","***",1.4080999999999999,1.7562324697885197]
["EMULSÕES ASFÁLTICAS RM-2C","2018-03-01","***","***","***",1.3362911730945823,"***",1.3362911730945823]
["EMULSÕES ASFÁLTICAS RM-2C","2018-04-01","***","***","***",1.5862699999999998,"***",1.5862699999999998]
["EMULSÕES ASFÁLTICAS RM-2C","2018-05-01","***","***","***",1.7371415080789947,"***",1.7371415080789947]
["EMULSÕES ASFÁLTICAS RM-2C","2018-06-01","***","***","***","***",1.539734398782344,1.539734398782344]
["EMULSÕES ASFÁLTICAS RM-2C","2018-07-01","***","***","***",1.6635781402995984,"***",1.6635781402995984]
["EMULSÕES ASFÁLTICAS RM-2C","2018-08-01","***","***","***",1.852903392797038,"***",1.852903392797038]
["EMULSÕES ASFÁLTICAS RM-2C","2018-09-01","***","***","***","***","***","***"]
["EMULSÕES ASFÁLTICAS RM-2C","2018-10-01","***","***","***",1.7539369363636361,"***",1.7539369363636361]
["EMULSÕES ASFÁLTICAS RM-2C","2018-11-01",2.4884173611111113,"***","***",2.0099991304347822,"***",2.2204463182011032]
["EMULSÕES ASFÁLTICAS RM-2C","2018-12-01","***","***","***",2.3347536363636365,"***",2.3347536363636365]
["EMULSÕES ASFÁLTICAS RM-2C","2019-01-01","***","***","***",1.9040731233980224,"***",1.9040731233980224]
["EMULSÕES ASFÁLTICAS RM-2C","2019-02-01","***","***","***",2.0479867856626677,2.0344199999999999,2.0445307916846187]
["EMULSÕES ASFÁLTICAS RM-2C","2019-03-01",2.4885000000000002,"***","***",2.0938163753840593,2.2371300000000001,2.1625158023277997]
["EMULSÕES ASFÁLTICAS RM-2C","2019-04-01","***","***","***",2.1404994552699086,"***",2.1404994552699086]
["EMULSÕES ASFÁLTICAS RM-2C","2019-05-01","***","***","***",2.2083526107833724,"***",2.2083526107833724]
["EMULSÕES ASFÁLTICAS RM-2C","2019-06-01","***","***",2.2194600000000002,2.1846171338506304,2.2359100000000001,2.2065998740206831]
["EMULSÕES ASFÁLTICAS RM-2C","2019-07-01",2.4278228741623229,"***",2.2601357977922731,2.1467014506569195,1.9846607600611843,2.1183690459860025]
["EMULSÕES ASFÁLTICAS RM-2C","2019-08-01","***","***",2.04508,2.0812290883977904,1.9814039915933681,2.0364289013503494]
["EMULSÕES ASFÁLTICAS RM-2C","2019-09-01",2.27074,"***",2.0441685030130032,2.0449253815209341,1.8882677329082536,2.0237561115303495]
["EMULSÕES ASFÁLTICAS RM-2C","2019-10-01","***","***","***",2.041132055075022,1.8625542357614013,1.9817843114746372]
["EMULSÕES ASFÁLTICAS RM-2C","2019-11-01","***","***","***",2.0620786876235795,2.0069656914336971,2.0519864068659657]
["EMULSÕES ASFÁLTICAS RM-2C","2019-12-01",3.0960299999999998,"***","***",2.089128662939669,"***",2.1339495548631202]
["EMULSÕES ASFÁLTICAS RM-2C","2020-01-01","***","***","***",2.0250500796627726,2.2354652647657844,2.050942465461608]
["EMULSÕES ASFÁLTICAS RM-2C","2020-02-01","***","***","***",2.0300026031641707,2.0173492697319895,2.0279740196310314]
["EMULSÕES ASFÁLTICAS RM-2C","2020-03-01","***","***","***",1.8831589703215956,1.9955400000000001,1.9043207273431448]
["EMULSÕES ASFÁLTICAS RM-2C","2020-04-01","***","***","***",1.976670957999056,"***",1.976670957999056]
["EMULSÕES ASFÁLTICAS RM-2C","2020-05-01","***","***",2.0392306379383185,1.889174935653378,"***",1.9086289598795021]
["EMULSÕES ASFÁLTICAS RM-2C","2020-06-01",2.3037100000000001,"***",2.1768847627478753,1.9161755817578869,2.0230999999999999,1.9743465895696657]
["EMULSÕES ASFÁLTICAS RM-2C","2020-07-01","***","***","***",1.8634123367076403,1.9038057696447792,1.8674792597810772]
["EMULSÕES ASFÁLTICAS RM-2C","2020-08-01",2.3373835435435435,"***",2.079376712856043,2.0678055228080576,2.0712253386911597,2.1090912187890516]
["EMULSÕES ASFÁLTICAS RM-2C","2020-09-01","***","***",2.0991599999999999,2.0699460873239435,2.0890017273869343,2.0764613728637107]
["EMULSÕES ASFÁLTICAS RM-2C","2020-10-01","***","***",2.07348,1.963273223600325,1.8769496597760551,1.9569137212080234]
["EMULSÕES ASFÁLTICAS RM-2C","2020-11-01","***","***","***",2.0825105919481408,2.2443300000000002,2.0884963548996525]
["EMULSÕES ASFÁLTICAS RM-2C","2020-12-01","***","***","***",2.053273987068966,2.2418999999999998,2.1249334505268567]
["EMULSÕES ASFÁLTICAS RM-2C","2021-01-01","***","***","***",2.173017607085566,"***",2.173017607085566]
["EMULSÕES ASFÁLTICAS RM-2C","2021-02-01","***","***","***",2.3661116726336542,2.3188606578947368,2.3583793126535006]
["EMULSÕES ASFÁLTICAS RM-2C","2021-03-01","***","***","***",2.1841277339953518,2.2720600000000002,2.2140634260033445]
["EMULSÕES ASFÁLTICAS RM-2C","2021-04-01","***","***",2.3127200000000001,2.3151433515938091,2.2974584414414418,2.3109319673268089]
["EMULSÕES ASFÁLTICAS RM-2C","2021-05-01",2.6420820915032679,"***","***",2.7463130203442883,2.8340193553907582,2.7665031669639673]
["EMULSÕES ASFÁLTICAS RM-2C","2021-06-01","***","***",3.08643,2.66330323417389,2.79888,2.726376872471016]
["EMULSÕES ASFÁLTICAS RM-2C","2021-07-01","***","***",2.66974,2.8325034320731017,2.7988799999999996,2.817826042674731]
["EMULSÕES ASFÁLTICAS RM-2C","2021-08-01",2.8018100000000006,"***","***",2.8098894412955469,3.0114999999999994,2.8660102921145945]
["EMULSÕES ASFÁLTICAS RM-2C","2021-09-01",2.8018100000000001,"***","***",2.7629216075500795,3.0114999999999998,2.809700869876596]
["EMULSÕES ASFÁLTICAS RM-2C","2021-10-01","***","***","***",2.9013425036622817,3.013799405898578,2.9305265958735531]
["EMULSÕES ASFÁLTICAS RM-2C","2021-11-01","***","***","***",2.968186864247349,3.2958099999999999,3.0598907242753648]
["EMULSÕES ASFÁLTICAS RM-2C","2021-12-01","***","***","***",2.9297020456037726,"***",2.9297020456037726]
["EMULSÕES ASFÁLTICAS RM-2C","2022-01-01","***","***","***",2.9418923573285118,"***",2.9418923573285118]
["EMULSÕES ASFÁLTICAS RM-2C","2022-02-01","***","***","***",3.2677440005793743,"***",3.2677440005793743]
["EMULSÕES ASFÁLTICAS RM-2C","2022-03-01","***","***","***",3.2588862701712031,3.3854099999999998,3.2724400395130715]
["EMULSÕES ASFÁLTICAS RM-2C","2022-04-01","***","***","***",3.1581276415874329,3.5534699999999999,3.2061860544711753]
["EMULSÕES ASFÁLTICAS RM-2C","2022-05-01","***","***",2.5024299999999995,2.9024472487426944,3.3803800000000002,2.9275990465018373]
["EMULSÕES ASFÁLTICAS RM-2C","2022-06-01","***",4.0773900000000003,"***",3.2962321148313891,3.06863882106523,3.3023931674145479]
["EMULSÕES ASFÁLTICAS RM-2C","2022-07-01","***",3.5488900000000001,"***",3.0599675166643814,3.3441617079397497,3.1176123041656063]
["EMULSÕES ASFÁLTICAS RM-2C","2022-08-01","***","***","***",2.9758307996768978,3.3727203931775387,3.0578465948778981]
["EMULSÕES ASFÁLTICAS RM-2C","2022-09-01","***","***","***",3.1134794783929873,3.1156962228870606,3.1140073005498534]
["EMULSÕES ASFÁLTICAS RM-2C","2022-10-01","***","***","***",2.7010293290058236,3.1239817547568709,2.7462667888418366]
["EMULSÕES ASFÁLTICAS RM-2C","2022-11-01","***","***","***",2.5237768386118735,3.2123521509038513,2.5737149353042881]
["EMULSÕES ASFÁLTICAS RM-2C","2022-12-01","***","***","***",2.8252559438514404,2.9974288261485529,2.8586720099772176]
["EMULSÕES ASFÁLTICAS RM-2C","2023-01-01","***","***","***",2.74376295189021,3.1450716453115897,2.8035890449316252]
["EMULSÕES ASFÁLTICAS RM-2C","2023-02-01","***","***","***",2.6143701762798637,3.0775905263157894,2.6694239120955134]
["EMULSÕES ASFÁLTICAS RM-2C","2023-03-01","***","***","***",2.5022396022941233,2.8682239015079216,2.5504613150746951]
["EMULSÕES ASFÁLTICAS RM-2C","2023-04-01","***","***","***",2.4362702733416932,3.0515349015628166,2.5787471291800821]
["EMULSÕES ASFÁLTICAS RM-2C","2023-05-01","***","***",2.8923800000000006,2.4992644404518303,2.821459962357217,2.5489527159476695]
["EMULSÕES ASFÁLTICAS RM-2C","2023-06-01","***","***","***",2.3311881471990885,2.7648241118110239,2.3752131587951264]
["EMULSÕES ASFÁLTICAS RM-2C","2023-07-01","***","***","***",2.3018254205284663,2.8190166452016814,2.373513452302733]
["EMULSÕES ASFÁLTICAS RM-2C","2023-08-01","***","***",2.8209547234466084,2.3632790229047043,2.8625893189326557,2.4495314472114718]
["EMULSÕES ASFÁLTICAS RM-2C","2023-09-01","***","***",2.97226159782775,2.2891858218397854,3.0964656884970609,2.5359313764450455]
["EMULSÕES ASFÁLTICAS RM-2C","2023-10-01","***","***",3.038443263473054,2.4628081853081794,3.0611318553974054,2.6231187684459201]
["EMULSÕES ASFÁLTICAS RM-2C","2023-11-01","***","***",2.9347046453421957,2.5630156713839876,3.0789979773837062,2.6867156472684086]
["EMULSÕES ASFÁLTICAS RM-2C","2023-12-01","***","***",2.9526400000000002,2.4543046708677263,3.1667030066700872,2.5604252259976978]
["EMULSÕES ASFÁLTICAS RM-2C","2024-01-01","***","***",2.9216881339712919,2.4740384374533178,2.8512851035474585,2.5890055940311143]
["EMULSÕES ASFÁLTICAS RM-2C","2024-02-01","***","***",2.9771365768958189,2.4500414637449217,2.8957249242858314,2.6172577101662253]
["EMULSÕES ASFÁLTICAS RM-2C","2024-03-01","***","***","***",2.5339744866420069,2.9396387472779368,2.641051197398276]
["EMULSÕES ASFÁLTICAS RM-2C","2024-04-01","***","***",3.0269849839021248,2.5834829054164619,3.0045496165655132,2.7585414241366863]
["EMULSÕES ASFÁLTICAS RM-2C","2024-05-01","***","***",2.7106382839879153,2.4262249319286875,3.2989512584850766,2.6343504638475173]
["EMULSÕES ASFÁLTICAS RM-2C","2024-06-01","***","***",2.9251103362831858,2.5472848883715775,2.99918048902027,2.6621179630684129]
["EMULSÕES ASFÁLTICAS RM-2C","2024-07-01","***","***",2.9705251763606637,2.2303282786223648,3.2281432715321086,2.4370109606649271]
["EMULSÕES ASFÁLTICAS RR-1C","2008-11-01",1.1461917356273603,0.76840882469946381,1.1902450275502543,0.7778823116463196,0.96363937818157874,0.87853752784031081]
["EMULSÕES ASFÁLTICAS RR-1C","2008-12-01",1.0878486891778525,0.73657215135920806,1.1006574901312769,0.77156247219702023,0.87145006508213996,0.82980044701261835]
["EMULSÕES ASFÁLTICAS RR-1C","2009-01-01",1.4034966625369292,0.72020427361191741,0.95774023204108694,0.75841980527112618,0.83002997715983085,0.80427657038374878]
["EMULSÕES ASFÁLTICAS RR-1C","2009-02-01",1.4359120354384372,0.68655456748312094,1.131643366292135,0.84852009478080015,0.87289126655931915,0.84732102018859479]
["EMULSÕES ASFÁLTICAS RR-1C","2009-03-01",1.4614782122905028,0.71251216862540401,0.94048919534113751,0.74174829128648023,0.80402576786803126,0.76522063010042796]
["EMULSÕES ASFÁLTICAS RR-1C","2009-04-01",1.0026778309409889,0.73566945001519291,0.94100066754694844,0.72825697462072003,0.77543401692072,0.75614292051381449]
["EMULSÕES ASFÁLTICAS RR-1C","2009-05-01",0.9258534082923402,0.66686899395365151,1.008376143699337,0.7232158740500817,0.75008824754988968,0.75110664391143311]
["EMULSÕES ASFÁLTICAS RR-1C","2009-06-01",1.288659655540314,0.68408237453155074,0.9615357005519779,0.70466996717438202,0.7599146830048078,0.74756833614172002]
["EMULSÕES ASFÁLTICAS RR-1C","2009-07-01",1.1899667152450351,0.70222483922829593,1.0138471476359188,0.75443918170970103,0.79231470073505761,0.79214408199315067]
["EMULSÕES ASFÁLTICAS RR-1C","2009-08-01",1.4389065877712031,0.66411167834009688,0.93393813006167259,0.71303873103907256,0.74217619415270653,0.7338924542120091]
["EMULSÕES ASFÁLTICAS RR-1C","2009-09-01",1.0916213364827796,0.66557623301633762,0.92875823065301344,0.70347543727638895,0.74483946902021037,0.7326713107389643]
["EMULSÕES ASFÁLTICAS RR-1C","2009-10-01",1.1404012305762665,0.70039868236217373,1.1091528578746048,0.72383264898662159,0.73738518100242489,0.80285151115357589]
["EMULSÕES ASFÁLTICAS RR-1C","2009-11-01",1.2463634436629063,0.67965431022329215,1.2438647360305846,0.71455517964143556,0.73792220370124884,0.84981882339756176]
["EMULSÕES ASFÁLTICAS RR-1C","2009-12-01",1.2760502963504472,0.69744376668140662,1.2723439844509536,0.71250756915776103,0.84294741330219192,0.90820556065685087]
["EMULSÕES ASFÁLTICAS RR-1C","2010-01-01",1.3433965234708392,0.70475578555994312,1.1475356495994009,0.70002314847421576,0.77798587917948292,0.85108300519398661]
["EMULSÕES ASFÁLTICAS RR-1C","2010-02-01",1.3348048786366813,0.70811186342433274,1.0443329563315313,0.72600781329039255,0.81888443426889124,0.8124765701609068]
["EMULSÕES ASFÁLTICAS RR-1C","2010-03-01",1.1319444820124427,0.70450051010396098,1.0151834900424868,0.71905738461489177,0.8405899068333752,0.81854143350396147]
["EMULSÕES ASFÁLTICAS RR-1C","2010-04-01",1.1922205427918848,0.69633074404481943,0.94064266698797283,0.67955016016369152,0.77876597940302328,0.77501590196018022]
["EMULSÕES ASFÁLTICAS RR-1C","2010-05-01",1.1094985390428209,0.67789978697556463,0.9213891067952148,0.69463337954137805,0.72455063995092694,0.7733747663256777]
["EMULSÕES ASFÁLTICAS RR-1C","2010-06-01",0.9605351270794481,0.65763544109978522,0.85631709185724225,0.69573953378550568,0.73547211465017004,0.73596460076617864]
["EMULSÕES ASFÁLTICAS RR-1C","2010-07-01",1.0180140284724981,0.6662606947742995,0.98102916177579313,0.69587501560414711,0.71557560825399125,0.78585278107075562]
["EMULSÕES ASFÁLTICAS RR-1C","2010-08-01",0.96337623538653849,0.690964006192061,1.0127331491951732,0.67358103119080992,0.70497480969676263,0.7677892897060915]
["EMULSÕES ASFÁLTICAS RR-1C","2010-09-01",1.061102170844892,0.68107986076745675,0.95674222554917943,0.6769406133999758,0.7306262386801573,0.77559871242907885]
["EMULSÕES ASFÁLTICAS RR-1C","2010-10-01",1.0517857002517204,0.69074038815290806,0.89697939396390414,0.66510519671667911,0.72203077400666371,0.75945335932143743]
["EMULSÕES ASFÁLTICAS RR-1C","2010-11-01",1.0602593711260091,0.6923635384922171,0.98779058025444155,0.67310419135437716,0.76062382649235938,0.7750137607100962]
["EMULSÕES ASFÁLTICAS RR-1C","2010-12-01",1.0048663175412613,0.70235529542176978,0.94952568194505937,0.68956380277557627,0.77407559725964736,0.77572166936620379]
["EMULSÕES ASFÁLTICAS RR-1C","2011-01-01",0.82966495056237044,0.72102432001269889,0.85330135540194907,0.6757526144324123,0.71408287727647834,0.71207753689889397]
["EMULSÕES ASFÁLTICAS RR-1C","2011-02-01",0.76244582932296123,0.69763913112096954,0.8274794899249811,0.66644747229314272,0.71495325860994474,0.69464393632768706]
["EMULSÕES ASFÁLTICAS RR-1C","2011-03-01",0.98666655155604555,0.67096692933337521,0.80975719209762309,0.68021948574445656,0.70772575900676293,0.73728582947570609]
["EMULSÕES ASFÁLTICAS RR-1C","2011-04-01",0.89607567569285163,0.67006594069970715,0.69635832041844248,0.67253440436225376,0.69757828533743127,0.68798830762895558]
["EMULSÕES ASFÁLTICAS RR-1C","2011-05-01",0.83293505328328188,0.66604198470038234,0.84079136251488695,0.6638522969196905,0.73063846824235401,0.72134475517472796]
["EMULSÕES ASFÁLTICAS RR-1C","2011-06-01",0.83372655769069026,0.66973753857410401,0.91361848417662439,0.66939122354658243,0.70489422762705078,0.73193092344147437]
["EMULSÕES ASFÁLTICAS RR-1C","2011-07-01",0.91810793002467794,0.66601450206068602,0.82807407648040443,0.66659472998083091,0.68378448875858866,0.74191680917296476]
["EMULSÕES ASFÁLTICAS RR-1C","2011-08-01",0.98117460004750401,0.67378243095791934,0.90431981857166088,0.68092754358281016,0.70675563703636546,0.7583557406593352]
["EMULSÕES ASFÁLTICAS RR-1C","2011-09-01",0.82556535992993318,0.70861332864218252,0.9122792158436549,0.68215877937185798,0.70300743898122364,0.74319713768250717]
["EMULSÕES ASFÁLTICAS RR-1C","2011-10-01",0.87383832074216805,0.69682791262322619,0.9825634835463708,0.67887349756384696,0.6913283428930832,0.78490089177593625]
["EMULSÕES ASFÁLTICAS RR-1C","2011-11-01",0.77498255872098765,0.69714660717944044,0.87921974566729233,0.67273155528393414,0.69353398115385656,0.72256938513843127]
["EMULSÕES ASFÁLTICAS RR-1C","2011-12-01",0.70152469866785372,0.69306788526171814,0.86775461354094607,0.67462760019800594,0.75503747383256969,0.71625242630979802]
["EMULSÕES ASFÁLTICAS RR-1C","2012-01-01",0.76843737149761826,0.69228091371638756,0.82294039158631749,0.68393378725721532,0.71322910603424716,0.70938964664290283]
["EMULSÕES ASFÁLTICAS RR-1C","2012-02-01",0.72350061361470919,0.67664068817005385,0.85527940978728278,0.68817569560586334,0.7297751113109272,0.71433958778091211]
["EMULSÕES ASFÁLTICAS RR-1C","2012-03-01",0.88169653449621976,0.68497359703064875,0.7529941671811563,0.7003577225577029,0.73111034953534637,0.72741567251611505]
["EMULSÕES ASFÁLTICAS RR-1C","2012-04-01",0.75975916228691565,0.66848695057150498,0.71588001113333188,0.71241833167148128,0.76541699217955161,0.71864318573403307]
["EMULSÕES ASFÁLTICAS RR-1C","2012-05-01",1.064351825665198,0.67857025882394606,0.74293306285496064,0.69133628247508783,0.73631980092445459,0.71935858619617021]
["EMULSÕES ASFÁLTICAS RR-1C","2012-06-01",0.91444398201981059,0.67393119289488279,0.76034290768699819,0.69690362660978367,0.71998498811223355,0.71480663559467339]
["EMULSÕES ASFÁLTICAS RR-1C","2012-07-01",0.9628846725033946,0.68364827468583655,0.72176496058144701,0.7072841291464308,0.76571121221857241,0.72557325902897352]
["EMULSÕES ASFÁLTICAS RR-1C","2012-08-01",0.85927141581632649,0.69930281709151221,0.78199009178423085,0.70728419899787986,0.76666165838725697,0.7311920087415652]
["EMULSÕES ASFÁLTICAS RR-1C","2012-09-01",1.181654485315248,0.7091337078721166,0.78311585096087399,0.73276657393388089,0.75068752605051126,0.75164391308729051]
["EMULSÕES ASFÁLTICAS RR-1C","2012-10-01",1.0021047075978511,0.72483906359402106,0.77087857572657681,0.72294410287343336,0.74429275099866843,0.74021930066236041]
["EMULSÕES ASFÁLTICAS RR-1C","2012-11-01",0.88046607651001441,0.75226107811809517,0.74481505661712666,0.72831456687386231,0.75895592830224345,0.74596119095289515]
["EMULSÕES ASFÁLTICAS RR-1C","2012-12-01",0.71948834370292747,0.72101933914846639,0.64858965332637741,0.68063908629418823,0.84492535198102492,0.70981768849612936]
["EMULSÕES ASFÁLTICAS RR-1C","2013-01-01",1.0986197927986003,0.69257434965458742,0.79603366381089058,0.7403089177323704,0.86487390533218322,0.78032437902994112]
["EMULSÕES ASFÁLTICAS RR-1C","2013-02-01",1.1057061332250202,0.6977254917419291,0.72683774534379775,0.72356188389015896,0.85496335091374709,0.75328607298927208]
["EMULSÕES ASFÁLTICAS RR-1C","2013-03-01",0.83817935380791775,0.70444440856591961,0.66127036961101493,0.71419653649720272,0.85066877832686405,0.7391431797251995]
["EMULSÕES ASFÁLTICAS RR-1C","2013-04-01",1.0802730328844921,0.70594082752477738,0.61453520801406769,0.73231777618558758,0.83660793047449966,0.74220785816004164]
["EMULSÕES ASFÁLTICAS RR-1C","2013-05-01",1.2172842911592454,0.69856252977688316,0.67485237330893766,0.71454506301315646,0.88162795589415088,0.74974101294362738]
["EMULSÕES ASFÁLTICAS RR-1C","2013-06-01",1.1056104802955664,0.70289048650185382,0.713298555012706,0.70929603426549326,0.89518943520481364,0.75450852624219189]
["EMULSÕES ASFÁLTICAS RR-1C","2013-07-01",1.2564001897326711,0.7124733473836925,0.60789816080006542,0.69624796177915982,0.84328518630942706,0.72648839554568312]
["EMULSÕES ASFÁLTICAS RR-1C","2013-08-01",1.1441483159148036,0.71436813037322811,0.67444067352432013,0.73599855837199701,0.85562350065220516,0.75589433925737104]
["EMULSÕES ASFÁLTICAS RR-1C","2013-09-01",1.0137874653524792,0.78376789429697125,0.77060269847449547,0.74787690688290687,0.85866986650321842,0.78633571839237759]
["EMULSÕES ASFÁLTICAS RR-1C","2013-10-01",1.1110590901587476,0.8795540253140175,0.7503272015811453,0.75310240888460644,0.83846621070682836,0.80831576099343427]
["EMULSÕES ASFÁLTICAS RR-1C","2013-11-01",0.94924779784360025,0.87955652150854113,0.76776736852403948,0.7730057943869042,0.80769525194259784,0.8125268349333491]
["EMULSÕES ASFÁLTICAS RR-1C","2013-12-01",0.89690864219723254,0.90224861201791873,0.75180021586279411,0.76873239804874249,0.86631431823355365,0.82852704481780171]
["EMULSÕES ASFÁLTICAS RR-1C","2014-01-01",1.0892351767949175,0.86674408755246646,0.88347741152594694,0.78327264886568237,0.80283869181556056,0.83790171428587779]
["EMULSÕES ASFÁLTICAS RR-1C","2014-02-01",1.1972206223652948,0.87246710918289727,0.7978905911916655,0.77387795998710063,0.84616178601792968,0.81778822598684153]
["EMULSÕES ASFÁLTICAS RR-1C","2014-03-01",1.0451502005567506,0.80589772532907777,0.83337554811727144,0.77888583090957164,0.86425691892995715,0.81455800938044776]
["EMULSÕES ASFÁLTICAS RR-1C","2014-04-01",0.80888685455262144,0.91934162605375458,0.78996813000849331,0.77586469841190209,0.84070304986532818,0.81630502231268309]
["EMULSÕES ASFÁLTICAS RR-1C","2014-05-01",0.73614683026519045,0.83669528903042278,0.8951972556730794,0.75029083964291543,0.86435202572370451,0.80149986229684467]
["EMULSÕES ASFÁLTICAS RR-1C","2014-06-01",1.1539946509954426,0.8125769919686312,0.80186761632674297,0.74701177216330461,0.84637859763896828,0.78826839449712427]
["EMULSÕES ASFÁLTICAS RR-1C","2014-07-01",1.1934057553366173,0.84986199005032903,0.7864599242356598,0.74053540483355451,0.82324495698917888,0.78701571151934668]
["EMULSÕES ASFÁLTICAS RR-1C","2014-08-01",1.0733064297440851,0.73787627486066565,0.78336283247662919,0.75494633139486611,0.853122436168541,0.79367975723219442]
["EMULSÕES ASFÁLTICAS RR-1C","2014-09-01",1.3248166289396728,0.76482176138362834,0.9090356027509755,0.75814702293803138,0.8705706997831133,0.82213754676414053]
["EMULSÕES ASFÁLTICAS RR-1C","2014-10-01",1.3773813108053419,0.794552502733755,0.81107597765363126,0.72515993875957541,0.80901982153226548,0.78730550052582837]
["EMULSÕES ASFÁLTICAS RR-1C","2014-11-01",1.0855608815794215,0.83919959545113931,0.82586198542548173,0.74177622116323139,0.88058023253351347,0.82225040154743534]
["EMULSÕES ASFÁLTICAS RR-1C","2014-12-01",1.2337626345523549,0.91894253422135364,0.85154490348837208,0.82783306746674212,0.940180082021283,0.894773280114877]
["EMULSÕES ASFÁLTICAS RR-1C","2015-01-01",1.2717984123624049,1.1192591549145108,1.2016216769457668,0.90776537674480973,0.99709199296848117,0.9912214434041654]
["EMULSÕES ASFÁLTICAS RR-1C","2015-02-01",1.1330778978740312,1.0544092204225892,1.1384995033034451,0.92559389707192685,1.0668874436464084,1.0004987580500881]
["EMULSÕES ASFÁLTICAS RR-1C","2015-03-01",1.3890919850686576,0.99919900157201036,1.1228500564800805,0.93867345332076924,1.077391028219111,1.0167464164864037]
["EMULSÕES ASFÁLTICAS RR-1C","2015-04-01",2.0947529426055262,1.0674579280214342,1.0225630634493785,0.92129661031528742,1.0633313364174115,0.99479275329182937]
["EMULSÕES ASFÁLTICAS RR-1C","2015-05-01",1.4067173133278885,1.0297722793995827,1.0251152861350117,0.89330451376373909,0.973918259998104,0.96308495586727472]
["EMULSÕES ASFÁLTICAS RR-1C","2015-06-01",1.4724748431690129,1.0091615271396797,1.0930979719032223,0.91224224021321809,1.0451141285294916,1.0181060824049541]
["EMULSÕES ASFÁLTICAS RR-1C","2015-07-01",1.2854519856591287,1.0392525922762594,0.95168083739566733,0.8412560884767456,1.0026002084463532,0.92725433062368923]
["EMULSÕES ASFÁLTICAS RR-1C","2015-08-01",1.2441770460012027,1.133268527103048,1.0791239028615567,0.88926927249385246,1.0610180649932961,0.98959742787914728]
["EMULSÕES ASFÁLTICAS RR-1C","2015-09-01",1.480108828090581,1.031195072778099,1.1086473548663365,0.94525088375332578,1.1208094051855941,1.0338305510460919]
["EMULSÕES ASFÁLTICAS RR-1C","2015-10-01",1.1153095404157043,1.174313441991168,1.1786447859630846,0.98123572257147496,1.1817746151316433,1.0664608943363432]
["EMULSÕES ASFÁLTICAS RR-1C","2015-11-01",1.1631651822481914,1.289200014360447,1.2641407522649175,1.0925414374765945,1.2281906183717468,1.1749195430775363]
["EMULSÕES ASFÁLTICAS RR-1C","2015-12-01",1.4940769239282388,1.3655049957604459,1.1662317207921824,1.095258432880065,1.2628507801686115,1.1992324296388353]
["EMULSÕES ASFÁLTICAS RR-1C","2016-01-01",1.4015406611262715,1.2289651610604333,1.3744521839119277,1.0867181838932085,1.1796977526352317,1.1482430578054559]
["EMULSÕES ASFÁLTICAS RR-1C","2016-02-01",1.5451954198582576,1.2674534185878061,1.5475314149839787,1.1106257188544537,1.1877954973849398,1.181037631794783]
["EMULSÕES ASFÁLTICAS RR-1C","2016-03-01",1.4693942230386861,1.2732482074734912,1.3389015955876287,1.0948188316276946,1.2045396785775973,1.1676104392927296]
["EMULSÕES ASFÁLTICAS RR-1C","2016-04-01",1.6345179211339276,1.4163511180509596,1.3956716704403938,1.2099927159242965,1.299140290938283,1.2696904122037251]
["EMULSÕES ASFÁLTICAS RR-1C","2016-05-01",1.8984233093525182,1.3937507935155788,1.3543441959039784,1.2116468036827752,1.3232460884781312,1.2776656052735198]
["EMULSÕES ASFÁLTICAS RR-1C","2016-06-01",1.7713919338028743,1.2966127474138498,1.3702910925283123,1.2063539928039093,1.3143555935527924,1.2741025302640243]
["EMULSÕES ASFÁLTICAS RR-1C","2016-07-01",1.553803771597996,1.2256920537319504,1.4150027696736631,1.1985482381853494,1.3008393115249308,1.2498167537839215]
["EMULSÕES ASFÁLTICAS RR-1C","2016-08-01",1.6568234684016772,1.1018838158873099,1.4688170984930609,1.206645946390537,1.2973673824670251,1.2641473812911128]
["EMULSÕES ASFÁLTICAS RR-1C","2016-09-01",1.7731211668908871,1.1322021853906183,1.4890946936066145,1.140865993929868,1.1234887246183269,1.1711538882919978]
["EMULSÕES ASFÁLTICAS RR-1C","2016-10-01",1.2320684794708923,1.1871315122401984,1.3819863423521386,1.119773712626192,1.1307899487238464,1.1628274508149603]
["EMULSÕES ASFÁLTICAS RR-1C","2016-11-01",1.54433949836032,1.0872683435256578,1.467637020395431,1.1199620469375311,1.1368469355840531,1.1628167990319815]
["EMULSÕES ASFÁLTICAS RR-1C","2016-12-01",1.543073638596836,0.97823813164045892,1.5157295190111513,1.0912118276936931,1.1366253702173557,1.1189377210614171]
["EMULSÕES ASFÁLTICAS RR-1C","2017-01-01",1.6055271315570356,1.1316028415007484,1.3236249380996596,1.1103982320282597,1.0796133112468174,1.1109038245665697]
["EMULSÕES ASFÁLTICAS RR-1C","2017-02-01",1.8904233680032847,0.94497181233181227,1.4960705014831297,1.1131414808392688,1.1369077571592594,1.1199059004766609]
["EMULSÕES ASFÁLTICAS RR-1C","2017-03-01",1.9339924667048549,1.117781569543963,1.3747303523075773,1.0993955305634437,1.1219122822611072,1.1447122859510008]
["EMULSÕES ASFÁLTICAS RR-1C","2017-04-01",1.2115782586206896,1.1688138846721625,1.3394482865274346,1.1102466850644797,1.0966012955738076,1.1320029543537555]
["EMULSÕES ASFÁLTICAS RR-1C","2017-05-01",1.2991514500956023,1.157986162136432,1.3260372285463313,1.082820781527994,1.0987312224613848,1.1305617540140847]
["EMULSÕES ASFÁLTICAS RR-1C","2017-06-01",1.7670235925596125,1.1659306305172417,1.3932068983359889,1.0809475827366297,1.0882019768788096,1.1718487107829867]
["EMULSÕES ASFÁLTICAS RR-1C","2017-07-01",1.7439607308278027,1.1535055025107854,1.3320103931395881,1.0685809541734921,1.0938012206554604,1.1900818772576554]
["EMULSÕES ASFÁLTICAS RR-1C","2017-08-01",1.7559369539660346,1.1399790666346212,1.2878460799842562,1.0949221695946536,1.0754000810904563,1.187280532157615]
["EMULSÕES ASFÁLTICAS RR-1C","2017-09-01",1.6860267902260635,1.1733418336451777,1.4368332215340376,1.0562280561269088,1.1090864929925315,1.180934588018242]
["EMULSÕES ASFÁLTICAS RR-1C","2017-10-01",1.7820987095177585,1.126143728191102,1.5079603594584061,1.0986246310699073,1.0798684755547514,1.2530089888143168]
["EMULSÕES ASFÁLTICAS RR-1C","2017-11-01",1.8203951267183649,1.173951972728658,1.6195288282645155,1.1895688060348615,1.1691940411763555,1.2985682911411305]
["EMULSÕES ASFÁLTICAS RR-1C","2017-12-01",1.9892461724425883,1.2242780666129842,1.5625451414427161,1.2056049018457893,1.2380375036256996,1.3907825213420653]
["EMULSÕES ASFÁLTICAS RR-1C","2018-01-01",1.9732964403095963,1.2430391813692976,1.5213808121440253,1.2112724380134439,1.2505016651215559,1.3286199421360427]
["EMULSÕES ASFÁLTICAS RR-1C","2018-02-01",2.0999175425856542,1.2479372863266185,1.4108579721062813,1.176701077226646,1.2472872947202238,1.2866922919628798]
["EMULSÕES ASFÁLTICAS RR-1C","2018-03-01",1.9326236959521625,1.2164272369041997,1.425116236747618,1.1992574308292041,1.2484719887908093,1.2792438177688337]
["EMULSÕES ASFÁLTICAS RR-1C","2018-04-01",2.0119287245617561,1.2311014674529372,1.4838352998608284,1.1769715481379885,1.2608494228982632,1.3095466195145127]
["EMULSÕES ASFÁLTICAS RR-1C","2018-05-01",2.0473518838089544,1.295359887388001,1.4781858432087513,1.259694233318055,1.2856890886585575,1.36820856751558]
["EMULSÕES ASFÁLTICAS RR-1C","2018-06-01",1.9901220520179825,1.3999215586325202,1.5362336745362568,1.2874646514631733,1.3423999780554505,1.3849919925709666]
["EMULSÕES ASFÁLTICAS RR-1C","2018-07-01",2.065907629108247,1.4309733706444356,1.6242645432672702,1.4183062191351268,1.4518257133349877,1.5318065128713414]
["EMULSÕES ASFÁLTICAS RR-1C","2018-08-01",2.167168526284124,1.6505070712695948,1.7798473613945978,1.5151502786687565,1.5526900061855946,1.6858387427266845]
["EMULSÕES ASFÁLTICAS RR-1C","2018-09-01",2.2535485718681727,1.7104678915330995,1.7777500239466331,1.4938269707548963,1.5639597146197493,1.6543006418243766]
["EMULSÕES ASFÁLTICAS RR-1C","2018-10-01",2.2851618756087815,1.6878798080495905,1.6171154443669606,1.5367862271100987,1.5846812721928318,1.6585877620178697]
["EMULSÕES ASFÁLTICAS RR-1C","2018-11-01",2.5867169198520337,1.7802820428033193,1.9201414408375037,1.6847758483246154,1.7022134336925492,1.8121189830729272]
["EMULSÕES ASFÁLTICAS RR-1C","2018-12-01",2.3512532878733357,1.8444405416546135,1.7330339695386185,1.6817503351773802,1.7472075872548527,1.7741420601411786]
["EMULSÕES ASFÁLTICAS RR-1C","2019-01-01",2.0687054839968773,1.8952291054705155,2.0669794667201278,1.7076851793315941,1.779058615899038,1.780843157897521]
["EMULSÕES ASFÁLTICAS RR-1C","2019-02-01",2.0223163709836389,1.9320044119100095,2.1477165653224786,1.8965443050574888,1.9309379631829426,1.9369132309190058]
["EMULSÕES ASFÁLTICAS RR-1C","2019-03-01",2.2524525861289688,1.9399512946752309,2.1444182612130258,1.8834618714243665,1.8998877598456989,1.9251438745994149]
["EMULSÕES ASFÁLTICAS RR-1C","2019-04-01",2.1286981039544908,1.9980004876637012,2.174879181157586,1.8720472698521351,1.9279681785999023,1.9370170951550372]
["EMULSÕES ASFÁLTICAS RR-1C","2019-05-01",2.2397357788960526,1.9352499858310626,2.0646238306965268,1.9074425024319888,1.9559173148857494,1.9624643922889262]
["EMULSÕES ASFÁLTICAS RR-1C","2019-06-01",2.4906698345267313,1.9638389763894146,2.1447896159352773,1.8541310496466679,1.9204066884550328,2.0191025464549788]
["EMULSÕES ASFÁLTICAS RR-1C","2019-07-01",2.7519561230944807,1.8146104562427765,2.1238932731218365,1.8834050940727858,1.9674088179171842,2.0915535342056275]
["EMULSÕES ASFÁLTICAS RR-1C","2019-08-01",2.8825837005743491,1.7675809499814872,1.954806315000349,1.7977962858601704,1.865639325417382,1.9976956929319818]
["EMULSÕES ASFÁLTICAS RR-1C","2019-09-01",2.5821268752820017,1.8059019108550429,2.0088865497966544,1.9159243858674659,1.8371342090800395,2.0221684924063954]
["EMULSÕES ASFÁLTICAS RR-1C","2019-10-01",2.4494703146050285,1.8659633784250342,1.9774920845827233,1.8125389824592186,1.8001658505270228,1.925870393473341]
["EMULSÕES ASFÁLTICAS RR-1C","2019-11-01",2.8425915107264959,1.7830967058304601,2.1317178536343211,1.8196106747286434,1.8517542927044104,2.0066525314457451]
["EMULSÕES ASFÁLTICAS RR-1C","2019-12-01",2.4724393649773133,1.7771504597824057,1.9883509896907217,1.8853204695370154,1.8518256626423053,1.9626399512611334]
["EMULSÕES ASFÁLTICAS RR-1C","2020-01-01",2.6174317047131437,1.7866677795605301,1.9361792608771622,1.8431572566254677,1.8698800548556331,1.9449720000777417]
["EMULSÕES ASFÁLTICAS RR-1C","2020-02-01",2.8933631475971864,1.7428416789559926,2.0062844222281662,1.7864562781789151,1.7488260680435703,1.9286511721735402]
["EMULSÕES ASFÁLTICAS RR-1C","2020-03-01",2.2749140198624906,1.7050041314165096,1.8660595876654662,1.7631170993016843,1.7080554760561839,1.7863541263894174]
["EMULSÕES ASFÁLTICAS RR-1C","2020-04-01",1.9611101499013806,1.6379574172055655,2.0078281190849738,1.7373796045184353,1.6788197666705109,1.7513578392449649]
["EMULSÕES ASFÁLTICAS RR-1C","2020-05-01",2.0337384410979165,1.6547838385281022,1.9015125860502189,1.6827187897747187,1.661478306513962,1.7406580357811949]
["EMULSÕES ASFÁLTICAS RR-1C","2020-06-01",2.2046010447927089,1.6805755410849292,1.8239452924752579,1.6544020066390646,1.6167611066384915,1.7581563242987288]
["EMULSÕES ASFÁLTICAS RR-1C","2020-07-01",2.506995095711507,1.6162738126607485,1.8233691775713987,1.6535543589151294,1.6830466431256876,1.870451993595118]
["EMULSÕES ASFÁLTICAS RR-1C","2020-08-01",2.4917937164785648,1.7468784660041736,1.927878966297867,1.7217398186630282,1.7802441659297132,1.9240303419909277]
["EMULSÕES ASFÁLTICAS RR-1C","2020-09-01",2.3584308624005264,1.7657972444151824,1.9576049803425748,1.743674445028405,1.7530005626194576,1.8763490593302079]
["EMULSÕES ASFÁLTICAS RR-1C","2020-10-01",2.5568913971558356,1.7696895493945346,2.0094580368134705,1.7937723078302099,1.7218673640647091,1.9580610601020352]
["EMULSÕES ASFÁLTICAS RR-1C","2020-11-01",2.7356250570746088,1.9307901925271767,2.0352346056461119,1.8298806593172143,1.859081798194018,2.0679574492856663]
["EMULSÕES ASFÁLTICAS RR-1C","2020-12-01",2.7671130089415055,1.9033221917371914,2.162272016129033,1.8293443683391275,1.8843375357688141,2.4552057555687536]
["EMULSÕES ASFÁLTICAS RR-1C","2021-01-01",2.6858859756916669,1.8770008949272319,2.0615655312246552,1.8715576796338671,1.8566956344013197,2.2742526001116987]
["EMULSÕES ASFÁLTICAS RR-1C","2021-02-01",2.8657777986647233,2.0519979641946673,2.2528293847189915,1.9604434066284036,1.8824226210366499,2.3005067849984986]
["EMULSÕES ASFÁLTICAS RR-1C","2021-03-01",3.0249225383074654,2.0842250044793613,2.0668101791788853,1.9566936909579817,1.9640306082499246,2.4071265585165111]
["EMULSÕES ASFÁLTICAS RR-1C","2021-04-01",2.7493043848926493,2.0061768572951144,2.2219687326644681,1.9597441588428832,1.9507325157162112,2.3222108522711293]
["EMULSÕES ASFÁLTICAS RR-1C","2021-05-01",3.1200840326944164,2.5082146029252668,2.4401540514331632,2.3610233089838659,2.261141513856753,2.6575969651920373]
["EMULSÕES ASFÁLTICAS RR-1C","2021-06-01",3.1263332392365641,2.4171978138975421,2.3939625496992556,2.3229309448732605,2.3720702411517438,2.740630984325632]
["EMULSÕES ASFÁLTICAS RR-1C","2021-07-01",3.3433842179979849,2.4164030200475706,2.5552069552432553,2.3534139050749991,2.3952448062479443,2.9432390169180227]
["EMULSÕES ASFÁLTICAS RR-1C","2021-08-01",3.4928548007492606,2.6085769909483876,2.6661420867464996,2.5029488415849039,2.4650391712743054,3.0962764307235977]
["EMULSÕES ASFÁLTICAS RR-1C","2021-09-01",3.3977758816081067,2.5812517063957281,2.7143461726023044,2.5313061578124119,2.4611115601509903,3.0300504855599195]
["EMULSÕES ASFÁLTICAS RR-1C","2021-10-01",3.3623745549175408,2.6069207360490578,2.518030681296421,2.5362650909719684,2.5364909303124232,3.0171144827832332]
["EMULSÕES ASFÁLTICAS RR-1C","2021-11-01",3.4521204080334833,2.8202302004602404,2.6760989100369246,2.7286189827446479,2.7640474890659674,3.2227463038192403]
["EMULSÕES ASFÁLTICAS RR-1C","2021-12-01",3.7255543098596537,2.8130169410420129,2.9570810359429354,2.7770988250018811,2.8673117168938083,3.3303353992315654]
["EMULSÕES ASFÁLTICAS RR-1C","2022-01-01",3.6476680547662124,2.8037784920326221,3.0955015230449989,2.8180097112757947,2.7516219650337734,3.1838824535101797]
["EMULSÕES ASFÁLTICAS RR-1C","2022-02-01",3.9100309296993858,3.0031432356236771,3.5929820263246719,2.9758823673456378,2.9933116060940042,3.3365322664246189]
["EMULSÕES ASFÁLTICAS RR-1C","2022-03-01",4.2870304768205241,3.2820139136356845,2.9357804946983563,3.0189654103371297,2.9340016422740627,3.5172198644838999]
["EMULSÕES ASFÁLTICAS RR-1C","2022-04-01",4.0835117296154158,3.5908275641428005,3.4177515986430893,3.1149756540560829,2.9741045407580424,3.4642538206603168]
["EMULSÕES ASFÁLTICAS RR-1C","2022-05-01",4.1192134068763187,3.9418659210390739,3.3636449227169489,3.0939437443312268,3.0046704696044886,3.5074786705088004]
["EMULSÕES ASFÁLTICAS RR-1C","2022-06-01",4.1097850421798192,3.7706321441061177,3.3917216768916152,3.0678515927693306,3.0346963567474563,3.5593927604793265]
["EMULSÕES ASFÁLTICAS RR-1C","2022-07-01",4.2199184228711202,3.8077845185517014,3.4131185020924306,3.0925562870640286,2.9306002907656432,3.5838009093159719]
["EMULSÕES ASFÁLTICAS RR-1C","2022-08-01",4.0718584622646121,4.0774376456353725,3.3608652560377203,3.1681380399740049,3.018259160940036,3.5831515036290047]
["EMULSÕES ASFÁLTICAS RR-1C","2022-09-01",3.7545781546974308,3.9554203735912412,3.3313344196758012,3.0107474029964698,2.8184943258695778,3.4015679599916249]
["EMULSÕES ASFÁLTICAS RR-1C","2022-10-01",4.3218544738264377,3.8054046043929572,2.7621279141984023,2.8993835566337798,2.6858715732558225,3.5475683739502064]
["EMULSÕES ASFÁLTICAS RR-1C","2022-11-01",3.257664931388303,4.1383464845539288,3.0709998939235623,2.691657394015873,2.6425247297861385,3.1912931025704268]
["EMULSÕES ASFÁLTICAS RR-1C","2022-12-01",3.3948870808854341,4.2552255733297928,3.2057266110288514,2.8333628425503066,2.5506682455130831,3.4184079231091915]
["EMULSÕES ASFÁLTICAS RR-1C","2023-01-01",3.566447722182132,3.5682205865611416,2.8718751813767169,2.6191195840140526,2.4621514666834408,3.0010222474885322]
["EMULSÕES ASFÁLTICAS RR-1C","2023-02-01",4.5959489856093585,3.5569100939101004,2.892261254374878,2.5912414427933506,2.3104335881467741,3.1905964159868714]
["EMULSÕES ASFÁLTICAS RR-1C","2023-03-01",3.6466526544204614,3.3984609680274436,3.133091189968753,2.4282231799439864,2.3026411737277748,2.8770179615737148]
["EMULSÕES ASFÁLTICAS RR-1C","2023-04-01",3.0298562475117059,3.4566912868733879,3.0581353719471904,2.4459955727887959,2.3075646012044913,2.8041404876383811]
["EMULSÕES ASFÁLTICAS RR-1C","2023-05-01",4.0740380938121126,3.3317627385166295,2.7561766490984936,2.4201675421593585,2.2049363255039913,2.7583720504210785]
["EMULSÕES ASFÁLTICAS RR-1C","2023-06-01",4.0367850790539421,3.2388526235616286,2.7517994552691145,2.3415225214506945,2.22619602926863,3.1031978270718841]
["EMULSÕES ASFÁLTICAS RR-1C","2023-07-01",3.8529859131732529,3.1483240708140876,2.8254640699702933,2.2741024639284841,2.2548778139376977,2.8750260505600336]
["EMULSÕES ASFÁLTICAS RR-1C","2023-08-01",3.9178683014164384,3.1895652941292183,2.7467291469430415,2.2504317280087487,2.2239461261859579,2.8054147502164017]
["EMULSÕES ASFÁLTICAS RR-1C","2023-09-01",3.9033076775498827,3.3607487144065673,2.7840884662065246,2.3943081873181433,2.3614090355369317,3.0374049420901539]
["EMULSÕES ASFÁLTICAS RR-1C","2023-10-01",3.8877492038507513,3.4503158733522681,2.7490743814028309,2.3787364253191954,2.332315334019015,3.1345935620180581]
["EMULSÕES ASFÁLTICAS RR-1C","2023-11-01",4.1107618757828188,3.7353368556719087,2.9741875968792564,2.4315755784302264,2.3061331180261968,3.093702632056579]
["EMULSÕES ASFÁLTICAS RR-1C","2023-12-01",3.9665642360777458,3.7342001190255187,2.728887877029623,2.575032120803241,2.3732377405162057,3.0634735109870492]
["EMULSÕES ASFÁLTICAS RR-1C","2024-01-01",3.6257683348473466,3.3671725933480268,2.9951460052475798,2.5282775867902592,2.3396073120888512,2.8820667898148589]
["EMULSÕES ASFÁLTICAS RR-1C","2024-02-01",3.6303502690867391,3.3140049587994294,2.7066044979558015,2.4421998448679214,2.3417265057144792,2.780219619072489]
["EMULSÕES ASFÁLTICAS RR-1C","2024-03-01",3.5326067772511855,3.1645256229793941,2.5714111623513696,2.6074360580635894,2.4093027263694733,2.7650432364498059]
["EMULSÕES ASFÁLTICAS RR-1C","2024-04-01",3.553018429023532,2.6441649183212421,2.4893210880066583,2.4581747699315657,2.4508573099452771,2.6218849987471256]
["EMULSÕES ASFÁLTICAS RR-1C","2024-05-01",3.3932415698027336,2.7227922223469463,2.7626560285808148,2.4540833823443862,2.4768583357390384,2.7072500768703476]
["EMULSÕES ASFÁLTICAS RR-1C","2024-06-01",3.6116586457740647,2.7811912364283962,2.6506305987214334,2.508906134965506,2.4313889370621315,2.9237681457632396]
["EMULSÕES ASFÁLTICAS RR-1C","2024-07-01",3.6013393270141432,2.8205897508900026,2.7772496393073984,2.5568047096927602,2.468814007400201,2.8108817703987219]
["EMULSÕES ASFÁLTICAS RR-2C","2008-11-01",1.1860047651207701,0.77766557288396332,1.0356594885383481,0.87875336794945536,0.87898930510695594,0.93775887879787834]
["EMULSÕES ASFÁLTICAS RR-2C","2008-12-01",1.0276876384590246,0.78476307719606586,1.0333839993271019,0.92244237332212486,0.82038562799997927,0.9125333207315196]
["EMULSÕES ASFÁLTICAS RR-2C","2009-01-01",1.0510571200359695,0.77784577380212527,1.0325167961742188,0.8846485367219189,0.79965288024627612,0.88473107013127705]
["EMULSÕES ASFÁLTICAS RR-2C","2009-02-01",0.96217235978193283,0.7661383275120387,1.047467025103568,0.83774881079533381,0.80466389528904414,0.84502349311743485]
["EMULSÕES ASFÁLTICAS RR-2C","2009-03-01",0.98514635834036846,0.77842969807630258,1.0636889307737931,0.84046000575679558,0.80126093499976825,0.86401467059892856]
["EMULSÕES ASFÁLTICAS RR-2C","2009-04-01",1.0495375335922628,0.76861338538174562,1.1515099628986141,0.85306888973025763,0.80613444964878789,0.8771702351107511]
["EMULSÕES ASFÁLTICAS RR-2C","2009-05-01",1.0193264327207254,0.75772748792344058,1.1227723815032418,0.74561540421572126,0.78982750924353151,0.85963356515114775]
["EMULSÕES ASFÁLTICAS RR-2C","2009-06-01",1.0861110589217531,0.74426762568656324,1.0554438935335839,0.72785718631909013,0.7617658256113965,0.84754062667569141]
["EMULSÕES ASFÁLTICAS RR-2C","2009-07-01",1.2849757987093415,0.74038153607136648,1.1094148118355331,0.78792691123041858,0.79164141296766799,0.92135293181857159]
["EMULSÕES ASFÁLTICAS RR-2C","2009-08-01",1.0892319148291891,0.72008497365203183,1.0215112290490849,0.81831270493180785,0.77979004729406209,0.88338826477245835]
["EMULSÕES ASFÁLTICAS RR-2C","2009-09-01",1.0941912818000381,0.71521636350585516,1.0263816032137729,0.82163707986993795,0.77327177382057999,0.87072968555434915]
["EMULSÕES ASFÁLTICAS RR-2C","2009-10-01",0.94039371428711882,0.73884200961329016,1.031929453973623,0.82357966107231273,0.76035193425269099,0.89900360698327519]
["EMULSÕES ASFÁLTICAS RR-2C","2009-11-01",1.0568532698694313,0.7320417717071348,1.077125081652677,0.79052652508001664,0.77119389400553751,0.85607420192249972]
["EMULSÕES ASFÁLTICAS RR-2C","2009-12-01",1.1292411541174912,0.73688909780167267,1.0286771461470732,0.77169688219632049,0.75506123399292502,0.82470193944842052]
["EMULSÕES ASFÁLTICAS RR-2C","2010-01-01",1.0499464831193486,0.72338063248049556,1.0445763814291145,0.77246450195565475,0.75617388163890575,0.79349255145711661]
["EMULSÕES ASFÁLTICAS RR-2C","2010-02-01",1.0548732928559879,0.72431262235757887,0.99573374827200234,0.76339734429068917,0.75164282918582204,0.78797034843212599]
["EMULSÕES ASFÁLTICAS RR-2C","2010-03-01",1.0236663130563255,0.721431425156979,1.0334486196248018,0.75139080964981753,0.75360049162920029,0.78904908533316398]
["EMULSÕES ASFÁLTICAS RR-2C","2010-04-01",1.0247015341295078,0.72546426038869249,1.0163523748802779,0.77293297806636951,0.76991584227332599,0.80569458348784229]
["EMULSÕES ASFÁLTICAS RR-2C","2010-05-01",1.0625521384279262,0.71129609064700761,1.0108020023345456,0.75961664541190999,0.77512748134160536,0.82305943088924316]
["EMULSÕES ASFÁLTICAS RR-2C","2010-06-01",0.89864430644676396,0.69788871327569435,0.93440986929900571,0.76596108308637834,0.75494356096326731,0.80327965424573666]
["EMULSÕES ASFÁLTICAS RR-2C","2010-07-01",0.88637185489355852,0.69257739416250896,0.9317224602320795,0.76886240376136328,0.76685712164320741,0.80928371079027084]
["EMULSÕES ASFÁLTICAS RR-2C","2010-08-01",0.88956562661370286,0.69933012836881403,0.91445429956094071,0.713288489121359,0.77107030097185791,0.79190520792503383]
["EMULSÕES ASFÁLTICAS RR-2C","2010-09-01",0.92245566087829767,0.69929511035958869,0.90654850692161493,0.73079474155617152,0.76261219209368825,0.80159160678612906]
["EMULSÕES ASFÁLTICAS RR-2C","2010-10-01",0.88743056521880814,0.71023207738821481,0.91477542590862326,0.73571158898582545,0.73554586020353496,0.79923955790759416]
["EMULSÕES ASFÁLTICAS RR-2C","2010-11-01",0.91443051157493138,0.70656512353778089,0.911203916506652,0.73841442445548566,0.74479320214557554,0.79089742477565961]
["EMULSÕES ASFÁLTICAS RR-2C","2010-12-01",0.89985341144829056,0.70372284578530142,0.94917453439453436,0.7639360742603738,0.74440267205883204,0.78146179215994416]
["EMULSÕES ASFÁLTICAS RR-2C","2011-01-01",0.95069952708664218,0.71194104030725458,0.99751145630371185,0.75202052622807503,0.73554478258828104,0.76545632697547117]
["EMULSÕES ASFÁLTICAS RR-2C","2011-02-01",0.98821578676492694,0.71505058143369471,0.94460697090628876,0.74247372573490256,0.73921360164478567,0.76925972204404403]
["EMULSÕES ASFÁLTICAS RR-2C","2011-03-01",0.99589658301689488,0.71760435398850053,0.95429656484399306,0.73023268109412842,0.72198641444612899,0.75882236441141515]
["EMULSÕES ASFÁLTICAS RR-2C","2011-04-01",0.98387739548686959,0.70602833719340241,0.86259687129678531,0.71371093174120537,0.74389773759203892,0.76247597734656958]
["EMULSÕES ASFÁLTICAS RR-2C","2011-05-01",0.91615126797021906,0.68272257695258876,0.87623240618246068,0.72294266308585275,0.74907741079909074,0.77400782064323348]
["EMULSÕES ASFÁLTICAS RR-2C","2011-06-01",0.94780715375018765,0.67118944677163728,0.92569839282304756,0.72569025126808584,0.74473856717897857,0.80628440786959288]
["EMULSÕES ASFÁLTICAS RR-2C","2011-07-01",0.79337812251844797,0.64305424471628658,0.93299720046730206,0.72502093837008974,0.74471188228081697,0.78728661644081499]
["EMULSÕES ASFÁLTICAS RR-2C","2011-08-01",0.7965359125813728,0.66465791503236449,0.90937122978750362,0.72234222992595332,0.73925341716534887,0.78274147220766355]
["EMULSÕES ASFÁLTICAS RR-2C","2011-09-01",0.89863304493200591,0.67364778985119744,0.90889264283537852,0.67402318079308088,0.73684363816112541,0.7754366480211371]
["EMULSÕES ASFÁLTICAS RR-2C","2011-10-01",0.92081640931616404,0.67945373848598267,0.91162545869605427,0.6971101927049479,0.74114639968031371,0.78669395646164175]
["EMULSÕES ASFÁLTICAS RR-2C","2011-11-01",0.91827161712136651,0.66593022889335707,0.92234198031545322,0.71180768638226943,0.73899042814951343,0.79274564541949866]
["EMULSÕES ASFÁLTICAS RR-2C","2011-12-01",0.87177623292601913,0.67736955144787425,0.96702388466508082,0.74915453655754149,0.73882524091241153,0.78862595870913432]
["EMULSÕES ASFÁLTICAS RR-2C","2012-01-01",0.90680182884064275,0.68947966649142856,0.94618379210427317,0.75123175981206802,0.76136360044373086,0.75864243033217327]
["EMULSÕES ASFÁLTICAS RR-2C","2012-02-01",0.87911367760744608,0.69588599321215461,0.95726901233047068,0.73780639699333628,0.75666126240440768,0.75744744670671837]
["EMULSÕES ASFÁLTICAS RR-2C","2012-03-01",0.89277744056055885,0.69995003581761372,0.92661224659093522,0.7631729028743317,0.78071637219134515,0.78083433511984934]
["EMULSÕES ASFÁLTICAS RR-2C","2012-04-01",0.90094780785886963,0.70785586958546654,0.91843879192256739,0.75189698012071038,0.77546220546241262,0.77891692113175381]
["EMULSÕES ASFÁLTICAS RR-2C","2012-05-01",1.2845665727523012,0.71312612058473623,0.93241823387447498,0.75785447324961708,0.75603382811310849,0.82219732898120912]
["EMULSÕES ASFÁLTICAS RR-2C","2012-06-01",0.92045606091092003,0.71714045343040944,0.94328348062741407,0.74512941638296604,0.78770767023012889,0.83468751786263384]
["EMULSÕES ASFÁLTICAS RR-2C","2012-07-01",1.076963979008734,0.71986052658494837,0.94530689999743045,0.74568082186266571,0.82667445222201696,0.82341589866826004]
["EMULSÕES ASFÁLTICAS RR-2C","2012-08-01",1.0447101298093466,0.74404995877505975,0.95829352439216664,0.75038015750549958,0.79473559171614772,0.83772129038120513]
["EMULSÕES ASFÁLTICAS RR-2C","2012-09-01",1.1105699129789433,0.76415934085404857,0.9656930335927274,0.78218757350915646,0.8070021806822919,0.86553988971655882]
["EMULSÕES ASFÁLTICAS RR-2C","2012-10-01",0.89651782409514258,0.7648226869639807,0.98309457359139896,0.7775748712394277,0.80182611788298797,0.86388819264250472]
["EMULSÕES ASFÁLTICAS RR-2C","2012-11-01",0.98354002766930648,0.77503569143839535,1.0105194333769283,0.7927207815970001,0.82122048164064831,0.86955156508681231]
["EMULSÕES ASFÁLTICAS RR-2C","2012-12-01",0.92595945302907445,0.7662320557103145,1.0014132364290862,0.75187553075384228,0.82609230412185763,0.83669224252950058]
["EMULSÕES ASFÁLTICAS RR-2C","2013-01-01",0.95774885080444683,0.75588483739920309,1.0427891307003481,0.79643660368157454,0.84616517598402774,0.82887140828354322]
["EMULSÕES ASFÁLTICAS RR-2C","2013-02-01",1.0406373020478534,0.74759397934808636,0.99508193311787618,0.78625884524632905,0.79784629378448713,0.80673020027363496]
["EMULSÕES ASFÁLTICAS RR-2C","2013-03-01",1.0105474487233876,0.7389438558828284,1.0131143720430327,0.76949046964869461,0.80934238892073118,0.80616178541890049]
["EMULSÕES ASFÁLTICAS RR-2C","2013-04-01",1.0281120471184664,0.75067475985723742,1.0013605390256572,0.7685567476014119,0.82338001109316128,0.82598694787956572]
["EMULSÕES ASFÁLTICAS RR-2C","2013-05-01",1.0120627906957587,0.75171162421279158,1.0149387158041197,0.78690153652134887,0.83743806586740199,0.85693546994255942]
["EMULSÕES ASFÁLTICAS RR-2C","2013-06-01",1.0984476673746881,0.76460370962552637,1.0230143042207434,0.75008967545210825,0.83491954418428249,0.87847527511743273]
["EMULSÕES ASFÁLTICAS RR-2C","2013-07-01",0.77392501190552021,0.77878288626844039,0.99877737062428962,0.79508553712890107,0.82813619463935717,0.86815538066012288]
["EMULSÕES ASFÁLTICAS RR-2C","2013-08-01",1.0117386429167297,0.75886063209467547,1.0221744108171147,0.80991748400801367,0.85638075113235756,0.91102860569489807]
["EMULSÕES ASFÁLTICAS RR-2C","2013-09-01",0.95683386636102929,0.78500515082846622,1.0670266046680352,0.80423762403947618,0.81905467853602409,0.92756547685447577]
["EMULSÕES ASFÁLTICAS RR-2C","2013-10-01",1.0257757814259048,0.79052466565125834,1.0278378140333979,0.76985077594459839,0.82561451887404913,0.91629635087072792]
["EMULSÕES ASFÁLTICAS RR-2C","2013-11-01",0.93691592015777703,0.82692021000834215,1.0275495010784741,0.83077686589304556,0.85016116748372939,0.92042372560440167]
["EMULSÕES ASFÁLTICAS RR-2C","2013-12-01",0.97543385301100682,0.8025762687006649,1.0627448877111678,0.84214765978925465,0.86130403982482795,0.92173035931948555]
["EMULSÕES ASFÁLTICAS RR-2C","2014-01-01",1.0837297141045092,0.79858969739726793,1.0497101839075584,0.82190552026300223,0.83897590349020745,0.87469782165930043]
["EMULSÕES ASFÁLTICAS RR-2C","2014-02-01",1.025693696939848,0.80179770042362586,1.0590728731542025,0.80880693500388756,0.83781644126663213,0.86668090569857936]
["EMULSÕES ASFÁLTICAS RR-2C","2014-03-01",1.000866849660083,0.81239587248077505,1.0616378349776874,0.80763201190268141,0.86779931272561173,0.85841196129198938]
["EMULSÕES ASFÁLTICAS RR-2C","2014-04-01",1.1594848711056374,0.79691440009548009,1.0859034037760293,0.82344069594623581,0.8636822098071647,0.88272963249857039]
["EMULSÕES ASFÁLTICAS RR-2C","2014-05-01",1.0582627517652703,0.80949236867921071,1.0491177470333348,0.8399845447507055,0.87050362839566109,0.90554470790525898]
["EMULSÕES ASFÁLTICAS RR-2C","2014-06-01",1.0109621677371956,0.83552178712477843,1.0587776415734154,0.78481841787371143,0.88870351160057615,0.92708508396399614]
["EMULSÕES ASFÁLTICAS RR-2C","2014-07-01",1.1508399830201148,0.8489174368850918,0.96591461518704791,0.81812140961729973,0.87037988315306192,0.91171109585605681]
["EMULSÕES ASFÁLTICAS RR-2C","2014-08-01",1.0916762827552351,0.83808771486068157,0.919472136448513,0.82738565342982373,0.8558607587976893,0.88543184512571915]
["EMULSÕES ASFÁLTICAS RR-2C","2014-09-01",1.0742297093106616,0.85008846991814813,1.0659043939784172,0.8135331126643861,0.89119731334306496,0.95866258088488365]
["EMULSÕES ASFÁLTICAS RR-2C","2014-10-01",1.0933752428295078,0.88060978410514912,0.95302894230412094,0.78554125490538085,0.85443701849207165,0.91139917160065775]
["EMULSÕES ASFÁLTICAS RR-2C","2014-11-01",1.2084999728512678,0.90929680979517946,0.96671601633312099,0.79281018069092646,0.87830756254253306,0.93262516343366275]
["EMULSÕES ASFÁLTICAS RR-2C","2014-12-01",1.1733195141686963,0.97479973913927564,1.0811019358226572,0.95743193879134147,0.94471770902187446,1.0088546900330395]
["EMULSÕES ASFÁLTICAS RR-2C","2015-01-01",1.1974942761346909,1.1735737482546862,1.2467714419920852,1.025342721383574,1.1225559810063366,1.1585903484442719]
["EMULSÕES ASFÁLTICAS RR-2C","2015-02-01",1.3138584683462771,1.1213655613326337,1.2216030862851623,0.98311352896681115,1.0495339345942003,1.1368373374790675]
["EMULSÕES ASFÁLTICAS RR-2C","2015-03-01",1.3559925113257558,1.0596881895771542,1.2894042019950926,1.0809616590454936,1.0636650125355411,1.1289281805945497]
["EMULSÕES ASFÁLTICAS RR-2C","2015-04-01",1.1985585422550749,1.0958319872243889,1.3005537147189334,1.0428812335459468,1.0826236151274535,1.1148943907803934]
["EMULSÕES ASFÁLTICAS RR-2C","2015-05-01",1.3960662277306455,1.0733620860159381,1.246182259324168,1.0021866976426856,1.1007545004604327,1.1336037602660691]
["EMULSÕES ASFÁLTICAS RR-2C","2015-06-01",1.3738029836101526,1.070598601394444,1.2400291368255192,0.99510670262462975,1.1137137617235191,1.1581439880323197]
["EMULSÕES ASFÁLTICAS RR-2C","2015-07-01",1.2915544901173832,1.0782396821328417,1.0611909286829198,1.0072484445472174,1.1404108411616547,1.0886719806136569]
["EMULSÕES ASFÁLTICAS RR-2C","2015-08-01",1.2644389492358916,1.1098748142613037,1.2785713002472454,1.0093247984156792,1.1017859744041891,1.2007353305035777]
["EMULSÕES ASFÁLTICAS RR-2C","2015-09-01",1.3178222167105091,1.0793162903745952,1.2729908719334742,1.0412168829797834,1.1015058988908772,1.1993241667707197]
["EMULSÕES ASFÁLTICAS RR-2C","2015-10-01",1.3475910609364452,1.1515919369427989,1.3034316798932244,1.1408835708336198,1.153839863433008,1.2445506841065885]
["EMULSÕES ASFÁLTICAS RR-2C","2015-11-01",1.4219476311042603,1.2528977823002232,1.4632652382833597,1.2023260722378897,1.2091014097133812,1.3509407654186711]
["EMULSÕES ASFÁLTICAS RR-2C","2015-12-01",1.5005775899763167,1.2466905674903261,1.3857931469782372,1.2274435317644234,1.2352426092001128,1.3247389248337151]
["EMULSÕES ASFÁLTICAS RR-2C","2016-01-01",1.6489841751292391,1.3076282632331491,1.4491413888827895,1.2358730350079974,1.2644155209558658,1.3328124724100971]
["EMULSÕES ASFÁLTICAS RR-2C","2016-02-01",1.4040425978966906,1.2955796163300726,1.4551720277392293,1.2803424144945961,1.2506211519631303,1.3241249017582162]
["EMULSÕES ASFÁLTICAS RR-2C","2016-03-01",1.3737404725681612,1.27647148296601,1.4700769498354112,1.2373776159079404,1.2705861769372377,1.305985136244233]
["EMULSÕES ASFÁLTICAS RR-2C","2016-04-01",1.8031323295940906,1.364877411695095,1.5460723913427832,1.3373403028324489,1.3714673792970147,1.4262694176770088]
["EMULSÕES ASFÁLTICAS RR-2C","2016-05-01",1.7102055614999203,1.3931871019703457,1.5304737991034352,1.3786105124528174,1.3875955987901301,1.4487465103471819]
["EMULSÕES ASFÁLTICAS RR-2C","2016-06-01",1.6834621917161186,1.3076158114304404,1.6010919665553396,1.356493165706369,1.4241657077439134,1.4604616960242911]
["EMULSÕES ASFÁLTICAS RR-2C","2016-07-01",1.6111651204569051,1.3055962015036633,1.5874577441260496,1.4386016770426933,1.4249958544942616,1.4681297634542807]
["EMULSÕES ASFÁLTICAS RR-2C","2016-08-01",1.6042944555730914,1.3044006684628899,1.6128486125495336,1.4229043477148113,1.4247229275758995,1.4903735494037429]
["EMULSÕES ASFÁLTICAS RR-2C","2016-09-01",1.553851496196532,1.2150283632130348,1.4872524174442627,1.3105037105253383,1.2611711851144485,1.3821742114193818]
["EMULSÕES ASFÁLTICAS RR-2C","2017-01-01",1.3295876746587254,0.97529368058710841,1.5003093541431693,1.3613255863655229,1.2259310480635319,1.162473759755621]
["EMULSÕES ASFÁLTICAS RR-2C","2017-02-01",1.4037658906824355,1.0198585605870976,1.4605251549752429,1.3429240664997402,1.2001638942968333,1.2072304467276591]
["EMULSÕES ASFÁLTICAS RR-2C","2017-03-01",1.3968718336946988,1.1665844193583097,1.4231876339836147,1.3160723644059664,1.2102225969368148,1.2717657443337291]
["EMULSÕES ASFÁLTICAS RR-2C","2017-04-01",1.4061631137262074,1.1506254668179239,1.4732979449818155,1.3193940401053521,1.1820012709603336,1.2910710683970288]
["EMULSÕES ASFÁLTICAS RR-2C","2017-05-01",1.4040905911420187,1.1726007246709151,1.4867733051140943,1.3140967919320101,1.1876465988739124,1.3403886901233701]
["EMULSÕES ASFÁLTICAS RR-2C","2017-06-01",1.4180165227812969,1.1684172838844951,1.5310011089707642,1.310190923481293,1.1966920331458697,1.3648500164722874]
["EMULSÕES ASFÁLTICAS RR-2C","2017-07-01",1.4683032351132663,1.1821042315179353,1.5121518421393534,1.279054806325338,1.1332529777843998,1.3596206153764889]
["EMULSÕES ASFÁLTICAS RR-2C","2017-08-01",1.4659732608904723,1.1767755729291771,1.4039573392310976,1.2663431235738367,1.1787432600234897,1.3237918138953939]
["EMULSÕES ASFÁLTICAS RR-2C","2017-09-01",1.4318169843184565,1.1898936241353053,1.4537715938762008,1.285693733499309,1.1871601859074818,1.3557104427679683]
["EMULSÕES ASFÁLTICAS RR-2C","2017-10-01",1.4491825161573515,1.207247931507442,1.4640186621729441,1.3323982310869649,1.1739416100992857,1.3656793673117567]
["EMULSÕES ASFÁLTICAS RR-2C","2017-11-01",1.6182821244723802,1.3028339514031291,1.613822346548186,1.3221653058249512,1.3171489059517127,1.470333346304054]
["EMULSÕES ASFÁLTICAS RR-2C","2017-12-01",1.7125002440971306,1.2886934902522582,1.5429548396659947,1.3195933811261036,1.2911470687211588,1.4588224527224354]
["EMULSÕES ASFÁLTICAS RR-2C","2018-01-01",1.7515336292151191,1.3422873031567961,1.5094109583930098,1.4328183639485839,1.3355080841653342,1.4836715709672179]
["EMULSÕES ASFÁLTICAS RR-2C","2018-02-01",1.6610447362374416,1.3617859637129377,1.4817483937901115,1.4473927675821461,1.3768173297345929,1.464831025079206]
["EMULSÕES ASFÁLTICAS RR-2C","2018-03-01",1.6954410071578938,1.3542430540092358,1.5375908708380657,1.4470604820108977,1.3716501298316999,1.4762333231771931]
["EMULSÕES ASFÁLTICAS RR-2C","2018-04-01",1.5687528009889737,1.3328629020561542,1.5585033645258797,1.4457720027222314,1.3289872914575056,1.4374587251281956]
["EMULSÕES ASFÁLTICAS RR-2C","2018-05-01",1.7163026083236441,1.3834788285607762,1.5103835313012901,1.4576575745862743,1.389937608144785,1.4705688952497875]
["EMULSÕES ASFÁLTICAS RR-2C","2018-06-01",1.6716741875576386,1.4609526623690046,1.6477862351376675,1.5056177886693052,1.477334696437135,1.5493132904114215]
["EMULSÕES ASFÁLTICAS RR-2C","2018-07-01",1.8253082227990263,1.5732933124999999,1.7544677766475567,1.6004874978074706,1.5400833118241328,1.6672031017821791]
["EMULSÕES ASFÁLTICAS RR-2C","2018-08-01",1.8237348329219192,1.6856683889889545,1.9125286765249321,1.792216451929783,1.6785264626315743,1.8037470793696593]
["EMULSÕES ASFÁLTICAS RR-2C","2018-09-01",2.0523986018700042,1.6860471795771725,1.9361390855149667,1.7776622986446278,1.671035098067317,1.8592348438575659]
["EMULSÕES ASFÁLTICAS RR-2C","2018-10-01",2.0948296937314117,1.6883271818603525,1.7462853595717469,1.8021848956888453,1.8360439480275756,1.8157307890497472]
["EMULSÕES ASFÁLTICAS RR-2C","2018-11-01",2.3302103085686281,1.8411957128023935,2.2180064699423223,2.0313127776314679,1.9465198511700676,2.0870045956628331]
["EMULSÕES ASFÁLTICAS RR-2C","2018-12-01",2.4361316266045097,1.8393499622552583,2.1197689237108417,1.965038414689654,1.8961533620377922,2.0415136307555772]
["EMULSÕES ASFÁLTICAS RR-2C","2019-01-01",2.3991345843015304,1.8794259372218571,2.1853799053644076,1.9930195949447314,1.9291890399299196,2.0567036929498808]
["EMULSÕES ASFÁLTICAS RR-2C","2019-02-01",2.3935305933199142,2.0100960861601598,2.5045713226881685,2.2630791373111849,2.011119163324107,2.221643893102268]
["EMULSÕES ASFÁLTICAS RR-2C","2019-03-01",2.6796868563796195,1.9901953412149367,2.5579138928296858,2.2045042492184406,2.1221855575987485,2.3186042099253266]
["EMULSÕES ASFÁLTICAS RR-2C","2019-04-01",2.5151364924337956,2.0008711133696599,2.6333980969763933,2.2328616267732357,2.064076870973012,2.2770809235388998]
["EMULSÕES ASFÁLTICAS RR-2C","2019-05-01",2.130236099035983,1.9602812773391383,2.342473017478655,2.2107797640821767,2.1667787404248919,2.1630728056913133]
["EMULSÕES ASFÁLTICAS RR-2C","2019-06-01",2.1640004023312627,1.9250025893071754,2.3795330791824369,2.1424839632324493,2.180249833510187,2.1664218876157775]
["EMULSÕES ASFÁLTICAS RR-2C","2019-07-01",2.1615179943408442,1.9051335877053119,2.3700902877231584,2.1133180405618193,2.1666049432405368,2.1596773513500382]
["EMULSÕES ASFÁLTICAS RR-2C","2019-08-01",2.1481809366418849,1.7871269706863533,2.2736676089666341,2.1017264720781426,2.2305631470804643,2.0961132223137593]
["EMULSÕES ASFÁLTICAS RR-2C","2019-09-01",2.2749944295789932,1.7685931897088947,2.2749520229204818,2.1225434842050381,2.1952209533465918,2.1148551376961868]
["EMULSÕES ASFÁLTICAS RR-2C","2019-10-01",2.2524961567227826,1.9675231472624461,2.7384906229713128,2.140464842920998,2.0307587249754748,2.2988745877901753]
["EMULSÕES ASFÁLTICAS RR-2C","2019-11-01",2.3917174442554017,1.9231227266456397,2.512152538067824,2.2131398457308085,2.0431128800664373,2.2502473128028275]
["EMULSÕES ASFÁLTICAS RR-2C","2019-12-01",2.3919884072624522,1.9747996623618451,2.2505237811516414,2.1680659242486069,2.0507505043328487,2.1451935699272586]
["EMULSÕES ASFÁLTICAS RR-2C","2020-01-01",2.6176967003231986,1.8780382062314398,2.3352936603561383,2.1839891996075491,2.0472221450393495,2.1668040965205764]
["EMULSÕES ASFÁLTICAS RR-2C","2020-02-01",2.3231193990355696,1.8085269957869419,1.9789899591272726,2.0867364995803164,2.0257661032488543,2.0277399242873178]
["EMULSÕES ASFÁLTICAS RR-2C","2020-03-01",2.342808005513314,1.7940557638862922,1.7211304181993443,2.0453141869832105,1.9732840557989404,1.977121831129143]
["EMULSÕES ASFÁLTICAS RR-2C","2020-04-01",2.2240730834885021,1.7111360495033376,1.9436800343479061,1.9811404040070473,2.058778777406876,1.976530938882715]
["EMULSÕES ASFÁLTICAS RR-2C","2020-05-01",2.1531647858372311,1.6890004950705062,1.9149744998837386,1.9603349388846041,2.0178718450444366,1.9398605813392242]
["EMULSÕES ASFÁLTICAS RR-2C","2020-06-01",2.0788679536771095,1.6652410281559347,1.8330357408618185,1.8933000395325583,2.0136753030428336,1.8781888356284024]
["EMULSÕES ASFÁLTICAS RR-2C","2020-07-01",2.0544219055495532,1.6667189694659075,1.9149395193317231,1.899576427834716,1.9461358220848106,1.8893577757890485]
["EMULSÕES ASFÁLTICAS RR-2C","2020-08-01",2.1543678216757582,1.7733730018910185,2.0777540225277957,1.9996892515751252,1.9912568037037868,2.0096793301248019]
["EMULSÕES ASFÁLTICAS RR-2C","2020-09-01",2.1187831673682336,1.7856461237044037,2.0094154164761493,1.9832651947209383,1.9852846031484475,1.9762008668036497]
["EMULSÕES ASFÁLTICAS RR-2C","2020-10-01",2.1464286111245734,1.8266482066125822,1.9794450617759367,1.9848517880852443,1.9913562126682482,1.9779957152564804]
["EMULSÕES ASFÁLTICAS RR-2C","2020-11-01",2.1376816723114409,1.9380777485027982,2.1402438608489014,2.1672747672637573,2.0918311383258161,2.0903535768484067]
["EMULSÕES ASFÁLTICAS RR-2C","2020-12-01",2.1490044399500974,1.9454777606049933,1.9606696497771214,2.1883989731123372,2.0951376036445559,2.035179336495458]
["EMULSÕES ASFÁLTICAS RR-2C","2021-01-01",2.1393735849540185,1.8981612264009384,1.8354725973686459,2.2135263550144111,2.0580072059081282,2.0051177573215337]
["EMULSÕES ASFÁLTICAS RR-2C","2021-02-01",2.3508577507118704,2.0596027416889715,2.2519660018072147,2.4247311156864044,2.2197472071407698,2.2438069352317429]
["EMULSÕES ASFÁLTICAS RR-2C","2021-03-01",2.3250714306150009,2.0517918559048689,2.1828263772095058,2.3466687299279227,2.2734914636523507,2.2270420265188373]
["EMULSÕES ASFÁLTICAS RR-2C","2021-04-01",2.6889810867861912,2.0645253663669711,2.2891410701693373,2.2627266030870632,2.1779034200888803,2.2111387924732311]
["EMULSÕES ASFÁLTICAS RR-2C","2021-05-01",2.5745496094499001,2.5180315213446613,2.5567890474465726,2.6400274183860075,2.6094833731897507,2.5778018499335968]
["EMULSÕES ASFÁLTICAS RR-2C","2021-06-01",2.6722399675705408,2.4893505901848623,2.6009999536735515,2.7064951331304958,2.5552921185584028,2.5931272798618585]
["EMULSÕES ASFÁLTICAS RR-2C","2021-07-01",2.6431769206569165,2.4692622799259656,2.6563319289775995,2.6793157575261062,2.6620791096261516,2.610630402066493]
["EMULSÕES ASFÁLTICAS RR-2C","2021-08-01",2.7961407527887832,2.5759914248354314,2.8258074818475234,2.9191427775852907,2.7494512239446278,2.7664227491806077]
["EMULSÕES ASFÁLTICAS RR-2C","2021-09-01",2.830094258699333,2.6444601784336945,2.876162301397434,2.9267422256079656,2.8918415567704794,2.8068743600852644]
["EMULSÕES ASFÁLTICAS RR-2C","2021-10-01",2.9702878379404463,2.659644806101749,2.8209744927170664,2.8878564813611582,2.7931902764908703,2.8043071709721406]
["EMULSÕES ASFÁLTICAS RR-2C","2021-11-01",3.1288425054692297,2.8641569797826447,3.1550719837703785,3.3298848339432068,3.0708670042737229,3.1101825774701517]
["EMULSÕES ASFÁLTICAS RR-2C","2021-12-01",3.1416148138267768,2.9394743512613672,3.1796148150211683,3.3832212657234604,3.1174233894906123,3.1190781839195152]
["EMULSÕES ASFÁLTICAS RR-2C","2022-01-01",3.1680180966752389,2.8978883410610892,3.1718370526966604,3.2245494357151325,3.0766925593721233,3.0550736209655045]
["EMULSÕES ASFÁLTICAS RR-2C","2022-02-01",3.2922767112693143,3.0297198872500939,3.3177290502392736,3.399646589868567,3.2098987026663215,3.1990043731141529]
["EMULSÕES ASFÁLTICAS RR-2C","2022-03-01",3.0825143735363008,3.0500042385000845,3.2790615343344673,3.4098559609202037,3.2383783348331554,3.2088533928189276]
["EMULSÕES ASFÁLTICAS RR-2C","2022-04-01",3.4104994747810746,3.2162203422212721,3.4789274469856308,3.5252721458886924,3.00054992574153,3.3539676296553056]
["EMULSÕES ASFÁLTICAS RR-2C","2022-05-01",3.3636363462380134,3.1743785984524191,3.5119967937401126,2.7024184874129711,3.207091199150176,3.1292506581784498]
["EMULSÕES ASFÁLTICAS RR-2C","2022-06-01",3.6153029894262358,3.2053946913242877,3.4455839071143339,3.4582361526372583,3.1774448120884893,3.3735881530198797]
["EMULSÕES ASFÁLTICAS RR-2C","2022-07-01",3.5030009154948063,3.2969304243788469,3.6024628398006868,3.4750806334189273,3.3203778262125732,3.4479452704125833]
["EMULSÕES ASFÁLTICAS RR-2C","2022-08-01",3.5317087220741561,3.3395169467089989,3.540153068030317,3.3854273872748482,3.1514614825228127,3.4327931374233192]
["EMULSÕES ASFÁLTICAS RR-2C","2022-09-01",3.4611166205196167,3.3477991664831728,3.3700147015734134,3.2361076198657774,3.0452192921035408,3.3458284433524583]
["EMULSÕES ASFÁLTICAS RR-2C","2022-10-01",3.4407087288730906,3.2396973673631093,3.0816406308553566,3.0884257786256173,2.9761674905370374,3.1785213522037212]
["EMULSÕES ASFÁLTICAS RR-2C","2022-11-01",3.2314387037394514,3.142929577646707,3.2239381233414193,2.9171046643981984,2.7953862663167981,3.1216330233579428]
["EMULSÕES ASFÁLTICAS RR-2C","2022-12-01",3.1795323794024788,3.1393122599866921,3.0605759048792094,2.9247446234100298,2.7407330746581793,3.0496763148638495]
["EMULSÕES ASFÁLTICAS RR-2C","2023-01-01",3.2359240498456319,2.8821275827674335,3.1743967926609025,2.7981787230186401,2.6587045960863023,2.904143728641785]
["EMULSÕES ASFÁLTICAS RR-2C","2023-02-01",3.127258291047482,2.8628392906914342,3.1894738973220016,2.7364632961896005,2.6985125709752453,2.9003749035138853]
["EMULSÕES ASFÁLTICAS RR-2C","2023-03-01",3.2417182611113513,2.8190573657006235,2.9086944063153171,2.8172106055821451,2.530385896360182,2.8507331892043561]
["EMULSÕES ASFÁLTICAS RR-2C","2023-04-01",3.4081380308906026,2.9193557473760552,2.8965513162008643,2.7394980498049879,2.503562137875428,2.8547500149403975]
["EMULSÕES ASFÁLTICAS RR-2C","2023-05-01",3.1511809277988481,2.7777992165496261,2.9324742736171769,2.6186446088076356,2.3897364325137977,2.7687758905210926]
["EMULSÕES ASFÁLTICAS RR-2C","2023-06-01",3.233603037330671,2.7194016450848277,2.9275401489895247,2.5910125840766982,2.5725312379074721,2.8185192878852612]
["EMULSÕES ASFÁLTICAS RR-2C","2023-07-01",3.1307961536124727,2.7247528493187181,2.9163947946123114,2.5821073809604385,2.5236547511190492,2.8118154506951494]
["EMULSÕES ASFÁLTICAS RR-2C","2023-08-01",3.0677037232901774,2.7216455673154036,2.9443666246791231,2.6178307781847057,2.6577102024371473,2.8367618990188062]
["EMULSÕES ASFÁLTICAS RR-2C","2023-09-01",3.2744488849864211,2.8096427755648139,3.1190148443176664,2.7245526081478673,2.4250695979563992,2.9664101532014788]
["EMULSÕES ASFÁLTICAS RR-2C","2023-10-01",3.2626952234552484,2.839883928413546,2.9709860290854109,2.7051095096038824,2.6057283732394545,2.9142011431843406]
["EMULSÕES ASFÁLTICAS RR-2C","2023-11-01",3.2235832800521309,2.8872379234184913,3.1843065534303503,2.7414029368851089,2.4977279247892628,3.0028190183210888]
["EMULSÕES ASFÁLTICAS RR-2C","2023-12-01",3.3688845324018319,2.8489933251362687,2.9142958512112624,2.673718829052357,2.5652465120426715,2.8604912224089261]
["EMULSÕES ASFÁLTICAS RR-2C","2024-01-01",3.2043261979755915,2.6137829562431318,3.1347642561947389,2.6490363636324572,2.578343242379717,2.760727858120025]
["EMULSÕES ASFÁLTICAS RR-2C","2024-02-01",3.6109679154533718,2.5962893842837409,2.9902878128407462,2.7048609416540326,2.5740140978274222,2.7715169451357977]
["EMULSÕES ASFÁLTICAS RR-2C","2024-03-01",3.4520161496532866,2.6875793655124753,3.0479722002117411,2.7196841685316735,2.6062070216745044,2.788256085018729]
["EMULSÕES ASFÁLTICAS RR-2C","2024-04-01",3.3407242720069159,2.5814220899123526,3.000304036682099,2.6795946273877997,2.6318830630511858,2.7592814920274322]
["EMULSÕES ASFÁLTICAS RR-2C","2024-05-01",2.8996297793596146,2.6170608519820937,3.0787963662099749,2.662816597847915,2.7325513851864902,2.8024459450091719]
["EMULSÕES ASFÁLTICAS RR-2C","2024-06-01",3.0250808329361698,2.5523932793648507,3.1070457668540929,2.6046795854372573,2.7923408831871845,2.8326220070937813]
["EMULSÕES ASFÁLTICAS RR-2C","2024-07-01",3.1738146281031918,2.8413624631888381,3.2525046245272629,2.7112081493223505,2.722506480823716,3.0077527774200958]
["***: Sem comercialização."]
["Nota 1: Preços à vista, sem frete, com todos os impostos inclusos, à exceção do ICMS, do PIS/Pasep e da Cofins."]
["Nota 2: As informações são baseadas em dados preliminares, portanto sujeitos a reprocessamento por parte dos informantes nos moldes da Resolução ANP nº 729/2018."]

{"sheet":"MATERIAL SICRO","index":20,"n_rows":1676,"n_cols":4,"rows_kept":1676,"cut":false,"hidden":false,"merged":[[0,1,0,2]]}
["CGCIT","SISTEMA DE CUSTOS REFERENCIAIS DE OBRAS - SICRO",null,"DNIT"]
[null,"Pará - Abril/2024"]
["Código","Descrição","Unidade","Preço Unitário (R$)"]
["M0003","Aço CA 25","kg",7.0586000000000002]
["M0004","Aço CA 50","kg",6.8064]
["M0005","Brita 0","m³",208.136]
["M0006","Fibra de poliamida para concreto","kg",27.884899999999998]
["M0007","Fibra de aço para concreto","kg",13.622199999999999]
["M0008","Detergente líquido neutro","l",4.4112999999999998]
["M0009","Aço CP 175 RB","kg",8.9710999999999999]
["M0010","Aditivo superplastificante para concreto e argamassa","kg",19.084399999999999]
["M0011","Aditivo modificador de viscosidade para concreto e argamassa","kg",14.2925]
["M0012","Silicato de alumínio","kg",2.1351]
["M0013","Grampo de ancoragem em aço CA 50 - D = 12,5 mm","kg",6.8064]
["M0014","Aço CA 60","kg",8.2318999999999996]
["M0015","Espoleta elétrica Nº 8 - D = 6,0 mm","un",23.942]
["M0016","Grampo sargento em ferro fundido tipo C com abertura útil de 105 mm (4\")","un",51.679600000000001]
["M0017","Saco de aniagem ou de ráfia de 50 kg - C = 95 cm e L = 65 cm","un",2.9308999999999998]
["M0018","Grampo pesado em aço-carbono para cabo de aço - D = 13 mm (1/2\")","un",22.434899999999999]
["M0019","Esticador em aço tipo olhal x olhal para cabo de aço - D = 13 mm","un",149.3321]
["M0020","Grampo de ancoragem em aço CA 50 - D = 6,3 mm","kg",7.6454000000000004]
["M0021","Herbicida glifosato para áreas contínuas","l",27.248699999999999]
["M0025","Adesivo plástico para tubos de PVC","kg",50.418500000000002]
["M0026","Aditivo aglutinante para argamassa","l",7.6402999999999999]
["M0028","Areia média","m³",152.86709999999999]
["M0029","Sílica ativa para concreto e argamassa (microssílica)","kg",1.9392]
["M0030","Aditivo plastificante e retardador de pega para concreto e argamassa","kg",9.8134999999999994]
["M0032","Adesivo de contato para laminado elastoplástico","kg",47.233499999999999]
["M0035","Diluente tipo aguarrás para tintas e vernizes","l",15.194000000000001]
["M0039","Gasolina comum","l",5.0949]
["M0041","Contêiner com 2 banheiros - L = 2,44 m e C = 6,09 m (1 TEU)","un",88770.203200000004]
["M0042","Contêiner com janela - L = 2,44 m e C = 6,09 m (1 TEU)","un",66170.400800000003]
["M0043","Óleo diesel","l",5.242]
["M0044","Abrasivo de vidro com granulometria de 210 a 420 micra","kg",9.4968000000000004]
["M0045","Barreira plástica monobloco para canalização de trânsito - C = 100 cm, L = 50 cm e H = 55 cm","un",505.08210000000003]
["M0046","Barreira plástica para canalização de trânsito - C = 60 cm, L = 45 cm e H = 60 cm","un",319.68619999999999]
["M0047","Cone de sinalização em polietileno - H = 75 cm e base quadrada de 40 x 40 cm","un",102.95]
["M0048","Balizador cônico refletivo em polietileno semiflexível - H = 114 cm e base octogonal de D = 40 cm","un",147.9708]
["M0049","Delimitador de tráfego flexível com chumbador e duas faixas refletivas - H = 77 cm e D = 21 cm","un",181.8914]
["M0050","Aditivo natural tipo goma xantana para hidrossemeadura","kg",103.3582]
["M0051","Cilindro canalizador de tráfego em polietileno - H = 117 cm e base quadrada de 60 x 60 cm","un",208.4222]
["M0052","Fita adesiva de PVC - L = 50 mm e C = 50 m","m",0.1104]
["M0053","Tela plástica em polipropileno na cor laranja para tapume - L = 1,2 m","m",1.9406000000000001]
["M0054","Fita zebrada de cor laranja e branca - L = 7 a 8 cm","m",7.3999999999999996E-2]
["M0055","Barreira plástica articulável modular - C = 240 cm e H = 100 cm","un",1279.3489999999999]
["M0056","Ferramenta de corte para removedora de faixa de sinalização (Smith Cutter)","un",7245.5560999999998]
["M0057","Contêiner com janela - L = 4,88 m e C = 6,09 m (1 TEU duplo)","un",120025.5431]
["M0058","Contêiner com janela e 2 banheiros - L = 4,88 m e C = 6,09 m (1 TEU duplo)","un",124415.19530000001]
["M0059","Contêiner com revestimento térmico, janela e banheiro - L = 2,44 m e C = 6,09 m (1 TEU)","un",86100.595300000001]
["M0060","Contêiner com janela - L = 2,44 m e C = 4,58 m (3/4 TEU)","un",59065.633300000001]
["M0065","Contêiner com janela e banheiro - L = 2,44 m e 4,58 m (3/4 TEU)","un",71892.436199999996]
["M0066","Contêiner com revestimento térmico, janela e banheiro - L = 2,44 m e C = 12,90 m (2 TEU)","un",117669.3466]
["M0067","Tubo PEAD PE 100 PN 10 com flanges - D = 160 mm","m",178.64269999999999]
["M0068","Caibro de pinho - L = 7,5 cm e E = 10,0 cm","m",15.369]
["M0069","Arame farpado em aço galvanizado - D = 1,60 mm","m",0.75309999999999999]
["M0071","Contêiner com 3 janelas para guarita - L = 2,44 m e C = 3,05 m (1/2 TEU)","un",41745.363700000002]
["M0072","Arame liso em aço galvanizado - D = 2,10 mm (14 BWG)","kg",16.834399999999999]
["M0073","Muda de árvore com altura de 0,30 a 0,80 m","un",14.6944]
["M0074","Muda de arbusto com altura até 0,50 m","un",20.562000000000001]
["M0075","Arame liso recozido em aço-carbono - D = 1,24 mm (18 BWG)","kg",10.67]
["M0076","Disco de corte abrasivo para policorte - D = 300 mm","un",15.417899999999999]
["M0080","Areia fina","m³",159.56569999999999]
["M0081","Areia grossa","m³",148.4143]
["M0082","Areia média lavada","m³",163.78229999999999]
["M0083","Argamassa pré-dosada para grauteamento","kg",2.4782000000000002]
["M0084","Argamassa pré-dosada autoadensável para grauteamento","kg",2.2976999999999999]
["M0085","Ancoragem ativa para 4 cordoalhas - D = 12,7 mm","un",382.24990000000003]
["M0086","Ancoragem ativa para 6 cordoalhas - D = 12,7 mm","un",494.1207]
["M0087","Ancoragem ativa para 7 cordoalhas - D = 12,7 mm","un",570.86019999999996]
["M0088","Ancoragem ativa para 8 cordoalhas - D = 12,7 mm","un",667.10810000000004]
["M0089","Ancoragem ativa para 9 cordoalhas - D = 12,7 mm","un",753.56669999999997]
["M0091","Ancoragem ativa para 10 cordoalhas - D = 12,7 mm","un",836.76850000000002]
["M0092","Ancoragem ativa para 12 cordoalhas - D = 12,7 mm","un",1057.8898999999999]
["M0093","Ancoragem ativa para 15 cordoalhas - D = 12,7 mm","un",1467.71]
["M0094","Ancoragem ativa para 19 cordoalhas - D = 12,7 mm","un",1865.9662000000001]
["M0098","Bambu com diâmetro médio de 10 cm","m",21.357299999999999]
["M0099","Equipamentos para a fábrica de dormentes de concreto protendido","ISF",567.85599999999999]
["M0100","Ancoragem ativa para 22 cordoalhas - D = 12,7 mm","un",2416.0140000000001]
["M0101","Ancoragem ativa para 27 cordoalhas - D = 12,7 mm","un",2952.3193999999999]
["M0102","Ancoragem ativa para 31 cordoalhas - D = 12,7 mm","un",3185.0590999999999]
["M0103","Aditivo acelerador de pega para concreto e argamassa projetados","kg",8.1628000000000007]
["M0104","Asfalto diluído de petróleo - CM-30","t","-"]
["M0105","Ancoragem ativa para 4 cordoalhas - D = 15,2 mm","un",473.8723]
["M0106","Ancoragem ativa para 6 cordoalhas - D = 15,2 mm","un",630.28520000000003]
["M0107","Geocomposto para drenagem","m²",42.529200000000003]
["M0108","Ancoragem ativa para 7 cordoalhas - D = 15,2 mm","un",741.81880000000001]
["M0109","Geodreno vertical - L = 10 cm e E = 5 mm","m",5.18]
["M0110","Ancoragem ativa para 10 cordoalhas - D = 15,2 mm","un",1145.3458000000001]
["M0111","Ancoragem ativa para 9 cordoalhas - D = 15,2 mm","un",1020.7933]
["M0112","Disco diamantado segmentado para corte de pavimento - D = 1.000 mm","un",5880.9744000000001]
["M0113","Ancoragem ativa para 12 cordoalhas - D = 15,2 mm","un",1399.6162999999999]
["M0114","Disco diamantado segmentado para corte de pavimento - D = 1.500 mm","un",26165.414100000002]
["M0115","Biomanta vegetal de fibras de coco entrelaçadas com fios de polipropileno biodegradáveis - densidade 0,4 kg/m²","m²",6.51]
["M0116","Mangote flangeado de borracha reforçada com lonas sintéticas - C = 1,80 m e D = 0,30 m","un",16681.156299999999]
["M0117","Mangote flangeado de borracha reforçada com lonas sintéticas - C = 1,80 m e D = 0,40 m","un",22873.651699999999]
["M0118","Mangote flangeado de borracha reforçada com lonas sintéticas - C = 1,80 m e D = 0,45 m","un",25488.4977]
["M0119","Mangote flangeado de borracha reforçada com lonas sintéticas - C = 1,80 m e D = 0,50 m","un",28753.841499999999]
["M0120","Tubo PEAD PE 100 PN 8 com flanges - D = 250 mm","m",316.14049999999997]
["M0121","Tubo PEAD PE 100 PN 8 com flanges - D = 400 mm","m",2027.8315]
["M0122","Tubo PEAD PE 100 PN 8 com flanges - D = 450 mm","m",2547.2397000000001]
["M0123","Tubo PEAD PE 100 PN 8 com flanges - D = 500 mm","m",2852.4461999999999]
["M0124","Flutuador bipartido em polietileno com núcleo de espuma em poliuretano para tubos - D = 0,30 m","un",4358.2772000000004]
["M0125","Flutuador bipartido em polietileno com núcleo de espuma em poliuretano para tubos - D = 0,40 m","un",6009.6221999999998]
["M0126","Flutuador bipartido em polietileno com núcleo de espuma em poliuretano para tubos - D = 0,45 m","un",6887.0721000000003]
["M0127","Flutuador bipartido em polietileno com núcleo de espuma em poliuretano para tubos - D = 0,50 m","un",7450.8621999999996]
["M0128","Biomanta vegetal de fibras de palha entrelaçadas com fios de polipropileno biodegradáveis - densidade 0,6 kg/m²","m²",5.71]
["M0129","Retentor de sedimento em fibras vegetais - D = 20 cm","m",60.933199999999999]
["M0130","Ancoragem ativa para 15 cordoalhas - D = 15,2 mm","un",1842.5889]
["M0131","Tubo PEAD corrugado com paredes estruturadas para drenagem - D = 400 mm","m",236.42750000000001]
["M0132","Tubo PEAD corrugado com paredes estruturadas para drenagem - D = 450 mm","m",288.96339999999998]
["M0133","Tubo PEAD corrugado com paredes estruturadas para drenagem - D = 500 mm","m",389.37529999999998]
["M0134","Tubo PEAD corrugado com paredes estruturadas para drenagem - D = 600 mm","m",567.46630000000005]
["M0135","Tubo PEAD corrugado com paredes estruturadas para drenagem - D = 750 mm","m",769.09699999999998]
["M0136","Tubo PEAD corrugado com paredes estruturadas para drenagem - D = 800 mm","m",847.1712]
["M0137","Tubo PEAD corrugado com paredes estruturadas para drenagem - D = 900 mm","m",1126.1246000000001]
["M0138","Ancoragem ativa para 19 cordoalhas - D = 15,2 mm","un",2397.2075]
["M0139","Tubo PEAD corrugado com paredes estruturadas para drenagem - D = 1.000 mm","m",1486.5791999999999]
["M0140","Bentonita","kg",4.1344000000000003]
["M0141","Tubo PEAD corrugado com paredes estruturadas para drenagem - D = 1.050 mm","m",1472.3625999999999]
["M0142","Tubo PEAD corrugado com paredes estruturadas para drenagem - D = 1.200 mm","m",2090.5949999999998]
["M0143","Tubo PEAD corrugado com paredes estruturadas para drenagem - D = 1.500 mm","m",2413.3189000000002]
["M0145","Ancoragem ativa para 22 cordoalhas - D = 15,2 mm","un",3107.2930000000001]
["M0146","Ancoragem ativa para 27 cordoalhas - D = 15,2 mm","un",4068.7802999999999]
["M0148","Ancoragem ativa para lajes para 1 cordoalha - D = 12,7 mm","un",89.914400000000001]
["M0151","Ancoragem ativa para lajes para 2 cordoalhas - D = 12,7 mm","un",167.17840000000001]
["M0152","Ancoragem ativa para lajes para 3 cordoalhas - D = 12,7 mm","un",232.78739999999999]
["M0153","Ancoragem ativa para lajes para 4 cordoalhas - D = 12,7 mm","un",311.00700000000001]
["M0156","Bloco de concreto - L = 19 cm, A = 19 cm e C = 39 cm","un",4.6445999999999996]
["M0158","Tela metálica galvanizada dobrada em L - C = 2,0 m, L = 0,4 m e H = 0,4 m","un",455.7]
["M0160","Extintor de incêndio tipo espuma mecânica - V = 10 l","un",642.36170000000004]
["M0161","Barra de fibra de vidro (vergalhão) - D = 25,0 mm","m",61.288699999999999]
["M0162","Corrente de elo soldado em aço galvanizado com acabamento polido - D = 3,18 mm (1/8\")","m",7.1839000000000004]
["M0163","Gonzo com aba em aço galvanizado - D = 12,7 mm (1/2\")","un",3.5162]
["M0164","Tubo em aço galvanizado - E = 1,50 mm e seção de 20 x 20 mm","m",12.5547]
["M0166","Tubo em aço galvanizado - E = 2,25 mm e D = 20 mm (3/4\")","m",30.564399999999999]
["M0167","Tela de poliamida industrial - E = 0,40 mm e malha de 1,6 mm","m²",15.7262]
["M0168","Abraçadeira de poliamida - E = 3,6 mm e C = 200 mm","un",0.215]
["M0169","Roda em aço e pneu com câmara de ar 83/203 mm (3,25\"/8\") para carrinho de mão","un",68.226799999999997]
["M0173","Ancoragem ativa para lajes para 1 cordoalha - D = 15,2 mm","un",101.0812]
["M0178","Ancoragem ativa para lajes para 2 cordoalhas - D = 15,2 mm","un",218.55170000000001]
["M0181","Ancoragem ativa para lajes para 3 cordoalhas - D = 15,2 mm","un",284.84199999999998]
["M0184","Ancoragem ativa para lajes para 4 cordoalhas - D = 15,2 mm","un",376.10730000000001]
["M0191","Brita 1","m³",204.61320000000001]
["M0192","Brita 2","m³",193.5093]
["M0193","Brita 3","m³",192.08500000000001]
["M0194","Escória de aciaria","m³",14.3751]
["M0198","Parafuso de cabeça chata em aço - D = 4,5 mm e bucha plástica - D = 8 mm (S8)","un",0.3322]
["M0199","Coroa de botões cruzados linha R32 - D = 43 mm (1 11/16’’)","un",321.20310000000001]
["M0201","Coroa de botões esféricos linha T38 - D = 89 mm (3 1/2\")","un",872.79579999999999]
["M0202","Coroa de botões esféricos linha T45 - D = 76 mm (3\")","un",674.78650000000005]
["M0204","Instalações físicas para a central de pré-moldagem de dormentes de concreto protendido","CMCC",1843.39]
["M0217","Enxofre","kg",4.6986999999999997]
["M0220","Adubo à base de nitrogênio, fósforo e potássio (NPK)","kg",3.3328000000000002]
["M0222","Filer calcário","kg",0.24010000000000001]
["M0223","Sementes para hidrossemeadura","kg",33.9]
["M0224","Guia-chapéu pré-moldada - C = 120 cm","un",53.976700000000001]
["M0225","Adubo orgânico composto","kg",0.26279999999999998]
["M0229","Gabião tipo colchão em liga de zinco e alumínio revestido com polímero de malha hexagonal - E = 0,17 m","m²",214.9777]
["M0230","Gabião tipo caixa em liga de zinco e alumínio de malha hexagonal - C = 2,00 m, L = 1,00 m e H = 0,50 m","un",643.47220000000004]
["M0231","Gabião tipo caixa em liga de zinco e alumínio de malha hexagonal - C = 2,00 m, L = 1,00 m e H = 1,00 m","un",948.63739999999996]
["M0232","Gabião tipo caixa em liga de zinco e alumínio revestido com polímero de malha hexagonal - C = 2,00 m, L = 1,00 m e H = 0,50 m","un",797.01089999999999]
["M0233","Gabião tipo caixa em liga de zinco e alumínio revestido com polímero de malha hexagonal - C = 2,00 m, L = 1,00 m e H = 1,00 m","un",1116.3677]
["M0234","Gabião tipo saco em liga de zinco e alumínio revestido com polímero de malha hexagonal - D = 0,65 m","m³",594.21050000000002]
["M0235","Gabião tipo colchão em liga de zinco e alumínio revestido com polímero de malha hexagonal - E = 0,23 m","m²",224.9614]
["M0236","Gabião tipo colchão em liga de zinco e alumínio revestido com polímero de malha hexagonal - E = 0,30 m","m²",247.46250000000001]
["M0237","Energia elétrica","kWh",1.2384999999999999]
["M0253","Cabo de cobre flexível antichama isolado em PVC - tensão de 450/750 V e seção de 16 mm²","m",12.8255]
["M0254","Mistura gasosa de argônio e dióxido de carbono para solda MIG/MAG","m³",51.4071]
["M0256","Tinta à base de etil silicato de zinco bicomponente para fundo preparador de pintura","l",101.14830000000001]
["M0257","Diluente para tinta à base de etil silicato de zinco","l",36.772399999999998]
["M0260","Cabo de cobre PP flexível isolado em PVC - tensão de 300/500 V e seção de 3 x 1,5 mm²","m",4.4534000000000002]
["M0264","Bomba de combustível industrial eletrônica simples","un",26703.190699999999]
["M0265","Tanque de combustível aéreo horizontal com escada para visita - capacidade de 5.000 l","un",20667.351299999998]
["M0266","Cabo de cobre flexível antichama isolado em PVC - tensão de 0,6/1,0 kV e seção de 240 mm²","m",142.39169999999999]
["M0267","Módulo de torre de elevador de cremalheira","un",3879.0733]
["M0268","Módulo de ancoragem de torre de elevador de cremalheira","un",2935.9596000000001]
["M0269","Cabo de cobre flexível antichama isolado em PVC - tensão de 0,6/1,0 kV e seção de 50 mm²","m",34.019199999999998]
["M0284","Caibro de pinho - L = 7,5 cm e E = 7,5 cm","m",11.5268]
["M0285","Pontalete para escoramento - D = 15 cm","m",8.35]
["M0286","Tábua - E = 2,5 cm e L = 30 cm","m",14.797599999999999]
["M0289","Tábua - E = 2,5 cm e L = 15 cm","m",7.3987999999999996]
["M0290","Tábua - E = 2,5 cm e L = 10 cm","m",4.9325000000000001]
["M0291","Estrutura modular com 2 banheiros - L = 2,44 m e C = 6,06 m (1 TEU)","un",72966.529699999999]
["M0292","Estrutura modular com janela - L = 2,44 m e C = 6,06 m (1 TEU)","un",58642.337699999996]
["M0293","Estrutura modular com janela - L = 4,88 m e C = 6,06 m (1 TEU duplo)","un",103309.7098]
["M0294","Estrutura modular com janela e 2 banheiros - L = 4,88 m e C = 6,06 m (1 TEU duplo)","un",114835.52]
["M0295","Estrutura modular com revestimento térmico, janela e banheiro - L = 2,44 m e C = 6,06 m (1 TEU)","un",65997.399999999994]
["M0296","Estrutura modular com revestimento térmico, janela e banheiro - L = 2,44 m e C = 12,19 m (2 TEU)","un",122521.1627]
["M0297","Estrutura modular com 3 janelas para guarita - L = 2,44 m e C = 3,05 m (1/2 TEU)","un",41239.200100000002]
["M0301","Pontalete para escoramento - D = 10 cm","m",3.7130000000000001]
["M0310","Peça de madeira - L = 7,5 cm e E = 2,5 cm","m",3.8422999999999998]
["M0311","Filtro de aspiração de ar externo com capacidade 3,58 l/s para compressor de ar respirável ","un",199.9554]
["M0312","Filtro de purificação de ar comprimido com capacidade de 35 MPa para compressor de ar respirável ","un",222.0214]
["M0344","Cal hidratada - a granel","kg",0.64200000000000002]
["M0345","Cal hidratada - saco","kg",1.0542]
["M0346","Disco de aço para bomba de projeção via seca","un",330]
["M0347","Disco de aço para bomba de projeção via úmida","un",1262.5862]
["M0348","Disco de borracha para bomba de projeção via seca","un",265]
["M0349","Disco de borracha para bomba de projeção via úmida","un",600.6]
["M0350","Bico para bomba de projeção","un",299.83550000000002]
["M0351","Mangote para bomba de projeção","m",299.27690000000001]
["M0364","Perfil cartola em aço carbono SAE 1010/1020 galvanizado - 50 x 70 x 3 mm - aba 20 mm","m",131.65270000000001]
["M0365","Cantoneira em ferro de abas iguais - L = 25,4 mm e E = 4,76 mm","kg",10.212199999999999]
["M0366","Cantoneira em aço ASTM A36 galvanizado","kg",9.8117000000000001]
["M0395","Chapa de alumínio - E = 1,5 mm","m²",188.71350000000001]
["M0408","Chumbador de expansão controlada por torque em aço zincado para concreto - D = 12,5 mm","un",9.5871999999999993]
["M0409","Chumbador de expansão controlada por torque em aço zincado para concreto - D = 6,3 mm","un",0.97829999999999995]
["M0410","Chumbador de expansão controlada por torque em aço zincado para concreto - D = 20,0 mm","un",18.800799999999999]
["M0411","Chumbador de expansão controlada por torque em aço zincado para concreto - D = 10,0 mm","un",3.8692000000000002]
["M0412","Chumbador de expansão controlada por torque em aço zincado para concreto - D = 16,0 mm","un",11.7501]
["M0413","Chumbador de expansão controlada por torque em aço zincado para concreto - D = 25,0 mm","un",32.650500000000001]
["M0421","Argamassa expansiva para desmonte de rocha e demolição de concreto","kg",11.470700000000001]
["M0424","Cimento Portland CP II - 32 - saco","kg",0.90759999999999996]
["M0427","Cordoalha nua tipo CP 190 RB - D = 12,7 mm","kg",11.092700000000001]
["M0428","Cordoalha nua tipo CP 190 RB - D = 15,2 mm","kg",11.092700000000001]
["M0429","Perfil de alumínio tipo L421 para placa de sinalização - seção de 33 x 40 mm","m",14.2544]
["M0434","Tirante de barra de aço - tensão de escoamento = 950 MPa, tensão de ruptura = 1.050 MPa e D = 32 mm","m",267.00220000000002]
["M0442","Compensado plastificado - E = 10 mm","m²",47.258499999999998]
["M0443","Compensado plastificado - E = 12 mm","m²",69.329800000000006]
["M0444","Luva em aço para emenda tipo prensada - D = 12,5 mm","un",19.979900000000001]
["M0445","Luva em aço para emenda tipo prensada - D = 16,0 mm","un",28.153500000000001]
["M0446","Compensado resinado - E = 10 mm","m²",40.908999999999999]
["M0447","Compensado resinado - E = 12 mm","m²",44.8904]
["M0448","Compensado resinado - E = 14 mm","m²",54.729500000000002]
["M0450","Compensado de virola - E = 6 mm","m²",45.625500000000002]
["M0451","Concreto usinado - fck = 20 MPa (comercial)","m³","-"]
["M0452","Concreto usinado - fck = 25 MPa (comercial)","m³","-"]
["M0453","Concreto usinado - fck = 30 MPa (comercial)","m³","-"]
["M0454","Concreto usinado - fck = 35 MPa (comercial)","m³","-"]
["M0459","Compensado plastificado - E = 14 mm","m²",79.808000000000007]
["M0467","Luva em aço para emenda tipo prensada - D = 20,0 mm","un",39.3416]
["M0468","Luva em aço para emenda tipo prensada - D = 25,0 mm","un",75.786699999999996]
["M0469","Luva em aço para emenda tipo prensada - D = 32,0 mm","un",157.77459999999999]
["M0470","Luva em aço para emenda com rosca cônica - D = 12,5 mm","un",16.6067]
["M0471","Luva em aço para emenda com rosca cônica - D = 16,0 mm","un",30.067699999999999]
["M0472","Luva em aço para emenda com rosca cônica - D = 20,0 mm","un",39.448900000000002]
["M0481","Luva em aço para emenda com rosca cônica - D = 25,0 mm","un",54.730899999999998]
["M0502","Luva em aço para emenda com rosca cônica - D = 32,0 mm","un",78.330500000000001]
["M0505","Broca de widia - D = 6,5 mm e C = 100 mm","un",4.1016000000000004]
["M0506","Broca de widia - D = 8 mm e C = 120 mm","un",7.7691999999999997]
["M0511","Abrasivo tipo granalha de aço","kg",11.7294]
["M0512","Bico venturi longo - D = 7,9 mm (5/16\")","un",533.07060000000001]
["M0521","Laminado elastoplástico - E = 1,5 mm","m²",204.29310000000001]
["M0532","Escora tubular galvanizada regulável telescópica para tunnel liner - L = 2,42 a 4,00 m e capacidade de 1.750 a 625 kg","kg",19.4633]
["M0533","Escora tubular galvanizada regulável - L = 3,00 a 4,50 m e capacidade de 2.100 a 750 kg","un",184.68690000000001]
["M0534","Escora tubular galvanizada regulável - L = 2,00 a 3,10 m e capacidade de 3.200 a 1.500 kg","un",133.10339999999999]
["M0536","Quadro tubular contraventado com acessórios - C = 1,00 m, L = 1,00 m e H = 1,25 m","un",494.3605]
["M0537","Sapata ajustável para andaime - base quadrada de 15 x 15 cm","un",89.279700000000005]
["M0538","Escada metálica tipo marinheiro para andaime","m",132.3194]
["M0539","Quadro tubular contraventado para andaime - H = 100 cm e L = 100 cm","un",176.61060000000001]
["M0540","Quadro tubular contraventado para andaime - H = 100 cm e L = 150 cm","un",243.24719999999999]
["M0541","Quadro tubular contraventado para andaime - H = 100 cm e L = 200 cm","un",257.22609999999997]
["M0542","Diagonal tubular para andaime - C = 141 cm","un",70.653999999999996]
["M0543","Diagonal tubular para andaime - C = 212 cm","un",79.082899999999995]
["M0544","Diagonal tubular para andaime - C = 283 cm","un",85.747]
["M0545","Plataforma metálica de piso para andaime - C = 100 e L = 33 cm","un",208.809]
["M0546","Plataforma metálica de piso para andaime - C = 150 e L = 37 cm","un",227.9289]
["M0547","Plataforma metálica de piso para andaime - C = 200 e L = 33 cm","un",280.63189999999997]
["M0548","Quadro tubular tipo guarda-corpo para andaime - H = 120 cm e L = 100 cm","un",200.7756]
["M0549","Quadro tubular tipo guarda-corpo com acessórios para andaime - H = 120 cm e L = 150 cm","un",248.6875]
["M0550","Quadro tubular tipo guarda-corpo com acessórios para andaime - H = 120 cm e L = 200 cm","un",350.84780000000001]
["M0560","Desmoldante para fôrmas de madeira","l",12.8911]
["M0562","Abraçadeira giratória em aço galvanizado para escada multidirecional - D = 48 mm","un",62.853299999999997]
["M0563","Tubo em aço galvanizado para escada multidirecional - C = 100 cm","un",91.758600000000001]
["M0564","Peça base em aço galvanizado para escada multidirecional - C = 33 cm","un",130.80789999999999]
["M0565","Poste vertical em aço galvanizado para escada multidirecional - C = 100 cm","un",250.31319999999999]
["M0566","Poste vertical em aço galvanizado para escada multidirecional - C = 200 cm","un",397.90370000000001]
["M0567","Travessa em aço galvanizado para escada multidirecional - C = 75 cm","un",161.6097]
["M0568","Travessa em aço galvanizado para escada multidirecional - C = 150 cm","un",302.88440000000003]
["M0569","Travessa em aço galvanizado para escada multidirecional - C = 250 cm","un",391.71170000000001]
["M0570","Diagonal em aço galvanizado para escada multidirecional - C = 150 cm para módulos de H = 200 cm","un",287.274]
["M0571","Diagonal em aço galvanizado para escada multidirecional - C = 250 cm para módulos de H = 200 cm","un",318.45909999999998]
["M0572","Piso em aço galvanizado para escada multidirecional - L = 32 cm e C = 150 cm","un",576.07979999999998]
["M0573","Escada de alumínio para escada multidirecional - H = 200 cm e C = 250 cm","un",5550.9049999999997]
["M0574","Corrimão externo em alumínio para escada multidirecional - C = 250 cm","un",918.53729999999996]
["M0575","Corrimão interno em alumínio para escada multidirecional - C = 250 cm","un",1387.722]
["M0576","Conexão tubular em aço galvanizado com semiabraçadeira para travessas - C = 30 cm e D = 48,3 mm","un",298.66860000000003]
["M0601","Ponteiro para martelete - D = 32 mm e C = 1,00 m","un",759.59190000000001]
["M0602","Ponteiro para rompedor hidráulico de 1.700 kg","un",7230.9471999999996]
["M0603","Ponteiro para rompedor hidráulico de 520 kg","un",5893.6926999999996]
["M0614","Concreto usinado - fctM,k = 4,5 MPa (comercial)","m³","-"]
["M0615","Aditivo incorporador de ar para concreto e argamassa","kg",8.1692]
["M0639","Bico para corte a plasma CNC - 130A","un",145.34899999999999]
["M0640","Bocal para corte a plasma CNC - 130A","un",109.41719999999999]
["M0641","Capa do bico para corte a plasma CNC - 130A","un",1428]
["M0642","Capa do bocal para corte a plasma CNC - 130A","un",708.351]
["M0643","Distribuidor de gás para corte a plasma CNC - 130A","un",207.43]
["M0644","Eletrodo para corte a plasma CNC - 130A","un",114.2208]
["M0645","Tubo de água para corte a plasma CNC - 130A","un",196.62]
["M0646","Estaca pré-moldada de concreto protendido com compressão admissível de 100 t","m",234.11580000000001]
["M0647","Estaca pré-moldada de concreto protendido com compressão admissível de 25 t","m",82.903800000000004]
["M0648","Estaca pré-moldada de concreto protendido com compressão admissível de 35 t","m",106.3563]
["M0649","Estaca pré-moldada de concreto protendido com compressão admissível de 60 t","m",125.2135]
["M0650","Estaca pré-moldada de concreto protendido com compressão admissível de 75 t","m",172.45650000000001]
["M0666","Martelo de fundo DTH - DN = 76 mm (3\")","un",8653.7034999999996]
["M0667","Martelo de fundo DTH - DN = 127 mm (5\")","un",12389.127699999999]
["M0668","Martelo de fundo DTH - DN = 152 mm (6\")","un",18564.058499999999]
["M0669","Martelo de fundo DTH - DN = 203 mm (8\")","un",30965.989600000001]
["M0673","Estaca pré-moldada de concreto armado centrifugado com compressão admissível de 55 t","m",174.23349999999999]
["M0677","Estaca pré-moldada de concreto armado centrifugado com compressão admissível de 80 t","m",247.08330000000001]
["M0682","Aço em perfis ASTM A36","kg",9.8773999999999997]
["M0686","Estaca pré-moldada de concreto armado centrifugado com compressão admissível de 100 t","m",272.97030000000001]
["M0713","Cinta com cerdas de aço","un",350]
["M0714","Tinta de acabamento poliuretano acrílico alifático brilhante bicomponente","l",124.97]
["M0715","Tinta selante epóxi vinílico bicomponente curada com poliamida","l",138]
["M0716","Tinta anti-incrustante livre de estanho","l",202.71]
["M0717","Tinta à base de resina epóxi bicomponente para fundo preparador de pintura","l",263.13670000000002]
["M0718","Tinta esmalte à base de resina epóxi bicomponente","l",62.771999999999998]
["M0719","Diluente epóxi","l",39.283099999999997]
["M0721","Tinta anticorrosiva zarcão para fundo preparador de pintura","l",57.777299999999997]
["M0722","Estaca pré-moldada de concreto armado centrifugado com compressão admissível de 125 t","m",339.84359999999998]
["M0729","Fixador de cal para pintura","l",5.5370999999999997]
["M0734","Estaca pré-moldada de concreto armado centrifugado com compressão admissível de 170 t","m",499.42739999999998]
["M0741","Grama tipo batatais","m²",4.2857000000000003]
["M0745","Grampo em aço galvanizado para cerca - C = 25,4 mm e E = 3,76 mm (1\" x 9 BWG)","kg",11.866099999999999]
["M0755","Estaca pré-moldada de concreto armado centrifugado com compressão admissível de 230 t","m",602.55909999999994]
["M0756","Estaca pré-moldada de concreto armado centrifugado com compressão admissível de 300 t","m",776.5163]
["M0767","Sinalizador a LED com bateria","un",218.26580000000001]
["M0769","Lona plástica - E = 200 micra","m²",1.5819000000000001]
["M0771","Cavalete em polietileno zebrado com faixa refletiva","un",355]
["M0773","Perfil de alumínio tipo L463 para placa de sinalização - seção de 50 x 50 mm","m",52.225200000000001]
["M0783","Massa asfáltica comercial - capa de rolamento","t","-"]
["M0784","Massa asfáltica comercial - binder","t","-"]
["M0786","Placa de poliestireno expandido (EPS)","m³",318]
["M0787","Suporte em aço-carbono galvanizado tipo perfil C para placa de sinalização","kg",28.930199999999999]
["M0789","Conjunto para fixação de placas em aço galvanizado composto por barra chata, abraçadeira, parafusos, porcas e arruelas","kg",30.051200000000001]
["M0796","Semipórtico metálico para vão de 8,3 m e vento de 35 m/s","un",59049.2212]
["M0798","Apoio de neoprene fretado","dm³",98.288399999999996]
["M0804","Cabo de aço - D = 12,70 mm (1/2\")","m",32.354500000000002]
["M0805","Semipórtico duplo metálico para vão de 2 x 8,3 m e vento de 35 m/s","un",98958.041500000007]
["M0808","Brita 4","m³",189.8321]
["M0809","Cabo de aço - D = 6,35 mm (1/4\")","m",12.434900000000001]
["M0810","Cabo de aço - D = 52,00 mm (2\")","m",845.18579999999997]
["M0812","Sapatilha em aço inox - D = 6,35 mm (1/4\")","un",3.7343000000000002]
["M0818","Semipórtico metálico para vão de 8,3 m e vento de 40 m/s","un",65551.111499999999]
["M0824","Semipórtico duplo metálico para vão de 2 x 8,3 m e vento de 40 m/s","un",109794.45450000001]
["M0831","Pórtico metálico para vão de 15,9 m e vento de 40 m/s","un",110730.20389999999]
["M0848","Semipórtico metálico para vão de 8,3 m e vento de 45 m/s","un",71963.190199999997]
["M0849","Corda de sisal - D = 12,0 mm","m",2.4514]
["M0851","Grampo leve em aço-carbono para cabo de aço - D = 6,3 mm (1/4\")","un",1.2217]
["M0852","Poste de concreto - carga nominal de 800 daN, H = 15 m e D = 520 mm","un",6230.8229000000001]
["M0858","Semipórtico duplo metálico para vão de 2 x 8,3 m e vento de 45 m/s","un",120630.86749999999]
["M0865","Pórtico metálico para vão de 15,9 m e vento de 45 m/s","un",121535.1217]
["M0868","Lâmpada fluorescente compacta eletrônica - potência de 20 W","un",9.6709999999999994]
["M0875","Manta asfáltica não-tecido em poliéster - E = 3 mm","m²",46.9]
["M0876","Manta asfáltica não-tecido em poliéster - E = 4 mm","m²",58.149700000000003]
["M0879","Lixa para ferro Nº 150","un",3.2808000000000002]
["M0942","Estaca prancha metálica","kg",15.8752]
["M0945","Parafuso de cabeça sextavada em aço galvanizado com porca e arruela de pressão - D = 6,35 mm (1/4\")","cj",0.52059999999999995]
["M0946","Aço em perfis ASTM A572 grau 50","kg",12.914899999999999]
["M0947","Parafuso de cabeça sextavada em aço galvanizado com porca e arruela de pressão - D = 9,525 mm (3/8\")","cj",2.0379999999999998]
["M0948","Arruela lisa em aço ASTM F436 para parafuso - D = 12,7 mm","un",1.3344]
["M0949","Arruela lisa em aço ASTM F436 para parafuso - D = 16,0 mm","un",1.6195999999999999]
["M0950","Arruela lisa em aço ASTM F436 para parafuso - D = 20,0 mm","un",2.1004]
["M0951","Parafuso de cabeça sextavada em aço ASTM A325 de alta resistência com rosca parcial - D = 12,7 mm e C = 38,10 mm","un",3.2330999999999999]
["M0952","Parafuso de cabeça sextavada em aço ASTM A325 de alta resistência com rosca parcial - D = 12,7 mm e C = 44,45 mm","un",3.4329000000000001]
["M0953","Parafuso de cabeça sextavada em aço ASTM A325 de alta resistência com rosca parcial - D = 12,7 mm e C = 50,80 mm","un",3.8105000000000002]
["M0954","Parafuso de cabeça sextavada em aço ASTM A325 de alta resistência com rosca parcial - D = 12,7 mm e C = 57,15 mm","un",4.0128000000000004]
["M0955","Parafuso de cabeça sextavada em aço ASTM A325 de alta resistência com rosca parcial - D = 16 mm e C = 44,45 mm","un",5.9077000000000002]
["M0956","Parafuso de cabeça sextavada em aço ASTM A325 de alta resistência com rosca parcial - D = 16 mm e C = 50,80 mm","un",6.3484999999999996]
["M0957","Parafuso de cabeça sextavada em aço ASTM A325 de alta resistência com rosca parcial - D = 16 mm e C = 63,50 mm","un",8.2066999999999997]
["M0958","Parafuso de cabeça sextavada em aço ASTM A325 de alta resistência com rosca parcial - D = 20 mm e C = 50,80 mm","un",8.9754000000000005]
["M0959","Parafuso de cabeça sextavada em aço ASTM A325 de alta resistência com rosca parcial - D = 20 mm e C = 57,15 mm","un",10.2454]
["M0960","Parafuso de cabeça sextavada em aço ASTM A325 de alta resistência com rosca parcial - D = 20 mm e C = 63,50 mm","un",12.124499999999999]
["M0961","Parafuso de cabeça sextavada em aço ASTM A325 de alta resistência com rosca parcial - D = 20 mm e C = 76,20 mm","un",12.483000000000001]
["M0962","Tubo em aço galvanizado - E = 2,00 mm e D = 50,80 mm (2\")","m",26.461200000000002]
["M0963","Tubo em aço galvanizado - E = 3,00 mm e seção de 80 x 80 mm","m",67.496300000000005]
["M0964","Aço em perfis ASTM A572 grau 50 perfurado","kg",13.350300000000001]
["M0965","Pino conector de cisalhamento para laje steel deck - D = 19 mm e C = 80 mm","un",7.8612000000000002]
["M0966","Porca sextavada pesada em aço ASTM A194 grau 2H para parafuso - D = 12,7 mm","un",1.43]
["M0967","Porca sextavada pesada em aço ASTM A194 grau 2H para parafuso - D = 16 mm","un",3.1964999999999999]
["M0968","Porca sextavada pesada em aço ASTM A194 grau 2H para parafuso - D = 20 mm","un",4.9837999999999996]
["M0969","Steel deck em aço galvanizado ASTM A653 grau 40","m²",211.15260000000001]
["M0970","Chapa de aço ASTM A572 grau 50 cortada e perfurada","kg",18.837800000000001]
["M0971","Suporte em aço-carbono para corrimão de guarda-corpo metálico","un",23.663]
["M0972","Fluido de resfriamento para usinagem de metais","l",21.601400000000002]
["M0998","Madeira estrutural de eucalipto","m³",2133.6]
["M0999","Tela em aço CA 60 soldada nervurada","kg",9.5914999999999999]
["M1000","Tela em aço galvanizado para alambrado - E = 1,64 mm (BWG 16) e malha de 50 mm","m²",21.757899999999999]
["M1001","Tela em aço galvanizado para passarelas rodoviárias - E = 2,75 mm e malha de 50 mm","m²",64.149100000000004]
["M1010","Manta de PVC reforçada com tela de poliéster - E = 1,2 mm","m²",127.1336]
["M1011","Manta de PVC reforçada com tela de poliéster - E = 1,5 mm","m²",174.68440000000001]
["M1022","Massa para vidro","kg",3.8879999999999999]
["M1066","Cera de proteção para ancoragem de estais","kg",29.738900000000001]
["M1078","Parafuso de cabeça sextavada em aço inox - D = 12,7 mm (1/2\") e C = 127,0 mm (5\")","un",5.0457999999999998]
["M1079","Parafuso de cabeça sextavada em aço galvanizado tipo autoatarrachante com arruela de vedação - D = 6,3 mm e C = 19 mm","un",0.44850000000000001]
["M1097","Pedra de mão ou rachão","m³",187.1943]
["M1103","Pedrisco","m³",206.71270000000001]
["M1118","Cruzeta de madeira para poste - H = 240 cm","un",172.95]
["M1129","Junta de dilatação em perfil extrudado de borracha vulcanizada","m","-"]
["M1130","Selante elástico à base de poliuretano","kg",107.2594]
["M1131","Cordão de polietileno expandido de baixa densidade - D = 15,0 mm","m",0.7026]
["M1132","Junta de dilatação em elastômero e perfil VV - L = 20 mm e H = 40 mm","m",162.02500000000001]
["M1134","Junta de dilatação em elastômero e perfil VV - L = 25 mm e H = 50 mm","m",192.8]
["M1135","Pó de pedra","m³",184.85419999999999]
["M1136","Cordão de polietileno expandido de baixa densidade - D = 10,0 mm","m",0.2213]
["M1142","Junta de dilatação em elastômero e perfil VV - L = 35 mm e H = 60 mm","m",268.8]
["M1150","Adesivo estrutural à base de resina epóxi bicomponente tipo ADE-52 ou similar","kg",128.977]
["M1151","Junta de dilatação em elastômero e perfil VV - L = 40 mm e H = 70 mm","m",384.47500000000002]
["M1152","Junta de dilatação em elastômero e perfil VV - L = 50 mm e H = 80 mm","m",393.75]
["M1176","Arame liso em aço galvanizado - D = 1,65 mm (16 BWG)","kg",17.5001]
["M1205","Prego de ferro","kg",19]
["M1210","Pórtico metálico para vão de 15,9 m e vento de 35 m/s","un",99925.286099999998]
["M1218","Projetor externo em alumínio fundido para lâmpada de até 2.000 W","un",546.8297]
["M1242","Coroa diamantada - D = 15,87 mm (5/8\")","un",317.42110000000002]
["M1243","Coroa diamantada - D = 19,50 mm (3/4\")","un",323.91250000000002]
["M1244","Coroa diamantada - D = 25,40 mm (1\")","un",384.81790000000001]
["M1245","Barra em aço SAE 1010/1020 roscada - D = 9,5 mm (3/8\")","m",9.6146999999999991]
["M1300","Roller bit - Tooth cutter - série 8 - D = 700 mm","un",208880.21369999999]
["M1301","Roller bit - Tooth cutter - série 8 - D = 800 mm","un",224566.27299999999]
["M1302","Roller bit - Tooth cutter - série 8 - D = 900 mm","un",240331.83470000001]
["M1303","Roller bit - Tooth cutter - série 8 - D = 1.000 mm","un",268014.21419999999]
["M1304","Roller bit - Tooth cutter - série 8 - D = 1.100 mm","un",296643.64529999997]
["M1305","Roller bit - Tooth cutter - série 8 - D = 1.200 mm","un",301614.45630000002]
["M1306","Roller bit - Tooth cutter - série 8 - D = 1.300 mm","un",387756.63870000001]
["M1307","Roller bit - Tooth cutter - série 13 - D = 1.400 mm","un",394094.39610000001]
["M1308","Roller bit - Tooth cutter - série 13 - D = 1.500 mm","un",442061.72440000001]
["M1309","Roller bit - Tooth cutter - série 13 - D = 1.600 mm","un",484606.20110000001]
["M1310","Roller bit - Tooth cutter - série 13 - D = 1.700 mm","un",498109.3419]
["M1311","Roller bit - Tooth cutter - série 13 - D = 1.800 mm","un",539363.63780000003]
["M1312","Roller bit - Tooth cutter - cantilever - D = 600 mm","un",178079.6514]
["M1313","Roller bit - TCI button cutter - cantilever - D = 600 mm","un",182742.0797]
["M1314","Roller bit - TCI button cutter - série 8 - D = 700 mm","un",196769.26800000001]
["M1315","Roller bit - TCI button cutter - série 8 - D = 800 mm","un",210790.9896]
["M1316","Roller bit - TCI button cutter - série 8 - D = 900 mm","un",224847.84460000001]
["M1317","Roller bit - TCI button cutter - série 8 - D = 1.000 mm","un",249219.47219999999]
["M1318","Roller bit - TCI button cutter - série 8 - D = 1.100 mm","un",274522.00099999999]
["M1319","Roller bit - TCI button cutter - série 8 - D = 1.200 mm","un",279415.9081]
["M1320","Roller bit - TCI button cutter - série 8 - D = 1.300 mm","un",299714.5159]
["M1321","Roller bit - TCI button cutter - série 13 - D = 1.400 mm","un",305944.6078]
["M1322","Roller bit - TCI button cutter - série 13 - D = 1.500 mm","un",326715.39809999999]
["M1323","Roller bit - TCI button cutter - série 13 - D = 1.600 mm","un",374549.0515]
["M1324","Roller bit - TCI button cutter - série 13 - D = 1.700 mm","un",387833.01549999998]
["M1325","Roller bit - TCI button cutter - série 13 - D = 1.800 mm","un",418224.2598]
["M1328","Ripa de madeira - E = 4,0 cm e L = 1,5 cm","m",1.2295]
["M1337","Série de brocas integrais S11","un",765.77859999999998]
["M1341","Parafuso de cabeça sextavada em aço galvanizado - D = 15,875 mm (5/8\") e C = 101,600 mm (4\")","un",4.7544000000000004]
["M1350","Muda de árvore ornamental com altura de 2,00 a 3,00 m","un",93.574299999999994]
["M1351","Muda de árvore ornamental com altura de 1,00 a 2,00 m","un",81.317899999999995]
["M1356","Muda de árvore ornamental com altura até 1,00 m","un",30.825500000000002]
["M1358","Sarrafo em madeira de terceira - E = 2,5 cm e L = 5 cm","m",2.4662999999999999]
["M1359","Muda de árvore frutífera com altura de 2,00 a 3,00 m","un",199.1438]
["M1360","Muda de árvore frutífera com altura de 1,00 a 2,00 m","un",83.669399999999996]
["M1361","Muda de árvore frutífera com altura até 1,00 m","un",38.905500000000004]
["M1362","Tapete de floríferas com altura até 0,50 m","m²",62.621200000000002]
["M1364","Herbicida glifosato para aplicação localizada","l",26.626000000000001]
["M1366","Desengraxante líquido biodegradável","l",29.060099999999998]
["M1367","Chapa fina em aço galvanizado","kg",11.9366]
["M1368","Pingadeira de elastômero com aba inclinada - L = 40 mm e H = 40 mm","m",167.70920000000001]
["M1369","Selador acrílico para pintura","l",9.4855]
["M1370","Aditivo látex de polímero SBR para concreto e argamassa","l",10.057399999999999]
["M1376","Chapa fina em aço ASTM A36","kg",10.7643]
["M1377","Treliça nervurada eletrossoldada em aço CA 60","kg",10.8301]
["M1378","Chapa grossa em aço ASTM A36","kg",10.1531]
["M1379","Argamassa polimérica monocomponente para reparos estruturais","kg",7.0862999999999996]
["M1382","Areia grossa lavada","m³",145.62289999999999]
["M1383","Areia fina lavada","m³",169.46510000000001]
["M1384","Tubo em aço-carbono com funil cônico tremonha para lançamento de concreto","kg",26.100300000000001]
["M1385","Disco de corte diamantado para concreto e asfalto - D = 350 mm","un",477.85250000000002]
["M1387","Adesivo estrutural à base de resina epóxi de média viscosidade","kg",63.255400000000002]
["M1388","Cordoalha tipo CP 177 RB para estais - D = 15,7 mm","kg",25.117100000000001]
["M1390","Adesivo estrutural à base de resina epóxi de baixa viscosidade","kg",178.28729999999999]
["M1391","Ponteiro para martelete - D = 22 mm e C = 1,00 m","un",421.58730000000003]
["M1397","Eletrodo revestido E60XX","kg",34.916600000000003]
["M1398","Vareta em aço-carbono para solda oxiacetileno AWS A 5.2 R45","kg",35.536000000000001]
["M1399","Broca de widia - D = 14 mm e C = 150 mm","un",29.352]
["M1400","Adesivo estrutural à base de resina epóxi de alta viscosidade","kg",60.753100000000003]
["M1401","Bico de adesão para injeção de adesivo estrutural à base de resina epóxi","un",8.17]
["M1402","Bico de perfuração para injeção de adesivo estrutural à base de resina epóxi","un",5.4865000000000004]
["M1404","Aplicador manual de adesivo estrutural","un",2942.848]
["M1405","Disco diamantado para desbaste - D = 180 mm","un",482.26459999999997]
["M1406","Broca de aço rápido - D = 12,5 mm e C = 151 mm","un",38.4619]
["M1408","Grelha metálica para canaletas - C = 1,00 m e L = 0,30 m","un",406.91680000000002]
["M1409","Porta-grelha metálica - C = 1,00 m e L = 0,30 m","m",103.6112]
["M1429","Tábua de pinho de terceira - E = 2,5 cm","m²",49.325299999999999]
["M1432","Tampão de ferro fundido articulado para águas pluviais - DN 600 classe 400","un",619.66319999999996]
["M1433","Grelha metálica para canaletas - C = 0,50 m e L = 0,50 m","un",299.04610000000002]
["M1434","Porta-grelha metálica - C = 0,50 m e L = 0,50 m","m",168.03200000000001]
["M1446","Geogrelha bidirecional em polipropileno extrudado - resistência à tração de 30 kN/m, deformação inferior a 5% e malha de 36 x 34 mm","m²",32.2378]
["M1447","Geogrelha unidirecional em poliéster - resistência à tração longitudinal de 50 kN/m","m²",21.653400000000001]
["M1448","Geogrelha unidirecional em poliéster - resistência à tração longitudinal de 90 kN/m","m²",27.5411]
["M1449","Geogrelha unidirecional em poliéster - resistência à tração longitudinal de 100 kN/m","m²",28.473800000000001]
["M1450","Geogrelha unidirecional em poliéster - resistência à tração longitudinal de 150 kN/m","m²",30.4297]
["M1451","Geogrelha unidirecional em poliéster - resistência à tração longitudinal de 200 kN/m","m²",39.757599999999996]
["M1452","Geogrelha unidirecional em poliéster - resistência à tração longitudinal de 300 kN/m","m²",58.383299999999998]
["M1453","Geogrelha unidirecional em poliéster - resistência à tração longitudinal de 400 kN/m","m²",76.998999999999995]
["M1454","Geocélula em PEAD - H = 75 mm e célula de 289 cm²","m²",41.243400000000001]
["M1455","Geocélula em PEAD - H = 100 mm e célula de 289 cm²","m²",51.768000000000001]
["M1456","Geocélula em PEAD - H = 150 mm e célula de 289 cm²","m²",62.192399999999999]
["M1457","Geocélula em PEAD - H = 200 mm e célula de 289 cm²","m²",73.746899999999997]
["M1458","Geocélula em PEAD - H = 75 mm e célula de 460 cm²","m²",33.978900000000003]
["M1459","Geocélula em PEAD - H = 100 mm e célula de 460 cm²","m²",42.384399999999999]
["M1460","Geocélula em PEAD - H = 150 mm e célula de 460 cm²","m²",50.598399999999998]
["M1461","Geocélula em PEAD - H = 200 mm e célula de 460 cm²","m²",59.621600000000001]
["M1462","Geocélula em PEAD - H = 75 mm e célula de 1.206 cm²","m²",30.4818]
["M1463","Geocélula em PEAD - H = 100 mm e célula de 1.206 cm²","m²",39.7849]
["M1464","Geocélula em PEAD - H = 150 mm e célula de 1.206 cm²","m²",47.313899999999997]
["M1465","Geocélula em PEAD - H = 200 mm e célula de 1.206 cm²","m²",55.438800000000001]
["M1472","Tubo de PVC rosqueável para água fria - D = 75 mm (3\")","m",60.759799999999998]
["M1481","Coroa diamantada - D = 31,80 mm (1 1/4\")","un",456.87029999999999]
["M1496","Coroa diamantada - D = 38,10 mm (1 1/2\")","un",462.19369999999998]
["M1498","Coroa diamantada - D = 44,50 mm (1 3/4\")","un",495.37259999999998]
["M1518","Coroa diamantada - D = 50,80 mm (2\")","un",514.22919999999999]
["M1519","Coroa diamantada - D = 63,50 mm (2 1/2\")","un",569.23720000000003]
["M1520","Coroa diamantada - D = 76,20 mm (3\")","un",800.51660000000004]
["M1526","Coroa diamantada - D = 101,60 mm (4\")","un",1095.3937000000001]
["M1527","Broca de widia - D = 10 mm e C = 150 mm","un",10.811199999999999]
["M1528","Broca de widia - D = 13 mm e C = 150 mm","un",20.129200000000001]
["M1546","Telha trapezoidal em aço zincado - E = 0,43 mm","m²",51.503999999999998]
["M1553","Geotêxtil não-tecido agulhado em poliéster - resistência à tração longitudinal de 31 kN/m","m²",16.1282]
["M1556","Terra vegetal produzida","m³","-"]
["M1575","Tinta látex à base de resina acrílica","l",14.027699999999999]
["M1577","Tinta plástica à base de resina metacrílica aplicada a frio por dispersão ou extrusão","kg",32.663200000000003]
["M1585","Massa termoplástica aplicada por extrusão","kg",13.3725]
["M1591","Suporte polimérico ecológico maciço colapsível para placa de sinalização - D = 6,4 cm","m",200.93549999999999]
["M1600","Trilho TR25 em aço-carbono usado","kg",5.4497999999999998]
["M1602","Trilho TR37 em aço-carbono usado","kg",5.4497999999999998]
["M1603","Trilho TR45 em aço-carbono usado","kg",5.4497999999999998]
["M1605","Trilho TR57 em aço-carbono usado","kg",5.4497]
["M1606","Trilho TR68 em aço-carbono usado","kg",5.45]
["M1614","Tubo em aço galvanizado com rosca BSP classe leve - D = 50 mm (2\")","m",68.897499999999994]
["M1616","Tubo em aço galvanizado com rosca BSP classe leve - D = 20 mm (3/4\")","m",12.004200000000001]
["M1617","Tubo em aço galvanizado com rosca BSP classe leve - D = 80 mm (3\")","m",138.30940000000001]
["M1618","Tubo em aço galvanizado com rosca BSP classe leve - D = 100 mm (4\")","m",152.40119999999999]
["M1624","Suporte polimérico ecológico maciço colapsível para placa de sinalização - seção de 8 x 8 cm","m",273.41609999999997]
["M1636","Suporte polimérico ecológico maciço colapsível para placa de sinalização - seção de 7 x 15 cm","m",588.17639999999994]
["M1638","Mourão de madeira - H = 2,10 m e D = 0,10 m","un",21.296099999999999]
["M1639","Mourão de madeira - H = 2,20 m e D = 0,15 m","un",50.317100000000003]
["M1640","Nonel iniciador - C = 300,0 m","un",310.0557]
["M1642","Coroa de botões esféricos - D = 130 mm (5 1/8\")","un",3025.6767]
["M1643","Coroa de botões esféricos - D = 194 mm (7 5/8\")","un",6984.6994999999997]
["M1644","Coroa de botões esféricos - D = 251 mm (9 7/8\")","un",8387.4277000000002]
["M1645","Coroa de botões esféricos - D = 305 mm (12\")","un",12475.295]
["M1646","Coroa de botões esféricos - D = 355 mm (14\")","un",7525.9495999999999]
["M1648","Dente de corte para trado ou caçamba de perfuração","un",30.302299999999999]
["M1649","Coroa de botões esféricos linha ST68 - D = 102 mm (4\")","un",2630.4569000000001]
["M1650","Coroa de botões esféricos para tirante autoinjetável - D = 87 mm (3 7/16\")","un",649.79729999999995]
["M1651","Tricone para tirante autoinjetável - D = 120 mm","un",312.28530000000001]
["M1653","Coroa piloto de botões esféricos para sistema autoperfurante - D = 76,2 mm (3\")","un",1217.2728999999999]
["M1655","Tubo de PVC ponta e bolsa para esgoto - D = 50 mm (2\")","m",7.7748999999999997]
["M1656","Tubo de PVC ponta e bolsa para esgoto - D = 75 mm (3\")","m",12.3674]
["M1657","Tubo PEAD corrugado perfurado para drenagem - D = 170 mm","m",31.749600000000001]
["M1658","Tubo PEAD corrugado perfurado para drenagem - D = 230 mm","m",45.386800000000001]
["M1662","Suporte em madeira de eucalipto tratado - seção de 8 x 8 cm","m",13.654999999999999]
["M1665","Tubo de PVC rosqueável para água fria - D = 40 mm (1 1/2\")","m",21.370799999999999]
["M1673","Tubo de PVC rosqueável para água fria - D = 100 mm (4\")","m",78.049700000000001]
["M1675","Tubo de PVC rosqueável para água fria - D = 150 mm (6\")","m",76.372799999999998]
["M1702","Duto flexível de ventilação em PVC - D = 1,20 m","m",130.5068]
["M1719","Broca integral série H19 - D = 24 mm e C = 0,4 m","un",507.00220000000002]
["M1720","Geotêxtil não-tecido agulhado em poliéster - resistência à tração longitudinal de 10 kN/m","m²",5.9778000000000002]
["M1728","Punho linha R25 para martelete perfurador e rompedor - D = 25 mm (1\")","un",770]
["M1729","Haste linha R25 para martelete perfurador e rompedor - D = 25 mm (1\") e C = 1,00 m","un",1353]
["M1730","Luva de acoplamento linha R25 para martelete perfurador e rompedor - D = 25 mm (1\")","un",271.30340000000001]
["M1731","Haste de perfuração simples para jet grouting - D = 88,9 mm (3 1/2\") e C = 3,00 m","un",1971.5719999999999]
["M1732","Luva em aço galvanizado com rosca BSP classe leve - D = 50 mm (2\")","un",15.830299999999999]
["M1733","Manta drenante em malha de polietileno e geotêxtil de polipropileno em uma das faces","m²",49.560899999999997]
["M1735","Punho linha ST68 para perfuração - D = 80 mm (3 5/32\")","un",7238.2847000000002]
["M1736","Adesivo à base de resina poliéster bicomponente para ancoragem","kg",52.691299999999998]
["M1737","Tubo em aço-carbono para ar comprimido - D = 150 mm (6\")","m",223.6061]
["M1739","Haste linha T45 para perfuratriz sobre esteiras - D = 45,0 mm (1 3/4\") e C = 3,60 m","un",4227.3787000000002]
["M1740","Punho linha T45 para perfuratriz sobre esteiras - D = 45 mm (1 3/4\")","un",2609.3703999999998]
["M1741","Luva em aço linha T45 para perfuratriz sobre esteiras - D = 45,0 mm (1 3/4\")","un",524.32039999999995]
["M1742","Coroa de botões esféricos linha T45 - D = 89 mm (3 1/2\")","un",1444.4866999999999]
["M1747","Tubo em aço-carbono para sistema autoperfurante - D = 76,2 mm","m",149.59880000000001]
["M1748","Tubo em aço-carbono iniciador para sistema autoperfurante com anel da coroa piloto - D = 76,2 mm (3\") e C = 3 m","un",1081.3822]
["M1749","Haste linha ST68 para perfuração - D = 87,0 mm (3 7/16\") e C = 1,83 m","un",9656.3431999999993]
["M1750","Hidromonitor com bico de injeção para jet grouting - D = 88,9 mm (3 1/2\")","un",10583.5173]
["M1751","Válvula manchete - D = 73 mm","un",5.9189999999999996]
["M1752","Borracha para obturador mecânico","un",390]
["M1753","Disco de corte diamantado segmentado para concreto - D = 110 mm","un",37.765700000000002]
["M1754","Conjunto de lâminas de corte para trituradora de galhos e troncos","un",4941.4750999999997]
["M1755","Pó calcário dolomítico","kg",0.21079999999999999]
["M1756","Material formador de camada protetora para hidrossemeadura","kg",2.4632999999999998]
["M1765","Tubo em aço-carbono schedule 40 - D = 65 mm (2 1/2\")","m",109.7835]
["M1773","Ancoragem regulável para estais de 19 cordoalhas - D = 15,7 mm","un",27634.508900000001]
["M1774","Ancoragem regulável para estais de 31 cordoalhas - D = 15,7 mm","un",44738.457000000002]
["M1775","Ancoragem regulável para estais de 37 cordoalhas - D = 15,7 mm","un",53137.836900000002]
["M1776","Ancoragem regulável para estais de 55 cordoalhas - D = 15,7 mm","un",77857.675000000003]
["M1777","Ancoragem regulável para estais de 61 cordoalhas - D = 15,7 mm","un",85878.415200000003]
["M1778","Ancoragem regulável para estais de 73 cordoalhas - D = 15,7 mm","un",102227.2509]
["M1779","Ancoragem regulável para estais de 91 cordoalhas - D = 15,7 mm","un",126926.4918]
["M1780","Ancoragem fixa para estais de 19 cordoalhas - D = 15,7 mm","un",17118.027699999999]
["M1781","Ancoragem fixa para estais de 31 cordoalhas - D = 15,7 mm","un",27762.733800000002]
["M1782","Ancoragem fixa para estais de 37 cordoalhas - D = 15,7 mm","un",33006.17]
["M1783","Ancoragem fixa para estais de 55 cordoalhas - D = 15,7 mm","un",48580.529900000001]
["M1784","Ancoragem fixa para estais de 61 cordoalhas - D = 15,7 mm","un",53847.355600000003]
["M1785","Ancoragem fixa para estais de 73 cordoalhas - D = 15,7 mm","un",68367.756099999999]
["M1786","Ancoragem fixa para estais de 91 cordoalhas - D = 15,7 mm","un",88091.943499999994]
["M1787","Estaca de tutoramento - D = 5 cm e H = 2 m","un",9.1798000000000002]
["M1789","Ancoragem ativa para 31 cordoalhas - D = 15,2 mm","un",5943.8401999999996]
["M1790","Gás liquefeito de petróleo (GLP)","kg",8.0769000000000002]
["M1795","Gás oxigênio","m³",20]
["M1796","Gás acetileno","kg",99.721500000000006]
["M1797","Fita de espuma EPDM para vedação com adesivo em uma face - E = 4 mm e L = 40 mm","m",3.0539000000000001]
["M1800","Manta asfáltica não-tecido em poliéster - antirraíz - E = 3 mm","m²",48.7697]
["M1811","Longarina de madeira de primeira - L = 16 cm e E = 6 cm","m",38.590499999999999]
["M1812","Estronca de madeira - D = 20 cm","m",24.75]
["M1814","Tela metálica galvanizada dobrada em L - C = 2,0 m, L = 0,5 m e H = 0,5 m","un",498.4948]
["M1819","Cartucho de cimento - D = 25 mm e C = 320 mm","un",3.3492999999999999]
["M1820","Cartucho de resina poliéster - D = 38 mm e C = 500 mm","un",15.333600000000001]
["M1844","Ancoragem ativa para 8 cordoalhas - D = 15,2 mm","un",853.14170000000001]
["M1845","Ancoragem passiva aderente para 10 cordoalhas - D = 15,2 mm","un",146.37719999999999]
["M1868","Tinta em pó à base de resina epóxi","kg",120.9285]
["M1869","Coroa de botões esféricos - D = 120 mm (4 3/4\")","un",2136.8879999999999]
["M1870","Cunha metálica para cordoalha - D = 12,7 mm","un",18.1889]
["M1874","Martelo de fundo DTH - DN = 102 mm (4\")","un",9951.2687000000005]
["M1875","Haste de perfuração com rosca API 2 3/8\" - D = 73 mm (2 7/8\")","m",954.72400000000005]
["M1876","Válvula manchete - D = 32 mm","un",2.4769999999999999]
["M1877","Válvula manchete - D = 40 mm","un",4.0205000000000002]
["M1879","Tubo PEAD PE 80 PN 6 - D = 40 mm","m",10.726100000000001]
["M1880","Tubo PEAD PE 80 PN 16 - D = 20 mm","m",4.1688000000000001]
["M1894","Cabo de aço - D = 16,00 mm (5/8\")","m",37.9]
["M1895","Coroa de botões esféricos linha R25 - D = 48 mm (1 7/8\")","un",400.44380000000001]
["M1898","Pasta lubrificante para tubo PEAD","kg",41.95]
["M1899","Tela metálica de dupla torção em liga de zinco e alumínio com cabos de aço longitudinais - resistência longitudinal à tração de 121 kN/m - inclusive grampos e clipes de junção","m²",166.69]
["M1907","Tubo PEAD PE 80 PN 8 - D = 32 mm","m",4.9977999999999998]
["M1909","Tubo PEAD PE 80 PN 8 - D = 40 mm","m",8.1300000000000008]
["M1911","Tubo PEAD PE 80 PN 8 - D = 50 mm","m",12.4168]
["M1912","Tubo PEAD PE 80 PN 8 - D = 63 mm","m",18.5701]
["M1913","Tubo PEAD PE 80 PN 8 - D = 75 mm","m",24.400700000000001]
["M1919","Tubo PEAD PE 80 PN 8 - D = 110 mm","m",78.888499999999993]
["M1920","Duto flexível de poliéster aluminizado sem isolamento para exaustão - D = 263 mm","m",36]
["M1922","Tubo de PVC espaguete - D = 14 mm","m",1.5539000000000001]
["M1923","Duto flexível de poliéster aluminizado sem isolamento para ventilação forçada - D = 161 mm","m",14.9]
["M1924","Tirante de barra de aço - tensão de escoamento = 500 MPa, tensão de ruptura = 750 MPa e D = 25 mm","kg",14.325200000000001]
["M1926","Espaçador plástico tipo disco separador para tirante com 6 cordoalhas - D = 12,7 mm","un",1.1891]
["M1927","Espaçador plástico tipo disco separador para tirante com 8 cordoalhas - D = 12,7 mm","un",1.1891]
["M1928","Espaçador plástico tipo disco separador para tirante com 10 cordoalhas - D = 12,7 mm","un",1.1891]
["M1931","Espaçador plástico tipo disco separador para tirante com 12 cordoalhas - D = 12,7 mm","un",1.1891]
["M1935","Espaçador plástico tipo centralizador carambola para tirante de barra de aço - D = 32,0 mm","un",8.1365999999999996]
["M1936","Espaçador plástico tipo centralizador carambola para tirante de barra de aço - D = 30,0 mm","un",8.1310000000000002]
["M1937","Espaçador plástico tipo centralizador carambola para tirante de barra de aço - D = 40,0 mm","un",8.1591000000000005]
["M1941","Óleo tipo A1","l",5.4275000000000002]
["M1942","Espaçador plástico tipo centralizador carambola para tirante de barra de aço - D = 47,0 mm","un",9.8458000000000006]
["M1943","Cimento asfáltico de petróleo - CAP 50/70","t","-"]
["M1944","Cimento asfáltico de petróleo - CAP 150/200","t","-"]
["M1945","Cimento asfáltico de petróleo - CAP 85/100","t","-"]
["M1946","Emulsão asfáltica - RR-1C","t","-"]
["M1947","Emulsão asfáltica - RM-1C","t","-"]
["M1948","Espaçador plástico tipo centralizador carambola para tirante de barra de aço - D = 50,0 mm","un",9.8545999999999996]
["M1949","Emulsão asfáltica - RL-1C","t","-"]
["M1950","Emulsão asfáltica com polímero - RC-1C-E","t","-"]
["M1952","Cimento asfáltico de petróleo com polímero - CAP 150/200-E","t","-"]
["M1953","Aditivo asfáltico de reciclagem para misturas a quente","t",9139.7857999999997]
["M1954","Cimento Portland CP II - 32 - a granel","kg",0.75780000000000003]
["M1955","Cimento asfáltico de petróleo com polímero - CAP 55/75-E","t","-"]
["M1956","Emulsão asfáltica com polímero - RR-2C-E","t","-"]
["M1958","Emulsão asfáltica com polímero - RM-1C-E","t","-"]
["M1959","Espaçador plástico tipo centralizador carambola para tirante de barra de aço - D = 53,0 mm","un",12.089600000000001]
["M1960","Espaçador plástico tipo centralizador carambola para tirante de barra de aço - D = 57,0 mm","un",21.406500000000001]
["M1961","Espaçador plástico tipo centralizador carambola para tirante de barra de aço - D = 63,0 mm","un",23.778500000000001]
["M1962","Espaçador plástico tipo centralizador carambola para tirante de barra de aço - D = 69,0 mm","un",23.7898]
["M1965","Cantoneira em ferro de abas iguais - L = 63,5 mm e E = 9,53 mm","kg",10.372400000000001]
["M1966","Defensa metálica maleável simples","un",3082.9169000000002]
["M1967","Defensa metálica maleável dupla","un",3821.6912000000002]
["M1968","Defensa metálica semimaleável simples","un",2023.1384]
["M1969","Defensa metálica semimaleável dupla","un",2817.9621000000002]
["M1970","Dente de corte para fresadora de 155 kW","un",38.0593]
["M1971","Módulo de transição de defensa metálica tipo dupla onda com lâmina adicional para barreira rígida","un",6839.7524000000003]
["M1974","Dente de corte para fresadora de 455 kW","un",40.195700000000002]
["M1976","Terminal aéreo de defensa metálica (tipo A)","un",369.98939999999999]
["M1977","Terminal de ancoragem de defensa metálica em barreira rígida (tipo D)","un",369.98939999999999]
["M1979","Luva em aço para emenda de tirantes - D = 38 mm e C = 115 mm","un",72.948599999999999]
["M1980","Luva em aço para emenda de tirantes - D = 48 mm e C = 120 mm","un",75.1631]
["M1981","Luva em aço para emenda de tirantes - D = 60 mm e C = 160 mm","un",106.0886]
["M1982","Luva em aço para emenda de tirantes - D = 50 mm e C = 130 mm","un",82.834500000000006]
["M1983","Luva em aço para emenda de tirantes - D = 63 mm e C = 180 mm","un",133.953]
["M1984","Luva em aço para emenda de tirantes - D = 73 mm e C = 180 mm","un",160.47710000000001]
["M1985","Luva em aço para emenda de tirantes - D = 73 mm e C = 200 mm","un",165.6086]
["M1986","Luva em aço para emenda de tirantes - D = 82 mm e C = 200 mm","un",195.0951]
["M1987","Luva em aço para emenda de tirantes - D = 89 mm e C = 210 mm","un",216.91399999999999]
["M1988","Luva em aço para emenda de tirantes - D = 97 mm e C = 210 mm","un",290.1651]
["M1990","Placa de ancoragem para tirante de barra de aço - E = 16,0 mm e seção de 160 x 160 mm","un",104.0545]
["M1991","Placa de ancoragem para tirante de barra de aço - E = 16,0 mm e seção de 200 x 200 mm","un",162.58709999999999]
["M1994","Placa de ancoragem para tirante de barra de aço - E = 22,0 mm e seção de 200 x 200 mm","un",227.4752]
["M1996","Amortecedor retrátil tipo TAU II paralelo PCB ou similar para velocidade de projeto de 100 km/h","un",164602.40839999999]
["M1997","Amortecedor retrátil tipo TAU II combinado PCB ou similar para velocidade de projeto de 100 km/h e âncora traseira de 900 mm","un",190459.23670000001]
["M1998","Amortecedor retrátil tipo TAU II combinado PCB ou similar para velocidade de projeto de 100 km/h e âncora traseira de 1.060 mm","un",229830.0551]
["M1999","Amortecedor retrátil tipo TAU II combinado PCB ou similar para velocidade de projeto de 100 km/h e âncora traseira de 1.220 mm","un",243212.35380000001]
["M2000","Amortecedor retrátil tipo TAU II combinado PCB ou similar para velocidade de projeto de 100 km/h e âncora traseira de 1.370 mm","un",261487.65349999999]
["M2001","Dispositivo de ancoragem de fixação elástica Pandrol","un",15.7066]
["M2002","Amortecedor retrátil tipo TAU II combinado PCB ou similar para velocidade de projeto de 100 km/h e âncora traseira de 1.520 mm","un",275003.95980000001]
["M2003","Amortecedor retrátil tipo TAU II afunilado PCB ou similar para velocidade de projeto de 100 km/h e âncora traseira de 1.680 mm","un",255278.9222]
["M2004","Amortecedor retrátil tipo TAU II afunilado PCB ou similar para velocidade de projeto de 100 km/h e âncora traseira de 1.830 mm","un",260976.11799999999]
["M2005","Placa de ancoragem para tirante de barra de aço - E = 32,0 mm e seção de 250 x 250 mm","un",603.64639999999997]
["M2006","Placa de ancoragem para tirante de barra de aço - E = 38,0 mm e seção de 250 x 250 mm","un",608.70010000000002]
["M2007","Placa de ancoragem para tirante de barra de aço - E = 51,0 mm e seção de 300 x 300 mm","un",1170.2835]
["M2008","Placa de ancoragem para tirante de barra de aço - E = 64,0 mm e seção de 350 x 350 mm","un",1991.1174000000001]
["M2009","Placa de ancoragem para tirante com 6 cordoalhas de D = 12,7 mm","un",225.2938]
["M2010","Placa de ancoragem para tirante com 8 cordoalhas de D = 12,7 mm","un",296.25639999999999]
["M2011","Placa de ancoragem para tirante com 10 cordoalhas de D = 12,7 mm","un",362.47660000000002]
["M2012","Placa de ancoragem para tirante com 12 cordoalhas de D = 12,7 mm","un",458.44589999999999]
["M2014","Mourão de madeira - H = 2,20 m e D = 0,10 m","un",22.4161]
["M2016","Amortecedor retrátil tipo TAU II afunilado PCB ou similar para velocidade de projeto de 100 km/h e âncora traseira de 1.980 mm","un",269606.2464]
["M2017","Porca em aço para ancoragem de tirantes - D = 38 mm e E = 55 mm","un",38.808700000000002]
["M2018","Gastalho - L = 10 cm e E = 2 cm","m",3.9460000000000002]
["M2019","Porca em aço para ancoragem de tirantes - D = 38 mm e E = 60 mm","un",46.74]
["M2020","Porca em aço para ancoragem de tirantes - D = 48 mm e E = 65 mm","un",48.311700000000002]
["M2021","Amortecedor retrátil tipo TAU II afunilado PCB ou similar para velocidade de projeto de 100 km/h e âncora traseira de 2.130 mm","un",275798.91720000003]
["M2024","Cordel detonante NP 10","m",2.16]
["M2025","Retardo de cordel","un",36.909999999999997]
["M2026","Estopim","m",3.2378]
["M2027","Tinta à base de resina acrílica estirenada para demarcação viária","l",42.563400000000001]
["M2028","Coroa de botões cônicos - TCI tricone - D = 75 mm (2 15/16\")","un",1128.345]
["M2029","Porca em aço para ancoragem de tirantes - D = 60 mm e E = 65 mm","un",70.686800000000005]
["M2030","Porca em aço para ancoragem de tirantes - D = 73 mm e E = 80 mm","un",120.9689]
["M2031","Porca em aço para ancoragem de tirantes - D = 73 mm e E = 100 mm","un",137.70079999999999]
["M2032","Porca em aço para ancoragem de tirantes - D = 82 mm e E = 100 mm","un",151.83070000000001]
["M2033","Porca em aço para ancoragem de tirantes - D = 89 mm e E = 100 mm","un",191.09649999999999]
["M2034","Solvente para tinta à base de resina acrílica","l",17.760999999999999]
["M2035","Porca em aço para ancoragem de tirantes - D = 97 mm e E = 100 mm","un",219.15860000000001]
["M2036","Tinta à base de resina acrílica emulsionada em água para demarcação viária","l",22.979600000000001]
["M2037","Microesferas refletivas de vidro tipo I-B","kg",10.0275]
["M2038","Microesferas refletivas de vidro tipo II-A","kg",11.032999999999999]
["M2040","Massa termoplástica para aspersão","kg",12.4549]
["M2041","Adesivo à base de resina poliéster","kg",35.501800000000003]
["M2042","Emulsão explosiva encartuchada","kg",15.6593]
["M2044","Tinta à base de resina acrílica emulsionada em água para pré-marcação viária","l",22.979600000000001]
["M2045","Microesferas refletivas de vidro tipo II-C","kg",9.6257000000000001]
["M2046","Coroa de botões cônicos - TCI tricone - D = 121 mm (4 3/4\")","un",1546.9223999999999]
["M2047","Tirante autoinjetável de aço - tensão de escoamento = 440 MPa, tensão de ruptura = 580 MPa, seção de 684 mm² e D = 40 mm","m",161.49520000000001]
["M2048","Tirante autoinjetável de aço - tensão de escoamento = 470 MPa, tensão de ruptura = 600 MPa, seção de 822 mm² e D = 40 mm","m",191.20650000000001]
["M2049","Tirante autoinjetável de aço - tensão de escoamento = 700 MPa, tensão de ruptura = 830 MPa, seção de 936 mm² e D = 40 mm","m",240.9256]
["M2050","Geotêxtil não-tecido agulhado em poliéster - resistência à tração longitudinal de 9 kN/m","m²",5.5766]
["M2051","Geotêxtil não-tecido agulhado em poliéster - resistência à tração longitudinal de 14 kN/m","m²",7.4522000000000004]
["M2052","Tirante autoinjetável de aço - tensão de escoamento = 630 MPa, tensão de ruptura = 740 MPa, seção de 1.330 mm² e D = 50 mm","m",318.8818]
["M2053","Tirante autoinjetável de aço - tensão de escoamento = 630 MPa, tensão de ruptura = 740 MPa, seção de 1.569 mm² e D = 50 mm","m",371.15879999999999]
["M2054","Tirante de barra de aço - tensão de escoamento = 600 MPa, tensão de ruptura = 720 MPa e D = 30 mm","m",115.4192]
["M2055","Tirante de barra de aço - tensão de escoamento = 600 MPa, tensão de ruptura = 720 MPa e D = 40 mm","m",195.35849999999999]
["M2056","Tirante de barra de aço - tensão de escoamento = 680 MPa, tensão de ruptura = 870 MPa e D = 44 mm","m",254.73509999999999]
["M2057","Tirante de barra de aço - tensão de escoamento = 600 MPa, tensão de ruptura = 720 MPa e D = 50 mm","m",307.12259999999998]
["M2058","Tirante de barra de aço - tensão de escoamento = 600 MPa, tensão de ruptura = 720 MPa e D = 53 mm","m",347.00569999999999]
["M2059","Tirante de barra de aço - tensão de escoamento = 600 MPa, tensão de ruptura = 720 MPa e D = 57 mm","m",390.572]
["M2060","Amortecedor retrátil tipo TAU II afunilado PCB ou similar para velocidade de projeto de 100 km/h e âncora traseira de 2.290 mm","un",284469.52889999998]
["M2061","Amortecedor retrátil tipo TAU II afunilado PCB ou similar para velocidade de projeto de 100 km/h e âncora traseira de 2.440 mm","un",297898.53450000001]
["M2062","Coroa de botões esféricos linha T38 - D = 64 mm (2 1/2\")","un",722.18610000000001]
["M2063","Tirante de barra de aço - tensão de escoamento = 600 MPa, tensão de ruptura = 720 MPa e D = 63 mm","m",486.44439999999997]
["M2064","Termoplástico pré-formado - E = 2,00 mm","m²",335.69279999999998]
["M2065","Haste linha T38 para perfuratriz sobre esteiras - D = 38,0 mm (1 1/2\") e C = 3,05 m","un",2089.4796999999999]
["M2066","Luva em aço linha T38 para perfuratriz sobre esteiras - D = 38,0 mm (1 1/2\")","un",354.7217]
["M2067","Punho linha T38 para perfuratriz sobre esteiras - D = 38 mm (1 1/2\")","un",1000.7729]
["M2069","Tirante de barra de aço - tensão de escoamento = 600 MPa, tensão de ruptura = 720 MPa e D = 69 mm","m",591.72990000000004]
["M2070","Haste linha R/T38 - R32 para jumbo hidráulico - D = 38 mm (1 1/2\") e C = 4,50 m","un",4058.5934000000002]
["M2071","Coroa de botões esféricos linha R32 - D = 51 mm (2\")","un",579.12540000000001]
["M2072","Luva de acoplamento linha T38 para jumbo hidráulico - D = 38,0 mm (1 1/2\")","un",247.26910000000001]
["M2073","Punho linha T38 para jumbo hidráulico - D = 38 mm (1 1/2\")","un",1439.0949000000001]
["M2074","Cartucho de absorção de energia para amortecedor retrátil - tipo A","un",5631.5370999999996]
["M2075","Cartucho de absorção de energia para amortecedor retrátil - tipo B","un",5511.5783000000001]
["M2079","Fio de poliamida Nº 40 - E = 0,40 mm","m",9.1800000000000007E-2]
["M2087","Placa de ancoragem para tirante de barra de aço - E = 25,4 mm e seção de 225 x 225 mm","un",331.24680000000001]
["M2088","Placa de ancoragem para tirante de barra de aço - E = 20,0 mm e seção de 200 x 200 mm","un",196.0121]
["M2089","Porca sextavada em aço para ancoragem de tirantes - D = 50 mm e E = 85 mm","un",98.908799999999999]
["M2090","Porca em aço para ancoragem de tirantes - D = 73 mm e E = 60 mm","un",88.647199999999998]
["M2091","Porca sextavada em aço para ancoragem de tirantes - D = 50 mm e E = 50 mm","un",67.788399999999996]
["M2092","Emulsão asfáltica para imprimação","t","-"]
["M2093","Material fresado","m³","-"]
["M2094","Porca em aço para ancoragem de tirantes - D = 49 mm e E = 60 mm","un",57.834000000000003]
["M2095","Porca em aço para ancoragem de tirantes - D = 61 mm e E = 70 mm","un",85.559100000000001]
["M2096","Porca em aço para ancoragem de tirantes - D = 73 mm e E = 110 mm","un",131.8184]
["M2097","Emulsão asfáltica - RR-2C","t","-"]
["M2100","Placa de ancoragem para tirante de barra de aço - E = 16,0 mm e seção de 140 x 140 mm","un",91.122399999999999]
["M2101","Porca sextavada em aço para ancoragem de tirantes - D = 50 mm e E = 41 mm","un",48.637099999999997]
["M2102","Adesivo à base de PVA","kg",12.5878]
["M2103","Tirante de barra de aço - tensão de escoamento = 686 MPa, tensão de ruptura = 789 MPa e D = 19 mm","kg",13.6699]
["M2104","Tirante de barra de aço - tensão de escoamento = 686 MPa, tensão de ruptura = 789 MPa e D = 22 mm","kg",13.787000000000001]
["M2105","Tirante de barra de aço - tensão de escoamento = 686 MPa, tensão de ruptura = 789 MPa e D = 25 mm","kg",14.022500000000001]
["M2106","Tirante de barra de aço - tensão de escoamento = 686 MPa, tensão de ruptura = 789 MPa e D = 32 mm","kg",14.0572]
["M2107","Tirante de barra de aço - tensão de escoamento = 686 MPa, tensão de ruptura = 789 MPa e D = 36 mm","kg",14.3063]
["M2110","Mandíbula móvel para britador - abertura de alimentação com L = 930 mm","un",25156.370200000001]
["M2111","Mandíbula fixa para britador - abertura de alimentação com L = 930 mm","un",33146.159299999999]
["M2112","Manta do britador cônico HP200 ou similar","un",21693.571499999998]
["M2113","Revestimento do bojo interno do britador cônico HP200 ou similar","un",25356.961599999999]
["M2114","Cunha lateral superior para britador","un",2516.4290999999998]
["M2115","Cunha lateral inferior para britador","un",1961.5875000000001]
["M2117","Meio tubo de concreto simples - D = 0,40 m","m",48.480400000000003]
["M2118","Calha metálica semicircular corrugada e galvanizada, incluindo fixações - D = 400 mm","m",600.72]
["M2119","Mourão de madeira - H = 2,80 m e D = 0,15 m","un",64.039900000000003]
["M2128","Tinta esmalte sintético acetinado","l",35.443300000000001]
["M2130","Eletrodo revestido E70XX","kg",35.426299999999998]
["M2135","Nonel de coluna (túnel) - C = 4,8 m","un",26.962700000000002]
["M2137","Tubo de PVC soldável para água fria - D = 50 mm (2\")","m",12.306800000000001]
["M2138","Nonel de coluna - C = 12,0 m","un",22.608799999999999]
["M2140","Coroa de diamante linha AWG","un",978.18389999999999]
["M2141","Nonel de iniciação para fogacho - C = 6,0 m","un",16.335699999999999]
["M2142","Nonel de coluna - C = 4,8 m","un",22.3139]
["M2143","Nonel de ligação - C = 6,0 m","un",19.773199999999999]
["M2144","Nonel de coluna - C = 6,0 m","un",16.912500000000001]
["M2145","Série de brocas integrais S12","un",974.44359999999995]
["M2146","Nonel iniciador - C = 150,0 m","un",237.39959999999999]
["M2147","Dente de corte para recicladora","un",54.1875]
["M2148","Porta-dente de corte para fresadora e recicladora a frio","un",493.61829999999998]
["M2150","Selante elástico à base de poliuretano e asfalto","kg",51.476199999999999]
["M2152","Aditivo de cura para concreto","kg",15.740500000000001]
["M2153","Coroa de diamante linha HWG","un",1871.6514999999999]
["M2156","Coroa de diamante linha NWG","un",1578.4549]
["M2158","Argamassa asfáltica","kg",28.147200000000002]
["M2160","Tubo PEAD corrugado perfurado para drenagem - D = 100 mm","m",21.363099999999999]
["M2162","Coroa de widia linha AWG","un",449.80360000000002]
["M2163","Tubo de concreto armado PA1 - D = 0,40 m","m",144.3844]
["M2164","Tubo de concreto armado PA2 - D = 0,40 m","m",152.46360000000001]
["M2165","Tubo de concreto armado PA3 - D = 0,40 m","m",156.84880000000001]
["M2166","Tubo de concreto armado PA4 - D = 0,40 m","m",208.21719999999999]
["M2167","Tubo de concreto armado PA1 - D = 0,60 m","m",228]
["M2168","Tubo de concreto armado PA2 - D = 0,60 m","m",267.86]
["M2169","Tubo de concreto armado PA3 - D = 0,60 m","m",272.93880000000001]
["M2170","Tubo de concreto armado PA4 - D = 0,60 m","m",340.86]
["M2171","Tubo de concreto armado PA1 - D = 0,80 m","m",381.6]
["M2172","Tubo de concreto armado PA2 - D = 0,80 m","m",388.40559999999999]
["M2173","Tubo de concreto armado PA3 - D = 0,80 m","m",451.3716]
["M2174","Tubo de concreto armado PA4 - D = 0,80 m","m",485.42720000000003]
["M2175","Tubo de concreto armado PA1 - D = 1,00 m","m",444.62220000000002]
["M2176","Tubo de concreto armado PA2 - D = 1,00 m","m",527.4932]
["M2177","Tubo de concreto armado PA3 - D = 1,00 m","m",594.0616]
["M2178","Tubo de concreto armado PA4 - D = 1,00 m","m",651.66200000000003]
["M2179","Tubo de concreto armado PA1 - D = 1,20 m","m",677.23599999999999]
["M2180","Tubo de concreto armado PA2 - D = 1,20 m","m",759.6884]
["M2181","Tubo de concreto armado PA3 - D = 1,20 m","m",878.28129999999999]
["M2182","Tubo de concreto armado PA4 - D = 1,20 m","m",968.42280000000005]
["M2183","Tubo de concreto armado PA1 - D = 1,50 m","m",1239.2483999999999]
["M2184","Tubo de concreto armado PA2 - D = 1,50 m","m",1308.2944]
["M2185","Tubo de concreto armado PA3 - D = 1,50 m","m",1393.6956]
["M2186","Tubo de concreto armado PA4 - D = 1,50 m","m",1417.9129]
["M2187","Tubo de concreto armado PA1 - D = 0,50 m","m",195.46379999999999]
["M2188","Tubo de concreto armado PA2 - D = 0,50 m","m",199.57599999999999]
["M2189","Tubo de concreto armado PA3 - D = 0,50 m","m",205.6636]
["M2190","Tubo de concreto armado PA4 - D = 0,50 m","m",302.29759999999999]
["M2192","Coroa de widia linha HWG","un",804.69970000000001]
["M2193","Coroa de widia linha NWG","un",732.55669999999998]
["M2197","Haste de paredes paralelas com niple linha NW","m",739.72860000000003]
["M2198","Trilho UIC60 em aço-carbono - C = 12 m","t",16593.316200000001]
["M2200","Trilho TR45 em aço-carbono - C = 12 m","t",16645.936699999998]
["M2202","Trilho TR57 em aço-carbono - C = 12 m","t",16645.936699999998]
["M2204","Trilho TR68 em aço-carbono - C = 12 m","t",16645.936699999998]
["M2206","Lubrificador de trilhos e de flanges de rodas","un",92556.652799999996]
["M2207","Tirefão - D = 24 mm e C = 188 mm","un",20.044499999999999]
["M2208","Tirefão - D = 22 mm e C = 155 mm","un",10.999000000000001]
["M2209","Retensor para via férrea de TR45","un",50.417099999999998]
["M2210","Retensor para via férrea de TR57","un",52.221600000000002]
["M2211","Retensor para via férrea de TR68","un",54.681199999999997]
["M2213","Placa de apoio em aço laminado para UIC60 com fixação rígida","un",166.0735]
["M2214","Grampo elástico Pandrol para fixação elástica","un",14.348000000000001]
["M2215","Placa de apoio em aço laminado para TR45 com fixação elástica","un",83.228300000000004]
["M2216","Placa de apoio em aço laminado para TR57 com fixação elástica","un",123.9027]
["M2217","Placa de apoio em aço laminado para TR68 com fixação elástica","un",135.04150000000001]
["M2218","Placa de apoio em aço laminado para TR45 com fixação rígida","un",72.194999999999993]
["M2219","Placa de apoio em aço laminado para TR57 com fixação rígida","un",150.32079999999999]
["M2220","Placa de apoio em aço laminado para TR68 com fixação rígida","un",164.00710000000001]
["M2221","Retensor para via férrea de UIC60","un",56.979100000000003]
["M2222","Placa de apoio em aço laminado para UIC60 com fixação elástica","un",134.45429999999999]
["M2225","Tala de junção TJ 45 não isolada com 6 furos","par",688.06489999999997]
["M2227","Tala de junção TJ 57 não isolada com 6 furos","par",838.80029999999999]
["M2229","Tala de junção TJ 68 não isolada com 6 furos","par",996.90329999999994]
["M2233","Parafuso de cabeça abaulada em aço inox com porca e arruela de pressão para tala de junção - D = 25,4 mm","un",45.529000000000003]
["M2234","Tala de junção TJ 60 não isolada com 6 furos","par",921.01089999999999]
["M2236","AMV tipo TR45, abertura 1:8, bitola métrica","un",282125.85080000001]
["M2237","AMV tipo TR45, abertura 1:10, bitola métrica","un",309265.94559999998]
["M2238","AMV tipo TR45, abertura 1:12, bitola métrica","un",339120.33110000001]
["M2239","AMV tipo TR45, abertura 1:14, bitola métrica","un",371959.83319999999]
["M2240","AMV tipo TR57, abertura 1:8, bitola métrica","un",354429.25199999998]
["M2241","AMV tipo TR57, abertura 1:10, bitola métrica","un",388799.68650000001]
["M2242","AMV tipo TR57, abertura 1:12, bitola métrica","un",426607.28490000003]
["M2243","AMV tipo TR57, abertura 1:14, bitola métrica","un",468195.60350000003]
["M2244","AMV tipo TR57, abertura 1:20, bitola métrica","un",565051.95539999998]
["M2245","AMV tipo TR68, abertura 1:10, bitola métrica","un",461774.72869999998]
["M2246","AMV tipo TR68, abertura 1:12, bitola métrica","un",512242.02360000001]
["M2247","AMV tipo TR68, abertura 1:14, bitola métrica","un",561857.49049999996]
["M2248","AMV tipo UIC60, abertura 1:10, bitola métrica","un",408724.71039999998]
["M2249","AMV tipo TR68, abertura 1:20, bitola métrica","un",671011.75780000002]
["M2250","AMV tipo TR45, abertura 1:8, bitola larga","un",322775.71960000001]
["M2251","AMV tipo TR45, abertura 1:10, bitola larga","un",353980.82150000002]
["M2252","AMV tipo TR45, abertura 1:12, bitola larga","un",388306.65409999999]
["M2253","AMV tipo TR45, abertura 1:14, bitola larga","un",426064.82900000003]
["M2254","AMV tipo TR57, abertura 1:8, bitola larga","un",405949.34259999997]
["M2255","AMV tipo TR57, abertura 1:10, bitola larga","un",445502.84759999998]
["M2256","AMV tipo TR57, abertura 1:12, bitola larga","un",488980.72200000001]
["M2257","AMV tipo TR57, abertura 1:14, bitola larga","un",542168.33479999995]
["M2258","AMV tipo TR57, abertura 1:20, bitola larga","un",647384.77130000002]
["M2259","AMV tipo TR68, abertura 1:10, bitola larga","un",534798.56330000004]
["M2260","AMV tipo TR68, abertura 1:12, bitola larga","un",586669.84479999996]
["M2261","AMV tipo TR68, abertura 1:14, bitola larga","un",643728.21360000002]
["M2262","AMV tipo UIC60, abertura 1:10, bitola larga","un",468399.92849999998]
["M2263","AMV tipo TR68, abertura 1:20, bitola larga","un",785342.78090000001]
["M2264","AMV tipo TR45, abertura 1:8, bitola mista","un",385071.4045]
["M2265","AMV tipo TR45, abertura 1:10, bitola mista","un",422506.11479999998]
["M2266","AMV tipo TR45, abertura 1:12, bitola mista","un",463684.37579999998]
["M2267","AMV tipo TR45, abertura 1:14, bitola mista","un",514342.33439999999]
["M2268","AMV tipo TR57, abertura 1:8, bitola mista","un",485073.42849999998]
["M2269","AMV tipo TR57, abertura 1:10, bitola mista","un",537870.27289999998]
["M2270","AMV tipo TR57, abertura 1:12, bitola mista","un",590048.74430000002]
["M2271","AMV tipo TR57, abertura 1:14, bitola mista","un",647445.04399999999]
["M2272","AMV tipo TR57, abertura 1:20, bitola mista","un",789802.97710000002]
["M2273","AMV tipo TR68, abertura 1:10, bitola mista","un",638574.27549999999]
["M2274","AMV tipo TR68, abertura 1:12, bitola mista","un",700823.14809999999]
["M2275","AMV tipo TR68, abertura 1:14, bitola mista","un",785382.96290000004]
["M2276","Revestimento com conector linha AW","m",335.40699999999998]
["M2277","AMV tipo TR68, abertura 1:20, bitola mista","un",936025.09340000001]
["M2281","Dormente de madeira bitola larga - C = 280 cm, L = 24 cm e H = 17 cm","un",415.77879999999999]
["M2282","Dormente de madeira bitola métrica - C = 200 cm, L = 22 cm e H = 16 cm","un",256.22219999999999]
["M2284","Revestimento com conector linha HW","m",668.64139999999998]
["M2285","Revestimento com conector linha NW","m",556.11350000000004]
["M2292","AMV tipo UIC60, abertura 1:12, bitola métrica","un",448524.73100000003]
["M2293","AMV tipo UIC60, abertura 1:14, bitola métrica","un",492304.77370000002]
["M2294","AMV tipo UIC60, abertura 1:20, bitola métrica","un",593982.9595]
["M2298","AMV tipo UIC60, abertura 1:10, bitola mista","un",565350.10560000001]
["M2299","AMV tipo UIC60, abertura 1:12, bitola mista","un",620276.62109999999]
["M2300","AMV tipo UIC60, abertura 1:14, bitola mista","un",680695.60730000003]
["M2301","AMV tipo UIC60, abertura 1:20, bitola mista","un",829703.65359999996]
["M2303","Sapata de widia linha NW","un",628.88149999999996]
["M2304","Broca de arraste com três asas linha NW","un",1913.5882999999999]
["M2308","Dormente de madeira para pontes - C = 300 cm, L = 25 cm e H = 20 cm","un",545.928]
["M2313","AMV tipo UIC60, abertura 1:12, bitola larga","un",519529.42239999998]
["M2314","AMV tipo UIC60, abertura 1:14, bitola larga","un",569873.78940000001]
["M2316","AMV tipo UIC60, abertura 1:20, bitola larga","un",680631.3162]
["M2317","Tubo de revestimento em aço-carbono schedule 40 para estaca raiz - ponteira schedule 80, D = 141,3 mm, peso 24 kg/m","m",485.68049999999999]
["M2318","Tubo de revestimento em aço-carbono schedule 40 para estaca raiz - ponteira schedule 80, D = 168,3 mm, peso 31 kg/m","m",799.32039999999995]
["M2319","Tubo de revestimento em aço-carbono schedule 40 para estaca raiz - ponteira schedule 80, D = 219,1 mm, peso 47 kg/m","m",1220.6095]
["M2320","Tubo de revestimento em aço-carbono schedule 40 para estaca raiz - ponteira schedule 80, D = 273,0 mm, peso 67 kg/m","m",1632.1333999999999]
["M2321","Tubo de revestimento em aço-carbono schedule 40 para estaca raiz - ponteira schedule 80, D = 323,8 mm, peso 90 kg/m","m",2136.3283000000001]
["M2322","Tubo de revestimento em aço-carbono schedule 40 para estaca raiz - ponteira schedule 80, D = 406,0 mm, peso 143 kg/m","m",2932.5718000000002]
["M2325","Anel de compensação angular para tirantes de D = 30 mm","un",53.610999999999997]
["M2326","Anel de compensação angular para tirantes de D = 32 mm","un",77.825699999999998]
["M2327","Anel de compensação angular para tirantes de D = 40 mm","un",80.158299999999997]
["M2328","Anel de compensação angular para tirantes de D = 44 mm","un",91.698599999999999]
["M2329","Anel de compensação angular para tirantes de D = 50 mm","un",100.8018]
["M2330","Anel de compensação angular para tirantes de D = 53 mm","un",110.00749999999999]
["M2331","Anel de compensação angular para tirantes de D = 57 mm","un",120.7285]
["M2332","Anel de compensação angular para tirantes de D = 63 mm","un",133.4076]
["M2333","Anel de compensação angular para tirantes de D = 69 mm","un",151.15559999999999]
["M2334","Coroa de widia linha BWG","un",600.00810000000001]
["M2352","Conjunto para solda aluminotérmica de TR45 - porção, fôrmas, acendedor, pasta de vedação e cadinho descartável","un",1288.9148]
["M2353","Conjunto para solda aluminotérmica de TR57 - porção, fôrmas, acendedor, pasta de vedação e cadinho descartável","un",1289.0084999999999]
["M2354","Conjunto para solda aluminotérmica de TR68 - porção, fôrmas, acendedor, pasta de vedação e cadinho descartável","un",1367.1310000000001]
["M2355","Conjunto para solda aluminotérmica de UIC60 - porção, fôrmas, acendedor, pasta de vedação e cadinho descartável","un",1304.106]
["M2356","Brita padrão para lastro ferroviário","m³",192.4265]
["M2358","Palmilha de borracha para dormente de concreto","un",13.825100000000001]
["M2364","Broca para furar trilho - D = 29 mm (1 1/8\")","un",1015.8185999999999]
["M2365","Disco de corte abrasivo para máquina para serrar trilho - D = 350 mm","un",23.772400000000001]
["M2370","Dormentes de madeira para AMV","m³",3639.5196999999998]
["M2379","Coroa de diamante linha BWG","un",1234.5917999999999]
["M2383","Revestimento com conector linha BW","m",436.23700000000002]
["M2386","Corda de poliamida - D = 12,0 mm e capacidade de carga de 2.200 kg","m",4.5144000000000002]
["M2388","Broca de widia - D = 16 mm e C = 150 mm","un",40.454099999999997]
["M2389","Broca de widia - D = 19 mm e C = 160 mm","un",74.386600000000001]
["M2419","Parafuso de cabeça abaulada em aço inox com porca e arruela - D = 6 mm (M6) e C = 30 mm","un",1.0992]
["M2420","Parafuso de cabeça abaulada em aço inox com porca e arruela - D = 8 mm (M8) e C = 50 mm","un",2.3711000000000002]
["M2421","Mangueira cristal trançada de PVC com pressão de trabalho de 1,50 MPa (250 psi) - D = 9,5 mm (3/8\")","m",3.8058999999999998]
["M2423","Fôrma plástica para nicho de protensão de cordoalha - D = 15,2 mm","un",2.129]
["M2424","Fôrma plástica para nicho de protensão de cordoalha - D = 12,7 mm","un",1.1044]
["M2425","Cordoalha engraxada tipo CP 190 RB - D = 15,2 mm","kg",13.4619]
["M2426","Cordoalha engraxada tipo CP 190 RB - D = 12,7 mm","kg",13.4619]
["M2427","Bainha metálica para protensão - D = 35 mm","m",15.8314]
["M2428","Bainha metálica para protensão - D = 30 mm","m",14.837400000000001]
["M2429","Ancoragem passiva aderente para 8 cordoalhas - D = 15,2 mm","un",107.654]
["M2430","Ancoragem passiva aderente para 31 cordoalhas - D = 15,2 mm","un",653.2346]
["M2431","Ancoragem ativa para cordoalha engraxada - D = 12,7 mm","un",71.430400000000006]
["M2432","Ancoragem ativa para cordoalha engraxada - D = 15,2 mm","un",103.4991]
["M2433","Ancoragem passiva aderente para 10 cordoalhas - D = 12,7 mm","un",136.01400000000001]
["M2434","Ancoragem passiva aderente para 12 cordoalhas - D = 12,7 mm","un",158.762]
["M2435","Ancoragem passiva aderente para 12 cordoalhas - D = 15,2 mm","un",169.12520000000001]
["M2436","Ancoragem passiva aderente para 15 cordoalhas - D = 12,7 mm","un",219.32419999999999]
["M2437","Ancoragem passiva aderente para 15 cordoalhas - D = 15,2 mm","un",240.7422]
["M2438","Ancoragem passiva aderente para 19 cordoalhas - D = 12,7 mm","un",270.30509999999998]
["M2439","Ancoragem passiva aderente para 19 cordoalhas - D = 15,2 mm","un",297.51850000000002]
["M2440","Ancoragem passiva aderente para 22 cordoalhas - D = 12,7 mm","un",362.37619999999998]
["M2441","Ancoragem passiva aderente para 22 cordoalhas - D = 15,2 mm","un",367.8526]
["M2442","Ancoragem passiva aderente para 27 cordoalhas - D = 12,7 mm","un",502.06200000000001]
["M2443","Ancoragem passiva aderente para 27 cordoalhas - D = 15,2 mm","un",529.87980000000005]
["M2444","Ancoragem passiva aderente para 31 cordoalhas - D = 12,7 mm","un",581.03520000000003]
["M2445","Ancoragem passiva aderente para 4 cordoalhas - D = 12,7 mm","un",55.331800000000001]
["M2446","Ancoragem passiva aderente para 4 cordoalhas - D = 15,2 mm","un",58.049700000000001]
["M2447","Ancoragem passiva aderente para 6 cordoalhas - D = 12,7 mm","un",85.014200000000002]
["M2448","Ancoragem passiva aderente para 6 cordoalhas - D = 15,2 mm","un",88.968100000000007]
["M2449","Ancoragem passiva aderente para 7 cordoalhas - D = 12,7 mm","un",103.70010000000001]
["M2450","Ancoragem passiva aderente para 7 cordoalhas - D = 15,2 mm","un",107.654]
["M2451","Ancoragem passiva aderente para 8 cordoalhas - D = 12,7 mm","un",103.70010000000001]
["M2452","Ancoragem passiva aderente para 9 cordoalhas - D = 12,7 mm","un",131.14169999999999]
["M2453","Ancoragem passiva aderente para 9 cordoalhas - D = 15,2 mm","un",137.49010000000001]
["M2454","Ancoragem passiva aderente para lajes para 1 cordoalha - D = 12,7 mm","un",18.190799999999999]
["M2455","Ancoragem passiva aderente para lajes para 1 cordoalha - D = 15,2 mm","un",23.677199999999999]
["M2456","Ancoragem passiva aderente para lajes para 2 cordoalhas - D = 12,7 mm","un",21.4651]
["M2457","Ancoragem passiva aderente para lajes para 2 cordoalhas - D = 15,2 mm","un",28.827000000000002]
["M2458","Ancoragem passiva aderente para lajes para 3 cordoalhas - D = 12,7 mm","un",40.708399999999997]
["M2459","Ancoragem passiva aderente para lajes para 3 cordoalhas - D = 15,2 mm","un",40.708399999999997]
["M2460","Ancoragem passiva aderente para lajes para 4 cordoalhas - D = 12,7 mm","un",47.935299999999998]
["M2461","Ancoragem passiva aderente para lajes para 4 cordoalhas - D = 15,2 mm","un",59.586799999999997]
["M2462","Mangueira cristal trançada de PVC com pressão de trabalho de 1,50 MPa (250 psi) - D = 19,0 mm (3/4\")","m",9.5256000000000007]
["M2465","Bainha metálica para protensão - D = 40 mm","m",17.596900000000002]
["M2466","Bainha metálica para protensão - D = 45 mm","m",19.490200000000002]
["M2467","Bainha metálica para protensão - D = 50 mm","m",21.239000000000001]
["M2468","Bainha metálica para protensão - D = 55 mm","m",23.2789]
["M2469","Bainha metálica para protensão - D = 60 mm","m",26.578299999999999]
["M2470","Bainha metálica para protensão - D = 65 mm","m",27.996099999999998]
["M2471","Bainha metálica para protensão - D = 70 mm","m",30.541]
["M2472","Bainha metálica para protensão - D = 75 mm","m",31.794]
["M2473","Bainha metálica para protensão - D = 80 mm","m",34.927100000000003]
["M2474","Bainha metálica para protensão - D = 85 mm","m",37.318899999999999]
["M2475","Bainha metálica para protensão - D = 90 mm","m",42.884500000000003]
["M2476","Bainha metálica para protensão - D = 95 mm","m",45.621499999999997]
["M2477","Bainha metálica para protensão - D = 100 mm","m",47.719900000000003]
["M2478","Bainha metálica para protensão - D = 110 mm","m",53.701700000000002]
["M2479","Bainha metálica para protensão - D = 120 mm","m",58.133099999999999]
["M2480","Bainha metálica para protensão - D = 130 mm","m",62.120199999999997]
["M2481","Bainha metálica ovalizada para protensão - seção de 19 x 36 mm","m",15.646599999999999]
["M2482","Bainha metálica ovalizada para protensão - seção de 19 x 48 mm","m",18.304400000000001]
["M2483","Bainha metálica ovalizada para protensão - seção de 19 x 62 mm","m",20.4801]
["M2484","Bainha metálica ovalizada para protensão - seção de 22 x 32 mm","m",15.074299999999999]
["M2485","Bainha metálica ovalizada para protensão - seção de 22 x 55 mm","m",19.161300000000001]
["M2486","Bainha metálica ovalizada para protensão - seção de 22 x 73 mm","m",22.419899999999998]
["M2487","Espaçador plástico tipo centralizador carambola para grampo de barra de aço - D ≤ 25,4 mm","un",0.48349999999999999]
["M2488","Cinta para elevação de cargas tipo Grab com 1 ramal, anel de suspensão e gancho - C = 3 m a 5 m, capacidade de carga de 5.000 kg, F. S. = 4:1","un",1312.4872]
["M2489","Cinta para elevação de cargas tipo Grab com 2 ramais, anel de suspensão e ganchos - C = 3 m a 5 m, capacidade de carga de 5.000 kg, F. S. = 4:1","un",2757.0012999999999]
["M2490","Cinta para elevação de cargas tipo sling com 1 ramal - C = 2 m a 3 m, capacidade de carga de 1.000 kg, F. S. = 7:1","un",44.855200000000004]
["M2500","Chapa metálica corrugada galvanizada para tunnel liner - E = 2,2 mm e D = 1,2 m","m",4288.7383]
["M2501","Chapa metálica corrugada galvanizada para tunnel liner - E = 2,2 mm e D = 1,4 m","m",4869.5456000000004]
["M2502","Chapa metálica corrugada galvanizada para tunnel liner - E = 2,2 mm e D = 1,6 m","m",5763.0654999999997]
["M2503","Chapa metálica corrugada galvanizada para tunnel liner - E = 2,2 mm e D = 1,8 m","m",6589.9652999999998]
["M2504","Chapa metálica corrugada galvanizada para tunnel liner - E = 2,2 mm e D = 2,0 m","m",7262.7178000000004]
["M2505","Chapa metálica corrugada galvanizada para tunnel liner - E = 2,2 mm e D = 2,2 m","m",8025.7740000000003]
["M2506","Chapa metálica corrugada galvanizada para tunnel liner - E = 2,2 mm e D = 2,4 m","m",8653.4784999999993]
["M2507","Chapa metálica corrugada galvanizada para tunnel liner - E = 2,2 mm e D = 2,6 m","m",9415.1029999999992]
["M2508","Chapa metálica corrugada galvanizada para tunnel liner - E = 2,2 mm e D = 2,8 m","m",10086.604600000001]
["M2509","Chapa metálica corrugada galvanizada para tunnel liner - E = 2,2 mm e D = 3,0 m","m",10894.5594]
["M2510","Chapa metálica corrugada galvanizada para tunnel liner - E = 2,7 mm e D = 3,2 m","m",13603.954100000001]
["M2511","Chapa metálica corrugada galvanizada para tunnel liner - E = 2,7 mm e D = 3,4 m","m",14565.3246]
["M2512","Chapa metálica corrugada galvanizada para tunnel liner - E = 2,7 mm e D = 3,6 m","m",15309.825800000001]
["M2513","Chapa metálica corrugada galvanizada para tunnel liner - E = 2,7 mm e D = 3,8 m","m",16184.861500000001]
["M2514","Chapa metálica corrugada galvanizada para tunnel liner - E = 2,7 mm e D = 4,0 m","m",17000.871999999999]
["M2515","Chapa metálica corrugada galvanizada para tunnel liner - E = 3,4 mm e D = 4,2 m","m",21163.6728]
["M2516","Chapa metálica corrugada galvanizada para tunnel liner - E = 3,4 mm e D = 4,4 m","m",22081.889299999999]
["M2517","Chapa metálica corrugada galvanizada para tunnel liner - E = 3,4 mm e D = 4,6 m","m",23165.542600000001]
["M2518","Chapa metálica corrugada galvanizada para tunnel liner - E = 3,9 mm e D = 4,8 m","m",26889.865699999998]
["M2519","Chapa metálica corrugada galvanizada para tunnel liner - E = 3,9 mm e D = 5,0 m","m",28131.9915]
["M2520","Chapa metálica corrugada galvanizada revestida com epóxi para tunnel liner - E = 2,2 mm e D = 1,2 m","m",4591.3032000000003]
["M2521","Chapa metálica corrugada galvanizada revestida com epóxi para tunnel liner - E = 2,2 mm e D = 1,4 m","m",5213.0730999999996]
["M2522","Chapa metálica corrugada galvanizada revestida com epóxi para tunnel liner - E = 2,2 mm e D = 1,6 m","m",6169.6414999999997]
["M2523","Chapa metálica corrugada galvanizada revestida com epóxi para tunnel liner - E = 2,2 mm e D = 1,8 m","m",7053.2610000000004]
["M2524","Chapa metálica corrugada galvanizada revestida com epóxi para tunnel liner - E = 2,2 mm e D = 2,0 m","m",7773.2848999999997]
["M2525","Chapa metálica corrugada galvanizada revestida com epóxi para tunnel liner - E = 2,2 mm e D = 2,2 m","m",8589.9313999999995]
["M2526","Chapa metálica corrugada galvanizada revestida com epóxi para tunnel liner - E = 2,2 mm e D = 2,4 m","m",9261.7479000000003]
["M2527","Chapa metálica corrugada galvanizada revestida com epóxi para tunnel liner - E = 2,2 mm e D = 2,6 m","m",10076.952600000001]
["M2528","Chapa metálica corrugada galvanizada revestida com epóxi para tunnel liner - E = 2,2 mm e D = 2,8 m","m",10795.735699999999]
["M2529","Chapa metálica corrugada galvanizada revestida com epóxi para tunnel liner - E = 2,2 mm e D = 3,0 m","m",11660.420099999999]
["M2530","Chapa metálica corrugada galvanizada revestida com epóxi para tunnel liner - E = 2,7 mm e D = 3,2 m","m",14271.6111]
["M2531","Chapa múltipla metálica corrugada galvanizada tipo MP 100 ou similar - E = 1,60 mm e D = 0,60 m","m",1441.8949]
["M2532","Chapa múltipla metálica corrugada galvanizada tipo MP 100 ou similar - E = 1,60 mm e D = 0,70 m","m",1667.1922]
["M2533","Chapa múltipla metálica corrugada galvanizada tipo MP 100 ou similar - E = 1,60 mm e D = 0,80 m","m",1892.4966999999999]
["M2534","Chapa múltipla metálica corrugada galvanizada tipo MP 100 ou similar - E = 1,60 mm e D = 0,90 m","m",2072.7345999999998]
["M2535","Chapa múltipla metálica corrugada galvanizada tipo MP 100 ou similar - E = 1,60 mm e D = 1,00 m","m",2298.0374000000002]
["M2536","Chapa múltipla metálica corrugada galvanizada tipo MP 100 ou similar - E = 1,60 mm e D = 1,10 m","m",2613.4784]
["M2537","Chapa múltipla metálica corrugada galvanizada tipo MP 100 ou similar - E = 1,60 mm e D = 1,20 m","m",2793.7231000000002]
["M2538","Chapa múltipla metálica corrugada galvanizada tipo MP 100 ou similar - E = 1,60 mm e D = 1,30 m","m",3019.0160000000001]
["M2539","Chapa múltipla metálica corrugada galvanizada tipo MP 100 ou similar - E = 1,60 mm e D = 1,40 m","m",3199.2671999999998]
["M2540","Chapa múltipla metálica corrugada galvanizada tipo MP 100 ou similar - E = 1,60 mm e D = 1,50 m","m",3424.5054]
["M2541","Chapa múltipla metálica corrugada galvanizada tipo MP 100 ou similar - E = 1,60 mm e D = 1,60 m","m",3649.8535999999999]
["M2542","Chapa múltipla metálica corrugada galvanizada tipo MP 100 ou similar - E = 1,60 mm e D = 1,70 m","m",3830.0835999999999]
["M2543","Chapa múltipla metálica corrugada galvanizada tipo MP 100 ou similar - E = 1,60 mm e D = 1,80 m","m",4055.3298]
["M2544","Chapa múltipla metálica corrugada galvanizada tipo MP 100 ou similar - E = 2,00 mm e D = 1,90 m","m",4764.6175000000003]
["M2545","Chapa múltipla metálica corrugada galvanizada tipo MP 100 ou similar - E = 2,00 mm e D = 2,00 m","m",5022.2194]
["M2546","Chapa múltipla metálica corrugada galvanizada tipo MP 100 ou similar - E = 2,00 mm e D = 2,10 m","m",5365.4679999999998]
["M2547","Chapa múltipla metálica corrugada galvanizada tipo MP 100 ou similar - E = 2,00 mm e D = 2,20 m","m",5494.3913000000002]
["M2548","Chapa múltipla metálica corrugada galvanizada tipo MP 100 ou similar - E = 2,00 mm e D = 2,30 m","m",5708.9633000000003]
["M2549","Chapa múltipla metálica corrugada galvanizada tipo MP 100 ou similar - E = 2,70 mm e D = 2,40 m","m",7600.4143000000004]
["M2550","Chapa múltipla metálica corrugada galvanizada tipo MP 100 ou similar - E = 3,40 mm e D = 2,50 m","m",9640.6052999999993]
["M2551","Chapa múltipla metálica corrugada galvanizada tipo MP 100 ou similar - E = 3,40 mm e D = 2,60 m","m",10188.336600000001]
["M2552","Chapa múltipla metálica corrugada galvanizada tipo MP 100 ou similar - E = 3,40 mm e D = 2,70 m","m",10385.1376]
["M2553","Chapa múltipla metálica corrugada galvanizada tipo MP 100 ou similar - E = 3,40 mm e D = 2,80 m","m",10894.734700000001]
["M2554","Chapa múltipla metálica corrugada galvanizada tipo MP 152 ou similar - E = 2,70 mm e D = 1,50 m","m",7172.8962000000001]
["M2555","Chapa múltipla metálica corrugada galvanizada tipo MP 152 ou similar - E = 2,70 mm e D = 1,80 m","m",8673.1957999999995]
["M2556","Chapa múltipla metálica corrugada galvanizada tipo MP 152 ou similar - E = 2,70 mm e D = 1,90 m","m",8954.7124999999996]
["M2557","Chapa múltipla metálica corrugada galvanizada tipo MP 152 ou similar - E = 2,70 mm e D = 2,15 m","m",10173.5581]
["M2558","Chapa múltipla metálica corrugada galvanizada tipo MP 152 ou similar - E = 2,70 mm e D = 2,30 m","m",10736.2804]
["M2559","Chapa múltipla metálica corrugada galvanizada tipo MP 152 ou similar - E = 2,70 mm e D = 2,65 m","m",12565.324000000001]
["M2560","Chapa múltipla metálica corrugada galvanizada tipo MP 152 ou similar - E = 2,70 mm e D = 3,05 m","m",14345.7925]
["M2561","Chapa múltipla metálica corrugada galvanizada tipo MP 152 ou similar - E = 2,70 mm e D = 3,20 m","m",15237.2731]
["M2562","Chapa múltipla metálica corrugada galvanizada tipo MP 152 ou similar - E = 2,70 mm e D = 3,40 m","m",16128.8318]
["M2563","Chapa múltipla metálica corrugada galvanizada tipo MP 152 ou similar - E = 2,70 mm e D = 3,65 m","m",17301.441200000001]
["M2564","Chapa múltipla metálica corrugada galvanizada tipo MP 152 ou similar - E = 2,70 mm e D = 3,80 m","m",17910.673599999998]
["M2565","Chapa múltipla metálica corrugada galvanizada tipo MP 152 ou similar - E = 2,70 mm e D = 4,20 m","m",19739.750499999998]
["M2566","Chapa múltipla metálica corrugada galvanizada tipo MP 152 ou similar - E = 2,70 mm e D = 4,60 m","m",21518.6888]
["M2567","Chapa múltipla metálica corrugada galvanizada tipo MP 152 ou similar - E = 3,40 mm e D = 4,80 m","m",24642.5982]
["M2568","Chapa múltipla metálica corrugada galvanizada tipo MP 152 ou similar - E = 3,40 mm e D = 5,00 m","m",25338.266199999998]
["M2569","Chapa múltipla metálica corrugada galvanizada tipo MP 152 ou similar - E = 3,90 mm e D = 5,35 m","m",31970.5429]
["M2570","Chapa múltipla metálica corrugada galvanizada tipo MP 152 ou similar - E = 3,90 mm e D = 5,70 m","m",34258.6368]
["M2571","Chapa múltipla metálica corrugada galvanizada tipo MP 152 ou similar - E = 4,70 mm e D = 6,10 m","m",42208.850599999998]
["M2572","Chapa múltipla metálica corrugada galvanizada tipo MP 152 ou similar - E = 6,40 mm e D = 6,50 m","m",50688.647400000002]
["M2573","Chapa múltipla metálica corrugada galvanizada tipo MP 152 ou similar - E = 6,40 mm e D = 6,85 m","m",53676.875699999997]
["M2574","Chapa múltipla metálica corrugada galvanizada tipo MP 152 ou similar - E = 6,40 mm e D = 7,25 m","m",56626.331299999998]
["M2580","Parafuso de cabeça sextavada em aço galvanizado com porca e arruela de pressão - D = 7,938 mm (5/16\")","cj",0.68540000000000001]
["M2597","Concreto usinado - fck = 40 MPa (comercial)","m³","-"]
["M2598","Concreto usinado - fck = 45 MPa (comercial)","m³","-"]
["M2599","Concreto usinado - fck = 50 MPa (comercial)","m³","-"]
["M2601","Aparelho de apoio metálico esférico fixo com 4 chumbadores e capacidade de 1.000 kN","un",5875.4834000000001]
["M2602","Aparelho de apoio metálico esférico unidirecional com 4 chumbadores e capacidade de 1.500 kN","un",12619.5915]
["M2603","Aparelho de apoio metálico esférico fixo com 4 chumbadores e capacidade de 1.500 kN","un",9139.0578000000005]
["M2604","Aparelho de apoio metálico esférico fixo com 4 chumbadores e capacidade de 2.000 kN","un",11281.481900000001]
["M2605","Aparelho de apoio metálico esférico fixo com 4 chumbadores e capacidade de 2.500 kN","un",13981.4941]
["M2606","Aparelho de apoio metálico esférico fixo com 4 chumbadores e capacidade de 3.000 kN","un",15763.9357]
["M2607","Aparelho de apoio metálico esférico fixo com 4 chumbadores e capacidade de 3.500 kN","un",19390.731]
["M2608","Aparelho de apoio metálico esférico fixo com 4 chumbadores e capacidade de 4.000 kN","un",24836.1116]
["M2609","Aparelho de apoio metálico esférico unidirecional com 4 chumbadores e capacidade de 1.000 kN","un",9140.4151999999995]
["M2610","Aparelho de apoio metálico esférico unidirecional com 4 chumbadores e capacidade de 2.000 kN","un",15823.714900000001]
["M2611","Aparelho de apoio metálico esférico unidirecional com 4 chumbadores e capacidade de 2.500 kN","un",18406.148799999999]
["M2612","Aparelho de apoio metálico esférico unidirecional com 4 chumbadores e capacidade de 3.000 kN","un",22046.807199999999]
["M2613","Aparelho de apoio metálico esférico unidirecional com 4 chumbadores e capacidade de 3.500 kN","un",25515.074499999999]
["M2614","Aparelho de apoio metálico esférico unidirecional com 4 chumbadores e capacidade de 4.000 kN","un",30138.921600000001]
["M2615","Aparelho de apoio metálico esférico fixo com 4 chumbadores e capacidade de 4.500 kN","un",32198.044600000001]
["M2616","Aparelho de apoio metálico esférico fixo com 4 chumbadores e capacidade de 5.000 kN","un",35909.616399999999]
["M2617","Aparelho de apoio metálico esférico fixo com 4 chumbadores e capacidade de 5.500 kN","un",40728.519800000002]
["M2618","Aparelho de apoio metálico esférico fixo com 4 chumbadores e capacidade de 6.000 kN","un",44954.044900000001]
["M2619","Aparelho de apoio metálico esférico fixo com 4 chumbadores e capacidade de 6.500 kN","un",49730.166799999999]
["M2620","Aparelho de apoio metálico esférico fixo com 4 chumbadores e capacidade de 7.000 kN","un",54706.800999999999]
["M2621","Aparelho de apoio metálico esférico fixo com 4 chumbadores e capacidade de 7.500 kN","un",55642.799899999998]
["M2622","Aparelho de apoio metálico esférico fixo com 4 chumbadores e capacidade de 8.000 kN","un",61577.774400000002]
["M2623","Grelha metálica para boca de lobo com capacidade de até 300 kN - C = 0,90 m e L = 0,30 m","un",566.02099999999996]
["M2624","Grelha de piso em PVC para passagem de pedestres - C = 50 cm e L = 13 cm","un",64.433599999999998]
["M2625","Marco em PVC para grelha de piso - L = 2,50 m","un",70.123699999999999]
["M2626","Grelha de piso em PVC para passagem de veículos de até 3 t - C = 50 cm e L = 13 cm","un",92.619299999999996]
["M2627","Grelha de piso em PVC para passagem de veículos de até 10 t - C = 50 cm e L = 13 cm","un",116.56950000000001]
["M2628","Grelha de piso em PVC para passagem de pedestres - C = 50 cm e L = 20 cm","un",118.69840000000001]
["M2629","Grelha de piso em PVC para passagem de veículos de até 3 t - C = 50 cm e L = 20 cm","un",128.37530000000001]
["M2631","Grelha metálica para canaletas - C = 1,00 m e L = 0,10 m","un",72.702799999999996]
["M2632","Grelha metálica para canaletas - C = 1,00 m e L = 0,15 m","un",144.5018]
["M2633","Porta-grelha metálica - C = 1,00 m e L = 0,15 m","m",107.37560000000001]
["M2634","Grelha metálica para canaletas - C = 1,00 m e L = 0,20 m","un",306.09289999999999]
["M2635","Porta-grelha metálica - C = 1,00 m e L = 0,20 m","m",107.18219999999999]
["M2636","Porta-grelha metálica - C = 1,00 m e L = 0,10 m","m",74.899500000000003]
["M2637","Aparelho de apoio metálico esférico fixo com 4 chumbadores e capacidade de 8.500 kN","un",63143.749799999998]
["M2638","Aparelho de apoio metálico esférico fixo com 4 chumbadores e capacidade de 9.000 kN","un",70479.589300000007]
["M2639","Aparelho de apoio metálico esférico fixo com 4 chumbadores e capacidade de 9.500 kN","un",74578.930999999997]
["M2640","Aparelho de apoio metálico esférico fixo com 4 chumbadores e capacidade de 10.000 kN","un",78763.593599999993]
["M2641","Aparelho de apoio metálico esférico unidirecional com 4 chumbadores e capacidade de 4.500 kN","un",40146.403100000003]
["M2642","Aparelho de apoio metálico esférico unidirecional com 4 chumbadores e capacidade de 5.000 kN","un",44446.010399999999]
["M2643","Aparelho de apoio metálico esférico unidirecional com 4 chumbadores e capacidade de 5.500 kN","un",48214.924400000004]
["M2644","Aparelho de apoio metálico esférico unidirecional com 4 chumbadores e capacidade de 6.000 kN","un",50132.849600000001]
["M2645","Aparelho de apoio metálico esférico unidirecional com 4 chumbadores e capacidade de 6.500 kN","un",54221.728300000002]
["M2646","Aparelho de apoio metálico esférico unidirecional com 4 chumbadores e capacidade de 7.000 kN","un",58264.035400000001]
["M2647","Aparelho de apoio metálico esférico unidirecional com 4 chumbadores e capacidade de 7.500 kN","un",62573.993799999997]
["M2648","Fincapino de ação direta e pino com furo - D = 6,35 mm (1/4\")","un",1.7504]
["M2649","Aparelho de apoio metálico esférico unidirecional com 4 chumbadores e capacidade de 8.000 kN","un",66517.612599999993]
["M2650","Aparelho de apoio metálico esférico unidirecional com 4 chumbadores e capacidade de 8.500 kN","un",71786.008499999996]
["M2651","Chapa múltipla metálica corrugada revestida em epóxi tipo MP 100 ou similar - E = 1,60 mm e D = 0,60 m","m",1531.0114000000001]
["M2652","Chapa múltipla metálica corrugada revestida em epóxi tipo MP 100 ou similar - E = 1,60 mm e D = 0,70 m","m",1770.2303999999999]
["M2653","Chapa múltipla metálica corrugada revestida em epóxi tipo MP 100 ou similar - E = 1,60 mm e D = 0,80 m","m",2009.4565]
["M2654","Chapa múltipla metálica corrugada revestida em epóxi tipo MP 100 ou similar - E = 1,60 mm e D = 0,90 m","m",2200.8276999999998]
["M2655","Chapa múltipla metálica corrugada revestida em epóxi tipo MP 100 ou similar - E = 1,60 mm e D = 1,00 m","m",2440.0621999999998]
["M2656","Chapa múltipla metálica corrugada revestida em epóxi tipo MP 100 ou similar - E = 1,60 mm e D = 1,10 m","m",2775.0014999999999]
["M2657","Chapa múltipla metálica corrugada revestida em epóxi tipo MP 100 ou similar - E = 1,60 mm e D = 1,20 m","m",2966.3795]
["M2658","Chapa múltipla metálica corrugada revestida em epóxi tipo MP 100 ou similar - E = 1,60 mm e D = 1,30 m","m",3205.5940999999998]
["M2659","Chapa múltipla metálica corrugada revestida em epóxi tipo MP 100 ou similar - E = 1,60 mm e D = 1,40 m","m",3396.9884999999999]
["M2660","Chapa múltipla metálica corrugada revestida em epóxi tipo MP 100 ou similar - E = 1,60 mm e D = 1,50 m","m",3636.1484999999998]
["M2661","Chapa múltipla metálica corrugada revestida em epóxi tipo MP 100 ou similar - E = 1,60 mm e D = 1,60 m","m",3875.4182999999998]
["M2662","Chapa múltipla metálica corrugada revestida em epóxi tipo MP 100 ou similar - E = 1,60 mm e D = 1,70 m","m",4066.7916]
["M2663","Chapa múltipla metálica corrugada revestida em epóxi tipo MP 100 ou similar - E = 1,60 mm e D = 1,80 m","m",4305.9593999999997]
["M2664","Chapa múltipla metálica corrugada revestida em epóxi tipo MP 100 ou similar - E = 2,00 mm e D = 1,90 m","m",5064.9659000000001]
["M2665","Chapa múltipla metálica corrugada revestida em epóxi tipo MP 100 ou similar - E = 2,00 mm e D = 2,00 m","m",5338.7963]
["M2666","Chapa múltipla metálica corrugada revestida em epóxi tipo MP 100 ou similar - E = 2,00 mm e D = 2,10 m","m",5703.6895999999997]
["M2667","Chapa múltipla metálica corrugada revestida em epóxi tipo MP 100 ou similar - E = 2,00 mm e D = 2,20 m","m",5840.7371999999996]
["M2668","Chapa múltipla metálica corrugada revestida em epóxi tipo MP 100 ou similar - E = 2,00 mm e D = 2,30 m","m",6068.8297000000002]
["M2669","Chapa múltipla metálica corrugada revestida em epóxi tipo MP 100 ou similar - E = 2,70 mm e D = 2,40 m","m",8268.0110999999997]
["M2670","Chapa múltipla metálica corrugada revestida em epóxi tipo MP 100 ou similar - E = 3,40 mm e D = 2,50 m","m",10481.891600000001]
["M2671","Chapa múltipla metálica corrugada revestida em epóxi tipo MP 100 ou similar - E = 3,40 mm e D = 2,60 m","m",11077.506100000001]
["M2672","Chapa múltipla metálica corrugada revestida em epóxi tipo MP 100 ou similar - E = 3,40 mm e D = 2,70 m","m",11291.4184]
["M2673","Chapa múltipla metálica corrugada revestida em epóxi tipo MP 100 ou similar - E = 3,40 mm e D = 2,80 m","m",11845.4584]
["M2674","Chapa múltipla metálica corrugada revestida em epóxi tipo MP 152 ou similar - E = 2,70 mm e D = 1,50 m","m",7427.6382000000003]
["M2675","Chapa múltipla metálica corrugada revestida em epóxi tipo MP 152 ou similar - E = 2,70 mm e D = 1,80 m","m",8981.2170999999998]
["M2676","Chapa múltipla metálica corrugada revestida em epóxi tipo MP 152 ou similar - E = 2,70 mm e D = 1,90 m","m",9272.7237000000005]
["M2677","Chapa múltipla metálica corrugada revestida em epóxi tipo MP 152 ou similar - E = 2,70 mm e D = 2,15 m","m",10534.858700000001]
["M2678","Chapa múltipla metálica corrugada revestida em epóxi tipo MP 152 ou similar - E = 2,70 mm e D = 2,30 m","m",11117.5708]
["M2679","Chapa múltipla metálica corrugada revestida em epóxi tipo MP 152 ou similar - E = 2,70 mm e D = 2,65 m","m",13011.5386]
["M2680","Chapa múltipla metálica corrugada revestida em epóxi tipo MP 152 ou similar - E = 2,70 mm e D = 3,05 m","m",14855.276400000001]
["M2681","Chapa múltipla metálica corrugada revestida em epóxi tipo MP 152 ou similar - E = 2,70 mm e D = 3,20 m","m",15778.391600000001]
["M2682","Chapa múltipla metálica corrugada revestida em epóxi tipo MP 152 ou similar - E = 2,70 mm e D = 3,40 m","m",16701.584900000002]
["M2683","Chapa múltipla metálica corrugada revestida em epóxi tipo MP 152 ou similar - E = 2,70 mm e D = 3,65 m","m",17915.818800000001]
["M2684","Chapa múltipla metálica corrugada revestida em epóxi tipo MP 152 ou similar - E = 2,70 mm e D = 3,80 m","m",18546.705999999998]
["M2685","Chapa múltipla metálica corrugada revestida em epóxi tipo MP 152 ou similar - E = 2,70 mm e D = 4,20 m","m",20440.706999999999]
["M2686","Chapa múltipla metálica corrugada revestida em epóxi tipo MP 152 ou similar - E = 2,70 mm e D = 4,60 m","m",22282.9146]
["M2687","Chapa múltipla metálica corrugada revestida em epóxi tipo MP 152 ou similar - E = 3,40 mm e D = 4,80 m","m",28418.782800000001]
["M2688","Chapa múltipla metálica corrugada revestida em epóxi tipo MP 152 ou similar - E = 3,40 mm e D = 5,00 m","m",29221.089800000002]
["M2689","Chapa múltipla metálica corrugada revestida em epóxi tipo MP 152 ou similar - E = 3,90 mm e D = 5,35 m","m",35735.905200000001]
["M2690","Chapa múltipla metálica corrugada revestida em epóxi tipo MP 152 ou similar - E = 3,90 mm e D = 5,70 m","m",38293.294600000001]
["M2691","Chapa múltipla metálica corrugada revestida em epóxi tipo MP 152 ou similar - E = 4,70 mm e D = 6,10 m","m",47343.448299999996]
["M2692","Chapa múltipla metálica corrugada revestida em epóxi tipo MP 152 ou similar - E = 6,40 mm e D = 6,50 m","m",60763.130400000002]
["M2693","Chapa múltipla metálica corrugada revestida em epóxi tipo MP 152 ou similar - E = 6,40 mm e D = 6,85 m","m",64341.6443]
["M2694","Chapa múltipla metálica corrugada revestida em epóxi tipo MP 152 ou similar - E = 6,40 mm e D = 7,25 m","m",67881.365399999995]
["M2695","Aparelho de apoio metálico esférico unidirecional com 4 chumbadores e capacidade de 9.000 kN","un",76100.812099999996]
["M2696","Aparelho de apoio metálico esférico unidirecional com 4 chumbadores e capacidade de 9.500 kN","un",80523.529899999994]
["M2697","Aparelho de apoio metálico esférico unidirecional com 4 chumbadores e capacidade de 10.000 kN","un",84730.535499999998]
["M2698","Fincapino de ação indireta e pino liso - D = 6,35 mm (1/4\")","un",0.94259999999999999]
["M2700","Corpo de BSCC pré-moldado comercial - seção de 1,5 m x 1,5 m - tipo I","m",2520.7451999999998]
["M2701","Corpo de BSCC pré-moldado comercial - seção de 1,5 m x 1,5 m - tipo II","m",2653.9884000000002]
["M2702","Corpo de BSCC pré-moldado comercial - seção de 1,5 m x 1,5 m - tipo III","m",2748.1068]
["M2703","Corpo de BSCC pré-moldado comercial - seção de 1,5 m x 1,5 m - tipo IV","m",2846.2152000000001]
["M2704","Corpo de BSCC pré-moldado comercial - seção de 1,5 m x 1,5 m - tipo V","m",3437.29]
["M2705","Corpo de BSCC pré-moldado comercial - seção de 1,5 m x 1,5 m - tipo VI","m",3590.4452000000001]
["M2706","Corpo de BSCC pré-moldado comercial - seção de 1,5 m x 1,5 m - tipo VII","m",3813.1327999999999]
["M2707","Corpo de BSCC pré-moldado comercial - seção de 2,0 m x 2,0 m - tipo I","m",3285.2064]
["M2708","Corpo de BSCC pré-moldado comercial - seção de 2,0 m x 2,0 m - tipo II","m",3381.886]
["M2709","Corpo de BSCC pré-moldado comercial - seção de 2,0 m x 2,0 m - tipo III","m",3468.2752]
["M2710","Corpo de BSCC pré-moldado comercial - seção de 2,0 m x 2,0 m - tipo IV","m",4210.1643999999997]
["M2711","Corpo de BSCC pré-moldado comercial - seção de 2,0 m x 2,0 m - tipo V","m",4370.3040000000001]
["M2712","Corpo de BSCC pré-moldado comercial - seção de 2,0 m x 2,0 m - tipo VI","m",4437.6628000000001]
["M2713","Corpo de BSCC pré-moldado comercial - seção de 2,0 m x 2,0 m - tipo VII","m",4739.2915999999996]
["M2714","Corpo de BSCC pré-moldado comercial - seção de 2,5 m x 2,5 m - tipo I","m",3936.078]
["M2715","Corpo de BSCC pré-moldado comercial - seção de 2,5 m x 2,5 m - tipo II","m",4247.5716000000002]
["M2716","Corpo de BSCC pré-moldado comercial - seção de 2,5 m x 2,5 m - tipo III","m",5120.7507999999998]
["M2717","Corpo de BSCC pré-moldado comercial - seção de 2,5 m x 2,5 m - tipo IV","m",5472.4408000000003]
["M2718","Corpo de BSCC pré-moldado comercial - seção de 2,5 m x 2,5 m - tipo V","m",5552.8487999999998]
["M2719","Corpo de BSCC pré-moldado comercial - seção de 2,5 m x 2,5 m - tipo VI","m",6516.0803999999998]
["M2720","Corpo de BSCC pré-moldado comercial - seção de 2,5 m x 2,5 m - tipo VII","m",6787.4763999999996]
["M2721","Corpo de BSCC pré-moldado comercial - seção de 3,0 m x 3,0 m - tipo I","m",5664.0064000000002]
["M2722","Corpo de BSCC pré-moldado comercial - seção de 3,0 m x 3,0 m - tipo II","m",5992.8963999999996]
["M2723","Corpo de BSCC pré-moldado comercial - seção de 3,0 m x 3,0 m - tipo III","m",6762.5864000000001]
["M2724","Corpo de BSCC pré-moldado comercial - seção de 3,0 m x 3,0 m - tipo IV","m",7127.7511999999997]
["M2725","Corpo de BSCC pré-moldado comercial - seção de 3,0 m x 3,0 m - tipo V","m",7564.5991999999997]
["M2726","Corpo de BSCC pré-moldado comercial - seção de 3,0 m x 3,0 m - tipo VI","m",7744.4456]
["M2727","Corpo de BSCC pré-moldado comercial - seção de 3,0 m x 3,0 m - tipo VII","m",8307.2864000000009]
["M2728","Corpo de BSCC pré-moldado comercial - seção canal de 1,5 m x 1,5 m","m",2225.4168]
["M2729","Corpo de BSCC pré-moldado comercial - seção canal de 2,0 m x 1,5 m","m",2363.5012000000002]
["M2730","Corpo de BSCC pré-moldado comercial - seção canal de 2,0 m x 2,0 m - tipo I","m",3381.1792]
["M2731","Corpo de BSCC pré-moldado comercial - seção canal de 2,0 m x 2,0 m - tipo II","m",3559.1408000000001]
["M2732","Corpo de BSCC pré-moldado comercial - seção canal de 2,5 m x 1,5 m","m",2821.9180000000001]
["M2733","Corpo de BSCC pré-moldado comercial - seção canal de 2,5 m x 2,0 m - tipo I","m",3877.0108]
["M2734","Corpo de BSCC pré-moldado comercial - seção canal de 2,5 m x 2,0 m - tipo II","m",4747.5604000000003]
["M2735","Corpo de BSCC pré-moldado comercial - seção canal de 3,0 m x 1,5 m","m",3301.9643999999998]
["M2736","Corpo de BSCC pré-moldado comercial - seção canal de 3,0 m x 2,0 m - tipo I","m",4406.0771999999997]
["M2737","Corpo de BSCC pré-moldado comercial - seção canal de 3,0 m x 2,0 m - tipo II","m",4518.7623999999996]
["M2738","Aparelho de apoio metálico esférico multidirecional com 4 chumbadores e capacidade de 1.000 kN","un",8547.6371999999992]
["M2739","Aparelho de apoio metálico esférico multidirecional com 4 chumbadores e capacidade de 1.500 kN","un",12260.874400000001]
["M2740","Aparelho de apoio metálico esférico multidirecional com 4 chumbadores e capacidade de 2.000 kN","un",15972.2739]
["M2741","Aparelho de apoio metálico esférico multidirecional com 4 chumbadores e capacidade de 2.500 kN","un",19445.0488]
["M2742","Aparelho de apoio metálico esférico multidirecional com 4 chumbadores e capacidade de 3.000 kN","un",21920.456999999999]
["M2743","Aparelho de apoio metálico esférico multidirecional com 4 chumbadores e capacidade de 3.500 kN","un",25258.731100000001]
["M2744","Aparelho de apoio metálico esférico multidirecional com 4 chumbadores e capacidade de 4.000 kN","un",27542.658899999999]
["M2745","Aparelho de apoio metálico esférico multidirecional com 4 chumbadores e capacidade de 4.500 kN","un",33895.220699999998]
["M2746","Aparelho de apoio metálico esférico multidirecional com 4 chumbadores e capacidade de 5.000 kN","un",37087.263099999996]
["M2747","Aparelho de apoio metálico esférico multidirecional com 4 chumbadores e capacidade de 5.500 kN","un",40933.236400000002]
["M2748","Aparelho de apoio metálico esférico multidirecional com 4 chumbadores e capacidade de 6.000 kN","un",46541.904799999997]
["M2749","Aparelho de apoio metálico esférico multidirecional com 4 chumbadores e capacidade de 6.500 kN","un",50289.608]
["M2750","Aparelho de apoio metálico esférico multidirecional com 4 chumbadores e capacidade de 7.000 kN","un",54140.091200000003]
["M2751","Aparelho de apoio metálico esférico multidirecional com 4 chumbadores e capacidade de 7.500 kN","un",58422.230199999998]
["M2752","Aparelho de apoio metálico esférico multidirecional com 4 chumbadores e capacidade de 8.000 kN","un",64834.031300000002]
["M2753","Aparelho de apoio metálico esférico multidirecional com 4 chumbadores e capacidade de 8.500 kN","un",71081.886499999993]
["M2754","Aparelho de apoio metálico esférico multidirecional com 4 chumbadores e capacidade de 9.000 kN","un",74986.367700000003]
["M2755","Aparelho de apoio metálico esférico multidirecional com 4 chumbadores e capacidade de 9.500 kN","un",79624.903900000005]
["M2756","Aparelho de apoio metálico esférico multidirecional com 4 chumbadores e capacidade de 10.000 kN","un",83621.383600000001]
["M2757","Aparelho de apoio metálico elastomérico fixo com 4 chumbadores e capacidade de 700 kN","un",4654.3863000000001]
["M2758","Aparelho de apoio metálico elastomérico fixo com 4 chumbadores e capacidade de 1.500 kN","un",7091.9744000000001]
["M2759","Aparelho de apoio metálico elastomérico fixo com 4 chumbadores e capacidade de 2.500 kN","un",11648.021199999999]
["M2760","Aparelho de apoio metálico elastomérico fixo com 4 chumbadores e capacidade de 4.000 kN","un",17639.455399999999]
["M2761","Aparelho de apoio metálico elastomérico fixo com 4 chumbadores e capacidade de 5.500 kN","un",24317.0573]
["M2762","Aparelho de apoio metálico elastomérico fixo com 4 chumbadores e capacidade de 7.500 kN","un",33729.3433]
["M2763","Aparelho de apoio metálico elastomérico fixo com 4 chumbadores e capacidade de 10.000 kN","un",46437.565900000001]
["M2764","Aparelho de apoio metálico elastomérico unidirecional com 4 chumbadores e capacidade de 700 kN","un",4581.4512000000004]
["M2765","Aparelho de apoio metálico elastomérico unidirecional com 4 chumbadores e capacidade de 1.500 kN","un",6906.9553999999998]
["M2766","Aparelho de apoio metálico elastomérico unidirecional com 4 chumbadores e capacidade de 2.500 kN","un",9941.6733999999997]
["M2767","Aparelho de apoio metálico elastomérico unidirecional com 4 chumbadores e capacidade de 4.000 kN","un",17422.7117]
["M2768","Aparelho de apoio metálico elastomérico unidirecional com 4 chumbadores e capacidade de 5.500 kN","un",23736.936099999999]
["M2769","Aparelho de apoio metálico elastomérico unidirecional com 4 chumbadores e capacidade de 7.500 kN","un",29806.881399999998]
["M2770","Aparelho de apoio metálico elastomérico unidirecional com 4 chumbadores e capacidade de 10.000 kN","un",45313.622300000003]
["M2771","Aparelho de apoio metálico elastomérico multidirecional com 4 chumbadores e capacidade de 700 kN","un",3760.5048000000002]
["M2772","Aparelho de apoio metálico elastomérico multidirecional com 4 chumbadores e capacidade de 1.500 kN","un",5560.4872999999998]
["M2773","Aparelho de apoio metálico elastomérico multidirecional com 4 chumbadores e capacidade de 2.500 kN","un",8234.4706000000006]
["M2774","Aparelho de apoio metálico elastomérico multidirecional com 4 chumbadores e capacidade de 4.000 kN","un",13042.572200000001]
["M2775","Aparelho de apoio metálico elastomérico multidirecional com 4 chumbadores e capacidade de 5.500 kN","un",18553.3475]
["M2776","Aparelho de apoio metálico elastomérico multidirecional com 4 chumbadores e capacidade de 7.500 kN","un",26284.065299999998]
["M2777","Aparelho de apoio metálico elastomérico multidirecional com 4 chumbadores e capacidade de 10.000 kN","un",35668.5864]
["M2780","Chapa metálica corrugada galvanizada para tunnel liner - E = 2,7 mm e D = 1,2 m","m",5161.2772000000004]
["M2781","Chapa metálica corrugada galvanizada para tunnel liner - E = 2,7 mm e D = 1,4 m","m",5817.3876]
["M2782","Chapa metálica corrugada galvanizada para tunnel liner - E = 2,7 mm e D = 1,6 m","m",6779.6656999999996]
["M2783","Chapa metálica corrugada galvanizada para tunnel liner - E = 2,7 mm e D = 1,8 m","m",7741.9207999999999]
["M2784","Chapa metálica corrugada galvanizada para tunnel liner - E = 2,7 mm e D = 2,0 m","m",8529.5969999999998]
["M2785","Chapa metálica corrugada galvanizada para tunnel liner - E = 3,4 mm e D = 2,2 m","m",11122.7292]
["M2786","Chapa metálica corrugada galvanizada para tunnel liner - E = 3,4 mm e D = 2,4 m","m",12039.507600000001]
["M2787","Chapa metálica corrugada galvanizada para tunnel liner - E = 3,4 mm e D = 2,6 m","m",13123.0031]
["M2788","Chapa metálica corrugada galvanizada para tunnel liner - E = 3,4 mm e D = 2,8 m","m",14039.002699999999]
["M2789","Chapa metálica corrugada galvanizada para tunnel liner - E = 3,4 mm e D = 3,0 m","m",15123.2068]
["M2790","Chapa metálica corrugada galvanizada para tunnel liner - E = 3,4 mm e D = 3,2 m","m",16039.689200000001]
["M2791","Chapa metálica corrugada galvanizada para tunnel liner - E = 3,9 mm e D = 3,4 m","m",19132.673200000001]
["M2792","Chapa metálica corrugada galvanizada para tunnel liner - E = 3,9 mm e D = 3,6 m","m",20180.462100000001]
["M2793","Chapa metálica corrugada galvanizada para tunnel liner - E = 3,9 mm e D = 3,8 m","m",21428.244200000001]
["M2794","Chapa metálica corrugada galvanizada para tunnel liner - E = 3,9 mm e D = 4,0 m","m",22396.933700000001]
["M2795","Chapa metálica corrugada galvanizada para tunnel liner - E = 3,9 mm e D = 4,2 m","m",23604.8331]
["M2796","Chapa metálica corrugada galvanizada para tunnel liner - E = 3,9 mm e D = 4,4 m","m",24690.176100000001]
["M2797","Chapa metálica corrugada galvanizada para tunnel liner - E = 3,9 mm e D = 4,6 m","m",25816.618299999998]
["M2798","Chapa metálica corrugada galvanizada para tunnel liner - E = 4,7 mm e D = 4,8 m","m",31268.5857]
["M2799","Chapa metálica corrugada galvanizada para tunnel liner - E = 4,7 mm e D = 5,0 m","m",32741.9604]
["M2800","Chapa metálica corrugada galvanizada revestida com epóxi para tunnel liner - E = 2,7 mm e D = 1,2 m","m",5414.6049000000003]
["M2801","Chapa metálica corrugada galvanizada revestida com epóxi para tunnel liner - E = 2,7 mm e D = 1,4 m","m",6102.9116999999997]
["M2802","Chapa metálica corrugada galvanizada revestida com epóxi para tunnel liner - E = 2,7 mm e D = 1,6 m","m",7112.4210000000003]
["M2803","Chapa metálica corrugada galvanizada revestida com epóxi para tunnel liner - E = 2,7 mm e D = 1,8 m","m",8121.9072999999999]
["M2804","Chapa metálica corrugada galvanizada revestida com epóxi para tunnel liner - E = 2,7 mm e D = 2,0 m","m",8948.2191999999995]
["M2805","Chapa metálica corrugada galvanizada revestida com epóxi para tunnel liner - E = 3,4 mm e D = 2,2 m","m",12004.8577]
["M2806","Chapa metálica corrugada galvanizada revestida com epóxi para tunnel liner - E = 3,4 mm e D = 2,4 m","m",12994.3235]
["M2807","Chapa metálica corrugada galvanizada revestida com epóxi para tunnel liner - E = 3,4 mm e D = 2,6 m","m",14163.715899999999]
["M2808","Chapa metálica corrugada galvanizada revestida com epóxi para tunnel liner - E = 3,4 mm e D = 2,8 m","m",15152.402899999999]
["M2809","Chapa metálica corrugada galvanizada revestida com epóxi para tunnel liner - E = 3,4 mm e D = 3,0 m","m",16322.504000000001]
["M2810","Chapa metálica corrugada galvanizada revestida com epóxi para tunnel liner - E = 3,4 mm e D = 3,2 m","m",17311.673699999999]
["M2811","Chapa múltipla metálica corrugada galvanizada tipo MP 152 lenticular ou similar - E = 2,70 mm, H = 1,40 m e vão = 1,95 m","m",8598.1010000000006]
["M2812","Chapa múltipla metálica corrugada galvanizada tipo MP 152 lenticular ou similar - E = 2,70 mm, H = 1,50 m e vão = 2,15 m","m",9500.7070000000003]
["M2813","Chapa múltipla metálica corrugada galvanizada tipo MP 152 lenticular ou similar - E = 2,70 mm, H = 1,60 m e vão = 2,30 m","m",10133.9012]
["M2814","Chapa múltipla metálica corrugada galvanizada tipo MP 152 lenticular ou similar - E = 2,70 mm, H = 1,65 m e vão = 2,55 m","m",10752.033799999999]
["M2815","Chapa múltipla metálica corrugada galvanizada tipo MP 152 lenticular ou similar - E = 2,70 mm, H = 1,85 m e vão = 2,70 m","m",11654.0736]
["M2816","Chapa múltipla metálica corrugada galvanizada tipo MP 152 lenticular ou similar - E = 2,70 mm, H = 1,90 m e vão = 2,75 m","m",11970.8441]
["M2817","Chapa múltipla metálica corrugada galvanizada tipo MP 152 lenticular ou similar - E = 2,70 mm, H = 2,00 m e vão = 3,00 m","m",12588.525799999999]
["M2818","Chapa múltipla metálica corrugada galvanizada tipo MP 152 lenticular ou similar - E = 2,70 mm, H = 2,10 m e vão = 3,20 m","m",13206.019200000001]
["M2819","Chapa múltipla metálica corrugada galvanizada tipo MP 152 lenticular ou similar - E = 2,70 mm, H = 2,15 m e vão = 3,35 m","m",13823.1196]
["M2820","Chapa múltipla metálica corrugada galvanizada tipo MP 152 lenticular ou similar - E = 2,70 mm, H = 2,25 m e vão = 3,55 m","m",14441.081]
["M2821","Chapa múltipla metálica corrugada galvanizada tipo MP 152 lenticular ou similar - E = 2,70 mm, H = 2,35 m e vão = 3,70 m","m",15343.945400000001]
["M2822","Chapa múltipla metálica corrugada galvanizada tipo MP 152 lenticular ou similar - E = 2,70 mm, H = 2,45 m e vão = 3,90 m","m",15978.1103]
["M2823","Chapa múltipla metálica corrugada galvanizada tipo MP 152 lenticular ou similar - E = 2,70 mm, H = 2,55 m e vão = 4,00 m","m",16595.648099999999]
["M2824","Chapa múltipla metálica corrugada galvanizada tipo MP 152 lenticular ou similar - E = 2,70 mm, H = 2,80 m e vão = 4,15 m","m",17211.7988]
["M2825","Chapa múltipla metálica corrugada galvanizada tipo MP 152 lenticular ou similar - E = 2,70 mm, H = 2,90 m e vão = 4,40 m","m",17830.814600000002]
["M2826","Chapa múltipla metálica corrugada galvanizada tipo MP 152 lenticular ou similar - E = 2,70 mm, H = 3,00 m e vão = 4,60 m","m",18749.459800000001]
["M2827","Chapa múltipla metálica corrugada galvanizada tipo MP 152 lenticular ou similar - E = 3,40 mm, H = 3,05 m e vão = 4,80 m","m",23310.892500000002]
["M2828","Chapa múltipla metálica corrugada galvanizada tipo MP 152 lenticular ou similar - E = 3,40 mm, H = 3,15 m e vão = 5,05 m","m",24398.974399999999]
["M2829","Chapa múltipla metálica corrugada galvanizada tipo MP 152 lenticular ou similar - E = 3,40 mm, H = 3,25 m e vão = 5,25 m","m",25167.166399999998]
["M2830","Chapa múltipla metálica corrugada galvanizada tipo MP 152 lenticular ou similar - E = 3,90 mm, H = 3,35 m e vão = 5,45 m","m",28817.042700000002]
["M2831","Chapa múltipla metálica corrugada galvanizada tipo MP 152 lenticular ou similar - E = 3,90 mm, H = 3,40 m e vão = 5,60 m","m",29244.978599999999]
["M2832","Chapa múltipla metálica corrugada galvanizada tipo MP 152 lenticular ou similar - E = 4,70 mm, H = 3,50 m e vão = 5,80 m","m",35122.414799999999]
["M2833","Chapa múltipla metálica corrugada galvanizada tipo MP 152 lenticular ou similar - E = 4,70 mm, H = 3,55 m e vão = 5,90 m","m",35615.020199999999]
["M2834","Chapa múltipla metálica corrugada galvanizada tipo MP 152 lenticular ou similar - E = 4,70 mm, H = 3,65 m e vão = 6,10 m","m",36983.826399999998]
["M2835","Chapa múltipla metálica corrugada galvanizada tipo MP 152 lenticular ou similar - E = 4,70 mm, H = 3,65 m e vão = 6,25 m","m",37477.742100000003]
["M2836","Chapa múltipla metálica corrugada galvanizada tipo MP 152 lenticular ou similar - E = 6,40 mm, H = 3,75 m e vão = 6,40 m","m",51384.816400000003]
["M2837","Chapa múltipla metálica corrugada galvanizada tipo MP 152 lenticular ou similar - E = 6,40 mm, H = 3,85 m e vão = 6,60 m","m",53185.105600000003]
["M2838","Chapa múltipla metálica corrugada galvanizada tipo MP 152 ou similar para passagem de gado - E = 2,70 mm, H = 2,25 m e vão = 2,20 m","m",11686.234399999999]
["M2839","Chapa múltipla metálica corrugada galvanizada tipo MP 152 ou similar para passagem de gado - E = 2,70 mm, H = 3,10 m e vão = 2,90 m","m",15343.945400000001]
["M2840","Chapa múltipla metálica corrugada galvanizada tipo MP 152 ou similar para passagem inferior - E = 2,70 mm, H = 3,50 m e vão = 3,70 m","m",17815.227999999999]
["M2841","Chapa múltipla metálica corrugada galvanizada tipo MP 152 ou similar para passagem inferior - E = 2,70 mm, H = 3,60 m e vão = 3,90 m","m",18733.8832]
["M2842","Chapa múltipla metálica corrugada galvanizada tipo MP 152 ou similar para passagem inferior - E = 2,70 mm, H = 3,75 m e vão = 4,00 m","m",19349.636600000002]
["M2843","Chapa múltipla metálica corrugada galvanizada tipo MP 152 ou similar para passagem inferior - E = 2,70 mm, H = 3,90 m e vão = 4,20 m","m",19968.746200000001]
["M2844","Chapa múltipla metálica corrugada galvanizada tipo MP 152 ou similar para passagem inferior - E = 2,70 mm, H = 4,10 m e vão = 4,25 m","m",20585.585500000001]
["M2845","Chapa múltipla metálica corrugada galvanizada tipo MP 152 ou similar para passagem inferior - E = 2,70 mm, H = 4,25 m e vão = 4,40 m","m",21505.785500000002]
["M2846","Chapa múltipla metálica corrugada galvanizada tipo MP 152 ou similar para passagem inferior - E = 2,70 mm, H = 4,40 m e vão = 4,50 m","m",22120.548999999999]
["M2847","Chapa múltipla metálica corrugada galvanizada tipo MP 152 ou similar para passagem inferior - E = 3,40 mm, H = 4,50 m e vão = 4,70 m","m",27391.168099999999]
["M2848","Chapa múltipla metálica corrugada galvanizada tipo MP 152 ou similar para passagem inferior - E = 3,40 mm, H = 4,75 m e vão = 4,80 m","m",28781.583600000002]
["M2849","Chapa múltipla metálica corrugada galvanizada tipo MP 152 ou similar para passagem inferior - E = 3,40 mm, H = 4,85 m e vão = 5,00 m","m",29548.5844]
["M2850","Chapa múltipla metálica corrugada galvanizada tipo MP 152 ou similar para passagem inferior - E = 3,40 mm, H = 4,90 m e vão = 5,15 m","m",30316.363099999999]
["M2851","Chapa múltipla metálica corrugada galvanizada tipo MP 152 ou similar para passagem inferior - E = 3,40 mm, H = 5,00 m e vão = 5,25 m","m",30685.491600000001]
["M2852","Chapa múltipla metálica corrugada galvanizada tipo MP 152 ou similar para passagem inferior - E = 3,40 mm, H = 5,30 m e vão = 5,30 m","m",32095.709299999999]
["M2853","Chapa múltipla metálica corrugada galvanizada tipo MP 152 ou similar para passagem inferior - E = 3,90 mm, H = 5,25 m e vão = 5,65 m","m",36842.144200000002]
["M2854","Chapa múltipla metálica corrugada galvanizada tipo MP 152 ou similar para passagem inferior - E = 4,70 mm, H = 5,30 m e vão = 5,85 m","m",43811.108200000002]
["M2855","Chapa múltipla metálica corrugada galvanizada tipo MP 152 ou similar para passagem inferior - E = 4,70 mm, H = 5,45 m e vão = 6,00 m","m",44791.365599999997]
["M2856","Chapa múltipla metálica corrugada galvanizada tipo MP 152 ou similar para passagem inferior - E = 4,70 mm, H = 5,50 m e vão = 6,25 m","m",45786.591699999997]
["M2857","Chapa múltipla metálica corrugada galvanizada de arco alto tipo MP 152S ou similar - E = 4,70 mm, H = 2,77 m e vão = 6,12 m","m",26728.665499999999]
["M2858","Chapa múltipla metálica corrugada galvanizada de arco alto tipo MP 152S ou similar - E = 4,70 mm, H = 3,68 m e vão = 6,30 m","m",31257.394799999998]
["M2859","Chapa múltipla metálica corrugada galvanizada de arco alto tipo MP 152S ou similar - E = 4,70 mm, H = 3,56 m e vão = 6,55 m","m",31236.425999999999]
["M2860","Chapa múltipla metálica corrugada galvanizada de arco alto tipo MP 152S ou similar - E = 4,70 mm, H = 4,42 m e vão = 6,96 m","m",37229.089800000002]
["M2861","Chapa múltipla metálica corrugada galvanizada de arco alto tipo MP 152S ou similar - E = 4,70 mm, H = 3,61 m e vão = 6,78 m","m",32947.138099999996]
["M2862","Chapa múltipla metálica corrugada galvanizada de arco alto tipo MP 152S ou similar - E = 4,70 mm, H = 4,27 m e vão = 6,99 m","m",37102.641600000003]
["M2863","Chapa múltipla metálica corrugada galvanizada de arco alto tipo MP 152S ou similar - E = 4,70 mm, H = 3,63 m e vão = 7,01 m","m",33508.354500000001]
["M2864","Chapa múltipla metálica corrugada galvanizada de arco alto tipo MP 152S ou similar - E = 4,70 mm, H = 4,52 m e vão = 7,42 m","m",38761.840400000001]
["M2865","Chapa múltipla metálica corrugada galvanizada de arco alto tipo MP 152S ou similar - E = 4,70 mm, H = 3,68 m e vão = 7,24 m","m",34054.013800000001]
["M2866","Chapa múltipla metálica corrugada galvanizada de arco alto tipo MP 152S ou similar - E = 4,70 mm, H = 4,19 m e vão = 7,47 m","m",36818.130599999997]
["M2867","Chapa múltipla metálica corrugada galvanizada de arco alto tipo MP 152S ou similar - E = 4,70 mm, H = 4,60 m e vão = 7,85 m","m",39863.607900000003]
["M2868","Chapa múltipla metálica corrugada galvanizada de arco alto tipo MP 152S ou similar - E = 4,70 mm, H = 3,99 m e vão = 7,67 m","m",36271.016100000001]
["M2869","Chapa múltipla metálica corrugada galvanizada de arco alto tipo MP 152S ou similar - E = 4,70 mm, H = 4,65 m e vão = 8,08 m","m",40412.573400000001]
["M2870","Chapa múltipla metálica corrugada galvanizada de arco alto tipo MP 152S ou similar - E = 4,70 mm, H = 4,04 m e vão = 7,90 m","m",37229.089800000002]
["M2871","Chapa múltipla metálica corrugada galvanizada de arco alto tipo MP 152S ou similar - E = 4,70 mm, H = 4,70 m e vão = 8,31 m","m",41388.741600000001]
["M2872","Chapa múltipla metálica corrugada galvanizada de arco alto tipo MP 152S ou similar - E = 4,70 mm, H = 4,11 m e vão = 8,36 m","m",38340.126900000003]
["M2873","Chapa múltipla metálica corrugada galvanizada de arco alto tipo MP 152S ou similar - E = 4,70 mm, H = 5,00 m e vão = 8,97 m","m",43593.050199999998]
["M2874","Chapa múltipla metálica corrugada galvanizada de arco alto tipo MP 152S ou similar - E = 4,70 mm, H = 4,39 m e vão = 8,59 m","m",39990.056100000002]
["M2875","Chapa múltipla metálica corrugada galvanizada de arco alto tipo MP 152S ou similar - E = 4,70 mm, H = 5,49 m e vão = 9,17 m","m",46355.534500000002]
["M2876","Chapa múltipla metálica corrugada galvanizada de arco alto tipo MP 152S ou similar - E = 4,70 mm, H = 4,70 m e vão = 9,22 m","m",43466.601999999999]
["M2877","Chapa múltipla metálica corrugada galvanizada de arco alto tipo MP 152S ou similar - E = 4,70 mm, H = 5,59 m e vão = 9,63 m","m",47872.993600000002]
["M2878","Chapa múltipla metálica corrugada galvanizada de arco alto tipo MP 152S ou similar - E = 4,70 mm, H = 4,75 m e vão = 9,45 m","m",44004.009400000003]
["M2879","Chapa múltipla metálica corrugada galvanizada de arco alto tipo MP 152S ou similar - E = 4,70 mm, H = 5,41 m e vão = 9,65 m","m",47335.586199999998]
["M2880","Chapa múltipla metálica corrugada galvanizada de arco alto tipo MP 152S ou similar - E = 4,70 mm, H = 6,07 m e vão = 9,86 m","m",51484.645600000003]
["M2881","Chapa múltipla metálica corrugada galvanizada de arco alto tipo MP 152S ou similar - E = 4,70 mm, H = 5,23 m e vão = 9,68 m","m",46766.493699999999]
["M2882","Chapa múltipla metálica corrugada galvanizada de arco alto tipo MP 152S ou similar - E = 4,70 mm, H = 6,12 m e vão = 10,08 m","m",52022.053]
["M2883","Chapa múltipla metálica corrugada galvanizada de arco alto tipo MP 152S ou similar - E = 4,70 mm, H = 5,28 m e vão = 9,91 m","m",47335.586199999998]
["M2884","Chapa múltipla metálica corrugada galvanizada de arco alto tipo MP 152S ou similar - E = 4,70 mm, H = 6,17 m e vão = 10,31 m","m",52595.202499999999]
["M2885","Chapa múltipla metálica corrugada galvanizada de arco alto tipo MP 152S ou similar - E = 4,70 mm, H = 5,38 m e vão = 10,36 m","m",48837.943599999999]
["M2886","Chapa múltipla metálica corrugada galvanizada de arco alto tipo MP 152S ou similar - E = 4,70 mm, H = 6,05 m e vão = 10,54 m","m",53006.161699999997]
["M2887","Chapa múltipla metálica corrugada galvanizada de arco alto tipo MP 152S ou similar - E = 4,70 mm, H = 6,48 m e vão = 10,74 m","m",55214.535100000001]
["M2888","Chapa múltipla metálica corrugada galvanizada de arco alto tipo MP 152S ou similar - E = 4,70 mm, H = 7,12 m e vão = 11,35 m","m",59355.908100000001]
["M2889","Chapa múltipla metálica corrugada galvanizada de arco alto tipo MP 152S ou similar - E = 6,40 mm, H = 5,41 m e vão = 10,57 m","m",65431.411899999999]
["M2890","Chapa múltipla metálica corrugada galvanizada de arco alto tipo MP 152S ou similar - E = 6,40 mm, H = 6,10 m e vão = 10,77 m","m",70923.039799999999]
["M2891","Chapa múltipla metálica corrugada galvanizada de arco alto tipo MP 152S ou similar - E = 6,40 mm, H = 6,53 m e vão = 10,97 m","m",73937.454299999998]
["M2892","Chapa múltipla metálica corrugada galvanizada de arco alto tipo MP 152S ou similar - E = 6,40 mm, H = 7,16 m e vão = 11,58 m","m",79451.873099999997]
["M2893","Chapa múltipla metálica corrugada galvanizada tipo MP 152S ovoide ou similar - E = 4,70 mm, H = 7,82 m e vão = 7,21 m","m",63033.034399999997]
["M2894","Chapa múltipla metálica corrugada galvanizada tipo MP 152S ovoide ou similar - E = 4,70 mm, H = 7,87 m e vão = 7,31 m","m",65371.332000000002]
["M2895","Chapa múltipla metálica corrugada galvanizada tipo MP 152S ovoide ou similar - E = 4,70 mm, H = 7,90 m e vão = 7,77 m","m",66461.954100000003]
["M2896","Chapa múltipla metálica corrugada galvanizada tipo MP 152S ovoide ou similar - E = 4,70 mm, H = 8,44 m e vão = 7,57 m","m",67727.339000000007]
["M2897","Chapa múltipla metálica corrugada galvanizada tipo MP 152S ovoide ou similar - E = 4,70 mm, H = 8,23 m e vão = 8,36 m","m",70995.868600000002]
["M2898","Chapa múltipla metálica corrugada galvanizada tipo MP 152S ovoide ou similar - E = 4,70 mm, H = 8,01 m e vão = 8,13 m","m",70891.564400000003]
["M2899","Chapa múltipla metálica corrugada galvanizada tipo MP 152S ovoide ou similar - E = 4,70 mm, H = 8,48 m e vão = 8,56 m","m",71124.4378]
["M2900","Chapa múltipla metálica corrugada galvanizada tipo MP 152S ovoide ou similar - E = 4,70 mm, H = 9,32 m e vão = 8,71 m","m",76589.777499999997]
["M2901","Chapa múltipla metálica corrugada galvanizada tipo MP 152S ovoide ou similar - E = 4,70 mm, H = 9,04 m e vão = 9,15 m","m",77127.184899999993]
["M2902","Chapa múltipla metálica corrugada galvanizada tipo MP 152S ovoide ou similar - E = 4,70 mm, H = 9,50 m e vão = 9,15 m","m",77360.590599999996]
["M2908","Terminal absorvedor de energia de abertura com nível de contenção TL3 para defensa metálica","un",46171.516100000001]
["M2909","Terminal absorvedor de energia de não abertura com nível de contenção TL3 para defensa metálica","un",62527.437100000003]
["M2979","Chumbador em aço CA 25","kg",7.0129999999999999]
["M3089","Arame liso em aço galvanizado - D = 1,24 mm (18 BWG)","kg",20.849399999999999]
["M3091","Porca sextavada em aço para ancoragem de tirantes - 20 mm ≤ D ≤ 40 mm","un",27.201699999999999]
["M3093","Tela de poliamida - malha de 60 fios/cm","m²",20.398499999999999]
["M3094","Tirante de barra de aço - tensão de escoamento = 500 MPa, tensão de ruptura = 550 MPa e D = 32 mm","m",124.21510000000001]
["M3095","Válvula manchete - D = 20 mm","un",2.4045000000000001]
["M3126","Barra chata em aço galvanizado","kg",9.9135000000000009]
["M3127","Luva para bainha metálica - D = 30 mm","un",3.8014999999999999]
["M3128","Luva para bainha metálica - D = 35 mm","un",3.8767999999999998]
["M3129","Luva para bainha metálica - D = 40 mm","un",4.3013000000000003]
["M3130","Luva para bainha metálica - D = 45 mm","un",5.4397000000000002]
["M3131","Luva para bainha metálica - D = 50 mm","un",5.8547000000000002]
["M3132","Luva para bainha metálica - D = 55 mm","un",6.6993999999999998]
["M3133","Luva para bainha metálica - D = 60 mm","un",7.1665000000000001]
["M3134","Luva para bainha metálica - D = 65 mm","un",7.7885]
["M3135","Luva para bainha metálica - D = 70 mm","un",7.8853999999999997]
["M3136","Luva para bainha metálica - D = 75 mm","un",8.8466000000000005]
["M3137","Luva para bainha metálica - D = 80 mm","un",9.1900999999999993]
["M3138","Luva para bainha metálica - D = 85 mm","un",9.5437999999999992]
["M3139","Luva para bainha metálica - D = 90 mm","un",10.5602]
["M3140","Luva para bainha metálica - D = 95 mm","un",11.1663]
["M3141","Luva para bainha metálica - D = 100 mm","un",11.7911]
["M3142","Luva para bainha metálica - D = 110 mm","un",13.092499999999999]
["M3143","Luva para bainha metálica - D = 120 mm","un",14.4961]
["M3144","Luva para bainha metálica - D = 130 mm","un",16.799399999999999]
["M3145","Luva para bainha metálica ovalizada de 19 x 36 mm","un",9.0220000000000002]
["M3146","Luva para bainha metálica ovalizada de 19 x 48 mm","un",9.6234000000000002]
["M3147","Luva para bainha metálica ovalizada de 19 x 62 mm","un",10.087999999999999]
["M3148","Luva para bainha metálica ovalizada de 22 x 32 mm","un",10.6698]
["M3149","Luva para bainha metálica ovalizada de 22 x 55 mm","un",11.0402]
["M3150","Luva para bainha metálica ovalizada de 22 x 73 mm","un",11.7818]
["M3153","Tinta em pó à base de resina poliéster","kg",82.4529]
["M3170","Apoio de neoprene não fretado - C = 100 mm, L = 100 mm e E = 20 mm","un",25.0791]
["M3171","Porca sextavada em aço galvanizado para parafuso - D = 9,525 mm (3/8\")","un",0.31690000000000002]
["M3172","Porca sextavada em aço galvanizado para parafuso - D = 12 mm (M12)","un",0.61399999999999999]
["M3173","Parafuso de cabeça sextavada em aço galvanizado, classe 8.8 - D = 12 mm (M12) e C = 30 mm","un",1.8048999999999999]
["M3174","Ligação tipo barra chata em aço galvanizado para contenção - L = 45 mm e E = 4 mm","kg",18.488199999999999]
["M3177","Fita metálica SAE 1010/1020 para solo reforçado - L = 50 mm e E = 4 mm","kg",17.257200000000001]
["M3178","Material para aterro reforçado com fitas metálicas","m³","-"]
["M3179","Tubo PEAD PE 100 PN 5 para estais - D = 140 mm","m",188.3477]
["M3180","Tubo PEAD PE 100 PN 5 para estais - D = 160 mm","m",229.4299]
["M3181","Tubo PEAD PE 100 PN 5 para estais - D = 180 mm","m",275.3929]
["M3182","Tubo PEAD PE 100 PN 5 para estais - D = 200 mm","m",321.74799999999999]
["M3183","Tubo PEAD PE 100 PN 5 para estais - D = 225 mm","m",368.52719999999999]
["M3184","Tubo PEAD PE 100 PN 5 para estais - D = 250 mm","m",415.24200000000002]
["M3185","Tubo PEAD PE 100 PN 5 para estais - D = 280 mm","m",444.18799999999999]
["M3186","Tubo PEAD PE 100 PN 5 para estais - D = 315 mm","m",482.35340000000002]
["M3187","Tubo antivandalismo em aço galvanizado para estais de 12 cordoalhas - D = 15,7 mm","m",1940.1492000000001]
["M3188","Tubo antivandalismo em aço galvanizado para estais de 19 cordoalhas - D = 15,7 mm","m",2222.3706999999999]
["M3189","Tubo antivandalismo em aço galvanizado para estais de 22 cordoalhas - D = 15,7 mm","m",2411.5100000000002]
["M3190","Tubo antivandalismo em aço galvanizado para estais de 31 cordoalhas - D = 15,7 mm","m",2888.4394000000002]
["M3191","Tubo antivandalismo em aço galvanizado para estais de 37 cordoalhas - D = 15,7 mm","m",2894.3589999999999]
["M3192","Tubo antivandalismo em aço galvanizado para estais de 43 cordoalhas - D = 15,7 mm","m",3617.6419000000001]
["M3193","Tubo antivandalismo em aço galvanizado para estais de 55 cordoalhas - D = 15,7 mm","m",3630.4087]
["M3194","Tubo antivandalismo em aço galvanizado para estais de 61 cordoalhas - D = 15,7 mm","m",3630.4087]
["M3195","Tubo antivandalismo em aço galvanizado para estais de 73 cordoalhas - D = 15,7 mm","m",4191.5370999999996]
["M3196","Tubo antivandalismo em aço galvanizado para estais de 85 cordoalhas - D = 15,7 mm","m",4743.1871000000001]
["M3197","Tubo antivandalismo em aço galvanizado para estais de 91 cordoalhas - D = 15,7 mm","m",4756.0505999999996]
["M3198","Tubo fôrma lado fixo em aço galvanizado para estais de 12 cordoalhas - D = 15,7 mm","m",2161.1641]
["M3199","Tubo fôrma lado fixo em aço galvanizado para estais de 19 cordoalhas - D = 15,7 mm","m",2466.9286999999999]
["M3200","Tubo fôrma lado fixo em aço galvanizado para estais de 22 cordoalhas - D = 15,7 mm","m",3136.6984000000002]
["M3201","Tubo fôrma lado fixo em aço galvanizado para estais de 31 cordoalhas - D = 15,7 mm","m",4184.3406000000004]
["M3202","Tubo fôrma lado fixo em aço galvanizado para estais de 37 cordoalhas - D = 15,7 mm","m",4443.1468999999997]
["M3203","Tubo fôrma lado fixo em aço galvanizado para estais de 43 cordoalhas - D = 15,7 mm","m",5863.9143999999997]
["M3204","Tubo fôrma lado fixo em aço galvanizado para estais de 55 cordoalhas - D = 15,7 mm","m",7394.4029]
["M3205","Tubo fôrma lado fixo em aço galvanizado para estais de 61 cordoalhas - D = 15,7 mm","m",7394.4029]
["M3206","Tubo fôrma lado fixo em aço galvanizado para estais de 73 cordoalhas - D = 15,7 mm","m",8656.5925000000007]
["M3207","Tubo fôrma lado fixo em aço galvanizado para estais de 85 cordoalhas - D = 15,7 mm","m",9545.7931000000008]
["M3208","Tubo fôrma lado fixo em aço galvanizado para estais de 91 cordoalhas - D = 15,7 mm","m",9957.0825000000004]
["M3209","Tubo fôrma lado regulável em aço galvanizado para estais de 12 cordoalhas - D = 15,7 mm","m",1864.9874]
["M3210","Tubo fôrma lado regulável em aço galvanizado para estais de 19 cordoalhas - D = 15,7 mm","m",2150.9837000000002]
["M3211","Tubo fôrma lado regulável em aço galvanizado para estais de 22 cordoalhas - D = 15,7 mm","m",2730.4252000000001]
["M3212","Tubo fôrma lado regulável em aço galvanizado para estais de 31 cordoalhas - D = 15,7 mm","m",3647.7356]
["M3213","Tubo fôrma lado regulável em aço galvanizado para estais de 37 cordoalhas - D = 15,7 mm","m",3876.4519]
["M3214","Tubo fôrma lado regulável em aço galvanizado para estais de 43 cordoalhas - D = 15,7 mm","m",5114.1719000000003]
["M3215","Tubo fôrma lado regulável em aço galvanizado para estais de 55 cordoalhas - D = 15,7 mm","m",6446.5679]
["M3216","Tubo fôrma lado regulável em aço galvanizado para estais de 61 cordoalhas - D = 15,7 mm","m",6446.5679]
["M3217","Tubo fôrma lado regulável em aço galvanizado para estais de 73 cordoalhas - D = 15,7 mm","m",7550.7849999999999]
["M3218","Tubo fôrma lado regulável em aço galvanizado para estais de 85 cordoalhas - D = 15,7 mm","m",8603.9349999999995]
["M3219","Tubo fôrma lado regulável em aço galvanizado para estais de 91 cordoalhas - D = 15,7 mm","m",8693.3024999999998]
["M3220","Coroa de botões esféricos - Ring bit - D = 104 mm (4 3/32\")","un",978.97299999999996]
["M3225","Película retrorrefletiva tipo III + SI (sinal impresso com película de sobreposição tipo V)","m²",436.58249999999998]
["M3227","Tubo de revestimento em aço-carbono schedule 40 - DN = 101,6 mm (4\")","m",254.75059999999999]
["M3228","Cimento asfáltico de petróleo com borracha - CAP 50/70 com 15% de borracha de pneu","t","-"]
["M3229","Película retrorrefletiva tipo I + SI (sinal impresso com película de sobreposição tipo V)","m²",369.53859999999997]
["M3230","Chapa de poliéster reforçada com fibra de vidro - E = 2,0 mm","m²",120.6481]
["M3231","Chapa de alumínio composto (ACM) - E = 3,0 mm","m²",170.53110000000001]
["M3232","Película retrorrefletiva tipo X + SI (sinal impresso com película de sobreposição tipo V)","m²",534.69600000000003]
["M3233","Fita adesiva estrutural dupla-face - E = 2 mm e L = 25 mm","m",8.468]
["M3235","Película retrorrefletiva tipo I","m²",151.79069999999999]
["M3236","Película retrorrefletiva tipo III + SI","m²",502.01560000000001]
["M3237","Película retrorrefletiva tipo III","m²",276.73950000000002]
["M3238","Película não retrorrefletiva tipo IV","m²",132.99420000000001]
["M3239","Película retrorrefletiva tipo X","m²",451.4246]
["M3240","Duto flexível de ventilação de poliéster aluminizado sem isolamento - D = 200 mm","m",22.677199999999999]
["M3241","Cabo de cobre flexível antichama isolado em HEPR - tensão de 0,6/1,0 kV e seção de 2 x 6 mm²","m",13.756600000000001]
["M3242","Cabo de cobre flexível antichama isolado em HEPR - tensão de 0,6/1,0 kV e seção de 4 x 6 mm²","m",24.064900000000002]
["M3245","Tinta plástica à base de resina metacrílica aplicada a frio por aspersão (spray)","kg",58.162599999999998]
["M3270","Ancoragem fixa para estais de 12 cordoalhas - D = 15,7 mm","un",12736.7835]
["M3271","Ancoragem fixa para estais de 22 cordoalhas - D = 15,7 mm","un",18135.889500000001]
["M3272","Ancoragem fixa para estais de 43 cordoalhas - D = 15,7 mm","un",38235.020799999998]
["M3273","Ancoragem fixa para estais de 85 cordoalhas - D = 15,7 mm","un",74721.007500000007]
["M3274","Ancoragem regulável para estais de 12 cordoalhas - D = 15,7 mm","un",19797.929]
["M3275","Ancoragem regulável para estais de 22 cordoalhas - D = 15,7 mm","un",30753.8033]
["M3276","Ancoragem regulável para estais de 43 cordoalhas - D = 15,7 mm","un",61435.254800000002]
["M3277","Ancoragem regulável para estais de 85 cordoalhas - D = 15,7 mm","un",119211.1651]
["M3278","Tubo PEAD PE 100 PN 5 para estais - D = 110 mm","m",167.19720000000001]
["M3279","Arruela lisa em aço zincado branco para parafuso - D = 9,525 mm (3/8\")","un",0.17949999999999999]
["M3280","Viga de madeira - E = 5 cm e L = 11 cm","m",22.099900000000002]
["M3353","Purgador plástico","un",1.1724000000000001]
["M3360","Chumbador de expansão controlada por torque em aço zincado para concreto - D = 8,0 mm","un",2.6379000000000001]
["M3361","Corrente de elo soldado em aço SAE 1010/1020 com acabamento polido - E = 25,00 mm (1\")","m",340.67579999999998]
["M3362","Corrente de elo soldado em aço SAE 1010/1020 com acabamento polido - E = 12,50 mm (1/2\")","m",95.770700000000005]
["M3363","Corrente de elo soldado em aço SAE 1010/1020 com acabamento polido - E = 19,00 mm (3/4\")","m",219.99039999999999]
["M3364","Lanterna de sinalização náutica com acessórios de fixação - alcance 2 mn","un",3968.6350000000002]
["M3365","Lanterna de sinalização náutica com acessórios de fixação - alcance 3 mn","un",4625.0415999999996]
["M3366","Lanterna de sinalização náutica com acessórios de fixação - alcance 4 mn","un",7098.4395999999997]
["M3367","Lanterna de sinalização náutica com acessórios de fixação - alcance 6 mn","un",8740.5593000000008]
["M3368","Lanterna de sinalização náutica com acessórios de fixação - alcance 8 mn","un",10563.3559]
["M3369","Manilha âncora em aço forjado com porca e cupilha - DN = 16,0 mm (5/8\")","un",53.203499999999998]
["M3370","Manilha reta em aço forjado com porca e cupilha - DN = 38,1 mm (1 1/2\")","un",566.81730000000005]
["M3371","Manilha reta em aço forjado com porca e cupilha - DN = 25,4 mm (1\")","un",134.75049999999999]
["M3372","Suporte polimérico ecológico maciço colapsível para placa de sinalização - seção de 10 x 10 cm","m",438.4187]
["M3501","Placa de ancoragem para tirante de barra de aço - E = 12,7 mm e seção de 160 x 160 mm","un",83.221400000000003]
["M3502","Mistura betuminosa","m³","-"]
["M3503","Material de base","m³","-"]
["M3504","Concreto","m³","-"]
["M3505","Material demolido - concreto simples","m³","-"]
["M3506","Material demolido - madeira","m³","-"]
["M3507","Revestimento asfáltico","m³","-"]
["M3508","Camada granular (base ou sub-base)","m³","-"]
["M3509","Material demolido - remendo profundo","m³","-"]
["M3510","Material demolido - alvenaria","m³","-"]
["M3511","Acessórios e materiais metálicos","t","-"]
["M3512","Material demolido - concreto armado","m³","-"]
["M3513","Material de 3ª categoria","m³","-"]
["M3514","Solo","m³","-"]
["M3515","Grãos, agregados e solos derramados na pista","t","-"]
["M3516","Veículos de pequeno porte incendiados em rodovia","un","-"]
["M3518","Tinta à base de resina epóxi bicomponente","l",61.314399999999999]
["M3519","Tinta à base de resina epóxi poliamida bicomponente para fundo preparador de pintura","l",105.1011]
["M3520","Tinta anticorrosiva à base de resina epóxi poliamida bicomponente","l",98.904300000000006]
["M3521","Guincho manual com capacidade de tração de 100 kN com cabo de aço","un",165832.22769999999]
["M3522","Guincho manual com capacidade de tração de 200 kN com cabo de aço","un",231146.7769]
["M3523","Pneu reaproveitado","un",53.696300000000001]
["M3524","Sapatilha em aço inox - D = 13 mm (1/2\")","un",24.7211]
["M3525","Molinete manual com capacidade de tração de 70 kN","un",256537.5846]
["M3526","Ânodo de sacrifício em liga de zinco - peso = 20 kg","un",1583.86]
["M3527","Cabo de aço - D = 42,00 mm (1 5/8\")","m",289.0421]
["M3528","Terminal soquete fechado em aço galvanizado compatível com cabo de aço de D = 42 mm","un",4342.1414000000004]
["M3529","Manilha reta em aço forjado com porca e cupilha - D = 57,2 mm (2 1/4\")","un",1615.1196]
["M3530","Tubo mecânico em aço-carbono","kg",35.866900000000001]
["M3718","Material combustível removido","t","-"]
["M3719","Blocos de rocha ou matacões","m³","-"]
["M3720","Material asfáltico removido","t","-"]
["M3721","Estrutura de pórtico metálico removida","un","-"]
["M3722","Estrutura de semipórtico duplo metálico removida","un","-"]
["M3723","Estrutura de semipórtico metálico removida","un","-"]
["M3727","Mangueira para hidrojateamento com pressão de trabalho de até 17,5 MPa (2.538 psi) - D = 25 mm (1\")","m",153.38030000000001]
["M3728","Mangueira para sistema de sucção a vácuo com vazão de entrada de até 3,6 m³/h (60 l/min) - D = 72,5 mm (3\")","m",132.58090000000001]
["M3729","Detritos removidos de bueiros","m³","-"]
["M3730","Material triturado - galhos e troncos","m³","-"]
["M3772","Canal monobloco com corpo e grelha em concreto polímero com efeito autolimpante - carga de controle de 400 kN - C = 100,0 cm, L = 15,0 cm e H = 23,0 cm","m",382.55430000000001]
["M3773","Canal monobloco com corpo e grelha em concreto polímero com efeito autolimpante - carga de controle de 400 kN - C = 100,0 cm, L = 25,0 cm e H = 32,0 cm","m",737.52919999999995]
["M3774","Canal monobloco com corpo e grelha em concreto polímero com efeito autolimpante - carga de controle de 900 kN - C = 100,0 cm, L = 16,0 cm e H = 26,5 cm","m",762.94330000000002]
["M3775","Canal monobloco com corpo e grelha em concreto polímero com efeito autolimpante - carga de controle de 900 kN - C = 100,0 cm, L = 21,0 cm e H = 28,0 cm","m",680.44219999999996]
["M3776","Canal monobloco com corpo e grelha em concreto polímero com efeito autolimpante - carga de controle de 900 kN - C = 100,0 cm, L = 21,0 cm e H = 38,0 cm","m",746.32939999999996]
["M3777","Canal monobloco com corpo e grelha em concreto polímero com efeito autolimpante - carga de controle de 900 kN - C = 100,0 cm, L = 21,0 cm e H = 48,0 cm","m",1205.4123999999999]
["M3778","Canal monobloco com corpo e grelha em concreto polímero com efeito autolimpante - carga de controle de 900 kN - C = 100,0 cm, L = 26,0 cm e H = 33,0 cm","m",916.64390000000003]
["M3779","Canal monobloco com corpo e grelha em concreto polímero com efeito autolimpante - carga de controle de 900 kN - C = 100,0 cm, L = 26,0 cm e H = 53,0 cm","m",1102.5418999999999]
["M3780","Canal monobloco com corpo e grelha em concreto polímero com efeito autolimpante - carga de controle de 900 kN - C = 200,0 cm, L = 40,0 cm e H = 59,5 cm","m",4837.2555000000002]
["M3781","Canal em polietileno e polipropileno com efeito autolimpante e grelha de encaixe em poliamida reforçada - carga de controle de 250 kN - C = 100,0 cm, L = 16,0 cm e H = 12,2 cm","m",308.29840000000002]
["M3782","Canal em polietileno e polipropileno com efeito autolimpante e grelha de encaixe em poliamida reforçada - carga de controle de 250 kN - C = 100,0 cm, L = 16,0 cm e H = 17,2 cm","m",327.12049999999999]
["M3783","Canal em polietileno e polipropileno com efeito autolimpante e grelha de encaixe em poliamida reforçada - carga de controle de 250 kN - C = 100,0 cm, L = 16,0 cm e H = 5,5 cm","m",290.29430000000002]
["M3784","Canal em polietileno e polipropileno com efeito autolimpante e grelha de encaixe em ferro fundido dúctil - carga de controle de 400 kN - C = 100,0 cm, L = 14,7 cm e H = 15,7 cm","m",487.47969999999998]
["M3785","Canal em polietileno e polipropileno com efeito autolimpante e grelha de encaixe em ferro fundido dúctil - carga de controle de 400 kN - C = 100,0 cm, L = 24,7 cm e H = 20,8 cm","m",1314.2596000000001]
["M3786","Canal em polietileno e polipropileno com efeito autolimpante e grelha de encaixe em ferro fundido dúctil - carga de controle de 400 kN - C = 100,0 cm, L = 34,9 cm e H = 25,8 cm","m",2198.8006]
["M3787","Canal em polietileno e polipropileno com efeito autolimpante e grelha de encaixe em ferro fundido dúctil - carga de controle de 600 kN - C = 100,0 cm, L = 16,0 cm e H = 12,2 cm","m",744.78920000000005]
["M3788","Canal em polietileno e polipropileno com efeito autolimpante e grelha de encaixe em ferro fundido dúctil - carga de controle de 600 kN - C = 100,0 cm, L = 21,2 cm e H = 18,0 cm","m",909.86069999999995]
["M3789","Canal em polietileno e polipropileno com efeito autolimpante e grelha de encaixe em ferro fundido dúctil - carga de controle de 600 kN - C = 100,0 cm, L = 26,2 cm e H = 17,2 cm","m",1166.827]
["M3790","Canal em polietileno e polipropileno com efeito autolimpante e abertura de captação em ferro fundido dúctil - carga de controle de 900 kN - C = 100,0 cm, L = 21,0 cm e H = 57,9 cm","m",1010.0761]
["M3791","Canal em polietileno e polipropileno com efeito autolimpante e abertura de captação em ferro fundido dúctil - carga de controle de 900 kN - C = 100,0 cm, L = 25,2 cm e H = 57,8 cm","m",1645.2553]
["M3792","Canal em polietileno e polipropileno com efeito autolimpante e abertura de captação em ferro fundido dúctil - carga de controle de 900 kN - C = 100,0 cm, L = 42,0 cm e H = 95,0 cm","m",2059.0664999999999]
["M3793","Canal em polietileno e polipropileno com efeito autolimpante e abertura de captação em ferro fundido dúctil - carga de controle de 900 kN - C = 114,2 cm, L = 78,0 cm e H = 106,0 cm","m",2694.8215]
["M3795","Custo equivalente da construção civil para construção do Estaleiro Padrão","m²",1843.39]
["M3801","Animais de grande porte mortos em rodovia","t","-"]
["M3802","Animais de pequeno porte mortos em rodovia","t","-"]
["M3803","Emborrachados de pneus espalhados em rodovia","t","-"]
["M3804","Espécimes arbóreos de até 20 m tombados na pista","t","-"]
["M3805","Espécimes arbóreos de 20 a 40 m tombados na pista","t","-"]
["M3806","Sucatas derramadas em rodovia","t","-"]
["M3807","Veículos de grande porte incendiados em rodovia","un","-"]
["M3808","Veículos de médio porte incendiados em rodovia","un","-"]
["M3809","Veículos de grande porte tombados em rodovia","un","-"]
["M3810","Veículos de médio porte tombados em rodovia","un","-"]
["M3811","Veículos de pequeno porte tombados em rodovia","un","-"]
["M3813","Vidros, caixas e engradados derramados na pista","t","-"]
["M3821","Tacha refletiva em plástico injetado bidirecional com um pino - tipo I","un",23.042400000000001]
["M3822","Tacha refletiva em plástico injetado bidirecional com um pino - tipo II","un",30.895900000000001]
["M3823","Tacha refletiva em plástico injetado bidirecional com um pino - tipo III","un",30.895900000000001]
["M3824","Tacha refletiva em plástico injetado bidirecional com um pino - tipo IV","un",32.2363]
["M3825","Tacha refletiva em plástico injetado bidirecional sem pino - tipo I","un",22.6081]
["M3826","Tacha refletiva em plástico injetado bidirecional sem pino - tipo II","un",25.59]
["M3827","Tacha refletiva em plástico injetado bidirecional sem pino - tipo III","un",25.59]
["M3828","Tacha refletiva em plástico injetado bidirecional sem pino - tipo IV","un",31.567900000000002]
["M3829","Tacha refletiva em plástico injetado monodirecional com um pino - tipo I","un",18.679400000000001]
["M3830","Tacha refletiva em plástico injetado monodirecional com um pino - tipo II","un",23.242999999999999]
["M3831","Tacha refletiva em plástico injetado monodirecional com um pino - tipo III","un",24.225899999999999]
["M3832","Tacha refletiva em plástico injetado monodirecional com um pino - tipo IV","un",31.016300000000001]
["M3833","Tacha refletiva em plástico injetado monodirecional sem pino - tipo I","un",17.3812]
["M3834","Tacha refletiva em plástico injetado monodirecional sem pino - tipo II","un",22.691400000000002]
["M3835","Tacha refletiva em plástico injetado monodirecional sem pino - tipo III","un",23.242999999999999]
["M3836","Tacha refletiva em plástico injetado monodirecional sem pino - tipo IV","un",30.384399999999999]
["M3837","Tacha refletiva em resina sintética bidirecional com um pino - tipo I","un",34.128999999999998]
["M3838","Tacha refletiva em resina sintética bidirecional com um pino - tipo II","un",43.3566]
["M3839","Tacha refletiva em resina sintética bidirecional com um pino - tipo III","un",48.020499999999998]
["M3840","Tacha refletiva em resina sintética bidirecional com um pino - tipo IV","un",48.307299999999998]
["M3841","Tacha refletiva em resina sintética bidirecional sem pino - tipo I","un",33.527200000000001]
["M3842","Tacha refletiva em resina sintética bidirecional sem pino - tipo II","un",42.804900000000004]
["M3843","Tacha refletiva em resina sintética bidirecional sem pino - tipo III","un",47.368600000000001]
["M3844","Tacha refletiva em resina sintética bidirecional sem pino - tipo IV","un",47.368600000000001]
["M3845","Tacha refletiva em resina sintética monodirecional com um pino - tipo I","un",30.779]
["M3846","Tacha refletiva em resina sintética monodirecional com um pino - tipo II","un",37.8902]
["M3847","Tacha refletiva em resina sintética monodirecional com um pino - tipo III","un",42.152999999999999]
["M3848","Tacha refletiva em resina sintética monodirecional com um pino - tipo IV","un",46.752699999999997]
["M3851","Tacha refletiva em resina sintética monodirecional sem pino - tipo I","un",30.076899999999998]
["M3852","Tacha refletiva em resina sintética monodirecional sem pino - tipo II","un",37.178100000000001]
["M3853","Tacha refletiva em resina sintética monodirecional sem pino - tipo III","un",41.3506]
["M3854","Tacha refletiva em resina sintética monodirecional sem pino - tipo IV","un",45.864100000000001]
["M3855","Tacha refletiva metálica bidirecional com dois pinos - tipo II","un",26.2394]
["M3856","Tacha refletiva metálica bidirecional com dois pinos - tipo III","un",22.847899999999999]
["M3857","Tacha refletiva metálica bidirecional com dois pinos - tipo IV","un",65.257999999999996]
["M3858","Tacha refletiva metálica bidirecional com um pino - tipo II","un",23.5413]
["M3859","Tacha refletiva metálica bidirecional com um pino - tipo III","un",19.6418]
["M3860","Tacha refletiva metálica bidirecional com um pino - tipo IV","un",63.703400000000002]
["M3861","Tacha refletiva metálica monodirecional com dois pinos - tipo II","un",21.074000000000002]
["M3862","Tacha refletiva metálica monodirecional com dois pinos - tipo III","un",19.134599999999999]
["M3863","Tacha refletiva metálica monodirecional com dois pinos - tipo IV","un",55.9803]
["M3864","Tacha refletiva metálica monodirecional com um pino - tipo II","un",17.4331]
["M3865","Tacha refletiva metálica monodirecional com um pino - tipo III","un",15.9504]
["M3866","Tacha refletiva metálica monodirecional com um pino - tipo IV","un",54.4758]
["M3867","Tachão refletivo em plástico injetado bidirecional","un",75.928600000000003]
["M3868","Tachão refletivo em plástico injetado monodirecional","un",74.191699999999997]
["M3869","Tachão refletivo em resina sintética bidirecional","un",63.3919]
["M3870","Tachão refletivo em resina sintética monodirecional","un",61.847299999999997]
["M3900","Emulsão asfáltica com polímero - RR-1C-E","t","-"]
["M3901","Reservatório metálico tipo taça - capacidade de 5.000 l","un",19200]
["M3902","Reservatório metálico tipo taça - capacidade de 10.000 l","un",26125.389899999998]
["M3903","Reservatório metálico tipo taça - capacidade de 20.000 l","un",41361.6855]
["M3904","Reservatório metálico tipo taça - capacidade de 30.000 l","un",55570.082000000002]
["M3905","AMV tipo TR37, abertura 1:8, bitola métrica","un","-"]
["M3906","AMV tipo TR37, abertura 1:10, bitola métrica","un","-"]
["M3907","AMV tipo TR37, abertura 1:12, bitola métrica","un","-"]
["M3908","AMV tipo TR37, abertura 1:14, bitola métrica","un","-"]
["M3909","Bico para corte a plasma manual - 65A","un",64.418499999999995]
["M3910","Bico para corte a plasma manual - 45A","un",62.392400000000002]
["M3911","Bocal para corte a plasma manual - 45A/65A","un",166.49799999999999]
["M3912","Capa de retenção para corte a plasma manual - 45A/65A","un",271.82859999999999]
["M3913","Eletrodo para corte a plasma manual - 45A/65A","un",77.223200000000006]
["M3914","Distribuidor de gás para corte a plasma manual - 45A/65A","un",179.70910000000001]
["M3915","Parafuso de cabeça sextavada em aço inox - D = 12,7 mm (1/2\") e C = 38,1 mm (1.1/2\")","un",5.7352999999999996]
["M3916","Porca sextavada em aço inox para parafuso - D = 12,7 mm (1/2\")","un",1.8815999999999999]
["M3917","Arruela lisa em aço inox - D = 12,7 mm (1/2\")","un",0.78959999999999997]
["M3918","Disco de corte com 80 dentes multimaterial - D = 250 mm","un",384.97449999999998]
["M3919","Lixa d'água Nº 360","un",1.1898]
["M3920","Diluente para tinta epóxi bicomponente ou tricomponente","l",61.6738]
["M3921","Tinta à base de resina epóxi óxido de ferro","l",162.23089999999999]
["M3922","Diluente para esmalte poliuretano de dois componentes","l",98.436899999999994]
["M3923","Tinta esmalte poliuretano bicomponente","l",192.40610000000001]
["M3924","Catalisador para tinta fosfatizante","l",62.443800000000003]
["M3925","Tinta fosfatizante para fundo preparador de pintura","l",76.104900000000001]
["M3926","Luva em aço galvanizado com rosca BSP classe leve - D = 12,5 mm (1/2\")","un",3.3]
["M3927","Plug tipo bujão em aço galvanizado com rosca BSP - D = 15 mm (1/2\")","un",3.9144999999999999]
["M3928","Tubo em aço-carbono - E = 3,35 mm e D = 80 mm (3\")","m",62.614899999999999]
["M3929","Tubo em aço-carbono - E = 3,00 mm e D = 150 mm (6\")","m",171.2287]
["M3931","Cantoneira em alumínio de abas iguais - L = 38,1 mm e E = 4,76 mm","kg",34.4649]
["M3932","Parafuso de cabeça sextavada em aço inox - D = 8 mm (M8) e C = 20 mm","un",1.6859]
["M3933","Porca sextavada em aço inox para parafuso - D = 8 mm (M8)","un",0.5474]
["M3934","Arruela lisa em aço inox para parafuso - D = 8,4 mm (M8)","un",0.2001]
["M3935","Arruela de pressão em aço inox para parafuso - D = 8,1 mm (M8)","un",0.31900000000000001]
["M3936","Parafuso de cabeça sextavada em aço inox - D = 12,7 mm (1/2\") e C = 19,05 mm (3/4\")","un",5.2648999999999999]
["M3939","Barra redonda em aço SAE 1020 - D = 25,4 mm (1\")","m",39.9283]
["M3947","Tubo em aço - E = 3,00 mm e seção de 40 x 40 mm","m",34.160600000000002]
["M3949","Desmoldante para fôrmas metálicas","l",17.7531]
["M4413","Arame E70S6 para solda MIG/MAG - D = 0,9 mm","kg",22.538499999999999]

{"sheet":"Pessoal Sicro","index":21,"n_rows":106,"n_cols":7,"rows_kept":106,"cut":false,"hidden":false,"merged":[[0,0,1,0],[0,1,1,5],[0,6,1,6],[2,0,2,6],[3,0,3,6]]}
["CGCIT","SISTEMA DE CUSTOS REFERENCIAIS DE OBRAS - SICRO",{"$nulls":4},"DNIT"]
[]
["Pará - Abril/2024"]
["Sem desoneração"]
["Código","Descrição","Unidade","Salário (R$)","Encargos Totais","Custo (R$)","Periculosidade/\nInsalubridade"]
["P9801","Ajudante","h",7.1022999999999996,2.2052580000000002,22.764700000000001,0]
["P9802","Ajudante especializado","h",8.5227000000000004,2.1114109999999999,26.517600000000002,0]
["P9803","Almoxarife","mês",2043.3868,1.4542710000000001,5015.0249000000003,0]
["P9804","Apontador","mês",2026.5505000000001,1.479759,5025.3567999999996,0]
["P9805","Armador","h",9.3283000000000005,1.951071,27.528400000000001,0]
["P9806","Auxiliar administrativo","mês",2055.7107999999998,1.4503379999999999,5037.1862000000001,0]
["P9807","Bombeiro hidráulico","h",12.7173,1.787112,35.444499999999998,0]
["P9808","Carpinteiro","h",9.2233000000000001,1.9580580000000001,27.283000000000001,0]
["P9809","Encarregado administrativo","mês",3821.6770000000001,1.109618,8062.2785000000003,0]
["P9810","Eletricista","h",10.736599999999999,1.88344,30.958300000000001,0]
["P9811","Encarregado especializado","mês",4237.6770999999999,1.0953900000000001,8879.5861999999997,0]
["P9812","Engenheiro","mês",12813.727199999999,0.839256,23567.724600000001,0]
["P9814","Operacional","mês",1570.3441,1.489277,3909.0214000000001,0]
["P9815","Jardineiro","h",9.6300000000000008,1.915535,28.076599999999999,0]
["P9819","Engenheiro supervisor","mês",12813.727199999999,0.839256,23567.724600000001,0]
["P9821","Pedreiro","h",9.1509999999999998,1.957441,27.063500000000001,0]
["P9822","Pintor","h",9.5418000000000003,1.9418500000000001,28.070499999999999,0]
["P9823","Serralheiro","h",10.4649,1.855807,29.8857,0]
["P9824","Servente","h",6.5353000000000003,2.299531,21.563400000000001,0]
["P9825","Soldador","h",12.562799999999999,1.7371019999999999,34.385599999999997,0]
["P9826","Chefe setor de finanças","mês",12414.8644,0.83923599999999998,22833.8655,0]
["P9827","Vigia","mês",1525.6057000000001,1.922579,4916.3847999999998,0.3]
["P9830","Montador","h",9.75,1.9951479999999999,29.2026,0]
["P9833","Auxiliar de laboratório","mês",1795.0952,1.5615520000000001,4598.2295999999997,0]
["P9837","Oceanógrafo","mês",5313.4665999999997,0.96730700000000003,10453.219999999999,0]
["P9840","Encarregado geral","mês",6476.7430000000004,0.98003099999999999,12824.151900000001,0]
["P9842","Faxineiro","mês",1556,1.6769320000000001,4165.3060999999998,0]
["P9843","Operador de equipamento leve","h",9.5062999999999995,1.9131940000000001,27.6936,0]
["P9845","Operador de equipamento pesado","h",13.3894,1.6753739999999999,35.821599999999997,0]
["P9846","Operador de equipamento especial","h",18.621300000000002,1.503207,46.612900000000003,0]
["P9847","Perfurador de tubulão","h",7.1026999999999996,2.1997070000000001,22.726500000000001,0]
["P9848","Desenhista","mês",4280.5241999999998,1.0878890000000001,8937.2592999999997,0]
["P9849","Condutor maquinista fluvial","mês",2497.4353999999998,1.203174,5502.2847000000002,0]
["P9850","Copeiro","mês",1634.277,1.6015360000000001,4251.6304,0]
["P9851","Médico do trabalho","mês",9683.7414000000008,0.90365600000000001,18434.5124,0]
["P9852","Blaster","h",11.0884,2.154398,38.303699999999999,0.3]
["P9853","Pré-marcador","h",7.1022999999999996,2.1770700000000001,22.564499999999999,0]
["P9854","Recepcionista","mês",1783.9545000000001,1.5090079999999999,4475.9561000000003,0]
["P9855","Marinheiro de máquinas","mês",2228.6950000000002,1.253325,5021.9741000000004,0]
["P9856","Marinheiro de convés","h",9.8879999999999999,1.7087289999999999,26.783899999999999,0]
["P9857","Marinheiro de convés - mensalista","mês",2175.3665999999998,1.2649189999999999,4927.0290999999997,0]
["P9858","Laboratorista","mês",2995.5104000000001,1.2497180000000001,6739.0536000000002,0]
["P9859","Trabalhador de via","h",6.5328999999999997,2.310746,21.628699999999998,0]
["P9861","Selecionador de material pétreo","h",7.1022999999999996,2.1873149999999999,22.6372,0]
["P9864","Engenheiro de segurança do trabalho","mês",12257.062099999999,0.84509599999999996,22615.456200000001,0]
["P9866","Motorista de caminhão","h",11.438700000000001,1.759072,31.560099999999998,0]
["P9867","Técnico especializado - mensalista","mês",4071.9803000000002,1.117999,8624.4501999999993,0]
["P9869","Encarregado de obras de artes especiais","mês",4237.6770999999999,1.0953900000000001,8879.5861999999997,0]
["P9870","Motorista de veículo leve","h",9.26,1.9180330000000001,27.020900000000001,0]
["P9871","Motorista de veículo especial","h",13.3508,1.663864,35.564700000000002,0]
["P9875","Encarregado de turma","mês",2537.4531000000002,1.31898,5884.3028999999997,0]
["P9876","Técnico de segurança do trabalho","mês",3671.75,1.1548579999999999,7912.0998,0]
["P9878","Secretária","mês",2855.4866000000002,1.2257800000000001,6355.6849000000002,0]
["P9880","Piloto fluvial","mês",3456.53,1.073971,7168.7429000000002,0]
["P9882","Técnico especializado","h",18.509,1.5163120000000001,46.574399999999997,0]
["P9883","Chefe do setor administrativo","mês",3821.8429000000001,1.1096029999999999,8062.5712000000003,0]
["P9884","Encarregado de terraplenagem","mês",4237.6770999999999,1.0953900000000001,8879.5861999999997,0]
["P9885","Frentista de túnel","h",7.1022999999999996,2.2566549999999999,23.1297,0]
["P9889","Técnico da qualidade","mês",4365.7313999999997,1.1054820000000001,9191.9688000000006,0]
["P9892","Auxiliar de blaster","h",9.7646999999999995,2.2530559999999999,34.694499999999998,0.3]
["P9893","Encarregado de pavimentação","mês",4237.6770999999999,1.0953900000000001,8879.5861999999997,0]
["P9896","Porteiro","mês",1764.56,1.565566,4527.0950999999995,0]
["P9897","Técnico de meio ambiente","mês",3588.2343999999998,1.1682250000000001,7780.0995000000003,0]
["P9900","Comprador","mês",3461.4513000000002,1.1662710000000001,7498.4414999999999,0]
["P9901","Encarregado de superestrutura ferroviária","mês",4237.6770999999999,1.0953900000000001,8879.5861999999997,0]
["P9903","Auxiliar técnico","mês",1956.586,1.4812829999999999,4854.8434999999999,0]
["P9907","Comandante de longo curso","mês",11259.305700000001,0.85216000000000003,20854.035599999999,0]
["P9908","Imediato","mês",8904.6059999999998,0.87814300000000001,16724.1234,0]
["P9909","Oficial de náutica","mês",2834.3490999999999,1.1487700000000001,6090.3643000000002,0]
["P9910","Oficial de máquinas","mês",2921.1264999999999,1.1330519999999999,6230.9147000000003,0]
["P9913","Draguista","mês",3595.3388,1.0616129999999999,7412.1971999999996,0]
["P9915","Maquinista","h",12.754899999999999,1.695673,34.383000000000003,0]
["P9916","Encarregado de conservação rodoviária","mês",4237.6770999999999,1.0953900000000001,8879.5861999999997,0]
["P9920","Mestre fluvial","mês",4677.0464000000002,0.99044500000000002,9309.4035999999996,0]
["P9921","Mergulhador raso autônomo de emergência","h",9.9237000000000002,2.4632299999999998,36.935299999999998,0.25869999999999999]
["P9922","Mergulhador raso dependente de emergência","h",9.9207999999999998,2.539431,38.090200000000003,0.3]
["P9924","Mergulhador raso dependente","h",9.9207999999999998,3.8559169999999998,51.150799999999997,0.3]
["P9925","Mergulhador raso autônomo","h",9.9237000000000002,3.4892300000000001,47.116999999999997,0.25869999999999999]
["P9926","Mergulhador raso auxiliar de superfície","h",9.9237000000000002,2.2370320000000001,34.6905,0.25869999999999999]
["P9927","Frentista de túnel com periculosidade","h",7.1022999999999996,2.5840770000000002,27.585799999999999,0.3]
["P9930","Eletricista com periculosidade","h",10.736599999999999,2.2114020000000001,37.700499999999998,0.3]
["P9931","Operador de equipamento de mergulho","h",18.011800000000001,1.8009949999999999,53.017600000000002,0.14249999999999999]
["P9932","Operador de equipamento pesado com periculosidade","h",13.3894,2.0038130000000001,44.235999999999997,0.3]
["P9933","Supervisor de mergulho raso","mês",3962.5981000000002,1.3261419999999999,9782.2360000000008,0.14249999999999999]
["P9934","Motorista de veículo especial com periculosidade","h",13.3508,1.9921500000000001,43.952800000000003,0.3]
["P9938","Operador de equipamento leve com periculosidade","h",9.5062999999999995,2.241635,33.6678,0.3]
["P9939","Operador de equipamento leve com insalubridade","h",9.5062999999999995,2.346025,34.375900000000001,0.27010000000000001]
["P9942","Marinheiro de convés com periculosidade","h",9.8879999999999999,2.0371389999999998,32.997599999999998,0.3]
["P9944","Operador de equipamento especial com periculosidade","h",18.621300000000002,1.8316479999999999,58.315300000000001,0.3]
["P9946","Engenheiro auxiliar","mês",12002,0.84431800000000001,22135.5046,0]
["P9947","Técnico florestal","mês",3588.2343999999998,1.1682250000000001,7780.0995000000003,0]
["P9948","Motorista de veículo leve - mensalista","mês",2037.2,1.454323,4999.9467999999997,0]
["P9949","Topógrafo","mês",3671.75,1.173373,7980.0823,0]
["P9950","Auxiliar de topografia","mês",1764.56,1.591734,4573.2700999999997,0]
["P9951","Médico de câmara hiperbárica","mês",9683.7414000000008,1.046592,20383.229800000001,5.8299999999999998E-2]
["P9952","Pedreiro - mensalista","mês",2013.2094999999999,1.484343,5001.5029000000004,0]
["P9953","Eletricista - mensalista","mês",2362.0367000000001,1.424585,5726.9587000000001,0]
["P9954","Servente - mensalista","mês",1437.7572,1.775649,3990.7093,0]
["P9955","Engenheiro chefe","mês",15748.4249,0.82530599999999998,28745.6944,0]
["P9956","Motorista de caminhão com periculosidade","h",11.438700000000001,2.087361,38.747,0.3]
["P9972","Técnico de batimetria","mês",3322.76,1.108568,7006.2654000000002,0]

{"sheet":"Equipamentos","index":22,"n_rows":541,"n_cols":11,"rows_kept":541,"cut":false,"hidden":false,"merged":[[419,2,419,8],[0,1,0,9],[1,1,1,9],[382,2,382,8],[407,2,407,8],[417,2,417,8],[410,2,410,8],[413,2,413,8],[415,2,415,8],[385,2,385,8],[389,2,389,8],[392,2,392,8],[395,2,395,8],[404,2,404,8],[399,2,399,8],[472,2,472,8],[475,2,475,8],[478,2,478,8],[481,2,481,8],[434,2,434,8],[445,2,445,8],[448,2,448,8],[451,2,451,8],[454,2,454,8],[457,2,457,8],[460,2,460,8],[463,2,463,8],[466,2,466,8],[469,2,469,8],[422,2,422,8],[425,2,425,8],[429,2,429,8],[439,2,439,8],[442,2,442,8],[484,2,484,8],[488,2,488,8],[491,2,491,8],[494,2,494,8],[497,2,497,8],[532,2,532,8],[535,2,535,8],[538,2,538,8],[500,2,500,8],[503,2,503,8],[514,2,514,8],[517,2,517,8],[529,2,529,8],[524,2,524,8],[506,2,506,8],[509,2,509,8],[521,2,521,8]]}
["CGCIT","SISTEMA DE CUSTOS REFERENCIAIS DE OBRAS - SICRO",{"$nulls":8},"DNIT"]
[null,"Pará - Abril/2024"]
["Código","Descrição","Valor de Aquisição (R$)","Depreciação (R$/h)","Oportunidade de Capital (R$/h)","Seguros e Impostos (R$/h)","Manutenção (R$/h)","Operação (R$/h)","Mão de Obra de Operação (R$/h)","Custo Produtivo (R$/h)","Custo Improdutivo (R$/h)"]
["E9001","Conjunto vibratório para tubos de concreto com encaixe PB e 3 jogos de fôrmas - D = 0,60 m - 2,20 kW",67993.233099999998,9.0657999999999994,2.0975999999999999,0,6.7992999999999997,0,0,17.962700000000002,11.163399999999999]
["E9002","Conjunto vibratório para tubos de concreto com encaixe PB e 3 jogos de fôrmas - D = 0,80 m - 2,20 kW",84836.005399999995,11.311500000000001,2.6172,0,8.4835999999999991,0,0,22.412299999999998,13.928699999999999]
["E9003","Conjunto vibratório para tubos de concreto com encaixe PB e 3 jogos de fôrmas - D = 1,00 m - 2,20 kW",104501.6029,13.9335,3.2239,0,10.450200000000001,0,0,27.607600000000001,17.157399999999999]
["E9004","Conjunto vibratório para tubos de concreto com encaixe PB e 3 jogos de fôrmas - D = 1,20 m - 2,20 kW",110770.6995,14.769399999999999,3.4173,0,11.0771,0,0,29.2638,18.186699999999998]
["E9005","Conjunto vibratório para tubos de concreto com encaixe PB e 3 jogos de fôrmas - D = 1,50 m - 2,20 kW",115532.9319,15.404400000000001,3.5642,0,11.5533,0,0,30.521899999999999,18.968599999999999]
["E9006","Equipamento para sondagem manual",3007.8415,0.51129999999999998,0.1114,0,0.30080000000000001,0,0,0.92349999999999999,0.62270000000000003]
["E9007","Bomba de pistão triplex com capacidade de 7,80 m³/h (130 l/min) - 8,20 kW",158558.81570000001,12.684699999999999,2.9348999999999998,0,11.0991,8.1669999999999998,0,34.8857,15.6196]
["E9008","Transportador manual de tubos de concreto com capacidade de 1 t",2113.7476999999999,1.9024000000000001,0.13039999999999999,0,1.0569,0,0,3.0897000000000001,2.0327999999999999]
["E9009","Embarcação rebocadora - 268 kW",634259.71900000004,8.2585999999999995,3.6800999999999999,0,18.352399999999999,266.92259999999999,135.46729999999999,432.68099999999998,147.40600000000001]
["E9010","Balança plataforma digital à bateria, com mesa de 75 x 75 cm e capacidade de 500 kg",5147.0078000000003,0.77210000000000001,0.10589999999999999,0,0.4289,0,0,1.3069,0.878]
["E9011","Carro manual modelo plataforma de 200 x 80 cm com capacidade de 800 kg",1917.2221,0.34510000000000002,7.0999999999999994E-2,0,0.19170000000000001,0,0,0.60780000000000001,0.41610000000000003]
["E9014","Deflectômetro de impacto (FWD) instalado em picape com reboque e faixa de carga de 7 a 120 kN - 147 kW",2141825.9416999999,171.34610000000001,39.645200000000003,0,107.0913,0,35.564700000000002,353.64729999999997,246.55600000000001]
["E9015","Elevador de obra com capacidade de 1.000 kg - 9 kW",65864.444099999993,5.2691999999999997,1.2192000000000001,0,4.6105,0,27.6936,38.792499999999997,34.182000000000002]
["E9016","Usina misturadora móvel de reciclagem a frio com sistema de espuma de asfalto - 129,40 kW",10012387.32,584.05589999999995,180.18129999999999,0,750.92899999999997,94.964100000000002,46.612900000000003,1656.7431999999999,810.8501]
["E9017","Escavadeira hidráulica sobre esteira com capacidade de 0,4 m³ - 64 kW",718687.42449999996,50.308100000000003,13.302899999999999,0,50.308100000000003,43.613399999999999,35.821599999999997,193.35409999999999,99.432599999999994]
["E9020","Recicladora a frio - 455 kW",5013562.4413000001,292.45780000000002,90.223200000000006,0,417.79689999999999,477.02199999999999,46.612900000000003,1324.1128000000001,429.29390000000001]
["E9021","Grupo gerador - 456 kVA",355252.5577,17.762599999999999,6.2625999999999999,0,12.6876,363.53269999999998,0,400.24549999999999,24.025200000000002]
["E9022","Pórtico metálico rolante com capacidade de 25 t - 30 kW",959620.39890000003,43.182899999999997,16.282399999999999,0,33.5867,0,27.6936,120.7456,87.158900000000003]
["E9023","Guindaste móvel sobre esteiras com dragline com capacidade de 1,9 a 2,3 m³ - 270 kW",3559013.3895999999,124.5655,60.387599999999999,0,177.95070000000001,70.766999999999996,46.612900000000003,480.28370000000001,231.566]
["E9024","Misturador de nata cimento - 1,50 kW",8230.6861000000008,0.65849999999999997,0.15229999999999999,0,0.57609999999999995,0,27.6936,29.080500000000001,28.5044]
["E9025","Conjunto bomba e macaco hidráulico para protensão com capacidade de 7.000 kN - 15 kW",100920.7196,5.7668999999999997,1.7790999999999999,0,5.7668999999999997,0,46.612900000000003,59.925800000000002,54.158900000000003]
["E9026","Bomba para injeção de nata de cimento com capacidade de 2 MPa - 2,20 kW",31865.616300000002,2.5491999999999999,0.58979999999999999,0,2.2305999999999999,0,0,5.3696000000000002,3.1389999999999998]
["E9028","Bomba de alta pressão para hidrojateamento com capacidade de 18 MPa - 5,20 kW",4789.7151000000003,0.38319999999999999,8.8700000000000001E-2,0,0.43109999999999998,9.2727000000000004,27.6936,37.869300000000003,28.165500000000002]
["E9029","Conjunto bomba e macaco hidráulico para protensão com capacidade de 8.000 kN - 20 kW",128293.45630000001,7.3311000000000002,2.2616000000000001,0,7.3311000000000002,0,46.612900000000003,63.536700000000003,56.205599999999997]
["E9030","Bomba de protensão com leitura digital para tensionamento de estais - 3 kW",13860.1749,0.79200000000000004,0.24429999999999999,0,0.79200000000000004,0,0,1.8283,1.0363]
["E9031","Elevador de cremalheira com cabine simples, com capacidade de 1.500 kg e altura de até 100 m - 15 kW",339462.8394,27.157,6.2835000000000001,0,23.7624,0,27.6936,84.896500000000003,61.134099999999997]
["E9032","Equipamento para regulagem final de estais com até 37 cordoalhas - D = 15,7 mm - 20 kW",75211.799899999998,4.2977999999999996,1.3259000000000001,0,4.2977999999999996,0,46.612900000000003,56.534399999999998,52.236600000000003]
["E9033","Equipamento para regulagem final de estais de 38 a 55 cordoalhas - D = 15,7 mm - 30 kW",107445.42849999999,6.1397000000000004,1.8940999999999999,0,6.1397000000000004,0,46.612900000000003,60.7864,54.646700000000003]
["E9034","Equipamento para regulagem final de estais de 56 a 73 cordoalhas - D = 15,7 mm - 40 kW",161168.1427,9.2096,2.8412000000000002,0,9.2096,0,46.612900000000003,67.8733,58.663699999999999]
["E9035","Equipamento para regulagem final de estais de 74 a 91 cordoalhas - D = 15,7 mm - 50 kW",214890.85699999999,12.279500000000001,3.7881999999999998,0,12.279500000000001,0,46.612900000000003,74.960099999999997,62.680599999999998]
["E9036","Grua fixa para alturas de 60 a 102 m, com alcance de 60 m com capacidade de 1.500 kg na ponta da lança - 37 kW",3214869.372,160.74350000000001,56.6736,0,183.70679999999999,0,46.612900000000003,447.73680000000002,264.02999999999997]
["E9038","Macaco hidráulico monocordoalha para tensionamento de estais - 3 kW",17408.896100000002,0.99480000000000002,0.30690000000000001,0,0.99480000000000002,0,46.612900000000003,48.909399999999998,47.9146]
["E9039","Máquina de solda por termofusão para tubos PEAD com gerador de 4 kW",117743.0379,6.7282000000000002,2.0756000000000001,0,6.7282000000000002,3.9839000000000002,46.612900000000003,66.128799999999998,55.416699999999999]
["E9040","Serra mármore - 1,45 kW",465.04849999999999,4.19E-2,8.6E-3,0,2.3300000000000001E-2,0,0,7.3800000000000004E-2,5.0500000000000003E-2]
["E9042","Trator sobre esteiras com lâmina - 97 kW",1336118.6747000001,51.9602,22.8996,0,74.228800000000007,71.186400000000006,35.821599999999997,256.09660000000002,110.6814]
["E9043","Embarcação de alumínio com comprimento de 6 m e motor de popa - 18,60 kW",25154.3069,0.39300000000000002,0.1482,0,0.43669999999999998,37.906100000000002,39.282899999999998,78.166899999999998,39.824100000000001]
["E9044","Central de concreto com capacidade de 150 m³/h - dosadora e misturadora",2340940.3070999999,133.768,41.267400000000002,0,117.047,0,46.612900000000003,338.69529999999997,221.64830000000001]
["E9045","Conjunto bomba e macaco hidráulico para elevação com capacidade de 496 kN",60123.128700000001,4.8098999999999998,1.1129,0,4.8098999999999998,5.8693,46.612900000000003,63.2149,52.535699999999999]
["E9046","Conjunto bomba e macaco hidráulico para elevação com capacidade de 929 kN",73007.455400000006,5.8406000000000002,1.3513999999999999,0,5.8406000000000002,5.8693,46.612900000000003,65.514799999999994,53.804900000000004]
["E9047","Conjunto bomba e macaco hidráulico para elevação com capacidade de 1.390 kN",103682.0238,8.2946000000000009,1.9192,0,8.2946000000000009,5.8693,46.612900000000003,70.990600000000001,56.826700000000002]
["E9048","Conjunto bomba e macaco hidráulico para elevação com capacidade de 1.859 kN",120362.9889,9.6289999999999996,2.2279,0,9.6289999999999996,5.8693,46.612900000000003,73.968100000000007,58.469799999999999]
["E9049","Bomba de alta pressão para hidrojateamento com capacidade de 250 MPa - 72 kW",703662.25679999997,56.292999999999999,13.024800000000001,0,63.329599999999999,56.613599999999998,27.6936,216.9546,97.011399999999995]
["E9050","Guindaste móvel sobre pneus com 2 eixos com capacidade de 18 t - 97 kW",2839881.6502,141.9941,50.063099999999999,0,182.56379999999999,25.4237,35.564700000000002,435.60939999999999,227.62190000000001]
["E9051","Máquina levantadora e posicionadora de via - 7,40 kW",789647.41150000005,63.171799999999998,14.616400000000001,0,55.275300000000001,10.5566,27.6936,171.31370000000001,105.48180000000001]
["E9052","Empilhadeira a diesel com capacidade de 10 t - 82 kW",758262.87250000006,60.661000000000001,14.035399999999999,0,53.078400000000002,64.476600000000005,27.6936,219.94499999999999,102.39]
["E9053","Perfuratriz hidráulica montada em flutuante - 32 kW",352717.85470000003,11.022399999999999,2.2669000000000001,0,9.7977000000000007,16.7744,33.6678,73.529200000000003,46.957099999999997]
["E9054","Equipamento sobre forma-trilho para execução e acabamento de pavimento de concreto - 13,40 kW",1380188.3141000001,110.4151,25.5473,0,69.009399999999999,19.116099999999999,27.6936,251.78149999999999,163.65600000000001]
["E9055","Guincho pneumático com capacidade de 2,5 t",526438.10279999999,47.379399999999997,9.7444000000000006,0,26.321899999999999,0,0,83.445700000000002,57.123800000000003]
["E9056","Plataforma autoelevatória de 12 x 24 m com capacidade de 150 t",860218.4987,6.7205000000000004,4.8376000000000001,0,14.9343,0,104.2989,130.79130000000001,115.857]
["E9057","Batelão sem propulsão com capacidade de 66 m³",230035.45430000001,1.7971999999999999,1.2936000000000001,0,2.9952999999999999,0,26.783899999999999,32.869999999999997,29.874700000000001]
["E9058","Plataforma flutuante de 12 x 24 x 1,8 m com capacidade de 150 t",687996.90780000004,5.375,3.8691,0,8.9582999999999995,0,26.783899999999999,44.9863,36.027999999999999]
["E9059","Plataforma autoelevatória de 12 x 24 m montada na obra com capacidade de 150 t",860218.4987,6.7205000000000004,4.8376000000000001,0,14.9343,0,104.2989,130.79130000000001,115.857]
["E9060","Perfuratriz pneumática rotopercussiva montada em flutuante com pressão de 0,70 MPa e capacidade de 2.500 gpm",32255.966100000001,1.008,0.20730000000000001,0,0.89600000000000002,0,67.335599999999999,69.446899999999999,68.550899999999999]
["E9061","Lixadeira elétrica manual angular - 2 kW",1388.1785,0.1111,2.5700000000000001E-2,0,6.9400000000000003E-2,0,0,0.20619999999999999,0.1368]
["E9062","Soprador de ar quente manual - 1,60 kW",4563.5123000000003,0.60850000000000004,9.3899999999999997E-2,0,0.38030000000000003,0,0,1.0827,0.70240000000000002]
["E9063","Equipamento de estabilização dinâmica da via - 300 kW",24308874.856600001,972.35500000000002,412.46080000000001,0,972.35500000000002,188.71199999999999,46.612900000000003,2592.4956999999999,1431.4286999999999]
["E9064","Transportador manual gerica com capacidade de 180 l",1006.5453,1.0065,6.2100000000000002E-2,0,0.50329999999999997,0,0,1.5719000000000001,1.0686]
["E9065","Carro controle ferroviário - 186 kW",29587068.925299998,1183.4828,502.01859999999999,0,1035.5473999999999,117.0014,46.612900000000003,2884.6631000000002,1732.1143]
["E9066","Grupo gerador - 14 kVA",68384.137400000007,3.4192,1.2055,0,2.4422999999999999,10.9558,0,18.0228,4.6246999999999998]
["E9067","Veículo ferroviário para capina química com capacidade de 12.000 l - 115 kW",1699806.7409000001,67.9923,28.8415,0,42.495199999999997,72.339600000000004,27.6936,239.3622,124.5274]
["E9068","Perfuratriz hidráulica rotopercussiva para CCPH - 123 kW",3520521.6321999999,234.70140000000001,63.354700000000001,0,234.70140000000001,96.7149,35.821599999999997,665.29399999999998,333.8777]
["E9069","Vibrador de imersão para concreto - 4,10 kW",3889.1779999999999,0.62229999999999996,0.14399999999999999,0,0.38890000000000002,7.3112000000000004,0,8.4664000000000001,0.76629999999999998]
["E9070","Ponte rolante com capacidade de 5 t e vão de até 15 m - 10 kW",333587.75770000002,13.343500000000001,5.6601999999999997,0,8.3397000000000006,0,27.6936,55.036999999999999,46.697299999999998]
["E9071","Transportador manual carrinho de mão com capacidade de 80 l",475.88220000000001,0.47589999999999999,2.9399999999999999E-2,0,0.2379,0,0,0.74319999999999997,0.50529999999999997]
["E9072","Martelo hidráulico vibratório com unidade hidráulica - 486 kW",2863901.6716,190.92679999999999,51.5383,0,167.0609,382.14179999999999,46.612900000000003,838.28070000000002,289.07799999999997]
["E9073","Bomba de concreto rebocável com capacidade de 30 m³/h - 74 kW",485241.35769999999,38.819299999999998,8.9817999999999998,0,38.819299999999998,73.702500000000001,27.6936,188.01650000000001,75.494699999999995]
["E9074","Tanque de estocagem de asfalto com agitadores de 60.000 l",816000,34,11.8001,0,21.25,0,0,67.0501,45.8001]
["E9075","Trado cavadeira de 12\"",148.7388,7.4399999999999994E-2,6.8999999999999999E-3,0,3.7199999999999997E-2,0,0,0.11849999999999999,8.1299999999999997E-2]
["E9076","Equipamento para pintura eletrostática com cabine dupla de 7,00 kW e estufa de 80.000 kCal",163999.97529999999,10.542899999999999,2.8910999999999998,0,5.8571,0,27.6936,46.984699999999997,41.127600000000001]
["E9077","Perfuratriz de circulação reversa tipo Wirth ou similar com unidade hidráulica (Power Pack) - 273 kW",4246180.9121000003,283.07870000000003,76.413600000000002,0,283.07870000000003,143.10659999999999,35.821599999999997,821.49919999999997,395.31389999999999]
["E9078","Treliça lançadeira com capacidade de carga de 100 a 120 t e vão máximo de 45 m - 110 kW",3550853.4048000001,94.689400000000006,58.423400000000001,0,59.180900000000001,0,46.612900000000003,258.90660000000003,199.72569999999999]
["E9079","Bomba submersível com capacidade de 360 m³/h - 23 kW",180039.87,14.4032,3.3325,0,12.6028,0,0,30.3385,17.735700000000001]
["E9080","Carrelone com capacidade máxima de 70 t",1766402.0123999999,79.488100000000003,29.971399999999999,0,44.1601,0,27.6936,181.31319999999999,137.15309999999999]
["E9081","Fischietti simples com capacidade de 70 t",108736.1349,4.8930999999999996,1.845,0,2.7183999999999999,0,27.6936,37.150100000000002,34.431699999999999]
["E9083","Vagão fechado FLT com capacidade de 99 t",800000,12.666700000000001,12.751300000000001,0,6.6666999999999996,0,0,32.084699999999998,25.417999999999999]
["E9084","Vagão tanque convencional TCT com capacidade de 97 t e 103.000 l",1195000,18.9208,19.0473,0,9.9582999999999995,0,0,47.926400000000001,37.9681]
["E9085","Vagão gôndola GDE com capacidade de 93,5 t / 29 m³",620000,9.8167000000000009,9.8823000000000008,0,5.1666999999999996,0,0,24.8657,19.699000000000002]
["E9086","Bomba de concreto rebocável com capacidade de 41 m³/h - 74 kW",535391.35770000005,42.831299999999999,9.9100999999999999,0,42.831299999999999,73.702500000000001,27.6936,196.96879999999999,80.435000000000002]
["E9089","Roçadeira costal - 1,40 kW",2865.9978000000001,0.4299,5.8900000000000001E-2,0,0.33439999999999998,7.8460999999999999,0,8.6692999999999998,0.48880000000000001]
["E9093","Veículo leve - 53 kW (sem motorista)",71158.391300000003,4.2694999999999999,1.3170999999999999,0.53369999999999995,4.2694999999999999,24.302700000000002,0,34.692500000000003,6.1203000000000003]
["E9094","Guindaste móvel sobre pneus com 6 eixos com capacidade máxima de 350 t - 450 kW",16372200.1084,818.61,288.61849999999998,116.9443,1052.4985999999999,117.94499999999999,35.564700000000002,2430.1810999999998,1259.7375]
["E9095","Guindaste móvel sobre pneus com 8 eixos com capacidade máxima de 500 t - 500 kW",28700439.002799999,1435.0219999999999,505.9477,205.00309999999999,1845.0282,131.05000000000001,35.564700000000002,4157.6157000000003,2181.5374999999999]
["E9096","Minicarregadeira de pneus - 45,50 kW",408061.55450000003,28.564299999999999,7.5532000000000004,0,28.564299999999999,59.627800000000001,35.821599999999997,160.13120000000001,71.939099999999996]
["E9101","Removedora de faixas de sinalização viária - 9,69 kW",51009.133900000001,4.0807000000000002,0.94420000000000004,0,3.5706000000000002,17.279399999999999,0,25.8749,5.0248999999999997]
["E9102","Extrusora para sarjeta de concreto - 10,44 kW",75248.688399999999,6.0198999999999998,1.3929,0,5.2674000000000003,8.2089999999999996,27.6936,48.582799999999999,35.106400000000001]
["E9103","Extrusora para meio-fio de concreto - 10,44 kW",63887.3698,5.1109999999999998,1.1826000000000001,0,4.4721000000000002,8.2089999999999996,27.6936,46.668300000000002,33.987200000000001]
["E9105","Embarcação empurradora multipropósito - 2 x 186 kW",4997303.2631000001,65.069100000000006,28.9955,0,144.59790000000001,370.50459999999998,135.46729999999999,744.63440000000003,229.53190000000001]
["E9106","Balsa de convés com capacidade de 200 t",1969522.3605,15.386900000000001,11.076000000000001,0,25.6448,0,26.783899999999999,78.891599999999997,53.2468]
["E9107","Compactador manual com soquete vibratório - 2,24 kW",9897.94,0.65990000000000004,0.17810000000000001,0,0.65990000000000004,3.9944000000000002,0,5.4923000000000002,0.83799999999999997]
["E9108","Soldadora de trilho por caldeamento na via - 400 kW",9036682.1547999997,144.58690000000001,144.9665,0,180.7336,251.61600000000001,93.225800000000007,815.12879999999996,382.7792]
["E9110","Escavadeira hidráulica sobre esteiras para rocha com caçamba com capacidade de 1,56 m³ - 118 kW",1085307.4916999999,108.5307,21.524000000000001,0,108.5307,117.5256,35.821599999999997,391.93259999999998,165.87629999999999]
["E9111","Jateador abrasivo úmido com capacidade de 350 kg de abrasivo",248106.16250000001,22.329599999999999,4.5923999999999996,0,22.329599999999999,0,27.6936,76.9452,54.615600000000001]
["E9112","Sinalizador direcional móvel com sistema fotovoltaico de energia e montado em chassi sobre pneus",22945.853200000001,2.0651000000000002,0.42470000000000002,0,1.1473,0,0,3.6371000000000002,2.4897999999999998]
["E9113","Painel de Mensagem Variável - PMV móvel, com sistema fotovoltaico de energia e montado em chassi sobre pneus",174311.35769999999,15.688000000000001,3.2265000000000001,0,8.7156000000000002,0,0,27.630099999999999,18.9145]
["E9116","Semáforo móvel com 3 lentes e bateria - D = 200 mm",7807.482,0.70269999999999999,0.14449999999999999,0,0.39040000000000002,0,0,1.2376,0.84719999999999995]
["E9117","Carregadeira de pneus para rocha com capacidade de 2,50 m³ - 105 kW",1004114.3809,100.4114,19.913699999999999,0,100.4114,104.5779,35.821599999999997,361.13600000000002,156.14670000000001]
["E9118","Cortadora de pavimento com disco diamantado de 450 a 1.500 mm - 55,40 kW",485944.28989999997,38.875500000000002,8.9947999999999997,0,38.875500000000002,43.561,27.6936,158.00040000000001,75.563900000000004]
["E9119","Minicarregadeira sobre pneus com valetadeira - 55,40 kW",621047.51370000001,43.473300000000002,11.4956,0,43.473300000000002,72.601699999999994,35.821599999999997,206.8655,90.790499999999994]
["E9120","Equipamento de cravação sobre esteira para geodreno com haste para profundidade de até 20 m - 258 kW",3289943.4575,230.29599999999999,60.896900000000002,0,230.29599999999999,175.8167,27.6936,724.99919999999997,318.88650000000001]
["E9122","Perfuratriz tipo Bottom Feed para coluna de brita - 194 kW",4535709.3872999996,302.38060000000002,81.623900000000006,0,302.38060000000002,101.6948,35.821599999999997,823.90150000000006,419.8261]
["E9125","Veículo tipo van furgão com capacidade de 1,54 t - 93 kW",235149.79370000001,11.7575,4.2317,1.7145999999999999,11.7575,24.375299999999999,27.020900000000001,80.857500000000002,44.724699999999999]
["E9126","Draga backhoe com capacidade de 7 m³ - 1.000 kW",82197311.584399998,924.71979999999996,665.64409999999998,0,2054.9328,995.98,67.400899999999993,4708.6776,1657.7647999999999]
["E9127","Escavadeira hidráulica com martelo hidráulico de 520 kg - 75 kW",1114246.5219000001,127.3425,22.097899999999999,0,159.1781,51.109499999999997,35.821599999999997,395.5496,185.262]
["E9134","Miniônibus com capacidade para 30 passageiros - 111 kW",643884.6496,27.595099999999999,11.3508,4.5991999999999997,41.392600000000002,110.5538,31.560099999999998,227.05160000000001,75.105199999999996]
["E9141","Rebarbador hidráulico com bomba manual com capacidade de força de 9.000 kgf",93459.745500000005,7.4767999999999999,1.7299,0,4.673,0,0,13.8797,9.2066999999999997]
["E9144","Pórtico metálico rolante com talha com capacidade de 5 t - 10 kW",317494.94750000001,12.6998,5.3871000000000002,0,7.9374000000000002,0,27.6936,53.7179,45.780500000000004]
["E9148","Macaco de protensão de fios com bomba - 3,72 kW",101551.0462,5.8029000000000002,1.7902,0,5.8029000000000002,0,46.612900000000003,60.008899999999997,54.206000000000003]
["E9149","Máquina de aplicação e extração de grampo elástico tipo Pandrol - 6,70 kW",265724.29739999998,21.257899999999999,4.9185999999999996,0,21.257899999999999,9.5579999999999998,0,56.992400000000004,26.176500000000001]
["E9151","Britador de mandíbulas móvel sobre esteiras, sem peneira, com capacidade de 140 m³/h - 170 kW",2975013.3180999998,170.0008,52.4452,0,170.0008,160.40520000000001,46.612900000000003,599.46489999999994,269.05889999999999]
["E9152","Ferramenta de fixação à pólvora de ação direta",1055.3014000000001,8.9700000000000002E-2,1.95E-2,0,8.4400000000000003E-2,0,0,0.19359999999999999,0.10920000000000001]
["E9153","Ferramenta de fixação à pólvora e sistema à pistão",998.07410000000004,8.48E-2,1.8499999999999999E-2,0,7.9799999999999996E-2,0,0,0.18310000000000001,0.1033]
["E9154","Equipamento para selagem com material asfáltico rebocável com capacidade de 370 l - 35 kW",451350,29.0154,7.9566999999999997,0,9.6717999999999993,27.520499999999998,27.6936,101.858,64.665700000000001]
["E9155","Caldeira de asfalto rebocável com capacidade de 600 l - 5,20 kW",137113.88310000001,8.8145000000000007,2.4171,0,2.9382000000000001,3.8161999999999998,0,17.986000000000001,11.2316]
["E9156","Soprador de ar costal - 2,6 kW",2538.9558000000002,0.40620000000000001,9.4E-2,0,0.35549999999999998,4.6364000000000001,0,5.4920999999999998,0.50019999999999998]
["E9157","Locomotiva diesel-elétrica CC - bitola métrica - 2.237 kW",8250000,132,132.34649999999999,0,165,1407.1624999999999,34.383000000000003,1870.8920000000001,298.72949999999997]
["E9158","Locomotiva diesel-elétrica CC - bitola larga - 2.237 kW",8250000,132,132.34649999999999,0,165,1407.1624999999999,34.383000000000003,1870.8920000000001,298.72949999999997]
["E9159","Vagão plataforma PNE com capacidade de 82 t - bitola métrica",736000,11.6533,11.731199999999999,0,6.1333000000000002,0,0,29.517800000000001,23.384499999999999]
["E9160","Vagão plataforma PNT com capacidade de 98 t - bitola larga",842000,13.3317,13.4208,0,7.0167000000000002,0,0,33.769199999999998,26.752500000000001]
["E9161","Vagão fechado com porta para carga e descarga de paletes FLD com capacidade de 64 t - bitola métrica",730000,11.558299999999999,11.6356,0,6.0833000000000004,0,0,29.277200000000001,23.193899999999999]
["E9162","Vagão fechado com porta para carga e descarga de paletes FLT com capacidade de 99 t - bitola larga",800000,12.666700000000001,12.751300000000001,0,6.6666999999999996,0,0,32.084699999999998,25.417999999999999]
["E9163","Vagão hopper aberto com descarga automática HNE com capacidade de 45 m³ - bitola métrica",880000,13.933299999999999,14.0265,0,7.3333000000000004,0,0,35.293100000000003,27.959800000000001]
["E9164","Vagão hopper aberto com descarga automática HNT com capacidade de 63 m³ - bitola larga",915000,14.487500000000001,14.584300000000001,0,7.625,0,0,36.696800000000003,29.0718]
["E9167","Equipamento para carga e descarga de TLS de até 250 m - 90 kW",2828819.4035999998,45.261099999999999,45.379899999999999,0,56.5764,56.613599999999998,46.612900000000003,250.44390000000001,137.25389999999999]
["E9168","Carregadeira de pneus com implemento de garfo - 195 kW",1736797.0845999999,121.5758,32.148099999999999,0,121.5758,81.775199999999998,35.821599999999997,392.8965,189.5455]
["E9200","Carregadeira de pneus para rocha com capacidade de 2,50 m³ - 105 kW com periculosidade",1004114.3809,100.4114,19.913699999999999,0,100.4114,104.5779,44.235999999999997,369.55040000000002,164.56110000000001]
["E9203","Escavadeira hidráulica com martelo hidráulico de 1.700 kg - 103 kW com periculosidade",1921685.9076,219.62119999999999,38.1111,0,274.52659999999997,70.190399999999997,44.235999999999997,646.68529999999998,301.9683]
["E9204","Perfuratriz sobre esteiras - 145 kW com periculosidade",1706092.199,113.73950000000001,30.7026,0,113.73950000000001,114.01349999999999,44.235999999999997,416.43110000000001,188.6781]
["E9205","Equipamento de corte a plasma CNC - 12.000 x 5.500 mm - 19,5 kW",1071702.1788999999,85.736199999999997,19.837199999999999,0,64.302099999999996,0,0,169.87549999999999,105.57340000000001]
["E9206","Equipamento de solda MIG automática com acessórios - 14,6 kVA",83503.598299999998,6.6802999999999999,1.5457000000000001,0,6.6802999999999999,0,0,14.9063,8.2260000000000009]
["E9207","Máquina de solda elétrica retificadora 425 A - 18,70 kW",6003.4011,0.4803,0.1111,0,0.4803,0,0,1.0717000000000001,0.59140000000000004]
["E9209","Martelete perfurador/rompedor a ar comprimido de 25 kg para rocha, com insalubridade, com capacidade de 2.040 gpm",27732.664499999999,2.2185999999999999,0.51329999999999998,0,2.2185999999999999,0,34.375900000000001,39.3264,37.107799999999997]
["E9213","Jumbo eletro-hidráulico com 3 braços - 155 kW/237 kW com periculosidade",11639900.432700001,775.99339999999995,209.46969999999999,0,969.99170000000004,170.62710000000001,58.315300000000001,2184.3971999999999,1043.7783999999999]
["E9231","Maçarico lança-chamas a gás liquefeito de petróleo (GLP)",86.171000000000006,6.8999999999999999E-3,1.6000000000000001E-3,0,6.8999999999999999E-3,0,0,1.54E-2,8.5000000000000006E-3]
["E9242","Estação transmissora de superfície para televisionamento",12126.1242,0.77949999999999997,0.21379999999999999,0,0.43309999999999998,0,0,1.4263999999999999,0.99329999999999996]
["E9243","Câmara hiperbárica com filtro, serpentina e reservatório de ar para mergulho raso - D = 1,80 m e H = 2,22 m.",428575.70929999999,7.5000999999999998,6.9413,0,10.714399999999999,0,53.017600000000002,78.173400000000001,67.459000000000003]
["E9244","Estação transmissora de superfície para comunicação sem fio",38565.863499999999,2.4792000000000001,0.67989999999999995,0,1.3774,0,0,4.5365000000000002,3.1591]
["E9245","Estação transmissora de superfície para comunicação com fio",6463.8225000000002,0.41549999999999998,0.1139,0,0.23089999999999999,0,0,0.76029999999999998,0.52939999999999998]
["E9246","Painel de controle de ar com manômetros e pneufatômetros",12404.1952,0.7974,0.21870000000000001,0,0.443,0,0,1.4591000000000001,1.0161]
["E9247","Sistema de Sino aberto (sinete) para mergulho até 50 m  - 33,50 kW",550152.47730000003,14.6707,9.0518000000000001,0,14.6707,0,53.017600000000002,91.410799999999995,76.740099999999998]
["E9248","Sistema de ar comprimido para mergulho até 30 m com pressão de trabalho de 1,4 MPa - 7,46 kW",52219.539599999996,3.4813000000000001,0.93969999999999998,0,3.4813000000000001,6.6478999999999999,0,14.5502,4.4210000000000003]
["E9249","Sistema de ar comprimido para mergulho até 50 m com pressão de trabalho de 1,7 MPa - 16,18 kW",78694.0046,5.2462999999999997,1.4161999999999999,0,5.2462999999999997,14.4186,0,26.327400000000001,6.6624999999999996]
["E9251","Fonte de plasma para corte manual - 65A - 15 kW",32640.950400000002,2.6113,0.60419999999999996,0,2.6113,0,0,5.8268000000000004,3.2155]
["E9252","Serra de esquadria com braço telescópico - D = 250 mm (10\") - 1,80 kW",5369.6469999999999,0.48330000000000001,9.9400000000000002E-2,0,0.26850000000000002,0,0,0.85119999999999996,0.5827]
["E9253","Rebordeadeira diâmetro máximo 3,00 m - 4,85 kW",68749.662700000001,2.75,1.1665000000000001,0,2.4062000000000001,0,0,6.3227000000000002,3.9165000000000001]
["E9254","Dobradeira viradeira manual comprimento máximo de dobra de até 2.000 mm",19299.473699999999,0.77200000000000002,0.32750000000000001,0,0.67549999999999999,0,0,1.7749999999999999,1.0994999999999999]
["E9255","Fonte de plasma para corte manual - 45A - 10 kW",21808.5504,1.7446999999999999,0.4037,0,1.7446999999999999,0,0,3.8931,2.1484000000000001]
["E9256","Equipamento para pintura com cal rebocável com dois bicos aplicadores e capacidade de 2.200 l",69521.401599999997,3.9727000000000001,1.2256,0,3.9727000000000001,0,27.6936,36.864600000000003,32.8919]
["E9259","Ventilador centrífugo média pressão com capacidade de 38 m³/min - 2,21 kW",17180,1.5462,0.318,0,1.0307999999999999,0,0,2.895,1.8642000000000001]
["E9260","Detector de gases com bomba elétrica para espaço confinado",4049,0.32390000000000002,7.4899999999999994E-2,0,0.20250000000000001,0,0,0.60129999999999995,0.39879999999999999]
["E9261","Equipamento de pintura com pistola airless - 0,90 kW",2439.4499999999998,0.21959999999999999,4.5199999999999997E-2,0,0.122,0,0,0.38679999999999998,0.26479999999999998]
["E9262","Escova rotativa com cerdas de aço para tratamento de superfície - 0,91 kW",19452,1.5562,0.36009999999999998,0,0.97260000000000002,0,27.6936,30.5825,29.6099]
["E9263","Tripé com guincho para espaço confinado",9781.5300000000007,0.78249999999999997,0.18110000000000001,0,0.58689999999999998,0,0,1.5505,0.96360000000000001]
["E9264","Respirador purificador de ar motorizado",8510.0400000000009,0.68079999999999996,0.1575,0,0.42549999999999999,0,0,1.2638,0.83830000000000005]
["E9265","Respirador de adução de ar tipo linha de ar comprimido para jateamento",17371.839599999999,1.3896999999999999,0.3216,0,0.86860000000000004,0,0,2.5798999999999999,1.7113]
["E9267","Exaustor centrífugo alta pressão com capacidade de 35 m³/min - 1,47 kW",5444.14,0.49,0.1008,0,0.3266,0,0,0.91739999999999999,0.59079999999999999]
["E9501","Ventilador axial para ventilação forçada com velocidade de saída de 32,8 m/s - D = 1.000 mm - 30 kW",441610.1237,39.744900000000001,8.1742000000000008,0,26.496600000000001,0,0,74.415700000000001,47.9191]
["E9502","Bate-estaca de gravidade para 6 t - 119 kW",938230.53200000001,53.613199999999999,16.5397,0,40.209899999999998,81.093699999999998,35.821599999999997,227.27809999999999,105.97450000000001]
["E9503","Guilhotina hidráulica 16 x 6.100 mm - 30 kW",1298240.5589999999,51.929600000000001,22.027899999999999,0,45.438400000000001,0,27.6936,147.08949999999999,101.6511]
["E9505","Prensa dobradeira capacidade 320 t - comprimento até 3.100 mm - 30 kW",842224.10600000003,33.689,14.2904,0,29.477799999999998,0,27.6936,105.1508,75.673000000000002]
["E9507","Plotadora de recorte com computador e programa computacional",87576.286699999997,13.1364,1.8011999999999999,0,8.7576000000000001,0,0,23.6952,14.9376]
["E9510","Ventilador centrífugo baixa pressão com capacidade de 58 m³/min - 3,68 kW",13181.257,1.1862999999999999,0.24399999999999999,0,0.79090000000000005,0,0,2.2212000000000001,1.4302999999999999]
["E9511","Carregadeira de pneus com capacidade de 3,40 m³ - 195 kW",2054622.2453000001,143.8236,38.031100000000002,0,143.8236,81.775199999999998,35.821599999999997,443.27510000000001,217.6763]
["E9512","Veículo leve - 53 kW",71158.391300000003,4.2694999999999999,1.3170999999999999,0.53369999999999995,4.2694999999999999,24.302700000000002,27.020900000000001,61.7134,33.141199999999998]
["E9513","Compressor de ar portátil de 160,46 l/s (340 PCM) - 81 kW",318995.9376,21.266400000000001,5.7405999999999997,0,21.266400000000001,72.182299999999998,0,120.45569999999999,27.007000000000001]
["E9514","Distribuidor de agregados sobre pneus autopropelido - 130 kW",951529.78469999996,54.373100000000001,16.774100000000001,0,47.576500000000003,129.47739999999999,35.821599999999997,284.02269999999999,106.9688]
["E9515","Escavadeira hidráulica sobre esteiras com caçamba com capacidade de 1,56 m³ - 118 kW",1085307.4916999999,75.971500000000006,20.088999999999999,0,75.971500000000006,80.412300000000002,35.821599999999997,288.26589999999999,131.88210000000001]
["E9516","Perfuratriz hidráulica sobre esteiras - 283 kW",5003782.2350000003,333.58550000000002,90.047200000000004,0,333.58550000000002,148.3486,35.821599999999997,941.38840000000005,459.45429999999999]
["E9518","Grade de 24 discos rebocável de D = 60 cm (24\")",41713.276700000002,2.6816,0.73529999999999995,0,1.4898,0,0,4.9066999999999998,3.4169]
["E9519","Betoneira com motor a gasolina com capacidade de 600 l - 10 kW",37903.458700000003,3.0323000000000002,0.7016,0,2.2742,17.8322,27.6936,51.533900000000003,31.427499999999998]
["E9521","Grupo gerador - 3,2 kVA",3571.9537,0.17860000000000001,6.3E-2,0,0.12759999999999999,4.2389999999999999,0,4.6082000000000001,0.24160000000000001]
["E9522","Caldeira de asfalto rebocável com capacidade de 1.500 l - 6,5 kW",186596.15539999999,11.9955,3.2894000000000001,0,3.9984999999999999,4.7702,0,24.053599999999999,15.2849]
["E9523","Motoscraper - 304 kW",5538464.0324999997,260.6336,95.481499999999997,0,293.21280000000002,254.9709,35.821599999999997,940.12040000000002,391.93669999999997]
["E9524","Motoniveladora - 93 kW",1363461.5612999999,68.173100000000005,24.035900000000002,0,87.6511,73.125900000000001,35.821599999999997,288.80759999999998,128.03059999999999]
["E9525","Ponte rolante com capacidade de 15 t e vão de até 15 m - 20 kW",3369751.602,134.7901,57.176299999999998,0,84.243799999999993,0,55.3872,331.59739999999999,247.3536]
["E9526","Retroescavadeira de pneus - capacidade da caçamba da pá-carregadeira de 0,76 m³ e da retroescavadeira de 0,29 m³ - 58 kW ",469590.44199999998,32.871299999999998,8.6920999999999999,0,32.871299999999998,39.524700000000003,35.821599999999997,149.78100000000001,77.385000000000005]
["E9527","Martelete perfurador/rompedor a ar comprimido de 25 kg para rocha com capacidade de 2.040 gpm",27732.664499999999,2.2185999999999999,0.51329999999999998,0,2.2185999999999999,0,27.6936,32.644100000000002,30.4255]
["E9528","Empilhadeira a diesel com capacidade de 4 t - 60 kW",489883.43119999999,39.1907,9.0677000000000003,0,34.291800000000002,47.177999999999997,27.6936,157.42179999999999,75.951999999999998]
["E9529","Jateador para estruturas metálicas com transportador a roletes - 22 kW",4122271.8939,274.81810000000002,74.183700000000002,0,206.11359999999999,0,27.6936,582.80899999999997,376.69540000000001]
["E9530","Rolo compactador liso vibratório autopropelido por pneus de 11 t - 97 kW",882407.20979999995,58.827100000000002,15.8797,0,58.827100000000002,81.355800000000002,35.821599999999997,250.71129999999999,110.5284]
["E9532","Equipamento de solda MIG com acessórios - 14,6 kVA",80271.155599999998,6.4217000000000004,1.4858,0,6.4217000000000004,0,0,14.3292,7.9074999999999998]
["E9535","Serra circular com bancada - D = 30 cm - 4 kW",7227.1219000000001,0.65039999999999998,0.1338,0,0.3614,0,27.6936,28.839200000000002,28.477799999999998]
["E9536","Embarcação de transporte de pessoal e apoio logístico - 30 kW",121259.83,1.8947000000000001,0.71440000000000003,0,2.1052,61.138800000000003,39.282899999999998,105.136,41.892000000000003]
["E9538","Conjunto vibratório para meio tubo de concreto com encaixe PB e 3 jogos de fôrmas - D = 0,30 m - 2,20 kW",17098.1531,2.2797999999999998,0.52749999999999997,0,1.7098,0,0,4.5171000000000001,2.8073000000000001]
["E9539","Equipamento de batimetria monofeixe",98834.226599999995,6.3536000000000001,1.7423,0,3.5297999999999998,0,38.392499999999998,50.0182,46.488399999999999]
["E9540","Trator sobre esteiras com lâmina - 127 kW",1729253.1705,67.248699999999999,29.637499999999999,0,96.069599999999994,93.202799999999996,35.821599999999997,321.98020000000002,132.70779999999999]
["E9541","Trator sobre esteiras com lâmina - 259 kW",4803662.9429000001,186.8091,82.329400000000007,0,266.87020000000001,190.07490000000001,35.821599999999997,761.90520000000004,304.96010000000001]
["E9543","Compressor de ar respirável com capacidade de até 35 MPa e 3,58 l/s - 5,52 kW",50653.398300000001,3.3769,0.91159999999999997,0,3.3769,0,0,7.6654,4.2885]
["E9544","Vassoura mecânica rebocável com largura de 2,44 m",74407.400299999994,6.6966999999999999,1.3773,0,4.4644000000000004,0,0,12.538399999999999,8.0739999999999998]
["E9545","Vibroacabadora de asfalto sobre esteiras - 82 kW",3671404.0926000001,183.5702,64.721599999999995,0,236.0188,81.670400000000001,46.612900000000003,612.59389999999996,294.90469999999999]
["E9547","Máquina de solda elétrica transformadora 250 A - 9,20 kW",1381.2796000000001,0.1105,2.5600000000000001E-2,0,0.1105,0,0,0.24660000000000001,0.1361]
["E9548","Bomba centrífuga com capacidade de 7,1 a 22 m³/h - 1,50 kW",2498.7538,0.19989999999999999,4.6300000000000001E-2,0,0.1749,0,0,0.42109999999999997,0.2462]
["E9551","Obturador mecânico simples com extensão de 12 m",4914.8370000000004,0.44230000000000003,9.0999999999999998E-2,0,0.2457,0,0,0.77900000000000003,0.5333]
["E9552","Nível ótico com capacidade de aumento de 32x",15448.9907,1.2359,0.28599999999999998,0,0.77239999999999998,0,0,2.2942999999999998,1.5219]
["E9553","Estação total eletrônica com alcance máximo de 3.000 m",32007.735199999999,2.8807,0.59250000000000003,0,1.6004,0,0,5.0735999999999999,3.4731999999999998]
["E9556","Compactador manual de placa vibratória - 3,00 kW",10833.2547,0.72219999999999995,0.19500000000000001,0,0.72219999999999995,5.3495999999999997,0,6.9889999999999999,0.91720000000000002]
["E9558","Tanque de estocagem de asfalto com capacidade de 30.000 l",691109.36560000002,28.796199999999999,9.9940999999999995,0,17.997599999999998,0,0,56.7879,38.790300000000002]
["E9559","Aquecedor de fluido térmico - 12 kW",688319.27839999995,30.974399999999999,9.5556000000000001,0,20.6496,9.4356000000000009,0,70.615200000000002,40.53]
["E9560","Ônibus com capacidade para 80 passageiros - 175 kW",1099376.5120999999,47.116100000000003,19.380400000000002,7.8526999999999996,70.674199999999999,174.29650000000001,31.560099999999998,350.88,105.9093]
["E9561","GPS geodésico de simples frequência (L1)",31555.654399999999,2.5245000000000002,0.58409999999999995,0,1.5778000000000001,0,0,4.6863999999999999,3.1086]
["E9562","GPS geodésico de dupla frequência (L1/L2)",68012.271699999998,5.4409999999999998,1.2588999999999999,0,3.4005999999999998,0,0,10.1005,6.6999000000000004]
["E9563","Perfuratriz hidráulica sobre esteiras com clamshell - 220 kW",3020180.2497999999,201.34530000000001,54.350700000000003,0,201.34530000000001,115.324,35.821599999999997,608.18690000000004,291.51760000000002]
["E9565","Trator sobre esteiras com lâmina e escarificador - 259 kW",4867521.1745999996,189.29249999999999,83.423900000000003,0,270.4178,190.07490000000001,35.821599999999997,769.03070000000002,308.53800000000001]
["E9566","Guindaste móvel sobre esteiras com clamshell de 1,9 m³ - 220 kW",3957936.2694999999,138.52780000000001,67.156300000000002,0,197.89680000000001,57.661999999999999,46.612900000000003,507.85579999999999,252.297]
["E9567","Fresadora de piso de concreto - 6,7 kW",19225.756399999998,1.5381,0.35589999999999999,0,1.5381,11.9475,0,15.3796,1.8939999999999999]
["E9568","Furadeira de impacto de 12,5 mm - 0,80 kW",1385.0065,0.1108,2.5600000000000001E-2,0,6.93E-2,0,0,0.20569999999999999,0.13639999999999999]
["E9569","Guindaste móvel sobre esteiras com clamshell de 4,6 m³ - 403 kW",6102329.7390000001,74.160300000000007,35.951799999999999,0,105.9432,105.6263,93.225800000000007,414.9074,203.33789999999999]
["E9570","Furadeira com base magnética - 1,20 kW",6006.7803999999996,0.34320000000000001,0.10589999999999999,0,0.25740000000000002,0,0,0.70650000000000002,0.4491]
["E9574","Perfuratriz sobre esteiras - 145 kW",1706092.199,113.73950000000001,30.7026,0,113.73950000000001,114.01349999999999,35.821599999999997,408.01670000000001,180.2637]
["E9576","Escavadeira hidráulica de longo alcance sobre esteiras - 103 kW",1079659.4683000001,75.5762,19.984500000000001,0,75.5762,70.190399999999997,35.821599999999997,277.14890000000003,131.38229999999999]
["E9577","Trator agrícola sobre pneus - 77 kW",326178.9056,21.7453,5.8699000000000003,0,19.027100000000001,72.6541,27.6936,146.99,55.308799999999998]
["E9578","Conjunto vibratório para meio tubo de concreto com encaixe PB e 3 jogos de fôrmas - D = 0,40 m - 2,20 kW",18290.140599999999,2.4386999999999999,0.56430000000000002,0,1.829,0,0,4.8319999999999999,3.0030000000000001]
["E9580","Fresadora e distribuidora com controle de greide - 287 kW",3047157.4660999998,177.7509,54.836100000000002,0,253.9298,270.80169999999998,46.612900000000003,803.93140000000005,279.19990000000001]
["E9581","Carregadeira de pneus para rocha com capacidade de 1,72 m³ - 113 kW",756051.35770000005,75.605099999999993,14.9941,0,75.605099999999993,112.5457,35.821599999999997,314.57159999999999,126.4208]
["E9583","Distribuidor de agregados rebocável com capacidade de 1,9 m³",84715.582399999999,7.6243999999999996,1.5681,0,5.0829000000000004,0,0,14.275399999999999,9.1925000000000008]
["E9584","Carregadeira de pneus com capacidade de 1,72 m³ - 113 kW",756051.35770000005,52.9236,13.9945,0,52.9236,47.387700000000002,35.821599999999997,203.05099999999999,102.7397]
["E9585","Motosserra com motor a gasolina - 2,30 kW",1740.6107999999999,1.3055000000000001,0.17899999999999999,0,1.3055000000000001,4.1013999999999999,27.6936,34.585000000000001,29.178100000000001]
["E9586","Régua vibratória dupla com 4 m - 4,10 kW",5619.2272999999996,0.50570000000000004,0.104,0,0.39329999999999998,7.3112000000000004,0,8.3141999999999996,0.60970000000000002]
["E9587","Serra para corte de concreto - 4 kW",13149.9154,1.052,0.24340000000000001,0,0.92049999999999998,7.1329000000000002,0,9.3488000000000007,1.2954000000000001]
["E9588","Vibroacabadora de concreto sobre esteiras com fôrmas deslizantes - 205 kW",5734799.5307999998,286.74,101.0963,0,368.66570000000002,204.17590000000001,46.612900000000003,1007.2908,434.44920000000002]
["E9589","Máquina texturizadora e aplicadora de cura química em pavimento de concreto - 44,80 kW",1438902.8883,71.945099999999996,25.3658,0,71.945099999999996,35.226199999999999,35.821599999999997,240.3038,133.13249999999999]
["E9590","Central de concreto com capacidade de 40 m³/h - dosadora fixa",402891.54210000002,23.022400000000001,7.1024000000000003,0,20.144600000000001,0,46.612900000000003,96.882300000000001,76.737700000000004]
["E9591","Serra para corte de concreto e asfalto - 10 kW",18823.027900000001,1.5058,0.34839999999999999,0,1.3176000000000001,17.8322,0,21.004000000000001,1.8542000000000001]
["E9593","Draga hopper com capacidade de 750 m³",112978410.4038,882.64380000000006,635.35649999999998,0,1961.4306999999999,629.04,168.97909999999999,4277.4501,1686.9793999999999]
["E9594","Draga hopper com capacidade de 1.000 m³",124575512.58419999,973.24620000000004,700.57510000000002,0,2162.7692999999999,754.84799999999996,195.76300000000001,4787.2016000000003,1869.5843]
["E9595","Draga hopper com capacidade de 2.000 m³",170963921.30599999,1335.6556,961.44939999999997,0,2968.1235999999999,1320.9839999999999,195.76300000000001,6781.9755999999998,2492.8679999999999]
["E9596","Draga hopper com capacidade de 3.000 m³",217352330.02790001,1698.0651,1222.3237999999999,0,3773.4780000000001,1887.12,348.3347,8929.3215999999993,3268.7235999999998]
["E9597","Draga hopper com capacidade de 4.000 m³",263740738.7498,2060.4744999999998,1483.1982,0,4578.8323,2453.2559999999999,405.2697,10981.030699999999,3948.9423999999999]
["E9598","Draga hopper com capacidade de 5.000 m³",310129147.47140002,2422.884,1744.0726,0,5384.1866,3019.3919999999998,405.2697,12975.804899999999,4572.2263000000003]
["E9599","Central de concreto com capacidade de 30 m³/h - dosadora RS",300109.95449999999,17.149100000000001,5.2904999999999998,0,15.0055,0,46.612900000000003,84.058000000000007,69.052499999999995]
["E9601","Embarcação de transporte de pessoal e apoio logístico - 130 kW",528624.74239999999,8.2598000000000003,3.1143999999999998,0,9.1775000000000002,264.9348,39.282899999999998,324.76940000000002,50.6571]
["E9603","Embarcação empurradora multipropósito com guindaste hidráulico de 74 kN.m - 165 kW",2146604.4956999999,27.950600000000001,12.4551,0,62.112400000000001,164.33670000000001,135.46729999999999,402.32209999999998,175.87299999999999]
["E9606","Embarcação rebocadora - 2 x 268 kW",1093919.2686000001,14.2437,6.3472,0,31.652799999999999,534.84130000000005,135.46729999999999,722.55229999999995,156.0582]
["E9607","Conjunto de britagem para rachão com capacidade de 80 m³/h - 224 kW",2276445.0836,130.08260000000001,40.130499999999998,0,97.561899999999994,0,46.612900000000003,314.3879,216.82599999999999]
["E9609","Draga de sucção para extração de areia com tubo de descarga de 150 mm - 100 kW",657892.37699999998,5.1398000000000001,3.6998000000000002,0,11.4217,78.63,40.616999999999997,139.50829999999999,49.456600000000002]
["E9610","Compressor de ar portátil de 42,48 l/s (90 PCM) - 18,50 kW",118872.2987,7.9248000000000003,2.1392000000000002,0,7.9248000000000003,16.4861,0,34.474899999999998,10.064]
["E9611","Conjunto de britagem com capacidade de 80 m³/h - 313 kW",8115558.1522000004,463.74619999999999,143.06569999999999,0,347.80959999999999,0,46.612900000000003,1001.2344000000001,653.4248]
["E9612","Plataforma flutuante montada na obra de 12 x 24 x 1,8 m com capacidade de 150 t",687996.90780000004,5.375,3.8691,0,8.9582999999999995,0,53.567799999999998,71.770200000000003,62.811900000000001]
["E9613","Guindaste móvel sobre esteiras com pinça com capacidade de 40 t - 186 kW",6896520.1529999999,241.37819999999999,117.0167,0,344.82600000000002,48.750599999999999,46.612900000000003,798.58439999999996,405.00779999999997]
["E9614","Bomba com capacidade de 136 m³/h e câmara de vácuo - 5,60 kW",10186.7855,0.81489999999999996,0.18859999999999999,0,0.71309999999999996,0,0,1.7165999999999999,1.0035000000000001]
["E9615","Usina misturadora de solos com capacidade de 300 t/h - 44 kW",1454350,83.105699999999999,25.638100000000001,0,72.717500000000001,0,35.821599999999997,217.28290000000001,144.56540000000001]
["E9617","Usina misturadora de pré-misturado a frio com capacidade de 60 t/h - 23,50 kW",256390.2813,14.6509,4.5198,0,12.8195,0,35.821599999999997,67.811800000000005,54.9923]
["E9618","Batelão autopropelido com capacidade de 300 m³ - 224 kW",20667572.377500001,161.46539999999999,116.2282,0,358.81200000000001,70.452500000000001,105.31619999999999,812.27430000000004,383.00979999999998]
["E9619","Batelão autopropelido com capacidade de 500 m³ - 373 kW",25354271.828600001,198.08019999999999,142.5848,0,440.17829999999998,117.316,105.31619999999999,1003.4755,445.9812]
["E9620","Pontão flutuante de 15 x 30 x 1,8 m com capacidade de 500 t",3395597.9123999998,26.528099999999998,19.095800000000001,0,44.213500000000003,0,26.783899999999999,116.62130000000001,72.407799999999995]
["E9621","Bomba de injeção de argamassa e nata com capacidade de 1,08 m³/h (18 l/min) e misturador com tambor de 0,100 m³ - 6,20 kW",48341.527900000001,3.8673000000000002,0.89480000000000004,0,3.8673000000000002,0,27.6936,36.323,32.4557]
["E9622","Máquina de bancada universal para corte de chapa - 1,50 kW",106289.9388,6.0736999999999997,1.8736999999999999,0,4.5552999999999999,0,0,12.502700000000001,7.9474]
["E9623","Máquina de bancada guilhotina - 4,00 kW",128608.4197,7.3491,2.2671999999999999,0,5.5118,0,0,15.1281,9.6163000000000007]
["E9624","Draga hopper com capacidade de 10.000 m³",542071191.08060002,4234.9312,3048.4445999999998,0,9410.9581999999991,5158.1279999999997,537.36980000000005,22389.8318,7820.7456000000002]
["E9625","Draga hopper com capacidade de 15.000 m³",774013234.68959999,6046.9784,4352.8166000000001,0,13437.729799999999,7422.6719999999996,564.88890000000004,31825.0857,10964.6839]
["E9626","Draga hopper com capacidade de 20.000 m³",1005955278.2986,7859.0255999999999,5657.1886000000004,0,17464.501400000001,9750.1200000000008,591.67280000000005,41322.508399999999,14107.887000000001]
["E9627","Embarcação hotel com capacidade para 15 pessoas - 199 kW",2339880.9506000001,24.373799999999999,10.8612,0,54.163899999999998,198.2,56.935000000000002,344.53390000000002,92.17]
["E9628","Fábrica de pré-moldado de concreto para balizador - 2,20 kW",14272.6958,1.903,0.44030000000000002,0,1.4273,0,0,3.7706,2.3433000000000002]
["E9629","Compressor de ar portátil de 185,95 l/s (394 PCM) - 81,50 kW",326969.31790000002,21.797999999999998,5.8841000000000001,0,21.797999999999998,72.627899999999997,0,122.108,27.682099999999998]
["E9630","Bomba submersível com capacidade de 75 m³/h - 3,6 kW",5378.4543999999996,0.43030000000000002,9.9599999999999994E-2,0,0.3765,0,0,0.90639999999999998,0.52990000000000004]
["E9631","Bomba para concreto projetado via seca com capacidade de 6 m³/h - 7,5 kW",247556.27979999999,19.804500000000001,4.5823,0,17.328900000000001,0,46.612900000000003,88.328599999999994,70.999700000000004]
["E9632","Conjunto vibratório para tubos de concreto com encaixe PB e 3 jogos de fôrmas - D = 0,20 m - 2,20 kW",54290.816899999998,7.2388000000000003,1.6749000000000001,0,5.4291,0,0,14.3428,8.9137000000000004]
["E9633","Conjunto vibratório para tubos de concreto com encaixe PB e 3 jogos de fôrmas - D = 0,30 m - 2,20 kW",61935.977899999998,8.2581000000000007,1.9107000000000001,0,6.1936,0,0,16.362400000000001,10.168799999999999]
["E9634","Conjunto vibratório para tubos de concreto com encaixe PB e 3 jogos de fôrmas - D = 0,40 m - 2,20 kW",67895.915299999993,9.0527999999999995,2.0945999999999998,0,6.7896000000000001,0,0,17.937000000000001,11.147399999999999]
["E9635","Draga de sucção e recalque com potência da bomba de 294 kW e cortador de 30 kW",4204093.2977,32.844499999999996,23.642600000000002,0,72.987700000000004,231.1722,67.400899999999993,428.04790000000003,123.88800000000001]
["E9636","Draga de sucção e recalque com potência da bomba de 483 kW e cortador de 55 kW",7081844.3680999996,55.326900000000002,39.8262,0,122.9487,379.78289999999998,67.400899999999993,665.28560000000004,162.554]
["E9637","Draga de sucção e recalque com potência da bomba de 746 kW e cortador de 110 kW",13321767.752699999,104.0763,74.917599999999993,0,231.2807,586.57979999999998,94.184799999999996,1091.0391999999999,273.17869999999999]
["E9638","Draga de sucção e recalque com potência da bomba de 1.350 kW e cortador de 170 kW",20360000.050999999,159.0625,114.49850000000001,0,353.47219999999999,1061.5050000000001,94.184799999999996,1782.723,367.74579999999997]
["E9639","Embarcação hotel com capacidade para 30 pessoas - 2 x 112 kW",3734416.2053,38.900199999999998,17.334299999999999,0,86.444800000000001,223.09950000000001,135.46729999999999,501.24610000000001,191.70179999999999]
["E9640","Compressor de ar portátil de 33,51 l/s (71 PCM) - 14 kW",100397.08,6.6931000000000003,1.8067,0,6.6931000000000003,12.476000000000001,0,27.668900000000001,8.4998000000000005]
["E9641","Compressor de ar portátil de 75,04 l/s (159 PCM) - 33 kW",150329.1029,10.0219,2.7052999999999998,0,10.0219,29.407599999999999,0,52.156700000000001,12.7272]
["E9642","Perfuratriz hidráulica sobre esteiras para estaca raiz - 56 kW",1490507.3223999999,99.367199999999997,26.822900000000001,0,99.367199999999997,29.3552,35.821599999999997,290.73410000000001,162.01169999999999]
["E9643","Equipamento para pintura a ar comprimido de pistola com caneca com capacidade de 1.000 ml e compressor de 1,50 kW",3099.4839000000002,0.27900000000000003,5.74E-2,0,0.155,0,0,0.4914,0.33639999999999998]
["E9646","Compressor de ar portátil de 58,52 l/s (124 PCM) - 27 kW",131365.745,8.7576999999999998,2.3639999999999999,0,8.7576999999999998,24.0608,0,43.940199999999997,11.121700000000001]
["E9647","Compactador manual com soquete vibratório - 4,10 kW",12524.2019,0.83489999999999998,0.22539999999999999,0,0.83489999999999998,7.3112000000000004,0,9.2064000000000004,1.0603]
["E9648","Compressor de ar portátil de 422,86 l/s (896 PCM) - 213 kW",717375.8247,47.825099999999999,12.909800000000001,0,47.825099999999999,189.81280000000001,0,298.37279999999998,60.734900000000003]
["E9649","Compressor de ar portátil de 94,39 l/s (200 PCM) - 36 kW",172775.7708,11.5184,3.1092,0,11.5184,32.081000000000003,0,58.226999999999997,14.627599999999999]
["E9651","Guindaste móvel sobre esteiras com Hammer Grab - 186 kW",3726792.2475000001,130.43770000000001,63.234299999999998,0,186.33959999999999,48.750599999999999,46.612900000000003,475.37509999999997,240.28489999999999]
["E9652","Compressor de ar portátil de 540,85 l/s (1.146 PCM) - 331,10 kW",921095.00769999996,61.406300000000002,16.575900000000001,0,61.406300000000002,295.05650000000003,0,434.44499999999999,77.982200000000006]
["E9653","Guindaste móvel sobre esteiras com trado para escavação em solos - 186 kW",5418225.6662999997,189.6379,91.933700000000002,0,270.91129999999998,48.750599999999999,46.612900000000003,647.84640000000002,328.18450000000001]
["E9654","Guindaste móvel sobre esteiras com trado com bits escavação em rocha - 186 kW",5418225.6662999997,189.6379,91.933700000000002,0,270.91129999999998,48.750599999999999,46.612900000000003,647.84640000000002,328.18450000000001]
["E9656","Guindaste móvel sobre esteiras com caçamba para escavação em solos - 186 kW",5401526.6984000001,189.05340000000001,91.650400000000005,0,270.0763,48.750599999999999,46.612900000000003,646.14359999999999,327.31670000000003]
["E9657","Guindaste móvel sobre esteiras com caçamba para escavação em rocha - 186 kW",5401526.6984000001,189.05340000000001,91.650400000000005,0,270.0763,48.750599999999999,46.612900000000003,646.14359999999999,327.31670000000003]
["E9660","Guindaste móvel sobre esteiras com capacidade de 40 t - 186 kW",3391264.5167,118.6943,57.5413,0,169.56319999999999,48.750599999999999,46.612900000000003,441.16230000000002,222.8485]
["E9661","Compressor de ar portátil de 89,67 l/s (190 PCM) - 36 kW",163053.33429999999,10.870200000000001,2.9342999999999999,0,10.870200000000001,32.081000000000003,0,56.755699999999997,13.804500000000001]
["E9662","Equipamento para solda e corte com oxiacetileno",6131.2462999999998,0.49049999999999999,0.1135,0,0.49049999999999999,0,0,1.0945,0.60399999999999998]
["E9664","Guindaste móvel sobre esteiras com capacidade de 80 t - 212 kW",5801307.1607999997,203.04580000000001,98.433700000000002,0,290.06540000000001,55.565199999999997,46.612900000000003,693.72299999999996,348.0924]
["E9668","Mesa vibratória - 2,20 kW",13282.145399999999,1.7709999999999999,0.4098,0,1.3282,0,0,3.5089999999999999,2.1808000000000001]
["E9671","Compressor de ar portátil de 363,87 l/s (771 PCM) - 158,13 kW",567908.61769999994,37.860599999999998,10.220000000000001,0,37.860599999999998,140.916,0,226.85720000000001,48.080599999999997]
["E9673","Equipamento de batimetria multifeixe",1906704.37,61.286900000000003,16.8062,0,68.096599999999995,0,76.784999999999997,222.97470000000001,154.87809999999999]
["E9674","Equipamento de medição de descarga líquida com ADCP",392174.37,12.605600000000001,3.4567000000000001,0,14.0062,0,76.784999999999997,106.8535,92.847300000000004]
["E9675","Martelete perfurador/rompedor elétrico - 1,50 kW",5705.8504999999996,0.45650000000000002,0.1056,0,0.45650000000000002,0,0,1.0185999999999999,0.56210000000000004]
["E9676","Embarcação de transporte de pessoal e apoio logístico - 90 kW",524354.89740000002,8.1929999999999996,3.0891999999999999,0,9.1034000000000006,183.41640000000001,39.282899999999998,243.0849,50.565100000000001]
["E9677","Martelete perfurador/rompedor a ar comprimido de 10 kg com capacidade de 1.800 gpm",20604.953699999998,1.6484000000000001,0.38140000000000002,0,1.6484000000000001,0,27.6936,31.3718,29.723400000000002]
["E9678","Fresadora a frio - 455 kW",5756403.2982999999,335.79020000000003,103.5913,0,479.70030000000003,429.31979999999999,46.612900000000003,1395.0145,485.99439999999998]
["E9681","Rolo compactador liso tandem vibratório autopropelido de 10,4 t - 82 kW",854781.41269999999,56.985399999999998,15.3825,0,56.985399999999998,116.0579,35.821599999999997,281.2328,108.1895]
["E9682","Rolo compactador liso tandem vibratório autopropelido de 1,6 t - 18 kW",263801.07189999998,17.5867,4.7473000000000001,0,17.5867,25.476099999999999,35.821599999999997,101.2184,58.1556]
["E9683","Martelete perfurador/rompedor elétrico - 0,90 kW",5359.7204000000002,0.42880000000000001,9.9199999999999997E-2,0,0.42880000000000001,0,0,0.95679999999999998,0.52800000000000002]
["E9684","Veículo leve picape 4 x 4 com capacidade de 1,10 t - 147 kW",272767.84470000002,16.366099999999999,5.0488999999999997,2.0457999999999998,16.366099999999999,38.528700000000001,27.020900000000001,105.37649999999999,50.481699999999996]
["E9685","Rolo compactador pé de carneiro vibratório autopropelido por pneus de 11,6 t - 82 kW",772614.88890000002,51.5077,13.9038,0,51.5077,68.775000000000006,35.821599999999997,221.51580000000001,101.23309999999999]
["E9689","Usina de asfalto a quente gravimétrica com capacidade de 100/140 t/h - 260 kW",9084584.5545000006,454.22919999999999,160.1482,0,584.00900000000001,0,46.612900000000003,1244.9992999999999,660.99030000000005]
["E9691","Guincho tracionador de cordoalhas - 7,50 kW",389106.62319999997,31.128499999999999,7.2023999999999999,0,19.455300000000001,0,27.6936,85.479799999999997,66.024500000000003]
["E9692","Caldeira para aquecimento e injeção de cera - 1 kW",111182.4081,7.1474000000000002,1.96,0,2.3824999999999998,0,27.6936,39.183500000000002,36.801000000000002]
["E9694","Misturador de argamassa de alta turbulência com capacidade de 220 l - 13 kW",28650.217000000001,2.2919999999999998,0.53029999999999999,0,2.0055000000000001,0,27.6936,32.5214,30.515899999999998]
["E9697","Minicarregadeira de pneus com vassoura de 1,68 m - 45,50 kW",427837.13689999998,29.948599999999999,7.9192999999999998,0,29.948599999999999,59.627800000000001,35.821599999999997,163.26589999999999,73.689499999999995]
["E9699","Trituradora de galhos e troncos rebocável com capacidade de até 350 mm de diâmetro com guincho - 96,94 kW",419297.4155,47.170999999999999,14.552199999999999,0,52.412199999999999,76.2239,27.6936,218.05289999999999,89.416799999999995]
["E9700","Fresadora a frio - 155 kW",3437291.1540000001,200.5087,61.856900000000003,0,286.4409,146.2518,46.612900000000003,741.6712,308.9785]
["E9701","Jateador pressurizado multiabrasivo com capacidade de 280 l",24564.005799999999,2.2107999999999999,0.45469999999999999,0,2.2107999999999999,0,27.6936,32.569899999999997,30.359100000000002]
["E9703","Fábrica de pré-moldado de concreto para mourão - 2,20 kW",14272.6958,1.903,0.44030000000000002,0,1.4273,0,0,3.7706,2.3433000000000002]
["E9704","Batelão sem propulsão montado na obra com capacidade de 66 m³",230035.45430000001,1.7971999999999999,1.2936000000000001,0,2.9952999999999999,0,26.783899999999999,32.869999999999997,29.874700000000001]
["E9705","Misturador de lama bentonítica - 4 kW",16694.456999999999,1.3355999999999999,0.309,0,1.1686000000000001,0,27.6936,30.506799999999998,29.338200000000001]
["E9706","Martelete perfurador/rompedor a ar comprimido de 28 kg para concreto com capacidade de 1.230 gpm",26165.452300000001,2.0931999999999999,0.48430000000000001,0,2.0931999999999999,0,27.6936,32.3643,30.271100000000001]
["E9707","Desarenador - 15 kW",13450.1836,1.0760000000000001,0.249,0,1.0760000000000001,0,27.6936,30.0946,29.018599999999999]
["E9708","Microtrator com roçadeira - 10 kW",51560.790200000003,3.4373999999999998,0.92789999999999995,0,3.0076999999999998,7.8630000000000004,27.6936,42.929600000000001,32.058900000000001]
["E9710","Socadora automática de linha - 253 kW",30713296.757800002,1228.5319,521.12789999999995,0,1228.5319,159.14709999999999,93.225800000000007,3230.5646000000002,1842.8856000000001]
["E9712","Reguladora e distribuidora de lastro - 300 kW",15403742.9977,616.14970000000005,261.363,0,616.14970000000005,188.71199999999999,93.225800000000007,1775.6002000000001,970.73850000000004]
["E9714","Bate-estaca com martelo hidráulico - 450 kW",3259564.3410999998,186.26079999999999,57.461500000000001,0,139.69560000000001,306.65699999999998,35.821599999999997,725.89649999999995,279.54390000000001]
["E9716","Conjunto bomba e macaco hidráulico para protensão com capacidade de 590 kN - 3,70 kW",15172.1602,0.86699999999999999,0.26750000000000002,0,0.86699999999999999,0,46.612900000000003,48.614400000000003,47.747399999999999]
["E9717","Máquina policorte - 2,20 kW",982.48630000000003,8.8400000000000006E-2,1.8200000000000001E-2,0,4.9099999999999998E-2,0,0,0.15570000000000001,0.1066]
["E9718","Pórtico duplo de descarga e posicionamento de dormente - 89 kW",10150685.736300001,406.0274,172.23179999999999,0,304.5206,55.9846,93.225800000000007,1031.9902,671.48500000000001]
["E9719","Talha manual com capacidade de 3 t",7668.3285999999998,0.30669999999999997,0.13009999999999999,0,0.19170000000000001,0,0,0.62849999999999995,0.43680000000000002]
["E9720","Conjunto bomba e macaco hidráulico para protensão com capacidade de 250 kN - 3,70 kW",11994.915499999999,0.68540000000000001,0.21149999999999999,0,0.68540000000000001,0,46.612900000000003,48.1952,47.509799999999998]
["E9721","Conjunto bomba e macaco hidráulico para protensão com capacidade de 1.150 kN - 5 kW",24910.71,1.4235,0.43909999999999999,0,1.4235,0,46.612900000000003,49.899000000000001,48.475499999999997]
["E9722","Conjunto bomba e macaco hidráulico para protensão com capacidade de 2.000 kN - 5 kW",39747.485999999997,2.2713000000000001,0.70069999999999999,0,2.2713000000000001,0,46.612900000000003,51.856200000000001,49.584899999999998]
["E9723","Conjunto bomba e macaco hidráulico para protensão com capacidade de 2.500 kN - 7 kW",47029.581100000003,2.6873999999999998,0.82909999999999995,0,2.6873999999999998,0,46.612900000000003,52.816800000000001,50.129399999999997]
["E9724","Conjunto bomba e macaco hidráulico para protensão com capacidade de 4.000 kN - 10 kW",50282.941400000003,2.8733,0.88639999999999997,0,2.8733,0,46.612900000000003,53.245899999999999,50.372599999999998]
["E9725","Conjunto bomba e macaco hidráulico para protensão com capacidade de 5.400 kN - 10 kW",54027.5605,3.0872999999999999,0.95240000000000002,0,3.0872999999999999,0,46.612900000000003,53.739899999999999,50.6526]
["E9726","Bate-estaca Strauss - 15 kW",123551.7124,7.0601000000000003,2.1779999999999999,0,5.2950999999999997,10.2219,35.821599999999997,60.576700000000002,45.059699999999999]
["E9727","Posicionadora de trilhos - 7,40 kW",560890.8713,32.050899999999999,9.8877000000000006,0,28.044499999999999,4.6548999999999996,0,74.638000000000005,41.938600000000001]
["E9728","Tirefonadora/parafusadora portátil - 3,10 kW",52175.176099999997,4.1740000000000004,0.96579999999999999,0,4.1740000000000004,4.4223999999999997,0,13.7362,5.1398000000000001]
["E9729","Equipamento para pintura eletrostática com cabine simples de 5,50 kW e estufa de 2x120.000 kCal",155011.5778,11.8104,3.1880999999999999,0,11.8104,0,0,26.808900000000001,14.9985]
["E9730","Grupo vibrador com gerador - 2,80 kW",80909.58,4.0454999999999997,1.4262999999999999,0,2.8896000000000002,3.9944000000000002,0,12.3558,5.4718]
["E9731","Máquina de furar dormente portátil - 1,50 kW",79981.978099999993,6.3986000000000001,1.4804999999999999,0,6.3986000000000001,2.1398999999999999,0,16.4176,7.8791000000000002]
["E9732","Máquina para furar dormente - 6,70 kW",80220.762000000002,6.4177,1.4849000000000001,0,6.4177,9.5579999999999998,0,23.878299999999999,7.9025999999999996]
["E9733","Máquina tirefonadora e parafusadora - 6,70 kW",84534.21,6.7626999999999997,1.5647,0,6.7626999999999997,9.5579999999999998,0,24.648099999999999,8.3274000000000008]
["E9734","Bomba projetora de argamassa com capacidade de 2 m³/h - 5,50 kW",176780.23540000001,14.1424,3.2722000000000002,0,12.374599999999999,0,27.6936,57.482799999999997,45.108199999999997]
["E9735","Máquina para serrar trilho - 5,00 kW",25336.355800000001,2.0268999999999999,0.46899999999999997,0,2.0268999999999999,7.1329000000000002,0,11.6557,2.4958999999999998]
["E9736","Máquina para furar trilho - 1,20 kW",37553.794199999997,3.0043000000000002,0.69510000000000005,0,3.0043000000000002,1.7119,0,8.4155999999999995,3.6993999999999998]
["E9737","Conjunto para pré-aquecimento de trilho em solda aluminotérmica",4051.5371,0.3241,7.4999999999999997E-2,0,0.3241,0,0,0.72319999999999995,0.39910000000000001]
["E9738","Máquina de esmerilhar topo e lateral de boleto - 5,20 kW",86728.356700000004,6.9382999999999999,1.6052999999999999,0,6.9382999999999999,7.4181999999999997,0,22.900099999999998,8.5435999999999996]
["E9742","Trator agrícola sobre pneus com roçadeira articulada e capacidade de 1,12 m - 77 kW",629685.0773,41.978999999999999,11.3317,0,36.7316,72.6541,27.6936,190.39,81.004300000000001]
["E9745","Trator agrícola sobre pneus com roçadeira de arraste e capacidade de 1,50 m - 77 kW",351474.24849999999,23.4316,6.3250999999999999,0,20.502700000000001,72.6541,27.6936,150.6071,57.450299999999999]
["E9746","Conjunto bomba e prensa para luva de emenda de 25 mm",25152.396100000002,2.0122,0.46560000000000001,0,1.2576000000000001,0,27.6936,31.428999999999998,30.171399999999998]
["E9747","Conjunto bomba e prensa para luva de emenda de 32 mm",26410.0069,2.1128,0.48880000000000001,0,1.3205,0,27.6936,31.6157,30.295200000000001]
["E9748","Rosqueadeira para rosca cônica - 0,75 kW",6052.1776,0.3458,0.1067,0,0.3458,0,27.6936,28.491900000000001,28.146100000000001]
["E9749","Jateador portátil multiabrasivo com capacidade de 300 kg",7964.1491999999998,0.71679999999999999,0.1474,0,0.71679999999999999,0,27.6936,29.2746,28.5578]
["E9750","Bomba de injeção de argamassa com capacidade de 50 l/min",42564.226900000001,3.4051,0.78790000000000004,0,2.9794999999999998,0,0,7.1725000000000003,4.1929999999999996]
["E9753","Grupo gerador - 23 kVA",82250.292700000005,4.1124999999999998,1.45,0,2.9375,17.927600000000002,0,26.427600000000002,5.5625]
["E9754","Grupo gerador - 68 kVA",112610.47990000001,5.6304999999999996,1.9852000000000001,0,4.0217999999999998,53.782899999999998,0,65.420400000000001,7.6157000000000004]
["E9755","Bomba de alta pressão para jet grouting de até 45 MPa - 150 kW",1596024.8226999999,127.682,29.542400000000001,0,127.682,149.39699999999999,27.6936,461.99700000000001,184.91800000000001]
["E9756","Calandra para chapas de aço até 25 mm - 22 kW",1005118.6425,40.204700000000003,17.054400000000001,0,35.179200000000002,0,27.6936,120.1319,84.952699999999993]
["E9758","Vibroacabadora de asfalto sobre pneus - 82 kW",2125400.8111,121.4515,37.467799999999997,0,136.63290000000001,81.670400000000001,46.612900000000003,423.83550000000002,205.53219999999999]
["E9760","Perfuratriz manual para coroa diamantada - 1,60 kW",20034.174299999999,1.6027,0.37080000000000002,0,1.6027,0,0,3.5762,1.9735]
["E9761","Guincho de coluna com capacidade de 200 kg - 0,92 kW",4195.3693000000003,0.33560000000000001,7.7700000000000005E-2,0,0.25169999999999998,0,0,0.66500000000000004,0.4133]
["E9762","Rolo compactador de pneus autopropelido de 27 t - 85 kW",1080417.2649000001,72.027799999999999,19.443000000000001,0,72.027799999999999,57.924100000000003,35.821599999999997,257.24430000000001,127.2924]
["E9763","Grupo gerador - 40 kVA",106727.13989999999,5.3364000000000003,1.8814,0,3.8117000000000001,31.871400000000001,0,42.9009,7.2178000000000004]
["E9764","Grupo gerador - 7,2 kVA",7240.3064000000004,0.36199999999999999,0.12759999999999999,0,0.2586,9.5376999999999992,0,10.2859,0.48959999999999998]
["E9765","Grupo gerador - 569 kVA",431283.43979999999,21.5642,7.6029,0,15.403,453.17090000000002,0,497.74099999999999,29.167100000000001]
["E9766","Prensa hidráulica para fabricação de blocos pré-moldados - 20 kW",544051.58360000001,36.9178,9.5908999999999995,0,31.088699999999999,0,27.6936,105.291,74.202299999999994]
["E9767","Compressor de ar portátil de 9,44 l/s (20 PCM) a gasolina - 5,22 kW",11653.1296,0.77690000000000003,0.2097,0,0.77690000000000003,9.3084000000000007,0,11.071899999999999,0.98660000000000003]
["E9768","Compressor de ar portátil de 373,78 l/s (792 PCM) - 213,30 kW",586726.53040000005,39.115099999999998,10.5586,0,39.115099999999998,190.08019999999999,0,278.86900000000003,49.673699999999997]
["E9769","Cunha hidráulica com três cilindros e acessórios com capacidade de 3.000 kN - 5,60 kW",243367.08530000001,19.4694,4.5046999999999997,0,19.4694,5.5774999999999997,27.6936,76.714600000000004,51.667700000000004]
["E9770","Retroescavadeira de pneus com caçamba de escavação trapezoidal ou triangular com seção de corte inferior a 0,10 m² - 58 kW",469590.44199999998,32.871299999999998,8.6920999999999999,0,32.871299999999998,39.524700000000003,35.821599999999997,149.78100000000001,77.385000000000005]
["E9771","Retroescavadeira de pneus com caçamba de escavação trapezoidal ou triangular com seção de corte de 0,10 a 0,15 m² - 58 kW",469590.44199999998,32.871299999999998,8.6920999999999999,0,32.871299999999998,39.524700000000003,35.821599999999997,149.78100000000001,77.385000000000005]
["E9772","Retroescavadeira de pneus com caçamba de escavação trapezoidal ou triangular com seção de corte de 0,15 a 0,20 m² - 58 kW",469590.44199999998,32.871299999999998,8.6920999999999999,0,32.871299999999998,39.524700000000003,35.821599999999997,149.78100000000001,77.385000000000005]
["E9773","Retroescavadeira de pneus com caçamba de escavação trapezoidal ou triangular com seção de corte de 0,20 a 0,30 m² - 58 kW",469590.44199999998,32.871299999999998,8.6920999999999999,0,32.871299999999998,39.524700000000003,35.821599999999997,149.78100000000001,77.385000000000005]
["E9774","Retroescavadeira de pneus com caçamba de escavação trapezoidal ou triangular com seção de corte de 0,30 a 0,50 m² - 58 kW",469590.44199999998,32.871299999999998,8.6920999999999999,0,32.871299999999998,39.524700000000003,35.821599999999997,149.78100000000001,77.385000000000005]
["E9775","Escavadeira hidráulica com martelo hidráulico de 1.700 kg - 103 kW",1921685.9076,219.62119999999999,38.1111,0,274.52659999999997,70.190399999999997,35.821599999999997,638.27089999999998,293.5539]
["E9776","Grupo gerador - 174 kVA",186907.97769999999,9.3453999999999997,3.2949000000000002,0,6.6753,138.44120000000001,0,157.7568,12.6403]
["E9777","Extrusora de barreira de concreto - 74 kW",4560360.5723999999,319.22519999999997,84.412300000000002,0,410.4325,58.186199999999999,35.821599999999997,908.07780000000002,439.45909999999998]
["E9778","Grupo gerador - 338 kVA",261429.4394,13.0715,4.6086,0,9.3368000000000002,268.91460000000001,0,295.93150000000003,17.680099999999999]
["E9779","Grupo gerador - 113 kVA",127228.03939999999,6.3613999999999997,2.2427999999999999,0,4.5438999999999998,89.638199999999998,0,102.7863,8.6042000000000005]
["E9780","Misturador automático para grauteamento com capacidade de 20 m³/h - 7 kW",266492.07880000002,21.319400000000002,4.9328000000000003,0,21.319400000000002,6.9718999999999998,27.6936,82.237099999999998,53.945799999999998]
["E9781","Misturador com bomba para grauteamento tipo Flex E ou similar - 25 kW",555770.39040000003,44.461599999999997,10.2873,0,44.461599999999997,0,27.6936,126.9041,82.442499999999995]
["E9782","Perfuratriz pneumática com avanço de coluna de 33,5 kg com capacidade de 2.280 gpm",39511.980300000003,3.161,0.73140000000000005,0,3.161,0,27.6936,34.747,31.585999999999999]
["E9784","Plataforma autopropelida com alcance de 12 m com capacidade de 700 kg - 24 kW",560324.93469999998,37.354999999999997,10.083500000000001,0,37.354999999999997,18.871200000000002,27.6936,131.35830000000001,75.132099999999994]
["E9785","Guindaste móvel sobre pneus com 2 eixos com capacidade máxima de 55 t - 186 kW",2169423.7927000001,108.4712,38.2438,15.495900000000001,139.46299999999999,48.750599999999999,35.564700000000002,385.98919999999998,197.7756]
["E9788","Misturador de argamassa com capacidade de 0,250 m³ - 3,70 kW",22090.592700000001,1.7672000000000001,0.40889999999999999,0,1.7672000000000001,3.6850999999999998,27.6936,35.322000000000003,29.869700000000002]
["E9789","Carro manual modelo plataforma de 150 x 80 cm com capacidade de 800 kg",1809.7575999999999,0.32579999999999998,6.7000000000000004E-2,0,0.18099999999999999,0,0,0.57379999999999998,0.39279999999999998]
["E9790","Bomba para concreto projetado via úmida com capacidade de 10 m³/h - 14,70 kW",295106.41970000003,23.608499999999999,5.4623999999999997,0,23.608499999999999,14.6409,46.612900000000003,113.9332,75.683800000000005]
["E9791","Bomba pneumática para injeção de resina com capacidade de 0,18 m³/h",49724.948799999998,3.9780000000000002,0.9204,0,3.4807000000000001,0,0,8.3790999999999993,4.8983999999999996]
["E9793","Robot para concreto projetado com capacidade de 30 m³/h - 70 kW - com compressor diesel",5673998.5846999995,453.91989999999998,105.0257,0,453.91989999999998,69.718599999999995,46.612900000000003,1129.1969999999999,605.55849999999998]
["E9795","Perfuratriz de superfície sobre pneus com martelo de topo e controle remoto via rádio - 60 kW",1462333.8265,97.488900000000001,26.315899999999999,0,97.488900000000001,47.177999999999997,35.821599999999997,304.29329999999999,159.62639999999999]
["E9797","Jumbo eletro-hidráulico com 3 braços - 155 kW/237 kW",11639900.432700001,775.99339999999995,209.46969999999999,0,969.99170000000004,170.62710000000001,46.612900000000003,2172.6948000000002,1032.076]
["E9798","Perfuratriz hidráulica rotopercussiva - 123 kW",1569454.8308000001,104.63030000000001,28.243600000000001,0,104.63030000000001,96.7149,35.821599999999997,370.04070000000002,168.69550000000001]
["E9013","Caminhão tanque de asfalto com capacidade de 31.000 l - 265 kW",{"$nulls":7},438.61070000000001,106.54300000000001]
["A9335","Cavalo mecânico estradeiro 6 x 2, PBT 23.000 kg - 265 kW - condição de trabalho severa - motorista de caminhão",885501.26410000003,37.950099999999999,15.610099999999999,6.3250000000000002,56.9251,263.93470000000002,31.560099999999998,412.30509999999998,91.445300000000003]
["A9364","Tanque isotérmico de asfalto com capacidade de 31.000 l",280198.08,11.2079,3.8898000000000001,0,11.2079,0,0,26.305599999999998,15.0977]
["E9018","Cavalo mecânico com dolly intermediário e semirreboque de 4 eixos com capacidade de 53 t - 323 kW",{"$nulls":7},522.74860000000001,170.28210000000001]
["A9324","Cavalo mecânico estradeiro 6 x 4, PBT 23.000 kg - 323 kW - motorista de veículo especial",1063557.9397,45.581099999999999,18.748999999999999,7.5968,68.371600000000001,237.04320000000001,35.564700000000002,412.90640000000002,107.49160000000001]
["A9355","Semirreboque com 4 eixos",533596,35.573099999999997,17.833200000000001,0,40.0197,0,0,93.426000000000002,53.406300000000002]
["A9382","Dolly intermediário com 2 eixos para semirreboque",93759.848199999993,6.2507000000000001,3.1335000000000002,0,7.032,0,0,16.4162,9.3841999999999999]
["E9027","Caminhão distribuidor de cimento e cal com capacidade de 17 m³ - 210 kW",{"$nulls":7},437.22190000000001,133.4359]
["A9333","Caminhão plataforma 8 x 2, PBTC 36.000 kg e distância entre eixos 4,8 m - 210 kW - motorista de caminhão",787572.35290000006,33.753100000000003,13.883800000000001,5.6254999999999997,50.6297,209.1558,31.560099999999998,344.608,84.822500000000005]
["A9365","Distribuidor de cimento montado sobre chassi com capacidade de 17 m³",518227.59259999997,39.111499999999999,9.5018999999999991,0,44.000500000000002,0,0,92.613900000000001,48.613399999999999]
["E9037","Plataforma de inspeção sob pontes montada em caminhão com capacidade de 500 kg e alcance de 15 m - 188 kW",{"$nulls":7},659.29169999999999,280.47289999999998]
["A9334","Caminhão plataforma 8 x 2, PBT 29.000 kg e distância entre eixos 4,8 m - 188 kW - condição de trabalho severa - motorista de veículo especial",785126.9129,33.648299999999999,13.8407,5.6079999999999997,50.4724,187.24420000000001,35.564700000000002,326.37830000000002,88.661699999999996]
["A9378","Plataforma telescópica para inspeção de pontes montada sobre chassi com capacidade de 500 kg",2194922.6727999998,125.4242,38.693399999999997,0,141.10220000000001,0,27.6936,332.91340000000002,191.81120000000001]
["E9041","Caminhão carroceria com guindauto com capacidade de 45 t.m - 188 kW",{"$nulls":7},398.22089999999997,141.63319999999999]
["A9313","Caminhão plataforma 6 x 2, PBT 23.000 kg e distância entre eixos 5,4 m - 188 kW - motorista de veículo especial",677215.42720000003,29.023499999999999,11.9383,4.8372999999999999,43.535299999999999,187.24420000000001,35.564700000000002,312.14330000000001,81.363799999999998]
["A9351","Carroceria de madeira com capacidade de 11 t",37211.961900000002,2.5663,0.67300000000000004,0,2.5663,0,0,5.8056000000000001,3.2393000000000001]
["A9373","Guindaste articulado montado sobre chassi com capacidade de 45 t.m",337008,23.241900000000001,6.0945999999999998,0,23.241900000000001,0,27.6936,80.272000000000006,57.030099999999997]
["E9082","Bate-estaca hidráulico para defensas montado em caminhão guindauto com capacidade de 20 t.m e carroceria de 4 t - 136 kW",{"$nulls":7},353.4717,158.1319]
["A9323","Caminhão plataforma 4 x 2, PBT 14.300 kg e distância entre eixos 4,8 m - 136 kW - condição de trabalho severa - motorista de caminhão",508137.05589999998,21.7773,8.9577000000000009,3.6295999999999999,32.665999999999997,135.45330000000001,31.560099999999998,234.04400000000001,65.924700000000001]
["A9347","Carroceria de madeira com capacidade de 4 t",25561.254400000002,1.7627999999999999,0.46229999999999999,0,1.7627999999999999,0,0,3.9878999999999998,2.2250999999999999]
["A9372","Guindaste articulado montado sobre chassi com capacidade de 20 t.m",210128.5,14.4916,3.8001,0,14.4916,0,27.6936,60.476900000000001,45.985300000000002]
["A9379","Bate-estaca hidráulico para defensas metálicas montada sobre chassi",205615,11.6515,4.6516999999999999,0,10.966100000000001,0,27.6936,54.962899999999998,43.9968]
["E9097","Caminhão de resgate de veículos leves com plataforma com capacidade de 4 t - 115 kW",{"$nulls":7},215.89680000000001,69.557400000000001]
["A9326","Caminhão plataforma 4 x 2 PBT 9.600 kg e distância entre eixos 3,7 m - 115 kW - motorista de veículo especial",419468.5232,17.9772,7.3945999999999996,2.9962,26.965800000000002,114.5377,35.564700000000002,205.43620000000001,63.932699999999997]
["A9374","Plataforma hidráulica para resgate de veículos montada sobre chassi com capacidade de 4 t",75225,4.2986000000000004,1.3261000000000001,0,4.8358999999999996,0,0,10.460599999999999,5.6246999999999998]
["E9098","Caminhão de resgate de veículos de porte médio com capacidade do guincho de 20 t - 136 kW",{"$nulls":7},298.03129999999999,114.89700000000001]
["A9306","Caminhão plataforma 4 x 2, PBT 16.000 kg e distância entre eixos 3,6 m - 136 kW - motorista de veículo especial",534759.63500000001,22.918299999999999,9.4269999999999996,3.8197000000000001,34.377400000000002,135.45330000000001,35.564700000000002,241.56039999999999,71.729699999999994]
["A9375","Guincho rebocador para resgate de veículos montada sobre chassi com capacidade de 20 t",206945.6299,11.8255,3.6482000000000001,0,13.303599999999999,0,27.6936,56.4709,43.167299999999997]
["E9099","Caminhão de resgate de veículos pesados com dois guinchos com capacidade de 35 t - 240 kW",{"$nulls":7},498.48779999999999,165.9187]
["A9320","Caminhão plataforma 6 x 2, PBT 23.000 kg e distância entre eixos 4,8 m - 240 kW - motorista de veículo especial",858186.64029999997,36.779400000000003,15.1286,6.1299000000000001,55.1691,239.0352,35.564700000000002,387.80689999999998,93.602599999999995]
["A9376","Guincho rebocador para resgate de veículos montada sobre chassi com capacidade de 35 t",596785,34.101999999999997,10.5205,0,38.364800000000002,0,27.6936,110.68089999999999,72.316100000000006]
["E9100","Cavalo mecânico sem reboque - 210 kW",{"$nulls":7},264.8263,72.1387]
["A9310","Cavalo mecânico 4 x 2, PBT 16.000 kg - 210 kW - motorista de caminhão",600021.08920000005,25.715199999999999,10.577500000000001,4.2858999999999998,38.572800000000001,154.1148,31.560099999999998,264.8263,72.1387]
["E9114","Painel com seta luminosa para montagem em caminhão",{"$nulls":7},5.5707000000000004,3.8134999999999999]
["A9380","Painel com seta luminosa montado sobre chassi",35144.6178,3.1629999999999998,0.65049999999999997,0,1.7572000000000001,0,0,5.5707000000000004,3.8134999999999999]
["E9115","Amortecedor retrátil (AMC) para montagem em caminhão",{"$nulls":7},91.465000000000003,49.9968]
["A9381","Amortecedor retrátil montado em caminhão",460758.11310000002,41.468200000000003,8.5286000000000008,0,41.468200000000003,0,0,91.465000000000003,49.9968]
["E9145","Caminhão basculante para concreto com capacidade de 7 m³ - 210 kW",{"$nulls":7},295.19400000000002,87.842100000000002]
["A9316","Caminhão plataforma 8 x 4, PBT 29.000 kg e distância entre eixos 4,6 m - 210 kW - motorista de caminhão",746695.84360000002,32.001300000000001,13.1632,5.3334999999999999,48.001899999999999,154.1148,31.560099999999998,284.1748,82.058099999999996]
["A9340","Caçamba basculante para concreto com capacidade de 7 m³",61658.927000000003,4.6535000000000002,1.1305000000000001,0,5.2351999999999999,0,0,11.0192,5.7839999999999998]
["E9146","Caminhão silo com capacidade de 30 m³ - 265 kW",{"$nulls":7},455.3381,115.4559]
["A9335","Cavalo mecânico estradeiro 6 x 2, PBT 23.000 kg - 265 kW - condição de trabalho severa - motorista de caminhão",885501.26410000003,37.950099999999999,15.610099999999999,6.3250000000000002,56.9251,263.93470000000002,31.560099999999998,412.30509999999998,91.445300000000003]
["A9357","Semirreboque silo para cimento com capacidade de 30 m³",275825,19.022400000000001,4.9882,0,19.022400000000001,0,0,43.033000000000001,24.0106]
["E9169","Cavalo mecânico com dolly pneumático de 4 eixos e mesas de giro com capacidade de 57 t - 323 kW",{"$nulls":7},553.34550000000002,187.77260000000001]
["A9324","Cavalo mecânico estradeiro 6 x 4, PBT 23.000 kg - 323 kW - motorista de veículo especial",1063557.9397,45.581099999999999,18.748999999999999,7.5968,68.371600000000001,237.04320000000001,35.564700000000002,412.90640000000002,107.49160000000001]
["A9385","Conjunto de duas mesas de giro para quinta roda ou reboque com capacidade de 100 t cada",313868.54920000001,20.924600000000002,10.489699999999999,0,23.540099999999999,0,0,54.9544,31.414300000000001]
["A9389","Dolly pneumático com capacidade de 48 t e 4 eixos",488240.07919999998,32.549300000000002,16.317399999999999,0,36.618000000000002,0,0,85.484700000000004,48.866700000000002]
["E9170","Cavalo mecânico com dois dollys pneumáticos de 3 e 4 eixos e mesas de giro com capacidade de 77 t - 323 kW",{"$nulls":7},645.31529999999998,238.7929]
["A9385","Conjunto de duas mesas de giro para quinta roda ou reboque com capacidade de 100 t cada",313868.54920000001,20.924600000000002,10.489699999999999,0,23.540099999999999,0,0,54.9544,31.414300000000001]
["A9386","Cavalo mecânico estradeiro 6 x 4, CMT 123.000 kg - 323 kW - motorista de veículo especial",1263271.0255,54.1402,22.2697,9.0234000000000005,81.210300000000004,237.04320000000001,35.564700000000002,439.25150000000002,120.998]
["A9387","Dolly pneumático com capacidade de 28,5 t e 3 eixos",374810.56849999999,24.987400000000001,12.5265,0,28.110800000000001,0,0,65.624700000000004,37.5139]
["A9389","Dolly pneumático com capacidade de 48 t e 4 eixos",488240.07919999998,32.549300000000002,16.317399999999999,0,36.618000000000002,0,0,85.484700000000004,48.866700000000002]
["E9171","Cavalo mecânico com dois dollys pneumáticos de 4 e 5 eixos e mesas de giro com capacidade de 111 t - 440 kW",{"$nulls":7},1264.5976000000001,514.60310000000004]
["A9325","Cavalo mecânico 8 x 8, PBT 26.000 kg - 440 kW -  motorista de veículo especial",5005840.1780000003,214.536,88.245800000000003,35.756,321.80399999999997,322.90719999999999,35.564700000000002,1018.8137,374.10250000000002]
["A9385","Conjunto de duas mesas de giro para quinta roda ou reboque com capacidade de 100 t cada",313868.54920000001,20.924600000000002,10.489699999999999,0,23.540099999999999,0,0,54.9544,31.414300000000001]
["A9388","Dolly pneumático com capacidade de 60 t e 5 eixos",601669.58990000002,40.1113,20.1083,0,45.1252,0,0,105.34480000000001,60.2196]
["A9389","Dolly pneumático com capacidade de 48 t e 4 eixos",488240.07919999998,32.549300000000002,16.317399999999999,0,36.618000000000002,0,0,85.484700000000004,48.866700000000002]
["E9199","Caminhão com sistema de hidrojateamento de alta pressão e vácuo para limpeza e desobstrução de bueiros com capacidade total de 15.600 l - 188 kW",{"$nulls":7},351.04669999999999,104.2192]
["A9299","Equipamento com sistema de hidrojateamento de alta pressão e vácuo para limpeza e desobstrução de bueiros com diâmetro de até 1.500 mm com capacidade total de 15.600 l",401200,16.047999999999998,6.8074000000000003,0,16.047999999999998,0,0,38.903399999999998,22.855399999999999]
["A9313","Caminhão plataforma 6 x 2, PBT 23.000 kg e distância entre eixos 5,4 m - 188 kW - motorista de veículo especial",677215.42720000003,29.023499999999999,11.9383,4.8372999999999999,43.535299999999999,187.24420000000001,35.564700000000002,312.14330000000001,81.363799999999998]
["E9201","Caminhão basculante para rocha com capacidade de 12 m³ - 188 kW com periculosidade",{"$nulls":7},318.17700000000002,114.20650000000001]
["A9327","Caminhão plataforma 8 x 2 PBT 29.000 kg e distância entre eixos 4,8 m - 188 kW - motorista de veículo especial com periculosidade",785126.9129,33.648299999999999,13.8407,5.6079999999999997,50.4724,137.96940000000001,43.952800000000003,285.49160000000001,97.049800000000005]
["A9343","Caçamba basculante para rocha com capacidade de 12 m³",182894.041,13.8033,3.3534000000000002,0,15.528700000000001,0,0,32.685400000000001,17.156700000000001]
["E9202","Plataforma pantográfica montada em caminhão - 115 kW com periculosidade",{"$nulls":7},317.30259999999998,145.18719999999999]
["A9300","Caminhão plataforma 4 x 2, PBT 8.300 kg e distância entre eixos 3,7 m - 115 kW - motorista de veículo especial com periculosidade",396381.95049999998,16.9878,6.9875999999999996,2.8313000000000001,25.4817,114.5377,43.952800000000003,210.77889999999999,70.759500000000003]
["A9383","Plataforma pantográfica hidráulica montada sobre chassi com capacidade de 600 kg - com periculosidade",481440,32.095999999999997,8.6638999999999999,0,32.095999999999997,0,33.6678,106.52370000000001,74.427700000000002]
["E9506","Caminhão basculante com capacidade de 6 m³ - 136 kW",{"$nulls":7},184.68639999999999,73.652699999999996]
["A9307","Caminhão plataforma 4 x 2, PBT 16.000 kg e distância entre eixos 3,6 m - 136 kW - motorista de caminhão",534759.63500000001,22.918299999999999,9.4269999999999996,3.8197000000000001,34.377400000000002,71.291200000000003,31.560099999999998,173.3937,67.725099999999998]
["A9338","Caçamba basculante com capacidade de 6 m³",63189,4.7690000000000001,1.1586000000000001,0,5.3651,0,0,11.2927,5.9276]
["E9508","Caminhão carroceria com capacidade de 9 t - 136 kW",{"$nulls":7},184.0574,73.447199999999995]
["A9309","Caminhão plataforma 4 x 2, PBT 16.000 kg e distância entre eixos 4,8 m - 136 kW - motorista de caminhão",572891.6973,24.552499999999998,10.099299999999999,4.0921000000000003,36.828800000000001,71.291200000000003,31.560099999999998,178.42400000000001,70.304000000000002]
["A9350","Carroceria de madeira com capacidade de 9 t",36108,2.4902000000000002,0.65300000000000002,0,2.4902000000000002,0,0,5.6334,3.1432000000000002]
["E9509","Caminhão tanque distribuidor de asfalto com capacidade de 6.000 l - 7 kW/136 kW",{"$nulls":7},259.274,76.193100000000001]
["A9323","Caminhão plataforma 4 x 2, PBT 14.300 kg e distância entre eixos 4,8 m - 136 kW - condição de trabalho severa - motorista de caminhão",508137.05589999998,21.7773,8.9577000000000009,3.6295999999999999,32.665999999999997,135.45330000000001,31.560099999999998,234.04400000000001,65.924700000000001]
["A9363","Tanque espargidor de asfalto com capacidade de 6.000 l - 7 kW",190570,7.6227999999999998,2.6456,0,7.6227999999999998,7.3388,0,25.23,10.2684]
["E9520","Caminhão com caçamba térmica com capacidade de 6 m³ - 188 kW",{"$nulls":7},270.4649,83.691299999999998]
["A9311","Caminhão plataforma 6 x 2, PBT 23.000 kg e distância entre eixos 4,8 m - 188 kW - motorista de caminhão",674754.72290000005,28.918099999999999,11.895,4.8197000000000001,43.377099999999999,137.96940000000001,31.560099999999998,258.5394,77.192899999999995]
["A9339","Caçamba térmica com capacidade de 6 m³",96481.589000000007,4.8240999999999996,1.6742999999999999,0,5.4271000000000003,0,0,11.9255,6.4984000000000002]
["E9571","Caminhão tanque com capacidade de 10.000 l - 188 kW",{"$nulls":7},324.55779999999999,86.5351]
["A9332","Caminhão plataforma 6 x 2, PBT 23.000 kg e distância entre eixos 4,8 m - 188 kW - condição de trabalho severa - motorista de caminhão",674754.72290000005,28.918099999999999,11.895,4.8197000000000001,43.377099999999999,187.24420000000001,31.560099999999998,307.81420000000003,77.192899999999995]
["A9360","Tanque para transporte de água com capacidade de 10.000 l",107321,7.4013999999999998,1.9408000000000001,0,7.4013999999999998,0,0,16.743600000000001,9.3422000000000001]
["E9575","Caminhão basculante com caçamba estanque com capacidade de 14 m³ - 210 kW",{"$nulls":7},299.80509999999998,90.262500000000003]
["A9316","Caminhão plataforma 8 x 4, PBT 29.000 kg e distância entre eixos 4,6 m - 210 kW - motorista de caminhão",746695.84360000002,32.001300000000001,13.1632,5.3334999999999999,48.001899999999999,154.1148,31.560099999999998,284.1748,82.058099999999996]
["A9345","Caçamba basculante estanque com capacidade de 14 m³",87460.546799999996,6.6007999999999996,1.6035999999999999,0,7.4259000000000004,0,0,15.6303,8.2043999999999997]
["E9579","Caminhão basculante com capacidade de 10 m³ - 210 kW",{"$nulls":7},298.33550000000002,89.491100000000003]
["A9316","Caminhão plataforma 8 x 4, PBT 29.000 kg e distância entre eixos 4,6 m - 210 kW - motorista de caminhão",746695.84360000002,32.001300000000001,13.1632,5.3334999999999999,48.001899999999999,154.1148,31.560099999999998,284.1748,82.058099999999996]
["A9342","Caçamba basculante com capacidade de 10 m³",79237,5.9802,1.4528000000000001,0,6.7276999999999996,0,0,14.1607,7.4329999999999998]
["E9592","Caminhão carroceria com capacidade de 15 t - 188 kW",{"$nulls":7},265.59269999999998,81.113600000000005]
["A9314","Caminhão plataforma 6 x 2, PBT 23.000 kg e distância entre eixos 5,4 m - 188 kW - motorista de caminhão",677215.42720000003,29.023499999999999,11.9383,4.8372999999999999,43.535299999999999,137.96940000000001,31.560099999999998,258.8639,77.359200000000001]
["A9352","Carroceria de madeira com capacidade de 15 t",43129,2.9744000000000002,0.78,0,2.9744000000000002,0,0,6.7287999999999997,3.7544]
["E9600","Caminhão betoneira com capacidade de 8 m³ - 188 kW",{"$nulls":7},307.57589999999999,104.6568]
["A9317","Caminhão plataforma 8 x 2, PBT 29.000 kg e distância entre eixos 4,8 m - 188 kW - motorista de veículo especial",785126.9129,33.648299999999999,13.8407,5.6079999999999997,50.4724,137.96940000000001,35.564700000000002,277.1035,88.661699999999996]
["A9346","Misturador de concreto para montagem em chassi de caminhão com capacidade de 8 m³",170510,12.8687,3.1263999999999998,0,14.4773,0,0,30.4724,15.995100000000001]
["E9604","Caminhão basculante para rocha com capacidade de 8 m³ - 210 kW",{"$nulls":7},299.33569999999997,89.9679]
["A9315","Caminhão basculante 6 x 4, PBT 23.000 kg e distância entre eixos 3,6 m - 210 kW -  motorista de caminhão",776564.29879999999,33.281300000000002,13.6897,5.5468999999999999,49.921999999999997,154.1148,31.560099999999998,288.1148,84.078000000000003]
["A9341","Caçamba basculante para rocha com capacidade de 8 m³",62787.8,4.7386999999999997,1.1512,0,5.3310000000000004,0,0,11.2209,5.8898999999999999]
["E9605","Caminhão tanque com capacidade de 6.000 l - 136 kW",{"$nulls":7},248.1275,73.782700000000006]
["A9323","Caminhão plataforma 4 x 2, PBT 14.300 kg e distância entre eixos 4,8 m - 136 kW - condição de trabalho severa - motorista de caminhão",508137.05589999998,21.7773,8.9577000000000009,3.6295999999999999,32.665999999999997,135.45330000000001,31.560099999999998,234.04400000000001,65.924700000000001]
["A9358","Tanque para transporte de água com capacidade de 6.000 l",90270,6.2255000000000003,1.6325000000000001,0,6.2255000000000003,0,0,14.083500000000001,7.8579999999999997]
["E9644","Caminhão demarcador de faixas com sistema de pintura a frio - 28 kW/115 kW",{"$nulls":7},376.6816,161.9982]
["A9302","Caminhão plataforma 4 x 2, PBT 8.300 kg e distância entre eixos 4,4 m - 115 kW - motorista de veículo especial",398584.1421,17.0822,7.0265000000000004,2.847,25.6233,114.5377,35.564700000000002,202.6814,62.520400000000002]
["A9368","Equipamento demarcador de faixas a frio montado sobre chassi com capacidade de 800 l - 28 kW",697085,52.668599999999998,19.115600000000001,0,49.570500000000003,24.951899999999998,27.6936,174.00020000000001,99.477800000000002]
["E9645","Caminhão demarcador de faixas com sistema de pintura a quente - 5 kW/30,10 kW/136 kW",{"$nulls":7},563.02779999999996,253.95410000000001]
["A9305","Caminhão plataforma 4 x 2, PBT 14.300 kg e distância entre eixos 4,8 m - 136 kW - motorista de veículo especial",508137.05589999998,21.7773,8.9577000000000009,3.6295999999999999,32.665999999999997,135.45330000000001,35.564700000000002,238.04859999999999,69.929299999999998]
["A9328","Compressor de ar portátil de 70,79 l/s (150 PCM) sem reboque - 30,10 kW",145916.79949999999,9.7278000000000002,2.6259000000000001,0,9.7278000000000002,26.8233,0,48.904800000000002,12.3537]
["A9369","Equipamento demarcador de faixas a quente montado sobre chassi com capacidade de 500 l - 5,0 kW",1398141.5991,105.6374,38.3401,0,99.423400000000001,4.9798999999999998,27.6936,276.07440000000003,171.6711]
["E9663","Caminhão basculante com capacidade de 4 m³ - 136 kW",{"$nulls":7},179.02359999999999,70.723200000000006]
["A9304","Caminhão plataforma 4 x 2, PBT 14.300 kg e distância entre eixos 4,8 m - 136 kW - motorista de caminhão",508137.05589999998,21.7773,8.9577000000000009,3.6295999999999999,32.665999999999997,71.291200000000003,31.560099999999998,169.8819,65.924700000000001]
["A9336","Caçamba basculante com capacidade de 4 m³",51153,3.8605999999999998,0.93789999999999996,0,4.3432000000000004,0,0,9.1417000000000002,4.7984999999999998]
["E9665","Cavalo mecânico com semirreboque com capacidade de 22 t - 240 kW",{"$nulls":7},389.39940000000001,130.4999]
["A9318","Cavalo mecânico 4 x 2, PBT 16.000 kg - 240 kW - motorista de veículo especial",854545.12670000002,36.623399999999997,15.064399999999999,6.1039000000000003,54.935000000000002,176.13120000000001,35.564700000000002,324.42259999999999,93.356399999999994]
["A9353","Semirreboque com 2 eixos",371110,24.7407,12.402799999999999,0,27.833300000000001,0,0,64.976799999999997,37.143500000000003]
["E9666","Cavalo mecânico com semirreboque com capacidade de 30 t - 265 kW",{"$nulls":7},414.84980000000002,132.60419999999999]
["A9321","Cavalo mecânico estradeiro 6 x 2, PBT 23.000 kg - 265 kW - motorista de caminhão",885501.26410000003,37.950099999999999,15.610099999999999,6.3250000000000002,56.9251,194.47819999999999,31.560099999999998,342.84859999999998,91.445300000000003]
["A9354","Semirreboque com 3 eixos",411230,27.415299999999998,13.743600000000001,0,30.842300000000002,0,0,72.001199999999997,41.158900000000003]
["E9667","Caminhão basculante com capacidade de 14 m³ - 210 kW",{"$nulls":7},299.41090000000003,90.055599999999998]
["A9316","Caminhão plataforma 8 x 4, PBT 29.000 kg e distância entre eixos 4,6 m - 210 kW - motorista de caminhão",746695.84360000002,32.001300000000001,13.1632,5.3334999999999999,48.001899999999999,154.1148,31.560099999999998,284.1748,82.058099999999996]
["A9344","Caçamba basculante com capacidade de 14 m³",85255,6.4343000000000004,1.5631999999999999,0,7.2385999999999999,0,0,15.2361,7.9974999999999996]
["E9669","Caminhão tanque com capacidade de 8.000 l - 136 kW",{"$nulls":7},257.2955,78.511200000000002]
["A9331","Caminhão plataforma 4 x 2, PBT 16.000 kg e distância entre eixos 4,8 m - 136 kW - condição de trabalho severa - motorista de caminhão",572891.6973,24.552499999999998,10.099299999999999,4.0921000000000003,36.828800000000001,135.45330000000001,31.560099999999998,242.58609999999999,70.304000000000002]
["A9359","Tanque para transporte de água com capacidade de 8.000 l",94282,6.5022000000000002,1.7050000000000001,0,6.5022000000000002,0,0,14.7094,8.2072000000000003]
["E9670","Usina móvel de lama asfáltica ou microrrevestimento com cavalo mecânico com capacidade de 12 m³ - 95,6 kW/240 kW",{"$nulls":7},762.42750000000001,269.35180000000003]
["A9319","Cavalo mecânico 4 x 2, PBT 16.000 kg - 240 kW - condição de trabalho severa - motorista de veículo especial",854545.12670000002,36.623399999999997,15.064399999999999,6.1039000000000003,54.935000000000002,239.0352,35.564700000000002,387.32659999999998,93.356399999999994]
["A9367","Usina de lama asfáltica ou microrrevestimento asfáltico rebocável com capacidade de 12 m³ - 95,6 kW",1538109.527,98.878500000000003,30.504000000000001,0,98.878500000000003,100.227,46.612900000000003,375.10090000000002,175.99539999999999]
["E9672","Caminhão basculante para rocha com capacidade de 12 m³ - 188 kW",{"$nulls":7},309.78890000000001,105.8184]
["A9317","Caminhão plataforma 8 x 2, PBT 29.000 kg e distância entre eixos 4,8 m - 188 kW - motorista de veículo especial",785126.9129,33.648299999999999,13.8407,5.6079999999999997,50.4724,137.96940000000001,35.564700000000002,277.1035,88.661699999999996]
["A9343","Caçamba basculante para rocha com capacidade de 12 m³",182894.041,13.8033,3.3534000000000002,0,15.528700000000001,0,0,32.685400000000001,17.156700000000001]
["E9679","Cavalo mecânico com dois reboques hidropneumáticos de 5 e 4 eixos e mesas de giro com capacidade de 130 t - 440 kW",{"$nulls":7},1449.5636999999999,620.33759999999995]
["A9325","Cavalo mecânico 8 x 8, PBT 26.000 kg - 440 kW -  motorista de veículo especial",5005840.1780000003,214.536,88.245800000000003,35.756,321.80399999999997,322.90719999999999,35.564700000000002,1018.8137,374.10250000000002]
["A9384","Reboque hidropneumático com capacidade de 166 t e 4 eixos",979787.42260000005,65.319199999999995,32.7453,0,73.484099999999998,0,0,171.54859999999999,98.064499999999995]
["A9385","Conjunto de duas mesas de giro para quinta roda ou reboque com capacidade de 100 t cada",313868.54920000001,20.924600000000002,10.489699999999999,0,23.540099999999999,0,0,54.9544,31.414300000000001]
["A9390","Reboque hidropneumático com capacidade de 117 t e 5 eixos",1166542.4838,77.769499999999994,38.986800000000002,0,87.490700000000004,0,0,204.24700000000001,116.7563]
["E9680","Caminhão tanque com capacidade de 13.000 l - 188 kW",{"$nulls":7},327.06169999999997,87.932199999999995]
["A9332","Caminhão plataforma 6 x 2, PBT 23.000 kg e distância entre eixos 4,8 m - 188 kW - condição de trabalho severa - motorista de caminhão",674754.72290000005,28.918099999999999,11.895,4.8197000000000001,43.377099999999999,187.24420000000001,31.560099999999998,307.81420000000003,77.192899999999995]
["A9361","Tanque para transporte de água com capacidade de 13.000 l",123369,8.5082000000000004,2.2311000000000001,0,8.5082000000000004,0,0,19.247499999999999,10.7393]
["E9686","Caminhão carroceria com guindauto com capacidade de 20 t.m - 136 kW",{"$nulls":7},311.5274,122.78230000000001]
["A9308","Caminhão plataforma 4 x 2, PBT 16.000 kg e distância entre eixos 4,8 m - 136 kW - motorista de veículo especial",572891.6973,24.552499999999998,10.099299999999999,4.0921000000000003,36.828800000000001,135.45330000000001,35.564700000000002,246.5907,74.308599999999998]
["A9349","Carroceria de madeira com capacidade de 7 t",28585.5,1.9714,0.51700000000000002,0,1.9714,0,0,4.4598000000000004,2.4883999999999999]
["A9372","Guindaste articulado montado sobre chassi com capacidade de 20 t.m",210128.5,14.4916,3.8001,0,14.4916,0,27.6936,60.476900000000001,45.985300000000002]
["E9687","Caminhão carroceria com capacidade de 5 t - 115 kW",{"$nulls":7},151.36000000000001,62.262099999999997]
["A9303","Caminhão plataforma 4 x 2, PBT 9.600 kg e distância entre eixos 3,7 m - 115 kW - motorista de caminhão",419468.5232,17.9772,7.3945999999999996,2.9962,26.965800000000002,60.283000000000001,31.560099999999998,147.17689999999999,59.928100000000001]
["A9348","Carroceria de madeira com capacidade de 5 t",26811.654299999998,1.8491,0.4849,0,1.8491,0,0,4.1830999999999996,2.3340000000000001]
["E9690","Caminhão carroceria com guindauto e cesto aéreo com capacidade de 10 t.m - 136 kW",{"$nulls":7},335.43529999999998,148.36359999999999]
["A9308","Caminhão plataforma 4 x 2, PBT 16.000 kg e distância entre eixos 4,8 m - 136 kW - motorista de veículo especial",572891.6973,24.552499999999998,10.099299999999999,4.0921000000000003,36.828800000000001,135.45330000000001,35.564700000000002,246.5907,74.308599999999998]
["A9329","Cesto aéreo simples isolado com capacidade para 135 kg",24327.764999999999,1.6778,0.44,0,1.6778,0,0,3.7955999999999999,2.1177999999999999]
["A9330","Guindaste articulado montado sobre chassi com capacidade de 10 t.m",154012.7763,10.621600000000001,2.7852000000000001,0,10.621600000000001,0,55.3872,79.415599999999998,68.793999999999997]
["A9350","Carroceria de madeira com capacidade de 9 t",36108,2.4902000000000002,0.65300000000000002,0,2.4902000000000002,0,0,5.6334,3.1432000000000002]
["E9693","Caminhão demarcador de faixas com sistema de pintura Spray - 115 kW",{"$nulls":7},790.7183,419.81760000000003]
["A9322","Caminhão plataforma 4 x 2, PBT 9.600 kg e distância entre eixos 3,7 m - 115 kW - condição de trabalho severa - motorista de caminhão",419468.5232,17.9772,7.3945999999999996,2.9962,26.965800000000002,114.5377,31.560099999999998,201.4316,59.928100000000001]
["A9370","Equipamento demarcador de faixas sistema spray montado sobre chassi com capacidade 1.080 l",3225898.75,243.7346,88.461299999999994,0,229.3972,0,27.6936,589.2867,359.8895]
["E9783","Plataforma pantográfica montada em caminhão - 115 kW",{"$nulls":7},302.94029999999998,130.82490000000001]
["A9301","Caminhão plataforma 4 x 2, PBT 8.300 kg e distância entre eixos 3,7 m - 115 kW - motorista de veículo especial",396381.95049999998,16.9878,6.9875999999999996,2.8313000000000001,25.4817,114.5377,35.564700000000002,202.39080000000001,62.371400000000001]
["A9377","Plataforma pantográfica hidráulica montada sobre chassi com capacidade de 600 kg",481440,32.095999999999997,8.6638999999999999,0,32.095999999999997,0,27.6936,100.54949999999999,68.453500000000005]
["E9787","Bomba para concreto com lança montada sobre chassi com capacidade de 50 m³/h - 136 kW",{"$nulls":7},557.04049999999995,266.5188]
["A9308","Caminhão plataforma 4 x 2, PBT 16.000 kg e distância entre eixos 4,8 m - 136 kW - motorista de veículo especial",572891.6973,24.552499999999998,10.099299999999999,4.0921000000000003,36.828800000000001,135.45330000000001,35.564700000000002,246.5907,74.308599999999998]
["A9371","Bomba para concreto com lança montada sobre chassi com capacidade de 50 m³/h",1477994.4867,118.2396,27.357700000000001,0,118.2396,0,46.612900000000003,310.44979999999998,192.21019999999999]
["E9792","Caminhão para hidrossemeadura com capacidade de 7.500 l - 136 kW",{"$nulls":7},346.88080000000002,138.31030000000001]
["A9323","Caminhão plataforma 4 x 2, PBT 14.300 kg e distância entre eixos 4,8 m - 136 kW - condição de trabalho severa - motorista de caminhão",508137.05589999998,21.7773,8.9577000000000009,3.6295999999999999,32.665999999999997,135.45330000000001,31.560099999999998,234.04400000000001,65.924700000000001]
["A9362","Tanque para hidrossemeadura com capacidade de 7.500 l",476425,35.956600000000002,8.7354000000000003,0,40.4512,0,27.6936,112.8368,72.385599999999997]

{"sheet":"SINTÉTICO SICRO","index":23,"n_rows":6402,"n_cols":4,"rows_kept":6402,"cut":false,"hidden":false,"merged":[[0,1,0,2]]}
["CGCIT","SISTEMA DE CUSTOS REFERENCIAIS DE OBRAS - SICRO",null,"DNIT"]
[null,"Pará - Abril/2024"]
["Código","Descrição do Serviço","Unidade","Custo Unitário (R$)"]
[307731,"Aparelho de apoio de neoprene fretado para estruturas moldadas no local - fornecimento e instalação","dm³",127.45]
[307732,"Aparelho de apoio de neoprene fretado para estruturas pré-moldadas - fornecimento e instalação","dm³",102.91]
[308308,"Aparelho de apoio metálico elastomérico fixo com capacidade de 1.500 kN - fornecimento e instalação","un",7367.62]
[308313,"Aparelho de apoio metálico elastomérico fixo com capacidade de 10.000 kN - fornecimento e instalação","un",46894.25]
[308309,"Aparelho de apoio metálico elastomérico fixo com capacidade de 2.500 kN - fornecimento e instalação","un",11954.8]
[308310,"Aparelho de apoio metálico elastomérico fixo com capacidade de 4.000 kN - fornecimento e instalação","un",17971.48]
[308311,"Aparelho de apoio metálico elastomérico fixo com capacidade de 5.500 kN - fornecimento e instalação","un",24678.94]
[308312,"Aparelho de apoio metálico elastomérico fixo com capacidade de 7.500 kN - fornecimento e instalação","un",34129.94]
[308307,"Aparelho de apoio metálico elastomérico fixo com capacidade de 700 kN - fornecimento e instalação","un",4906.59]
[308322,"Aparelho de apoio metálico elastomérico multidirecional com capacidade de 1.500 kN - fornecimento e instalação","un",5838.86]
[308327,"Aparelho de apoio metálico elastomérico multidirecional com capacidade de 10.000 kN - fornecimento e instalação","un",36125.949999999997]
[308323,"Aparelho de apoio metálico elastomérico multidirecional com capacidade de 2.500 kN - fornecimento e instalação","un",8535.89]
[308324,"Aparelho de apoio metálico elastomérico multidirecional com capacidade de 4.000 kN - fornecimento e instalação","un",13368.61]
[308325,"Aparelho de apoio metálico elastomérico multidirecional com capacidade de 5.500 kN - fornecimento e instalação","un",18918.560000000001]
[308326,"Aparelho de apoio metálico elastomérico multidirecional com capacidade de 7.500 kN - fornecimento e instalação","un",26688.78]
[308321,"Aparelho de apoio metálico elastomérico multidirecional com capacidade de 700 kN - fornecimento e instalação","un",4015.6]
[308315,"Aparelho de apoio metálico elastomérico unidirecional com capacidade de 1.500 kN - fornecimento e instalação","un",7185.62]
[308320,"Aparelho de apoio metálico elastomérico unidirecional com capacidade de 10.000 kN - fornecimento e instalação","un",45770.62]
[308316,"Aparelho de apoio metálico elastomérico unidirecional com capacidade de 2.500 kN - fornecimento e instalação","un",10251.99]
[308317,"Aparelho de apoio metálico elastomérico unidirecional com capacidade de 4.000 kN - fornecimento e instalação","un",17757.32]
[308318,"Aparelho de apoio metálico elastomérico unidirecional com capacidade de 5.500 kN - fornecimento e instalação","un",24100.93]
[308319,"Aparelho de apoio metálico elastomérico unidirecional com capacidade de 7.500 kN - fornecimento e instalação","un",30210.080000000002]
[308314,"Aparelho de apoio metálico elastomérico unidirecional com capacidade de 700 kN - fornecimento e instalação","un",4836.6099999999997]
[308250,"Aparelho de apoio metálico esférico fixo com capacidade de 1.000 kN - fornecimento e instalação","un",6169.34]
[308251,"Aparelho de apoio metálico esférico fixo com capacidade de 1.500 kN - fornecimento e instalação","un",9438.7900000000009]
[308268,"Aparelho de apoio metálico esférico fixo com capacidade de 10.000 kN - fornecimento e instalação","un",79368.92]
[308252,"Aparelho de apoio metálico esférico fixo com capacidade de 2.000 kN - fornecimento e instalação","un",11598.23]
[308253,"Aparelho de apoio metálico esférico fixo com capacidade de 2.500 kN - fornecimento e instalação","un",14320.73]
[308254,"Aparelho de apoio metálico esférico fixo com capacidade de 3.000 kN - fornecimento e instalação","un",16116.06]
[308255,"Aparelho de apoio metálico esférico fixo com capacidade de 3.500 kN - fornecimento e instalação","un",19754.39]
[308256,"Aparelho de apoio metálico esférico fixo com capacidade de 4.000 kN - fornecimento e instalação","un",25213.39]
[308257,"Aparelho de apoio metálico esférico fixo com capacidade de 4.500 kN - fornecimento e instalação","un",32605.8]
[308258,"Aparelho de apoio metálico esférico fixo com capacidade de 5.000 kN - fornecimento e instalação","un",36332.089999999997]
[308259,"Aparelho de apoio metálico esférico fixo com capacidade de 5.500 kN - fornecimento e instalação","un",41161.82]
[308260,"Aparelho de apoio metálico esférico fixo com capacidade de 6.000 kN - fornecimento e instalação","un",45411.11]
[308261,"Aparelho de apoio metálico esférico fixo com capacidade de 6.500 kN - fornecimento e instalação","un",50199.26]
[308262,"Aparelho de apoio metálico esférico fixo com capacidade de 7.000 kN - fornecimento e instalação","un",55190.44]
[308263,"Aparelho de apoio metálico esférico fixo com capacidade de 7.500 kN - fornecimento e instalação","un",56146.23]
[308264,"Aparelho de apoio metálico esférico fixo com capacidade de 8.000 kN - fornecimento e instalação","un",62125.82]
[308265,"Aparelho de apoio metálico esférico fixo com capacidade de 8.500 kN - fornecimento e instalação","un",63716.33]
[308266,"Aparelho de apoio metálico esférico fixo com capacidade de 9.000 kN - fornecimento e instalação","un",71057.98]
[308267,"Aparelho de apoio metálico esférico fixo com capacidade de 9.500 kN - fornecimento e instalação","un",75167.990000000005]
[308288,"Aparelho de apoio metálico esférico multidirecional com capacidade de 1.000 kN - fornecimento e instalação","un",8846.16]
[308289,"Aparelho de apoio metálico esférico multidirecional com capacidade de 1.500 kN - fornecimento e instalação","un",12566.38]
[308306,"Aparelho de apoio metálico esférico multidirecional com capacidade de 10.000 kN - fornecimento e instalação","un",84179.49]
[308290,"Aparelho de apoio metálico esférico multidirecional com capacidade de 2.000 kN - fornecimento e instalação","un",16291.25]
[308291,"Aparelho de apoio metálico esférico multidirecional com capacidade de 2.500 kN - fornecimento e instalação","un",19784.400000000001]
[308292,"Aparelho de apoio metálico esférico multidirecional com capacidade de 3.000 kN - fornecimento e instalação","un",22271.09]
[308293,"Aparelho de apoio metálico esférico multidirecional com capacidade de 3.500 kN - fornecimento e instalação","un",25620.55]
[308294,"Aparelho de apoio metálico esférico multidirecional com capacidade de 4.000 kN - fornecimento e instalação","un",27915.24]
[308295,"Aparelho de apoio metálico esférico multidirecional com capacidade de 4.500 kN - fornecimento e instalação","un",34281.49]
[308296,"Aparelho de apoio metálico esférico multidirecional com capacidade de 5.000 kN - fornecimento e instalação","un",37489.33]
[308297,"Aparelho de apoio metálico esférico multidirecional com capacidade de 5.500 kN - fornecimento e instalação","un",41346.04]
[308298,"Aparelho de apoio metálico esférico multidirecional com capacidade de 6.000 kN - fornecimento e instalação","un",46968.9]
[308299,"Aparelho de apoio metálico esférico multidirecional com capacidade de 6.500 kN - fornecimento e instalação","un",50731.09]
[308300,"Aparelho de apoio metálico esférico multidirecional com capacidade de 7.000 kN - fornecimento e instalação","un",54595.27]
[308301,"Aparelho de apoio metálico esférico multidirecional com capacidade de 7.500 kN - fornecimento e instalação","un",58891.63]
[308302,"Aparelho de apoio metálico esférico multidirecional com capacidade de 8.000 kN - fornecimento e instalação","un",65339.22]
[308303,"Aparelho de apoio metálico esférico multidirecional com capacidade de 8.500 kN - fornecimento e instalação","un",71600.320000000007]
[308304,"Aparelho de apoio metálico esférico multidirecional com capacidade de 9.000 kN - fornecimento e instalação","un",75517.460000000006]
[308305,"Aparelho de apoio metálico esférico multidirecional com capacidade de 9.500 kN - fornecimento e instalação","un",80169.81]
[308269,"Aparelho de apoio metálico esférico unidirecional com capacidade de 1.000 kN - fornecimento e instalação","un",9442.1]
[308270,"Aparelho de apoio metálico esférico unidirecional com capacidade de 1.500 kN - fornecimento e instalação","un",12932.17]
[308287,"Aparelho de apoio metálico esférico unidirecional com capacidade de 10.000 kN - fornecimento e instalação","un",85335.24]
[308271,"Aparelho de apoio metálico esférico unidirecional com capacidade de 2.000 kN - fornecimento e instalação","un",16151.92]
[308272,"Aparelho de apoio metálico esférico unidirecional com capacidade de 2.500 kN - fornecimento e instalação","un",18756.150000000001]
[308273,"Aparelho de apoio metálico esférico unidirecional com capacidade de 3.000 kN - fornecimento e instalação","un",22406.39]
[308274,"Aparelho de apoio metálico esférico unidirecional com capacidade de 3.500 kN - fornecimento e instalação","un",25890.22]
[308275,"Aparelho de apoio metálico esférico unidirecional com capacidade de 4.000 kN - fornecimento e instalação","un",30527.34]
[308276,"Aparelho de apoio metálico esférico unidirecional com capacidade de 4.500 kN - fornecimento e instalação","un",40549.660000000003]
[308277,"Aparelho de apoio metálico esférico unidirecional com capacidade de 5.000 kN - fornecimento e instalação","un",44866.39]
[308278,"Aparelho de apoio metálico esférico unidirecional com capacidade de 5.500 kN - fornecimento e instalação","un",48649.33]
[308279,"Aparelho de apoio metálico esférico unidirecional com capacidade de 6.000 kN - fornecimento e instalação","un",50584.85]
[308280,"Aparelho de apoio metálico esférico unidirecional com capacidade de 6.500 kN - fornecimento e instalação","un",54691.4]
[308281,"Aparelho de apoio metálico esférico unidirecional com capacidade de 7.000 kN - fornecimento e instalação","un",58751.95]
[308282,"Aparelho de apoio metálico esférico unidirecional com capacidade de 7.500 kN - fornecimento e instalação","un",63077.599999999999]
[308283,"Aparelho de apoio metálico esférico unidirecional com capacidade de 8.000 kN - fornecimento e instalação","un",67063.05]
[308284,"Aparelho de apoio metálico esférico unidirecional com capacidade de 8.500 kN - fornecimento e instalação","un",72343.009999999995]
[308285,"Aparelho de apoio metálico esférico unidirecional com capacidade de 9.000 kN - fornecimento e instalação","un",76674.66]
[308286,"Aparelho de apoio metálico esférico unidirecional com capacidade de 9.500 kN - fornecimento e instalação","un",81112.63]
[307733,"Junta de dilatação em elastômero e perfil VV - L = 20 mm e H = 40 mm - fornecimento e instalação","m",262]
[307734,"Junta de dilatação em elastômero e perfil VV - L = 25 mm e H = 50 mm - fornecimento e instalação","m",315.56]
[307735,"Junta de dilatação em elastômero e perfil VV - L = 35 mm e H = 60 mm - fornecimento e instalação","m",413.92]
[307736,"Junta de dilatação em elastômero e perfil VV - L = 40 mm e H = 70 mm - fornecimento e instalação","m",552.42999999999995]
[307737,"Junta de dilatação em elastômero e perfil VV - L = 50 mm e H = 80 mm - fornecimento e instalação","m",583.45000000000005]
[307730,"Junta de dilatação em perfil extrudado de borracha vulcanizada","m",0]
[307084,"Lábios poliméricos em junta de pavimento de concreto - L = 20 mm e H = 30 mm - confecção e assentamento","m",36.520000000000003]
[407818,"Armação em aço CA-25 - fornecimento, preparo e colocação","kg",11.99]
[407819,"Armação em aço CA-50 - fornecimento, preparo e colocação","kg",12.21]
[407820,"Armação em aço CA-60 - fornecimento, preparo e colocação","kg",13.28]
[407740,"Chumbador tipo espera em aço CA-25 para fixação de estrutura metálica em concreto - fornecimento e instalação","kg",14.59]
[408037,"Luva de emenda com rosca cônica para aço CA-50 - D = 12,5 mm - fornecimento e instalação","un",22.41]
[408038,"Luva de emenda com rosca cônica para aço CA-50 - D = 16 mm - fornecimento e instalação","un",36.53]
[408039,"Luva de emenda com rosca cônica para aço CA-50 - D = 20 mm - fornecimento e instalação","un",47.78]
[408041,"Luva de emenda com rosca cônica para aço CA-50 - D = 25 mm - fornecimento e instalação","un",64.7]
[408042,"Luva de emenda com rosca cônica para aço CA-50 - D = 32 mm - fornecimento e instalação","un",90.68]
[408031,"Luva de emenda prensada para aço CA-50 - D = 12,5 mm - fornecimento e instalação","un",23.8]
[408032,"Luva de emenda prensada para aço CA-50 - D = 16 mm - fornecimento e instalação","un",32.36]
[408033,"Luva de emenda prensada para aço CA-50 - D = 20 mm - fornecimento e instalação","un",44.06]
[408035,"Luva de emenda prensada para aço CA-50 - D = 25 mm - fornecimento e instalação","un",81.540000000000006]
[408036,"Luva de emenda prensada para aço CA-50 - D = 32 mm - fornecimento e instalação","un",164.22]
[408067,"Tela de aço eletrossoldada - fornecimento, preparo e colocação","kg",11.72]
[407743,"Treliça nervurada três barras longitudinais interligadas por duas diagonais sinusoidal - fornecimento e instalação","kg",12.88]
[607137,"Arco metálico galvanizado tipo MP 152S - arco alto - vão = 10,08 m e altura = 6,12 m - aterro rodoviário mínimo = 0,90 m e máximo = 5,00 m - areia e brita comerciais","m",61546]
[606785,"Arco metálico galvanizado tipo MP 152S - arco alto - vão = 10,08 m e altura = 6,12 m - aterro rodoviário mínimo = 0,90 m e máximo = 5,00 m - areia extraída e brita produzida","m",60603.15]
[607139,"Arco metálico galvanizado tipo MP 152S - arco alto - vão = 10,31 m e altura = 6,17 m - aterro rodoviário mínimo = 0,90 m e máximo = 4,90 m - areia e brita comerciais","m",62384.61]
[606787,"Arco metálico galvanizado tipo MP 152S - arco alto - vão = 10,31 m e altura = 6,17 m - aterro rodoviário mínimo = 0,90 m e máximo = 4,90 m - areia extraída e brita produzida","m",61111.25]
[607140,"Arco metálico galvanizado tipo MP 152S - arco alto - vão = 10,36 m e altura = 5,38 m - aterro rodoviário mínimo = 1,20 m e máximo = 3,60 m - areia e brita comerciais","m",56962.15]
[606788,"Arco metálico galvanizado tipo MP 152S - arco alto - vão = 10,36 m e altura = 5,38 m - aterro rodoviário mínimo = 1,20 m e máximo = 3,60 m - areia extraída e brita produzida","m",56429.23]
[607141,"Arco metálico galvanizado tipo MP 152S - arco alto - vão = 10,54 m e altura = 6,05 m - aterro rodoviário mínimo = 1,20 m e máximo = 4,20 m - areia e brita comerciais","m",63487.72]
[606789,"Arco metálico galvanizado tipo MP 152S - arco alto - vão = 10,54 m e altura = 6,05 m - aterro rodoviário mínimo = 1,20 m e máximo = 4,20 m - areia extraída e brita produzida","m",62507.839999999997]
[607144,"Arco metálico galvanizado tipo MP 152S - arco alto - vão = 10,57 m e altura = 5,41 m - aterro rodoviário mínimo = 1,20 m e máximo = 4,10 m - areia e brita comerciais","m",74242.34]
[606792,"Arco metálico galvanizado tipo MP 152S - arco alto - vão = 10,57 m e altura = 5,41 m - aterro rodoviário mínimo = 1,20 m e máximo = 4,10 m - areia extraída e brita produzida","m",73347.34]
[607142,"Arco metálico galvanizado tipo MP 152S - arco alto - vão = 10,74 m e altura = 6,48 m - aterro rodoviário mínimo = 1,20 m e máximo = 4,70 m - areia e brita comerciais","m",66618.850000000006]
[606790,"Arco metálico galvanizado tipo MP 152S - arco alto - vão = 10,74 m e altura = 6,48 m - aterro rodoviário mínimo = 1,20 m e máximo = 4,70 m - areia extraída e brita produzida","m",65564.89]
[607145,"Arco metálico galvanizado tipo MP 152S - arco alto - vão = 10,77 m e altura = 6,10 m - aterro rodoviário mínimo = 1,20 m e máximo = 4,70 m - areia e brita comerciais","m",81973.240000000005]
[606793,"Arco metálico galvanizado tipo MP 152S - arco alto - vão = 10,77 m e altura = 6,10 m - aterro rodoviário mínimo = 1,20 m e máximo = 4,70 m - areia extraída e brita produzida","m",80972.259999999995]
[607146,"Arco metálico galvanizado tipo MP 152S - arco alto - vão = 10,97 m e altura = 6,53 m - aterro rodoviário mínimo = 1,20 m e máximo = 4,70 m - areia e brita comerciais","m",85548.9]
[606794,"Arco metálico galvanizado tipo MP 152S - arco alto - vão = 10,97 m e altura = 6,53 m - aterro rodoviário mínimo = 1,20 m e máximo = 4,70 m - areia extraída e brita produzida","m",84462.47]
[607143,"Arco metálico galvanizado tipo MP 152S - arco alto - vão = 11,35 m e altura = 7,12 m - aterro rodoviário mínimo = 1,20 m e máximo = 4,70 m - areia e brita comerciais","m",72004.02]
[606791,"Arco metálico galvanizado tipo MP 152S - arco alto - vão = 11,35 m e altura = 7,12 m - aterro rodoviário mínimo = 1,20 m e máximo = 4,70 m - areia extraída e brita produzida","m",70790.61]
[607147,"Arco metálico galvanizado tipo MP 152S - arco alto - vão = 11,58 m e altura = 7,16 m - aterro rodoviário mínimo = 1,20 m e máximo = 6,40 m - areia e brita comerciais","m",92344.6]
[606795,"Arco metálico galvanizado tipo MP 152S - arco alto - vão = 11,58 m e altura = 7,16 m - aterro rodoviário mínimo = 1,20 m e máximo = 6,40 m - areia extraída e brita produzida","m",91092.7]
[607112,"Arco metálico galvanizado tipo MP 152S - arco alto - vão = 6,12 m e altura = 2,77 m - aterro rodoviário mínimo = 0,75 m e máximo = 5,40 m - areia e brita comerciais","m",29962.65]
[606760,"Arco metálico galvanizado tipo MP 152S - arco alto - vão = 6,12 m e altura = 2,77 m - aterro rodoviário mínimo = 0,75 m e máximo = 5,40 m - areia extraída e brita produzida","m",29634.48]
[607113,"Arco metálico galvanizado tipo MP 152S - arco alto - vão = 6,30 m e altura = 3,68 m - aterro rodoviário mínimo = 0,75 m e máximo = 7,50 m - areia e brita comerciais","m",35204]
[606761,"Arco metálico galvanizado tipo MP 152S - arco alto - vão = 6,30 m e altura = 3,68 m - aterro rodoviário mínimo = 0,75 m e máximo = 7,50 m - areia extraída e brita produzida","m",34826.78]
[606762,"Arco metálico galvanizado tipo MP 152S - arco alto - vão = 6,55 m e altura = 3,56 m - aterro rodoviário mínimo = 0,75 m e máximo = 4,9 m - areia extraída e brita produzida","m",34524.07]
[607114,"Arco metálico galvanizado tipo MP 152S - arco alto - vão = 6,55 m e altura = 3,56 m - aterro rodoviário mínimo = 0,75 m e máximo = 4,90 m - areia e brita comerciais","m",34908.42]
[607116,"Arco metálico galvanizado tipo MP 152S - arco alto - vão = 6,78 m e altura = 3,61 m - aterro rodoviário mínimo = 0,75 m e máximo = 4,80 m - areia e brita comerciais","m",36923.08]
[606764,"Arco metálico galvanizado tipo MP 152S - arco alto - vão = 6,78 m e altura = 3,61 m - aterro rodoviário mínimo = 0,75 m e máximo = 4,80 m - areia extraída e brita produzida","m",36522.54]
[607115,"Arco metálico galvanizado tipo MP 152S - arco alto - vão = 6,96 m e altura = 4,42 m - aterro rodoviário mínimo = 0,75 m e máximo = 8,10 m - areia e brita comerciais","m",41940.49]
[606763,"Arco metálico galvanizado tipo MP 152S - arco alto - vão = 6,96 m e altura = 4,42 m - aterro rodoviário mínimo = 0,75 m e máximo = 8,10 m - areia extraída e brita produzida","m",41458.620000000003]
[607117,"Arco metálico galvanizado tipo MP 152S - arco alto - vão = 6,99 m e altura = 4,27 m - aterro rodoviário mínimo = 0,75 m e máximo = 5,70 m - areia e brita comerciais","m",41922.54]
[606765,"Arco metálico galvanizado tipo MP 152S - arco alto - vão = 6,99 m e altura = 4,27 m - aterro rodoviário mínimo = 0,75 m e máximo = 5,70 m - areia extraída e brita produzida","m",41453.910000000003]
[607118,"Arco metálico galvanizado tipo MP 152S - arco alto - vão = 7,01 m e altura = 3,63 m - aterro rodoviário mínimo = 0,75 m e máximo = 4,60 m - areia e brita comerciais","m",37575.93]
[606766,"Arco metálico galvanizado tipo MP 152S - arco alto - vão = 7,01 m e altura = 3,63 m - aterro rodoviário mínimo = 0,75 m e máximo = 4,60 m - areia extraída e brita produzida","m",37162.44]
[607120,"Arco metálico galvanizado tipo MP 152S - arco alto - vão = 7,24 m e altura = 3,68 m - aterro rodoviário mínimo = 0,90 m e máximo = 4,4 m - areia e brita comerciais","m",38274.29]
[606768,"Arco metálico galvanizado tipo MP 152S - arco alto - vão = 7,24 m e altura = 3,68 m - aterro rodoviário mínimo = 0,90 m e máximo = 4,40 m - areia extraída e brita produzida","m",37838.86]
[607119,"Arco metálico galvanizado tipo MP 152S - arco alto - vão = 7,42 m e altura = 4,52 m - aterro rodoviário mínimo = 0,90 m e máximo = 6,40 m - areia e brita comerciais","m",44010.1]
[606767,"Arco metálico galvanizado tipo MP 152S - arco alto - vão = 7,42 m e altura = 4,52 m - aterro rodoviário mínimo = 0,90 m e máximo = 6,40 m - areia extraída e brita produzida","m",43479.09]
[607121,"Arco metálico galvanizado tipo MP 152S - arco alto - vão = 7,47 m e altura = 4,19 m - aterro rodoviário mínimo = 0,90 m e máximo = 4,30 m - areia e brita comerciais","m",41461.08]
[606769,"Arco metálico galvanizado tipo MP 152S - arco alto - vão = 7,47 m e altura = 4,19 m - aterro rodoviário mínimo = 0,90 m e máximo = 4,30 m - areia extraída e brita produzida","m",40964.639999999999]
[607123,"Arco metálico galvanizado tipo MP 152S - arco alto - vão = 7,67 m e altura = 3,99 m - aterro rodoviário mínimo = 0,90 m e máximo = 4,10 m - areia e brita comerciais","m",40911.53]
[606771,"Arco metálico galvanizado tipo MP 152S - arco alto - vão = 7,67 m e altura = 3,99 m - aterro rodoviário mínimo = 0,90 m e máximo = 4,10 m - areia extraída e brita produzida","m",40416.94]
[607122,"Arco metálico galvanizado tipo MP 152S - arco alto - vão = 7,85 m e altura = 4,60 m - aterro rodoviário mínimo = 0,90 m e máximo = 6,00 m - areia e brita comerciais","m",45401.49]
[606770,"Arco metálico galvanizado tipo MP 152S - arco alto - vão = 7,85 m e altura = 4,60 m - aterro rodoviário mínimo = 0,90 m e máximo = 6,00 m - areia extraída e brita produzida","m",44831.09]
[607125,"Arco metálico galvanizado tipo MP 152S - arco alto - vão = 7,90 m e altura = 4,04 m - aterro rodoviário mínimo = 0,90 m e máximo = 4,00 m - areia e brita comerciais","m",42298.11]
[606773,"Arco metálico galvanizado tipo MP 152S - arco alto - vão = 7,90 m e altura = 4,04 m - aterro rodoviário mínimo = 0,90 m e máximo = 4,00 m - areia extraída e brita produzida","m",41777.730000000003]
[607124,"Arco metálico galvanizado tipo MP 152S - arco alto - vão = 8,08 m e altura = 4,65 m - aterro rodoviário mínimo = 0,90 m e máximo = 5,80 m - areia e brita comerciais","m",46091.12]
[606772,"Arco metálico galvanizado tipo MP 152S - arco alto - vão = 8,08 m e altura = 4,65 m - aterro rodoviário mínimo = 0,90 m e máximo = 5,80 m - areia extraída e brita produzida","m",45502.47]
[607126,"Arco metálico galvanizado tipo MP 152S - arco alto - vão = 8,31 m e altura = 4,70 m - aterro rodoviário mínimo = 0,90 m e máximo = 5,60 m - areia e brita comerciais","m",47379.74]
[606774,"Arco metálico galvanizado tipo MP 152S - arco alto - vão = 8,31 m e altura = 4,70 m - aterro rodoviário mínimo = 0,90 m e máximo = 5,60 m - areia extraída e brita produzida","m",46762.73]
[607127,"Arco metálico galvanizado tipo MP 152S - arco alto - vão = 8,36 m e altura = 4,11 m - aterro rodoviário mínimo = 0,90 m e máximo = 3,70 m - areia e brita comerciais","m",43616.45]
[606775,"Arco metálico galvanizado tipo MP 152S - arco alto - vão = 8,36 m e altura = 4,11 m - aterro rodoviário mínimo = 0,90 m e máximo = 3,70 m - areia extraída e brita produzida","m",43064.800000000003]
[607129,"Arco metálico galvanizado tipo MP 152S - arco alto - vão = 8,59 m e altura = 4,39 m - aterro rodoviário mínimo = 0,90 m e máximo = 3,60 m - areia e brita comerciais","m",45660.4]
[606777,"Arco metálico galvanizado tipo MP 152S - arco alto - vão = 8,59 m e altura = 4,39 m - aterro rodoviário mínimo = 0,90 m e máximo = 3,60 m - areia extraída e brita produzida","m",45056.25]
[607128,"Arco metálico galvanizado tipo MP 152S - arco alto - vão = 8,97 m e altura = 5,00 m - aterro rodoviário mínimo = 0,90 m e máximo = 5,80 m - areia e brita comerciais","m",50248.43]
[606776,"Arco metálico galvanizado tipo MP 152S - arco alto - vão = 8,97 m e altura = 5,00 m - aterro rodoviário mínimo = 0,90 m e máximo = 5,80 m - areia extraída e brita produzida","m",49542.53]
[607130,"Arco metálico galvanizado tipo MP 152S - arco alto - vão = 9,17 m e altura = 5,49 m - aterro rodoviário mínimo = 0,90 m e máximo = 5,60 m - areia e brita comerciais","m",53567.06]
[606778,"Arco metálico galvanizado tipo MP 152S - arco alto - vão = 9,17 m e altura = 5,49 m - aterro rodoviário mínimo = 0,90 m e máximo = 5,60 m - areia extraída e brita produzida","m",52791.15]
[607131,"Arco metálico galvanizado tipo MP 152S - arco alto - vão = 9,22 m e altura = 4,70 m - aterro rodoviário mínimo = 0,90 m e máximo = 4,10 m - areia e brita comerciais","m",50245.4]
[606779,"Arco metálico galvanizado tipo MP 152S - arco alto - vão = 9,22 m e altura = 4,70 m - aterro rodoviário mínimo = 0,90 m e máximo = 4,10 m - areia extraída e brita produzida","m",49558.97]
[607133,"Arco metálico galvanizado tipo MP 152S - arco alto - vão = 9,45 m e altura = 4,75 m - aterro rodoviário mínimo = 0,90 m e máximo = 4,00 m - areia e brita comerciais","m",51009.27]
[606781,"Arco metálico galvanizado tipo MP 152S - arco alto - vão = 9,45 m e altura = 4,75 m - aterro rodoviário mínimo = 0,90 m e máximo = 4,00 m - areia extraída e brita produzida","m",50302.21]
[607132,"Arco metálico galvanizado tipo MP 152S - arco alto - vão = 9,63 m e altura = 5,59 m - aterro rodoviário mínimo = 0,90 m e máximo = 5,30 m - areia e brita comerciais","m",55654.21]
[606780,"Arco metálico galvanizado tipo MP 152S - arco alto - vão = 9,63 m e altura = 5,59 m - aterro rodoviário mínimo = 0,90 m e máximo = 5,30 m - areia extraída e brita produzida","m",54823.92]
[607134,"Arco metálico galvanizado tipo MP 152S - arco alto - vão = 9,65 m e altura = 5,41 m - aterro rodoviário mínimo = 0,90 m e máximo = 4,70 m - areia e brita comerciais","m",55101.95]
[606782,"Arco metálico galvanizado tipo MP 152S - arco alto - vão = 9,65 m e altura = 5,41 m - aterro rodoviário mínimo = 0,90 m e máximo = 4,70 m - areia extraída e brita produzida","m",54290.64]
[607136,"Arco metálico galvanizado tipo MP 152S - arco alto - vão = 9,68 m e altura = 5,23 m - aterro rodoviário mínimo = 0,90 m e máximo = 3,90 m - areia e brita comerciais","m",54353.91]
[606784,"Arco metálico galvanizado tipo MP 152S - arco alto - vão = 9,68 m e altura = 5,23 m - aterro rodoviário mínimo = 0,90 m e máximo = 3,90 m - areia extraída e brita produzida","m",53568.51]
[607135,"Arco metálico galvanizado tipo MP 152S - arco alto - vão = 9,86 m e altura = 6,07 m - aterro rodoviário mínimo = 0,90 m e máximo = 5,20 m - areia e brita comerciais","m",60658.18]
[606783,"Arco metálico galvanizado tipo MP 152S - arco alto - vão = 9,86 m e altura = 6,07 m - aterro rodoviário mínimo = 0,90 m e máximo = 5,20 m - areia extraída e brita produzida","m",59747.71]
[607138,"Arco metálico galvanizado tipo MP 152S - arco alto - vão = 9,91 m e altura = 5,28 m - aterro rodoviário mínimo = 0,90 m e máximo = 3,80 m - areia e brita comerciais","m",55315.11]
[606786,"Arco metálico galvanizado tipo MP 152S - arco alto - vão = 9,91 m e altura = 5,28 m - aterro rodoviário mínimo = 0,90 m e máximo = 3,80 m - areia extraída e brita produzida","m",54478.43]
[606842,"Arco metálico galvanizado tipo MP 152S - ovoide - vão = 7,21 m e altura = 7,82 m - aterro rodoviário mínimo = 0,75 m e máximo = 6,70 m - areia e brita comerciais","m",68349.06]
[606832,"Arco metálico galvanizado tipo MP 152S - ovoide - vão = 7,21 m e altura = 7,82 m - aterro rodoviário mínimo = 0,75 m e máximo = 6,70 m - areia extraída e brita produzida","m",67802.12]
[606843,"Arco metálico galvanizado tipo MP 152S - ovoide - vão = 7,31 m e altura = 7,87 m - aterro rodoviário mínimo = 0,90 m e máximo = 6,80 m - areia e brita comerciais","m",71022.55]
[606833,"Arco metálico galvanizado tipo MP 152S - ovoide - vão = 7,31 m e altura = 7,87 m - aterro rodoviário mínimo = 0,90 m e máximo = 6,80 m - areia extraída e brita produzida","m",70450.740000000005]
[606845,"Arco metálico galvanizado tipo MP 152S - ovoide - vão = 7,57 m e altura = 8,44 m - aterro rodoviário mínimo = 0,90 m e máximo = 5,60 m - areia e brita comerciais","m",73627.39]
[606835,"Arco metálico galvanizado tipo MP 152S - ovoide - vão = 7,57 m e altura = 8,44 m - aterro rodoviário mínimo = 0,90 m e máximo = 5,60 m - areia extraída e brita produzida","m",73055.03]
[606844,"Arco metálico galvanizado tipo MP 152S - ovoide - vão = 7,77 m e altura = 7,90 m - aterro rodoviário mínimo = 0,90 m e máximo = 6,80 m - areia e brita comerciais","m",72121.59]
[606834,"Arco metálico galvanizado tipo MP 152S - ovoide - vão = 7,77 m e altura = 7,90 m - aterro rodoviário mínimo = 0,90 m e máximo = 6,80 m - areia extraída e brita produzida","m",71533]
[606847,"Arco metálico galvanizado tipo MP 152S - ovoide - vão = 8,13 m e altura = 8,01 m - aterro rodoviário mínimo = 0,90 m e máximo = 3,50 m - areia e brita comerciais","m",77021.119999999995]
[606837,"Arco metálico galvanizado tipo MP 152S - ovoide - vão = 8,13 m e altura = 8,01 m - aterro rodoviário mínimo = 0,90 m e máximo = 3,50 m - areia extraída e brita produzida","m",76381.990000000005]
[606846,"Arco metálico galvanizado tipo MP 152S - ovoide - vão = 8,36 m e altura = 8,23 m - aterro rodoviário mínimo = 0,90 m e máximo = 4,30 m - areia e brita comerciais","m",77727.83]
[606836,"Arco metálico galvanizado tipo MP 152S - ovoide - vão = 8,36 m e altura = 8,23 m - aterro rodoviário mínimo = 0,90 m e máximo = 4,30 m - areia extraída e brita produzida","m",77080.639999999999]
[606848,"Arco metálico galvanizado tipo MP 152S - ovoide - vão = 8,56 m e altura = 8,48 m - aterro rodoviário mínimo = 0,90 m e máximo = 5,30 m - areia e brita comerciais","m",77620.41]
[606838,"Arco metálico galvanizado tipo MP 152S - ovoide - vão = 8,56 m e altura = 8,48 m - aterro rodoviário mínimo = 0,90 m e máximo = 5,30 m - areia extraída e brita produzida","m",76948.91]
[606849,"Arco metálico galvanizado tipo MP 152S - ovoide - vão = 8,71 m e altura = 9,32 m - aterro rodoviário mínimo = 0,90 m e máximo = 6,00 m - areia e brita comerciais","m",84053.31]
[606839,"Arco metálico galvanizado tipo MP 152S - ovoide - vão = 8,71 m e altura = 9,32 m - aterro rodoviário mínimo = 0,90 m e máximo = 6,00 m - areia extraída e brita produzida","m",83394.98]
[606850,"Arco metálico galvanizado tipo MP 152S - ovoide - vão = 9,15 m e altura = 9,04 m - aterro rodoviário mínimo = 0,90 m e máximo = 4,70 m - areia e brita comerciais","m",84783.45]
[606840,"Arco metálico galvanizado tipo MP 152S - ovoide - vão = 9,15 m e altura = 9,04 m - aterro rodoviário mínimo = 0,90 m e máximo = 4,70 m - areia extraída e brita produzida","m",84067.88]
[606851,"Arco metálico galvanizado tipo MP 152S - ovoide - vão = 9,15 m e altura = 9,50 m - aterro rodoviário mínimo = 0,90 m e máximo = 5,70 m - areia e brita comerciais","m",85363.1]
[606841,"Arco metálico galvanizado tipo MP 152S - ovoide - vão = 9,15 m e altura = 9,50 m - aterro rodoviário mínimo = 0,90 m e máximo = 5,70 m - areia extraída e brita produzida","m",84674.23]
[605604,"Argamassa de solo-cimento com 10% de cimento e material de jazida - preparo e injeção em tunnel liner","m³",360.08]
[605695,"Bueiro metálico com chapas múltiplas MP 100 com revestimento em epóxi - D = 0,60 m - brita comercial","m",1639.16]
[605607,"Bueiro metálico com chapas múltiplas MP 100 com revestimento em epóxi - D = 0,60 m - brita produzida","m",1593.21]
[605696,"Bueiro metálico com chapas múltiplas MP 100 com revestimento em epóxi - D = 0,70 m - brita comercial","m",1885.36]
[605608,"Bueiro metálico com chapas múltiplas MP 100 com revestimento em epóxi - D = 0,70 m - brita produzida","m",1836.54]
[605697,"Bueiro metálico com chapas múltiplas MP 100 com revestimento em epóxi - D = 0,80 m - brita comercial","m",2131.59]
[605609,"Bueiro metálico com chapas múltiplas MP 100 com revestimento em epóxi - D = 0,80 m - brita produzida","m",2079.9]
[605698,"Bueiro metálico com chapas múltiplas MP 100 com revestimento em epóxi - D = 0,90 m - brita comercial","m",2330]
[605610,"Bueiro metálico com chapas múltiplas MP 100 com revestimento em epóxi - D = 0,90 m - brita produzida","m",2275.4299999999998]
[605699,"Bueiro metálico com chapas múltiplas MP 100 com revestimento em epóxi - D = 1,00 m - brita comercial","m",2576.17]
[605611,"Bueiro metálico com chapas múltiplas MP 100 com revestimento em epóxi - D = 1,00 m - brita produzida","m",2518.73]
[605700,"Bueiro metálico com chapas múltiplas MP 100 com revestimento em epóxi - D = 1,10 m - brita comercial","m",2918.15]
[605612,"Bueiro metálico com chapas múltiplas MP 100 com revestimento em epóxi - D = 1,10 m - brita produzida","m",2857.84]
[605701,"Bueiro metálico com chapas múltiplas MP 100 com revestimento em epóxi - D = 1,20 m - brita comercial","m",3116.52]
[605613,"Bueiro metálico com chapas múltiplas MP 100 com revestimento em epóxi - D = 1,20 m - brita produzida","m",3053.34]
[605702,"Bueiro metálico com chapas múltiplas MP 100 com revestimento em epóxi - D = 1,30 m - brita comercial","m",3416.02]
[605614,"Bueiro metálico com chapas múltiplas MP 100 com revestimento em epóxi - D = 1,30 m - brita produzida","m",3316.93]
[605703,"Bueiro metálico com chapas múltiplas MP 100 com revestimento em epóxi - D = 1,40 m - brita comercial","m",3619.24]
[605615,"Bueiro metálico com chapas múltiplas MP 100 com revestimento em epóxi - D = 1,40 m - brita produzida","m",3515.85]
[605704,"Bueiro metálico com chapas múltiplas MP 100 com revestimento em epóxi - D = 1,50 m - brita comercial","m",3870.88]
[605616,"Bueiro metálico com chapas múltiplas MP 100 com revestimento em epóxi - D = 1,50 m - brita produzida","m",3763.18]
[605705,"Bueiro metálico com chapas múltiplas MP 100 com revestimento em epóxi - D = 1,60 m - brita comercial","m",4126.2299999999996]
[605617,"Bueiro metálico com chapas múltiplas MP 100 com revestimento em epóxi - D = 1,60 m - brita produzida","m",4014.22]
[605706,"Bueiro metálico com chapas múltiplas MP 100 com revestimento em epóxi - D = 1,70 m - brita comercial","m",4335.01]
[605618,"Bueiro metálico com chapas múltiplas MP 100 com revestimento em epóxi - D = 1,70 m - brita produzida","m",4218.7]
[605707,"Bueiro metálico com chapas múltiplas MP 100 com revestimento em epóxi - D = 1,80 m - brita comercial","m",4801.74]
[605619,"Bueiro metálico com chapas múltiplas MP 100 com revestimento em epóxi - D = 1,80 m - brita produzida","m",4681.12]
[605708,"Bueiro metálico com chapas múltiplas MP 100 com revestimento em epóxi - D = 1,90 m - brita comercial","m",5624.46]
[605620,"Bueiro metálico com chapas múltiplas MP 100 com revestimento em epóxi - D = 1,90 m - brita produzida","m",5499.52]
[605709,"Bueiro metálico com chapas múltiplas MP 100 com revestimento em epóxi - D = 2,00 m - brita comercial","m",5893.36]
[605621,"Bueiro metálico com chapas múltiplas MP 100 com revestimento em epóxi - D = 2,00 m - brita produzida","m",5764.12]
[605710,"Bueiro metálico com chapas múltiplas MP 100 com revestimento em epóxi - D = 2,10 m - brita comercial","m",6325.93]
[605622,"Bueiro metálico com chapas múltiplas MP 100 com revestimento em epóxi - D = 2,10 m - brita produzida","m",6192.38]
[605711,"Bueiro metálico com chapas múltiplas MP 100 com revestimento em epóxi - D = 2,20 m - brita comercial","m",6536.93]
[605623,"Bueiro metálico com chapas múltiplas MP 100 com revestimento em epóxi - D = 2,20 m - brita produzida","m",6399.07]
[605712,"Bueiro metálico com chapas múltiplas MP 100 com revestimento em epóxi - D = 2,30 m - brita comercial","m",6878.3]
[605624,"Bueiro metálico com chapas múltiplas MP 100 com revestimento em epóxi - D = 2,30 m - brita produzida","m",6736.13]
[605713,"Bueiro metálico com chapas múltiplas MP 100 com revestimento em epóxi - D = 2,40 m - brita comercial","m",9210.24]
[605625,"Bueiro metálico com chapas múltiplas MP 100 com revestimento em epóxi - D = 2,40 m - brita produzida","m",9063.77]
[605714,"Bueiro metálico com chapas múltiplas MP 100 com revestimento em epóxi - D = 2,50 m - brita comercial","m",11585]
[605626,"Bueiro metálico com chapas múltiplas MP 100 com revestimento em epóxi - D = 2,50 m - brita produzida","m",11434.22]
[605715,"Bueiro metálico com chapas múltiplas MP 100 com revestimento em epóxi - D = 2,60 m - brita comercial","m",12362.78]
[605627,"Bueiro metálico com chapas múltiplas MP 100 com revestimento em epóxi - D = 2,60 m - brita produzida","m",12207.7]
[605716,"Bueiro metálico com chapas múltiplas MP 100 com revestimento em epóxi - D = 2,70 m - brita comercial","m",12816.01]
[605628,"Bueiro metálico com chapas múltiplas MP 100 com revestimento em epóxi - D = 2,70 m - brita produzida","m",12656.62]
[605717,"Bueiro metálico com chapas múltiplas MP 100 com revestimento em epóxi - D = 2,80 m - brita comercial","m",13646.1]
[605629,"Bueiro metálico com chapas múltiplas MP 100 com revestimento em epóxi - D = 2,80 m - brita produzida","m",13482.4]
[605651,"Bueiro metálico com chapas múltiplas MP 100 galvanizadas - D = 0,60 m - brita comercial","m",1550.05]
[605460,"Bueiro metálico com chapas múltiplas MP 100 galvanizadas - D = 0,60 m - brita produzida","m",1504.09]
[605652,"Bueiro metálico com chapas múltiplas MP 100 galvanizadas - D = 0,70 m - brita comercial","m",1782.32]
[605461,"Bueiro metálico com chapas múltiplas MP 100 galvanizadas - D = 0,70 m - brita produzida","m",1733.5]
[605653,"Bueiro metálico com chapas múltiplas MP 100 galvanizadas - D = 0,80 m - brita comercial","m",2014.63]
[605462,"Bueiro metálico com chapas múltiplas MP 100 galvanizadas - D = 0,80 m - brita produzida","m",1962.94]
[605654,"Bueiro metálico com chapas múltiplas MP 100 galvanizadas - D = 0,90 m - brita comercial","m",2201.9]
[605463,"Bueiro metálico com chapas múltiplas MP 100 galvanizadas - D = 0,90 m - brita produzida","m",2147.33]
[605655,"Bueiro metálico com chapas múltiplas MP 100 galvanizadas - D = 1,00 m - brita comercial","m",2434.14]
[605464,"Bueiro metálico com chapas múltiplas MP 100 galvanizadas - D = 1,00 m - brita produzida","m",2376.6999999999998]
[605656,"Bueiro metálico com chapas múltiplas MP 100 galvanizadas - D = 1,10 m - brita comercial","m",2756.63]
[605465,"Bueiro metálico com chapas múltiplas MP 100 galvanizadas - D = 1,10 m - brita produzida","m",2696.32]
[605657,"Bueiro metálico com chapas múltiplas MP 100 galvanizadas - D = 1,20 m - brita comercial","m",2943.87]
[605466,"Bueiro metálico com chapas múltiplas MP 100 galvanizadas - D = 1,20 m - brita produzida","m",2880.68]
[605658,"Bueiro metálico com chapas múltiplas MP 100 galvanizadas - D = 1,30 m - brita comercial","m",3229.44]
[605467,"Bueiro metálico com chapas múltiplas MP 100 galvanizadas - D = 1,30 m - brita produzida","m",3130.35]
[605659,"Bueiro metálico com chapas múltiplas MP 100 galvanizadas - D = 1,40 m - brita comercial","m",3421.52]
[605468,"Bueiro metálico com chapas múltiplas MP 100 galvanizadas - D = 1,40 m - brita produzida","m",3318.13]
[605660,"Bueiro metálico com chapas múltiplas MP 100 galvanizadas - D = 1,50 m - brita comercial","m",3659.24]
[605469,"Bueiro metálico com chapas múltiplas MP 100 galvanizadas - D = 1,50 m - brita produzida","m",3551.54]
[605661,"Bueiro metálico com chapas múltiplas MP 100 galvanizadas - D = 1,60 m - brita comercial","m",3900.66]
[605470,"Bueiro metálico com chapas múltiplas MP 100 galvanizadas - D = 1,60 m - brita produzida","m",3788.65]
[605662,"Bueiro metálico com chapas múltiplas MP 100 galvanizadas - D = 1,70 m - brita comercial","m",4098.3]
[605471,"Bueiro metálico com chapas múltiplas MP 100 galvanizadas - D = 1,70 m - brita produzida","m",3981.99]
[605663,"Bueiro metálico com chapas múltiplas MP 100 galvanizadas - D = 1,80 m - brita comercial","m",4551.1099999999997]
[605472,"Bueiro metálico com chapas múltiplas MP 100 galvanizadas - D = 1,80 m - brita produzida","m",4430.49]
[605664,"Bueiro metálico com chapas múltiplas MP 100 galvanizadas - D = 1,90 m - brita comercial","m",5324.11]
[605473,"Bueiro metálico com chapas múltiplas MP 100 galvanizadas - D = 1,90 m - brita produzida","m",5199.18]
[605665,"Bueiro metálico com chapas múltiplas MP 100 galvanizadas - D = 2,00 m - brita comercial","m",5576.79]
[605474,"Bueiro metálico com chapas múltiplas MP 100 galvanizadas - D = 2,00 m - brita produzida","m",5447.55]
[605666,"Bueiro metálico com chapas múltiplas MP 100 galvanizadas - D = 2,10 m - brita comercial","m",5987.71]
[605475,"Bueiro metálico com chapas múltiplas MP 100 galvanizadas - D = 2,10 m - brita produzida","m",5854.16]
[605667,"Bueiro metálico com chapas múltiplas MP 100 galvanizadas - D = 2,20 m - brita comercial","m",6190.58]
[605476,"Bueiro metálico com chapas múltiplas MP 100 galvanizadas - D = 2,20 m - brita produzida","m",6052.73]
[605668,"Bueiro metálico com chapas múltiplas MP 100 galvanizadas - D = 2,30 m - brita comercial","m",6518.43]
[605477,"Bueiro metálico com chapas múltiplas MP 100 galvanizadas - D = 2,30 m - brita produzida","m",6376.27]
[605669,"Bueiro metálico com chapas múltiplas MP 100 galvanizadas - D = 2,40 m - brita comercial","m",8542.65]
[605478,"Bueiro metálico com chapas múltiplas MP 100 galvanizadas - D = 2,40 m - brita produzida","m",8396.18]
[605670,"Bueiro metálico com chapas múltiplas MP 100 galvanizadas - D = 2,50 m - brita comercial","m",10743.71]
[605479,"Bueiro metálico com chapas múltiplas MP 100 galvanizadas - D = 2,50 m - brita produzida","m",10592.93]
[605671,"Bueiro metálico com chapas múltiplas MP 100 galvanizadas - D = 2,60 m - brita comercial","m",11473.62]
[605480,"Bueiro metálico com chapas múltiplas MP 100 galvanizadas - D = 2,60 m - brita produzida","m",11318.53]
[605672,"Bueiro metálico com chapas múltiplas MP 100 galvanizadas - D = 2,70 m - brita comercial","m",11909.74]
[605481,"Bueiro metálico com chapas múltiplas MP 100 galvanizadas - D = 2,70 m - brita produzida","m",11750.34]
[605673,"Bueiro metálico com chapas múltiplas MP 100 galvanizadas - D = 2,80 m - brita comercial","m",12695.38]
[605482,"Bueiro metálico com chapas múltiplas MP 100 galvanizadas - D = 2,80 m - brita produzida","m",12531.68]
[605718,"Bueiro metálico com chapas múltiplas MP 152 com revestimento em epóxi - D = 1,50 m - brita comercial","m",7664.94]
[605630,"Bueiro metálico com chapas múltiplas MP 152 com revestimento em epóxi - D = 1,50 m - brita produzida","m",7557.24]
[605719,"Bueiro metálico com chapas múltiplas MP 152 com revestimento em epóxi - D = 1,80 m - brita comercial","m",9482.26]
[605631,"Bueiro metálico com chapas múltiplas MP 152 com revestimento em epóxi - D = 1,80 m - brita produzida","m",9361.6299999999992]
[605720,"Bueiro metálico com chapas múltiplas MP 152 com revestimento em epóxi - D = 1,90 m - brita comercial","m",9785.83]
[605632,"Bueiro metálico com chapas múltiplas MP 152 com revestimento em epóxi - D = 1,90 m - brita produzida","m",9660.9]
[605721,"Bueiro metálico com chapas múltiplas MP 152 com revestimento em epóxi - D = 2,15 m - brita comercial","m",11086.03]
[605633,"Bueiro metálico com chapas múltiplas MP 152 com revestimento em epóxi - D = 2,15 m - brita produzida","m",10950.33]
[605722,"Bueiro metálico com chapas múltiplas MP 152 com revestimento em epóxi - D = 2,30 m - brita comercial","m",11743.26]
[605634,"Bueiro metálico com chapas múltiplas MP 152 com revestimento em epóxi - D = 2,30 m - brita produzida","m",11601.1]
[605723,"Bueiro metálico com chapas múltiplas MP 152 com revestimento em epóxi - D = 2,65 m - brita comercial","m",13735.73]
[605635,"Bueiro metálico com chapas múltiplas MP 152 com revestimento em epóxi - D = 2,65 m - brita produzida","m",13578.49]
[605724,"Bueiro metálico com chapas múltiplas MP 152 com revestimento em epóxi - D = 3,05 m - brita comercial","m",15702.56]
[605636,"Bueiro metálico com chapas múltiplas MP 152 com revestimento em epóxi - D = 3,05 m - brita produzida","m",15485]
[605725,"Bueiro metálico com chapas múltiplas MP 152 com revestimento em epóxi - D = 3,20 m - brita comercial","m",16667.14]
[605637,"Bueiro metálico com chapas múltiplas MP 152 com revestimento em epóxi - D = 3,20 m - brita produzida","m",16443.13]
[605726,"Bueiro metálico com chapas múltiplas MP 152 com revestimento em epóxi - D = 3,40 m - brita comercial","m",17639.21]
[605638,"Bueiro metálico com chapas múltiplas MP 152 com revestimento em epóxi - D = 3,40 m - brita produzida","m",17406.580000000002]
[605727,"Bueiro metálico com chapas múltiplas MP 152 com revestimento em epóxi - D = 3,65 m - brita comercial","m",18903.72]
[605639,"Bueiro metálico com chapas múltiplas MP 152 com revestimento em epóxi - D = 3,65 m - brita produzida","m",18660.310000000001]
[605728,"Bueiro metálico com chapas múltiplas MP 152 com revestimento em epóxi - D = 3,80 m - brita comercial","m",19607.689999999999]
[605640,"Bueiro metálico com chapas múltiplas MP 152 com revestimento em epóxi - D = 3,80 m - brita produzida","m",19357.830000000002]
[605729,"Bueiro metálico com chapas múltiplas MP 152 com revestimento em epóxi - D = 4,20 m - brita comercial","m",21536.43]
[605641,"Bueiro metálico com chapas múltiplas MP 152 com revestimento em epóxi - D = 4,20 m - brita produzida","m",21269.33]
[605730,"Bueiro metálico com chapas múltiplas MP 152 com revestimento em epóxi - D = 4,60 m - brita comercial","m",23520.35]
[605642,"Bueiro metálico com chapas múltiplas MP 152 com revestimento em epóxi - D = 4,60 m - brita produzida","m",23236.02]
[605731,"Bueiro metálico com chapas múltiplas MP 152 com revestimento em epóxi - D = 4,80 m - brita comercial","m",29792]
[605643,"Bueiro metálico com chapas múltiplas MP 152 com revestimento em epóxi - D = 4,80 m - brita produzida","m",29499.06]
[605732,"Bueiro metálico com chapas múltiplas MP 152 com revestimento em epóxi - D = 5,00 m - brita comercial","m",30825.57]
[605644,"Bueiro metálico com chapas múltiplas MP 152 com revestimento em epóxi - D = 5,00 m - brita produzida","m",30473.75]
[605733,"Bueiro metálico com chapas múltiplas MP 152 com revestimento em epóxi - D = 5,35 m - brita comercial","m",37521.96]
[605645,"Bueiro metálico com chapas múltiplas MP 152 com revestimento em epóxi - D = 5,35 m - brita produzida","m",37152.550000000003]
[605734,"Bueiro metálico com chapas múltiplas MP 152 com revestimento em epóxi - D = 5,70 m - brita comercial","m",40305.32]
[605646,"Bueiro metálico com chapas múltiplas MP 152 com revestimento em epóxi - D = 5,70 m - brita produzida","m",39918.32]
[605735,"Bueiro metálico com chapas múltiplas MP 152 com revestimento em epóxi - D = 6,10 m - brita comercial","m",49668.82]
[605647,"Bueiro metálico com chapas múltiplas MP 152 com revestimento em epóxi - D = 6,10 m - brita produzida","m",49261.71]
[605736,"Bueiro metálico com chapas múltiplas MP 152 com revestimento em epóxi - D = 6,50 m - brita comercial","m",63473.919999999998]
[605648,"Bueiro metálico com chapas múltiplas MP 152 com revestimento em epóxi - D = 6,50 m - brita produzida","m",63046.71]
[605737,"Bueiro metálico com chapas múltiplas MP 152 com revestimento em epóxi - D = 6,85 m - brita comercial","m",67490.37]
[605649,"Bueiro metálico com chapas múltiplas MP 152 com revestimento em epóxi - D = 6,85 m - brita produzida","m",67045.570000000007]
[605738,"Bueiro metálico com chapas múltiplas MP 152 com revestimento em epóxi - D = 7,25 m - brita comercial","m",71539.89]
[605650,"Bueiro metálico com chapas múltiplas MP 152 com revestimento em epóxi - D = 7,25 m - brita produzida","m",71074.990000000005]
[605674,"Bueiro metálico com chapas múltiplas MP 152 galvanizadas - D = 1,50 m - brita comercial","m",7410.19]
[605483,"Bueiro metálico com chapas múltiplas MP 152 galvanizadas - D = 1,50 m - brita produzida","m",7302.49]
[605675,"Bueiro metálico com chapas múltiplas MP 152 galvanizadas - D = 1,80 m - brita comercial","m",9174.23]
[605484,"Bueiro metálico com chapas múltiplas MP 152 galvanizadas - D = 1,80 m - brita produzida","m",9053.61]
[605676,"Bueiro metálico com chapas múltiplas MP 152 galvanizadas - D = 1,90 m - brita comercial","m",9467.82]
[605485,"Bueiro metálico com chapas múltiplas MP 152 galvanizadas - D = 1,90 m - brita produzida","m",9342.89]
[605677,"Bueiro metálico com chapas múltiplas MP 152 galvanizadas - D = 2,15 m - brita comercial","m",10724.73]
[605486,"Bueiro metálico com chapas múltiplas MP 152 galvanizadas - D = 2,15 m - brita produzida","m",10589.03]
[605678,"Bueiro metálico com chapas múltiplas MP 152 galvanizadas - D = 2,30 m - brita comercial","m",11361.97]
[605487,"Bueiro metálico com chapas múltiplas MP 152 galvanizadas - D = 2,30 m - brita produzida","m",11219.81]
[605679,"Bueiro metálico com chapas múltiplas MP 152 galvanizadas - D = 2,65 m - brita comercial","m",13289.52]
[605488,"Bueiro metálico com chapas múltiplas MP 152 galvanizadas - D = 2,65 m - brita produzida","m",13132.28]
[605680,"Bueiro metálico com chapas múltiplas MP 152 galvanizadas - D = 3,05 m - brita comercial","m",15193.07]
[605489,"Bueiro metálico com chapas múltiplas MP 152 galvanizadas - D = 3,05 m - brita produzida","m",14975.52]
[605681,"Bueiro metálico com chapas múltiplas MP 152 galvanizadas - D = 3,20 m - brita comercial","m",16126.02]
[605490,"Bueiro metálico com chapas múltiplas MP 152 galvanizadas - D = 3,20 m - brita produzida","m",15902.01]
[605682,"Bueiro metálico com chapas múltiplas MP 152 galvanizadas - D = 3,40 m - brita comercial","m",17066.46]
[605491,"Bueiro metálico com chapas múltiplas MP 152 galvanizadas - D = 3,40 m - brita produzida","m",16833.82]
[605683,"Bueiro metálico com chapas múltiplas MP 152 galvanizadas - D = 3,65 m - brita comercial","m",18289.34]
[605492,"Bueiro metálico com chapas múltiplas MP 152 galvanizadas - D = 3,65 m - brita produzida","m",18045.939999999999]
[605684,"Bueiro metálico com chapas múltiplas MP 152 galvanizadas - D = 3,80 m - brita comercial","m",18971.66]
[605493,"Bueiro metálico com chapas múltiplas MP 152 galvanizadas - D = 3,80 m - brita produzida","m",18721.79]
[605685,"Bueiro metálico com chapas múltiplas MP 152 galvanizadas - D = 4,20 m - brita comercial","m",20835.47]
[605494,"Bueiro metálico com chapas múltiplas MP 152 galvanizadas - D = 4,20 m - brita produzida","m",20568.37]
[605686,"Bueiro metálico com chapas múltiplas MP 152 galvanizadas - D = 4,60 m - brita comercial","m",22756.13]
[605495,"Bueiro metálico com chapas múltiplas MP 152 galvanizadas - D = 4,60 m - brita produzida","m",22471.8]
[605687,"Bueiro metálico com chapas múltiplas MP 152 galvanizadas - D = 4,80 m - brita comercial","m",26015.82]
[605496,"Bueiro metálico com chapas múltiplas MP 152 galvanizadas - D = 4,80 m - brita produzida","m",25722.880000000001]
[605688,"Bueiro metálico com chapas múltiplas MP 152 galvanizadas - D = 5,00 m - brita comercial","m",26942.74]
[605497,"Bueiro metálico com chapas múltiplas MP 152 galvanizadas - D = 5,00 m - brita produzida","m",26590.92]
[605689,"Bueiro metálico com chapas múltiplas MP 152 galvanizadas - D = 5,35 m - brita comercial","m",33756.6]
[605498,"Bueiro metálico com chapas múltiplas MP 152 galvanizadas - D = 5,35 m - brita produzida","m",33387.19]
[605690,"Bueiro metálico com chapas múltiplas MP 152 galvanizadas - D = 5,70 m - brita comercial","m",36270.67]
[605499,"Bueiro metálico com chapas múltiplas MP 152 galvanizadas - D = 5,70 m - brita produzida","m",35883.660000000003]
[605691,"Bueiro metálico com chapas múltiplas MP 152 galvanizadas - D = 6,10 m - brita comercial","m",44534.22]
[605500,"Bueiro metálico com chapas múltiplas MP 152 galvanizadas - D = 6,10 m - brita produzida","m",44127.11]
[605692,"Bueiro metálico com chapas múltiplas MP 152 galvanizadas - D = 6,50 m - brita comercial","m",53399.43]
[605501,"Bueiro metálico com chapas múltiplas MP 152 galvanizadas - D = 6,50 m - brita produzida","m",52972.22]
[605693,"Bueiro metálico com chapas múltiplas MP 152 galvanizadas - D = 6,85 m - brita comercial","m",56825.599999999999]
[605502,"Bueiro metálico com chapas múltiplas MP 152 galvanizadas - D = 6,85 m - brita produzida","m",56380.800000000003]
[605694,"Bueiro metálico com chapas múltiplas MP 152 galvanizadas - D = 7,25 m - brita comercial","m",60284.86]
[605503,"Bueiro metálico com chapas múltiplas MP 152 galvanizadas - D = 7,25 m - brita produzida","m",59819.95]
[606433,"Bueiro metálico com chapas múltiplas MP 152 galvanizadas - lenticular - vão = 1,95 m e altura = 1,40 m - aterro rodoviário mínimo = 0,60 m e máximo = 8,40 m - brita comercial","m",8924.0400000000009]
[606343,"Bueiro metálico com chapas múltiplas MP 152 galvanizadas - lenticular - vão = 1,95 m e altura = 1,40 m - aterro rodoviário mínimo = 0,60 m e máximo = 8,40 m - brita produzida","m",8796.9500000000007]
[606434,"Bueiro metálico com chapas múltiplas MP 152 galvanizadas - lenticular - vão = 2,15 m e altura = 1,50 m - aterro rodoviário mínimo = 0,60 m e máximo = 7,50 m - brita comercial","m",9864.81]
[606344,"Bueiro metálico com chapas múltiplas MP 152 galvanizadas - lenticular - vão = 2,15 m e altura = 1,50 m - aterro rodoviário mínimo = 0,60 m e máximo = 7,50 m - brita produzida","m",9729.11]
[606435,"Bueiro metálico com chapas múltiplas MP 152 galvanizadas - lenticular - vão = 2,30 m e altura = 1,60 m - aterro rodoviário mínimo = 0,60 m e máximo = 7,20 m - brita comercial","m",10775.39]
[606345,"Bueiro metálico com chapas múltiplas MP 152 galvanizadas - lenticular - vão = 2,30 m e altura = 1,60 m - aterro rodoviário mínimo = 0,60 m e máximo = 7,20 m - brita produzida","m",10633.22]
[606436,"Bueiro metálico com chapas múltiplas MP 152 galvanizadas - lenticular - vão = 2,55 m e altura = 1,65 m - aterro rodoviário mínimo = 0,60 m e máximo = 6,50 m - brita comercial","m",11456.99]
[606346,"Bueiro metálico com chapas múltiplas MP 152 galvanizadas - lenticular - vão = 2,55 m e altura = 1,65 m - aterro rodoviário mínimo = 0,60 m e máximo = 6,50 m - brita produzida","m",11304.05]
[606437,"Bueiro metálico com chapas múltiplas MP 152 galvanizadas - lenticular - vão = 2,70 m e altura = 1,85 m - aterro rodoviário mínimo = 0,60 m e máximo = 6,60 m - brita comercial","m",12397.21]
[606347,"Bueiro metálico com chapas múltiplas MP 152 galvanizadas - lenticular - vão = 2,70 m e altura = 1,85 m - aterro rodoviário mínimo = 0,60 m e máximo = 6,60 m - brita produzida","m",12237.82]
[606438,"Bueiro metálico com chapas múltiplas MP 152 galvanizadas - lenticular - vão = 2,75 m e altura = 1,90 m - aterro rodoviário mínimo = 0,60 m e máximo = 6,50 m - brita comercial","m",12727.31]
[606348,"Bueiro metálico com chapas múltiplas MP 152 galvanizadas - lenticular - vão = 2,75 m e altura = 1,90 m - aterro rodoviário mínimo = 0,60 m e máximo = 6,50 m - brita produzida","m",12565.76]
[606439,"Bueiro metálico com chapas múltiplas MP 152 galvanizadas - lenticular - vão = 3,00 m e altura = 2,00 m - aterro rodoviário mínimo = 0,60 m e máximo = 6,00 m - brita comercial","m",13437.22]
[606349,"Bueiro metálico com chapas múltiplas MP 152 galvanizadas - lenticular - vão = 3,00 m e altura = 2,00 m - aterro rodoviário mínimo = 0,60 m e máximo = 6,00 m - brita produzida","m",13221.82]
[606440,"Bueiro metálico com chapas múltiplas MP 152 galvanizadas - lenticular - vão = 3,20 m e altura = 2,10 m - aterro rodoviário mínimo = 0,60 m e máximo = 5,60 m - brita comercial","m",14053.49]
[606350,"Bueiro metálico com chapas múltiplas MP 152 galvanizadas - lenticular - vão = 3,20 m e altura = 2,10 m - aterro rodoviário mínimo = 0,60 m e máximo = 5,60 m - brita produzida","m",13829.48]
[606441,"Bueiro metálico com chapas múltiplas MP 152 galvanizadas - lenticular - vão = 3,35 m e altura = 2,15 m - aterro rodoviário mínimo = 0,60 m e máximo = 5,30 m - brita comercial","m",14719.97]
[606351,"Bueiro metálico com chapas múltiplas MP 152 galvanizadas - lenticular - vão = 3,35 m e altura = 2,15 m - aterro rodoviário mínimo = 0,60 m e máximo = 5,30 m - brita produzida","m",14489.5]
[606442,"Bueiro metálico com chapas múltiplas MP 152 galvanizadas - lenticular - vão = 3,55 m e altura = 2,25 m - aterro rodoviário mínimo = 0,60 m e máximo = 5,00 m - brita comercial","m",15362.06]
[606352,"Bueiro metálico com chapas múltiplas MP 152 galvanizadas - lenticular - vão = 3,55 m e altura = 2,25 m - aterro rodoviário mínimo = 0,60 m e máximo = 5,00 m - brita produzida","m",15122.97]
[606443,"Bueiro metálico com chapas múltiplas MP 152 galvanizadas - lenticular - vão = 3,70 m e altura = 2,35 m - aterro rodoviário mínimo = 0,60 m e máximo = 4,90 m - brita comercial","m",16286.33]
[606353,"Bueiro metálico com chapas múltiplas MP 152 galvanizadas - lenticular - vão = 3,70 m e altura = 2,35 m - aterro rodoviário mínimo = 0,60 m e máximo = 4,90 m - brita produzida","m",16040.78]
[606444,"Bueiro metálico com chapas múltiplas MP 152 galvanizadas - lenticular - vão = 3,90 m e altura = 2,45 m - aterro rodoviário mínimo = 0,60 m e máximo = 4,60 m - brita comercial","m",16991.21]
[606354,"Bueiro metálico com chapas múltiplas MP 152 galvanizadas - lenticular - vão = 3,90 m e altura = 2,45 m - aterro rodoviário mínimo = 0,60 m e máximo = 4,60 m - brita produzida","m",16737.04]
[606445,"Bueiro metálico com chapas múltiplas MP 152 galvanizadas - lenticular - vão = 4,00 m e altura = 2,55 m - aterro rodoviário mínimo = 0,60 m e máximo = 4,50 m - brita comercial","m",17651.599999999999]
[606355,"Bueiro metálico com chapas múltiplas MP 152 galvanizadas - lenticular - vão = 4,00 m e altura = 2,55 m - aterro rodoviário mínimo = 0,60 m e máximo = 4,50 m - brita produzida","m",17393.12]
[606446,"Bueiro metálico com chapas múltiplas MP 152 galvanizadas - lenticular - vão = 4,15 m e altura = 2,80 m - aterro rodoviário mínimo = 0,60 m e máximo = 6,80 m - brita comercial","m",18293.439999999999]
[606356,"Bueiro metálico com chapas múltiplas MP 152 galvanizadas - lenticular - vão = 4,15 m e altura = 2,80 m - aterro rodoviário mínimo = 0,60 m e máximo = 6,80 m - brita produzida","m",18028.490000000002]
[606447,"Bueiro metálico com chapas múltiplas MP 152 galvanizadas - lenticular - vão = 4,40 m e altura = 2,90 m - aterro rodoviário mínimo = 0,60 m e máximo = 6,40 m - brita comercial","m",19023.63]
[606357,"Bueiro metálico com chapas múltiplas MP 152 galvanizadas - lenticular - vão = 4,40 m e altura = 2,90 m - aterro rodoviário mínimo = 0,60 m e máximo = 6,40 m - brita produzida","m",18701.96]
[606448,"Bueiro metálico com chapas múltiplas MP 152 galvanizadas - lenticular - vão = 4,60 m e altura = 3,00 m - aterro rodoviário mínimo = 0,60 m e máximo = 6,10 m - brita comercial","m",20011.2]
[606358,"Bueiro metálico com chapas múltiplas MP 152 galvanizadas - lenticular - vão = 4,60 m e altura = 3,00 m - aterro rodoviário mínimo = 0,60 m e máximo = 6,10 m - brita produzida","m",19679.490000000002]
[606449,"Bueiro metálico com chapas múltiplas MP 152 galvanizadas - lenticular - vão = 4,80 m e altura = 3,05 m - aterro rodoviário mínimo = 0,60 m e máximo = 5,80 m - brita comercial","m",24647.07]
[606359,"Bueiro metálico com chapas múltiplas MP 152 galvanizadas - lenticular - vão = 4,80 m e altura = 3,05 m - aterro rodoviário mínimo = 0,60 m e máximo = 5,80 m - brita produzida","m",24305.3]
[606450,"Bueiro metálico com chapas múltiplas MP 152 galvanizadas - lenticular - vão = 5,05 m e altura = 3,15 m - aterro rodoviário mínimo = 0,90 m e máximo = 5,50 m - brita comercial","m",25628.14]
[606360,"Bueiro metálico com chapas múltiplas MP 152 galvanizadas - lenticular - vão = 5,05 m e altura = 3,15 m - aterro rodoviário mínimo = 0,90 m e máximo = 5,50 m - brita produzida","m",25273.81]
[606451,"Bueiro metálico com chapas múltiplas MP 152 galvanizadas - lenticular - vão = 5,25 m e altura = 3,25 m - aterro rodoviário mínimo = 0,90 m e máximo = 5,30 m - brita comercial","m",26452.75]
[606361,"Bueiro metálico com chapas múltiplas MP 152 galvanizadas - lenticular - vão = 5,25 m e altura = 3,25 m - aterro rodoviário mínimo = 0,90 m e máximo = 5,30 m - brita produzida","m",26088.37]
[606452,"Bueiro metálico com chapas múltiplas MP 152 galvanizadas - lenticular - vão = 5,45 m e altura = 3,35 m - aterro rodoviário mínimo = 0,90 m e máximo = 5,10 m - brita comercial","m",30136.639999999999]
[606362,"Bueiro metálico com chapas múltiplas MP 152 galvanizadas - lenticular - vão = 5,45 m e altura = 3,35 m - aterro rodoviário mínimo = 0,90 m e máximo = 5,10 m - brita produzida","m",29762.2]
[606453,"Bueiro metálico com chapas múltiplas MP 152 galvanizadas - lenticular - vão = 5,60 m e altura = 3,40 m - aterro rodoviário mínimo = 0,90 m e máximo = 4,90 m - brita comercial","m",30603.19]
[606363,"Bueiro metálico com chapas múltiplas MP 152 galvanizadas - lenticular - vão = 5,60 m e altura = 3,40 m - aterro rodoviário mínimo = 0,90 m e máximo = 4,90 m - brita produzida","m",30221.21]
[606454,"Bueiro metálico com chapas múltiplas MP 152 galvanizadas - lenticular - vão = 5,80 m e altura = 3,50 m - aterro rodoviário mínimo = 0,90 m e máximo = 4,70 m - brita comercial","m",36517.74]
[606364,"Bueiro metálico com chapas múltiplas MP 152 galvanizadas - lenticular - vão = 5,80 m e altura = 3,50 m - aterro rodoviário mínimo = 0,90 m e máximo = 4,70 m - brita produzida","m",36125.71]
[606455,"Bueiro metálico com chapas múltiplas MP 152 galvanizadas - lenticular - vão = 5,90 m e altura = 3,55 m - aterro rodoviário mínimo = 0,90 m e máximo = 4,70 m - brita comercial","m",37105.72]
[606365,"Bueiro metálico com chapas múltiplas MP 152 galvanizadas - lenticular - vão = 5,90 m e altura = 3,55 m - aterro rodoviário mínimo = 0,90 m e máximo = 4,70 m - brita produzida","m",36708.67]
[606456,"Bueiro metálico com chapas múltiplas MP 152 galvanizadas - lenticular - vão = 6,10 m e altura = 3,65 m - aterro rodoviário mínimo = 0,90 m e máximo = 4,50 m - brita comercial","m",38525.08]
[606366,"Bueiro metálico com chapas múltiplas MP 152 galvanizadas - lenticular - vão = 6,10 m e altura = 3,65 m - aterro rodoviário mínimo = 0,90 m e máximo = 4,50 m - brita produzida","m",38117.980000000003]
[606457,"Bueiro metálico com chapas múltiplas MP 152 galvanizadas - lenticular - vão = 6,25 m e altura = 3,65 m - aterro rodoviário mínimo = 0,90 m e máximo = 4,30 m - brita comercial","m",39147.800000000003]
[606367,"Bueiro metálico com chapas múltiplas MP 152 galvanizadas - lenticular - vão = 6,25 m e altura = 3,65 m - aterro rodoviário mínimo = 0,90 m e máximo = 4,30 m - brita produzida","m",38733.160000000003]
[606458,"Bueiro metálico com chapas múltiplas MP 152 galvanizadas - lenticular - vão = 6,40 m e altura = 3,75 m - aterro rodoviário mínimo = 0,90 m e máximo = 4,30 m - brita comercial","m",53164.13]
[606368,"Bueiro metálico com chapas múltiplas MP 152 galvanizadas - lenticular - vão = 6,40 m e altura = 3,75 m - aterro rodoviário mínimo = 0,90 m e máximo = 4,30 m - brita produzida","m",52741.95]
[606459,"Bueiro metálico com chapas múltiplas MP 152 galvanizadas - lenticular - vão = 6,60 m e altura = 3,85 m - aterro rodoviário mínimo = 0,90 m e máximo = 4,10 m - brita comercial","m",55316.75]
[606369,"Bueiro metálico com chapas múltiplas MP 152 galvanizadas - lenticular - vão = 6,60 m e altura = 3,85 m - aterro rodoviário mínimo = 0,90 m e máximo = 4,10 m - brita produzida","m",54884.51]
[606479,"Bueiro metálico com chapas múltiplas MP 152 galvanizadas - passagem de gado - vão = 2,20 m e altura = 2,25 m -aterro rodoviário mínimo = 0,30 m e máximo = 8,90 m - brita comercial","m",12516.09]
[606460,"Bueiro metálico com chapas múltiplas MP 152 galvanizadas - passagem de gado - vão = 2,20 m e altura = 2,25 m -aterro rodoviário mínimo = 0,30 m e máximo = 8,90 m - brita produzida","m",12355.25]
[606480,"Bueiro metálico com chapas múltiplas MP 152 galvanizadas - passagem de gado - vão = 2,90 m e altura = 3,10 m - aterro rodoviário mínimo = 0,60 m e máximo = 11,40 m - brita comercial","m",16307]
[606461,"Bueiro metálico com chapas múltiplas MP 152 galvanizadas - passagem de gado - vão = 2,90 m e altura = 3,10 m - aterro rodoviário mínimo = 0,60 m e máximo = 11,40 m - brita produzida","m",16110.99]
[606481,"Bueiro metálico com chapas múltiplas MP 152 galvanizadas - passagem inferior - vão = 3,70 m e altura = 3,50 m - aterro rodoviário mínimo = 0,60 m e máximo = 10,30 m - brita comercial","m",19002.990000000002]
[606462,"Bueiro metálico com chapas múltiplas MP 152 galvanizadas - passagem inferior - vão = 3,70 m e altura = 3,50 m - aterro rodoviário mínimo = 0,60 m e máximo = 10,30 m - brita produzida","m",18716.509999999998]
[606482,"Bueiro metálico com chapas múltiplas MP 152 galvanizadas - passagem inferior - vão = 3,90 m e altura = 3,60 m - aterro rodoviário mínimo = 0,60 m e máximo = 9,80 m - brita comercial","m",19989.810000000001]
[606463,"Bueiro metálico com chapas múltiplas MP 152 galvanizadas - passagem inferior - vão = 3,90 m e altura = 3,60 m - aterro rodoviário mínimo = 0,60 m e máximo = 9,80 m - brita produzida","m",19693.28]
[606483,"Bueiro metálico com chapas múltiplas MP 152 galvanizadas - passagem inferior - vão = 4,00 m e altura = 3,75 m - aterro rodoviário mínimo = 0,60 m e máximo = 9,50 m - brita comercial","m",20490.84]
[606464,"Bueiro metálico com chapas múltiplas MP 152 galvanizadas - passagem inferior - vão = 4,00 m e altura = 3,75 m - aterro rodoviário mínimo = 0,60 m e máximo = 9,50 m - brita produzida","m",20189.28]
[606484,"Bueiro metálico com chapas múltiplas MP 152 galvanizadas - passagem inferior - vão = 4,20 m e altura = 3,90 m - aterro rodoviário mínimo = 0,60 m e máximo = 9,10 m - brita comercial","m",21196.38]
[606465,"Bueiro metálico com chapas múltiplas MP 152 galvanizadas - passagem inferior - vão = 4,20 m e altura = 3,90 m - aterro rodoviário mínimo = 0,60 m e máximo = 9,10 m - brita produzida","m",20884.77]
[606485,"Bueiro metálico com chapas múltiplas MP 152 galvanizadas - passagem inferior - vão = 4,25 m e altura = 4,10 m - aterro rodoviário mínimo = 0,60 m e máximo = 8,90 m - brita comercial","m",21869.84]
[606466,"Bueiro metálico com chapas múltiplas MP 152 galvanizadas - passagem inferior - vão = 4,25 m e altura = 4,10 m - aterro rodoviário mínimo = 0,60 m e máximo = 8,90 m - brita produzida","m",21555.71]
[606486,"Bueiro metálico com chapas múltiplas MP 152 galvanizadas - passagem inferior - vão = 4,40 m e altura = 4,25 m - aterro rodoviário mínimo = 0,60 m e máximo = 8,60 m - brita comercial","m",22825.01]
[606467,"Bueiro metálico com chapas múltiplas MP 152 galvanizadas - passagem inferior - vão = 4,40 m e altura = 4,25 m - aterro rodoviário mínimo = 0,60 m e máximo = 8,60 m - brita produzida","m",22503.35]
[606487,"Bueiro metálico com chapas múltiplas MP 152 galvanizadas - passagem inferior - vão = 4,50 m e altura = 4,40 m - aterro rodoviário mínimo = 0,60 m e máximo = 8,40 m - brita comercial","m",23485.08]
[606468,"Bueiro metálico com chapas múltiplas MP 152 galvanizadas - passagem inferior - vão = 4,50 m e altura = 4,40 m - aterro rodoviário mínimo = 0,60 m e máximo = 8,40 m - brita produzida","m",23158.39]
[606488,"Bueiro metálico com chapas múltiplas MP 152 galvanizadas - passagem inferior - vão = 4,70 m e altura = 4,50 m - aterro rodoviário mínimo = 0,60 m e máximo = 8,90 m - brita comercial","m",29000.7]
[606469,"Bueiro metálico com chapas múltiplas MP 152 galvanizadas - passagem inferior - vão = 4,70 m e altura = 4,50 m - aterro rodoviário mínimo = 0,60 m e máximo = 8,90 m - brita produzida","m",28663.96]
[606489,"Bueiro metálico com chapas múltiplas MP 152 galvanizadas - passagem inferior - vão = 4,80 m e altura = 4,75 m - aterro rodoviário mínimo = 0,90 m e máximo = 9,00 m - brita comercial","m",30590.17]
[606470,"Bueiro metálico com chapas múltiplas MP 152 galvanizadas - passagem inferior - vão = 4,80 m e altura = 4,75 m - aterro rodoviário mínimo = 0,90 m e máximo = 9,00 m - brita produzida","m",30248.400000000001]
[606490,"Bueiro metálico com chapas múltiplas MP 152 galvanizadas - passagem inferior - vão = 5,00 m e altura = 4,85 m - aterro rodoviário mínimo = 0,90 m e máximo = 8,60 m - brita comercial","m",31486.04]
[606471,"Bueiro metálico com chapas múltiplas MP 152 galvanizadas - passagem inferior - vão = 5,00 m e altura = 4,85 m - aterro rodoviário mínimo = 0,90 m e máximo = 8,60 m - brita produzida","m",31134.22]
[606491,"Bueiro metálico com chapas múltiplas MP 152 galvanizadas - passagem inferior - vão = 5,15 m e altura = 4,90 m - aterro rodoviário mínimo = 0,90 m e máximo = 8,50 m - brita comercial","m",32364.21]
[606472,"Bueiro metálico com chapas múltiplas MP 152 galvanizadas - passagem inferior - vão = 5,15 m e altura = 4,90 m - aterro rodoviário mínimo = 0,90 m e máximo = 8,50 m - brita produzida","m",32004.85]
[606492,"Bueiro metálico com chapas múltiplas MP 152 galvanizadas - passagem inferior - vão = 5,25 m e altura = 5,00 m - aterro rodoviário mínimo = 0,90 m e máximo = 8,40 m - brita comercial","m",33028.269999999997]
[606473,"Bueiro metálico com chapas múltiplas MP 152 galvanizadas - passagem inferior - vão = 5,25 m e altura = 5,00 m - aterro rodoviário mínimo = 0,90 m e máximo = 8,40 m - brita produzida","m",32663.88]
[606493,"Bueiro metálico com chapas múltiplas MP 152 galvanizadas - passagem inferior - vão = 5,30 m e altura = 5,30 m - aterro rodoviário mínimo = 0,90 m e máximo = 9,60 m - brita comercial","m",34797.410000000003]
[606474,"Bueiro metálico com chapas múltiplas MP 152 galvanizadas - passagem inferior - vão = 5,30 m e altura = 5,30 m - aterro rodoviário mínimo = 0,90 m e máximo = 9,60 m - brita produzida","m",34430.51]
[606494,"Bueiro metálico com chapas múltiplas MP 152 galvanizadas - passagem inferior - vão = 5,65 m e altura = 5,25 m - aterro rodoviário mínimo = 0,90 m e máximo = 9,00 m - brita comercial","m",40201.519999999997]
[606475,"Bueiro metálico com chapas múltiplas MP 152 galvanizadas - passagem inferior - vão = 5,65 m e altura = 5,25 m - aterro rodoviário mínimo = 0,90 m e máximo = 9,00 m - brita produzida","m",39817.03]
[606495,"Bueiro metálico com chapas múltiplas MP 152 galvanizadas - passagem inferior - vão = 5,85 m e altura = 5,30 m - aterro rodoviário mínimo = 0,90 m e máximo = 8,40 m - brita comercial","m",47311.22]
[606476,"Bueiro metálico com chapas múltiplas MP 152 galvanizadas - passagem inferior - vão = 5,85 m e altura = 5,30 m - aterro rodoviário mínimo = 0,90 m e máximo = 8,40 m - brita produzida","m",46916.67]
[606496,"Bueiro metálico com chapas múltiplas MP 152 galvanizadas - passagem inferior - vão = 6,00 m e altura = 5,45 m - aterro rodoviário mínimo = 0,90 m e máximo = 8,30 m - brita comercial","m",48434.87]
[606477,"Bueiro metálico com chapas múltiplas MP 152 galvanizadas - passagem inferior - vão = 6,00 m e altura = 5,45 m - aterro rodoviário mínimo = 0,90 m e máximo = 8,30 m - brita produzida","m",48032.79]
[606497,"Bueiro metálico com chapas múltiplas MP 152 galvanizadas - passagem inferior - vão = 6,25 m e altura = 5,50 m - aterro rodoviário mínimo = 0,90 m e máximo = 7,90 m - brita comercial","m",49749.55]
[606478,"Bueiro metálico com chapas múltiplas MP 152 galvanizadas - passagem inferior - vão = 6,25 m e altura = 5,50 m - aterro rodoviário mínimo = 0,90 m e máximo = 7,90 m - brita produzida","m",49334.9]
[605835,"Bueiro metálico sem interrupção de tráfego - D = 1,20 m - chapa com epóxi - escavado em material de 1ª categoria - aterro ferroviário máximo = 12,90 m","m",7212.8]
[605571,"Bueiro metálico sem interrupção de tráfego - D = 1,20 m - chapa com epóxi - escavado em material de 1ª categoria - aterro rodoviário máximo = 9,00 m","m",6388.77]
[605850,"Bueiro metálico sem interrupção de tráfego - D = 1,20 m - chapa com epóxi - escavado em material de 2ª categoria - aterro ferroviário máximo = 12,90 m","m",7715.25]
[605582,"Bueiro metálico sem interrupção de tráfego - D = 1,20 m - chapa com epóxi - escavado em material de 2ª categoria - aterro rodoviário máximo = 9,00 m","m",6891.22]
[605889,"Bueiro metálico sem interrupção de tráfego - D = 1,20 m - chapa com epóxi - escavado em material de 3ª categoria - aterro ferroviário máximo = 12,90 m","m",8504.16]
[605593,"Bueiro metálico sem interrupção de tráfego - D = 1,20 m - chapa com epóxi - escavado em material de 3ª categoria - aterro rodoviário máximo = 9,00 m","m",7680.12]
[605739,"Bueiro metálico sem interrupção de tráfego - D = 1,20 m - chapa galvanizada - escavado em material de 1ª categoria - aterro ferroviário máximo = 12,90 m","m",6959.47]
[605504,"Bueiro metálico sem interrupção de tráfego - D = 1,20 m - chapa galvanizada - escavado em material de 1ª categoria - aterro rodoviário máximo = 9,00 m","m",6086.2]
[605781,"Bueiro metálico sem interrupção de tráfego - D = 1,20 m - chapa galvanizada - escavado em material de 2ª categoria - aterro ferroviário máximo = 12,90 m","m",7461.92]
[605524,"Bueiro metálico sem interrupção de tráfego - D = 1,20 m - chapa galvanizada - escavado em material de 2ª categoria - aterro rodoviário máximo = 9,00 m","m",6588.65]
[605815,"Bueiro metálico sem interrupção de tráfego - D = 1,20 m - chapa galvanizada - escavado em material de 3ª categoria - aterro ferroviário máximo = 12,90 m","m",8250.83]
[605544,"Bueiro metálico sem interrupção de tráfego - D = 1,20 m - chapa galvanizada - escavado em material de 3ª categoria - aterro rodoviário máximo = 9,00 m","m",7377.56]
[605836,"Bueiro metálico sem interrupção de tráfego - D = 1,40 m - chapa com epóxi - escavado em material de 1ª categoria - aterro ferroviário máximo = 11,00 m","m",8177.99]
[605572,"Bueiro metálico sem interrupção de tráfego - D = 1,40 m - chapa com epóxi - escavado em material de 1ª categoria - aterro rodoviário máximo = 7,70 m","m",7287.35]
[605851,"Bueiro metálico sem interrupção de tráfego - D = 1,40 m - chapa com epóxi - escavado em material de 2ª categoria - aterro ferroviário máximo = 11,00 m","m",8834.25]
[605583,"Bueiro metálico sem interrupção de tráfego - D = 1,40 m - chapa com epóxi - escavado em material de 2ª categoria - aterro rodoviário máximo = 7,70 m","m",7943.61]
[605890,"Bueiro metálico sem interrupção de tráfego - D = 1,40 m - chapa com epóxi - escavado em material de 3ª categoria - aterro ferroviário máximo = 11,00 m","m",9864.66]
[605594,"Bueiro metálico sem interrupção de tráfego - D = 1,40 m - chapa com epóxi - escavado em material de 3ª categoria - aterro rodoviário máximo = 7,70 m","m",8974.02]
[605740,"Bueiro metálico sem interrupção de tráfego - D = 1,40 m - chapa galvanizada - escavado em material de 1ª categoria - aterro ferroviário máximo = 11,00 m","m",7892.46]
[605505,"Bueiro metálico sem interrupção de tráfego - D = 1,40 m - chapa galvanizada - escavado em material de 1ª categoria - aterro rodoviário máximo = 7,70 m","m",6943.82]
[605782,"Bueiro metálico sem interrupção de tráfego - D = 1,40 m - chapa galvanizada - escavado em material de 2ª categoria - aterro ferroviário máximo = 11,00 m","m",8548.7199999999993]
[605525,"Bueiro metálico sem interrupção de tráfego - D = 1,40 m - chapa galvanizada - escavado em material de 2ª categoria - aterro rodoviário máximo = 7,70 m","m",7600.08]
[605816,"Bueiro metálico sem interrupção de tráfego - D = 1,40 m - chapa galvanizada - escavado em material de 3ª categoria - aterro ferroviário máximo = 11,00 m","m",9579.1299999999992]
[605545,"Bueiro metálico sem interrupção de tráfego - D = 1,40 m - chapa galvanizada - escavado em material de 3ª categoria - aterro rodoviário máximo = 7,70 m","m",8630.49]
[605837,"Bueiro metálico sem interrupção de tráfego - D = 1,60 m - chapa com epóxi - escavado em material de 1ª categoria - aterro ferroviário máximo = 9,60 m","m",9731.52]
[605573,"Bueiro metálico sem interrupção de tráfego - D = 1,60 m - chapa com epóxi - escavado em material de 1ª categoria - aterro rodoviário máximo = 6,70 m","m",8787.8700000000008]
[605852,"Bueiro metálico sem interrupção de tráfego - D = 1,60 m - chapa com epóxi - escavado em material de 2ª categoria - aterro ferroviário máximo = 9,60 m","m",10562.1]
[605584,"Bueiro metálico sem interrupção de tráfego - D = 1,60 m - chapa com epóxi - escavado em material de 2ª categoria - aterro rodoviário máximo = 6,70 m","m",9618.4599999999991]
[605891,"Bueiro metálico sem interrupção de tráfego - D = 1,60 m - chapa com epóxi - escavado em material de 3ª categoria - aterro ferroviário máximo = 9,60 m","m",11866.21]
[605595,"Bueiro metálico sem interrupção de tráfego - D = 1,60 m - chapa com epóxi - escavado em material de 3ª categoria - aterro rodoviário máximo = 6,70 m","m",10922.56]
[605741,"Bueiro metálico sem interrupção de tráfego - D = 1,60 m - chapa galvanizada - escavado em material de 1ª categoria - aterro ferroviário máximo = 9,60 m","m",9398.77]
[605506,"Bueiro metálico sem interrupção de tráfego - D = 1,60 m - chapa galvanizada - escavado em material de 1ª categoria - aterro rodoviário máximo = 6,70 m","m",8381.2999999999993]
[605783,"Bueiro metálico sem interrupção de tráfego - D = 1,60 m - chapa galvanizada - escavado em material de 2ª categoria - aterro ferroviário máximo = 9,60 m","m",10229.35]
[605526,"Bueiro metálico sem interrupção de tráfego - D = 1,60 m - chapa galvanizada - escavado em material de 2ª categoria - aterro rodoviário máximo = 6,70 m","m",9211.8799999999992]
[605817,"Bueiro metálico sem interrupção de tráfego - D = 1,60 m - chapa galvanizada - escavado em material de 3ª categoria - aterro ferroviário máximo = 9,60 m","m",11533.45]
[605546,"Bueiro metálico sem interrupção de tráfego - D = 1,60 m - chapa galvanizada - escavado em material de 3ª categoria - aterro rodoviário máximo = 6,70 m","m",10515.99]
[605838,"Bueiro metálico sem interrupção de tráfego - D = 1,80 m - chapa com epóxi - escavado em material de 1ª categoria - aterro ferroviário máximo = 8,00 m","m",11083.52]
[605574,"Bueiro metálico sem interrupção de tráfego - D = 1,80 m - chapa com epóxi - escavado em material de 1ª categoria - aterro rodoviário máximo = 6,00 m","m",10013.870000000001]
[605853,"Bueiro metálico sem interrupção de tráfego - D = 1,80 m - chapa com epóxi - escavado em material de 2ª categoria - aterro ferroviário máximo = 8,00 m","m",12108.92]
[605585,"Bueiro metálico sem interrupção de tráfego - D = 1,80 m - chapa com epóxi - escavado em material de 2ª categoria - aterro rodoviário máximo = 6,00 m","m",11039.28]
[605892,"Bueiro metálico sem interrupção de tráfego - D = 1,80 m - chapa com epóxi - escavado em material de 3ª categoria - aterro ferroviário máximo = 8,00 m","m",13718.93]
[605596,"Bueiro metálico sem interrupção de tráfego - D = 1,80 m - chapa com epóxi - escavado em material de 3ª categoria - aterro rodoviário máximo = 6,00 m","m",12649.28]
[605742,"Bueiro metálico sem interrupção de tráfego - D = 1,80 m - chapa galvanizada - escavado em material de 1ª categoria - aterro ferroviário máximo = 8,00 m","m",10703.53]
[605507,"Bueiro metálico sem interrupção de tráfego - D = 1,80 m - chapa galvanizada - escavado em material de 1ª categoria - aterro rodoviário máximo = 6,00 m","m",9550.57]
[605784,"Bueiro metálico sem interrupção de tráfego - D = 1,80 m - chapa galvanizada - escavado em material de 2ª categoria - aterro ferroviário máximo = 8,00 m","m",11728.94]
[605527,"Bueiro metálico sem interrupção de tráfego - D = 1,80 m - chapa galvanizada - escavado em material de 2ª categoria - aterro rodoviário máximo = 6,00 m","m",10575.98]
[605818,"Bueiro metálico sem interrupção de tráfego - D = 1,80 m - chapa galvanizada - escavado em material de 3ª categoria - aterro ferroviário máximo = 8,00 m","m",13338.94]
[605547,"Bueiro metálico sem interrupção de tráfego - D = 1,80 m - chapa galvanizada - escavado em material de 3ª categoria - aterro rodoviário máximo = 6,00 m","m",12185.99]
[605839,"Bueiro metálico sem interrupção de tráfego - D = 2,00 m - chapa com epóxi - escavado em material de 1ª categoria - aterro ferroviário máximo = 6,90 m","m",12489.24]
[605575,"Bueiro metálico sem interrupção de tráfego - D = 2,00 m - chapa com epóxi - escavado em material de 1ª categoria - aterro rodoviário máximo = 5,40 m","m",11313.2]
[605854,"Bueiro metálico sem interrupção de tráfego - D = 2,00 m - chapa com epóxi - escavado em material de 2ª categoria - aterro ferroviário máximo = 6,90 m","m",13729.98]
[605586,"Bueiro metálico sem interrupção de tráfego - D = 2,00 m - chapa com epóxi - escavado em material de 2ª categoria - aterro rodoviário máximo = 5,40 m","m",12553.95]
[605893,"Bueiro metálico sem interrupção de tráfego - D = 2,00 m - chapa com epóxi - escavado em material de 3ª categoria - aterro ferroviário máximo = 6,90 m","m",15678.09]
[605597,"Bueiro metálico sem interrupção de tráfego - D = 2,00 m - chapa com epóxi - escavado em material de 3ª categoria - aterro rodoviário máximo = 5,40 m","m",14502.06]
[605743,"Bueiro metálico sem interrupção de tráfego - D = 2,00 m - chapa galvanizada - escavado em material de 1ª categoria - aterro ferroviário máximo = 6,90 m","m",12070.61]
[605508,"Bueiro metálico sem interrupção de tráfego - D = 2,00 m - chapa galvanizada - escavado em material de 1ª categoria - aterro rodoviário máximo = 5,40 m","m",10802.63]
[605785,"Bueiro metálico sem interrupção de tráfego - D = 2,00 m - chapa galvanizada - escavado em material de 2ª categoria - aterro ferroviário máximo = 6,90 m","m",13311.36]
[605528,"Bueiro metálico sem interrupção de tráfego - D = 2,00 m - chapa galvanizada - escavado em material de 2ª categoria - aterro rodoviário máximo = 5,40 m","m",12043.38]
[605819,"Bueiro metálico sem interrupção de tráfego - D = 2,00 m - chapa galvanizada - escavado em material de 3ª categoria - aterro ferroviário máximo = 6,90 m","m",15259.47]
[605548,"Bueiro metálico sem interrupção de tráfego - D = 2,00 m - chapa galvanizada - escavado em material de 3ª categoria - aterro rodoviário máximo = 5,40 m","m",13991.49]
[605840,"Bueiro metálico sem interrupção de tráfego - D = 2,20 m - chapa com epóxi - escavado em material de 1ª categoria - aterro ferroviário máximo = 7,90 m","m",16186.16]
[605576,"Bueiro metálico sem interrupção de tráfego - D = 2,20 m - chapa com epóxi - escavado em material de 1ª categoria - aterro rodoviário máximo = 4,90 m","m",12768.3]
[605855,"Bueiro metálico sem interrupção de tráfego - D = 2,20 m - chapa com epóxi - escavado em material de 2ª categoria - aterro ferroviário máximo = 7,90 m","m",17662.740000000002]
[605587,"Bueiro metálico sem interrupção de tráfego - D = 2,20 m - chapa com epóxi - escavado em material de 2ª categoria - aterro rodoviário máximo = 4,90 m","m",14244.88]
[605898,"Bueiro metálico sem interrupção de tráfego - D = 2,20 m - chapa com epóxi - escavado em material de 3ª categoria - aterro ferroviário máximo = 7,90 m","m",19981.16]
[605598,"Bueiro metálico sem interrupção de tráfego - D = 2,20 m - chapa com epóxi - escavado em material de 3ª categoria - aterro rodoviário máximo = 4,90 m","m",16563.29]
[605744,"Bueiro metálico sem interrupção de tráfego - D = 2,20 m - chapa galvanizada - escavado em material de 1ª categoria - aterro ferroviário máximo = 7,90 m","m",15304.03]
[605509,"Bueiro metálico sem interrupção de tráfego - D = 2,20 m - chapa galvanizada - escavado em material de 1ª categoria - aterro rodoviário máximo = 4,90 m","m",12204.14]
[605787,"Bueiro metálico sem interrupção de tráfego - D = 2,20 m - chapa galvanizada - escavado em material de 2ª categoria - aterro ferroviário máximo = 7,90 m","m",16780.62]
[605529,"Bueiro metálico sem interrupção de tráfego - D = 2,20 m - chapa galvanizada - escavado em material de 2ª categoria - aterro rodoviário máximo = 4,90 m","m",13680.72]
[605820,"Bueiro metálico sem interrupção de tráfego - D = 2,20 m - chapa galvanizada - escavado em material de 3ª categoria - aterro ferroviário máximo = 7,90 m","m",19099.03]
[605549,"Bueiro metálico sem interrupção de tráfego - D = 2,20 m - chapa galvanizada - escavado em material de 3ª categoria - aterro rodoviário máximo = 4,90 m","m",15999.14]
[605841,"Bueiro metálico sem interrupção de tráfego - D = 2,40 m - chapa com epóxi - escavado em material de 1ª categoria - aterro ferroviário máximo = 7,00 m","m",17692.95]
[605577,"Bueiro metálico sem interrupção de tráfego - D = 2,40 m - chapa com epóxi - escavado em material de 1ª categoria - aterro rodoviário máximo = 4,50 m","m",13957.17]
[605856,"Bueiro metálico sem interrupção de tráfego - D = 2,40 m - chapa com epóxi - escavado em material de 2ª categoria - aterro ferroviário máximo = 7,00 m","m",19425.89]
[605588,"Bueiro metálico sem interrupção de tráfego - D = 2,40 m - chapa com epóxi - escavado em material de 2ª categoria - aterro rodoviário máximo = 4,50 m","m",15690.11]
[605899,"Bueiro metálico sem interrupção de tráfego - D = 2,40 m - chapa com epóxi - escavado em material de 3ª categoria - aterro ferroviário máximo = 7,00 m","m",22146.81]
[605599,"Bueiro metálico sem interrupção de tráfego - D = 2,40 m - chapa com epóxi - escavado em material de 3ª categoria - aterro rodoviário máximo = 4,50 m","m",18411.03]
[605745,"Bueiro metálico sem interrupção de tráfego - D = 2,40 m - chapa galvanizada - escavado em material de 1ª categoria - aterro ferroviário máximo = 7,00 m","m",16738.14]
[605510,"Bueiro metálico sem interrupção de tráfego - D = 2,40 m - chapa galvanizada - escavado em material de 1ª categoria - aterro rodoviário máximo = 4,50 m","m",13348.9]
[605788,"Bueiro metálico sem interrupção de tráfego - D = 2,40 m - chapa galvanizada - escavado em material de 2ª categoria - aterro ferroviário máximo = 7,00 m","m",18471.07]
[605530,"Bueiro metálico sem interrupção de tráfego - D = 2,40 m - chapa galvanizada - escavado em material de 2ª categoria - aterro rodoviário máximo = 4,50 m","m",15081.84]
[605821,"Bueiro metálico sem interrupção de tráfego - D = 2,40 m - chapa galvanizada - escavado em material de 3ª categoria - aterro ferroviário máximo = 7,00 m","m",21191.99]
[605550,"Bueiro metálico sem interrupção de tráfego - D = 2,40 m - chapa galvanizada - escavado em material de 3ª categoria - aterro rodoviário máximo = 4,50 m","m",17802.759999999998]
[605842,"Bueiro metálico sem interrupção de tráfego - D = 2,60 m - chapa com epóxi - escavado em material de 1ª categoria - aterro ferroviário máximo = 6,40 m","m",19554.669999999998]
[605578,"Bueiro metálico sem interrupção de tráfego - D = 2,60 m - chapa com epóxi - escavado em material de 1ª categoria - aterro rodoviário máximo = 4,10 m","m",15464.41]
[605857,"Bueiro metálico sem interrupção de tráfego - D = 2,60 m - chapa com epóxi - escavado em material de 2ª categoria - aterro ferroviário máximo = 6,40 m","m",21564.47]
[605589,"Bueiro metálico sem interrupção de tráfego - D = 2,60 m - chapa com epóxi - escavado em material de 2ª categoria - aterro rodoviário máximo = 4,10 m","m",17474.21]
[605900,"Bueiro metálico sem interrupção de tráfego - D = 2,60 m - chapa com epóxi - escavado em material de 3ª categoria - aterro ferroviário máximo = 6,40 m","m",24720.09]
[605600,"Bueiro metálico sem interrupção de tráfego - D = 2,60 m - chapa com epóxi - escavado em material de 3ª categoria - aterro rodoviário máximo = 4,10 m","m",20629.82]
[605746,"Bueiro metálico sem interrupção de tráfego - D = 2,60 m - chapa galvanizada - escavado em material de 1ª categoria - aterro ferroviário máximo = 6,40 m","m",18513.96]
[605511,"Bueiro metálico sem interrupção de tráfego - D = 2,60 m - chapa galvanizada - escavado em material de 1ª categoria - aterro rodoviário máximo = 4,10 m","m",14802.56]
[605789,"Bueiro metálico sem interrupção de tráfego - D = 2,60 m - chapa galvanizada - escavado em material de 2ª categoria - aterro ferroviário máximo = 6,40 m","m",20523.759999999998]
[605531,"Bueiro metálico sem interrupção de tráfego - D = 2,60 m - chapa galvanizada - escavado em material de 2ª categoria - aterro rodoviário máximo = 4,10 m","m",16812.36]
[605822,"Bueiro metálico sem interrupção de tráfego - D = 2,60 m - chapa galvanizada - escavado em material de 3ª categoria - aterro ferroviário máximo = 6,40 m","m",23679.38]
[605551,"Bueiro metálico sem interrupção de tráfego - D = 2,60 m - chapa galvanizada - escavado em material de 3ª categoria - aterro rodoviário máximo = 4,10 m","m",19967.97]
[605843,"Bueiro metálico sem interrupção de tráfego - D = 2,80 m - chapa com epóxi - escavado em material de 1ª categoria - aterro ferroviário máximo = 5,50 m","m",21054.13]
[605579,"Bueiro metálico sem interrupção de tráfego - D = 2,80 m - chapa com epóxi - escavado em material de 1ª categoria - aterro rodoviário máximo = 3,80 m","m",16693.73]
[605858,"Bueiro metálico sem interrupção de tráfego - D = 2,80 m - chapa com epóxi - escavado em material de 2ª categoria - aterro ferroviário máximo = 5,50 m","m",23361.3]
[605590,"Bueiro metálico sem interrupção de tráfego - D = 2,80 m - chapa com epóxi - escavado em material de 2ª categoria - aterro rodoviário máximo = 3,80 m","m",19000.900000000001]
[605901,"Bueiro metálico sem interrupção de tráfego - D = 2,80 m - chapa com epóxi - escavado em material de 3ª categoria - aterro ferroviário máximo = 5,50 m","m",26983.82]
[605601,"Bueiro metálico sem interrupção de tráfego - D = 2,80 m - chapa com epóxi - escavado em material de 3ª categoria - aterro rodoviário máximo = 3,80 m","m",22623.42]
[605747,"Bueiro metálico sem interrupção de tráfego - D = 2,80 m - chapa galvanizada - escavado em material de 1ª categoria - aterro ferroviário máximo = 5,50 m","m",19940.73]
[605512,"Bueiro metálico sem interrupção de tráfego - D = 2,80 m - chapa galvanizada - escavado em material de 1ª categoria - aterro rodoviário máximo = 3,80 m","m",15984.6]
[605790,"Bueiro metálico sem interrupção de tráfego - D = 2,80 m - chapa galvanizada - escavado em material de 2ª categoria - aterro ferroviário máximo = 5,50 m","m",22247.9]
[605532,"Bueiro metálico sem interrupção de tráfego - D = 2,80 m - chapa galvanizada - escavado em material de 2ª categoria - aterro rodoviário máximo = 3,80 m","m",18291.77]
[605823,"Bueiro metálico sem interrupção de tráfego - D = 2,80 m - chapa galvanizada - escavado em material de 3ª categoria - aterro ferroviário máximo = 5,50 m","m",25870.42]
[605552,"Bueiro metálico sem interrupção de tráfego - D = 2,80 m - chapa galvanizada - escavado em material de 3ª categoria - aterro rodoviário máximo = 3,80 m","m",21914.28]
[605844,"Bueiro metálico sem interrupção de tráfego - D = 3,00 m - chapa com epóxi - escavado em material de 1ª categoria - aterro ferroviário máximo = 4,70 m","m",22983.73]
[605580,"Bueiro metálico sem interrupção de tráfego - D = 3,00 m - chapa com epóxi - escavado em material de 1ª categoria - aterro rodoviário máximo = 3,60 m","m",18317.64]
[605887,"Bueiro metálico sem interrupção de tráfego - D = 3,00 m - chapa com epóxi - escavado em material de 2ª categoria - aterro ferroviário máximo = 4,70 m","m",25608.78]
[605591,"Bueiro metálico sem interrupção de tráfego - D = 3,00 m - chapa com epóxi - escavado em material de 2ª categoria - aterro rodoviário máximo = 3,60 m","m",20942.689999999999]
[605902,"Bueiro metálico sem interrupção de tráfego - D = 3,00 m - chapa com epóxi - escavado em material de 3ª categoria - aterro ferroviário máximo = 4,70 m","m",29730.400000000001]
[605602,"Bueiro metálico sem interrupção de tráfego - D = 3,00 m - chapa com epóxi - escavado em material de 3ª categoria - aterro rodoviário máximo = 3,60 m","m",25064.32]
[605748,"Bueiro metálico sem interrupção de tráfego - D = 3,00 m - chapa galvanizada - escavado em material de 1ª categoria - aterro ferroviário máximo = 4,70 m","m",21784.43]
[605513,"Bueiro metálico sem interrupção de tráfego - D = 3,00 m - chapa galvanizada - escavado em material de 1ª categoria - aterro rodoviário máximo = 3,60 m","m",17551.78]
[605804,"Bueiro metálico sem interrupção de tráfego - D = 3,00 m - chapa galvanizada - escavado em material de 2ª categoria - aterro ferroviário máximo = 4,70 m","m",24409.48]
[605533,"Bueiro metálico sem interrupção de tráfego - D = 3,00 m - chapa galvanizada - escavado em material de 2ª categoria - aterro rodoviário máximo = 3,60 m","m",20176.830000000002]
[605824,"Bueiro metálico sem interrupção de tráfego - D = 3,00 m - chapa galvanizada - escavado em material de 3ª categoria - aterro ferroviário máximo = 4,70 m","m",28531.11]
[605553,"Bueiro metálico sem interrupção de tráfego - D = 3,00 m - chapa galvanizada - escavado em material de 3ª categoria - aterro rodoviário máximo = 3,60 m","m",24298.45]
[605845,"Bueiro metálico sem interrupção de tráfego - D = 3,20 m - chapa com epóxi - escavado em material de 1ª categoria - aterro ferroviário máximo = 4,00 m","m",24919.22]
[605581,"Bueiro metálico sem interrupção de tráfego - D = 3,20 m - chapa com epóxi - escavado em material de 1ª categoria - aterro rodoviário máximo = 4,80 m","m",21876.68]
[605888,"Bueiro metálico sem interrupção de tráfego - D = 3,20 m - chapa com epóxi - escavado em material de 2ª categoria - aterro ferroviário máximo = 4,00 m","m",27882.639999999999]
[605592,"Bueiro metálico sem interrupção de tráfego - D = 3,20 m - chapa com epóxi - escavado em material de 2ª categoria - aterro rodoviário máximo = 4,80 m","m",24840.11]
[605903,"Bueiro metálico sem interrupção de tráfego - D = 3,20 m - chapa com epóxi - escavado em material de 3ª categoria - aterro ferroviário máximo = 4,00 m","m",32535.57]
[605603,"Bueiro metálico sem interrupção de tráfego - D = 3,20 m - chapa com epóxi - escavado em material de 3ª categoria - aterro rodoviário máximo = 4,80 m","m",29493.040000000001]
[605771,"Bueiro metálico sem interrupção de tráfego - D = 3,20 m - chapa galvanizada - escavado em material de 1ª categoria - aterro ferroviário máximo = 4,00 m","m",23647.23]
[605514,"Bueiro metálico sem interrupção de tráfego - D = 3,20 m - chapa galvanizada - escavado em material de 1ª categoria - aterro rodoviário máximo = 4,80 m","m",21209.03]
[605805,"Bueiro metálico sem interrupção de tráfego - D = 3,20 m - chapa galvanizada - escavado em material de 2ª categoria - aterro ferroviário máximo = 4,00 m","m",26610.66]
[605534,"Bueiro metálico sem interrupção de tráfego - D = 3,20 m - chapa galvanizada - escavado em material de 2ª categoria - aterro rodoviário máximo = 4,80 m","m",24172.46]
[605825,"Bueiro metálico sem interrupção de tráfego - D = 3,20 m - chapa galvanizada - escavado em material de 3ª categoria - aterro ferroviário máximo = 4,00 m","m",31263.59]
[605554,"Bueiro metálico sem interrupção de tráfego - D = 3,20 m - chapa galvanizada - escavado em material de 3ª categoria - aterro rodoviário máximo = 4,80 m","m",28825.38]
[605772,"Bueiro metálico sem interrupção de tráfego - D = 3,40 m - chapa galvanizada - escavado em material de 1ª categoria - aterro ferroviário máximo = 7,00 m","m",27632.93]
[605515,"Bueiro metálico sem interrupção de tráfego - D = 3,40 m - chapa galvanizada - escavado em material de 1ª categoria - aterro rodoviário máximo = 4,50 m","m",23060.84]
[605806,"Bueiro metálico sem interrupção de tráfego - D = 3,40 m - chapa galvanizada - escavado em material de 2ª categoria - aterro ferroviário máximo = 7,00 m","m",30955.25]
[605535,"Bueiro metálico sem interrupção de tráfego - D = 3,40 m - chapa galvanizada - escavado em material de 2ª categoria - aterro rodoviário máximo = 4,50 m","m",26383.16]
[605826,"Bueiro metálico sem interrupção de tráfego - D = 3,40 m - chapa galvanizada - escavado em material de 3ª categoria - aterro ferroviário máximo = 7,00 m","m",36171.68]
[605555,"Bueiro metálico sem interrupção de tráfego - D = 3,40 m - chapa galvanizada - escavado em material de 3ª categoria - aterro rodoviário máximo = 4,50 m","m",31599.59]
[605773,"Bueiro metálico sem interrupção de tráfego - D = 3,60 m - chapa galvanizada - escavado em material de 1ª categoria - aterro ferroviário máximo = 6,60 m","m",29324.959999999999]
[605516,"Bueiro metálico sem interrupção de tráfego - D = 3,60 m - chapa galvanizada - escavado em material de 1ª categoria - aterro rodoviário máximo = 4,30 m","m",24449.279999999999]
[605807,"Bueiro metálico sem interrupção de tráfego - D = 3,60 m - chapa galvanizada - escavado em material de 2ª categoria - aterro ferroviário máximo = 6,60 m","m",33026.68]
[605536,"Bueiro metálico sem interrupção de tráfego - D = 3,60 m - chapa galvanizada - escavado em material de 2ª categoria - aterro rodoviário máximo = 4,30 m","m",28151.01]
[605827,"Bueiro metálico sem interrupção de tráfego - D = 3,60 m - chapa galvanizada - escavado em material de 3ª categoria - aterro ferroviário máximo = 6,60 m","m",38838.82]
[605556,"Bueiro metálico sem interrupção de tráfego - D = 3,60 m - chapa galvanizada - escavado em material de 3ª categoria - aterro rodoviário máximo = 4,30 m","m",33963.14]
[605774,"Bueiro metálico sem interrupção de tráfego - D = 3,80 m - chapa galvanizada - escavado em material de 1ª categoria - aterro ferroviário máximo = 6,20 m","m",31534.22]
[605517,"Bueiro metálico sem interrupção de tráfego - D = 3,80 m - chapa galvanizada - escavado em material de 1ª categoria - aterro rodoviário máximo = 4,00 m","m",26285.43]
[605808,"Bueiro metálico sem interrupção de tráfego - D = 3,80 m - chapa galvanizada - escavado em material de 2ª categoria - aterro ferroviário máximo = 6,20 m","m",35635.85]
[605537,"Bueiro metálico sem interrupção de tráfego - D = 3,80 m - chapa galvanizada - escavado em material de 2ª categoria - aterro rodoviário máximo = 4,00 m","m",30387.07]
[605828,"Bueiro metálico sem interrupção de tráfego - D = 3,80 m - chapa galvanizada - escavado em material de 3ª categoria - aterro ferroviário máximo = 6,20 m","m",42075.89]
[605557,"Bueiro metálico sem interrupção de tráfego - D = 3,80 m - chapa galvanizada - escavado em material de 3ª categoria - aterro rodoviário máximo = 4,00 m","m",36827.1]
[605775,"Bueiro metálico sem interrupção de tráfego - D = 4,00 m - chapa galvanizada - escavado em material de 1ª categoria - aterro ferroviário máximo = 5,10 m","m",33213.410000000003]
[605518,"Bueiro metálico sem interrupção de tráfego - D = 4,00 m - chapa galvanizada - escavado em material de 1ª categoria - aterro rodoviário máximo = 3,10 m","m",27811.71]
[605809,"Bueiro metálico sem interrupção de tráfego - D = 4,00 m - chapa galvanizada - escavado em material de 2ª categoria - aterro ferroviário máximo = 5,10 m","m",37735.46]
[605538,"Bueiro metálico sem interrupção de tráfego - D = 4,00 m - chapa galvanizada - escavado em material de 2ª categoria - aterro rodoviário máximo = 3,10 m","m",32333.759999999998]
[605829,"Bueiro metálico sem interrupção de tráfego - D = 4,00 m - chapa galvanizada - escavado em material de 3ª categoria - aterro ferroviário máximo = 5,10 m","m",44835.6]
[605558,"Bueiro metálico sem interrupção de tráfego - D = 4,00 m - chapa galvanizada - escavado em material de 3ª categoria - aterro rodoviário máximo = 3,10 m","m",39433.9]
[605776,"Bueiro metálico sem interrupção de tráfego - D = 4,20 m - chapa galvanizada - escavado em material de 1ª categoria - aterro ferroviário máximo = 4,80 m","m",35422.58]
[605519,"Bueiro metálico sem interrupção de tráfego - D = 4,20 m - chapa galvanizada - escavado em material de 1ª categoria - aterro rodoviário máximo = 4,40 m","m",32978.81]
[605810,"Bueiro metálico sem interrupção de tráfego - D = 4,20 m - chapa galvanizada - escavado em material de 2ª categoria - aterro ferroviário máximo = 4,80 m","m",40385.550000000003]
[605539,"Bueiro metálico sem interrupção de tráfego - D = 4,20 m - chapa galvanizada - escavado em material de 2ª categoria - aterro rodoviário máximo = 4,40 m","m",37941.79]
[605830,"Bueiro metálico sem interrupção de tráfego - D = 4,20 m - chapa galvanizada - escavado em material de 3ª categoria - aterro ferroviário máximo = 4,80 m","m",48178]
[605559,"Bueiro metálico sem interrupção de tráfego - D = 4,20 m - chapa galvanizada - escavado em material de 3ª categoria - aterro rodoviário máximo = 4,40 m","m",45734.239999999998]
[605777,"Bueiro metálico sem interrupção de tráfego - D = 4,40 m - chapa galvanizada - escavado em material de 1ª categoria - aterro ferroviário máximo = 4,20 m","m",37788.660000000003]
[605520,"Bueiro metálico sem interrupção de tráfego - D = 4,40 m - chapa galvanizada - escavado em material de 1ª categoria - aterro rodoviário máximo = 4,20 m","m",35177.61]
[605811,"Bueiro metálico sem interrupção de tráfego - D = 4,40 m - chapa galvanizada - escavado em material de 2ª categoria - aterro ferroviário máximo = 4,20 m","m",43213.08]
[605540,"Bueiro metálico sem interrupção de tráfego - D = 4,40 m - chapa galvanizada - escavado em material de 2ª categoria - aterro rodoviário máximo = 4,20 m","m",40602.019999999997]
[605831,"Bueiro metálico sem interrupção de tráfego - D = 4,40 m - chapa galvanizada - escavado em material de 3ª categoria - aterro ferroviário máximo = 4,20 m","m",51730.03]
[605560,"Bueiro metálico sem interrupção de tráfego - D = 4,40 m - chapa galvanizada - escavado em material de 3ª categoria - aterro rodoviário máximo = 4,20 m","m",49118.97]
[605778,"Bueiro metálico sem interrupção de tráfego - D = 4,60 m - chapa galvanizada - escavado em material de 1ª categoria - aterro ferroviário máximo = 4,00 m","m",40049.370000000003]
[605521,"Bueiro metálico sem interrupção de tráfego - D = 4,60 m - chapa galvanizada - escavado em material de 1ª categoria - aterro rodoviário máximo = 4,00 m","m",37395.449999999997]
[605812,"Bueiro metálico sem interrupção de tráfego - D = 4,60 m - chapa galvanizada - escavado em material de 2ª categoria - aterro ferroviário máximo = 4,00 m","m",45955.72]
[605541,"Bueiro metálico sem interrupção de tráfego - D = 4,60 m - chapa galvanizada - escavado em material de 2ª categoria - aterro rodoviário máximo = 4,00 m","m",43301.8]
[605832,"Bueiro metálico sem interrupção de tráfego - D = 4,60 m - chapa galvanizada - escavado em material de 3ª categoria - aterro ferroviário máximo = 4,00 m","m",55229.37]
[605561,"Bueiro metálico sem interrupção de tráfego - D = 4,60 m - chapa galvanizada - escavado em material de 3ª categoria - aterro rodoviário máximo = 4,00 m","m",52575.46]
[605779,"Bueiro metálico sem interrupção de tráfego - D = 4,80 m - chapa galvanizada - escavado em material de 1ª categoria - aterro ferroviário máximo = 5,10 m","m",46354.15]
[605522,"Bueiro metálico sem interrupção de tráfego - D = 4,80 m - chapa galvanizada - escavado em material de 1ª categoria - aterro rodoviário máximo = 5,50 m","m",41971.39]
[605813,"Bueiro metálico sem interrupção de tráfego - D = 4,80 m - chapa galvanizada - escavado em material de 2ª categoria - aterro ferroviário máximo = 5,10 m","m",52762.95]
[605542,"Bueiro metálico sem interrupção de tráfego - D = 4,80 m - chapa galvanizada - escavado em material de 2ª categoria - aterro rodoviário máximo = 5,50 m","m",48380.19]
[605833,"Bueiro metálico sem interrupção de tráfego - D = 4,80 m - chapa galvanizada - escavado em material de 3ª categoria - aterro ferroviário máximo = 5,10 m","m",62825.5]
[605562,"Bueiro metálico sem interrupção de tráfego - D = 4,80 m - chapa galvanizada - escavado em material de 3ª categoria - aterro rodoviário máximo = 5,50 m","m",58442.75]
[605780,"Bueiro metálico sem interrupção de tráfego - D = 5,00 m - chapa galvanizada - escavado em material de 1ª categoria - aterro ferroviário máximo = 4,80 m","m",49032.1]
[605523,"Bueiro metálico sem interrupção de tráfego - D = 5,00 m - chapa galvanizada - escavado em material de 1ª categoria - aterro rodoviário máximo = 5,30 m","m",44417.89]
[605814,"Bueiro metálico sem interrupção de tráfego - D = 5,00 m - chapa galvanizada - escavado em material de 2ª categoria - aterro ferroviário máximo = 4,80 m","m",55963.86]
[605543,"Bueiro metálico sem interrupção de tráfego - D = 5,00 m - chapa galvanizada - escavado em material de 2ª categoria - aterro rodoviário máximo = 5,30 m","m",51349.65]
[605834,"Bueiro metálico sem interrupção de tráfego - D = 5,00 m - chapa galvanizada - escavado em material de 3ª categoria - aterro ferroviário máximo = 4,80 m","m",66847.520000000004]
[605563,"Bueiro metálico sem interrupção de tráfego - D = 5,00 m - chapa galvanizada - escavado em material de 3ª categoria - aterro rodoviário máximo = 5,30 m","m",62233.32]
[605606,"Sistema de escoramento telescópico regulável para tunnel liner","m³",14.21]
[705314,"Boca de BDCC 1,50 x 1,50 m - esconsidade 0° - areia e brita comerciais","un",14570.4]
[705312,"Boca de BDCC 1,50 x 1,50 m - esconsidade 0° - areia extraída e brita produzida","un",12902.97]
[705316,"Boca de BDCC 1,50 x 1,50 m - esconsidade 15° - areia e brita comerciais","un",15953.56]
[705315,"Boca de BDCC 1,50 x 1,50 m - esconsidade 15° - areia extraída e brita produzida","un",14157.05]
[705318,"Boca de BDCC 1,50 x 1,50 m - esconsidade 30° - areia e brita comerciais","un",17110.39]
[705317,"Boca de BDCC 1,50 x 1,50 m - esconsidade 30° - areia extraída e brita produzida","un",15085.35]
[705320,"Boca de BDCC 1,50 x 1,50 m - esconsidade 45° - areia e brita comerciais","un",21419.21]
[705319,"Boca de BDCC 1,50 x 1,50 m - esconsidade 45° - areia extraída e brita produzida","un",18941.169999999998]
[705322,"Boca de BDCC 2,00 x 2,00 m - esconsidade 0° - areia e brita comerciais","un",22711.91]
[705321,"Boca de BDCC 2,00 x 2,00 m - esconsidade 0° - areia extraída e brita produzida","un",19909.98]
[705324,"Boca de BDCC 2,00 x 2,00 m - esconsidade 15° - areia e brita comerciais","un",24874.880000000001]
[705323,"Boca de BDCC 2,00 x 2,00 m - esconsidade 15° - areia extraída e brita produzida","un",21874.31]
[705326,"Boca de BDCC 2,00 x 2,00 m - esconsidade 30° - areia e brita comerciais","un",26767.27]
[705325,"Boca de BDCC 2,00 x 2,00 m - esconsidade 30° - areia extraída e brita produzida","un",23483.18]
[705328,"Boca de BDCC 2,00 x 2,00 m - esconsidade 45° - areia e brita comerciais","un",33913.760000000002]
[705327,"Boca de BDCC 2,00 x 2,00 m - esconsidade 45° - areia extraída e brita produzida","un",29839.47]
[705330,"Boca de BDCC 2,50 x 2,50 m - esconsidade 0° - areia e brita comerciais","un",31868.6]
[705329,"Boca de BDCC 2,50 x 2,50 m - esconsidade 0° - areia extraída e brita produzida","un",27791.45]
[705332,"Boca de BDCC 2,50 x 2,50 m - esconsidade 15° - areia e brita comerciais","un",34283.760000000002]
[705331,"Boca de BDCC 2,50 x 2,50 m - esconsidade 15° - areia extraída e brita produzida","un",30130.63]
[705334,"Boca de BDCC 2,50 x 2,50 m - esconsidade 30° - areia e brita comerciais","un",36227.14]
[705333,"Boca de BDCC 2,50 x 2,50 m - esconsidade 30° - areia extraída e brita produzida","un",32112.73]
[705336,"Boca de BDCC 2,50 x 2,50 m - esconsidade 45° - areia e brita comerciais","un",48934.38]
[705335,"Boca de BDCC 2,50 x 2,50 m - esconsidade 45° - areia extraída e brita produzida","un",43199.25]
[705338,"Boca de BDCC 3,00 x 3,00 m - esconsidade 0° - areia e brita comerciais","un",46074.559999999998]
[705337,"Boca de BDCC 3,00 x 3,00 m - esconsidade 0° - areia extraída e brita produzida","un",40131.620000000003]
[705340,"Boca de BDCC 3,00 x 3,00 m - esconsidade 15° - areia e brita comerciais","un",49377.13]
[705339,"Boca de BDCC 3,00 x 3,00 m - esconsidade 15° - areia extraída e brita produzida","un",43379]
[705342,"Boca de BDCC 3,00 x 3,00 m - esconsidade 30° - areia e brita comerciais","un",55933.88]
[705341,"Boca de BDCC 3,00 x 3,00 m - esconsidade 30° - areia extraída e brita produzida","un",49262.21]
[705344,"Boca de BDCC 3,00 x 3,00 m - esconsidade 45° - areia e brita comerciais","un",70675.759999999995]
[705343,"Boca de BDCC 3,00 x 3,00 m - esconsidade 45° - areia extraída e brita produzida","un",62504.22]
[705225,"Boca de BSCC 1,50 x 1,50 m - esconsidade 0° - areia e brita comerciais","un",12560.12]
[705224,"Boca de BSCC 1,50 x 1,50 m - esconsidade 0° - areia extraída e brita produzida","un",11020.58]
[705227,"Boca de BSCC 1,50 x 1,50 m - esconsidade 15° - areia e brita comerciais","un",12852.97]
[705226,"Boca de BSCC 1,50 x 1,50 m - esconsidade 15° - areia extraída e brita produzida","un",11445.07]
[705229,"Boca de BSCC 1,50 x 1,50 m - esconsidade 30° - areia e brita comerciais","un",13928.74]
[705228,"Boca de BSCC 1,50 x 1,50 m - esconsidade 30° - areia extraída e brita produzida","un",12302.94]
[705231,"Boca de BSCC 1,50 x 1,50 m - esconsidade 45° - areia e brita comerciais","un",17263.099999999999]
[705230,"Boca de BSCC 1,50 x 1,50 m - esconsidade 45° - areia extraída e brita produzida","un",15360.65]
[705233,"Boca de BSCC 2,00 x 2,00 m - esconsidade 0° - areia e brita comerciais","un",19595.330000000002]
[705232,"Boca de BSCC 2,00 x 2,00 m - esconsidade 0° - areia extraída e brita produzida","un",17145.77]
[705235,"Boca de BSCC 2,00 x 2,00 m - esconsidade 15° - areia e brita comerciais","un",19951.59]
[705234,"Boca de BSCC 2,00 x 2,00 m - esconsidade 15° - areia extraída e brita produzida","un",17671.73]
[705237,"Boca de BSCC 2,00 x 2,00 m - esconsidade 30° - areia e brita comerciais","un",21667.37]
[705236,"Boca de BSCC 2,00 x 2,00 m - esconsidade 30° - areia extraída e brita produzida","un",19108.36]
[705239,"Boca de BSCC 2,00 x 2,00 m - esconsidade 45° - areia e brita comerciais","un",27620.18]
[705238,"Boca de BSCC 2,00 x 2,00 m - esconsidade 45° - areia extraída e brita produzida","un",24420.86]
[705241,"Boca de BSCC 2,50 x 2,50 m - esconsidade 0° - areia e brita comerciais","un",26525.07]
[705240,"Boca de BSCC 2,50 x 2,50 m - esconsidade 0° - areia extraída e brita produzida","un",23162.48]
[705243,"Boca de BSCC 2,50 x 2,50 m - esconsidade 15° - areia e brita comerciais","un",27958.48]
[705242,"Boca de BSCC 2,50 x 2,50 m - esconsidade 15° - areia extraída e brita produzida","un",24593.1]
[705245,"Boca de BSCC 2,50 x 2,50 m - esconsidade 30° - areia e brita comerciais","un",30894.25]
[705244,"Boca de BSCC 2,50 x 2,50 m - esconsidade 30° - areia extraída e brita produzida","un",27304.99]
[705247,"Boca de BSCC 2,50 x 2,50 m - esconsidade 45° - areia e brita comerciais","un",39017.57]
[705246,"Boca de BSCC 2,50 x 2,50 m - esconsidade 45° - areia extraída e brita produzida","un",34621.019999999997]
[705249,"Boca de BSCC 3,00 x 3,00 m - esconsidade 0° - areia e brita comerciais","un",37742.300000000003]
[705248,"Boca de BSCC 3,00 x 3,00 m - esconsidade 0° - areia extraída e brita produzida","un",32861.58]
[705251,"Boca de BSCC 3,00 x 3,00 m - esconsidade 15° - areia e brita comerciais","un",39731.599999999999]
[705250,"Boca de BSCC 3,00 x 3,00 m - esconsidade 15° - areia extraída e brita produzida","un",34847.69]
[705253,"Boca de BSCC 3,00 x 3,00 m - esconsidade 30° - areia e brita comerciais","un",43446.1]
[705252,"Boca de BSCC 3,00 x 3,00 m - esconsidade 30° - areia extraída e brita produzida","un",38135.01]
[705255,"Boca de BSCC 3,00 x 3,00 m - esconsidade 45° - areia e brita comerciais","un",54731.92]
[705254,"Boca de BSCC 3,00 x 3,00 m - esconsidade 45° - areia extraída e brita produzida","un",48312.22]
[705403,"Boca de BTCC 1,50 x 1,50 m - esconsidade 0° - areia e brita comerciais","un",18335.900000000001]
[705402,"Boca de BTCC 1,50 x 1,50 m - esconsidade 0° - areia extraída e brita produzida","un",16102.83]
[705405,"Boca de BTCC 1,50 x 1,50 m - esconsidade 15° - areia e brita comerciais","un",19713.419999999998]
[705404,"Boca de BTCC 1,50 x 1,50 m - esconsidade 15° - areia extraída e brita produzida","un",17457]
[705407,"Boca de BTCC 1,50 x 1,50 m - esconsidade 30° - areia e brita comerciais","un",20767.36]
[705406,"Boca de BTCC 1,50 x 1,50 m - esconsidade 30° - areia extraída e brita produzida","un",18253.95]
[705409,"Boca de BTCC 1,50 x 1,50 m - esconsidade 45° - areia e brita comerciais","un",26105.26]
[705408,"Boca de BTCC 1,50 x 1,50 m - esconsidade 45° - areia extraída e brita produzida","un",23009.119999999999]
[705411,"Boca de BTCC 2,00 x 2,00 m - esconsidade 0° - areia e brita comerciais","un",27971.21]
[705410,"Boca de BTCC 2,00 x 2,00 m - esconsidade 0° - areia extraída e brita produzida","un",24371.9]
[705413,"Boca de BTCC 2,00 x 2,00 m - esconsidade 15° - areia e brita comerciais","un",29905.46]
[705412,"Boca de BTCC 2,00 x 2,00 m - esconsidade 15° - areia extraída e brita produzida","un",26304.959999999999]
[705415,"Boca de BTCC 2,00 x 2,00 m - esconsidade 30° - areia e brita comerciais","un",33006.67]
[705414,"Boca de BTCC 2,00 x 2,00 m - esconsidade 30° - areia extraída e brita produzida","un",28949.279999999999]
[705417,"Boca de BTCC 2,00 x 2,00 m - esconsidade 45° - areia e brita comerciais","un",41701.800000000003]
[705416,"Boca de BTCC 2,00 x 2,00 m - esconsidade 45° - areia extraída e brita produzida","un",36708.42]
[705419,"Boca de BTCC 2,50 x 2,50 m - esconsidade 0° - areia e brita comerciais","un",39549.1]
[705418,"Boca de BTCC 2,50 x 2,50 m - esconsidade 0° - areia extraída e brita produzida","un",34521.949999999997]
[705421,"Boca de BTCC 2,50 x 2,50 m - esconsidade 15° - areia e brita comerciais","un",42301.82]
[705420,"Boca de BTCC 2,50 x 2,50 m - esconsidade 15° - areia extraída e brita produzida","un",37253.760000000002]
[705423,"Boca de BTCC 2,50 x 2,50 m - esconsidade 30° - areia e brita comerciais","un",48072]
[705422,"Boca de BTCC 2,50 x 2,50 m - esconsidade 30° - areia extraída e brita produzida","un",42423.53]
[705425,"Boca de BTCC 2,50 x 2,50 m - esconsidade 45° - areia e brita comerciais","un",60700.05]
[705424,"Boca de BTCC 2,50 x 2,50 m - esconsidade 45° - areia extraída e brita produzida","un",53769.62]
[705427,"Boca de BTCC 3,00 x 3,00 m - esconsidade 0° - areia e brita comerciais","un",56004.5]
[705426,"Boca de BTCC 3,00 x 3,00 m - esconsidade 0° - areia extraída e brita produzida","un",48731.34]
[705429,"Boca de BTCC 3,00 x 3,00 m - esconsidade 15° - areia e brita comerciais","un",57700.15]
[705428,"Boca de BTCC 3,00 x 3,00 m - esconsidade 15° - areia extraída e brita produzida","un",50549.05]
[705431,"Boca de BTCC 3,00 x 3,00 m - esconsidade 30° - areia e brita comerciais","un",68973.460000000006]
[705430,"Boca de BTCC 3,00 x 3,00 m - esconsidade 30° - areia extraída e brita produzida","un",60993.07]
[705433,"Boca de BTCC 3,00 x 3,00 m - esconsidade 45° - areia e brita comerciais","un",87286.88]
[705432,"Boca de BTCC 3,00 x 3,00 m - esconsidade 45° - areia extraída e brita produzida","un",77402.399999999994]
[705257,"Corpo de BDCC 1,50 x 1,50 m - moldado no local - altura do aterro 0,00 a 1,00 m - areia e brita comerciais","m",4358.6499999999996]
[705256,"Corpo de BDCC 1,50 x 1,50 m - moldado no local - altura do aterro 0,00 a 1,00 m - areia extraída e brita produzida","m",3906.07]
[705259,"Corpo de BDCC 1,50 x 1,50 m - moldado no local - altura do aterro 1,00 a 2,50 m - areia e brita comerciais","m",3855.65]
[705258,"Corpo de BDCC 1,50 x 1,50 m - moldado no local - altura do aterro 1,00 a 2,50 m - areia extraída e brita produzida","m",3403.08]
[705267,"Corpo de BDCC 1,50 x 1,50 m - moldado no local - altura do aterro 10,00 a 12,50 m - areia e brita comerciais","m",5472.95]
[705266,"Corpo de BDCC 1,50 x 1,50 m - moldado no local - altura do aterro 10,00 a 12,50 m - areia extraída e brita produzida","m",4872.66]
[705269,"Corpo de BDCC 1,50 x 1,50 m - moldado no local - altura do aterro 12,50 a 15,00 m - areia e brita comerciais","m",5718.78]
[705268,"Corpo de BDCC 1,50 x 1,50 m - moldado no local - altura do aterro 12,50 a 15,00 m - areia extraída e brita produzida","m",5118.5]
[705261,"Corpo de BDCC 1,50 x 1,50 m - moldado no local - altura do aterro 2,50 a 5,00 m - areia e brita comerciais","m",4089.57]
[705260,"Corpo de BDCC 1,50 x 1,50 m - moldado no local - altura do aterro 2,50 a 5,00 m - areia extraída e brita produzida","m",3637]
[705263,"Corpo de BDCC 1,50 x 1,50 m - moldado no local - altura do aterro 5,00 a 7,50 m - areia e brita comerciais","m",4551.91]
[705262,"Corpo de BDCC 1,50 x 1,50 m - moldado no local - altura do aterro 5,00 a 7,50 m - areia extraída e brita produzida","m",4099.33]
[705265,"Corpo de BDCC 1,50 x 1,50 m - moldado no local - altura do aterro 7,50 a 10,00 m - areia e brita comerciais","m",4949.28]
[705264,"Corpo de BDCC 1,50 x 1,50 m - moldado no local - altura do aterro 7,50 a 10,00 m - areia extraída e brita produzida","m",4496.71]
[705271,"Corpo de BDCC 2,00 x 2,00 m - moldado no local - altura do aterro 0,00 a 1,00 m - areia e brita comerciais","m",6203.4]
[705270,"Corpo de BDCC 2,00 x 2,00 m - moldado no local - altura do aterro 0,00 a 1,00 m - areia extraída e brita produzida","m",5618.37]
[705273,"Corpo de BDCC 2,00 x 2,00 m - moldado no local - altura do aterro 1,00 a 2,50 m - areia e brita comerciais","m",5587.64]
[705272,"Corpo de BDCC 2,00 x 2,00 m - moldado no local - altura do aterro 1,00 a 2,50 m - areia extraída e brita produzida","m",5002.6000000000004]
[705281,"Corpo de BDCC 2,00 x 2,00 m - moldado no local - altura do aterro 10,00 a 12,50 m - areia e brita comerciais","m",8568.0499999999993]
[705280,"Corpo de BDCC 2,00 x 2,00 m - moldado no local - altura do aterro 10,00 a 12,50 m - areia extraída e brita produzida","m",7621.77]
[705283,"Corpo de BDCC 2,00 x 2,00 m - moldado no local - altura do aterro 12,50 a 15,00 m - areia e brita comerciais","m",8760.73]
[705282,"Corpo de BDCC 2,00 x 2,00 m - moldado no local - altura do aterro 12,50 a 15,00 m - areia extraída e brita produzida","m",7814.44]
[705275,"Corpo de BDCC 2,00 x 2,00 m - moldado no local - altura do aterro 2,50 a 5,00 m - areia e brita comerciais","m",6193.08]
[705274,"Corpo de BDCC 2,00 x 2,00 m - moldado no local - altura do aterro 2,50 a 5,00 m - areia extraída e brita produzida","m",5608.05]
[705277,"Corpo de BDCC 2,00 x 2,00 m - moldado no local - altura do aterro 5,00 a 7,50 m - areia e brita comerciais","m",7025.64]
[705276,"Corpo de BDCC 2,00 x 2,00 m - moldado no local - altura do aterro 5,00 a 7,50 m - areia extraída e brita produzida","m",6258.93]
[705279,"Corpo de BDCC 2,00 x 2,00 m - moldado no local - altura do aterro 7,50 a 10,00 m - areia e brita comerciais","m",7873.21]
[705278,"Corpo de BDCC 2,00 x 2,00 m - moldado no local - altura do aterro 7,50 a 10,00 m - areia extraída e brita produzida","m",7106.5]
[705285,"Corpo de BDCC 2,50 x 2,50 m - moldado no local - altura do aterro 0,00 a 1,00 m - areia e brita comerciais","m",7956.9]
[705284,"Corpo de BDCC 2,50 x 2,50 m - moldado no local - altura do aterro 0,00 a 1,00 m - areia extraída e brita produzida","m",7221.43]
[705287,"Corpo de BDCC 2,50 x 2,50 m - moldado no local - altura do aterro 1,00 a 2,50 m - areia e brita comerciais","m",7348.16]
[705286,"Corpo de BDCC 2,50 x 2,50 m - moldado no local - altura do aterro 1,00 a 2,50 m - areia extraída e brita produzida","m",6612.69]
[705295,"Corpo de BDCC 2,50 x 2,50 m - moldado no local - altura do aterro 10,00 a 12,50 m - areia e brita comerciais","m",11139.15]
[705294,"Corpo de BDCC 2,50 x 2,50 m - moldado no local - altura do aterro 10,00 a 12,50 m - areia extraída e brita produzida","m",10000.48]
[705297,"Corpo de BDCC 2,50 x 2,50 m - moldado no local - altura do aterro 12,50 a 15,00 m - areia e brita comerciais","m",11936.44]
[705296,"Corpo de BDCC 2,50 x 2,50 m - moldado no local - altura do aterro 12,50 a 15,00 m - areia extraída e brita produzida","m",10797.77]
[705289,"Corpo de BDCC 2,50 x 2,50 m - moldado no local - altura do aterro 2,50 a 5,00 m - areia e brita comerciais","m",8352.7199999999993]
[705288,"Corpo de BDCC 2,50 x 2,50 m - moldado no local - altura do aterro 2,50 a 5,00 m - areia extraída e brita produzida","m",7419.6]
[705291,"Corpo de BDCC 2,50 x 2,50 m - moldado no local - altura do aterro 5,00 a 7,50 m - areia e brita comerciais","m",9372.9599999999991]
[705290,"Corpo de BDCC 2,50 x 2,50 m - moldado no local - altura do aterro 5,00 a 7,50 m - areia extraída e brita produzida","m",8439.83]
[705293,"Corpo de BDCC 2,50 x 2,50 m - moldado no local - altura do aterro 7,50 a 10,00 m - areia e brita comerciais","m",10201.52]
[705292,"Corpo de BDCC 2,50 x 2,50 m - moldado no local - altura do aterro 7,50 a 10,00 m - areia extraída e brita produzida","m",9062.85]
[705299,"Corpo de BDCC 3,00 x 3,00 m - moldado no local - altura do aterro 0,00 a 1,00 m - areia e brita comerciais","m",10341.49]
[705298,"Corpo de BDCC 3,00 x 3,00 m - moldado no local - altura do aterro 0,00 a 1,00 m - areia extraída e brita produzida","m",9241.9500000000007]
[705301,"Corpo de BDCC 3,00 x 3,00 m - moldado no local - altura do aterro 1,00 a 2,50 m - areia e brita comerciais","m",9761.59]
[705300,"Corpo de BDCC 3,00 x 3,00 m - moldado no local - altura do aterro 1,00 a 2,50 m - areia extraída e brita produzida","m",8662.0499999999993]
[705309,"Corpo de BDCC 3,00 x 3,00 m - moldado no local - altura do aterro 10,00 a 12,50 m - areia e brita comerciais","m",15474.32]
[705308,"Corpo de BDCC 3,00 x 3,00 m - moldado no local - altura do aterro 10,00 a 12,50 m - areia extraída e brita produzida","m",13825.77]
[705311,"Corpo de BDCC 3,00 x 3,00 m - moldado no local - altura do aterro 12,50 a 15,00 m - areia e brita comerciais","m",15383.21]
[705310,"Corpo de BDCC 3,00 x 3,00 m - moldado no local - altura do aterro 12,50 a 15,00 m - areia extraída e brita produzida","m",13734.66]
[705303,"Corpo de BDCC 3,00 x 3,00 m - moldado no local - altura do aterro 2,50 a 5,00 m - areia e brita comerciais","m",10608.74]
[705302,"Corpo de BDCC 3,00 x 3,00 m - moldado no local - altura do aterro 2,50 a 5,00 m - areia extraída e brita produzida","m",9267.7099999999991]
[705305,"Corpo de BDCC 3,00 x 3,00 m - moldado no local - altura do aterro 5,00 a 7,50 m - areia e brita comerciais","m",12619.7]
[705304,"Corpo de BDCC 3,00 x 3,00 m - moldado no local - altura do aterro 5,00 a 7,50 m - areia extraída e brita produzida","m",11278.66]
[705307,"Corpo de BDCC 3,00 x 3,00 m - moldado no local - altura do aterro 7,50 a 10,00 m - areia e brita comerciais","m",14025.8]
[705306,"Corpo de BDCC 3,00 x 3,00 m - moldado no local - altura do aterro 7,50 a 10,00 m - areia extraída e brita produzida","m",12377.25]
[705169,"Corpo de BSCC 1,50 x 1,50 m - moldado no local - altura do aterro 0,00 a 1,00 m - areia e brita comerciais","m",2604.79]
[705168,"Corpo de BSCC 1,50 x 1,50 m - moldado no local - altura do aterro 0,00 a 1,00 m - areia extraída e brita produzida","m",2350.96]
[705171,"Corpo de BSCC 1,50 x 1,50 m - moldado no local - altura do aterro 1,00 a 2,50 m - areia e brita comerciais","m",2337.52]
[705170,"Corpo de BSCC 1,50 x 1,50 m - moldado no local - altura do aterro 1,00 a 2,50 m - areia extraída e brita produzida","m",2083.6999999999998]
[705179,"Corpo de BSCC 1,50 x 1,50 m - moldado no local - altura do aterro 10,00 a 12,50 m - areia e brita comerciais","m",3269.1]
[705178,"Corpo de BSCC 1,50 x 1,50 m - moldado no local - altura do aterro 10,00 a 12,50 m - areia extraída e brita produzida","m",2933.47]
[705181,"Corpo de BSCC 1,50 x 1,50 m - moldado no local - altura do aterro 12,50 a 15,00 m - areia e brita comerciais","m",3400.28]
[705180,"Corpo de BSCC 1,50 x 1,50 m - moldado no local - altura do aterro 12,50 a 15,00 m - areia extraída e brita produzida","m",3064.66]
[705173,"Corpo de BSCC 1,50 x 1,50 m - moldado no local - altura do aterro 2,50 a 5,00 m - areia e brita comerciais","m",2523.92]
[705172,"Corpo de BSCC 1,50 x 1,50 m - moldado no local - altura do aterro 2,50 a 5,00 m - areia extraída e brita produzida","m",2270.1]
[705175,"Corpo de BSCC 1,50 x 1,50 m - moldado no local - altura do aterro 5,00 a 7,50 m - areia e brita comerciais","m",2780.68]
[705174,"Corpo de BSCC 1,50 x 1,50 m - moldado no local - altura do aterro 5,00 a 7,50 m - areia extraída e brita produzida","m",2526.86]
[705177,"Corpo de BSCC 1,50 x 1,50 m - moldado no local - altura do aterro 7,50 a 10,00 m - areia e brita comerciais","m",3160.33]
[705176,"Corpo de BSCC 1,50 x 1,50 m - moldado no local - altura do aterro 7,50 a 10,00 m - areia extraída e brita produzida","m",2824.71]
[705183,"Corpo de BSCC 2,00 x 2,00 m - moldado no local - altura do aterro 0,00 a 1,00 m - areia e brita comerciais","m",3610.12]
[705182,"Corpo de BSCC 2,00 x 2,00 m - moldado no local - altura do aterro 0,00 a 1,00 m - areia extraída e brita produzida","m",3283.84]
[705185,"Corpo de BSCC 2,00 x 2,00 m - moldado no local - altura do aterro 1,00 a 2,50 m - areia e brita comerciais","m",3300.34]
[705184,"Corpo de BSCC 2,00 x 2,00 m - moldado no local - altura do aterro 1,00 a 2,50 m - areia extraída e brita produzida","m",2974.06]
[705193,"Corpo de BSCC 2,00 x 2,00 m - moldado no local - altura do aterro 10,00 a 12,50 m - areia e brita comerciais","m",4979.9799999999996]
[705192,"Corpo de BSCC 2,00 x 2,00 m - moldado no local - altura do aterro 10,00 a 12,50 m - areia extraída e brita produzida","m",4452.1400000000003]
[705195,"Corpo de BSCC 2,00 x 2,00 m - moldado no local - altura do aterro 12,50 a 15,00 m - areia e brita comerciais","m",5294.44]
[705194,"Corpo de BSCC 2,00 x 2,00 m - moldado no local - altura do aterro 12,50 a 15,00 m - areia extraída e brita produzida","m",4766.6000000000004]
[705187,"Corpo de BSCC 2,00 x 2,00 m - moldado no local - altura do aterro 2,50 a 5,00 m - areia e brita comerciais","m",3778.06]
[705186,"Corpo de BSCC 2,00 x 2,00 m - moldado no local - altura do aterro 2,50 a 5,00 m - areia extraída e brita produzida","m",3349.99]
[705189,"Corpo de BSCC 2,00 x 2,00 m - moldado no local - altura do aterro 5,00 a 7,50 m - areia e brita comerciais","m",4186.62]
[705188,"Corpo de BSCC 2,00 x 2,00 m - moldado no local - altura do aterro 5,00 a 7,50 m - areia extraída e brita produzida","m",3758.55]
[705191,"Corpo de BSCC 2,00 x 2,00 m - moldado no local - altura do aterro 7,50 a 10,00 m - areia e brita comerciais","m",4623.4799999999996]
[705190,"Corpo de BSCC 2,00 x 2,00 m - moldado no local - altura do aterro 7,50 a 10,00 m - areia extraída e brita produzida","m",4095.63]
[705197,"Corpo de BSCC 2,50 x 2,50 m - moldado no local - altura do aterro 0,00 a 1,00 m - areia e brita comerciais","m",4974.53]
[705196,"Corpo de BSCC 2,50 x 2,50 m - moldado no local - altura do aterro 0,00 a 1,00 m - areia extraída e brita produzida","m",4452.5200000000004]
[705199,"Corpo de BSCC 2,50 x 2,50 m - moldado no local - altura do aterro 1,00 a 2,50 m - areia e brita comerciais","m",4740.18]
[705198,"Corpo de BSCC 2,50 x 2,50 m - moldado no local - altura do aterro 1,00 a 2,50 m - areia extraída e brita produzida","m",4218.17]
[705207,"Corpo de BSCC 2,50 x 2,50 m - moldado no local - altura do aterro 10,00 a 12,50 m - areia e brita comerciais","m",7055.16]
[705206,"Corpo de BSCC 2,50 x 2,50 m - moldado no local - altura do aterro 10,00 a 12,50 m - areia extraída e brita produzida","m",6275.66]
[705209,"Corpo de BSCC 2,50 x 2,50 m - moldado no local - altura do aterro 12,50 a 15,00 m - areia e brita comerciais","m",8005.42]
[705208,"Corpo de BSCC 2,50 x 2,50 m - moldado no local - altura do aterro 12,50 a 15,00 m - areia extraída e brita produzida","m",7096.18]
[705201,"Corpo de BSCC 2,50 x 2,50 m - moldado no local - altura do aterro 2,50 a 5,00 m - areia e brita comerciais","m",5356.12]
[705200,"Corpo de BSCC 2,50 x 2,50 m - moldado no local - altura do aterro 2,50 a 5,00 m - areia extraída e brita produzida","m",4834.1000000000004]
[705203,"Corpo de BSCC 2,50 x 2,50 m - moldado no local - altura do aterro 5,00 a 7,50 m - areia e brita comerciais","m",5927.26]
[705202,"Corpo de BSCC 2,50 x 2,50 m - moldado no local - altura do aterro 5,00 a 7,50 m - areia extraída e brita produzida","m",5285.5]
[705205,"Corpo de BSCC 2,50 x 2,50 m - moldado no local - altura do aterro 7,50 a 10,00 m - areia e brita comerciais","m",6420.89]
[705204,"Corpo de BSCC 2,50 x 2,50 m - moldado no local - altura do aterro 7,50 a 10,00 m - areia extraída e brita produzida","m",5779.12]
[705211,"Corpo de BSCC 3,00 x 3,00 m - moldado no local - altura do aterro 0,00 a 1,00 m - areia e brita comerciais","m",6414.34]
[705210,"Corpo de BSCC 3,00 x 3,00 m - moldado no local - altura do aterro 0,00 a 1,00 m - areia extraída e brita produzida","m",5660.16]
[705213,"Corpo de BSCC 3,00 x 3,00 m - moldado no local - altura do aterro 1,00 a 2,50 m - areia e brita comerciais","m",6343.84]
[705212,"Corpo de BSCC 3,00 x 3,00 m - moldado no local - altura do aterro 1,00 a 2,50 m - areia extraída e brita produzida","m",5589.66]
[705221,"Corpo de BSCC 3,00 x 3,00 m - moldado no local - altura do aterro 10,00 a 12,50 m - areia e brita comerciais","m",9664.33]
[705220,"Corpo de BSCC 3,00 x 3,00 m - moldado no local - altura do aterro 10,00 a 12,50 m - areia extraída e brita produzida","m",8602.74]
[705223,"Corpo de BSCC 3,00 x 3,00 m - moldado no local - altura do aterro 12,50 a 15,00 m - areia e brita comerciais","m",10495.56]
[705222,"Corpo de BSCC 3,00 x 3,00 m - moldado no local - altura do aterro 12,50 a 15,00 m - areia extraída e brita produzida","m",9272.27]
[705215,"Corpo de BSCC 3,00 x 3,00 m - moldado no local - altura do aterro 2,50 a 5,00 m - areia e brita comerciais","m",7497.56]
[705214,"Corpo de BSCC 3,00 x 3,00 m - moldado no local - altura do aterro 2,50 a 5,00 m - areia extraída e brita produzida","m",6583.68]
[705217,"Corpo de BSCC 3,00 x 3,00 m - moldado no local - altura do aterro 5,00 a 7,50 m - areia e brita comerciais","m",8226.32]
[705216,"Corpo de BSCC 3,00 x 3,00 m - moldado no local - altura do aterro 5,00 a 7,50 m - areia extraída e brita produzida","m",7312.44]
[705219,"Corpo de BSCC 3,00 x 3,00 m - moldado no local - altura do aterro 7,50 a 10,00 m - areia e brita comerciais","m",8995.4500000000007]
[705218,"Corpo de BSCC 3,00 x 3,00 m - moldado no local - altura do aterro 7,50 a 10,00 m - areia extraída e brita produzida","m",7933.85]
[705346,"Corpo de BTCC 1,50 x 1,50 m - moldado no local - altura do aterro 0,00 a 1,00 m - areia e brita comerciais","m",6015.47]
[705345,"Corpo de BTCC 1,50 x 1,50 m - moldado no local - altura do aterro 0,00 a 1,00 m - areia extraída e brita produzida","m",5364.54]
[705348,"Corpo de BTCC 1,50 x 1,50 m - moldado no local - altura do aterro 1,00 a 2,50 m - areia e brita comerciais","m",5473.72]
[705347,"Corpo de BTCC 1,50 x 1,50 m - moldado no local - altura do aterro 1,00 a 2,50 m - areia extraída e brita produzida","m",4822.8]
[705356,"Corpo de BTCC 1,50 x 1,50 m - moldado no local - altura do aterro 10,00 a 12,50 m - areia e brita comerciais","m",7954.24]
[705355,"Corpo de BTCC 1,50 x 1,50 m - moldado no local - altura do aterro 10,00 a 12,50 m - areia extraída e brita produzida","m",7085.78]
[705358,"Corpo de BTCC 1,50 x 1,50 m - moldado no local - altura do aterro 12,50 a 15,00 m - areia e brita comerciais","m",8064.07]
[705357,"Corpo de BTCC 1,50 x 1,50 m - moldado no local - altura do aterro 12,50 a 15,00 m - areia extraída e brita produzida","m",7195.61]
[705350,"Corpo de BTCC 1,50 x 1,50 m - moldado no local - altura do aterro 2,50 a 5,00 m - areia e brita comerciais","m",5916.51]
[705349,"Corpo de BTCC 1,50 x 1,50 m - moldado no local - altura do aterro 2,50 a 5,00 m - areia extraída e brita produzida","m",5265.58]
[705352,"Corpo de BTCC 1,50 x 1,50 m - moldado no local - altura do aterro 5,00 a 7,50 m - areia e brita comerciais","m",6294.69]
[705351,"Corpo de BTCC 1,50 x 1,50 m - moldado no local - altura do aterro 5,00 a 7,50 m - areia extraída e brita produzida","m",5643.76]
[705354,"Corpo de BTCC 1,50 x 1,50 m - moldado no local - altura do aterro 7,50 a 10,00 m - areia e brita comerciais","m",6866.36]
[705353,"Corpo de BTCC 1,50 x 1,50 m - moldado no local - altura do aterro 7,50 a 10,00 m - areia extraída e brita produzida","m",6215.43]
[705360,"Corpo de BTCC 2,00 x 2,00 m - moldado no local - altura do aterro 0,00 a 1,00 m - areia e brita comerciais","m",8559.19]
[705359,"Corpo de BTCC 2,00 x 2,00 m - moldado no local - altura do aterro 0,00 a 1,00 m - areia extraída e brita produzida","m",7719.32]
[705362,"Corpo de BTCC 2,00 x 2,00 m - moldado no local - altura do aterro 1,00 a 2,50 m - areia e brita comerciais","m",7860.12]
[705361,"Corpo de BTCC 2,00 x 2,00 m - moldado no local - altura do aterro 1,00 a 2,50 m - areia extraída e brita produzida","m",7020.25]
[705370,"Corpo de BTCC 2,00 x 2,00 m - moldado no local - altura do aterro 10,00 a 12,50 m - areia e brita comerciais","m",11713.42]
[705369,"Corpo de BTCC 2,00 x 2,00 m - moldado no local - altura do aterro 10,00 a 12,50 m - areia extraída e brita produzida","m",10366.57]
[705372,"Corpo de BTCC 2,00 x 2,00 m - moldado no local - altura do aterro 12,50 a 15,00 m - areia e brita comerciais","m",12397.99]
[705371,"Corpo de BTCC 2,00 x 2,00 m - moldado no local - altura do aterro 12,50 a 15,00 m - areia extraída e brita produzida","m",11051.15]
[705364,"Corpo de BTCC 2,00 x 2,00 m - moldado no local - altura do aterro 2,50 a 5,00 m - areia e brita comerciais","m",8795.16]
[705363,"Corpo de BTCC 2,00 x 2,00 m - moldado no local - altura do aterro 2,50 a 5,00 m - areia extraída e brita produzida","m",7955.29]
[705366,"Corpo de BTCC 2,00 x 2,00 m - moldado no local - altura do aterro 5,00 a 7,50 m - areia e brita comerciais","m",9733.83]
[705365,"Corpo de BTCC 2,00 x 2,00 m - moldado no local - altura do aterro 5,00 a 7,50 m - areia extraída e brita produzida","m",8626.49]
[705368,"Corpo de BTCC 2,00 x 2,00 m - moldado no local - altura do aterro 7,50 a 10,00 m - areia e brita comerciais","m",10791.39]
[705367,"Corpo de BTCC 2,00 x 2,00 m - moldado no local - altura do aterro 7,50 a 10,00 m - areia extraída e brita produzida","m",9684.0400000000009]
[705374,"Corpo de BTCC 2,50 x 2,50 m - moldado no local - altura do aterro 0,00 a 1,00 m - areia e brita comerciais","m",11262.52]
[705373,"Corpo de BTCC 2,50 x 2,50 m - moldado no local - altura do aterro 0,00 a 1,00 m - areia extraída e brita produzida","m",10196.24]
[705376,"Corpo de BTCC 2,50 x 2,50 m - moldado no local - altura do aterro 1,00 a 2,50 m - areia e brita comerciais","m",10200.69]
[705375,"Corpo de BTCC 2,50 x 2,50 m - moldado no local - altura do aterro 1,00 a 2,50 m - areia extraída e brita produzida","m",9134.41]
[705384,"Corpo de BTCC 2,50 x 2,50 m - moldado no local - altura do aterro 10,00 a 12,50 m - areia e brita comerciais","m",15384.25]
[705383,"Corpo de BTCC 2,50 x 2,50 m - moldado no local - altura do aterro 10,00 a 12,50 m - areia extraída e brita produzida","m",13747.08]
[705386,"Corpo de BTCC 2,50 x 2,50 m - moldado no local - altura do aterro 12,50 a 15,00 m - areia e brita comerciais","m",16471.189999999999]
[705385,"Corpo de BTCC 2,50 x 2,50 m - moldado no local - altura do aterro 12,50 a 15,00 m - areia extraída e brita produzida","m",14834.01]
[705378,"Corpo de BTCC 2,50 x 2,50 m - moldado no local - altura do aterro 2,50 a 5,00 m - areia e brita comerciais","m",11662.64]
[705377,"Corpo de BTCC 2,50 x 2,50 m - moldado no local - altura do aterro 2,50 a 5,00 m - areia extraída e brita produzida","m",10314.9]
[705380,"Corpo de BTCC 2,50 x 2,50 m - moldado no local - altura do aterro 5,00 a 7,50 m - areia e brita comerciais","m",13064.67]
[705379,"Corpo de BTCC 2,50 x 2,50 m - moldado no local - altura do aterro 5,00 a 7,50 m - areia extraída e brita produzida","m",11716.94]
[705382,"Corpo de BTCC 2,50 x 2,50 m - moldado no local - altura do aterro 7,50 a 10,00 m - areia e brita comerciais","m",14482.69]
[705381,"Corpo de BTCC 2,50 x 2,50 m - moldado no local - altura do aterro 7,50 a 10,00 m - areia extraída e brita produzida","m",12845.51]
[705388,"Corpo de BTCC 3,00 x 3,00 m - moldado no local - altura do aterro 0,00 a 1,00 m - areia e brita comerciais","m",14332.08]
[705387,"Corpo de BTCC 3,00 x 3,00 m - moldado no local - altura do aterro 0,00 a 1,00 m - areia extraída e brita produzida","m",12745.46]
[705390,"Corpo de BTCC 3,00 x 3,00 m - moldado no local - altura do aterro 1,00 a 2,50 m - areia e brita comerciais","m",13580.92]
[705389,"Corpo de BTCC 3,00 x 3,00 m - moldado no local - altura do aterro 1,00 a 2,50 m - areia extraída e brita produzida","m",11994.3]
[705399,"Corpo de BTCC 3,00 x 3,00 m - moldado no local - altura do aterro 10,00 a 12,50 m - areia e brita comerciais","m",20743.509999999998]
[705398,"Corpo de BTCC 3,00 x 3,00 m - moldado no local - altura do aterro 10,00 a 12,50 m - areia extraída e brita produzida","m",18358.3]
[705401,"Corpo de BTCC 3,00 x 3,00 m - moldado no local - altura do aterro 12,50 a 15,00 m - areia e brita comerciais","m",22215.52]
[705400,"Corpo de BTCC 3,00 x 3,00 m - moldado no local - altura do aterro 12,50 a 15,00 m - areia extraída e brita produzida","m",19830.310000000001]
[705392,"Corpo de BTCC 3,00 x 3,00 m - moldado no local - altura do aterro 2,50 a 5,00 m - areia e brita comerciais","m",15536.71]
[705391,"Corpo de BTCC 3,00 x 3,00 m - moldado no local - altura do aterro 2,50 a 5,00 m - areia extraída e brita produzida","m",13610.72]
[705395,"Corpo de BTCC 3,00 x 3,00 m - moldado no local - altura do aterro 5,00 a 7,50 m - areia e brita comerciais","m",17489.48]
[705394,"Corpo de BTCC 3,00 x 3,00 m - moldado no local - altura do aterro 5,00 a 7,50 m - areia extraída e brita produzida","m",15563.49]
[705397,"Corpo de BTCC 3,00 x 3,00 m - moldado no local - altura do aterro 7,50 a 10,00 m - areia e brita comerciais","m",19338.21]
[705396,"Corpo de BTCC 3,00 x 3,00 m - moldado no local - altura do aterro 7,50 a 10,00 m - areia extraída e brita produzida","m",16953]
[804213,"Boca de BDTC D = 0,80 m - esconsidade 0° - areia e brita comerciais - alas retas","un",1803.29]
[804212,"Boca de BDTC D = 0,80 m - esconsidade 0° - areia extraída e brita produzida - alas retas","un",1412.4]
[804217,"Boca de BDTC D = 0,80 m - esconsidade 10° - areia e brita comerciais - alas retas","un",1812.57]
[804216,"Boca de BDTC D = 0,80 m - esconsidade 10° - areia extraída e brita produzida - alas retas","un",1420.88]
[804219,"Boca de BDTC D = 0,80 m - esconsidade 15° - areia e brita comerciais - alas retas","un",1824.15]
[804218,"Boca de BDTC D = 0,80 m - esconsidade 15° - areia extraída e brita produzida - alas retas","un",1431.66]
[804221,"Boca de BDTC D = 0,80 m - esconsidade 20° - areia e brita comerciais - alas retas","un",1842.87]
[804220,"Boca de BDTC D = 0,80 m - esconsidade 20° - areia extraída e brita produzida - alas retas","un",1448.99]
[804223,"Boca de BDTC D = 0,80 m - esconsidade 25° - areia e brita comerciais - alas retas","un",1867.39]
[804222,"Boca de BDTC D = 0,80 m - esconsidade 25° - areia extraída e brita produzida - alas retas","un",1471.7]
[804225,"Boca de BDTC D = 0,80 m - esconsidade 30° - areia e brita comerciais - alas retas","un",1899.39]
[804224,"Boca de BDTC D = 0,80 m - esconsidade 30° - areia extraída e brita produzida - alas retas","un",1501.71]
[804227,"Boca de BDTC D = 0,80 m - esconsidade 35° - areia e brita comerciais - alas retas","un",1942.53]
[804226,"Boca de BDTC D = 0,80 m - esconsidade 35° - areia extraída e brita produzida - alas retas","un",1542.45]
[804229,"Boca de BDTC D = 0,80 m - esconsidade 40° - areia e brita comerciais - alas retas","un",1998.51]
[804228,"Boca de BDTC D = 0,80 m - esconsidade 40° - areia extraída e brita produzida - alas retas","un",1595.84]
[804231,"Boca de BDTC D = 0,80 m - esconsidade 45° - areia e brita comerciais - alas retas","un",2074.8200000000002]
[804230,"Boca de BDTC D = 0,80 m - esconsidade 45° - areia extraída e brita produzida - alas retas","un",1669.15]
[804215,"Boca de BDTC D = 0,80 m - esconsidade 5° - areia e brita comerciais - alas retas","un",1805.42]
[804214,"Boca de BDTC D = 0,80 m - esconsidade 5° - areia extraída e brita produzida - alas retas","un",1414.33]
[804417,"Boca de BDTC D = 1,00 m - esconsidade 0° - areia e brita comerciais - alas esconsas","un",4670.91]
[804233,"Boca de BDTC D = 1,00 m - esconsidade 0° - areia e brita comerciais - alas retas","un",2699.56]
[804416,"Boca de BDTC D = 1,00 m - esconsidade 0° - areia extraída e brita produzida - alas esconsas","un",3651.04]
[804232,"Boca de BDTC D = 1,00 m - esconsidade 0° - areia extraída e brita produzida - alas retas","un",2092.9499999999998]
[804237,"Boca de BDTC D = 1,00 m - esconsidade 10° - areia e brita comerciais - alas retas","un",2713.69]
[804236,"Boca de BDTC D = 1,00 m - esconsidade 10° - areia extraída e brita produzida - alas retas","un",2105.69]
[804419,"Boca de BDTC D = 1,00 m - esconsidade 15° - areia e brita comerciais - alas esconsas","un",4887.4399999999996]
[804239,"Boca de BDTC D = 1,00 m - esconsidade 15° - areia e brita comerciais - alas retas","un",2732.09]
[804418,"Boca de BDTC D = 1,00 m - esconsidade 15° - areia extraída e brita produzida - alas esconsas","un",3818.83]
[804238,"Boca de BDTC D = 1,00 m - esconsidade 15° - areia extraída e brita produzida - alas retas","un",2122.2800000000002]
[804241,"Boca de BDTC D = 1,00 m - esconsidade 20° - areia e brita comerciais - alas retas","un",2758.4]
[804240,"Boca de BDTC D = 1,00 m - esconsidade 20° - areia extraída e brita produzida - alas retas","un",2146.1999999999998]
[804243,"Boca de BDTC D = 1,00 m - esconsidade 25° - areia e brita comerciais - alas retas","un",2794.16]
[804242,"Boca de BDTC D = 1,00 m - esconsidade 25° - areia extraída e brita produzida - alas retas","un",2178.96]
[804421,"Boca de BDTC D = 1,00 m - esconsidade 30° - areia e brita comerciais - alas esconsas","un",5456.4]
[804245,"Boca de BDTC D = 1,00 m - esconsidade 30° - areia e brita comerciais - alas retas","un",2842.26]
[804420,"Boca de BDTC D = 1,00 m - esconsidade 30° - areia extraída e brita produzida - alas esconsas","un",4260.5600000000004]
[804244,"Boca de BDTC D = 1,00 m - esconsidade 30° - areia extraída e brita produzida - alas retas","un",2223.27]
[804247,"Boca de BDTC D = 1,00 m - esconsidade 35° - areia e brita comerciais - alas retas","un",2904.57]
[804246,"Boca de BDTC D = 1,00 m - esconsidade 35° - areia extraída e brita produzida - alas retas","un",2281.38]
[804249,"Boca de BDTC D = 1,00 m - esconsidade 40° - areia e brita comerciais - alas retas","un",2987.62]
[804248,"Boca de BDTC D = 1,00 m - esconsidade 40° - areia extraída e brita produzida - alas retas","un",2359.44]
[804423,"Boca de BDTC D = 1,00 m - esconsidade 45° - areia e brita comerciais - alas esconsas","un",6764.64]
[804251,"Boca de BDTC D = 1,00 m - esconsidade 45° - areia e brita comerciais - alas retas","un",3097.29]
[804422,"Boca de BDTC D = 1,00 m - esconsidade 45° - areia extraída e brita produzida - alas esconsas","un",5272.58]
[804250,"Boca de BDTC D = 1,00 m - esconsidade 45° - areia extraída e brita produzida - alas retas","un",2463.92]
[804235,"Boca de BDTC D = 1,00 m - esconsidade 5° - areia e brita comerciais - alas retas","un",2703.05]
[804234,"Boca de BDTC D = 1,00 m - esconsidade 5° - areia extraída e brita produzida - alas retas","un",2096.04]
[804425,"Boca de BDTC D = 1,20 m - esconsidade 0° - areia e brita comerciais - alas esconsas","un",6848.07]
[804253,"Boca de BDTC D = 1,20 m - esconsidade 0° - areia e brita comerciais - alas retas","un",3781.6]
[804424,"Boca de BDTC D = 1,20 m - esconsidade 0° - areia extraída e brita produzida - alas esconsas","un",5272.32]
[804252,"Boca de BDTC D = 1,20 m - esconsidade 0° - areia extraída e brita produzida - alas retas","un",2901.14]
[804257,"Boca de BDTC D = 1,20 m - esconsidade 10° - areia e brita comerciais - alas retas","un",3802.99]
[804256,"Boca de BDTC D = 1,20 m - esconsidade 10° - areia extraída e brita produzida - alas retas","un",2919.74]
[804427,"Boca de BDTC D = 1,20 m - esconsidade 15° - areia e brita comerciais - alas esconsas","un",7182.51]
[804259,"Boca de BDTC D = 1,20 m - esconsidade 15° - areia e brita comerciais - alas retas","un",3830]
[804426,"Boca de BDTC D = 1,20 m - esconsidade 15° - areia extraída e brita produzida - alas esconsas","un",5526.87]
[804258,"Boca de BDTC D = 1,20 m - esconsidade 15° - areia extraída e brita produzida - alas retas","un",2943.35]
[804261,"Boca de BDTC D = 1,20 m - esconsidade 20° - areia e brita comerciais - alas retas","un",3869.62]
[804260,"Boca de BDTC D = 1,20 m - esconsidade 20° - areia extraída e brita produzida - alas retas","un",2978.18]
[804263,"Boca de BDTC D = 1,20 m - esconsidade 25° - areia e brita comerciais - alas retas","un",3923.38]
[804262,"Boca de BDTC D = 1,20 m - esconsidade 25° - areia extraída e brita produzida - alas retas","un",3025.74]
[804429,"Boca de BDTC D = 1,20 m - esconsidade 30° - areia e brita comerciais - alas esconsas","un",8022.35]
[804265,"Boca de BDTC D = 1,20 m - esconsidade 30° - areia e brita comerciais - alas retas","un",3994.5]
[804428,"Boca de BDTC D = 1,20 m - esconsidade 30° - areia extraída e brita produzida - alas esconsas","un",6167.76]
[804264,"Boca de BDTC D = 1,20 m - esconsidade 30° - areia extraída e brita produzida - alas retas","un",3089.48]
[804267,"Boca de BDTC D = 1,20 m - esconsidade 35° - areia e brita comerciais - alas retas","un",4084.68]
[804266,"Boca de BDTC D = 1,20 m - esconsidade 35° - areia extraída e brita produzida - alas retas","un",3171.27]
[804269,"Boca de BDTC D = 1,20 m - esconsidade 40° - areia e brita comerciais - alas retas","un",4203.53]
[804268,"Boca de BDTC D = 1,20 m - esconsidade 40° - areia extraída e brita produzida - alas retas","un",3280.33]
[804431,"Boca de BDTC D = 1,20 m - esconsidade 45° - areia e brita comerciais - alas esconsas","un",9962.4]
[804271,"Boca de BDTC D = 1,20 m - esconsidade 45° - areia e brita comerciais - alas retas","un",4360.57]
[804430,"Boca de BDTC D = 1,20 m - esconsidade 45° - areia extraída e brita produzida - alas esconsas","un",7644.02]
[804270,"Boca de BDTC D = 1,20 m - esconsidade 45° - areia extraída e brita produzida - alas retas","un",3426.59]
[804255,"Boca de BDTC D = 1,20 m - esconsidade 5° - areia e brita comerciais - alas retas","un",3787.05]
[804254,"Boca de BDTC D = 1,20 m - esconsidade 5° - areia extraída e brita produzida - alas retas","un",2905.8]
[804433,"Boca de BDTC D = 1,50 m - esconsidade 0° - areia e brita comerciais - alas esconsas","un",12290.77]
[804273,"Boca de BDTC D = 1,50 m - esconsidade 0° - areia e brita comerciais - alas retas","un",6540.44]
[804432,"Boca de BDTC D = 1,50 m - esconsidade 0° - areia extraída e brita produzida - alas esconsas","un",9267.1]
[804272,"Boca de BDTC D = 1,50 m - esconsidade 0° - areia extraída e brita produzida - alas retas","un",4965.49]
[804277,"Boca de BDTC D = 1,50 m - esconsidade 10° - areia e brita comerciais - alas retas","un",6573.17]
[804276,"Boca de BDTC D = 1,50 m - esconsidade 10° - areia extraída e brita produzida - alas retas","un",4993.43]
[804435,"Boca de BDTC D = 1,50 m - esconsidade 15° - areia e brita comerciais - alas esconsas","un",12903.54]
[804279,"Boca de BDTC D = 1,50 m - esconsidade 15° - areia e brita comerciais - alas retas","un",6614.09]
[804434,"Boca de BDTC D = 1,50 m - esconsidade 15° - areia extraída e brita produzida - alas esconsas","un",9725.27]
[804278,"Boca de BDTC D = 1,50 m - esconsidade 15° - areia extraída e brita produzida - alas retas","un",5028.3599999999997]
[804281,"Boca de BDTC D = 1,50 m - esconsidade 20° - areia e brita comerciais - alas retas","un",6673.84]
[804280,"Boca de BDTC D = 1,50 m - esconsidade 20° - areia extraída e brita produzida - alas retas","un",5079.92]
[804283,"Boca de BDTC D = 1,50 m - esconsidade 25° - areia e brita comerciais - alas retas","un",6754.71]
[804282,"Boca de BDTC D = 1,50 m - esconsidade 25° - areia extraída e brita produzida - alas retas","un",5150.3999999999996]
[804437,"Boca de BDTC D = 1,50 m - esconsidade 30° - areia e brita comerciais - alas esconsas","un",14460.1]
[804285,"Boca de BDTC D = 1,50 m - esconsidade 30° - areia e brita comerciais - alas retas","un",6860.37]
[804436,"Boca de BDTC D = 1,50 m - esconsidade 30° - areia extraída e brita produzida - alas esconsas","un",10889.55]
[804284,"Boca de BDTC D = 1,50 m - esconsidade 30° - areia extraída e brita produzida - alas retas","un",5243.27]
[804287,"Boca de BDTC D = 1,50 m - esconsidade 35° - areia e brita comerciais - alas retas","un",6995.89]
[804286,"Boca de BDTC D = 1,50 m - esconsidade 35° - areia extraída e brita produzida - alas retas","un",5364.21]
[804289,"Boca de BDTC D = 1,50 m - esconsidade 40° - areia e brita comerciais - alas retas","un",7171.66]
[804288,"Boca de BDTC D = 1,50 m - esconsidade 40° - areia extraída e brita produzida - alas retas","un",5523.21]
[804439,"Boca de BDTC D = 1,50 m - esconsidade 45° - areia e brita comerciais - alas esconsas","un",18033.650000000001]
[804291,"Boca de BDTC D = 1,50 m - esconsidade 45° - areia e brita comerciais - alas retas","un",7401.19]
[804438,"Boca de BDTC D = 1,50 m - esconsidade 45° - areia extraída e brita produzida - alas esconsas","un",13555.08]
[804290,"Boca de BDTC D = 1,50 m - esconsidade 45° - areia extraída e brita produzida - alas retas","un",5734.36]
[804275,"Boca de BDTC D = 1,50 m - esconsidade 5° - areia e brita comerciais - alas retas","un",6548.62]
[804274,"Boca de BDTC D = 1,50 m - esconsidade 5° - areia extraída e brita produzida - alas retas","un",4972.4799999999996]
[804061,"Boca de BSTC D = 0,40 m - esconsidade 0° - areia e brita comerciais - alas retas","un",428.55]
[804060,"Boca de BSTC D = 0,40 m - esconsidade 0° - areia extraída e brita produzida - alas retas","un",344.06]
[804065,"Boca de BSTC D = 0,40 m - esconsidade 10° - areia e brita comerciais - alas retas","un",430.08]
[804064,"Boca de BSTC D = 0,40 m - esconsidade 10° - areia extraída e brita produzida - alas retas","un",345.59]
[804067,"Boca de BSTC D = 0,40 m - esconsidade 15° - areia e brita comerciais - alas retas","un",431.61]
[804066,"Boca de BSTC D = 0,40 m - esconsidade 15° - areia extraída e brita produzida - alas retas","un",347.12]
[804069,"Boca de BSTC D = 0,40 m - esconsidade 20° - areia e brita comerciais - alas retas","un",434.5]
[804068,"Boca de BSTC D = 0,40 m - esconsidade 20° - areia extraída e brita produzida - alas retas","un",349.81]
[804071,"Boca de BSTC D = 0,40 m - esconsidade 25° - areia e brita comerciais - alas retas","un",438.32]
[804070,"Boca de BSTC D = 0,40 m - esconsidade 25° - areia extraída e brita produzida - alas retas","un",353.63]
[804073,"Boca de BSTC D = 0,40 m - esconsidade 30° - areia e brita comerciais - alas retas","un",443.51]
[804072,"Boca de BSTC D = 0,40 m - esconsidade 30° - areia extraída e brita produzida - alas retas","un",358.62]
[804075,"Boca de BSTC D = 0,40 m - esconsidade 35° - areia e brita comerciais - alas retas","un",450.4]
[804074,"Boca de BSTC D = 0,40 m - esconsidade 35° - areia extraída e brita produzida - alas retas","un",365.51]
[804077,"Boca de BSTC D = 0,40 m - esconsidade 40° - areia e brita comerciais - alas retas","un",459.41]
[804076,"Boca de BSTC D = 0,40 m - esconsidade 40° - areia extraída e brita produzida - alas retas","un",374.32]
[804079,"Boca de BSTC D = 0,40 m - esconsidade 45° - areia e brita comerciais - alas retas","un",473.02]
[804078,"Boca de BSTC D = 0,40 m - esconsidade 45° - areia extraída e brita produzida - alas retas","un",387.73]
[804063,"Boca de BSTC D = 0,40 m - esconsidade 5° - areia e brita comerciais - alas retas","un",429.31]
[804062,"Boca de BSTC D = 0,40 m - esconsidade 5° - areia extraída e brita produzida - alas retas","un",344.82]
[804377,"Boca de BSTC D = 0,60 m - esconsidade 0° - areia e brita comerciais - alas esconsas","un",1260.53]
[804081,"Boca de BSTC D = 0,60 m - esconsidade 0° - areia e brita comerciais - alas retas","un",877.24]
[804376,"Boca de BSTC D = 0,60 m - esconsidade 0° - areia extraída e brita produzida - alas esconsas","un",1030.23]
[804080,"Boca de BSTC D = 0,60 m - esconsidade 0° - areia extraída e brita produzida - alas retas","un",691.08]
[804085,"Boca de BSTC D = 0,60 m - esconsidade 10° - areia e brita comerciais - alas retas","un",880.13]
[804084,"Boca de BSTC D = 0,60 m - esconsidade 10° - areia extraída e brita produzida - alas retas","un",693.77]
[804379,"Boca de BSTC D = 0,60 m - esconsidade 15° - areia e brita comerciais - alas esconsas","un",1098.26]
[804087,"Boca de BSTC D = 0,60 m - esconsidade 15° - areia e brita comerciais - alas retas","un",883.19]
[804378,"Boca de BSTC D = 0,60 m - esconsidade 15° - areia extraída e brita produzida - alas esconsas","un",854.98]
[804086,"Boca de BSTC D = 0,60 m - esconsidade 15° - areia extraída e brita produzida - alas retas","un",696.83]
[804089,"Boca de BSTC D = 0,60 m - esconsidade 20° - areia e brita comerciais - alas retas","un",888.38]
[804088,"Boca de BSTC D = 0,60 m - esconsidade 20° - areia extraída e brita produzida - alas retas","un",701.82]
[804091,"Boca de BSTC D = 0,60 m - esconsidade 25° - areia e brita comerciais - alas retas","un",895.1]
[804090,"Boca de BSTC D = 0,60 m - esconsidade 25° - areia extraída e brita produzida - alas retas","un",708.34]
[804381,"Boca de BSTC D = 0,60 m - esconsidade 30° - areia e brita comerciais - alas esconsas","un",1492.88]
[804093,"Boca de BSTC D = 0,60 m - esconsidade 30° - areia e brita comerciais - alas retas","un",904.71]
[804380,"Boca de BSTC D = 0,60 m - esconsidade 30° - areia extraída e brita produzida - alas esconsas","un",1217.24]
[804092,"Boca de BSTC D = 0,60 m - esconsidade 30° - areia extraída e brita produzida - alas retas","un",717.55]
[804095,"Boca de BSTC D = 0,60 m - esconsidade 35° - areia e brita comerciais - alas retas","un",917.55]
[804094,"Boca de BSTC D = 0,60 m - esconsidade 35° - areia extraída e brita produzida - alas retas","un",730.19]
[804097,"Boca de BSTC D = 0,60 m - esconsidade 40° - areia e brita comerciais - alas retas","un",934.05]
[804096,"Boca de BSTC D = 0,60 m - esconsidade 40° - areia extraída e brita produzida - alas retas","un",746.29]
[804383,"Boca de BSTC D = 0,60 m - esconsidade 45° - areia e brita comerciais - alas esconsas","un",1848.43]
[804099,"Boca de BSTC D = 0,60 m - esconsidade 45° - areia e brita comerciais - alas retas","un",957.43]
[804382,"Boca de BSTC D = 0,60 m - esconsidade 45° - areia extraída e brita produzida - alas esconsas","un",1504.48]
[804098,"Boca de BSTC D = 0,60 m - esconsidade 45° - areia extraída e brita produzida - alas retas","un",769.28]
[804083,"Boca de BSTC D = 0,60 m - esconsidade 5° - areia e brita comerciais - alas retas","un",878]
[804082,"Boca de BSTC D = 0,60 m - esconsidade 5° - areia extraída e brita produzida - alas retas","un",691.84]
[804385,"Boca de BSTC D = 0,80 m - esconsidade 0° - areia e brita comerciais - alas esconsas","un",2136.2800000000002]
[804101,"Boca de BSTC D = 0,80 m - esconsidade 0° - areia e brita comerciais - alas retas","un",1492.21]
[804384,"Boca de BSTC D = 0,80 m - esconsidade 0° - areia extraída e brita produzida - alas esconsas","un",1708.84]
[804100,"Boca de BSTC D = 0,80 m - esconsidade 0° - areia extraída e brita produzida - alas retas","un",1168.83]
[804105,"Boca de BSTC D = 0,80 m - esconsidade 10° - areia e brita comerciais - alas retas","un",1496.64]
[804104,"Boca de BSTC D = 0,80 m - esconsidade 10° - areia extraída e brita produzida - alas retas","un",1173.06]
[804387,"Boca de BSTC D = 0,80 m - esconsidade 15° - areia e brita comerciais - alas esconsas","un",2252.19]
[804107,"Boca de BSTC D = 0,80 m - esconsidade 15° - areia e brita comerciais - alas retas","un",1502.59]
[804386,"Boca de BSTC D = 0,80 m - esconsidade 15° - areia extraída e brita produzida - alas esconsas","un",1800.38]
[804106,"Boca de BSTC D = 0,80 m - esconsidade 15° - areia extraída e brita produzida - alas retas","un",1178.81]
[804109,"Boca de BSTC D = 0,80 m - esconsidade 20° - areia e brita comerciais - alas retas","un",1511.6]
[804108,"Boca de BSTC D = 0,80 m - esconsidade 20° - areia extraída e brita produzida - alas retas","un",1187.6199999999999]
[804111,"Boca de BSTC D = 0,80 m - esconsidade 25° - areia e brita comerciais - alas retas","un",1523.51]
[804110,"Boca de BSTC D = 0,80 m - esconsidade 25° - areia extraída e brita produzida - alas retas","un",1199.1300000000001]
[804389,"Boca de BSTC D = 0,80 m - esconsidade 30° - areia e brita comerciais - alas esconsas","un",2517.5500000000002]
[804113,"Boca de BSTC D = 0,80 m - esconsidade 30° - areia e brita comerciais - alas retas","un",1539.84]
[804388,"Boca de BSTC D = 0,80 m - esconsidade 30° - areia extraída e brita produzida - alas esconsas","un",2010.41]
[804112,"Boca de BSTC D = 0,80 m - esconsidade 30° - areia extraída e brita produzida - alas retas","un",1214.8699999999999]
[804115,"Boca de BSTC D = 0,80 m - esconsidade 35° - areia e brita comerciais - alas retas","un",1562.29]
[804114,"Boca de BSTC D = 0,80 m - esconsidade 35° - areia extraída e brita produzida - alas retas","un",1236.72]
[804117,"Boca de BSTC D = 0,80 m - esconsidade 40° - areia e brita comerciais - alas retas","un",1591.63]
[804116,"Boca de BSTC D = 0,80 m - esconsidade 40° - areia extraída e brita produzida - alas retas","un",1265.46]
[804391,"Boca de BSTC D = 0,80 m - esconsidade 45° - areia e brita comerciais - alas esconsas","un",3131.19]
[804119,"Boca de BSTC D = 0,80 m - esconsidade 45° - areia e brita comerciais - alas retas","un",1631.68]
[804390,"Boca de BSTC D = 0,80 m - esconsidade 45° - areia extraída e brita produzida - alas esconsas","un",2494.42]
[804118,"Boca de BSTC D = 0,80 m - esconsidade 45° - areia extraída e brita produzida - alas retas","un",1304.9000000000001]
[804103,"Boca de BSTC D = 0,80 m - esconsidade 5° - areia e brita comerciais - alas retas","un",1493.74]
[804102,"Boca de BSTC D = 0,80 m - esconsidade 5° - areia extraída e brita produzida - alas retas","un",1170.3599999999999]
[804393,"Boca de BSTC D = 1,00 m - esconsidade 0° - areia e brita comerciais - alas esconsas","un",3336.01]
[804121,"Boca de BSTC D = 1,00 m - esconsidade 0° - areia e brita comerciais - alas retas","un",2246.31]
[804392,"Boca de BSTC D = 1,00 m - esconsidade 0° - areia extraída e brita produzida - alas esconsas","un",2623.54]
[804120,"Boca de BSTC D = 1,00 m - esconsidade 0° - areia extraída e brita produzida - alas retas","un",1744.16]
[804125,"Boca de BSTC D = 1,00 m - esconsidade 10° - areia e brita comerciais - alas retas","un",2252.2600000000002]
[804124,"Boca de BSTC D = 1,00 m - esconsidade 10° - areia extraída e brita produzida - alas retas","un",1749.91]
[804395,"Boca de BSTC D = 1,00 m - esconsidade 15° - areia e brita comerciais - alas esconsas","un",3505.66]
[804127,"Boca de BSTC D = 1,00 m - esconsidade 15° - areia e brita comerciais - alas retas","un",2261.11]
[804394,"Boca de BSTC D = 1,00 m - esconsidade 15° - areia extraída e brita produzida - alas esconsas","un",2755.23]
[804126,"Boca de BSTC D = 1,00 m - esconsidade 15° - areia extraída e brita produzida - alas retas","un",1758.36]
[804129,"Boca de BSTC D = 1,00 m - esconsidade 20° - areia e brita comerciais - alas retas","un",2273.61]
[804128,"Boca de BSTC D = 1,00 m - esconsidade 20° - areia extraída e brita produzida - alas retas","un",1770.27]
[804131,"Boca de BSTC D = 1,00 m - esconsidade 25° - areia e brita comerciais - alas retas","un",2290.71]
[804130,"Boca de BSTC D = 1,00 m - esconsidade 25° - areia extraída e brita produzida - alas retas","un",1786.77]
[804397,"Boca de BSTC D = 1,00 m - esconsidade 30° - areia e brita comerciais - alas esconsas","un",3910.16]
[804133,"Boca de BSTC D = 1,00 m - esconsidade 30° - areia e brita comerciais - alas retas","un",2314.5300000000002]
[804396,"Boca de BSTC D = 1,00 m - esconsidade 30° - areia extraída e brita produzida - alas esconsas","un",3070.26]
[804132,"Boca de BSTC D = 1,00 m - esconsidade 30° - areia extraída e brita produzida - alas retas","un",1809.78]
[804135,"Boca de BSTC D = 1,00 m - esconsidade 35° - areia e brita comerciais - alas retas","un",2345.23]
[804134,"Boca de BSTC D = 1,00 m - esconsidade 35° - areia extraída e brita produzida - alas retas","un",1839.69]
[804137,"Boca de BSTC D = 1,00 m - esconsidade 40° - areia e brita comerciais - alas retas","un",2311.5]
[804136,"Boca de BSTC D = 1,00 m - esconsidade 40° - areia extraída e brita produzida - alas retas","un",1804.96]
[804399,"Boca de BSTC D = 1,00 m - esconsidade 45° - areia e brita comerciais - alas esconsas","un",4876.25]
[804139,"Boca de BSTC D = 1,00 m - esconsidade 45° - areia e brita comerciais - alas retas","un",2445.91]
[804398,"Boca de BSTC D = 1,00 m - esconsidade 45° - areia extraída e brita produzida - alas esconsas","un",3819.02]
[804138,"Boca de BSTC D = 1,00 m - esconsidade 45° - areia extraída e brita produzida - alas retas","un",1938.17]
[804123,"Boca de BSTC D = 1,00 m - esconsidade 5° - areia e brita comerciais - alas retas","un",2247.0700000000002]
[804122,"Boca de BSTC D = 1,00 m - esconsidade 5° - areia extraída e brita produzida - alas retas","un",1744.92]
[804401,"Boca de BSTC D = 1,20 m - esconsidade 0° - areia e brita comerciais - alas esconsas","un",4877.6000000000004]
[804141,"Boca de BSTC D = 1,20 m - esconsidade 0° - areia e brita comerciais - alas retas","un",3143.68]
[804400,"Boca de BSTC D = 1,20 m - esconsidade 0° - areia extraída e brita produzida - alas esconsas","un",3777.83]
[804140,"Boca de BSTC D = 1,20 m - esconsidade 0° - areia extraída e brita produzida - alas retas","un",2417.0300000000002]
[804145,"Boca de BSTC D = 1,20 m - esconsidade 10° - areia e brita comerciais - alas retas","un",3153.73]
[804144,"Boca de BSTC D = 1,20 m - esconsidade 10° - areia extraída e brita produzida - alas retas","un",2426.27]
[804403,"Boca de BSTC D = 1,20 m - esconsidade 15° - areia e brita comerciais - alas esconsas","un",5140.04]
[804147,"Boca de BSTC D = 1,20 m - esconsidade 15° - areia e brita comerciais - alas retas","un",3166.07]
[804402,"Boca de BSTC D = 1,20 m - esconsidade 15° - areia extraída e brita produzida - alas esconsas","un",3977.76]
[804146,"Boca de BSTC D = 1,20 m - esconsidade 15° - areia extraída e brita produzida - alas retas","un",2437.8200000000002]
[804149,"Boca de BSTC D = 1,20 m - esconsidade 20° - areia e brita comerciais - alas retas","un",3184.8]
[804148,"Boca de BSTC D = 1,20 m - esconsidade 20° - areia extraída e brita produzida - alas retas","un",2455.15]
[804151,"Boca de BSTC D = 1,20 m - esconsidade 25° - areia e brita comerciais - alas retas","un",3210.24]
[804150,"Boca de BSTC D = 1,20 m - esconsidade 25° - areia extraída e brita produzida - alas retas","un",2478.9899999999998]
[804405,"Boca de BSTC D = 1,20 m - esconsidade 30° - areia e brita comerciais - alas esconsas","un",5750.8]
[804153,"Boca de BSTC D = 1,20 m - esconsidade 30° - areia e brita comerciais - alas retas","un",3244.54]
[804404,"Boca de BSTC D = 1,20 m - esconsidade 30° - areia extraída e brita produzida - alas esconsas","un",4445.3]
[804152,"Boca de BSTC D = 1,20 m - esconsidade 30° - areia extraída e brita produzida - alas retas","un",2511.29]
[804155,"Boca de BSTC D = 1,20 m - esconsidade 35° - areia e brita comerciais - alas retas","un",3288.61]
[804154,"Boca de BSTC D = 1,20 m - esconsidade 35° - areia extraída e brita produzida - alas retas","un",2553.17]
[804157,"Boca de BSTC D = 1,20 m - esconsidade 40° - areia e brita comerciais - alas retas","un",3349.18]
[804156,"Boca de BSTC D = 1,20 m - esconsidade 40° - areia extraída e brita produzida - alas retas","un",2611.14]
[804407,"Boca de BSTC D = 1,20 m - esconsidade 45° - areia e brita comerciais - alas esconsas","un",7181.74]
[804159,"Boca de BSTC D = 1,20 m - esconsidade 45° - areia e brita comerciais - alas retas","un",3429.48]
[804406,"Boca de BSTC D = 1,20 m - esconsidade 45° - areia extraída e brita produzida - alas esconsas","un",5535.28]
[804158,"Boca de BSTC D = 1,20 m - esconsidade 45° - areia extraída e brita produzida - alas retas","un",2688.64]
[804143,"Boca de BSTC D = 1,20 m - esconsidade 5° - areia e brita comerciais - alas retas","un",3146.58]
[804142,"Boca de BSTC D = 1,20 m - esconsidade 5° - areia extraída e brita produzida - alas retas","un",2419.7199999999998]
[804409,"Boca de BSTC D = 1,50 m - esconsidade 0° - areia e brita comerciais - alas esconsas","un",8964.07]
[804161,"Boca de BSTC D = 1,50 m - esconsidade 0° - areia e brita comerciais - alas retas","un",5445.29]
[804408,"Boca de BSTC D = 1,50 m - esconsidade 0° - areia extraída e brita produzida - alas esconsas","un",6804.88]
[804160,"Boca de BSTC D = 1,50 m - esconsidade 0° - areia extraída e brita produzida - alas retas","un",4149.58]
[804165,"Boca de BSTC D = 1,50 m - esconsidade 10° - areia e brita comerciais - alas retas","un",5458.99]
[804164,"Boca de BSTC D = 1,50 m - esconsidade 10° - areia extraída e brita produzida - alas retas","un",4162.28]
[804411,"Boca de BSTC D = 1,50 m - esconsidade 15° - areia e brita comerciais - alas esconsas","un",9459.19]
[804167,"Boca de BSTC D = 1,50 m - esconsidade 15° - areia e brita comerciais - alas retas","un",5476.96]
[804410,"Boca de BSTC D = 1,50 m - esconsidade 15° - areia extraída e brita produzida - alas esconsas","un",7175.96]
[804166,"Boca de BSTC D = 1,50 m - esconsidade 15° - areia extraída e brita produzida - alas retas","un",4178.8500000000004]
[804169,"Boca de BSTC D = 1,50 m - esconsidade 20° - areia e brita comerciais - alas retas","un",5503]
[804168,"Boca de BSTC D = 1,50 m - esconsidade 20° - areia extraída e brita produzida - alas retas","un",4203.09]
[804171,"Boca de BSTC D = 1,50 m - esconsidade 25° - areia e brita comerciais - alas retas","un",5538.49]
[804170,"Boca de BSTC D = 1,50 m - esconsidade 25° - areia extraída e brita produzida - alas retas","un",4236.1899999999996]
[804413,"Boca de BSTC D = 1,50 m - esconsidade 30° - areia e brita comerciais - alas esconsas","un",10610.59]
[804173,"Boca de BSTC D = 1,50 m - esconsidade 30° - areia e brita comerciais - alas retas","un",5585.89]
[804412,"Boca de BSTC D = 1,50 m - esconsidade 30° - areia extraída e brita produzida - alas esconsas","un",8040.34]
[804172,"Boca de BSTC D = 1,50 m - esconsidade 30° - areia extraída e brita produzida - alas retas","un",4280.79]
[804175,"Boca de BSTC D = 1,50 m - esconsidade 35° - areia e brita comerciais - alas retas","un",5649.03]
[804174,"Boca de BSTC D = 1,50 m - esconsidade 35° - areia extraída e brita produzida - alas retas","un",4340.7299999999996]
[804177,"Boca de BSTC D = 1,50 m - esconsidade 40° - areia e brita comerciais - alas retas","un",5733.08]
[804176,"Boca de BSTC D = 1,50 m - esconsidade 40° - areia extraída e brita produzida - alas retas","un",4420.99]
[804415,"Boca de BSTC D = 1,50 m - esconsidade 45° - areia e brita comerciais - alas esconsas","un",13329.74]
[804179,"Boca de BSTC D = 1,50 m - esconsidade 45° - areia e brita comerciais - alas retas","un",5847.41]
[804414,"Boca de BSTC D = 1,50 m - esconsidade 45° - areia extraída e brita produzida - alas esconsas","un",10073.379999999999]
[804178,"Boca de BSTC D = 1,50 m - esconsidade 45° - areia extraída e brita produzida - alas retas","un",4531.12]
[804163,"Boca de BSTC D = 1,50 m - esconsidade 5° - areia e brita comerciais - alas retas","un",5448.95]
[804162,"Boca de BSTC D = 1,50 m - esconsidade 5° - areia extraída e brita produzida - alas retas","un",4153.03]
[804441,"Boca de BTTC D = 1,00 m - esconsidade 0° - areia e brita comerciais - alas esconsas","un",6005.81]
[804317,"Boca de BTTC D = 1,00 m - esconsidade 0° - areia e brita comerciais - alas retas","un",3303.15]
[804440,"Boca de BTTC D = 1,00 m - esconsidade 0° - areia extraída e brita produzida - alas esconsas","un",4678.54]
[804316,"Boca de BTTC D = 1,00 m - esconsidade 0° - areia extraída e brita produzida - alas retas","un",2541.94]
[804321,"Boca de BTTC D = 1,00 m - esconsidade 10° - areia e brita comerciais - alas retas","un",3324.1]
[804320,"Boca de BTTC D = 1,00 m - esconsidade 10° - areia extraída e brita produzida - alas retas","un",2560.5]
[804443,"Boca de BTTC D = 1,00 m - esconsidade 15° - areia e brita comerciais - alas esconsas","un",6268.62]
[804323,"Boca de BTTC D = 1,00 m - esconsidade 15° - areia e brita comerciais - alas retas","un",3352.05]
[804442,"Boca de BTTC D = 1,00 m - esconsidade 15° - areia extraída e brita produzida - alas esconsas","un",4882.0200000000004]
[804322,"Boca de BTTC D = 1,00 m - esconsidade 15° - areia extraída e brita produzida - alas retas","un",2585.25]
[804325,"Boca de BTTC D = 1,00 m - esconsidade 20° - areia e brita comerciais - alas retas","un",3392.17]
[804324,"Boca de BTTC D = 1,00 m - esconsidade 20° - areia extraída e brita produzida - alas retas","un",2621.17]
[804327,"Boca de BTTC D = 1,00 m - esconsidade 25° - areia e brita comerciais - alas retas","un",3447.19]
[804326,"Boca de BTTC D = 1,00 m - esconsidade 25° - areia extraída e brita produzida - alas retas","un",2670.6]
[804445,"Boca de BTTC D = 1,00 m - esconsidade 30° - areia e brita comerciais - alas esconsas","un",6998.54]
[804329,"Boca de BTTC D = 1,00 m - esconsidade 30° - areia e brita comerciais - alas retas","un",3519.74]
[804444,"Boca de BTTC D = 1,00 m - esconsidade 30° - areia extraída e brita produzida - alas esconsas","un",5447.36]
[804328,"Boca de BTTC D = 1,00 m - esconsidade 30° - areia extraída e brita produzida - alas retas","un",2736.56]
[804331,"Boca de BTTC D = 1,00 m - esconsidade 35° - areia e brita comerciais - alas retas","un",3612.88]
[804330,"Boca de BTTC D = 1,00 m - esconsidade 35° - areia extraída e brita produzida - alas retas","un",2822.11]
[804333,"Boca de BTTC D = 1,00 m - esconsidade 40° - areia e brita comerciais - alas retas","un",3736.39]
[804332,"Boca de BTTC D = 1,00 m - esconsidade 40° - areia extraída e brita produzida - alas retas","un",2936.83]
[804447,"Boca de BTTC D = 1,00 m - esconsidade 45° - areia e brita comerciais - alas esconsas","un",8665.0499999999993]
[804335,"Boca de BTTC D = 1,00 m - esconsidade 45° - areia e brita comerciais - alas retas","un",3898.25]
[804446,"Boca de BTTC D = 1,00 m - esconsidade 45° - areia extraída e brita produzida - alas esconsas","un",6736.96]
[804334,"Boca de BTTC D = 1,00 m - esconsidade 45° - areia extraída e brita produzida - alas retas","un",3089.1]
[804319,"Boca de BTTC D = 1,00 m - esconsidade 5° - areia e brita comerciais - alas retas","un",3308]
[804318,"Boca de BTTC D = 1,00 m - esconsidade 5° - areia extraída e brita produzida - alas retas","un",2546.1999999999998]
[804449,"Boca de BTTC D = 1,20 m - esconsidade 0° - areia e brita comerciais - alas esconsas","un",8817.7800000000007]
[804337,"Boca de BTTC D = 1,20 m - esconsidade 0° - areia e brita comerciais - alas retas","un",4566.97]
[804448,"Boca de BTTC D = 1,20 m - esconsidade 0° - areia extraída e brita produzida - alas esconsas","un",6766.05]
[804336,"Boca de BTTC D = 1,20 m - esconsidade 0° - areia extraída e brita produzida - alas retas","un",3469]
[804341,"Boca de BTTC D = 1,20 m - esconsidade 10° - areia e brita comerciais - alas retas","un",4599.71]
[804340,"Boca de BTTC D = 1,20 m - esconsidade 10° - areia extraída e brita produzida - alas retas","un",3496.94]
[804451,"Boca de BTTC D = 1,20 m - esconsidade 15° - areia e brita comerciais - alas esconsas","un",9224.99]
[804343,"Boca de BTTC D = 1,20 m - esconsidade 15° - areia e brita comerciais - alas retas","un",4641.3900000000003]
[804450,"Boca de BTTC D = 1,20 m - esconsidade 15° - areia extraída e brita produzida - alas esconsas","un",7075.98]
[804342,"Boca de BTTC D = 1,20 m - esconsidade 15° - areia extraída e brita produzida - alas retas","un",3532.64]
[804345,"Boca de BTTC D = 1,20 m - esconsidade 20° - areia e brita comerciais - alas retas","un",4701.8999999999996]
[804344,"Boca de BTTC D = 1,20 m - esconsidade 20° - areia extraída e brita produzida - alas retas","un",3584.96]
[804347,"Boca de BTTC D = 1,20 m - esconsidade 25° - areia e brita comerciais - alas retas","un",4784.1400000000003]
[804346,"Boca de BTTC D = 1,20 m - esconsidade 25° - areia extraída e brita produzida - alas retas","un",3656.61]
[804453,"Boca de BTTC D = 1,20 m - esconsidade 30° - areia e brita comerciais - alas esconsas","un",10291.530000000001]
[804349,"Boca de BTTC D = 1,20 m - esconsidade 30° - areia e brita comerciais - alas retas","un",4891.32]
[804452,"Boca de BTTC D = 1,20 m - esconsidade 30° - areia extraída e brita produzida - alas esconsas","un",7886.86]
[804348,"Boca de BTTC D = 1,20 m - esconsidade 30° - areia extraída e brita produzida - alas retas","un",3751.01]
[804351,"Boca de BTTC D = 1,20 m - esconsidade 35° - areia e brita comerciais - alas retas","un",5028.21]
[804350,"Boca de BTTC D = 1,20 m - esconsidade 35° - areia extraída e brita produzida - alas retas","un",3873.11]
[804353,"Boca de BTTC D = 1,20 m - esconsidade 40° - areia e brita comerciais - alas retas","un",5206.28]
[804352,"Boca de BTTC D = 1,20 m - esconsidade 40° - areia extraída e brita produzida - alas retas","un",4034.4]
[804455,"Boca de BTTC D = 1,20 m - esconsidade 45° - areia e brita comerciais - alas esconsas","un",12752.55]
[804355,"Boca de BTTC D = 1,20 m - esconsidade 45° - areia e brita comerciais - alas retas","un",5438.53]
[804454,"Boca de BTTC D = 1,20 m - esconsidade 45° - areia extraída e brita produzida - alas esconsas","un",9759.85]
[804354,"Boca de BTTC D = 1,20 m - esconsidade 45° - areia extraída e brita produzida - alas retas","un",4247.88]
[804339,"Boca de BTTC D = 1,20 m - esconsidade 5° - areia e brita comerciais - alas retas","un",4575.16]
[804338,"Boca de BTTC D = 1,20 m - esconsidade 5° - areia extraída e brita produzida - alas retas","un",3475.99]
[804457,"Boca de BTTC D = 1,50 m - esconsidade 0° - areia e brita comerciais - alas esconsas","un",15672.66]
[804357,"Boca de BTTC D = 1,50 m - esconsidade 0° - areia e brita comerciais - alas retas","un",7775.84]
[804456,"Boca de BTTC D = 1,50 m - esconsidade 0° - areia extraída e brita produzida - alas esconsas","un",11774.53]
[804356,"Boca de BTTC D = 1,50 m - esconsidade 0° - areia extraída e brita produzida - alas retas","un",5831.77]
[804361,"Boca de BTTC D = 1,50 m - esconsidade 10° - areia e brita comerciais - alas retas","un",7827]
[804360,"Boca de BTTC D = 1,50 m - esconsidade 10° - areia extraída e brita produzida - alas retas","un",5874.55]
[804459,"Boca de BTTC D = 1,50 m - esconsidade 15° - areia e brita comerciais - alas esconsas","un",16405.64]
[804363,"Boca de BTTC D = 1,50 m - esconsidade 15° - areia e brita comerciais - alas retas","un",7892.41]
[804458,"Boca de BTTC D = 1,50 m - esconsidade 15° - areia extraída e brita produzida - alas esconsas","un",12321.76]
[804362,"Boca de BTTC D = 1,50 m - esconsidade 15° - areia extraída e brita produzida - alas retas","un",5929.36]
[804365,"Boca de BTTC D = 1,50 m - esconsidade 20° - areia e brita comerciais - alas retas","un",7986.46]
[804364,"Boca de BTTC D = 1,50 m - esconsidade 20° - areia extraída e brita produzida - alas retas","un",6008.63]
[804367,"Boca de BTTC D = 1,50 m - esconsidade 25° - areia e brita comerciais - alas retas","un",8113.14]
[804366,"Boca de BTTC D = 1,50 m - esconsidade 25° - areia extraída e brita produzida - alas retas","un",6116.54]
[804461,"Boca de BTTC D = 1,50 m - esconsidade 30° - areia e brita comerciais - alas esconsas","un",18351.89]
[804369,"Boca de BTTC D = 1,50 m - esconsidade 30° - areia e brita comerciais - alas retas","un",8277.0499999999993]
[804460,"Boca de BTTC D = 1,50 m - esconsidade 30° - areia extraída e brita produzida - alas esconsas","un",13774.85]
[804371,"Boca de BTTC D = 1,50 m - esconsidade 35° - areia e brita comerciais - alas retas","un",8486.16]
[804370,"Boca de BTTC D = 1,50 m - esconsidade 35° - areia extraída e brita produzida - alas retas","un",6440.42]
[804373,"Boca de BTTC D = 1,50 m - esconsidade 40° - areia e brita comerciais - alas retas","un",8752.8799999999992]
[804372,"Boca de BTTC D = 1,50 m - esconsidade 40° - areia extraída e brita produzida - alas retas","un",6677.39]
[804463,"Boca de BTTC D = 1,50 m - esconsidade 45° - areia e brita comerciais - alas esconsas","un",22817.67]
[804375,"Boca de BTTC D = 1,50 m - esconsidade 45° - areia e brita comerciais - alas retas","un",9099.41]
[804462,"Boca de BTTC D = 1,50 m - esconsidade 45° - areia extraída e brita produzida - alas esconsas","un",17101.91]
[804374,"Boca de BTTC D = 1,50 m - esconsidade 45° - areia extraída e brita produzida - alas retas","un",6990.75]
[804359,"Boca de BTTC D = 1,50 m - esconsidade 5° - areia e brita comerciais - alas retas","un",7788.71]
[804358,"Boca de BTTC D = 1,50 m - esconsidade 5° - areia extraída e brita produzida - alas retas","un",5842.65]
[804368,"Boca de BTTC D = 1,50 m esconsidade 30° - areia extraída e brita produzida - alas retas","un",6257.67]
[804465,"Confecção de tubos de concreto armado D = 0,60 m PA1 - areia e brita comerciais","m",146.72]
[804464,"Confecção de tubos de concreto armado D = 0,60 m PA1 - areia extraída e brita produzida","m",119.77]
[804475,"Confecção de tubos de concreto armado D = 0,60 m PA2 - areia e brita comerciais","m",159.93]
[804474,"Confecção de tubos de concreto armado D = 0,60 m PA2 - areia extraída e brita produzida","m",133]
[804485,"Confecção de tubos de concreto armado D = 0,60 m PA3 - areia e brita comerciais","m",225.95]
[804484,"Confecção de tubos de concreto armado D = 0,60 m PA3 - areia extraída e brita produzida","m",199.15]
[804495,"Confecção de tubos de concreto armado D = 0,60 m PA4 - areia e brita comerciais","m",280.69]
[804494,"Confecção de tubos de concreto armado D = 0,60 m PA4 - areia extraída e brita produzida","m",248.92]
[804467,"Confecção de tubos de concreto armado D = 0,80 m PA1 - areia e brita comerciais","m",224.42]
[804466,"Confecção de tubos de concreto armado D = 0,80 m PA1 - areia extraída e brita produzida","m",181.5]
[804477,"Confecção de tubos de concreto armado D = 0,80 m PA2 - areia e brita comerciais","m",277.23]
[804476,"Confecção de tubos de concreto armado D = 0,80 m PA2 - areia extraída e brita produzida","m",234.42]
[804487,"Confecção de tubos de concreto armado D = 0,80 m PA3 - areia e brita comerciais","m",385.5]
[804486,"Confecção de tubos de concreto armado D = 0,80 m PA3 - areia extraída e brita produzida","m",337.58]
[804497,"Confecção de tubos de concreto armado D = 0,80 m PA4 - areia e brita comerciais","m",455.63]
[804496,"Confecção de tubos de concreto armado D = 0,80 m PA4 - areia extraída e brita produzida","m",397.61]
[804469,"Confecção de tubos de concreto armado D = 1,00 m PA1 - areia e brita comerciais","m",383.44]
[804468,"Confecção de tubos de concreto armado D = 1,00 m PA1 - areia extraída e brita produzida","m",324.60000000000002]
[804479,"Confecção de tubos de concreto armado D = 1,00 m PA2 - areia e brita comerciais","m",436.26]
[804478,"Confecção de tubos de concreto armado D = 1,00 m PA2 - areia extraída e brita produzida","m",377.52]
[804489,"Confecção de tubos de concreto armado D = 1,00 m PA3 - areia e brita comerciais","m",551.32000000000005]
[804488,"Confecção de tubos de concreto armado D = 1,00 m PA3 - areia extraída e brita produzida","m",476.35]
[804499,"Confecção de tubos de concreto armado D = 1,00 m PA4 - areia e brita comerciais","m",694.96]
[804498,"Confecção de tubos de concreto armado D = 1,00 m PA4 - areia extraída e brita produzida","m",607.52]
[804471,"Confecção de tubos de concreto armado D = 1,20 m PA1 - areia e brita comerciais","m",524.5]
[804470,"Confecção de tubos de concreto armado D = 1,20 m PA1 - areia extraída e brita produzida","m",438.81]
[804481,"Confecção de tubos de concreto armado D = 1,20 m PA2 - areia e brita comerciais","m",643.33000000000004]
[804480,"Confecção de tubos de concreto armado D = 1,20 m PA2 - areia extraída e brita produzida","m",557.88]
[804491,"Confecção de tubos de concreto armado D = 1,20 m PA3 - areia e brita comerciais","m",848.86]
[804490,"Confecção de tubos de concreto armado D = 1,20 m PA3 - areia extraída e brita produzida","m",734.72]
[804501,"Confecção de tubos de concreto armado D = 1,20 m PA4 - areia e brita comerciais","m",1014.11]
[804500,"Confecção de tubos de concreto armado D = 1,20 m PA4 - areia extraída e brita produzida","m",884.72]
[804473,"Confecção de tubos de concreto armado D = 1,50 m PA1 - areia e brita comerciais","m",842.97]
[804472,"Confecção de tubos de concreto armado D = 1,50 m PA1 - areia extraída e brita produzida","m",709.14]
[804483,"Confecção de tubos de concreto armado D = 1,50 m PA2 - areia e brita comerciais","m",1027.82]
[804482,"Confecção de tubos de concreto armado D = 1,50 m PA2 - areia extraída e brita produzida","m",894.35]
[804493,"Confecção de tubos de concreto armado D = 1,50 m PA3 - areia e brita comerciais","m",1356.56]
[804492,"Confecção de tubos de concreto armado D = 1,50 m PA3 - areia extraída e brita produzida","m",1179.8900000000001]
[804503,"Confecção de tubos de concreto armado D = 1,50 m PA4 - areia e brita comerciais","m",1600.17]
[804502,"Confecção de tubos de concreto armado D = 1,50 m PA4 - areia extraída e brita produzida","m",1417.54]
[804180,"Corpo de BDTC D = 0,80 m PA1 - areia extraída e brita e pedra de mão produzidas","m",1196.48]
[804181,"Corpo de BDTC D = 0,80 m PA1 - areia, brita e pedra de mão comerciais","m",1331.11]
[804182,"Corpo de BDTC D = 0,80 m PA2 - areia extraída e brita e pedra de mão produzidas","m",1210.0899999999999]
[804183,"Corpo de BDTC D = 0,80 m PA2 - areia, brita e pedra de mão comerciais","m",1344.73]
[804184,"Corpo de BDTC D = 0,80 m PA3 - areia extraída e brita e pedra de mão produzidas","m",1336.02]
[804185,"Corpo de BDTC D = 0,80 m PA3 - areia, brita e pedra de mão comerciais","m",1470.66]
[804186,"Corpo de BDTC D = 0,80 m PA4 - areia extraída e brita e pedra de mão produzidas","m",1404.13]
[804187,"Corpo de BDTC D = 0,80 m PA4 - areia, brita e pedra de mão comerciais","m",1538.77]
[804188,"Corpo de BDTC D = 1,00 m PA1 - areia extraída e brita e pedra de mão produzidas","m",1457.59]
[804189,"Corpo de BDTC D = 1,00 m PA1 - areia, brita e pedra de mão comerciais","m",1637.68]
[804190,"Corpo de BDTC D = 1,00 m PA2 - areia extraída e brita e pedra de mão produzidas","m",1623.33]
[804191,"Corpo de BDTC D = 1,00 m PA2 - areia, brita e pedra de mão comerciais","m",1803.43]
[804192,"Corpo de BDTC D = 1,00 m PA3 - areia extraída e brita e pedra de mão produzidas","m",1756.47]
[804193,"Corpo de BDTC D = 1,00 m PA3 - areia, brita e pedra de mão comerciais","m",1936.56]
[804194,"Corpo de BDTC D = 1,00 m PA4 - areia extraída e brita e pedra de mão produzidas","m",1871.67]
[804195,"Corpo de BDTC D = 1,00 m PA4 - areia, brita e pedra de mão comerciais","m",2051.7600000000002]
[804196,"Corpo de BDTC D = 1,20 m PA1 - areia extraída e brita e pedra de mão produzidas","m",2064.4899999999998]
[804197,"Corpo de BDTC D = 1,20 m PA1 - areia, brita e pedra de mão comerciais","m",2293.73]
[804198,"Corpo de BDTC D = 1,20 m PA2 - areia extraída e brita e pedra de mão produzidas","m",2229.4]
[804199,"Corpo de BDTC D = 1,20 m PA2 - areia, brita e pedra de mão comerciais","m",2458.64]
[804200,"Corpo de BDTC D = 1,20 m PA3 - areia extraída e brita e pedra de mão produzidas","m",2466.58]
[804201,"Corpo de BDTC D = 1,20 m PA3 - areia, brita e pedra de mão comerciais","m",2695.82]
[804202,"Corpo de BDTC D = 1,20 m PA4 - areia extraída e brita e pedra de mão produzidas","m",2646.87]
[804203,"Corpo de BDTC D = 1,20 m PA4 - areia, brita e pedra de mão comerciais","m",2876.11]
[804204,"Corpo de BDTC D = 1,50 m PA1 - areia extraída e brita e pedra de mão produzidas","m",3386.65]
[804205,"Corpo de BDTC D = 1,50 m PA1 - areia, brita e pedra de mão comerciais","m",3682.15]
[804206,"Corpo de BDTC D = 1,50 m PA2 - areia extraída e brita e pedra de mão produzidas","m",3524.75]
[804207,"Corpo de BDTC D = 1,50 m PA2 - areia, brita e pedra de mão comerciais","m",3820.24]
[804208,"Corpo de BDTC D = 1,50 m PA3 - areia extraída e brita e pedra de mão produzidas","m",3695.55]
[804209,"Corpo de BDTC D = 1,50 m PA3 - areia, brita e pedra de mão comerciais","m",3991.04]
[804210,"Corpo de BDTC D = 1,50 m PA4 - areia extraída e brita e pedra de mão produzidas","m",3743.98]
[804211,"Corpo de BDTC D = 1,50 m PA4 - areia, brita e pedra de mão comerciais","m",4039.47]
[804012,"Corpo de BSTC D = 0,40 m PA1 - areia extraída e brita e pedra de mão produzidas","m",261.04000000000002]
[804013,"Corpo de BSTC D = 0,40 m PA1 - areia, brita e pedra de mão comerciais","m",293.87]
[804014,"Corpo de BSTC D = 0,40 m PA2 - areia extraída e brita e pedra de mão produzidas","m",269.12]
[804015,"Corpo de BSTC D = 0,40 m PA2 - areia, brita e pedra de mão comerciais","m",301.95]
[804016,"Corpo de BSTC D = 0,40 m PA3 - areia extraída e brita e pedra de mão produzidas","m",273.51]
[804017,"Corpo de BSTC D = 0,40 m PA3 - areia, brita e pedra de mão comerciais","m",306.33999999999997]
[804018,"Corpo de BSTC D = 0,40 m PA4 - areia extraída e brita e pedra de mão produzidas","m",324.88]
[804019,"Corpo de BSTC D = 0,40 m PA4 - areia, brita e pedra de mão comerciais","m",357.71]
[804020,"Corpo de BSTC D = 0,60 m PA1 - areia extraída e brita e pedra de mão produzidas","m",406.93]
[804021,"Corpo de BSTC D = 0,60 m PA1 - areia, brita e pedra de mão comerciais","m",456.15]
[804022,"Corpo de BSTC D = 0,60 m PA2 - areia extraída e brita e pedra de mão produzidas","m",446.79]
[804023,"Corpo de BSTC D = 0,60 m PA2 - areia, brita e pedra de mão comerciais","m",496.01]
[804024,"Corpo de BSTC D = 0,60 m PA3 - areia extraída e brita e pedra de mão produzidas","m",451.87]
[804025,"Corpo de BSTC D = 0,60 m PA3 - areia, brita e pedra de mão comerciais","m",501.09]
[804026,"Corpo de BSTC D = 0,60 m PA4 - areia extraída e brita e pedra de mão produzidas","m",519.79]
[804027,"Corpo de BSTC D = 0,60 m PA4 - areia, brita e pedra de mão comerciais","m",569.01]
[804028,"Corpo de BSTC D = 0,80 m PA1 - areia extraída e brita e pedra de mão produzidas","m",625.01]
[804029,"Corpo de BSTC D = 0,80 m PA1 - areia, brita e pedra de mão comerciais","m",692.33]
[804030,"Corpo de BSTC D = 0,80 m PA2 - areia extraída e brita e pedra de mão produzidas","m",631.82000000000005]
[804031,"Corpo de BSTC D = 0,80 m PA2 - areia, brita e pedra de mão comerciais","m",699.13]
[804032,"Corpo de BSTC D = 0,80 m PA3 - areia extraída e brita e pedra de mão produzidas","m",694.78]
[804033,"Corpo de BSTC D = 0,80 m PA3 - areia, brita e pedra de mão comerciais","m",762.1]
[804034,"Corpo de BSTC D = 0,80 m PA4 - areia extraída e brita e pedra de mão produzidas","m",728.84]
[804035,"Corpo de BSTC D = 0,80 m PA4 - areia, brita e pedra de mão comerciais","m",796.16]
[804036,"Corpo de BSTC D = 1,00 m PA1 - areia extraída e brita e pedra de mão produzidas","m",756.25]
[804037,"Corpo de BSTC D = 1,00 m PA1 - areia, brita e pedra de mão comerciais","m",844.14]
[804038,"Corpo de BSTC D = 1,00 m PA2 - areia extraída e brita e pedra de mão produzidas","m",839.12]
[804039,"Corpo de BSTC D = 1,00 m PA2 - areia, brita e pedra de mão comerciais","m",927.01]
[804040,"Corpo de BSTC D = 1,00 m PA3 - areia extraída e brita e pedra de mão produzidas","m",905.69]
[804041,"Corpo de BSTC D = 1,00 m PA3 - areia, brita e pedra de mão comerciais","m",993.58]
[804042,"Corpo de BSTC D = 1,00 m PA4 - areia extraída e brita e pedra de mão produzidas","m",963.29]
[804043,"Corpo de BSTC D = 1,00 m PA4 - areia, brita e pedra de mão comerciais","m",1051.18]
[804044,"Corpo de BSTC D = 1,20 m PA1 - areia extraída e brita e pedra de mão produzidas","m",1059.44]
[804045,"Corpo de BSTC D = 1,20 m PA1 - areia, brita e pedra de mão comerciais","m",1169.0999999999999]
[804046,"Corpo de BSTC D = 1,20 m PA2 - areia extraída e brita e pedra de mão produzidas","m",1141.8900000000001]
[804047,"Corpo de BSTC D = 1,20 m PA2 - areia, brita e pedra de mão comerciais","m",1251.55]
[804048,"Corpo de BSTC D = 1,20 m PA3 - areia extraída e brita e pedra de mão produzidas","m",1260.49]
[804049,"Corpo de BSTC D = 1,20 m PA3 - areia, brita e pedra de mão comerciais","m",1370.15]
[804050,"Corpo de BSTC D = 1,20 m PA4 - areia extraída e brita e pedra de mão produzidas","m",1350.63]
[804051,"Corpo de BSTC D = 1,20 m PA4 - areia, brita e pedra de mão comerciais","m",1460.29]
[804052,"Corpo de BSTC D = 1,50 m PA1 - areia extraída e brita e pedra de mão produzidas","m",1723.71]
[804053,"Corpo de BSTC D = 1,50 m PA1 - areia, brita e pedra de mão comerciais","m",1866.07]
[804054,"Corpo de BSTC D = 1,50 m PA2 - areia extraída e brita e pedra de mão produzidas","m",1792.76]
[804055,"Corpo de BSTC D = 1,50 m PA2 - areia, brita e pedra de mão comerciais","m",1935.12]
[804056,"Corpo de BSTC D = 1,50 m PA3 - areia extraída e brita e pedra de mão produzidas","m",1878.16]
[804057,"Corpo de BSTC D = 1,50 m PA3 - areia, brita e pedra de mão comerciais","m",2020.52]
[804058,"Corpo de BSTC D = 1,50 m PA4 - areia extraída e brita e pedra de mão produzidas","m",1902.38]
[804059,"Corpo de BSTC D = 1,50 m PA4 - areia, brita e pedra de mão comerciais","m",2044.73]
[804292,"Corpo de BTTC D = 1,00 m PA1 - areia extraída e brita e pedra de mão produzidas","m",2158.9299999999998]
[804293,"Corpo de BTTC D = 1,00 m PA1 - areia, brita e pedra de mão comerciais","m",2431.23]
[804294,"Corpo de BTTC D = 1,00 m PA2 - areia extraída e brita e pedra de mão produzidas","m",2407.5500000000002]
[804295,"Corpo de BTTC D = 1,00 m PA2 - areia, brita e pedra de mão comerciais","m",2679.84]
[804296,"Corpo de BTTC D = 1,00 m PA3 - areia extraída e brita e pedra de mão produzidas","m",2607.25]
[804297,"Corpo de BTTC D = 1,00 m PA3 - areia, brita e pedra de mão comerciais","m",2879.55]
[804298,"Corpo de BTTC D = 1,00 m PA4 - areia extraída e brita e pedra de mão produzidas","m",2780.05]
[804299,"Corpo de BTTC D = 1,00 m PA4 - areia, brita e pedra de mão comerciais","m",3052.35]
[804300,"Corpo de BTTC D = 1,20 m PA1 - areia extraída e brita e pedra de mão produzidas","m",3069.24]
[804301,"Corpo de BTTC D = 1,20 m PA1 - areia, brita e pedra de mão comerciais","m",3417.84]
[804302,"Corpo de BTTC D = 1,20 m PA2 - areia extraída e brita e pedra de mão produzidas","m",3316.59]
[804303,"Corpo de BTTC D = 1,20 m PA2 - areia, brita e pedra de mão comerciais","m",3665.2]
[804304,"Corpo de BTTC D = 1,20 m PA3 - areia extraída e brita e pedra de mão produzidas","m",3672.37]
[804305,"Corpo de BTTC D = 1,20 m PA3 - areia, brita e pedra de mão comerciais","m",4020.97]
[804306,"Corpo de BTTC D = 1,20 m PA4 - areia extraída e brita e pedra de mão produzidas","m",3942.8]
[804307,"Corpo de BTTC D = 1,20 m PA4 - areia, brita e pedra de mão comerciais","m",4291.3999999999996]
[804308,"Corpo de BTTC D = 1,50 m PA1 - areia extraída e brita e pedra de mão produzidas","m",5049.91]
[804309,"Corpo de BTTC D = 1,50 m PA1 - areia, brita e pedra de mão comerciais","m",5498.75]
[804310,"Corpo de BTTC D = 1,50 m PA2 - areia extraída e brita e pedra de mão produzidas","m",5257.05]
[804311,"Corpo de BTTC D = 1,50 m PA2 - areia, brita e pedra de mão comerciais","m",5705.89]
[804312,"Corpo de BTTC D = 1,50 m PA3 - areia extraída e brita e pedra de mão produzidas","m",5513.25]
[804313,"Corpo de BTTC D = 1,50 m PA3 - areia, brita e pedra de mão comerciais","m",5962.09]
[804314,"Corpo de BTTC D = 1,50 m PA4 - areia extraída e brita e pedra de mão produzidas","m",5585.9]
[804315,"Corpo de BTTC D = 1,50 m PA4 - areia, brita e pedra de mão comerciais","m",6034.74]
[805446,"Dentes para bueiros duplos D = 0,80 m - areia extraída e brita e pedra de mão produzidas","un",45.45]
[805447,"Dentes para bueiros duplos D = 0,80 m - areia, brita e pedra de mão comerciais","un",66.150000000000006]
[805448,"Dentes para bueiros duplos D = 1,00 m - areia extraída e brita e pedra de mão produzidas","un",54.48]
[805449,"Dentes para bueiros duplos D = 1,00 m - areia, brita e pedra de mão comerciais","un",79.28]
[805450,"Dentes para bueiros duplos D = 1,20 m - areia extraída e brita e pedra de mão produzidas","un",63.2]
[805451,"Dentes para bueiros duplos D = 1,20 m - areia, brita e pedra de mão comerciais","un",91.87]
[805452,"Dentes para bueiros duplos D = 1,50 m - areia extraída e brita e pedra de mão produzidas","un",74.11]
[805453,"Dentes para bueiros duplos D = 1,50 m - areia, brita e pedra de mão comerciais","un",108.18]
[805434,"Dentes para bueiros simples D = 0,40 m - areia extraída e brita e pedra de mão produzidas","un",15.23]
[805435,"Dentes para bueiros simples D = 0,40 m - areia, brita e pedra de mão comerciais","un",21.48]
[805436,"Dentes para bueiros simples D = 0,60 m - areia extraída e brita e pedra de mão produzidas","un",18.059999999999999]
[805437,"Dentes para bueiros simples D = 0,60 m - areia, brita e pedra de mão comerciais","un",26.25]
[805438,"Dentes para bueiros simples D = 0,80 m - areia extraída e brita e pedra de mão produzidas","un",24.25]
[805439,"Dentes para bueiros simples D = 0,80 m - areia, brita e pedra de mão comerciais","un",34.6]
[805440,"Dentes para bueiros simples D = 1,00 m - areia extraída e brita e pedra de mão produzidas","un",27.4]
[805441,"Dentes para bueiros simples D = 1,00 m - areia, brita e pedra de mão comerciais","un",39.9]
[805442,"Dentes para bueiros simples D = 1,20 m - areia extraída e brita e pedra de mão produzidas","un",32.97]
[805443,"Dentes para bueiros simples D = 1,20 m - areia, brita e pedra de mão comerciais","un",47.2]
[805444,"Dentes para bueiros simples D = 1,50 m - areia extraída e brita e pedra de mão produzidas","un",37.06]
[805445,"Dentes para bueiros simples D = 1,50 m - areia, brita e pedra de mão comerciais","un",54.09]
[805454,"Dentes para bueiros triplos D = 1,00 m - areia extraída e brita e pedra de mão produzidas","un",81.88]
[805455,"Dentes para bueiros triplos D = 1,00 m - areia, brita e pedra de mão comerciais","un",119.18]
[805456,"Dentes para bueiros triplos D = 1,20 m - areia extraída e brita e pedra de mão produzidas","un",93.11]
[805457,"Dentes para bueiros triplos D = 1,20 m - areia, brita e pedra de mão comerciais","un",136.02000000000001]
[805458,"Dentes para bueiros triplos D = 1,50 m - areia extraída e brita e pedra de mão produzidas","un",111.48]
[805459,"Dentes para bueiros triplos D = 1,50 m - areia, brita e pedra de mão comerciais","un",162.80000000000001]
[909620,"Alvenaria de blocos de concreto 19 x 19 x 39 cm com espessura de 20 cm com argamassa traço 1:0,5:3,5 - areia comercial","m²",125.04]
[909621,"Alvenaria de blocos de concreto 19 x 19 x 39 cm com espessura de 20 cm com argamassa traço 1:0,5:3,5 - areia extraída","m²",123.19]
[903802,"Bacia de contenção para tanque de emulsão de 30.000 l - inclusive demolição","un",16860.939999999999]
[919113,"Canaleta perfil cartola 50 x 70 x 3 mm - aba 20 mm","m",146.41999999999999]
[903788,"Chapisco com argamassa de cimento e areia 1:3 - aplicação manual","m²",4.83]
[919247,"Cobertura em chapas zincadas com espessura de 0,43 mm - utilização 2 vezes","m²",39.049999999999997]
[919016,"Depósito de óleo para oficina - inclusive demolição","un",8420.01]
[919078,"Dique de contenção para usina de asfalto a quente - inclusive demolição","un",42632.21]
[903789,"Emboço com argamassa de cimento, cal hidratada e areia 1:2:8 com espessura de 2 cm - aplicação manual","m²",35.53]
[919250,"Fornecimento e instalação de extintor de espuma 10 l","un",666.47]
[903807,"Instalação da central de britagem com capacidade de 80 m³/h","un",113961.15]
[903806,"Instalação da central de concreto com capacidade de 150 m³/h","un",194689.1]
[903804,"Instalação da central de concreto com capacidade de 30 m³/h","un",72484.87]
[903805,"Instalação da central de concreto com capacidade de 40 m³/h","un",83935.3]
[903810,"Instalação da usina de asfalto a quente capacidade de 120 t/h","un",209487.94]
[903809,"Instalação da usina de pré-misturado a frio com capacidade de 60 t/h","un",134080.78]
[903808,"Instalação da usina misturadora de solos com capacidade de 300 t/h","un",121480.43]
[903845,"Lastro de brita comercial - espalhamento mecânico","m³",197.55]
[919009,"Montagem e desmontagem da central de britagem com capacidade de 80 m³/h - inclusive construção de aterro, construção e demolição de rampa e bases","un",66969.56]
[919007,"Montagem e desmontagem da central de concreto com capacidade de 150 m³/h - inclusive construção e demolição de bases, rampas e depósitos de agregados","un",128676.44]
[919011,"Montagem e desmontagem da central de concreto com capacidade de 30 m³/h - inclusive construção e demolição de bases, rampas e depósitos de agregados","un",36394.94]
[919246,"Montagem e desmontagem da central de concreto com capacidade de 40 m³/h - inclusive construção e demolição de bases, rampas e depósitos de agregados","un",49888.27]
[919013,"Montagem e desmontagem da usina de asfalto a quente com capacidade de 120 t/h - inclusive construção e demolição de bases, rampas, depósitos de agregados e dique de contenção","un",142536.18]
[919008,"Montagem e desmontagem da usina de pré-misturado a frio com capacidade de 60 t/h - inclusive construção e demolição de bases, rampas, depósitos de agregados e bacia de contenção","un",102485.26]
[919012,"Montagem e desmontagem da usina misturadora de solos com capacidade de 300 t/h - inclusive construção e demolição de bases, rampas e depósitos de agregados","un",65384.9]
[903848,"Muro em alvenaria de blocos de concreto com espessura de 0,20 m h = 1,0 m","m",181.25]
[919002,"Posto de combustível - com reaproveitamento de 2 vezes do tanque/bomba/cobertura - inclusive demolição","un",39978.03]
[919210,"Rampa de lavagem - inclusive demolição","un",24439.78]
[909612,"Rampa para acesso do misturador de agregados para centrais de 30 m³ e 40 m³ - inclusive demolição","un",14000.43]
[909613,"Rampa para acesso do misturador de agregados para central de 150 m³ - inclusive demolição","un",23088.93]
[909614,"Rampa para acesso do misturador de agregados para central de britagem - inclusive demolição","un",49418.01]
[909616,"Rampa para acesso do misturador de agregados para PMF - inclusive demolição","un",39958.910000000003]
[909617,"Rampa para acesso do misturador de agregados para usina de asfalto a quente - inclusive demolição","un",23566.44]
[909615,"Rampa para acesso do misturador de agregados para usina de solos - inclusive demolição","un",18149.5]
[903860,"Selador acrílico - camada de fundo com aplicação manual","m²",2.92]
[919101,"Sistema separador água e óleo, inclusive demolição","un",2006.96]
[903818,"Tinta látex - duas camadas com aplicação manual","m²",14.32]
[1100657,"Adensamento de concreto por vibrador de imersão","m³",3.34]
[1108055,"Argamassa autoadensável para reparos e grauteamento - confecção em misturador e lançamento manual","m³",4677.83]
[1109665,"Argamassa de cimento e areia 1:1 - confecção em betoneira e lançamento manual - areia comercial","m³",1055.6600000000001]
[1109664,"Argamassa de cimento e areia 1:1 - confecção em betoneira e lançamento manual - areia extraída","m³",983.11]
[1109667,"Argamassa de cimento e areia 1:2 - confecção em betoneira e lançamento manual - areia comercial","m³",788.82]
[1109666,"Argamassa de cimento e areia 1:2 - confecção em betoneira e lançamento manual - areia extraída","m³",663.08]
[1109669,"Argamassa de cimento e areia 1:3 - confecção em betoneira e lançamento manual - areia comercial","m³",659.05]
[1109668,"Argamassa de cimento e areia 1:3 - confecção em betoneira e lançamento manual - areia extraída","m³",508.21]
[1108060,"Argamassa de cimento e areia 1:3 com 8% de microssílica - confecção em betoneira e lançamento manual - areia comercial","m³",755.3]
[1109626,"Argamassa de cimento e areia 1:3 com 8% de microssílica - confecção em betoneira e lançamento manual - areia extraída","m³",604.24]
[1109671,"Argamassa de cimento e areia 1:4 - confecção em betoneira e lançamento manual - areia comercial","m³",591]
[1109670,"Argamassa de cimento e areia 1:4 - confecção em betoneira e lançamento manual - areia extraída","m³",425.55]
[1109672,"Argamassa de cimento e areia com aditivo aglutinante 1:8 - confecção em betoneira e lançamento manual - areia comercial","m³",463.69]
[1109624,"Argamassa de cimento e areia com aditivo aglutinante 1:8 - confecção em betoneira e lançamento manual - areia extraída","m³",273.06]
[1109622,"Argamassa de cimento, cal hidratada e areia 1:0,5:3,5 - confecção em betoneira e lançamento manual - areia comercial","m³",600.42999999999995]
[1109623,"Argamassa de cimento, cal hidratada e areia 1:0,5:3,5 - confecção em betoneira e lançamento manual - areia extraída","m³",477.18]
[1109697,"Argamassa de cimento, cal hidratada e areia 1:0,5:8 - confecção em betoneira e lançamento manual - areia comercial","m³",435.03]
[1109698,"Argamassa de cimento, cal hidratada e areia 1:0,5:8 - confecção em betoneira e lançamento manual - areia extraída","m³",278.93]
[1109679,"Argamassa de cimento, cal hidratada e areia 1:1:6 - confecção em betoneira e lançamento manual - areia comercial","m³",513.71]
[1109625,"Argamassa de cimento, cal hidratada e areia 1:1:6 - confecção em betoneira e lançamento manual - areia extraída","m³",372.11]
[1109678,"Argamassa de cimento, cal hidratada e areia 1:2:10 - confecção em betoneira e lançamento manual - areia comercial","m³",467.34]
[1109694,"Argamassa de cimento, cal hidratada e areia 1:2:10 - confecção em betoneira e lançamento manual - areia extraída","m³",315.52999999999997]
[1109673,"Argamassa de cimento, cal hidratada e areia 1:2:6 - confecção em betoneira e lançamento manual - areia comercial","m³",571.63]
[1109690,"Argamassa de cimento, cal hidratada e areia 1:2:6 - confecção em betoneira e lançamento manual - areia extraída","m³",439.42]
[1109674,"Argamassa de cimento, cal hidratada e areia 1:2:7 - confecção em betoneira e lançamento manual - areia comercial","m³",536.52]
[1109691,"Argamassa de cimento, cal hidratada e areia 1:2:7 - confecção em betoneira e lançamento manual - areia extraída","m³",397.71]
[1109675,"Argamassa de cimento, cal hidratada e areia 1:2:8 - confecção em betoneira e lançamento manual - areia comercial","m³",508.58]
[1109692,"Argamassa de cimento, cal hidratada e areia 1:2:8 - confecção em betoneira e lançamento manual - areia extraída","m³",364.53]
[1109676,"Argamassa de cimento, cal hidratada e areia 1:2:9 - confecção em betoneira e lançamento manual - areia comercial","m³",485.95]
[1109693,"Argamassa de cimento, cal hidratada e areia 1:2:9 - confecção em betoneira e lançamento manual - areia extraída","m³",337.66]
[1109680,"Argamassa para reparos e grauteamento - confecção em misturador e lançamento manual","m³",5298.41]
[1107748,"Argamassa polimérica de alto desempenho projetada para reparos superficiais e reforços estruturais - confecção em misturador e lançamento projetado","m³",15351.4]
[1110000,"Concreto","m³",0]
[1106059,"Concreto autoadensável com silicato de alumínio fck = 20 MPa - confecção em betoneira e lançamento manual - areia e brita comerciais","m³",754.92]
[1106060,"Concreto autoadensável com silicato de alumínio fck = 20 MPa - confecção em betoneira e lançamento manual - areia extraída e brita produzida","m³",563.62]
[1100658,"Concreto autoadensável com silicato de alumínio fck = 20 MPa - confecção em central dosadora de 30 m³/h - areia e brita comerciais","m³",666.32]
[1106159,"Concreto autoadensável com silicato de alumínio fck = 25 MPa - confecção em central dosadora de 30 m³/h - areia e brita comerciais","m³",710.72]
[1107902,"Concreto autoadensável com silicato de alumínio fck = 30 MPa - confecção em central dosadora de 30 m³/h - areia e brita comerciais","m³",760.29]
[1107906,"Concreto autoadensável com silicato de alumínio fck = 35 MPa - confecção em central dosadora de 30 m³/h - areia e brita comerciais","m³",815.69]
[1107910,"Concreto autoadensável com silicato de alumínio fck = 40 MPa - confecção em central dosadora de 30 m³/h - areia e brita comerciais","m³",877.6]
[1107911,"Concreto autoadensável com silicato de alumínio fck = 45 MPa - confecção em central dosadora de 30 m³/h - areia e brita comerciais","m³",946.8]
[1107912,"Concreto autoadensável com silicato de alumínio fck = 50 MPa - confecção em central dosadora de 30 m³/h - areia e brita comerciais","m³",1044.1600000000001]
[1106164,"Concreto ciclópico fck = 20 MPa - confecção em betoneira e lançamento manual - areia extraída, brita e pedra de mão produzidas","m³",314.5]
[1106165,"Concreto ciclópico fck = 20 MPa - confecção em betoneira e lançamento manual - areia, brita e pedra de mão comerciais","m³",530.11]
[1106156,"Concreto com 10% de microssílica fck = 45 MPa - confecção em central dosadora de 30 m³/h - areia e brita comerciais","m³",740.06]
[1107932,"Concreto com 10% de microssílica fck = 50 MPa - confecção em central dosadora de 30 m³/h - areia e brita comerciais","m³",791.7]
[1108111,"Concreto com 8% de microssílica fck = 25 MPa - confecção em central dosadora de 30 m³/h - areia e brita comerciais","m³",596.49]
[1108112,"Concreto com 8% de microssílica fck = 30 MPa - confecção em central dosadora de 30 m³/h - areia e brita comerciais","m³",610.48]
[1108113,"Concreto com 8% de microssílica fck = 35 MPa - confecção em central dosadora de 30 m³/h - areia e brita comerciais","m³",646.88]
[1108114,"Concreto com 8% de microssílica fck = 40 MPa - confecção em central dosadora de 30 m³/h - areia e brita comerciais","m³",687.52]
[1108061,"Concreto com látex SBR fck = 25 MPa - confecção em betoneira e lançamento manual - areia e brita comerciais","m³",1185.51]
[1108064,"Concreto com látex SBR fck = 30 MPa - confecção em betoneira e lançamento manual - areia e brita comerciais","m³",1284.1199999999999]
[1107888,"Concreto fck = 15 MPa - confecção em betoneira e lançamento manual - areia e brita comerciais","m³",572.39]
[1107889,"Concreto fck = 15 MPa - confecção em betoneira e lançamento manual - areia extraída e brita produzida","m³",370.14]
[1107892,"Concreto fck = 20 MPa - confecção em betoneira e lançamento manual - areia e brita comerciais","m³",598.96]
[1107891,"Concreto fck = 20 MPa - confecção em betoneira e lançamento manual - areia extraída e brita produzida","m³",399.22]
[1107928,"Concreto fck = 20 MPa - confecção em central dosadora de 30 m³/h - areia e brita comerciais","m³",535.66]
[1107929,"Concreto fck = 20 MPa - confecção em central dosadora de 30 m³/h - areia extraída e brita produzida","m³",335.29]
[1106109,"Concreto fck = 20 MPa - confecção em central dosadora de 40 m³/h - areia e brita comerciais","m³",485.43]
[1106117,"Concreto fck = 20 MPa - confecção em central dosadora de 40 m³/h - areia extraída e brita produzida","m³",285.06]
[1107896,"Concreto fck = 25 MPa - confecção em betoneira e lançamento manual - areia e brita comerciais","m³",628.71]
[1107895,"Concreto fck = 25 MPa - confecção em betoneira e lançamento manual - areia extraída e brita produzida","m³",431.79]
[1119528,"Concreto fck = 25 MPa - confecção em central dosadora de 30 m³/h - areia e brita comerciais","m³",555.72]
[1106135,"Concreto fck = 25 MPa - confecção em central dosadora de 30 m³/h - areia extraída e brita produzida","m³",357.29]
[1106136,"Concreto fck = 25 MPa - confecção em central dosadora de 40 m³/h - areia e brita comerciais","m³",501.67]
[1106137,"Concreto fck = 25 MPa - confecção em central dosadora de 40 m³/h - areia extraída e brita produzida","m³",303.24]
[1116127,"Concreto fck = 25 MPa para pré-moldados (mourões) - confecção em betoneira e lançamento manual - areia e brita comerciais","m³",657.72]
[1116126,"Concreto fck = 25 MPa para pré-moldados (mourões) - confecção em betoneira e lançamento manual - areia extraída e brita produzida","m³",468.69]
[1107900,"Concreto fck = 30 MPa - confecção em betoneira e lançamento manual - areia e brita comerciais","m³",661.88]
[1107899,"Concreto fck = 30 MPa - confecção em betoneira e lançamento manual - areia extraída e brita produzida","m³",468.11]
[1107890,"Concreto fck = 30 MPa - confecção em central dosadora de 30 m³/h - areia e brita comerciais","m³",581.91]
[1106138,"Concreto fck = 30 MPa - confecção em central dosadora de 30 m³/h - areia extraída e brita produzida","m³",386.02]
[1106139,"Concreto fck = 30 MPa - confecção em central dosadora de 40 m³/h - areia e brita comerciais","m³",522.92999999999995]
[1106140,"Concreto fck = 30 MPa - confecção em central dosadora de 40 m³/h - areia extraída e brita produzida","m³",327.05]
[1107904,"Concreto fck = 35 MPa - confecção em betoneira e lançamento manual - areia e brita comerciais","m³",699.01]
[1107903,"Concreto fck = 35 MPa - confecção em betoneira e lançamento manual - areia extraída e brita produzida","m³",508.75]
[1107908,"Concreto fck = 40 MPa - confecção em betoneira e lançamento manual - areia e brita comerciais","m³",740.4]
[1107907,"Concreto fck = 40 MPa - confecção em betoneira e lançamento manual - areia extraída e brita produzida","m³",554.08000000000004]
[1107871,"Concreto fctm,k = 4,5 MPa - confecção em central dosadora de 30 m³/h - areia e brita comerciais","m³",630.47]
[1107870,"Concreto fctm,k = 4,5 MPa - confecção em central dosadora de 30 m³/h - areia extraída e brita produzida","m³",437.36]
[1106057,"Concreto magro - confecção em betoneira e lançamento manual - areia e brita comerciais","m³",579.04]
[1106058,"Concreto magro - confecção em betoneira e lançamento manual - areia extraída e brita produzida","m³",388.48]
[1106380,"Concreto para bombeamento fck = 25 MPa - confecção em central dosadora de 30 m³/h - areia e brita comerciais","m³",595.37]
[1106378,"Concreto para bombeamento fck = 25 MPa - confecção em central dosadora de 30 m³/h - areia extraída e brita produzida","m³",404.59]
[1116263,"Concreto para bombeamento fck = 25 MPa - confecção em central dosadora de 40 m³/h - areia e brita comerciais","m³",533.23]
[1116267,"Concreto para bombeamento fck = 25 MPa - confecção em central dosadora de 40 m³/h - areia extraída e brita produzida","m³",342.45]
[1106280,"Concreto para bombeamento fck = 30 MPa - confecção em central dosadora de 30 m³/h - areia e brita comerciais","m³",626.19000000000005]
[1106289,"Concreto para bombeamento fck = 30 MPa - confecção em central dosadora de 30 m³/h - areia extraída e brita produzida","m³",438.37]
[1116264,"Concreto para bombeamento fck = 30 MPa - confecção em central dosadora de 40 m³/h - areia e brita comerciais","m³",558.32000000000005]
[1116268,"Concreto para bombeamento fck = 30 MPa - confecção em central dosadora de 40 m³/h - areia extraída e brita produzida","m³",370.5]
[1106281,"Concreto para bombeamento fck = 35 MPa - confecção em central dosadora de 30 m³/h - areia e brita comerciais","m³",665.88]
[1106382,"Concreto para bombeamento fck = 35 MPa - confecção em central dosadora de 30 m³/h - areia extraída e brita produzida","m³",481.86]
[1116265,"Concreto para bombeamento fck = 35 MPa - confecção em central dosadora de 40 m³/h - areia e brita comerciais","m³",590.55999999999995]
[1116269,"Concreto para bombeamento fck = 35 MPa - confecção em central dosadora de 40 m³/h - areia extraída e brita produzida","m³",406.53]
[1106282,"Concreto para bombeamento fck = 40 MPa - confecção em central dosadora de 30 m³/h - areia e brita comerciais","m³",710.19]
[1106384,"Concreto para bombeamento fck = 40 MPa - confecção em central dosadora de 30 m³/h - areia extraída e brita produzida","m³",530.41999999999996]
[1116266,"Concreto para bombeamento fck = 40 MPa - confecção em central dosadora de 40 m³/h - areia e brita comerciais","m³",626.58000000000004]
[1116270,"Concreto para bombeamento fck = 40 MPa - confecção em central dosadora de 40 m³/h - areia extraída e brita produzida","m³",446.81]
[1107868,"Concreto para sub-base adensado por vibração fck = 7,5 MPa - confecção em central dosadora de 30 m³/h - areia e brita comerciais","m³",469.07]
[1107869,"Concreto para sub-base adensado por vibração fck = 7,5 MPa - confecção em central dosadora de 30 m³/h - areia extraída e brita produzida","m³",262.25]
[1103853,"Concreto poroso para tubos de drenagem fck = 25 MPa - confecção em betoneira e lançamento manual - areia e brita comerciais","m³",581.4]
[1103852,"Concreto poroso para tubos de drenagem fck = 25 MPa - confecção em betoneira e lançamento manual - areia extraída e brita produzida","m³",450.48]
[1106284,"Concreto submerso fck = 20 MPa - confecção em central dosadora de 30 m³/h - areia e brita comerciais","m³",632.17999999999995]
[1108116,"Concreto submerso fck = 25 MPa - confecção em central dosadora de 30 m³/h - areia e brita comerciais","m³",638.30999999999995]
[1108118,"Concreto submerso fck = 30 MPa - confecção em central dosadora de 30 m³/h - areia e brita comerciais","m³",668.43]
[1106158,"Concreto submerso fck = 35 MPa - confecção em central dosadora de 30 m³/h - areia e brita comerciais","m³",712.69]
[1108120,"Concreto submerso fck = 40 MPa - confecção em central dosadora de 30 m³/h - areia e brita comerciais","m³",762.15]
[1106050,"Lançamento livre de concreto usinado por meio de caminhão betoneira - confecção em central dosadora de 30 m³/h","m³",46.57]
[1106051,"Lançamento livre de concreto usinado por meio de caminhão betoneira - confecção em central dosadora de 40 m³/h","m³",38.840000000000003]
[1106061,"Lançamento manual de concreto usinado - confecção em central dosadora de 30 m³/h","m³",54]
[1106087,"Lançamento manual de concreto usinado - confecção em central dosadora de 40 m³/h","m³",46.49]
[1107860,"Lançamento mecânico de concreto com bomba lança sobre chassi com capacidade de 50 m³/h - confecção em central dosadora de 40 m³/h","m³",54.51]
[1106088,"Lançamento mecânico de concreto com bomba rebocável com capacidade de 30 m³/h - confecção em central dosadora de 30 m³/h","m³",57.59]
[1106128,"Lançamento mecânico de concreto com bomba rebocável com capacidade de 41 m³/h - confecção em central dosadora de 40 m³/h","m³",47.3]
[1108056,"Microconcreto autoadensável para reparos e grauteamento - confecção em misturador e lançamento manual","m³",4038.77]
[1108059,"Microconcreto para reparos e grauteamento - confecção em misturador e lançamento manual","m³",4766.22]
[1207700,"Concreto fck = 20 MPa para projeção via seca - confecção em betoneira - areia e brita comerciais","m³",718.87]
[1207701,"Concreto fck = 25 MPa para projeção via seca - confecção em betoneira - areia e brita comerciais","m³",765.45]
[1207702,"Concreto fck = 30 MPa para projeção via seca - confecção em betoneira - areia e brita comerciais","m³",817.56]
[1207708,"Concreto fck = 30 MPa para projeção via úmida - confecção em central dosadora de 30 m³/h - areia e brita comerciais","m³",749.4]
[1207703,"Concreto fck = 40 MPa para projeção via seca - confecção em betoneira - areia e brita comerciais","m³",940.97]
[1207709,"Concreto fck = 40 MPa para projeção via úmida - confecção em central dosadora de 30 m³/h - areia e brita comerciais","m³",862.94]
[1207710,"Concreto projetado via seca fck = 20 MPa aplicado em pisos","m³",1052.93]
[1207711,"Concreto projetado via seca fck = 20 MPa aplicado em superfícies inclinadas e verticais","m³",1308.1400000000001]
[1207713,"Concreto projetado via seca fck = 20 MPa aplicado em teto","m³",1958.72]
[1207714,"Concreto projetado via seca fck = 25 MPa aplicado em pisos","m³",1107.73]
[1207715,"Concreto projetado via seca fck = 25 MPa aplicado em superfícies inclinadas e verticais","m³",1374.68]
[1207717,"Concreto projetado via seca fck = 25 MPa aplicado em teto","m³",2051.88]
[1207718,"Concreto projetado via seca fck = 30 MPa aplicado em pisos","m³",1169.03]
[1207719,"Concreto projetado via seca fck = 30 MPa aplicado em superfícies inclinadas e verticais","m³",1449.13]
[1207721,"Concreto projetado via seca fck = 30 MPa aplicado em teto","m³",2156.1]
[1207722,"Concreto projetado via seca fck = 40 MPa aplicado em pisos","m³",1314.22]
[1207723,"Concreto projetado via seca fck = 40 MPa aplicado em superfícies inclinadas e verticais","m³",1625.43]
[1207725,"Concreto projetado via seca fck = 40 MPa via seca aplicado em teto","m³",2402.92]
[1207728,"Concreto projetado via úmida fck = 30 MPa aplicado em túneis classe I com seção de 20 a 40 m²","m³",1047.8]
[1207727,"Concreto projetado via úmida fck = 30 MPa aplicado em túneis classe I com seção de 40 a 60 m²","m³",1029.57]
[1207726,"Concreto projetado via úmida fck = 30 MPa aplicado em túneis classe I com seção de 60 a 90 m²","m³",1015]
[1208329,"Concreto projetado via úmida fck = 30 MPa aplicado em túneis classe I com seção superior a 90 m²","m³",998.21]
[1207685,"Concreto projetado via úmida fck = 30 MPa aplicado em túneis classe II com seção de 20 a 40 m²","m³",1096.5899999999999]
[1207684,"Concreto projetado via úmida fck = 30 MPa aplicado em túneis classe II com seção de 40 a 60 m²","m³",1072.51]
[1207683,"Concreto projetado via úmida fck = 30 MPa aplicado em túneis classe II com seção de 60 a 90 m²","m³",1054.1600000000001]
[1208337,"Concreto projetado via úmida fck = 30 MPa aplicado em túneis classe II com seção superior a 90 m²","m³",1034.6500000000001]
[1207691,"Concreto projetado via úmida fck = 30 MPa aplicado em túneis classe III com seção de 20 a 40 m²","m³",1154.27]
[1207690,"Concreto projetado via úmida fck = 30 MPa aplicado em túneis classe III com seção de 40 a 60 m²","m³",1121.49]
[1207689,"Concreto projetado via úmida fck = 30 MPa aplicado em túneis classe III com seção de 60 a 90 m²","m³",1093.92]
[1208345,"Concreto projetado via úmida fck = 30 MPa aplicado em túneis classe III com seção superior a 90 m²","m³",1071.2]
[1207697,"Concreto projetado via úmida fck = 30 MPa aplicado em túneis classe IV com seção de 20 a 40 m²","m³",1225.3499999999999]
[1207696,"Concreto projetado via úmida fck = 30 MPa aplicado em túneis classe IV com seção de 40 a 60 m²","m³",1178.49]
[1207695,"Concreto projetado via úmida fck = 30 MPa aplicado em túneis classe IV com seção de 60 a 90 m²","m³",1146.6199999999999]
[1208353,"Concreto projetado via úmida fck = 30 MPa aplicado em túneis classe IV com seção superior a 90 m²","m³",1114.57]
[1207663,"Concreto projetado via úmida fck = 30 MPa aplicado em túneis classe V com seção de 20 a 40 m²","m³",1380.41]
[1207662,"Concreto projetado via úmida fck = 30 MPa aplicado em túneis classe V com seção de 40 a 60 m²","m³",1351.62]
[1207661,"Concreto projetado via úmida fck = 30 MPa aplicado em túneis classe V com seção de 60 a 90 m²","m³",1328.59]
[1208361,"Concreto projetado via úmida fck = 30 MPa aplicado em túneis classe V com seção superior a 90 m²","m³",1294.05]
[1207669,"Concreto projetado via úmida fck = 30 MPa aplicado em túneis classe VI com seção de 20 a 40 m²","m³",1517.34]
[1207668,"Concreto projetado via úmida fck = 30 MPa aplicado em túneis classe VI com seção de 40 a 60 m²","m³",1481.61]
[1207667,"Concreto projetado via úmida fck = 30 MPa aplicado em túneis classe VI com seção de 60 a 90 m²","m³",1428.01]
[1208369,"Concreto projetado via úmida fck = 30 MPa aplicado em túneis classe VI com seção superior a 90 m²","m³",1374.41]
[1207682,"Concreto projetado via úmida fck = 40 MPa aplicado em túneis classe I com seção de 20 a 40 m²","m³",1181.3699999999999]
[1207681,"Concreto projetado via úmida fck = 40 MPa aplicado em túneis classe I com seção de 40 a 60 m²","m³",1163.1500000000001]
[1207729,"Concreto projetado via úmida fck = 40 MPa aplicado em túneis classe I com seção de 60 a 90 m²","m³",1148.57]
[1208333,"Concreto projetado via úmida fck = 40 MPa aplicado em túneis classe I com seção superior a 90 m²","m³",1131.79]
[1207688,"Concreto projetado via úmida fck = 40 MPa aplicado em túneis classe II com seção de 20 a 40 m²","m³",1234.21]
[1207687,"Concreto projetado via úmida fck = 40 MPa aplicado em túneis classe II com seção de 40 a 60 m²","m³",1210.1300000000001]
[1207686,"Concreto projetado via úmida fck = 40 MPa aplicado em túneis classe II com seção de 60 a 90 m²","m³",1191.78]
[1208341,"Concreto projetado via úmida fck = 40 MPa aplicado em túneis classe II com seção superior a 90 m²","m³",1172.27]
[1207694,"Concreto projetado via úmida fck = 40 MPa aplicado em túneis classe III com seção de 20 a 40 m²","m³",1296.2]
[1207693,"Concreto projetado via úmida fck = 40 MPa aplicado em túneis classe III com seção de 40 a 60 m²","m³",1263.42]
[1207692,"Concreto projetado via úmida fck = 40 MPa aplicado em túneis classe III com seção de 60 a 90 m²","m³",1235.8499999999999]
[1208349,"Concreto projetado via úmida fck = 40 MPa aplicado em túneis classe III com seção superior a 90 m²","m³",1213.1300000000001]
[1207660,"Concreto projetado via úmida fck = 40 MPa aplicado em túneis classe IV com seção de 20 a 40 m²","m³",1371.85]
[1207699,"Concreto projetado via úmida fck = 40 MPa aplicado em túneis classe IV com seção de 40 a 60 m²","m³",1324.99]
[1207698,"Concreto projetado via úmida fck = 40 MPa aplicado em túneis classe IV com seção de 60 a 90 m²","m³",1293.1199999999999]
[1208357,"Concreto projetado via úmida fck = 40 MPa aplicado em túneis classe IV com seção superior a 90 m²","m³",1261.07]
[1207666,"Concreto projetado via úmida fck = 40 MPa aplicado em túneis classe V com seção de 20 a 40 m²","m³",1531.79]
[1207665,"Concreto projetado via úmida fck = 40 MPa aplicado em túneis classe V com seção de 40 a 60 m²","m³",1503.01]
[1207664,"Concreto projetado via úmida fck = 40 MPa aplicado em túneis classe V com seção de 60 a 90 m²","m³",1479.98]
[1208365,"Concreto projetado via úmida fck = 40 MPa aplicado em túneis classe V com seção superior a 90 m²","m³",1445.44]
[1207672,"Concreto projetado via úmida fck = 40 MPa aplicado em túneis classe VI com seção de 20 a 40 m²","m³",1673.95]
[1207671,"Concreto projetado via úmida fck = 40 MPa aplicado em túneis classe VI com seção de 40 a 60 m²","m³",1638.21]
[1207670,"Concreto projetado via úmida fck = 40 MPa aplicado em túneis classe VI com seção de 60 a 90 m²","m³",1584.61]
[1208373,"Concreto projetado via úmida fck = 40 MPa aplicado em túneis classe VI com seção superior a 90 m²","m³",1531.01]
[1400976,"Corte a plasma CNC em chapa com espessura de 6,3 a 10 mm","m",5.55]
[1400970,"Corte a plasma manual em chapa de aço-carbono com espessura de 4 a 8 mm","m",2.1800000000000002]
[1400971,"Corte a plasma manual em chapa de aço-carbono com espessura de 9 a 25 mm","m",9.51]
[1400972,"Corte a plasma manual em chapa de alumínio com espessura de 1,5 mm","m",2.1]
[1416201,"Corte de barras de aço CA-50 com maçarico oxiacetileno","cm²",0.24]
[1400969,"Corte de cantoneira de alumínio","un",0.15]
[1400975,"Corte de chapa de aço com guilhotina hidráulica","m",4.0999999999999996]
[1416141,"Corte de chapas de aço com espessura de 12,5 mm com maçarico oxiacetileno","m",3.86]
[1416142,"Corte de chapas de aço com espessura de 16 mm com maçarico oxiacetileno","m",6]
[1400973,"Corte de chapas de aço com espessura de 3 mm com maçarico oxiacetileno","m",1.6]
[1400974,"Corte de chapas de aço com espessura de 5 mm com maçarico oxiacetileno","m",1.89]
[1416139,"Corte de chapas de aço com espessura de 6,3 mm com maçarico oxiacetileno","m",2.12]
[1416202,"Corte de chapas de aço com espessura de 8 mm com maçarico oxiacetileno","m",2.46]
[1416140,"Corte de chapas de aço com espessura de 9,5 mm com maçarico oxiacetileno","m",2.84]
[1419543,"Corte de perfil metálico com máquina policorte com espessura de até 1/8\"","un",0.18]
[1408173,"Corte de perfis metálicos com maçarico oxiacetileno","cm²",0.06]
[1407063,"Corte de trilho TR45 com utilização de equipamento leve","un",7.62]
[1407064,"Corte de trilho TR57 com utilização de equipamento leve","un",7.87]
[1407065,"Corte de trilho TR68 com utilização de equipamento leve","un",8.0500000000000007]
[1407066,"Corte de trilho UIC60 com utilização de equipamento leve","un",7.92]
[1400977,"Dobramento de chapas metálicas com espessuras de 6,3 a 10 mm","m",3.42]
[1407067,"Furação de trilho TR45 com utilização de equipamento leve","un",2.4500000000000002]
[1407068,"Furação de trilho TR57 com utilização de equipamento leve","un",2.75]
[1407069,"Furação de trilho TR68 com utilização de equipamento leve","un",2.98]
[1407070,"Furação de trilho UIC60 com utilização de equipamento leve","un",2.84]
[1416257,"Solda com maçarico oxiacetileno de chapas de aço de 12,5 mm","m",290.62]
[1416253,"Solda com maçarico oxiacetileno de chapas de aço de 16 mm","m",676.38]
[1416254,"Solda com maçarico oxiacetileno de chapas de aço de 6,3 mm","m",53.95]
[1416255,"Solda com maçarico oxiacetileno de chapas de aço de 8 mm","m",95.8]
[1416256,"Solda com maçarico oxiacetileno de chapas de aço de 9,5 mm","m",149.18]
[1408028,"Solda elétrica manual de perfis metálicos e chapas de aço com eletrodo E70XX para beneficiamento de aço naval","kg",208.57]
[1408027,"Solda tipo MIG/MAG automatizada","kg",118.83]
[1400978,"Solda tipo MIG/MAG manual","kg",188.93]
[1513941,"Contenção em areia-cimento ensacada com mistura de areia com 8% de cimento - confecção e assentamento","m³",602.47]
[1513940,"Contenção em solo-cimento ensacado com mistura de solo de jazida com 8% de cimento - confecção e assentamento","m³",410.61]
[1505879,"Enrocamento de pedra arrumada manualmente - pedra de mão comercial - fornecimento e assentamento","m³",349.17]
[1505878,"Enrocamento de pedra arrumada manualmente - pedra de mão produzida - confecção e assentamento","m³",176.26]
[1505877,"Enrocamento de pedra espalhada e compactada mecanicamente - pedra de mão comercial - fornecimento e assentamento","m³",246.64]
[1505860,"Enrocamento de pedra jogada - pedra de mão comercial - fornecimento e assentamento","m³",239.74]
[1505859,"Enrocamento de pedra jogada - pedra de mão produzida - confecção e assentamento","m³",95.65]
[1516204,"Fabricação de blocos segmentais de face pré-moldados - C = 40 cm, L = 40 cm e H = 20 cm - massa de 25 kg","un",7.49]
[1516312,"Geocélula em PEAD, paredes perfuradas, soldadas - altura de 100 mm e 1.206 cm² de área de célula - fornecimento e instalação","m²",41.79]
[1516304,"Geocélula em PEAD, paredes perfuradas, soldadas - altura de 100 mm e 289 cm² de área de célula - fornecimento e instalação","m²",54.15]
[1516308,"Geocélula em PEAD, paredes perfuradas, soldadas - altura de 100 mm e 460 cm² de área de célula - fornecimento e instalação","m²",44.48]
[1516313,"Geocélula em PEAD, paredes perfuradas, soldadas - altura de 150 mm e 1.206 cm² de área de célula - fornecimento e instalação","m²",49.83]
[1516305,"Geocélula em PEAD, paredes perfuradas, soldadas - altura de 150 mm e 289 cm² de área de célula - fornecimento e instalação","m²",65.180000000000007]
[1516309,"Geocélula em PEAD, paredes perfuradas, soldadas - altura de 150 mm e 460 cm² de área de célula - fornecimento e instalação","m²",53.23]
[1516314,"Geocélula em PEAD, paredes perfuradas, soldadas - altura de 200 mm e 1.206 cm² de área de célula - fornecimento e instalação","m²",58.49]
[1516306,"Geocélula em PEAD, paredes perfuradas, soldadas - altura de 200 mm e 289 cm² de área de célula - fornecimento e instalação","m²",77.37]
[1516310,"Geocélula em PEAD, paredes perfuradas, soldadas - altura de 200 mm e 460 cm² de área de célula - fornecimento e instalação","m²",62.81]
[1516311,"Geocélula em PEAD, paredes perfuradas, soldadas - altura de 75 mm e 1.206 cm² de área de célula - fornecimento e instalação","m²",32.07]
[1516303,"Geocélula em PEAD, paredes perfuradas, soldadas - altura de 75 mm e 289 cm² de área de célula - fornecimento e instalação","m²",43.16]
[1516307,"Geocélula em PEAD, paredes perfuradas, soldadas - altura de 75 mm e 460 cm² de área de célula - fornecimento e instalação","m²",35.67]
[1516298,"Geogrelha unidirecional com resistência à tração de 100 kN/m - fornecimento e instalação","m²",30.2]
[1516299,"Geogrelha unidirecional com resistência à tração de 150 kN/m - fornecimento e instalação","m²",32.26]
[1516300,"Geogrelha unidirecional com resistência à tração de 200 kN/m - fornecimento e instalação","m²",42.05]
[1516301,"Geogrelha unidirecional com resistência à tração de 300 kN/m - fornecimento e instalação","m²",61.72]
[1516302,"Geogrelha unidirecional com resistência à tração de 400 kN/m - fornecimento e instalação","m²",81.27]
[1516296,"Geogrelha unidirecional com resistência à tração de 50 kN/m - fornecimento e instalação","m²",22.93]
[1516297,"Geogrelha unidirecional com resistência à tração de 90 kN/m - fornecimento e instalação","m²",29.22]
[1505847,"Muro em blocos segmentais de face pré-moldados - C = 40 cm, L = 40 cm, e H = 20 cm com altura de 4 a 6 m - confecção e assentamento","m²",222]
[1505848,"Muro em blocos segmentais de face pré-moldados - C = 40 cm, L = 40 cm, e H = 20 cm com altura de 6 a 8 m - confecção e assentamento","m²",216.59]
[1505849,"Muro em blocos segmentais de face pré-moldados - C = 40 cm, L = 40 cm, e H = 20 cm com altura de 8 a 10 m - confecção e assentamento","m²",213.58]
[1505930,"Muro em blocos segmentais de face pré-moldados - C = 40 cm, L = 40 cm, e H = 20 cm com altura de até 4 m - confecção e assentamento","m²",250.41]
[1506055,"Pedra argamassada com cimento e areia 1:3 - areia e pedra de mão comercial - fornecimento e assentamento","m³",549.13]
[1506056,"Pedra argamassada com cimento e areia 1:3 - areia extraída e pedra de mão produzida - confecção e assentamento","m³",328.62]
[1513943,"Proteção de taludes rochosos com telas metálicas - resistência longitudinal à tração de 121 kN/m - fornecimento e posicionamento - inclusive cabos de aço, grampos e clipes de junção","m²",181.11]
[1516318,"Tela metálica dobrada em L para muro em solo reforçado - C = 200 cm, L = 40 cm e H = 40 cm - fornecimento e instalação","m²",607.05999999999995]
[1516317,"Tela metálica dobrada em L para muro em solo reforçado - C = 200 cm, L = 50 cm e H = 50 cm - fornecimento e instalação","m²",532.37]
[1600965,"Abertura em muro de alvenaria de pedra argamassada com martelete","m³",100.65]
[1600408,"Apicoamento manual de concreto","m²",18.47]
[1600990,"Demolição de concreto armado com martelete e corte oxiacetileno","m³",765.17]
[1600989,"Demolição de concreto simples com martelete","m³",401.72]
[1600438,"Demolição manual de concreto armado","m³",584.98]
[1600436,"Demolição manual de concreto simples","m³",399.94]
[1600895,"Demolição manual de construções provisórias de madeira - sem reaproveitamento","m²",14.06]
[1600897,"Demolição manual de construções provisórias de madeira, sem fechamento lateral e sem pavimentação","m²",3.78]
[1619004,"Demolição mecânica de alvenaria com carregadeira de pneus","m³",7.5]
[1600896,"Demolição mecânica de alvenaria com escavadeira hidráulica","m²",16.059999999999999]
[1619003,"Demolição mecânica de concreto armado com escavadeira hidráulica","m³",69]
[1619006,"Demolição mecânica de concreto simples com escavadeira hidráulica","m³",50.26]
[1600414,"Fresagem de piso de concreto","m²",1.1299999999999999]
[1608148,"Perfuração em concreto com coroa diamantada - D = 100 mm","m",272.43]
[1608021,"Perfuração em concreto com coroa diamantada - D = 16 mm","m",77.709999999999994]
[1608024,"Perfuração em concreto com coroa diamantada - D = 20 mm","m",80.89]
[1608026,"Perfuração em concreto com coroa diamantada - D = 25 mm","m",95.13]
[1608142,"Perfuração em concreto com coroa diamantada - D = 32 mm","m",112.71]
[1608143,"Perfuração em concreto com coroa diamantada - D = 38 mm","m",116.15]
[1608144,"Perfuração em concreto com coroa diamantada - D = 44 mm","m",125.75]
[1608145,"Perfuração em concreto com coroa diamantada - D = 50 mm","m",131.30000000000001]
[1608146,"Perfuração em concreto com coroa diamantada - D = 63 mm","m",149.41999999999999]
[1608147,"Perfuração em concreto com coroa diamantada - D = 75 mm","m",202.78]
[1608019,"Perfuração em concreto com martelete elétrico - D = 10 mm","m",18.98]
[1608020,"Perfuração em concreto com martelete elétrico - D = 13,0 mm","m",29.81]
[1608025,"Perfuração em concreto com martelete elétrico - D = 14 mm","m",36.369999999999997]
[1600966,"Remoção de cerca com mourões de concreto","m",0.76]
[1600898,"Remoção de painel publicitário, tipo outdoor, com estrutura e suportes em madeira","m²",11.84]
[1600441,"Remoção de paralelepípedos","m²",4.01]
[1600404,"Remoção de tubos de concreto com diâmetro de 0,40 m a 1,00 m em valas e bueiros","m",9.9499999999999993]
[1600405,"Remoção de tubos de concreto com diâmetro de 1,20 m a 1,50 m em valas e bueiros","m",11.07]
[1716605,"Derrocagem subaquática de material de 3ª categoria - carga e limpeza - plataforma com clamshell - flutuante e batelão rebocado de 100 t montado na obra - DMT até 200 m","m³",111.16]
[1716610,"Derrocagem subaquática de material de 3ª categoria - carga e limpeza - plataforma com clamshell - flutuante e batelão rebocado de 100 t montado na obra - DMT de 1.000 a 1200 m","m³",115.4]
[1716611,"Derrocagem subaquática de material de 3ª categoria - carga e limpeza - plataforma com clamshell - flutuante e batelão rebocado de 100 t montado na obra - DMT de 1.200 a 1.400 m","m³",115.93]
[1716612,"Derrocagem subaquática de material de 3ª categoria - carga e limpeza - plataforma com clamshell - flutuante e batelão rebocado de 100 t montado na obra - DMT de 1.400 a 1.600 m","m³",116.47]
[1716613,"Derrocagem subaquática de material de 3ª categoria - carga e limpeza - plataforma com clamshell - flutuante e batelão rebocado de 100 t montado na obra - DMT de 1.600 a 1.800 m","m³",117]
[1716614,"Derrocagem subaquática de material de 3ª categoria - carga e limpeza - plataforma com clamshell - flutuante e batelão rebocado de 100 t montado na obra - DMT de 1.800 a 2.000 m","m³",118.06]
[1716615,"Derrocagem subaquática de material de 3ª categoria - carga e limpeza - plataforma com clamshell - flutuante e batelão rebocado de 100 t montado na obra - DMT de 2.000 a 2.500 m","m³",119.12]
[1716616,"Derrocagem subaquática de material de 3ª categoria - carga e limpeza - plataforma com clamshell - flutuante e batelão rebocado de 100 t montado na obra - DMT de 2.500 a 3.000 m","m³",120.71]
[1716606,"Derrocagem subaquática de material de 3ª categoria - carga e limpeza - plataforma com clamshell - flutuante e batelão rebocado de 100 t montado na obra - DMT de 200 a 400 m","m³",112.75]
[1716617,"Derrocagem subaquática de material de 3ª categoria - carga e limpeza - plataforma com clamshell - flutuante e batelão rebocado de 100 t montado na obra - DMT de 3.000 m","m³",121.78]
[1716607,"Derrocagem subaquática de material de 3ª categoria - carga e limpeza - plataforma com clamshell - flutuante e batelão rebocado de 100 t montado na obra - DMT de 400 a 600 m","m³",113.28]
[1716608,"Derrocagem subaquática de material de 3ª categoria - carga e limpeza - plataforma com clamshell - flutuante e batelão rebocado de 100 t montado na obra - DMT de 600 a 800 m","m³",114.34]
[1716609,"Derrocagem subaquática de material de 3ª categoria - carga e limpeza - plataforma com clamshell - flutuante e batelão rebocado de 100 t montado na obra - DMT de 800 a 1.000 m","m³",114.87]
[1716604,"Derrocagem subaquática de material de 3ª categoria - carga e limpeza - plataforma com clamshell - flutuante montado na obra - sem transporte","m³",63.55]
[1716623,"Derrocagem subaquática de material de 3ª categoria - carga e limpeza - plataforma flutuante com clamshell - sem transporte","m³",62.3]
[1716624,"Derrocagem subaquática de material de 3ª categoria - carga e limpeza - plataforma flutuante com clamshell e batelão rebocado de 100 t - DMT até 200 m","m³",109.91]
[1716629,"Derrocagem subaquática de material de 3ª categoria - carga e limpeza - plataforma flutuante com clamshell e batelão rebocado de 100 t - DMT de 1.000 a 1.200 m","m³",114.15]
[1716630,"Derrocagem subaquática de material de 3ª categoria - carga e limpeza - plataforma flutuante com clamshell e batelão rebocado de 100 t - DMT de 1.200 a 1.400 m","m³",114.69]
[1716631,"Derrocagem subaquática de material de 3ª categoria - carga e limpeza - plataforma flutuante com clamshell e batelão rebocado de 100 t - DMT de 1.400 a 1.600 m","m³",115.22]
[1716632,"Derrocagem subaquática de material de 3ª categoria - carga e limpeza - plataforma flutuante com clamshell e batelão rebocado de 100 t - DMT de 1.600 a 1.800 m","m³",115.75]
[1716633,"Derrocagem subaquática de material de 3ª categoria - carga e limpeza - plataforma flutuante com clamshell e batelão rebocado de 100 t - DMT de 1.800 a 2.000 m","m³",116.81]
[1716634,"Derrocagem subaquática de material de 3ª categoria - carga e limpeza - plataforma flutuante com clamshell e batelão rebocado de 100 t - DMT de 2.000 a 2.500 m","m³",117.87]
[1716635,"Derrocagem subaquática de material de 3ª categoria - carga e limpeza - plataforma flutuante com clamshell e batelão rebocado de 100 t - DMT de 2.500 a 3.000 m","m³",119.46]
[1716625,"Derrocagem subaquática de material de 3ª categoria - carga e limpeza - plataforma flutuante com clamshell e batelão rebocado de 100 t - DMT de 200 a 400 m","m³",111.5]
[1716636,"Derrocagem subaquática de material de 3ª categoria - carga e limpeza - plataforma flutuante com clamshell e batelão rebocado de 100 t - DMT de 3.000 m","m³",120.53]
[1716626,"Derrocagem subaquática de material de 3ª categoria - carga e limpeza - plataforma flutuante com clamshell e batelão rebocado de 100 t - DMT de 400 a 600 m","m³",112.03]
[1716627,"Derrocagem subaquática de material de 3ª categoria - carga e limpeza - plataforma flutuante com clamshell e batelão rebocado de 100 t - DMT de 600 a 800 m","m³",113.09]
[1716628,"Derrocagem subaquática de material de 3ª categoria - carga e limpeza - plataforma flutuante com clamshell e batelão rebocado de 100 t - DMT de 800 a 1.000 m","m³",113.62]
[1716640,"Derrocagem subaquática de material de 3ª categoria - carga e limpeza com draga backhoe de 7 m³ - sem transporte","m³",30.47]
[1716641,"Derrocagem subaquática de material de 3ª categoria - carga e limpeza com draga backhoe de 7 m³ - transporte com batelão autopropelido de 300 m³ - DMT até 200 m","m³",39.26]
[1716646,"Derrocagem subaquática de material de 3ª categoria - carga e limpeza com draga backhoe de 7 m³ - transporte com batelão autopropelido de 300 m³ - DMT de 1.000 a 1.200 m","m³",39.81]
[1716647,"Derrocagem subaquática de material de 3ª categoria - carga e limpeza com draga backhoe de 7 m³ - transporte com batelão autopropelido de 300 m³ - DMT de 1.200 a 1.400 m","m³",39.869999999999997]
[1716648,"Derrocagem subaquática de material de 3ª categoria - carga e limpeza com draga backhoe de 7 m³ - transporte com batelão autopropelido de 300 m³ - DMT de 1.400 a 1.600 m","m³",39.979999999999997]
[1716649,"Derrocagem subaquática de material de 3ª categoria - carga e limpeza com draga backhoe de 7 m³ - transporte com batelão autopropelido de 300 m³ - DMT de 1.600 a 1.800 m","m³",40.03]
[1716650,"Derrocagem subaquática de material de 3ª categoria - carga e limpeza com draga backhoe de 7 m³ - transporte com batelão autopropelido de 300 m³ - DMT de 1.800 a 2.000 m","m³",40.15]
[1716651,"Derrocagem subaquática de material de 3ª categoria - carga e limpeza com draga backhoe de 7 m³ - transporte com batelão autopropelido de 300 m³ - DMT de 2.000 a 2.500 m","m³",40.26]
[1716652,"Derrocagem subaquática de material de 3ª categoria - carga e limpeza com draga backhoe de 7 m³ - transporte com batelão autopropelido de 300 m³ - DMT de 2.500 a 3.000 m","m³",40.479999999999997]
[1716642,"Derrocagem subaquática de material de 3ª categoria - carga e limpeza com draga backhoe de 7 m³ - transporte com batelão autopropelido de 300 m³ - DMT de 200 a 400 m","m³",39.42]
[1716653,"Derrocagem subaquática de material de 3ª categoria - carga e limpeza com draga backhoe de 7 m³ - transporte com batelão autopropelido de 300 m³ - DMT de 3.000 m","m³",40.65]
[1716643,"Derrocagem subaquática de material de 3ª categoria - carga e limpeza com draga backhoe de 7 m³ - transporte com batelão autopropelido de 300 m³ - DMT de 400 a 600 m","m³",39.53]
[1716644,"Derrocagem subaquática de material de 3ª categoria - carga e limpeza com draga backhoe de 7 m³ - transporte com batelão autopropelido de 300 m³ - DMT de 600 a 800 m","m³",39.65]
[1716645,"Derrocagem subaquática de material de 3ª categoria - carga e limpeza com draga backhoe de 7 m³ - transporte com batelão autopropelido de 300 m³ - DMT de 800 a 1.000 m","m³",39.700000000000003]
[1716622,"Derrocagem subaquática de material de 3ª categoria - malha de 1,5 m² - perfuração e detonação - plataforma autoelevatória com três torres de perfuração","m³",93.97]
[1716603,"Derrocagem subaquática de material de 3ª categoria - malha de 1,5 m² - perfuração e detonação - plataforma autoelevatória montada na obra com três torres de perfuração","m³",93.97]
[1716620,"Derrocagem subaquática de material de 3ª categoria - malha de 1,5 m² - perfuração e detonação - plataforma flutuante com duas torres de perfuração","m³",125.99]
[1716621,"Derrocagem subaquática de material de 3ª categoria - malha de 1,5 m² - perfuração e detonação - plataforma flutuante com três torres de perfuração","m³",100.62]
[1716619,"Derrocagem subaquática de material de 3ª categoria - malha de 1,5 m² - perfuração e detonação - plataforma flutuante com uma torre de perfuração","m³",202.17]
[1716601,"Derrocagem subaquática de material de 3ª categoria - malha de 1,5 m² - perfuração e detonação - plataforma montada na obra com duas torres de perfuração","m³",127.66]
[1716602,"Derrocagem subaquática de material de 3ª categoria - malha de 1,5 m² - perfuração e detonação - plataforma montada na obra com três torres de perfuração","m³",101.74]
[1716600,"Derrocagem subaquática de material de 3ª categoria - malha de 1,5 m² - perfuração e detonação - plataforma montada na obra com uma torre de perfuração","m³",205.52]
[1716655,"Derrocagem subaquática de material de 3ª categoria - malha de 2,5 m² - perfuração e detonação - plataforma com duas torres de perfuração","m³",74.92]
[1716639,"Derrocagem subaquática de material de 3ª categoria - malha de 4,0 m² - perfuração e detonação - plataforma com duas torres de perfuração","m³",53.88]
[1801636,"Levantamento batimétrico monofeixe longitudinal","km",19.39]
[1801637,"Levantamento batimétrico monofeixe transversal","km",25.86]
[1817720,"Levantamento batimétrico multifeixe","km",95.6]
[1817723,"Levantamento hidrométrico com ADCP em rios com velocidade de corrente acima de 1,5 m/s","km",47.3]
[1817721,"Levantamento hidrométrico com ADCP em rios com velocidade de corrente de 0,5 a 1,0 m/s","km",141.88999999999999]
[1817722,"Levantamento hidrométrico com ADCP em rios com velocidade de corrente de 1,0 a 1,5 m/s","km",70.95]
[1917483,"Dragagem de areia fina com draga de sucção e recalque - bomba de 1.350 kW e cortador de 170 kW - distância de recalque de 1.100 a 1.300 m","m³",4.47]
[1917484,"Dragagem de areia fina com draga de sucção e recalque - bomba de 1.350 kW e cortador de 170 kW - distância de recalque de 1.300 a 1.500 m","m³",4.6500000000000004]
[1917485,"Dragagem de areia fina com draga de sucção e recalque - bomba de 1.350 kW e cortador de 170 kW - distância de recalque de 1.500 a 1.700 m","m³",5.2]
[1917486,"Dragagem de areia fina com draga de sucção e recalque - bomba de 1.350 kW e cortador de 170 kW - distância de recalque de 1.700 a 1.900 m","m³",5.41]
[1917487,"Dragagem de areia fina com draga de sucção e recalque - bomba de 1.350 kW e cortador de 170 kW - distância de recalque de 1.900 a 2.100 m","m³",5.7]
[1917528,"Dragagem de areia fina com draga de sucção e recalque - bomba de 1.350 kW e cortador de 170 kW - distância de recalque de 10.100 a 10.300 m","m³",29.93]
[1917529,"Dragagem de areia fina com draga de sucção e recalque - bomba de 1.350 kW e cortador de 170 kW - distância de recalque de 10.300 a 10.500 m","m³",30.91]
[1917530,"Dragagem de areia fina com draga de sucção e recalque - bomba de 1.350 kW e cortador de 170 kW - distância de recalque de 10.500 a 10.700 m","m³",32.520000000000003]
[1917531,"Dragagem de areia fina com draga de sucção e recalque - bomba de 1.350 kW e cortador de 170 kW - distância de recalque de 10.700 a 10.900 m","m³",34.18]
[1917532,"Dragagem de areia fina com draga de sucção e recalque - bomba de 1.350 kW e cortador de 170 kW - distância de recalque de 10.900 a 11.100 m","m³",36.06]
[1917533,"Dragagem de areia fina com draga de sucção e recalque - bomba de 1.350 kW e cortador de 170 kW - distância de recalque de 11.100 a 11.300 m","m³",37.07]
[1917534,"Dragagem de areia fina com draga de sucção e recalque - bomba de 1.350 kW e cortador de 170 kW - distância de recalque de 11.300 a 11.500 m","m³",38.119999999999997]
[1917535,"Dragagem de areia fina com draga de sucção e recalque - bomba de 1.350 kW e cortador de 170 kW - distância de recalque de 11.500 a 11.700 m","m³",39.56]
[1917536,"Dragagem de areia fina com draga de sucção e recalque - bomba de 1.350 kW e cortador de 170 kW - distância de recalque de 11.700 a 11.900 m","m³",40.75]
[1917537,"Dragagem de areia fina com draga de sucção e recalque - bomba de 1.350 kW e cortador de 170 kW - distância de recalque de 11.900 a 12.100 m","m³",41.99]
[1917488,"Dragagem de areia fina com draga de sucção e recalque - bomba de 1.350 kW e cortador de 170 kW - distância de recalque de 2.100 a 2.300 m","m³",5.92]
[1917489,"Dragagem de areia fina com draga de sucção e recalque - bomba de 1.350 kW e cortador de 170 kW - distância de recalque de 2.300 a 2.500 m","m³",6.21]
[1917490,"Dragagem de areia fina com draga de sucção e recalque - bomba de 1.350 kW e cortador de 170 kW - distância de recalque de 2.500 a 2.700 m","m³",6.71]
[1917491,"Dragagem de areia fina com draga de sucção e recalque - bomba de 1.350 kW e cortador de 170 kW - distância de recalque de 2.700 a 2.900 m","m³",7.01]
[1917492,"Dragagem de areia fina com draga de sucção e recalque - bomba de 1.350 kW e cortador de 170 kW - distância de recalque de 2.900 a 3.100 m","m³",7.25]
[1917493,"Dragagem de areia fina com draga de sucção e recalque - bomba de 1.350 kW e cortador de 170 kW - distância de recalque de 3.100 a 3.300 m","m³",7.58]
[1917494,"Dragagem de areia fina com draga de sucção e recalque - bomba de 1.350 kW e cortador de 170 kW - distância de recalque de 3.300 a 3.500 m","m³",7.91]
[1917495,"Dragagem de areia fina com draga de sucção e recalque - bomba de 1.350 kW e cortador de 170 kW - distância de recalque de 3.500 a 3.700 m","m³",8.4600000000000009]
[1917496,"Dragagem de areia fina com draga de sucção e recalque - bomba de 1.350 kW e cortador de 170 kW - distância de recalque de 3.700 a 3.900 m","m³",8.77]
[1917497,"Dragagem de areia fina com draga de sucção e recalque - bomba de 1.350 kW e cortador de 170 kW - distância de recalque de 3.900 a 4.100 m","m³",9.09]
[1917498,"Dragagem de areia fina com draga de sucção e recalque - bomba de 1.350 kW e cortador de 170 kW - distância de recalque de 4.100 a 4.300 m","m³",9.41]
[1917499,"Dragagem de areia fina com draga de sucção e recalque - bomba de 1.350 kW e cortador de 170 kW - distância de recalque de 4.300 a 4.500 m","m³",9.67]
[1917500,"Dragagem de areia fina com draga de sucção e recalque - bomba de 1.350 kW e cortador de 170 kW - distância de recalque de 4.500 a 4.700 m","m³",10.28]
[1917501,"Dragagem de areia fina com draga de sucção e recalque - bomba de 1.350 kW e cortador de 170 kW - distância de recalque de 4.700 a 4.900 m","m³",10.62]
[1917502,"Dragagem de areia fina com draga de sucção e recalque - bomba de 1.350 kW e cortador de 170 kW - distância de recalque de 4.900 a 5.100 m","m³",10.95]
[1917503,"Dragagem de areia fina com draga de sucção e recalque - bomba de 1.350 kW e cortador de 170 kW - distância de recalque de 5.100 a 5.300 m","m³",11.29]
[1917504,"Dragagem de areia fina com draga de sucção e recalque - bomba de 1.350 kW e cortador de 170 kW - distância de recalque de 5.300 a 5.500 m","m³",11.63]
[1917505,"Dragagem de areia fina com draga de sucção e recalque - bomba de 1.350 kW e cortador de 170 kW - distância de recalque de 5.500 a 5.700 m","m³",12.27]
[1917506,"Dragagem de areia fina com draga de sucção e recalque - bomba de 1.350 kW e cortador de 170 kW - distância de recalque de 5.700 a 5.900 m","m³",12.61]
[1917507,"Dragagem de areia fina com draga de sucção e recalque - bomba de 1.350 kW e cortador de 170 kW - distância de recalque de 5.900 a 6.100 m","m³",12.96]
[1917480,"Dragagem de areia fina com draga de sucção e recalque - bomba de 1.350 kW e cortador de 170 kW - distância de recalque de 500 a 700 m","m³",3.87]
[1917508,"Dragagem de areia fina com draga de sucção e recalque - bomba de 1.350 kW e cortador de 170 kW - distância de recalque de 6.100 a 6.300 m","m³",13.32]
[1917509,"Dragagem de areia fina com draga de sucção e recalque - bomba de 1.350 kW e cortador de 170 kW - distância de recalque de 6.300 a 6.500 m","m³",13.76]
[1917510,"Dragagem de areia fina com draga de sucção e recalque - bomba de 1.350 kW e cortador de 170 kW - distância de recalque de 6.500 a 6.700 m","m³",14.43]
[1917511,"Dragagem de areia fina com draga de sucção e recalque - bomba de 1.350 kW e cortador de 170 kW - distância de recalque de 6.700 a 6.900 m","m³",14.81]
[1917512,"Dragagem de areia fina com draga de sucção e recalque - bomba de 1.350 kW e cortador de 170 kW - distância de recalque de 6.900 a 7.100 m","m³",15.29]
[1917513,"Dragagem de areia fina com draga de sucção e recalque - bomba de 1.350 kW e cortador de 170 kW - distância de recalque de 7.100 a 7.300 m","m³",15.72]
[1917514,"Dragagem de areia fina com draga de sucção e recalque - bomba de 1.350 kW e cortador de 170 kW - distância de recalque de 7.300 a 7.500 m","m³",16.239999999999998]
[1917515,"Dragagem de areia fina com draga de sucção e recalque - bomba de 1.350 kW e cortador de 170 kW - distância de recalque de 7.500 a 7.700 m","m³",17.07]
[1917516,"Dragagem de areia fina com draga de sucção e recalque - bomba de 1.350 kW e cortador de 170 kW - distância de recalque de 7.700 a 7.900 m","m³",17.63]
[1917517,"Dragagem de areia fina com draga de sucção e recalque - bomba de 1.350 kW e cortador de 170 kW - distância de recalque de 7.900 a 8.100 m","m³",18.399999999999999]
[1917481,"Dragagem de areia fina com draga de sucção e recalque - bomba de 1.350 kW e cortador de 170 kW - distância de recalque de 700 a 900 m","m³",4.05]
[1917518,"Dragagem de areia fina com draga de sucção e recalque - bomba de 1.350 kW e cortador de 170 kW - distância de recalque de 8.100 a 8.300 m","m³",19.14]
[1917519,"Dragagem de areia fina com draga de sucção e recalque - bomba de 1.350 kW e cortador de 170 kW - distância de recalque de 8.300 a 8.500 m","m³",20.09]
[1917520,"Dragagem de areia fina com draga de sucção e recalque - bomba de 1.350 kW e cortador de 170 kW - distância de recalque de 8.500 a 8.700 m","m³",21.22]
[1917521,"Dragagem de areia fina com draga de sucção e recalque - bomba de 1.350 kW e cortador de 170 kW - distância de recalque de 8.700 a 8.900 m","m³",22.11]
[1917522,"Dragagem de areia fina com draga de sucção e recalque - bomba de 1.350 kW e cortador de 170 kW - distância de recalque de 8.900 a 9.100 m","m³",23.11]
[1917523,"Dragagem de areia fina com draga de sucção e recalque - bomba de 1.350 kW e cortador de 170 kW - distância de recalque de 9.100 a 9.300 m","m³",24.12]
[1917524,"Dragagem de areia fina com draga de sucção e recalque - bomba de 1.350 kW e cortador de 170 kW - distância de recalque de 9.300 a 9.500 m","m³",25.21]
[1917525,"Dragagem de areia fina com draga de sucção e recalque - bomba de 1.350 kW e cortador de 170 kW - distância de recalque de 9.500 a 9.700 m","m³",26.58]
[1917526,"Dragagem de areia fina com draga de sucção e recalque - bomba de 1.350 kW e cortador de 170 kW - distância de recalque de 9.700 a 9.900 m","m³",27.59]
[1917527,"Dragagem de areia fina com draga de sucção e recalque - bomba de 1.350 kW e cortador de 170 kW - distância de recalque de 9.900 a 10.100 m","m³",28.59]
[1917482,"Dragagem de areia fina com draga de sucção e recalque - bomba de 1.350 kW e cortador de 170 kW - distância de recalque de 900 a 1.100 m","m³",4.22]
[1917737,"Dragagem de areia fina com draga de sucção e recalque - bomba de 1.350 kW e cortador de 170 kW - distância de recalque de até 500 m","m³",3.84]
[1917220,"Dragagem de areia fina com draga de sucção e recalque - bomba de 294 kW e cortador de 30 kW - distância de recalque de 1.100 a 1.300 m","m³",6.45]
[1917221,"Dragagem de areia fina com draga de sucção e recalque - bomba de 294 kW e cortador de 30 kW - distância de recalque de 1.300 a 1.500 m","m³",6.91]
[1917222,"Dragagem de areia fina com draga de sucção e recalque - bomba de 294 kW e cortador de 30 kW - distância de recalque de 1.500 a 1.700 m","m³",7.48]
[1917223,"Dragagem de areia fina com draga de sucção e recalque - bomba de 294 kW e cortador de 30 kW - distância de recalque de 1.700 a 1.900 m","m³",7.83]
[1917224,"Dragagem de areia fina com draga de sucção e recalque - bomba de 294 kW e cortador de 30 kW - distância de recalque de 1.900 a 2.100 m","m³",8.1999999999999993]
[1917225,"Dragagem de areia fina com draga de sucção e recalque - bomba de 294 kW e cortador de 30 kW - distância de recalque de 2.100 a 2.300 m","m³",8.6300000000000008]
[1917226,"Dragagem de areia fina com draga de sucção e recalque - bomba de 294 kW e cortador de 30 kW - distância de recalque de 2.300 a 2.500 m","m³",9.0399999999999991]
[1917227,"Dragagem de areia fina com draga de sucção e recalque - bomba de 294 kW e cortador de 30 kW - distância de recalque de 2.500 a 2.700 m","m³",9.64]
[1917228,"Dragagem de areia fina com draga de sucção e recalque - bomba de 294 kW e cortador de 30 kW - distância de recalque de 2.700 a 2.900 m","m³",10.14]
[1917229,"Dragagem de areia fina com draga de sucção e recalque - bomba de 294 kW e cortador de 30 kW - distância de recalque de 2.900 a 3.100 m","m³",10.56]
[1917230,"Dragagem de areia fina com draga de sucção e recalque - bomba de 294 kW e cortador de 30 kW - distância de recalque de 3.100 a 3.300 m","m³",11.04]
[1917231,"Dragagem de areia fina com draga de sucção e recalque - bomba de 294 kW e cortador de 30 kW - distância de recalque de 3.300 a 3.500 m","m³",11.55]
[1917232,"Dragagem de areia fina com draga de sucção e recalque - bomba de 294 kW e cortador de 30 kW - distância de recalque de 3.500 a 3.700 m","m³",12.25]
[1917233,"Dragagem de areia fina com draga de sucção e recalque - bomba de 294 kW e cortador de 30 kW - distância de recalque de 3.700 a 3.900 m","m³",12.78]
[1917234,"Dragagem de areia fina com draga de sucção e recalque - bomba de 294 kW e cortador de 30 kW - distância de recalque de 3.900 a 4.100 m","m³",13.41]
[1917217,"Dragagem de areia fina com draga de sucção e recalque - bomba de 294 kW e cortador de 30 kW - distância de recalque de 500 a 700 m","m³",5.26]
[1917218,"Dragagem de areia fina com draga de sucção e recalque - bomba de 294 kW e cortador de 30 kW - distância de recalque de 700 a 900 m","m³",5.48]
[1917219,"Dragagem de areia fina com draga de sucção e recalque - bomba de 294 kW e cortador de 30 kW - distância de recalque de 900 a 1.100 m","m³",5.91]
[1917724,"Dragagem de areia fina com draga de sucção e recalque - bomba de 294 kW e cortador de 30 kW - distância de recalque de até 500 m","m³",5.14]
[1917274,"Dragagem de areia fina com draga de sucção e recalque - bomba de 483 kW e cortador de 55 kW - distância de recalque de 1.100 a 1.300 m","m³",4.78]
[1917275,"Dragagem de areia fina com draga de sucção e recalque - bomba de 483 kW e cortador de 55 kW - distância de recalque de 1.300 a 1.500 m","m³",5.08]
[1917276,"Dragagem de areia fina com draga de sucção e recalque - bomba de 483 kW e cortador de 55 kW - distância de recalque de 1.500 a 1.700 m","m³",5.63]
[1917277,"Dragagem de areia fina com draga de sucção e recalque - bomba de 483 kW e cortador de 55 kW - distância de recalque de 1.700 a 1.900 m","m³",6.03]
[1917278,"Dragagem de areia fina com draga de sucção e recalque - bomba de 483 kW e cortador de 55 kW - distância de recalque de 1.900 a 2.100 m","m³",6.23]
[1917279,"Dragagem de areia fina com draga de sucção e recalque - bomba de 483 kW e cortador de 55 kW - distância de recalque de 2.100 a 2.300 m","m³",6.63]
[1917280,"Dragagem de areia fina com draga de sucção e recalque - bomba de 483 kW e cortador de 55 kW - distância de recalque de 2.300 a 2.500 m","m³",7.02]
[1917281,"Dragagem de areia fina com draga de sucção e recalque - bomba de 483 kW e cortador de 55 kW - distância de recalque de 2.500 a 2.700 m","m³",7.58]
[1917282,"Dragagem de areia fina com draga de sucção e recalque - bomba de 483 kW e cortador de 55 kW - distância de recalque de 2.700 a 2.900 m","m³",7.96]
[1917283,"Dragagem de areia fina com draga de sucção e recalque - bomba de 483 kW e cortador de 55 kW - distância de recalque de 2.900 a 3.100 m","m³",8.36]
[1917284,"Dragagem de areia fina com draga de sucção e recalque - bomba de 483 kW e cortador de 55 kW - distância de recalque de 3.100 a 3.300 m","m³",8.7100000000000009]
[1917285,"Dragagem de areia fina com draga de sucção e recalque - bomba de 483 kW e cortador de 55 kW - distância de recalque de 3.300 a 3.500 m","m³",9.11]
[1917286,"Dragagem de areia fina com draga de sucção e recalque - bomba de 483 kW e cortador de 55 kW - distância de recalque de 3.500 a 3.700 m","m³",9.82]
[1917287,"Dragagem de areia fina com draga de sucção e recalque - bomba de 483 kW e cortador de 55 kW - distância de recalque de 3.700 a 3.900 m","m³",10.26]
[1917288,"Dragagem de areia fina com draga de sucção e recalque - bomba de 483 kW e cortador de 55 kW - distância de recalque de 3.900 a 4.100 m","m³",10.71]
[1917289,"Dragagem de areia fina com draga de sucção e recalque - bomba de 483 kW e cortador de 55 kW - distância de recalque de 4.100 a 4.300 m","m³",11.22]
[1917290,"Dragagem de areia fina com draga de sucção e recalque - bomba de 483 kW e cortador de 55 kW - distância de recalque de 4.300 a 4.500 m","m³",11.75]
[1917291,"Dragagem de areia fina com draga de sucção e recalque - bomba de 483 kW e cortador de 55 kW - distância de recalque de 4.500 a 4.700 m","m³",12.53]
[1917292,"Dragagem de areia fina com draga de sucção e recalque - bomba de 483 kW e cortador de 55 kW - distância de recalque de 4.700 a 4.900 m","m³",13.1]
[1917293,"Dragagem de areia fina com draga de sucção e recalque - bomba de 483 kW e cortador de 55 kW - distância de recalque de 4.900 a 5.100 m","m³",13.71]
[1917294,"Dragagem de areia fina com draga de sucção e recalque - bomba de 483 kW e cortador de 55 kW - distância de recalque de 5.100 a 5.300 m","m³",14.51]
[1917295,"Dragagem de areia fina com draga de sucção e recalque - bomba de 483 kW e cortador de 55 kW - distância de recalque de 5.300 a 5.500 m","m³",15.3]
[1917296,"Dragagem de areia fina com draga de sucção e recalque - bomba de 483 kW e cortador de 55 kW - distância de recalque de 5.500 a 5.700 m","m³",16.43]
[1917297,"Dragagem de areia fina com draga de sucção e recalque - bomba de 483 kW e cortador de 55 kW - distância de recalque de 5.700 a 5.900 m","m³",17.45]
[1917298,"Dragagem de areia fina com draga de sucção e recalque - bomba de 483 kW e cortador de 55 kW - distância de recalque de 5.900 a 6.100 m","m³",18.559999999999999]
[1917271,"Dragagem de areia fina com draga de sucção e recalque - bomba de 483 kW e cortador de 55 kW - distância de recalque de 500 a 700 m","m³",4]
[1917299,"Dragagem de areia fina com draga de sucção e recalque - bomba de 483 kW e cortador de 55 kW - distância de recalque de 6.100 a 6.300 m","m³",19.88]
[1917300,"Dragagem de areia fina com draga de sucção e recalque - bomba de 483 kW e cortador de 55 kW - distância de recalque de 6.300 a 6.500 m","m³",21.31]
[1917301,"Dragagem de areia fina com draga de sucção e recalque - bomba de 483 kW e cortador de 55 kW - distância de recalque de 6.500 a 6.700 m","m³",23.24]
[1917302,"Dragagem de areia fina com draga de sucção e recalque - bomba de 483 kW e cortador de 55 kW - distância de recalque de 6.700 a 6.900 m","m³",25.06]
[1917303,"Dragagem de areia fina com draga de sucção e recalque - bomba de 483 kW e cortador de 55 kW - distância de recalque de 6.900 a 7.100 m","m³",26.77]
[1917304,"Dragagem de areia fina com draga de sucção e recalque - bomba de 483 kW e cortador de 55 kW - distância de recalque de 7.100 a 7.300 m","m³",28.44]
[1917305,"Dragagem de areia fina com draga de sucção e recalque - bomba de 483 kW e cortador de 55 kW - distância de recalque de 7.300 a 7.500 m","m³",30.31]
[1917306,"Dragagem de areia fina com draga de sucção e recalque - bomba de 483 kW e cortador de 55 kW - distância de recalque de 7.500 a 7.700 m","m³",32.6]
[1917307,"Dragagem de areia fina com draga de sucção e recalque - bomba de 483 kW e cortador de 55 kW - distância de recalque de 7.700 a 7.900 m","m³",34.31]
[1917272,"Dragagem de areia fina com draga de sucção e recalque - bomba de 483 kW e cortador de 55 kW - distância de recalque de 700 a 900 m","m³",4.21]
[1917273,"Dragagem de areia fina com draga de sucção e recalque - bomba de 483 kW e cortador de 55 kW - distância de recalque de 900 a 1.100 m","m³",4.43]
[1917729,"Dragagem de areia fina com draga de sucção e recalque - bomba de 483 kW e cortador de 55 kW - distância de recalque de até 500 m","m³",3.94]
[1917367,"Dragagem de areia fina com draga de sucção e recalque - bomba de 746 kW e cortador de 110 kW - distância de recalque de 1.100 a 1.300 m","m³",4.47]
[1917368,"Dragagem de areia fina com draga de sucção e recalque - bomba de 746 kW e cortador de 110 kW - distância de recalque de 1.300 a 1.500 m","m³",4.78]
[1917369,"Dragagem de areia fina com draga de sucção e recalque - bomba de 746 kW e cortador de 110 kW - distância de recalque de 1.500 a 1.700 m","m³",5.26]
[1917370,"Dragagem de areia fina com draga de sucção e recalque - bomba de 746 kW e cortador de 110 kW - distância de recalque de 1.700 a 1.900 m","m³",5.55]
[1917371,"Dragagem de areia fina com draga de sucção e recalque - bomba de 746 kW e cortador de 110 kW - distância de recalque de 1.900 a 2.100 m","m³",5.83]
[1917372,"Dragagem de areia fina com draga de sucção e recalque - bomba de 746 kW e cortador de 110 kW - distância de recalque de 2.100 a 2.300 m","m³",6.11]
[1917373,"Dragagem de areia fina com draga de sucção e recalque - bomba de 746 kW e cortador de 110 kW - distância de recalque de 2.300 a 2.500 m","m³",6.32]
[1917374,"Dragagem de areia fina com draga de sucção e recalque - bomba de 746 kW e cortador de 110 kW - distância de recalque de 2.500 a 2.700 m","m³",6.87]
[1917375,"Dragagem de areia fina com draga de sucção e recalque - bomba de 746 kW e cortador de 110 kW - distância de recalque de 2.700 a 2.900 m","m³",7.13]
[1917376,"Dragagem de areia fina com draga de sucção e recalque - bomba de 746 kW e cortador de 110 kW - distância de recalque de 2.900 a 3.100 m","m³",7.39]
[1917377,"Dragagem de areia fina com draga de sucção e recalque - bomba de 746 kW e cortador de 110 kW - distância de recalque de 3.100 a 3.300 m","m³",7.65]
[1917378,"Dragagem de areia fina com draga de sucção e recalque - bomba de 746 kW e cortador de 110 kW - distância de recalque de 3.300 a 3.500 m","m³",7.92]
[1917379,"Dragagem de areia fina com draga de sucção e recalque - bomba de 746 kW e cortador de 110 kW - distância de recalque de 3.500 a 3.700 m","m³",8.49]
[1917380,"Dragagem de areia fina com draga de sucção e recalque - bomba de 746 kW e cortador de 110 kW - distância de recalque de 3.700 a 3.900 m","m³",8.81]
[1917381,"Dragagem de areia fina com draga de sucção e recalque - bomba de 746 kW e cortador de 110 kW - distância de recalque de 3.900 a 4.100 m","m³",9.15]
[1917382,"Dragagem de areia fina com draga de sucção e recalque - bomba de 746 kW e cortador de 110 kW - distância de recalque de 4.100 a 4.300 m","m³",9.56]
[1917383,"Dragagem de areia fina com draga de sucção e recalque - bomba de 746 kW e cortador de 110 kW - distância de recalque de 4.300 a 4.500 m","m³",9.91]
[1917384,"Dragagem de areia fina com draga de sucção e recalque - bomba de 746 kW e cortador de 110 kW - distância de recalque de 4.500 a 4.700 m","m³",10.54]
[1917385,"Dragagem de areia fina com draga de sucção e recalque - bomba de 746 kW e cortador de 110 kW - distância de recalque de 4.700 a 4.900 m","m³",10.99]
[1917386,"Dragagem de areia fina com draga de sucção e recalque - bomba de 746 kW e cortador de 110 kW - distância de recalque de 4.900 a 5.100 m","m³",11.46]
[1917387,"Dragagem de areia fina com draga de sucção e recalque - bomba de 746 kW e cortador de 110 kW - distância de recalque de 5.100 a 5.300 m","m³",11.95]
[1917388,"Dragagem de areia fina com draga de sucção e recalque - bomba de 746 kW e cortador de 110 kW - distância de recalque de 5.300 a 5.500 m","m³",12.46]
[1917389,"Dragagem de areia fina com draga de sucção e recalque - bomba de 746 kW e cortador de 110 kW - distância de recalque de 5.500 a 5.700 m","m³",13.25]
[1917390,"Dragagem de areia fina com draga de sucção e recalque - bomba de 746 kW e cortador de 110 kW - distância de recalque de 5.700 a 5.900 m","m³",13.94]
[1917391,"Dragagem de areia fina com draga de sucção e recalque - bomba de 746 kW e cortador de 110 kW - distância de recalque de 5.900 a 6.100 m","m³",14.69]
[1917364,"Dragagem de areia fina com draga de sucção e recalque - bomba de 746 kW e cortador de 110 kW - distância de recalque de 500 a 700 m","m³",3.55]
[1917392,"Dragagem de areia fina com draga de sucção e recalque - bomba de 746 kW e cortador de 110 kW - distância de recalque de 6.100 a 6.300 m","m³",15.62]
[1917393,"Dragagem de areia fina com draga de sucção e recalque - bomba de 746 kW e cortador de 110 kW - distância de recalque de 6.300 a 6.500 m","m³",16.600000000000001]
[1917394,"Dragagem de areia fina com draga de sucção e recalque - bomba de 746 kW e cortador de 110 kW - distância de recalque de 6.500 a 6.700 m","m³",18]
[1917395,"Dragagem de areia fina com draga de sucção e recalque - bomba de 746 kW e cortador de 110 kW - distância de recalque de 6.700 a 6.900 m","m³",18.96]
[1917396,"Dragagem de areia fina com draga de sucção e recalque - bomba de 746 kW e cortador de 110 kW - distância de recalque de 6.900 a 7.100 m","m³",20.079999999999998]
[1917397,"Dragagem de areia fina com draga de sucção e recalque - bomba de 746 kW e cortador de 110 kW - distância de recalque de 7.100 a 7.300 m","m³",21.35]
[1917398,"Dragagem de areia fina com draga de sucção e recalque - bomba de 746 kW e cortador de 110 kW - distância de recalque de 7.300 a 7.500 m","m³",22.47]
[1917399,"Dragagem de areia fina com draga de sucção e recalque - bomba de 746 kW e cortador de 110 kW - distância de recalque de 7.500 a 7.700 m","m³",24.07]
[1917400,"Dragagem de areia fina com draga de sucção e recalque - bomba de 746 kW e cortador de 110 kW - distância de recalque de 7.700 a 7.900 m","m³",25.52]
[1917401,"Dragagem de areia fina com draga de sucção e recalque - bomba de 746 kW e cortador de 110 kW - distância de recalque de 7.900 a 8.100 m","m³",26.83]
[1917365,"Dragagem de areia fina com draga de sucção e recalque - bomba de 746 kW e cortador de 110 kW - distância de recalque de 700 a 900 m","m³",3.91]
[1917402,"Dragagem de areia fina com draga de sucção e recalque - bomba de 746 kW e cortador de 110 kW - distância de recalque de 8.100 a 8.300 m","m³",28.37]
[1917403,"Dragagem de areia fina com draga de sucção e recalque - bomba de 746 kW e cortador de 110 kW - distância de recalque de 8.300 a 8.500 m","m³",30.1]
[1917404,"Dragagem de areia fina com draga de sucção e recalque - bomba de 746 kW e cortador de 110 kW - distância de recalque de 8.500 a 8.700 m","m³",31.88]
[1917405,"Dragagem de areia fina com draga de sucção e recalque - bomba de 746 kW e cortador de 110 kW - distância de recalque de 8.700 a 8.900 m","m³",33.58]
[1917406,"Dragagem de areia fina com draga de sucção e recalque - bomba de 746 kW e cortador de 110 kW - distância de recalque de 8.900 a 9.100 m","m³",35.46]
[1917407,"Dragagem de areia fina com draga de sucção e recalque - bomba de 746 kW e cortador de 110 kW - distância de recalque de 9.100 a 9.300 m","m³",37.619999999999997]
[1917408,"Dragagem de areia fina com draga de sucção e recalque - bomba de 746 kW e cortador de 110 kW - distância de recalque de 9.300 a 9.500 m","m³",40.01]
[1917409,"Dragagem de areia fina com draga de sucção e recalque - bomba de 746 kW e cortador de 110 kW - distância de recalque de 9.500 a 9.700 m","m³",41.94]
[1917410,"Dragagem de areia fina com draga de sucção e recalque - bomba de 746 kW e cortador de 110 kW - distância de recalque de 9.700 a 9.900 m","m³",43.69]
[1917411,"Dragagem de areia fina com draga de sucção e recalque - bomba de 746 kW e cortador de 110 kW - distância de recalque de 9.900 a 10.100 m","m³",45.66]
[1917366,"Dragagem de areia fina com draga de sucção e recalque - bomba de 746 kW e cortador de 110 kW - distância de recalque de 900 a 1.100 m","m³",4.1500000000000004]
[1917732,"Dragagem de areia fina com draga de sucção e recalque - bomba de 746 kW e cortador de 110 kW - distância de recalque de até 500 m","m³",3.33]
[1917043,"Dragagem de areia fina com draga hopper - capacidade da cisterna de 1.000 m³ - DMT de 1.500 a 1.800 m","m³",12.16]
[1917044,"Dragagem de areia fina com draga hopper - capacidade da cisterna de 1.000 m³ - DMT de 1.800 a 2.100 m","m³",12.37]
[1917045,"Dragagem de areia fina com draga hopper - capacidade da cisterna de 1.000 m³ - DMT de 2.100 a 2.400 m","m³",12.59]
[1917046,"Dragagem de areia fina com draga hopper - capacidade da cisterna de 1.000 m³ - DMT de 2.400 a 2.700 m","m³",12.82]
[1917047,"Dragagem de areia fina com draga hopper - capacidade da cisterna de 1.000 m³ - DMT de 2.700 a 3.000 m","m³",13.06]
[1917048,"Dragagem de areia fina com draga hopper - capacidade da cisterna de 1.000 m³ - DMT de 3.000 m","m³",13.19]
[1901518,"Dragagem de areia fina com draga hopper - capacidade da cisterna de 10.000 m³ - DMT de 1.500 a 1.800 m","m³",8.23]
[1901519,"Dragagem de areia fina com draga hopper - capacidade da cisterna de 10.000 m³ - DMT de 1.800 a 2.100 m","m³",8.2899999999999991]
[1901520,"Dragagem de areia fina com draga hopper - capacidade da cisterna de 10.000 m³ - DMT de 2.100 a 2.400 m","m³",8.36]
[1901521,"Dragagem de areia fina com draga hopper - capacidade da cisterna de 10.000 m³ - DMT de 2.400 a 2.700 m","m³",8.43]
[1901522,"Dragagem de areia fina com draga hopper - capacidade da cisterna de 10.000 m³ - DMT de 2.700 a 3.000 m","m³",8.5]
[1901517,"Dragagem de areia fina com draga hopper - capacidade da cisterna de 10.000 m³ - DMT de 3.000 m","m³",8.5399999999999991]
[1901523,"Dragagem de areia fina com draga hopper - capacidade da cisterna de 15.000 m³ - DMT de 1.500 a 1.800 m","m³",10.94]
[1901524,"Dragagem de areia fina com draga hopper - capacidade da cisterna de 15.000 m³ - DMT de 1.800 a 2.100 m","m³",11]
[1901525,"Dragagem de areia fina com draga hopper - capacidade da cisterna de 15.000 m³ - DMT de 2.100 a 2.400 m","m³",11.06]
[1901526,"Dragagem de areia fina com draga hopper - capacidade da cisterna de 15.000 m³ - DMT de 2.400 a 2.700 m","m³",11.12]
[1901527,"Dragagem de areia fina com draga hopper - capacidade da cisterna de 15.000 m³ - DMT de 2.700 a 3.000 m","m³",11.19]
[1901528,"Dragagem de areia fina com draga hopper - capacidade da cisterna de 15.000 m³ - DMT de 3.000 m","m³",11.23]
[1917079,"Dragagem de areia fina com draga hopper - capacidade da cisterna de 2.000 m³ - DMT de 1.500 a 1.800 m","m³",8.6]
[1917080,"Dragagem de areia fina com draga hopper - capacidade da cisterna de 2.000 m³ - DMT de 1.800 a 2.100 m","m³",8.73]
[1917081,"Dragagem de areia fina com draga hopper - capacidade da cisterna de 2.000 m³ - DMT de 2.100 a 2.400 m","m³",8.8699999999999992]
[1917082,"Dragagem de areia fina com draga hopper - capacidade da cisterna de 2.000 m³ - DMT de 2.400 a 2.700 m","m³",9.01]
[1917083,"Dragagem de areia fina com draga hopper - capacidade da cisterna de 2.000 m³ - DMT de 2.700 a 3.000 m","m³",9.16]
[1917084,"Dragagem de areia fina com draga hopper - capacidade da cisterna de 2.000 m³ - DMT de 3.000 m","m³",9.24]
[1901529,"Dragagem de areia fina com draga hopper - capacidade da cisterna de 20.000 m³ - DMT de 1.500 a 1.800 m","m³",13.71]
[1901530,"Dragagem de areia fina com draga hopper - capacidade da cisterna de 20.000 m³ - DMT de 1.800 a 2.100 m","m³",13.77]
[1901531,"Dragagem de areia fina com draga hopper - capacidade da cisterna de 20.000 m³ - DMT de 2.100 a 2.400 m","m³",13.83]
[1901532,"Dragagem de areia fina com draga hopper - capacidade da cisterna de 20.000 m³ - DMT de 2.400 a 2.700 m","m³",13.89]
[1901533,"Dragagem de areia fina com draga hopper - capacidade da cisterna de 20.000 m³ - DMT de 2.700 a 3.000 m","m³",13.95]
[1901534,"Dragagem de areia fina com draga hopper - capacidade da cisterna de 20.000 m³ - DMT de 3.000 m","m³",13.99]
[1917115,"Dragagem de areia fina com draga hopper - capacidade da cisterna de 3.000 m³ - DMT de 1.500 a 1.800 m","m³",8.26]
[1917116,"Dragagem de areia fina com draga hopper - capacidade da cisterna de 3.000 m³ - DMT de 1.800 a 2.100 m","m³",8.3699999999999992]
[1917117,"Dragagem de areia fina com draga hopper - capacidade da cisterna de 3.000 m³ - DMT de 2.100 a 2.400 m","m³",8.48]
[1917118,"Dragagem de areia fina com draga hopper - capacidade da cisterna de 3.000 m³ - DMT de 2.400 a 2.700 m","m³",8.59]
[1917119,"Dragagem de areia fina com draga hopper - capacidade da cisterna de 3.000 m³ - DMT de 2.700 a 3.000 m","m³",8.7200000000000006]
[1917120,"Dragagem de areia fina com draga hopper - capacidade da cisterna de 3.000 m³ - DMT de 3.000 m","m³",8.7799999999999994]
[1917151,"Dragagem de areia fina com draga hopper - capacidade da cisterna de 4.000 m³ - DMT de 1.500 a 1.800 m","m³",7.88]
[1917152,"Dragagem de areia fina com draga hopper - capacidade da cisterna de 4.000 m³ - DMT de 1.800 a 2.100 m","m³",7.98]
[1917153,"Dragagem de areia fina com draga hopper - capacidade da cisterna de 4.000 m³ - DMT de 2.100 a 2.400 m","m³",8.07]
[1917154,"Dragagem de areia fina com draga hopper - capacidade da cisterna de 4.000 m³ - DMT de 2.400 a 2.700 m","m³",8.17]
[1917155,"Dragagem de areia fina com draga hopper - capacidade da cisterna de 4.000 m³ - DMT de 2.700 a 3.000 m","m³",8.2799999999999994]
[1917156,"Dragagem de areia fina com draga hopper - capacidade da cisterna de 4.000 m³ - DMT de 3.000 m","m³",8.34]
[1917187,"Dragagem de areia fina com draga hopper - capacidade da cisterna de 5.000 m³ - DMT de 1.500 a 1.800 m","m³",8.77]
[1917188,"Dragagem de areia fina com draga hopper - capacidade da cisterna de 5.000 m³ - DMT de 1.800 a 2.100 m","m³",8.86]
[1917189,"Dragagem de areia fina com draga hopper - capacidade da cisterna de 5.000 m³ - DMT de 2.100 a 2.400 m","m³",8.9499999999999993]
[1917190,"Dragagem de areia fina com draga hopper - capacidade da cisterna de 5.000 m³ - DMT de 2.400 a 2.700 m","m³",9.0399999999999991]
[1917191,"Dragagem de areia fina com draga hopper - capacidade da cisterna de 5.000 m³ - DMT de 2.700 a 3.000 m","m³",9.1300000000000008]
[1917192,"Dragagem de areia fina com draga hopper - capacidade da cisterna de 5.000 m³ - DMT de 3.000 m","m³",9.18]
[1917007,"Dragagem de areia fina com draga hopper - capacidade da cisterna de 750 m³ - DMT de 1.500 a 1.800 m","m³",16.52]
[1917008,"Dragagem de areia fina com draga hopper - capacidade da cisterna de 750 m³ - DMT de 1.800 a 2.100 m","m³",16.829999999999998]
[1917009,"Dragagem de areia fina com draga hopper - capacidade da cisterna de 750 m³ - DMT de 2.100 a 2.400 m","m³",17.13]
[1917010,"Dragagem de areia fina com draga hopper - capacidade da cisterna de 750 m³ - DMT de 2.400 a 2.700 m","m³",17.46]
[1917011,"Dragagem de areia fina com draga hopper - capacidade da cisterna de 750 m³ - DMT de 2.700 a 3.000 m","m³",17.8]
[1917012,"Dragagem de areia fina com draga hopper - capacidade da cisterna de 750 m³ - DMT de 3.000 m","m³",17.989999999999998]
[1917578,"Dragagem de areia grossa com draga de sucção e recalque - bomba de 1.350 kW e cortador de 170 kW - distância de recalque de 1.100 a 1.300 m","m³",6.35]
[1917579,"Dragagem de areia grossa com draga de sucção e recalque - bomba de 1.350 kW e cortador de 170 kW - distância de recalque de 1.300 a 1.500 m","m³",6.81]
[1917580,"Dragagem de areia grossa com draga de sucção e recalque - bomba de 1.350 kW e cortador de 170 kW - distância de recalque de 1.500 a 1.700 m","m³",7.19]
[1917581,"Dragagem de areia grossa com draga de sucção e recalque - bomba de 1.350 kW e cortador de 170 kW - distância de recalque de 1.700 a 1.900 m","m³",7.64]
[1917582,"Dragagem de areia grossa com draga de sucção e recalque - bomba de 1.350 kW e cortador de 170 kW - distância de recalque de 1.900 a 2.100 m","m³",8.3000000000000007]
[1917583,"Dragagem de areia grossa com draga de sucção e recalque - bomba de 1.350 kW e cortador de 170 kW - distância de recalque de 2.100 a 2.300 m","m³",8.7899999999999991]
[1917584,"Dragagem de areia grossa com draga de sucção e recalque - bomba de 1.350 kW e cortador de 170 kW - distância de recalque de 2.300 a 2.500 m","m³",9.2100000000000009]
[1917585,"Dragagem de areia grossa com draga de sucção e recalque - bomba de 1.350 kW e cortador de 170 kW - distância de recalque de 2.500 a 2.700 m","m³",9.84]
[1917586,"Dragagem de areia grossa com draga de sucção e recalque - bomba de 1.350 kW e cortador de 170 kW - distância de recalque de 2.700 a 2.900 m","m³",10.79]
[1917587,"Dragagem de areia grossa com draga de sucção e recalque - bomba de 1.350 kW e cortador de 170 kW - distância de recalque de 2.900 a 3.100 m","m³",11.49]
[1917588,"Dragagem de areia grossa com draga de sucção e recalque - bomba de 1.350 kW e cortador de 170 kW - distância de recalque de 3.100 a 3.300 m","m³",12.27]
[1917589,"Dragagem de areia grossa com draga de sucção e recalque - bomba de 1.350 kW e cortador de 170 kW - distância de recalque de 3.300 a 3.500 m","m³",13.8]
[1917590,"Dragagem de areia grossa com draga de sucção e recalque - bomba de 1.350 kW e cortador de 170 kW - distância de recalque de 3.500 a 3.700 m","m³",15.97]
[1917591,"Dragagem de areia grossa com draga de sucção e recalque - bomba de 1.350 kW e cortador de 170 kW - distância de recalque de 3.700 a 3.900 m","m³",17.87]
[1917592,"Dragagem de areia grossa com draga de sucção e recalque - bomba de 1.350 kW e cortador de 170 kW - distância de recalque de 3.900 a 4.100 m","m³",20.29]
[1917593,"Dragagem de areia grossa com draga de sucção e recalque - bomba de 1.350 kW e cortador de 170 kW - distância de recalque de 4.100 a 4.300 m","m³",22.79]
[1917594,"Dragagem de areia grossa com draga de sucção e recalque - bomba de 1.350 kW e cortador de 170 kW - distância de recalque de 4.300 a 4.500 m","m³",25.88]
[1917595,"Dragagem de areia grossa com draga de sucção e recalque - bomba de 1.350 kW e cortador de 170 kW - distância de recalque de 4.500 a 4.700 m","m³",29.14]
[1917596,"Dragagem de areia grossa com draga de sucção e recalque - bomba de 1.350 kW e cortador de 170 kW - distância de recalque de 4.700 a 4.900 m","m³",32.11]
[1917597,"Dragagem de areia grossa com draga de sucção e recalque - bomba de 1.350 kW e cortador de 170 kW - distância de recalque de 4.900 a 5.100 m","m³",36.200000000000003]
[1917598,"Dragagem de areia grossa com draga de sucção e recalque - bomba de 1.350 kW e cortador de 170 kW - distância de recalque de 5.100 a 5.300 m","m³",40]
[1917599,"Dragagem de areia grossa com draga de sucção e recalque - bomba de 1.350 kW e cortador de 170 kW - distância de recalque de 5.300 a 5.500 m","m³",44.3]
[1917600,"Dragagem de areia grossa com draga de sucção e recalque - bomba de 1.350 kW e cortador de 170 kW - distância de recalque de 5.500 a 5.700 m","m³",49.81]
[1917601,"Dragagem de areia grossa com draga de sucção e recalque - bomba de 1.350 kW e cortador de 170 kW - distância de recalque de 5.700 a 5.900 m","m³",52.34]
[1917575,"Dragagem de areia grossa com draga de sucção e recalque - bomba de 1.350 kW e cortador de 170 kW - distância de recalque de 500 a 700 m","m³",4.87]
[1917576,"Dragagem de areia grossa com draga de sucção e recalque - bomba de 1.350 kW e cortador de 170 kW - distância de recalque de 700 a 900 m","m³",5.24]
[1917577,"Dragagem de areia grossa com draga de sucção e recalque - bomba de 1.350 kW e cortador de 170 kW - distância de recalque de 900 a 1.100 m","m³",5.68]
[1917739,"Dragagem de areia grossa com draga de sucção e recalque - bomba de 1.350 kW e cortador de 170 kW - distância de recalque de até 500 m","m³",4.8]
[1917253,"Dragagem de areia grossa com draga de sucção e recalque - bomba de 294 kW e cortador de 30 kW - distância de recalque de 1.100 a 1.300 m","m³",7.72]
[1917254,"Dragagem de areia grossa com draga de sucção e recalque - bomba de 294 kW e cortador de 30 kW - distância de recalque de 1.300 a 1.500 m","m³",8.2799999999999994]
[1917255,"Dragagem de areia grossa com draga de sucção e recalque - bomba de 294 kW e cortador de 30 kW - distância de recalque de 1.500 a 1.700 m","m³",8.98]
[1917256,"Dragagem de areia grossa com draga de sucção e recalque - bomba de 294 kW e cortador de 30 kW - distância de recalque de 1.700 a 1.900 m","m³",9.7200000000000006]
[1917257,"Dragagem de areia grossa com draga de sucção e recalque - bomba de 294 kW e cortador de 30 kW - distância de recalque de 1.900 a 2.100 m","m³",10.74]
[1917258,"Dragagem de areia grossa com draga de sucção e recalque - bomba de 294 kW e cortador de 30 kW - distância de recalque de 2.100 a 2.300 m","m³",11.76]
[1917259,"Dragagem de areia grossa com draga de sucção e recalque - bomba de 294 kW e cortador de 30 kW - distância de recalque de 2.300 a 2.500 m","m³",14.66]
[1917250,"Dragagem de areia grossa com draga de sucção e recalque - bomba de 294 kW e cortador de 30 kW - distância de recalque de 500 a 700 m","m³",5.77]
[1917251,"Dragagem de areia grossa com draga de sucção e recalque - bomba de 294 kW e cortador de 30 kW - distância de recalque de 700 a 900 m","m³",6.11]
[1917252,"Dragagem de areia grossa com draga de sucção e recalque - bomba de 294 kW e cortador de 30 kW - distância de recalque de 900 a 1.100 m","m³",6.85]
[1917726,"Dragagem de areia grossa com draga de sucção e recalque - bomba de 294 kW e cortador de 30 kW - distância de recalque de até 500 m","m³",5.63]
[1917335,"Dragagem de areia grossa com draga de sucção e recalque - bomba de 483 kW e cortador de 55 kW - distância de recalque de 1.100 a 1.300 m","m³",5.69]
[1917336,"Dragagem de areia grossa com draga de sucção e recalque - bomba de 483 kW e cortador de 55 kW - distância de recalque de 1.300 a 1.500 m","m³",6.49]
[1917337,"Dragagem de areia grossa com draga de sucção e recalque - bomba de 483 kW e cortador de 55 kW - distância de recalque de 1.500 a 1.700 m","m³",7.09]
[1917338,"Dragagem de areia grossa com draga de sucção e recalque - bomba de 483 kW e cortador de 55 kW - distância de recalque de 1.700 a 1.900 m","m³",7.84]
[1917339,"Dragagem de areia grossa com draga de sucção e recalque - bomba de 483 kW e cortador de 55 kW - distância de recalque de 1.900 a 2.100 m","m³",8.75]
[1917340,"Dragagem de areia grossa com draga de sucção e recalque - bomba de 483 kW e cortador de 55 kW - distância de recalque de 2.100 a 2.300 m","m³",10.18]
[1917341,"Dragagem de areia grossa com draga de sucção e recalque - bomba de 483 kW e cortador de 55 kW - distância de recalque de 2.300 a 2.500 m","m³",12.95]
[1917342,"Dragagem de areia grossa com draga de sucção e recalque - bomba de 483 kW e cortador de 55 kW - distância de recalque de 2.500 a 2.700 m","m³",16.079999999999998]
[1917343,"Dragagem de areia grossa com draga de sucção e recalque - bomba de 483 kW e cortador de 55 kW - distância de recalque de 2.700 a 2.900 m","m³",20.059999999999999]
[1917344,"Dragagem de areia grossa com draga de sucção e recalque - bomba de 483 kW e cortador de 55 kW - distância de recalque de 2.900 a 3.100 m","m³",24.28]
[1917345,"Dragagem de areia grossa com draga de sucção e recalque - bomba de 483 kW e cortador de 55 kW - distância de recalque de 3.100 a 3.300 m","m³",30.23]
[1917346,"Dragagem de areia grossa com draga de sucção e recalque - bomba de 483 kW e cortador de 55 kW - distância de recalque de 3.300 a 3.500 m","m³",36.07]
[1917347,"Dragagem de areia grossa com draga de sucção e recalque - bomba de 483 kW e cortador de 55 kW - distância de recalque de 3.500 a 3.700 m","m³",47.84]
[1917332,"Dragagem de areia grossa com draga de sucção e recalque - bomba de 483 kW e cortador de 55 kW - distância de recalque de 500 a 700 m","m³",4.62]
[1917333,"Dragagem de areia grossa com draga de sucção e recalque - bomba de 483 kW e cortador de 55 kW - distância de recalque de 700 a 900 m","m³",4.9400000000000004]
[1917334,"Dragagem de areia grossa com draga de sucção e recalque - bomba de 483 kW e cortador de 55 kW - distância de recalque de 900 a 1.100 m","m³",5.26]
[1917331,"Dragagem de areia grossa com draga de sucção e recalque - bomba de 483 kW e cortador de 55 kW - distância de recalque de até 500 m","m³",4.21]
[1917443,"Dragagem de areia grossa com draga de sucção e recalque - bomba de 746 kW e cortador de 110 kW - distância de recalque de 1.100 a 1.300 m","m³",6.3]
[1917444,"Dragagem de areia grossa com draga de sucção e recalque - bomba de 746 kW e cortador de 110 kW - distância de recalque de 1.300 a 1.500 m","m³",6.81]
[1917445,"Dragagem de areia grossa com draga de sucção e recalque - bomba de 746 kW e cortador de 110 kW - distância de recalque de 1.500 a 1.700 m","m³",7.38]
[1917446,"Dragagem de areia grossa com draga de sucção e recalque - bomba de 746 kW e cortador de 110 kW - distância de recalque de 1.700 a 1.900 m","m³",7.97]
[1917447,"Dragagem de areia grossa com draga de sucção e recalque - bomba de 746 kW e cortador de 110 kW - distância de recalque de 1.900 a 2.100 m","m³",8.89]
[1917448,"Dragagem de areia grossa com draga de sucção e recalque - bomba de 746 kW e cortador de 110 kW - distância de recalque de 2.100 a 2.300 m","m³",9.64]
[1917449,"Dragagem de areia grossa com draga de sucção e recalque - bomba de 746 kW e cortador de 110 kW - distância de recalque de 2.300 a 2.500 m","m³",10.62]
[1917450,"Dragagem de areia grossa com draga de sucção e recalque - bomba de 746 kW e cortador de 110 kW - distância de recalque de 2.500 a 2.700 m","m³",11.8]
[1917451,"Dragagem de areia grossa com draga de sucção e recalque - bomba de 746 kW e cortador de 110 kW - distância de recalque de 2.700 a 2.900 m","m³",14.41]
[1917452,"Dragagem de areia grossa com draga de sucção e recalque - bomba de 746 kW e cortador de 110 kW - distância de recalque de 2.900 a 3.100 m","m³",16.95]
[1917453,"Dragagem de areia grossa com draga de sucção e recalque - bomba de 746 kW e cortador de 110 kW - distância de recalque de 3.100 a 3.300 m","m³",20.010000000000002]
[1917454,"Dragagem de areia grossa com draga de sucção e recalque - bomba de 746 kW e cortador de 110 kW - distância de recalque de 3.300 a 3.500 m","m³",23.37]
[1917455,"Dragagem de areia grossa com draga de sucção e recalque - bomba de 746 kW e cortador de 110 kW - distância de recalque de 3.500 a 3.700 m","m³",27.7]
[1917456,"Dragagem de areia grossa com draga de sucção e recalque - bomba de 746 kW e cortador de 110 kW - distância de recalque de 3.700 a 3.900 m","m³",32.36]
[1917457,"Dragagem de areia grossa com draga de sucção e recalque - bomba de 746 kW e cortador de 110 kW - distância de recalque de 3.900 a 4.100 m","m³",36.54]
[1917458,"Dragagem de areia grossa com draga de sucção e recalque - bomba de 746 kW e cortador de 110 kW - distância de recalque de 4.100 a 4.300 m","m³",42.08]
[1917459,"Dragagem de areia grossa com draga de sucção e recalque - bomba de 746 kW e cortador de 110 kW - distância de recalque de 4.300 a 4.500 m","m³",44.36]
[1917440,"Dragagem de areia grossa com draga de sucção e recalque - bomba de 746 kW e cortador de 110 kW - distância de recalque de 500 a 700 m","m³",4.3499999999999996]
[1917441,"Dragagem de areia grossa com draga de sucção e recalque - bomba de 746 kW e cortador de 110 kW - distância de recalque de 700 a 900 m","m³",4.92]
[1917442,"Dragagem de areia grossa com draga de sucção e recalque - bomba de 746 kW e cortador de 110 kW - distância de recalque de 900 a 1.100 m","m³",5.49]
[1917734,"Dragagem de areia grossa com draga de sucção e recalque - bomba de 746 kW e cortador de 110 kW - distância de recalque de até 500 m","m³",4.04]
[1917055,"Dragagem de areia grossa com draga hopper - capacidade da cisterna de 1.000 m³ - DMT de 1.500 a 1.800 m","m³",11.08]
[1917056,"Dragagem de areia grossa com draga hopper - capacidade da cisterna de 1.000 m³ - DMT de 1.800 a 2.100 m","m³",11.29]
[1917057,"Dragagem de areia grossa com draga hopper - capacidade da cisterna de 1.000 m³ - DMT de 2.100 a 2.400 m","m³",11.5]
[1917058,"Dragagem de areia grossa com draga hopper - capacidade da cisterna de 1.000 m³ - DMT de 2.400 a 2.700 m","m³",11.72]
[1917059,"Dragagem de areia grossa com draga hopper - capacidade da cisterna de 1.000 m³ - DMT de 2.700 a 3.000 m","m³",11.96]
[1917060,"Dragagem de areia grossa com draga hopper - capacidade da cisterna de 1.000 m³ - DMT de 3.000 m","m³",12.08]
[1901536,"Dragagem de areia grossa com draga hopper - capacidade da cisterna de 10.000 m³ - DMT de 1.500 a 1.800 m","m³",7.4]
[1901537,"Dragagem de areia grossa com draga hopper - capacidade da cisterna de 10.000 m³ - DMT de 1.800 a 2.100 m","m³",7.46]
[1901538,"Dragagem de areia grossa com draga hopper - capacidade da cisterna de 10.000 m³ - DMT de 2.100 a 2.400 m","m³",7.52]
[1901539,"Dragagem de areia grossa com draga hopper - capacidade da cisterna de 10.000 m³ - DMT de 2.400 a 2.700 m","m³",7.58]
[1901540,"Dragagem de areia grossa com draga hopper - capacidade da cisterna de 10.000 m³ - DMT de 2.700 a 3.000 m","m³",7.65]
[1901535,"Dragagem de areia grossa com draga hopper - capacidade da cisterna de 10.000 m³ - DMT de 3.000 m","m³",7.69]
[1901542,"Dragagem de areia grossa com draga hopper - capacidade da cisterna de 15.000 m³ - DMT de 1.500 a 1.800 m","m³",9.77]
[1901543,"Dragagem de areia grossa com draga hopper - capacidade da cisterna de 15.000 m³ - DMT de 1.800 a 2.100 m","m³",9.83]
[1901544,"Dragagem de areia grossa com draga hopper - capacidade da cisterna de 15.000 m³ - DMT de 2.100 a 2.400 m","m³",9.89]
[1901545,"Dragagem de areia grossa com draga hopper - capacidade da cisterna de 15.000 m³ - DMT de 2.400 a 2.700 m","m³",9.9499999999999993]
[1901546,"Dragagem de areia grossa com draga hopper - capacidade da cisterna de 15.000 m³ - DMT de 2.700 a 3.000 m","m³",10.02]
[1901541,"Dragagem de areia grossa com draga hopper - capacidade da cisterna de 15.000 m³ - DMT de 3.000 m","m³",10.050000000000001]
[1917091,"Dragagem de areia grossa com draga hopper - capacidade da cisterna de 2.000 m³ - DMT de 1.500 a 1.800 m","m³",7.83]
[1917092,"Dragagem de areia grossa com draga hopper - capacidade da cisterna de 2.000 m³ - DMT de 1.800 a 2.100 m","m³",7.95]
[1917093,"Dragagem de areia grossa com draga hopper - capacidade da cisterna de 2.000 m³ - DMT de 2.100 a 2.400 m","m³",8.09]
[1917094,"Dragagem de areia grossa com draga hopper - capacidade da cisterna de 2.000 m³ - DMT de 2.400 a 2.700 m","m³",8.2200000000000006]
[1917095,"Dragagem de areia grossa com draga hopper - capacidade da cisterna de 2.000 m³ - DMT de 2.700 a 3.000 m","m³",8.3699999999999992]
[1917096,"Dragagem de areia grossa com draga hopper - capacidade da cisterna de 2.000 m³ - DMT de 3.000 m","m³",8.4499999999999993]
[1901548,"Dragagem de areia grossa com draga hopper - capacidade da cisterna de 20.000 m³ - DMT de 1.500 a 1.800 m","m³",12.21]
[1901549,"Dragagem de areia grossa com draga hopper - capacidade da cisterna de 20.000 m³ - DMT de 1.800 a 2.100 m","m³",12.26]
[1901550,"Dragagem de areia grossa com draga hopper - capacidade da cisterna de 20.000 m³ - DMT de 2.100 a 2.400 m","m³",12.32]
[1901551,"Dragagem de areia grossa com draga hopper - capacidade da cisterna de 20.000 m³ - DMT de 2.400 a 2.700 m","m³",12.38]
[1901552,"Dragagem de areia grossa com draga hopper - capacidade da cisterna de 20.000 m³ - DMT de 2.700 a 3.000 m","m³",12.44]
[1901547,"Dragagem de areia grossa com draga hopper - capacidade da cisterna de 20.000 m³ - DMT de 3.000 m","m³",12.48]
[1917127,"Dragagem de areia grossa com draga hopper - capacidade da cisterna de 3.000 m³ - DMT de 1.500 a 1.800 m","m³",7.49]
[1917128,"Dragagem de areia grossa com draga hopper - capacidade da cisterna de 3.000 m³ - DMT de 1.800 a 2.100 m","m³",7.59]
[1917129,"Dragagem de areia grossa com draga hopper - capacidade da cisterna de 3.000 m³ - DMT de 2.100 a 2.400 m","m³",7.7]
[1917130,"Dragagem de areia grossa com draga hopper - capacidade da cisterna de 3.000 m³ - DMT de 2.400 a 2.700 m","m³",7.81]
[1917131,"Dragagem de areia grossa com draga hopper - capacidade da cisterna de 3.000 m³ - DMT de 2.700 a 3.000 m","m³",7.93]
[1917132,"Dragagem de areia grossa com draga hopper - capacidade da cisterna de 3.000 m³ - DMT de 3.000 m","m³",8]
[1917163,"Dragagem de areia grossa com draga hopper - capacidade da cisterna de 4.000 m³ - DMT de 1.500 a 1.800 m","m³",7.13]
[1917164,"Dragagem de areia grossa com draga hopper - capacidade da cisterna de 4.000 m³ - DMT de 1.800 a 2.100 m","m³",7.23]
[1917165,"Dragagem de areia grossa com draga hopper - capacidade da cisterna de 4.000 m³ - DMT de 2.100 a 2.400 m","m³",7.32]
[1917166,"Dragagem de areia grossa com draga hopper - capacidade da cisterna de 4.000 m³ - DMT de 2.400 a 2.700 m","m³",7.42]
[1917167,"Dragagem de areia grossa com draga hopper - capacidade da cisterna de 4.000 m³ - DMT de 2.700 a 3.000 m","m³",7.53]
[1917168,"Dragagem de areia grossa com draga hopper - capacidade da cisterna de 4.000 m³ - DMT de 3.000 m","m³",7.58]
[1917199,"Dragagem de areia grossa com draga hopper - capacidade da cisterna de 5.000 m³ - DMT de 1.500 a 1.800 m","m³",7.91]
[1917200,"Dragagem de areia grossa com draga hopper - capacidade da cisterna de 5.000 m³ - DMT de 1.800 a 2.100 m","m³",7.99]
[1917201,"Dragagem de areia grossa com draga hopper - capacidade da cisterna de 5.000 m³ - DMT de 2.100 a 2.400 m","m³",8.07]
[1917202,"Dragagem de areia grossa com draga hopper - capacidade da cisterna de 5.000 m³ - DMT de 2.400 a 2.700 m","m³",8.16]
[1917203,"Dragagem de areia grossa com draga hopper - capacidade da cisterna de 5.000 m³ - DMT de 2.700 a 3.000 m","m³",8.26]
[1917204,"Dragagem de areia grossa com draga hopper - capacidade da cisterna de 5.000 m³ - DMT de 3.000 m","m³",8.31]
[1917019,"Dragagem de areia grossa com draga hopper - capacidade da cisterna de 750 m³ - DMT de 1.500 a 1.800 m","m³",15.02]
[1917020,"Dragagem de areia grossa com draga hopper - capacidade da cisterna de 750 m³ - DMT de 1.800 a 2.100 m","m³",15.32]
[1917021,"Dragagem de areia grossa com draga hopper - capacidade da cisterna de 750 m³ - DMT de 2.100 a 2.400 m","m³",15.62]
[1917022,"Dragagem de areia grossa com draga hopper - capacidade da cisterna de 750 m³ - DMT de 2.400 a 2.700 m","m³",15.94]
[1917023,"Dragagem de areia grossa com draga hopper - capacidade da cisterna de 750 m³ - DMT de 2.700 a 3.000 m","m³",16.27]
[1917024,"Dragagem de areia grossa com draga hopper - capacidade da cisterna de 750 m³ - DMT de 3.000 m","m³",16.45]
[1917541,"Dragagem de areia média com draga de sucção e recalque - bomba de 1.350 kW e cortador de 170 kW - distância de recalque de 1.100 a 1.300 m","m³",5.37]
[1917542,"Dragagem de areia média com draga de sucção e recalque - bomba de 1.350 kW e cortador de 170 kW - distância de recalque de 1.300 a 1.500 m","m³",6.04]
[1917543,"Dragagem de areia média com draga de sucção e recalque - bomba de 1.350 kW e cortador de 170 kW - distância de recalque de 1.500 a 1.700 m","m³",6.35]
[1917544,"Dragagem de areia média com draga de sucção e recalque - bomba de 1.350 kW e cortador de 170 kW - distância de recalque de 1.700 a 1.900 m","m³",6.66]
[1917545,"Dragagem de areia média com draga de sucção e recalque - bomba de 1.350 kW e cortador de 170 kW - distância de recalque de 1.900 a 2.100 m","m³",7.06]
[1917546,"Dragagem de areia média com draga de sucção e recalque - bomba de 1.350 kW e cortador de 170 kW - distância de recalque de 2.100 a 2.300 m","m³",7.39]
[1917547,"Dragagem de areia média com draga de sucção e recalque - bomba de 1.350 kW e cortador de 170 kW - distância de recalque de 2.300 a 2.500 m","m³",8.09]
[1917548,"Dragagem de areia média com draga de sucção e recalque - bomba de 1.350 kW e cortador de 170 kW - distância de recalque de 2.500 a 2.700 m","m³",8.51]
[1917549,"Dragagem de areia média com draga de sucção e recalque - bomba de 1.350 kW e cortador de 170 kW - distância de recalque de 2.700 a 2.900 m","m³",8.94]
[1917550,"Dragagem de areia média com draga de sucção e recalque - bomba de 1.350 kW e cortador de 170 kW - distância de recalque de 2.900 a 3.100 m","m³",9.42]
[1917551,"Dragagem de areia média com draga de sucção e recalque - bomba de 1.350 kW e cortador de 170 kW - distância de recalque de 3.100 a 3.300 m","m³",10.19]
[1917552,"Dragagem de areia média com draga de sucção e recalque - bomba de 1.350 kW e cortador de 170 kW - distância de recalque de 3.300 a 3.500 m","m³",10.7]
[1917553,"Dragagem de areia média com draga de sucção e recalque - bomba de 1.350 kW e cortador de 170 kW - distância de recalque de 3.500 a 3.700 m","m³",10.54]
[1917554,"Dragagem de areia média com draga de sucção e recalque - bomba de 1.350 kW e cortador de 170 kW - distância de recalque de 3.700 a 3.900 m","m³",11.66]
[1917555,"Dragagem de areia média com draga de sucção e recalque - bomba de 1.350 kW e cortador de 170 kW - distância de recalque de 3.900 a 4.100 m","m³",12.2]
[1917556,"Dragagem de areia média com draga de sucção e recalque - bomba de 1.350 kW e cortador de 170 kW - distância de recalque de 4.100 a 4.300 m","m³",13.13]
[1917557,"Dragagem de areia média com draga de sucção e recalque - bomba de 1.350 kW e cortador de 170 kW - distância de recalque de 4.300 a 4.500 m","m³",13.72]
[1917558,"Dragagem de areia média com draga de sucção e recalque - bomba de 1.350 kW e cortador de 170 kW - distância de recalque de 4.500 a 4.700 m","m³",14.58]
[1917559,"Dragagem de areia média com draga de sucção e recalque - bomba de 1.350 kW e cortador de 170 kW - distância de recalque de 4.700 a 4.900 m","m³",16]
[1917560,"Dragagem de areia média com draga de sucção e recalque - bomba de 1.350 kW e cortador de 170 kW - distância de recalque de 4.900 a 5.100 m","m³",17.829999999999998]
[1917561,"Dragagem de areia média com draga de sucção e recalque - bomba de 1.350 kW e cortador de 170 kW - distância de recalque de 5.100 a 5.300 m","m³",19.600000000000001]
[1917562,"Dragagem de areia média com draga de sucção e recalque - bomba de 1.350 kW e cortador de 170 kW - distância de recalque de 5.300 a 5.500 m","m³",21.63]
[1917563,"Dragagem de areia média com draga de sucção e recalque - bomba de 1.350 kW e cortador de 170 kW - distância de recalque de 5.500 a 5.700 m","m³",23.49]
[1917564,"Dragagem de areia média com draga de sucção e recalque - bomba de 1.350 kW e cortador de 170 kW - distância de recalque de 5.700 a 5.900 m","m³",25.49]
[1917565,"Dragagem de areia média com draga de sucção e recalque - bomba de 1.350 kW e cortador de 170 kW - distância de recalque de 5.900 a 6.100 m","m³",28.2]
[1917538,"Dragagem de areia média com draga de sucção e recalque - bomba de 1.350 kW e cortador de 170 kW - distância de recalque de 500 a 700 m","m³",4.42]
[1917566,"Dragagem de areia média com draga de sucção e recalque - bomba de 1.350 kW e cortador de 170 kW - distância de recalque de 6.100 a 6.300 m","m³",30.89]
[1917567,"Dragagem de areia média com draga de sucção e recalque - bomba de 1.350 kW e cortador de 170 kW - distância de recalque de 6.300 a 6.500 m","m³",33.74]
[1917568,"Dragagem de areia média com draga de sucção e recalque - bomba de 1.350 kW e cortador de 170 kW - distância de recalque de 6.500 a 6.700 m","m³",36.49]
[1917569,"Dragagem de areia média com draga de sucção e recalque - bomba de 1.350 kW e cortador de 170 kW - distância de recalque de 6.700 a 6.900 m","m³",39.909999999999997]
[1917570,"Dragagem de areia média com draga de sucção e recalque - bomba de 1.350 kW e cortador de 170 kW - distância de recalque de 6.900 a 7.100 m","m³",43.03]
[1917571,"Dragagem de areia média com draga de sucção e recalque - bomba de 1.350 kW e cortador de 170 kW - distância de recalque de 7.100 a 7.300 m","m³",46.73]
[1917572,"Dragagem de areia média com draga de sucção e recalque - bomba de 1.350 kW e cortador de 170 kW - distância de recalque de 7.300 a 7.500 m","m³",50.85]
[1917573,"Dragagem de areia média com draga de sucção e recalque - bomba de 1.350 kW e cortador de 170 kW - distância de recalque de 7.500 a 7.700 m","m³",55.34]
[1917574,"Dragagem de areia média com draga de sucção e recalque - bomba de 1.350 kW e cortador de 170 kW - distância de recalque de 7.700 a 7.900 m","m³",59.5]
[1917539,"Dragagem de areia média com draga de sucção e recalque - bomba de 1.350 kW e cortador de 170 kW - distância de recalque de 700 a 900 m","m³",4.71]
[1917540,"Dragagem de areia média com draga de sucção e recalque - bomba de 1.350 kW e cortador de 170 kW - distância de recalque de 900 a 1.100 m","m³",5.08]
[1917738,"Dragagem de areia média com draga de sucção e recalque - bomba de 1.350 kW e cortador de 170 kW - distância de recalque de até 500 m","m³",4.3499999999999996]
[1917238,"Dragagem de areia média com draga de sucção e recalque - bomba de 294 kW e cortador de 30 kW - distância de recalque de 1.100 a 1.300 m","m³",6.87]
[1917239,"Dragagem de areia média com draga de sucção e recalque - bomba de 294 kW e cortador de 30 kW - distância de recalque de 1.300 a 1.500 m","m³",7.54]
[1917240,"Dragagem de areia média com draga de sucção e recalque - bomba de 294 kW e cortador de 30 kW - distância de recalque de 1.500 a 1.700 m","m³",8.06]
[1917241,"Dragagem de areia média com draga de sucção e recalque - bomba de 294 kW e cortador de 30 kW - distância de recalque de 1.700 a 1.900 m","m³",8.5500000000000007]
[1917242,"Dragagem de areia média com draga de sucção e recalque - bomba de 294 kW e cortador de 30 kW - distância de recalque de 1.900 a 2.100 m","m³",9.02]
[1917243,"Dragagem de areia média com draga de sucção e recalque - bomba de 294 kW e cortador de 30 kW - distância de recalque de 2.100 a 2.300 m","m³",9.4600000000000009]
[1917244,"Dragagem de areia média com draga de sucção e recalque - bomba de 294 kW e cortador de 30 kW - distância de recalque de 2.300 a 2.500 m","m³",10.1]
[1917245,"Dragagem de areia média com draga de sucção e recalque - bomba de 294 kW e cortador de 30 kW - distância de recalque de 2.500 a 2.700 m","m³",10.64]
[1917246,"Dragagem de areia média com draga de sucção e recalque - bomba de 294 kW e cortador de 30 kW - distância de recalque de 2.700 a 2.900 m","m³",11.21]
[1917247,"Dragagem de areia média com draga de sucção e recalque - bomba de 294 kW e cortador de 30 kW - distância de recalque de 2.900 a 3.100 m","m³",12.15]
[1917248,"Dragagem de areia média com draga de sucção e recalque - bomba de 294 kW e cortador de 30 kW - distância de recalque de 3.100 a 3.300 m","m³",13.92]
[1917249,"Dragagem de areia média com draga de sucção e recalque - bomba de 294 kW e cortador de 30 kW - distância de recalque de 3.300 a 3.500 m","m³",16.7]
[1917235,"Dragagem de areia média com draga de sucção e recalque - bomba de 294 kW e cortador de 30 kW - distância de recalque de 500 a 700 m","m³",5.44]
[1917236,"Dragagem de areia média com draga de sucção e recalque - bomba de 294 kW e cortador de 30 kW - distância de recalque de 700 a 900 m","m³",5.82]
[1917237,"Dragagem de areia média com draga de sucção e recalque - bomba de 294 kW e cortador de 30 kW - distância de recalque de 900 a 1.100 m","m³",6.28]
[1917725,"Dragagem de areia média com draga de sucção e recalque - bomba de 294 kW e cortador de 30 kW - distância de recalque de até 500 m","m³",5.3]
[1917311,"Dragagem de areia média com draga de sucção e recalque - bomba de 483 kW e cortador de 55 kW - distância de recalque de 1.100 a 1.300 m","m³",5.41]
[1917312,"Dragagem de areia média com draga de sucção e recalque - bomba de 483 kW e cortador de 55 kW - distância de recalque de 1.300 a 1.500 m","m³",6.14]
[1917313,"Dragagem de areia média com draga de sucção e recalque - bomba de 483 kW e cortador de 55 kW - distância de recalque de 1.500 a 1.700 m","m³",6.61]
[1917314,"Dragagem de areia média com draga de sucção e recalque - bomba de 483 kW e cortador de 55 kW - distância de recalque de 1.700 a 1.900 m","m³",7.04]
[1917315,"Dragagem de areia média com draga de sucção e recalque - bomba de 483 kW e cortador de 55 kW - distância de recalque de 1.900 a 2.100 m","m³",7.58]
[1917316,"Dragagem de areia média com draga de sucção e recalque - bomba de 483 kW e cortador de 55 kW - distância de recalque de 2.100 a 2.300 m","m³",8.09]
[1917317,"Dragagem de areia média com draga de sucção e recalque - bomba de 483 kW e cortador de 55 kW - distância de recalque de 2.300 a 2.500 m","m³",8.94]
[1917318,"Dragagem de areia média com draga de sucção e recalque - bomba de 483 kW e cortador de 55 kW - distância de recalque de 2.500 a 2.700 m","m³",9.66]
[1917319,"Dragagem de areia média com draga de sucção e recalque - bomba de 483 kW e cortador de 55 kW - distância de recalque de 2.700 a 2.900 m","m³",10.34]
[1917320,"Dragagem de areia média com draga de sucção e recalque - bomba de 483 kW e cortador de 55 kW - distância de recalque de 2.900 a 3.100 m","m³",11.07]
[1917321,"Dragagem de areia média com draga de sucção e recalque - bomba de 483 kW e cortador de 55 kW - distância de recalque de 3.100 a 3.300 m","m³",13.54]
[1917322,"Dragagem de areia média com draga de sucção e recalque - bomba de 483 kW e cortador de 55 kW - distância de recalque de 3.300 a 3.500 m","m³",15.66]
[1917323,"Dragagem de areia média com draga de sucção e recalque - bomba de 483 kW e cortador de 55 kW - distância de recalque de 3.500 a 3.700 m","m³",18.38]
[1917324,"Dragagem de areia média com draga de sucção e recalque - bomba de 483 kW e cortador de 55 kW - distância de recalque de 3.700 a 3.900 m","m³",21.25]
[1917325,"Dragagem de areia média com draga de sucção e recalque - bomba de 483 kW e cortador de 55 kW - distância de recalque de 3.900 a 4.100 m","m³",24.66]
[1917326,"Dragagem de areia média com draga de sucção e recalque - bomba de 483 kW e cortador de 55 kW - distância de recalque de 4.100 a 4.300 m","m³",29.3]
[1917327,"Dragagem de areia média com draga de sucção e recalque - bomba de 483 kW e cortador de 55 kW - distância de recalque de 4.300 a 4.500 m","m³",33.99]
[1917328,"Dragagem de areia média com draga de sucção e recalque - bomba de 483 kW e cortador de 55 kW - distância de recalque de 4.500 a 4.700 m","m³",39.380000000000003]
[1917329,"Dragagem de areia média com draga de sucção e recalque - bomba de 483 kW e cortador de 55 kW - distância de recalque de 4.700 a 4.900 m","m³",43.09]
[1917330,"Dragagem de areia média com draga de sucção e recalque - bomba de 483 kW e cortador de 55 kW - distância de recalque de 4.900 a 5.100 m","m³",47.7]
[1917308,"Dragagem de areia média com draga de sucção e recalque - bomba de 483 kW e cortador de 55 kW - distância de recalque de 500 a 700 m","m³",4.41]
[1917309,"Dragagem de areia média com draga de sucção e recalque - bomba de 483 kW e cortador de 55 kW - distância de recalque de 700 a 900 m","m³",4.7]
[1917310,"Dragagem de areia média com draga de sucção e recalque - bomba de 483 kW e cortador de 55 kW - distância de recalque de 900 a 1.100 m","m³",5.01]
[1917730,"Dragagem de areia média com draga de sucção e recalque - bomba de 483 kW e cortador de 55 kW - distância de recalque de até 500 m","m³",4.3499999999999996]
[1917415,"Dragagem de areia média com draga de sucção e recalque - bomba de 746 kW e cortador de 110 kW - distância de recalque de 1.100 a 1.300 m","m³",5.34]
[1917416,"Dragagem de areia média com draga de sucção e recalque - bomba de 746 kW e cortador de 110 kW - distância de recalque de 1.300 a 1.500 m","m³",6.01]
[1917417,"Dragagem de areia média com draga de sucção e recalque - bomba de 746 kW e cortador de 110 kW - distância de recalque de 1.500 a 1.700 m","m³",6.45]
[1917418,"Dragagem de areia média com draga de sucção e recalque - bomba de 746 kW e cortador de 110 kW - distância de recalque de 1.700 a 1.900 m","m³",6.86]
[1917419,"Dragagem de areia média com draga de sucção e recalque - bomba de 746 kW e cortador de 110 kW - distância de recalque de 1.900 a 2.100 m","m³",7.22]
[1917420,"Dragagem de areia média com draga de sucção e recalque - bomba de 746 kW e cortador de 110 kW - distância de recalque de 2.100 a 2.300 m","m³",7.66]
[1917421,"Dragagem de areia média com draga de sucção e recalque - bomba de 746 kW e cortador de 110 kW - distância de recalque de 2.300 a 2.500 m","m³",8.36]
[1917422,"Dragagem de areia média com draga de sucção e recalque - bomba de 746 kW e cortador de 110 kW - distância de recalque de 2.500 a 2.700 m","m³",8.7799999999999994]
[1917423,"Dragagem de areia média com draga de sucção e recalque - bomba de 746 kW e cortador de 110 kW - distância de recalque de 2.700 a 2.900 m","m³",9.1999999999999993]
[1917424,"Dragagem de areia média com draga de sucção e recalque - bomba de 746 kW e cortador de 110 kW - distância de recalque de 2.900 a 3.100 m","m³",9.6300000000000008]
[1917425,"Dragagem de areia média com draga de sucção e recalque - bomba de 746 kW e cortador de 110 kW - distância de recalque de 3.100 a 3.300 m","m³",10.5]
[1917426,"Dragagem de areia média com draga de sucção e recalque - bomba de 746 kW e cortador de 110 kW - distância de recalque de 3.300 a 3.500 m","m³",11.38]
[1917427,"Dragagem de areia média com draga de sucção e recalque - bomba de 746 kW e cortador de 110 kW - distância de recalque de 3.500 a 3.700 m","m³",12.97]
[1917428,"Dragagem de areia média com draga de sucção e recalque - bomba de 746 kW e cortador de 110 kW - distância de recalque de 3.700 a 3.900 m","m³",14.82]
[1917429,"Dragagem de areia média com draga de sucção e recalque - bomba de 746 kW e cortador de 110 kW - distância de recalque de 3.900 a 4.100 m","m³",16.760000000000002]
[1917430,"Dragagem de areia média com draga de sucção e recalque - bomba de 746 kW e cortador de 110 kW - distância de recalque de 4.100 a 4.300 m","m³",19.36]
[1917431,"Dragagem de areia média com draga de sucção e recalque - bomba de 746 kW e cortador de 110 kW - distância de recalque de 4.300 a 4.500 m","m³",21.64]
[1917432,"Dragagem de areia média com draga de sucção e recalque - bomba de 746 kW e cortador de 110 kW - distância de recalque de 4.500 a 4.700 m","m³",24.58]
[1917433,"Dragagem de areia média com draga de sucção e recalque - bomba de 746 kW e cortador de 110 kW - distância de recalque de 4.700 a 4.900 m","m³",27.6]
[1917434,"Dragagem de areia média com draga de sucção e recalque - bomba de 746 kW e cortador de 110 kW - distância de recalque de 4.900 a 5.100 m","m³",31.21]
[1917435,"Dragagem de areia média com draga de sucção e recalque - bomba de 746 kW e cortador de 110 kW - distância de recalque de 5.100 a 5.300 m","m³",35.51]
[1917436,"Dragagem de areia média com draga de sucção e recalque - bomba de 746 kW e cortador de 110 kW - distância de recalque de 5.300 a 5.500 m","m³",39.4]
[1917437,"Dragagem de areia média com draga de sucção e recalque - bomba de 746 kW e cortador de 110 kW - distância de recalque de 5.500 a 5.700 m","m³",44.39]
[1917438,"Dragagem de areia média com draga de sucção e recalque - bomba de 746 kW e cortador de 110 kW - distância de recalque de 5.700 a 5.900 m","m³",47.89]
[1917439,"Dragagem de areia média com draga de sucção e recalque - bomba de 746 kW e cortador de 110 kW - distância de recalque de 5.900 a 6.100 m","m³",51.02]
[1917412,"Dragagem de areia média com draga de sucção e recalque - bomba de 746 kW e cortador de 110 kW - distância de recalque de 500 a 700 m","m³",4]
[1917413,"Dragagem de areia média com draga de sucção e recalque - bomba de 746 kW e cortador de 110 kW - distância de recalque de 700 a 900 m","m³",4.4800000000000004]
[1917414,"Dragagem de areia média com draga de sucção e recalque - bomba de 746 kW e cortador de 110 kW - distância de recalque de 900 a 1.100 m","m³",4.97]
[1917733,"Dragagem de areia média com draga de sucção e recalque - bomba de 746 kW e cortador de 110 kW - distância de recalque de até 500 m","m³",3.74]
[1917049,"Dragagem de areia média com draga hopper - capacidade da cisterna de 1.000 m³ - DMT de 1.500 a 1.800 m","m³",11.45]
[1917050,"Dragagem de areia média com draga hopper - capacidade da cisterna de 1.000 m³ - DMT de 1.800 a 2.100 m","m³",11.66]
[1917051,"Dragagem de areia média com draga hopper - capacidade da cisterna de 1.000 m³ - DMT de 2.100 a 2.400 m","m³",11.87]
[1917052,"Dragagem de areia média com draga hopper - capacidade da cisterna de 1.000 m³ - DMT de 2.400 a 2.700 m","m³",12.1]
[1917053,"Dragagem de areia média com draga hopper - capacidade da cisterna de 1.000 m³ - DMT de 2.700 a 3.000 m","m³",12.33]
[1917054,"Dragagem de areia média com draga hopper - capacidade da cisterna de 1.000 m³ - DMT de 3.000 m","m³",12.46]
[1901553,"Dragagem de areia média com draga hopper - capacidade da cisterna de 10.000 m³ - DMT de 1.500 a 1.800 m","m³",7.68]
[1901554,"Dragagem de areia média com draga hopper - capacidade da cisterna de 10.000 m³ - DMT de 1.800 a 2.100 m","m³",7.74]
[1901555,"Dragagem de areia média com draga hopper - capacidade da cisterna de 10.000 m³ - DMT de 2.100 a 2.400 m","m³",7.8]
[1901556,"Dragagem de areia média com draga hopper - capacidade da cisterna de 10.000 m³ - DMT de 2.400 a 2.700 m","m³",7.87]
[1901557,"Dragagem de areia média com draga hopper - capacidade da cisterna de 10.000 m³ - DMT de 2.700 a 3.000 m","m³",7.94]
[1901558,"Dragagem de areia média com draga hopper - capacidade da cisterna de 10.000 m³ - DMT de 3.000 m","m³",7.98]
[1901560,"Dragagem de areia média com draga hopper - capacidade da cisterna de 15.000 m³ - DMT de 1.500 a 1.800 m","m³",10.16]
[1901561,"Dragagem de areia média com draga hopper - capacidade da cisterna de 15.000 m³ - DMT de 1.800 a 2.100 m","m³",10.220000000000001]
[1901562,"Dragagem de areia média com draga hopper - capacidade da cisterna de 15.000 m³ - DMT de 2.100 a 2.400 m","m³",10.28]
[1901563,"Dragagem de areia média com draga hopper - capacidade da cisterna de 15.000 m³ - DMT de 2.400 a 2.700 m","m³",10.34]
[1901564,"Dragagem de areia média com draga hopper - capacidade da cisterna de 15.000 m³ - DMT de 2.700 a 3.000 m","m³",10.41]
[1901559,"Dragagem de areia média com draga hopper - capacidade da cisterna de 15.000 m³ - DMT de 3.000 m","m³",10.45]
[1917085,"Dragagem de areia média com draga hopper - capacidade da cisterna de 2.000 m³ - DMT de 1.500 a 1.800 m","m³",8.09]
[1917086,"Dragagem de areia média com draga hopper - capacidade da cisterna de 2.000 m³ - DMT de 1.800 a 2.100 m","m³",8.2200000000000006]
[1917087,"Dragagem de areia média com draga hopper - capacidade da cisterna de 2.000 m³ - DMT de 2.100 a 2.400 m","m³",8.35]
[1917088,"Dragagem de areia média com draga hopper - capacidade da cisterna de 2.000 m³ - DMT de 2.400 a 2.700 m","m³",8.49]
[1917089,"Dragagem de areia média com draga hopper - capacidade da cisterna de 2.000 m³ - DMT de 2.700 a 3.000 m","m³",8.64]
[1917090,"Dragagem de areia média com draga hopper - capacidade da cisterna de 2.000 m³ - DMT de 3.000 m","m³",8.7200000000000006]
[1901566,"Dragagem de areia média com draga hopper - capacidade da cisterna de 20.000 m³ - DMT de 1.500 a 1.800 m","m³",12.71]
[1901567,"Dragagem de areia média com draga hopper - capacidade da cisterna de 20.000 m³ - DMT de 1.800 a 2.100 m","m³",12.77]
[1901568,"Dragagem de areia média com draga hopper - capacidade da cisterna de 20.000 m³ - DMT de 2.100 a 2.400 m","m³",12.82]
[1901569,"Dragagem de areia média com draga hopper - capacidade da cisterna de 20.000 m³ - DMT de 2.400 a 2.700 m","m³",12.89]
[1901570,"Dragagem de areia média com draga hopper - capacidade da cisterna de 20.000 m³ - DMT de 2.700 a 3.000 m","m³",12.95]
[1901565,"Dragagem de areia média com draga hopper - capacidade da cisterna de 20.000 m³ - DMT de 3.000 m","m³",12.99]
[1917121,"Dragagem de areia média com draga hopper - capacidade da cisterna de 3.000 m³ - DMT de 1.500 a 1.800 m","m³",7.75]
[1917122,"Dragagem de areia média com draga hopper - capacidade da cisterna de 3.000 m³ - DMT de 1.800 a 2.100 m","m³",7.86]
[1917123,"Dragagem de areia média com draga hopper - capacidade da cisterna de 3.000 m³ - DMT de 2.100 a 2.400 m","m³",7.97]
[1917124,"Dragagem de areia média com draga hopper - capacidade da cisterna de 3.000 m³ - DMT de 2.400 a 2.700 m","m³",8.08]
[1917125,"Dragagem de areia média com draga hopper - capacidade da cisterna de 3.000 m³ - DMT de 2.700 a 3.000 m","m³",8.1999999999999993]
[1917126,"Dragagem de areia média com draga hopper - capacidade da cisterna de 3.000 m³ - DMT de 3.000 m","m³",8.26]
[1917157,"Dragagem de areia média com draga hopper - capacidade da cisterna de 4.000 m³ - DMT de 1.500 a 1.800 m","m³",7.39]
[1917158,"Dragagem de areia média com draga hopper - capacidade da cisterna de 4.000 m³ - DMT de 1.800 a 2.100 m","m³",7.48]
[1917159,"Dragagem de areia média com draga hopper - capacidade da cisterna de 4.000 m³ - DMT de 2.100 a 2.400 m","m³",7.58]
[1917160,"Dragagem de areia média com draga hopper - capacidade da cisterna de 4.000 m³ - DMT de 2.400 a 2.700 m","m³",7.68]
[1917161,"Dragagem de areia média com draga hopper - capacidade da cisterna de 4.000 m³ - DMT de 2.700 a 3.000 m","m³",7.78]
[1917162,"Dragagem de areia média com draga hopper - capacidade da cisterna de 4.000 m³ - DMT de 3.000 m","m³",7.84]
[1917193,"Dragagem de areia média com draga hopper - capacidade da cisterna de 5.000 m³ - DMT de 1.500 a 1.800 m","m³",8.1999999999999993]
[1917194,"Dragagem de areia média com draga hopper - capacidade da cisterna de 5.000 m³ - DMT de 1.800 a 2.100 m","m³",8.2799999999999994]
[1917195,"Dragagem de areia média com draga hopper - capacidade da cisterna de 5.000 m³ - DMT de 2.100 a 2.400 m","m³",8.3699999999999992]
[1917196,"Dragagem de areia média com draga hopper - capacidade da cisterna de 5.000 m³ - DMT de 2.400 a 2.700 m","m³",8.4600000000000009]
[1917197,"Dragagem de areia média com draga hopper - capacidade da cisterna de 5.000 m³ - DMT de 2.700 a 3.000 m","m³",8.5500000000000007]
[1917198,"Dragagem de areia média com draga hopper - capacidade da cisterna de 5.000 m³ - DMT de 3.000 m","m³",8.6]
[1917013,"Dragagem de areia média com draga hopper - capacidade da cisterna de 750 m³ - DMT de 1.500 a 1.800 m","m³",15.53]
[1917014,"Dragagem de areia média com draga hopper - capacidade da cisterna de 750 m³ - DMT de 1.800 a 2.100 m","m³",15.83]
[1917015,"Dragagem de areia média com draga hopper - capacidade da cisterna de 750 m³ - DMT de 2.100 a 2.400 m","m³",16.14]
[1917016,"Dragagem de areia média com draga hopper - capacidade da cisterna de 750 m³ - DMT de 2.400 a 2.700 m","m³",16.46]
[1917017,"Dragagem de areia média com draga hopper - capacidade da cisterna de 750 m³ - DMT de 2.700 a 3.000 m","m³",16.8]
[1917018,"Dragagem de areia média com draga hopper - capacidade da cisterna de 750 m³ - DMT de 3.000 m","m³",16.98]
[1917623,"Dragagem de cascalho com draga de sucção e recalque - bomba de 1.350 kW e cortador de 170 kW - distância de recalque de 1.100 a 1.300 m","m³",18.41]
[1917624,"Dragagem de cascalho com draga de sucção e recalque - bomba de 1.350 kW e cortador de 170 kW - distância de recalque de 1.300 a 1.500 m","m³",23.17]
[1917625,"Dragagem de cascalho com draga de sucção e recalque - bomba de 1.350 kW e cortador de 170 kW - distância de recalque de 1.500 a 1.700 m","m³",29.05]
[1917626,"Dragagem de cascalho com draga de sucção e recalque - bomba de 1.350 kW e cortador de 170 kW - distância de recalque de 1.700 a 1.900 m","m³",35.479999999999997]
[1917627,"Dragagem de cascalho com draga de sucção e recalque - bomba de 1.350 kW e cortador de 170 kW - distância de recalque de 1.900 a 2.100 m","m³",42.63]
[1917628,"Dragagem de cascalho com draga de sucção e recalque - bomba de 1.350 kW e cortador de 170 kW - distância de recalque de 2.100 a 2.300 m","m³",49.87]
[1917620,"Dragagem de cascalho com draga de sucção e recalque - bomba de 1.350 kW e cortador de 170 kW - distância de recalque de 500 a 700 m","m³",8.6300000000000008]
[1917621,"Dragagem de cascalho com draga de sucção e recalque - bomba de 1.350 kW e cortador de 170 kW - distância de recalque de 700 a 900 m","m³",10.06]
[1917622,"Dragagem de cascalho com draga de sucção e recalque - bomba de 1.350 kW e cortador de 170 kW - distância de recalque de 900 a 1.100 m","m³",12.58]
[1917741,"Dragagem de cascalho com draga de sucção e recalque - bomba de 1.350 kW e cortador de 170 kW - distância de recalque de até 500 m","m³",8]
[1917269,"Dragagem de cascalho com draga de sucção e recalque - bomba de 294 kW e cortador de 30 kW - distância de recalque de 1.100 a 1.300 m","m³",22.5]
[1917270,"Dragagem de cascalho com draga de sucção e recalque - bomba de 294 kW e cortador de 30 kW - distância de recalque de 1.300 a 1.500 m","m³",30.34]
[1917266,"Dragagem de cascalho com draga de sucção e recalque - bomba de 294 kW e cortador de 30 kW - distância de recalque de 500 a 700 m","m³",7.37]
[1917267,"Dragagem de cascalho com draga de sucção e recalque - bomba de 294 kW e cortador de 30 kW - distância de recalque de 700 a 900 m","m³",10.7]
[1917268,"Dragagem de cascalho com draga de sucção e recalque - bomba de 294 kW e cortador de 30 kW - distância de recalque de 900 a 1.100 m","m³",16.32]
[1917728,"Dragagem de cascalho com draga de sucção e recalque - bomba de 294 kW e cortador de 30 kW - distância de recalque de até 500 m","m³",6.8]
[1917358,"Dragagem de cascalho com draga de sucção e recalque - bomba de 483 kW e cortador de 55 kW - distância de recalque até 500 m","m³",6.88]
[1917362,"Dragagem de cascalho com draga de sucção e recalque - bomba de 483 kW e cortador de 55 kW - distância de recalque de 1.100 a 1.300 m","m³",33.020000000000003]
[1917363,"Dragagem de cascalho com draga de sucção e recalque - bomba de 483 kW e cortador de 55 kW - distância de recalque de 1.300 a 1.500 m","m³",40.26]
[1917359,"Dragagem de cascalho com draga de sucção e recalque - bomba de 483 kW e cortador de 55 kW - distância de recalque de 500 a 700 m","m³",9.6999999999999993]
[1917360,"Dragagem de cascalho com draga de sucção e recalque - bomba de 483 kW e cortador de 55 kW - distância de recalque de 700 a 900 m","m³",15.83]
[1917361,"Dragagem de cascalho com draga de sucção e recalque - bomba de 483 kW e cortador de 55 kW - distância de recalque de 900 a 1.100 m","m³",23.69]
[1917476,"Dragagem de cascalho com draga de sucção e recalque - bomba de 746 kW e cortador de 110 kW - distância de recalque de 1.100 a 1.300 m","m³",24.47]
[1917477,"Dragagem de cascalho com draga de sucção e recalque - bomba de 746 kW e cortador de 110 kW - distância de recalque de 1.300 a 1.500 m","m³",31.49]
[1917478,"Dragagem de cascalho com draga de sucção e recalque - bomba de 746 kW e cortador de 110 kW - distância de recalque de 1.500 a 1.700 m","m³",40.46]
[1917479,"Dragagem de cascalho com draga de sucção e recalque - bomba de 746 kW e cortador de 110 kW - distância de recalque de 1.700 a 1.900 m","m³",44.04]
[1917473,"Dragagem de cascalho com draga de sucção e recalque - bomba de 746 kW e cortador de 110 kW - distância de recalque de 500 a 700 m","m³",11.19]
[1917474,"Dragagem de cascalho com draga de sucção e recalque - bomba de 746 kW e cortador de 110 kW - distância de recalque de 700 a 900 m","m³",14.39]
[1917475,"Dragagem de cascalho com draga de sucção e recalque - bomba de 746 kW e cortador de 110 kW - distância de recalque de 900 a 1.100 m","m³",18.47]
[1917736,"Dragagem de cascalho com draga de sucção e recalque - bomba de 746 kW e cortador de 110 kW - distância de recalque de até 500 m","m³",8.11]
[1917067,"Dragagem de cascalho com draga hopper - capacidade da cisterna de 1.000 m³ - DMT de 1.500 a 1.800 m","m³",10.7]
[1917068,"Dragagem de cascalho com draga hopper - capacidade da cisterna de 1.000 m³ - DMT de 1.800 a 2.100 m","m³",10.91]
[1917069,"Dragagem de cascalho com draga hopper - capacidade da cisterna de 1.000 m³ - DMT de 2.100 a 2.400 m","m³",11.13]
[1917070,"Dragagem de cascalho com draga hopper - capacidade da cisterna de 1.000 m³ - DMT de 2.400 a 2.700 m","m³",11.36]
[1917071,"Dragagem de cascalho com draga hopper - capacidade da cisterna de 1.000 m³ - DMT de 2.700 a 3.000 m","m³",11.6]
[1917072,"Dragagem de cascalho com draga hopper - capacidade da cisterna de 1.000 m³ - DMT de 3.000 m","m³",11.73]
[1901572,"Dragagem de cascalho com draga hopper - capacidade da cisterna de 10.000 m³ - DMT de 1.500 a 1.800 m","m³",7.03]
[1901573,"Dragagem de cascalho com draga hopper - capacidade da cisterna de 10.000 m³ - DMT de 1.800 a 2.100 m","m³",7.09]
[1901574,"Dragagem de cascalho com draga hopper - capacidade da cisterna de 10.000 m³ - DMT de 2.100 a 2.400 m","m³",7.15]
[1901575,"Dragagem de cascalho com draga hopper - capacidade da cisterna de 10.000 m³ - DMT de 2.400 a 2.700 m","m³",7.22]
[1901576,"Dragagem de cascalho com draga hopper - capacidade da cisterna de 10.000 m³ - DMT de 2.700 a 3.000 m","m³",7.29]
[1901571,"Dragagem de cascalho com draga hopper - capacidade da cisterna de 10.000 m³ - DMT de 3.000 m","m³",7.33]
[1901578,"Dragagem de cascalho com draga hopper - capacidade da cisterna de 15.000 m³ - DMT de 1.500 a 1.800 m","m³",9.2200000000000006]
[1901579,"Dragagem de cascalho com draga hopper - capacidade da cisterna de 15.000 m³ - DMT de 1.800 a 2.100 m","m³",9.2799999999999994]
[1901580,"Dragagem de cascalho com draga hopper - capacidade da cisterna de 15.000 m³ - DMT de 2.100 a 2.400 m","m³",9.34]
[1901581,"Dragagem de cascalho com draga hopper - capacidade da cisterna de 15.000 m³ - DMT de 2.400 a 2.700 m","m³",9.41]
[1901582,"Dragagem de cascalho com draga hopper - capacidade da cisterna de 15.000 m³ - DMT de 2.700 a 3.000 m","m³",9.4700000000000006]
[1901577,"Dragagem de cascalho com draga hopper - capacidade da cisterna de 15.000 m³ - DMT de 3.000 m","m³",9.51]
[1917103,"Dragagem de cascalho com draga hopper - capacidade da cisterna de 2.000 m³ - DMT de 1.500 a 1.800 m","m³",7.54]
[1917104,"Dragagem de cascalho com draga hopper - capacidade da cisterna de 2.000 m³ - DMT de 1.800 a 2.100 m","m³",7.67]
[1917105,"Dragagem de cascalho com draga hopper - capacidade da cisterna de 2.000 m³ - DMT de 2.100 a 2.400 m","m³",7.81]
[1917106,"Dragagem de cascalho com draga hopper - capacidade da cisterna de 2.000 m³ - DMT de 2.400 a 2.700 m","m³",7.95]
[1917107,"Dragagem de cascalho com draga hopper - capacidade da cisterna de 2.000 m³ - DMT de 2.700 a 3.000 m","m³",8.1]
[1917108,"Dragagem de cascalho com draga hopper - capacidade da cisterna de 2.000 m³ - DMT de 3.000 m","m³",8.19]
[1901583,"Dragagem de cascalho com draga hopper - capacidade da cisterna de 20.000 m³ - DMT de 1.500 a 1.800 m","m³",11.47]
[1901584,"Dragagem de cascalho com draga hopper - capacidade da cisterna de 20.000 m³ - DMT de 1.800 a 2.100 m","m³",11.53]
[1901585,"Dragagem de cascalho com draga hopper - capacidade da cisterna de 20.000 m³ - DMT de 2.100 a 2.400 m","m³",11.59]
[1901586,"Dragagem de cascalho com draga hopper - capacidade da cisterna de 20.000 m³ - DMT de 2.400 a 2.700 m","m³",11.65]
[1901587,"Dragagem de cascalho com draga hopper - capacidade da cisterna de 20.000 m³ - DMT de 2.700 a 3.000 m","m³",11.72]
[1901588,"Dragagem de cascalho com draga hopper - capacidade da cisterna de 20.000 m³ - DMT de 3.000 m","m³",11.76]
[1917139,"Dragagem de cascalho com draga hopper - capacidade da cisterna de 3.000 m³ - DMT de 1.500 a 1.800 m","m³",7.19]
[1917140,"Dragagem de cascalho com draga hopper - capacidade da cisterna de 3.000 m³ - DMT de 1.800 a 2.100 m","m³",7.29]
[1917141,"Dragagem de cascalho com draga hopper - capacidade da cisterna de 3.000 m³ - DMT de 2.100 a 2.400 m","m³",7.41]
[1917142,"Dragagem de cascalho com draga hopper - capacidade da cisterna de 3.000 m³ - DMT de 2.400 a 2.700 m","m³",7.52]
[1917143,"Dragagem de cascalho com draga hopper - capacidade da cisterna de 3.000 m³ - DMT de 2.700 a 3.000 m","m³",7.65]
[1917144,"Dragagem de cascalho com draga hopper - capacidade da cisterna de 3.000 m³ - DMT de 3.000 m","m³",7.71]
[1917175,"Dragagem de cascalho com draga hopper - capacidade da cisterna de 4.000 m³ - DMT de 1.500 a 1.800 m","m³",6.84]
[1917176,"Dragagem de cascalho com draga hopper - capacidade da cisterna de 4.000 m³ - DMT de 1.800 a 2.100 m","m³",6.93]
[1917177,"Dragagem de cascalho com draga hopper - capacidade da cisterna de 4.000 m³ - DMT de 2.100 a 2.400 m","m³",7.03]
[1917178,"Dragagem de cascalho com draga hopper - capacidade da cisterna de 4.000 m³ - DMT de 2.400 a 2.700 m","m³",7.13]
[1917179,"Dragagem de cascalho com draga hopper - capacidade da cisterna de 4.000 m³ - DMT de 2.700 a 3.000 m","m³",7.24]
[1917180,"Dragagem de cascalho com draga hopper - capacidade da cisterna de 4.000 m³ - DMT de 3.000 m","m³",7.3]
[1917211,"Dragagem de cascalho com draga hopper - capacidade da cisterna de 5.000 m³ - DMT de 1.500 a 1.800 m","m³",7.54]
[1917212,"Dragagem de cascalho com draga hopper - capacidade da cisterna de 5.000 m³ - DMT de 1.800 a 2.100 m","m³",7.62]
[1917213,"Dragagem de cascalho com draga hopper - capacidade da cisterna de 5.000 m³ - DMT de 2.100 a 2.400 m","m³",7.71]
[1917214,"Dragagem de cascalho com draga hopper - capacidade da cisterna de 5.000 m³ - DMT de 2.400 a 2.700 m","m³",7.8]
[1917215,"Dragagem de cascalho com draga hopper - capacidade da cisterna de 5.000 m³ - DMT de 2.700 a 3.000 m","m³",7.9]
[1917216,"Dragagem de cascalho com draga hopper - capacidade da cisterna de 5.000 m³ - DMT de 3.000 m","m³",7.95]
[1917031,"Dragagem de cascalho com draga hopper - capacidade da cisterna de 750 m³ - DMT de 1.500 a 1.800 m","m³",14.47]
[1917032,"Dragagem de cascalho com draga hopper - capacidade da cisterna de 750 m³ - DMT de 1.800 a 2.100 m","m³",14.78]
[1917033,"Dragagem de cascalho com draga hopper - capacidade da cisterna de 750 m³ - DMT de 2.100 a 2.400 m","m³",15.09]
[1917034,"Dragagem de cascalho com draga hopper - capacidade da cisterna de 750 m³ - DMT de 2.400 a 2.700 m","m³",15.42]
[1917035,"Dragagem de cascalho com draga hopper - capacidade da cisterna de 750 m³ - DMT de 2.700 a 3.000 m","m³",15.76]
[1917036,"Dragagem de cascalho com draga hopper - capacidade da cisterna de 750 m³ - DMT de 3.000 m","m³",15.95]
[1917605,"Dragagem de cascalho fino com draga de sucção e recalque - bomba de 1.350 kW e cortador de 170 kW - distância de recalque de 1.100 a 1.300 m","m³",8.1999999999999993]
[1917606,"Dragagem de cascalho fino com draga de sucção e recalque - bomba de 1.350 kW e cortador de 170 kW - distância de recalque de 1.300 a 1.500 m","m³",8.85]
[1917607,"Dragagem de cascalho fino com draga de sucção e recalque - bomba de 1.350 kW e cortador de 170 kW - distância de recalque de 1.500 a 1.700 m","m³",9.5]
[1917608,"Dragagem de cascalho fino com draga de sucção e recalque - bomba de 1.350 kW e cortador de 170 kW - distância de recalque de 1.700 a 1.900 m","m³",10.62]
[1917609,"Dragagem de cascalho fino com draga de sucção e recalque - bomba de 1.350 kW e cortador de 170 kW - distância de recalque de 1.900 a 2.100 m","m³",12.1]
[1917610,"Dragagem de cascalho fino com draga de sucção e recalque - bomba de 1.350 kW e cortador de 170 kW - distância de recalque de 2.100 a 2.300 m","m³",14.29]
[1917611,"Dragagem de cascalho fino com draga de sucção e recalque - bomba de 1.350 kW e cortador de 170 kW - distância de recalque de 2.300 a 2.500 m","m³",16.760000000000002]
[1917612,"Dragagem de cascalho fino com draga de sucção e recalque - bomba de 1.350 kW e cortador de 170 kW - distância de recalque de 2.500 a 2.700 m","m³",19.7]
[1917613,"Dragagem de cascalho fino com draga de sucção e recalque - bomba de 1.350 kW e cortador de 170 kW - distância de recalque de 2.700 a 2.900 m","m³",22.93]
[1917614,"Dragagem de cascalho fino com draga de sucção e recalque - bomba de 1.350 kW e cortador de 170 kW - distância de recalque de 2.900 a 3.100 m","m³",26.48]
[1917615,"Dragagem de cascalho fino com draga de sucção e recalque - bomba de 1.350 kW e cortador de 170 kW - distância de recalque de 3.100 a 3.300 m","m³",30.53]
[1917616,"Dragagem de cascalho fino com draga de sucção e recalque - bomba de 1.350 kW e cortador de 170 kW - distância de recalque de 3.300 a 3.500 m","m³",35.36]
[1917617,"Dragagem de cascalho fino com draga de sucção e recalque - bomba de 1.350 kW e cortador de 170 kW - distância de recalque de 3.500 a 3.700 m","m³",39.630000000000003]
[1917618,"Dragagem de cascalho fino com draga de sucção e recalque - bomba de 1.350 kW e cortador de 170 kW - distância de recalque de 3.700 a 3.900 m","m³",45.17]
[1917619,"Dragagem de cascalho fino com draga de sucção e recalque - bomba de 1.350 kW e cortador de 170 kW - distância de recalque de 3.900 a 4.100 m","m³",49.01]
[1917602,"Dragagem de cascalho fino com draga de sucção e recalque - bomba de 1.350 kW e cortador de 170 kW - distância de recalque de 500 a 700 m","m³",5.96]
[1917603,"Dragagem de cascalho fino com draga de sucção e recalque - bomba de 1.350 kW e cortador de 170 kW - distância de recalque de 700 a 900 m","m³",6.65]
[1917604,"Dragagem de cascalho fino com draga de sucção e recalque - bomba de 1.350 kW e cortador de 170 kW - distância de recalque de 900 a 1.100 m","m³",7.25]
[1917740,"Dragagem de cascalho fino com draga de sucção e recalque - bomba de 1.350 kW e cortador de 170 kW - distância de recalque de até 500 m","m³",5.74]
[1917263,"Dragagem de cascalho fino com draga de sucção e recalque - bomba de 294 kW e cortador de 30 kW - distância de recalque de 1.100 a 1.300 m","m³",10.41]
[1917264,"Dragagem de cascalho fino com draga de sucção e recalque - bomba de 294 kW e cortador de 30 kW - distância de recalque de 1.300 a 1.500 m","m³",12.91]
[1917265,"Dragagem de cascalho fino com draga de sucção e recalque - bomba de 294 kW e cortador de 30 kW - distância de recalque de 1.500 a 1.700 m","m³",16.73]
[1917260,"Dragagem de cascalho fino com draga de sucção e recalque - bomba de 294 kW e cortador de 30 kW - distância de recalque de 500 a 700 m","m³",6.31]
[1917261,"Dragagem de cascalho fino com draga de sucção e recalque - bomba de 294 kW e cortador de 30 kW - distância de recalque de 700 a 900 m","m³",7.03]
[1917262,"Dragagem de cascalho fino com draga de sucção e recalque - bomba de 294 kW e cortador de 30 kW - distância de recalque de 900 a 1.100 m","m³",8.33]
[1917727,"Dragagem de cascalho fino com draga de sucção e recalque - bomba de 294 kW e cortador de 30 kW - distância de recalque de até 500 m","m³",6.11]
[1917351,"Dragagem de cascalho fino com draga de sucção e recalque - bomba de 483 kW e cortador de 55 kW - distância de recalque de 1.100 a 1.300 m","m³",9.11]
[1917352,"Dragagem de cascalho fino com draga de sucção e recalque - bomba de 483 kW e cortador de 55 kW - distância de recalque de 1.300 a 1.500 m","m³",12.02]
[1917353,"Dragagem de cascalho fino com draga de sucção e recalque - bomba de 483 kW e cortador de 55 kW - distância de recalque de 1.500 a 1.700 m","m³",15.44]
[1917354,"Dragagem de cascalho fino com draga de sucção e recalque - bomba de 483 kW e cortador de 55 kW - distância de recalque de 1.700 a 1.900 m","m³",20.07]
[1917355,"Dragagem de cascalho fino com draga de sucção e recalque - bomba de 483 kW e cortador de 55 kW - distância de recalque de 1.900 a 2.100 m","m³",25.85]
[1917356,"Dragagem de cascalho fino com draga de sucção e recalque - bomba de 483 kW e cortador de 55 kW - distância de recalque de 2.100 a 2.300 m","m³",31.68]
[1917357,"Dragagem de cascalho fino com draga de sucção e recalque - bomba de 483 kW e cortador de 55 kW - distância de recalque de 2.300 a 2.500 m","m³",36.22]
[1917348,"Dragagem de cascalho fino com draga de sucção e recalque - bomba de 483 kW e cortador de 55 kW - distância de recalque de 500 a 700 m","m³",5.5]
[1917349,"Dragagem de cascalho fino com draga de sucção e recalque - bomba de 483 kW e cortador de 55 kW - distância de recalque de 700 a 900 m","m³",5.96]
[1917350,"Dragagem de cascalho fino com draga de sucção e recalque - bomba de 483 kW e cortador de 55 kW - distância de recalque de 900 a 1.100 m","m³",6.78]
[1917731,"Dragagem de cascalho fino com draga de sucção e recalque - bomba de 483 kW e cortador de 55 kW - distância de recalque de até 500 m","m³",5.38]
[1917463,"Dragagem de cascalho fino com draga de sucção e recalque - bomba de 746 kW e cortador de 110 kW - distância de recalque de 1.100 a 1.300 m","m³",9.2100000000000009]
[1917464,"Dragagem de cascalho fino com draga de sucção e recalque - bomba de 746 kW e cortador de 110 kW - distância de recalque de 1.300 a 1.500 m","m³",10.66]
[1917465,"Dragagem de cascalho fino com draga de sucção e recalque - bomba de 746 kW e cortador de 110 kW - distância de recalque de 1.500 a 1.700 m","m³",12.29]
[1917466,"Dragagem de cascalho fino com draga de sucção e recalque - bomba de 746 kW e cortador de 110 kW - distância de recalque de 1.700 a 1.900 m","m³",14.63]
[1917467,"Dragagem de cascalho fino com draga de sucção e recalque - bomba de 746 kW e cortador de 110 kW - distância de recalque de 1.900 a 2.100 m","m³",18.100000000000001]
[1917468,"Dragagem de cascalho fino com draga de sucção e recalque - bomba de 746 kW e cortador de 110 kW - distância de recalque de 2.100 a 2.300 m","m³",22.05]
[1917469,"Dragagem de cascalho fino com draga de sucção e recalque - bomba de 746 kW e cortador de 110 kW - distância de recalque de 2.300 a 2.500 m","m³",26.42]
[1917470,"Dragagem de cascalho fino com draga de sucção e recalque - bomba de 746 kW e cortador de 110 kW - distância de recalque de 2.500 a 2.700 m","m³",31.53]
[1917471,"Dragagem de cascalho fino com draga de sucção e recalque - bomba de 746 kW e cortador de 110 kW - distância de recalque de 2.700 a 2.900 m","m³",37.56]
[1917472,"Dragagem de cascalho fino com draga de sucção e recalque - bomba de 746 kW e cortador de 110 kW - distância de recalque de 2.900 a 3.100 m","m³",40.22]
[1917460,"Dragagem de cascalho fino com draga de sucção e recalque - bomba de 746 kW e cortador de 110 kW - distância de recalque de 500 a 700 m","m³",5.32]
[1917461,"Dragagem de cascalho fino com draga de sucção e recalque - bomba de 746 kW e cortador de 110 kW - distância de recalque de 700 a 900 m","m³",6.32]
[1917462,"Dragagem de cascalho fino com draga de sucção e recalque - bomba de 746 kW e cortador de 110 kW - distância de recalque de 900 a 1.100 m","m³",7.53]
[1917735,"Dragagem de cascalho fino com draga de sucção e recalque - bomba de 746 kW e cortador de 110 kW - distância de recalque de até 500 m","m³",4.76]
[1917061,"Dragagem de cascalho fino com draga hopper - capacidade da cisterna de 1.000 m³ - DMT de 1.500 a 1.800 m","m³",10.82]
[1917062,"Dragagem de cascalho fino com draga hopper - capacidade da cisterna de 1.000 m³ - DMT de 1.800 a 2.100 m","m³",11.03]
[1917063,"Dragagem de cascalho fino com draga hopper - capacidade da cisterna de 1.000 m³ - DMT de 2.100 a 2.400 m","m³",11.24]
[1917064,"Dragagem de cascalho fino com draga hopper - capacidade da cisterna de 1.000 m³ - DMT de 2.400 a 2.700 m","m³",11.47]
[1917065,"Dragagem de cascalho fino com draga hopper - capacidade da cisterna de 1.000 m³ - DMT de 2.700 a 3.000 m","m³",11.7]
[1917066,"Dragagem de cascalho fino com draga hopper - capacidade da cisterna de 1.000 m³ - DMT de 3.000 m","m³",11.83]
[1901590,"Dragagem de cascalho fino com draga hopper - capacidade da cisterna de 10.000 m³ - DMT de 1.500 a 1.800 m","m³",7.16]
[1901591,"Dragagem de cascalho fino com draga hopper - capacidade da cisterna de 10.000 m³ - DMT de 1.800 a 2.100 m","m³",7.22]
[1901592,"Dragagem de cascalho fino com draga hopper - capacidade da cisterna de 10.000 m³ - DMT de 2.100 a 2.400 m","m³",7.28]
[1901593,"Dragagem de cascalho fino com draga hopper - capacidade da cisterna de 10.000 m³ - DMT de 2.400 a 2.700 m","m³",7.35]
[1901594,"Dragagem de cascalho fino com draga hopper - capacidade da cisterna de 10.000 m³ - DMT de 2.700 a 3.000 m","m³",7.42]
[1901589,"Dragagem de cascalho fino com draga hopper - capacidade da cisterna de 10.000 m³ - DMT de 3.000 m","m³",7.46]
[1901596,"Dragagem de cascalho fino com draga hopper - capacidade da cisterna de 15.000 m³ - DMT de 1.500 a 1.800 m","m³",9.42]
[1901597,"Dragagem de cascalho fino com draga hopper - capacidade da cisterna de 15.000 m³ - DMT de 1.800 a 2.100 m","m³",9.48]
[1901598,"Dragagem de cascalho fino com draga hopper - capacidade da cisterna de 15.000 m³ - DMT de 2.100 a 2.400 m","m³",9.5399999999999991]
[1901599,"Dragagem de cascalho fino com draga hopper - capacidade da cisterna de 15.000 m³ - DMT de 2.400 a 2.700 m","m³",9.6]
[1901600,"Dragagem de cascalho fino com draga hopper - capacidade da cisterna de 15.000 m³ - DMT de 2.700 a 3.000 m","m³",9.67]
[1901595,"Dragagem de cascalho fino com draga hopper - capacidade da cisterna de 15.000 m³ - DMT de 3.000 m","m³",9.6999999999999993]
[1917097,"Dragagem de cascalho fino com draga hopper - capacidade da cisterna de 2.000 m³ - DMT de 1.500 a 1.800 m","m³",7.63]
[1917098,"Dragagem de cascalho fino com draga hopper - capacidade da cisterna de 2.000 m³ - DMT de 1.800 a 2.100 m","m³",7.76]
[1917099,"Dragagem de cascalho fino com draga hopper - capacidade da cisterna de 2.000 m³ - DMT de 2.100 a 2.400 m","m³",7.9]
[1917100,"Dragagem de cascalho fino com draga hopper - capacidade da cisterna de 2.000 m³ - DMT de 2.400 a 2.700 m","m³",8.0399999999999991]
[1917101,"Dragagem de cascalho fino com draga hopper - capacidade da cisterna de 2.000 m³ - DMT de 2.700 a 3.000 m","m³",8.19]
[1917102,"Dragagem de cascalho fino com draga hopper - capacidade da cisterna de 2.000 m³ - DMT de 3.000 m","m³",8.26]
[1901601,"Dragagem de cascalho fino com draga hopper - capacidade da cisterna de 20.000 m³ - DMT de 1.500 a 1.800 m","m³",11.74]
[1901602,"Dragagem de cascalho fino com draga hopper - capacidade da cisterna de 20.000 m³ - DMT de 1.800 a 2.100 m","m³",11.8]
[1901603,"Dragagem de cascalho fino com draga hopper - capacidade da cisterna de 20.000 m³ - DMT de 2.100 a 2.400 m","m³",11.85]
[1901604,"Dragagem de cascalho fino com draga hopper - capacidade da cisterna de 20.000 m³ - DMT de 2.400 a 2.700 m","m³",11.92]
[1901605,"Dragagem de cascalho fino com draga hopper - capacidade da cisterna de 20.000 m³ - DMT de 2.700 a 3.000 m","m³",11.98]
[1901606,"Dragagem de cascalho fino com draga hopper - capacidade da cisterna de 20.000 m³ - DMT de 3.000 m","m³",12.02]
[1917133,"Dragagem de cascalho fino com draga hopper - capacidade da cisterna de 3.000 m³ - DMT de 1.500 a 1.800 m","m³",7.29]
[1917134,"Dragagem de cascalho fino com draga hopper - capacidade da cisterna de 3.000 m³ - DMT de 1.800 a 2.100 m","m³",7.39]
[1917135,"Dragagem de cascalho fino com draga hopper - capacidade da cisterna de 3.000 m³ - DMT de 2.100 a 2.400 m","m³",7.5]
[1917136,"Dragagem de cascalho fino com draga hopper - capacidade da cisterna de 3.000 m³ - DMT de 2.400 a 2.700 m","m³",7.62]
[1917137,"Dragagem de cascalho fino com draga hopper - capacidade da cisterna de 3.000 m³ - DMT de 2.700 a 3.000 m","m³",7.74]
[1917138,"Dragagem de cascalho fino com draga hopper - capacidade da cisterna de 3.000 m³ - DMT de 3.000 m","m³",7.8]
[1917169,"Dragagem de cascalho fino com draga hopper - capacidade da cisterna de 4.000 m³ - DMT de 1.500 a 1.800 m","m³",6.94]
[1917170,"Dragagem de cascalho fino com draga hopper - capacidade da cisterna de 4.000 m³ - DMT de 1.800 a 2.100 m","m³",7.03]
[1917171,"Dragagem de cascalho fino com draga hopper - capacidade da cisterna de 4.000 m³ - DMT de 2.100 a 2.400 m","m³",7.13]
[1917172,"Dragagem de cascalho fino com draga hopper - capacidade da cisterna de 4.000 m³ - DMT de 2.400 a 2.700 m","m³",7.23]
[1917173,"Dragagem de cascalho fino com draga hopper - capacidade da cisterna de 4.000 m³ - DMT de 2.700 a 3.000 m","m³",7.33]
[1917174,"Dragagem de cascalho fino com draga hopper - capacidade da cisterna de 4.000 m³ - DMT de 3.000 m","m³",7.39]
[1917205,"Dragagem de cascalho fino com draga hopper - capacidade da cisterna de 5.000 m³ - DMT de 1.500 a 1.800 m","m³",7.66]
[1917206,"Dragagem de cascalho fino com draga hopper - capacidade da cisterna de 5.000 m³ - DMT de 1.800 a 2.100 m","m³",7.75]
[1917207,"Dragagem de cascalho fino com draga hopper - capacidade da cisterna de 5.000 m³ - DMT de 2.100 a 2.400 m","m³",7.83]
[1917208,"Dragagem de cascalho fino com draga hopper - capacidade da cisterna de 5.000 m³ - DMT de 2.400 a 2.700 m","m³",7.92]
[1917209,"Dragagem de cascalho fino com draga hopper - capacidade da cisterna de 5.000 m³ - DMT de 2.700 a 3.000 m","m³",8.02]
[1917210,"Dragagem de cascalho fino com draga hopper - capacidade da cisterna de 5.000 m³ - DMT de 3.000 m","m³",8.07]
[1917025,"Dragagem de cascalho fino com draga hopper - capacidade da cisterna de 750 m³ - DMT de 1.500 a 1.800 m","m³",14.65]
[1917026,"Dragagem de cascalho fino com draga hopper - capacidade da cisterna de 750 m³ - DMT de 1.800 a 2.100 m","m³",14.95]
[1917027,"Dragagem de cascalho fino com draga hopper - capacidade da cisterna de 750 m³ - DMT de 2.100 a 2.400 m","m³",15.25]
[1917028,"Dragagem de cascalho fino com draga hopper - capacidade da cisterna de 750 m³ - DMT de 2.400 a 2.700 m","m³",15.58]
[1917029,"Dragagem de cascalho fino com draga hopper - capacidade da cisterna de 750 m³ - DMT de 2.700 a 3.000 m","m³",15.92]
[1917030,"Dragagem de cascalho fino com draga hopper - capacidade da cisterna de 750 m³ - DMT de 3.000 m","m³",16.100000000000001]
[1917629,"Dragagem de material de 1ª categoria com clamshell sobre pontão flutuante - capacidade da caçamba de 4,6 m³ - transporte com batelão sem propulsão com capacidade de 100 t - DMT 0 a 300 m","m³",13.63]
[1917633,"Dragagem de material de 1ª categoria com clamshell sobre pontão flutuante - capacidade da caçamba de 4,6 m³ - transporte com batelão sem propulsão com capacidade de 100 t - DMT 1.200 a 1.500 m","m³",15.27]
[1917634,"Dragagem de material de 1ª categoria com clamshell sobre pontão flutuante - capacidade da caçamba de 4,6 m³ - transporte com batelão sem propulsão com capacidade de 100 t - DMT 1.500 a 1.800 m","m³",15.57]
[1917635,"Dragagem de material de 1ª categoria com clamshell sobre pontão flutuante - capacidade da caçamba de 4,6 m³ - transporte com batelão sem propulsão com capacidade de 100 t - DMT 1.800 a 2.100 m","m³",15.87]
[1917636,"Dragagem de material de 1ª categoria com clamshell sobre pontão flutuante - capacidade da caçamba de 4,6 m³ - transporte com batelão sem propulsão com capacidade de 100 t - DMT 2.100 a 2.400 m","m³",17.739999999999998]
[1917637,"Dragagem de material de 1ª categoria com clamshell sobre pontão flutuante - capacidade da caçamba de 4,6 m³ - transporte com batelão sem propulsão com capacidade de 100 t - DMT 2.400 a 2.700 m","m³",18.14]
[1917638,"Dragagem de material de 1ª categoria com clamshell sobre pontão flutuante - capacidade da caçamba de 4,6 m³ - transporte com batelão sem propulsão com capacidade de 100 t - DMT 2.700 a 3.000 m","m³",18.54]
[1917630,"Dragagem de material de 1ª categoria com clamshell sobre pontão flutuante - capacidade da caçamba de 4,6 m³ - transporte com batelão sem propulsão com capacidade de 100 t - DMT 300 a 600 m","m³",14.15]
[1917631,"Dragagem de material de 1ª categoria com clamshell sobre pontão flutuante - capacidade da caçamba de 4,6 m³ - transporte com batelão sem propulsão com capacidade de 100 t - DMT 600 a 900 m","m³",14.6]
[1917632,"Dragagem de material de 1ª categoria com clamshell sobre pontão flutuante - capacidade da caçamba de 4,6 m³ - transporte com batelão sem propulsão com capacidade de 100 t - DMT 900 a 1.200 m","m³",14.9]
[1917639,"Dragagem de material de 1ª categoria com clamshell sobre pontão flutuante - capacidade da caçamba de 4,6 m³ - transporte com batelão sem propulsão com capacidade de 100 t - DMT de 3.000 m","m³",18.739999999999998]
[1917646,"Dragagem de material de 1ª categoria com dragline - caçamba de 2,1 m³ - caminho de serviço em leito natural - DMT 1.000 a 1.200 m - com caminhão de 14 m³ e carregadeira","m³",19]
[1917647,"Dragagem de material de 1ª categoria com dragline - caçamba de 2,1 m³ - caminho de serviço em leito natural - DMT 1.200 a 1.400 m - com caminhão de 14 m³ e carregadeira","m³",19.28]
[1917648,"Dragagem de material de 1ª categoria com dragline - caçamba de 2,1 m³ - caminho de serviço em leito natural - DMT 1.400 a 1.600 m - com caminhão de 14 m³ e carregadeira","m³",19.5]
[1917649,"Dragagem de material de 1ª categoria com dragline - caçamba de 2,1 m³ - caminho de serviço em leito natural - DMT 1.600 a 1.800 m - com caminhão de 14 m³ e carregadeira","m³",19.78]
[1917650,"Dragagem de material de 1ª categoria com dragline - caçamba de 2,1 m³ - caminho de serviço em leito natural - DMT 1.800 a 2.000 m - com caminhão de 14 m³ e carregadeira","m³",20.07]
[1917651,"Dragagem de material de 1ª categoria com dragline - caçamba de 2,1 m³ - caminho de serviço em leito natural - DMT 2.000 a 2.500 m - com caminhão de 14 m³ e carregadeira","m³",20.5]
[1917652,"Dragagem de material de 1ª categoria com dragline - caçamba de 2,1 m³ - caminho de serviço em leito natural - DMT 2.500 a 3.000 m - com caminhão de 14 m³ e carregadeira","m³",22.79]
[1917642,"Dragagem de material de 1ª categoria com dragline - caçamba de 2,1 m³ - caminho de serviço em leito natural - DMT 200 a 400 m - com caminhão de 14 m³ e carregadeira","m³",17.78]
[1917643,"Dragagem de material de 1ª categoria com dragline - caçamba de 2,1 m³ - caminho de serviço em leito natural - DMT 400 a 600 m - com caminhão de 14 m³ e carregadeira","m³",18.14]
[1917641,"Dragagem de material de 1ª categoria com dragline - caçamba de 2,1 m³ - caminho de serviço em leito natural - DMT 50 a 200 m - com caminhão de 14 m³ e carregadeira","m³",15.84]
[1917644,"Dragagem de material de 1ª categoria com dragline - caçamba de 2,1 m³ - caminho de serviço em leito natural - DMT 600 a 800 m - com caminhão de 14 m³ e carregadeira","m³",18.5]
[1917645,"Dragagem de material de 1ª categoria com dragline - caçamba de 2,1 m³ - caminho de serviço em leito natural - DMT 800 a 1.000 m - com caminhão de 14 m³ e carregadeira","m³",18.71]
[1917653,"Dragagem de material de 1ª categoria com dragline - caçamba de 2,1 m³ - caminho de serviço em leito natural - DMT de 3.000 m - com caminhão de 14 m³ e carregadeira","m³",23.11]
[1917659,"Dragagem de material de 1ª categoria com dragline - caçamba de 2,1 m³ - caminho de serviço em revestimento primário - DMT 1.000 a 1.200 m - com caminhão de 14 m³ e carregadeira","m³",18.21]
[1917660,"Dragagem de material de 1ª categoria com dragline - caçamba de 2,1 m³ - caminho de serviço em revestimento primário - DMT 1.200 a 1.400 m - com caminhão de 14 m³ e carregadeira","m³",18.350000000000001]
[1917661,"Dragagem de material de 1ª categoria com dragline - caçamba de 2,1 m³ - caminho de serviço em revestimento primário - DMT 1.400 a 1.600 m - com caminhão de 14 m³ e carregadeira","m³",18.5]
[1917662,"Dragagem de material de 1ª categoria com dragline - caçamba de 2,1 m³ - caminho de serviço em revestimento primário - DMT 1.600 a 1.800 m - com caminhão de 14 m³ e carregadeira","m³",18.64]
[1917663,"Dragagem de material de 1ª categoria com dragline - caçamba de 2,1 m³ - caminho de serviço em revestimento primário - DMT 1.800 a 2.000 m - com caminhão de 14 m³ e carregadeira","m³",18.850000000000001]
[1917664,"Dragagem de material de 1ª categoria com dragline - caçamba de 2,1 m³ - caminho de serviço em revestimento primário - DMT 2.000 a 2.500 m - com caminhão de 14 m³ e carregadeira","m³",19.14]
[1917665,"Dragagem de material de 1ª categoria com dragline - caçamba de 2,1 m³ - caminho de serviço em revestimento primário - DMT 2.500 a 3.000 m - com caminhão de 14 m³ e carregadeira","m³",19.57]
[1917655,"Dragagem de material de 1ª categoria com dragline - caçamba de 2,1 m³ - caminho de serviço em revestimento primário - DMT 200 a 400 m - com caminhão de 14 m³ e carregadeira","m³",15.84]
[1917656,"Dragagem de material de 1ª categoria com dragline - caçamba de 2,1 m³ - caminho de serviço em revestimento primário - DMT 400 a 600 m - com caminhão de 14 m³ e carregadeira","m³",17.64]
[1917654,"Dragagem de material de 1ª categoria com dragline - caçamba de 2,1 m³ - caminho de serviço em revestimento primário - DMT 50 a 200 m - com caminhão de 14 m³ e carregadeira","m³",15.59]
[1917657,"Dragagem de material de 1ª categoria com dragline - caçamba de 2,1 m³ - caminho de serviço em revestimento primário - DMT 600 a 800 m - com caminhão de 14 m³ e carregadeira","m³",17.850000000000001]
[1917658,"Dragagem de material de 1ª categoria com dragline - caçamba de 2,1 m³ - caminho de serviço em revestimento primário - DMT 800 a 1.000 m - com caminhão de 14 m³ e carregadeira","m³",17.989999999999998]
[1917666,"Dragagem de material de 1ª categoria com dragline - caçamba de 2,1 m³ - caminho de serviço em revestimento primário - DMT de 3.000 m - com caminhão de 14 m³ e carregadeira","m³",19.86]
[1917672,"Dragagem de material de 1ª categoria com dragline - caçamba de 2,1 m³ - caminho de serviço pavimentado - DMT 1.000 a 1.200 m - com caminhão de 14 m³ e carregadeira","m³",18.14]
[1917673,"Dragagem de material de 1ª categoria com dragline - caçamba de 2,1 m³ - caminho de serviço pavimentado - DMT 1.200 a 1.400 m - com caminhão de 14 m³ e carregadeira","m³",18.350000000000001]
[1917674,"Dragagem de material de 1ª categoria com dragline - caçamba de 2,1 m³ - caminho de serviço pavimentado - DMT 1.400 a 1.600 m - com caminhão de 14 m³ e carregadeira","m³",18.5]
[1917675,"Dragagem de material de 1ª categoria com dragline - caçamba de 2,1 m³ - caminho de serviço pavimentado - DMT 1.600 a 1.800 m - com caminhão de 14 m³ e carregadeira","m³",18.64]
[1917676,"Dragagem de material de 1ª categoria com dragline - caçamba de 2,1 m³ - caminho de serviço pavimentado - DMT 1.800 a 2.000 m - com caminhão de 14 m³ e carregadeira","m³",18.78]
[1917677,"Dragagem de material de 1ª categoria com dragline - caçamba de 2,1 m³ - caminho de serviço pavimentado - DMT 2.000 a 2.500 m - com caminhão de 14 m³ e carregadeira","m³",19.07]
[1917678,"Dragagem de material de 1ª categoria com dragline - caçamba de 2,1 m³ - caminho de serviço pavimentado - DMT 2.500 a 3.000 m - com caminhão de 14 m³ e carregadeira","m³",19.5]
[1917668,"Dragagem de material de 1ª categoria com dragline - caçamba de 2,1 m³ - caminho de serviço pavimentado - DMT 200 a 400 m - com caminhão de 14 m³ e carregadeira","m³",17.489999999999998]
[1917669,"Dragagem de material de 1ª categoria com dragline - caçamba de 2,1 m³ - caminho de serviço pavimentado - DMT 400 a 600 m - com caminhão de 14 m³ e carregadeira","m³",17.64]
[1917667,"Dragagem de material de 1ª categoria com dragline - caçamba de 2,1 m³ - caminho de serviço pavimentado - DMT 50 a 200 m - com caminhão de 14 m³ e carregadeira","m³",15.67]
[1917670,"Dragagem de material de 1ª categoria com dragline - caçamba de 2,1 m³ - caminho de serviço pavimentado - DMT 600 a 800 m - com caminhão de 14 m³ e carregadeira","m³",17.850000000000001]
[1917671,"Dragagem de material de 1ª categoria com dragline - caçamba de 2,1 m³ - caminho de serviço pavimentado - DMT 800 a 1.000 m - com caminhão de 14 m³ e carregadeira","m³",17.989999999999998]
[1917679,"Dragagem de material de 1ª categoria com dragline - caçamba de 2,1 m³ - caminho de serviço pavimentado - DMT de 3.000 m - com caminhão de 14 m³ e carregadeira","m³",19.71]
[1917640,"Dragagem de material de 1ª categoria com dragline - caçamba de 2,1 m³ - DMT até 50 m","m³",8.1999999999999993]
[1917686,"Dragagem de material de 1ª categoria com escavadeira hidráulica - capacidade de caçamba de 1,56 m³ - caminho de serviço em leito natural - DMT 1.000 a 1.200 m","m³",10.34]
[1917687,"Dragagem de material de 1ª categoria com escavadeira hidráulica - capacidade de caçamba de 1,56 m³ - caminho de serviço em leito natural - DMT 1.200 a 1.400 m","m³",10.62]
[1917688,"Dragagem de material de 1ª categoria com escavadeira hidráulica - capacidade de caçamba de 1,56 m³ - caminho de serviço em leito natural - DMT 1.400 a 1.600 m","m³",11.65]
[1917689,"Dragagem de material de 1ª categoria com escavadeira hidráulica - capacidade de caçamba de 1,56 m³ - caminho de serviço em leito natural - DMT 1.600 a 1.800 m","m³",11.95]
[1917690,"Dragagem de material de 1ª categoria com escavadeira hidráulica - capacidade de caçamba de 1,56 m³ - caminho de serviço em leito natural - DMT 1.800 a 2.000 m","m³",12.17]
[1917691,"Dragagem de material de 1ª categoria com escavadeira hidráulica - capacidade de caçamba de 1,56 m³ - caminho de serviço em leito natural - DMT 2.000 a 2.500 m","m³",12.62]
[1917692,"Dragagem de material de 1ª categoria com escavadeira hidráulica - capacidade de caçamba de 1,56 m³ - caminho de serviço em leito natural - DMT 2.500 a 3.000 m","m³",14.2]
[1917682,"Dragagem de material de 1ª categoria com escavadeira hidráulica - capacidade de caçamba de 1,56 m³ - caminho de serviço em leito natural - DMT 200 a 400 m","m³",9.16]
[1917693,"Dragagem de material de 1ª categoria com escavadeira hidráulica - capacidade de caçamba de 1,56 m³ - caminho de serviço em leito natural - DMT 3.000 m","m³",14.57]
[1917683,"Dragagem de material de 1ª categoria com escavadeira hidráulica - capacidade de caçamba de 1,56 m³ - caminho de serviço em leito natural - DMT 400 a 600 m","m³",9.49]
[1917681,"Dragagem de material de 1ª categoria com escavadeira hidráulica - capacidade de caçamba de 1,56 m³ - caminho de serviço em leito natural - DMT 50 a 200 m","m³",7.9]
[1917684,"Dragagem de material de 1ª categoria com escavadeira hidráulica - capacidade de caçamba de 1,56 m³ - caminho de serviço em leito natural - DMT 600 a 800 m","m³",9.77]
[1917685,"Dragagem de material de 1ª categoria com escavadeira hidráulica - capacidade de caçamba de 1,56 m³ - caminho de serviço em leito natural - DMT 800 a 1.000 m","m³",10.050000000000001]
[1917699,"Dragagem de material de 1ª categoria com escavadeira hidráulica - capacidade de caçamba de 1,56 m³ - caminho de serviço em revestimento primário - DMT 1.000 a 1.200 m","m³",9.49]
[1917700,"Dragagem de material de 1ª categoria com escavadeira hidráulica - capacidade de caçamba de 1,56 m³ - caminho de serviço em revestimento primário - DMT 1.200 a 1.400 m","m³",9.66]
[1917701,"Dragagem de material de 1ª categoria com escavadeira hidráulica - capacidade de caçamba de 1,56 m³ - caminho de serviço em revestimento primário - DMT 1.400 a 1.600 m","m³",9.83]
[1917702,"Dragagem de material de 1ª categoria com escavadeira hidráulica - capacidade de caçamba de 1,56 m³ - caminho de serviço em revestimento primário - DMT 1.600 a 1.800 m","m³",10]
[1917703,"Dragagem de material de 1ª categoria com escavadeira hidráulica - capacidade de caçamba de 1,56 m³ - caminho de serviço em revestimento primário - DMT 1.800 a 2.000 m","m³",10.17]
[1917704,"Dragagem de material de 1ª categoria com escavadeira hidráulica - capacidade de caçamba de 1,56 m³ - caminho de serviço em revestimento primário - DMT 2.000 a 2.500 m","m³",10.45]
[1917705,"Dragagem de material de 1ª categoria com escavadeira hidráulica - capacidade de caçamba de 1,56 m³ - caminho de serviço em revestimento primário - DMT 2.500 a 3.000 m","m³",11.72]
[1917695,"Dragagem de material de 1ª categoria com escavadeira hidráulica - capacidade de caçamba de 1,56 m³ - caminho de serviço em revestimento primário - DMT 200 a 400 m","m³",7.9]
[1917706,"Dragagem de material de 1ª categoria com escavadeira hidráulica - capacidade de caçamba de 1,56 m³ - caminho de serviço em revestimento primário - DMT 3.000 m","m³",12.02]
[1917696,"Dragagem de material de 1ª categoria com escavadeira hidráulica - capacidade de caçamba de 1,56 m³ - caminho de serviço em revestimento primário - DMT 400 a 600 m","m³",8.93]
[1917694,"Dragagem de material de 1ª categoria com escavadeira hidráulica - capacidade de caçamba de 1,56 m³ - caminho de serviço em revestimento primário - DMT 50 a 200 m","m³",7.64]
[1917697,"Dragagem de material de 1ª categoria com escavadeira hidráulica - capacidade de caçamba de 1,56 m³ - caminho de serviço em revestimento primário - DMT 600 a 800 m","m³",9.16]
[1917698,"Dragagem de material de 1ª categoria com escavadeira hidráulica - capacidade de caçamba de 1,56 m³ - caminho de serviço em revestimento primário - DMT 800 a 1.000 m","m³",9.32]
[1917712,"Dragagem de material de 1ª categoria com escavadeira hidráulica - capacidade de caçamba de 1,56 m³ - caminho de serviço pavimentado - DMT 1.000 a 1.200 m","m³",9.49]
[1917713,"Dragagem de material de 1ª categoria com escavadeira hidráulica - capacidade de caçamba de 1,56 m³ - caminho de serviço pavimentado - DMT 1.200 a 1.400 m","m³",9.66]
[1917714,"Dragagem de material de 1ª categoria com escavadeira hidráulica - capacidade de caçamba de 1,56 m³ - caminho de serviço pavimentado - DMT 1.400 a 1.600 m","m³",9.83]
[1917715,"Dragagem de material de 1ª categoria com escavadeira hidráulica - capacidade de caçamba de 1,56 m³ - caminho de serviço pavimentado - DMT 1.600 a 1.800 m","m³",9.94]
[1917716,"Dragagem de material de 1ª categoria com escavadeira hidráulica - capacidade de caçamba de 1,56 m³ - caminho de serviço pavimentado - DMT 1.800 a 2.000 m","m³",10.11]
[1917717,"Dragagem de material de 1ª categoria com escavadeira hidráulica - capacidade de caçamba de 1,56 m³ - caminho de serviço pavimentado - DMT 2.000 a 2.500 m","m³",10.39]
[1917718,"Dragagem de material de 1ª categoria com escavadeira hidráulica - capacidade de caçamba de 1,56 m³ - caminho de serviço pavimentado - DMT 2.500 a 3.000 m","m³",11.57]
[1917708,"Dragagem de material de 1ª categoria com escavadeira hidráulica - capacidade de caçamba de 1,56 m³ - caminho de serviço pavimentado - DMT 200 a 400 m","m³",8.76]
[1917719,"Dragagem de material de 1ª categoria com escavadeira hidráulica - capacidade de caçamba de 1,56 m³ - caminho de serviço pavimentado - DMT 3.000 m","m³",11.87]
[1917709,"Dragagem de material de 1ª categoria com escavadeira hidráulica - capacidade de caçamba de 1,56 m³ - caminho de serviço pavimentado - DMT 400 a 600 m","m³",8.99]
[1917707,"Dragagem de material de 1ª categoria com escavadeira hidráulica - capacidade de caçamba de 1,56 m³ - caminho de serviço pavimentado - DMT 50 a 200 m","m³",7.75]
[1917710,"Dragagem de material de 1ª categoria com escavadeira hidráulica - capacidade de caçamba de 1,56 m³ - caminho de serviço pavimentado - DMT 600 a 800 m","m³",9.16]
[1917711,"Dragagem de material de 1ª categoria com escavadeira hidráulica - capacidade de caçamba de 1,56 m³ - caminho de serviço pavimentado - DMT 800 a 1.000 m","m³",9.32]
[1917680,"Dragagem de material de 1ª categoria com escavadeira hidráulica - capacidade de caçamba de 1,56 m³ - DMT 0 a 50 m","m³",2.58]
[1901607,"Dragagem de material de 1ª categoria com escavadeira hidráulica sobre pontão flutuante - capacidade da caçamba de 1,56 m³ - transporte com batelão sem propulsão com capacidade de 100 t - DMT 0 a 300 m","m³",14.12]
[1901611,"Dragagem de material de 1ª categoria com escavadeira hidráulica sobre pontão flutuante - capacidade da caçamba de 1,56 m³ - transporte com batelão sem propulsão com capacidade de 100 t - DMT 1.200 a 1.500 m","m³",17.760000000000002]
[1901612,"Dragagem de material de 1ª categoria com escavadeira hidráulica sobre pontão flutuante - capacidade da caçamba de 1,56 m³ - transporte com batelão sem propulsão com capacidade de 100 t - DMT 1.500 a 1.800 m","m³",18.170000000000002]
[1901613,"Dragagem de material de 1ª categoria com escavadeira hidráulica sobre pontão flutuante - capacidade da caçamba de 1,56 m³ - transporte com batelão sem propulsão com capacidade de 100 t - DMT 1.800 a 2.100 m","m³",18.48]
[1901614,"Dragagem de material de 1ª categoria com escavadeira hidráulica sobre pontão flutuante - capacidade da caçamba de 1,56 m³ - transporte com batelão sem propulsão com capacidade de 100 t - DMT 2.100 a 2.400 m","m³",18.79]
[1901615,"Dragagem de material de 1ª categoria com escavadeira hidráulica sobre pontão flutuante - capacidade da caçamba de 1,56 m³ - transporte com batelão sem propulsão com capacidade de 100 t - DMT 2.400 a 2.700 m","m³",19.2]
[1901616,"Dragagem de material de 1ª categoria com escavadeira hidráulica sobre pontão flutuante - capacidade da caçamba de 1,56 m³ - transporte com batelão sem propulsão com capacidade de 100 t - DMT 2.700 a 3.000 m","m³",19.510000000000002]
[1901608,"Dragagem de material de 1ª categoria com escavadeira hidráulica sobre pontão flutuante - capacidade da caçamba de 1,56 m³ - transporte com batelão sem propulsão com capacidade de 100 t - DMT 300 a 600 m","m³",14.6]
[1901609,"Dragagem de material de 1ª categoria com escavadeira hidráulica sobre pontão flutuante - capacidade da caçamba de 1,56 m³ - transporte com batelão sem propulsão com capacidade de 100 t - DMT 600 a 900 m","m³",15.01]
[1901610,"Dragagem de material de 1ª categoria com escavadeira hidráulica sobre pontão flutuante - capacidade da caçamba de 1,56 m³ - transporte com batelão sem propulsão com capacidade de 100 t - DMT 900 a 1.200 m","m³",17.46]
[1901617,"Dragagem de material de 1ª categoria com escavadeira hidráulica sobre pontão flutuante - capacidade da caçamba de 1,56 m³ - transporte com batelão sem propulsão com capacidade de 100 t - DMT de 3.000 m","m³",19.71]
[1917037,"Dragagem de silte com draga hopper - capacidade da cisterna de 1.000 m³ - DMT de 1.500 a 1.800 m","m³",18]
[1917038,"Dragagem de silte com draga hopper - capacidade da cisterna de 1.000 m³ - DMT de 1.800 a 2.100 m","m³",18.61]
[1917039,"Dragagem de silte com draga hopper - capacidade da cisterna de 1.000 m³ - DMT de 2.100 a 2.400 m","m³",19.23]
[1917040,"Dragagem de silte com draga hopper - capacidade da cisterna de 1.000 m³ - DMT de 2.400 a 2.700 m","m³",19.88]
[1917041,"Dragagem de silte com draga hopper - capacidade da cisterna de 1.000 m³ - DMT de 2.700 a 3.000 m","m³",20.57]
[1917042,"Dragagem de silte com draga hopper - capacidade da cisterna de 1.000 m³ - DMT de 3.000 m","m³",20.94]
[1901619,"Dragagem de silte com draga hopper - capacidade da cisterna de 10.000 m³ - DMT de 1.500 a 1.800 m","m³",9.9]
[1901620,"Dragagem de silte com draga hopper - capacidade da cisterna de 10.000 m³ - DMT de 1.800 a 2.100 m","m³",10.08]
[1901621,"Dragagem de silte com draga hopper - capacidade da cisterna de 10.000 m³ - DMT de 2.100 a 2.400 m","m³",10.27]
[1901622,"Dragagem de silte com draga hopper - capacidade da cisterna de 10.000 m³ - DMT de 2.400 a 2.700 m","m³",10.46]
[1901623,"Dragagem de silte com draga hopper - capacidade da cisterna de 10.000 m³ - DMT de 2.700 a 3.000 m","m³",10.66]
[1901618,"Dragagem de silte com draga hopper - capacidade da cisterna de 10.000 m³ - DMT de 3.000 m","m³",10.77]
[1901625,"Dragagem de silte com draga hopper - capacidade da cisterna de 15.000 m³ - DMT de 1.500 a 1.800 m","m³",11.9]
[1901626,"Dragagem de silte com draga hopper - capacidade da cisterna de 15.000 m³ - DMT de 1.800 a 2.100 m","m³",12.06]
[1901627,"Dragagem de silte com draga hopper - capacidade da cisterna de 15.000 m³ - DMT de 2.100 a 2.400 m","m³",12.24]
[1901628,"Dragagem de silte com draga hopper - capacidade da cisterna de 15.000 m³ - DMT de 2.400 a 2.700 m","m³",12.42]
[1901629,"Dragagem de silte com draga hopper - capacidade da cisterna de 15.000 m³ - DMT de 2.700 a 3.000 m","m³",12.62]
[1901624,"Dragagem de silte com draga hopper - capacidade da cisterna de 15.000 m³ - DMT de 3.000 m","m³",12.72]
[1917073,"Dragagem de silte com draga hopper - capacidade da cisterna de 2.000 m³ - DMT de 1.500 a 1.800 m","m³",12.47]
[1917074,"Dragagem de silte com draga hopper - capacidade da cisterna de 2.000 m³ - DMT de 1.800 a 2.100 m","m³",12.84]
[1917075,"Dragagem de silte com draga hopper - capacidade da cisterna de 2.000 m³ - DMT de 2.100 a 2.400 m","m³",13.23]
[1917076,"Dragagem de silte com draga hopper - capacidade da cisterna de 2.000 m³ - DMT de 2.400 a 2.700 m","m³",13.64]
[1917077,"Dragagem de silte com draga hopper - capacidade da cisterna de 2.000 m³ - DMT de 2.700 a 3.000 m","m³",14.07]
[1917078,"Dragagem de silte com draga hopper - capacidade da cisterna de 2.000 m³ - DMT de 3.000 m","m³",14.3]
[1901631,"Dragagem de silte com draga hopper - capacidade da cisterna de 20.000 m³ - DMT de 1.500 a 1.800 m","m³",14.03]
[1901632,"Dragagem de silte com draga hopper - capacidade da cisterna de 20.000 m³ - DMT de 1.800 a 2.100 m","m³",14.19]
[1901633,"Dragagem de silte com draga hopper - capacidade da cisterna de 20.000 m³ - DMT de 2.100 a 2.400 m","m³",14.37]
[1901634,"Dragagem de silte com draga hopper - capacidade da cisterna de 20.000 m³ - DMT de 2.400 a 2.700 m","m³",14.54]
[1901635,"Dragagem de silte com draga hopper - capacidade da cisterna de 20.000 m³ - DMT de 2.700 a 3.000 m","m³",14.73]
[1901630,"Dragagem de silte com draga hopper - capacidade da cisterna de 20.000 m³ - DMT de 3.000 m","m³",14.83]
[1917109,"Dragagem de silte com draga hopper - capacidade da cisterna de 3.000 m³ - DMT de 1.500 a 1.800 m","m³",11.39]
[1917110,"Dragagem de silte com draga hopper - capacidade da cisterna de 3.000 m³ - DMT de 1.800 a 2.100 m","m³",11.7]
[1917111,"Dragagem de silte com draga hopper - capacidade da cisterna de 3.000 m³ - DMT de 2.100 a 2.400 m","m³",12.01]
[1917112,"Dragagem de silte com draga hopper - capacidade da cisterna de 3.000 m³ - DMT de 2.400 a 2.700 m","m³",12.35]
[1917113,"Dragagem de silte com draga hopper - capacidade da cisterna de 3.000 m³ - DMT de 2.700 a 3.000 m","m³",12.7]
[1917114,"Dragagem de silte com draga hopper - capacidade da cisterna de 3.000 m³ - DMT de 3.000 m","m³",12.89]
[1917145,"Dragagem de silte com draga hopper - capacidade da cisterna de 4.000 m³ - DMT de 1.500 a 1.800 m","m³",10.65]
[1917146,"Dragagem de silte com draga hopper - capacidade da cisterna de 4.000 m³ - DMT de 1.800 a 2.100 m","m³",10.92]
[1917147,"Dragagem de silte com draga hopper - capacidade da cisterna de 4.000 m³ - DMT de 2.100 a 2.400 m","m³",11.2]
[1917148,"Dragagem de silte com draga hopper - capacidade da cisterna de 4.000 m³ - DMT de 2.400 a 2.700 m","m³",11.49]
[1917149,"Dragagem de silte com draga hopper - capacidade da cisterna de 4.000 m³ - DMT de 2.700 a 3.000 m","m³",11.8]
[1917150,"Dragagem de silte com draga hopper - capacidade da cisterna de 4.000 m³ - DMT de 3.000 m","m³",11.97]
[1917181,"Dragagem de silte com draga hopper - capacidade da cisterna de 5.000 m³ - DMT de 1.500 a 1.800 m","m³",11.05]
[1917182,"Dragagem de silte com draga hopper - capacidade da cisterna de 5.000 m³ - DMT de 1.800 a 2.100 m","m³",11.29]
[1917183,"Dragagem de silte com draga hopper - capacidade da cisterna de 5.000 m³ - DMT de 2.100 a 2.400 m","m³",11.54]
[1917184,"Dragagem de silte com draga hopper - capacidade da cisterna de 5.000 m³ - DMT de 2.400 a 2.700 m","m³",11.8]
[1917185,"Dragagem de silte com draga hopper - capacidade da cisterna de 5.000 m³ - DMT de 2.700 a 3.000 m","m³",12.07]
[1917186,"Dragagem de silte com draga hopper - capacidade da cisterna de 5.000 m³ - DMT de 3.000 m","m³",12.22]
[1917001,"Dragagem de silte com draga hopper - capacidade da cisterna de 750 m³ - DMT de 1.500 a 1.800 m","m³",23.81]
[1917002,"Dragagem de silte com draga hopper - capacidade da cisterna de 750 m³ - DMT de 1.800 a 2.100 m","m³",24.68]
[1917003,"Dragagem de silte com draga hopper - capacidade da cisterna de 750 m³ - DMT de 2.100 a 2.400 m","m³",25.57]
[1917004,"Dragagem de silte com draga hopper - capacidade da cisterna de 750 m³ - DMT de 2.400 a 2.700 m","m³",26.5]
[1917005,"Dragagem de silte com draga hopper - capacidade da cisterna de 750 m³ - DMT de 2.700 a 3.000 m","m³",27.48]
[1917006,"Dragagem de silte com draga hopper - capacidade da cisterna de 750 m³ - DMT de 3.000 m","m³",28.01]
[2009619,"Alvenaria de blocos de concreto 19 x 19 x 39 cm com espessura de 20 cm - areia comercial","m²",122.56]
[2009618,"Alvenaria de blocos de concreto 19 x 19 x 39 cm com espessura de 20 cm - areia extraída","m²",120.22]
[2003866,"Aplicação de geotêxtil não-tecido agulhado com resistência à tração longitudinal de 14 kN/m","m²",8.19]
[2003867,"Aplicação de geotêxtil não-tecido agulhado com resistência à tração longitudinal de 31 kN/m","m²",17.309999999999999]
[2003622,"Boca de lobo combinada - chapéu e grelha simples - BLC 01 - areia e brita comerciais","un",2524.96]
[2003621,"Boca de lobo combinada - chapéu e grelha simples - BLC 01 - areia extraída e brita produzida","un",2379.92]
[2003624,"Boca de lobo combinada - chapéu e grelha simples - BLC 02 - areia e brita comerciais","un",2932.95]
[2003623,"Boca de lobo combinada - chapéu e grelha simples - BLC 02 - areia extraída e brita produzida","un",2773.2]
[2003634,"Boca de lobo dupla - grelha de concreto - BLDG 01 - areia e brita comerciais","un",1891.47]
[2003633,"Boca de lobo dupla - grelha de concreto - BLDG 01 - areia extraída e brita produzida","un",1746.43]
[2003636,"Boca de lobo dupla - grelha de concreto - BLDG 02 - areia e brita comerciais","un",2299.4499999999998]
[2003635,"Boca de lobo dupla - grelha de concreto - BLDG 02 - areia extraída e brita produzida","un",2139.71]
[2003638,"Boca de lobo dupla - grelha de concreto - BLDG 03 - areia e brita comerciais","un",2714.03]
[2003637,"Boca de lobo dupla - grelha de concreto - BLDG 03 - areia extraída e brita produzida","un",2538.08]
[2003640,"Boca de lobo dupla - grelha de concreto - BLDG 04 - areia e brita comerciais","un",3122.01]
[2003639,"Boca de lobo dupla - grelha de concreto - BLDG 04 - areia extraída e brita produzida","un",2931.36]
[2003618,"Boca de lobo simples - BLS 01 - areia e brita comerciais","un",1041.79]
[2003617,"Boca de lobo simples - BLS 01 - areia extraída e brita produzida","un",962.08]
[2003620,"Boca de lobo simples - BLS 02 - areia e brita comerciais","un",1290.75]
[2003619,"Boca de lobo simples - BLS 02 - areia extraída e brita produzida","un",1202.1400000000001]
[2003626,"Boca de lobo simples - grelha de concreto - BLSG 01 - areia e brita comerciais","un",983.33]
[2003625,"Boca de lobo simples - grelha de concreto - BLSG 01 - areia extraída e brita produzida","un",903.61]
[2003628,"Boca de lobo simples - grelha de concreto - BLSG 02 - areia e brita comerciais","un",1232.29]
[2003627,"Boca de lobo simples - grelha de concreto - BLSG 02 - areia extraída e brita produzida","un",1143.67]
[2003630,"Boca de lobo simples - grelha de concreto - BLSG 03 - areia e brita comerciais","un",1481.24]
[2003629,"Boca de lobo simples - grelha de concreto - BLSG 03 - areia extraída e brita produzida","un",1383.73]
[2003632,"Boca de lobo simples - grelha de concreto - BLSG 04 - areia e brita comerciais","un",1730.2]
[2003631,"Boca de lobo simples - grelha de concreto - BLSG 04 - areia extraída e brita produzida","un",1623.78]
[2003599,"Boca de saída para dreno longitudinal profundo - BSD 01 - tubo de concreto perfurado - areia e brita comerciais","un",228.08]
[2003598,"Boca de saída para dreno longitudinal profundo - BSD 01 - tubo de concreto perfurado - areia extraída e brita produzida","un",196.92]
[2003919,"Boca de saída para dreno longitudinal profundo - BSD 01 - tubo de PEAD - areia e brita comerciais","un",228.08]
[2003918,"Boca de saída para dreno longitudinal profundo - BSD 01 - tubo de PEAD - areia extraída e brita produzida","un",196.92]
[2003601,"Boca de saída para dreno longitudinal profundo - BSD 02 - tubo de concreto perfurado - areia e brita comerciais","un",287.43]
[2003600,"Boca de saída para dreno longitudinal profundo - BSD 02 - tubo de concreto perfurado - areia extraída e brita produzida","un",246.68]
[2003921,"Boca de saída para dreno longitudinal profundo - BSD 02 - tubo de PEAD - areia e brita comerciais","un",287.43]
[2003920,"Boca de saída para dreno longitudinal profundo - BSD 02 - tubo de PEAD - areia extraída e brita produzida","un",246.68]
[2003616,"Boca de saída para dreno sub-horizontal em material de 1ª categoria - BSD 04 - areia e brita comerciais","un",25.38]
[2003615,"Boca de saída para dreno sub-horizontal em material de 1ª categoria - BSD 04 - areia extraída e brita produzida","un",20.99]
[2003927,"Boca de saída para dreno sub-horizontal em material de 2ª categoria - BSD 04 - areia e brita comerciais","un",26.22]
[2003926,"Boca de saída para dreno sub-horizontal em material de 2ª categoria - BSD 04 - areia extraída e brita produzida","un",21.83]
[2003613,"Boca de saída para dreno subsuperficial - BSD 03 - areia e brita comerciais","un",160.78]
[2003612,"Boca de saída para dreno subsuperficial - BSD 03 - areia extraída e brita produzida","un",141.6]
[2003477,"Caixa coletora de sarjeta - CCS 01 - com grelha de concreto - TCC 01 - areia e brita comerciais","un",4189.87]
[2003476,"Caixa coletora de sarjeta - CCS 01 - com grelha de concreto - TCC 01 - areia extraída e brita produzida","un",3732.33]
[2003517,"Caixa coletora de sarjeta - CCS 01 - com grelha de ferro - TCC 02 - areia e brita comerciais","un",4485.66]
[2003516,"Caixa coletora de sarjeta - CCS 01 - com grelha de ferro - TCC 02 - areia extraída e brita produzida","un",4046.23]
[2003479,"Caixa coletora de sarjeta - CCS 02 - com grelha de concreto - TCC 01 - areia e brita comerciais","un",4129.97]
[2003478,"Caixa coletora de sarjeta - CCS 02 - com grelha de concreto - TCC 01 - areia extraída e brita produzida","un",3692.4]
[2003519,"Caixa coletora de sarjeta - CCS 02 - com grelha de ferro - TCC 02 - areia e brita comerciais","un",4425.76]
[2003518,"Caixa coletora de sarjeta - CCS 02 - com grelha de ferro - TCC 02 - areia extraída e brita produzida","un",4006.31]
[2003481,"Caixa coletora de sarjeta - CCS 03 - com grelha de concreto - TCC 01 - areia e brita comerciais","un",4070.08]
[2003480,"Caixa coletora de sarjeta - CCS 03 - com grelha de concreto - TCC 01 - areia extraída e brita produzida","un",3652.48]
[2003521,"Caixa coletora de sarjeta - CCS 03 - com grelha de ferro - TCC 02 - areia e brita comerciais","un",4365.87]
[2003520,"Caixa coletora de sarjeta - CCS 03 - com grelha de ferro - TCC 02 - areia extraída e brita produzida","un",3966.39]
[2003483,"Caixa coletora de sarjeta - CCS 04 - com grelha de concreto - TCC 01 - areia e brita comerciais","un",4010.18]
[2003482,"Caixa coletora de sarjeta - CCS 04 - com grelha de concreto - TCC 01 - areia extraída e brita produzida","un",3612.56]
[2003523,"Caixa coletora de sarjeta - CCS 04 - com grelha de ferro - TCC 02 - areia e brita comerciais","un",4305.97]
[2003522,"Caixa coletora de sarjeta - CCS 04 - com grelha de ferro - TCC 02 - areia extraída e brita produzida","un",3926.46]
[2003485,"Caixa coletora de sarjeta - CCS 05 - com grelha de concreto - TCC 01 - areia e brita comerciais","un",5397.17]
[2003484,"Caixa coletora de sarjeta - CCS 05 - com grelha de concreto - TCC 01 - areia extraída e brita produzida","un",4829.7700000000004]
[2003525,"Caixa coletora de sarjeta - CCS 05 - com grelha de ferro - TCC 02 - areia e brita comerciais","un",5692.96]
[2003524,"Caixa coletora de sarjeta - CCS 05 - com grelha de ferro - TCC 02 - areia extraída e brita produzida","un",5143.67]
[2003487,"Caixa coletora de sarjeta - CCS 06 - com grelha de concreto - TCC 01 - areia e brita comerciais","un",5337.27]
[2003486,"Caixa coletora de sarjeta - CCS 06 - com grelha de concreto - TCC 01 - areia extraída e brita produzida","un",4789.84]
[2003527,"Caixa coletora de sarjeta - CCS 06 - com grelha de ferro - TCC 02 - areia e brita comerciais","un",5633.06]
[2003526,"Caixa coletora de sarjeta - CCS 06 - com grelha de ferro - TCC 02 - areia extraída e brita produzida","un",5103.75]
[2003489,"Caixa coletora de sarjeta - CCS 07 - com grelha de concreto - TCC 01 - areia e brita comerciais","un",5277.38]
[2003488,"Caixa coletora de sarjeta - CCS 07 - com grelha de concreto - TCC 01 - areia extraída e brita produzida","un",4749.92]
[2003529,"Caixa coletora de sarjeta - CCS 07 - com grelha de ferro - TCC 02 - areia e brita comerciais","un",5573.16]
[2003528,"Caixa coletora de sarjeta - CCS 07 - com grelha de ferro - TCC 02 - areia extraída e brita produzida","un",5063.83]
[2003491,"Caixa coletora de sarjeta - CCS 08 - com grelha de concreto - TCC 01 - areia e brita comerciais","un",5217.4799999999996]
[2003490,"Caixa coletora de sarjeta - CCS 08 - com grelha de concreto - TCC 01 - areia extraída e brita produzida","un",4710]
[2003531,"Caixa coletora de sarjeta - CCS 08 - com grelha de ferro - TCC 02 - areia e brita comerciais","un",5513.27]
[2003530,"Caixa coletora de sarjeta - CCS 08 - com grelha de ferro - TCC 02 - areia extraída e brita produzida","un",5023.91]
[2003493,"Caixa coletora de sarjeta - CCS 09 - com grelha de concreto - TCC 01 - areia e brita comerciais","un",6435.27]
[2003492,"Caixa coletora de sarjeta - CCS 09 - com grelha de concreto - TCC 01 - areia extraída e brita produzida","un",5758.01]
[2003533,"Caixa coletora de sarjeta - CCS 09 - com grelha de ferro - TCC 02 - areia e brita comerciais","un",6731.05]
[2003532,"Caixa coletora de sarjeta - CCS 09 - com grelha de ferro - TCC 02 - areia extraída e brita produzida","un",6071.91]
[2003495,"Caixa coletora de sarjeta - CCS 10 - com grelha de concreto - TCC 01 - areia e brita comerciais","un",6375.37]
[2003494,"Caixa coletora de sarjeta - CCS 10 - com grelha de concreto - TCC 01 - areia extraída e brita produzida","un",5718.09]
[2003535,"Caixa coletora de sarjeta - CCS 10 - com grelha de ferro - TCC 02 - areia e brita comerciais","un",6671.16]
[2003534,"Caixa coletora de sarjeta - CCS 10 - com grelha de ferro - TCC 02 - areia extraída e brita produzida","un",6031.99]
[2003497,"Caixa coletora de sarjeta - CCS 11 - com grelha de concreto - TCC 01 - areia e brita comerciais","un",6315.47]
[2003496,"Caixa coletora de sarjeta - CCS 11 - com grelha de concreto - TCC 01 - areia extraída e brita produzida","un",5678.16]
[2003537,"Caixa coletora de sarjeta - CCS 11 - com grelha de ferro - TCC 02 - areia e brita comerciais","un",6611.26]
[2003536,"Caixa coletora de sarjeta - CCS 11 - com grelha de ferro - TCC 02 - areia extraída e brita produzida","un",5992.07]
[2003499,"Caixa coletora de sarjeta - CCS 12 - com grelha de concreto - TCC 01 - areia e brita comerciais","un",6255.58]
[2003498,"Caixa coletora de sarjeta - CCS 12 - com grelha de concreto - TCC 01 - areia extraída e brita produzida","un",5638.24]
[2003539,"Caixa coletora de sarjeta - CCS 12 - com grelha de ferro - TCC 02 - areia e brita comerciais","un",6491.47]
[2003538,"Caixa coletora de sarjeta - CCS 12 - com grelha de ferro - TCC 02 - areia extraída e brita produzida","un",5912.22]
[2003501,"Caixa coletora de sarjeta - CCS 13 - com grelha de concreto - TCC 01 - areia e brita comerciais","un",7699.18]
[2003500,"Caixa coletora de sarjeta - CCS 13 - com grelha de concreto - TCC 01 - areia extraída e brita produzida","un",6912.07]
[2003541,"Caixa coletora de sarjeta - CCS 13 - com grelha de ferro - TCC 02 - areia e brita comerciais","un",7994.97]
[2003540,"Caixa coletora de sarjeta - CCS 13 - com grelha de ferro - TCC 02 - areia extraída e brita produzida","un",7225.97]
[2003503,"Caixa coletora de sarjeta - CCS 14 - com grelha de concreto - TCC 01 - areia e brita comerciais","un",7639.29]
[2003502,"Caixa coletora de sarjeta - CCS 14 - com grelha de concreto - TCC 01 - areia extraída e brita produzida","un",6872.15]
[2003543,"Caixa coletora de sarjeta - CCS 14 - com grelha de ferro - TCC 02 - areia e brita comerciais","un",7935.08]
[2003542,"Caixa coletora de sarjeta - CCS 14 - com grelha de ferro - TCC 02 - areia extraída e brita produzida","un",7186.05]
[2003505,"Caixa coletora de sarjeta - CCS 15 - com grelha de concreto - TCC 01 - areia e brita comerciais","un",7579.39]
[2003504,"Caixa coletora de sarjeta - CCS 15 - com grelha de concreto - TCC 01 - areia extraída e brita produzida","un",6832.22]
[2003545,"Caixa coletora de sarjeta - CCS 15 - com grelha de ferro - TCC 02 - areia e brita comerciais","un",7875.18]
[2003544,"Caixa coletora de sarjeta - CCS 15 - com grelha de ferro - TCC 02 - areia extraída e brita produzida","un",7146.13]
[2003507,"Caixa coletora de sarjeta - CCS 16 - com grelha de concreto - TCC 01 - areia e brita comerciais","un",7519.5]
[2003506,"Caixa coletora de sarjeta - CCS 16 - com grelha de concreto - TCC 01 - areia extraída e brita produzida","un",6792.3]
[2003547,"Caixa coletora de sarjeta - CCS 16 - com grelha de ferro - TCC 02 - areia e brita comerciais","un",7815.28]
[2003546,"Caixa coletora de sarjeta - CCS 16 - com grelha de ferro - TCC 02 - areia extraída e brita produzida","un",7106.21]
[2003509,"Caixa coletora de sarjeta - CCS 17 - com grelha de concreto - TCC 01 - areia e brita comerciais","un",8782.44]
[2003508,"Caixa coletora de sarjeta - CCS 17 - com grelha de concreto - TCC 01 - areia extraída e brita produzida","un",7885.47]
[2003549,"Caixa coletora de sarjeta - CCS 17 - com grelha de ferro - TCC 02 - areia e brita comerciais","un",9078.23]
[2003548,"Caixa coletora de sarjeta - CCS 17 - com grelha de ferro - TCC 02 - areia extraída e brita produzida","un",8199.3700000000008]
[2003511,"Caixa coletora de sarjeta - CCS 18 - com grelha de concreto - TCC 01 - areia e brita comerciais","un",8722.5499999999993]
[2003510,"Caixa coletora de sarjeta - CCS 18 - com grelha de concreto - TCC 01 - areia extraída e brita produzida","un",7845.55]
[2003551,"Caixa coletora de sarjeta - CCS 18 - com grelha de ferro - TCC 02 - areia e brita comerciais","un",9018.33]
[2003550,"Caixa coletora de sarjeta - CCS 18 - com grelha de ferro - TCC 02 - areia extraída e brita produzida","un",8159.45]
[2003513,"Caixa coletora de sarjeta - CCS 19 - com grelha de concreto - TCC 01 - areia e brita comerciais","un",8662.65]
[2003512,"Caixa coletora de sarjeta - CCS 19 - com grelha de concreto - TCC 01 - areia extraída e brita produzida","un",7805.63]
[2003553,"Caixa coletora de sarjeta - CCS 19 - com grelha de ferro - TCC 02 - areia e brita comerciais","un",8958.44]
[2003552,"Caixa coletora de sarjeta - CCS 19 - com grelha de ferro - TCC 02 - areia extraída e brita produzida","un",8119.53]
[2003515,"Caixa coletora de sarjeta - CCS 20 - com grelha de concreto - TCC 01 - areia e brita comerciais","un",8602.75]
[2003514,"Caixa coletora de sarjeta - CCS 20 - com grelha de concreto - TCC 01 - areia extraída e brita produzida","un",7765.7]
[2003555,"Caixa coletora de sarjeta - CCS 20 - com grelha de ferro - TCC 02 - areia e brita comerciais","un",8898.5400000000009]
[2003554,"Caixa coletora de sarjeta - CCS 20 - com grelha de ferro - TCC 02 - areia extraída e brita produzida","un",8079.61]
[2003728,"Caixa coletora de talvegue - CCT 01 - areia e brita comerciais","un",3914.9]
[2003727,"Caixa coletora de talvegue - CCT 01 - areia extraída e brita produzida","un",3463.49]
[2003730,"Caixa coletora de talvegue - CCT 02 - areia e brita comerciais","un",3855]
[2003729,"Caixa coletora de talvegue - CCT 02 - areia extraída e brita produzida","un",3423.57]
[2003732,"Caixa coletora de talvegue - CCT 03 - areia e brita comerciais","un",3801.1]
[2003731,"Caixa coletora de talvegue - CCT 03 - areia extraída e brita produzida","un",3387.64]
[2003734,"Caixa coletora de talvegue - CCT 04 - areia e brita comerciais","un",3735.21]
[2003733,"Caixa coletora de talvegue - CCT 04 - areia extraída e brita produzida","un",3343.72]
[2003736,"Caixa coletora de talvegue - CCT 05 - areia e brita comerciais","un",5122.2]
[2003735,"Caixa coletora de talvegue - CCT 05 - areia extraída e brita produzida","un",4560.93]
[2003738,"Caixa coletora de talvegue - CCT 06 - areia e brita comerciais","un",5062.3]
[2003737,"Caixa coletora de talvegue - CCT 06 - areia extraída e brita produzida","un",4521.01]
[2003740,"Caixa coletora de talvegue - CCT 07 - areia e brita comerciais","un",5008.3999999999996]
[2003739,"Caixa coletora de talvegue - CCT 07 - areia extraída e brita produzida","un",4485.08]
[2003742,"Caixa coletora de talvegue - CCT 08 - areia e brita comerciais","un",5182.09]
[2003741,"Caixa coletora de talvegue - CCT 08 - areia extraída e brita produzida","un",4600.8500000000004]
[2003744,"Caixa coletora de talvegue - CCT 09 - areia e brita comerciais","un",6160.3]
[2003743,"Caixa coletora de talvegue - CCT 09 - areia extraída e brita produzida","un",5489.17]
[2003746,"Caixa coletora de talvegue - CCT 10 - areia e brita comerciais","un",6100.4]
[2003745,"Caixa coletora de talvegue - CCT 10 - areia extraída e brita produzida","un",5449.25]
[2003748,"Caixa coletora de talvegue - CCT 11 - areia e brita comerciais","un",6046.49]
[2003747,"Caixa coletora de talvegue - CCT 11 - areia extraída e brita produzida","un",5413.32]
[2003750,"Caixa coletora de talvegue - CCT 12 - areia e brita comerciais","un",5980.61]
[2003749,"Caixa coletora de talvegue - CCT 12 - areia extraída e brita produzida","un",5369.4]
[2003752,"Caixa coletora de talvegue - CCT 13 - areia e brita comerciais","un",7424.21]
[2003751,"Caixa coletora de talvegue - CCT 13 - areia extraída e brita produzida","un",6643.23]
[2003754,"Caixa coletora de talvegue - CCT 14 - areia e brita comerciais","un",7364.32]
[2003753,"Caixa coletora de talvegue - CCT 14 - areia extraída e brita produzida","un",6603.31]
[2003756,"Caixa coletora de talvegue - CCT 15 - areia e brita comerciais","un",7310.41]
[2003755,"Caixa coletora de talvegue - CCT 15 - areia extraída e brita produzida","un",6567.38]
[2003758,"Caixa coletora de talvegue - CCT 16 - areia e brita comerciais","un",7244.53]
[2003757,"Caixa coletora de talvegue - CCT 16 - areia extraída e brita produzida","un",6523.46]
[2003760,"Caixa coletora de talvegue - CCT 17 - areia e brita comerciais","un",7189.76]
[2003759,"Caixa coletora de talvegue - CCT 17 - areia extraída e brita produzida","un",6738.35]
[2003762,"Caixa coletora de talvegue - CCT 18 - areia e brita comerciais","un",8447.58]
[2003761,"Caixa coletora de talvegue - CCT 18 - areia extraída e brita produzida","un",7576.71]
[2003764,"Caixa coletora de talvegue - CCT 19 - areia e brita comerciais","un",8393.67]
[2003763,"Caixa coletora de talvegue - CCT 19 - areia extraída e brita produzida","un",7540.78]
[2003766,"Caixa coletora de talvegue - CCT 20 - areia e brita comerciais","un",8327.7800000000007]
[2003765,"Caixa coletora de talvegue - CCT 20 - areia extraída e brita produzida","un",7496.87]
[2003642,"Caixa de ligação e passagem - CLP 01 - areia e brita comerciais","un",1811.63]
[2003641,"Caixa de ligação e passagem - CLP 01 - areia extraída e brita produzida","un",1529.99]
[2003644,"Caixa de ligação e passagem - CLP 02 - areia e brita comerciais","un",1775.69]
[2003643,"Caixa de ligação e passagem - CLP 02 - areia extraída e brita produzida","un",1506.04]
[2003646,"Caixa de ligação e passagem - CLP 03 - areia e brita comerciais","un",2443.48]
[2003645,"Caixa de ligação e passagem - CLP 03 - areia extraída e brita produzida","un",2055.98]
[2003648,"Caixa de ligação e passagem - CLP 04 - areia e brita comerciais","un",3141.31]
[2003647,"Caixa de ligação e passagem - CLP 04 - areia extraída e brita produzida","un",2653.94]
[2003650,"Caixa de ligação e passagem - CLP 05 - areia e brita comerciais","un",3728.84]
[2003649,"Caixa de ligação e passagem - CLP 05 - areia extraída e brita produzida","un",3165.57]
[2003652,"Caixa de ligação e passagem - CLP 06 - areia e brita comerciais","un",4759.1400000000003]
[2003651,"Caixa de ligação e passagem - CLP 06 - areia extraída e brita produzida","un",4078.03]
[2003654,"Caixa de ligação e passagem - CLP 07 - areia e brita comerciais","un",2164.6]
[2003653,"Caixa de ligação e passagem - CLP 07 - areia extraída e brita produzida","un",1829.03]
[2003656,"Caixa de ligação e passagem - CLP 08 - areia e brita comerciais","un",2122.67]
[2003655,"Caixa de ligação e passagem - CLP 08 - areia extraída e brita produzida","un",1801.09]
[2003658,"Caixa de ligação e passagem - CLP 09 - areia e brita comerciais","un",2851.51]
[2003657,"Caixa de ligação e passagem - CLP 09 - areia extraída e brita produzida","un",2398.1]
[2003660,"Caixa de ligação e passagem - CLP 10 - areia e brita comerciais","un",3576.62]
[2003659,"Caixa de ligação e passagem - CLP 10 - areia extraída e brita produzida","un",3019.34]
[2003662,"Caixa de ligação e passagem - CLP 11 - areia e brita comerciais","un",4197.42]
[2003661,"Caixa de ligação e passagem - CLP 11 - areia extraída e brita produzida","un",3558.25]
[2003664,"Caixa de ligação e passagem - CLP 12 - areia e brita comerciais","un",5166.8900000000003]
[2003663,"Caixa de ligação e passagem - CLP 12 - areia extraída e brita produzida","un",4403.8900000000003]
[2003666,"Caixa de ligação e passagem - CLP 13 - areia e brita comerciais","un",2523.5500000000002]
[2003665,"Caixa de ligação e passagem - CLP 13 - areia extraída e brita produzida","un",2132.06]
[2003668,"Caixa de ligação e passagem - CLP 14 - areia e brita comerciais","un",2487.62]
[2003667,"Caixa de ligação e passagem - CLP 14 - areia extraída e brita produzida","un",2108.11]
[2003670,"Caixa de ligação e passagem - CLP 15 - areia e brita comerciais","un",3277.51]
[2003669,"Caixa de ligação e passagem - CLP 15 - areia extraída e brita produzida","un",2752.19]
[2003672,"Caixa de ligação e passagem - CLP 16 - areia e brita comerciais","un",4041.88]
[2003671,"Caixa de ligação e passagem - CLP 16 - areia extraída e brita produzida","un",3404.71]
[2003674,"Caixa de ligação e passagem - CLP 17 - areia e brita comerciais","un",4689.96]
[2003673,"Caixa de ligação e passagem - CLP 17 - areia extraída e brita produzida","un",3966.9]
[2003676,"Caixa de ligação e passagem - CLP 18 - areia e brita comerciais","un",5712.33]
[2003675,"Caixa de ligação e passagem - CLP 18 - areia extraída e brita produzida","un",4855.4399999999996]
[2003854,"Camada drenante para proteção de muros de contenção - areia comercial","m³",170.74]
[2003855,"Camada drenante para proteção de muros de contenção - areia extraída","m³",17.38]
[2003856,"Camada drenante para proteção de muros de contenção - brita comercial","m³",232.56]
[2003857,"Camada drenante para proteção de muros de contenção - brita produzida","m³",69.91]
[2019782,"Canal em polietileno e polipropileno com efeito autolimpante e abertura de captação em ferro fundido dúctil - carga de controle de 900 kN - 100,0 x 21,0 x 57,9 cm - fornecimento e instalação em pavimento de asfalto","m",1227.5999999999999]
[2019783,"Canal em polietileno e polipropileno com efeito autolimpante e abertura de captação em ferro fundido dúctil - carga de controle de 900 kN - 100,0 x 25,2 x 66,5 cm - fornecimento e instalação em pavimento de asfalto","m",1892.81]
[2019784,"Canal em polietileno e polipropileno com efeito autolimpante e abertura de captação em ferro fundido dúctil - carga de controle de 900 kN - 100,0 x 42,0 x 95,0 cm - fornecimento e instalação em pavimento de asfalto","m",2464.1]
[2019785,"Canal em polietileno e polipropileno com efeito autolimpante e abertura de captação em ferro fundido dúctil - carga de controle de 900 kN - 114,2 x 78,0 x 106,0 cm - fornecimento e instalação em pavimento de asfalto","m",3281.67]
[2019776,"Canal em polietileno e polipropileno com efeito autolimpante e grelha de encaixe em ferro fundido dúctil - carga de controle de 400 kN - 100,0 x 14,7 x 18,6 cm - fornecimento e instalação em pavimento de asfalto","m",546.62]
[2019777,"Canal em polietileno e polipropileno com efeito autolimpante e grelha de encaixe em ferro fundido dúctil - carga de controle de 400 kN - 100,0 x 24,7 x 23,6 cm - fornecimento e instalação em pavimento de asfalto","m",1394.15]
[2019778,"Canal em polietileno e polipropileno com efeito autolimpante e grelha de encaixe em ferro fundido dúctil - carga de controle de 400 kN - 100,0 x 34,9 x 29,4 cm - fornecimento e instalação em pavimento de asfalto","m",2301.54]
[2019779,"Canal em polietileno e polipropileno com efeito autolimpante e grelha de encaixe em ferro fundido dúctil - carga de controle de 600 kN - 100,0 x 16,0 x 15,0 cm - fornecimento e instalação em pavimento de asfalto","m",833.89]
[2019780,"Canal em polietileno e polipropileno com efeito autolimpante e grelha de encaixe em ferro fundido dúctil - carga de controle de 600 kN - 100,0 x 21,2 x 21,0 cm - fornecimento e instalação em pavimento de asfalto","m",1019.87]
[2019781,"Canal em polietileno e polipropileno com efeito autolimpante e grelha de encaixe em ferro fundido dúctil - carga de controle de 600 kN - 100,0 x 26,2 x 20,0 cm - fornecimento e instalação em pavimento de asfalto","m",1279.01]
[2019773,"Canal em polietileno e polipropileno com efeito autolimpante e grelha de encaixe em poliamida reforçada - carga de controle de 250 kN - 100,0 x 16,0 x 15,0 cm - fornecimento e instalação em pavimento de asfalto","m",365.15]
[2019774,"Canal em polietileno e polipropileno com efeito autolimpante e grelha de encaixe em poliamida reforçada - carga de controle de 250 kN - 100,0 x 16,0 x 20,0 cm - fornecimento e instalação em pavimento de asfalto","m",391.78]
[2019775,"Canal em polietileno e polipropileno com efeito autolimpante e grelha de encaixe em poliamida reforçada - carga de controle de 250 kN - 100,0 x 16,0 x 7,5 cm - fornecimento e instalação em pavimento de asfalto","m",337.46]
[2019755,"Canal monobloco com corpo e grelha em concreto polímero com efeito autolimpante - carga de controle de 400 kN - 100,0 x 15,0 x 23,0 cm - fornecimento e instalação em pavimento de asfalto","m",475.37]
[2019764,"Canal monobloco com corpo e grelha em concreto polímero com efeito autolimpante - carga de controle de 400 kN - 100,0 x 15,0 x 23,0 cm - fornecimento e instalação em pavimento de concreto","m",494.93]
[2019756,"Canal monobloco com corpo e grelha em concreto polímero com efeito autolimpante - carga de controle de 400 kN - 100,0 x 25,0 x 32,0 cm - fornecimento e instalação em pavimento de asfalto","m",859.88]
[2019765,"Canal monobloco com corpo e grelha em concreto polímero com efeito autolimpante - carga de controle de 400 kN - 100,0 x 25,0 x 32,0 cm - fornecimento e instalação em pavimento de concreto","m",879.43]
[2019757,"Canal monobloco com corpo e grelha em concreto polímero com efeito autolimpante - carga de controle de 900 kN - 100,0 x 16,0 x 26,5 cm - fornecimento e instalação em pavimento de asfalto","m",860.71]
[2019766,"Canal monobloco com corpo e grelha em concreto polímero com efeito autolimpante - carga de controle de 900 kN - 100,0 x 16,0 x 26,5 cm - fornecimento e instalação em pavimento de concreto","m",926.38]
[2019758,"Canal monobloco com corpo e grelha em concreto polímero com efeito autolimpante - carga de controle de 900 kN - 100,0 x 21,0 x 28,0 cm - fornecimento e instalação em pavimento de asfalto","m",793.01]
[2019767,"Canal monobloco com corpo e grelha em concreto polímero com efeito autolimpante - carga de controle de 900 kN - 100,0 x 21,0 x 28,0 cm - fornecimento e instalação em pavimento de concreto","m",859.3]
[2019759,"Canal monobloco com corpo e grelha em concreto polímero com efeito autolimpante - carga de controle de 900 kN - 100,0 x 21,0 x 38,0 cm - fornecimento e instalação em pavimento de asfalto","m",878.39]
[2019768,"Canal monobloco com corpo e grelha em concreto polímero com efeito autolimpante - carga de controle de 900 kN - 100,0 x 21,0 x 38,0 cm - fornecimento e instalação em pavimento de concreto","m",957.25]
[2019760,"Canal monobloco com corpo e grelha em concreto polímero com efeito autolimpante - carga de controle de 900 kN - 100,0 x 21,0 x 48,0 cm - fornecimento e instalação em pavimento de asfalto","m",1359.71]
[2019769,"Canal monobloco com corpo e grelha em concreto polímero com efeito autolimpante - carga de controle de 900 kN - 100,0 x 21,0 x 48,0 cm - fornecimento e instalação em pavimento de concreto","m",1451.15]
[2019761,"Canal monobloco com corpo e grelha em concreto polímero com efeito autolimpante - carga de controle de 900 kN - 100,0 x 26,0 x 33,0 cm - fornecimento e instalação em pavimento de asfalto","m",1041.3800000000001]
[2019770,"Canal monobloco com corpo e grelha em concreto polímero com efeito autolimpante - carga de controle de 900 kN - 100,0 x 26,0 x 33,0 cm - fornecimento e instalação em pavimento de concreto","m",1113.96]
[2019762,"Canal monobloco com corpo e grelha em concreto polímero com efeito autolimpante - carga de controle de 900 kN - 100,0 x 26,0 x 53,0 cm - fornecimento e instalação em pavimento de asfalto","m",1262.24]
[2019771,"Canal monobloco com corpo e grelha em concreto polímero com efeito autolimpante - carga de controle de 900 kN - 100,0 x 26,0 x 53,0 cm - fornecimento e instalação em pavimento de concreto","m",1359.97]
[2019763,"Canal monobloco com corpo e grelha em concreto polímero com efeito autolimpante - carga de controle de 900 kN - 200,0 x 40,0 x 59,5 cm - fornecimento e instalação em pavimento de asfalto","m",5015.38]
[2019772,"Canal monobloco com corpo e grelha em concreto polímero com efeito autolimpante - carga de controle de 900 kN - 200,0 x 40,0 x 59,5 cm - fornecimento e instalação em pavimento de concreto","m",5111.2299999999996]
[2003811,"Canaleta de concreto - CAU 01 - seção de 20 x 20 cm - espessura de 10 cm - apoiada em toda a extensão","m",145.81]
[2003812,"Canaleta de concreto - CAU 02 - seção de 25 x 25 cm - espessura de 10 cm - apoiada em toda a extensão","m",172.7]
[2003813,"Canaleta de concreto - CAU 03 - seção de 30 x 30 cm - espessura de 10 cm - apoiada em toda a extensão","m",205.72]
[2003814,"Canaleta de concreto - CAU 04 - seção de 35 x 35 cm - espessura de 10 cm - apoiada em toda a extensão","m",234.66]
[2003815,"Canaleta de concreto - CAU 05 - seção de 40 x 40 cm - espessura de 10 cm - apoiada em toda a extensão","m",263.58999999999997]
[2003816,"Canaleta de concreto - CAU 06 - seção de 50 x 50 cm - espessura de 10 cm - apoiada em toda a extensão","m",325.55]
[2003817,"Canaleta de concreto - CAU 07 - seção de 60 x 60 cm - espessura de 10 cm - apoiada em toda a extensão","m",381.38]
[2003799,"Canaleta meia cana D = 0,30 m assente sobre lastro de areia - areia e brita comerciais - fornecimento e instalação","m",63.42]
[2003798,"Canaleta meia cana D = 0,30 m assente sobre lastro de areia - areia extraída e brita produzida - fornecimento e instalação","m",52.05]
[2003801,"Canaleta meia cana D = 0,40 m assente sobre lastro de areia - areia e brita comerciais - fornecimento e instalação","m",81.55]
[2003800,"Canaleta meia cana D = 0,40 m assente sobre lastro de areia - areia extraída e brita produzida - fornecimento e instalação","m",65.38]
[2003714,"Chaminé dos poços de visita - CPV 01 - areia e brita comerciais","un",1613.65]
[2003713,"Chaminé dos poços de visita - CPV 01 - areia extraída e brita produzida","un",1557.45]
[2003716,"Chaminé dos poços de visita - CPV 02 - areia e brita comerciais","un",1901.02]
[2003715,"Chaminé dos poços de visita - CPV 02 - areia extraída e brita produzida","un",1836.46]
[2003718,"Chaminé dos poços de visita - CPV 03 - areia e brita comerciais","un",2180.5700000000002]
[2003717,"Chaminé dos poços de visita - CPV 03 - areia extraída e brita produzida","un",2109.1799999999998]
[2003720,"Chaminé dos poços de visita - CPV 04 - areia e brita comerciais","un",2467.89]
[2003719,"Chaminé dos poços de visita - CPV 04 - areia extraída e brita produzida","un",2388.14]
[2003722,"Chaminé dos poços de visita - CPV 05 - areia e brita comerciais","un",2747.45]
[2003721,"Chaminé dos poços de visita - CPV 05 - areia extraída e brita produzida","un",2660.86]
[2003724,"Chaminé dos poços de visita - CPV 06 - areia e brita comerciais","un",3034.82]
[2003723,"Chaminé dos poços de visita - CPV 06 - areia extraída e brita produzida","un",2939.87]
[2003726,"Chaminé dos poços de visita - CPV 07 - areia e brita comerciais","un",3314.37]
[2003725,"Chaminé dos poços de visita - CPV 07 - areia extraída e brita produzida","un",3212.59]
[2003859,"Colchão drenante com espalhamento e compactação mecânicos - brita produzida","m³",66.62]
[2003861,"Coluna drenante D = 20 cm - areia comercial","m",26.31]
[2003862,"Coluna drenante D = 20 cm - areia extraída","m",21.93]
[2003405,"Descida d'água de aterros em degraus - DAD 01 - areia e brita comerciais","m",255.85]
[2003404,"Descida d'água de aterros em degraus - DAD 01 - areia extraída e brita produzida","m",203.92]
[2003407,"Descida d'água de aterros em degraus - DAD 02 - areia e brita comerciais","m",313.22000000000003]
[2003406,"Descida d'água de aterros em degraus - DAD 02 - areia extraída e brita produzida","m",261.29000000000002]
[2003409,"Descida d'água de aterros em degraus - DAD 03 - areia e brita comerciais","m",547.58000000000004]
[2003408,"Descida d'água de aterros em degraus - DAD 03 - areia extraída e brita produzida","m",429.73]
[2003411,"Descida d'água de aterros em degraus - DAD 04 - areia e brita comerciais","m",706.41]
[2003410,"Descida d'água de aterros em degraus - DAD 04 - areia extraída e brita produzida","m",588.55999999999995]
[2003413,"Descida d'água de aterros em degraus - DAD 05 - areia e brita comerciais","m",765.5]
[2003412,"Descida d'água de aterros em degraus - DAD 05 - areia extraída e brita produzida","m",601.71]
[2003415,"Descida d'água de aterros em degraus - DAD 06 - areia e brita comerciais","m",955.8]
[2003414,"Descida d'água de aterros em degraus - DAD 06 - areia extraída e brita produzida","m",792.01]
[2003417,"Descida d'água de aterros em degraus - DAD 07 - areia e brita comerciais","m",996.4]
[2003416,"Descida d'água de aterros em degraus - DAD 07 - areia extraída e brita produzida","m",782.68]
[2003419,"Descida d'água de aterros em degraus - DAD 08 - areia e brita comerciais","m",1219.3699999999999]
[2003418,"Descida d'água de aterros em degraus - DAD 08 - areia extraída e brita produzida","m",1005.65]
[2003421,"Descida d'água de aterros em degraus - DAD 09 - areia e brita comerciais","m",1254.72]
[2003420,"Descida d'água de aterros em degraus - DAD 09 - areia extraída e brita produzida","m",987.07]
[2003423,"Descida d'água de aterros em degraus - DAD 10 - areia e brita comerciais","m",1503.45]
[2003422,"Descida d'água de aterros em degraus - DAD 10 - areia extraída e brita produzida","m",1235.8]
[2003425,"Descida d'água de aterros em degraus - DAD 11 - areia e brita comerciais","m",1631.79]
[2003424,"Descida d'água de aterros em degraus - DAD 11 - areia extraída e brita produzida","m",1284.25]
[2003427,"Descida d'água de aterros em degraus - DAD 12 - areia e brita comerciais","m",1960.87]
[2003426,"Descida d'água de aterros em degraus - DAD 12 - areia extraída e brita produzida","m",1613.32]
[2003429,"Descida d'água de aterros em degraus - DAD 13 - areia e brita comerciais","m",2066.9899999999998]
[2003428,"Descida d'água de aterros em degraus - DAD 13 - areia extraída e brita produzida","m",1611.59]
[2003431,"Descida d'água de aterros em degraus - DAD 14 - areia e brita comerciais","m",2371.9]
[2003430,"Descida d'água de aterros em degraus - DAD 14 - areia extraída e brita produzida","m",1916.5]
[2003433,"Descida d'água de aterros em degraus - DAD 15 - areia e brita comerciais","m",2662.04]
[2003432,"Descida d'água de aterros em degraus - DAD 15 - areia extraída e brita produzida","m",2078.8000000000002]
[2003435,"Descida d'água de aterros em degraus - DAD 16 - areia e brita comerciais","m",3018.61]
[2003434,"Descida d'água de aterros em degraus - DAD 16 - areia extraída e brita produzida","m",2435.37]
[2003437,"Descida d'água de aterros em degraus - DAD 17 - areia e brita comerciais","m",3601.93]
[2003436,"Descida d'água de aterros em degraus - DAD 17 - areia extraída e brita produzida","m",2816.96]
[2003439,"Descida d'água de aterros em degraus - DAD 18 - areia e brita comerciais","m",4048.41]
[2003438,"Descida d'água de aterros em degraus - DAD 18 - areia extraída e brita produzida","m",3263.43]
[2003389,"Descida d'água de aterros tipo rápido - DAR 01 - areia e brita comerciais","m",288.12]
[2003388,"Descida d'água de aterros tipo rápido - DAR 01 - areia extraída e brita produzida","m",253.17]
[2003391,"Descida d'água de aterros tipo rápido - DAR 02 - areia e brita comerciais","m",180.61]
[2003390,"Descida d'água de aterros tipo rápido - DAR 02 - areia extraída e brita produzida","m",153.24]
[2003393,"Descida d'água de aterros tipo rápido - DAR 03 - areia e brita comerciais","m",249.85]
[2003392,"Descida d'água de aterros tipo rápido - DAR 03 - areia extraída e brita produzida","m",222.48]
[2003395,"Descida d'água de aterros tipo rápido - DAR 04 - areia e brita comerciais","m",696.78]
[2003394,"Descida d'água de aterros tipo rápido - DAR 04 - areia extraída e brita produzida","m",692.78]
[2003397,"Descida d'água de cortes em degraus - DCD 01 - areia e brita comerciais","m",575.61]
[2003396,"Descida d'água de cortes em degraus - DCD 01 - areia extraída e brita produzida","m",505.7]
[2003399,"Descida d'água de cortes em degraus - DCD 02 - areia e brita comerciais","m",715.98]
[2003398,"Descida d'água de cortes em degraus - DCD 02 - areia extraída e brita produzida","m",646.07000000000005]
[2003401,"Descida d'água de cortes em degraus - DCD 03 - areia e brita comerciais","m",654.69000000000005]
[2003400,"Descida d'água de cortes em degraus - DCD 03 - areia extraída e brita produzida","m",570.79]
[2003403,"Descida d'água de cortes em degraus - DCD 04 - areia e brita comerciais","m",802.62]
[2003402,"Descida d'água de cortes em degraus - DCD 04 - areia extraída e brita produzida","m",718.73]
[2003448,"Dissipador de energia - DEB 01 - areia extraída e brita e pedra de mão produzidas","un",420.89]
[2003449,"Dissipador de energia - DEB 01 - areia, brita e pedra de mão comerciais","un",535.03]
[2003450,"Dissipador de energia - DEB 02 - areia extraída e brita e pedra de mão produzidas","un",432.56]
[2003451,"Dissipador de energia - DEB 02 - areia, brita e pedra de mão comerciais","un",552.14]
[2003452,"Dissipador de energia - DEB 03 - areia extraída e brita e pedra de mão produzidas","un",1312.62]
[2003453,"Dissipador de energia - DEB 03 - areia, brita e pedra de mão comerciais","un",1677.67]
[2003454,"Dissipador de energia - DEB 04 - areia extraída e brita e pedra de mão produzidas","un",1852.78]
[2003455,"Dissipador de energia - DEB 04 - areia, brita e pedra de mão comerciais","un",2421.4699999999998]
[2003456,"Dissipador de energia - DEB 05 - areia extraída e brita e pedra de mão produzidas","un",2475.6799999999998]
[2003457,"Dissipador de energia - DEB 05 - areia, brita e pedra de mão comerciais","un",3291.28]
[2003458,"Dissipador de energia - DEB 06 - areia extraída e brita e pedra de mão produzidas","un",3141.81]
[2003459,"Dissipador de energia - DEB 06 - areia, brita e pedra de mão comerciais","un",4231.26]
[2003460,"Dissipador de energia - DEB 07 - areia extraída e brita e pedra de mão produzidas","un",4429.6400000000003]
[2003461,"Dissipador de energia - DEB 07 - areia, brita e pedra de mão comerciais","un",6083.42]
[2003462,"Dissipador de energia - DEB 08 - areia extraída e brita e pedra de mão produzidas","un",3182.06]
[2003463,"Dissipador de energia - DEB 08 - areia, brita e pedra de mão comerciais","un",4305.33]
[2003464,"Dissipador de energia - DEB 09 - areia extraída e brita e pedra de mão produzidas","un",4087.47]
[2003465,"Dissipador de energia - DEB 09 - areia, brita e pedra de mão comerciais","un",5602.05]
[2003466,"Dissipador de energia - DEB 10 - areia extraída e brita e pedra de mão produzidas","un",5713.16]
[2003467,"Dissipador de energia - DEB 10 - areia, brita e pedra de mão comerciais","un",7959.11]
[2003468,"Dissipador de energia - DEB 11 - areia extraída e brita e pedra de mão produzidas","un",3893.19]
[2003469,"Dissipador de energia - DEB 11 - areia, brita e pedra de mão comerciais","un",5327.58]
[2003470,"Dissipador de energia - DEB 12 - areia extraída e brita e pedra de mão produzidas","un",5033.13]
[2003471,"Dissipador de energia - DEB 12 - areia, brita e pedra de mão comerciais","un",6974.29]
[2003472,"Dissipador de energia - DEB 13 - areia extraída e brita e pedra de mão produzidas","un",7416.42]
[2003473,"Dissipador de energia - DEB 13 - areia, brita e pedra de mão comerciais","un",10448.200000000001]
[2003475,"Dissipador de energia - DED 01 - areia e brita comerciais","un",597.30999999999995]
[2003474,"Dissipador de energia - DED 01 - areia extraída e brita produzida","un",523.41]
[2003441,"Dissipador de energia - DES 01 - areia e pedra de mão comerciais","un",278.48]
[2003440,"Dissipador de energia - DES 01 - areia extraída e pedra de mão produzida","un",172.64]
[2003443,"Dissipador de energia - DES 02 - areia e pedra de mão comerciais","un",330.61]
[2003442,"Dissipador de energia - DES 02 - areia extraída e pedra de mão produzida","un",204.92]
[2003445,"Dissipador de energia - DES 03 - areia e pedra de mão comerciais","un",394.63]
[2003444,"Dissipador de energia - DES 03 - areia extraída e pedra de mão produzida","un",244.68]
[2003447,"Dissipador de energia - DES 04 - areia e pedra de mão comerciais","un",487]
[2003446,"Dissipador de energia - DES 04 - areia extraída e pedra de mão produzida","un",301.77999999999997]
[2004516,"Dreno de pavimento em microvala com geocomposto drenante H = 0,40 m - inclusive corte, enchimento com areia e selo asfáltico","m",34.72]
[2004517,"Dreno de pavimento em microvala com geocomposto drenante H = 0,60 m - inclusive corte, enchimento com areia e selo asfáltico","m",69.959999999999994]
[2007971,"Dreno de PVC D = 100 mm para OAE - fornecimento e instalação","m",88.87]
[2008091,"Dreno de PVC D = 150 mm para OAE - fornecimento e instalação","m",87.22]
[2006408,"Dreno de PVC D = 75 mm para OAE - fornecimento e instalação","m",71.569999999999993]
[2015642,"Dreno em tubo de aço galvanizado D = 100 mm em OAE - fornecimento e instalação","m",161.38]
[2015641,"Dreno em tubo de aço galvanizado D = 80 mm em OAE - fornecimento e instalação","m",147.18]
[2004509,"Dreno longitudinal de pavimento H = 0,40 m - com geocomposto drenante","m",38.85]
[2004510,"Dreno longitudinal de pavimento H = 0,60 m - com geocomposto drenante","m",47.43]
[2004511,"Dreno longitudinal de pavimento H = 1,00 m - com geocomposto drenante","m",64.569999999999993]
[2004512,"Dreno longitudinal de pavimento H = 1,50 m - com geocomposto drenante","m",85.99]
[2003843,"Dreno longitudinal profundo em tubo de concreto D = 0,40 m em vala de H = 1,10 m e L = 1,00 m com brita envolta em geotêxtil","m",410.54]
[2003915,"Dreno longitudinal profundo para corte em rocha - DPR 01 - tubo de concreto perfurado e brita comercial","m",126.6]
[2003914,"Dreno longitudinal profundo para corte em rocha - DPR 01 - tubo de concreto perfurado e brita produzida","m",102.13]
[2003589,"Dreno longitudinal profundo para corte em rocha - DPR 01 - tubo PEAD e brita comercial","m",134.49]
[2003588,"Dreno longitudinal profundo para corte em rocha - DPR 01 - tubo PEAD e brita produzida","m",114.57]
[2003917,"Dreno longitudinal profundo para corte em rocha - DPR 02 - tubo de concreto perfurado e brita comercial","m",141.53]
[2003916,"Dreno longitudinal profundo para corte em rocha - DPR 02 - tubo de concreto perfurado e brita produzida","m",117.05]
[2003591,"Dreno longitudinal profundo para corte em rocha - DPR 02 - tubo PEAD e brita comercial","m",149.41999999999999]
[2003590,"Dreno longitudinal profundo para corte em rocha - DPR 02 - tubo PEAD e brita produzida","m",129.49]
[2003593,"Dreno longitudinal profundo para corte em rocha - DPR 03 - brita comercial","m",99.56]
[2003592,"Dreno longitudinal profundo para corte em rocha - DPR 03 - brita produzida","m",71.09]
[2003595,"Dreno longitudinal profundo para corte em rocha - DPR 04 - brita comercial","m",84.63]
[2003594,"Dreno longitudinal profundo para corte em rocha - DPR 04 - brita produzida","m",56.17]
[2003597,"Dreno longitudinal profundo para corte em rocha - DPR 05 - tubo de concreto poroso e areia comercial","m",118.26]
[2003596,"Dreno longitudinal profundo para corte em rocha - DPR 05 - tubo de concreto poroso e areia extraída","m",96.14]
[2003572,"Dreno longitudinal profundo para corte em solo - DPS 01 - tubo PEAD e areia comercial","m",138.18]
[2003580,"Dreno longitudinal profundo para corte em solo - DPS 01 - tubo PEAD e areia extraída","m",68.209999999999994]
[2003573,"Dreno longitudinal profundo para corte em solo - DPS 02 - tubo PEAD e areia comercial","m",147.22999999999999]
[2003581,"Dreno longitudinal profundo para corte em solo - DPS 02 - tubo PEAD e areia extraída","m",66.319999999999993]
[2003561,"Dreno longitudinal profundo para corte em solo - DPS 03 - tubo de concreto perfurado, areia e brita comerciais - madeira com utilização de 5 vezes","m",223.89]
[2003560,"Dreno longitudinal profundo para corte em solo - DPS 03 - tubo de concreto perfurado, areia extraída e brita produzida - madeira com utilização de 5 vezes","m",119.51]
[2003574,"Dreno longitudinal profundo para corte em solo - DPS 03 - tubo PEAD, areia e brita comerciais - madeira com utilização de 5 vezes","m",197.49]
[2003582,"Dreno longitudinal profundo para corte em solo - DPS 03 - tubo PEAD, areia extraída e brita produzida - madeira com utilização de 5 vezes","m",123.29]
[2003563,"Dreno longitudinal profundo para corte em solo - DPS 04 - tubo de concreto perfurado, areia e brita comerciais - madeira com utilização de 5 vezes","m",237.29]
[2003562,"Dreno longitudinal profundo para corte em solo - DPS 04 - tubo de concreto perfurado, areia extraída e brita produzida - madeira com utilização de 5 vezes","m",116.51]
[2003575,"Dreno longitudinal profundo para corte em solo - DPS 04 - tubo PEAD, areia e brita comerciais - madeira com utilização de 5 vezes","m",206.87]
[2003583,"Dreno longitudinal profundo para corte em solo - DPS 04 - tubo PEAD, areia extraída e brita produzida - madeira com utilização de 5 vezes","m",121.19]
[2003565,"Dreno longitudinal profundo para corte em solo - DPS 05 - dreno cego - brita comercial","m",173.85]
[2003564,"Dreno longitudinal profundo para corte em solo - DPS 05 - dreno cego - brita produzida","m",85.61]
[2003567,"Dreno longitudinal profundo para corte em solo - DPS 06 - dreno cego - brita comercial","m",199.9]
[2003566,"Dreno longitudinal profundo para corte em solo - DPS 06 - dreno cego - brita produzida","m",93.16]
[2003569,"Dreno longitudinal profundo para corte em solo - DPS 07 - tubo de concreto perfurado e brita comercial","m",215.6]
[2003568,"Dreno longitudinal profundo para corte em solo - DPS 07 - tubo de concreto perfurado e brita produzida","m",131.36000000000001]
[2003578,"Dreno longitudinal profundo para corte em solo - DPS 07 - tubo PEAD e brita comercial","m",206.18]
[2003586,"Dreno longitudinal profundo para corte em solo - DPS 07 - tubo PEAD e brita produzida","m",136.13999999999999]
[2003571,"Dreno longitudinal profundo para corte em solo - DPS 08 - tubo de concreto perfurado e brita comercial","m",241.65]
[2003570,"Dreno longitudinal profundo para corte em solo - DPS 08 - tubo de concreto perfurado e brita produzida","m",138.9]
[2003579,"Dreno longitudinal profundo para corte em solo - DPS 08 - tubo PEAD e brita comercial","m",227.28]
[2003587,"Dreno longitudinal profundo para corte em solo - DPS 08 - tubo PEAD e brita produzida","m",143]
[2004506,"Dreno profundo H = 1,0 m - com geocomposto drenante - inclusive escavação e reaterro","m",71.540000000000006]
[2004507,"Dreno profundo H = 1,5 m - com geocomposto drenante - inclusive escavação e reaterro","m",96.52]
[2003614,"Dreno sub-horizontal - DSH 01 - material de 1ª categoria","m",130.5]
[2003865,"Dreno sub-horizontal - DSH 01 - material de 2ª categoria","m",145.12]
[2003923,"Dreno subsuperficial - DSS 01 - tubo de concreto perfurado e areia comercial","m",64.790000000000006]
[2003922,"Dreno subsuperficial - DSS 01 - tubo de concreto perfurado e areia extraída","m",38.380000000000003]
[2003605,"Dreno subsuperficial - DSS 01 - tubo PEAD e areia comercial","m",48.6]
[2003604,"Dreno subsuperficial - DSS 01 - tubo PEAD e areia extraída","m",26.74]
[2003607,"Dreno subsuperficial - DSS 02 - brita comercial","m",51.8]
[2003606,"Dreno subsuperficial - DSS 02 - brita produzida","m",29.03]
[2003609,"Dreno subsuperficial - DSS 03 - brita comercial","m",35.76]
[2003608,"Dreno subsuperficial - DSS 03 - brita produzida","m",12.99]
[2003925,"Dreno subsuperficial - DSS 04 - tubo de concreto perfurado e brita comercial","m",91.54]
[2003924,"Dreno subsuperficial - DSS 04 - tubo de concreto perfurado e brita produzida","m",64.209999999999994]
[2003611,"Dreno subsuperficial - DSS 04 - tubo PEAD e brita comercial","m",75.349999999999994]
[2003610,"Dreno subsuperficial - DSS 04 - tubo PEAD e brita produzida","m",52.58]
[2003820,"Dreno tipo barbacã - DRB 01 - D = 75 mm em estrutura de contenção de encosta - excluso o tubo de drenagem","un",20.67]
[2003821,"Dreno tipo barbacã - DRB 02 - D = 50 mm em estrutura de contenção de encosta - excluso o tubo de drenagem","un",18.14]
[2003842,"Enchimento de junta de concreto com argamassa asfáltica de densidade 1.700 kg/m³ - espessura de 1 cm","kg",71.31]
[2003385,"Entrada para descida d'água - EDA 01 - areia e brita comerciais","un",73.540000000000006]
[2003384,"Entrada para descida d'água - EDA 01 - areia extraída e brita produzida","un",51.56]
[2003387,"Entrada para descida d'água - EDA 02 - areia e brita comerciais","un",91.5]
[2003386,"Entrada para descida d'água - EDA 02 - areia extraída e brita produzida","un",63.54]
[2003335,"Entrada para descida d'água - EDA 03 - areia e brita comerciais","un",2136.88]
[2003334,"Entrada para descida d'água - EDA 03 - areia extraída e brita produzida","un",1735.2]
[2003336,"Entrada para descida d'água - EDA 04 - areia e brita comerciais","un",1861.6]
[2003337,"Entrada para descida d'água - EDA 04 - areia extraída e brita produzida","un",1462.12]
[2003819,"Envelope de brita para tubos com diâmetro externo de 75 a 110 mm - L = 15 cm e H = 15 cm","m",7.78]
[2004504,"Escavação mecânica de vala para drenagem com valetadeira em material de 1ª categoria","m³",17.399999999999999]
[2004519,"Escavação mecânica de vala trapezoidal ou triangular em material de 1ª categoria para drenagem superficial com retroescavadeira - 0,10 m² ≤ seção < 0,15 m²","m³",27.29]
[2004520,"Escavação mecânica de vala trapezoidal ou triangular em material de 1ª categoria para drenagem superficial com retroescavadeira - 0,15 m² ≤ seção < 0,20 m²","m³",22.51]
[2004521,"Escavação mecânica de vala trapezoidal ou triangular em material de 1ª categoria para drenagem superficial com retroescavadeira - 0,20 m² ≤ seção < 0,30 m²","m³",15.4]
[2004522,"Escavação mecânica de vala trapezoidal ou triangular em material de 1ª categoria para drenagem superficial com retroescavadeira - 0,30 m² ≤ seção < 0,50 m²","m³",11.25]
[2004518,"Escavação mecânica de vala trapezoidal ou triangular em material de 1ª categoria para drenagem superficial com retroescavadeira - seção < 0,10 m²","m³",47.39]
[2003864,"Esgotamento de água com bomba submersa","h",13.27]
[2003863,"Esgotamento de dreno horizontal profundo a vácuo","h",22.24]
[2004508,"Geodreno vertical para tratamento de solos moles","m",13.33]
[2003316,"Grelha de concreto 54 x 100 cm para boca-de-lobo - areia e brita comerciais - sobrecarga do trem tipo TB 45","un",112.38]
[2003317,"Grelha de concreto 54 x 100 cm para boca-de-lobo - areia extraída e brita produzida - sobrecarga do trem tipo TB 45","un",105.05]
[2003767,"Lastro de areia comercial - espalhamento manual","m³",154.57]
[2003844,"Lastro de areia comercial - espalhamento mecânico","m³",151.66]
[2003576,"Lastro de areia extraída - espalhamento manual","m³",15.15]
[2003858,"Lastro de areia extraída - espalhamento mecânico","m³",12.24]
[2003850,"Lastro de brita comercial compactado com soquete vibratório - espalhamento manual","m³",217.76]
[2003849,"Lastro de brita produzida compactado com soquete vibratório - espalhamento manual","m³",74.16]
[2003868,"Lastro de pedra de mão ou rachão - espalhamento manual","m³",202.99]
[2003369,"Meio-fio de concreto - MFC 01 - areia e brita comerciais - fôrma de madeira","m",129.82]
[2003368,"Meio-fio de concreto - MFC 01 - areia extraída e brita produzida - fôrma de madeira","m",109.35]
[2003939,"Meio-fio de concreto - MFC 01 moldado no local com extrusora e concreto usinado - areia e brita comerciais","m",89.47]
[2003940,"Meio-fio de concreto - MFC 01 moldado no local com extrusora e concreto usinado - areia extraída e brita produzida","m",68.930000000000007]
[2003371,"Meio-fio de concreto - MFC 02 - areia e brita comerciais - fôrma de madeira","m",97.34]
[2003370,"Meio-fio de concreto - MFC 02 - areia extraída e brita produzida - fôrma de madeira","m",80.05]
[2003941,"Meio-fio de concreto - MFC 02 moldado no local com extrusora e concreto usinado - areia e brita comerciais","m",76.27]
[2003942,"Meio-fio de concreto - MFC 02 moldado no local com extrusora e concreto usinado - areia extraída e brita produzida","m",58.92]
[2003373,"Meio-fio de concreto - MFC 03 - areia e brita comerciais - fôrma de madeira","m",72.64]
[2003372,"Meio-fio de concreto - MFC 03 - areia extraída e brita produzida - fôrma de madeira","m",64.25]
[2003943,"Meio-fio de concreto - MFC 03 moldado no local com extrusora e concreto usinado - areia e brita comerciais","m",36.21]
[2003944,"Meio-fio de concreto - MFC 03 moldado no local com extrusora e concreto usinado - areia extraída e brita produzida","m",27.8]
[2003375,"Meio-fio de concreto - MFC 04 - areia e brita comerciais - fôrma de madeira","m",47.38]
[2003374,"Meio-fio de concreto - MFC 04 - areia extraída e brita produzida - fôrma de madeira","m",41.21]
[2003945,"Meio-fio de concreto - MFC 04 moldado no local com extrusora e concreto usinado - areia e brita comerciais","m",27]
[2003946,"Meio-fio de concreto - MFC 04 moldado no local com extrusora e concreto usinado - areia extraída e brita produzida","m",20.81]
[2003377,"Meio-fio de concreto - MFC 05 - areia e brita comerciais - fôrma de madeira","m",62.66]
[2003376,"Meio-fio de concreto - MFC 05 - areia extraída e brita produzida - fôrma de madeira","m",55.99]
[2003947,"Meio-fio de concreto - MFC 05 moldado no local com extrusora e concreto usinado - areia e brita comerciais","m",28.53]
[2003948,"Meio-fio de concreto - MFC 05 moldado no local com extrusora e concreto usinado - areia extraída e brita produzida","m",21.84]
[2003379,"Meio-fio de concreto - MFC 06 - areia e brita comerciais - fôrma de madeira","m",36.65]
[2003378,"Meio-fio de concreto - MFC 06 - areia extraída e brita produzida - fôrma de madeira","m",32.159999999999997]
[2003949,"Meio-fio de concreto - MFC 06 moldado no local com extrusora e concreto usinado - areia e brita comerciais","m",19.489999999999998]
[2003950,"Meio-fio de concreto - MFC 06 moldado no local com extrusora e concreto usinado - areia extraída e brita produzida","m",14.98]
[2003381,"Meio-fio de concreto - MFC 07 - areia e brita comerciais - fôrma de madeira","m",61.65]
[2003380,"Meio-fio de concreto - MFC 07 - areia extraída e brita produzida - fôrma de madeira","m",53.94]
[2003951,"Meio-fio de concreto - MFC 07 moldado no local com extrusora e concreto usinado - areia e brita comerciais","m",33.22]
[2003952,"Meio-fio de concreto - MFC 07 moldado no local com extrusora e concreto usinado - areia extraída e brita produzida","m",25.49]
[2003383,"Meio-fio de concreto - MFC 08 - areia e brita comerciais - fôrma de madeira","m",105.03]
[2003382,"Meio-fio de concreto - MFC 08 - areia extraída e brita produzida - fôrma de madeira","m",90.63]
[2003953,"Meio-fio de concreto - MFC 08 moldado no local com extrusora e concreto usinado - areia e brita comerciais","m",60.78]
[2003954,"Meio-fio de concreto - MFC 08 moldado no local com extrusora e concreto usinado - areia extraída e brita produzida","m",46.34]
[2004514,"Microvala para dreno de pavimento com geocomposto drenante H = 0,4 m","m",15.18]
[2004515,"Microvala para dreno de pavimento com geocomposto drenante H = 0,6 m","m",39.729999999999997]
[2005759,"Perfuração para dreno sub-horizontal em material de 1ª categoria com D = 75 mm (linha NW)","m",51.47]
[2005764,"Perfuração para dreno sub-horizontal em material de 2ª categoria com D = 75 mm (linha NW)","m",66.09]
[2003678,"Poço de visita - PVI 01 - areia e brita comerciais","un",2419.2800000000002]
[2003677,"Poço de visita - PVI 01 - areia extraída e brita produzida","un",2071.73]
[2003680,"Poço de visita - PVI 02 - areia e brita comerciais","un",2377.35]
[2003679,"Poço de visita - PVI 02 - areia extraída e brita produzida","un",2043.78]
[2003682,"Poço de visita - PVI 03 - areia e brita comerciais","un",2750.43]
[2003681,"Poço de visita - PVI 03 - areia extraída e brita produzida","un",2334.9699999999998]
[2003684,"Poço de visita - PVI 04 - areia e brita comerciais","un",3291.99]
[2003683,"Poço de visita - PVI 04 - areia extraída e brita produzida","un",2796.64]
[2003686,"Poço de visita - PVI 05 - areia e brita comerciais","un",3879.22]
[2003685,"Poço de visita - PVI 05 - areia extraída e brita produzida","un",3301.97]
[2003688,"Poço de visita - PVI 06 - areia e brita comerciais","un",4825.54]
[2003687,"Poço de visita - PVI 06 - areia extraída e brita produzida","un",4126.45]
[2003690,"Poço de visita - PVI 07 - areia e brita comerciais","un",2807.17]
[2003689,"Poço de visita - PVI 07 - areia extraída e brita produzida","un",2401.6999999999998]
[2003692,"Poço de visita - PVI 08 - areia e brita comerciais","un",2771.24]
[2003691,"Poço de visita - PVI 08 - areia extraída e brita produzida","un",2377.75]
[2003694,"Poço de visita - PVI 09 - areia e brita comerciais","un",3172.1]
[2003693,"Poço de visita - PVI 09 - areia extraída e brita produzida","un",2688.73]
[2003696,"Poço de visita - PVI 10 - areia e brita comerciais","un",3578.76]
[2003695,"Poço de visita - PVI 10 - areia extraída e brita produzida","un",3011.5]
[2003698,"Poço de visita - PVI 11 - areia e brita comerciais","un",4347.8]
[2003697,"Poço de visita - PVI 11 - areia extraída e brita produzida","un",3694.65]
[2003700,"Poço de visita - PVI 12 - areia e brita comerciais","un",5341.03]
[2003699,"Poço de visita - PVI 12 - areia extraída e brita produzida","un",4558.05]
[2003702,"Poço de visita - PVI 13 - areia e brita comerciais","un",3219.03]
[2003701,"Poço de visita - PVI 13 - areia extraída e brita produzida","un",2747.64]
[2003704,"Poço de visita - PVI 14 - areia e brita comerciais","un",3183.09]
[2003703,"Poço de visita - PVI 14 - areia extraída e brita produzida","un",2723.69]
[2003706,"Poço de visita - PVI 15 - areia e brita comerciais","un",3617.73]
[2003705,"Poço de visita - PVI 15 - areia extraída e brita produzida","un",3058.46]
[2003708,"Poço de visita - PVI 16 - areia e brita comerciais","un",4198.55]
[2003707,"Poço de visita - PVI 16 - areia extraída e brita produzida","un",3551.39]
[2003710,"Poço de visita - PVI 17 - areia e brita comerciais","un",4840.34]
[2003709,"Poço de visita - PVI 17 - areia extraída e brita produzida","un",4103.3]
[2003712,"Poço de visita - PVI 18 - areia e brita comerciais","un",5880.48]
[2003711,"Poço de visita - PVI 18 - areia extraída e brita produzida","un",5005.62]
[2004505,"Reaterro e compactação em vala de dreno com geocomposto","m³",19.239999999999998]
[2003353,"Sarjeta trapezoidal de canteiro central de concreto - SZCC 100-25 - areia e brita comerciais","m",101]
[2003352,"Sarjeta trapezoidal de canteiro central de concreto - SZCC 100-25 - areia extraída e brita produzida","m",73.239999999999995]
[2003979,"Sarjeta trapezoidal de canteiro central de concreto - SZCC 100-25 moldada no local com extrusora e concreto usinado - areia e brita comerciais","m",113.08]
[2003980,"Sarjeta trapezoidal de canteiro central de concreto - SZCC 100-25 moldada no local com extrusora e concreto usinado - areia extraída e brita produzida","m",85.22]
[2003355,"Sarjeta trapezoidal de canteiro central de concreto - SZCC 140-35 - areia e brita comerciais","m",135.94]
[2003354,"Sarjeta trapezoidal de canteiro central de concreto - SZCC 140-35 - areia extraída e brita produzida","m",98.53]
[2003981,"Sarjeta trapezoidal de canteiro central de concreto - SZCC 140-35 moldada no local com extrusora e concreto usinado - areia e brita comerciais","m",152.37]
[2003982,"Sarjeta trapezoidal de canteiro central de concreto - SZCC 140-35 moldada no local com extrusora e concreto usinado - areia extraída e brita produzida","m",114.84]
[2003345,"Sarjeta trapezoidal de concreto - SZC 60-20 - escavação mecânica - areia e brita comerciais","m",78.22]
[2003344,"Sarjeta trapezoidal de concreto - SZC 60-20 - escavação mecânica - areia extraída e brita produzida","m",59.26]
[2003973,"Sarjeta trapezoidal de concreto - SZC 60-20 moldada no local com extrusora e concreto usinado - escavação mecânica - areia e brita comerciais","m",86.62]
[2003974,"Sarjeta trapezoidal de concreto - SZC 60-20 moldada no local com extrusora e concreto usinado - escavação mecânica - areia extraída e brita produzida","m",67.61]
[2003343,"Sarjeta trapezoidal de concreto - SZC 90-30 - escavação mecânica - areia e brita comerciais","m",107.21]
[2003342,"Sarjeta trapezoidal de concreto - SZC 90-30 - escavação mecânica - areia extraída e brita produzida","m",80.62]
[2003971,"Sarjeta trapezoidal de concreto - SZC 90-30 moldada no local com extrusora e concreto usinado - escavação mecânica - areia e brita comerciais","m",119.15]
[2003972,"Sarjeta trapezoidal de concreto - SZC 90-30 moldada no local com extrusora e concreto usinado - escavação mecânica - areia extraída e brita produzida","m",92.48]
[2003347,"Sarjeta trapezoidal de grama - SZG 60-20 - escavação mecânica","m",15]
[2003346,"Sarjeta trapezoidal de grama - SZG 90-30 - escavação mecânica","m",20.87]
[2003933,"Sarjeta trapezoidal sem revestimento - SZT 60-20 - escavação mecânica","m",7.5]
[2003932,"Sarjeta trapezoidal sem revestimento - SZT 90-30 - escavação mecânica","m",9.6199999999999992]
[2003349,"Sarjeta triangular de canteiro central de concreto - STCC 100-25 - areia e brita comerciais","m",77.349999999999994]
[2003348,"Sarjeta triangular de canteiro central de concreto - STCC 100-25 - areia extraída e brita produzida","m",56.3]
[2003975,"Sarjeta triangular de canteiro central de concreto - STCC 100-25 moldada no local com extrusora e concreto usinado - areia e brita comerciais","m",85.74]
[2003976,"Sarjeta triangular de canteiro central de concreto - STCC 100-25 moldada no local com extrusora e concreto usinado - areia extraída e brita produzida","m",64.62]
[2003351,"Sarjeta triangular de canteiro central de concreto - STCC 140-35 - areia e brita comerciais","m",103.46]
[2003350,"Sarjeta triangular de canteiro central de concreto - STCC 140-35 - areia extraída e brita produzida","m",75.260000000000005]
[2003977,"Sarjeta triangular de canteiro central de concreto - STCC 140-35 moldada no local com extrusora e concreto usinado - areia e brita comerciais","m",114.86]
[2003978,"Sarjeta triangular de canteiro central de concreto - STCC 140-35 moldada no local com extrusora e concreto usinado - areia extraída e brita produzida","m",86.57]
[2003291,"Sarjeta triangular de canteiro central de grama - STCG 100-25 - escavação mecânica","m",10.95]
[2003292,"Sarjeta triangular de canteiro central de grama - STCG 140-35 - escavação mecânica","m",15.32]
[2003293,"Sarjeta triangular de canteiro central de grama - STCG 200-25 - escavação mecânica","m",20.18]
[2003294,"Sarjeta triangular de canteiro central de grama - STCG 300-37,5 - escavação mecânica","m",30.27]
[2003257,"Sarjeta triangular de concreto - STC 100-20 - escavação mecânica - areia e brita comerciais","m",79.66]
[2003258,"Sarjeta triangular de concreto - STC 100-20 - escavação mecânica - areia extraída e brita produzida","m",60.77]
[2003259,"Sarjeta triangular de concreto - STC 100-20 moldada no local com extrusora e concreto usinado - escavação mecânica - areia e brita comerciais","m",87.44]
[2003260,"Sarjeta triangular de concreto - STC 100-20 moldada no local com extrusora e concreto usinado - escavação mecânica - areia extraída e brita produzida","m",68.48]
[2003281,"Sarjeta triangular de concreto - STC 100-21 - escavação mecânica - areia e brita comerciais","m",80.11]
[2003282,"Sarjeta triangular de concreto - STC 100-21 - escavação mecânica - areia extraída e brita produzida","m",60.78]
[2003283,"Sarjeta triangular de concreto - STC 100-21 moldada no local com extrusora e concreto usinado - escavação mecânica - areia e brita comerciais","m",88.08]
[2003284,"Sarjeta triangular de concreto - STC 100-21 moldada no local com extrusora e concreto usinado - escavação mecânica - areia extraída e brita produzida","m",68.680000000000007]
[2003327,"Sarjeta triangular de concreto - STC 108-25 - escavação mecânica - areia e brita comerciais","m",111.08]
[2003326,"Sarjeta triangular de concreto - STC 108-25 - escavação mecânica - areia extraída e brita produzida","m",89.16]
[2003963,"Sarjeta triangular de concreto - STC 108-25 moldada no local com extrusora e concreto usinado - escavação mecânica - areia e brita comerciais","m",100.04]
[2003964,"Sarjeta triangular de concreto - STC 108-25 moldada no local com extrusora e concreto usinado - escavação mecânica - areia extraída e brita produzida","m",78.06]
[2003319,"Sarjeta triangular de concreto - STC 125-25 - escavação mecânica - areia e brita comerciais","m",97.02]
[2003318,"Sarjeta triangular de concreto - STC 125-25 - escavação mecânica - areia extraída e brita produzida","m",73.69]
[2003955,"Sarjeta triangular de concreto - STC 125-25 moldada no local com extrusora e concreto usinado - escavação mecânica - areia e brita comerciais","m",106.67]
[2003956,"Sarjeta triangular de concreto - STC 125-25 moldada no local com extrusora e concreto usinado - escavação mecânica - areia extraída e brita produzida","m",83.27]
[2003277,"Sarjeta triangular de concreto - STC 125-27 - escavação mecânica - areia e brita comerciais","m",99.85]
[2003278,"Sarjeta triangular de concreto - STC 125-27 - escavação mecânica - areia extraída e brita produzida","m",75.87]
[2003279,"Sarjeta triangular de concreto - STC 125-27 moldada no local com extrusora e concreto usinado - escavação mecânica - areia e brita comerciais","m",109.78]
[2003280,"Sarjeta triangular de concreto - STC 125-27 moldada no local com extrusora e concreto usinado - escavação mecânica - areia extraída e brita produzida","m",85.72]
[2003253,"Sarjeta triangular de concreto - STC 150-30 - escavação mecânica - areia e brita comerciais","m",114.38]
[2003254,"Sarjeta triangular de concreto - STC 150-30 - escavação mecânica - areia extraída e brita produzida","m",86.63]
[2003255,"Sarjeta triangular de concreto - STC 150-30 moldada no local com extrusora e concreto usinado - escavação mecânica - areia e brita comerciais","m",125.88]
[2003256,"Sarjeta triangular de concreto - STC 150-30 moldada no local com extrusora e concreto usinado - escavação mecânica - areia extraída e brita produzida","m",98.05]
[2003273,"Sarjeta triangular de concreto - STC 150-32 - escavação mecânica - areia e brita comerciais","m",117.41]
[2003274,"Sarjeta triangular de concreto - STC 150-32 - escavação mecânica - areia extraída e brita produzida","m",88.95]
[2003275,"Sarjeta triangular de concreto - STC 150-32 moldada no local com extrusora e concreto usinado - escavação mecânica - areia e brita comerciais","m",129.22]
[2003276,"Sarjeta triangular de concreto - STC 150-32 moldada no local com extrusora e concreto usinado - escavação mecânica - areia extraída e brita produzida","m",100.67]
[2003269,"Sarjeta triangular de concreto - STC 73-15 - escavação mecânica - areia e brita comerciais","m",74.53]
[2003270,"Sarjeta triangular de concreto - STC 73-15 - escavação mecânica - areia extraída e brita produzida","m",59.99]
[2003271,"Sarjeta triangular de concreto - STC 73-15 moldada no local com extrusora e concreto usinado - escavação mecânica - areia e brita comerciais","m",67.47]
[2003272,"Sarjeta triangular de concreto - STC 73-15 moldada no local com extrusora e concreto usinado - escavação mecânica - areia extraída e brita produzida","m",52.89]
[2003261,"Sarjeta triangular de concreto - STC 80-15 - escavação mecânica - areia e brita comerciais","m",64.55]
[2003262,"Sarjeta triangular de concreto - STC 80-15 - escavação mecânica - areia extraída e brita produzida","m",49.31]
[2003263,"Sarjeta triangular de concreto - STC 80-15 moldada no local com extrusora e concreto usinado - escavação mecânica - areia e brita comerciais","m",70.790000000000006]
[2003264,"Sarjeta triangular de concreto - STC 80-15 moldada no local com extrusora e concreto usinado - escavação mecânica - areia extraída e brita produzida","m",55.5]
[2003285,"Sarjeta triangular de concreto - STC 80-17 - escavação mecânica - areia e brita comerciais","m",66.63]
[2003286,"Sarjeta triangular de concreto - STC 80-17 - escavação mecânica - areia extraída e brita produzida","m",50.93]
[2003287,"Sarjeta triangular de concreto - STC 80-17 moldada no local com extrusora e concreto usinado - escavação mecânica - areia e brita comerciais","m",73.06]
[2003288,"Sarjeta triangular de concreto - STC 80-17 moldada no local com extrusora e concreto usinado - escavação mecânica - areia extraída e brita produzida","m",57.31]
[2003265,"Sarjeta triangular de concreto - STC 88-20 - escavação mecânica - areia e brita comerciais","m",91.56]
[2003266,"Sarjeta triangular de concreto - STC 88-20 - escavação mecânica - areia extraída e brita produzida","m",73.73]
[2003267,"Sarjeta triangular de concreto - STC 88-20 moldada no local com extrusora e concreto usinado - escavação mecânica - areia e brita comerciais","m",82.42]
[2003268,"Sarjeta triangular de concreto - STC 88-20 moldada no local com extrusora e concreto usinado - escavação mecânica - areia extraída e brita produzida","m",64.52]
[2003289,"Sarjeta triangular de grama - STG 100-20 - escavação mecânica","m",18.940000000000001]
[2003338,"Sarjeta triangular de grama - STG 125-25 - escavação mecânica","m",23.78]
[2003290,"Sarjeta triangular de grama - STG 80-15 - escavação mecânica","m",15.71]
[2003300,"Sarjeta triangular sem revestimento - STT 100-20 - escavação mecânica","m",8.1]
[2003299,"Sarjeta triangular sem revestimento - STT 125-25 - escavação mecânica","m",10.23]
[2003301,"Sarjeta triangular sem revestimento - STT 80-15 - escavação mecânica","m",7.11]
[2004513,"Selo asfáltico de microvala para dreno de pavimento com geocomposto","m",0.12]
[2003357,"Transposição de segmentos de sarjeta - TSS 01 - areia e brita comerciais","m",255.49]
[2003356,"Transposição de segmentos de sarjeta - TSS 01 - areia extraída e brita produzida","m",188.99]
[2003359,"Transposição de segmentos de sarjeta - TSS 02 - areia e brita comerciais","m",312.67]
[2003358,"Transposição de segmentos de sarjeta - TSS 02 - areia extraída e brita produzida","m",230.88]
[2003361,"Transposição de segmentos de sarjeta - TSS 03 - areia e brita comerciais","m",575.04999999999995]
[2003360,"Transposição de segmentos de sarjeta - TSS 03 - areia extraída e brita produzida","m",509.61]
[2003363,"Transposição de segmentos de sarjeta - TSS 04 - areia e brita comerciais","m",496.65]
[2003362,"Transposição de segmentos de sarjeta - TSS 04 - areia extraída e brita produzida","m",437.13]
[2003365,"Transposição de segmentos de sarjeta - TSS 05 - areia e brita comerciais","m",444.35]
[2003364,"Transposição de segmentos de sarjeta - TSS 05 - areia extraída e brita produzida","m",388.76]
[2003367,"Transposição de segmentos de sarjeta - TSS 06 - areia e brita comerciais","m",418.14]
[2003366,"Transposição de segmentos de sarjeta - TSS 06 - areia extraída e brita produzida","m",364.52]
[2003869,"Tubo de concreto PA1 comercial para drenagem - D = 0,50 m - fornecimento e instalação","m",237.59]
[2003822,"Tubo de concreto PA1 comercial para drenagem - D = 0,60 m - fornecimento e instalação","m",279.42]
[2003826,"Tubo de concreto PA1 comercial para drenagem - D = 0,80 m - fornecimento e instalação","m",450.01]
[2003830,"Tubo de concreto PA1 comercial para drenagem - D = 1,00 m - fornecimento e instalação","m",530.45000000000005]
[2003834,"Tubo de concreto PA1 comercial para drenagem - D = 1,20 m - fornecimento e instalação","m",782.66]
[2003838,"Tubo de concreto PA1 comercial para drenagem - D = 1,50 m - fornecimento e instalação","m",1374.67]
[2003768,"Tubo de concreto PA1 produzido na obra para drenagem - D = 0,60 m - areia e brita comerciais - fornecimento e instalação","m",198.14]
[2003873,"Tubo de concreto PA1 produzido na obra para drenagem - D = 0,60 m - areia extraída e brita produzida - fornecimento e instalação","m",170.54]
[2003772,"Tubo de concreto PA1 produzido na obra para drenagem - D = 0,80 m - areia e brita comerciais - fornecimento e instalação","m",292.83]
[2003877,"Tubo de concreto PA1 produzido na obra para drenagem - D = 0,80 m - areia extraída e brita produzida - fornecimento e instalação","m",249.08]
[2003776,"Tubo de concreto PA1 produzido na obra para drenagem - D = 1,00 m - areia e brita comerciais - fornecimento e instalação","m",469.26]
[2003881,"Tubo de concreto PA1 produzido na obra para drenagem - D = 1,00 m - areia extraída e brita produzida - fornecimento e instalação","m",409.32]
[2003780,"Tubo de concreto PA1 produzido na obra para drenagem - D = 1,20 m - areia e brita comerciais - fornecimento e instalação","m",629.92999999999995]
[2003885,"Tubo de concreto PA1 produzido na obra para drenagem - D = 1,20 m - areia extraída e brita produzida - fornecimento e instalação","m",542.35]
[2003784,"Tubo de concreto PA1 produzido na obra para drenagem - D = 1,50 m - areia e brita comerciais - fornecimento e instalação","m",978.39]
[2003889,"Tubo de concreto PA1 produzido na obra para drenagem - D = 1,50 m - areia extraída e brita produzida - fornecimento e instalação","m",841.37]
[2003870,"Tubo de concreto PA2 comercial para drenagem - D = 0,50 m - fornecimento e instalação","m",241.71]
[2003823,"Tubo de concreto PA2 comercial para drenagem - D = 0,60 m - fornecimento e instalação","m",319.27999999999997]
[2003827,"Tubo de concreto PA2 comercial para drenagem - D = 0,80 m - fornecimento e instalação","m",456.81]
[2003831,"Tubo de concreto PA2 comercial para drenagem - D = 1,00 m - fornecimento e instalação","m",613.32000000000005]
[2003835,"Tubo de concreto PA2 comercial para drenagem - D = 1,20 m - fornecimento e instalação","m",865.12]
[2003839,"Tubo de concreto PA2 comercial para drenagem - D = 1,50 m - fornecimento e instalação","m",1443.72]
[2003769,"Tubo de concreto PA2 produzido na obra para drenagem - D = 0,60 m - areia e brita comerciais - fornecimento e instalação","m",211.35]
[2003874,"Tubo de concreto PA2 produzido na obra para drenagem - D = 0,60 m - areia extraída e brita produzida - fornecimento e instalação","m",183.77]
[2003773,"Tubo de concreto PA2 produzido na obra para drenagem - D = 0,80 m - areia e brita comerciais - fornecimento e instalação","m",345.64]
[2003878,"Tubo de concreto PA2 produzido na obra para drenagem - D = 0,80 m - areia extraída e brita produzida - fornecimento e instalação","m",302]
[2003777,"Tubo de concreto PA2 produzido na obra para drenagem - D = 1,00 m - areia e brita comerciais - fornecimento e instalação","m",522.08000000000004]
[2003882,"Tubo de concreto PA2 produzido na obra para drenagem - D = 1,00 m - areia extraída e brita produzida - fornecimento e instalação","m",462.24]
[2003781,"Tubo de concreto PA2 produzido na obra para drenagem - D = 1,20 m - areia e brita comerciais - fornecimento e instalação","m",748.76]
[2003886,"Tubo de concreto PA2 produzido na obra para drenagem - D = 1,20 m - areia extraída e brita produzida - fornecimento e instalação","m",661.42]
[2003785,"Tubo de concreto PA2 produzido na obra para drenagem - D = 1,50 m - areia e brita comerciais - fornecimento e instalação","m",1163.24]
[2003890,"Tubo de concreto PA2 produzido na obra para drenagem - D = 1,50 m - areia extraída e brita produzida - fornecimento e instalação","m",1026.58]
[2003871,"Tubo de concreto PA3 comercial para drenagem - D = 0,50 m - fornecimento e instalação","m",247.79]
[2003824,"Tubo de concreto PA3 comercial para drenagem - D = 0,60 m - fornecimento e instalação","m",324.36]
[2003828,"Tubo de concreto PA3 comercial para drenagem - D = 0,80 m - fornecimento e instalação","m",520.16999999999996]
[2003832,"Tubo de concreto PA3 comercial para drenagem - D = 1,00 m - fornecimento e instalação","m",681.25]
[2003836,"Tubo de concreto PA3 comercial para drenagem - D = 1,20 m - fornecimento e instalação","m",986.64]
[2003840,"Tubo de concreto PA3 comercial para drenagem - D = 1,50 m - fornecimento e instalação","m",1534.53]
[2003770,"Tubo de concreto PA3 produzido na obra para drenagem - D = 0,60 m - areia e brita comerciais - fornecimento e instalação","m",277.37]
[2003875,"Tubo de concreto PA3 produzido na obra para drenagem - D = 0,60 m - areia extraída e brita produzida - fornecimento e instalação","m",249.92]
[2003774,"Tubo de concreto PA3 produzido na obra para drenagem - D = 0,80 m - areia e brita comerciais - fornecimento e instalação","m",454.3]
[2003879,"Tubo de concreto PA3 produzido na obra para drenagem - D = 0,80 m - areia extraída e brita produzida - fornecimento e instalação","m",405.46]
[2003778,"Tubo de concreto PA3 produzido na obra para drenagem - D = 1,00 m - areia e brita comerciais - fornecimento e instalação","m",638.51]
[2003883,"Tubo de concreto PA3 produzido na obra para drenagem - D = 1,00 m - areia extraída e brita produzida - fornecimento e instalação","m",562.12]
[2003782,"Tubo de concreto PA3 produzido na obra para drenagem - D = 1,20 m - areia e brita comerciais - fornecimento e instalação","m",957.21]
[2003887,"Tubo de concreto PA3 produzido na obra para drenagem - D = 1,20 m - areia extraída e brita produzida - fornecimento e instalação","m",840.52]
[2003786,"Tubo de concreto PA3 produzido na obra para drenagem - D = 1,50 m - areia e brita comerciais - fornecimento e instalação","m",1497.39]
[2003891,"Tubo de concreto PA3 produzido na obra para drenagem - D = 1,50 m - areia extraída e brita produzida - fornecimento e instalação","m",1316.29]
[2003872,"Tubo de concreto PA4 comercial para drenagem - D = 0,50 m - fornecimento e instalação","m",345.25]
[2003825,"Tubo de concreto PA4 comercial para drenagem - D = 0,60 m - fornecimento e instalação","m",393.44]
[2003829,"Tubo de concreto PA4 comercial para drenagem - D = 0,80 m - fornecimento e instalação","m",555.08000000000004]
[2003833,"Tubo de concreto PA4 comercial para drenagem - D = 1,00 m - fornecimento e instalação","m",740.12]
[2003837,"Tubo de concreto PA4 comercial para drenagem - D = 1,20 m - fornecimento e instalação","m",1078.6600000000001]
[2003841,"Tubo de concreto PA4 comercial para drenagem - D = 1,50 m - fornecimento e instalação","m",1559.66]
[2003771,"Tubo de concreto PA4 produzido na obra para drenagem - D = 0,60 m - areia e brita comerciais - fornecimento e instalação","m",333.27]
[2003876,"Tubo de concreto PA4 produzido na obra para drenagem - D = 0,60 m - areia extraída e brita produzida - fornecimento e instalação","m",300.58]
[2003775,"Tubo de concreto PA4 produzido na obra para drenagem - D = 0,80 m - areia e brita comerciais - fornecimento e instalação","m",525.28]
[2003880,"Tubo de concreto PA4 produzido na obra para drenagem - D = 0,80 m - areia extraída e brita produzida - fornecimento e instalação","m",466.15]
[2003779,"Tubo de concreto PA4 produzido na obra para drenagem - D = 1,00 m - areia e brita comerciais - fornecimento e instalação","m",783.42]
[2003884,"Tubo de concreto PA4 produzido na obra para drenagem - D = 1,00 m - areia extraída e brita produzida - fornecimento e instalação","m",694.27]
[2003783,"Tubo de concreto PA4 produzido na obra para drenagem - D = 1,20 m - areia e brita comerciais - fornecimento e instalação","m",1124.3499999999999]
[2003888,"Tubo de concreto PA4 produzido na obra para drenagem - D = 1,20 m - areia extraída e brita produzida - fornecimento e instalação","m",991.97]
[2003787,"Tubo de concreto PA4 produzido na obra para drenagem - D = 1,50 m - areia e brita comerciais - fornecimento e instalação","m",1741.91]
[2003892,"Tubo de concreto PA4 produzido na obra para drenagem - D = 1,50 m - areia extraída e brita produzida - fornecimento e instalação","m",1554.64]
[2003851,"Tubo de concreto perfurado produzido na obra para drenagem - D = 0,40 m - fornecimento e instalação","m",101.3]
[2003935,"Tubo de PVC para dreno tipo barbacã - D = 50 mm - fornecimento e instalação","m",9.94]
[2003934,"Tubo de PVC para dreno tipo barbacã - D = 75 mm - fornecimento e instalação","m",14.54]
[2003990,"Tubo PEAD para drenagem - D = 1.000 mm - fornecimento e instalação","m",1534.83]
[2003991,"Tubo PEAD para drenagem - D = 1.050 mm - fornecimento e instalação","m",1522.53]
[2003992,"Tubo PEAD para drenagem - D = 1.200 mm - fornecimento e instalação","m",2162.12]
[2003993,"Tubo PEAD para drenagem - D = 1.500 mm - fornecimento e instalação","m",2512.21]
[2003983,"Tubo PEAD para drenagem - D = 400 mm - fornecimento e instalação","m",242.33]
[2003984,"Tubo PEAD para drenagem - D = 450 mm - fornecimento e instalação","m",296.14999999999998]
[2003985,"Tubo PEAD para drenagem - D = 500 mm - fornecimento e instalação","m",401.02]
[2003986,"Tubo PEAD para drenagem - D = 600 mm - fornecimento e instalação","m",583.6]
[2003987,"Tubo PEAD para drenagem - D = 750 mm - fornecimento e instalação","m",793.34]
[2003988,"Tubo PEAD para drenagem - D = 800 mm - fornecimento e instalação","m",874.01]
[2003989,"Tubo PEAD para drenagem - D = 900 mm - fornecimento e instalação","m",1161.53]
[2003298,"Valeta de proteção de aterro sem revestimento - VPAT 120-30 - escavação mecânica","m",13.05]
[2003297,"Valeta de proteção de aterro sem revestimento - VPAT 160-30 - escavação mecânica","m",16.04]
[2003315,"Valeta de proteção de aterros com revestimento de concreto - VPAC 120-30 - escavação mecânica - areia e brita comerciais","m",126.12]
[2003314,"Valeta de proteção de aterros com revestimento de concreto - VPAC 120-30 - escavação mecânica - areia extraída e brita produzida","m",100.63]
[2003313,"Valeta de proteção de aterros com revestimento de concreto - VPAC 160-30 - escavação mecânica - areia e brita comerciais","m",156.65]
[2003312,"Valeta de proteção de aterros com revestimento de concreto - VPAC 160-30 - escavação mecânica - areia extraída e brita produzida","m",124.78]
[2003311,"Valeta de proteção de aterros com revestimento vegetal - VPAG 120-30 - escavação mecânica","m",41.41]
[2003310,"Valeta de proteção de aterros com revestimento vegetal - VPAG 160-30 - escavação mecânica","m",52.24]
[2003296,"Valeta de proteção de corte sem revestimento - VPCT 120-30 - escavação mecânica","m",13.05]
[2003295,"Valeta de proteção de corte sem revestimento - VPCT 160-30 - escavação mecânica","m",16.04]
[2003309,"Valeta de proteção de cortes com revestimento de concreto - VPCC 120-30 - escavação mecânica - areia e brita comerciais","m",126.12]
[2003308,"Valeta de proteção de cortes com revestimento de concreto - VPCC 120-30 - escavação mecânica - areia extraída e brita produzida","m",100.63]
[2003307,"Valeta de proteção de cortes com revestimento de concreto - VPCC 160-30 - escavação mecânica - areia e brita comerciais","m",156.65]
[2003306,"Valeta de proteção de cortes com revestimento de concreto - VPCC 160-30 - escavação mecânica - areia extraída e brita produzida","m",124.78]
[2003305,"Valeta de proteção de cortes com revestimento vegetal - VPCG 120-30 - escavação mecânica","m",41.41]
[2003304,"Valeta de proteção de cortes com revestimento vegetal - VPCG 160-30 - escavação mecânica","m",52.24]
[2105846,"Escoramento com estacas de perfis metálicos W 250 x 38,5 kg/m, espaçadas em 1,5 m, intercaladas com prancha de madeira com espessura de 5 cm e ficha de 0 a 0,2 H - sem reaproveitamento - fornecimento e instalação","m²",510.09]
[2105929,"Escoramento com estacas de perfis metálicos W 250 x 38,5 kg/m, espaçadas em 1,5 m, intercaladas com prancha de madeira com espessura de 5 cm e ficha de 0,20 a 0,4 H - sem reaproveitamento - fornecimento e instalação","m²",576.49]
[2105933,"Escoramento com estacas de perfis metálicos W 250 x 38,5 kg/m, espaçadas em 1,5 m, intercaladas com prancha de madeira com espessura de 5 cm e ficha de 0,40 a 0,6 H - sem reaproveitamento - fornecimento e instalação","m²",642.9]
[2106293,"Escoramento com perfis metálicos W 150 x 18,0 kg/m a cada metro e chapas de aço - estroncas a cada 2 m não incluídas - profundidade de até 10 m - aço com utilização de 20 vezes - fornecimento, instalação e retirada","m²",205.92]
[2108165,"Escoramento com pontaletes D = 10 cm - utilização de 1 vez - confecção, instalação e retirada","m³",35.380000000000003]
[2108166,"Escoramento com pontaletes D = 10 cm - utilização de 2 vezes - confecção, instalação e retirada","m³",24.83]
[2108167,"Escoramento com pontaletes D = 10 cm - utilização de 3 vezes - confecção, instalação e retirada","m³",22.17]
[2108168,"Escoramento com pontaletes D = 10 cm - utilização de 5 vezes - confecção, instalação e retirada","m³",21.57]
[2108169,"Escoramento com pontaletes D = 15 cm - utilização de 1 vez - confecção e instalação","m³",57.27]
[2108170,"Escoramento com pontaletes D = 15 cm - utilização de 2 vezes - confecção, instalação e retirada","m³",40.369999999999997]
[2108171,"Escoramento com pontaletes D = 15 cm - utilização de 3 vezes - confecção, instalação e retirada","m³",36.49]
[2108172,"Escoramento com pontaletes D = 15 cm - utilização de 5 vezes - confecção, instalação e retirada","m³",36.369999999999997]
[2106292,"Escoramento contínuo de valas com tábuas de 2,5 x 30 cm e longarinas de 6 x 16 cm - estroncas a cada metro não incluídas - profundidade de até 4 m - madeira com utilização de 3 vezes - confecção, instalação e retirada","m²",149.4]
[2106291,"Escoramento contínuo de valas com tábuas de 2,5 x 30 cm e longarinas de 6 x 16 cm - estroncas a cada metro não incluídas - profundidade de até 4 m - madeira sem reaproveitamento - confecção e instalação","m²",215.73]
[2106235,"Escoramento metálico com quadro tubular contraventado - capacidade de carga até 3,8 t/m² - quadro de 1,0 x 1,0 x 1,25 m - utilização de 50 vezes - fornecimento, instalação e retirada","m³",3.19]
[2106232,"Escoramento metálico tubular galvanizado para formas com capacidade de 2.100 a 750 kg por unidade - regulável de 3,0 a 4,5 m - utilização de 20 vezes - fornecimento, instalação e retirada","un",14.46]
[2106233,"Escoramento metálico tubular galvanizado para formas com capacidade de 3.200 a 1.600 kg por unidade - regulável de 1,8 a 3,0 m - utilização de 20 vezes - fornecimento, instalação e retirada","un",11.01]
[2105605,"Escoramento para corpo de bueiros celulares - utilização de 3 vezes - confecção, instalação e retirada","m³",60.1]
[2106298,"Estroncas em perfil metálico W 150 x 18,0 kg/m - utilização de 20 vezes","m",34.799999999999997]
[2106295,"Estroncas para valas com D = 15 cm - madeira com utilização de 3 vezes","m",19.079999999999998]
[2106294,"Estroncas para valas com D = 15 cm - madeira sem reaproveitamento","m",25.3]
[2106297,"Estroncas para valas com D = 20 cm - madeira com utilização de 3 vezes","m",29.76]
[2106296,"Estroncas para valas com D = 20 cm - madeira sem reaproveitamento","m",47.71]
[2306731,"Apoio náutico para a colocação da armação em camisa metálica","kg",0.64]
[2306728,"Apoio náutico para a escavação com perfuratriz tipo Wirth em rocha com média dureza e média abrasão - resistência à compressão menor que 80 MPa - D = 600 a 1.800 mm","m",1596.27]
[2306729,"Apoio náutico para a escavação com perfuratriz tipo Wirth em rocha de alta dureza e alta abrasão - resistência à compressão acima de 80 MPa - D = 600 a 1.800 mm","m",1944.75]
[2306727,"Apoio náutico para a escavação com perfuratriz tipo Wirth em solo D = 600 a 1.800 mm","m",373.52]
[2306730,"Apoio náutico para a execução da concretagem de camisas metálicas","m³",126.26]
[2306726,"Apoio náutico para a execução da cravação de camisa metálica D = 600 a 1.800 mm","m",244.12]
[2306076,"Armação de estaca escavada ou estaca barrete em aço CA-50 com apoio de guindaste - fornecimento, preparo e colocação","kg",11.91]
[2306247,"Arrasamento de estacas de concreto com seção de até 900 cm²","m³",236.72]
[2306248,"Arrasamento de estacas de concreto com seção superior à 900 cm²","m³",556.54999999999995]
[2306279,"Berço para pré-moldagem de estacas protendidas com capacidade de 19 m³, inclusive formas metálicas - utilização de 100 vezes","m³",82.5]
[2306651,"Camisa metálica com espessura de 12,5 mm D = 1.400 mm - cravada com martelo vibratório - sem escavação - cravação","m",7384.23]
[2306678,"Camisa metálica com espessura de 12,5 mm D = 1.400 mm - para passagem de lâmina d'água - posicionamento","m",7136.73]
[2306652,"Camisa metálica com espessura de 12,5 mm D = 1.500 mm - cravada com martelo vibratório - sem escavação - cravação","m",7448.94]
[2306679,"Camisa metálica com espessura de 12,5 mm D = 1.500 mm - para passagem de lâmina d'água - posicionamento","m",7192.27]
[2306653,"Camisa metálica com espessura de 12,5 mm D = 1.600 mm - cravada com martelo vibratório - sem escavação - cravação","m",7516.19]
[2306680,"Camisa metálica com espessura de 12,5 mm D = 1.600 mm - para passagem de lâmina d'água - posicionamento","m",7249.66]
[2306654,"Camisa metálica com espessura de 12,5 mm D = 1.700 mm - cravada com martelo vibratório - sem escavação - cravação","m",7582.54]
[2306681,"Camisa metálica com espessura de 12,5 mm D = 1.700 mm - para passagem de lâmina d'água - posicionamento","m",7305.34]
[2306655,"Camisa metálica com espessura de 12,5 mm D = 1.800 mm - cravada com martelo vibratório - sem escavação - cravação","m",7649.91]
[2306682,"Camisa metálica com espessura de 12,5 mm D = 1.800 mm - para passagem de lâmina d'água - posicionamento","m",7361.16]
[2306656,"Camisa metálica com espessura de 16 mm D = 1.500 mm - cravada com martelo vibratório - sem escavação - cravação","m",10557.86]
[2306683,"Camisa metálica com espessura de 16 mm D = 1.500 mm - para passagem de lâmina d'água - posicionamento","m",10301.19]
[2306657,"Camisa metálica com espessura de 16 mm D = 1.600 mm - cravada com martelo vibratório - sem escavação - cravação","m",10694.21]
[2306684,"Camisa metálica com espessura de 16 mm D = 1.600 mm - para passagem de lâmina d'água - posicionamento","m",10427.68]
[2306658,"Camisa metálica com espessura de 16 mm D = 1.700 mm - cravada com martelo vibratório - sem escavação - cravação","m",10827.49]
[2306685,"Camisa metálica com espessura de 16 mm D = 1.700 mm - para passagem de lâmina d'água - posicionamento","m",10550.29]
[2306659,"Camisa metálica com espessura de 16 mm D = 1.800 mm - cravada com martelo vibratório - sem escavação - cravação","m",10965.69]
[2306686,"Camisa metálica com espessura de 16 mm D = 1.800 mm - para passagem de lâmina d'água - posicionamento","m",10676.94]
[2306637,"Camisa metálica com espessura de 6,3 mm D = 1.000 mm - cravada com martelo vibratório - sem escavação - cravação","m",2475.16]
[2306664,"Camisa metálica com espessura de 6,3 mm D = 1.000 mm - para passagem de lâmina d'água - posicionamento","m",2258.6]
[2306732,"Camisa metálica com espessura de 6,3 mm D = 400 mm - cravada com martelo vibratório - sem escavação - cravação","m",1014.02]
[2306733,"Camisa metálica com espessura de 6,3 mm D = 400 mm - para passagem de lâmina d'água - posicionamento","m",831.66]
[2306734,"Camisa metálica com espessura de 6,3 mm D = 500 mm - cravada com martelo vibratório - sem escavação - cravação","m",1224.5999999999999]
[2306735,"Camisa metálica com espessura de 6,3 mm D = 500 mm - para passagem de lâmina d'água - posicionamento","m",1037.3]
[2306633,"Camisa metálica com espessura de 6,3 mm D = 600 mm - cravada com martelo vibratório - sem escavação - cravação","m",1387.45]
[2306660,"Camisa metálica com espessura de 6,3 mm D = 600 mm - para passagem de lâmina d'água - posicionamento","m",1194.95]
[2306634,"Camisa metálica com espessura de 6,3 mm D = 700 mm - cravada com martelo vibratório - sem escavação - cravação","m",1608.65]
[2306661,"Camisa metálica com espessura de 6,3 mm D = 700 mm - para passagem de lâmina d'água - posicionamento","m",1410.65]
[2306635,"Camisa metálica com espessura de 6,3 mm D = 800 mm - cravada com martelo vibratório - sem escavação - cravação","m",1930.53]
[2306662,"Camisa metálica com espessura de 6,3 mm D = 800 mm - para passagem de lâmina d'água - posicionamento","m",1726.71]
[2306636,"Camisa metálica com espessura de 6,3 mm D = 900 mm - cravada com martelo vibratório - sem escavação - cravação","m",1950.95]
[2306663,"Camisa metálica com espessura de 6,3 mm D = 900 mm - para passagem de lâmina d'água - posicionamento","m",1740.95]
[2306641,"Camisa metálica com espessura de 8 mm D = 1.000 mm - cravada com martelo vibratório - sem escavação - cravação","m",3137.28]
[2306668,"Camisa metálica com espessura de 8 mm D = 1.000 mm - para passagem de lâmina d'água - posicionamento","m",2920.72]
[2306642,"Camisa metálica com espessura de 8 mm D = 1.100 mm - cravada com martelo vibratório - sem escavação - cravação","m",3166.07]
[2306669,"Camisa metálica com espessura de 8 mm D = 1.100 mm - para passagem de lâmina d'água - posicionamento","m",2942.53]
[2306643,"Camisa metálica com espessura de 8 mm D = 1.200 mm - cravada com martelo vibratório - sem escavação - cravação","m",3194.95]
[2306670,"Camisa metálica com espessura de 8 mm D = 1.200 mm - para passagem de lâmina d'água - posicionamento","m",2963.95]
[2306638,"Camisa metálica com espessura de 8 mm D = 700 mm - cravada com martelo vibratório - sem escavação - cravação","m",2030.85]
[2306665,"Camisa metálica com espessura de 8 mm D = 700 mm - para passagem de lâmina d'água - posicionamento","m",1832.85]
[2306639,"Camisa metálica com espessura de 8 mm D = 800 mm - cravada com martelo vibratório - sem escavação - cravação","m",2441.77]
[2306666,"Camisa metálica com espessura de 8 mm D = 800 mm - para passagem de lâmina d'água - posicionamento","m",2237.9499999999998]
[2306640,"Camisa metálica com espessura de 8 mm D = 900 mm - cravada com martelo vibratório - sem escavação - cravação","m",2469.6799999999998]
[2306667,"Camisa metálica com espessura de 8 mm D = 900 mm - para passagem de lâmina d'água - posicionamento","m",2259.6799999999998]
[2306645,"Camisa metálica com espessura de 9,5 mm D = 1.000 mm - cravada com martelo vibratório - sem escavação - cravação","m",3768.19]
[2306672,"Camisa metálica com espessura de 9,5 mm D = 1.000 mm - para passagem de lâmina d'água - posicionamento","m",3551.63]
[2306646,"Camisa metálica com espessura de 9,5 mm D = 1.100 mm - cravada com martelo vibratório - sem escavação - cravação","m",3806.7]
[2306673,"Camisa metálica com espessura de 9,5 mm D = 1.100 mm - para passagem de lâmina d'água - posicionamento","m",3583.16]
[2306647,"Camisa metálica com espessura de 9,5 mm D = 1.200 mm - cravada com martelo vibratório - sem escavação - cravação","m",3844.87]
[2306674,"Camisa metálica com espessura de 9,5 mm D = 1.200 mm - para passagem de lâmina d'água - posicionamento","m",3613.87]
[2306648,"Camisa metálica com espessura de 9,5 mm D = 1.300 mm - cravada com martelo vibratório - sem escavação - cravação","m",5402.94]
[2306675,"Camisa metálica com espessura de 9,5 mm D = 1.300 mm - para passagem de lâmina d'água - posicionamento","m",5163.9799999999996]
[2306649,"Camisa metálica com espessura de 9,5 mm D = 1.400 mm - cravada com martelo vibratório - sem escavação - cravação","m",5443.21]
[2306676,"Camisa metálica com espessura de 9,5 mm D = 1.400 mm - para passagem de lâmina d'água - posicionamento","m",5195.71]
[2306650,"Camisa metálica com espessura de 9,5 mm D = 1.500 mm - cravada com martelo vibratório - sem escavação - cravação","m",5483.19]
[2306677,"Camisa metálica com espessura de 9,5 mm D = 1.500 mm - para passagem de lâmina d'água - posicionamento","m",5226.5200000000004]
[2306644,"Camisa metálica com espessura de 9,5 mm D = 900 mm - cravada com martelo vibratório - sem escavação - cravação","m",2971.29]
[2306671,"Camisa metálica com espessura de 9,5 mm D = 900 mm - para passagem de lâmina d'água - posicionamento","m",2761.29]
[2306141,"Coluna de brita D = 50 cm executada com perfuratriz tipo bottom feed - brita comercial - confecção e cravação","m",80.66]
[2306145,"Coluna de brita D = 50 cm executada com perfuratriz tipo bottom feed - brita produzida - confecção e cravação","m",51.12]
[2306142,"Coluna de brita D = 60 cm executada com perfuratriz tipo bottom feed - brita comercial - confecção e cravação","m",102.65]
[2306146,"Coluna de brita D = 60 cm executada com perfuratriz tipo bottom feed - brita produzida - confecção e cravação","m",60.12]
[2306143,"Coluna de brita D = 70 cm executada com perfuratriz tipo bottom feed - brita comercial - confecção e cravação","m",128.36000000000001]
[2306147,"Coluna de brita D = 70 cm executada com perfuratriz tipo bottom feed - brita produzida - confecção e cravação","m",70.47]
[2306144,"Coluna de brita D = 80 cm executada com perfuratriz tipo bottom feed - brita comercial - confecção e cravação","m",158.61000000000001]
[2306148,"Coluna de brita D = 80 cm executada com perfuratriz tipo bottom feed - brita produzida - confecção e cravação","m",82.99]
[2306624,"Confecção de camisa metálica em aço ASTM A36 com espessura de 12,5 mm - D = 1.400 mm","m",7097.38]
[2306625,"Confecção de camisa metálica em aço ASTM A36 com espessura de 12,5 mm - D = 1.500 mm","m",7150.93]
[2306626,"Confecção de camisa metálica em aço ASTM A36 com espessura de 12,5 mm - D = 1.600 mm","m",7206.22]
[2306627,"Confecção de camisa metálica em aço ASTM A36 com espessura de 12,5 mm - D = 1.700 mm","m",7259.77]
[2306628,"Confecção de camisa metálica em aço ASTM A36 com espessura de 12,5 mm - D = 1.800 mm","m",7313.38]
[2306629,"Confecção de camisa metálica em aço ASTM A36 com espessura de 16 mm - D = 1.500 mm","m",10251.950000000001]
[2306630,"Confecção de camisa metálica em aço ASTM A36 com espessura de 16 mm - D = 1.600 mm","m",10375.82]
[2306631,"Confecção de camisa metálica em aço ASTM A36 com espessura de 16 mm - D = 1.700 mm","m",10495.8]
[2306632,"Confecção de camisa metálica em aço ASTM A36 com espessura de 16 mm - D = 1.800 mm","m",10619.68]
[2306610,"Confecção de camisa metálica em aço ASTM A36 com espessura de 6,3 mm - D = 1.000 mm","m",2234.23]
[2306604,"Confecção de camisa metálica em aço ASTM A36 com espessura de 6,3 mm - D = 400 mm","m",813.09]
[2306605,"Confecção de camisa metálica em aço ASTM A36 com espessura de 6,3 mm - D = 500 mm","m",1017.84]
[2306606,"Confecção de camisa metálica em aço ASTM A36 com espessura de 6,3 mm - D = 600 mm","m",1174.57]
[2306607,"Confecção de camisa metálica em aço ASTM A36 com espessura de 6,3 mm - D = 700 mm","m",1389.32]
[2306608,"Confecção de camisa metálica em aço ASTM A36 com espessura de 6,3 mm - D = 800 mm","m",1704.4]
[2306609,"Confecção de camisa metálica em aço ASTM A36 com espessura de 6,3 mm - D = 900 mm","m",1717.62]
[2306614,"Confecção de camisa metálica em aço ASTM A36 com espessura de 8 mm - D = 1.000 mm","m",2894.56]
[2306615,"Confecção de camisa metálica em aço ASTM A36 com espessura de 8 mm - D = 1.100 mm","m",2915.09]
[2306616,"Confecção de camisa metálica em aço ASTM A36 com espessura de 8 mm - D = 1.200 mm","m",2935.22]
[2306611,"Confecção de camisa metálica em aço ASTM A36 com espessura de 8 mm - D = 700 mm","m",1810.25]
[2306612,"Confecção de camisa metálica em aço ASTM A36 com espessura de 8 mm - D = 800 mm","m",2214.1999999999998]
[2306613,"Confecção de camisa metálica em aço ASTM A36 com espessura de 8 mm - D = 900 mm","m",2234.73]
[2306618,"Confecção de camisa metálica em aço ASTM A36 com espessura de 9,5 mm - D = 1.000 mm","m",3523.74]
[2306619,"Confecção de camisa metálica em aço ASTM A36 com espessura de 9,5 mm - D = 1.100 mm","m",3553.82]
[2306620,"Confecção de camisa metálica em aço ASTM A36 com espessura de 9,5 mm - D = 1.200 mm","m",3583.07]
[2306621,"Confecção de camisa metálica em aço ASTM A36 com espessura de 9,5 mm - D = 1.300 mm","m",5131.67]
[2306622,"Confecção de camisa metálica em aço ASTM A36 com espessura de 9,5 mm - D = 1.400 mm","m",5161.82]
[2306623,"Confecção de camisa metálica em aço ASTM A36 com espessura de 9,5 mm - D = 1.500 mm","m",5191.01]
[2306617,"Confecção de camisa metálica em aço ASTM A36 com espessura de 9,5 mm - D = 900 mm","m",2734.78]
[2306014,"Contraventamento de grupo de estacas submersas em aço ASTM A36 - confecção e instalação","kg",13.09]
[2306700,"Escavação com perfuratriz tipo Wirth em rocha com média dureza e média abrasão - resistência à compressão menor que 80 MPa - D = 1.000 mm","m",2063.1799999999998]
[2306703,"Escavação com perfuratriz tipo Wirth em rocha com média dureza e média abrasão - resistência à compressão menor que 80 MPa - D = 1.100 mm","m",2135.09]
[2306706,"Escavação com perfuratriz tipo Wirth em rocha com média dureza e média abrasão - resistência à compressão menor que 80 MPa - D = 1.200 mm","m",2249.39]
[2306709,"Escavação com perfuratriz tipo Wirth em rocha com média dureza e média abrasão - resistência à compressão menor que 80 MPa - D = 1.300 mm","m",2416.81]
[2306712,"Escavação com perfuratriz tipo Wirth em rocha com média dureza e média abrasão - resistência à compressão menor que 80 MPa - D = 1.400 mm","m",2501.2399999999998]
[2306715,"Escavação com perfuratriz tipo Wirth em rocha com média dureza e média abrasão - resistência à compressão menor que 80 MPa - D = 1.500 mm","m",2609.5100000000002]
[2306718,"Escavação com perfuratriz tipo Wirth em rocha com média dureza e média abrasão - resistência à compressão menor que 80 MPa - D = 1.600 mm","m",2776.11]
[2306721,"Escavação com perfuratriz tipo Wirth em rocha com média dureza e média abrasão - resistência à compressão menor que 80 MPa - D = 1.700 mm","m",2855.97]
[2306724,"Escavação com perfuratriz tipo Wirth em rocha com média dureza e média abrasão - resistência à compressão menor que 80 MPa - D = 1.800 mm","m",3006.45]
[2306688,"Escavação com perfuratriz tipo Wirth em rocha com média dureza e média abrasão - resistência à compressão menor que 80 MPa - D = 600 mm","m",1642.32]
[2306691,"Escavação com perfuratriz tipo Wirth em rocha com média dureza e média abrasão - resistência à compressão menor que 80 MPa - D = 700 mm","m",1731.03]
[2306694,"Escavação com perfuratriz tipo Wirth em rocha com média dureza e média abrasão - resistência à compressão menor que 80 MPa - D = 800 mm","m",1854.44]
[2306697,"Escavação com perfuratriz tipo Wirth em rocha com média dureza e média abrasão - resistência à compressão menor que 80 MPa - D = 900 mm","m",1939.52]
[2306701,"Escavação com perfuratriz tipo Wirth em rocha de alta dureza e alta abrasão - resistência à compressão acima de 80 MPa - D = 1.000 mm","m",3839.17]
[2306704,"Escavação com perfuratriz tipo Wirth em rocha de alta dureza e alta abrasão - resistência à compressão acima de 80 MPa - D = 1.100 mm","m",4069.26]
[2306707,"Escavação com perfuratriz tipo Wirth em rocha de alta dureza e alta abrasão - resistência à compressão acima de 80 MPa - D = 1.200 mm","m",4235.5200000000004]
[2306710,"Escavação com perfuratriz tipo Wirth em rocha de alta dureza e alta abrasão - resistência à compressão acima de 80 MPa - D = 1.300 mm","m",4443.8900000000003]
[2306713,"Escavação com perfuratriz tipo Wirth em rocha de alta dureza e alta abrasão - resistência à compressão acima de 80 MPa - D = 1.400 mm","m",4563.0600000000004]
[2306716,"Escavação com perfuratriz tipo Wirth em rocha de alta dureza e alta abrasão - resistência à compressão acima de 80 MPa - D = 1.500 mm","m",4827.72]
[2306719,"Escavação com perfuratriz tipo Wirth em rocha de alta dureza e alta abrasão - resistência à compressão acima de 80 MPa - D = 1.600 mm","m",5238.1000000000004]
[2306722,"Escavação com perfuratriz tipo Wirth em rocha de alta dureza e alta abrasão - resistência à compressão acima de 80 MPa - D = 1.700 mm","m",5476.15]
[2306725,"Escavação com perfuratriz tipo Wirth em rocha de alta dureza e alta abrasão - resistência à compressão acima de 80 MPa - D = 1.800 mm","m",5732.37]
[2306689,"Escavação com perfuratriz tipo Wirth em rocha de alta dureza e alta abrasão - resistência à compressão acima de 80 MPa - D = 600 mm","m",3045.46]
[2306692,"Escavação com perfuratriz tipo Wirth em rocha de alta dureza e alta abrasão - resistência à compressão acima de 80 MPa - D = 700 mm","m",3204.26]
[2306695,"Escavação com perfuratriz tipo Wirth em rocha de alta dureza e alta abrasão - resistência à compressão acima de 80 MPa - D = 800 mm","m",3367.85]
[2306698,"Escavação com perfuratriz tipo Wirth em rocha de alta dureza e alta abrasão - resistência à compressão acima de 80 MPa - D = 900 mm","m",3563.53]
[2306699,"Escavação com perfuratriz tipo Wirth em solo - D = 1.000 mm","m",322.99]
[2306702,"Escavação com perfuratriz tipo Wirth em solo - D = 1.100 mm","m",333.85]
[2306705,"Escavação com perfuratriz tipo Wirth em solo - D = 1.200 mm","m",351.58]
[2306708,"Escavação com perfuratriz tipo Wirth em solo - D = 1.300 mm","m",364.48]
[2306711,"Escavação com perfuratriz tipo Wirth em solo - D = 1.400 mm","m",378.36]
[2306714,"Escavação com perfuratriz tipo Wirth em solo - D = 1.500 mm","m",393.35]
[2306717,"Escavação com perfuratriz tipo Wirth em solo - D = 1.600 mm","m",410.63]
[2306720,"Escavação com perfuratriz tipo Wirth em solo - D = 1.700 mm","m",428.33]
[2306723,"Escavação com perfuratriz tipo Wirth em solo - D = 1.800 mm","m",437.77]
[2306687,"Escavação com perfuratriz tipo Wirth em solo - D = 600 mm","m",268.89]
[2306690,"Escavação com perfuratriz tipo Wirth em solo - D = 700 mm","m",281.26]
[2306693,"Escavação com perfuratriz tipo Wirth em solo - D = 800 mm","m",293.74]
[2306696,"Escavação com perfuratriz tipo Wirth em solo - D = 900 mm","m",307.37]
[2306239,"Estaca barrete escavada com uso de fluido estabilizante - confecção","m³",257.99]
[2306090,"Estaca broca manual D = 25 cm - confecção","m",42.35]
[2306091,"Estaca broca manual D = 30 cm - confecção","m",56.47]
[2306072,"Estaca circular tipo estacão escavada com uso de fluido estabilizante - confecção","m³",765.88]
[2306133,"Estaca duplo perfil metálico W 250 x 17,9 - com emenda - fornecimento e cravação","m",494.73]
[2306114,"Estaca duplo trilho TR 25 - com emenda - fornecimento e cravação","m",303.68]
[2306115,"Estaca duplo trilho TR 37 - com emenda - fornecimento e cravação","m",442.92]
[2306116,"Estaca duplo trilho TR 45 - com emenda - fornecimento e cravação","m",527.88]
[2306118,"Estaca duplo trilho TR 57 - com emenda - fornecimento e cravação","m",663.57]
[2306122,"Estaca duplo trilho TR 68 - com emenda - fornecimento e cravação","m",786.34]
[2306078,"Estaca Franki com fuste apiloado D = 35 cm - confecção","m",123.54]
[2306080,"Estaca Franki com fuste apiloado D = 40 cm - confecção","m",134.77000000000001]
[2306082,"Estaca Franki com fuste apiloado D = 45 cm - confecção","m",148.25]
[2306084,"Estaca Franki com fuste apiloado D = 52 cm - confecção","m",172.38]
[2306086,"Estaca Franki com fuste apiloado D = 60 cm - confecção","m",211.78]
[2309088,"Estaca Franki com fuste apiloado D = 70 cm - confecção","m",296.49]
[2306074,"Estaca hélice contínua - confecção","m³",193.31]
[2306095,"Estaca hélice de deslocamento - confecção","m³",231.79]
[2306132,"Estaca perfil metálico W 150 x 22,5 (H) - fornecimento e cravação","m",318.22000000000003]
[2306015,"Estaca prancha metálica - fornecimento e cravação até 12 metros","kg",16.100000000000001]
[2306019,"Estaca prancha metálica com apoio de flutuante - fornecimento e cravação de 12 metros","kg",16.68]
[2306018,"Estaca prancha metálica com apoio de flutuante e utilização de 10 vezes - fornecimento, cravação até 12 metros","kg",2.78]
[2306016,"Estaca prancha metálica com utilização de 10 vezes - fornecimento, cravação até 12 metros","kg",1.91]
[2305999,"Estaca pré-moldada de concreto armado centrifugado com compressão admissível de 100 t - sem emenda - fornecimento e cravação","m",351.24]
[2306000,"Estaca pré-moldada de concreto armado centrifugado com compressão admissível de 125 t - sem emenda - fornecimento e cravação","m",427.55]
[2306001,"Estaca pré-moldada de concreto armado centrifugado com compressão admissível de 170 t - sem emenda - fornecimento e cravação","m",612.14]
[2306002,"Estaca pré-moldada de concreto armado centrifugado com compressão admissível de 230 t - sem emenda - fornecimento e cravação","m",741.26]
[2306003,"Estaca pré-moldada de concreto armado centrifugado com compressão admissível de 300 t - sem emenda - fornecimento e cravação","m",953.82]
[2305997,"Estaca pré-moldada de concreto armado centrifugado com compressão admissível de 55 t - sem emenda - fornecimento e cravação","m",231.44]
[2305998,"Estaca pré-moldada de concreto armado centrifugado com compressão admissível de 80 t - sem emenda - fornecimento e cravação","m",316.89999999999998]
[2306101,"Estaca pré-moldada de concreto protendido 15 x 15 cm - produzida - sem emenda - cravação","m",71.31]
[2306102,"Estaca pré-moldada de concreto protendido 17 x 17 cm - produzida - sem emenda - cravação","m",75.959999999999994]
[2306103,"Estaca pré-moldada de concreto protendido 20 x 20 cm - produzida - sem emenda - cravação","m",85.59]
[2306104,"Estaca pré-moldada de concreto protendido 21 x 21 cm - produzida - sem emenda - cravação","m",91.09]
[2306105,"Estaca pré-moldada de concreto protendido 23 x 23 cm - produzida - sem emenda - cravação","m",96.75]
[2306106,"Estaca pré-moldada de concreto protendido 25 x 25 cm - produzida - sem emenda - cravação","m",105.4]
[2306107,"Estaca pré-moldada de concreto protendido 26 x 26 cm - produzida - sem emenda - cravação","m",108.45]
[2306269,"Estaca pré-moldada de concreto protendido 30 x 30 cm - produzida - sem emenda - cravação","m",122.16]
[2306270,"Estaca pré-moldada de concreto protendido 33 x 33 cm - produzida - sem emenda - cravação","m",136.85]
[2306271,"Estaca pré-moldada de concreto protendido 35 x 35 cm - produzida - sem emenda - cravação","m",150.47]
[2306272,"Estaca pré-moldada de concreto protendido 38 x 38 cm - produzida - sem emenda - cravação","m",159.15]
[2306273,"Estaca pré-moldada de concreto protendido 40 x 40 cm - produzida - sem emenda - cravação","m",178.54]
[2306274,"Estaca pré-moldada de concreto protendido 42 x 42 cm - produzida - sem emenda - cravação","m",191.59]
[2306275,"Estaca pré-moldada de concreto protendido 45 x 45 cm - produzida - sem emenda - cravação","m",221.72]
[2306100,"Estaca pré-moldada de concreto protendido com compressão admissível de 100 t - comercial - sem emenda - fornecimento e cravação","m",328.56]
[2306004,"Estaca pré-moldada de concreto protendido com compressão admissível de 25 t - comercial - sem emenda - fornecimento e cravação","m",125.57]
[2306097,"Estaca pré-moldada de concreto protendido com compressão admissível de 35 t - comercial - sem emenda - fornecimento e cravação","m",154.43]
[2306098,"Estaca pré-moldada de concreto protendido com compressão admissível de 60 t - comercial - sem emenda - fornecimento e cravação","m",176.38]
[2306007,"Estaca pré-moldada de concreto protendido com compressão admissível de 75 t - comercial - sem emenda - fornecimento e cravação","m",246.27]
[2306067,"Estaca raiz perfurada na rocha com D = 16 cm - confecção","m",476.29]
[2306068,"Estaca raiz perfurada na rocha com D = 20 cm - confecção","m",601.91]
[2306069,"Estaca raiz perfurada na rocha com D = 25 cm - confecção","m",816.6]
[2306070,"Estaca raiz perfurada na rocha com D = 31 cm - confecção","m",1278.82]
[2306071,"Estaca raiz perfurada na rocha com D = 40 cm - confecção","m",1926.95]
[2306181,"Estaca raiz perfurada na rocha com D = 45 cm - confecção","m",1948.12]
[2306062,"Estaca raiz perfurada no solo com D = 16 cm - confecção","m",88.44]
[2306063,"Estaca raiz perfurada no solo com D = 20 cm - confecção","m",108.35]
[2306064,"Estaca raiz perfurada no solo com D = 25 cm - confecção","m",136.22]
[2306065,"Estaca raiz perfurada no solo com D = 31 cm - confecção","m",179.34]
[2306066,"Estaca raiz perfurada no solo com D = 40 cm - confecção","m",257.45999999999998]
[2306180,"Estaca raiz perfurada no solo com D = 45 cm - confecção","m",294.8]
[2306009,"Estaca Strauss D = 25 cm - confecção","m",16.649999999999999]
[2306010,"Estaca Strauss D = 32 cm - confecção","m",20.74]
[2306011,"Estaca Strauss D = 38 cm - confecção","m",23.62]
[2306012,"Estaca Strauss D = 45 cm - confecção","m",27.66]
[2306108,"Estaca trilho TR 25 - fornecimento e cravação","m",161.74]
[2306110,"Estaca trilho TR 37 - fornecimento e cravação","m",231.56]
[2306111,"Estaca trilho TR 45 - fornecimento e cravação","m",273.63]
[2306112,"Estaca trilho TR 57 - fornecimento e cravação","m",341.24]
[2306113,"Estaca trilho TR 68 - fornecimento e cravação","m",402.45]
[2306123,"Estaca triplo trilho TR 25 - com emenda - fornecimento e cravação","m",444.21]
[2306124,"Estaca triplo trilho TR 37 - com emenda - fornecimento e cravação","m",652.47]
[2306125,"Estaca triplo trilho TR 45 - com emenda - fornecimento e cravação","m",779.47]
[2306126,"Estaca triplo trilho TR 57 - com emenda - fornecimento e cravação","m",982.43]
[2306127,"Estaca triplo trilho TR 68 - com emenda - fornecimento e cravação","m",1165.93]
[2306300,"Fabricação de estaca pré-moldada de concreto protendida seção 15 x 15 cm","m",33.74]
[2306301,"Fabricação de estaca pré-moldada de concreto protendida seção 17 x 17 cm","m",36.46]
[2306302,"Fabricação de estaca pré-moldada de concreto protendida seção 20 x 20 cm","m",43.8]
[2306303,"Fabricação de estaca pré-moldada de concreto protendida seção 21 x 21 cm","m",47.7]
[2306304,"Fabricação de estaca pré-moldada de concreto protendida seção 23 x 23 cm","m",50.97]
[2306305,"Fabricação de estaca pré-moldada de concreto protendida seção 25 x 25 cm","m",57.32]
[2306306,"Fabricação de estaca pré-moldada de concreto protendida seção 26 x 26 cm","m",58.75]
[2306307,"Fabricação de estaca pré-moldada de concreto protendida seção 30 x 30 cm","m",68.290000000000006]
[2306308,"Fabricação de estaca pré-moldada de concreto protendida seção 33 x 33 cm","m",77.37]
[2306309,"Fabricação de estaca pré-moldada de concreto protendida seção 35 x 35 cm","m",87.55]
[2306310,"Fabricação de estaca pré-moldada de concreto protendida seção 38 x 38 cm","m",92.69]
[2306311,"Fabricação de estaca pré-moldada de concreto protendida seção 40 x 40 cm","m",106.87]
[2306312,"Fabricação de estaca pré-moldada de concreto protendida seção 42 x 42 cm","m",115.95]
[2306313,"Fabricação de estaca pré-moldada de concreto protendida seção 45 x 45 cm","m",139.86000000000001]
[2306013,"Gabarito de cravação de estacas submersas em aço ASTM A36 - confecção e instalação","kg",13]
[2306243,"Muro guia para estaca barrete com duas cortinas de 10 x 110 cm","m",588.52]
[2408149,"Estrutura em perfil de aço ASTM A36 corte, solda e montagem - fornecimento e instalação","kg",16.28]
[2407972,"Fornecimento e aplicação de adesivo estrutural à base de resina epóxi","kg",73.010000000000005]
[2407973,"Hidrojateamento em superfície de aço grau WJ-2","m²",29.87]
[2408075,"Jateamento abrasivo em chapa de aço por esteira contínua","m²",5.57]
[2408069,"Jateamento de chapa de aço com o uso de granalhas de aço grau Sa 2","m²",5.74]
[2419790,"Jateamento de chapa de aço com o uso de granalhas de aço grau Sa 2 1/2","m²",10.36]
[2407976,"Jateamento de chapa de aço com o uso de granalhas de aço grau Sa 2 1/2 - em espaço confinado","m²",11.66]
[2408068,"Jateamento de chapa de aço com o uso de granalhas de aço grau Sa 3","m²",16.14]
[2419705,"Pintura com epóxi de dois componentes com pistola a ar comprimido, uma demão, espessura de 120 µm","m²",10.55]
[2419704,"Pintura com primer epóxi de dois componentes com pistola a ar comprimido, uma demão, espessura de 70 µm","m²",13.45]
[2407981,"Pintura com selante epóxi vinílico com pistola airless, uma demão, espessura de 80 µm","m²",18.170000000000002]
[2407982,"Pintura com tinta anti-incrustante com pistola airless, uma demão, espessura de 125 µm","m²",40.590000000000003]
[2419703,"Pintura com tinta anticorrosiva à base de epóxi poliamida de dois componentes com pistola a ar comprimido, uma demão, espessura de 150 µm","m²",15.98]
[2408080,"Pintura de acabamento com esmalte epóxi com pistola a ar comprimido, uma demão, espessura de 40 µm","m²",8.02]
[2408078,"Pintura de acabamento com esmalte sintético com pistola a ar comprimido, uma demão, espessura de 30 µm","m²",3.05]
[2407979,"Pintura de acabamento com tinta de poliuretano acrílico de dois componentes com pistola airless, uma demão, espessura de 70 µm","m²",14.89]
[2407980,"Pintura de acabamento com tinta de poliuretano acrílico de dois componentes com pistola airless, uma demão, espessura de 70 µm - em espaço confinado","m²",14.93]
[2408077,"Pintura de fundo com tinta alquídica com pistola a ar comprimido, uma demão, espessura de 30 µm","m²",8.61]
[2407983,"Pintura de fundo com tinta anticorrosiva à base de epóxi poliamida de dois componentes com pistola airless, uma demão, espessura de 100 µm - em espaço confinado","m²",8.64]
[2407977,"Pintura de fundo com tinta anticorrosiva à base de epóxi poliamida de dois componentes com pistola airless, uma demão, espessura de 160 µm","m²",16.850000000000001]
[2407978,"Pintura de fundo com tinta anticorrosiva à base de epóxi poliamida de dois componentes com pistola airless, uma demão, espessura de 160 µm - em espaço confinado","m²",16.89]
[2408079,"Pintura de fundo com tinta epóxi com pistola a ar comprimido, uma demão, espessura de 120 µm","m²",43.21]
[2408076,"Pintura shop primer em chapa de aço por esteira contínua","m²",11.62]
[2408057,"Solda elétrica de perfis metálicos e chapas de aço com eletrodo E60XX","kg",97.64]
[2408058,"Solda elétrica de perfis metálicos e chapas de aço com eletrodo E70XX","kg",65.510000000000005]
[2407974,"Tratamento de superfície de aço com ferramenta mecânica grau SP-11","m²",351.68]
[2407975,"Tratamento de superfície de aço com ferramenta mecânica grau SP-11 - em espaço confinado","m²",358.6]
[2419789,"Tratamento em chapa de aço por esteira contínua","m²",10.07]
[2607183,"Alinhamento manual da grade do AMV para qualquer abertura e qualquer bitola","un",324.43]
[2607226,"Assentamento dos materiais metálicos do AMV 1:10, TR 45, bitola larga","un",355917.04]
[2607209,"Assentamento dos materiais metálicos do AMV 1:10, TR 45, bitola métrica","un",310847.65999999997]
[2607161,"Assentamento dos materiais metálicos do AMV 1:10, TR 45, bitola mista","un",425330.41]
[2607148,"Assentamento dos materiais metálicos do AMV 1:10, TR 57, bitola larga","un",447955.4]
[2607213,"Assentamento dos materiais metálicos do AMV 1:10, TR 57, bitola métrica","un",390803.07]
[2607165,"Assentamento dos materiais metálicos do AMV 1:10, TR 57, bitola mista","un",541447.82999999996]
[2607152,"Assentamento dos materiais metálicos do AMV 1:10, TR 68, bitola larga","un",537087.73]
[2607217,"Assentamento dos materiais metálicos do AMV 1:10, TR 68, bitola métrica","un",464063.66]
[2607169,"Assentamento dos materiais metálicos do AMV 1:10, TR 68, bitola mista","un",642610.34]
[2607156,"Assentamento dos materiais metálicos do AMV 1:10, UIC 60, bitola larga","un",471080.77]
[2607221,"Assentamento dos materiais metálicos do AMV 1:10, UIC 60, bitola métrica","un",410838.48]
[2607173,"Assentamento dos materiais metálicos do AMV 1:10, UIC 60, bitola mista","un",569116.19999999995]
[2607227,"Assentamento dos materiais metálicos do AMV 1:12, TR 45, bitola larga","un",390576.33]
[2607210,"Assentamento dos materiais metálicos do AMV 1:12, TR 45, bitola métrica","un",340964.76]
[2607162,"Assentamento dos materiais metálicos do AMV 1:12, TR 45, bitola mista","un",467017.64]
[2607149,"Assentamento dos materiais metálicos do AMV 1:12, TR 57, bitola larga","un",491855.58]
[2607214,"Assentamento dos materiais metálicos do AMV 1:12, TR 57, bitola métrica","un",428943.4]
[2607166,"Assentamento dos materiais metálicos do AMV 1:12, TR 57, bitola mista","un",594271.05000000005]
[2607153,"Assentamento dos materiais metálicos do AMV 1:12, TR 68, bitola larga","un",589335.59]
[2607218,"Assentamento dos materiais metálicos do AMV 1:12, TR 68, bitola métrica","un",514907.56]
[2607170,"Assentamento dos materiais metálicos do AMV 1:12, TR 68, bitola mista","un",705581.68]
[2607157,"Assentamento dos materiais metálicos do AMV 1:12, UIC 60, bitola larga","un",522674.74]
[2607222,"Assentamento dos materiais metálicos do AMV 1:12, UIC 60, bitola métrica","un",450989.59]
[2607174,"Assentamento dos materiais metálicos do AMV 1:12, UIC 60, bitola mista","un",624721.03]
[2607228,"Assentamento dos materiais metálicos do AMV 1:14, TR 45, bitola larga","un",428673.3]
[2607211,"Assentamento dos materiais metálicos do AMV 1:14, TR 45, bitola métrica","un",374072.28]
[2607163,"Assentamento dos materiais metálicos do AMV 1:14, TR 45, bitola mista","un",518190]
[2607150,"Assentamento dos materiais metálicos do AMV 1:14, TR 57, bitola larga","un",545540.54]
[2607215,"Assentamento dos materiais metálicos do AMV 1:14, TR 57, bitola métrica","un",470871.21]
[2607167,"Assentamento dos materiais metálicos do AMV 1:14, TR 57, bitola mista","un",652318.96]
[2607154,"Assentamento dos materiais metálicos do AMV 1:14, TR 68, bitola larga","un",646778.68000000005]
[2607219,"Assentamento dos materiais metálicos do AMV 1:14, TR 68, bitola métrica","un",564907.80000000005]
[2607171,"Assentamento dos materiais metálicos do AMV 1:14, TR 68, bitola mista","un",790872.42]
[2607158,"Assentamento dos materiais metálicos do AMV 1:14, UIC 60, bitola larga","un",573490.81000000006]
[2607223,"Assentamento dos materiais metálicos do AMV 1:14, UIC 60, bitola métrica","un",495127.91]
[2607175,"Assentamento dos materiais metálicos do AMV 1:14, UIC 60, bitola mista","un",685826.32]
[2607151,"Assentamento dos materiais metálicos do AMV 1:20, TR 57, bitola larga","un",651916.27]
[2607216,"Assentamento dos materiais metálicos do AMV 1:20, TR 57, bitola métrica","un",568686.22]
[2607168,"Assentamento dos materiais metálicos do AMV 1:20, TR 57, bitola mista","un",796569.7]
[2607155,"Assentamento dos materiais metálicos do AMV 1:20, TR 68, bitola larga","un",789475.71]
[2607220,"Assentamento dos materiais metálicos do AMV 1:20, TR 68, bitola métrica","un",675144.87]
[2607172,"Assentamento dos materiais metálicos do AMV 1:20, TR 68, bitola mista","un",943633.32]
[2607159,"Assentamento dos materiais metálicos do AMV 1:20, UIC 60, bitola larga","un",685599.89]
[2607224,"Assentamento dos materiais metálicos do AMV 1:20, UIC 60, bitola métrica","un",597817.96]
[2607176,"Assentamento dos materiais metálicos do AMV 1:20, UIC 60, bitola mista","un",836826.5]
[2607225,"Assentamento dos materiais metálicos do AMV 1:8, TR 45, bitola larga","un",324383.43]
[2607208,"Assentamento dos materiais metálicos do AMV 1:8, TR 45, bitola métrica","un",283449.86]
[2607160,"Assentamento dos materiais metálicos do AMV 1:8, TR 45, bitola mista","un",387391.84]
[2607229,"Assentamento dos materiais metálicos do AMV 1:8, TR 57, bitola larga","un",407985.71]
[2607212,"Assentamento dos materiais metálicos do AMV 1:8, TR 57, bitola métrica","un",356106.19]
[2607164,"Assentamento dos materiais metálicos do AMV 1:8, TR 57, bitola mista","un",488012.86]
[2607207,"Lançamento manual de lastro em AMV com descarga da brita por caminhão","m³",233]
[2607206,"Lançamento mecânico de lastro em AMV com descarga da brita por caminhão e espalhamento com carregadeira de pneus","m³",228.3]
[2607344,"Nivelamento de AMV com socaria com grupo vibrador e levante de até 10 cm, abertura 1:10, bitola larga, dormente de madeira ou concreto","un",234.84]
[2607339,"Nivelamento de AMV com socaria com grupo vibrador e levante de até 10 cm, abertura 1:10, bitola métrica, dormente de madeira ou concreto","un",161.34]
[2607349,"Nivelamento de AMV com socaria com grupo vibrador e levante de até 10 cm, abertura 1:10, bitola mista, dormente de madeira ou concreto","un",358.58]
[2607345,"Nivelamento de AMV com socaria com grupo vibrador e levante de até 10 cm, abertura 1:12, bitola larga, dormente de madeira ou concreto","un",267.97000000000003]
[2607340,"Nivelamento de AMV com socaria com grupo vibrador e levante de até 10 cm, abertura 1:12, bitola métrica, dormente de madeira ou concreto","un",184.21]
[2607350,"Nivelamento de AMV com socaria com grupo vibrador e levante de até 10 cm, abertura 1:12, bitola mista, dormente de madeira ou concreto","un",409.59]
[2607346,"Nivelamento de AMV com socaria com grupo vibrador e levante de até 10 cm, abertura 1:14, bitola larga, dormente de madeira ou concreto","un",311.25]
[2607341,"Nivelamento de AMV com socaria com grupo vibrador e levante de até 10 cm, abertura 1:14, bitola métrica, dormente de madeira ou concreto","un",217.32]
[2607351,"Nivelamento de AMV com socaria com grupo vibrador e levante de até 10 cm, abertura 1:14, bitola mista, dormente de madeira ou concreto","un",475.78]
[2607347,"Nivelamento de AMV com socaria com grupo vibrador e levante de até 10 cm, abertura 1:20, bitola larga, dormente de madeira ou concreto","un",410.66]
[2607342,"Nivelamento de AMV com socaria com grupo vibrador e levante de até 10 cm, abertura 1:20, bitola métrica, dormente de madeira ou concreto","un",267.97000000000003]
[2607352,"Nivelamento de AMV com socaria com grupo vibrador e levante de até 10 cm, abertura 1:20, bitola mista, dormente de madeira ou concreto","un",626]
[2607343,"Nivelamento de AMV com socaria com grupo vibrador e levante de até 10 cm, abertura 1:8, bitola larga, dormente de madeira","un",188.55]
[2607338,"Nivelamento de AMV com socaria com grupo vibrador e levante de até 10 cm, abertura 1:8, bitola métrica, dormente de madeira","un",137.97]
[2607348,"Nivelamento de AMV com socaria com grupo vibrador e levante de até 10 cm, abertura 1:8, bitola mista, dormente de madeira","un",288.08]
[2607329,"Nivelamento de AMV com socaria manual e levante de até 10 cm, abertura 1:10, bitola larga, dormente de madeira ou concreto","un",539.41]
[2607324,"Nivelamento de AMV com socaria manual e levante de até 10 cm, abertura 1:10, bitola métrica, dormente de madeira ou concreto","un",368.27]
[2607334,"Nivelamento de AMV com socaria manual e levante de até 10 cm, abertura 1:10, bitola mista, dormente de madeira ou concreto","un",782.08]
[2607330,"Nivelamento de AMV com socaria manual e levante de até 10 cm, abertura 1:12, bitola larga, dormente de madeira ou concreto","un",616.80999999999995]
[2607325,"Nivelamento de AMV com socaria manual e levante de até 10 cm, abertura 1:12, bitola métrica, dormente de madeira ou concreto","un",422.93]
[2607335,"Nivelamento de AMV com socaria manual e levante de até 10 cm, abertura 1:12, bitola mista, dormente de madeira ou concreto","un",893.67]
[2607331,"Nivelamento de AMV com socaria manual e levante de até 10 cm, abertura 1:14, bitola larga, dormente de madeira ou concreto","un",717.07]
[2607326,"Nivelamento de AMV com socaria manual e levante de até 10 cm, abertura 1:14, bitola métrica, dormente de madeira ou concreto","un",500.32]
[2607336,"Nivelamento de AMV com socaria manual e levante de até 10 cm, abertura 1:14, bitola mista, dormente de madeira ou concreto","un",1039.54]
[2607332,"Nivelamento de AMV com socaria manual e levante de até 10 cm, abertura 1:20, bitola larga, dormente de madeira ou concreto","un",949.32]
[2607327,"Nivelamento de AMV com socaria manual e levante de até 10 cm, abertura 1:20, bitola métrica, dormente de madeira ou concreto","un",616.80999999999995]
[2607337,"Nivelamento de AMV com socaria manual e levante de até 10 cm, abertura 1:20, bitola mista, dormente de madeira ou concreto","un",1374.41]
[2607328,"Nivelamento de AMV com socaria manual e levante de até 10 cm, abertura 1:8, bitola larga, dormente de madeira","un",432.71]
[2607323,"Nivelamento de AMV com socaria manual e levante de até 10 cm, abertura 1:8, bitola métrica, dormente de madeira","un",316.16000000000003]
[2607333,"Nivelamento de AMV com socaria manual e levante de até 10 cm, abertura 1:8, bitola mista, dormente de madeira","un",626.52]
[2607106,"Posicionamento de jogo de dormentes de concreto para AMV 1:10, bitola larga","jg",102935.17]
[2607102,"Posicionamento de jogo de dormentes de concreto para AMV 1:10, bitola métrica","jg",50587.73]
[2607261,"Posicionamento de jogo de dormentes de concreto para AMV 1:10, bitola mista","jg",102935.17]
[2607107,"Posicionamento de jogo de dormentes de concreto para AMV 1:12, bitola larga","jg",117481.51]
[2607103,"Posicionamento de jogo de dormentes de concreto para AMV 1:12, bitola métrica","jg",57573.61]
[2607262,"Posicionamento de jogo de dormentes de concreto para AMV 1:12, bitola mista","jg",117481.51]
[2607108,"Posicionamento de jogo de dormentes de concreto para AMV 1:14, bitola larga","jg",136852.76999999999]
[2607104,"Posicionamento de jogo de dormentes de concreto para AMV 1:14, bitola métrica","jg",68028.429999999993]
[2607263,"Posicionamento de jogo de dormentes de concreto para AMV 1:14, bitola mista","jg",136852.76999999999]
[2607109,"Posicionamento de jogo de dormentes de concreto para AMV 1:20, bitola larga","jg",180444.03]
[2607105,"Posicionamento de jogo de dormentes de concreto para AMV 1:20, bitola métrica","jg",84601.89]
[2607264,"Posicionamento de jogo de dormentes de concreto para AMV 1:20, bitola mista","jg",180444.03]
[2607093,"Posicionamento de jogo de dormentes de madeira para AMV 1:10, bitola larga","jg",50421.14]
[2607088,"Posicionamento de jogo de dormentes de madeira para AMV 1:10, bitola métrica","jg",20785.34]
[2607098,"Posicionamento de jogo de dormentes de madeira para AMV 1:10, bitola mista","jg",50762.54]
[2607094,"Posicionamento de jogo de dormentes de madeira para AMV 1:12, bitola larga","jg",56831.83]
[2607089,"Posicionamento de jogo de dormentes de madeira para AMV 1:12, bitola métrica","jg",23796.93]
[2607099,"Posicionamento de jogo de dormentes de madeira para AMV 1:12, bitola mista","jg",57220.77]
[2607095,"Posicionamento de jogo de dormentes de madeira para AMV 1:14, bitola larga","jg",66760.78]
[2607090,"Posicionamento de jogo de dormentes de madeira para AMV 1:14, bitola métrica","jg",28978.53]
[2607260,"Posicionamento de jogo de dormentes de madeira para AMV 1:14, bitola mista","jg",67212.5]
[2607096,"Posicionamento de jogo de dormentes de madeira para AMV 1:20, bitola larga","jg",88008.36]
[2607091,"Posicionamento de jogo de dormentes de madeira para AMV 1:20, bitola métrica","jg",36407.57]
[2607101,"Posicionamento de jogo de dormentes de madeira para AMV 1:20, bitola mista","jg",88603.72]
[2607092,"Posicionamento de jogo de dormentes de madeira para AMV 1:8, bitola larga","jg",40121.35]
[2607087,"Posicionamento de jogo de dormentes de madeira para AMV 1:8, bitola métrica","jg",17348.86]
[2607097,"Posicionamento de jogo de dormentes de madeira para AMV 1:8, bitola mista","jg",40394.67]
[2607198,"Regularização manual do lastro do AMV para qualquer abertura e qualquer bitola","un",329.5]
[2809170,"Demolição de AMV 1:10 TR 37, em bitola métrica, dormente de madeira, com separação e empilhamento","un",1951.36]
[2809183,"Demolição de AMV 1:10 TR 45, em bitola larga, dormente de madeira, com separação e empilhamento","un",2826.57]
[2809174,"Demolição de AMV 1:10 TR 45, em bitola métrica, dormente de madeira, com separação e empilhamento","un",2046.83]
[2809196,"Demolição de AMV 1:10 TR 45, em bitola mista, dormente de madeira, com separação e empilhamento","un",2969.39]
[2809187,"Demolição de AMV 1:10 TR 57, em bitola larga, dormente de madeira, com separação e empilhamento","un",2970.02]
[2809178,"Demolição de AMV 1:10 TR 57, em bitola métrica, dormente de madeira, com separação e empilhamento","un",2189.89]
[2809200,"Demolição de AMV 1:10 TR 57, em bitola mista, dormente de madeira, com separação e empilhamento","un",3118.8]
[2809191,"Demolição de AMV 1:10 TR 68, em bitola larga, dormente de madeira, com separação e empilhamento","un",3101.57]
[2809204,"Demolição de AMV 1:10 TR 68, em bitola mista, dormente de madeira, com separação e empilhamento","un",3255.59]
[2809171,"Demolição de AMV 1:12 TR 37, em bitola métrica, dormente de madeira, com separação e empilhamento","un",2202.77]
[2809184,"Demolição de AMV 1:12 TR 45, em bitola larga, dormente de madeira, com separação e empilhamento","un",3188.9]
[2809175,"Demolição de AMV 1:12 TR 45, em bitola métrica, dormente de madeira, com separação e empilhamento","un",2307.7800000000002]
[2809197,"Demolição de AMV 1:12 TR 45, em bitola mista, dormente de madeira, com separação e empilhamento","un",3346.51]
[2809188,"Demolição de AMV 1:12 TR 57, em bitola larga, dormente de madeira, com separação e empilhamento","un",3346.69]
[2809179,"Demolição de AMV 1:12 TR 57, em bitola métrica, dormente de madeira, com separação e empilhamento","un",2465.16]
[2809201,"Demolição de AMV 1:12 TR 57, em bitola mista, dormente de madeira, com separação e empilhamento","un",3510.87]
[2809192,"Demolição de AMV 1:12 TR 68, em bitola larga, dormente de madeira, com separação e empilhamento","un",3491.41]
[2809205,"Demolição de AMV 1:12 TR 68, em bitola mista, dormente de madeira, com separação e empilhamento","un",3661.34]
[2809172,"Demolição de AMV 1:14 TR 37, em bitola métrica, dormente de madeira, com separação e empilhamento","un",2575.29]
[2809185,"Demolição de AMV 1:14 TR 45, em bitola larga, dormente de madeira, com separação e empilhamento","un",3671.7]
[2809176,"Demolição de AMV 1:14 TR 45, em bitola métrica, dormente de madeira, com separação e empilhamento","un",2690.8]
[2809198,"Demolição de AMV 1:14 TR 45, em bitola mista, dormente de madeira, com separação e empilhamento","un",3848.13]
[2809189,"Demolição de AMV 1:14 TR 57, em bitola larga, dormente de madeira, com separação e empilhamento","un",3845.27]
[2809180,"Demolição de AMV 1:14 TR 57, em bitola métrica, dormente de madeira, com separação e empilhamento","un",2863.91]
[2809202,"Demolição de AMV 1:14 TR 57, em bitola mista, dormente de madeira, com separação e empilhamento","un",4028.93]
[2809193,"Demolição de AMV 1:14 TR 68, em bitola larga, dormente de madeira, com separação e empilhamento","un",4004.45]
[2809206,"Demolição de AMV 1:14 TR 68, em bitola mista, dormente de madeira, com separação e empilhamento","un",4194.4399999999996]
[2809190,"Demolição de AMV 1:20 TR 57, em bitola larga, dormente de madeira, com separação e empilhamento","un",4980.46]
[2809181,"Demolição de AMV 1:20 TR 57, em bitola métrica, dormente de madeira, com separação e empilhamento","un",3520.66]
[2809203,"Demolição de AMV 1:20 TR 57, em bitola mista, dormente de madeira, com separação e empilhamento","un",5202.8900000000003]
[2809194,"Demolição de AMV 1:20 TR 68, em bitola larga, dormente de madeira, com separação e empilhamento","un",5171.4799999999996]
[2809207,"Demolição de AMV 1:20 TR 68, em bitola mista, dormente de madeira, com separação e empilhamento","un",5401.5]
[2809169,"Demolição de AMV 1:8 TR 37, em bitola métrica, dormente de madeira, com separação e empilhamento","un",1677.8]
[2809182,"Demolição de AMV 1:8 TR 45, em bitola larga, dormente de madeira, com separação e empilhamento","un",2327.41]
[2809173,"Demolição de AMV 1:8 TR 45, em bitola métrica, dormente de madeira, com separação e empilhamento","un",1764.59]
[2809195,"Demolição de AMV 1:8 TR 45, em bitola mista, dormente de madeira, com separação e empilhamento","un",2434.48]
[2809186,"Demolição de AMV 1:8 TR 57, em bitola larga, dormente de madeira, com separação e empilhamento","un",2457.8200000000002]
[2809177,"Demolição de AMV 1:8 TR 57, em bitola métrica, dormente de madeira, com separação e empilhamento","un",1894.66]
[2809199,"Demolição de AMV 1:8 TR 57, em bitola mista, dormente de madeira, com separação e empilhamento","un",2570.31]
[2809219,"Demolição de via, bitola larga, 1.667 dormentes de madeira/km, trilho TR 45, barra com 12 m de comprimento, com separação e empilhamento","km",23606.05]
[2809220,"Demolição de via, bitola larga, 1.667 dormentes de madeira/km, trilho TR 57, barra com 12 m de comprimento, com separação e empilhamento","km",25115.27]
[2809221,"Demolição de via, bitola larga, 1.667 dormentes de madeira/km, trilho TR 68, barra com 12 m de comprimento, com separação e empilhamento","km",25844.22]
[2809163,"Demolição de via, bitola larga, 1.750 dormentes de madeira/km, trilho TR 45, barra com 12 m de comprimento, com separação e empilhamento","km",24651.200000000001]
[2809164,"Demolição de via, bitola larga, 1.750 dormentes de madeira/km, trilho TR 57, barra com 12 m de comprimento, com separação e empilhamento","km",26216.07]
[2809165,"Demolição de via, bitola larga, 1.750 dormentes de madeira/km, trilho TR 68, barra com 12 m de comprimento, com separação e empilhamento","km",26965.52]
[2809216,"Demolição de via, bitola métrica, 1.667 dormentes de madeira/km, trilho TR 37, barra com 12 m de comprimento, com separação e empilhamento","km",21991.37]
[2809217,"Demolição de via, bitola métrica, 1.667 dormentes de madeira/km, trilho TR 45, barra com 12 m de comprimento, com separação e empilhamento","km",22376.67]
[2809218,"Demolição de via, bitola métrica, 1.667 dormentes de madeira/km, trilho TR 57, barra com 12 m de comprimento, com separação e empilhamento","km",23877.64]
[2809160,"Demolição de via, bitola métrica, 1.750 dormentes de madeira/km, trilho TR 37, barra com 12 m de comprimento, com separação e empilhamento","km",22973.53]
[2809161,"Demolição de via, bitola métrica, 1.750 dormentes de madeira/km, trilho TR 45, barra com 12 m de comprimento, com separação e empilhamento","km",23361.599999999999]
[2809162,"Demolição de via, bitola métrica, 1.750 dormentes de madeira/km, trilho TR 57, barra com 12 m de comprimento, com separação e empilhamento","km",24918.080000000002]
[2809222,"Demolição de via, bitola mista, 1.667 dormentes de madeira/km, trilho TR 45, barra com 12 m de comprimento, com separação e empilhamento","km",21455.21]
[2809223,"Demolição de via, bitola mista, 1.667 dormentes de madeira/km, trilho TR 57, barra com 12 m de comprimento, com separação e empilhamento","km",27524.18]
[2809224,"Demolição de via, bitola mista, 1.667 dormentes de madeira/km, trilho TR 68, barra com 12 m de comprimento, com separação e empilhamento","km",28617.599999999999]
[2809166,"Demolição de via, bitola mista, 1.750 dormentes de madeira/km, trilho TR 45, barra com 12 m de comprimento, com separação e empilhamento","km",22330.74]
[2809167,"Demolição de via, bitola mista, 1.750 dormentes de madeira/km, trilho TR 57, barra com 12 m de comprimento, com separação e empilhamento","km",28696.75]
[2809168,"Demolição de via, bitola mista, 1.750 dormentes de madeira/km, trilho TR 68, barra com 12 m de comprimento, com separação e empilhamento","km",29820.92]
[2809158,"Retirada manual de dormente de madeira, bitola larga ou mista, com separação e empilhamento","un",10.92]
[2809159,"Retirada manual de dormente de madeira, bitola métrica, com separação e empilhamento","un",8.2100000000000009]
[2909152,"Aferição da geometria da via com carro controle","km",117.72]
[2909153,"Capina química da plataforma ferroviária","km",174.47]
[2909151,"Estabilização dinâmica da via","km",62.47]
[2909145,"Nivelamento de junta com socaria manual da via","un",10.81]
[2909379,"Nivelamento de via com grupo gerador/vibrador e levante de até 10 cm - bitola métrica ou larga com dormente de madeira ou concreto e taxa de dormentação de 1.667 un/km","km",6023.26]
[2909381,"Nivelamento de via com grupo gerador/vibrador e levante de até 10 cm - bitola métrica ou larga com dormente de madeira ou concreto e taxa de dormentação de 1.750 un/km","km",6302.79]
[2909388,"Nivelamento de via com grupo gerador/vibrador e levante de até 10 cm - bitola métrica ou larga com dormente de madeira ou concreto e taxa de dormentação de 1.850 un/km","km",6640.38]
[2909380,"Nivelamento de via com grupo gerador/vibrador e levante de até 10 cm - bitola mista com dormente de madeira ou concreto e taxa de dormentação de 1.667 un/km","km",8828.25]
[2909382,"Nivelamento de via com grupo gerador/vibrador e levante de até 10 cm - bitola mista com dormente de madeira ou concreto e taxa de dormentação de 1.750 un/km","km",9246.6]
[2909387,"Nivelamento de via com grupo gerador/vibrador e levante de até 10 cm - bitola mista com dormente de madeira ou concreto e taxa de dormentação de 1.850 un/km","km",9755.1200000000008]
[2909375,"Nivelamento de via com socaria manual e levante de até 10 cm - bitola métrica ou larga com dormente de madeira ou concreto e taxa de dormentação de 1.667 un/km","km",9649.93]
[2909377,"Nivelamento de via com socaria manual e levante de até 10 cm - bitola métrica ou larga com dormente de madeira ou concreto e taxa de dormentação de 1.750 un/km","km",10100.58]
[2909386,"Nivelamento de via com socaria manual e levante de até 10 cm - bitola métrica ou larga com dormente de madeira ou concreto e taxa de dormentação de 1.850 un/km","km",10644.05]
[2909376,"Nivelamento de via com socaria manual e levante de até 10 cm - bitola mista com dormente de madeira ou concreto e taxa de dormentação de 1.667 un/km","km",14173.46]
[2909378,"Nivelamento de via com socaria manual e levante de até 10 cm - bitola mista com dormente de madeira ou concreto e taxa de dormentação de 1.750 un/km","km",14854.88]
[2909385,"Nivelamento de via com socaria manual e levante de até 10 cm - bitola mista com dormente de madeira ou concreto e taxa de dormentação de 1.850 un/km","km",15665.4]
[2909383,"Nivelamento e alinhamento de via com socadora automática e levante de até 10 cm - qualquer bitola ou dormente e taxa de dormentação de 1.667 un/km","km",5479.38]
[2909384,"Nivelamento e alinhamento de via com socadora automática e levante de até 10 cm - qualquer bitola ou dormente e taxa de dormentação de 1.750 un/km","km",5752.23]
[2909148,"Regularização do lastro com reguladora de lastro","km",438.28]
[2909389,"Regularização manual do lastro em via corrida, bitola larga, com qualquer tipo de dormente","km",3510.01]
[2909390,"Regularização manual do lastro em via corrida, bitola métrica, com qualquer tipo de dormente","km",2471.85]
[2909391,"Regularização manual do lastro em via corrida, bitola mista, com qualquer tipo de dormente","km",4212.29]
[3009336,"Alívio de tensão, com martelo de bronze, em TLS com 120 de comprimento de TR45, taxa de dormentação de 1.667 un/km, para qualquer bitola e fixação elástica","un",97.66]
[3009337,"Alívio de tensão, com martelo de bronze, em TLS com 120 de comprimento de TR45, taxa de dormentação de 1.750 un/km, para qualquer bitola e fixação elástica","un",100.26]
[3009340,"Alívio de tensão, com martelo de bronze, em TLS com 120 de comprimento de TR57, taxa de dormentação de 1.667 un/km, para qualquer bitola e fixação elástica","un",186.96]
[3009341,"Alívio de tensão, com martelo de bronze, em TLS com 120 de comprimento de TR57, taxa de dormentação de 1.750 un/km, para qualquer bitola e fixação elástica","un",192.15]
[3009344,"Alívio de tensão, com martelo de bronze, em TLS com 120 de comprimento de TR68, taxa de dormentação de 1.667 un/km, para qualquer bitola e fixação elástica","un",98.09]
[3009345,"Alívio de tensão, com martelo de bronze, em TLS com 120 de comprimento de TR68, taxa de dormentação de 1.750 un/km, para qualquer bitola e fixação elástica","un",100.69]
[3009348,"Alívio de tensão, com martelo de bronze, em TLS com 120 de comprimento de UIC60, taxa de dormentação de 1.667 un/km, para qualquer bitola e fixação elástica","un",187.01]
[3009349,"Alívio de tensão, com martelo de bronze, em TLS com 120 de comprimento de UIC60, taxa de dormentação de 1.750 un/km, para qualquer bitola e fixação elástica","un",192.2]
[3009338,"Alívio de tensão, com martelo de bronze, em TLS com 240 de comprimento de TR45, taxa de dormentação de 1.667 un/km, para qualquer bitola e fixação elástica","un",97.66]
[3009339,"Alívio de tensão, com martelo de bronze, em TLS com 240 de comprimento de TR45, taxa de dormentação de 1.750 un/km, para qualquer bitola e fixação elástica","un",100.26]
[3009342,"Alívio de tensão, com martelo de bronze, em TLS com 240 de comprimento de TR57, taxa de dormentação de 1.667 un/km, para qualquer bitola e fixação elástica","un",186.96]
[3009343,"Alívio de tensão, com martelo de bronze, em TLS com 240 de comprimento de TR57, taxa de dormentação de 1.750 un/km, para qualquer bitola e fixação elástica","un",192.15]
[3009346,"Alívio de tensão, com martelo de bronze, em TLS com 240 de comprimento de TR68, taxa de dormentação de 1.667 un/km, para qualquer bitola e fixação elástica","un",98.09]
[3009347,"Alívio de tensão, com martelo de bronze, em TLS com 240 de comprimento de TR68, taxa de dormentação de 1.750 un/km, para qualquer bitola e fixação elástica","un",100.69]
[3009350,"Alívio de tensão, com martelo de bronze, em TLS com 240 de comprimento de UIC60, taxa de dormentação de 1.667 un/km, para qualquer bitola e fixação elástica","un",187.01]
[3009351,"Alívio de tensão, com martelo de bronze, em TLS com 240 de comprimento de UIC60, taxa de dormentação de 1.750 un/km, para qualquer bitola e fixação elástica","un",192.2]
[3009080,"Colocação manual de grampo elástico Pandrol","un",0.14000000000000001]
[3009075,"Colocação manual de retensor para trilho TR45","un",50.8]
[3009076,"Colocação manual de retensor para trilho TR57","un",52.61]
[3009077,"Colocação manual de retensor para trilho TR68","un",55.07]
[3009078,"Colocação manual de retensor para trilho UIC60","un",57.37]
[3009087,"Colocação mecanizada de grampo elástico Pandrol","un",0.1]
[3009085,"Contratrilho TR45, comprimento de 12 m, sobre dormente de madeira, taxa de dormentação de 1.750 un/km, tala de junção de 6 furos e fixação rígida - posicionamento e assentamento manual","m",1728.8]
[3009086,"Contratrilho TR57, comprimento de 12 m, sobre dormente de madeira, taxa de dormentação de 1.750 un/km, tala de junção de 6 furos e fixação rígida - posicionamento e assentamento manual","m",2162.4699999999998]
[3009089,"Contratrilho TR68, comprimento de 12 m, sobre dormente de madeira, taxa de dormentação de 1.750 un/km, tala de junção de 6 furos e fixação rígida - posicionamento e assentamento manual","m",2544.04]
[3009090,"Contratrilho UIC60, comprimento de 12 m, sobre dormente de madeira, taxa de dormentação de 1.750 un/km, tala de junção de 6 furos e fixação rígida - posicionamento e assentamento manual","m",2284.4499999999998]
[3009004,"Dormente de concreto monobloco protendido bitola larga - confecção","un",453.53]
[3009002,"Dormente de concreto monobloco protendido bitola métrica - confecção","un",343.1]
[3009006,"Dormente de concreto monobloco protendido bitola mista - confecção","un",614.14]
[3009335,"Dormente de concreto monobloco protendido para AMV bitola larga ou mista - confecção","un",1186.6199999999999]
[3009334,"Dormente de concreto monobloco protendido para AMV bitola métrica - confecção","un",846.04]
[3009280,"Dormente de concreto monobloco, bitola larga, taxa de dormentação de 1.667 un/km, fixação elástica Pandrol - posicionamento mecanizado com carregadeira","km",778781.56]
[3009281,"Dormente de concreto monobloco, bitola larga, taxa de dormentação de 1.667 un/km, fixação elástica Pandrol - posicionamento mecanizado com pórtico","km",771102.18]
[3009061,"Dormente de concreto monobloco, bitola larga, taxa de dormentação de 1.750 un/km, fixação elástica Pandrol - posicionamento mecanizado com carregadeira","km",817558.13]
[3009062,"Dormente de concreto monobloco, bitola larga, taxa de dormentação de 1.750 un/km, fixação elástica Pandrol - posicionamento mecanizado com pórtico","km",809495.34]
[3009278,"Dormente de concreto monobloco, bitola métrica, taxa de dormentação de 1.667 un/km, fixação elástica Pandrol - posicionamento mecanizado com carregadeira","km",589939.63]
[3009279,"Dormente de concreto monobloco, bitola métrica, taxa de dormentação de 1.667 un/km, fixação elástica Pandrol - posicionamento mecanizado com pórtico","km",584395.04]
[3009059,"Dormente de concreto monobloco, bitola métrica, taxa de dormentação de 1.750 un/km, fixação elástica Pandrol - posicionamento mecanizado com carregadeira","km",619313.76]
[3009060,"Dormente de concreto monobloco, bitola métrica, taxa de dormentação de 1.750 un/km, fixação elástica Pandrol - posicionamento mecanizado com pórtico","km",613492.04]
[3009282,"Dormente de concreto monobloco, bitola mista, taxa de dormentação de 1.667 un/km, fixação elástica Pandrol - posicionamento mecanizado com carregadeira","km",1046522.77]
[3009283,"Dormente de concreto monobloco, bitola mista, taxa de dormentação de 1.667 un/km, fixação elástica Pandrol - posicionamento mecanizado com pórtico","km",1038834.39]
[3009063,"Dormente de concreto monobloco, bitola mista, taxa de dormentação de 1.750 un/km, fixação elástica Pandrol - posicionamento mecanizado com carregadeira","km",1098630.18]
[3009064,"Dormente de concreto monobloco, bitola mista, taxa de dormentação de 1.750 un/km, fixação elástica Pandrol - posicionamento mecanizado com pórtico","km",1090557.94]
[3009081,"Dormente de madeira para ponte, bitola métrica ou larga, para TR45, fixação rígida - posicionamento e assentamento mecanizado","un",804.81]
[3009082,"Dormente de madeira para ponte, bitola métrica ou larga, para TR57, fixação rígida - posicionamento e assentamento mecanizado","un",961.32]
[3009083,"Dormente de madeira para ponte, bitola métrica ou larga, para TR68, fixação rígida - posicionamento e assentamento mecanizado","un",988.93]
[3009084,"Dormente de madeira para ponte, bitola métrica ou larga, para UIC60, fixação rígida - posicionamento e assentamento mecanizado","un",993.02]
[3009070,"Dormente de madeira, bitola larga ou mista - posicionamento manual","un",435.86]
[3009285,"Dormente de madeira, bitola larga ou mista, taxa de dormentação de 1.667 un/km - posicionamento mecanizado com carregadeira","km",706597.68]
[3009072,"Dormente de madeira, bitola larga ou mista, taxa de dormentação de 1.750 un/km - posicionamento mecanizado com carregadeira","km",741780.21]
[3009069,"Dormente de madeira, bitola métrica - posicionamento manual","un",272.69]
[3009284,"Dormente de madeira, bitola métrica, taxa de dormentação de 1.667 un/km - posicionamento mecanizado com carregadeira","km",439410.13]
[3009071,"Dormente de madeira, bitola métrica, taxa de dormentação de 1.750 un/km - posicionamento mecanizado com carregadeira","km",461289.39]
[3009091,"Lançamento de lastro, 10 cm de altura, primeiro levante, descarga de pedra britada de caminhões","m³",242.92]
[3009058,"Lubrificador de trilhos e de flanges de rodas","un",92791.87]
[3009229,"Posicionamento mecanizado de trilhos","km",177.55]
[3009132,"Pré-alinhamento manual da grade com dormente de madeira","km",1297.72]
[3009133,"Pré-alinhamento mecanizado da grade","km",1580.99]
[3009321,"Solda aluminotérmica para TR45 com cadinho descartável, executada no campo, para formação de trilho longo soldado (TLS)","un",1431.75]
[3009322,"Solda aluminotérmica para TR57 com cadinho descartável, executada no campo, para formação de trilho longo soldado (TLS)","un",1442.01]
[3009323,"Solda aluminotérmica para TR68 com cadinho descartável, executada no campo, para formação de trilho longo soldado (TLS)","un",1523.05]
[3009324,"Solda aluminotérmica para UIC60 com cadinho descartável, executada no campo, para formação de trilho longo soldado (TLS)","un",1458.88]
[3009096,"Solda elétrica por caldeamento para qualquer perfil de trilho, comprimento de 12 m, em estaleiro para formação de trilho longo soldado","un",260.60000000000002]
[3009330,"Solda elétrica por caldeamento para trilho TR45, comprimento de até 24 m, em via com dormente de concreto para formação de barra ou trilho longo soldado","un",210.63]
[3009326,"Solda elétrica por caldeamento para trilho TR45, comprimento de até 24 m, em via com dormente de madeira para formação de barra ou trilho longo soldado","un",216.57]
[3009234,"Trilho TR45, comprimento de 12 m, sobre dormente de concreto, bitola métrica ou larga, taxa de dormentação de 1.667 un/km, tala de junção de 6 furos e fixação elástica Pandrol - posicionamento e assentamento manual","km",1793104.03]
[3009022,"Trilho TR45, comprimento de 12 m, sobre dormente de concreto, bitola métrica ou larga, taxa de dormentação de 1.750 un/km, tala de junção de 6 furos e fixação elástica Pandrol - posicionamento e assentamento manual","km",1800310.34]
[3009230,"Trilho TR45, comprimento de 12 m, sobre dormente de concreto, bitola mista, taxa de dormentação de 1.667 un/km, tala de junção de 6 furos e fixação elástica Pandrol - posicionamento e assentamento manual","km",2689818.38]
[3009018,"Trilho TR45, comprimento de 12 m, sobre dormente de concreto, bitola mista, taxa de dormentação de 1.750 un/km, tala de junção de 6 furos e fixação elástica Pandrol - posicionamento e assentamento manual","km",2700627.86]
[3009288,"Trilho TR45, comprimento de 12 m, sobre dormente de madeira, bitola métrica ou larga, taxa de dormentação de 1.667 un/km, tala de junção de 6 furos e fixação rígida - posicionamento e assentamento manual","km",2163116.89]
[3009013,"Trilho TR45, comprimento de 1